{"text_format":"2","workbook":"xlsx","n_sheets":17,"sheets":["Resumo","Orçamento","Cronograma","Curva ABC","Adm Local","BDI","Encargos Sociais","Insumos SINAPI (des)","CPU (des)","CPU Própria (des)","Insumos ORSE (des)","Insumo SINAPI (sem des.)","CPU (sem des)","CPU Própria (sem des)","Insumos ORSE (sem des)","Cotação Playground","Cotação Estaca"],"not_rendered":{"charts":0,"images":0,"macros":0,"external_links":0,"defined_names":5,"comments":0,"pivot_tables":0},"unopened":[],"bounds":{"document_bytes":16777216,"sheet_cells":100000,"run_cost":"one","rows_first":2000,"rows_last":500,"rows_between":2000,"halvings":0,"cell_chars":16384,"cell_head_chars":4096},"cells_cut":0,"cells_raw":0,"read":"whole","date_system":"1900"}

{"sheet":"Resumo","index":0,"n_rows":19,"n_cols":7,"rows_kept":19,"cut":false,"hidden":false,"merged":[[6,5,6,6],[18,1,18,2],[1,1,1,6],[2,1,3,3],[6,1,7,1],[6,2,7,2],[6,3,6,4]]}
[]
[null,"QUADRO RESUMO DO ORÇAMENTO"]
[null,"Obra: Realização das obras de revitalização do setor \ncomercial e portuário do município de Santana, no estado do Amapá"]
[{"$nulls":4},{"$f":"Orçamento!G4","v":"Base de Preço:"},{"$f":"Orçamento!H4","v":"SINAPI: AGO/2023 - AP"}]
[{"$nulls":5},{"$f":"Orçamento!H5","v":"SICRO: ABRL/2023 - AP"}]
[{"$nulls":5},{"$f":"Orçamento!H6","v":"ORSE: JUN/2023"}]
[null,"Item","DESCRIÇÃO","PREÇO  SEM DESONERAÇÃO           ",null,"PREÇO  COM DESONERAÇÃO           "]
[null,null,null,"RELAÇÃO (%)","VALOR","RELAÇÃO (%)","VALOR"]
[null,1,{"$f":"Orçamento!C10","v":"Administração de Obras"},{"$f":"E9/$E$19","v":6.1526876741994391E-2},{"$f":"Orçamento!N10","v":2514836.7064510239},{"$f":"G9/$G$19","v":5.4828009915278433E-2},{"$f":"Orçamento!O10","v":2304217.6768106557}]
[null,2,{"$f":"Orçamento!C13","v":"Projeto Urbanístico"},0.11246240329808931,{"$f":"Orçamento!N13","v":4596764.7780290358},0.11177693332034433,{"$f":"Orçamento!O13","v":4697569.47250883}]
[null,3,{"$f":"Orçamento!C175","v":"Edificações Novas"},0.23089415298138821,{"$f":"Orçamento!N175","v":9437519.3731585983},0.23130870796693273,{"$f":"Orçamento!O175","v":9721046.1317349002}]
[null,4,{"$f":"Orçamento!C1258","v":"Edificações a serem Reformadas"},9.9915709978300616E-3,{"$f":"Orçamento!N1258","v":408393.38563896727},9.8928991731427902E-3,{"$f":"Orçamento!O1258","v":415761.81927604397}]
[null,5,{"$f":"Orçamento!C1402","v":"Projeto Viário"},0.1326176771805728,{"$f":"Orçamento!N1402","v":5420587.2320891358},0.13328709331564115,{"$f":"Orçamento!O1402","v":5601561.6285031103}]
[null,6,{"$f":"Orçamento!C1455","v":"Projeto de Drenagem"},4.1738517436032539E-2,{"$f":"Orçamento!N1455","v":1706011.4421400137},4.1684226920078046E-2,{"$f":"Orçamento!O1455","v":1751833.281234327}]
[null,7,{"$f":"Orçamento!C1492","v":"Projeto de Iluminação e Eletrificação Pública"},1.0189234298530104E-2,{"$f":"Orçamento!N1492","v":416472.63409819308},1.0262199677516529E-2,{"$f":"Orçamento!O1492","v":431282.14823833836}]
[null,8,{"$f":"Orçamento!C1541","v":"Projeto de Abastecimento de Água e Rede de Esgoto"},1.2819615658252716E-2,{"$f":"Orçamento!N1541","v":523986.29228588409},1.3009222340923702E-2,{"$f":"Orçamento!O1541","v":546729.31090944679}]
[null,9,{"$f":"Orçamento!C1617","v":"Estruturas de Contenção"},0.31562341348128881,{"$f":"Orçamento!N1617","v":12900725.466149917},0.32174050003365423,{"$f":"Orçamento!O1617","v":13521558.573236803}]
[null,10,{"$f":"Orçamento!C1661","v":"Estruturas de Acesso e Embarcação"},7.2136537926020899E-2,{"$f":"Orçamento!N1661","v":2948493.7812361536},7.2210207336488128E-2,{"$f":"Orçamento!O1661","v":3034726.8932066886}]
[null,"Custo total",null,{"$f":"ROUND(SUM(D9:D18),3)","v":1},{"$f":"SUM(E9:E18)","v":40873791.091276929},{"$f":"ROUND(SUM(F9:F18),3)","v":1},{"$f":"SUM(G9:G18)","v":42026286.93565914}]

{"sheet":"Orçamento","index":1,"n_rows":1689,"n_cols":15,"rows_kept":1689,"cut":false,"hidden":false,"merged":[[2,1,6,4],[1688,13,1689,13],[1688,14,1689,14],[7,1,8,1],[7,2,8,3],[7,4,8,4],[7,5,8,5],[7,6,8,6],[7,7,7,9],[7,10,7,12],[7,13,8,13],[7,14,8,14]]}
[]
[null,"QUADRO DEMONSTRATIVO DO ORÇAMENTO"]
[null,"Obra: Realização das obras de revitalização do setor \ncomercial e portuário do município de Santana, no estado do Amapá",{"$nulls":8},"BDIs adotados:",null,null,"Sem Desoneração","Com Desoneração"]
[{"$nulls":6},"Base de Preço:","SINAPI: AGO/2023 - AP",null,null,"Serviços",null,null,{"$f":"BDI!C24","v":0.23957567779569877},{"$f":"BDI!C77","v":0.30260494954802231}]
[{"$nulls":7},"SICRO: ABRL/2023 - AP",null,null,"Fornecimento",null,null,{"$f":"BDI!C50","v":0.14692012195121973},{"$f":"BDI!C103","v":0.20311109145345707}]
[{"$nulls":7},"ORSE: JUN/2023"]
[]
[null,"Item","Código",null,"DESCRIÇÃO","UND","QUANT","PREÇO  SEM DESONERAÇÃO           ",null,null,"PREÇO  COM DESONERAÇÃO           ",null,null,"TOTAL SEM DESONERAÇÃO    ","TOTAL COM DESONERAÇÃO    "]
[{"$nulls":7},"Custo Direto","BDI","Custo com BDI","Custo Direto","BDI","Custo com BDI"]
[null,1,"Administração de Obras",{"$nulls":10},{"$f":"N11","v":2514836.7064510239},{"$f":"O11","v":2304217.6768106557}]
[null,"1.1","Administração Local",null,null,null,1,{"$nulls":6},{"$f":"SUM(N12)","v":2514836.7064510239},{"$f":"SUM(O12)","v":2304217.6768106557}]
[null,"1.1.1","Composição Própria",1,"Administração Local","UN",1,{"$f":"'Adm Local'!I17","v":2028788.3599999999},{"$f":"$N$4","v":0.23957567779569877},{"$f":"H12*(1+I12)","v":2514836.7064510239},{"$f":"'Adm Local'!J17","v":1768930.54},{"$f":"$O$4","v":0.30260494954802231},{"$f":"K12*(1+L12)","v":2304217.6768106557},{"$f":"J12*G12","v":2514836.7064510239},{"$f":"M12*G12","v":2304217.6768106557}]
[null,2,"Projeto Urbanístico",{"$nulls":10},{"$f":"N14+N45+N84+N106+N129+N142","v":4596764.7780290358},{"$f":"O14+O45+O84+O106+O129+O142","v":4697569.47250883}]
[null,"2.1","Praça da Natureza",{"$nulls":10},{"$f":"N15+N17+N21+N28+N31+N38+N42","v":626058.13106668857},{"$f":"O15+O17+O21+O28+O31+O38+O42","v":649938.54852411861}]
[null,"2.1.1","SERVIÇOS PRELIMINARES ",null,null,null,1,{"$nulls":6},{"$f":"SUM(N16)","v":1859.3635166935483},{"$f":"SUM(O16)","v":1953.9074243220334}]
[null,"2.1.1.1","Composição Própria","1.1","MOBILIZAÇÃO ","UN",1,{"$f":"'CPU Própria (sem des)'!$K$28","v":1500},{"$f":"$N$4","v":0.23957567779569877},{"$f":"H16*(1+I16)","v":1859.3635166935483},{"$f":"'CPU Própria (des)'!$J$28","v":1500},{"$f":"$O$4","v":0.30260494954802231},{"$f":"K16*(1+L16)","v":1953.9074243220334},{"$f":"J16*G16","v":1859.3635166935483},{"$f":"M16*G16","v":1953.9074243220334}]
[null,"2.1.2","PAVIMENTAÇÃO ",null,null,null,1,{"$nulls":6},{"$f":"SUM(N18:N20)","v":219982.89559701993},{"$f":"SUM(O18:O20)","v":228386.16530316469}]
[null,"2.1.2.1","Composição Sinapi",100575,"REGULARIZAÇÃO DE SUPERFÍCIES COM MOTONIVELADORA. AF_11/2019","M2",1979.58,{"$f":"VLOOKUP(D18,'CPU (sem des)'!B:I,8,FALSE)","v":0.12},{"$f":"$N$4","v":0.23957567779569877},{"$f":"H18*(1+I18)","v":0.14874908133548384},{"$f":"VLOOKUP(D18,'CPU (des)'!B:I,8,FALSE)","v":0.12},{"$f":"$O$4","v":0.30260494954802231},{"$f":"K18*(1+L18)","v":0.15631259394576266},{"$f":"J18*G18","v":294.4607064300971},{"$f":"M18*G18","v":309.43328472315284}]
[null,"2.1.2.2","Composição Orse",3212,"Colchão de areia","M3",197.95,{"$f":"VLOOKUP(D19,'CPU (sem des)'!B:I,8,FALSE)","v":134.79},{"$f":"$N$4","v":0.23957567779569877},{"$f":"H19*(1+I19)","v":167.08240561008222},{"$f":"VLOOKUP(D19,'CPU (des)'!B:I,8,FALSE)","v":132.9},{"$f":"$O$4","v":0.30260494954802231},{"$f":"K19*(1+L19)","v":173.11619779493216},{"$f":"J19*G19","v":33073.962190515776},34268.35135350682]
[null,"2.1.2.3","Composição Sinapi",92397,"EXECUÇÃO DE PÁTIO/ESTACIONAMENTO EM PISO INTERTRAVADO, COM BLOCO RETANGULAR COR NATURAL DE 20 X 10 CM, ESPESSURA 6 CM. AF_12/2015","M2",1979.58,{"$f":"VLOOKUP(D20,'CPU (sem des)'!B:I,8,FALSE)","v":76.05},{"$f":"$N$4","v":0.23957567779569877},{"$f":"H20*(1+I20)","v":94.269730296362894},{"$f":"VLOOKUP(D20,'CPU (des)'!B:I,8,FALSE)","v":75.16},{"$f":"$O$4","v":0.30260494954802231},{"$f":"K20*(1+L20)","v":97.903788008029352},{"$f":"J20*G20","v":186614.47270007405},193808.38066493472]
[null,"2.1.3","ESTACIONAMENTO ",null,null,null,1,{"$nulls":6},{"$f":"SUM(N22:N27)","v":175873.17832301639},{"$f":"SUM(O22:O27)","v":183385.38590866156}]
[null,"2.1.3.1","Composição Sinapi",96398,"EXECUÇÃO E COMPACTAÇÃO DE BASE E OU SUB BASE PARA PAVIMENTAÇÃO DE CONCRETO COMPACTADO COM ROLO - EXCLUSIVE CARGA E TRANSPORTE. AF_11/2019","M3",1,{"$f":"VLOOKUP(D22,'CPU (sem des)'!B:I,8,FALSE)","v":620.01},{"$f":"$N$4","v":0.23957567779569877},{"$f":"H22*(1+I22)","v":768.54931599011115},{"$f":"VLOOKUP(D22,'CPU (des)'!B:I,8,FALSE)","v":619.37},{"$f":"$O$4","v":0.30260494954802231},{"$f":"K22*(1+L22)","v":806.7944276015586},{"$f":"J22*G22","v":768.54931599011115},{"$f":"M22*G22","v":806.7944276015586}]
[null,"2.1.3.2","Composição Sinapi",95995,"EXECUÇÃO DE PAVIMENTO COM APLICAÇÃO DE CONCRETO ASFÁLTICO, CAMADA DE ROLAMENTO - EXCLUSIVE CARGA E TRANSPORTE. AF_11/2019","M3",65.03,{"$f":"VLOOKUP(D23,'CPU (sem des)'!B:I,8,FALSE)","v":1417.5},0.23957567779569877,1757.0985232754031,{"$f":"VLOOKUP(D23,'CPU (des)'!B:I,8,FALSE)","v":1414.08},0.30260494954802231,1841.9876070568673,114264.11696859947,119784.45408690808]
[null,"2.1.3.3","Composição Sinapi",94266,"GUIA (MEIO-FIO) CONCRETO, MOLDADA  IN LOCO  EM TRECHO CURVO COM EXTRUSORA, 15 CM BASE X 30 CM ALTURA. AF_06/2016","M",180.94,{"$f":"VLOOKUP(D24,'CPU (sem des)'!B:I,8,FALSE)","v":54.8},0.23957567779569877,67.928747143204291,{"$f":"VLOOKUP(D24,'CPU (des)'!B:I,8,FALSE)","v":52.67},0.30260494954802231,68.608202692694334,12291.027508091383,12413.968195216112]
[null,"2.1.3.4","Composição Sinapi",102498,"PINTURA DE MEIO-FIO COM TINTA BRANCA A BASE DE CAL (CAIAÇÃO). AF_05/2021","M",103.17,{"$f":"VLOOKUP(D25,'CPU (sem des)'!B:I,8,FALSE)","v":1.36},0.23957567779569877,1.6858229218021505,{"$f":"VLOOKUP(D25,'CPU (des)'!B:I,8,FALSE)","v":1.23},0.30260494954802231,1.6022040879440673,173.92635084232788,165.29939575318943]
[null,"2.1.3.5","Composição Sinapi",102500,"PINTURA DE DEMARCAÇÃO DE VAGA COM TINTA ACRÍLICA, E = 10 CM, APLICAÇÃO MANUAL. AF_05/2021","M",528.9,{"$f":"VLOOKUP(D26,'CPU (sem des)'!B:I,8,FALSE)","v":3.51},0.23957567779569877,4.350910629062902,{"$f":"VLOOKUP(D26,'CPU (des)'!B:I,8,FALSE)","v":3.21},0.30260494954802231,4.1813618880491514,2301.1966317113688,2211.522302589196]
[null,"2.1.3.6","Composição Sinapi",101094,"PISO PODOTÁTIL, DIRECIONAL OU ALERTA, ASSENTADO SOBRE ARGAMASSA. AF_05/2020","M",194.88,{"$f":"VLOOKUP(D27,'CPU (sem des)'!B:I,8,FALSE)","v":190.73},0.23957567779569877,236.42426902597362,{"$f":"VLOOKUP(D27,'CPU (des)'!B:I,8,FALSE)","v":189.1},0.30260494954802231,246.32259595953101,46074.361547781737,48003.347500593401]
[null,"2.1.4","ESTACIONAMENTO CENTRO COMERCIAL",null,null,null,1,{"$nulls":6},{"$f":"SUM(N29:N30)","v":152557.80974427841},{"$f":"SUM(O29:O30)","v":158170.34372401153}]
[null,"2.1.4.1","Composição Sinapi",92398,"EXECUÇÃO DE PÁTIO/ESTACIONAMENTO EM PISO INTERTRAVADO, COM BLOCO RETANGULAR COR NATURAL DE 20 X 10 CM, ESPESSURA 8 CM. AF_12/2015","M2",1254.57,{"$f":"VLOOKUP(D29,'CPU (sem des)'!B:I,8,FALSE)","v":94.18},{"$f":"$N$4","v":0.23957567779569877},{"$f":"H29*(1+I29)","v":116.74323733479892},{"$f":"VLOOKUP(D29,'CPU (des)'!B:I,8,FALSE)","v":93.02},{"$f":"$O$4","v":0.30260494954802231},{"$f":"K29*(1+L29)","v":121.16831240695703},{"$f":"J29*G29","v":146462.56326311867},{"$f":"M29*G29","v":152014.12969639606}]
[null,"2.1.4.2","Composição Sinapi",94266,"GUIA (MEIO-FIO) CONCRETO, MOLDADA  IN LOCO  EM TRECHO CURVO COM EXTRUSORA, 15 CM BASE X 30 CM ALTURA. AF_06/2016","M",89.73,{"$f":"VLOOKUP(D30,'CPU (sem des)'!B:I,8,FALSE)","v":54.8},{"$f":"$N$4","v":0.23957567779569877},{"$f":"H30*(1+I30)","v":67.928747143204291},{"$f":"VLOOKUP(D30,'CPU (des)'!B:I,8,FALSE)","v":52.67},{"$f":"$O$4","v":0.30260494954802231},{"$f":"K30*(1+L30)","v":68.608202692694334},{"$f":"J30*G30","v":6095.246481159721},6156.2140276154632]
[null,"2.1.5","MOBILIÁRIO URBANO ",null,null,null,1,{"$nulls":6},{"$f":"SUM(N32:N37)","v":45730.80422373578},{"$f":"SUM(O32:O37)","v":47271.492065999839}]
[null,"2.1.5.1","Composição Orse",3740,"Mesa de concreto com 02 bancos integrados","UN",8,{"$f":"VLOOKUP(D32,'CPU (sem des)'!B:I,8,FALSE)","v":909.61},{"$f":"$N$4","v":0.23957567779569877},{"$f":"H32*(1+I32)","v":1127.5304322797456},{"$f":"VLOOKUP(D32,'CPU (des)'!B:I,8,FALSE)","v":883.29},{"$f":"$O$4","v":0.30260494954802231},{"$f":"K32*(1+L32)","v":1150.5779258862726},{"$f":"J32*G32","v":9020.2434582379647},{"$f":"M32*G32","v":9204.623407090181}]
[null,"2.1.5.2","Composição Sinapi",103310,"INSTALAÇÃO DE LIXEIRA METÁLICA DUPLA, CAPACIDADE DE 60 L, EM TUBO DE AÇO CARBONO E CESTOS EM CHAPA DE AÇO COM PINTURA ELETROSTÁTICA, SOBRE SOLO. AF_11/2021","UN",4,{"$f":"VLOOKUP(D33,'CPU (sem des)'!B:I,8,FALSE)","v":1288.8399999999999},0.23957567779569877,1597.6147165702082,{"$f":"VLOOKUP(D33,'CPU (des)'!B:I,8,FALSE)","v":1285.06},0.30260494954802231,1673.9255164661815,6390.4588662808328,6695.7020658647261]
[null,"2.1.5.3","Composição Sinapi",92435,"MONTAGEM E DESMONTAGEM DE FÔRMA DE PILARES RETANGULARES E ESTRUTURAS SIMILARES, PÉ-DIREITO SIMPLES, EM CHAPA DE MADEIRA COMPENSADA PLASTIFICADA, 12 UTILIZAÇÕES. AF_09/2020","M2",53.76,{"$f":"VLOOKUP(D34,'CPU (sem des)'!B:I,8,FALSE)","v":57.64},0.23957567779569877,71.449142068144084,{"$f":"VLOOKUP(D34,'CPU (des)'!B:I,8,FALSE)","v":55.21},0.30260494954802231,71.916819264546319,3841.1058775834258,3866.2482036620099]
[null,"2.1.5.4","Composição Sinapi",92761,"ARMAÇÃO DE PILAR OU VIGA DE ESTRUTURA CONVENCIONAL DE CONCRETO ARMADO UTILIZANDO AÇO CA-50 DE 8,0 MM - MONTAGEM. AF_06/2022","KG",320,{"$f":"VLOOKUP(D35,'CPU (sem des)'!B:I,8,FALSE)","v":15.29},0.23957567779569877,18.953112113496232,{"$f":"VLOOKUP(D35,'CPU (des)'!B:I,8,FALSE)","v":15.09},0.30260494954802231,19.656308688679655,6064.9958763187942,6290.0187803774897]
[null,"2.1.5.5","Composição Sinapi",103685,"CONCRETAGEM DE MURETAS, FCK=25 MPA, COM USO DE BOMBA - LANÇAMENTO, ADENSAMENTO E ACABAMENTO. AF_02/2022","M3",10.130000000000001,{"$f":"VLOOKUP(D36,'CPU (sem des)'!B:I,8,FALSE)","v":855.82},0.23957567779569877,1060.8536565711149,{"$f":"VLOOKUP(D36,'CPU (des)'!B:I,8,FALSE)","v":851.35},0.30260494954802231,1108.9727237977088,10746.447541065396,11233.893692070791]
[null,"2.1.5.6","Composição Sinapi",103314,"INSTALAÇÃO DE PERGOLADO DE MADEIRA, EM MAÇARANDUBA, ANGELIM OU EQUIVALENTE DA REGIÃO, FIXADO COM CONCRETO SOBRE PISO DE CONCRETO EXISTENTE. AF_11/2021","M2",44.98,{"$f":"VLOOKUP(D37,'CPU (sem des)'!B:I,8,FALSE)","v":173.39},0.23957567779569877,214.9300267729962,{"$f":"VLOOKUP(D37,'CPU (des)'!B:I,8,FALSE)","v":170.35},0.30260494954802231,221.8987531555056,9667.5526042493675,9981.0059169346405]
[null,"2.1.6","PAISAGISMO ",null,null,null,1,{"$nulls":6},{"$f":"SUM(N39:N41)","v":25874.962321897518},{"$f":"SUM(O39:O41)","v":26633.56712100275}]
[null,"2.1.6.1","Composição Sinapi",103946,"PLANTIO DE GRAMA ESMERALDA OU SÃO CARLOS OU CURITIBANA, EM PLACAS. AF_05/2022","M2",734.63,{"$f":"VLOOKUP(D39,'CPU (sem des)'!B:I,8,FALSE)","v":18.87},{"$f":"$N$4","v":0.23957567779569877},{"$f":"H39*(1+I39)","v":23.390793040004837},{"$f":"VLOOKUP(D39,'CPU (des)'!B:I,8,FALSE)","v":18.489999999999998},{"$f":"$O$4","v":0.30260494954802231},{"$f":"K39*(1+L39)","v":24.085165517142929},{"$f":"J39*G39","v":17183.578290978752},{"$f":"M39*G39","v":17693.685143858711}]
[null,"2.1.6.2","Composição Sinapi",98511,"PLANTIO DE ÁRVORE ORNAMENTAL COM ALTURA DE MUDA MAIOR QUE 2,00 M E MENOR OU IGUAL A 4,00 M. AF_05/2018","UN",42,{"$f":"VLOOKUP(D40,'CPU (sem des)'!B:I,8,FALSE)","v":127.24},{"$f":"$N$4","v":0.23957567779569877},{"$f":"H40*(1+I40)","v":157.72360924272471},{"$f":"VLOOKUP(D40,'CPU (des)'!B:I,8,FALSE)","v":124.74},{"$f":"$O$4","v":0.30260494954802231},{"$f":"K40*(1+L40)","v":162.4869414066203},{"$f":"J40*G40","v":6624.3915881944376},6824.4515390780525]
[null,"2.1.6.3","Composição Sinapi",98510,"PLANTIO DE ÁRVORE ORNAMENTAL COM ALTURA DE MUDA MENOR OU IGUAL A 2,00 M. AF_05/2018","UN",25,{"$f":"VLOOKUP(D41,'CPU (sem des)'!B:I,8,FALSE)","v":66.7},{"$f":"$N$4","v":0.23957567779569877},{"$f":"H41*(1+I41)","v":82.679697708973109},{"$f":"VLOOKUP(D41,'CPU (des)'!B:I,8,FALSE)","v":64.959999999999994},{"$f":"$O$4","v":0.30260494954802231},{"$f":"K41*(1+L41)","v":84.617217522639521},{"$f":"J41*G41","v":2066.9924427243277},2115.4304380659878]
[null,"2.1.7","SERVIÇOS COMPLEMENTARES",null,null,null,1,{"$nulls":6},{"$f":"SUM(N43:N44)","v":4179.1173400469252},{"$f":"SUM(O43:O44)","v":4137.6869769562509}]
[null,"2.1.7.1","Composição Orse",6191,"Limpeza de ruas (varrição e remoção de entulhos)","M2",3898.77,{"$f":"VLOOKUP(D43,'CPU (sem des)'!B:I,8,FALSE)","v":0.48},{"$f":"$N$4","v":0.23957567779569877},{"$f":"H43*(1+I43)","v":0.59499632534193536},{"$f":"VLOOKUP(D43,'CPU (des)'!B:I,8,FALSE)","v":0.43},{"$f":"$O$4","v":0.30260494954802231},{"$f":"K43*(1+L43)","v":0.56012012830564961},{"$f":"J43*G43","v":2319.7538233533774},{"$f":"M43*G43","v":2183.7795526342175}]
[null,"2.1.7.2","Composição Própria","1.1","DESMOBILIZAÇÃO","UN",1,{"$f":"'CPU Própria (sem des)'!$K$28","v":1500},{"$f":"$N$4","v":0.23957567779569877},{"$f":"H44*(1+I44)","v":1859.3635166935483},{"$f":"'CPU Própria (des)'!$J$28","v":1500},{"$f":"$O$4","v":0.30260494954802231},{"$f":"K44*(1+L44)","v":1953.9074243220334},{"$f":"J44*G44","v":1859.3635166935483},1953.9074243220334]
[null,"2.2","Praça das Águas",{"$nulls":10},{"$f":"N46+N48+N59+N71+N77+N79+N82","v":916147.91898226598},{"$f":"O46+O48+O59+O71+O77+O79+O82","v":951232.12941141939}]
[null,"2.2.1","SERVIÇOS PRELIMINARES ",null,null,null,1,{"$nulls":6},{"$f":"SUM(N47)","v":1859.3635166935483},{"$f":"SUM(O47)","v":1953.9074243220334}]
[null,"2.2.1.1","Composição Própria","1.1","MOBILIZAÇÃO ","UN",1,{"$f":"'CPU Própria (sem des)'!$K$28","v":1500},{"$f":"$N$4","v":0.23957567779569877},{"$f":"H47*(1+I47)","v":1859.3635166935483},{"$f":"'CPU Própria (des)'!$J$28","v":1500},{"$f":"$O$4","v":0.30260494954802231},{"$f":"K47*(1+L47)","v":1953.9074243220334},{"$f":"J47*G47","v":1859.3635166935483},{"$f":"M47*G47","v":1953.9074243220334}]
[null,"2.2.2","PAVIMENTAÇÃO ",null,null,null,1,{"$nulls":6},{"$f":"SUM(N49:N58)","v":721195.02945863013},{"$f":"SUM(O49:O58)","v":749142.76781578653}]
[null,"2.2.2.1","Composição Orse",3212,"Colchão de areia","M3",507.37,{"$f":"VLOOKUP(D49,'CPU (sem des)'!B:I,8,FALSE)","v":134.79},{"$f":"$N$4","v":0.23957567779569877},{"$f":"H49*(1+I49)","v":167.08240561008222},{"$f":"VLOOKUP(D49,'CPU (des)'!B:I,8,FALSE)","v":132.9},{"$f":"$O$4","v":0.30260494954802231},{"$f":"K49*(1+L49)","v":173.11619779493216},{"$f":"J49*G49","v":84772.600134387423},{"$f":"M49*G49","v":87833.965275214738}]
[null,"2.2.2.2","Composição Sinapi",100575,"REGULARIZAÇÃO DE SUPERFÍCIES COM MOTONIVELADORA. AF_11/2019","M2",5073.6899999999996,{"$f":"VLOOKUP(D50,'CPU (sem des)'!B:I,8,FALSE)","v":0.12},{"$f":"$N$4","v":0.23957567779569877},0.14874908133548384,{"$f":"VLOOKUP(D50,'CPU (des)'!B:I,8,FALSE)","v":0.12},{"$f":"$O$4","v":0.30260494954802231},0.15631259394576266,754.70672648103096,793.08164477667651]
[null,"2.2.2.3","Composição Sinapi",92397,"EXECUÇÃO DE PÁTIO/ESTACIONAMENTO EM PISO INTERTRAVADO, COM BLOCO RETANGULAR COR NATURAL DE 20 X 10 CM, ESPESSURA 6 CM. AF_12/2015","M2",5073.6899999999996,{"$f":"VLOOKUP(D51,'CPU (sem des)'!B:I,8,FALSE)","v":76.05},{"$f":"$N$4","v":0.23957567779569877},94.269730296362894,{"$f":"VLOOKUP(D51,'CPU (des)'!B:I,8,FALSE)","v":75.16},{"$f":"$O$4","v":0.30260494954802231},97.903788008029352,478295.3879073534,496733.47017845843]
[null,"2.2.2.4","Composição Sinapi",101167,"EXECUÇÃO DE PAVIMENTO EM PARALELEPÍPEDOS, REJUNTAMENTO COM PÓ DE PEDRA. AF_05/2020","M2",180.39,{"$f":"VLOOKUP(D52,'CPU (sem des)'!B:I,8,FALSE)","v":308.77999999999997},{"$f":"$N$4","v":0.23957567779569877},382.75617778975584,{"$f":"VLOOKUP(D52,'CPU (des)'!B:I,8,FALSE)","v":307.08999999999997},{"$f":"$O$4","v":0.30260494954802231},400.01695395670214,69045.386911494046,72159.05832424949]
[null,"2.2.2.5","Insumo Sinapi",6076,"SAIBRO PARA ARGAMASSA (COLETADO NO COMERCIO)","M3",29.72,{"$f":"VLOOKUP(D53,'Insumo SINAPI (sem des.)'!A:E,5,FALSE)","v":65},{"$f":"$N$5","v":0.14692012195121973},74.549807926829288,{"$f":"VLOOKUP(D53,'Insumos SINAPI (des)'!A:E,5,FALSE)","v":65},{"$f":"$O$5","v":0.20311109145345707},78.202220944474703,2215.6202915853664,2324.1700064697879]
[null,"2.2.2.6","Composição Sinapi",101094,"PISO PODOTÁTIL, DIRECIONAL OU ALERTA, ASSENTADO SOBRE ARGAMASSA. AF_05/2020","M",243.79,{"$f":"VLOOKUP(D54,'CPU (sem des)'!B:I,8,FALSE)","v":190.73},{"$f":"$N$4","v":0.23957567779569877},236.42426902597362,{"$f":"VLOOKUP(D54,'CPU (des)'!B:I,8,FALSE)","v":189.1},{"$f":"$O$4","v":0.30260494954802231},246.32259595953101,57637.872545842103,60050.985668974063]
[null,"2.2.2.7","Composição Orse",11613,"Revestimento de piso com pedra Itapé 20x40cm assentada com argamassa industrializada ac-iii","M2",133.11000000000001,{"$f":"VLOOKUP(D55,'CPU (sem des)'!B:I,8,FALSE)","v":82.92},{"$f":"$N$4","v":0.23957567779569877},102.78561520281934,{"$f":"VLOOKUP(D55,'CPU (des)'!B:I,8,FALSE)","v":80.19},{"$f":"$O$4","v":0.30260494954802231},104.45589090425591,13681.793239647284,13904.123638265506]
[null,"2.2.2.8","Composição Sinapi",97090,"ARMAÇÃO PARA EXECUÇÃO DE RADIER, PISO DE CONCRETO OU LAJE SOBRE SOLO, COM USO DE TELA Q-138. AF_09/2021","KG",180,{"$f":"VLOOKUP(D56,'CPU (sem des)'!B:I,8,FALSE)","v":12.85},{"$f":"$N$4","v":0.23957567779569877},15.928547459674729,{"$f":"VLOOKUP(D56,'CPU (des)'!B:I,8,FALSE)","v":12.73},{"$f":"$O$4","v":0.30260494954802231},16.582161007746326,2867.1385427414511,2984.7889813943384]
[null,"2.2.2.9","Composição Sinapi",97096,"CONCRETAGEM DE RADIER, PISO DE CONCRETO OU LAJE SOBRE SOLO, FCK 30 MPA - LANÇAMENTO, ADENSAMENTO E ACABAMENTO. AF_09/2021","M3",8.56,{"$f":"VLOOKUP(D57,'CPU (sem des)'!B:I,8,FALSE)","v":826.13},{"$f":"$N$4","v":0.23957567779569877},1024.0506546973606,{"$f":"VLOOKUP(D57,'CPU (des)'!B:I,8,FALSE)","v":824.19},{"$f":"$O$4","v":0.30260494954802231},1073.5939733679845,8765.8736042094079,9189.9644120299472]
[null,"2.2.2.10","Composição Sinapi",94263,"GUIA (MEIO-FIO) CONCRETO, MOLDADA  IN LOCO  EM TRECHO RETO COM EXTRUSORA, 13 CM BASE X 22 CM ALTURA. AF_06/2016","M",69,{"$f":"VLOOKUP(D58,'CPU (sem des)'!B:I,8,FALSE)","v":36.93},{"$f":"$N$4","v":0.23957567779569877},45.777529780995152,{"$f":"VLOOKUP(D58,'CPU (des)'!B:I,8,FALSE)","v":35.26},{"$f":"$O$4","v":0.30260494954802231},45.929850521063265,3158.6495548886655,3169.1596859533652]
[null,"2.2.3","MOBILIÁRIO URBANO ",null,null,null,1,{"$nulls":6},{"$f":"SUM(N60:N70)","v":71960.280603052859},{"$f":"SUM(O60:O70)","v":74149.423967722949}]
[null,"2.2.3.1","Composição Orse",3740,"Mesa de concreto com 02 bancos integrados","UN",10,{"$f":"VLOOKUP(D60,'CPU (sem des)'!B:I,8,FALSE)","v":909.61},{"$f":"$N$4","v":0.23957567779569877},{"$f":"H60*(1+I60)","v":1127.5304322797456},{"$f":"VLOOKUP(D60,'CPU (des)'!B:I,8,FALSE)","v":883.29},{"$f":"$O$4","v":0.30260494954802231},{"$f":"K60*(1+L60)","v":1150.5779258862726},{"$f":"J60*G60","v":11275.304322797456},{"$f":"M60*G60","v":11505.779258862727}]
[null,"2.2.3.2","Composição Sinapi",103310,"INSTALAÇÃO DE LIXEIRA METÁLICA DUPLA, CAPACIDADE DE 60 L, EM TUBO DE AÇO CARBONO E CESTOS EM CHAPA DE AÇO COM PINTURA ELETROSTÁTICA, SOBRE SOLO. AF_11/2021","UN",6,{"$f":"VLOOKUP(D61,'CPU (sem des)'!B:I,8,FALSE)","v":1288.8399999999999},0.23957567779569877,1597.6147165702082,{"$f":"VLOOKUP(D61,'CPU (des)'!B:I,8,FALSE)","v":1285.06},0.30260494954802231,1673.9255164661815,9585.6882994212501,10043.553098797089]
[null,"2.2.3.3","Composição Sinapi",92435,"MONTAGEM E DESMONTAGEM DE FÔRMA DE PILARES RETANGULARES E ESTRUTURAS SIMILARES, PÉ-DIREITO SIMPLES, EM CHAPA DE MADEIRA COMPENSADA PLASTIFICADA, 12 UTILIZAÇÕES. AF_09/2020","M2",1,{"$f":"VLOOKUP(D62,'CPU (sem des)'!B:I,8,FALSE)","v":57.64},0.23957567779569877,71.449142068144084,{"$f":"VLOOKUP(D62,'CPU (des)'!B:I,8,FALSE)","v":55.21},0.30260494954802231,71.916819264546319,71.449142068144084,71.916819264546319]
[null,"2.2.3.4","Composição Sinapi",92761,"ARMAÇÃO DE PILAR OU VIGA DE ESTRUTURA CONVENCIONAL DE CONCRETO ARMADO UTILIZANDO AÇO CA-50 DE 8,0 MM - MONTAGEM. AF_06/2022","KG",1,{"$f":"VLOOKUP(D63,'CPU (sem des)'!B:I,8,FALSE)","v":15.29},0.23957567779569877,18.953112113496232,{"$f":"VLOOKUP(D63,'CPU (des)'!B:I,8,FALSE)","v":15.09},0.30260494954802231,19.656308688679655,18.953112113496232,19.656308688679655]
[null,"2.2.3.5","Composição Sinapi",103685,"CONCRETAGEM DE MURETAS, FCK=25 MPA, COM USO DE BOMBA - LANÇAMENTO, ADENSAMENTO E ACABAMENTO. AF_02/2022","M3",1,{"$f":"VLOOKUP(D64,'CPU (sem des)'!B:I,8,FALSE)","v":855.82},0.23957567779569877,1060.8536565711149,{"$f":"VLOOKUP(D64,'CPU (des)'!B:I,8,FALSE)","v":851.35},0.30260494954802231,1108.9727237977088,1060.8536565711149,1108.9727237977088]
[null,"2.2.3.6","Composição Sinapi",92435,"MONTAGEM E DESMONTAGEM DE FÔRMA DE PILARES RETANGULARES E ESTRUTURAS SIMILARES, PÉ-DIREITO SIMPLES, EM CHAPA DE MADEIRA COMPENSADA PLASTIFICADA, 12 UTILIZAÇÕES. AF_09/2020","M2",26.88,{"$f":"VLOOKUP(D65,'CPU (sem des)'!B:I,8,FALSE)","v":57.64},0.23957567779569877,71.449142068144084,{"$f":"VLOOKUP(D65,'CPU (des)'!B:I,8,FALSE)","v":55.21},0.30260494954802231,71.916819264546319,1920.5529387917129,1933.124101831005]
[null,"2.2.3.7","Composição Sinapi",92761,"ARMAÇÃO DE PILAR OU VIGA DE ESTRUTURA CONVENCIONAL DE CONCRETO ARMADO UTILIZANDO AÇO CA-50 DE 8,0 MM - MONTAGEM. AF_06/2022","KG",160,{"$f":"VLOOKUP(D66,'CPU (sem des)'!B:I,8,FALSE)","v":15.29},0.23957567779569877,18.953112113496232,{"$f":"VLOOKUP(D66,'CPU (des)'!B:I,8,FALSE)","v":15.09},0.30260494954802231,19.656308688679655,3032.4979381593971,3145.0093901887449]
[null,"2.2.3.8","Composição Sinapi",103685,"CONCRETAGEM DE MURETAS, FCK=25 MPA, COM USO DE BOMBA - LANÇAMENTO, ADENSAMENTO E ACABAMENTO. AF_02/2022","M3",5.0599999999999996,{"$f":"VLOOKUP(D67,'CPU (sem des)'!B:I,8,FALSE)","v":855.82},0.23957567779569877,1060.8536565711149,{"$f":"VLOOKUP(D67,'CPU (des)'!B:I,8,FALSE)","v":851.35},0.30260494954802231,1108.9727237977088,5367.9195022498407,5611.4019824164061]
[null,"2.2.3.9","Composição Sinapi",103314,"INSTALAÇÃO DE PERGOLADO DE MADEIRA, EM MAÇARANDUBA, ANGELIM OU EQUIVALENTE DA REGIÃO, FIXADO COM CONCRETO SOBRE PISO DE CONCRETO EXISTENTE. AF_11/2021","M2",60.48,{"$f":"VLOOKUP(D68,'CPU (sem des)'!B:I,8,FALSE)","v":173.39},0.23957567779569877,214.9300267729962,{"$f":"VLOOKUP(D68,'CPU (des)'!B:I,8,FALSE)","v":170.35},0.30260494954802231,221.8987531555056,12998.96801923081,13420.436590844978]
[null,"2.2.3.10","Composição Orse",8464,"Banco de concreto sem encosto, dimensão: 2,00x0,60m","UN",12,{"$f":"VLOOKUP(D69,'CPU (sem des)'!B:I,8,FALSE)","v":681.31},0.23957567779569877,844.53530503898742,{"$f":"VLOOKUP(D69,'CPU (des)'!B:I,8,FALSE)","v":644.04999999999995},0.30260494954802231,838.94271775640368,10134.423660467848,10067.312613076843]
[null,"2.2.3.11","Composição Sinapi",103307,"INSTALAÇÃO DE LIXEIRA METÁLICA DUPLA, CAPACIDADE DE 60 L, EM TUBO DE AÇO CARBONO E CESTOS EM CHAPA DE AÇO COM PINTURA ELETROSTÁTICA, SOBRE PISO DE CONCRETO EXISTENTE. AF_11/2021","UN",10,{"$f":"VLOOKUP(D70,'CPU (sem des)'!B:I,8,FALSE)","v":1330.59},0.23957567779569877,1649.3670011181787,{"$f":"VLOOKUP(D70,'CPU (des)'!B:I,8,FALSE)","v":1322.14},0.30260494954802231,1722.2261079954224,16493.670011181788,17222.261079954224]
[null,"2.2.4","ESPELHO D'AGUA E FONTE ",null,null,null,1,{"$nulls":6},{"$f":"SUM(N72:N76)","v":57467.300114911202},{"$f":"SUM(O72:O76)","v":59444.075580099168}]
[null,"2.2.4.1","Composição Sinapi",103685,"CONCRETAGEM DE MURETAS, FCK=25 MPA, COM USO DE BOMBA - LANÇAMENTO, ADENSAMENTO E ACABAMENTO. AF_02/2022","M3",31.16,{"$f":"VLOOKUP(D72,'CPU (sem des)'!B:I,8,FALSE)","v":855.82},{"$f":"$N$4","v":0.23957567779569877},{"$f":"H72*(1+I72)","v":1060.8536565711149},{"$f":"VLOOKUP(D72,'CPU (des)'!B:I,8,FALSE)","v":851.35},{"$f":"$O$4","v":0.30260494954802231},{"$f":"K72*(1+L72)","v":1108.9727237977088},{"$f":"J72*G72","v":33056.199938755941},{"$f":"M72*G72","v":34555.590073536609}]
[null,"2.2.4.2","Composição Sinapi",92435,"MONTAGEM E DESMONTAGEM DE FÔRMA DE PILARES RETANGULARES E ESTRUTURAS SIMILARES, PÉ-DIREITO SIMPLES, EM CHAPA DE MADEIRA COMPENSADA PLASTIFICADA, 12 UTILIZAÇÕES. AF_09/2020","M2",43.55,{"$f":"VLOOKUP(D73,'CPU (sem des)'!B:I,8,FALSE)","v":57.64},{"$f":"$N$4","v":0.23957567779569877},{"$f":"H73*(1+I73)","v":71.449142068144084},{"$f":"VLOOKUP(D73,'CPU (des)'!B:I,8,FALSE)","v":55.21},{"$f":"$O$4","v":0.30260494954802231},{"$f":"K73*(1+L73)","v":71.916819264546319},{"$f":"J73*G73","v":3111.6101370676747},3131.9774789709918]
[null,"2.2.4.3","Composição Sinapi",92761,"ARMAÇÃO DE PILAR OU VIGA DE ESTRUTURA CONVENCIONAL DE CONCRETO ARMADO UTILIZANDO AÇO CA-50 DE 8,0 MM - MONTAGEM. AF_06/2022","KG",820.12,{"$f":"VLOOKUP(D74,'CPU (sem des)'!B:I,8,FALSE)","v":15.29},{"$f":"$N$4","v":0.23957567779569877},{"$f":"H74*(1+I74)","v":18.953112113496232},{"$f":"VLOOKUP(D74,'CPU (des)'!B:I,8,FALSE)","v":15.09},{"$f":"$O$4","v":0.30260494954802231},{"$f":"K74*(1+L74)","v":19.656308688679655},{"$f":"J74*G74","v":15543.82630652053},16120.531881759958]
[null,"2.2.4.4","Composição Orse",13008,"Bombeamento com Bomba submersa","H",1,578.89,{"$f":"$N$4","v":0.23957567779569877},{"$f":"H75*(1+I75)","v":717.57796411915206},578.89,{"$f":"$O$4","v":0.30260494954802231},{"$f":"K75*(1+L75)","v":754.06497924385462},{"$f":"J75*G75","v":717.57796411915206},754.06497924385462]
[null,"2.2.4.5","Composição Sinapi",89357,"TUBO, PVC, SOLDÁVEL, DN 32MM, INSTALADO EM RAMAL OU SUB-RAMAL DE ÁGUA - FORNECIMENTO E INSTALAÇÃO. AF_06/2022","M",141.32,{"$f":"VLOOKUP(D76,'CPU (sem des)'!B:I,8,FALSE)","v":28.76},{"$f":"$N$4","v":0.23957567779569877},{"$f":"H76*(1+I76)","v":35.650196493404302},{"$f":"VLOOKUP(D76,'CPU (des)'!B:I,8,FALSE)","v":26.52},{"$f":"$O$4","v":0.30260494954802231},{"$f":"K76*(1+L76)","v":34.545083262013549},{"$f":"J76*G76","v":5038.085768447896},4881.9111665877545]
[null,"2.2.5","ACADEMIA E PLAYGROUND ",null,null,null,1,{"$nulls":6},{"$f":"SUM(N78)","v":48902.76246646342},{"$f":"SUM(O78)","v":51298.651754422979}]
[null,"2.2.5.1","Composição Própria",10000,"Playgound e Academia ","unid",1,{"$f":"'Cotação Playground'!K16","v":42638.333333333328},{"$f":"N5","v":0.14692012195121973},{"$f":"H78*(1+I78)","v":48902.76246646342},{"$f":"'Cotação Playground'!K16","v":42638.333333333328},{"$f":"O5","v":0.20311109145345707},{"$f":"K78*(1+L78)","v":51298.651754422979},{"$f":"J78*G78","v":48902.76246646342},{"$f":"M78*G78","v":51298.651754422979}]
[null,"2.2.6","PAISAGISMO",null,null,null,1,{"$nulls":6},{"$f":"SUM(N80:N81)","v":12903.819305821322},{"$f":"SUM(O80:O81)","v":13289.39544474391}]
[null,"2.2.6.1","Composição Sinapi",103946,"PLANTIO DE GRAMA ESMERALDA OU SÃO CARLOS OU CURITIBANA, EM PLACAS. AF_05/2022","M2",342.63,{"$f":"VLOOKUP(D80,'CPU (sem des)'!B:I,8,FALSE)","v":18.87},{"$f":"$N$4","v":0.23957567779569877},{"$f":"H80*(1+I80)","v":23.390793040004837},{"$f":"VLOOKUP(D80,'CPU (des)'!B:I,8,FALSE)","v":18.489999999999998},{"$f":"$O$4","v":0.30260494954802231},{"$f":"K80*(1+L80)","v":24.085165517142929},{"$f":"J80*G80","v":8014.3874192968569},{"$f":"M80*G80","v":8252.3002611386819}]
[null,"2.2.6.2","Composição Sinapi",98511,"PLANTIO DE ÁRVORE ORNAMENTAL COM ALTURA DE MUDA MAIOR QUE 2,00 M E MENOR OU IGUAL A 4,00 M. AF_05/2018","UN",31,{"$f":"VLOOKUP(D81,'CPU (sem des)'!B:I,8,FALSE)","v":127.24},{"$f":"$N$4","v":0.23957567779569877},{"$f":"H81*(1+I81)","v":157.72360924272471},{"$f":"VLOOKUP(D81,'CPU (des)'!B:I,8,FALSE)","v":124.74},{"$f":"$O$4","v":0.30260494954802231},{"$f":"K81*(1+L81)","v":162.4869414066203},{"$f":"J81*G81","v":4889.4318865244659},5037.0951836052291]
[null,"2.2.7","SERVIÇOS COMPLEMENTARES ",null,null,null,1,{"$nulls":6},{"$f":"SUM(N83)","v":1859.3635166935483},{"$f":"SUM(O83)","v":1953.9074243220334}]
[null,"2.2.7.1","Composição Própria","1.1","DESMOBILIZAÇÃO","UN",1,{"$f":"'CPU Própria (sem des)'!$K$28","v":1500},{"$f":"$N$4","v":0.23957567779569877},{"$f":"H83*(1+I83)","v":1859.3635166935483},{"$f":"'CPU Própria (des)'!$J$28","v":1500},{"$f":"$O$4","v":0.30260494954802231},{"$f":"K83*(1+L83)","v":1953.9074243220334},{"$f":"J83*G83","v":1859.3635166935483},{"$f":"M83*G83","v":1953.9074243220334}]
[null,"2.3","Praça de Serviços",{"$nulls":10},{"$f":"N85+N87+N94+N101+N103","v":648032.25830905302},{"$f":"O85+O87+O94+O101+O103","v":672710.77969498467}]
[null,"2.3.1","SERVIÇOS PRELIMINARES ",null,null,null,1,{"$nulls":6},{"$f":"SUM(N86)","v":1859.3635166935483},{"$f":"SUM(O86)","v":1953.9074243220334}]
[null,"2.3.1.1","Composição Própria","1.1","MOBILIZAÇÃO ","UN",1,{"$f":"'CPU Própria (sem des)'!$K$28","v":1500},{"$f":"$N$4","v":0.23957567779569877},{"$f":"H86*(1+I86)","v":1859.3635166935483},{"$f":"'CPU Própria (des)'!$J$28","v":1500},{"$f":"$O$4","v":0.30260494954802231},{"$f":"K86*(1+L86)","v":1953.9074243220334},{"$f":"J86*G86","v":1859.3635166935483},{"$f":"M86*G86","v":1953.9074243220334}]
[null,"2.3.2","PAVIMENTAÇÃO",null,null,null,1,{"$nulls":6},{"$f":"SUM(N88:N93)","v":548656.9510673132},{"$f":"SUM(O88:O93)","v":570175.09013963677}]
[null,"2.3.2.1","Composição Sinapi",100575,"REGULARIZAÇÃO DE SUPERFÍCIES COM MOTONIVELADORA. AF_11/2019","M2",3483.09,{"$f":"VLOOKUP(D88,'CPU (sem des)'!B:I,8,FALSE)","v":0.12},{"$f":"$N$4","v":0.23957567779569877},{"$f":"H88*(1+I88)","v":0.14874908133548384},{"$f":"VLOOKUP(D88,'CPU (des)'!B:I,8,FALSE)","v":0.12},{"$f":"$O$4","v":0.30260494954802231},{"$f":"K88*(1+L88)","v":0.15631259394576266},{"$f":"J88*G88","v":518.1064377088104},{"$f":"M88*G88","v":544.45083284654652}]
[null,"2.3.2.2","Composição Orse",3212,"Colchão de areia","M3",348.31,{"$f":"VLOOKUP(D89,'CPU (sem des)'!B:I,8,FALSE)","v":134.79},0.23957567779569877,167.08240561008222,{"$f":"VLOOKUP(D89,'CPU (des)'!B:I,8,FALSE)","v":132.9},0.30260494954802231,173.11619779493216,58196.472698047735,60298.10285395282]
[null,"2.3.2.3","Composição Sinapi",92397,"EXECUÇÃO DE PÁTIO/ESTACIONAMENTO EM PISO INTERTRAVADO, COM BLOCO RETANGULAR COR NATURAL DE 20 X 10 CM, ESPESSURA 6 CM. AF_12/2015","M2",3483.09,{"$f":"VLOOKUP(D90,'CPU (sem des)'!B:I,8,FALSE)","v":76.05},0.23957567779569877,94.269730296362894,{"$f":"VLOOKUP(D90,'CPU (des)'!B:I,8,FALSE)","v":75.16},0.30260494954802231,97.903788008029352,328349.95489795867,341007.70497288695]
[null,"2.3.2.4","Composição Sinapi",94991,"EXECUÇÃO DE PASSEIO (CALÇADA) OU PISO DE CONCRETO COM CONCRETO MOLDADO IN LOCO, USINADO, ACABAMENTO CONVENCIONAL, NÃO ARMADO. AF_07/2016","M3",19.52,{"$f":"VLOOKUP(D91,'CPU (sem des)'!B:I,8,FALSE)","v":920.54},0.23957567779569877,1141.0789944380524,{"$f":"VLOOKUP(D91,'CPU (des)'!B:I,8,FALSE)","v":912.21},0.30260494954802231,1188.2492610272016,22273.861971430782,23194.625575250975]
[null,"2.3.2.5","Composição Sinapi",101094,"PISO PODOTÁTIL, DIRECIONAL OU ALERTA, ASSENTADO SOBRE ARGAMASSA. AF_05/2020","M",586.95000000000005,{"$f":"VLOOKUP(D92,'CPU (sem des)'!B:I,8,FALSE)","v":190.73},0.23957567779569877,236.42426902597362,{"$f":"VLOOKUP(D92,'CPU (des)'!B:I,8,FALSE)","v":189.1},0.30260494954802231,246.32259595953101,138769.22470479523,144579.04769844675]
[null,"2.3.2.6","Composição Sinapi",94263,"GUIA (MEIO-FIO) CONCRETO, MOLDADA  IN LOCO  EM TRECHO RETO COM EXTRUSORA, 13 CM BASE X 22 CM ALTURA. AF_06/2016","M",12,{"$f":"VLOOKUP(D93,'CPU (sem des)'!B:I,8,FALSE)","v":36.93},0.23957567779569877,45.777529780995152,{"$f":"VLOOKUP(D93,'CPU (des)'!B:I,8,FALSE)","v":35.26},0.30260494954802231,45.929850521063265,549.33035737194177,551.15820625275921]
[null,"2.3.3","MOBILIÁRIO URBANO ",null,null,null,1,{"$nulls":6},{"$f":"SUM(N95:N100)","v":91935.721104799726},{"$f":"SUM(O95:O100)","v":94985.032500384434}]
[null,"2.3.3.1","Composição Orse",3740,"Mesa de concreto com 02 bancos integrados","UN",17,{"$f":"VLOOKUP(D95,'CPU (sem des)'!B:I,8,FALSE)","v":909.61},{"$f":"$N$4","v":0.23957567779569877},{"$f":"H95*(1+I95)","v":1127.5304322797456},{"$f":"VLOOKUP(D95,'CPU (des)'!B:I,8,FALSE)","v":883.29},{"$f":"$O$4","v":0.30260494954802231},{"$f":"K95*(1+L95)","v":1150.5779258862726},{"$f":"J95*G95","v":19168.017348755675},{"$f":"M95*G95","v":19559.824740066633}]
[null,"2.3.3.2","Composição Sinapi",103310,"INSTALAÇÃO DE LIXEIRA METÁLICA DUPLA, CAPACIDADE DE 60 L, EM TUBO DE AÇO CARBONO E CESTOS EM CHAPA DE AÇO COM PINTURA ELETROSTÁTICA, SOBRE SOLO. AF_11/2021","UN",8,{"$f":"VLOOKUP(D96,'CPU (sem des)'!B:I,8,FALSE)","v":1288.8399999999999},0.23957567779569877,1597.6147165702082,{"$f":"VLOOKUP(D96,'CPU (des)'!B:I,8,FALSE)","v":1285.06},0.30260494954802231,1673.9255164661815,12780.917732561666,13391.404131729452]
[null,"2.3.3.3","Composição Sinapi",92435,"MONTAGEM E DESMONTAGEM DE FÔRMA DE PILARES RETANGULARES E ESTRUTURAS SIMILARES, PÉ-DIREITO SIMPLES, EM CHAPA DE MADEIRA COMPENSADA PLASTIFICADA, 12 UTILIZAÇÕES. AF_09/2020","M2",80.64,{"$f":"VLOOKUP(D97,'CPU (sem des)'!B:I,8,FALSE)","v":57.64},0.23957567779569877,71.449142068144084,{"$f":"VLOOKUP(D97,'CPU (des)'!B:I,8,FALSE)","v":55.21},0.30260494954802231,71.916819264546319,5761.6588163751394,5799.3723054930151]
[null,"2.3.3.4","Composição Sinapi",92761,"ARMAÇÃO DE PILAR OU VIGA DE ESTRUTURA CONVENCIONAL DE CONCRETO ARMADO UTILIZANDO AÇO CA-50 DE 8,0 MM - MONTAGEM. AF_06/2022","KG",480,{"$f":"VLOOKUP(D98,'CPU (sem des)'!B:I,8,FALSE)","v":15.29},0.23957567779569877,18.953112113496232,{"$f":"VLOOKUP(D98,'CPU (des)'!B:I,8,FALSE)","v":15.09},0.30260494954802231,19.656308688679655,9097.4938144781918,9435.0281705662346]
[null,"2.3.3.5","Composição Sinapi",103685,"CONCRETAGEM DE MURETAS, FCK=25 MPA, COM USO DE BOMBA - LANÇAMENTO, ADENSAMENTO E ACABAMENTO. AF_02/2022","M3",15.2,{"$f":"VLOOKUP(D99,'CPU (sem des)'!B:I,8,FALSE)","v":855.82},0.23957567779569877,1060.8536565711149,{"$f":"VLOOKUP(D99,'CPU (des)'!B:I,8,FALSE)","v":851.35},0.30260494954802231,1108.9727237977088,16124.975579880946,16856.385401725172]
[null,"2.3.3.6","Composição Sinapi",103314,"INSTALAÇÃO DE PERGOLADO DE MADEIRA, EM MAÇARANDUBA, ANGELIM OU EQUIVALENTE DA REGIÃO, FIXADO COM CONCRETO SOBRE PISO DE CONCRETO EXISTENTE. AF_11/2021","M2",134.94,{"$f":"VLOOKUP(D100,'CPU (sem des)'!B:I,8,FALSE)","v":173.39},0.23957567779569877,214.9300267729962,{"$f":"VLOOKUP(D100,'CPU (des)'!B:I,8,FALSE)","v":170.35},0.30260494954802231,221.8987531555056,29002.657812748108,29943.017750803927]
[null,"2.3.4","PAISAGISMO ",null,null,null,1,{"$nulls":6},{"$f":"SUM(N102)","v":1577.2360924272471},{"$f":"SUM(O102)","v":1624.869414066203}]
[null,"2.3.4.1","Composição Sinapi",98511,"PLANTIO DE ÁRVORE ORNAMENTAL COM ALTURA DE MUDA MAIOR QUE 2,00 M E MENOR OU IGUAL A 4,00 M. AF_05/2018","UN",10,{"$f":"VLOOKUP(D102,'CPU (sem des)'!B:I,8,FALSE)","v":127.24},{"$f":"$N$4","v":0.23957567779569877},{"$f":"H102*(1+I102)","v":157.72360924272471},{"$f":"VLOOKUP(D102,'CPU (des)'!B:I,8,FALSE)","v":124.74},{"$f":"$O$4","v":0.30260494954802231},{"$f":"K102*(1+L102)","v":162.4869414066203},{"$f":"J102*G102","v":1577.2360924272471},{"$f":"M102*G102","v":1624.869414066203}]
[null,"2.3.5","SERVIÇOS COMPLEMENTARES",null,null,null,1,{"$nulls":6},{"$f":"SUM(N104:N105)","v":4002.986527819206},{"$f":"SUM(O104:O105)","v":3971.8802165752127}]
[null,"2.3.5.1","Composição Própria","1.1","DESMOBILIZAÇÃO","UN",1,{"$f":"'CPU Própria (sem des)'!$K$28","v":1500},{"$f":"$N$4","v":0.23957567779569877},{"$f":"H104*(1+I104)","v":1859.3635166935483},{"$f":"'CPU Própria (des)'!$J$28","v":1500},{"$f":"$O$4","v":0.30260494954802231},{"$f":"K104*(1+L104)","v":1953.9074243220334},{"$f":"J104*G104","v":1859.3635166935483},{"$f":"M104*G104","v":1953.9074243220334}]
[null,"2.3.5.2","Composição Orse",6191,"Limpeza de ruas (varrição e remoção de entulhos)","M2",3602.75,{"$f":"VLOOKUP(D105,'CPU (sem des)'!B:I,8,FALSE)","v":0.48},{"$f":"$N$4","v":0.23957567779569877},{"$f":"H105*(1+I105)","v":0.59499632534193536},{"$f":"VLOOKUP(D105,'CPU (des)'!B:I,8,FALSE)","v":0.43},{"$f":"$O$4","v":0.30260494954802231},{"$f":"K105*(1+L105)","v":0.56012012830564961},{"$f":"J105*G105","v":2143.6230111256577},2017.9727922531793]
[null,"2.4","Praça Institucional",{"$nulls":10},{"$f":"N107+N109+N116+N122+N126","v":271385.40089478728},{"$f":"O107+O109+O116+O122+O126","v":281703.25105821254}]
[null,"2.4.1","SERVIÇOS PRELIMINARES ",null,null,null,1,{"$nulls":6},{"$f":"SUM(N108)","v":1859.3635166935483},{"$f":"SUM(O108)","v":1953.9074243220334}]
[null,"2.4.1.1","Composição Própria","1.1","MOBILIZAÇÃO ","UN",1,{"$f":"'CPU Própria (sem des)'!$K$28","v":1500},{"$f":"$N$4","v":0.23957567779569877},{"$f":"H108*(1+I108)","v":1859.3635166935483},{"$f":"'CPU Própria (des)'!$J$28","v":1500},{"$f":"$O$4","v":0.30260494954802231},{"$f":"K108*(1+L108)","v":1953.9074243220334},{"$f":"J108*G108","v":1859.3635166935483},{"$f":"M108*G108","v":1953.9074243220334}]
[null,"2.4.2","PAVIMENTAÇÃO",null,null,null,1,{"$nulls":6},{"$f":"SUM(N110:N115)","v":223749.22741869467},{"$f":"SUM(O110:O115)","v":232480.99462337344}]
[null,"2.4.2.1","Composição Sinapi",100575,"REGULARIZAÇÃO DE SUPERFÍCIES COM MOTONIVELADORA. AF_11/2019","M2",1201.28,{"$f":"VLOOKUP(D110,'CPU (sem des)'!B:I,8,FALSE)","v":0.12},{"$f":"$N$4","v":0.23957567779569877},{"$f":"H110*(1+I110)","v":0.14874908133548384},{"$f":"VLOOKUP(D110,'CPU (des)'!B:I,8,FALSE)","v":0.12},{"$f":"$O$4","v":0.30260494954802231},{"$f":"K110*(1+L110)","v":0.15631259394576266},{"$f":"J110*G110","v":178.68929642669002},{"$f":"M110*G110","v":187.77519285516576}]
[null,"2.4.2.2","Composição Orse",3212,"Colchão de areia","M3",120.12,{"$f":"VLOOKUP(D111,'CPU (sem des)'!B:I,8,FALSE)","v":134.79},0.23957567779569877,167.08240561008222,{"$f":"VLOOKUP(D111,'CPU (des)'!B:I,8,FALSE)","v":132.9},0.30260494954802231,173.11619779493216,20069.938561883078,20794.71767912725]
[null,"2.4.2.3","Composição Sinapi",92397,"EXECUÇÃO DE PÁTIO/ESTACIONAMENTO EM PISO INTERTRAVADO, COM BLOCO RETANGULAR COR NATURAL DE 20 X 10 CM, ESPESSURA 6 CM. AF_12/2015","M2",1201.28,{"$f":"VLOOKUP(D112,'CPU (sem des)'!B:I,8,FALSE)","v":76.05},0.23957567779569877,94.269730296362894,{"$f":"VLOOKUP(D112,'CPU (des)'!B:I,8,FALSE)","v":75.16},0.30260494954802231,97.903788008029352,113244.34161041482,117609.8624582855]
[null,"2.4.2.4","Composição Sinapi",94991,"EXECUÇÃO DE PASSEIO (CALÇADA) OU PISO DE CONCRETO COM CONCRETO MOLDADO IN LOCO, USINADO, ACABAMENTO CONVENCIONAL, NÃO ARMADO. AF_07/2016","M3",32.06,{"$f":"VLOOKUP(D113,'CPU (sem des)'!B:I,8,FALSE)","v":920.54},0.23957567779569877,1141.0789944380524,{"$f":"VLOOKUP(D113,'CPU (des)'!B:I,8,FALSE)","v":912.21},0.30260494954802231,1188.2492610272016,36582.992561683961,38095.271308532087]
[null,"2.4.2.5","Composição Sinapi",101094,"PISO PODOTÁTIL, DIRECIONAL OU ALERTA, ASSENTADO SOBRE ARGAMASSA. AF_05/2020","M",213.08,{"$f":"VLOOKUP(D114,'CPU (sem des)'!B:I,8,FALSE)","v":190.73},0.23957567779569877,236.42426902597362,{"$f":"VLOOKUP(D114,'CPU (des)'!B:I,8,FALSE)","v":189.1},0.30260494954802231,246.32259595953101,50377.283244054459,52486.418747056872]
[null,"2.4.2.6","Composição Sinapi",94263,"GUIA (MEIO-FIO) CONCRETO, MOLDADA  IN LOCO  EM TRECHO RETO COM EXTRUSORA, 13 CM BASE X 22 CM ALTURA. AF_06/2016","M",72,{"$f":"VLOOKUP(D115,'CPU (sem des)'!B:I,8,FALSE)","v":36.93},0.23957567779569877,45.777529780995152,{"$f":"VLOOKUP(D115,'CPU (des)'!B:I,8,FALSE)","v":35.26},0.30260494954802231,45.929850521063265,3295.9821442316511,3306.9492375165551]
[null,"2.4.3","MOBILIÁRIO URBANO",null,null,null,1,{"$nulls":6},{"$f":"SUM(N117:N121)","v":37660.866336056621},{"$f":"SUM(O117:O121)","v":38964.411665531377}]
[null,"2.4.3.1","Composição Orse",3740,"Mesa de concreto com 02 bancos integrados","UN",8,{"$f":"VLOOKUP(D117,'CPU (sem des)'!B:I,8,FALSE)","v":909.61},{"$f":"$N$4","v":0.23957567779569877},{"$f":"H117*(1+I117)","v":1127.5304322797456},{"$f":"VLOOKUP(D117,'CPU (des)'!B:I,8,FALSE)","v":883.29},{"$f":"$O$4","v":0.30260494954802231},{"$f":"K117*(1+L117)","v":1150.5779258862726},{"$f":"J117*G117","v":9020.2434582379647},{"$f":"M117*G117","v":9204.623407090181}]
[null,"2.4.3.2","Composição Sinapi",103310,"INSTALAÇÃO DE LIXEIRA DE MADEIRA DUPLA, CAPACIDADE DE 60 L, CESTOS EM MADEIRA, SOBRE SOLO. AF_11/2021","UN",5,{"$f":"VLOOKUP(D118,'CPU (sem des)'!B:I,8,FALSE)","v":1288.8399999999999},{"$f":"$N$4","v":0.23957567779569877},{"$f":"H118*(1+I118)","v":1597.6147165702082},{"$f":"VLOOKUP(D118,'CPU (des)'!B:I,8,FALSE)","v":1285.06},{"$f":"$O$4","v":0.30260494954802231},{"$f":"K118*(1+L118)","v":1673.9255164661815},{"$f":"J118*G118","v":7988.0735828510406},8369.6275823309079]
[null,"2.4.3.3","Composição Sinapi",92435,"MONTAGEM E DESMONTAGEM DE FÔRMA DE PILARES RETANGULARES E ESTRUTURAS SIMILARES, PÉ-DIREITO SIMPLES, EM CHAPA DE MADEIRA COMPENSADA PLASTIFICADA, 12 UTILIZAÇÕES. AF_09/2020","M2",53.76,{"$f":"VLOOKUP(D119,'CPU (sem des)'!B:I,8,FALSE)","v":57.64},{"$f":"$N$4","v":0.23957567779569877},{"$f":"H119*(1+I119)","v":71.449142068144084},{"$f":"VLOOKUP(D119,'CPU (des)'!B:I,8,FALSE)","v":55.21},{"$f":"$O$4","v":0.30260494954802231},{"$f":"K119*(1+L119)","v":71.916819264546319},{"$f":"J119*G119","v":3841.1058775834258},3866.2482036620099]
[null,"2.4.3.4","Composição Sinapi",92761,"ARMAÇÃO DE PILAR OU VIGA DE UMA ESTRUTURA CONVENCIONAL DE CONCRETO ARMADO EM UM EDIFÍCIO DE MÚLTIPLOS PAVIMENTOS UTILIZANDO AÇO CA-50 DE 8,0 MM - MONTAGEM. AF_12/2015","KG",320,{"$f":"VLOOKUP(D120,'CPU (sem des)'!B:I,8,FALSE)","v":15.29},{"$f":"$N$4","v":0.23957567779569877},{"$f":"H120*(1+I120)","v":18.953112113496232},{"$f":"VLOOKUP(D120,'CPU (des)'!B:I,8,FALSE)","v":15.09},{"$f":"$O$4","v":0.30260494954802231},{"$f":"K120*(1+L120)","v":19.656308688679655},{"$f":"J120*G120","v":6064.9958763187942},6290.0187803774897]
[null,"2.4.3.5","Composição Sinapi",103685,"CONCRETAGEM DE MURETAS, FCK=25 MPA, COM USO DE BOMBA - LANÇAMENTO, ADENSAMENTO E ACABAMENTO. AF_02/2022","M3",10.130000000000001,{"$f":"VLOOKUP(D121,'CPU (sem des)'!B:I,8,FALSE)","v":855.82},{"$f":"$N$4","v":0.23957567779569877},{"$f":"H121*(1+I121)","v":1060.8536565711149},{"$f":"VLOOKUP(D121,'CPU (des)'!B:I,8,FALSE)","v":851.35},{"$f":"$O$4","v":0.30260494954802231},{"$f":"K121*(1+L121)","v":1108.9727237977088},{"$f":"J121*G121","v":10746.447541065396},11233.893692070791]
[null,"2.4.4","PAISAGISMO",null,null,null,1,{"$nulls":6},{"$f":"SUM(N123:N125)","v":5304.5859861017943},{"$f":"SUM(O123:O125)","v":5453.8377153746223}]
[null,"2.4.4.1","Composição Sinapi",103946,"PLANTIO DE GRAMA ESMERALDA OU SÃO CARLOS OU CURITIBANA, EM PLACAS. AF_05/2022","M2",119.49,{"$f":"VLOOKUP(D123,'CPU (sem des)'!B:I,8,FALSE)","v":18.87},{"$f":"$N$4","v":0.23957567779569877},{"$f":"H123*(1+I123)","v":23.390793040004837},{"$f":"VLOOKUP(D123,'CPU (des)'!B:I,8,FALSE)","v":18.489999999999998},{"$f":"$O$4","v":0.30260494954802231},{"$f":"K123*(1+L123)","v":24.085165517142929},{"$f":"J123*G123","v":2794.965860350178},{"$f":"M123*G123","v":2877.9364276434085}]
[null,"2.4.4.2","Composição Sinapi",98511,"PLANTIO DE ÁRVORE ORNAMENTAL COM ALTURA DE MUDA MAIOR QUE 2,00 M E MENOR OU IGUAL A 4,00 M. AF_05/2018","UN",7,{"$f":"VLOOKUP(D124,'CPU (sem des)'!B:I,8,FALSE)","v":127.24},{"$f":"$N$4","v":0.23957567779569877},{"$f":"H124*(1+I124)","v":157.72360924272471},{"$f":"VLOOKUP(D124,'CPU (des)'!B:I,8,FALSE)","v":124.74},{"$f":"$O$4","v":0.30260494954802231},{"$f":"K124*(1+L124)","v":162.4869414066203},{"$f":"J124*G124","v":1104.0652646990729},1137.4085898463422]
[null,"2.4.4.3","Composição Sinapi",98510,"PLANTIO DE ÁRVORE ORNAMENTAL COM ALTURA DE MUDA MENOR OU IGUAL A 2,00 M. AF_05/2018","UN",17,{"$f":"VLOOKUP(D125,'CPU (sem des)'!B:I,8,FALSE)","v":66.7},{"$f":"$N$4","v":0.23957567779569877},{"$f":"H125*(1+I125)","v":82.679697708973109},{"$f":"VLOOKUP(D125,'CPU (des)'!B:I,8,FALSE)","v":64.959999999999994},{"$f":"$O$4","v":0.30260494954802231},{"$f":"K125*(1+L125)","v":84.617217522639521},{"$f":"J125*G125","v":1405.5548610525429},1438.4926978848719]
[null,"2.4.5","SERVIÇOS COMPLEMENTARES",null,null,null,1,{"$nulls":6},{"$f":"SUM(N127:N128)","v":2811.3576372406451},{"$f":"SUM(O127:O128)","v":2850.0996296110729}]
[null,"2.4.5.1","Composição Orse",6191,"Limpeza de ruas (varrição e remoção de entulhos)","M2",1600,{"$f":"VLOOKUP(D127,'CPU (sem des)'!B:I,8,FALSE)","v":0.48},{"$f":"$N$4","v":0.23957567779569877},{"$f":"H127*(1+I127)","v":0.59499632534193536},{"$f":"VLOOKUP(D127,'CPU (des)'!B:I,8,FALSE)","v":0.43},{"$f":"$O$4","v":0.30260494954802231},{"$f":"K127*(1+L127)","v":0.56012012830564961},{"$f":"J127*G127","v":951.9941205470966},{"$f":"M127*G127","v":896.19220528903941}]
[null,"2.4.5.2","Composição Própria","1.1","DESMOBILIZAÇÃO","UN",1,{"$f":"'CPU Própria (sem des)'!$K$28","v":1500},{"$f":"$N$4","v":0.23957567779569877},{"$f":"H128*(1+I128)","v":1859.3635166935483},{"$f":"'CPU Própria (des)'!$J$28","v":1500},{"$f":"$O$4","v":0.30260494954802231},{"$f":"K128*(1+L128)","v":1953.9074243220334},{"$f":"J128*G128","v":1859.3635166935483},1953.9074243220334]
[null,"2.5","Entorno",{"$nulls":10},{"$f":"N137+N140+SUM(N130:N136)","v":264023.8321635169},{"$f":"O137+O140+SUM(O130:O136)","v":275163.61943203345}]
[null,"2.5.1","Composição Orse",3212,"Colchão de areia","M3",135.53,{"$f":"VLOOKUP(D130,'CPU (sem des)'!B:I,8,FALSE)","v":134.79},{"$f":"$N$4","v":0.23957567779569877},{"$f":"H130*(1+I130)","v":167.08240561008222},{"$f":"VLOOKUP(D130,'CPU (des)'!B:I,8,FALSE)","v":132.9},{"$f":"$O$4","v":0.30260494954802231},{"$f":"K130*(1+L130)","v":173.11619779493216},{"$f":"J130*G130","v":22644.678432334444},{"$f":"M130*G130","v":23462.438287147157}]
[null,"2.5.2","Composição Sinapi",100575,"REGULARIZAÇÃO DE SUPERFÍCIES COM MOTONIVELADORA. AF_11/2019","M2",903.56,{"$f":"VLOOKUP(D131,'CPU (sem des)'!B:I,8,FALSE)","v":0.12},0.23957567779569877,0.14874908133548384,{"$f":"VLOOKUP(D131,'CPU (des)'!B:I,8,FALSE)","v":0.12},0.30260494954802231,0.15631259394576266,134.40371993148977,141.23780738563329]
[null,"2.5.3","Composição Sinapi",92397,"EXECUÇÃO DE PÁTIO/ESTACIONAMENTO EM PISO INTERTRAVADO, COM BLOCO RETANGULAR COR NATURAL DE 20 X 10 CM, ESPESSURA 6 CM. AF_12/2015","M2",903.56,{"$f":"VLOOKUP(D132,'CPU (sem des)'!B:I,8,FALSE)","v":76.05},0.23957567779569877,94.269730296362894,{"$f":"VLOOKUP(D132,'CPU (des)'!B:I,8,FALSE)","v":75.16},0.30260494954802231,97.903788008029352,85178.357506581655,88461.946692534999]
[null,"2.5.4","Composição Sinapi",96398,"EXECUÇÃO E COMPACTAÇÃO DE BASE E OU SUB BASE PARA PAVIMENTAÇÃO DE CONCRETO COMPACTADO COM ROLO - EXCLUSIVE CARGA E TRANSPORTE. AF_11/2019","M3",75.930000000000007,{"$f":"VLOOKUP(D133,'CPU (sem des)'!B:I,8,FALSE)","v":620.01},0.23957567779569877,768.54931599011115,{"$f":"VLOOKUP(D133,'CPU (des)'!B:I,8,FALSE)","v":619.37},0.30260494954802231,806.7944276015586,58355.949563129143,61259.900887786353]
[null,"2.5.5","Composição Sinapi",95995,"EXECUÇÃO DE PAVIMENTO COM APLICAÇÃO DE CONCRETO ASFÁLTICO, CAMADA DE ROLAMENTO - EXCLUSIVE CARGA E TRANSPORTE. AF_11/2019","M3",18.98,{"$f":"VLOOKUP(D134,'CPU (sem des)'!B:I,8,FALSE)","v":1417.5},0.23957567779569877,1757.0985232754031,{"$f":"VLOOKUP(D134,'CPU (des)'!B:I,8,FALSE)","v":1414.08},0.30260494954802231,1841.9876070568673,33349.729971767149,34960.924781939342]
[null,"2.5.6","Composição Sinapi",94266,"GUIA (MEIO-FIO) CONCRETO, MOLDADA  IN LOCO  EM TRECHO CURVO COM EXTRUSORA, 15 CM BASE X 30 CM ALTURA. AF_06/2016","M",77.900000000000006,{"$f":"VLOOKUP(D135,'CPU (sem des)'!B:I,8,FALSE)","v":54.8},0.23957567779569877,67.928747143204291,{"$f":"VLOOKUP(D135,'CPU (des)'!B:I,8,FALSE)","v":52.67},0.30260494954802231,68.608202692694334,5291.649402455615,5344.5789897608893]
[null,"2.5.7","Composição Sinapi",101094,"PISO PODOTÁTIL, DIRECIONAL OU ALERTA, ASSENTADO SOBRE ARGAMASSA. AF_05/2020","M",209.97,{"$f":"VLOOKUP(D136,'CPU (sem des)'!B:I,8,FALSE)","v":190.73},0.23957567779569877,236.42426902597362,{"$f":"VLOOKUP(D136,'CPU (des)'!B:I,8,FALSE)","v":189.1},0.30260494954802231,246.32259595953101,49642.003767383678,51720.355473622723]
[null,"2.5.8","MOBILIÁRIO URBANO",null,null,null,1,{"$nulls":6},{"$f":"SUM(N138:N139)","v":8796.1653629628363},{"$f":"SUM(O138:O139)","v":9162.2887462298713}]
[null,"2.5.8.1","Composição Sinapi",103307,"INSTALAÇÃO DE LIXEIRA METÁLICA DUPLA, CAPACIDADE DE 60 L, EM TUBO DE AÇO CARBONO E CESTOS EM CHAPA DE AÇO COM PINTURA ELETROSTÁTICA, SOBRE PISO DE CONCRETO EXISTENTE. AF_11/2021","UN",5,{"$f":"VLOOKUP(D138,'CPU (sem des)'!B:I,8,FALSE)","v":1330.59},{"$f":"$N$4","v":0.23957567779569877},{"$f":"H138*(1+I138)","v":1649.3670011181787},{"$f":"VLOOKUP(D138,'CPU (des)'!B:I,8,FALSE)","v":1322.14},{"$f":"$O$4","v":0.30260494954802231},{"$f":"K138*(1+L138)","v":1722.2261079954224},{"$f":"J138*G138","v":8246.8350055908941},{"$f":"M138*G138","v":8611.1305399771118}]
[null,"2.5.8.2","Composição Sinapi",94263,"GUIA (MEIO-FIO) CONCRETO, MOLDADA  IN LOCO  EM TRECHO RETO COM EXTRUSORA, 13 CM BASE X 22 CM ALTURA. AF_06/2016","M",12,{"$f":"VLOOKUP(D139,'CPU (sem des)'!B:I,8,FALSE)","v":36.93},{"$f":"$N$4","v":0.23957567779569877},{"$f":"H139*(1+I139)","v":45.777529780995152},{"$f":"VLOOKUP(D139,'CPU (des)'!B:I,8,FALSE)","v":35.26},{"$f":"$O$4","v":0.30260494954802231},{"$f":"K139*(1+L139)","v":45.929850521063265},{"$f":"J139*G139","v":549.33035737194177},551.15820625275921]
[null,"2.5.9","PAISAGISMO",null,null,null,1,{"$nulls":6},{"$f":"SUM(N141)","v":630.89443697089882},{"$f":"SUM(O141)","v":649.94776562648121}]
[null,"2.5.9.1","Composição Sinapi",98511,"PLANTIO DE ÁRVORE ORNAMENTAL COM ALTURA DE MUDA MAIOR QUE 2,00 M E MENOR OU IGUAL A 4,00 M. AF_05/2018","UN",4,{"$f":"VLOOKUP(D141,'CPU (sem des)'!B:I,8,FALSE)","v":127.24},{"$f":"$N$4","v":0.23957567779569877},{"$f":"H141*(1+I141)","v":157.72360924272471},{"$f":"VLOOKUP(D141,'CPU (des)'!B:I,8,FALSE)","v":124.74},{"$f":"$O$4","v":0.30260494954802231},{"$f":"K141*(1+L141)","v":162.4869414066203},{"$f":"J141*G141","v":630.89443697089882},{"$f":"M141*G141","v":649.94776562648121}]
[null,"2.6","Demolição",{"$nulls":10},{"$f":"N143+N147+N151+N155+N159+N163+N167+N171","v":1871117.2366127241},{"$f":"O143+O147+O151+O155+O159+O163+O167+O171","v":1866821.1443880617}]
[null,"2.6.1","QUADRA 1",null,null,null,1,{"$nulls":6},{"$f":"SUM(N144:N146)","v":218413.04725167481},{"$f":"SUM(O144:O146)","v":219129.00835950125}]
[null,"2.6.1.1","Composição Sinapi",97625,"DEMOLIÇÃO DE ALVENARIA PARA QUALQUER TIPO DE BLOCO, DE FORMA MECANIZADA, SEM REAPROVEITAMENTO. AF_12/2017","M3",889.22,{"$f":"VLOOKUP(D144,'CPU (sem des)'!B:I,8,FALSE)","v":49.77},{"$f":"$N$4","v":0.23957567779569877},{"$f":"H144*(1+I144)","v":61.693681483891929},{"$f":"VLOOKUP(D144,'CPU (des)'!B:I,8,FALSE)","v":48.81},{"$f":"$O$4","v":0.30260494954802231},{"$f":"K144*(1+L144)","v":63.580147587438972},{"$f":"J144*G144","v":54859.255449106386},{"$f":"M144*G144","v":56536.738837702484}]
[null,"2.6.1.2","Composição Sinapi",97627,"DEMOLIÇÃO DE PILARES E VIGAS EM CONCRETO ARMADO, DE FORMA MECANIZADA COM MARTELETE, SEM REAPROVEITAMENTO. AF_12/2017","M3",266.76,{"$f":"VLOOKUP(D145,'CPU (sem des)'!B:I,8,FALSE)","v":233.31},{"$f":"$N$4","v":0.23957567779569877},{"$f":"H145*(1+I145)","v":289.2054013865145},{"$f":"VLOOKUP(D145,'CPU (des)'!B:I,8,FALSE)","v":210.51},{"$f":"$O$4","v":0.30260494954802231},{"$f":"K145*(1+L145)","v":274.21136792935414},{"$f":"J145*G145","v":77148.432873866608},73148.624508834502]
[null,"2.6.1.3","Composição Sinapi",95876,"TRANSPORTE COM CAMINHÃO BASCULANTE DE 14 M³, EM VIA URBANA PAVIMENTADA, DMT ATÉ 30 KM (UNIDADE: M3XKM). AF_07/2020","M3XKM",34679.4,{"$f":"VLOOKUP(D146,'CPU (sem des)'!B:I,8,FALSE)","v":2.0099999999999998},{"$f":"$N$4","v":0.23957567779569877},{"$f":"H146*(1+I146)","v":2.4915471123693544},{"$f":"VLOOKUP(D146,'CPU (des)'!B:I,8,FALSE)","v":1.98},{"$f":"$O$4","v":0.30260494954802231},{"$f":"K146*(1+L146)","v":2.5791578001050843},{"$f":"J146*G146","v":86405.358928701797},89443.645012964262]
[null,"2.6.2","QUADRA 2",null,null,null,1,{"$nulls":6},{"$f":"SUM(N148:N150)","v":73888.502300732827},{"$f":"SUM(O148:O150)","v":74034.912617910653}]
[null,"2.6.2.1","Composição Sinapi",97625,"DEMOLIÇÃO DE ALVENARIA PARA QUALQUER TIPO DE BLOCO, DE FORMA MECANIZADA, SEM REAPROVEITAMENTO. AF_12/2017","M3",383.65,{"$f":"VLOOKUP(D148,'CPU (sem des)'!B:I,8,FALSE)","v":49.77},{"$f":"$N$4","v":0.23957567779569877},{"$f":"H148*(1+I148)","v":61.693681483891929},{"$f":"VLOOKUP(D148,'CPU (des)'!B:I,8,FALSE)","v":48.81},{"$f":"$O$4","v":0.30260494954802231},{"$f":"K148*(1+L148)","v":63.580147587438972},{"$f":"J148*G148","v":23668.780901295137},{"$f":"M148*G148","v":24392.523621920962}]
[null,"2.6.2.2","Composição Sinapi",97627,"DEMOLIÇÃO DE PILARES E VIGAS EM CONCRETO ARMADO, DE FORMA MECANIZADA COM MARTELETE, SEM REAPROVEITAMENTO. AF_12/2017","M3",93.12,{"$f":"VLOOKUP(D149,'CPU (sem des)'!B:I,8,FALSE)","v":233.31},{"$f":"$N$4","v":0.23957567779569877},{"$f":"H149*(1+I149)","v":289.2054013865145},{"$f":"VLOOKUP(D149,'CPU (des)'!B:I,8,FALSE)","v":210.51},{"$f":"$O$4","v":0.30260494954802231},{"$f":"K149*(1+L149)","v":274.21136792935414},{"$f":"J149*G149","v":26930.806977112232},25534.56258158146]
[null,"2.6.2.3","Composição Sinapi",95876,"TRANSPORTE COM CAMINHÃO BASCULANTE DE 14 M³, EM VIA URBANA PAVIMENTADA, DMT ATÉ 30 KM (UNIDADE: M3XKM). AF_07/2020","M3XKM",9347.17,{"$f":"VLOOKUP(D150,'CPU (sem des)'!B:I,8,FALSE)","v":2.0099999999999998},{"$f":"$N$4","v":0.23957567779569877},{"$f":"H150*(1+I150)","v":2.4915471123693544},{"$f":"VLOOKUP(D150,'CPU (des)'!B:I,8,FALSE)","v":1.98},{"$f":"$O$4","v":0.30260494954802231},{"$f":"K150*(1+L150)","v":2.5791578001050843},{"$f":"J150*G150","v":23288.914422325459},24107.826414408242]
[null,"2.6.3","QUADRA 3",null,null,null,1,{"$nulls":6},{"$f":"SUM(N152:N154)","v":456594.74514784198},{"$f":"SUM(O152:O154)","v":453295.80643283378}]
[null,"2.6.3.1","Composição Sinapi",97625,"DEMOLIÇÃO DE ALVENARIA PARA QUALQUER TIPO DE BLOCO, DE FORMA MECANIZADA, SEM REAPROVEITAMENTO. AF_12/2017","M3",1504.47,{"$f":"VLOOKUP(D152,'CPU (sem des)'!B:I,8,FALSE)","v":49.77},{"$f":"$N$4","v":0.23957567779569877},{"$f":"H152*(1+I152)","v":61.693681483891929},{"$f":"VLOOKUP(D152,'CPU (des)'!B:I,8,FALSE)","v":48.81},{"$f":"$O$4","v":0.30260494954802231},{"$f":"K152*(1+L152)","v":63.580147587438972},{"$f":"J152*G152","v":92816.292982070896},{"$f":"M152*G152","v":95654.424640874306}]
[null,"2.6.3.2","Composição Sinapi",97627,"DEMOLIÇÃO DE PILARES E VIGAS EM CONCRETO ARMADO, DE FORMA MECANIZADA COM MARTELETE, SEM REAPROVEITAMENTO. AF_12/2017","M3",752.23,{"$f":"VLOOKUP(D153,'CPU (sem des)'!B:I,8,FALSE)","v":233.31},{"$f":"$N$4","v":0.23957567779569877},{"$f":"H153*(1+I153)","v":289.2054013865145},{"$f":"VLOOKUP(D153,'CPU (des)'!B:I,8,FALSE)","v":210.51},{"$f":"$O$4","v":0.30260494954802231},{"$f":"K153*(1+L153)","v":274.21136792935414},{"$f":"J153*G153","v":217548.97908497779},206270.01729749807]
[null,"2.6.3.3","Composição Sinapi",95876,"TRANSPORTE COM CAMINHÃO BASCULANTE DE 14 M³, EM VIA URBANA PAVIMENTADA, DMT ATÉ 30 KM (UNIDADE: M3XKM). AF_07/2020","M3XKM",58690.23,{"$f":"VLOOKUP(D154,'CPU (sem des)'!B:I,8,FALSE)","v":2.0099999999999998},{"$f":"$N$4","v":0.23957567779569877},{"$f":"H154*(1+I154)","v":2.4915471123693544},{"$f":"VLOOKUP(D154,'CPU (des)'!B:I,8,FALSE)","v":1.98},{"$f":"$O$4","v":0.30260494954802231},{"$f":"K154*(1+L154)","v":2.5791578001050843},{"$f":"J154*G154","v":146229.47308079328},151371.36449446142]
[null,"2.6.4","QUADRA 4",null,null,null,1,{"$nulls":6},{"$f":"SUM(N156:N158)","v":290459.01922550338},{"$f":"SUM(O156:O158)","v":288934.44099278696}]
[null,"2.6.4.1","Composição Sinapi",97625,"DEMOLIÇÃO DE ALVENARIA PARA QUALQUER TIPO DE BLOCO, DE FORMA MECANIZADA, SEM REAPROVEITAMENTO. AF_12/2017","M3",912,{"$f":"VLOOKUP(D156,'CPU (sem des)'!B:I,8,FALSE)","v":49.77},{"$f":"$N$4","v":0.23957567779569877},{"$f":"H156*(1+I156)","v":61.693681483891929},{"$f":"VLOOKUP(D156,'CPU (des)'!B:I,8,FALSE)","v":48.81},{"$f":"$O$4","v":0.30260494954802231},{"$f":"K156*(1+L156)","v":63.580147587438972},{"$f":"J156*G156","v":56264.637513309441},{"$f":"M156*G156","v":57985.094599744341}]
[null,"2.6.4.2","Composição Sinapi",97627,"DEMOLIÇÃO DE PILARES E VIGAS EM CONCRETO ARMADO, DE FORMA MECANIZADA COM MARTELETE, SEM REAPROVEITAMENTO. AF_12/2017","M3",456.22,{"$f":"VLOOKUP(D157,'CPU (sem des)'!B:I,8,FALSE)","v":233.31},{"$f":"$N$4","v":0.23957567779569877},{"$f":"H157*(1+I157)","v":289.2054013865145},{"$f":"VLOOKUP(D157,'CPU (des)'!B:I,8,FALSE)","v":210.51},{"$f":"$O$4","v":0.30260494954802231},{"$f":"K157*(1+L157)","v":274.21136792935414},{"$f":"J157*G157","v":131941.28822055564},125100.71027672995]
[null,"2.6.4.3","Composição Sinapi",95876,"TRANSPORTE COM CAMINHÃO BASCULANTE DE 14 M³, EM VIA URBANA PAVIMENTADA, DMT ATÉ 30 KM (UNIDADE: M3XKM). AF_07/2020","M3XKM",41040,{"$f":"VLOOKUP(D158,'CPU (sem des)'!B:I,8,FALSE)","v":2.0099999999999998},{"$f":"$N$4","v":0.23957567779569877},{"$f":"H158*(1+I158)","v":2.4915471123693544},{"$f":"VLOOKUP(D158,'CPU (des)'!B:I,8,FALSE)","v":1.98},{"$f":"$O$4","v":0.30260494954802231},{"$f":"K158*(1+L158)","v":2.5791578001050843},{"$f":"J158*G158","v":102253.09349163831},105848.63611631266]
[null,"2.6.5","QUADRA 5",null,null,null,1,{"$nulls":6},{"$f":"SUM(N160:N162)","v":550341.98165234202},{"$f":"SUM(O160:O162)","v":550936.58547549997}]
[null,"2.6.5.1","Composição Sinapi",97625,"DEMOLIÇÃO DE ALVENARIA PARA QUALQUER TIPO DE BLOCO, DE FORMA MECANIZADA, SEM REAPROVEITAMENTO. AF_12/2017","M3",1962.71,{"$f":"VLOOKUP(D160,'CPU (sem des)'!B:I,8,FALSE)","v":49.77},{"$f":"$N$4","v":0.23957567779569877},{"$f":"H160*(1+I160)","v":61.693681483891929},{"$f":"VLOOKUP(D160,'CPU (des)'!B:I,8,FALSE)","v":48.81},{"$f":"$O$4","v":0.30260494954802231},{"$f":"K160*(1+L160)","v":63.580147587438972},{"$f":"J160*G160","v":121086.80558524953},{"$f":"M160*G160","v":124789.39147134234}]
[null,"2.6.5.2","Composição Sinapi",97627,"DEMOLIÇÃO DE PILARES E VIGAS EM CONCRETO ARMADO, DE FORMA MECANIZADA COM MARTELETE, SEM REAPROVEITAMENTO. AF_12/2017","M3",723.35,{"$f":"VLOOKUP(D161,'CPU (sem des)'!B:I,8,FALSE)","v":233.31},{"$f":"$N$4","v":0.23957567779569877},{"$f":"H161*(1+I161)","v":289.2054013865145},{"$f":"VLOOKUP(D161,'CPU (des)'!B:I,8,FALSE)","v":210.51},{"$f":"$O$4","v":0.30260494954802231},{"$f":"K161*(1+L161)","v":274.21136792935414},{"$f":"J161*G161","v":209196.72709293527},198350.79299169831]
[null,"2.6.5.3","Composição Sinapi",95876,"TRANSPORTE COM CAMINHÃO BASCULANTE DE 14 M³, EM VIA URBANA PAVIMENTADA, DMT ATÉ 30 KM (UNIDADE: M3XKM). AF_07/2020","M3XKM",88322.01,{"$f":"VLOOKUP(D162,'CPU (sem des)'!B:I,8,FALSE)","v":2.0099999999999998},{"$f":"$N$4","v":0.23957567779569877},{"$f":"H162*(1+I162)","v":2.4915471123693544},{"$f":"VLOOKUP(D162,'CPU (des)'!B:I,8,FALSE)","v":1.98},{"$f":"$O$4","v":0.30260494954802231},{"$f":"K162*(1+L162)","v":2.5791578001050843},{"$f":"J162*G162","v":220058.44897415725},227796.40101245925]
[null,"2.6.6","QUADRA 6",null,null,null,1,{"$nulls":6},{"$f":"SUM(N164:N166)","v":79294.466735728012},{"$f":"SUM(O164:O166)","v":79423.728332279192}]
[null,"2.6.6.1","Composição Sinapi",97625,"DEMOLIÇÃO DE ALVENARIA PARA QUALQUER TIPO DE BLOCO, DE FORMA MECANIZADA, SEM REAPROVEITAMENTO. AF_12/2017","M3",308.55,{"$f":"VLOOKUP(D164,'CPU (sem des)'!B:I,8,FALSE)","v":49.77},{"$f":"$N$4","v":0.23957567779569877},{"$f":"H164*(1+I164)","v":61.693681483891929},{"$f":"VLOOKUP(D164,'CPU (des)'!B:I,8,FALSE)","v":48.81},{"$f":"$O$4","v":0.30260494954802231},{"$f":"K164*(1+L164)","v":63.580147587438972},{"$f":"J164*G164","v":19035.585421854856},{"$f":"M164*G164","v":19617.654538104296}]
[null,"2.6.6.2","Composição Sinapi",97627,"DEMOLIÇÃO DE PILARES E VIGAS EM CONCRETO ARMADO, DE FORMA MECANIZADA COM MARTELETE, SEM REAPROVEITAMENTO. AF_12/2017","M3",102.2,{"$f":"VLOOKUP(D165,'CPU (sem des)'!B:I,8,FALSE)","v":233.31},{"$f":"$N$4","v":0.23957567779569877},{"$f":"H165*(1+I165)","v":289.2054013865145},{"$f":"VLOOKUP(D165,'CPU (des)'!B:I,8,FALSE)","v":210.51},{"$f":"$O$4","v":0.30260494954802231},{"$f":"K165*(1+L165)","v":274.21136792935414},{"$f":"J165*G165","v":29556.792021701782},28024.401802379994]
[null,"2.6.6.3","Composição Sinapi",95876,"TRANSPORTE COM CAMINHÃO BASCULANTE DE 14 M³, EM VIA URBANA PAVIMENTADA, DMT ATÉ 30 KM (UNIDADE: M3XKM). AF_07/2020","M3XKM",12322.5,{"$f":"VLOOKUP(D166,'CPU (sem des)'!B:I,8,FALSE)","v":2.0099999999999998},{"$f":"$N$4","v":0.23957567779569877},{"$f":"H166*(1+I166)","v":2.4915471123693544},{"$f":"VLOOKUP(D166,'CPU (des)'!B:I,8,FALSE)","v":1.98},{"$f":"$O$4","v":0.30260494954802231},{"$f":"K166*(1+L166)","v":2.5791578001050843},{"$f":"J166*G166","v":30702.089292171371},31781.671991794901]
[null,"2.6.7","QUADRA 7",null,null,null,1,{"$nulls":6},{"$f":"SUM(N168:N170)","v":140613.87098738144},{"$f":"SUM(O168:O170)","v":139877.29656591857}]
[null,"2.6.7.1","Composição Sinapi",97625,"DEMOLIÇÃO DE ALVENARIA PARA QUALQUER TIPO DE BLOCO, DE FORMA MECANIZADA, SEM REAPROVEITAMENTO. AF_12/2017","M3",441.61,{"$f":"VLOOKUP(D168,'CPU (sem des)'!B:I,8,FALSE)","v":49.77},{"$f":"$N$4","v":0.23957567779569877},{"$f":"H168*(1+I168)","v":61.693681483891929},{"$f":"VLOOKUP(D168,'CPU (des)'!B:I,8,FALSE)","v":48.81},{"$f":"$O$4","v":0.30260494954802231},{"$f":"K168*(1+L168)","v":63.580147587438972},{"$f":"J168*G168","v":27244.546680101517},{"$f":"M168*G168","v":28077.628976088927}]
[null,"2.6.7.2","Composição Sinapi",97627,"DEMOLIÇÃO DE PILARES E VIGAS EM CONCRETO ARMADO, DE FORMA MECANIZADA COM MARTELETE, SEM REAPROVEITAMENTO. AF_12/2017","M3",220.8,{"$f":"VLOOKUP(D169,'CPU (sem des)'!B:I,8,FALSE)","v":233.31},{"$f":"$N$4","v":0.23957567779569877},{"$f":"H169*(1+I169)","v":289.2054013865145},{"$f":"VLOOKUP(D169,'CPU (des)'!B:I,8,FALSE)","v":210.51},{"$f":"$O$4","v":0.30260494954802231},{"$f":"K169*(1+L169)","v":274.21136792935414},{"$f":"J169*G169","v":63856.552626142402},60545.870038801397]
[null,"2.6.7.3","Composição Sinapi",95876,"TRANSPORTE COM CAMINHÃO BASCULANTE DE 14 M³, EM VIA URBANA PAVIMENTADA, DMT ATÉ 30 KM (UNIDADE: M3XKM). AF_07/2020","M3XKM",19872.3,{"$f":"VLOOKUP(D170,'CPU (sem des)'!B:I,8,FALSE)","v":2.0099999999999998},{"$f":"$N$4","v":0.23957567779569877},{"$f":"H170*(1+I170)","v":2.4915471123693544},{"$f":"VLOOKUP(D170,'CPU (des)'!B:I,8,FALSE)","v":1.98},{"$f":"$O$4","v":0.30260494954802231},{"$f":"K170*(1+L170)","v":2.5791578001050843},{"$f":"J170*G170","v":49512.771681137521},51253.797551028263]
[null,"2.6.8","QUADRA 8",null,null,null,1,{"$nulls":6},{"$f":"SUM(N172:N174)","v":61511.603311519713},{"$f":"SUM(O172:O174)","v":61189.36561133129}]
[null,"2.6.8.1","Composição Sinapi",97625,"DEMOLIÇÃO DE ALVENARIA PARA QUALQUER TIPO DE BLOCO, DE FORMA MECANIZADA, SEM REAPROVEITAMENTO. AF_12/2017","M3",193.18,{"$f":"VLOOKUP(D172,'CPU (sem des)'!B:I,8,FALSE)","v":49.77},{"$f":"$N$4","v":0.23957567779569877},{"$f":"H172*(1+I172)","v":61.693681483891929},{"$f":"VLOOKUP(D172,'CPU (des)'!B:I,8,FALSE)","v":48.81},{"$f":"$O$4","v":0.30260494954802231},{"$f":"K172*(1+L172)","v":63.580147587438972},{"$f":"J172*G172","v":11917.985389058244},{"$f":"M172*G172","v":12282.412910941461}]
[null,"2.6.8.2","Composição Sinapi",97627,"DEMOLIÇÃO DE PILARES E VIGAS EM CONCRETO ARMADO, DE FORMA MECANIZADA COM MARTELETE, SEM REAPROVEITAMENTO. AF_12/2017","M3",96.59,{"$f":"VLOOKUP(D173,'CPU (sem des)'!B:I,8,FALSE)","v":233.31},{"$f":"$N$4","v":0.23957567779569877},{"$f":"H173*(1+I173)","v":289.2054013865145},{"$f":"VLOOKUP(D173,'CPU (des)'!B:I,8,FALSE)","v":210.51},{"$f":"$O$4","v":0.30260494954802231},{"$f":"K173*(1+L173)","v":274.21136792935414},{"$f":"J173*G173","v":27934.349719923437},26486.076028296317]
[null,"2.6.8.3","Composição Sinapi",95876,"TRANSPORTE COM CAMINHÃO BASCULANTE DE 14 M³, EM VIA URBANA PAVIMENTADA, DMT ATÉ 30 KM (UNIDADE: M3XKM). AF_07/2020","M3XKM",8693.1,{"$f":"VLOOKUP(D174,'CPU (sem des)'!B:I,8,FALSE)","v":2.0099999999999998},{"$f":"$N$4","v":0.23957567779569877},{"$f":"H174*(1+I174)","v":2.4915471123693544},{"$f":"VLOOKUP(D174,'CPU (des)'!B:I,8,FALSE)","v":1.98},{"$f":"$O$4","v":0.30260494954802231},{"$f":"K174*(1+L174)","v":2.5791578001050843},{"$f":"J174*G174","v":21659.268202538035},22420.876672093509]
[null,3,"Edificações Novas",{"$nulls":10},{"$f":"N176+N194+N445+N746+N857+N970+N1094+N1148+N1203","v":9437519.3731585983},{"$f":"O176+O194+O445+O746+O857+O970+O1094+O1148+O1203","v":9721046.1317349002}]
[null,"3.1","Administração de Obra",{"$nulls":10},{"$f":"SUM(N177:N178)+N179","v":100903.57005716252},{"$f":"SUM(O177:O178)+O179","v":102974.49618068845}]
[null,"3.1.1","Composição Própria","1.1","MOBILIZAÇÃO ","UN",1,{"$f":"'CPU Própria (sem des)'!$K$28","v":1500},{"$f":"$N$4","v":0.23957567779569877},{"$f":"H177*(1+I177)","v":1859.3635166935483},{"$f":"'CPU Própria (des)'!$J$28","v":1500},{"$f":"$O$4","v":0.30260494954802231},{"$f":"K177*(1+L177)","v":1953.9074243220334},{"$f":"J177*G177","v":1859.3635166935483},{"$f":"M177*G177","v":1953.9074243220334}]
[null,"3.1.2","Composição Própria","1.1","DESMOBILIZAÇÃO","UN",1,{"$f":"'CPU Própria (sem des)'!$K$28","v":1500},{"$f":"$N$4","v":0.23957567779569877},{"$f":"H178*(1+I178)","v":1859.3635166935483},{"$f":"'CPU Própria (des)'!$J$28","v":1500},{"$f":"$O$4","v":0.30260494954802231},{"$f":"K178*(1+L178)","v":1953.9074243220334},{"$f":"J178*G178","v":1859.3635166935483},1953.9074243220334]
[null,"3.1.3","Canteiro de Obras",null,null,null,1,{"$nulls":6},{"$f":"SUM(N180:N193)","v":97184.843023775422},{"$f":"SUM(O180:O193)","v":99066.681332044391}]
[null,"3.1.3.1","Composição Sinapi",93584,"EXECUÇÃO DE DEPÓSITO EM CANTEIRO DE OBRA EM CHAPA DE MADEIRA COMPENSADA, NÃO INCLUSO MOBILIÁRIO. AF_04/2016","M2",13.8,{"$f":"VLOOKUP(D180,'CPU (sem des)'!B:I,8,FALSE)","v":766.01},{"$f":"$N$4","v":0.23957567779569877},{"$f":"H180*(1+I180)","v":949.52736494828321},{"$f":"VLOOKUP(D180,'CPU (des)'!B:I,8,FALSE)","v":744.34},{"$f":"$O$4","v":0.30260494954802231},{"$f":"K180*(1+L180)","v":969.58096814657495},{"$f":"J180*G180","v":13103.477636286309},{"$f":"M180*G180","v":13380.217360422736}]
[null,"3.1.3.2","Composição Sinapi",93582,"EXECUÇÃO DE CENTRAL DE ARMADURA EM CANTEIRO DE OBRA, NÃO INCLUSO MOBILIÁRIO E EQUIPAMENTOS. AF_04/2016","M2",13.8,{"$f":"VLOOKUP(D181,'CPU (sem des)'!B:I,8,FALSE)","v":262.36},0.23957567779569877,325.21507482647957,{"$f":"VLOOKUP(D181,'CPU (des)'!B:I,8,FALSE)","v":255.24},0.30260494954802231,332.47688732263725,4487.9680326054186,4588.1810450523944]
[null,"3.1.3.3","Composição Sinapi",93210,"EXECUÇÃO DE REFEITÓRIO EM CANTEIRO DE OBRA EM CHAPA DE MADEIRA COMPENSADA, NÃO INCLUSO MOBILIÁRIO E EQUIPAMENTOS. AF_02/2016","M2",13.8,{"$f":"VLOOKUP(D182,'CPU (sem des)'!B:I,8,FALSE)","v":559.15},0.23957567779569877,693.10874023946496,{"$f":"VLOOKUP(D182,'CPU (des)'!B:I,8,FALSE)","v":541.64},0.30260494954802231,705.54294487319078,9564.9006153046175,9736.4926392500329]
[null,"3.1.3.4","Composição Sinapi",93212,"EXECUÇÃO DE SANITÁRIO E VESTIÁRIO EM CANTEIRO EM CHAPA DE MADEIRA COMPENSADA, NÃO INCLUSO MOBILIÁRIO. AF_02/2016","M2",27.6,{"$f":"VLOOKUP(D183,'CPU (sem des)'!B:I,8,FALSE)","v":925.26},0.23957567779569877,1146.9297916372482,{"$f":"VLOOKUP(D183,'CPU (des)'!B:I,8,FALSE)","v":896.72},0.30260494954802231,1168.0719103587026,31655.26224918805,32238.784725900194]
[null,"3.1.3.5","Composição Sinapi",86931,"VASO SANITÁRIO SIFONADO COM CAIXA ACOPLADA LOUÇA BRANCA, INCLUSO ENGATE FLEXÍVEL EM PLÁSTICO BRANCO, 1/2  X 40CM - FORNECIMENTO E INSTALAÇÃO. AF_01/2020","UN",8,{"$f":"VLOOKUP(D184,'CPU (sem des)'!B:I,8,FALSE)","v":467.89},0.23957567779569877,579.98506388382953,{"$f":"VLOOKUP(D184,'CPU (des)'!B:I,8,FALSE)","v":464.37},0.30260494954802231,604.89066042161517,4639.8805110706362,4839.1252833729213]
[null,"3.1.3.6","Composição Sinapi",86902,"LAVATÓRIO LOUÇA BRANCA COM COLUNA, *44 X 35,5* CM, PADRÃO POPULAR - FORNECIMENTO E INSTALAÇÃO. AF_01/2020","UN",4,{"$f":"VLOOKUP(D185,'CPU (sem des)'!B:I,8,FALSE)","v":288.8},0.23957567779569877,357.98945574739781,{"$f":"VLOOKUP(D185,'CPU (des)'!B:I,8,FALSE)","v":285.52999999999997},0.30260494954802231,371.93279124444678,1431.9578229895913,1487.7311649777871]
[null,"3.1.3.7","Composição Orse",51,"Placa de obra em chapa aço galvanizado, instalada - Rev 02_01/2022","M2",4.5,{"$f":"VLOOKUP(D186,'CPU (sem des)'!B:I,8,FALSE)","v":350.83},0.23957567779569877,{"$f":"H186*(1+I186)","v":434.880335041065},{"$f":"VLOOKUP(D186,'CPU (des)'!B:I,8,FALSE)","v":344.34},0.30260494954802231,{"$f":"K186*(1+L186)","v":448.53898832736598},{"$f":"J186*G186","v":1956.9615076847924},{"$f":"M186*G186","v":2018.425447473147}]
[null,"3.1.3.8","Composição Sinapi",101489,"ENTRADA DE ENERGIA ELÉTRICA, AÉREA, MONOFÁSICA, COM CAIXA DE SOBREPOR, CABO DE 10 MM2 E DISJUNTOR DIN 50A (NÃO INCLUSO O POSTE DE CONCRETO). AF_07/2020_PS","UN",1,{"$f":"VLOOKUP(D187,'CPU (sem des)'!B:I,8,FALSE)","v":1555.42},0.23957567779569877,1928.0608007569858,{"$f":"VLOOKUP(D187,'CPU (des)'!B:I,8,FALSE)","v":1506.87},0.30260494954802231,1962.8563203254282,1928.0608007569858,1962.8563203254282]
[null,"3.1.3.9","Composição Sinapi",95636,"KIT CAVALETE PARA MEDIÇÃO DE ÁGUA - ENTRADA PRINCIPAL, EM AÇO GALVANIZADO DN 25 (1 )   FORNECIMENTO E INSTALAÇÃO (EXCLUSIVE HIDRÔMETRO). AF_11/2016","UN",1,{"$f":"VLOOKUP(D188,'CPU (sem des)'!B:I,8,FALSE)","v":357.28},0.23957567779569877,442.87559816284721,{"$f":"VLOOKUP(D188,'CPU (des)'!B:I,8,FALSE)","v":341.02},0.30260494954802231,444.21433989486655,442.87559816284721,444.21433989486655]
[null,"3.1.3.10","Composição Sinapi",98525,"LIMPEZA MECANIZADA DE CAMADA VEGETAL, VEGETAÇÃO E PEQUENAS ÁRVORES (DIÂMETRO DE TRONCO MENOR QUE 0,20 M), COM TRATOR DE ESTEIRAS.AF_05/2018","M2",360,{"$f":"VLOOKUP(D189,'CPU (sem des)'!B:I,8,FALSE)","v":0.34},0.23957567779569877,0.42145573045053764,{"$f":"VLOOKUP(D189,'CPU (des)'!B:I,8,FALSE)","v":0.32},0.30260494954802231,0.41683358385536717,151.72406296219356,150.06009018793219]
[null,"3.1.3.11","Composição Sinapi",89712,"TUBO PVC, SERIE NORMAL, ESGOTO PREDIAL, DN 50 MM, FORNECIDO E INSTALADO EM RAMAL DE DESCARGA OU RAMAL DE ESGOTO SANITÁRIO. AF_08/2022","M",45,{"$f":"VLOOKUP(D190,'CPU (sem des)'!B:I,8,FALSE)","v":25.23},{"$f":"N5","v":0.14692012195121973},28.936794676829273,{"$f":"VLOOKUP(D190,'CPU (des)'!B:I,8,FALSE)","v":23.65},{"$f":"O5","v":0.20311109145345707},28.453577312874259,1302.1557604573172,1280.4109790793416]
[null,"3.1.3.12","Composição Sinapi",89402,"TUBO, PVC, SOLDÁVEL, DN 25MM, INSTALADO EM RAMAL DE DISTRIBUIÇÃO DE ÁGUA - FORNECIMENTO E INSTALAÇÃO. AF_06/2022","M",45,{"$f":"VLOOKUP(D191,'CPU (sem des)'!B:I,8,FALSE)","v":11.17},{"$f":"N5","v":0.14692012195121973},12.811097762195125,{"$f":"VLOOKUP(D191,'CPU (des)'!B:I,8,FALSE)","v":10.38},{"$f":"O5","v":0.20311109145345707},12.488293129286886,576.49939929878065,561.97319081790988]
[null,"3.1.3.13","Composição Sinapi",98459,"TAPUME COM TELHA METÁLICA. AF_05/2018","M2",212.8,{"$f":"VLOOKUP(D192,'CPU (sem des)'!B:I,8,FALSE)","v":81.44},0.23957567779569877,100.95104319968171,{"$f":"VLOOKUP(D192,'CPU (des)'!B:I,8,FALSE)","v":79.39},0.30260494954802231,103.41380694461749,21482.381992892268,22006.458117814604]
[null,"3.1.3.14","Composição Sinapi",99059,"LOCACAO CONVENCIONAL DE OBRA, UTILIZANDO GABARITO DE TÁBUAS CORRIDAS PONTALETADAS A CADA 2,00M -  2 UTILIZAÇÕES. AF_10/2018","M",76,{"$f":"VLOOKUP(D193,'CPU (sem des)'!B:I,8,FALSE)","v":47.35},0.23957567779569877,58.69390834362634,{"$f":"VLOOKUP(D193,'CPU (des)'!B:I,8,FALSE)","v":44.16},0.30260494954802231,57.523034572040658,4460.737034115602,4371.7506274750904]
[null,"3.2","Comércio Secos e Molhados",{"$nulls":10},{"$f":"N195+N208+N209+N214+N221+N229+N230+N240+N248+N261+N263+N274+N280+N380+N381+N403+N434+N440+N443","v":5859674.3444614802},{"$f":"O195+O208+O209+O214+O221+O229+O230+O240+O248+O261+O263+O274+O280+O380+O381+O403+O434+O440+O443","v":6051034.3889812203}]
[null,"3.2.1","Serviços Iniciais",null,null,null,1,{"$nulls":6},{"$f":"SUM(N196:N207)","v":209897.70434744301},{"$f":"SUM(O196:O207)","v":210617.25102297499}]
[null,"3.2.1.1","Composição Sinapi",98525,"LIMPEZA MECANIZADA DE CAMADA VEGETAL, VEGETAÇÃO E PEQUENAS ÁRVORES (DIÂMETRO DE TRONCO MENOR QUE 0,20 M), COM TRATOR DE ESTEIRAS.AF_05/2018","M2",4920.0600000000004,{"$f":"VLOOKUP(D196,'CPU (sem des)'!B:I,8,FALSE)","v":0.34},{"$f":"$N$4","v":0.23957567779569877},{"$f":"H196*(1+I196)","v":0.42145573045053764},{"$f":"VLOOKUP(D196,'CPU (des)'!B:I,8,FALSE)","v":0.32},{"$f":"$O$4","v":0.30260494954802231},{"$f":"K196*(1+L196)","v":0.41683358385536717},{"$f":"J196*G196","v":2073.5874811604722},{"$f":"M196*G196","v":2050.8462425834382}]
[null,"3.2.1.2","Composição Sinapi",98526,"REMOÇÃO DE RAÍZES REMANESCENTES DE TRONCO DE ÁRVORE COM DIÂMETRO MAIOR OU IGUAL A 0,20 M E MENOR QUE 0,40 M.AF_05/2018","UN",7,{"$f":"VLOOKUP(D197,'CPU (sem des)'!B:I,8,FALSE)","v":68.23},0.23957567779569877,84.576248496000531,{"$f":"VLOOKUP(D197,'CPU (des)'!B:I,8,FALSE)","v":63.78},0.30260494954802231,83.08014368217286,592.03373947200373,581.56100577520999]
[null,"3.2.1.3","Composição Sinapi",98529,"CORTE RASO E RECORTE DE ÁRVORE COM DIÂMETRO DE TRONCO MAIOR OU IGUAL A 0,20 M E MENOR QUE 0,40 M.AF_05/2018","UN",7,{"$f":"VLOOKUP(D198,'CPU (sem des)'!B:I,8,FALSE)","v":53.15},0.23957567779569877,65.883447274841387,{"$f":"VLOOKUP(D198,'CPU (des)'!B:I,8,FALSE)","v":47.25},0.30260494954802231,61.548083866144054,461.18413092388971,430.83658706300838]
[null,"3.2.1.4","Composição Sinapi",101506,"ENTRADA DE ENERGIA ELÉTRICA, AÉREA, TRIFÁSICA, COM CAIXA DE SOBREPOR, CABO DE 16 MM2 E DISJUNTOR DIN 50A (NÃO INCLUSO O POSTE DE CONCRETO). AF_07/2020_P","UN",1,{"$f":"VLOOKUP(D199,'CPU (sem des)'!B:I,8,FALSE)","v":2178.19},0.23957567779569877,2700.0313456178133,{"$f":"VLOOKUP(D199,'CPU (des)'!B:I,8,FALSE)","v":2117.4},0.30260494954802231,2758.1357201729825,2700.0313456178133,2758.1357201729825]
[null,"3.2.1.5","Composição Sinapi",95636,"KIT CAVALETE PARA MEDIÇÃO DE ÁGUA - ENTRADA PRINCIPAL, EM AÇO GALVANIZADO DN 25 (1 )   FORNECIMENTO E INSTALAÇÃO (EXCLUSIVE HIDRÔMETRO). AF_11/2016","UN",1,{"$f":"VLOOKUP(D200,'CPU (sem des)'!B:I,8,FALSE)","v":357.28},0.23957567779569877,442.87559816284721,{"$f":"VLOOKUP(D200,'CPU (des)'!B:I,8,FALSE)","v":341.02},0.30260494954802231,444.21433989486655,442.87559816284721,444.21433989486655]
[null,"3.2.1.6","Composição Sinapi",99059,"LOCACAO CONVENCIONAL DE OBRA, UTILIZANDO GABARITO DE TÁBUAS CORRIDAS PONTALETADAS A CADA 2,00M -  2 UTILIZAÇÕES. AF_10/2018","M",1700,{"$f":"VLOOKUP(D201,'CPU (sem des)'!B:I,8,FALSE)","v":47.35},0.23957567779569877,58.69390834362634,{"$f":"VLOOKUP(D201,'CPU (des)'!B:I,8,FALSE)","v":44.16},0.30260494954802231,57.523034572040658,99779.644184164776,97789.15877246912]
[null,"3.2.1.7","Composição Sinapi",93582,"EXECUÇÃO DE CENTRAL DE ARMADURA EM CANTEIRO DE OBRA, NÃO INCLUSO MOBILIÁRIO E EQUIPAMENTOS. AF_04/2016","M2",40,{"$f":"VLOOKUP(D202,'CPU (sem des)'!B:I,8,FALSE)","v":262.36},0.23957567779569877,325.21507482647957,{"$f":"VLOOKUP(D202,'CPU (des)'!B:I,8,FALSE)","v":255.24},0.30260494954802231,332.47688732263725,13008.602993059183,13299.075492905489]
[null,"3.2.1.8","Composição Sinapi",98458,"TAPUME COM COMPENSADO DE MADEIRA. AF_05/2018","M2",610.24,{"$f":"VLOOKUP(D203,'CPU (sem des)'!B:I,8,FALSE)","v":108.91},0.23957567779569877,135.00218706872954,{"$f":"VLOOKUP(D203,'CPU (des)'!B:I,8,FALSE)","v":106.71},0.30260494954802231,139.00097416626946,82383.734636821522,84823.95447522428]
[null,"3.2.1.9","Composição Sinapi",102207,"PINTURA TINTA DE ACABAMENTO (PIGMENTADA) A ÓLEO EM MADEIRA, 1 DEMÃO. AF_01/2021","M2",610.24,{"$f":"VLOOKUP(D204,'CPU (sem des)'!B:I,8,FALSE)","v":7},0.23957567779569877,8.6770297445698912,{"$f":"VLOOKUP(D204,'CPU (des)'!B:I,8,FALSE)","v":6.47},0.30260494954802231,8.4278540235757031,5295.0706313263308,5143.0136393468374]
[null,"3.2.1.10","Insumo Sinapi",4813,"PLACA DE OBRA (PARA CONSTRUCAO CIVIL) EM CHAPA GALVANIZADA *N. 22*, ADESIVADA, DE *2,0 X 1,125* M (SEM POSTES PARA FIXACAO)","M2",4.5,{"$f":"VLOOKUP(D205,'Insumo SINAPI (sem des.)'!A:E,5,FALSE)","v":250},{"$f":"$N$5","v":0.14692012195121973},286.73003048780492,{"$f":"VLOOKUP(D205,'Insumos SINAPI (des)'!A:E,5,FALSE)","v":250},{"$f":"$O$5","v":0.20311109145345707},300.77777286336425,1290.2851371951222,1353.4999778851391]
[null,"3.2.1.11","Insumo Sinapi",4813,"PLACA DE OBRA (PARA CONSTRUCAO CIVIL) EM CHAPA GALVANIZADA *N. 22*, ADESIVADA, DE *2,0 X 1,125* M (SEM POSTES PARA FIXACAO)","M2",4.5,{"$f":"VLOOKUP(D206,'Insumo SINAPI (sem des.)'!A:E,5,FALSE)","v":250},{"$f":"$N$5","v":0.14692012195121973},286.73003048780492,{"$f":"VLOOKUP(D206,'Insumos SINAPI (des)'!A:E,5,FALSE)","v":250},{"$f":"$O$5","v":0.20311109145345707},300.77777286336425,1290.2851371951222,1353.4999778851391]
[null,"3.2.1.12","Composição Orse",8646,"Poste galvanizado com 5m para instalação de câmera de segurança p/penitenciária","UN",1,{"$f":"VLOOKUP(D207,'CPU (sem des)'!B:I,8,FALSE)","v":468.2},{"$f":"$N$4","v":0.23957567779569877},580.3693323439461,{"$f":"VLOOKUP(D207,'CPU (des)'!B:I,8,FALSE)","v":452.52},{"$f":"$O$4","v":0.30260494954802231},589.45479176947106,580.3693323439461,589.45479176947106]
[null,"3.2.2","InfraEstrutura",null,null,null,1]
[null,"3.2.2.1","Estacas",null,null,null,1,{"$nulls":6},{"$f":"SUM(N210:N213)","v":196537.82761200526},{"$f":"SUM(O210:O213)","v":204804.80387350166}]
[null,"3.2.2.1.1","Composição Própria","1.1","MOBILIZAÇÃO ","UN",1,{"$f":"'CPU Própria (sem des)'!$K$28","v":1500},{"$f":"$N$4","v":0.23957567779569877},{"$f":"H210*(1+I210)","v":1859.3635166935483},{"$f":"'CPU Própria (des)'!$J$28","v":1500},{"$f":"$O$4","v":0.30260494954802231},{"$f":"K210*(1+L210)","v":1953.9074243220334},{"$f":"J210*G210","v":1859.3635166935483},{"$f":"M210*G210","v":1953.9074243220334}]
[null,"3.2.2.1.2","Composição Própria","1.1","DESMOBILIZAÇÃO","UN",1,{"$f":"'CPU Própria (sem des)'!$K$28","v":1500},{"$f":"$N$4","v":0.23957567779569877},{"$f":"H211*(1+I211)","v":1859.3635166935483},{"$f":"'CPU Própria (des)'!$J$28","v":1500},{"$f":"$O$4","v":0.30260494954802231},{"$f":"K211*(1+L211)","v":1953.9074243220334},{"$f":"J211*G211","v":1859.3635166935483},1953.9074243220334]
[null,"3.2.2.1.3","Composição Sinapi",100651,"ESTACA HÉLICE CONTÍNUA, DIÂMETRO DE 30 CM, INCLUSO CONCRETO FCK=30MPA E ARMADURA MÍNIMA (EXCLUSIVE MOBILIZAÇÃO, DESMOBILIZAÇÃO E BOMBEAMENTO). AF_12/2019","M",940,{"$f":"VLOOKUP(D212,'CPU (sem des)'!B:I,8,FALSE)","v":164.61},{"$f":"$N$4","v":0.23957567779569877},{"$f":"H212*(1+I212)","v":204.04655232195},{"$f":"VLOOKUP(D212,'CPU (des)'!B:I,8,FALSE)","v":163.19999999999999},{"$f":"$O$4","v":0.30260494954802231},{"$f":"K212*(1+L212)","v":212.58512776623724},{"$f":"J212*G212","v":191803.75918263302},199830.02010026301]
[null,"3.2.2.1.4","Composição Orse",129,"Bombeamento de concreto","M3",17.600000000000001,46.54,{"$f":"$N$4","v":0.23957567779569877},{"$f":"H213*(1+I213)","v":57.689852044611818},46.54,{"$f":"$O$4","v":0.30260494954802231},{"$f":"K213*(1+L213)","v":60.62323435196496},{"$f":"J213*G213","v":1015.3413959851681},1066.9689245945833]
[null,"3.2.2.2","Blocos de Fundação",null,null,null,1,{"$nulls":6},{"$f":"SUM(N215:N220)","v":97057.093715123599},{"$f":"SUM(O215:O220)","v":98541.649553631432}]
[null,"3.2.2.2.1","Composição Sinapi",96523,"ESCAVAÇÃO MANUAL PARA BLOCO DE COROAMENTO OU SAPATA, COM PREVISÃO DE FÔRMA. AF_06/2017","M3",101.07,{"$f":"VLOOKUP(D215,'CPU (sem des)'!B:I,8,FALSE)","v":80.62},{"$f":"$N$4","v":0.23957567779569877},{"$f":"H215*(1+I215)","v":99.934591143889236},{"$f":"VLOOKUP(D215,'CPU (des)'!B:I,8,FALSE)","v":71.430000000000007},{"$f":"$O$4","v":0.30260494954802231},{"$f":"K215*(1+L215)","v":93.04507154621524},{"$f":"J215*G215","v":10100.389126912884},{"$f":"M215*G215","v":9404.065381175973}]
[null,"3.2.2.2.2","Composição Sinapi",96621,"LASTRO COM MATERIAL GRANULAR, APLICAÇÃO EM BLOCOS DE COROAMENTO, ESPESSURA DE *5 CM*. AF_08/2017","M3",3.38,{"$f":"VLOOKUP(D216,'CPU (sem des)'!B:I,8,FALSE)","v":404.83},0.23957567779569877,501.81742164203274,{"$f":"VLOOKUP(D216,'CPU (des)'!B:I,8,FALSE)","v":393.24},0.30260494954802231,512.23637036026435,1696.1428851500707,1731.3589318176935]
[null,"3.2.2.2.3","Composição Sinapi",96534,"FABRICAÇÃO, MONTAGEM E DESMONTAGEM DE FÔRMA PARA BLOCO DE COROAMENTO, EM MADEIRA SERRADA, E=25 MM, 4 UTILIZAÇÕES. AF_06/2017","M2",279,{"$f":"VLOOKUP(D217,'CPU (sem des)'!B:I,8,FALSE)","v":71.709999999999994},0.23957567779569877,88.889971854729552,{"$f":"VLOOKUP(D217,'CPU (des)'!B:I,8,FALSE)","v":66.47},0.30260494954802231,86.584150996457041,24800.302147469545,24156.978128011513]
[null,"3.2.2.2.4","Composição Sinapi",96557,"CONCRETAGEM DE BLOCOS DE COROAMENTO E VIGAS BALDRAMES, FCK 30 MPA, COM USO DE BOMBA - LANÇAMENTO, ADENSAMENTO E ACABAMENTO. AF_06/2017","M3",52.4,{"$f":"VLOOKUP(D218,'CPU (sem des)'!B:I,8,FALSE)","v":896.08},0.23957567779569877,1110.7589733591699,{"$f":"VLOOKUP(D218,'CPU (des)'!B:I,8,FALSE)","v":894.03},0.30260494954802231,1164.5679030444182,58203.770204020504,61023.358119527511]
[null,"3.2.2.2.5","Composição Sinapi",93382,"REATERRO MANUAL DE VALAS COM COMPACTAÇÃO MECANIZADA. AF_04/2016","M3",49.56,{"$f":"VLOOKUP(D219,'CPU (sem des)'!B:I,8,FALSE)","v":20.54},0.23957567779569877,25.460884421923652,{"$f":"VLOOKUP(D219,'CPU (des)'!B:I,8,FALSE)","v":18.52},0.30260494954802231,24.124243665629372,1261.8414319505362,1195.5975160685916]
[null,"3.2.2.2.6","Composição Sinapi",95427,"TRANSPORTE COM CAMINHÃO BASCULANTE DE 18 M³, EM VIA URBANA PAVIMENTADA, ADICIONAL PARA DMT EXCEDENTE A 30 KM (UNIDADE: M3XKM). AF_07/2020","M3XKM",1146.3,{"$f":"VLOOKUP(D220,'CPU (sem des)'!B:I,8,FALSE)","v":0.7},0.23957567779569877,0.86770297445698907,{"$f":"VLOOKUP(D220,'CPU (des)'!B:I,8,FALSE)","v":0.69},0.30260494954802231,0.89879741518813527,994.64791962004654,1030.2914770301595]
[null,"3.2.2.3","Viga Baldrame",null,null,null,1,{"$nulls":6},{"$f":"SUM(N222:N228)","v":187604.09426427819},{"$f":"SUM(O222:O228)","v":187082.17836469738}]
[null,"3.2.2.3.1","Composição Sinapi",96523,"ESCAVAÇÃO MANUAL PARA BLOCO DE COROAMENTO OU SAPATA, COM PREVISÃO DE FÔRMA. AF_06/2017","M3",357.16,{"$f":"VLOOKUP(D222,'CPU (sem des)'!B:I,8,FALSE)","v":80.62},{"$f":"$N$4","v":0.23957567779569877},{"$f":"H222*(1+I222)","v":99.934591143889236},{"$f":"VLOOKUP(D222,'CPU (des)'!B:I,8,FALSE)","v":71.430000000000007},{"$f":"$O$4","v":0.30260494954802231},{"$f":"K222*(1+L222)","v":93.04507154621524},{"$f":"J222*G222","v":35692.63857295148},{"$f":"M222*G222","v":33231.977753446241}]
[null,"3.2.2.3.2","Composição Sinapi",96621,"LASTRO COM MATERIAL GRANULAR, APLICAÇÃO EM BLOCOS DE COROAMENTO, ESPESSURA DE *5 CM*. AF_08/2017","M3",4.55,{"$f":"VLOOKUP(D223,'CPU (sem des)'!B:I,8,FALSE)","v":404.83},0.23957567779569877,501.81742164203274,{"$f":"VLOOKUP(D223,'CPU (des)'!B:I,8,FALSE)","v":393.24},0.30260494954802231,512.23637036026435,2283.2692684712488,2330.6754851392025]
[null,"3.2.2.3.3","Composição Sinapi",96536,"FABRICAÇÃO, MONTAGEM E DESMONTAGEM DE FÔRMA PARA VIGA BALDRAME, EM MADEIRA SERRADA, E=25 MM, 4 UTILIZAÇÕES. AF_06/2017","M2",774.6,{"$f":"VLOOKUP(D224,'CPU (sem des)'!B:I,8,FALSE)","v":61.12},0.23957567779569877,75.762865426873105,{"$f":"VLOOKUP(D224,'CPU (des)'!B:I,8,FALSE)","v":56.87},0.30260494954802231,74.07914348079602,58685.915559655907,57381.7045402246]
[null,"3.2.2.3.4","Composição Sinapi",96557,"CONCRETAGEM DE BLOCOS DE COROAMENTO E VIGAS BALDRAMES, FCK 30 MPA, COM USO DE BOMBA - LANÇAMENTO, ADENSAMENTO E ACABAMENTO. AF_06/2017","M3",49.5,{"$f":"VLOOKUP(D225,'CPU (sem des)'!B:I,8,FALSE)","v":896.08},0.23957567779569877,1110.7589733591699,{"$f":"VLOOKUP(D225,'CPU (des)'!B:I,8,FALSE)","v":894.03},0.30260494954802231,1164.5679030444182,54982.569181278908,57646.111200698702]
[null,"3.2.2.3.5","Composição Sinapi",93382,"REATERRO MANUAL DE VALAS COM COMPACTAÇÃO MECANIZADA. AF_04/2016","M3",283.66000000000003,{"$f":"VLOOKUP(D226,'CPU (sem des)'!B:I,8,FALSE)","v":20.54},0.23957567779569877,25.460884421923652,{"$f":"VLOOKUP(D226,'CPU (des)'!B:I,8,FALSE)","v":18.52},0.30260494954802231,24.124243665629372,7222.2344751228638,6843.0829581924281]
[null,"3.2.2.3.6","Composição Sinapi",95427,"TRANSPORTE COM CAMINHÃO BASCULANTE DE 18 M³, EM VIA URBANA PAVIMENTADA, ADICIONAL PARA DMT EXCEDENTE A 30 KM (UNIDADE: M3XKM). AF_07/2020","M3XKM",2740.8,{"$f":"VLOOKUP(D227,'CPU (sem des)'!B:I,8,FALSE)","v":0.7},0.23957567779569877,0.86770297445698907,{"$f":"VLOOKUP(D227,'CPU (des)'!B:I,8,FALSE)","v":0.69},0.30260494954802231,0.89879741518813527,2378.2003123917157,2463.4239555476415]
[null,"3.2.2.3.7","Composição Sinapi",98557,"IMPERMEABILIZAÇÃO DE SUPERFÍCIE COM EMULSÃO ASFÁLTICA, 2 DEMÃOS AF_06/2018","M2",292.5,{"$f":"VLOOKUP(D228,'CPU (sem des)'!B:I,8,FALSE)","v":72.7},0.23957567779569877,90.117151775747303,{"$f":"VLOOKUP(D228,'CPU (des)'!B:I,8,FALSE)","v":71.349999999999994},0.30260494954802231,92.940863150251388,26359.266894406086,27185.202471448531]
[null,"3.2.3","Super Estrutura",null,null,null,1]
[null,"3.2.3.1","PILARES + VIGAS",null,null,null,1,{"$nulls":6},{"$f":"SUM(N231:N239)","v":418664.64855265873},{"$f":"SUM(O231:O239)","v":431562.27609603124}]
[null,"3.2.3.1.1","Composição Sinapi",92443,"MONTAGEM E DESMONTAGEM DE FÔRMA DE PILARES RETANGULARES E ESTRUTURAS SIMILARES, PÉ-DIREITO SIMPLES, EM CHAPA DE MADEIRA COMPENSADA PLASTIFICADA, 18 UTILIZAÇÕES. AF_09/2020","M2",1664.3,{"$f":"VLOOKUP(D231,'CPU (sem des)'!B:I,8,FALSE)","v":50.35},{"$f":"$N$4","v":0.23957567779569877},{"$f":"H231*(1+I231)","v":62.412635377013437},{"$f":"VLOOKUP(D231,'CPU (des)'!B:I,8,FALSE)","v":48.15},{"$f":"$O$4","v":0.30260494954802231},{"$f":"K231*(1+L231)","v":62.72042832073727},{"$f":"J231*G231","v":103873.34905796347},{"$f":"M231*G231","v":104385.60885420303}]
[null,"3.2.3.1.2","Composição Sinapi",92763,"ARMAÇÃO DE PILAR OU VIGA DE UMA ESTRUTURA CONVENCIONAL DE CONCRETO ARMADO EM UM EDIFÍCIO DE MÚLTIPLOS PAVIMENTOS UTILIZANDO AÇO CA-50 DE 12,5 MM - MONTAGEM. AF_12/2015","KG",1212.7,{"$f":"VLOOKUP(D232,'CPU (sem des)'!B:I,8,FALSE)","v":11.81},0.23957567779569877,14.639388754767204,{"$f":"VLOOKUP(D232,'CPU (des)'!B:I,8,FALSE)","v":11.71},0.30260494954802231,15.253503959207343,17753.186742906189,18497.924251330747]
[null,"3.2.3.1.3","Composição Sinapi",92764,"ARMAÇÃO DE PILAR OU VIGA DE UMA ESTRUTURA CONVENCIONAL DE CONCRETO ARMADO EM UM EDIFÍCIO DE MÚLTIPLOS PAVIMENTOS UTILIZANDO AÇO CA-50 DE 16,0 MM - MONTAGEM. AF_12/2015","KG",877,{"$f":"VLOOKUP(D233,'CPU (sem des)'!B:I,8,FALSE)","v":11.54},0.23957567779569877,14.304703321762362,{"$f":"VLOOKUP(D233,'CPU (des)'!B:I,8,FALSE)","v":11.47},0.30260494954802231,14.940878771315816,12545.224813185592,13103.150682443971]
[null,"3.2.3.1.4","Composição Sinapi",92760,"ARMAÇÃO DE PILAR OU VIGA DE UMA ESTRUTURA CONVENCIONAL DE CONCRETO ARMADO EM UM EDIFÍCIO DE MÚLTIPLOS PAVIMENTOS UTILIZANDO AÇO CA-50 DE 6,3 MM - MONTAGEM. AF_12/2015","KG",129.19999999999999,{"$f":"VLOOKUP(D234,'CPU (sem des)'!B:I,8,FALSE)","v":15.81},0.23957567779569877,19.59769146595,{"$f":"VLOOKUP(D234,'CPU (des)'!B:I,8,FALSE)","v":15.47},0.30260494954802231,20.151298569507905,2532.0217374007398,2603.547775180421]
[null,"3.2.3.1.5","Composição Sinapi",92759,"ARMAÇÃO DE PILAR OU VIGA DE UMA ESTRUTURA CONVENCIONAL DE CONCRETO ARMADO EM UM EDIFÍCIO DE MÚLTIPLOS PAVIMENTOS UTILIZANDO AÇO CA-60 DE 5,0 MM - MONTAGEM. AF_12/2015","KG",2378,{"$f":"VLOOKUP(D235,'CPU (sem des)'!B:I,8,FALSE)","v":16.05},0.23957567779569877,19.895189628620965,{"$f":"VLOOKUP(D235,'CPU (des)'!B:I,8,FALSE)","v":15.54},0.30260494954802231,20.242480915976266,47310.760936860657,48136.619618191558]
[null,"3.2.3.1.6","Composição Sinapi",92761,"ARMAÇÃO DE PILAR OU VIGA DE UMA ESTRUTURA CONVENCIONAL DE CONCRETO ARMADO EM UM EDIFÍCIO DE MÚLTIPLOS PAVIMENTOS UTILIZANDO AÇO CA-50 DE 8,0 MM - MONTAGEM. AF_12/2015","KG",3623.6,{"$f":"VLOOKUP(D236,'CPU (sem des)'!B:I,8,FALSE)","v":15.29},0.23957567779569877,18.953112113496232,{"$f":"VLOOKUP(D236,'CPU (des)'!B:I,8,FALSE)","v":15.09},0.30260494954802231,19.656308688679655,68678.49705446494,71226.600164299598]
[null,"3.2.3.1.7","Composição Sinapi",92762,"ARMAÇÃO DE PILAR OU VIGA DE UMA ESTRUTURA CONVENCIONAL DE CONCRETO ARMADO EM UM EDIFÍCIO DE MÚLTIPLOS PAVIMENTOS UTILIZANDO AÇO CA-50 DE 10,0 MM - MONTAGEM. AF_12/2015","KG",2607.9,{"$f":"VLOOKUP(D237,'CPU (sem des)'!B:I,8,FALSE)","v":13.9},0.23957567779569877,17.230101921360212,{"$f":"VLOOKUP(D237,'CPU (des)'!B:I,8,FALSE)","v":13.75},0.30260494954802231,17.910818056285308,44934.382800715299,46709.622408986455]
[null,"3.2.3.1.8","Composição Sinapi",92765,"ARMAÇÃO DE PILAR OU VIGA DE UMA ESTRUTURA CONVENCIONAL DE CONCRETO ARMADO EM UM EDIFÍCIO DE MÚLTIPLOS PAVIMENTOS UTILIZANDO AÇO CA-50 DE 20,0 MM - MONTAGEM. AF_12/2015","KG",38.299999999999997,{"$f":"VLOOKUP(D238,'CPU (sem des)'!B:I,8,FALSE)","v":13.29},0.23957567779569877,16.473960757904834,{"$f":"VLOOKUP(D238,'CPU (des)'!B:I,8,FALSE)","v":13.23},0.30260494954802231,17.233463482520335,630.95269702775511,660.04165138052883]
[null,"3.2.3.1.9","Composição Sinapi",96557,"CONCRETAGEM DE BLOCOS DE COROAMENTO E VIGAS BALDRAMES, FCK 30 MPA, COM USO DE BOMBA - LANÇAMENTO, ADENSAMENTO E ACABAMENTO. AF_06/2017","M3",108.4,{"$f":"VLOOKUP(D239,'CPU (sem des)'!B:I,8,FALSE)","v":896.08},0.23957567779569877,1110.7589733591699,{"$f":"VLOOKUP(D239,'CPU (des)'!B:I,8,FALSE)","v":894.03},0.30260494954802231,1164.5679030444182,120406.27271213403,126239.16069001495]
[null,"3.2.3.2","LAJES. + ESCADA ",null,null,null,1,{"$nulls":6},{"$f":"SUM(N241:N247)","v":538825.85715329251},{"$f":"SUM(O241:O247)","v":559099.193439972}]
[null,"3.2.3.2.1","Composição Sinapi",92538,"MONTAGEM E DESMONTAGEM DE FÔRMA DE LAJE MACIÇA, PÉ-DIREITO SIMPLES, EM CHAPA DE MADEIRA COMPENSADA PLASTIFICADA, . AF_09/2020","M2",1448.6,{"$f":"VLOOKUP(D241,'CPU (sem des)'!B:I,8,FALSE)","v":40.479999999999997},{"$f":"$N$4","v":0.23957567779569877},{"$f":"H241*(1+I241)","v":50.178023437169884},{"$f":"VLOOKUP(D241,'CPU (des)'!B:I,8,FALSE)","v":39.33},{"$f":"$O$4","v":0.30260494954802231},{"$f":"K241*(1+L241)","v":51.231452665723715},{"$f":"J241*G241","v":72687.88475108429},{"$f":"M241*G241","v":74213.882331567365}]
[null,"3.2.3.2.2","Composição Sinapi",92759,"ARMAÇÃO DE PILAR OU VIGA DE UMA ESTRUTURA CONVENCIONAL DE CONCRETO ARMADO EM UM EDIFÍCIO DE MÚLTIPLOS PAVIMENTOS UTILIZANDO AÇO CA-60 DE 5,0 MM - MONTAGEM. AF_12/2015","KG",1699.1,{"$f":"VLOOKUP(D242,'CPU (sem des)'!B:I,8,FALSE)","v":16.05},0.23957567779569877,19.895189628620965,{"$f":"VLOOKUP(D242,'CPU (des)'!B:I,8,FALSE)","v":15.54},0.30260494954802231,20.242480915976266,33803.91669798988,34393.999324335273]
[null,"3.2.3.2.3","Composição Sinapi",92760,"ARMAÇÃO DE PILAR OU VIGA DE UMA ESTRUTURA CONVENCIONAL DE CONCRETO ARMADO EM UM EDIFÍCIO DE MÚLTIPLOS PAVIMENTOS UTILIZANDO AÇO CA-50 DE 6,3 MM - MONTAGEM. AF_12/2015","KG",4593.8,{"$f":"VLOOKUP(D243,'CPU (sem des)'!B:I,8,FALSE)","v":15.81},0.23957567779569877,19.59769146595,{"$f":"VLOOKUP(D243,'CPU (des)'!B:I,8,FALSE)","v":15.47},0.30260494954802231,20.151298569507905,90027.875056281118,92571.035368605415]
[null,"3.2.3.2.4","Composição Sinapi",92761,"ARMAÇÃO DE PILAR OU VIGA DE UMA ESTRUTURA CONVENCIONAL DE CONCRETO ARMADO EM UM EDIFÍCIO DE MÚLTIPLOS PAVIMENTOS UTILIZANDO AÇO CA-50 DE 8,0 MM - MONTAGEM. AF_12/2015","KG",790.9,{"$f":"VLOOKUP(D244,'CPU (sem des)'!B:I,8,FALSE)","v":15.29},0.23957567779569877,18.953112113496232,{"$f":"VLOOKUP(D244,'CPU (des)'!B:I,8,FALSE)","v":15.09},0.30260494954802231,19.656308688679655,14990.01637056417,15546.174541876739]
[null,"3.2.3.2.5","Composição Sinapi",92762,"ARMAÇÃO DE PILAR OU VIGA DE UMA ESTRUTURA CONVENCIONAL DE CONCRETO ARMADO EM UM EDIFÍCIO DE MÚLTIPLOS PAVIMENTOS UTILIZANDO AÇO CA-50 DE 10,0 MM - MONTAGEM. AF_12/2015","KG",4646.3,{"$f":"VLOOKUP(D245,'CPU (sem des)'!B:I,8,FALSE)","v":13.9},0.23957567779569877,17.230101921360212,{"$f":"VLOOKUP(D245,'CPU (des)'!B:I,8,FALSE)","v":13.75},0.30260494954802231,17.910818056285308,80056.222557215951,83219.033934918436]
[null,"3.2.3.2.6","Composição Sinapi",92763,"ARMAÇÃO DE PILAR OU VIGA DE UMA ESTRUTURA CONVENCIONAL DE CONCRETO ARMADO EM UM EDIFÍCIO DE MÚLTIPLOS PAVIMENTOS UTILIZANDO AÇO CA-50 DE 12,5 MM - MONTAGEM. AF_12/2015","KG",872.9,{"$f":"VLOOKUP(D246,'CPU (sem des)'!B:I,8,FALSE)","v":11.81},0.23957567779569877,14.639388754767204,{"$f":"VLOOKUP(D246,'CPU (des)'!B:I,8,FALSE)","v":11.71},0.30260494954802231,15.253503959207343,12778.722444036292,13314.78360599209]
[null,"3.2.3.2.7","Composição Sinapi",96557,"CONCRETAGEM DE BLOCOS DE COROAMENTO E VIGAS BALDRAMES, FCK 30 MPA, COM USO DE BOMBA - LANÇAMENTO, ADENSAMENTO E ACABAMENTO. AF_06/2017","M3",211.1,{"$f":"VLOOKUP(D247,'CPU (sem des)'!B:I,8,FALSE)","v":896.08},0.23957567779569877,1110.7589733591699,{"$f":"VLOOKUP(D247,'CPU (des)'!B:I,8,FALSE)","v":894.03},0.30260494954802231,1164.5679030444182,234481.21927612077,245840.28433267667]
[null,"3.3.3","Revestimentos",null,null,null,1,{"$nulls":6},{"$f":"SUM(N249:N260)","v":1349259.2900971679},{"$f":"SUM(O249:O260)","v":1395412.9624959589}]
[null,"3.3.3.1","Composição Sinapi",88650,"RODAPÉ CERÂMICO DE 7CM DE ALTURA COM PLACAS TIPO ESMALTADA EXTRA DE DIMENSÕES 60X60CM. AF_06/2014","M",2051.54,{"$f":"VLOOKUP(D249,'CPU (sem des)'!B:I,8,FALSE)","v":21.25},{"$f":"$N$4","v":0.23957567779569877},{"$f":"H249*(1+I249)","v":26.3409831531586},{"$f":"VLOOKUP(D249,'CPU (des)'!B:I,8,FALSE)","v":20.9},{"$f":"$O$4","v":0.30260494954802231},{"$f":"K249*(1+L249)","v":27.224443445553664},{"$f":"J249*G249","v":54039.580578030997},{"$f":"M249*G249","v":55852.034706291161}]
[null,"3.3.3.2","Composição Sinapi",93391,"REVESTIMENTO CERÂMICO PARA PISO COM PLACAS TIPO ESMALTADA PADRÃO POPULAR DE DIMENSÕES 35X35 CM APLICADA EM AMBIENTES DE ÁREA MAIOR QUE 10 M2. AF_06/2014","M2",2320.87,{"$f":"VLOOKUP(D250,'CPU (sem des)'!B:I,8,FALSE)","v":58.72},0.23957567779569877,72.787883800163428,{"$f":"VLOOKUP(D250,'CPU (des)'!B:I,8,FALSE)","v":57.7},0.30260494954802231,75.160305588920892,168931.2158752853,174437.29843215883]
[null,"3.3.3.3","Composição Sinapi",87543,"MASSA ÚNICA, PARA RECEBIMENTO DE PINTURA OU CERÂMICA, ARGAMASSA INDUSTRIALIZADA, PREPARO MECÂNICO, APLICADO COM EQUIPAMENTO DE MISTURA E PROJEÇÃO DE 1,5 M3/H EM FACES INTERNAS DE PAREDES, ESPESSURA DE 5MM, SEM EXECUÇÃO DE TALISCAS. AF_06/2014","M2",3402.5,{"$f":"VLOOKUP(D251,'CPU (sem des)'!B:I,8,FALSE)","v":29.16},0.23957567779569877,36.146026764522574,{"$f":"VLOOKUP(D251,'CPU (des)'!B:I,8,FALSE)","v":28.47},0.30260494954802231,37.085162913632196,122986.85606628806,126182.26681363354]
[null,"3.3.3.4","Composição Sinapi",87791,"EMBOÇO OU MASSA ÚNICA EM ARGAMASSA INDUSTRIALIZADA, PREPARO MECÂNICO E APLICAÇÃO COM EQUIPAMENTO DE MISTURA E PROJEÇÃO DE 1,5 M3/H DE ARGAMASSA EM PANOS DE FACHADA COM PRESENÇA DE VÃOS, ESPESSURA MAIOR OU IGUAL A 50 MM. AF_06/2014","M2",411.96,{"$f":"VLOOKUP(D252,'CPU (sem des)'!B:I,8,FALSE)","v":161.65},0.23957567779569877,200.3774083156747,{"$f":"VLOOKUP(D252,'CPU (des)'!B:I,8,FALSE)","v":157.03},0.30260494954802231,204.54805522752594,82547.477129725346,84265.616831531574]
[null,"3.3.3.5","Composição Sinapi",96620,"LASTRO DE CONCRETO MAGRO, APLICADO EM PISOS, LAJES SOBRE SOLO OU RADIERS. AF_08/2017","M3",153.59,{"$f":"VLOOKUP(D253,'CPU (sem des)'!B:I,8,FALSE)","v":740.99},0.23957567779569877,918.51318148983489,{"$f":"VLOOKUP(D253,'CPU (des)'!B:I,8,FALSE)","v":715.54},0.30260494954802231,932.06594559959183,141074.43954502375,143156.0085846413]
[null,"3.3.3.6","Composição Sinapi",99841,"GUARDA-CORPO PANORÂMICO COM PERFIS DE ALUMÍNIO E VIDRO LAMINADO 8 MM, FIXADO COM CHUMBADOR MECÂNICO. AF_04/2019_P","M",61.44,{"$f":"VLOOKUP(D254,'CPU (sem des)'!B:I,8,FALSE)","v":1792.51},0.23957567779569877,2221.9517982055681,{"$f":"VLOOKUP(D254,'CPU (des)'!B:I,8,FALSE)","v":1777.3},0.30260494954802231,2315.1197768317002,136516.71848175011,142240.95908853965]
[null,"3.3.3.7","Composição Sinapi",98560,"IMPERMEABILIZAÇÃO DE PISO COM ARGAMASSA DE CIMENTO E AREIA, COM ADITIVO IMPERMEABILIZANTE, E = 2CM. AF_06/2018","M2",494.34,{"$f":"VLOOKUP(D255,'CPU (sem des)'!B:I,8,FALSE)","v":49.56},0.23957567779569877,61.433370591554834,{"$f":"VLOOKUP(D255,'CPU (des)'!B:I,8,FALSE)","v":46.26},0.30260494954802231,60.258504966091508,30368.972418229216,29788.189344937673]
[null,"3.3.3.8","Composição Sinapi",87623,"CONTRAPISO EM ARGAMASSA PRONTA, PREPARO MECÂNICO COM MISTURADOR 300 KG, APLICADO EM ÁREAS SECAS SOBRE LAJE, ADERIDO, ACABAMENTO NÃO REFORÇADO, ESPESSURA 2CM. AF_07/2021","M2",2320.87,{"$f":"VLOOKUP(D256,'CPU (sem des)'!B:I,8,FALSE)","v":89.26},0.23957567779569877,110.64452500004408,{"$f":"VLOOKUP(D256,'CPU (des)'!B:I,8,FALSE)","v":88.22},0.30260494954802231,114.91580864912653,256791.55873685231,266704.65281949827]
[null,"3.3.3.9","Composição Orse",12734,"Fechamento lateral com telha em aço galvalume, dupla, trapezoidal, com preenchimento PIR 50mm, pré-pintada, TP40 - 2 x 0,43mm, Kingspan- Isoeste ou similar","M2",643.79,{"$f":"VLOOKUP(D257,'CPU (sem des)'!B:I,8,FALSE)","v":361.7},0.23957567779569877,448.35452265870424,{"$f":"VLOOKUP(D257,'CPU (des)'!B:I,8,FALSE)","v":360.7},0.30260494954802231,469.84960530197162,288646.15814244718,302484.4773973563]
[null,"3.3.3.10","Composição Sinapi",98671,"PISO EM GRANITO APLICADO EM AMBIENTES INTERNOS. AF_09/2020","M2",33.74,{"$f":"VLOOKUP(D258,'CPU (sem des)'!B:I,8,FALSE)","v":504.4},0.23957567779569877,625.24197188015046,{"$f":"VLOOKUP(D258,'CPU (des)'!B:I,8,FALSE)","v":499.78},0.30260494954802231,651.01590168511052,21095.664131236277,21965.276522855631]
[null,"3.3.3.11","Composição Sinapi",87623,"REVESTIMENTO CERÂMICO PARA PISO COM PLACAS TIPO PORCELANATO DE DIMENSÕES 60X60 CM APLICADA EM AMBIENTES DE ÁREA MAIOR QUE 10 M². AF_06/2014","M2",166.08,{"$f":"VLOOKUP(D259,'CPU (sem des)'!B:I,8,FALSE)","v":89.26},0.23957567779569877,110.64452500004408,{"$f":"VLOOKUP(D259,'CPU (des)'!B:I,8,FALSE)","v":88.22},0.30260494954802231,114.91580864912653,18375.842712007321,19085.217500446935]
[null,"3.3.3.12","Insumo Sinapi",11062,"PLACA CIMENTICIA LISA E = 10 MM, DE 1,20 X 3,00 M (SEM AMIANTO)","M2",492.66,{"$f":"VLOOKUP(D260,'Insumo SINAPI (sem des.)'!A:E,5,FALSE)","v":49.35},{"$f":"$N$5","v":0.14692012195121973},56.600508018292693,{"$f":"VLOOKUP(D260,'Insumos SINAPI (des)'!A:E,5,FALSE)","v":49.35},{"$f":"$O$5","v":0.20311109145345707},59.373532363228108,27884.806280292079,29250.964454067962]
[null,"3.3.4","Alvenaria",null,null,null,1,{"$nulls":6},{"$f":"SUM(N262)","v":165924.62395317372},{"$f":"SUM(O262)","v":166910.31622215343}]
[null,"3.3.4.1","Composição Sinapi",103324,"ALVENARIA DE VEDAÇÃO DE BLOCOS CERÂMICOS FURADOS NA VERTICAL DE 14X19X39 CM (ESPESSURA 14 CM) E ARGAMASSA DE ASSENTAMENTO COM PREPARO EM BETONEIRA. AF_12/2021","M2",1722.95,{"$f":"VLOOKUP(D262,'CPU (sem des)'!B:I,8,FALSE)","v":77.69},{"$f":"$N$4","v":0.23957567779569877},{"$f":"H262*(1+I262)","v":96.302634407947835},{"$f":"VLOOKUP(D262,'CPU (des)'!B:I,8,FALSE)","v":74.37},{"$f":"$O$4","v":0.30260494954802231},{"$f":"K262*(1+L262)","v":96.874730097886427},{"$f":"J262*G262","v":165924.62395317372},{"$f":"M262*G262","v":166910.31622215343}]
[null,"3.3.5","Esquadrias",null,null,null,1,{"$nulls":6},{"$f":"SUM(N264:N273)","v":780582.39796417393},{"$f":"SUM(O264:O273)","v":806034.19061954285}]
[null,"3.3.5.1","Composição Sinapi",91314,"KIT DE PORTA DE MADEIRA PARA PINTURA, SEMI-OCA (LEVE OU MÉDIA), PADRÃO POPULAR, 80X210CM, ESPESSURA DE 3,5CM, ITENS INCLUSOS: DOBRADIÇAS, MONTAGEM E INSTALAÇÃO DO BATENTE, FECHADURA COM EXECUÇÃO DO FURO - FORNECIMENTO E INSTALAÇÃO. AF_12/2019","UN",4,{"$f":"VLOOKUP(D264,'CPU (sem des)'!B:I,8,FALSE)","v":785.3},{"$f":"$N$4","v":0.23957567779569877},{"$f":"H264*(1+I264)","v":973.43877977296222},{"$f":"VLOOKUP(D264,'CPU (des)'!B:I,8,FALSE)","v":756.66},{"$f":"$O$4","v":0.30260494954802231},{"$f":"K264*(1+L264)","v":985.6290611250065},{"$f":"J264*G264","v":3893.7551190918489},{"$f":"M264*G264","v":3942.516244500026}]
[null,"3.3.5.2","Composição Sinapi",91313,"KIT DE PORTA DE MADEIRA PARA PINTURA, SEMI-OCA (LEVE OU MÉDIA), PADRÃO POPULAR, 70X210CM, ESPESSURA DE 3,5CM, ITENS INCLUSOS: DOBRADIÇAS, MONTAGEM E INSTALAÇÃO DO BATENTE, FECHADURA COM EXECUÇÃO DO FURO - FORNECIMENTO E INSTALAÇÃO. AF_12/2019","UN",5,{"$f":"VLOOKUP(D265,'CPU (sem des)'!B:I,8,FALSE)","v":743.12},0.23957567779569877,921.15347768353968,{"$f":"VLOOKUP(D265,'CPU (des)'!B:I,8,FALSE)","v":715.85},0.30260494954802231,932.46975313395183,4605.7673884176984,4662.3487656697589]
[null,"3.3.5.3","Composição Sinapi",102205,"PINTURA VERNIZ (INCOLOR) POLIURETÂNICO (RESINA ALQUÍDICA MODIFICADA) EM MADEIRA, 1 DEMÃO. AF_01/2021","M2",56.1,{"$f":"VLOOKUP(D266,'CPU (sem des)'!B:I,8,FALSE)","v":8.1999999999999993},0.23957567779569877,10.164520557924728,{"$f":"VLOOKUP(D266,'CPU (des)'!B:I,8,FALSE)","v":7.55},0.30260494954802231,9.834667369087569,570.22960329957732,551.72483940581265]
[null,"3.3.5.4","Composição Sinapi",102220,"PINTURA TINTA DE ACABAMENTO (PIGMENTADA) ESMALTE SINTÉTICO BRILHANTE EM MADEIRA, 2 DEMÃOS. AF_01/2021","M2",2633.94,{"$f":"VLOOKUP(D267,'CPU (sem des)'!B:I,8,FALSE)","v":13.16},0.23957567779569877,16.312815919791397,{"$f":"VLOOKUP(D267,'CPU (des)'!B:I,8,FALSE)","v":12.11},0.30260494954802231,15.774545939026549,42966.978363775357,41549.207530639585]
[null,"3.3.5.5","Composição Sinapi",98689,"SOLEIRA EM GRANITO, LARGURA 15 CM, ESPESSURA 2,0 CM. AF_09/2020","M",294.66000000000003,{"$f":"VLOOKUP(D268,'CPU (sem des)'!B:I,8,FALSE)","v":127.42},0.23957567779569877,157.94673286472795,{"$f":"VLOOKUP(D268,'CPU (des)'!B:I,8,FALSE)","v":125.31},0.30260494954802231,163.22942622786269,46540.58430592074,48097.182732302026]
[null,"3.3.5.6","Composição Sinapi",101965,"PEITORIL LINEAR EM GRANITO OU MÁRMORE, L = 15CM, COMPRIMENTO DE ATÉ 2M, ASSENTADO COM ARGAMASSA 1:6 COM ADITIVO. AF_11/2020","M",329.86,{"$f":"VLOOKUP(D269,'CPU (sem des)'!B:I,8,FALSE)","v":143.06},0.23957567779569877,177.33369646545268,{"$f":"VLOOKUP(D269,'CPU (des)'!B:I,8,FALSE)","v":140.37},0.30260494954802231,182.84665676805591,58495.293116094224,60313.798201510923]
[null,"3.3.5.7","Composição Sinapi",93182,"VERGA PRÉ-MOLDADA PARA JANELAS COM ATÉ 1,5 M DE VÃO. AF_03/2016","M",351.64,{"$f":"VLOOKUP(D270,'CPU (sem des)'!B:I,8,FALSE)","v":43.1},0.23957567779569877,53.42571171299462,{"$f":"VLOOKUP(D270,'CPU (des)'!B:I,8,FALSE)","v":41.94},0.30260494954802231,54.631251584044051,18786.617266757428,19210.533307013251]
[null,"3.3.5.8","Composição Orse",1857,"Porta em aço, em chapa galvanizada nº24, raiada, de enrolar","M2",894.72,{"$f":"VLOOKUP(D271,'CPU (sem des)'!B:I,8,FALSE)","v":214.55},0.23957567779569877,265.9509616710672,{"$f":"VLOOKUP(D271,'CPU (des)'!B:I,8,FALSE)","v":210.75},0.30260494954802231,274.52399311724571,237951.64442633727,245622.10712186209]
[null,"3.3.5.9","Composição Orse",9074,"Brise em perfil \"C\" de alumínio dobrado anodizado branco","M2",32.96,{"$f":"VLOOKUP(D272,'CPU (sem des)'!B:I,8,FALSE)","v":686.01},0.23957567779569877,850.36131072462729,{"$f":"VLOOKUP(D272,'CPU (des)'!B:I,8,FALSE)","v":686.01},0.30260494954802231,893.60002143943882,28027.908801483714,29453.056706643903]
[null,"3.3.5.10","Composição Orse",12093,"Gradil em alumínio anodizado branco, com barras de apoio em alumínio anodizado branco de 1\"x2\" horizontais a cada 5cm com 1,85m e barras externas verticais em alumínio anodizado branco de 1.1/2\" x 1.1/2\" com 3,05m - Fixado com rebite","M2",556.77,{"$f":"VLOOKUP(D273,'CPU (sem des)'!B:I,8,FALSE)","v":490.82},0.23957567779569877,608.40853417568485,{"$f":"VLOOKUP(D273,'CPU (des)'!B:I,8,FALSE)","v":486.22},0.30260494954802231,633.35257856923943,338743.61957299605,352631.71516999544]
[null,"3.3.6","Cobertura",null,null,null,1,{"$nulls":6},{"$f":"SUM(N275:N279)","v":1196725.7916865253},{"$f":"SUM(O275:O279)","v":1253250.7491203747}]
[null,"3.3.6.1","Composição Sinapi",92580,"TRAMA DE AÇO COMPOSTA POR TERÇAS PARA TELHADOS DE ATÉ 2 ÁGUAS PARA TELHA ONDULADA DE FIBROCIMENTO, METÁLICA, PLÁSTICA OU TERMOACÚSTICA, INCLUSO TRANSPORTE VERTICAL. AF_07/2019","M2",1285.8,{"$f":"VLOOKUP(D275,'CPU (sem des)'!B:I,8,FALSE)","v":55.72},{"$f":"$N$4","v":0.23957567779569877},{"$f":"H275*(1+I275)","v":69.069156766776331},{"$f":"VLOOKUP(D275,'CPU (des)'!B:I,8,FALSE)","v":55.05},{"$f":"$O$4","v":0.30260494954802231},{"$f":"K275*(1+L275)","v":71.70840247261863},{"$f":"J275*G275","v":88809.121770721002},{"$f":"M275*G275","v":92202.663899293038}]
[null,"3.3.6.2","Insumo Orse",101010,"Telha em aço galvalume, dupla, trapezoidal, com preenchimento PIR 50mm, pré-pintada, TP40 - 2 x 0,43mm, Kingspan- Isoeste ou similar","M2",1285.8,335.66,{"$f":"$N$5","v":0.14692012195121973},{"$f":"H276*(1+I276)","v":384.97520813414644},335.66,{"$f":"$O$5","v":0.20311109145345707},{"$f":"K276*(1+L276)","v":403.83626895726741},{"$f":"J276*G276","v":495001.12261888548},519252.67462525441]
[null,"3.3.6.3","Composição Orse",12734,"Telhamento com telha em aço galvalume, dupla, trapezoidal, com preenchimento PIR 50mm, pré-pintada, TP40 - 2 x 0,43mm, Kingspan- Isoeste ou similar","M2",1285.8,{"$f":"VLOOKUP(D277,'CPU (sem des)'!B:I,8,FALSE)","v":361.7},{"$f":"$N$4","v":0.23957567779569877},{"$f":"H277*(1+I277)","v":448.35452265870424},{"$f":"VLOOKUP(D277,'CPU (des)'!B:I,8,FALSE)","v":360.7},{"$f":"$O$4","v":0.30260494954802231},{"$f":"K277*(1+L277)","v":469.84960530197162},{"$f":"J277*G277","v":576494.24523456185},604132.62249727512]
[null,"3.3.6.4","Composição Sinapi",94227,"CALHA EM CHAPA DE AÇO GALVANIZADO NÚMERO 24, DESENVOLVIMENTO DE 33 CM, INCLUSO TRANSPORTE VERTICAL. AF_07/2019","M",264.72000000000003,{"$f":"VLOOKUP(D278,'CPU (sem des)'!B:I,8,FALSE)","v":64.010000000000005},{"$f":"$N$4","v":0.23957567779569877},{"$f":"H278*(1+I278)","v":79.345239135702684},{"$f":"VLOOKUP(D278,'CPU (des)'!B:I,8,FALSE)","v":62.88},{"$f":"$O$4","v":0.30260494954802231},{"$f":"K278*(1+L278)","v":81.907799227579645},{"$f":"J278*G278","v":21004.271704003218},21682.632611524885]
[null,"3.3.6.5","Composição Sinapi",94231,"RUFO EM CHAPA DE AÇO GALVANIZADO NÚMERO 24, CORTE DE 25 CM, INCLUSO TRANSPORTE VERTICAL. AF_07/2019","M",220.13,{"$f":"VLOOKUP(D279,'CPU (sem des)'!B:I,8,FALSE)","v":56.5},{"$f":"$N$4","v":0.23957567779569877},{"$f":"H279*(1+I279)","v":70.036025795456979},{"$f":"VLOOKUP(D279,'CPU (des)'!B:I,8,FALSE)","v":55.73},{"$f":"$O$4","v":0.30260494954802231},{"$f":"K279*(1+L279)","v":72.594173838311278},{"$f":"J279*G279","v":15417.030358353944},15980.155487027461]
[null,"3.3.7","Instalações Elétricas",null,null,null,1,{"$nulls":6},{"$f":"SUM(N281:N379)","v":526249.99520622008},{"$f":"SUM(O281:O379)","v":543036.68619632267}]
[null,"3.3.7.1","Composição Sinapi",93654,"DISJUNTOR MONOPOLAR TIPO DIN, CORRENTE NOMINAL DE 16A - FORNECIMENTO E INSTALAÇÃO. AF_10/2020","UN",194,{"$f":"VLOOKUP(D281,'CPU (sem des)'!B:I,8,FALSE)","v":13.34},{"$f":"$N$4","v":0.23957567779569877},{"$f":"H281*(1+I281)","v":16.535939541794622},{"$f":"VLOOKUP(D281,'CPU (des)'!B:I,8,FALSE)","v":13.06},{"$f":"$O$4","v":0.30260494954802231},{"$f":"K281*(1+L281)","v":17.012020641097173},{"$f":"J281*G281","v":3207.9722711081567},{"$f":"M281*G281","v":3300.3320043728518}]
[null,"3.3.7.2","Composição Sinapi",93655,"DISJUNTOR MONOPOLAR TIPO DIN, CORRENTE NOMINAL DE 20A - FORNECIMENTO E INSTALAÇÃO. AF_10/2020","UN",2,{"$f":"VLOOKUP(D282,'CPU (sem des)'!B:I,8,FALSE)","v":14.66},{"$f":"$N$4","v":0.23957567779569877},18.172179436484946,{"$f":"VLOOKUP(D282,'CPU (des)'!B:I,8,FALSE)","v":14.27},{"$f":"$O$4","v":0.30260494954802231},18.588172630050277,36.344358872969892,37.176345260100554]
[null,"3.3.7.3","Composição Sinapi",93657,"DISJUNTOR MONOPOLAR TIPO DIN, CORRENTE NOMINAL DE 32A - FORNECIMENTO E INSTALAÇÃO. AF_10/2020","UN",80,{"$f":"VLOOKUP(D283,'CPU (sem des)'!B:I,8,FALSE)","v":16.21},{"$f":"$N$4","v":0.23957567779569877},20.093521737068279,{"$f":"VLOOKUP(D283,'CPU (des)'!B:I,8,FALSE)","v":15.68},{"$f":"$O$4","v":0.30260494954802231},20.424845608912989,1607.4817389654622,1633.9876487130391]
[null,"3.3.7.4","Insumo Sinapi",34688,"DISJUNTOR TIPO DIN/IEC, MONOPOLAR DE 63 A","UN",22,{"$f":"VLOOKUP(D284,'Insumo SINAPI (sem des.)'!A:E,5,FALSE)","v":17.489999999999998},{"$f":"$N$5","v":0.14692012195121973},20.059632932926831,{"$f":"VLOOKUP(D284,'Insumos SINAPI (des)'!A:E,5,FALSE)","v":17.489999999999998},{"$f":"$O$5","v":0.20311109145345707},21.042412989520962,441.31192452439029,462.93308576946117]
[null,"3.3.7.5","Composição Sinapi",101896,"DISJUNTOR TERMOMAGNÉTICO TRIPOLAR , CORRENTE NOMINAL DE 200A - FORNECIMENTO E INSTALAÇÃO. AF_10/2020","UN",1,{"$f":"VLOOKUP(D285,'CPU (sem des)'!B:I,8,FALSE)","v":687.31},{"$f":"$N$4","v":0.23957567779569877},851.97275910576161,{"$f":"VLOOKUP(D285,'CPU (des)'!B:I,8,FALSE)","v":679.6},{"$f":"$O$4","v":0.30260494954802231},885.25032371283601,851.97275910576161,885.25032371283601]
[null,"3.3.7.6","Insumo Orse",3705,"Disjuntor tripolar 175 A, padrão DIN (  linha branca ), corrente de interrupção 22KA, ref.: Siemens QLH3 ou similar.","UN",1,{"$f":"VLOOKUP(D286,'Insumos ORSE (sem des)'!B:G,6,FALSE)","v":380},{"$f":"$N$5","v":0.14692012195121973},435.8296463414635,{"$f":"VLOOKUP(D286,'Insumos ORSE (des)'!B:G,6,FALSE)","v":380},{"$f":"$O$5","v":0.20311109145345707},457.18221475231371,435.8296463414635,457.18221475231371]
[null,"3.3.7.7","Composição Sinapi",91845,"ELETRODUTO FLEXÍVEL CORRUGADO REFORÇADO, PVC, DN 25 MM (3/4\"), PARA CIRCUITOS TERMINAIS, INSTALADO EM LAJE - FORNECIMENTO E INSTALAÇÃO. AF_12/2015","M",31.7,{"$f":"VLOOKUP(D287,'CPU (sem des)'!B:I,8,FALSE)","v":8.36},{"$f":"$N$4","v":0.23957567779569877},10.36285266637204,{"$f":"VLOOKUP(D287,'CPU (des)'!B:I,8,FALSE)","v":7.94},{"$f":"$O$4","v":0.30260494954802231},10.342683299411298,328.50242952399367,327.86306059133818]
[null,"3.3.7.8","Composição Sinapi",97670,"ELETRODUTO FLEXÍVEL CORRUGADO, PEAD, DN 100 (4\"), PARA REDE ENTERRADA DE DISTRIBUIÇÃO DE ENERGIA ELÉTRICA - FORNECIMENTO E INSTALAÇÃO. AF_12/2021","M",6,{"$f":"VLOOKUP(D288,'CPU (sem des)'!B:I,8,FALSE)","v":21.29},0.23957567779569877,26.390566180270426,{"$f":"VLOOKUP(D288,'CPU (des)'!B:I,8,FALSE)","v":20.28},0.30260494954802231,26.416828376833895,158.34339708162256,158.50097026100337]
[null,"3.3.7.9","Composição Sinapi",91953,"INTERRUPTOR SIMPLES (1 MÓDULO), 10A/250V, INCLUINDO SUPORTE E PLACA - FORNECIMENTO E INSTALAÇÃO. AF_12/2015","UN",112,{"$f":"VLOOKUP(D289,'CPU (sem des)'!B:I,8,FALSE)","v":30.22},0.23957567779569877,37.459976982986014,{"$f":"VLOOKUP(D289,'CPU (des)'!B:I,8,FALSE)","v":28.12},0.30260494954802231,36.629251181290385,4195.5174220944336,4102.4761323045232]
[null,"3.3.7.10","Composição Sinapi",91990,"TOMADA ALTA DE EMBUTIR (1 MÓDULO), 2P+T 10 A, SEM SUPORTE E SEM PLACA - FORNECIMENTO E INSTALAÇÃO. AF_12/2015","UN",638,{"$f":"VLOOKUP(D290,'CPU (sem des)'!B:I,8,FALSE)","v":33.74},0.23957567779569877,41.823283368826878,{"$f":"VLOOKUP(D290,'CPU (des)'!B:I,8,FALSE)","v":30.75},0.30260494954802231,40.055102198601688,26683.254789311548,25555.155202707876]
[null,"3.3.7.11","Composição Sinapi",91966,"INTERRUPTOR SIMPLES (3 MÓDULOS), 10A/250V, SEM SUPORTE E SEM PLACA - FORNECIMENTO E INSTALAÇÃO. AF_12/2015","UN",2,{"$f":"VLOOKUP(D291,'CPU (sem des)'!B:I,8,FALSE)","v":51.02},0.23957567779569877,63.243151081136553,{"$f":"VLOOKUP(D291,'CPU (des)'!B:I,8,FALSE)","v":47.69},0.30260494954802231,62.121230043945182,126.48630216227311,124.24246008789036]
[null,"3.3.7.12","Composição Sinapi",101876,"QUADRO DE DISTRIBUIÇÃO DE ENERGIA EM PVC, DE EMBUTIR, SEM BARRAMENTO, PARA 6 DISJUNTORES - FORNECIMENTO E INSTALAÇÃO. AF_10/2020","UN",100,{"$f":"VLOOKUP(D292,'CPU (sem des)'!B:I,8,FALSE)","v":75.55},0.23957567779569877,93.649942457465045,{"$f":"VLOOKUP(D292,'CPU (des)'!B:I,8,FALSE)","v":73.56},0.30260494954802231,95.819620088752529,9364.994245746504,9581.9620088752526]
[null,"3.3.7.13","Composição Sinapi",96562,"SUPORTE PARA ELETROCALHA LISA OU PERFURADA EM AÇO GALVANIZADO, LARGURA 200 OU 400 MM E ALTURA 50 MM, ESPAÇADO A CADA 1,5 M, EM PERFILADO DE SEÇÃO 38X76 MM, POR METRO DE ELETRECOLHA FIXADA. AF_07/2017","M",3620,{"$f":"VLOOKUP(D293,'CPU (sem des)'!B:I,8,FALSE)","v":21.17},0.23957567779569877,26.241817098934945,{"$f":"VLOOKUP(D293,'CPU (des)'!B:I,8,FALSE)","v":20.68},0.30260494954802231,26.9378703566531,94995.377898144507,97515.090691084217]
[null,"3.3.7.14","Composição Sinapi",91936,"CAIXA OCTOGONAL 4\" X 4\", PVC, INSTALADA EM LAJE - FORNECIMENTO E INSTALAÇÃO. AF_12/2015","UN",211,{"$f":"VLOOKUP(D294,'CPU (sem des)'!B:I,8,FALSE)","v":17.63},0.23957567779569877,21.853719199538169,{"$f":"VLOOKUP(D294,'CPU (des)'!B:I,8,FALSE)","v":16.329999999999998},0.30260494954802231,21.271538826119201,4611.1347511025533,4488.2946923111513]
[null,"3.3.7.15","Composição Sinapi",91940,"CAIXA RETANGULAR 4\" X 2\" MÉDIA (1,30 M DO PISO), PVC, INSTALADA EM PAREDE - FORNECIMENTO E INSTALAÇÃO. AF_12/2015","UN",49,{"$f":"VLOOKUP(D295,'CPU (sem des)'!B:I,8,FALSE)","v":17.5},0.23957567779569877,21.692574361424729,{"$f":"VLOOKUP(D295,'CPU (des)'!B:I,8,FALSE)","v":15.79},0.30260494954802231,20.568132153363273,1062.9361437098116,1007.8384755148004]
[null,"3.3.7.16","Composição Sinapi",95805,"CONDULETE DE PVC, TIPO B, PARA ELETRODUTO DE PVC SOLDÁVEL DN 25 MM (3/4''), APARENTE - FORNECIMENTO E INSTALAÇÃO. AF_11/2016","UN",600,{"$f":"VLOOKUP(D296,'CPU (sem des)'!B:I,8,FALSE)","v":23.13},0.23957567779569877,28.67138542741451,{"$f":"VLOOKUP(D296,'CPU (des)'!B:I,8,FALSE)","v":21.73},0.30260494954802231,28.305605553678525,17202.831256448706,16983.363332207115]
[null,"3.3.7.17","Composição Orse",7138,"Fornecimento e lançamento de cabo utp 4 pares cat 6","M",900,{"$f":"VLOOKUP(D297,'CPU (sem des)'!B:I,8,FALSE)","v":12.4},0.23957567779569877,15.370738404666666,{"$f":"VLOOKUP(D297,'CPU (des)'!B:I,8,FALSE)","v":11.72},0.30260494954802231,15.266530008702823,13833.664564199998,13739.87700783254]
[null,"3.3.7.18","Composição Orse",11242,"Fornecimento e instalação de conector rj 45 macho cat 6","UN",230,{"$f":"VLOOKUP(D298,'CPU (sem des)'!B:I,8,FALSE)","v":6.79},0.23957567779569877,8.416718852232794,{"$f":"VLOOKUP(D298,'CPU (des)'!B:I,8,FALSE)","v":6.35},0.30260494954802231,8.2715414296299414,1935.8453360135427,1902.4545288148865]
[null,"3.3.7.19","Composição Orse",7164,"Fornecimento e instalação de conector rj 45 fêmea cat 6 (krone ou similar)","UN",230,{"$f":"VLOOKUP(D299,'CPU (sem des)'!B:I,8,FALSE)","v":31.34},0.23957567779569877,38.848301742117201,{"$f":"VLOOKUP(D299,'CPU (des)'!B:I,8,FALSE)","v":30.9},0.30260494954802231,40.25049294103389,8935.1094006869571,9257.6133764377955]
[null,"3.3.7.20","Composição Orse",10727,"Fornecimento e instalação de voice panel 24 portas cat 6","UN",10,{"$f":"VLOOKUP(D300,'CPU (sem des)'!B:I,8,FALSE)","v":280.39},0.23957567779569877,347.56462429713594,{"$f":"VLOOKUP(D300,'CPU (des)'!B:I,8,FALSE)","v":277.89},0.30260494954802231,361.98088942989989,3475.6462429713592,3619.8088942989989]
[null,"3.3.7.21","Composição Orse",9534,"Fornecimento e instalação de patch cords cat.5e, conector rj-45 macho, c/1,50m - Rev 01","UN",5,{"$f":"VLOOKUP(D301,'CPU (sem des)'!B:I,8,FALSE)","v":18.71},0.23957567779569877,23.192460931557527,{"$f":"VLOOKUP(D301,'CPU (des)'!B:I,8,FALSE)","v":17.829999999999998},0.30260494954802231,23.225446250441234,115.96230465778763,116.12723125220617]
[null,"3.3.7.22","Composição Orse",11227,"Fornecimento e montagem de rack fechado tipo armário 19\" x 36u x 600mm","UN",1,{"$f":"VLOOKUP(D302,'CPU (sem des)'!B:I,8,FALSE)","v":2191.5500000000002},0.23957567779569877,2716.5920766731638,{"$f":"VLOOKUP(D302,'CPU (des)'!B:I,8,FALSE)","v":2103.83},0.30260494954802231,2740.4593710076156,2716.5920766731638,2740.4593710076156]
[null,"3.3.7.23","Composição Orse",11418,"Tomada para lógica, rj45, com placa","UN",120,{"$f":"VLOOKUP(D303,'CPU (sem des)'!B:I,8,FALSE)","v":35.36},0.23957567779569877,43.831395966855908,{"$f":"VLOOKUP(D303,'CPU (des)'!B:I,8,FALSE)","v":34.39},0.30260494954802231,44.796584214956489,5259.7675160227091,5375.5901057947785]
[null,"3.3.7.24","Composição Sinapi",101881,"QUADRO DE DISTRIBUIÇÃO DE ENERGIA EM CHAPA DE AÇO GALVANIZADO, DE EMBUTIR, COM BARRAMENTO TRIFÁSICO, PARA 40 DISJUNTORES DIN 100A - FORNECIMENTO E INSTALAÇÃO. AF_10/2020","UN",1,{"$f":"VLOOKUP(D304,'CPU (sem des)'!B:I,8,FALSE)","v":1000.62},0.23957567779569877,1240.3442147159321,{"$f":"VLOOKUP(D304,'CPU (des)'!B:I,8,FALSE)","v":996.49},0.30260494954802231,1298.0328061751088,1240.3442147159321,1298.0328061751088]
[null,"3.3.7.25","Composição Orse",7162,"Ponto de sensor de presença embutido no teto ","UN",6,{"$f":"VLOOKUP(D305,'CPU (sem des)'!B:I,8,FALSE)","v":296.07},0.23957567779569877,367.00117092497254,{"$f":"VLOOKUP(D305,'CPU (des)'!B:I,8,FALSE)","v":273.66000000000003},0.30260494954802231,356.47087049331179,2202.0070255498354,2138.8252229598706]
[null,"3.3.7.26","Composição Orse",12474,"Módulo para 36 medidores em chapa galvanizada 12,5mm, com barramento para 200A, pintado eletrostaticamente na cor bege","UN",4,{"$f":"VLOOKUP(D306,'CPU (sem des)'!B:I,8,FALSE)","v":6702.4},0.23957567779569877,8308.1320228578916,{"$f":"VLOOKUP(D306,'CPU (des)'!B:I,8,FALSE)","v":6679.14},0.30260494954802231,8700.2808227241785,33232.528091431566,34801.123290896714]
[null,"3.3.7.27","Composição Sinapi",101553,"ALÇA PREFORMADA DE DISTRIBUIÇÃO, EM  AÇO GALVANIZADO, AWG 1 - FORNECIMENTO E INSTALAÇÃO. AF_07/2020","UN",6,{"$f":"VLOOKUP(D307,'CPU (sem des)'!B:I,8,FALSE)","v":13.64},0.23957567779569877,16.907812245133332,{"$f":"VLOOKUP(D307,'CPU (des)'!B:I,8,FALSE)","v":13.11},0.30260494954802231,17.077150888574572,101.4468734708,102.46290533144743]
[null,"3.3.7.28","Composição Sinapi",101538,"ARMAÇÃO SECUNDÁRIA, COM 1 ESTRIBO E 1 ISOLADOR - FORNECIMENTO E INSTALAÇÃO. AF_07/2020","UN",6,{"$f":"VLOOKUP(D308,'CPU (sem des)'!B:I,8,FALSE)","v":40.11},0.23957567779569877,49.719380436385478,{"$f":"VLOOKUP(D308,'CPU (des)'!B:I,8,FALSE)","v":38.85},0.30260494954802231,50.606202289940668,298.31628261831287,303.63721373964404]
[null,"3.3.7.29","Insumo Sinapi",10510,"CRUZETA DE MADEIRA TRATADA, *90 X 115 X 2400* MM, EM EUCALIPTO OU EQUIVALENTE DA REGIAO","UN",4,{"$f":"VLOOKUP(D309,'Insumo SINAPI (sem des.)'!A:E,5,FALSE)","v":128.13},{"$f":"$N$5","v":0.14692012195121973},146.95487522560978,{"$f":"VLOOKUP(D309,'Insumos SINAPI (des)'!A:E,5,FALSE)","v":128.13},{"$f":"$O$5","v":0.20311109145345707},154.15462414793146,587.81950090243913,616.61849659172583]
[null,"3.3.7.30","Composição Orse",9892,"PEÇA DE MADERIA 115X135X 600MM","UN",4,{"$f":"VLOOKUP(D310,'CPU (sem des)'!B:I,8,FALSE)","v":24.42},{"$f":"$N$4","v":0.23957567779569877},30.270438051770967,{"$f":"VLOOKUP(D310,'CPU (des)'!B:I,8,FALSE)","v":24.23},{"$f":"$O$4","v":0.30260494954802231},31.562117927548581,121.08175220708387,126.24847171019432]
[null,"3.3.7.31","Insumo Sinapi",41953,"CABO DE ACO GALVANIZADO, DIAMETRO 12,7 MM (1/2\"), COM ALMA DE FIBRA 6 X 25 F","KG",30,{"$f":"VLOOKUP(D311,'Insumo SINAPI (sem des.)'!A:E,5,FALSE)","v":79.849999999999994},{"$f":"$N$5","v":0.14692012195121973},91.581571737804893,{"$f":"VLOOKUP(D311,'Insumos SINAPI (des)'!A:E,5,FALSE)","v":79.849999999999994},{"$f":"$O$5","v":0.20311109145345707},96.068420652558544,2747.4471521341466,2882.0526195767561]
[null,"3.3.7.32","Composição Orse",12876,"Fornecimento e instalação de Para raios tipo polimérico 15kv - 12ka","UN",3,{"$f":"VLOOKUP(D312,'CPU (sem des)'!B:I,8,FALSE)","v":216.22},{"$f":"$N$4","v":0.23957567779569877},268.02105305298596,{"$f":"VLOOKUP(D312,'CPU (des)'!B:I,8,FALSE)","v":216.22},{"$f":"$O$4","v":0.30260494954802231},281.6492421912734,804.06315915895789,844.9477265738202]
[null,"3.3.7.33","Insumo Sinapi",1574,"TERMINAL A COMPRESSAO EM COBRE ESTANHADO PARA CABO 10 MM2, 1 FURO E 1 COMPRESSAO, PARA PARAFUSO DE FIXACAO M6","UN",6,{"$f":"VLOOKUP(D313,'Insumo SINAPI (sem des.)'!A:E,5,FALSE)","v":2.2999999999999998},{"$f":"$N$5","v":0.14692012195121973},{"$f":"H313*(1+I313)","v":2.6379162804878051},{"$f":"VLOOKUP(D313,'Insumos SINAPI (des)'!A:E,5,FALSE)","v":2.2999999999999998},{"$f":"$O$5","v":0.20311109145345707},{"$f":"K313*(1+L313)","v":2.7671555103429513},{"$f":"J313*G313","v":15.827497682926831},16.602933062057708]
[null,"3.3.7.34","Insumo Sinapi",1539,"CONECTOR METALICO TIPO PARAFUSO FENDIDO (SPLIT BOLT), PARA CABOS ATE 16 MM2","UN",6,{"$f":"VLOOKUP(D314,'Insumo SINAPI (sem des.)'!A:E,5,FALSE)","v":10.58},{"$f":"$N$5","v":0.14692012195121973},12.134414890243905,{"$f":"VLOOKUP(D314,'Insumos SINAPI (des)'!A:E,5,FALSE)","v":10.58},{"$f":"$O$5","v":0.20311109145345707},12.728915347577576,72.806489341463433,76.373492085465458]
[null,"3.3.7.35","Insumo Sinapi",867,"CABO DE COBRE NU 50 MM2 MEIO-DURO","M",170,{"$f":"VLOOKUP(D315,'Insumo SINAPI (sem des.)'!A:E,5,FALSE)","v":63.95},{"$f":"$N$5","v":0.14692012195121973},73.345541798780502,{"$f":"VLOOKUP(D315,'Insumos SINAPI (des)'!A:E,5,FALSE)","v":63.95},{"$f":"$O$5","v":0.20311109145345707},76.938954298448579,12468.742105792686,13079.622230736259]
[null,"3.3.7.36","Composição Sinapi",102107,"TRANSFORMADOR DE DISTRIBUIÇÃO, 225 KVA, TRIFÁSICO, 60 HZ, CLASSE 15 KV, IMERSO EM ÓLEO MINERAL, INSTALAÇÃO EM POSTE (NÃO INCLUSO SUPORTE) - FORNECIMENTO E INSTALAÇÃO. AF_12/2020","UN",1,{"$f":"VLOOKUP(D316,'CPU (sem des)'!B:I,8,FALSE)","v":37744.68},{"$f":"$N$4","v":0.23957567779569877},46787.387294181754,{"$f":"VLOOKUP(D316,'CPU (des)'!B:I,8,FALSE)","v":37685.35},{"$f":"$O$4","v":0.30260494954802231},49089.123435449561,46787.387294181754,49089.123435449561]
[null,"3.3.7.37","Composição Sinapi",96616,"LASTRO DE CONCRETO MAGRO, APLICADO EM BLOCOS DE COROAMENTO OU SAPATAS. AF_08/2017","M3",1,{"$f":"VLOOKUP(D317,'CPU (sem des)'!B:I,8,FALSE)","v":762.8},{"$f":"$N$4","v":0.23957567779569877},945.54832702255896,{"$f":"VLOOKUP(D317,'CPU (des)'!B:I,8,FALSE)","v":734.8},{"$f":"$O$4","v":0.30260494954802231},957.15411692788678,945.54832702255896,957.15411692788678]
[null,"3.3.7.38","Insumo Sinapi",13343,"KIT DE MATERIAIS PARA BRACADEIRA PARA FIXACAO EM POSTE CIRCULAR, CONTEM TRES FIXADORES E UM ROLO DE FITA DE 3 M EM ACO CARBONO","UN",3,{"$f":"VLOOKUP(D318,'Insumo SINAPI (sem des.)'!A:E,5,FALSE)","v":43.07},{"$f":"$N$5","v":0.14692012195121973},49.397849652439035,{"$f":"VLOOKUP(D318,'Insumos SINAPI (des)'!A:E,5,FALSE)","v":43.07},{"$f":"$O$5","v":0.20311109145345707},51.817994708900393,148.19354895731709,155.45398412670119]
[null,"3.3.7.39","Insumo Sinapi",39468,"DISPOSITIVO DPS CLASSE II, 1 POLO, TENSAO MAXIMA DE 175 V, CORRENTE MAXIMA DE *90* KA (TIPO AC)","UN",4,{"$f":"VLOOKUP(D319,'Insumo SINAPI (sem des.)'!A:E,5,FALSE)","v":184.72},0.14692012195121973,211.8590849268293,{"$f":"VLOOKUP(D319,'Insumos SINAPI (des)'!A:E,5,FALSE)","v":184.72},0.20311109145345707,222.2386808132826,847.43633970731719,888.9547232531304]
[null,"3.3.7.40","Insumo Sinapi",37558,"PLACA DE SINALIZACAO DE SEGURANCA CONTRA INCENDIO, FOTOLUMINESCENTE, RETANGULAR, *20 X 40* CM, EM PVC *2* MM ANTI-CHAMAS (SIMBOLOS, CORES E PICTOGRAMAS CONFORME NBR 16820)","UN",2,{"$f":"VLOOKUP(D320,'Insumo SINAPI (sem des.)'!A:E,5,FALSE)","v":74.58},0.14692012195121973,85.537302695121966,{"$f":"VLOOKUP(D320,'Insumos SINAPI (des)'!A:E,5,FALSE)","v":74.58},0.20311109145345707,89.728025200598822,171.07460539024393,179.45605040119764]
[null,"3.3.7.41","Insumo Sinapi",11859,"CONECTOR METALICO TIPO PARAFUSO FENDIDO (SPLIT BOLT), PARA CABOS ATE 185 MM2","UN",40,{"$f":"VLOOKUP(D321,'Insumo SINAPI (sem des.)'!A:E,5,FALSE)","v":79.98},0.14692012195121973,91.730671353658565,{"$f":"VLOOKUP(D321,'Insumos SINAPI (des)'!A:E,5,FALSE)","v":79.98},0.20311109145345707,96.224825094447496,3669.2268541463427,3848.9930037779]
[null,"3.3.7.42","Insumo Sinapi",11855,"CONECTOR METALICO TIPO PARAFUSO FENDIDO (SPLIT BOLT), PARA CABOS ATE 70 MM2","UN",10,{"$f":"VLOOKUP(D322,'Insumo SINAPI (sem des.)'!A:E,5,FALSE)","v":29.19},0.14692012195121973,33.478598359756106,{"$f":"VLOOKUP(D322,'Insumos SINAPI (des)'!A:E,5,FALSE)","v":29.19},0.20311109145345707,35.118812759526413,334.78598359756108,351.18812759526412]
[null,"3.3.7.43","Insumo Sinapi",11864,"CONECTOR METALICO TIPO PARAFUSO FENDIDO (SPLIT BOLT), PARA CABOS ATE 95 MM2","UN",4,{"$f":"VLOOKUP(D323,'Insumo SINAPI (sem des.)'!A:E,5,FALSE)","v":44.14},0.14692012195121973,50.625054182926839,{"$f":"VLOOKUP(D323,'Insumos SINAPI (des)'!A:E,5,FALSE)","v":44.14},0.20311109145345707,53.105323576755595,202.50021673170735,212.42129430702238]
[null,"3.3.7.44","Insumo Sinapi",11862,"CONECTOR METALICO TIPO PARAFUSO FENDIDO (SPLIT BOLT), PARA CABOS ATE 50 MM2","UN",4,{"$f":"VLOOKUP(D324,'Insumo SINAPI (sem des.)'!A:E,5,FALSE)","v":19.559999999999999},0.14692012195121973,22.433757585365857,{"$f":"VLOOKUP(D324,'Insumos SINAPI (des)'!A:E,5,FALSE)","v":19.559999999999999},0.20311109145345707,23.532852948829618,89.735030341463428,94.131411795318471]
[null,"3.3.7.45","Insumo Sinapi",37559,"PLACA DE SINALIZACAO DE SEGURANCA CONTRA INCENDIO, FOTOLUMINESCENTE, RETANGULAR, *12 X 40* CM, EM PVC *2* MM ANTI-CHAMAS (SIMBOLOS, CORES E PICTOGRAMAS CONFORME NBR 16820)","UN",44,{"$f":"VLOOKUP(D325,'Insumo SINAPI (sem des.)'!A:E,5,FALSE)","v":56.75},0.14692012195121973,65.087716920731722,{"$f":"VLOOKUP(D325,'Insumos SINAPI (des)'!A:E,5,FALSE)","v":56.75},0.20311109145345707,68.276554439983684,2863.859544512196,3004.1683953592819]
[null,"3.3.7.46","Composição Orse",11979,"Acionador Manual Convencional - Modelo AM-2 da Verin ou similar, tipo \"Aperte aqui\"","UN",3,{"$f":"VLOOKUP(D326,'CPU (sem des)'!B:I,8,FALSE)","v":71.62},{"$f":"$N$4","v":0.23957567779569877},88.778410043727945,{"$f":"VLOOKUP(D326,'CPU (des)'!B:I,8,FALSE)","v":69.19},{"$f":"$O$4","v":0.30260494954802231},90.12723645922766,266.33523013118383,270.38170937768297]
[null,"3.3.7.47","Composição Orse",11820,"Central de alarme endereçável de incendio com sistema p/ até 250 dispositivos, marcal Verin ou similar, Modelo VRE-250 c/ bateria de 12V e 7Amperes","UN",1,{"$f":"VLOOKUP(D327,'CPU (sem des)'!B:I,8,FALSE)","v":6001.21},{"$f":"$N$4","v":0.23957567779569877},7438.9539533443258,{"$f":"VLOOKUP(D327,'CPU (des)'!B:I,8,FALSE)","v":5998.24},{"$f":"$O$4","v":0.30260494954802231},7813.337112576929,7438.9539533443258,7813.337112576929]
[null,"3.3.7.48","Insumo Sinapi",34602,"CABO FLEXIVEL PVC 750 V, 2 CONDUTORES DE 1,5 MM2","M",130,{"$f":"VLOOKUP(D328,'Insumo SINAPI (sem des.)'!A:E,5,FALSE)","v":5.01},{"$f":"$N$5","v":0.14692012195121973},5.7460698109756105,{"$f":"VLOOKUP(D328,'Insumos SINAPI (des)'!A:E,5,FALSE)","v":5.01},{"$f":"$O$5","v":0.20311109145345707},6.0275865681818193,746.98907542682934,783.58625386363656]
[null,"3.3.7.49","Insumo Sinapi",10891,"EXTINTOR DE INCENDIO PORTATIL COM CARGA DE PO QUIMICO SECO (PQS) DE 4 KG, CLASSE BC","UN",30,{"$f":"VLOOKUP(D329,'Insumo SINAPI (sem des.)'!A:E,5,FALSE)","v":329.99},{"$f":"$N$5","v":0.14692012195121973},378.47217104268299,{"$f":"VLOOKUP(D329,'Insumos SINAPI (des)'!A:E,5,FALSE)","v":329.99},{"$f":"$O$5","v":0.20311109145345707},397.01462906872632,11354.16513128049,11910.43887206179]
[null,"3.3.7.50","Composição Sinapi",98111,"CAIXA DE INSPEÇÃO PARA ATERRAMENTO, CIRCULAR, EM POLIETILENO, DIÂMETRO INTERNO = 0,3 M. AF_12/2020","UN",12,{"$f":"VLOOKUP(D330,'CPU (sem des)'!B:I,8,FALSE)","v":55.7},{"$f":"$N$4","v":0.23957567779569877},69.04436525322042,{"$f":"VLOOKUP(D330,'CPU (des)'!B:I,8,FALSE)","v":54.94},{"$f":"$O$4","v":0.30260494954802231},71.565115928168339,828.53238303864509,858.78139113802013]
[null,"3.3.7.51","Composição Orse",8795,"Terminal aéreo em aço galvanizado 3/8\" x 50cm, com fixação horizontal","UN",4,{"$f":"VLOOKUP(D331,'CPU (sem des)'!B:I,8,FALSE)","v":28.94},0.23957567779569877,35.873320115407523,{"$f":"VLOOKUP(D331,'CPU (des)'!B:I,8,FALSE)","v":26.51},0.30260494954802231,34.532057212518076,143.49328046163009,138.1282288500723]
[null,"3.3.7.52","Composição Orse",9953,"Fornecimento de cartucho para solda exotérmica","UN",24,{"$f":"VLOOKUP(D332,'CPU (sem des)'!B:I,8,FALSE)","v":20},0.23957567779569877,24.791513555913976,{"$f":"VLOOKUP(D332,'CPU (des)'!B:I,8,FALSE)","v":20},0.30260494954802231,26.052098990960445,594.9963253419354,625.25037578305069]
[null,"3.3.7.53","Composição Orse",12740,"Fornecimento e assentamento de barra chata de alumínio de 7/8\" x 1/8\"","M",282,{"$f":"VLOOKUP(D333,'CPU (sem des)'!B:I,8,FALSE)","v":14.82},0.23957567779569877,18.370511544932256,{"$f":"VLOOKUP(D333,'CPU (des)'!B:I,8,FALSE)","v":14.28},0.30260494954802231,18.601198679545757,5180.4842556708963,5245.5380276319038]
[null,"3.3.7.54","Composição Orse",4143,"Conector split bolt para cabo de cobre nu #35 mm2 - fornecimento","UN",120,{"$f":"VLOOKUP(D334,'CPU (sem des)'!B:I,8,FALSE)","v":12},0.23957567779569877,14.874908133548384,{"$f":"VLOOKUP(D334,'CPU (des)'!B:I,8,FALSE)","v":12},0.30260494954802231,15.631259394576269,1784.9889760258061,1875.7511273491523]
[null,"3.3.7.55","Composição Orse",12458,"Terminal de compressão 2 furos para cabo de 50 mm2 - fornecimento e instalação","UN",25,{"$f":"VLOOKUP(D335,'CPU (sem des)'!B:I,8,FALSE)","v":10.41},0.23957567779569877,12.903982805853225,{"$f":"VLOOKUP(D335,'CPU (des)'!B:I,8,FALSE)","v":10.26},0.30260494954802231,13.364726782362709,322.59957014633062,334.11816955906772]
[null,"3.3.7.56","Composição Sinapi",101900,"DISJUNTOR BAIXA TENSÃO TRIPOLAR A SECO  800A/600V - FORNECIMENTO E INSTALAÇÃO. AF_10/2020","UN",1,{"$f":"VLOOKUP(D336,'CPU (sem des)'!B:I,8,FALSE)","v":4880.07},0.23957567779569877,6049.2160779404558,{"$f":"VLOOKUP(D336,'CPU (des)'!B:I,8,FALSE)","v":4872.3599999999997},0.30260494954802231,6346.760251979802,6049.2160779404558,6346.760251979802]
[null,"3.3.7.57","Composição Orse",3836,"Caixa em chapa metálica galvanizada 60 x 50 x 20cm, para quadro de comando","UN",1,{"$f":"VLOOKUP(D337,'CPU (sem des)'!B:I,8,FALSE)","v":518.41999999999996},0.23957567779569877,642.62082288284614,{"$f":"VLOOKUP(D337,'CPU (des)'!B:I,8,FALSE)","v":512.48},0.30260494954802231,667.55898454437045,642.62082288284614,667.55898454437045]
[null,"3.3.7.58","Insumo Sinapi",39465,"DISPOSITIVO DPS CLASSE II, 1 POLO, TENSAO MAXIMA DE 175 V, CORRENTE MAXIMA DE *20* KA (TIPO AC)","UN",7,{"$f":"VLOOKUP(D338,'Insumo SINAPI (sem des.)'!A:E,5,FALSE)","v":72.22},{"$f":"$N$5","v":0.14692012195121973},82.830571207317092,{"$f":"VLOOKUP(D338,'Insumos SINAPI (des)'!A:E,5,FALSE)","v":72.22},{"$f":"$O$5","v":0.20311109145345707},86.888683024768667,579.81399845121962,608.22078117338071]
[null,"3.3.7.59","Insumo Orse",4105,"Flange 100 x 100mm para eletrocalha metálica (ref. Mopa ou similar)","UN",6,{"$f":"VLOOKUP(D339,'Insumos ORSE (sem des)'!B:G,6,FALSE)","v":12.5},{"$f":"$N$5","v":0.14692012195121973},14.336501524390247,{"$f":"VLOOKUP(D339,'Insumos ORSE (des)'!B:G,6,FALSE)","v":12.5},{"$f":"$O$5","v":0.20311109145345707},15.038888643168214,86.019009146341489,90.233331859009283]
[null,"3.3.7.60","Composição Sinapi",91937,"CAIXA OCTOGONAL 3\" X 3\", PVC, INSTALADA EM LAJE - FORNECIMENTO E INSTALAÇÃO. AF_12/2015","UN",4,{"$f":"VLOOKUP(D340,'CPU (sem des)'!B:I,8,FALSE)","v":15.54},{"$f":"$N$4","v":0.23957567779569877},19.263006032945157,{"$f":"VLOOKUP(D340,'CPU (des)'!B:I,8,FALSE)","v":14.24},{"$f":"$O$4","v":0.30260494954802231},18.549094481563838,77.052024131780627,74.196377926255352]
[null,"3.3.7.61","Composição Sinapi",91943,"CAIXA RETANGULAR 4\" X 4\" MÉDIA (1,30 M DO PISO), PVC, INSTALADA EM PAREDE - FORNECIMENTO E INSTALAÇÃO. AF_12/2015","UN",1,{"$f":"VLOOKUP(D341,'CPU (sem des)'!B:I,8,FALSE)","v":20.8},{"$f":"$N$4","v":0.23957567779569877},25.783174098150536,{"$f":"VLOOKUP(D341,'CPU (des)'!B:I,8,FALSE)","v":19.04},{"$f":"$O$4","v":0.30260494954802231},24.801598239394345,25.783174098150536,24.801598239394345]
[null,"3.3.7.62","Insumo Sinapi",3876,"LUVA PVC, ROSCAVEL, 1\", AGUA FRIA PREDIAL","UN",89,{"$f":"VLOOKUP(D342,'Insumo SINAPI (sem des.)'!A:E,5,FALSE)","v":4.96},{"$f":"$N$5","v":0.14692012195121973},5.68872380487805,{"$f":"VLOOKUP(D342,'Insumos SINAPI (des)'!A:E,5,FALSE)","v":4.96},{"$f":"$O$5","v":0.20311109145345707},5.9674310136091471,506.29641863414645,531.10136021121411]
[null,"3.3.7.63","Insumo Sinapi",3884,"LUVA PVC, ROSCAVEL, 3/4\", AGUA FRIA PREDIAL","UN",63,{"$f":"VLOOKUP(D343,'Insumo SINAPI (sem des.)'!A:E,5,FALSE)","v":2.52},0.14692012195121973,2.8902387073170739,{"$f":"VLOOKUP(D343,'Insumos SINAPI (des)'!A:E,5,FALSE)","v":2.52},0.20311109145345707,3.0318399504627118,182.08503856097565,191.00591687915085]
[null,"3.3.7.64","Insumo Sinapi",2556,"CAIXA DE LUZ \"4 X 2\" EM ACO ESMALTADA","UN",4,{"$f":"VLOOKUP(D344,'Insumo SINAPI (sem des.)'!A:E,5,FALSE)","v":1.7},0.14692012195121973,1.9497642073170736,{"$f":"VLOOKUP(D344,'Insumos SINAPI (des)'!A:E,5,FALSE)","v":1.7},0.20311109145345707,2.045288855470877,7.7990568292682942,8.1811554218835081]
[null,"3.3.7.65","Insumo Orse",13355,"Arruela de pressão 1/4\"","UN",2013,{"$f":"VLOOKUP(D345,'CPU (sem des)'!B:I,8,FALSE)","v":0.05},0.14692012195121973,{"$f":"H345*(1+I345)","v":5.7346006097560992E-2},{"$f":"VLOOKUP(D345,'CPU (des)'!B:I,8,FALSE)","v":0.05},0.20311109145345707,{"$f":"K345*(1+L345)","v":6.0155554572672854E-2},{"$f":"J345*G345","v":115.43751027439028},{"$f":"M345*G345","v":121.09313135479046}]
[null,"3.3.7.66","Insumo Orse",4419,"Arruela lisa de 5/16\"","UN",145,{"$f":"VLOOKUP(D346,'Insumos ORSE (sem des)'!B:G,6,FALSE)","v":0.1},0.14692012195121973,0.11469201219512198,{"$f":"VLOOKUP(D346,'Insumos ORSE (des)'!B:G,6,FALSE)","v":0.1},0.20311109145345707,0.12031110914534571,16.630341768292688,17.445110826075126]
[null,"3.3.7.67","Insumo Orse",8347,"Arruela lisa zincada ø 1/4\"","UN",6647,{"$f":"VLOOKUP(D347,'Insumos ORSE (sem des)'!B:G,6,FALSE)","v":0.05},0.14692012195121973,5.7346006097560992E-2,{"$f":"VLOOKUP(D347,'Insumos ORSE (des)'!B:G,6,FALSE)","v":0.05},0.20311109145345707,6.0155554572672854E-2,381.1789025304879,399.85397124455648]
[null,"3.3.7.68","Insumo Sinapi",11945,"BUCHA DE NYLON SEM ABA S4","UN",2178,{"$f":"VLOOKUP(D348,'Insumo SINAPI (sem des.)'!A:E,5,FALSE)","v":0.06},0.14692012195121973,6.8815207317073177E-2,{"$f":"VLOOKUP(D348,'Insumos SINAPI (des)'!A:E,5,FALSE)","v":0.06},0.20311109145345707,7.2186665487207424E-2,149.87952153658537,157.22255743113777]
[null,"3.3.7.69","Insumo Sinapi",4375,"BUCHA DE NYLON SEM ABA S6","UN",624,{"$f":"VLOOKUP(D349,'Insumo SINAPI (sem des.)'!A:E,5,FALSE)","v":0.1},0.14692012195121973,0.11469201219512198,{"$f":"VLOOKUP(D349,'Insumos SINAPI (des)'!A:E,5,FALSE)","v":0.1},0.20311109145345707,0.12031110914534571,71.567815609756124,75.074132106695714]
[null,"3.3.7.70","Insumo Sinapi",4376,"BUCHA DE NYLON SEM ABA S8","UN",652,{"$f":"VLOOKUP(D350,'Insumo SINAPI (sem des.)'!A:E,5,FALSE)","v":0.19},0.14692012195121973,0.21791482317073174,{"$f":"VLOOKUP(D350,'Insumos SINAPI (des)'!A:E,5,FALSE)","v":0.19},0.20311109145345707,0.22859110737615684,142.08046470731711,149.04140200925426]
[null,"3.3.7.71","Insumo Sinapi",4374,"BUCHA DE NYLON SEM ABA S10","UN",154,{"$f":"VLOOKUP(D351,'Insumo SINAPI (sem des.)'!A:E,5,FALSE)","v":0.37},0.14692012195121973,0.42436044512195131,{"$f":"VLOOKUP(D351,'Insumos SINAPI (des)'!A:E,5,FALSE)","v":0.37},0.20311109145345707,0.44515110383777912,65.351508548780501,68.553269991017984]
[null,"3.3.7.72","Insumo Sinapi",1014,"CABO DE COBRE, FLEXIVEL, CLASSE 4 OU 5, ISOLACAO EM PVC/A, ANTICHAMA BWF-B, 1 CONDUTOR, 450/750 V, SECAO NOMINAL 2,5 MM2","M",9616.4,{"$f":"VLOOKUP(D352,'Insumo SINAPI (sem des.)'!A:E,5,FALSE)","v":2.71},0.14692012195121973,3.1081535304878054,{"$f":"VLOOKUP(D352,'Insumos SINAPI (des)'!A:E,5,FALSE)","v":2.71},0.20311109145345707,3.2604310578388684,29889.24761058293,31353.609224601692]
[null,"3.3.7.73","Insumo Sinapi",981,"CABO DE COBRE, FLEXIVEL, CLASSE 4 OU 5, ISOLACAO EM PVC/A, ANTICHAMA BWF-B, 1 CONDUTOR, 450/750 V, SECAO NOMINAL 4 MM2","M",1422.2,{"$f":"VLOOKUP(D353,'Insumo SINAPI (sem des.)'!A:E,5,FALSE)","v":4.5},0.14692012195121973,5.1611405487804891,{"$f":"VLOOKUP(D353,'Insumos SINAPI (des)'!A:E,5,FALSE)","v":4.5},0.20311109145345707,5.4139999115405573,7340.1740884756118,7699.790674192981]
[null,"3.3.7.74","Insumo Sinapi",982,"CABO DE COBRE, FLEXIVEL, CLASSE 4 OU 5, ISOLACAO EM PVC/A, ANTICHAMA BWF-B, 1 CONDUTOR, 450/750 V, SECAO NOMINAL 6 MM2","M",164.4,{"$f":"VLOOKUP(D354,'Insumo SINAPI (sem des.)'!A:E,5,FALSE)","v":6.47},0.14692012195121973,7.4205731890243918,{"$f":"VLOOKUP(D354,'Insumos SINAPI (des)'!A:E,5,FALSE)","v":6.47},0.20311109145345707,7.784128761703867,1219.94223227561,1279.7107684241157]
[null,"3.3.7.75","Insumo Sinapi",980,"CABO DE COBRE, FLEXIVEL, CLASSE 4 OU 5, ISOLACAO EM PVC/A, ANTICHAMA BWF-B, 1 CONDUTOR, 450/750 V, SECAO NOMINAL 10 MM2","M",4573.5,{"$f":"VLOOKUP(D355,'Insumo SINAPI (sem des.)'!A:E,5,FALSE)","v":12.36},0.14692012195121973,14.175932707317076,{"$f":"VLOOKUP(D355,'Insumos SINAPI (des)'!A:E,5,FALSE)","v":12.36},0.20311109145345707,14.870453090364729,64833.628236914643,68010.017208783087]
[null,"3.3.7.76","Composição Orse",12312,"Luminária de emergência, tipo balizamento, com autonomia de 3h, modelo LED - 3000 lumens, SEGURIMAX ou similarr","UN",80,{"$f":"VLOOKUP(D356,'CPU (sem des)'!B:I,8,FALSE)","v":280.74},{"$f":"$N$4","v":0.23957567779569877},347.99847578436447,{"$f":"VLOOKUP(D356,'CPU (des)'!B:I,8,FALSE)","v":278.31},{"$f":"$O$4","v":0.30260494954802231},362.52798350871007,27839.878062749158,29002.238680696806]
[null,"3.3.7.77","Composição Orse",12984,"Placa cega para caixa de pvc 4\" x 2\", para tomadas e interruptores","UN",3,{"$f":"VLOOKUP(D357,'CPU (sem des)'!B:I,8,FALSE)","v":4.07},{"$f":"$N$4","v":0.23957567779569877},5.0450730086284947,{"$f":"VLOOKUP(D357,'CPU (des)'!B:I,8,FALSE)","v":3.92},{"$f":"$O$4","v":0.30260494954802231},5.1062114022282472,15.135219025885483,15.318634206684742]
[null,"3.3.7.78","Composição Sinapi",92986,"CABO DE COBRE FLEXÍVEL ISOLADO, 35 MM², ANTI-CHAMA 0,6/1,0 KV, PARA REDE ENTERRADA DE DISTRIBUIÇÃO DE ENERGIA ELÉTRICA - FORNECIMENTO E INSTALAÇÃO. AF_12/2021","M",9.6999999999999993,{"$f":"VLOOKUP(D358,'CPU (sem des)'!B:I,8,FALSE)","v":45.24},{"$f":"$N$4","v":0.23957567779569877},56.078403663477417,{"$f":"VLOOKUP(D358,'CPU (des)'!B:I,8,FALSE)","v":44.83},{"$f":"$O$4","v":0.30260494954802231},58.39577988823784,543.96051553573091,566.43906491590701]
[null,"3.3.7.79","Composição Sinapi",92990,"CABO DE COBRE FLEXÍVEL ISOLADO, 70 MM², ANTI-CHAMA 0,6/1,0 KV, PARA REDE ENTERRADA DE DISTRIBUIÇÃO DE ENERGIA ELÉTRICA - FORNECIMENTO E INSTALAÇÃO. AF_12/2021","M",38.799999999999997,{"$f":"VLOOKUP(D359,'CPU (sem des)'!B:I,8,FALSE)","v":91.38},{"$f":"$N$4","v":0.23957567779569877},113.27242543697095,{"$f":"VLOOKUP(D359,'CPU (des)'!B:I,8,FALSE)","v":90.79},{"$f":"$O$4","v":0.30260494954802231},118.26350336946496,4394.9701069544726,4588.6239307352398]
[null,"3.3.7.80","Insumo Sinapi",4379,"PARAFUSO DE ACO ZINCADO COM ROSCA SOBERBA, CABECA CHATA E FENDA SIMPLES, DIAMETRO 2,5 MM, COMPRIMENTO * 9,5 * MM","UN",2066,{"$f":"VLOOKUP(D360,'Insumo SINAPI (sem des.)'!A:E,5,FALSE)","v":0.05},{"$f":"$N$5","v":0.14692012195121973},5.7346006097560992E-2,{"$f":"VLOOKUP(D360,'Insumos SINAPI (des)'!A:E,5,FALSE)","v":0.05},{"$f":"$O$5","v":0.20311109145345707},6.0155554572672854E-2,118.47684859756102,124.28137574714212]
[null,"3.3.7.81","Insumo Sinapi",4377,"PARAFUSO DE ACO ZINCADO COM ROSCA SOBERBA, CABECA CHATA E FENDA SIMPLES, DIAMETRO 4,2 MM, COMPRIMENTO * 32 * MM","UN",436,{"$f":"VLOOKUP(D361,'Insumo SINAPI (sem des.)'!A:E,5,FALSE)","v":0.18},0.14692012195121973,0.20644562195121954,{"$f":"VLOOKUP(D361,'Insumos SINAPI (des)'!A:E,5,FALSE)","v":0.18},0.20311109145345707,0.21655999646162227,90.010291170731719,94.420158457267306]
[null,"3.3.7.82","Insumo Sinapi",4356,"PARAFUSO DE ACO ZINCADO COM ROSCA SOBERBA, CABECA CHATA E FENDA SIMPLES, DIAMETRO 4,8 MM, COMPRIMENTO 45 MM","UN",188,{"$f":"VLOOKUP(D362,'Insumo SINAPI (sem des.)'!A:E,5,FALSE)","v":0.25},0.14692012195121973,0.28673003048780493,{"$f":"VLOOKUP(D362,'Insumos SINAPI (des)'!A:E,5,FALSE)","v":0.25},0.20311109145345707,0.30077777286336427,53.905245731707325,56.546221298312481]
[null,"3.3.7.83","Insumo Sinapi",4300,"PARAFUSO ZINCADO ROSCA SOBERBA, CABECA SEXTAVADA, 5/16 \" X 50 MM, PARA FIXACAO DE TELHA EM MADEIRA","UN",154,{"$f":"VLOOKUP(D363,'Insumo SINAPI (sem des.)'!A:E,5,FALSE)","v":1.02},0.14692012195121973,1.1698585243902442,{"$f":"VLOOKUP(D363,'Insumos SINAPI (des)'!A:E,5,FALSE)","v":1.02},0.20311109145345707,1.2271733132825262,180.15821275609761,188.98469024550903]
[null,"3.3.7.84","Insumo Sinapi",11962,"PARAFUSO ZINCADO, SEXTAVADO, COM ROSCA INTEIRA, DIAMETRO 1/4\", COMPRIMENTO 1/2\"","UN",1825,{"$f":"VLOOKUP(D364,'Insumo SINAPI (sem des.)'!A:E,5,FALSE)","v":0.21},0.14692012195121973,0.24085322560975614,{"$f":"VLOOKUP(D364,'Insumos SINAPI (des)'!A:E,5,FALSE)","v":0.21},0.20311109145345707,0.25265332920522598,439.55713673780497,461.09232579953743]
[null,"3.3.7.85","Insumo Sinapi",39350,"TAMPA PARA CONDULETE, EM PVC, PARA 1 MODULO RJ","UN",70,{"$f":"VLOOKUP(D365,'Insumo SINAPI (sem des.)'!A:E,5,FALSE)","v":3.93},0.14692012195121973,4.5073960792682941,{"$f":"VLOOKUP(D365,'Insumos SINAPI (des)'!A:E,5,FALSE)","v":3.93},0.20311109145345707,4.7282265894120865,315.51772554878056,330.97586125884607]
[null,"3.3.7.86","Insumo Sinapi",39352,"TAMPA PARA CONDULETE, EM PVC, PARA TOMADA HEXAGONAL","UN",378,{"$f":"VLOOKUP(D366,'Insumo SINAPI (sem des.)'!A:E,5,FALSE)","v":3.65},0.14692012195121973,4.1862584451219522,{"$f":"VLOOKUP(D366,'Insumos SINAPI (des)'!A:E,5,FALSE)","v":3.65},0.20311109145345707,4.3913554838051185,1582.4056922560978,1659.9323728783347]
[null,"3.3.7.87","Insumo Sinapi",39346,"TAMPA PARA CONDULETE, EM PVC, PARA 1 INTERRUPTOR","UN",39,{"$f":"VLOOKUP(D367,'Insumo SINAPI (sem des.)'!A:E,5,FALSE)","v":3.65},0.14692012195121973,4.1862584451219522,{"$f":"VLOOKUP(D367,'Insumos SINAPI (des)'!A:E,5,FALSE)","v":3.65},0.20311109145345707,4.3913554838051185,163.26407935975612,171.26286386839962]
[null,"3.3.7.88","Insumo Sinapi",39997,"PORCA ZINCADA, SEXTAVADA, DIAMETRO 1/4\"","UN",6359,{"$f":"VLOOKUP(D368,'Insumo SINAPI (sem des.)'!A:E,5,FALSE)","v":0.28999999999999998},0.14692012195121973,0.33260683536585373,{"$f":"VLOOKUP(D368,'Insumos SINAPI (des)'!A:E,5,FALSE)","v":0.28999999999999998},0.20311109145345707,0.34890221652150255,2115.0468660914639,2218.6691948602347]
[null,"3.3.7.89","Insumo Sinapi",39996,"VERGALHAO ZINCADO ROSCA TOTAL, 1/4 \" (6,3 MM)","M",1979,{"$f":"VLOOKUP(D369,'Insumo SINAPI (sem des.)'!A:E,5,FALSE)","v":4.5999999999999996},0.14692012195121973,5.2758325609756103,{"$f":"VLOOKUP(D369,'Insumos SINAPI (des)'!A:E,5,FALSE)","v":4.5999999999999996},0.20311109145345707,5.5343110206859025,10440.872638170733,10952.401509937401]
[null,"3.3.7.90","Insumo Orse",11348,"Abraçadeira tipo U, d=1\",  p/ eletrodutos","UN",436,{"$f":"VLOOKUP(D370,'Insumos ORSE (sem des)'!B:G,6,FALSE)","v":0.7},0.14692012195121973,0.80284408536585372,{"$f":"VLOOKUP(D370,'Insumos ORSE (des)'!B:G,6,FALSE)","v":0.7},0.20311109145345707,0.84217776401741995,350.0400212195122,367.18950511159511]
[null,"3.3.7.91","Insumo Orse",295,"Abraçadeira tipo U, d=26mm (3/4\") c/ fixações,  p/ tubo galvanizado","UN",1162,{"$f":"VLOOKUP(D371,'Insumos ORSE (sem des)'!B:G,6,FALSE)","v":0.55000000000000004},0.14692012195121973,0.63080606707317088,{"$f":"VLOOKUP(D371,'Insumos ORSE (des)'!B:G,6,FALSE)","v":0.55000000000000004},0.20311109145345707,0.66171110029940139,732.99664993902456,768.90829854790445]
[null,"3.3.7.92","Insumo Sinapi",400,"ABRACADEIRA EM ACO PARA AMARRACAO DE ELETRODUTOS, TIPO D, COM 3/4\" E PARAFUSO DE FIXACAO","UN",42,{"$f":"VLOOKUP(D372,'Insumo SINAPI (sem des.)'!A:E,5,FALSE)","v":2.81},0.14692012195121973,3.2228455426829274,{"$f":"VLOOKUP(D372,'Insumos SINAPI (des)'!A:E,5,FALSE)","v":2.81},0.20311109145345707,3.3807421669842146,135.35951279268295,141.99117101333701]
[null,"3.3.7.93","Composição Orse",11855,"Cabo blindado para alarme e detecção de incêncio 3 x 1,5mm2","M",210,{"$f":"VLOOKUP(D373,'CPU (sem des)'!B:I,8,FALSE)","v":22.16},{"$f":"$N$4","v":0.23957567779569877},27.468997019952685,{"$f":"VLOOKUP(D373,'CPU (des)'!B:I,8,FALSE)","v":21.44},{"$f":"$O$4","v":0.30260494954802231},27.9278501183096,5768.4893741900642,5864.8485248450161]
[null,"3.3.7.94","Insumo Sinapi",39253,"ELETRODUTO/CONDULETE DE PVC RIGIDO, LISO, COR CINZA, DE 3/4\", PARA INSTALACOES APARENTES (NBR 5410)","M",50,{"$f":"VLOOKUP(D374,'Insumo SINAPI (sem des.)'!A:E,5,FALSE)","v":16.18},{"$f":"$N$5","v":0.14692012195121973},18.557167573170734,{"$f":"VLOOKUP(D374,'Insumos SINAPI (des)'!A:E,5,FALSE)","v":16.18},{"$f":"$O$5","v":0.20311109145345707},19.466337459716936,927.85837865853671,973.31687298584677]
[null,"3.3.7.95","Insumo Sinapi",39465,"DISPOSITIVO DPS CLASSE II, 1 POLO, TENSAO MAXIMA DE 175 V, CORRENTE MAXIMA DE *20* KA (TIPO AC)","UN",7,{"$f":"VLOOKUP(D375,'Insumo SINAPI (sem des.)'!A:E,5,FALSE)","v":72.22},0.14692012195121973,82.830571207317092,{"$f":"VLOOKUP(D375,'Insumos SINAPI (des)'!A:E,5,FALSE)","v":72.22},0.20311109145345707,86.888683024768667,579.81399845121962,608.22078117338071]
[null,"3.3.7.96","Insumo Orse",857,"Eletrocalha metálica perfurada  50 x 50 x 3000 mm (ref. valemam ou similar)","UN",35.4,{"$f":"VLOOKUP(D376,'Insumos ORSE (sem des)'!B:G,6,FALSE)","v":48},0.14692012195121973,55.052165853658551,{"$f":"VLOOKUP(D376,'Insumos ORSE (des)'!B:G,6,FALSE)","v":48},0.20311109145345707,57.749332389765939,1948.8466712195127,2044.3263665977142]
[null,"3.3.7.97","Insumo Orse",12668,"Cruzeta 100 x 100 mm para eletrocalha perfurada metálica (ref.: mopa ou similar)","UN",1,{"$f":"VLOOKUP(D377,'Insumos ORSE (sem des)'!B:G,6,FALSE)","v":82.17},0.14692012195121973,{"$f":"H377*(1+I377)","v":94.242426420731732},{"$f":"VLOOKUP(D377,'Insumos ORSE (des)'!B:G,6,FALSE)","v":82.17},0.20311109145345707,{"$f":"K377*(1+L377)","v":98.859638384730573},94.242426420731732,98.859638384730573]
[null,"3.3.7.98","Insumo Orse",3633,"Eletrocalha metálica perfurada 100 x 100 x 3000mm, peso, 2,20Kg/m,  (ref.: mopa ou similar)","UN",143.1,{"$f":"VLOOKUP(D378,'Insumos ORSE (sem des)'!B:G,6,FALSE)","v":89.9},0.14692012195121973,103.10811896341465,{"$f":"VLOOKUP(D378,'Insumos ORSE (des)'!B:G,6,FALSE)","v":89.9},0.20311109145345707,108.1596871216658,14754.771823664636,15477.651227110375]
[null,"3.3.7.99","Insumo Orse",4105,"Flange 100 x 100mm para eletrocalha metálica (ref. Mopa ou similar)","UN",6,{"$f":"VLOOKUP(D379,'Insumos ORSE (sem des)'!B:G,6,FALSE)","v":12.5},0.14692012195121973,14.336501524390247,{"$f":"VLOOKUP(D379,'Insumos ORSE (des)'!B:G,6,FALSE)","v":12.5},0.20311109145345707,15.038888643168214,86.019009146341489,90.233331859009283]
[null,"3.3.8","Instalações Hidráulicas ",null,null,null,1]
[null,"3.3.8.1","Sanitário",null,null,null,1,{"$nulls":6},{"$f":"SUM(N382:N402)","v":69656.897522969841},{"$f":"SUM(O382:O402)","v":73130.410078245695}]
[null,"3.3.8.1.1","Composição Orse",9383,"Caixa sifonada quadrada, com três entradas e uma saida, d = 100x150x50mm, branco, com grelha, Akros ou similar","UN",3,{"$f":"VLOOKUP(D382,'CPU (sem des)'!B:I,8,FALSE)","v":39.840000000000003},{"$f":"$N$4","v":0.23957567779569877},{"$f":"H382*(1+I382)","v":49.384695003380642},{"$f":"VLOOKUP(D382,'CPU (des)'!B:I,8,FALSE)","v":37.549999999999997},{"$f":"$O$4","v":0.30260494954802231},{"$f":"K382*(1+L382)","v":48.912815855528237},{"$f":"J382*G382","v":148.15408501014193},{"$f":"M382*G382","v":146.73844756658471}]
[null,"3.3.8.1.2","Composição Orse",1695,"Caixa sifonada quadrada, com sete entradas e uma saída, d = 150 x 150 x 50mm, ref. nº25, acabamento branco, marca Akros ou similar","UN",1,{"$f":"VLOOKUP(D383,'CPU (sem des)'!B:I,8,FALSE)","v":68.930000000000007},{"$f":"$N$4","v":0.23957567779569877},85.44395147045752,{"$f":"VLOOKUP(D383,'CPU (des)'!B:I,8,FALSE)","v":66.64},{"$f":"$O$4","v":0.30260494954802231},86.80559383788021,85.44395147045752,86.80559383788021]
[null,"3.3.8.1.3","Insumo Sinapi",6153,"VALVULA EM PLASTICO BRANCO PARA TANQUE OU LAVATORIO 1 \", SEM UNHO E SEM LADRAO","UN",8,{"$f":"VLOOKUP(D384,'Insumo SINAPI (sem des.)'!A:E,5,FALSE)","v":5.82},{"$f":"$N$5","v":0.14692012195121973},6.675075109756099,{"$f":"VLOOKUP(D384,'Insumos SINAPI (des)'!A:E,5,FALSE)","v":5.82},{"$f":"$O$5","v":0.20311109145345707},7.0021065522591206,53.400600878048792,56.016852418072965]
[null,"3.3.8.1.4","Composição Sinapi",86878,"VÁLVULA EM METAL CROMADO TIPO AMERICANA 1\" PARA PIA - FORNECIMENTO E INSTALAÇÃO. AF_01/2020","UN",4,{"$f":"VLOOKUP(D385,'CPU (sem des)'!B:I,8,FALSE)","v":98.21},{"$f":"$N$4","v":0.23957567779569877},121.73872731631558,{"$f":"VLOOKUP(D385,'CPU (des)'!B:I,8,FALSE)","v":97.63},{"$f":"$O$4","v":0.30260494954802231},127.17332122437341,486.9549092652623,508.69328489749364]
[null,"3.3.8.1.5","Insumo Sinapi",20086,"BUCHA DE REDUCAO DE PVC, SOLDAVEL, LONGA, 50 X 40 MM, PARA ESGOTO PREDIAL","UN",2,{"$f":"VLOOKUP(D386,'Insumo SINAPI (sem des.)'!A:E,5,FALSE)","v":3.28},{"$f":"$N$5","v":0.14692012195121973},3.7618980000000004,{"$f":"VLOOKUP(D386,'Insumos SINAPI (des)'!A:E,5,FALSE)","v":3.28},{"$f":"$O$5","v":0.20311109145345707},3.9462043799673387,7.5237960000000008,7.8924087599346775]
[null,"3.3.8.1.6","Insumo Sinapi",10836,"JOELHO PVC COM VISITA, 90 GRAUS, DN 100 X 50 MM, SERIE NORMAL, PARA ESGOTO PREDIAL","UN",6,{"$f":"VLOOKUP(D387,'Insumo SINAPI (sem des.)'!A:E,5,FALSE)","v":21.57},{"$f":"$N$5","v":0.14692012195121973},24.73906703048781,{"$f":"VLOOKUP(D387,'Insumos SINAPI (des)'!A:E,5,FALSE)","v":21.57},{"$f":"$O$5","v":0.20311109145345707},25.951106242651068,148.43440218292687,155.70663745590642]
[null,"3.3.8.1.7","Composição Sinapi",86882,"SIFÃO DO TIPO GARRAFA/COPO EM PVC 1.1/4  X 1.1/2\" - FORNECIMENTO E INSTALAÇÃO. AF_01/2020","UN",32,{"$f":"VLOOKUP(D388,'CPU (sem des)'!B:I,8,FALSE)","v":22.99},{"$f":"$N$4","v":0.23957567779569877},28.497844832523114,{"$f":"VLOOKUP(D388,'CPU (des)'!B:I,8,FALSE)","v":22.54},{"$f":"$O$4","v":0.30260494954802231},29.360715562812423,911.93103464073965,939.54289800999754]
[null,"3.3.8.1.8","Insumo Sinapi",37949,"JOELHO PVC, SOLDAVEL, PB, 90 GRAUS, DN 40 MM, PARA ESGOTO PREDIAL","UN",2,{"$f":"VLOOKUP(D389,'Insumo SINAPI (sem des.)'!A:E,5,FALSE)","v":2.36},{"$f":"$N$5","v":0.14692012195121973},2.7067314878048783,{"$f":"VLOOKUP(D389,'Insumos SINAPI (des)'!A:E,5,FALSE)","v":2.36},{"$f":"$O$5","v":0.20311109145345707},2.8393421758301587,5.4134629756097565,5.6786843516603174]
[null,"3.3.8.1.9","Insumo Sinapi",3526,"JOELHO PVC, SOLDAVEL, PB, 90 GRAUS, DN 50 MM, PARA ESGOTO PREDIAL","UN",8,{"$f":"VLOOKUP(D390,'Insumo SINAPI (sem des.)'!A:E,5,FALSE)","v":3.25},{"$f":"$N$5","v":0.14692012195121973},3.7274903963414641,{"$f":"VLOOKUP(D390,'Insumos SINAPI (des)'!A:E,5,FALSE)","v":3.25},{"$f":"$O$5","v":0.20311109145345707},3.9101110472237357,29.819923170731713,31.280888377789886]
[null,"3.3.8.1.10","Composição Orse",1672,"Joelho de 90°com bolsa para anel, em pvc rígido c/ anéis, para esgoto secundário, diâm = 40mm","UN",8,{"$f":"VLOOKUP(D391,'CPU (sem des)'!B:I,8,FALSE)","v":15.79},{"$f":"$N$4","v":0.23957567779569877},19.572899952394081,{"$f":"VLOOKUP(D391,'CPU (des)'!B:I,8,FALSE)","v":14.5},{"$f":"$O$4","v":0.30260494954802231},18.887771768446324,156.58319961915265,151.10217414757059]
[null,"3.3.8.1.11","Insumo Sinapi",1933,"CURVA PVC CURTA 90 GRAUS, DN 40 MM, PARA ESGOTO PREDIAL","UN",10,{"$f":"VLOOKUP(D392,'Insumo SINAPI (sem des.)'!A:E,5,FALSE)","v":5.34},{"$f":"$N$5","v":0.14692012195121973},6.124553451219513,{"$f":"VLOOKUP(D392,'Insumos SINAPI (des)'!A:E,5,FALSE)","v":5.34},{"$f":"$O$5","v":0.20311109145345707},6.4246132283614603,61.245534512195128,64.2461322836146]
[null,"3.3.8.1.12","Insumo Sinapi",20144,"JUNCAO SIMPLES, PVC SERIE R, DN 100 X 100 MM, PARA ESGOTO OU AGUAS PLUVIAIS PREDIAIS","UN",2,{"$f":"VLOOKUP(D393,'Insumo SINAPI (sem des.)'!A:E,5,FALSE)","v":57.54},{"$f":"$N$5","v":0.14692012195121973},65.993783817073179,{"$f":"VLOOKUP(D393,'Insumos SINAPI (des)'!A:E,5,FALSE)","v":57.54},{"$f":"$O$5","v":0.20311109145345707},69.227012202231919,131.98756763414636,138.45402440446384]
[null,"3.3.8.1.13","Insumo Sinapi",3875,"LUVA SIMPLES, PVC, SOLDAVEL, DN 50 MM, SERIE NORMAL, PARA ESGOTO PREDIAL","UN",10,{"$f":"VLOOKUP(D394,'Insumo SINAPI (sem des.)'!A:E,5,FALSE)","v":3.51},{"$f":"$N$5","v":0.14692012195121973},4.0256896280487808,{"$f":"VLOOKUP(D394,'Insumos SINAPI (des)'!A:E,5,FALSE)","v":3.51},{"$f":"$O$5","v":0.20311109145345707},4.2229199310016341,40.256896280487808,42.229199310016341]
[null,"3.3.8.1.14","Insumo Sinapi",3899,"LUVA SIMPLES, PVC, SOLDAVEL, DN 100 MM, SERIE NORMAL, PARA ESGOTO PREDIAL","UN",12,{"$f":"VLOOKUP(D395,'Insumo SINAPI (sem des.)'!A:E,5,FALSE)","v":6.96},{"$f":"$N$5","v":0.14692012195121973},7.982564048780489,{"$f":"VLOOKUP(D395,'Insumos SINAPI (des)'!A:E,5,FALSE)","v":6.96},{"$f":"$O$5","v":0.20311109145345707},8.3736531965160612,95.790768585365868,100.48383835819274]
[null,"3.3.8.1.15","Insumo Sinapi",4723,"PEDRA BRITADA N. 4 (50 A 76 MM) POSTO PEDREIRA/FORNECEDOR, SEM FRETE","M3",1.2,{"$f":"VLOOKUP(D396,'Insumo SINAPI (sem des.)'!A:E,5,FALSE)","v":251.51},{"$f":"$N$5","v":0.14692012195121973},288.46187987195128,{"$f":"VLOOKUP(D396,'Insumos SINAPI (des)'!A:E,5,FALSE)","v":251.51},{"$f":"$O$5","v":0.20311109145345707},302.59447061145897,346.15425584634153,363.11336473375076]
[null,"3.3.8.1.16","Composição Sinapi",94964,"CONCRETO FCK = 20MPA, TRAÇO 1:2,7:3 (EM MASSA SECA DE CIMENTO/ AREIA MÉDIA/ BRITA 1) - PREPARO MECÂNICO COM BETONEIRA 400 L. AF_05/2021","M3",1.75,{"$f":"VLOOKUP(D397,'CPU (sem des)'!B:I,8,FALSE)","v":632.12},{"$f":"$N$4","v":0.23957567779569877},783.56057744821715,{"$f":"VLOOKUP(D397,'CPU (des)'!B:I,8,FALSE)","v":624.08000000000004},{"$f":"$O$4","v":0.30260494954802231},812.92969691392977,1371.2310105343799,1422.6269695993772]
[null,"3.3.8.1.17","Composição Orse",1527,"Tubo pvc rígido soldável ponta e bolsa p/ esgoto predial, d = 100 mm","M",70.73,{"$f":"VLOOKUP(D398,'CPU (sem des)'!B:I,8,FALSE)","v":740.72},{"$f":"$N$4","v":0.23957567779569877},918.17849605683,{"$f":"VLOOKUP(D398,'CPU (des)'!B:I,8,FALSE)","v":740.72},{"$f":"$O$4","v":0.30260494954802231},964.8655382292111,64942.765026099587,68244.939518952102]
[null,"3.3.8.1.18","Insumo Sinapi",9837,"TUBO PVC SERIE NORMAL, DN 75 MM, PARA ESGOTO PREDIAL (NBR 5688)","M",9.8699999999999992,{"$f":"VLOOKUP(D399,'Insumo SINAPI (sem des.)'!A:E,5,FALSE)","v":14.99},{"$f":"$N$5","v":0.14692012195121973},17.192332628048785,{"$f":"VLOOKUP(D399,'Insumos SINAPI (des)'!A:E,5,FALSE)","v":14.99},{"$f":"$O$5","v":0.20311109145345707},18.03463526088732,169.6883230388415,178.00185002495783]
[null,"3.3.8.1.19","Insumo Sinapi",9838,"TUBO PVC SERIE NORMAL, DN 50 MM, PARA ESGOTO PREDIAL (NBR 5688)","M",8.09,{"$f":"VLOOKUP(D400,'Insumo SINAPI (sem des.)'!A:E,5,FALSE)","v":11.42},{"$f":"$N$5","v":0.14692012195121973},13.09782779268293,{"$f":"VLOOKUP(D400,'Insumos SINAPI (des)'!A:E,5,FALSE)","v":11.42},{"$f":"$O$5","v":0.20311109145345707},13.739528664398479,105.9614268428049,111.15278689498369]
[null,"3.3.8.1.20","Insumo Sinapi",9836,"TUBO PVC  SERIE NORMAL, DN 100 MM, PARA ESGOTO  PREDIAL (NBR 5688)","M",9.5299999999999994,{"$f":"VLOOKUP(D401,'Insumo SINAPI (sem des.)'!A:E,5,FALSE)","v":15.83},{"$f":"$N$5","v":0.14692012195121973},18.15574553048781,{"$f":"VLOOKUP(D401,'Insumos SINAPI (des)'!A:E,5,FALSE)","v":15.83},{"$f":"$O$5","v":0.20311109145345707},19.045248577708225,173.02425490554882,181.50121894555937]
[null,"3.3.8.1.21","Insumo Sinapi",9835,"TUBO PVC  SERIE NORMAL, DN 40 MM, PARA ESGOTO  PREDIAL (NBR 5688)","M",23.36,{"$f":"VLOOKUP(D402,'Insumo SINAPI (sem des.)'!A:E,5,FALSE)","v":6.91},{"$f":"$N$5","v":0.14692012195121973},7.9252180426829284,{"$f":"VLOOKUP(D402,'Insumos SINAPI (des)'!A:E,5,FALSE)","v":6.91},{"$f":"$O$5","v":0.20311109145345707},8.313497641943389,185.1330934770732,194.20330491579756]
[null,"3.3.8.2","Hidráulico",null,null,null,1,{"$nulls":6},{"$f":"SUM(N404:N433)","v":19927.860521798462},{"$f":"SUM(O404:O433)","v":20777.515968465232}]
[null,"3.3.8.2.1","Insumo Sinapi",6140,"BOLSA DE LIGACAO EM PVC FLEXIVEL PARA VASO SANITARIO 1.1/2 \" (40 MM)","UN",1,{"$f":"VLOOKUP(D404,'Insumo SINAPI (sem des.)'!A:E,5,FALSE)","v":3.81},{"$f":"$N$5","v":0.14692012195121973},{"$f":"H404*(1+I404)","v":4.369765664634147},{"$f":"VLOOKUP(D404,'Insumos SINAPI (des)'!A:E,5,FALSE)","v":3.81},{"$f":"$O$5","v":0.20311109145345707},{"$f":"K404*(1+L404)","v":4.5838532584376717},{"$f":"J404*G404","v":4.369765664634147},{"$f":"M404*G404","v":4.5838532584376717}]
[null,"3.3.8.2.2","Insumo Sinapi",3463,"COTOVELO DE REDUCAO 90 GRAUS DE FERRO GALVANIZADO, COM ROSCA BSP, DE 1\" X 1/2\"","UN",1,{"$f":"VLOOKUP(D405,'Insumo SINAPI (sem des.)'!A:E,5,FALSE)","v":19.73},{"$f":"$N$5","v":0.14692012195121973},22.628734006097567,{"$f":"VLOOKUP(D405,'Insumos SINAPI (des)'!A:E,5,FALSE)","v":19.73},{"$f":"$O$5","v":0.20311109145345707},23.737381834376709,22.628734006097567,23.737381834376709]
[null,"3.3.8.2.3","Composição Sinapi",86931,"VASO SANITÁRIO SIFONADO COM CAIXA ACOPLADA LOUÇA BRANCA, INCLUSO ENGATE FLEXÍVEL EM PLÁSTICO BRANCO, 1/2  X 40CM - FORNECIMENTO E INSTALAÇÃO. AF_01/2020","UN",18,{"$f":"VLOOKUP(D406,'CPU (sem des)'!B:I,8,FALSE)","v":467.89},{"$f":"$N$4","v":0.23957567779569877},579.98506388382953,{"$f":"VLOOKUP(D406,'CPU (des)'!B:I,8,FALSE)","v":464.37},{"$f":"$O$4","v":0.30260494954802231},604.89066042161517,10439.731149908932,10888.031887589073]
[null,"3.3.8.2.4","Insumo Sinapi",6016,"REGISTRO GAVETA BRUTO EM LATAO FORJADO, BITOLA 3/4 \" (REF 1509)","UN",6,{"$f":"VLOOKUP(D407,'Insumo SINAPI (sem des.)'!A:E,5,FALSE)","v":38.11},{"$f":"$N$5","v":0.14692012195121973},43.709125847560983,{"$f":"VLOOKUP(D407,'Insumos SINAPI (des)'!A:E,5,FALSE)","v":38.11},{"$f":"$O$5","v":0.20311109145345707},45.85056369529125,262.2547550853659,275.10338217174751]
[null,"3.3.8.2.5","Insumo Sinapi",6036,"REGISTRO DE ESFERA PVC, COM BORBOLETA, COM ROSCA EXTERNA, DE 1/2\"","UN",1,{"$f":"VLOOKUP(D408,'Insumo SINAPI (sem des.)'!A:E,5,FALSE)","v":15.32},{"$f":"$N$5","v":0.14692012195121973},17.570816268292688,{"$f":"VLOOKUP(D408,'Insumos SINAPI (des)'!A:E,5,FALSE)","v":15.32},{"$f":"$O$5","v":0.20311109145345707},18.431661921066961,17.570816268292688,18.431661921066961]
[null,"3.3.8.2.6","Composição Sinapi",86884,"ENGATE FLEXÍVEL EM PLÁSTICO BRANCO, 1/2\" X 30CM - FORNECIMENTO E INSTALAÇÃO. AF_01/2020","UN",8,{"$f":"VLOOKUP(D409,'CPU (sem des)'!B:I,8,FALSE)","v":10.36},{"$f":"$N$4","v":0.23957567779569877},12.842004021963438,{"$f":"VLOOKUP(D409,'CPU (des)'!B:I,8,FALSE)","v":9.84},{"$f":"$O$4","v":0.30260494954802231},12.817632703552539,102.73603217570751,102.54106162842031]
[null,"3.3.8.2.7","Composição Sinapi",86885,"ENGATE FLEXÍVEL EM COBRE, 1/2\" X 30CM - FORNECIMENTO E INSTALAÇÃO. AF_01/2020","UN",7,{"$f":"VLOOKUP(D410,'CPU (sem des)'!B:I,8,FALSE)","v":11.92},{"$f":"$N$4","v":0.23957567779569877},14.775742079324729,{"$f":"VLOOKUP(D410,'CPU (des)'!B:I,8,FALSE)","v":11.4},{"$f":"$O$4","v":0.30260494954802231},14.849696424847455,103.4301945552731,103.94787497393219]
[null,"3.3.8.2.8","Insumo Sinapi",7139,"TE SOLDAVEL, PVC, 90 GRAUS, 25 MM, PARA AGUA FRIA PREDIAL (NBR 5648)","UN",30,{"$f":"VLOOKUP(D411,'Insumo SINAPI (sem des.)'!A:E,5,FALSE)","v":1.25},{"$f":"$N$5","v":0.14692012195121973},1.4336501524390246,{"$f":"VLOOKUP(D411,'Insumos SINAPI (des)'!A:E,5,FALSE)","v":1.25},{"$f":"$O$5","v":0.20311109145345707},1.5038888643168213,43.009504573170737,45.116665929504641]
[null,"3.3.8.2.9","Composição Sinapi",92694,"NIPLE, EM FERRO GALVANIZADO, CONEXÃO ROSQUEADA, DN 20 (3/4\"), INSTALADO EM RAMAIS E SUB-RAMAIS DE GÁS - FORNECIMENTO E INSTALAÇÃO. AF_10/2020","UN",2,{"$f":"VLOOKUP(D412,'CPU (sem des)'!B:I,8,FALSE)","v":21.25},{"$f":"$N$4","v":0.23957567779569877},26.3409831531586,{"$f":"VLOOKUP(D412,'CPU (des)'!B:I,8,FALSE)","v":19.78},{"$f":"$O$4","v":0.30260494954802231},25.765525902059881,52.6819663063172,51.531051804119762]
[null,"3.3.8.2.10","Insumo Sinapi",767,"BUCHA DE REDUCAO DE FERRO GALVANIZADO, COM ROSCA BSP, DE 1 1/2\" X 3/4\"","UN",1,{"$f":"VLOOKUP(D413,'Insumo SINAPI (sem des.)'!A:E,5,FALSE)","v":23.11},{"$f":"$N$5","v":0.14692012195121973},26.505324018292686,{"$f":"VLOOKUP(D413,'Insumos SINAPI (des)'!A:E,5,FALSE)","v":23.11},{"$f":"$O$5","v":0.20311109145345707},27.803897323489391,26.505324018292686,27.803897323489391]
[null,"3.3.8.2.11","Insumo Sinapi",3908,"LUVA DE FERRO GALVANIZADO, COM ROSCA BSP, DE 1/2\"","UN",1,{"$f":"VLOOKUP(D414,'Insumo SINAPI (sem des.)'!A:E,5,FALSE)","v":6.76},{"$f":"$N$5","v":0.14692012195121973},7.7531800243902449,{"$f":"VLOOKUP(D414,'Insumos SINAPI (des)'!A:E,5,FALSE)","v":6.76},{"$f":"$O$5","v":0.20311109145345707},8.1330309782253689,7.7531800243902449,8.1330309782253689]
[null,"3.3.8.2.12","Insumo Sinapi",13415,"TORNEIRA DE MESA/BANCADA, PARA LAVATORIO, FIXA, METALICA CROMADA, PADRAO POPULAR, 1/2 \" OU 3/4 \" (REF 1193)","UN",9,{"$f":"VLOOKUP(D415,'Insumo SINAPI (sem des.)'!A:E,5,FALSE)","v":110.8},{"$f":"$N$5","v":0.14692012195121973},127.07874951219515,{"$f":"VLOOKUP(D415,'Insumos SINAPI (des)'!A:E,5,FALSE)","v":110.8},{"$f":"$O$5","v":0.20311109145345707},133.30470893304303,1143.7087456097563,1199.7423803973873]
[null,"3.3.8.2.13","Composição Sinapi",86911,"TORNEIRA CROMADA LONGA, DE PAREDE, 1/2\" OU 3/4\", PARA PIA DE COZINHA, PADRÃO POPULAR - FORNECIMENTO E INSTALAÇÃO. AF_01/2020","UN",4,{"$f":"VLOOKUP(D416,'CPU (sem des)'!B:I,8,FALSE)","v":132.83000000000001},{"$f":"$N$4","v":0.23957567779569877},164.65283728160267,{"$f":"VLOOKUP(D416,'CPU (des)'!B:I,8,FALSE)","v":132.44},{"$f":"$O$4","v":0.30260494954802231},172.51699951814007,658.61134912641069,690.06799807256027]
[null,"3.3.8.2.14","Composição Sinapi",92688,"TUBO DE AÇO GALVANIZADO COM COSTURA, CLASSE MÉDIA, CONEXÃO ROSQUEADA, DN 20 (3/4\"), INSTALADO EM RAMAIS E SUB-RAMAIS DE GÁS - FORNECIMENTO E INSTALAÇÃO. AF_10/2020","M",0.97,{"$f":"VLOOKUP(D417,'CPU (sem des)'!B:I,8,FALSE)","v":36.409999999999997},{"$f":"$N$4","v":0.23957567779569877},45.132950428541385,{"$f":"VLOOKUP(D417,'CPU (des)'!B:I,8,FALSE)","v":34.94},{"$f":"$O$4","v":0.30260494954802231},45.513016937207894,43.778961915685144,44.147626429091659]
[null,"3.3.8.2.15","Composição Sinapi",97536,"TUBO DE AÇO GALVANIZADO COM COSTURA, CLASSE MÉDIA, CONEXÃO ROSQUEADA, DN 25 (1\"), INSTALADO EM RAMAIS  E SUB-RAMAIS DE GÁS - FORNECIMENTO E INSTALAÇÃO. AF_10/2020","M",4.3499999999999996,{"$f":"VLOOKUP(D418,'CPU (sem des)'!B:I,8,FALSE)","v":55.79},{"$f":"$N$4","v":0.23957567779569877},69.155927064222027,{"$f":"VLOOKUP(D418,'CPU (des)'!B:I,8,FALSE)","v":53.4},{"$f":"$O$4","v":0.30260494954802231},69.559104305864395,300.82828272936581,302.58210373051008]
[null,"3.3.8.2.16","Composição Sinapi",100859,"MICTÓRIO SIFONADO LOUÇA BRANCA PARA ENTRADA DE ÁGUA EMBUTIDA - PADRÃO ALTO - FORNECIMENTO E INSTALAÇÃO. AF_01/2020","UN",2,{"$f":"VLOOKUP(D419,'CPU (sem des)'!B:I,8,FALSE)","v":936.09},{"$f":"$N$4","v":0.23957567779569877},1160.3543962277756,{"$f":"VLOOKUP(D419,'CPU (des)'!B:I,8,FALSE)","v":928.96},{"$f":"$O$4","v":0.30260494954802231},1210.0678939321308,2320.7087924555512,2420.1357878642616]
[null,"3.3.8.2.17","Insumo Sinapi",3542,"JOELHO PVC, SOLDAVEL, 90 GRAUS, 20 MM, COR MARROM, PARA AGUA FRIA PREDIAL","UN",1,{"$f":"VLOOKUP(D420,'Insumo SINAPI (sem des.)'!A:E,5,FALSE)","v":0.62},{"$f":"$N$5","v":0.14692012195121973},0.71109047560975625,{"$f":"VLOOKUP(D420,'Insumos SINAPI (des)'!A:E,5,FALSE)","v":0.62},{"$f":"$O$5","v":0.20311109145345707},0.74592887670114338,0.71109047560975625,0.74592887670114338]
[null,"3.3.8.2.18","Insumo Sinapi",3505,"JOELHO PVC, ROSCAVEL, 90 GRAUS, 3/4\", COR BRANCA, PARA AGUA FRIA PREDIAL","UN",3,{"$f":"VLOOKUP(D421,'Insumo SINAPI (sem des.)'!A:E,5,FALSE)","v":2.73},{"$f":"$N$5","v":0.14692012195121973},3.1310919329268296,{"$f":"VLOOKUP(D421,'Insumos SINAPI (des)'!A:E,5,FALSE)","v":2.73},{"$f":"$O$5","v":0.20311109145345707},3.2844932796679376,9.3932757987804898,9.8534798390038123]
[null,"3.3.8.2.19","Insumo Sinapi",3496,"JOELHO DE REDUCAO, PVC, ROSCAVEL, 90 GRAUS, 3/4\" X 1/2\", COR BRANCA, PARA AGUA FRIA PREDIAL","UN",5,{"$f":"VLOOKUP(D422,'Insumo SINAPI (sem des.)'!A:E,5,FALSE)","v":3.5},{"$f":"$N$5","v":0.14692012195121973},4.0142204268292687,{"$f":"VLOOKUP(D422,'Insumos SINAPI (des)'!A:E,5,FALSE)","v":3.5},{"$f":"$O$5","v":0.20311109145345707},4.2108888200870993,20.071102134146344,21.054444100435497]
[null,"3.3.8.2.20","Insumo Sinapi",9856,"TUBO PVC, ROSCAVEL, 1/2\", AGUA FRIA PREDIAL","M",0.28000000000000003,{"$f":"VLOOKUP(D423,'Insumo SINAPI (sem des.)'!A:E,5,FALSE)","v":8.27},{"$f":"$N$5","v":0.14692012195121973},9.4850294085365867,{"$f":"VLOOKUP(D423,'Insumos SINAPI (des)'!A:E,5,FALSE)","v":8.27},{"$f":"$O$5","v":0.20311109145345707},9.9497287263200889,2.6558082343902445,2.7859240433696253]
[null,"3.3.8.2.21","Composição Sinapi",89376,"ADAPTADOR CURTO COM BOLSA E ROSCA PARA REGISTRO, PVC, SOLDÁVEL, DN 20MM X 1/2 , INSTALADO EM RAMAL OU SUB-RAMAL DE ÁGUA - FORNECIMENTO E INSTALAÇÃO. AF_06/2022","UN",1,{"$f":"VLOOKUP(D424,'CPU (sem des)'!B:I,8,FALSE)","v":4.92},{"$f":"$N$4","v":0.23957567779569877},6.098712334754838,{"$f":"VLOOKUP(D424,'CPU (des)'!B:I,8,FALSE)","v":4.5199999999999996},{"$f":"$O$4","v":0.30260494954802231},5.8877743719570601,6.098712334754838,5.8877743719570601]
[null,"3.3.8.2.22","Composição Sinapi",89383,"ADAPTADOR CURTO COM BOLSA E ROSCA PARA REGISTRO, PVC, SOLDÁVEL, DN 25MM X 3/4 , INSTALADO EM RAMAL OU SUB-RAMAL DE ÁGUA - FORNECIMENTO E INSTALAÇÃO. AF_06/2022","UN",10,{"$f":"VLOOKUP(D425,'CPU (sem des)'!B:I,8,FALSE)","v":5.72},{"$f":"$N$4","v":0.23957567779569877},7.0903728769913963,{"$f":"VLOOKUP(D425,'CPU (des)'!B:I,8,FALSE)","v":5.25},{"$f":"$O$4","v":0.30260494954802231},6.8386759851271171,70.903728769913968,68.386759851271165]
[null,"3.3.8.2.23","Insumo Orse",124,"Adaptador pvc rigido soldavel c/ flanges livres p/ caixa agua d=  50mm x 1 1/2\"","UN",1,{"$f":"VLOOKUP(D426,'CPU (sem des)'!B:I,8,FALSE)","v":683.86},{"$f":"$N$5","v":0.14692012195121973},784.33279459756113,{"$f":"VLOOKUP(D426,'CPU (des)'!B:I,8,FALSE)","v":672.52},{"$f":"$O$5","v":0.20311109145345707},809.11627122427888,784.33279459756113,809.11627122427888]
[null,"3.3.8.2.24","Insumo Sinapi",9867,"TUBO PVC, SOLDAVEL, DE 20 MM, AGUA FRIA (NBR-5648)","M",41.92,{"$f":"VLOOKUP(D427,'Insumo SINAPI (sem des.)'!A:E,5,FALSE)","v":3.84},0.14692012195121973,4.4041732682926833,{"$f":"VLOOKUP(D427,'Insumos SINAPI (des)'!A:E,5,FALSE)","v":3.84},0.20311109145345707,4.6199465911812752,184.62294340682928,193.66816110231906]
[null,"3.3.8.2.25","Insumo Sinapi",9868,"TUBO PVC, SOLDAVEL, DE 25 MM, AGUA FRIA (NBR-5648)","M",58.61,{"$f":"VLOOKUP(D428,'Insumo SINAPI (sem des.)'!A:E,5,FALSE)","v":4.33},0.14692012195121973,4.9661641280487814,{"$f":"VLOOKUP(D428,'Insumos SINAPI (des)'!A:E,5,FALSE)","v":4.33},0.20311109145345707,5.2094710259934693,291.06687954493907,305.32709683347724]
[null,"3.3.8.2.26","Insumo Sinapi",9869,"TUBO PVC, SOLDAVEL, DE 32 MM, AGUA FRIA (NBR-5648)","M",18.739999999999998,{"$f":"VLOOKUP(D429,'Insumo SINAPI (sem des.)'!A:E,5,FALSE)","v":9.34},0.14692012195121973,10.712233939024392,{"$f":"VLOOKUP(D429,'Insumos SINAPI (des)'!A:E,5,FALSE)","v":9.34},0.20311109145345707,11.237057594175289,200.74726401731709,210.5824593148449]
[null,"3.3.8.2.27","Insumo Sinapi",3524,"JOELHO PVC, SOLDAVEL, COM BUCHA DE LATAO, 90 GRAUS, 25 MM X 3/4\", PARA AGUA FRIA PREDIAL","UN",4,{"$f":"VLOOKUP(D430,'Insumo SINAPI (sem des.)'!A:E,5,FALSE)","v":8.4},0.14692012195121973,9.634129024390246,{"$f":"VLOOKUP(D430,'Insumos SINAPI (des)'!A:E,5,FALSE)","v":8.4},0.20311109145345707,10.106133168209039,38.536516097560984,40.424532672836158]
[null,"3.3.8.2.28","Insumo Sinapi",20147,"JOELHO PVC, SOLDAVEL, COM BUCHA DE LATAO, 90 GRAUS, 25 MM X 1/2\", PARA AGUA FRIA PREDIAL","UN",10,{"$f":"VLOOKUP(D431,'Insumo SINAPI (sem des.)'!A:E,5,FALSE)","v":5.58},0.14692012195121973,6.3998142804878064,{"$f":"VLOOKUP(D431,'Insumos SINAPI (des)'!A:E,5,FALSE)","v":5.58},0.20311109145345707,6.7133598903102909,63.998142804878064,67.133598903102907]
[null,"3.3.8.2.29","Insumo Sinapi",3521,"JOELHO PVC, SOLDAVEL COM ROSCA, 90 GRAUS, 20 MM X 1/2\", COR MARROM, PARA AGUA FRIA PREDIAL","UN",3,{"$f":"VLOOKUP(D432,'Insumo SINAPI (sem des.)'!A:E,5,FALSE)","v":2.06},0.14692012195121973,2.3626554512195126,{"$f":"VLOOKUP(D432,'Insumos SINAPI (des)'!A:E,5,FALSE)","v":2.06},0.20311109145345707,2.4784088483941216,7.0879663536585378,7.4352265451823651]
[null,"3.3.8.2.30","Insumo Orse",462,"Caixa d'agua fibra vidro  3.000 litros - Fortlev-Torres (ou similar)","UN",2,{"$f":"VLOOKUP(D433,'Insumos ORSE (sem des)'!B:G,6,FALSE)","v":1175.9000000000001},0.14692012195121973,1348.6633714024395,{"$f":"VLOOKUP(D433,'Insumos ORSE (des)'!B:G,6,FALSE)","v":1175.9000000000001},0.20311109145345707,1414.7383324401203,2697.3267428048789,2829.4766648802406]
[null,"3.3.8.3","Projeto de Prevenção de Incêndio",null,null,null,1,{"$nulls":6},{"$f":"SUM(N435:N439)","v":33589.630333949812},{"$f":"SUM(O435:O439)","v":35054.908770315546}]
[null,"3.3.8.3.1","Composição Sinapi",96765,"ABRIGO PARA HIDRANTE, 90X60X17CM, COM REGISTRO GLOBO ANGULAR 45 GRAUS 2 1/2\", ADAPTADOR STORZ 2 1/2\", MANGUEIRA DE INCÊNDIO 20M, REDUÇÃO 2 1/2\" X 1 1/2\" E ESGUICHO EM LATÃO 1 1/2\" - FORNECIMENTO E INSTALAÇÃO. AF_10/2020","UN",8,{"$f":"VLOOKUP(D435,'CPU (sem des)'!B:I,8,FALSE)","v":1739.51},{"$f":"$N$4","v":0.23957567779569877},{"$f":"H435*(1+I435)","v":2156.254287282396},{"$f":"VLOOKUP(D435,'CPU (des)'!B:I,8,FALSE)","v":1724.44},{"$f":"$O$4","v":0.30260494954802231},{"$f":"K435*(1+L435)","v":2246.2640791985918},{"$f":"J435*G435","v":17250.034298259168},{"$f":"M435*G435","v":17970.112633588735}]
[null,"3.3.8.3.2","Composição Sinapi",97599,"LUMINÁRIA DE EMERGÊNCIA, COM 30 LÂMPADAS LED DE 2 W, SEM REATOR - FORNECIMENTO E INSTALAÇÃO. AF_02/2020","UN",12,{"$f":"VLOOKUP(D436,'CPU (sem des)'!B:I,8,FALSE)","v":27.41},{"$f":"$N$4","v":0.23957567779569877},{"$f":"H436*(1+I436)","v":33.976769328380101},{"$f":"VLOOKUP(D436,'CPU (des)'!B:I,8,FALSE)","v":26.65},{"$f":"$O$4","v":0.30260494954802231},{"$f":"K436*(1+L436)","v":34.714421905454792},{"$f":"J436*G436","v":407.72123194056121},416.57306286545747]
[null,"3.3.8.3.3","Composição Sinapi",101910,"EXTINTOR DE INCÊNDIO PORTÁTIL COM CARGA DE PQS DE 8 KG, CLASSE BC - FORNECIMENTO E INSTALAÇÃO. AF_10/2020_P","UN",24,{"$f":"VLOOKUP(D437,'CPU (sem des)'!B:I,8,FALSE)","v":485.12},{"$f":"$N$4","v":0.23957567779569877},{"$f":"H437*(1+I437)","v":601.34295281224945},{"$f":"VLOOKUP(D437,'CPU (des)'!B:I,8,FALSE)","v":482.85},{"$f":"$O$4","v":0.30260494954802231},{"$f":"K437*(1+L437)","v":628.96279988926256},{"$f":"J437*G437","v":14432.230867493987},15095.107197342302]
[null,"3.3.8.3.4","Insumo Sinapi",37557,"PLACA DE SINALIZACAO DE SEGURANCA CONTRA INCENDIO, FOTOLUMINESCENTE, QUADRADA, *14 X 14* CM, EM PVC *2* MM ANTI-CHAMAS (SIMBOLOS, CORES E PICTOGRAMAS CONFORME NBR 16820)","UN",30,{"$f":"VLOOKUP(D438,'Insumo SINAPI (sem des.)'!A:E,5,FALSE)","v":23.91},{"$f":"$N$5","v":0.14692012195121973},{"$f":"H438*(1+I438)","v":27.422860115853663},{"$f":"VLOOKUP(D438,'Insumos SINAPI (des)'!A:E,5,FALSE)","v":23.91},{"$f":"$O$5","v":0.20311109145345707},{"$f":"K438*(1+L438)","v":28.76638619665216},{"$f":"J438*G438","v":822.68580347560987},862.99158589956483]
[null,"3.3.8.3.5","Insumo Sinapi",38774,"LUMINARIA DE EMERGENCIA 30 LEDS, POTENCIA 2 W, BATERIA DE LITIO, AUTONOMIA DE 6 HORAS","UN",28,{"$f":"VLOOKUP(D439,'Insumo SINAPI (sem des.)'!A:E,5,FALSE)","v":21.08},{"$f":"$N$5","v":0.14692012195121973},{"$f":"H439*(1+I439)","v":24.177076170731709},{"$f":"VLOOKUP(D439,'Insumos SINAPI (des)'!A:E,5,FALSE)","v":21.08},{"$f":"$O$5","v":0.20311109145345707},{"$f":"K439*(1+L439)","v":25.361581807838874},{"$f":"J439*G439","v":676.95813278048786},710.12429061948842]
[null,"3.3.8.4","Pintura",null,null,null,1,{"$nulls":6},{"$f":"SUM(N441:N442)","v":59266.42186511225},{"$f":"SUM(O441:O442)","v":56152.966409550609}]
[null,"3.3.8.4.1","Composição Sinapi",88485,"APLICAÇÃO DE FUNDO SELADOR ACRÍLICO EM PAREDES, UMA DEMÃO. AF_06/2014","M2",1722.95,{"$f":"VLOOKUP(D441,'CPU (sem des)'!B:I,8,FALSE)","v":2.99},{"$f":"$N$4","v":0.23957567779569877},{"$f":"H441*(1+I441)","v":3.7063312766091396},{"$f":"VLOOKUP(D441,'CPU (des)'!B:I,8,FALSE)","v":2.76},{"$f":"$O$4","v":0.30260494954802231},{"$f":"K441*(1+L441)","v":3.5951896607525411},{"$f":"J441*G441","v":6385.8234730337172},{"$f":"M441*G441","v":6194.3320259935908}]
[null,"3.3.8.4.2","Composição Sinapi",100754,"PINTURA COM TINTA ACRÍLICA DE ACABAMENTO APLICADA A ROLO OU PINCEL (EXCETO PERFIL) EXECUTADO EM OBRA (02 DEMÃOS). AF_01/2020","M2",1722.95,{"$f":"VLOOKUP(D442,'CPU (sem des)'!B:I,8,FALSE)","v":24.76},{"$f":"$N$4","v":0.23957567779569877},{"$f":"H442*(1+I442)","v":30.691893782221502},{"$f":"VLOOKUP(D442,'CPU (des)'!B:I,8,FALSE)","v":22.26},{"$f":"$O$4","v":0.30260494954802231},{"$f":"K442*(1+L442)","v":28.995986176938978},{"$f":"J442*G442","v":52880.598392078537},49958.634383557015]
[null,"3.3.8.5","Serviços Complementares",null,null,null,1,{"$nulls":6},{"$f":"SUM(N444)","v":9904.2096655876339},{"$f":"SUM(O444)","v":9566.3307494806759}]
[null,"3.3.8.5.1","Composição Orse",2450,"Limpeza geral","M2",3400,{"$f":"VLOOKUP(D444,'CPU (sem des)'!B:I,8,FALSE)","v":2.35},{"$f":"$N$4","v":0.23957567779569877},{"$f":"H444*(1+I444)","v":2.9130028428198922},{"$f":"VLOOKUP(D444,'CPU (des)'!B:I,8,FALSE)","v":2.16},{"$f":"$O$4","v":0.30260494954802231},{"$f":"K444*(1+L444)","v":2.8136266910237282},{"$f":"J444*G444","v":9904.2096655876339},{"$f":"M444*G444","v":9566.3307494806759}]
[null,"3.3","Centro Cultural",{"$nulls":10},{"$f":"N446+N459+N460+N467+N474+N482+N483+N493+N501+N503+N516+N525+N531+N532+N571+N614+N659+N681+N682+N710+N734+N740+N744","v":2102190.6930987458},{"$f":"O446+O459+O460+O467+O474+O482+O483+O493+O501+O503+O516+O525+O531+O532+O571+O614+O659+O681+O682+O710+O734+O740+O744","v":2165790.546618341}]
[null,"3.3.1","Serviços Iniciais",null,null,null,1,{"$nulls":6},{"$f":"SUM(N447:N458)","v":165328.50859864819},{"$f":"SUM(O447:O458)","v":168821.82445346934}]
[null,"3.3.1.1","Composição Sinapi",98525,"LIMPEZA MECANIZADA DE CAMADA VEGETAL, VEGETAÇÃO E PEQUENAS ÁRVORES (DIÂMETRO DE TRONCO MENOR QUE 0,20 M), COM TRATOR DE ESTEIRAS.AF_05/2018","M2",400,{"$f":"VLOOKUP(D447,'CPU (sem des)'!B:I,8,FALSE)","v":0.34},{"$f":"$N$4","v":0.23957567779569877},{"$f":"H447*(1+I447)","v":0.42145573045053764},{"$f":"VLOOKUP(D447,'CPU (des)'!B:I,8,FALSE)","v":0.32},{"$f":"$O$4","v":0.30260494954802231},{"$f":"K447*(1+L447)","v":0.41683358385536717},{"$f":"J447*G447","v":168.58229218021506},{"$f":"M447*G447","v":166.73343354214688}]
[null,"3.3.1.2","Composição Sinapi",98526,"REMOÇÃO DE RAÍZES REMANESCENTES DE TRONCO DE ÁRVORE COM DIÂMETRO MAIOR OU IGUAL A 0,20 M E MENOR QUE 0,40 M.AF_05/2018","UN",7,{"$f":"VLOOKUP(D448,'CPU (sem des)'!B:I,8,FALSE)","v":68.23},0.23957567779569877,84.576248496000531,{"$f":"VLOOKUP(D448,'CPU (des)'!B:I,8,FALSE)","v":63.78},0.30260494954802231,83.08014368217286,592.03373947200373,581.56100577520999]
[null,"3.3.1.3","Composição Sinapi",98529,"CORTE RASO E RECORTE DE ÁRVORE COM DIÂMETRO DE TRONCO MAIOR OU IGUAL A 0,20 M E MENOR QUE 0,40 M.AF_05/2018","UN",7,{"$f":"VLOOKUP(D449,'CPU (sem des)'!B:I,8,FALSE)","v":53.15},0.23957567779569877,65.883447274841387,{"$f":"VLOOKUP(D449,'CPU (des)'!B:I,8,FALSE)","v":47.25},0.30260494954802231,61.548083866144054,461.18413092388971,430.83658706300838]
[null,"3.3.1.4","Composição Sinapi",101506,"ENTRADA DE ENERGIA ELÉTRICA, AÉREA, TRIFÁSICA, COM CAIXA DE SOBREPOR, CABO DE 16 MM2 E DISJUNTOR DIN 50A (NÃO INCLUSO O POSTE DE CONCRETO). AF_07/2020_P","UN",1,{"$f":"VLOOKUP(D450,'CPU (sem des)'!B:I,8,FALSE)","v":2178.19},0.23957567779569877,2700.0313456178133,{"$f":"VLOOKUP(D450,'CPU (des)'!B:I,8,FALSE)","v":2117.4},0.30260494954802231,2758.1357201729825,2700.0313456178133,2758.1357201729825]
[null,"3.3.1.5","Composição Sinapi",95636,"KIT CAVALETE PARA MEDIÇÃO DE ÁGUA - ENTRADA PRINCIPAL, EM AÇO GALVANIZADO DN 25 (1 )   FORNECIMENTO E INSTALAÇÃO (EXCLUSIVE HIDRÔMETRO). AF_11/2016","UN",1,{"$f":"VLOOKUP(D451,'CPU (sem des)'!B:I,8,FALSE)","v":357.28},0.23957567779569877,442.87559816284721,{"$f":"VLOOKUP(D451,'CPU (des)'!B:I,8,FALSE)","v":341.02},0.30260494954802231,444.21433989486655,442.87559816284721,444.21433989486655]
[null,"3.3.1.6","Composição Sinapi",99059,"LOCACAO CONVENCIONAL DE OBRA, UTILIZANDO GABARITO DE TÁBUAS CORRIDAS PONTALETADAS A CADA 2,00M -  2 UTILIZAÇÕES. AF_10/2018","M",319.44,{"$f":"VLOOKUP(D452,'CPU (sem des)'!B:I,8,FALSE)","v":47.35},0.23957567779569877,58.69390834362634,{"$f":"VLOOKUP(D452,'CPU (des)'!B:I,8,FALSE)","v":44.16},0.30260494954802231,57.523034572040658,18749.182081288,18375.158163692668]
[null,"3.3.1.7","Composição Sinapi",93582,"EXECUÇÃO DE CENTRAL DE ARMADURA EM CANTEIRO DE OBRA, NÃO INCLUSO MOBILIÁRIO E EQUIPAMENTOS. AF_04/2016","M2",40,{"$f":"VLOOKUP(D453,'CPU (sem des)'!B:I,8,FALSE)","v":262.36},0.23957567779569877,325.21507482647957,{"$f":"VLOOKUP(D453,'CPU (des)'!B:I,8,FALSE)","v":255.24},0.30260494954802231,332.47688732263725,13008.602993059183,13299.075492905489]
[null,"3.3.1.8","Composição Sinapi",98458,"TAPUME COM COMPENSADO DE MADEIRA. AF_05/2018","M2",894.43,{"$f":"VLOOKUP(D454,'CPU (sem des)'!B:I,8,FALSE)","v":108.91},0.23957567779569877,135.00218706872954,{"$f":"VLOOKUP(D454,'CPU (des)'!B:I,8,FALSE)","v":106.71},0.30260494954802231,139.00097416626946,120750.00617988376,124326.64132353639]
[null,"3.3.1.9","Composição Sinapi",102207,"PINTURA TINTA DE ACABAMENTO (PIGMENTADA) A ÓLEO EM MADEIRA, 1 DEMÃO. AF_01/2021","M2",610.24,{"$f":"VLOOKUP(D455,'CPU (sem des)'!B:I,8,FALSE)","v":7},0.23957567779569877,8.6770297445698912,{"$f":"VLOOKUP(D455,'CPU (des)'!B:I,8,FALSE)","v":6.47},0.30260494954802231,8.4278540235757031,5295.0706313263308,5143.0136393468374]
[null,"3.3.1.10","Insumo Sinapi",4813,"PLACA DE OBRA (PARA CONSTRUCAO CIVIL) EM CHAPA GALVANIZADA *N. 22*, ADESIVADA, DE *2,0 X 1,125* M (SEM POSTES PARA FIXACAO)","M2",4.5,{"$f":"VLOOKUP(D456,'Insumo SINAPI (sem des.)'!A:E,5,FALSE)","v":250},{"$f":"$N$5","v":0.14692012195121973},286.73003048780492,{"$f":"VLOOKUP(D456,'Insumos SINAPI (des)'!A:E,5,FALSE)","v":250},{"$f":"$O$5","v":0.20311109145345707},300.77777286336425,1290.2851371951222,1353.4999778851391]
[null,"3.3.1.11","Insumo Sinapi",4813,"PLACA DE OBRA (PARA CONSTRUCAO CIVIL) EM CHAPA GALVANIZADA *N. 22*, ADESIVADA, DE *2,0 X 1,125* M (SEM POSTES PARA FIXACAO)","M2",4.5,{"$f":"VLOOKUP(D457,'Insumo SINAPI (sem des.)'!A:E,5,FALSE)","v":250},{"$f":"$N$5","v":0.14692012195121973},286.73003048780492,{"$f":"VLOOKUP(D457,'Insumos SINAPI (des)'!A:E,5,FALSE)","v":250},{"$f":"$O$5","v":0.20311109145345707},300.77777286336425,1290.2851371951222,1353.4999778851391]
[null,"3.3.1.12","Composição Orse",8646,"Poste galvanizado com 5m para instalação de câmera de segurança p/penitenciária","UN",1,{"$f":"VLOOKUP(D458,'CPU (sem des)'!B:I,8,FALSE)","v":468.2},{"$f":"$N$4","v":0.23957567779569877},580.3693323439461,{"$f":"VLOOKUP(D458,'CPU (des)'!B:I,8,FALSE)","v":452.52},{"$f":"$O$4","v":0.30260494954802231},589.45479176947106,580.3693323439461,589.45479176947106]
[null,"3.3.2","InfraEstrutura",null,null,null,1]
[null,"3.3.2.1","Estacas",null,null,null,1,{"$nulls":6},{"$f":"SUM(N461:N466)","v":68710.836840153235},{"$f":"SUM(O461:O466)","v":71509.928985312828}]
[null,"3.3.2.1.1","Composição Própria","1.1","MOBILIZAÇÃO ","UN",1,{"$f":"'CPU Própria (sem des)'!$K$28","v":1500},{"$f":"$N$4","v":0.23957567779569877},{"$f":"H461*(1+I461)","v":1859.3635166935483},{"$f":"'CPU Própria (des)'!$J$28","v":1500},{"$f":"$O$4","v":0.30260494954802231},{"$f":"K461*(1+L461)","v":1953.9074243220334},{"$f":"J461*G461","v":1859.3635166935483},{"$f":"M461*G461","v":1953.9074243220334}]
[null,"3.3.2.1.2","Composição Sinapi",100651,"ESTACA HÉLICE CONTÍNUA, DIÂMETRO DE 30 CM, INCLUSO CONCRETO FCK=30MPA E ARMADURA MÍNIMA (EXCLUSIVE MOBILIZAÇÃO, DESMOBILIZAÇÃO E BOMBEAMENTO). AF_12/2019","M",150,{"$f":"VLOOKUP(D462,'CPU (sem des)'!B:I,8,FALSE)","v":164.61},0.23957567779569877,204.04655232195,{"$f":"VLOOKUP(D462,'CPU (des)'!B:I,8,FALSE)","v":163.19999999999999},0.30260494954802231,212.58512776623724,30606.9828482925,31887.769164935584]
[null,"3.3.2.1.3","Composição Orse",8629,"Execução de estaca hélice contínua monitorada Ø 400mm, concreto fck=30Mpa, inclusive aço, bombeamento; exclusive mobilização e desmobilização de equipamento e bate-estacas","M",50,{"$f":"VLOOKUP(D463,'CPU (sem des)'!B:I,8,FALSE)","v":302.87},0.23957567779569877,375.43028553398329,{"$f":"VLOOKUP(D463,'CPU (des)'!B:I,8,FALSE)","v":297.55},0.30260494954802231,387.59010273801402,18771.514276699163,19379.505136900701]
[null,"3.3.2.1.4","Composição Sinapi",100652,"ESTACA HÉLICE CONTÍNUA , DIÂMETRO DE 50 CM, INCLUSO CONCRETO FCK=30MPA E ARMADURA MÍNIMA (EXCLUSIVE MOBILIZAÇÃO, DESMOBILIZAÇÃO E BOMBEAMENTO). AF_12/2019","M",30,{"$f":"VLOOKUP(D464,'CPU (sem des)'!B:I,8,FALSE)","v":328.01},0.23957567779569877,406.59321807376716,{"$f":"VLOOKUP(D464,'CPU (des)'!B:I,8,FALSE)","v":326.14999999999998},0.30260494954802231,424.84460429508744,12197.796542213015,12745.338128852623]
[null,"3.3.2.1.5","Composição Orse",129,"Bombeamento de concreto","M3",59.21,46.54,0.23957567779569877,57.689852044611818,46.54,0.30260494954802231,60.62323435196496,3415.8161395614657,3589.5017059798452]
[null,"3.3.2.1.6","Composição Própria","1.1","DESMOBILIZAÇÃO","UN",1,{"$f":"'CPU Própria (sem des)'!$K$28","v":1500},0.23957567779569877,1859.3635166935483,{"$f":"'CPU Própria (des)'!$J$28","v":1500},0.30260494954802231,1953.9074243220334,1859.3635166935483,1953.9074243220334]
[null,"3.3.2.2","Blocos de Fundação",null,null,null,1,{"$nulls":6},{"$f":"SUM(N468:N473)","v":16050.952830790566},{"$f":"SUM(O468:O473)","v":16337.327158983631}]
[null,"3.3.2.2.1","Composição Sinapi",96523,"ESCAVAÇÃO MANUAL PARA BLOCO DE COROAMENTO OU SAPATA, COM PREVISÃO DE FÔRMA. AF_06/2017","M3",11.45,{"$f":"VLOOKUP(D468,'CPU (sem des)'!B:I,8,FALSE)","v":80.62},{"$f":"$N$4","v":0.23957567779569877},{"$f":"H468*(1+I468)","v":99.934591143889236},{"$f":"VLOOKUP(D468,'CPU (des)'!B:I,8,FALSE)","v":71.430000000000007},{"$f":"$O$4","v":0.30260494954802231},{"$f":"K468*(1+L468)","v":93.04507154621524},{"$f":"J468*G468","v":1144.2510685975317},{"$f":"M468*G468","v":1065.3660692041644}]
[null,"3.3.2.2.2","Composição Sinapi",96621,"LASTRO COM MATERIAL GRANULAR, APLICAÇÃO EM BLOCOS DE COROAMENTO, ESPESSURA DE *5 CM*. AF_08/2017","M3",2.58,{"$f":"VLOOKUP(D469,'CPU (sem des)'!B:I,8,FALSE)","v":404.83},0.23957567779569877,501.81742164203274,{"$f":"VLOOKUP(D469,'CPU (des)'!B:I,8,FALSE)","v":393.24},0.30260494954802231,512.23637036026435,1294.6889478364444,1321.5698355294821]
[null,"3.3.2.2.3","Composição Sinapi",96534,"FABRICAÇÃO, MONTAGEM E DESMONTAGEM DE FÔRMA PARA BLOCO DE COROAMENTO, EM MADEIRA SERRADA, E=25 MM, 4 UTILIZAÇÕES. AF_06/2017","M2",46.1,{"$f":"VLOOKUP(D470,'CPU (sem des)'!B:I,8,FALSE)","v":71.709999999999994},0.23957567779569877,88.889971854729552,{"$f":"VLOOKUP(D470,'CPU (des)'!B:I,8,FALSE)","v":66.47},0.30260494954802231,86.584150996457041,4097.8277025030329,3991.5293609366695]
[null,"3.3.2.2.4","Composição Sinapi",96557,"CONCRETAGEM DE BLOCOS DE COROAMENTO E VIGAS BALDRAMES, FCK 30 MPA, COM USO DE BOMBA - LANÇAMENTO, ADENSAMENTO E ACABAMENTO. AF_06/2017","M3",8.3000000000000007,{"$f":"VLOOKUP(D471,'CPU (sem des)'!B:I,8,FALSE)","v":896.08},0.23957567779569877,1110.7589733591699,{"$f":"VLOOKUP(D471,'CPU (des)'!B:I,8,FALSE)","v":894.03},0.30260494954802231,1164.5679030444182,9219.2994788811102,9665.913595268672]
[null,"3.3.2.2.5","Composição Sinapi",93382,"REATERRO MANUAL DE VALAS COM COMPACTAÇÃO MECANIZADA. AF_04/2016","M3",5.56,{"$f":"VLOOKUP(D472,'CPU (sem des)'!B:I,8,FALSE)","v":20.54},0.23957567779569877,25.460884421923652,{"$f":"VLOOKUP(D472,'CPU (des)'!B:I,8,FALSE)","v":18.52},0.30260494954802231,24.124243665629372,141.56251738589549,134.13079478089929]
[null,"3.3.2.2.6","Composição Sinapi",95427,"TRANSPORTE COM CAMINHÃO BASCULANTE DE 18 M³, EM VIA URBANA PAVIMENTADA, ADICIONAL PARA DMT EXCEDENTE A 30 KM (UNIDADE: M3XKM). AF_07/2020","M3XKM",176.7,{"$f":"VLOOKUP(D473,'CPU (sem des)'!B:I,8,FALSE)","v":0.7},0.23957567779569877,0.86770297445698907,{"$f":"VLOOKUP(D473,'CPU (des)'!B:I,8,FALSE)","v":0.69},0.30260494954802231,0.89879741518813527,153.32311558654996,158.8175032637435]
[null,"3.3.2.3","Viga Baldrame",null,null,null,1,{"$nulls":6},{"$f":"SUM(N475:N481)","v":31006.912727310275},{"$f":"SUM(O475:O481)","v":31525.301231515048}]
[null,"3.3.2.3.1","Composição Sinapi",96523,"ESCAVAÇÃO MANUAL PARA BLOCO DE COROAMENTO OU SAPATA, COM PREVISÃO DE FÔRMA. AF_06/2017","M3",10.98,{"$f":"VLOOKUP(D475,'CPU (sem des)'!B:I,8,FALSE)","v":80.62},{"$f":"$N$4","v":0.23957567779569877},{"$f":"H475*(1+I475)","v":99.934591143889236},{"$f":"VLOOKUP(D475,'CPU (des)'!B:I,8,FALSE)","v":71.430000000000007},{"$f":"$O$4","v":0.30260494954802231},{"$f":"K475*(1+L475)","v":93.04507154621524},{"$f":"J475*G475","v":1097.2818107599039},{"$f":"M475*G475","v":1021.6348855774434}]
[null,"3.3.2.3.2","Composição Sinapi",96621,"LASTRO COM MATERIAL GRANULAR, APLICAÇÃO EM BLOCOS DE COROAMENTO, ESPESSURA DE *5 CM*. AF_08/2017","M3",1.35,{"$f":"VLOOKUP(D476,'CPU (sem des)'!B:I,8,FALSE)","v":404.83},0.23957567779569877,501.81742164203274,{"$f":"VLOOKUP(D476,'CPU (des)'!B:I,8,FALSE)","v":393.24},0.30260494954802231,512.23637036026435,677.45351921674421,691.51909998635688]
[null,"3.3.2.3.3","Composição Sinapi",96536,"FABRICAÇÃO, MONTAGEM E DESMONTAGEM DE FÔRMA PARA VIGA BALDRAME, EM MADEIRA SERRADA, E=25 MM, 4 UTILIZAÇÕES. AF_06/2017","M2",127.7,{"$f":"VLOOKUP(D477,'CPU (sem des)'!B:I,8,FALSE)","v":61.12},0.23957567779569877,75.762865426873105,{"$f":"VLOOKUP(D477,'CPU (des)'!B:I,8,FALSE)","v":56.87},0.30260494954802231,74.07914348079602,9674.9179150116961,9459.9066224976523]
[null,"3.3.2.3.4","Composição Sinapi",96557,"CONCRETAGEM DE BLOCOS DE COROAMENTO E VIGAS BALDRAMES, FCK 30 MPA, COM USO DE BOMBA - LANÇAMENTO, ADENSAMENTO E ACABAMENTO. AF_06/2017","M3",10.1,{"$f":"VLOOKUP(D478,'CPU (sem des)'!B:I,8,FALSE)","v":896.08},0.23957567779569877,1110.7589733591699,{"$f":"VLOOKUP(D478,'CPU (des)'!B:I,8,FALSE)","v":894.03},0.30260494954802231,1164.5679030444182,11218.665630927615,11762.135820748625]
[null,"3.3.2.3.5","Composição Sinapi",93382,"REATERRO MANUAL DE VALAS COM COMPACTAÇÃO MECANIZADA. AF_04/2016","M3",4.91,{"$f":"VLOOKUP(D479,'CPU (sem des)'!B:I,8,FALSE)","v":20.54},0.23957567779569877,25.460884421923652,{"$f":"VLOOKUP(D479,'CPU (des)'!B:I,8,FALSE)","v":18.52},0.30260494954802231,24.124243665629372,125.01294251164514,118.45003639824021]
[null,"3.3.2.3.6","Composição Sinapi",95427,"TRANSPORTE COM CAMINHÃO BASCULANTE DE 18 M³, EM VIA URBANA PAVIMENTADA, ADICIONAL PARA DMT EXCEDENTE A 30 KM (UNIDADE: M3XKM). AF_07/2020","M3XKM",182.1,{"$f":"VLOOKUP(D480,'CPU (sem des)'!B:I,8,FALSE)","v":0.7},0.23957567779569877,0.86770297445698907,{"$f":"VLOOKUP(D480,'CPU (des)'!B:I,8,FALSE)","v":0.69},0.30260494954802231,0.89879741518813527,158.00871164861772,163.67100930575944]
[null,"3.3.2.3.7","Composição Sinapi",98557,"IMPERMEABILIZAÇÃO DE SUPERFÍCIE COM EMULSÃO ASFÁLTICA, 2 DEMÃOS AF_06/2018","M2",89.39,{"$f":"VLOOKUP(D481,'CPU (sem des)'!B:I,8,FALSE)","v":72.7},0.23957567779569877,90.117151775747303,{"$f":"VLOOKUP(D481,'CPU (des)'!B:I,8,FALSE)","v":71.349999999999994},0.30260494954802231,92.940863150251388,8055.5721972340516,8307.9837570009713]
[null,"3.3.3","Super Estrutura",null,null,null,1]
[null,"3.3.3.1","PILARES + VIGAS",null,null,null,1,{"$nulls":6},{"$f":"SUM(N484:N492)","v":238984.12667479494},{"$f":"SUM(O484:O492)","v":246817.30838550499}]
[null,"3.3.3.1.1","Composição Sinapi",92443,"MONTAGEM E DESMONTAGEM DE FÔRMA DE PILARES RETANGULARES E ESTRUTURAS SIMILARES, PÉ-DIREITO SIMPLES, EM CHAPA DE MADEIRA COMPENSADA PLASTIFICADA, 18 UTILIZAÇÕES. AF_09/2020","M2",774.5,{"$f":"VLOOKUP(D484,'CPU (sem des)'!B:I,8,FALSE)","v":50.35},{"$f":"$N$4","v":0.23957567779569877},{"$f":"H484*(1+I484)","v":62.412635377013437},{"$f":"VLOOKUP(D484,'CPU (des)'!B:I,8,FALSE)","v":48.15},{"$f":"$O$4","v":0.30260494954802231},{"$f":"K484*(1+L484)","v":62.72042832073727},{"$f":"J484*G484","v":48338.586099496904},{"$f":"M484*G484","v":48576.971734411018}]
[null,"3.3.3.1.2","Composição Sinapi",92763,"ARMAÇÃO DE PILAR OU VIGA DE UMA ESTRUTURA CONVENCIONAL DE CONCRETO ARMADO EM UM EDIFÍCIO DE MÚLTIPLOS PAVIMENTOS UTILIZANDO AÇO CA-50 DE 12,5 MM - MONTAGEM. AF_12/2015","KG",2101.6,{"$f":"VLOOKUP(D485,'CPU (sem des)'!B:I,8,FALSE)","v":11.81},0.23957567779569877,14.639388754767204,{"$f":"VLOOKUP(D485,'CPU (des)'!B:I,8,FALSE)","v":11.71},0.30260494954802231,15.253503959207343,30766.139407018753,32056.76392067015]
[null,"3.3.3.1.3","Composição Sinapi",92764,"ARMAÇÃO DE PILAR OU VIGA DE UMA ESTRUTURA CONVENCIONAL DE CONCRETO ARMADO EM UM EDIFÍCIO DE MÚLTIPLOS PAVIMENTOS UTILIZANDO AÇO CA-50 DE 16,0 MM - MONTAGEM. AF_12/2015","KG",368.9,{"$f":"VLOOKUP(D486,'CPU (sem des)'!B:I,8,FALSE)","v":11.54},0.23957567779569877,14.304703321762362,{"$f":"VLOOKUP(D486,'CPU (des)'!B:I,8,FALSE)","v":11.47},0.30260494954802231,14.940878771315816,5277.0050553981355,5511.690178738404]
[null,"3.3.3.1.4","Composição Sinapi",92760,"ARMAÇÃO DE PILAR OU VIGA DE UMA ESTRUTURA CONVENCIONAL DE CONCRETO ARMADO EM UM EDIFÍCIO DE MÚLTIPLOS PAVIMENTOS UTILIZANDO AÇO CA-50 DE 6,3 MM - MONTAGEM. AF_12/2015","KG",25.6,{"$f":"VLOOKUP(D487,'CPU (sem des)'!B:I,8,FALSE)","v":15.81},0.23957567779569877,19.59769146595,{"$f":"VLOOKUP(D487,'CPU (des)'!B:I,8,FALSE)","v":15.47},0.30260494954802231,20.151298569507905,501.70090152832,515.87324337940242]
[null,"3.3.3.1.5","Composição Sinapi",92759,"ARMAÇÃO DE PILAR OU VIGA DE UMA ESTRUTURA CONVENCIONAL DE CONCRETO ARMADO EM UM EDIFÍCIO DE MÚLTIPLOS PAVIMENTOS UTILIZANDO AÇO CA-60 DE 5,0 MM - MONTAGEM. AF_12/2015","KG",1580.6,{"$f":"VLOOKUP(D488,'CPU (sem des)'!B:I,8,FALSE)","v":16.05},0.23957567779569877,19.895189628620965,{"$f":"VLOOKUP(D488,'CPU (des)'!B:I,8,FALSE)","v":15.54},0.30260494954802231,20.242480915976266,31446.336726998295,31995.265335792083]
[null,"3.3.3.1.6","Composição Sinapi",92761,"ARMAÇÃO DE PILAR OU VIGA DE UMA ESTRUTURA CONVENCIONAL DE CONCRETO ARMADO EM UM EDIFÍCIO DE MÚLTIPLOS PAVIMENTOS UTILIZANDO AÇO CA-50 DE 8,0 MM - MONTAGEM. AF_12/2015","KG",454,{"$f":"VLOOKUP(D489,'CPU (sem des)'!B:I,8,FALSE)","v":15.29},0.23957567779569877,18.953112113496232,{"$f":"VLOOKUP(D489,'CPU (des)'!B:I,8,FALSE)","v":15.09},0.30260494954802231,19.656308688679655,8604.7128995272888,8923.9641446605638]
[null,"3.3.3.1.7","Composição Sinapi",92762,"ARMAÇÃO DE PILAR OU VIGA DE UMA ESTRUTURA CONVENCIONAL DE CONCRETO ARMADO EM UM EDIFÍCIO DE MÚLTIPLOS PAVIMENTOS UTILIZANDO AÇO CA-50 DE 10,0 MM - MONTAGEM. AF_12/2015","KG",2101.6,{"$f":"VLOOKUP(D490,'CPU (sem des)'!B:I,8,FALSE)","v":13.9},0.23957567779569877,17.230101921360212,{"$f":"VLOOKUP(D490,'CPU (des)'!B:I,8,FALSE)","v":13.75},0.30260494954802231,17.910818056285308,36210.782197930625,37641.3752270892]
[null,"3.3.3.1.8","Composição Sinapi",92765,"ARMAÇÃO DE PILAR OU VIGA DE UMA ESTRUTURA CONVENCIONAL DE CONCRETO ARMADO EM UM EDIFÍCIO DE MÚLTIPLOS PAVIMENTOS UTILIZANDO AÇO CA-50 DE 20,0 MM - MONTAGEM. AF_12/2015","KG",369.3,{"$f":"VLOOKUP(D491,'CPU (sem des)'!B:I,8,FALSE)","v":13.29},0.23957567779569877,16.473960757904834,{"$f":"VLOOKUP(D491,'CPU (des)'!B:I,8,FALSE)","v":13.23},0.30260494954802231,17.233463482520335,6083.833707894255,6364.3180640947603]
[null,"3.3.3.1.9","Composição Sinapi",96557,"CONCRETAGEM DE BLOCOS DE COROAMENTO E VIGAS BALDRAMES, FCK 30 MPA, COM USO DE BOMBA - LANÇAMENTO, ADENSAMENTO E ACABAMENTO. AF_06/2017","M3",64.599999999999994,{"$f":"VLOOKUP(D492,'CPU (sem des)'!B:I,8,FALSE)","v":896.08},0.23957567779569877,1110.7589733591699,{"$f":"VLOOKUP(D492,'CPU (des)'!B:I,8,FALSE)","v":894.03},0.30260494954802231,1164.5679030444182,71755.029679002371,75231.086536669405]
[null,"3.3.3.2","LAJES. + ESCADA ",null,null,null,1,{"$nulls":6},{"$f":"SUM(N494:N500)","v":368147.40655423026},{"$f":"SUM(O494:O500)","v":381941.8761136739}]
[null,"3.3.3.2.1","Composição Sinapi",92538,"MONTAGEM E DESMONTAGEM DE FÔRMA DE LAJE MACIÇA, PÉ-DIREITO SIMPLES, EM CHAPA DE MADEIRA COMPENSADA PLASTIFICADA, . AF_09/2020","M2",878.6,{"$f":"VLOOKUP(D494,'CPU (sem des)'!B:I,8,FALSE)","v":40.479999999999997},{"$f":"$N$4","v":0.23957567779569877},{"$f":"H494*(1+I494)","v":50.178023437169884},{"$f":"VLOOKUP(D494,'CPU (des)'!B:I,8,FALSE)","v":39.33},{"$f":"$O$4","v":0.30260494954802231},{"$f":"K494*(1+L494)","v":51.231452665723715},{"$f":"J494*G494","v":44086.411391897462},{"$f":"M494*G494","v":45011.954312104855}]
[null,"3.3.3.2.2","Composição Sinapi",92759,"ARMAÇÃO DE PILAR OU VIGA DE UMA ESTRUTURA CONVENCIONAL DE CONCRETO ARMADO EM UM EDIFÍCIO DE MÚLTIPLOS PAVIMENTOS UTILIZANDO AÇO CA-60 DE 5,0 MM - MONTAGEM. AF_12/2015","KG",1468,{"$f":"VLOOKUP(D495,'CPU (sem des)'!B:I,8,FALSE)","v":16.05},0.23957567779569877,19.895189628620965,{"$f":"VLOOKUP(D495,'CPU (des)'!B:I,8,FALSE)","v":15.54},0.30260494954802231,20.242480915976266,29206.138374815579,29715.961984653157]
[null,"3.3.3.2.3","Composição Sinapi",92760,"ARMAÇÃO DE PILAR OU VIGA DE UMA ESTRUTURA CONVENCIONAL DE CONCRETO ARMADO EM UM EDIFÍCIO DE MÚLTIPLOS PAVIMENTOS UTILIZANDO AÇO CA-50 DE 6,3 MM - MONTAGEM. AF_12/2015","KG",2496.4,{"$f":"VLOOKUP(D496,'CPU (sem des)'!B:I,8,FALSE)","v":15.81},0.23957567779569877,19.59769146595,{"$f":"VLOOKUP(D496,'CPU (des)'!B:I,8,FALSE)","v":15.47},0.30260494954802231,20.151298569507905,48923.676975597584,50305.701748919535]
[null,"3.3.3.2.4","Composição Sinapi",92761,"ARMAÇÃO DE PILAR OU VIGA DE UMA ESTRUTURA CONVENCIONAL DE CONCRETO ARMADO EM UM EDIFÍCIO DE MÚLTIPLOS PAVIMENTOS UTILIZANDO AÇO CA-50 DE 8,0 MM - MONTAGEM. AF_12/2015","KG",1114.0999999999999,{"$f":"VLOOKUP(D497,'CPU (sem des)'!B:I,8,FALSE)","v":15.29},0.23957567779569877,18.953112113496232,{"$f":"VLOOKUP(D497,'CPU (des)'!B:I,8,FALSE)","v":15.09},0.30260494954802231,19.656308688679655,21115.662205646149,21899.093510058003]
[null,"3.3.3.2.5","Composição Sinapi",92762,"ARMAÇÃO DE PILAR OU VIGA DE UMA ESTRUTURA CONVENCIONAL DE CONCRETO ARMADO EM UM EDIFÍCIO DE MÚLTIPLOS PAVIMENTOS UTILIZANDO AÇO CA-50 DE 10,0 MM - MONTAGEM. AF_12/2015","KG",3952.3,{"$f":"VLOOKUP(D498,'CPU (sem des)'!B:I,8,FALSE)","v":13.9},0.23957567779569877,17.230101921360212,{"$f":"VLOOKUP(D498,'CPU (des)'!B:I,8,FALSE)","v":13.75},0.30260494954802231,17.910818056285308,68098.531823791971,70788.926203856419]
[null,"3.3.3.2.6","Composição Sinapi",92763,"ARMAÇÃO DE PILAR OU VIGA DE UMA ESTRUTURA CONVENCIONAL DE CONCRETO ARMADO EM UM EDIFÍCIO DE MÚLTIPLOS PAVIMENTOS UTILIZANDO AÇO CA-50 DE 12,5 MM - MONTAGEM. AF_12/2015","KG",932.5,{"$f":"VLOOKUP(D499,'CPU (sem des)'!B:I,8,FALSE)","v":11.81},0.23957567779569877,14.639388754767204,{"$f":"VLOOKUP(D499,'CPU (des)'!B:I,8,FALSE)","v":11.71},0.30260494954802231,15.253503959207343,13651.230013820417,14223.892441960848]
[null,"3.3.3.2.7","Composição Sinapi",96557,"CONCRETAGEM DE BLOCOS DE COROAMENTO E VIGAS BALDRAMES, FCK 30 MPA, COM USO DE BOMBA - LANÇAMENTO, ADENSAMENTO E ACABAMENTO. AF_06/2017","M3",128.80000000000001,{"$f":"VLOOKUP(D500,'CPU (sem des)'!B:I,8,FALSE)","v":896.08},0.23957567779569877,1110.7589733591699,{"$f":"VLOOKUP(D500,'CPU (des)'!B:I,8,FALSE)","v":894.03},0.30260494954802231,1164.5679030444182,143065.7557686611,149996.34591212109]
[null,"3.3.4","Alvenaria",null,null,null,1,{"$nulls":6},{"$f":"SUM(N502)","v":113549.47320406721},{"$f":"SUM(O502)","v":114224.0255111169}]
[null,"3.3.4.1","Composição Sinapi",103324,"ALVENARIA DE VEDAÇÃO DE BLOCOS CERÂMICOS FURADOS NA VERTICAL DE 14X19X39 CM (ESPESSURA 14 CM) E ARGAMASSA DE ASSENTAMENTO COM PREPARO EM BETONEIRA. AF_12/2021","M2",1179.0899999999999,{"$f":"VLOOKUP(D502,'CPU (sem des)'!B:I,8,FALSE)","v":77.69},{"$f":"$N$4","v":0.23957567779569877},{"$f":"H502*(1+I502)","v":96.302634407947835},{"$f":"VLOOKUP(D502,'CPU (des)'!B:I,8,FALSE)","v":74.37},{"$f":"$O$4","v":0.30260494954802231},{"$f":"K502*(1+L502)","v":96.874730097886427},{"$f":"J502*G502","v":113549.47320406721},{"$f":"M502*G502","v":114224.0255111169}]
[null,"3.3.5","Esquadrias",null,null,null,1,{"$nulls":6},{"$f":"SUM(N504:N515)","v":331112.76542148134},{"$f":"SUM(O504:O515)","v":345333.62930693448}]
[null,"3.3.5.1","Composição Sinapi",91314,"KIT DE PORTA DE MADEIRA PARA PINTURA, SEMI-OCA (LEVE OU MÉDIA), PADRÃO POPULAR, 80X210CM, ESPESSURA DE 3,5CM, ITENS INCLUSOS: DOBRADIÇAS, MONTAGEM E INSTALAÇÃO DO BATENTE, FECHADURA COM EXECUÇÃO DO FURO - FORNECIMENTO E INSTALAÇÃO. AF_12/2019","UN",12,{"$f":"VLOOKUP(D504,'CPU (sem des)'!B:I,8,FALSE)","v":785.3},{"$f":"$N$4","v":0.23957567779569877},{"$f":"H504*(1+I504)","v":973.43877977296222},{"$f":"VLOOKUP(D504,'CPU (des)'!B:I,8,FALSE)","v":756.66},{"$f":"$O$4","v":0.30260494954802231},{"$f":"K504*(1+L504)","v":985.6290611250065},{"$f":"J504*G504","v":11681.265357275546},{"$f":"M504*G504","v":11827.548733500078}]
[null,"3.3.5.2","Composição Sinapi",91315,"KIT DE PORTA DE MADEIRA PARA PINTURA, SEMI-OCA (LEVE OU MÉDIA), PADRÃO POPULAR, 90X210CM, ESPESSURA DE 3,5CM, ITENS INCLUSOS: DOBRADIÇAS, MONTAGEM E INSTALAÇÃO DO BATENTE, FECHADURA COM EXECUÇÃO DO FURO - FORNECIMENTO E INSTALAÇÃO. AF_12/2019","UN",8,{"$f":"VLOOKUP(D505,'CPU (sem des)'!B:I,8,FALSE)","v":871.94},0.23957567779569877,1080.8356164971817,{"$f":"VLOOKUP(D505,'CPU (des)'!B:I,8,FALSE)","v":842.78},0.30260494954802231,1097.8093993800821,8646.6849319774537,8782.4751950406571]
[null,"3.3.5.3","Composição Sinapi",102220,"PINTURA TINTA DE ACABAMENTO (PIGMENTADA) ESMALTE SINTÉTICO BRILHANTE EM MADEIRA, 2 DEMÃOS. AF_01/2021","M2",117.6,{"$f":"VLOOKUP(D506,'CPU (sem des)'!B:I,8,FALSE)","v":13.16},0.23957567779569877,16.312815919791397,{"$f":"VLOOKUP(D506,'CPU (des)'!B:I,8,FALSE)","v":12.11},0.30260494954802231,15.774545939026549,1918.3871521674682,1855.0866024295221]
[null,"3.3.5.4","Composição Sinapi",98689,"SOLEIRA EM GRANITO, LARGURA 15 CM, ESPESSURA 2,0 CM. AF_09/2020","M",16.8,{"$f":"VLOOKUP(D507,'CPU (sem des)'!B:I,8,FALSE)","v":127.42},0.23957567779569877,157.94673286472795,{"$f":"VLOOKUP(D507,'CPU (des)'!B:I,8,FALSE)","v":125.31},0.30260494954802231,163.22942622786269,2653.5051121274296,2742.2543606280933]
[null,"3.3.5.5","Composição Sinapi",101965,"PEITORIL LINEAR EM GRANITO OU MÁRMORE, L = 15CM, COMPRIMENTO DE ATÉ 2M, ASSENTADO COM ARGAMASSA 1:6 COM ADITIVO. AF_11/2020","M",25.9,{"$f":"VLOOKUP(D508,'CPU (sem des)'!B:I,8,FALSE)","v":143.06},0.23957567779569877,177.33369646545268,{"$f":"VLOOKUP(D508,'CPU (des)'!B:I,8,FALSE)","v":140.37},0.30260494954802231,182.84665676805591,4592.9427384552237,4735.7284102926478]
[null,"3.3.5.6","Composição Sinapi",93182,"VERGA PRÉ-MOLDADA PARA JANELAS COM ATÉ 1,5 M DE VÃO. AF_03/2016","M",30,{"$f":"VLOOKUP(D509,'CPU (sem des)'!B:I,8,FALSE)","v":43.1},0.23957567779569877,53.42571171299462,{"$f":"VLOOKUP(D509,'CPU (des)'!B:I,8,FALSE)","v":41.94},0.30260494954802231,54.631251584044051,1602.7713513898386,1638.9375475213214]
[null,"3.3.5.7","Composição Orse",11347,"Fornecimento e instalação de fachada em pele de vidro, em vidro laminado 3+3 refletivo","M2",82.05,{"$f":"VLOOKUP(D510,'CPU (sem des)'!B:I,8,FALSE)","v":1749.08},0.23957567779569877,2168.1170265189007,{"$f":"VLOOKUP(D510,'CPU (des)'!B:I,8,FALSE)","v":1749.08},0.30260494954802231,2278.3602651554547,177894.00202587579,186939.45975600506]
[null,"3.3.5.8","Composição Sinapi",100708,"PORTA DE CORRER DE ALUMÍNIO, COM DUAS FOLHAS PARA VIDRO, INCLUSO VIDRO LISO INCOLOR, FECHADURA E PUXADOR, SEM ALIZAR. AF_12/2019","M2",108.51,{"$f":"VLOOKUP(D511,'CPU (sem des)'!B:I,8,FALSE)","v":181.75},0.23957567779569877,225.29287943936825,{"$f":"VLOOKUP(D511,'CPU (des)'!B:I,8,FALSE)","v":177.3},0.30260494954802231,230.95185755486438,24446.530347965851,25060.586063278333]
[null,"3.3.5.9","Composição Sinapi",94570,"JANELA DE ALUMÍNIO DE CORRER COM 2 FOLHAS PARA VIDROS, COM VIDROS, BATENTE, ACABAMENTO COM ACETATO OU BRILHANTE E FERRAGENS. EXCLUSIVE ALIZAR E CONTRAMARCO. FORNECIMENTO E INSTALAÇÃO. AF_12/2019","M2",24.75,{"$f":"VLOOKUP(D512,'CPU (sem des)'!B:I,8,FALSE)","v":321.77},0.23957567779569877,398.85826584432198,{"$f":"VLOOKUP(D512,'CPU (des)'!B:I,8,FALSE)","v":319.83},0.30260494954802231,416.61214101394393,9871.7420796469687,10311.150490095111]
[null,"3.3.5.10","Composição Sinapi",94569,"JANELA DE ALUMÍNIO TIPO MAXIM-AR, COM VIDROS, BATENTE E FERRAGENS. EXCLUSIVE ALIZAR, ACABAMENTO E CONTRAMARCO. FORNECIMENTO E INSTALAÇÃO. AF_12/2019","M2",15.54,{"$f":"VLOOKUP(D513,'CPU (sem des)'!B:I,8,FALSE)","v":622.08000000000004},0.23957567779569877,771.11523764314836,{"$f":"VLOOKUP(D513,'CPU (des)'!B:I,8,FALSE)","v":615.71},0.30260494954802231,802.02689348621288,11983.130792974525,12463.497924775747]
[null,"3.3.5.11","Composição Sinapi",99841,"GUARDA-CORPO PANORÂMICO COM PERFIS DE ALUMÍNIO E VIDRO LAMINADO 8 MM, FIXADO COM CHUMBADOR MECÂNICO. AF_04/2019_PS","M",32.5,{"$f":"VLOOKUP(D514,'CPU (sem des)'!B:I,8,FALSE)","v":1792.51},0.23957567779569877,2221.9517982055681,{"$f":"VLOOKUP(D514,'CPU (des)'!B:I,8,FALSE)","v":1777.3},0.30260494954802231,2315.1197768317002,72213.433441680958,75241.392747030259]
[null,"3.3.5.12","Composição Orse",4264,"Corrimão em aço inox, escovado, d=1 1/2\"","M",31.8,{"$f":"VLOOKUP(D515,'CPU (sem des)'!B:I,8,FALSE)","v":91.54},0.23957567779569877,113.47075754541828,{"$f":"VLOOKUP(D515,'CPU (des)'!B:I,8,FALSE)","v":90.18},0.30260494954802231,117.46891435024067,3608.3700899443015,3735.5114763376532]
[null,"3.3.6","Revestimentos",null,null,null,1,{"$nulls":6},{"$f":"SUM(N517:N524)","v":313395.15375678253},{"$f":"SUM(O517:O524)","v":322408.30076191976}]
[null,"3.3.6.1","Composição Sinapi",88650,"RODAPÉ CERÂMICO DE 7CM DE ALTURA COM PLACAS TIPO ESMALTADA EXTRA DE DIMENSÕES 60X60CM. AF_06/2014","M",440.09,{"$f":"VLOOKUP(D517,'CPU (sem des)'!B:I,8,FALSE)","v":21.25},{"$f":"$N$4","v":0.23957567779569877},{"$f":"H517*(1+I517)","v":26.3409831531586},{"$f":"VLOOKUP(D517,'CPU (des)'!B:I,8,FALSE)","v":20.9},{"$f":"$O$4","v":0.30260494954802231},{"$f":"K517*(1+L517)","v":27.224443445553664},{"$f":"J517*G517","v":11592.403275873568},{"$f":"M517*G517","v":11981.205315953712}]
[null,"3.3.6.2","Composição Sinapi",93391,"REVESTIMENTO CERÂMICO PARA PISO COM PLACAS TIPO ESMALTADA PADRÃO POPULAR DE DIMENSÕES 35X35 CM APLICADA EM AMBIENTES DE ÁREA MAIOR QUE 10 M2. AF_06/2014","M2",943.14,{"$f":"VLOOKUP(D518,'CPU (sem des)'!B:I,8,FALSE)","v":58.72},0.23957567779569877,72.787883800163428,{"$f":"VLOOKUP(D518,'CPU (des)'!B:I,8,FALSE)","v":57.7},0.30260494954802231,75.160305588920892,68649.16472728613,70886.690613134851]
[null,"3.3.6.3","Composição Sinapi",87543,"MASSA ÚNICA, PARA RECEBIMENTO DE PINTURA OU CERÂMICA, ARGAMASSA INDUSTRIALIZADA, PREPARO MECÂNICO, APLICADO COM EQUIPAMENTO DE MISTURA E PROJEÇÃO DE 1,5 M3/H EM FACES INTERNAS DE PAREDES, ESPESSURA DE 5MM, SEM EXECUÇÃO DE TALISCAS. AF_06/2014","M2",2358.1799999999998,{"$f":"VLOOKUP(D519,'CPU (sem des)'!B:I,8,FALSE)","v":29.16},0.23957567779569877,36.146026764522574,{"$f":"VLOOKUP(D519,'CPU (des)'!B:I,8,FALSE)","v":28.47},0.30260494954802231,37.085162913632196,85238.837395561844,87453.489479669166]
[null,"3.3.6.4","Composição Sinapi",96620,"LASTRO DE CONCRETO MAGRO, APLICADO EM PISOS, LAJES SOBRE SOLO OU RADIERS. AF_08/2017","M3",14.52,{"$f":"VLOOKUP(D520,'CPU (sem des)'!B:I,8,FALSE)","v":740.99},0.23957567779569877,918.51318148983489,{"$f":"VLOOKUP(D520,'CPU (des)'!B:I,8,FALSE)","v":715.54},0.30260494954802231,932.06594559959183,13336.811395232402,13533.597530106073]
[null,"3.3.6.5","Composição Sinapi",98560,"IMPERMEABILIZAÇÃO DE PISO COM ARGAMASSA DE CIMENTO E AREIA, COM ADITIVO IMPERMEABILIZANTE, E = 2CM. AF_06/2018","M2",225.65,{"$f":"VLOOKUP(D521,'CPU (sem des)'!B:I,8,FALSE)","v":49.56},0.23957567779569877,61.433370591554834,{"$f":"VLOOKUP(D521,'CPU (des)'!B:I,8,FALSE)","v":46.26},0.30260494954802231,60.258504966091508,13862.440073984348,13597.33164559855]
[null,"3.3.6.6","Composição Sinapi",87623,"CONTRAPISO EM ARGAMASSA PRONTA, PREPARO MECÂNICO COM MISTURADOR 300 KG, APLICADO EM ÁREAS SECAS SOBRE LAJE, ADERIDO, ACABAMENTO NÃO REFORÇADO, ESPESSURA 2CM. AF_07/2021","M2",871.2,{"$f":"VLOOKUP(D522,'CPU (sem des)'!B:I,8,FALSE)","v":89.26},0.23957567779569877,110.64452500004408,{"$f":"VLOOKUP(D522,'CPU (des)'!B:I,8,FALSE)","v":88.22},0.30260494954802231,114.91580864912653,96393.510180038415,100114.65249511904]
[null,"3.3.6.7","Composição Sinapi",87267,"REVESTIMENTO CERÂMICO PARA PAREDES INTERNAS COM PLACAS TIPO ESMALTADA EXTRA DE DIMENSÕES 20X20 CM APLICADAS EM AMBIENTES DE ÁREA MAIOR QUE 5 M² A MEIA ALTURA DAS PAREDES. AF_06/2014","M2",152.71,{"$f":"VLOOKUP(D523,'CPU (sem des)'!B:I,8,FALSE)","v":83.07},0.23957567779569877,102.97155155448868,{"$f":"VLOOKUP(D523,'CPU (des)'!B:I,8,FALSE)","v":80.260000000000005},0.30260494954802231,104.54707325072428,15724.785637885967,15965.383556118106]
[null,"3.3.6.8","Composição Sinapi",103314,"INSTALAÇÃO DE PERGOLADO DE MADEIRA, EM MAÇARANDUBA, ANGELIM OU EQUIVALENTE DA REGIÃO, FIXADO COM CONCRETO SOBRE PISO DE CONCRETO EXISTENTE. AF_11/2021","M2",40,{"$f":"VLOOKUP(D524,'CPU (sem des)'!B:I,8,FALSE)","v":173.39},0.23957567779569877,214.9300267729962,{"$f":"VLOOKUP(D524,'CPU (des)'!B:I,8,FALSE)","v":170.35},0.30260494954802231,221.8987531555056,8597.2010709198476,8875.9501262202248]
[null,"3.3.7","Cobertura",null,null,null,1,{"$nulls":6},{"$f":"SUM(N526:N530)","v":200996.9243970768},{"$f":"SUM(O526:O530)","v":210462.84053490259}]
[null,"3.3.7.1","Composição Sinapi",92580,"TRAMA DE AÇO COMPOSTA POR TERÇAS PARA TELHADOS DE ATÉ 2 ÁGUAS PARA TELHA ONDULADA DE FIBROCIMENTO, METÁLICA, PLÁSTICA OU TERMOACÚSTICA, INCLUSO TRANSPORTE VERTICAL. AF_07/2019","M2",213.9,{"$f":"VLOOKUP(D526,'CPU (sem des)'!B:I,8,FALSE)","v":55.72},{"$f":"$N$4","v":0.23957567779569877},{"$f":"H526*(1+I526)","v":69.069156766776331},{"$f":"VLOOKUP(D526,'CPU (des)'!B:I,8,FALSE)","v":55.05},{"$f":"$O$4","v":0.30260494954802231},{"$f":"K526*(1+L526)","v":71.70840247261863},{"$f":"J526*G526","v":14773.892632413457},{"$f":"M526*G526","v":15338.427288893125}]
[null,"3.3.7.2","Composição Orse",12734,"Telhamento com telha em aço galvalume, dupla, trapezoidal, com preenchimento PIR 50mm, pré-pintada, TP40 - 2 x 0,43mm, Kingspan- Isoeste ou similar","M2",213.9,{"$f":"VLOOKUP(D527,'CPU (sem des)'!B:I,8,FALSE)","v":361.7},{"$f":"$N$4","v":0.23957567779569877},{"$f":"H527*(1+I527)","v":448.35452265870424},{"$f":"VLOOKUP(D527,'CPU (des)'!B:I,8,FALSE)","v":360.7},{"$f":"$O$4","v":0.30260494954802231},{"$f":"K527*(1+L527)","v":469.84960530197162},{"$f":"J527*G527","v":95903.032396696843},100500.83057409173]
[null,"3.3.7.3","Insumo Orse",101010,"Telha em aço galvalume, dupla, trapezoidal, com preenchimento PIR 50mm, pré-pintada, TP40 - 2 x 0,43mm, Kingspan- Isoeste ou similar","M2",213.9,335.66,{"$f":"$N$5","v":0.14692012195121973},{"$f":"H528*(1+I528)","v":384.97520813414644},335.66,{"$f":"$O$5","v":0.20311109145345707},{"$f":"K528*(1+L528)","v":403.83626895726741},{"$f":"J528*G528","v":82346.197019893923},86380.577929959501]
[null,"3.3.7.4","Composição Sinapi",94227,"CALHA EM CHAPA DE AÇO GALVANIZADO NÚMERO 24, DESENVOLVIMENTO DE 33 CM, INCLUSO TRANSPORTE VERTICAL. AF_07/2019","M",65.7,{"$f":"VLOOKUP(D529,'CPU (sem des)'!B:I,8,FALSE)","v":64.010000000000005},{"$f":"$N$4","v":0.23957567779569877},{"$f":"H529*(1+I529)","v":79.345239135702684},{"$f":"VLOOKUP(D529,'CPU (des)'!B:I,8,FALSE)","v":62.88},{"$f":"$O$4","v":0.30260494954802231},{"$f":"K529*(1+L529)","v":81.907799227579645},{"$f":"J529*G529","v":5212.9822112156662},5381.3424092519826]
[null,"3.3.7.5","Composição Sinapi",94231,"RUFO EM CHAPA DE AÇO GALVANIZADO NÚMERO 24, CORTE DE 25 CM, INCLUSO TRANSPORTE VERTICAL. AF_07/2019","M",39.42,{"$f":"VLOOKUP(D530,'CPU (sem des)'!B:I,8,FALSE)","v":56.5},{"$f":"$N$4","v":0.23957567779569877},{"$f":"H530*(1+I530)","v":70.036025795456979},{"$f":"VLOOKUP(D530,'CPU (des)'!B:I,8,FALSE)","v":55.73},{"$f":"$O$4","v":0.30260494954802231},{"$f":"K530*(1+L530)","v":72.594173838311278},{"$f":"J530*G530","v":2760.8201368569144},2861.6623327062307]
[null,"3.3.8","Instalações Elétricas",null,null,null,1]
[null,"3.3.8.1","Lista de Materiais",{"$nulls":10},{"$f":"SUM(N533:N570)","v":29465.069201331087},{"$f":"SUM(O533:O570)","v":30293.457560562452}]
[null,"3.3.8.1.1","Insumo Sinapi",2516,"CONECTOR CURVO 90 GRAUS DE ALUMINIO, BITOLA 1\", PARA ADAPTAR ENTRADA DE ELETRODUTO METALICO FLEXIVEL EM QUADROS","UN",5,{"$f":"VLOOKUP(D533,'Insumo SINAPI (sem des.)'!A:E,5,FALSE)","v":12.49},{"$f":"$N$5","v":0.14692012195121973},{"$f":"H533*(1+I533)","v":14.325032323170735},{"$f":"VLOOKUP(D533,'Insumos SINAPI (des)'!A:E,5,FALSE)","v":12.49},{"$f":"$O$5","v":0.20311109145345707},{"$f":"K533*(1+L533)","v":15.026857532253679},{"$f":"J533*G533","v":71.625161615853671},{"$f":"M533*G533","v":75.134287661268388}]
[null,"3.3.8.1.2","Insumo Sinapi",1648,"CRUZETA DE FERRO GALVANIZADO, COM ROSCA BSP, DE 1\"","UN",5,{"$f":"VLOOKUP(D534,'Insumo SINAPI (sem des.)'!A:E,5,FALSE)","v":46.11},{"$f":"$N$5","v":0.14692012195121973},52.884486823170739,{"$f":"VLOOKUP(D534,'Insumos SINAPI (des)'!A:E,5,FALSE)","v":46.11},{"$f":"$O$5","v":0.20311109145345707},55.475452426918906,264.42243411585372,277.3772621345945]
[null,"3.3.8.1.3","Insumo Sinapi",3264,"FLANGE SEXTAVADO DE FERRO GALVANIZADO, COM ROSCA BSP, DE 1\"","UN",11,{"$f":"VLOOKUP(D535,'Insumo SINAPI (sem des.)'!A:E,5,FALSE)","v":33.72},{"$f":"$N$5","v":0.14692012195121973},38.674146512195129,{"$f":"VLOOKUP(D535,'Insumos SINAPI (des)'!A:E,5,FALSE)","v":33.72},{"$f":"$O$5","v":0.20311109145345707},40.568906003810568,425.41561163414644,446.25796604191623]
[null,"3.3.8.1.4","Insumo Sinapi",6323,"TE DE FERRO GALVANIZADO, DE 1\"","UN",7,{"$f":"VLOOKUP(D536,'Insumo SINAPI (sem des.)'!A:E,5,FALSE)","v":24.11},{"$f":"$N$5","v":0.14692012195121973},27.652244140243909,{"$f":"VLOOKUP(D536,'Insumos SINAPI (des)'!A:E,5,FALSE)","v":24.11},{"$f":"$O$5","v":0.20311109145345707},29.007008414942849,193.56570898170736,203.04905890459995]
[null,"3.3.8.1.5","Insumo Sinapi",14153,"FITA METALICA PERFURADA, L = *18* MM, ROLO DE 30 M, CARGA RECOMENDADA = *30* KGF","UN",3,{"$f":"VLOOKUP(D537,'Insumo SINAPI (sem des.)'!A:E,5,FALSE)","v":53.3},{"$f":"$N$5","v":0.14692012195121973},61.130842500000007,{"$f":"VLOOKUP(D537,'Insumos SINAPI (des)'!A:E,5,FALSE)","v":53.3},{"$f":"$O$5","v":0.20311109145345707},64.125821174469252,183.39252750000003,192.37746352340776]
[null,"3.3.8.1.6","Composição Sinapi",91936,"CAIXA OCTOGONAL 4\" X 4\", PVC, INSTALADA EM LAJE - FORNECIMENTO E INSTALAÇÃO. AF_12/2015","UN",23,{"$f":"VLOOKUP(D538,'CPU (sem des)'!B:I,8,FALSE)","v":17.63},{"$f":"$N$4","v":0.23957567779569877},21.853719199538169,{"$f":"VLOOKUP(D538,'CPU (des)'!B:I,8,FALSE)","v":16.329999999999998},{"$f":"$O$4","v":0.30260494954802231},21.271538826119201,502.63554158937791,489.24539300074161]
[null,"3.3.8.1.7","Composição Sinapi",91940,"CAIXA RETANGULAR 4\" X 2\" MÉDIA (1,30 M DO PISO), PVC, INSTALADA EM PAREDE - FORNECIMENTO E INSTALAÇÃO. AF_12/2015","UN",4,{"$f":"VLOOKUP(D539,'CPU (sem des)'!B:I,8,FALSE)","v":17.5},{"$f":"$N$4","v":0.23957567779569877},21.692574361424729,{"$f":"VLOOKUP(D539,'CPU (des)'!B:I,8,FALSE)","v":15.79},{"$f":"$O$4","v":0.30260494954802231},20.568132153363273,86.770297445698915,82.27252861345309]
[null,"3.3.8.1.8","Insumo Sinapi",39332,"CONDULETE EM PVC, TIPO \"C\", SEM TAMPA, DE 1\"","UN",22,{"$f":"VLOOKUP(D540,'Insumo SINAPI (sem des.)'!A:E,5,FALSE)","v":13.55},{"$f":"$N$5","v":0.14692012195121973},15.540767652439028,{"$f":"VLOOKUP(D540,'Insumos SINAPI (des)'!A:E,5,FALSE)","v":13.55},{"$f":"$O$5","v":0.20311109145345707},16.302155289194346,341.8968883536586,358.64741636227564]
[null,"3.3.8.1.9","Insumo Sinapi",1891,"LUVA EM PVC RIGIDO ROSCAVEL, DE 3/4\", PARA ELETRODUTO","UN",2,{"$f":"VLOOKUP(D541,'Insumo SINAPI (sem des.)'!A:E,5,FALSE)","v":1.32},0.14692012195121973,1.5139345609756101,{"$f":"VLOOKUP(D541,'Insumos SINAPI (des)'!A:E,5,FALSE)","v":1.32},0.20311109145345707,1.5881066407185633,3.0278691219512202,3.1762132814371267]
[null,"3.3.8.1.10","Insumo Sinapi",39211,"ARRUELA EM ALUMINIO, COM ROSCA, DE  1 1/4\", PARA ELETRODUTO","UN",196,{"$f":"VLOOKUP(D542,'Insumo SINAPI (sem des.)'!A:E,5,FALSE)","v":1.68},0.14692012195121973,1.9268258048780491,{"$f":"VLOOKUP(D542,'Insumos SINAPI (des)'!A:E,5,FALSE)","v":1.68},0.20311109145345707,2.0212266336418079,377.6578577560976,396.16042019379432]
[null,"3.3.8.1.11","Insumo Sinapi",13348,"ARRUELA  EM ACO GALVANIZADO, DIAMETRO EXTERNO = 35MM, ESPESSURA = 3MM, DIAMETRO DO FURO= 18MM","UN",736,{"$f":"VLOOKUP(D543,'Insumo SINAPI (sem des.)'!A:E,5,FALSE)","v":1.79},0.14692012195121973,2.0529870182926833,{"$f":"VLOOKUP(D543,'Insumos SINAPI (des)'!A:E,5,FALSE)","v":1.79},0.20311109145345707,2.1535688537016884,1510.9984454634148,1585.0266763244426]
[null,"3.3.8.1.12","Insumo Sinapi",4374,"BUCHA DE NYLON SEM ABA S10","UN",153,{"$f":"VLOOKUP(D544,'Insumo SINAPI (sem des.)'!A:E,5,FALSE)","v":0.37},0.14692012195121973,0.42436044512195131,{"$f":"VLOOKUP(D544,'Insumos SINAPI (des)'!A:E,5,FALSE)","v":0.37},0.20311109145345707,0.44515110383777912,64.927148103658553,68.108118887180211]
[null,"3.3.8.1.13","Insumo Sinapi",40552,"PARAFUSO, AUTO ATARRACHANTE, CABECA CHATA, FENDA SIMPLES, 1/4\" (6,35 MM) X 25 MM","CENTO",1,{"$f":"VLOOKUP(D545,'Insumo SINAPI (sem des.)'!A:E,5,FALSE)","v":45.23},0.14692012195121973,51.875197115853666,{"$f":"VLOOKUP(D545,'Insumos SINAPI (des)'!A:E,5,FALSE)","v":45.23},0.20311109145345707,54.416714666439859,51.875197115853666,54.416714666439859]
[null,"3.3.8.1.14","Insumo Sinapi",4329,"PARAFUSO EM ACO GALVANIZADO, TIPO MAQUINA, SEXTAVADO, SEM PORCA, DIAMETRO 1/2\", COMPRIMENTO 2\"","UN",184,{"$f":"VLOOKUP(D546,'Insumo SINAPI (sem des.)'!A:E,5,FALSE)","v":2.09},0.14692012195121973,2.3970630548780489,{"$f":"VLOOKUP(D546,'Insumos SINAPI (des)'!A:E,5,FALSE)","v":2.09},0.20311109145345707,2.5145021811377251,441.05960209756103,462.66840132934141]
[null,"3.3.8.1.15","Insumo Sinapi",39442,"PARAFUSO DRY WALL, EM ACO ZINCADO, CABECA LENTILHA E PONTA AGULHA (LA), LARGURA 4,2 MM, COMPRIMENTO 13 MM","UN",552,{"$f":"VLOOKUP(D547,'Insumo SINAPI (sem des.)'!A:E,5,FALSE)","v":0.17},0.14692012195121973,0.19497642073170737,{"$f":"VLOOKUP(D547,'Insumos SINAPI (des)'!A:E,5,FALSE)","v":0.17},0.20311109145345707,0.20452888554708773,107.62698424390247,112.89994482199242]
[null,"3.3.8.1.16","Insumo Sinapi",39997,"PORCA ZINCADA, SEXTAVADA, DIAMETRO 1/4\"","UN",736,{"$f":"VLOOKUP(D548,'Insumo SINAPI (sem des.)'!A:E,5,FALSE)","v":0.28999999999999998},0.14692012195121973,0.33260683536585373,{"$f":"VLOOKUP(D548,'Insumos SINAPI (des)'!A:E,5,FALSE)","v":0.28999999999999998},0.20311109145345707,0.34890221652150255,244.79863082926835,256.7920313598259]
[null,"3.3.8.1.17","Insumo Sinapi",39996,"VERGALHAO ZINCADO ROSCA TOTAL, 1/4 \" (6,3 MM)","M",184,{"$f":"VLOOKUP(D549,'Insumo SINAPI (sem des.)'!A:E,5,FALSE)","v":4.5999999999999996},0.14692012195121973,5.2758325609756103,{"$f":"VLOOKUP(D549,'Insumos SINAPI (des)'!A:E,5,FALSE)","v":4.5999999999999996},0.20311109145345707,5.5343110206859025,970.75319121951225,1018.3132278062061]
[null,"3.3.8.1.18","Composição Sinapi",91926,"CABO DE COBRE FLEXÍVEL ISOLADO, 2,5 MM², ANTI-CHAMA 450/750 V, PARA CIRCUITOS TERMINAIS - FORNECIMENTO E INSTALAÇÃO. AF_12/2015","M",592.6,{"$f":"VLOOKUP(D550,'CPU (sem des)'!B:I,8,FALSE)","v":4.87},{"$f":"$N$4","v":0.23957567779569877},6.036733550865053,{"$f":"VLOOKUP(D550,'CPU (des)'!B:I,8,FALSE)","v":4.7},{"$f":"$O$4","v":0.30260494954802231},6.1222432628757053,3577.3683022426308,3628.0413575801431]
[null,"3.3.8.1.19","Composição Sinapi",91928,"CABO DE COBRE FLEXÍVEL ISOLADO, 4 MM², ANTI-CHAMA 450/750 V, PARA CIRCUITOS TERMINAIS - FORNECIMENTO E INSTALAÇÃO. AF_12/2015","M",59.5,{"$f":"VLOOKUP(D551,'CPU (sem des)'!B:I,8,FALSE)","v":7.58},{"$f":"$N$4","v":0.23957567779569877},9.3959836376913977,{"$f":"VLOOKUP(D551,'CPU (des)'!B:I,8,FALSE)","v":7.35},{"$f":"$O$4","v":0.30260494954802231},9.5741463791779626,559.06102644263819,569.66170956108874]
[null,"3.3.8.1.20","Composição Sinapi",103007,"CAIXA COM GRELHA RETANGULAR DE FERRO FUNDIDO, EM ALVENARIA COM TIJOLOS CERÂMICOS MACIÇOS, DIMENSÕES INTERNAS: 0,30 X 1,00 X 0,5 M. AF_08/2021","UN",2,{"$f":"VLOOKUP(D552,'CPU (sem des)'!B:I,8,FALSE)","v":1114.57},{"$f":"$N$4","v":0.23957567779569877},1381.5938632007519,{"$f":"VLOOKUP(D552,'CPU (des)'!B:I,8,FALSE)","v":1082.95},{"$f":"$O$4","v":0.30260494954802231},1410.6560301130307,2763.1877264015038,2821.3120602260615]
[null,"3.3.8.1.21","Insumo Sinapi",38092,"ESPELHO / PLACA DE 1 POSTO 4\" X 2\", PARA INSTALACAO DE TOMADAS E INTERRUPTORES","UN",2,{"$f":"VLOOKUP(D553,'Insumo SINAPI (sem des.)'!A:E,5,FALSE)","v":2.57},{"$f":"$N$5","v":0.14692012195121973},2.9475847134146345,{"$f":"VLOOKUP(D553,'Insumos SINAPI (des)'!A:E,5,FALSE)","v":2.57},{"$f":"$O$5","v":0.20311109145345707},3.0919955050353845,5.8951694268292689,6.1839910100707689]
[null,"3.3.8.1.22","Composição Sinapi",91990,"TOMADA ALTA DE EMBUTIR (1 MÓDULO), 2P+T 10 A, SEM SUPORTE E SEM PLACA - FORNECIMENTO E INSTALAÇÃO. AF_12/2015","UN",20,{"$f":"VLOOKUP(D554,'CPU (sem des)'!B:I,8,FALSE)","v":33.74},{"$f":"$N$4","v":0.23957567779569877},41.823283368826878,{"$f":"VLOOKUP(D554,'CPU (des)'!B:I,8,FALSE)","v":30.75},{"$f":"$O$4","v":0.30260494954802231},40.055102198601688,836.46566737653757,801.1020439720337]
[null,"3.3.8.1.23","Composição Sinapi",91991,"TOMADA ALTA DE EMBUTIR (1 MÓDULO), 2P+T 20 A, SEM SUPORTE E SEM PLACA - FORNECIMENTO E INSTALAÇÃO. AF_12/2015","UN",2,{"$f":"VLOOKUP(D555,'CPU (sem des)'!B:I,8,FALSE)","v":36.18},0.23957567779569877,44.847848022648378,{"$f":"VLOOKUP(D555,'CPU (des)'!B:I,8,FALSE)","v":33.19},0.30260494954802231,43.233458275498855,89.695696045296756,86.466916550997709]
[null,"3.3.8.1.24","Composição Sinapi",97595,"SENSOR DE PRESENÇA COM FOTOCÉLULA, FIXAÇÃO EM PAREDE - FORNECIMENTO E INSTALAÇÃO. AF_02/2020","UN",2,{"$f":"VLOOKUP(D556,'CPU (sem des)'!B:I,8,FALSE)","v":102.4},0.23957567779569877,126.93254940627956,{"$f":"VLOOKUP(D556,'CPU (des)'!B:I,8,FALSE)","v":100.02},0.30260494954802231,130.28654705379319,253.86509881255913,260.57309410758637]
[null,"3.3.8.1.25","Composição Sinapi",93654,"DISJUNTOR MONOPOLAR TIPO DIN, CORRENTE NOMINAL DE 16A - FORNECIMENTO E INSTALAÇÃO. AF_10/2020","UN",14,{"$f":"VLOOKUP(D557,'CPU (sem des)'!B:I,8,FALSE)","v":13.34},0.23957567779569877,16.535939541794622,{"$f":"VLOOKUP(D557,'CPU (des)'!B:I,8,FALSE)","v":13.06},0.30260494954802231,17.012020641097173,231.50315358512472,238.16828897536044]
[null,"3.3.8.1.26","Composição Sinapi",93657,"DISJUNTOR MONOPOLAR TIPO DIN, CORRENTE NOMINAL DE 32A - FORNECIMENTO E INSTALAÇÃO. AF_10/2020","UN",2,{"$f":"VLOOKUP(D558,'CPU (sem des)'!B:I,8,FALSE)","v":16.21},0.23957567779569877,20.093521737068279,{"$f":"VLOOKUP(D558,'CPU (des)'!B:I,8,FALSE)","v":15.68},0.30260494954802231,20.424845608912989,40.187043474136559,40.849691217825978]
[null,"3.3.8.1.27","Composição Sinapi",93658,"DISJUNTOR MONOPOLAR TIPO DIN, CORRENTE NOMINAL DE 40A - FORNECIMENTO E INSTALAÇÃO. AF_10/2020","UN",2,{"$f":"VLOOKUP(D559,'CPU (sem des)'!B:I,8,FALSE)","v":23.21},0.23957567779569877,28.770551481638169,{"$f":"VLOOKUP(D559,'CPU (des)'!B:I,8,FALSE)","v":22.43},0.30260494954802231,29.217429018362139,57.541102963276337,58.434858036724279]
[null,"3.3.8.1.28","Composição Sinapi",93655,"DISJUNTOR MONOPOLAR TIPO DIN, CORRENTE NOMINAL DE 20A - FORNECIMENTO E INSTALAÇÃO. AF_10/2020","UN",2,{"$f":"VLOOKUP(D560,'CPU (sem des)'!B:I,8,FALSE)","v":14.66},0.23957567779569877,18.172179436484946,{"$f":"VLOOKUP(D560,'CPU (des)'!B:I,8,FALSE)","v":14.27},0.30260494954802231,18.588172630050277,36.344358872969892,37.176345260100554]
[null,"3.3.8.1.29","Composição Sinapi",101894,"DISJUNTOR TRIPOLAR TIPO NEMA, CORRENTE NOMINAL DE 60 ATÉ 100A - FORNECIMENTO E INSTALAÇÃO. AF_10/2020","UN",2,{"$f":"VLOOKUP(D561,'CPU (sem des)'!B:I,8,FALSE)","v":167.8},0.23957567779569877,208.00079873411826,{"$f":"VLOOKUP(D561,'CPU (des)'!B:I,8,FALSE)","v":163.24},0.30260494954802231,212.63723196421918,416.00159746823653,425.27446392843837]
[null,"3.3.8.1.30","Composição Sinapi",91843,"ELETRODUTO FLEXÍVEL CORRUGADO REFORÇADO, PVC, DN 20 MM (1/2\"), PARA CIRCUITOS TERMINAIS, INSTALADO EM LAJE - FORNECIMENTO E INSTALAÇÃO. AF_12/2015","M",43.4,{"$f":"VLOOKUP(D562,'CPU (sem des)'!B:I,8,FALSE)","v":6.59},0.23957567779569877,8.1688037166736542,{"$f":"VLOOKUP(D562,'CPU (des)'!B:I,8,FALSE)","v":6.24},0.30260494954802231,8.1282548851796594,354.5260813036366,352.76626201679721]
[null,"3.3.8.1.31","Composição Sinapi",91847,"ELETRODUTO FLEXÍVEL CORRUGADO REFORÇADO, PVC, DN 32 MM (1\"), PARA CIRCUITOS TERMINAIS, INSTALADO EM LAJE - FORNECIMENTO E INSTALAÇÃO. AF_12/2015","M",9.5,{"$f":"VLOOKUP(D563,'CPU (sem des)'!B:I,8,FALSE)","v":13.57},0.23957567779569877,16.821041947687633,{"$f":"VLOOKUP(D563,'CPU (des)'!B:I,8,FALSE)","v":13.08},0.30260494954802231,17.038072740088133,159.79989850303252,161.86169103083725]
[null,"3.3.8.1.32","Insumo Sinapi",39128,"ABRACADEIRA EM ACO PARA AMARRACAO DE ELETRODUTOS, TIPO D, COM 3/4\" E CUNHA DE FIXACAO","UN",33,{"$f":"VLOOKUP(D564,'Insumo SINAPI (sem des.)'!A:E,5,FALSE)","v":2.88},{"$f":"$N$5","v":0.14692012195121973},3.3031299512195127,{"$f":"VLOOKUP(D564,'Insumos SINAPI (des)'!A:E,5,FALSE)","v":2.88},{"$f":"$O$5","v":0.20311109145345707},3.4649599433859564,109.00328839024392,114.34367813173657]
[null,"3.3.8.1.33","Composição Sinapi",91863,"ELETRODUTO RÍGIDO ROSCÁVEL, PVC, DN 25 MM (3/4\"), PARA CIRCUITOS TERMINAIS, INSTALADO EM FORRO - FORNECIMENTO E INSTALAÇÃO. AF_12/2015","M",83.4,{"$f":"VLOOKUP(D565,'CPU (sem des)'!B:I,8,FALSE)","v":11.4},{"$f":"$N$4","v":0.23957567779569877},14.131162726870967,{"$f":"VLOOKUP(D565,'CPU (des)'!B:I,8,FALSE)","v":10.7},{"$f":"$O$4","v":0.30260494954802231},13.937872960163837,1178.5389714210387,1162.4186048776642]
[null,"3.3.8.1.34","Composição Sinapi",96562,"SUPORTE PARA ELETROCALHA LISA OU PERFURADA EM AÇO GALVANIZADO, LARGURA 200 OU 400 MM E ALTURA 50 MM, ESPAÇADO A CADA 1,5 M, EM PERFILADO DE SEÇÃO 38X76 MM, POR METRO DE ELETRECOLHA FIXADA. AF_07/2017","M",153.30000000000001,{"$f":"VLOOKUP(D566,'CPU (sem des)'!B:I,8,FALSE)","v":21.17},{"$f":"$N$4","v":0.23957567779569877},26.241817098934945,{"$f":"VLOOKUP(D566,'CPU (des)'!B:I,8,FALSE)","v":20.68},{"$f":"$O$4","v":0.30260494954802231},26.9378703566531,4022.8705612667272,4129.5755256749208]
[null,"3.3.8.1.35","Insumo Sinapi",402,"GANCHO OLHAL EM ACO GALVANIZADO, ESPESSURA 16MM, ABERTURA 21MM","UN",184,{"$f":"VLOOKUP(D567,'Insumo SINAPI (sem des.)'!A:E,5,FALSE)","v":11.67},{"$f":"$N$5","v":0.14692012195121973},13.384557823170734,{"$f":"VLOOKUP(D567,'Insumos SINAPI (des)'!A:E,5,FALSE)","v":11.67},{"$f":"$O$5","v":0.20311109145345707},14.040306437261844,2462.758639463415,2583.4163844561795]
[null,"3.3.8.1.36","Composição Sinapi",101882,"QUADRO DE DISTRIBUIÇÃO DE ENERGIA EM CHAPA DE AÇO GALVANIZADO, DE EMBUTIR, COM BARRAMENTO TRIFÁSICO, PARA 30 DISJUNTORES DIN 225A - FORNECIMENTO E INSTALAÇÃO. AF_10/2020","UN",1,{"$f":"VLOOKUP(D568,'CPU (sem des)'!B:I,8,FALSE)","v":1420.4},{"$f":"$N$4","v":0.23957567779569877},1760.6932927410107,{"$f":"VLOOKUP(D568,'CPU (des)'!B:I,8,FALSE)","v":1416.28},{"$f":"$O$4","v":0.30260494954802231},1844.8533379458729,1760.6932927410107,1844.8533379458729]
[null,"3.3.8.1.37","Composição Sinapi",101876,"QUADRO DE DISTRIBUIÇÃO DE ENERGIA EM PVC, DE EMBUTIR, SEM BARRAMENTO, PARA 6 DISJUNTORES - FORNECIMENTO E INSTALAÇÃO. AF_10/2020","UN",2,{"$f":"VLOOKUP(D569,'CPU (sem des)'!B:I,8,FALSE)","v":75.55},{"$f":"$N$4","v":0.23957567779569877},93.649942457465045,{"$f":"VLOOKUP(D569,'CPU (des)'!B:I,8,FALSE)","v":73.56},{"$f":"$O$4","v":0.30260494954802231},95.819620088752529,187.29988491493009,191.63924017750506]
[null,"3.3.8.1.38","Composição Sinapi",97586,"LUMINÁRIA TIPO CALHA, DE SOBREPOR, COM 2 LÂMPADAS TUBULARES FLUORESCENTES DE 36 W, COM REATOR DE PARTIDA RÁPIDA - FORNECIMENTO E INSTALAÇÃO. AF_02/2020","UN",23,{"$f":"VLOOKUP(D570,'CPU (sem des)'!B:I,8,FALSE)","v":158.54},{"$f":"$N$4","v":0.23957567779569877},196.52232795773008,{"$f":"VLOOKUP(D570,'CPU (des)'!B:I,8,FALSE)","v":156.79},{"$f":"$O$4","v":0.30260494954802231},204.23543003963439,4520.0135430277924,4697.4148909115911]
[null,"3.3.8.2","Museu - Lista de materiais ",null,null,null,1,{"$nulls":6},{"$f":"SUM(N572:N613)","v":49290.970259401911},{"$f":"SUM(O572:O613)","v":50714.484914255627}]
[null,"3.3.8.2.1","Insumo Sinapi",2516,"CONECTOR CURVO 90 GRAUS DE ALUMINIO, BITOLA 1\", PARA ADAPTAR ENTRADA DE ELETRODUTO METALICO FLEXIVEL EM QUADROS","UN",6,{"$f":"VLOOKUP(D572,'Insumo SINAPI (sem des.)'!A:E,5,FALSE)","v":12.49},{"$f":"$N$5","v":0.14692012195121973},{"$f":"H572*(1+I572)","v":14.325032323170735},{"$f":"VLOOKUP(D572,'Insumos SINAPI (des)'!A:E,5,FALSE)","v":12.49},{"$f":"$O$5","v":0.20311109145345707},{"$f":"K572*(1+L572)","v":15.026857532253679},{"$f":"J572*G572","v":85.950193939024416},{"$f":"M572*G572","v":90.161145193522074}]
[null,"3.3.8.2.2","Insumo Sinapi",3264,"FLANGE SEXTAVADO DE FERRO GALVANIZADO, COM ROSCA BSP, DE 1\"","UN",8,{"$f":"VLOOKUP(D573,'Insumo SINAPI (sem des.)'!A:E,5,FALSE)","v":33.72},{"$f":"$N$5","v":0.14692012195121973},38.674146512195129,{"$f":"VLOOKUP(D573,'Insumos SINAPI (des)'!A:E,5,FALSE)","v":33.72},{"$f":"$O$5","v":0.20311109145345707},40.568906003810568,309.39317209756103,324.55124803048454]
[null,"3.3.8.2.3","Insumo Sinapi",6323,"TE DE FERRO GALVANIZADO, DE 1\"","UN",10,{"$f":"VLOOKUP(D574,'Insumo SINAPI (sem des.)'!A:E,5,FALSE)","v":24.11},{"$f":"$N$5","v":0.14692012195121973},27.652244140243909,{"$f":"VLOOKUP(D574,'Insumos SINAPI (des)'!A:E,5,FALSE)","v":24.11},{"$f":"$O$5","v":0.20311109145345707},29.007008414942849,276.52244140243909,290.07008414942851]
[null,"3.3.8.2.4","Insumo Sinapi",14153,"FITA METALICA PERFURADA, L = *18* MM, ROLO DE 30 M, CARGA RECOMENDADA = *30* KGF","UN",1,{"$f":"VLOOKUP(D575,'Insumo SINAPI (sem des.)'!A:E,5,FALSE)","v":53.3},{"$f":"$N$5","v":0.14692012195121973},61.130842500000007,{"$f":"VLOOKUP(D575,'Insumos SINAPI (des)'!A:E,5,FALSE)","v":53.3},{"$f":"$O$5","v":0.20311109145345707},64.125821174469252,61.130842500000007,64.125821174469252]
[null,"3.3.8.2.5","Composição Sinapi",91936,"CAIXA OCTOGONAL 4\" X 4\", PVC, INSTALADA EM LAJE - FORNECIMENTO E INSTALAÇÃO. AF_12/2015","UN",34,{"$f":"VLOOKUP(D576,'CPU (sem des)'!B:I,8,FALSE)","v":17.63},{"$f":"$N$4","v":0.23957567779569877},21.853719199538169,{"$f":"VLOOKUP(D576,'CPU (des)'!B:I,8,FALSE)","v":16.329999999999998},{"$f":"$O$4","v":0.30260494954802231},21.271538826119201,743.0264527842977,723.2323200880528]
[null,"3.3.8.2.6","Composição Sinapi",91940,"CAIXA RETANGULAR 4\" X 2\" MÉDIA (1,30 M DO PISO), PVC, INSTALADA EM PAREDE - FORNECIMENTO E INSTALAÇÃO. AF_12/2015","UN",6,{"$f":"VLOOKUP(D577,'CPU (sem des)'!B:I,8,FALSE)","v":17.5},{"$f":"$N$4","v":0.23957567779569877},21.692574361424729,{"$f":"VLOOKUP(D577,'CPU (des)'!B:I,8,FALSE)","v":15.79},{"$f":"$O$4","v":0.30260494954802231},20.568132153363273,130.15544616854837,123.40879292017964]
[null,"3.3.8.2.7","Insumo Sinapi",39332,"CONDULETE EM PVC, TIPO \"C\", SEM TAMPA, DE 1\"","UN",43,{"$f":"VLOOKUP(D578,'Insumo SINAPI (sem des.)'!A:E,5,FALSE)","v":13.55},{"$f":"$N$5","v":0.14692012195121973},15.540767652439028,{"$f":"VLOOKUP(D578,'Insumos SINAPI (des)'!A:E,5,FALSE)","v":13.55},{"$f":"$O$5","v":0.20311109145345707},16.302155289194346,668.25300905487825,700.99267743535688]
[null,"3.3.8.2.8","Insumo Sinapi",1891,"LUVA EM PVC RIGIDO ROSCAVEL, DE 3/4\", PARA ELETRODUTO","UN",10,{"$f":"VLOOKUP(D579,'Insumo SINAPI (sem des.)'!A:E,5,FALSE)","v":1.32},0.14692012195121973,1.5139345609756101,{"$f":"VLOOKUP(D579,'Insumos SINAPI (des)'!A:E,5,FALSE)","v":1.32},0.20311109145345707,1.5881066407185633,15.1393456097561,15.881066407185633]
[null,"3.3.8.2.9","Insumo Sinapi",39211,"ARRUELA EM ALUMINIO, COM ROSCA, DE  1 1/4\", PARA ELETRODUTO","UN",203,{"$f":"VLOOKUP(D580,'Insumo SINAPI (sem des.)'!A:E,5,FALSE)","v":1.68},0.14692012195121973,1.9268258048780491,{"$f":"VLOOKUP(D580,'Insumos SINAPI (des)'!A:E,5,FALSE)","v":1.68},0.20311109145345707,2.0212266336418079,391.14563839024396,410.30900662928701]
[null,"3.3.8.2.10","Insumo Sinapi",13348,"ARRUELA  EM ACO GALVANIZADO, DIAMETRO EXTERNO = 35MM, ESPESSURA = 3MM, DIAMETRO DO FURO= 18MM","UN",1004,{"$f":"VLOOKUP(D581,'Insumo SINAPI (sem des.)'!A:E,5,FALSE)","v":1.79},0.14692012195121973,2.0529870182926833,{"$f":"VLOOKUP(D581,'Insumos SINAPI (des)'!A:E,5,FALSE)","v":1.79},0.20311109145345707,2.1535688537016884,2061.1989663658542,2162.1831291164949]
[null,"3.3.8.2.11","Insumo Sinapi",4374,"BUCHA DE NYLON SEM ABA S10","UN",316,{"$f":"VLOOKUP(D582,'Insumo SINAPI (sem des.)'!A:E,5,FALSE)","v":0.37},0.14692012195121973,0.42436044512195131,{"$f":"VLOOKUP(D582,'Insumos SINAPI (des)'!A:E,5,FALSE)","v":0.37},0.20311109145345707,0.44515110383777912,134.09790065853662,140.66774881273821]
[null,"3.3.8.2.12","Insumo Sinapi",40552,"PARAFUSO, AUTO ATARRACHANTE, CABECA CHATA, FENDA SIMPLES, 1/4\" (6,35 MM) X 25 MM","CENTO",207,{"$f":"VLOOKUP(D583,'Insumo SINAPI (sem des.)'!A:E,5,FALSE)","v":45.23},0.14692012195121973,51.875197115853666,{"$f":"VLOOKUP(D583,'Insumos SINAPI (des)'!A:E,5,FALSE)","v":45.23},0.20311109145345707,54.416714666439859,10738.165802981708,11264.25993595305]
[null,"3.3.8.2.13","Insumo Sinapi",4329,"PARAFUSO EM ACO GALVANIZADO, TIPO MAQUINA, SEXTAVADO, SEM PORCA, DIAMETRO 1/2\", COMPRIMENTO 2\"","UN",744,{"$f":"VLOOKUP(D584,'Insumo SINAPI (sem des.)'!A:E,5,FALSE)","v":2.09},0.14692012195121973,2.3970630548780489,{"$f":"VLOOKUP(D584,'Insumos SINAPI (des)'!A:E,5,FALSE)","v":2.09},0.20311109145345707,2.5145021811377251,1783.4149128292684,1870.7896227664673]
[null,"3.3.8.2.14","Insumo Sinapi",39997,"PORCA ZINCADA, SEXTAVADA, DIAMETRO 1/4\"","UN",785,{"$f":"VLOOKUP(D585,'Insumo SINAPI (sem des.)'!A:E,5,FALSE)","v":0.28999999999999998},0.14692012195121973,0.33260683536585373,{"$f":"VLOOKUP(D585,'Insumos SINAPI (des)'!A:E,5,FALSE)","v":0.28999999999999998},0.20311109145345707,0.34890221652150255,261.09636576219515,273.88823996937953]
[null,"3.3.8.2.15","Insumo Sinapi",39996,"VERGALHAO ZINCADO ROSCA TOTAL, 1/4 \" (6,3 MM)","M",224,{"$f":"VLOOKUP(D586,'Insumo SINAPI (sem des.)'!A:E,5,FALSE)","v":4.5999999999999996},0.14692012195121973,5.2758325609756103,{"$f":"VLOOKUP(D586,'Insumos SINAPI (des)'!A:E,5,FALSE)","v":4.5999999999999996},0.20311109145345707,5.5343110206859025,1181.7864936585368,1239.6856686336421]
[null,"3.3.8.2.16","Composição Sinapi",91926,"CABO DE COBRE FLEXÍVEL ISOLADO, 2,5 MM², ANTI-CHAMA 450/750 V, PARA CIRCUITOS TERMINAIS - FORNECIMENTO E INSTALAÇÃO. AF_12/2015","M",1194.4000000000001,{"$f":"VLOOKUP(D587,'CPU (sem des)'!B:I,8,FALSE)","v":4.87},{"$f":"$N$4","v":0.23957567779569877},6.036733550865053,{"$f":"VLOOKUP(D587,'CPU (des)'!B:I,8,FALSE)","v":4.7},{"$f":"$O$4","v":0.30260494954802231},6.1222432628757053,7210.27455315322,7312.4073531787426]
[null,"3.3.8.2.17","Composição Sinapi",91928,"CABO DE COBRE FLEXÍVEL ISOLADO, 4 MM², ANTI-CHAMA 450/750 V, PARA CIRCUITOS TERMINAIS - FORNECIMENTO E INSTALAÇÃO. AF_12/2015","M",293.39999999999998,{"$f":"VLOOKUP(D588,'CPU (sem des)'!B:I,8,FALSE)","v":7.58},{"$f":"$N$4","v":0.23957567779569877},9.3959836376913977,{"$f":"VLOOKUP(D588,'CPU (des)'!B:I,8,FALSE)","v":7.35},{"$f":"$O$4","v":0.30260494954802231},9.5741463791779626,2756.7815992986557,2809.0545476508141]
[null,"3.3.8.2.18","Insumo Sinapi",38092,"ESPELHO / PLACA DE 1 POSTO 4\" X 2\", PARA INSTALACAO DE TOMADAS E INTERRUPTORES","UN",4,{"$f":"VLOOKUP(D589,'Insumo SINAPI (sem des.)'!A:E,5,FALSE)","v":2.57},{"$f":"$N$5","v":0.14692012195121973},2.9475847134146345,{"$f":"VLOOKUP(D589,'Insumos SINAPI (des)'!A:E,5,FALSE)","v":2.57},{"$f":"$O$5","v":0.20311109145345707},3.0919955050353845,11.790338853658538,12.367982020141538]
[null,"3.3.8.2.19","Composição Sinapi",91990,"TOMADA ALTA DE EMBUTIR (1 MÓDULO), 2P+T 10 A, SEM SUPORTE E SEM PLACA - FORNECIMENTO E INSTALAÇÃO. AF_12/2015","UN",33,{"$f":"VLOOKUP(D590,'CPU (sem des)'!B:I,8,FALSE)","v":33.74},{"$f":"$N$4","v":0.23957567779569877},41.823283368826878,{"$f":"VLOOKUP(D590,'CPU (des)'!B:I,8,FALSE)","v":30.75},{"$f":"$O$4","v":0.30260494954802231},40.055102198601688,1380.168351171287,1321.8183725538556]
[null,"3.3.8.2.20","Composição Sinapi",91991,"TOMADA ALTA DE EMBUTIR (1 MÓDULO), 2P+T 20 A, SEM SUPORTE E SEM PLACA - FORNECIMENTO E INSTALAÇÃO. AF_12/2015","UN",4,{"$f":"VLOOKUP(D591,'CPU (sem des)'!B:I,8,FALSE)","v":36.18},0.23957567779569877,44.847848022648378,{"$f":"VLOOKUP(D591,'CPU (des)'!B:I,8,FALSE)","v":33.19},0.30260494954802231,43.233458275498855,179.39139209059351,172.93383310199542]
[null,"3.3.8.2.21","Composição Sinapi",91952,"INTERRUPTOR SIMPLES (1 MÓDULO), 10A/250V, SEM SUPORTE E SEM PLACA - FORNECIMENTO E INSTALAÇÃO. AF_12/2015","UN",7,{"$f":"VLOOKUP(D592,'CPU (sem des)'!B:I,8,FALSE)","v":19.02},0.23957567779569877,23.576729391674188,{"$f":"VLOOKUP(D592,'CPU (des)'!B:I,8,FALSE)","v":17.670000000000002},0.30260494954802231,23.017029458513555,165.03710574171933,161.11920620959489]
[null,"3.3.8.2.22","Composição Sinapi",97595,"SENSOR DE PRESENÇA COM FOTOCÉLULA, FIXAÇÃO EM PAREDE - FORNECIMENTO E INSTALAÇÃO. AF_02/2020","UN",2,{"$f":"VLOOKUP(D593,'CPU (sem des)'!B:I,8,FALSE)","v":102.4},0.23957567779569877,126.93254940627956,{"$f":"VLOOKUP(D593,'CPU (des)'!B:I,8,FALSE)","v":100.02},0.30260494954802231,130.28654705379319,253.86509881255913,260.57309410758637]
[null,"3.3.8.2.23","Composição Sinapi",93654,"DISJUNTOR MONOPOLAR TIPO DIN, CORRENTE NOMINAL DE 16A - FORNECIMENTO E INSTALAÇÃO. AF_10/2020","UN",10,{"$f":"VLOOKUP(D594,'CPU (sem des)'!B:I,8,FALSE)","v":13.34},0.23957567779569877,16.535939541794622,{"$f":"VLOOKUP(D594,'CPU (des)'!B:I,8,FALSE)","v":13.06},0.30260494954802231,17.012020641097173,165.35939541794622,170.12020641097172]
[null,"3.3.8.2.24","Composição Sinapi",93655,"DISJUNTOR MONOPOLAR TIPO DIN, CORRENTE NOMINAL DE 20A - FORNECIMENTO E INSTALAÇÃO. AF_10/2020","UN",3,{"$f":"VLOOKUP(D595,'CPU (sem des)'!B:I,8,FALSE)","v":14.66},0.23957567779569877,18.172179436484946,{"$f":"VLOOKUP(D595,'CPU (des)'!B:I,8,FALSE)","v":14.27},0.30260494954802231,18.588172630050277,54.516538309454837,55.764517890150827]
[null,"3.3.8.2.25","Composição Sinapi",101894,"DISJUNTOR TRIPOLAR TIPO NEMA, CORRENTE NOMINAL DE 60 ATÉ 100A - FORNECIMENTO E INSTALAÇÃO. AF_10/2020","UN",2,{"$f":"VLOOKUP(D596,'CPU (sem des)'!B:I,8,FALSE)","v":167.8},0.23957567779569877,208.00079873411826,{"$f":"VLOOKUP(D596,'CPU (des)'!B:I,8,FALSE)","v":163.24},0.30260494954802231,212.63723196421918,416.00159746823653,425.27446392843837]
[null,"3.3.8.2.26","Composição Sinapi",91170,"FIXAÇÃO DE TUBOS HORIZONTAIS DE PVC, CPVC OU COBRE DIÂMETROS MENORES OU IGUAIS A 40 MM OU ELETROCALHAS ATÉ 150MM DE LARGURA, COM ABRAÇADEIRA METÁLICA RÍGIDA TIPO D 1/2\", FIXADA EM PERFILADO EM LAJE. AF_05/2015","M",28.4,{"$f":"VLOOKUP(D597,'CPU (sem des)'!B:I,8,FALSE)","v":3.5},0.23957567779569877,4.3385148722849456,{"$f":"VLOOKUP(D597,'CPU (des)'!B:I,8,FALSE)","v":3.29},0.30260494954802231,4.2855702840129934,123.21382237289245,121.710196065969]
[null,"3.3.8.2.27","Insumo Sinapi",3264,"FLANGE SEXTAVADO DE FERRO GALVANIZADO, COM ROSCA BSP, DE 1\"","UN",2,{"$f":"VLOOKUP(D598,'Insumo SINAPI (sem des.)'!A:E,5,FALSE)","v":33.72},{"$f":"$N$5","v":0.14692012195121973},38.674146512195129,{"$f":"VLOOKUP(D598,'Insumos SINAPI (des)'!A:E,5,FALSE)","v":33.72},{"$f":"$O$5","v":0.20311109145345707},40.568906003810568,77.348293024390259,81.137812007621136]
[null,"3.3.8.2.28","Insumo Sinapi",6323,"TE DE FERRO GALVANIZADO, DE 1\"","UN",1,{"$f":"VLOOKUP(D599,'Insumo SINAPI (sem des.)'!A:E,5,FALSE)","v":24.11},{"$f":"$N$5","v":0.14692012195121973},27.652244140243909,{"$f":"VLOOKUP(D599,'Insumos SINAPI (des)'!A:E,5,FALSE)","v":24.11},{"$f":"$O$5","v":0.20311109145345707},29.007008414942849,27.652244140243909,29.007008414942849]
[null,"3.3.8.2.29","Insumo Sinapi",14153,"FITA METALICA PERFURADA, L = *18* MM, ROLO DE 30 M, CARGA RECOMENDADA = *30* KGF","UN",22,{"$f":"VLOOKUP(D600,'Insumo SINAPI (sem des.)'!A:E,5,FALSE)","v":53.3},{"$f":"$N$5","v":0.14692012195121973},61.130842500000007,{"$f":"VLOOKUP(D600,'Insumos SINAPI (des)'!A:E,5,FALSE)","v":53.3},{"$f":"$O$5","v":0.20311109145345707},64.125821174469252,1344.8785350000001,1410.7680658383235]
[null,"3.3.8.2.30","Composição Sinapi",91834,"ELETRODUTO FLEXÍVEL CORRUGADO, PVC, DN 25 MM (3/4\"), PARA CIRCUITOS TERMINAIS, INSTALADO EM FORRO - FORNECIMENTO E INSTALAÇÃO. AF_12/2015","M",4.0999999999999996,{"$f":"VLOOKUP(D601,'CPU (sem des)'!B:I,8,FALSE)","v":11.11},{"$f":"$N$4","v":0.23957567779569877},13.771685780310213,{"$f":"VLOOKUP(D601,'CPU (des)'!B:I,8,FALSE)","v":10.37},{"$f":"$O$4","v":0.30260494954802231},13.508013326812991,56.463911699271868,55.382854639933257]
[null,"3.3.8.2.31","Composição Sinapi",91836,"ELETRODUTO FLEXÍVEL CORRUGADO, PVC, DN 32 MM (1\"), PARA CIRCUITOS TERMINAIS, INSTALADO EM FORRO - FORNECIMENTO E INSTALAÇÃO. AF_12/2015","M",8.1999999999999993,{"$f":"VLOOKUP(D602,'CPU (sem des)'!B:I,8,FALSE)","v":14.07},{"$f":"$N$4","v":0.23957567779569877},17.440829786585482,{"$f":"VLOOKUP(D602,'CPU (des)'!B:I,8,FALSE)","v":13.24},{"$f":"$O$4","v":0.30260494954802231},17.246489532015815,143.01480425000094,141.42121416252968]
[null,"3.3.8.2.32","Composição Sinapi",91847,"ELETRODUTO FLEXÍVEL CORRUGADO REFORÇADO, PVC, DN 32 MM (1\"), PARA CIRCUITOS TERMINAIS, INSTALADO EM LAJE - FORNECIMENTO E INSTALAÇÃO. AF_12/2015","M",16.8,{"$f":"VLOOKUP(D603,'CPU (sem des)'!B:I,8,FALSE)","v":13.57},{"$f":"$N$4","v":0.23957567779569877},16.821041947687633,{"$f":"VLOOKUP(D603,'CPU (des)'!B:I,8,FALSE)","v":13.08},{"$f":"$O$4","v":0.30260494954802231},17.038072740088133,282.59350472115221,286.23962203348066]
[null,"3.3.8.2.33","Insumo Sinapi",39131,"ABRACADEIRA EM ACO PARA AMARRACAO DE ELETRODUTOS, TIPO D, COM 1 1/2\" E CUNHA DE FIXACAO","UN",5,{"$f":"VLOOKUP(D604,'Insumo SINAPI (sem des.)'!A:E,5,FALSE)","v":5.49},{"$f":"$N$5","v":0.14692012195121973},6.2965914695121965,{"$f":"VLOOKUP(D604,'Insumos SINAPI (des)'!A:E,5,FALSE)","v":5.49},{"$f":"$O$5","v":0.20311109145345707},6.6050798920794795,31.482957347560983,33.025399460397395]
[null,"3.3.8.2.34","Insumo Sinapi",39129,"ABRACADEIRA EM ACO PARA AMARRACAO DE ELETRODUTOS, TIPO D, COM 1\" E CUNHA DE FIXACAO","UN",3,{"$f":"VLOOKUP(D605,'Insumo SINAPI (sem des.)'!A:E,5,FALSE)","v":3.09},{"$f":"$N$5","v":0.14692012195121973},3.5439831768292689,{"$f":"VLOOKUP(D605,'Insumos SINAPI (des)'!A:E,5,FALSE)","v":3.09},{"$f":"$O$5","v":0.20311109145345707},3.7176132725911821,10.631949530487807,11.152839817773547]
[null,"3.3.8.2.35","Insumo Sinapi",39128,"ABRACADEIRA EM ACO PARA AMARRACAO DE ELETRODUTOS, TIPO D, COM 3/4\" E CUNHA DE FIXACAO","UN",109,{"$f":"VLOOKUP(D606,'Insumo SINAPI (sem des.)'!A:E,5,FALSE)","v":2.88},{"$f":"$N$5","v":0.14692012195121973},3.3031299512195127,{"$f":"VLOOKUP(D606,'Insumos SINAPI (des)'!A:E,5,FALSE)","v":2.88},{"$f":"$O$5","v":0.20311109145345707},3.4649599433859564,360.04116468292688,377.68063382906922]
[null,"3.3.8.2.36","Composição Sinapi",91863,"ELETRODUTO RÍGIDO ROSCÁVEL, PVC, DN 25 MM (3/4\"), PARA CIRCUITOS TERMINAIS, INSTALADO EM FORRO - FORNECIMENTO E INSTALAÇÃO. AF_12/2015","M",288,{"$f":"VLOOKUP(D607,'CPU (sem des)'!B:I,8,FALSE)","v":11.4},{"$f":"$N$4","v":0.23957567779569877},14.131162726870967,{"$f":"VLOOKUP(D607,'CPU (des)'!B:I,8,FALSE)","v":10.7},{"$f":"$O$4","v":0.30260494954802231},13.937872960163837,4069.7748653388385,4014.1074125271853]
[null,"3.3.8.2.37","Composição Sinapi",91864,"ELETRODUTO RÍGIDO ROSCÁVEL, PVC, DN 32 MM (1\"), PARA CIRCUITOS TERMINAIS, INSTALADO EM FORRO - FORNECIMENTO E INSTALAÇÃO. AF_12/2015","M",7.8,{"$f":"VLOOKUP(D608,'CPU (sem des)'!B:I,8,FALSE)","v":15.53},{"$f":"$N$4","v":0.23957567779569877},19.250610276167201,{"$f":"VLOOKUP(D608,'CPU (des)'!B:I,8,FALSE)","v":14.71},{"$f":"$O$4","v":0.30260494954802231},19.161318807851409,150.15476015410417,149.45828670124098]
[null,"3.3.8.2.38","Composição Sinapi",93008,"ELETRODUTO RÍGIDO ROSCÁVEL, PVC, DN 50 MM (1 1/2\"), PARA REDE ENTERRADA DE DISTRIBUIÇÃO DE ENERGIA ELÉTRICA - FORNECIMENTO E INSTALAÇÃO. AF_12/2021","M",12.3,{"$f":"VLOOKUP(D609,'CPU (sem des)'!B:I,8,FALSE)","v":19.3},{"$f":"$N$4","v":0.23957567779569877},23.923810581456987,{"$f":"VLOOKUP(D609,'CPU (des)'!B:I,8,FALSE)","v":18.66},{"$f":"$O$4","v":0.30260494954802231},24.306608358566095,294.26287015192094,298.97128281036299]
[null,"3.3.8.2.39","Composição Sinapi",91170,"FIXAÇÃO DE TUBOS HORIZONTAIS DE PVC, CPVC OU COBRE DIÂMETROS MENORES OU IGUAIS A 40 MM OU ELETROCALHAS ATÉ 150MM DE LARGURA, COM ABRAÇADEIRA METÁLICA RÍGIDA TIPO D 1/2\", FIXADA EM PERFILADO EM LAJE. AF_05/2015","M",156.19999999999999,{"$f":"VLOOKUP(D610,'CPU (sem des)'!B:I,8,FALSE)","v":3.5},{"$f":"$N$4","v":0.23957567779569877},4.3385148722849456,{"$f":"VLOOKUP(D610,'CPU (des)'!B:I,8,FALSE)","v":3.29},{"$f":"$O$4","v":0.30260494954802231},4.2855702840129934,677.6760230509085,669.40607836282948]
[null,"3.3.8.2.40","Insumo Sinapi",402,"GANCHO OLHAL EM ACO GALVANIZADO, ESPESSURA 16MM, ABERTURA 21MM","UN",199,{"$f":"VLOOKUP(D611,'Insumo SINAPI (sem des.)'!A:E,5,FALSE)","v":11.67},{"$f":"$N$5","v":0.14692012195121973},13.384557823170734,{"$f":"VLOOKUP(D611,'Insumos SINAPI (des)'!A:E,5,FALSE)","v":11.67},{"$f":"$O$5","v":0.20311109145345707},14.040306437261844,2663.5270068109762,2794.0209810151068]
[null,"3.3.8.2.41","Composição Sinapi",101880,"QUADRO DE DISTRIBUIÇÃO DE ENERGIA EM CHAPA DE AÇO GALVANIZADO, DE EMBUTIR, COM BARRAMENTO TRIFÁSICO, PARA 30 DISJUNTORES DIN 150A - FORNECIMENTO E INSTALAÇÃO. AF_10/2020","UN",1,{"$f":"VLOOKUP(D612,'CPU (sem des)'!B:I,8,FALSE)","v":696.07},{"$f":"$N$4","v":0.23957567779569877},862.83144204325208,{"$f":"VLOOKUP(D612,'CPU (des)'!B:I,8,FALSE)","v":691.96},{"$f":"$O$4","v":0.30260494954802231},901.35052088924954,862.83144204325208,901.35052088924954]
[null,"3.3.8.2.42","Composição Sinapi",97586,"LUMINÁRIA TIPO CALHA, DE SOBREPOR, COM 2 LÂMPADAS TUBULARES FLUORESCENTES DE 36 W, COM REATOR DE PARTIDA RÁPIDA - FORNECIMENTO E INSTALAÇÃO. AF_02/2020","UN",34,{"$f":"VLOOKUP(D613,'CPU (sem des)'!B:I,8,FALSE)","v":158.54},{"$f":"$N$4","v":0.23957567779569877},196.52232795773008,{"$f":"VLOOKUP(D613,'CPU (des)'!B:I,8,FALSE)","v":156.79},{"$f":"$O$4","v":0.30260494954802231},204.23543003963439,6681.7591505628225,6944.0046213475698]
[null,"3.3.8.3","Restaurante - Lista de materiais",null,null,null,1,{"$nulls":6},{"$f":"SUM(N615:N658)","v":38814.833193480634},{"$f":"SUM(O615:O658)","v":40104.931870468754}]
[null,"3.3.8.3.1","Insumo Sinapi",2516,"CONECTOR CURVO 90 GRAUS DE ALUMINIO, BITOLA 1\", PARA ADAPTAR ENTRADA DE ELETRODUTO METALICO FLEXIVEL EM QUADROS","UN",21,{"$f":"VLOOKUP(D615,'Insumo SINAPI (sem des.)'!A:E,5,FALSE)","v":12.49},{"$f":"$N$5","v":0.14692012195121973},{"$f":"H615*(1+I615)","v":14.325032323170735},{"$f":"VLOOKUP(D615,'Insumos SINAPI (des)'!A:E,5,FALSE)","v":12.49},{"$f":"$O$5","v":0.20311109145345707},{"$f":"K615*(1+L615)","v":15.026857532253679},{"$f":"J615*G615","v":300.82567878658546},{"$f":"M615*G615","v":315.56400817732725}]
[null,"3.3.8.3.2","Insumo Sinapi",1648,"CRUZETA DE FERRO GALVANIZADO, COM ROSCA BSP, DE 1\"","UN",2,{"$f":"VLOOKUP(D616,'Insumo SINAPI (sem des.)'!A:E,5,FALSE)","v":46.11},{"$f":"$N$5","v":0.14692012195121973},52.884486823170739,{"$f":"VLOOKUP(D616,'Insumos SINAPI (des)'!A:E,5,FALSE)","v":46.11},{"$f":"$O$5","v":0.20311109145345707},55.475452426918906,105.76897364634148,110.95090485383781]
[null,"3.3.8.3.3","Insumo Sinapi",3264,"FLANGE SEXTAVADO DE FERRO GALVANIZADO, COM ROSCA BSP, DE 1\"","UN",6,{"$f":"VLOOKUP(D617,'Insumo SINAPI (sem des.)'!A:E,5,FALSE)","v":33.72},{"$f":"$N$5","v":0.14692012195121973},38.674146512195129,{"$f":"VLOOKUP(D617,'Insumos SINAPI (des)'!A:E,5,FALSE)","v":33.72},{"$f":"$O$5","v":0.20311109145345707},40.568906003810568,232.04487907317076,243.41343602286341]
[null,"3.3.8.3.4","Insumo Sinapi",6323,"TE DE FERRO GALVANIZADO, DE 1\"","UN",16,{"$f":"VLOOKUP(D618,'Insumo SINAPI (sem des.)'!A:E,5,FALSE)","v":24.11},{"$f":"$N$5","v":0.14692012195121973},27.652244140243909,{"$f":"VLOOKUP(D618,'Insumos SINAPI (des)'!A:E,5,FALSE)","v":24.11},{"$f":"$O$5","v":0.20311109145345707},29.007008414942849,442.43590624390254,464.11213463908558]
[null,"3.3.8.3.5","Insumo Sinapi",14153,"FITA METALICA PERFURADA, L = *18* MM, ROLO DE 30 M, CARGA RECOMENDADA = *30* KGF","UN",1,{"$f":"VLOOKUP(D619,'Insumo SINAPI (sem des.)'!A:E,5,FALSE)","v":53.3},{"$f":"$N$5","v":0.14692012195121973},61.130842500000007,{"$f":"VLOOKUP(D619,'Insumos SINAPI (des)'!A:E,5,FALSE)","v":53.3},{"$f":"$O$5","v":0.20311109145345707},64.125821174469252,61.130842500000007,64.125821174469252]
[null,"3.3.8.3.6","Composição Sinapi",91936,"CAIXA OCTOGONAL 4\" X 4\", PVC, INSTALADA EM LAJE - FORNECIMENTO E INSTALAÇÃO. AF_12/2015","UN",31,{"$f":"VLOOKUP(D620,'CPU (sem des)'!B:I,8,FALSE)","v":17.63},{"$f":"$N$4","v":0.23957567779569877},21.853719199538169,{"$f":"VLOOKUP(D620,'CPU (des)'!B:I,8,FALSE)","v":16.329999999999998},{"$f":"$O$4","v":0.30260494954802231},21.271538826119201,677.4652951856832,659.4177036096952]
[null,"3.3.8.3.7","Composição Sinapi",91940,"CAIXA RETANGULAR 4\" X 2\" MÉDIA (1,30 M DO PISO), PVC, INSTALADA EM PAREDE - FORNECIMENTO E INSTALAÇÃO. AF_12/2015","UN",8,{"$f":"VLOOKUP(D621,'CPU (sem des)'!B:I,8,FALSE)","v":17.5},{"$f":"$N$4","v":0.23957567779569877},21.692574361424729,{"$f":"VLOOKUP(D621,'CPU (des)'!B:I,8,FALSE)","v":15.79},{"$f":"$O$4","v":0.30260494954802231},20.568132153363273,173.54059489139783,164.54505722690618]
[null,"3.3.8.3.8","Insumo Sinapi",39332,"CONDULETE EM PVC, TIPO \"C\", SEM TAMPA, DE 1\"","UN",34,{"$f":"VLOOKUP(D622,'Insumo SINAPI (sem des.)'!A:E,5,FALSE)","v":13.55},{"$f":"$N$5","v":0.14692012195121973},15.540767652439028,{"$f":"VLOOKUP(D622,'Insumos SINAPI (des)'!A:E,5,FALSE)","v":13.55},{"$f":"$O$5","v":0.20311109145345707},16.302155289194346,528.38610018292695,554.27327983260773]
[null,"3.3.8.3.9","Insumo Sinapi",1891,"LUVA EM PVC RIGIDO ROSCAVEL, DE 3/4\", PARA ELETRODUTO","UN",1,{"$f":"VLOOKUP(D623,'Insumo SINAPI (sem des.)'!A:E,5,FALSE)","v":1.32},0.14692012195121973,1.5139345609756101,{"$f":"VLOOKUP(D623,'Insumos SINAPI (des)'!A:E,5,FALSE)","v":1.32},0.20311109145345707,1.5881066407185633,1.5139345609756101,1.5881066407185633]
[null,"3.3.8.3.10","Insumo Sinapi",39211,"ARRUELA EM ALUMINIO, COM ROSCA, DE  1 1/4\", PARA ELETRODUTO","UN",226,{"$f":"VLOOKUP(D624,'Insumo SINAPI (sem des.)'!A:E,5,FALSE)","v":1.68},0.14692012195121973,1.9268258048780491,{"$f":"VLOOKUP(D624,'Insumos SINAPI (des)'!A:E,5,FALSE)","v":1.68},0.20311109145345707,2.0212266336418079,435.46263190243911,456.7972192030486]
[null,"3.3.8.3.11","Insumo Sinapi",13348,"ARRUELA  EM ACO GALVANIZADO, DIAMETRO EXTERNO = 35MM, ESPESSURA = 3MM, DIAMETRO DO FURO= 18MM","UN",898,{"$f":"VLOOKUP(D625,'Insumo SINAPI (sem des.)'!A:E,5,FALSE)","v":1.79},0.14692012195121973,2.0529870182926833,{"$f":"VLOOKUP(D625,'Insumos SINAPI (des)'!A:E,5,FALSE)","v":1.79},0.20311109145345707,2.1535688537016884,1843.5823424268297,1933.9048306241161]
[null,"3.3.8.3.12","Insumo Sinapi",4374,"BUCHA DE NYLON SEM ABA S10","UN",242,{"$f":"VLOOKUP(D626,'Insumo SINAPI (sem des.)'!A:E,5,FALSE)","v":0.37},0.14692012195121973,0.42436044512195131,{"$f":"VLOOKUP(D626,'Insumos SINAPI (des)'!A:E,5,FALSE)","v":0.37},0.20311109145345707,0.44515110383777912,102.69522771951222,107.72656712874254]
[null,"3.3.8.3.13","Insumo Sinapi",40552,"PARAFUSO, AUTO ATARRACHANTE, CABECA CHATA, FENDA SIMPLES, 1/4\" (6,35 MM) X 25 MM","CENTO",143,{"$f":"VLOOKUP(D627,'Insumo SINAPI (sem des.)'!A:E,5,FALSE)","v":45.23},0.14692012195121973,51.875197115853666,{"$f":"VLOOKUP(D627,'Insumos SINAPI (des)'!A:E,5,FALSE)","v":45.23},0.20311109145345707,54.416714666439859,7418.1531875670744,7781.5901973008995]
[null,"3.3.8.3.14","Insumo Sinapi",4329,"PARAFUSO EM ACO GALVANIZADO, TIPO MAQUINA, SEXTAVADO, SEM PORCA, DIAMETRO 1/2\", COMPRIMENTO 2\"","UN",232,{"$f":"VLOOKUP(D628,'Insumo SINAPI (sem des.)'!A:E,5,FALSE)","v":2.09},0.14692012195121973,2.3970630548780489,{"$f":"VLOOKUP(D628,'Insumos SINAPI (des)'!A:E,5,FALSE)","v":2.09},0.20311109145345707,2.5145021811377251,556.1186287317073,583.36450602395223]
[null,"3.3.8.3.15","Insumo Sinapi",39442,"PARAFUSO DRY WALL, EM ACO ZINCADO, CABECA LENTILHA E PONTA AGULHA (LA), LARGURA 4,2 MM, COMPRIMENTO 13 MM","UN",632,{"$f":"VLOOKUP(D629,'Insumo SINAPI (sem des.)'!A:E,5,FALSE)","v":0.17},0.14692012195121973,0.19497642073170737,{"$f":"VLOOKUP(D629,'Insumos SINAPI (des)'!A:E,5,FALSE)","v":0.17},0.20311109145345707,0.20452888554708773,123.22509790243906,129.26225566575945]
[null,"3.3.8.3.16","Insumo Sinapi",39997,"PORCA ZINCADA, SEXTAVADA, DIAMETRO 1/4\"","UN",880,{"$f":"VLOOKUP(D630,'Insumo SINAPI (sem des.)'!A:E,5,FALSE)","v":0.28999999999999998},0.14692012195121973,0.33260683536585373,{"$f":"VLOOKUP(D630,'Insumos SINAPI (des)'!A:E,5,FALSE)","v":0.28999999999999998},0.20311109145345707,0.34890221652150255,292.69401512195128,307.03395053892223]
[null,"3.3.8.3.17","Insumo Sinapi",39996,"VERGALHAO ZINCADO ROSCA TOTAL, 1/4 \" (6,3 MM)","M",232,{"$f":"VLOOKUP(D631,'Insumo SINAPI (sem des.)'!A:E,5,FALSE)","v":4.5999999999999996},0.14692012195121973,5.2758325609756103,{"$f":"VLOOKUP(D631,'Insumos SINAPI (des)'!A:E,5,FALSE)","v":4.5999999999999996},0.20311109145345707,5.5343110206859025,1223.9931541463416,1283.9601567991294]
[null,"3.3.8.3.18","Composição Sinapi",91926,"CABO DE COBRE FLEXÍVEL ISOLADO, 2,5 MM², ANTI-CHAMA 450/750 V, PARA CIRCUITOS TERMINAIS - FORNECIMENTO E INSTALAÇÃO. AF_12/2015","M",567.79999999999995,{"$f":"VLOOKUP(D632,'CPU (sem des)'!B:I,8,FALSE)","v":4.87},{"$f":"$N$4","v":0.23957567779569877},6.036733550865053,{"$f":"VLOOKUP(D632,'CPU (des)'!B:I,8,FALSE)","v":4.7},{"$f":"$O$4","v":0.30260494954802231},6.1222432628757053,3427.6573101811769,3476.209724660825]
[null,"3.3.8.3.19","Composição Sinapi",91928,"CABO DE COBRE FLEXÍVEL ISOLADO, 4 MM², ANTI-CHAMA 450/750 V, PARA CIRCUITOS TERMINAIS - FORNECIMENTO E INSTALAÇÃO. AF_12/2015","M",250.2,{"$f":"VLOOKUP(D633,'CPU (sem des)'!B:I,8,FALSE)","v":7.58},{"$f":"$N$4","v":0.23957567779569877},9.3959836376913977,{"$f":"VLOOKUP(D633,'CPU (des)'!B:I,8,FALSE)","v":7.35},{"$f":"$O$4","v":0.30260494954802231},9.5741463791779626,2350.8751061503876,2395.4514240703261]
[null,"3.3.8.3.20","Composição Sinapi",103007,"CAIXA COM GRELHA RETANGULAR DE FERRO FUNDIDO, EM ALVENARIA COM TIJOLOS CERÂMICOS MACIÇOS, DIMENSÕES INTERNAS: 0,30 X 1,00 X 0,5 M. AF_08/2021","UN",1,{"$f":"VLOOKUP(D634,'CPU (sem des)'!B:I,8,FALSE)","v":1114.57},{"$f":"$N$4","v":0.23957567779569877},1381.5938632007519,{"$f":"VLOOKUP(D634,'CPU (des)'!B:I,8,FALSE)","v":1082.95},{"$f":"$O$4","v":0.30260494954802231},1410.6560301130307,1381.5938632007519,1410.6560301130307]
[null,"3.3.8.3.21","Insumo Sinapi",38092,"ESPELHO / PLACA DE 1 POSTO 4\" X 2\", PARA INSTALACAO DE TOMADAS E INTERRUPTORES","UN",6,{"$f":"VLOOKUP(D635,'Insumo SINAPI (sem des.)'!A:E,5,FALSE)","v":2.57},{"$f":"$N$5","v":0.14692012195121973},2.9475847134146345,{"$f":"VLOOKUP(D635,'Insumos SINAPI (des)'!A:E,5,FALSE)","v":2.57},{"$f":"$O$5","v":0.20311109145345707},3.0919955050353845,17.685508280487806,18.551973030212306]
[null,"3.3.8.3.22","Composição Sinapi",91990,"TOMADA ALTA DE EMBUTIR (1 MÓDULO), 2P+T 10 A, SEM SUPORTE E SEM PLACA - FORNECIMENTO E INSTALAÇÃO. AF_12/2015","UN",26,{"$f":"VLOOKUP(D636,'CPU (sem des)'!B:I,8,FALSE)","v":33.74},{"$f":"$N$4","v":0.23957567779569877},41.823283368826878,{"$f":"VLOOKUP(D636,'CPU (des)'!B:I,8,FALSE)","v":30.75},{"$f":"$O$4","v":0.30260494954802231},40.055102198601688,1087.4053675894988,1041.4326571636439]
[null,"3.3.8.3.23","Composição Sinapi",91991,"TOMADA ALTA DE EMBUTIR (1 MÓDULO), 2P+T 20 A, SEM SUPORTE E SEM PLACA - FORNECIMENTO E INSTALAÇÃO. AF_12/2015","UN",3,{"$f":"VLOOKUP(D637,'CPU (sem des)'!B:I,8,FALSE)","v":36.18},0.23957567779569877,44.847848022648378,{"$f":"VLOOKUP(D637,'CPU (des)'!B:I,8,FALSE)","v":33.19},0.30260494954802231,43.233458275498855,134.54354406794513,129.70037482649656]
[null,"3.3.8.3.24","Composição Sinapi",91952,"INTERRUPTOR SIMPLES (1 MÓDULO), 10A/250V, SEM SUPORTE E SEM PLACA - FORNECIMENTO E INSTALAÇÃO. AF_12/2015","UN",8,{"$f":"VLOOKUP(D638,'CPU (sem des)'!B:I,8,FALSE)","v":19.02},0.23957567779569877,23.576729391674188,{"$f":"VLOOKUP(D638,'CPU (des)'!B:I,8,FALSE)","v":17.670000000000002},0.30260494954802231,23.017029458513555,188.61383513339351,184.13623566810844]
[null,"3.3.8.3.25","Composição Sinapi",97595,"SENSOR DE PRESENÇA COM FOTOCÉLULA, FIXAÇÃO EM PAREDE - FORNECIMENTO E INSTALAÇÃO. AF_02/2020","UN",2,{"$f":"VLOOKUP(D639,'CPU (sem des)'!B:I,8,FALSE)","v":102.4},0.23957567779569877,126.93254940627956,{"$f":"VLOOKUP(D639,'CPU (des)'!B:I,8,FALSE)","v":100.02},0.30260494954802231,130.28654705379319,253.86509881255913,260.57309410758637]
[null,"3.3.8.3.26","Composição Sinapi",93655,"DISJUNTOR MONOPOLAR TIPO DIN, CORRENTE NOMINAL DE 20A - FORNECIMENTO E INSTALAÇÃO. AF_10/2020","UN",3,{"$f":"VLOOKUP(D640,'CPU (sem des)'!B:I,8,FALSE)","v":14.66},0.23957567779569877,18.172179436484946,{"$f":"VLOOKUP(D640,'CPU (des)'!B:I,8,FALSE)","v":14.27},0.30260494954802231,18.588172630050277,54.516538309454837,55.764517890150827]
[null,"3.3.8.3.27","Composição Sinapi",93654,"DISJUNTOR MONOPOLAR TIPO DIN, CORRENTE NOMINAL DE 16A - FORNECIMENTO E INSTALAÇÃO. AF_10/2020","UN",4,{"$f":"VLOOKUP(D641,'CPU (sem des)'!B:I,8,FALSE)","v":13.34},0.23957567779569877,16.535939541794622,{"$f":"VLOOKUP(D641,'CPU (des)'!B:I,8,FALSE)","v":13.06},0.30260494954802231,17.012020641097173,66.14375816717849,68.048082564388693]
[null,"3.3.8.3.28","Composição Sinapi",101894,"DISJUNTOR TRIPOLAR TIPO NEMA, CORRENTE NOMINAL DE 60 ATÉ 100A - FORNECIMENTO E INSTALAÇÃO. AF_10/2020","UN",2,{"$f":"VLOOKUP(D642,'CPU (sem des)'!B:I,8,FALSE)","v":167.8},0.23957567779569877,208.00079873411826,{"$f":"VLOOKUP(D642,'CPU (des)'!B:I,8,FALSE)","v":163.24},0.30260494954802231,212.63723196421918,416.00159746823653,425.27446392843837]
[null,"3.3.8.3.29","Composição Orse",9969,"Disjuntor tetrapolar DR 125 A, tipo AC, corrente nominal residual 30mA, ref.: Siemens 5SM3-3450 ou similar","UN",1,{"$f":"VLOOKUP(D643,'CPU (sem des)'!B:I,8,FALSE)","v":1463.33},0.23957567779569877,1813.9082765887797,{"$f":"VLOOKUP(D643,'CPU (des)'!B:I,8,FALSE)","v":1460.41},0.30260494954802231,1902.3372943694274,1813.9082765887797,1902.3372943694274]
[null,"3.3.8.3.30","Composição Sinapi",91170,"FIXAÇÃO DE TUBOS HORIZONTAIS DE PVC, CPVC OU COBRE DIÂMETROS MENORES OU IGUAIS A 40 MM OU ELETROCALHAS ATÉ 150MM DE LARGURA, COM ABRAÇADEIRA METÁLICA RÍGIDA TIPO D 1/2\", FIXADA EM PERFILADO EM LAJE. AF_05/2015","M",12.1,{"$f":"VLOOKUP(D644,'CPU (sem des)'!B:I,8,FALSE)","v":3.5},0.23957567779569877,4.3385148722849456,{"$f":"VLOOKUP(D644,'CPU (des)'!B:I,8,FALSE)","v":3.29},0.30260494954802231,4.2855702840129934,52.496029954647838,51.855400436557218]
[null,"3.3.8.3.31","Insumo Sinapi",3264,"FLANGE SEXTAVADO DE FERRO GALVANIZADO, COM ROSCA BSP, DE 1\"","UN",1,{"$f":"VLOOKUP(D645,'Insumo SINAPI (sem des.)'!A:E,5,FALSE)","v":33.72},{"$f":"$N$5","v":0.14692012195121973},38.674146512195129,{"$f":"VLOOKUP(D645,'Insumos SINAPI (des)'!A:E,5,FALSE)","v":33.72},{"$f":"$O$5","v":0.20311109145345707},40.568906003810568,38.674146512195129,40.568906003810568]
[null,"3.3.8.3.32","Insumo Sinapi",6323,"TE DE FERRO GALVANIZADO, DE 1\"","UN",1,{"$f":"VLOOKUP(D646,'Insumo SINAPI (sem des.)'!A:E,5,FALSE)","v":24.11},{"$f":"$N$5","v":0.14692012195121973},27.652244140243909,{"$f":"VLOOKUP(D646,'Insumos SINAPI (des)'!A:E,5,FALSE)","v":24.11},{"$f":"$O$5","v":0.20311109145345707},29.007008414942849,27.652244140243909,29.007008414942849]
[null,"3.3.8.3.33","Insumo Sinapi",14153,"FITA METALICA PERFURADA, L = *18* MM, ROLO DE 30 M, CARGA RECOMENDADA = *30* KGF","UN",1,{"$f":"VLOOKUP(D647,'Insumo SINAPI (sem des.)'!A:E,5,FALSE)","v":53.3},{"$f":"$N$5","v":0.14692012195121973},61.130842500000007,{"$f":"VLOOKUP(D647,'Insumos SINAPI (des)'!A:E,5,FALSE)","v":53.3},{"$f":"$O$5","v":0.20311109145345707},64.125821174469252,61.130842500000007,64.125821174469252]
[null,"3.3.8.3.34","Composição Sinapi",91836,"ELETRODUTO FLEXÍVEL CORRUGADO, PVC, DN 32 MM (1\"), PARA CIRCUITOS TERMINAIS, INSTALADO EM FORRO - FORNECIMENTO E INSTALAÇÃO. AF_12/2015","M",8.4,{"$f":"VLOOKUP(D648,'CPU (sem des)'!B:I,8,FALSE)","v":14.07},{"$f":"$N$4","v":0.23957567779569877},17.440829786585482,{"$f":"VLOOKUP(D648,'CPU (des)'!B:I,8,FALSE)","v":13.24},{"$f":"$O$4","v":0.30260494954802231},17.246489532015815,146.50297020731804,144.87051206893284]
[null,"3.3.8.3.35","Composição Sinapi",91834,"ELETRODUTO FLEXÍVEL CORRUGADO, PVC, DN 25 MM (3/4\"), PARA CIRCUITOS TERMINAIS, INSTALADO EM FORRO - FORNECIMENTO E INSTALAÇÃO. AF_12/2015","M",4.0999999999999996,{"$f":"VLOOKUP(D649,'CPU (sem des)'!B:I,8,FALSE)","v":11.11},{"$f":"$N$4","v":0.23957567779569877},13.771685780310213,{"$f":"VLOOKUP(D649,'CPU (des)'!B:I,8,FALSE)","v":10.37},{"$f":"$O$4","v":0.30260494954802231},13.508013326812991,56.463911699271868,55.382854639933257]
[null,"3.3.8.3.36","Composição Sinapi",91837,"ELETRODUTO FLEXÍVEL CORRUGADO REFORÇADO, PVC, DN 32 MM (1\"), PARA CIRCUITOS TERMINAIS, INSTALADO EM FORRO - FORNECIMENTO E INSTALAÇÃO. AF_12/2015","M",20.8,{"$f":"VLOOKUP(D650,'CPU (sem des)'!B:I,8,FALSE)","v":17.96},{"$f":"$N$4","v":0.23957567779569877},22.262779173210753,{"$f":"VLOOKUP(D650,'CPU (des)'!B:I,8,FALSE)","v":17.13},{"$f":"$O$4","v":0.30260494954802231},22.313622785757619,463.06580680278364,464.1233539437585]
[null,"3.3.8.3.37","Insumo Sinapi",39128,"ABRACADEIRA EM ACO PARA AMARRACAO DE ELETRODUTOS, TIPO D, COM 3/4\" E CUNHA DE FIXACAO","UN",66,{"$f":"VLOOKUP(D651,'Insumo SINAPI (sem des.)'!A:E,5,FALSE)","v":2.88},{"$f":"$N$5","v":0.14692012195121973},3.3031299512195127,{"$f":"VLOOKUP(D651,'Insumos SINAPI (des)'!A:E,5,FALSE)","v":2.88},{"$f":"$O$5","v":0.20311109145345707},3.4649599433859564,218.00657678048785,228.68735626347313]
[null,"3.3.8.3.38","Insumo Sinapi",394,"ABRACADEIRA EM ACO PARA AMARRACAO DE ELETRODUTOS, TIPO D, COM 1 1/2\" E PARAFUSO DE FIXACAO","UN",5,{"$f":"VLOOKUP(D652,'Insumo SINAPI (sem des.)'!A:E,5,FALSE)","v":5.56},{"$f":"$N$5","v":0.14692012195121973},6.3768758780487813,{"$f":"VLOOKUP(D652,'Insumos SINAPI (des)'!A:E,5,FALSE)","v":5.56},{"$f":"$O$5","v":0.20311109145345707},6.6892976684812204,31.884379390243907,33.446488342406099]
[null,"3.3.8.3.39","Composição Sinapi",91863,"ELETRODUTO RÍGIDO ROSCÁVEL, PVC, DN 25 MM (3/4\"), PARA CIRCUITOS TERMINAIS, INSTALADO EM FORRO - FORNECIMENTO E INSTALAÇÃO. AF_12/2015","M",56.9,{"$f":"VLOOKUP(D653,'CPU (sem des)'!B:I,8,FALSE)","v":11.4},{"$f":"$N$4","v":0.23957567779569877},14.131162726870967,{"$f":"VLOOKUP(D653,'CPU (des)'!B:I,8,FALSE)","v":10.7},{"$f":"$O$4","v":0.30260494954802231},13.937872960163837,804.063159158958,793.06497143332228]
[null,"3.3.8.3.40","Composição Sinapi",93008,"ELETRODUTO RÍGIDO ROSCÁVEL, PVC, DN 50 MM (1 1/2\"), PARA REDE ENTERRADA DE DISTRIBUIÇÃO DE ENERGIA ELÉTRICA - FORNECIMENTO E INSTALAÇÃO. AF_12/2021","M",4.0999999999999996,{"$f":"VLOOKUP(D654,'CPU (sem des)'!B:I,8,FALSE)","v":19.3},{"$f":"$N$4","v":0.23957567779569877},23.923810581456987,{"$f":"VLOOKUP(D654,'CPU (des)'!B:I,8,FALSE)","v":18.66},{"$f":"$O$4","v":0.30260494954802231},24.306608358566095,98.087623383973636,99.657094270120979]
[null,"3.3.8.3.41","Composição Sinapi",91170,"FIXAÇÃO DE TUBOS HORIZONTAIS DE PVC, CPVC OU COBRE DIÂMETROS MENORES OU IGUAIS A 40 MM OU ELETROCALHAS ATÉ 150MM DE LARGURA, COM ABRAÇADEIRA METÁLICA RÍGIDA TIPO D 1/2\", FIXADA EM PERFILADO EM LAJE. AF_05/2015","M",64.7,{"$f":"VLOOKUP(D655,'CPU (sem des)'!B:I,8,FALSE)","v":3.5},{"$f":"$N$4","v":0.23957567779569877},4.3385148722849456,{"$f":"VLOOKUP(D655,'CPU (des)'!B:I,8,FALSE)","v":3.29},{"$f":"$O$4","v":0.30260494954802231},4.2855702840129934,280.70191223683599,277.27639737564067]
[null,"3.3.8.3.42","Insumo Sinapi",402,"GANCHO OLHAL EM ACO GALVANIZADO, ESPESSURA 16MM, ABERTURA 21MM","UN",222,{"$f":"VLOOKUP(D656,'Insumo SINAPI (sem des.)'!A:E,5,FALSE)","v":11.67},{"$f":"$N$5","v":0.14692012195121973},13.384557823170734,{"$f":"VLOOKUP(D656,'Insumos SINAPI (des)'!A:E,5,FALSE)","v":11.67},{"$f":"$O$5","v":0.20311109145345707},14.040306437261844,2971.3718367439028,3116.9480290721294]
[null,"3.3.8.3.43","Composição Sinapi",101882,"QUADRO DE DISTRIBUIÇÃO DE ENERGIA EM CHAPA DE AÇO GALVANIZADO, DE EMBUTIR, COM BARRAMENTO TRIFÁSICO, PARA 30 DISJUNTORES DIN 225A - FORNECIMENTO E INSTALAÇÃO. AF_10/2020","UN",1,{"$f":"VLOOKUP(D657,'CPU (sem des)'!B:I,8,FALSE)","v":1420.4},{"$f":"$N$4","v":0.23957567779569877},1760.6932927410107,{"$f":"VLOOKUP(D657,'CPU (des)'!B:I,8,FALSE)","v":1416.28},{"$f":"$O$4","v":0.30260494954802231},1844.8533379458729,1760.6932927410107,1844.8533379458729]
[null,"3.3.8.3.44","Composição Sinapi",97586,"LUMINÁRIA TIPO CALHA, DE SOBREPOR, COM 2 LÂMPADAS TUBULARES FLUORESCENTES DE 36 W, COM REATOR DE PARTIDA RÁPIDA - FORNECIMENTO E INSTALAÇÃO. AF_02/2020","UN",31,{"$f":"VLOOKUP(D658,'CPU (sem des)'!B:I,8,FALSE)","v":158.54},{"$f":"$N$4","v":0.23957567779569877},196.52232795773008,{"$f":"VLOOKUP(D658,'CPU (des)'!B:I,8,FALSE)","v":156.79},{"$f":"$O$4","v":0.30260494954802231},204.23543003963439,6092.1921666896324,6331.298331228666]
[null,"3.3.8.4","Cabeamento estruturado ",null,null,null,1,{"$nulls":6},{"$f":"SUM(N660:N680)","v":9551.7224132026204},{"$f":"SUM(O660:O680)","v":9933.6522266909124}]
[null,"3.3.8.4.1","Insumo Sinapi",2516,"CONECTOR CURVO 90 GRAUS DE ALUMINIO, BITOLA 1\", PARA ADAPTAR ENTRADA DE ELETRODUTO METALICO FLEXIVEL EM QUADROS","UN",17,{"$f":"VLOOKUP(D660,'Insumo SINAPI (sem des.)'!A:E,5,FALSE)","v":12.49},{"$f":"$N$5","v":0.14692012195121973},{"$f":"H660*(1+I660)","v":14.325032323170735},{"$f":"VLOOKUP(D660,'Insumos SINAPI (des)'!A:E,5,FALSE)","v":12.49},{"$f":"$O$5","v":0.20311109145345707},{"$f":"K660*(1+L660)","v":15.026857532253679},{"$f":"J660*G660","v":243.5255494939025},{"$f":"M660*G660","v":255.45657804831254}]
[null,"3.3.8.4.2","Insumo Sinapi",3264,"FLANGE SEXTAVADO DE FERRO GALVANIZADO, COM ROSCA BSP, DE 1\"","UN",3,{"$f":"VLOOKUP(D661,'Insumo SINAPI (sem des.)'!A:E,5,FALSE)","v":33.72},{"$f":"$N$5","v":0.14692012195121973},38.674146512195129,{"$f":"VLOOKUP(D661,'Insumos SINAPI (des)'!A:E,5,FALSE)","v":33.72},{"$f":"$O$5","v":0.20311109145345707},40.568906003810568,116.02243953658538,121.7067180114317]
[null,"3.3.8.4.3","Insumo Sinapi",6323,"TE DE FERRO GALVANIZADO, DE 1\"","UN",6,{"$f":"VLOOKUP(D662,'Insumo SINAPI (sem des.)'!A:E,5,FALSE)","v":24.11},{"$f":"$N$5","v":0.14692012195121973},27.652244140243909,{"$f":"VLOOKUP(D662,'Insumos SINAPI (des)'!A:E,5,FALSE)","v":24.11},{"$f":"$O$5","v":0.20311109145345707},29.007008414942849,165.91346484146345,174.0420504896571]
[null,"3.3.8.4.4","Insumo Sinapi",14153,"FITA METALICA PERFURADA, L = *18* MM, ROLO DE 30 M, CARGA RECOMENDADA = *30* KGF","UN",3,{"$f":"VLOOKUP(D663,'Insumo SINAPI (sem des.)'!A:E,5,FALSE)","v":53.3},{"$f":"$N$5","v":0.14692012195121973},61.130842500000007,{"$f":"VLOOKUP(D663,'Insumos SINAPI (des)'!A:E,5,FALSE)","v":53.3},{"$f":"$O$5","v":0.20311109145345707},64.125821174469252,183.39252750000003,192.37746352340776]
[null,"3.3.8.4.5","Composição Sinapi",91940,"CAIXA RETANGULAR 4\" X 2\" MÉDIA (1,30 M DO PISO), PVC, INSTALADA EM PAREDE - FORNECIMENTO E INSTALAÇÃO. AF_12/2015","UN",1,{"$f":"VLOOKUP(D664,'CPU (sem des)'!B:I,8,FALSE)","v":17.5},{"$f":"$N$4","v":0.23957567779569877},21.692574361424729,{"$f":"VLOOKUP(D664,'CPU (des)'!B:I,8,FALSE)","v":15.79},{"$f":"$O$4","v":0.30260494954802231},20.568132153363273,21.692574361424729,20.568132153363273]
[null,"3.3.8.4.6","Insumo Sinapi",39332,"CONDULETE EM PVC, TIPO \"C\", SEM TAMPA, DE 1\"","UN",22,{"$f":"VLOOKUP(D665,'Insumo SINAPI (sem des.)'!A:E,5,FALSE)","v":13.55},{"$f":"$N$5","v":0.14692012195121973},15.540767652439028,{"$f":"VLOOKUP(D665,'Insumos SINAPI (des)'!A:E,5,FALSE)","v":13.55},{"$f":"$O$5","v":0.20311109145345707},16.302155289194346,341.8968883536586,358.64741636227564]
[null,"3.3.8.4.7","Insumo Sinapi",1891,"LUVA EM PVC RIGIDO ROSCAVEL, DE 3/4\", PARA ELETRODUTO","UN",5,{"$f":"VLOOKUP(D666,'Insumo SINAPI (sem des.)'!A:E,5,FALSE)","v":1.32},0.14692012195121973,1.5139345609756101,{"$f":"VLOOKUP(D666,'Insumos SINAPI (des)'!A:E,5,FALSE)","v":1.32},0.20311109145345707,1.5881066407185633,7.5696728048780502,7.9405332035928167]
[null,"3.3.8.4.8","Insumo Sinapi",39211,"ARRUELA EM ALUMINIO, COM ROSCA, DE  1 1/4\", PARA ELETRODUTO","UN",340,{"$f":"VLOOKUP(D667,'Insumo SINAPI (sem des.)'!A:E,5,FALSE)","v":1.68},0.14692012195121973,1.9268258048780491,{"$f":"VLOOKUP(D667,'Insumos SINAPI (des)'!A:E,5,FALSE)","v":1.68},0.20311109145345707,2.0212266336418079,655.12077365853668,687.21705543821463]
[null,"3.3.8.4.9","Insumo Sinapi",13348,"ARRUELA  EM ACO GALVANIZADO, DIAMETRO EXTERNO = 35MM, ESPESSURA = 3MM, DIAMETRO DO FURO= 18MM","UN",620,{"$f":"VLOOKUP(D668,'Insumo SINAPI (sem des.)'!A:E,5,FALSE)","v":1.79},0.14692012195121973,2.0529870182926833,{"$f":"VLOOKUP(D668,'Insumos SINAPI (des)'!A:E,5,FALSE)","v":1.79},0.20311109145345707,2.1535688537016884,1272.8519513414635,1335.2126892950469]
[null,"3.3.8.4.10","Insumo Sinapi",4374,"BUCHA DE NYLON SEM ABA S10","UN",146,{"$f":"VLOOKUP(D669,'Insumo SINAPI (sem des.)'!A:E,5,FALSE)","v":0.37},0.14692012195121973,0.42436044512195131,{"$f":"VLOOKUP(D669,'Insumos SINAPI (des)'!A:E,5,FALSE)","v":0.37},0.20311109145345707,0.44515110383777912,61.956624987804894,64.992061160315757]
[null,"3.3.8.4.11","Insumo Sinapi",40552,"PARAFUSO, AUTO ATARRACHANTE, CABECA CHATA, FENDA SIMPLES, 1/4\" (6,35 MM) X 25 MM","CENTO",2,{"$f":"VLOOKUP(D670,'Insumo SINAPI (sem des.)'!A:E,5,FALSE)","v":45.23},0.14692012195121973,51.875197115853666,{"$f":"VLOOKUP(D670,'Insumos SINAPI (des)'!A:E,5,FALSE)","v":45.23},0.20311109145345707,54.416714666439859,103.75039423170733,108.83342933287972]
[null,"3.3.8.4.12","Insumo Sinapi",4329,"PARAFUSO EM ACO GALVANIZADO, TIPO MAQUINA, SEXTAVADO, SEM PORCA, DIAMETRO 1/2\", COMPRIMENTO 2\"","UN",320,{"$f":"VLOOKUP(D671,'Insumo SINAPI (sem des.)'!A:E,5,FALSE)","v":2.09},0.14692012195121973,2.3970630548780489,{"$f":"VLOOKUP(D671,'Insumos SINAPI (des)'!A:E,5,FALSE)","v":2.09},0.20311109145345707,2.5145021811377251,767.06017756097572,804.64069796407205]
[null,"3.3.8.4.13","Insumo Sinapi",39442,"PARAFUSO DRY WALL, EM ACO ZINCADO, CABECA LENTILHA E PONTA AGULHA (LA), LARGURA 4,2 MM, COMPRIMENTO 13 MM","UN",280,{"$f":"VLOOKUP(D672,'Insumo SINAPI (sem des.)'!A:E,5,FALSE)","v":0.17},0.14692012195121973,0.19497642073170737,{"$f":"VLOOKUP(D672,'Insumos SINAPI (des)'!A:E,5,FALSE)","v":0.17},0.20311109145345707,0.20452888554708773,54.593397804878066,57.268087953184562]
[null,"3.3.8.4.14","Insumo Sinapi",39997,"PORCA ZINCADA, SEXTAVADA, DIAMETRO 1/4\"","UN",620,{"$f":"VLOOKUP(D673,'Insumo SINAPI (sem des.)'!A:E,5,FALSE)","v":0.28999999999999998},0.14692012195121973,0.33260683536585373,{"$f":"VLOOKUP(D673,'Insumos SINAPI (des)'!A:E,5,FALSE)","v":0.28999999999999998},0.20311109145345707,0.34890221652150255,206.21623792682931,216.31937424333159]
[null,"3.3.8.4.15","Insumo Sinapi",39996,"VERGALHAO ZINCADO ROSCA TOTAL, 1/4 \" (6,3 MM)","M",340,{"$f":"VLOOKUP(D674,'Insumo SINAPI (sem des.)'!A:E,5,FALSE)","v":4.5999999999999996},0.14692012195121973,5.2758325609756103,{"$f":"VLOOKUP(D674,'Insumos SINAPI (des)'!A:E,5,FALSE)","v":4.5999999999999996},0.20311109145345707,5.5343110206859025,1793.7830707317075,1881.6657470332068]
[null,"3.3.8.4.16","Insumo Sinapi",38092,"ESPELHO / PLACA DE 1 POSTO 4\" X 2\", PARA INSTALACAO DE TOMADAS E INTERRUPTORES","UN",1,{"$f":"VLOOKUP(D675,'Insumo SINAPI (sem des.)'!A:E,5,FALSE)","v":2.57},0.14692012195121973,2.9475847134146345,{"$f":"VLOOKUP(D675,'Insumos SINAPI (des)'!A:E,5,FALSE)","v":2.57},0.20311109145345707,3.0919955050353845,2.9475847134146345,3.0919955050353845]
[null,"3.3.8.4.17","Composição Sinapi",98307,"TOMADA DE REDE RJ45 - FORNECIMENTO E INSTALAÇÃO. AF_11/2019","UN",14,{"$f":"VLOOKUP(D676,'CPU (sem des)'!B:I,8,FALSE)","v":50.09},{"$f":"$N$4","v":0.23957567779569877},62.090345700786557,{"$f":"VLOOKUP(D676,'CPU (des)'!B:I,8,FALSE)","v":48.89},{"$f":"$O$4","v":0.30260494954802231},63.68435598340281,869.26483981101183,891.58098376763928]
[null,"3.3.8.4.18","Composição Sinapi",91834,"ELETRODUTO FLEXÍVEL CORRUGADO, PVC, DN 25 MM (3/4\"), PARA CIRCUITOS TERMINAIS, INSTALADO EM FORRO - FORNECIMENTO E INSTALAÇÃO. AF_12/2015","M",6.4,{"$f":"VLOOKUP(D677,'CPU (sem des)'!B:I,8,FALSE)","v":11.11},{"$f":"$N$4","v":0.23957567779569877},13.771685780310213,{"$f":"VLOOKUP(D677,'CPU (des)'!B:I,8,FALSE)","v":10.37},{"$f":"$O$4","v":0.30260494954802231},13.508013326812991,88.138788993985372,86.451285291603142]
[null,"3.3.8.4.19","Composição Sinapi",91863,"ELETRODUTO RÍGIDO ROSCÁVEL, PVC, DN 25 MM (3/4\"), PARA CIRCUITOS TERMINAIS, INSTALADO EM FORRO - FORNECIMENTO E INSTALAÇÃO. AF_12/2015","M",59.4,{"$f":"VLOOKUP(D678,'CPU (sem des)'!B:I,8,FALSE)","v":11.4},{"$f":"$N$4","v":0.23957567779569877},14.131162726870967,{"$f":"VLOOKUP(D678,'CPU (des)'!B:I,8,FALSE)","v":10.7},{"$f":"$O$4","v":0.30260494954802231},13.937872960163837,839.39106597613545,827.90965383373191]
[null,"3.3.8.4.20","Insumo Sinapi",39128,"ABRACADEIRA EM ACO PARA AMARRACAO DE ELETRODUTOS, TIPO D, COM 3/4\" E CUNHA DE FIXACAO","UN",71,{"$f":"VLOOKUP(D679,'Insumo SINAPI (sem des.)'!A:E,5,FALSE)","v":2.88},{"$f":"$N$5","v":0.14692012195121973},3.3031299512195127,{"$f":"VLOOKUP(D679,'Insumos SINAPI (des)'!A:E,5,FALSE)","v":2.88},{"$f":"$O$5","v":0.20311109145345707},3.4649599433859564,234.52222653658541,246.01215598040289]
[null,"3.3.8.4.21","Composição Sinapi",100555,"RACK ABERTO EM COLUNA 44U PARA SERVIDOR - FORNECIMENTO E INSTALAÇÃO. AF_11/2019","UN",1,{"$f":"VLOOKUP(D680,'CPU (sem des)'!B:I,8,FALSE)","v":1227.93},{"$f":"$N$4","v":0.23957567779569877},1522.1121620356726,{"$f":"VLOOKUP(D680,'CPU (des)'!B:I,8,FALSE)","v":1221.95},{"$f":"$O$4","v":0.30260494954802231},1591.7181181002059,1522.1121620356726,1591.7181181002059]
[null,"3.3.9","Instalações Hidráulicas ",null,null,null,1]
[null,"3.3.9.1","Hidráulico",null,null,null,1,{"$nulls":6},{"$f":"SUM(N683:N709)","v":21875.974945626},{"$f":"SUM(O683:O709)","v":22504.331239345}]
[null,"3.3.9.1.1","Composição Sinapi",89353,"REGISTRO DE GAVETA BRUTO, LATÃO, ROSCÁVEL, 3/4\" - FORNECIMENTO E INSTALAÇÃO. AF_08/2021","UN",2,{"$f":"VLOOKUP(D683,'CPU (sem des)'!B:I,8,FALSE)","v":42.81},{"$f":"$N$4","v":0.23957567779569877},{"$f":"H683*(1+I683)","v":53.066234766433865},{"$f":"VLOOKUP(D683,'CPU (des)'!B:I,8,FALSE)","v":42.26},{"$f":"$O$4","v":0.30260494954802231},{"$f":"K683*(1+L683)","v":55.048085167899423},{"$f":"J683*G683","v":106.13246953286773},{"$f":"M683*G683","v":110.09617033579885}]
[null,"3.3.9.1.2","Insumo Sinapi",6019,"REGISTRO GAVETA BRUTO EM LATAO FORJADO, BITOLA 1 \" (REF 1509)","UN",1,{"$f":"VLOOKUP(D684,'Insumo SINAPI (sem des.)'!A:E,5,FALSE)","v":60.16},{"$f":"$N$5","v":0.14692012195121973},68.998714536585382,{"$f":"VLOOKUP(D684,'Insumos SINAPI (des)'!A:E,5,FALSE)","v":60.16},{"$f":"$O$5","v":0.20311109145345707},72.379163261839977,68.998714536585382,72.379163261839977]
[null,"3.3.9.1.3","Composição Sinapi",94706,"ADAPTADOR COM FLANGE E ANEL DE VEDAÇÃO, PVC, SOLDÁVEL, DN 50 MM X 1 1/2 , INSTALADO EM RESERVAÇÃO DE ÁGUA DE EDIFICAÇÃO QUE POSSUA RESERVATÓRIO DE FIBRA/FIBROCIMENTO   FORNECIMENTO E INSTALAÇÃO. AF_06/2016","UN",1,{"$f":"VLOOKUP(D685,'CPU (sem des)'!B:I,8,FALSE)","v":42.23},{"$f":"$N$4","v":0.23957567779569877},52.347280873312357,{"$f":"VLOOKUP(D685,'CPU (des)'!B:I,8,FALSE)","v":41.33},{"$f":"$O$4","v":0.30260494954802231},53.836662564819761,52.347280873312357,53.836662564819761]
[null,"3.3.9.1.4","Insumo Sinapi",65,"ADAPTADOR PVC SOLDAVEL CURTO COM BOLSA E ROSCA, 25 MM X 3/4\", PARA AGUA FRIA","UN",4,{"$f":"VLOOKUP(D686,'Insumo SINAPI (sem des.)'!A:E,5,FALSE)","v":0.93},{"$f":"$N$5","v":0.14692012195121973},1.0666357134146345,{"$f":"VLOOKUP(D686,'Insumos SINAPI (des)'!A:E,5,FALSE)","v":0.93},{"$f":"$O$5","v":0.20311109145345707},1.1188933150517151,4.2665428536585379,4.4755732602068603]
[null,"3.3.9.1.5","Insumo Sinapi",108,"ADAPTADOR PVC SOLDAVEL CURTO COM BOLSA E ROSCA, 32 MM X 1\", PARA AGUA FRIA","UN",4,{"$f":"VLOOKUP(D687,'Insumo SINAPI (sem des.)'!A:E,5,FALSE)","v":1.87},{"$f":"$N$5","v":0.14692012195121973},2.1447406280487811,{"$f":"VLOOKUP(D687,'Insumos SINAPI (des)'!A:E,5,FALSE)","v":1.87},{"$f":"$O$5","v":0.20311109145345707},2.2498177410179649,8.5789625121951243,8.9992709640718598]
[null,"3.3.9.1.6","Insumo Sinapi",3536,"JOELHO PVC, SOLDAVEL, 90 GRAUS, 32 MM, COR MARROM, PARA AGUA FRIA PREDIAL","UN",4,{"$f":"VLOOKUP(D688,'Insumo SINAPI (sem des.)'!A:E,5,FALSE)","v":2.5299999999999998},{"$f":"$N$5","v":0.14692012195121973},2.9017079085365856,{"$f":"VLOOKUP(D688,'Insumos SINAPI (des)'!A:E,5,FALSE)","v":2.5299999999999998},{"$f":"$O$5","v":0.20311109145345707},3.0438710613772462,11.606831634146342,12.175484245508985]
[null,"3.3.9.1.7","Composição Sinapi",91784,"(COMPOSIÇÃO REPRESENTATIVA) DO SERVIÇO DE INSTALAÇÃO DE TUBOS DE PVC, SOLDÁVEL, ÁGUA FRIA, DN 20 MM (INSTALADO EM RAMAL, SUB-RAMAL OU RAMAL DE DISTRIBUIÇÃO), INCLUSIVE CONEXÕES, CORTES E FIXAÇÕES, PARA PRÉDIOS. AF_10/2015","M",20.09,{"$f":"VLOOKUP(D689,'CPU (sem des)'!B:I,8,FALSE)","v":41},{"$f":"$N$4","v":0.23957567779569877},50.822602789623652,{"$f":"VLOOKUP(D689,'CPU (des)'!B:I,8,FALSE)","v":37.42},{"$f":"$O$4","v":0.30260494954802231},48.743477212086994,1021.0260900435392,979.25645719082775]
[null,"3.3.9.1.8","Composição Sinapi",91786,"(COMPOSIÇÃO REPRESENTATIVA) DO SERVIÇO DE INSTALAÇÃO TUBOS DE PVC, SOLDÁVEL, ÁGUA FRIA, DN 32 MM (INSTALADO EM RAMAL, SUB-RAMAL, RAMAL DE DISTRIBUIÇÃO OU PRUMADA), INCLUSIVE CONEXÕES, CORTES E FIXAÇÕES, PARA PRÉDIOS. AF_10/2015","M",0.85,{"$f":"VLOOKUP(D690,'CPU (sem des)'!B:I,8,FALSE)","v":29.16},{"$f":"$N$4","v":0.23957567779569877},36.146026764522574,{"$f":"VLOOKUP(D690,'CPU (des)'!B:I,8,FALSE)","v":27.62},{"$f":"$O$4","v":0.30260494954802231},35.977948706516379,30.724122749844188,30.581256400538923]
[null,"3.3.9.1.9","Insumo Sinapi",7139,"TE SOLDAVEL, PVC, 90 GRAUS, 25 MM, PARA AGUA FRIA PREDIAL (NBR 5648)","UN",4,{"$f":"VLOOKUP(D691,'Insumo SINAPI (sem des.)'!A:E,5,FALSE)","v":1.25},{"$f":"$N$5","v":0.14692012195121973},1.4336501524390246,{"$f":"VLOOKUP(D691,'Insumos SINAPI (des)'!A:E,5,FALSE)","v":1.25},{"$f":"$O$5","v":0.20311109145345707},1.5038888643168213,5.7346006097560984,6.0155554572672854]
[null,"3.3.9.1.10","Composição Sinapi",100859,"MICTÓRIO SIFONADO LOUÇA BRANCA PARA ENTRADA DE ÁGUA EMBUTIDA - PADRÃO ALTO - FORNECIMENTO E INSTALAÇÃO. AF_01/2020","UN",4,{"$f":"VLOOKUP(D692,'CPU (sem des)'!B:I,8,FALSE)","v":936.09},{"$f":"$N$4","v":0.23957567779569877},1160.3543962277756,{"$f":"VLOOKUP(D692,'CPU (des)'!B:I,8,FALSE)","v":928.96},{"$f":"$O$4","v":0.30260494954802231},1210.0678939321308,4641.4175849111025,4840.2715757285232]
[null,"3.3.9.1.11","Insumo Sinapi",7602,"TORNEIRA DE METAL AMARELO, PARA TANQUE / JARDIM, DE PAREDE, COM BICO PLASTICO, CANO CURTO, AREA EXTERNA, PADRAO POPULAR / USO GERAL, 1/2 \" OU 3/4 \" (REF 1128)","UN",2,{"$f":"VLOOKUP(D693,'Insumo SINAPI (sem des.)'!A:E,5,FALSE)","v":70.709999999999994},{"$f":"$N$5","v":0.14692012195121973},81.098721823170735,{"$f":"VLOOKUP(D693,'Insumos SINAPI (des)'!A:E,5,FALSE)","v":70.709999999999994},{"$f":"$O$5","v":0.20311109145345707},85.071985276673942,162.19744364634147,170.14397055334788]
[null,"3.3.9.1.12","Composição Sinapi",86911,"TORNEIRA CROMADA LONGA, DE PAREDE, 1/2\" OU 3/4\", PARA PIA DE COZINHA, PADRÃO POPULAR - FORNECIMENTO E INSTALAÇÃO. AF_01/2020","UN",6,{"$f":"VLOOKUP(D694,'CPU (sem des)'!B:I,8,FALSE)","v":132.83000000000001},{"$f":"$N$4","v":0.23957567779569877},164.65283728160267,{"$f":"VLOOKUP(D694,'CPU (des)'!B:I,8,FALSE)","v":132.44},{"$f":"$O$4","v":0.30260494954802231},172.51699951814007,987.91702368961603,1035.1019971088404]
[null,"3.3.9.1.13","Insumo Sinapi",36791,"TORNEIRA CROMADA DE MESA PARA LAVATORIO, BICA ALTA, COM AREJADOR (REF 1195)","UN",10,{"$f":"VLOOKUP(D695,'Insumo SINAPI (sem des.)'!A:E,5,FALSE)","v":216.58},{"$f":"$N$5","v":0.14692012195121973},248.39996001219518,{"$f":"VLOOKUP(D695,'Insumos SINAPI (des)'!A:E,5,FALSE)","v":216.58},{"$f":"$O$5","v":0.20311109145345707},260.56980018698977,2483.999600121952,2605.6980018698978]
[null,"3.3.9.1.14","Composição Sinapi",86931,"VASO SANITÁRIO SIFONADO COM CAIXA ACOPLADA LOUÇA BRANCA, INCLUSO ENGATE FLEXÍVEL EM PLÁSTICO BRANCO, 1/2  X 40CM - FORNECIMENTO E INSTALAÇÃO. AF_01/2020","UN",8,{"$f":"VLOOKUP(D696,'CPU (sem des)'!B:I,8,FALSE)","v":467.89},{"$f":"$N$4","v":0.23957567779569877},579.98506388382953,{"$f":"VLOOKUP(D696,'CPU (des)'!B:I,8,FALSE)","v":464.37},{"$f":"$O$4","v":0.30260494954802231},604.89066042161517,4639.8805110706362,4839.1252833729213]
[null,"3.3.9.1.15","Insumo Sinapi",829,"BUCHA DE REDUCAO DE PVC, SOLDAVEL, CURTA, COM 32 X 25 MM, PARA AGUA FRIA PREDIAL","UN",8,{"$f":"VLOOKUP(D697,'Insumo SINAPI (sem des.)'!A:E,5,FALSE)","v":0.99},{"$f":"$N$5","v":0.14692012195121973},1.1354509207317076,{"$f":"VLOOKUP(D697,'Insumos SINAPI (des)'!A:E,5,FALSE)","v":0.99},{"$f":"$O$5","v":0.20311109145345707},1.1910799805389225,9.0836073658536609,9.52863984431138]
[null,"3.3.9.1.16","Insumo Sinapi",3462,"COTOVELO DE REDUCAO 90 GRAUS DE FERRO GALVANIZADO, COM ROSCA BSP, DE 3/4\" X 1/2\"","UN",8,{"$f":"VLOOKUP(D698,'Insumo SINAPI (sem des.)'!A:E,5,FALSE)","v":13.01},0.14692012195121973,14.921430786585368,{"$f":"VLOOKUP(D698,'Insumos SINAPI (des)'!A:E,5,FALSE)","v":13.01},0.20311109145345707,15.652475299809476,119.37144629268295,125.21980239847581]
[null,"3.3.9.1.17","Insumo Sinapi",3939,"LUVA DE FERRO GALVANIZADO, COM ROSCA BSP, DE 1 1/2\"","UN",4,{"$f":"VLOOKUP(D699,'Insumo SINAPI (sem des.)'!A:E,5,FALSE)","v":25.6},0.14692012195121973,29.361155121951228,{"$f":"VLOOKUP(D699,'Insumos SINAPI (des)'!A:E,5,FALSE)","v":25.6},0.20311109145345707,30.799643941208501,117.44462048780491,123.198575764834]
[null,"3.3.9.1.18","Insumo Sinapi",6017,"REGISTRO GAVETA BRUTO EM LATAO FORJADO, BITOLA 1 1/4 \" (REF 1509)","UN",2,{"$f":"VLOOKUP(D700,'Insumo SINAPI (sem des.)'!A:E,5,FALSE)","v":81.99},0.14692012195121973,94.0359807987805,{"$f":"VLOOKUP(D700,'Insumos SINAPI (des)'!A:E,5,FALSE)","v":81.99},0.20311109145345707,98.643078388268933,188.071961597561,197.28615677653787]
[null,"3.3.9.1.19","Insumo Sinapi",6016,"REGISTRO GAVETA BRUTO EM LATAO FORJADO, BITOLA 3/4 \" (REF 1509)","UN",6,{"$f":"VLOOKUP(D701,'Insumo SINAPI (sem des.)'!A:E,5,FALSE)","v":38.11},0.14692012195121973,43.709125847560983,{"$f":"VLOOKUP(D701,'Insumos SINAPI (des)'!A:E,5,FALSE)","v":38.11},0.20311109145345707,45.85056369529125,262.2547550853659,275.10338217174751]
[null,"3.3.9.1.20","Insumo Sinapi",6140,"BOLSA DE LIGACAO EM PVC FLEXIVEL PARA VASO SANITARIO 1.1/2 \" (40 MM)","UN",8,{"$f":"VLOOKUP(D702,'Insumo SINAPI (sem des.)'!A:E,5,FALSE)","v":3.81},0.14692012195121973,4.369765664634147,{"$f":"VLOOKUP(D702,'Insumos SINAPI (des)'!A:E,5,FALSE)","v":3.81},0.20311109145345707,4.5838532584376717,34.958125317073176,36.670826067501373]
[null,"3.3.9.1.21","Composição Sinapi",86884,"ENGATE FLEXÍVEL EM PLÁSTICO BRANCO, 1/2\" X 30CM - FORNECIMENTO E INSTALAÇÃO. AF_01/2020","UN",6,{"$f":"VLOOKUP(D703,'CPU (sem des)'!B:I,8,FALSE)","v":10.36},{"$f":"$N$4","v":0.23957567779569877},12.842004021963438,{"$f":"VLOOKUP(D703,'CPU (des)'!B:I,8,FALSE)","v":9.84},{"$f":"$O$4","v":0.30260494954802231},12.817632703552539,77.052024131780627,76.905796221315228]
[null,"3.3.9.1.22","Composição Sinapi",86885,"ENGATE FLEXÍVEL EM COBRE, 1/2\" X 30CM - FORNECIMENTO E INSTALAÇÃO. AF_01/2020","UN",12,{"$f":"VLOOKUP(D704,'CPU (sem des)'!B:I,8,FALSE)","v":11.92},{"$f":"$N$4","v":0.23957567779569877},14.775742079324729,{"$f":"VLOOKUP(D704,'CPU (des)'!B:I,8,FALSE)","v":11.4},{"$f":"$O$4","v":0.30260494954802231},14.849696424847455,177.30890495189675,178.19635709816947]
[null,"3.3.9.1.23","Composição Sinapi",89376,"ADAPTADOR CURTO COM BOLSA E ROSCA PARA REGISTRO, PVC, SOLDÁVEL, DN 20MM X 1/2\", INSTALADO EM RAMAL OU SUB-RAMAL DE ÁGUA - FORNECIMENTO E INSTALAÇÃO. AF_12/2014","UN",10,{"$f":"VLOOKUP(D705,'CPU (sem des)'!B:I,8,FALSE)","v":4.92},{"$f":"$N$4","v":0.23957567779569877},6.098712334754838,{"$f":"VLOOKUP(D705,'CPU (des)'!B:I,8,FALSE)","v":4.5199999999999996},{"$f":"$O$4","v":0.30260494954802231},5.8877743719570601,60.987123347548376,58.877743719570603]
[null,"3.3.9.1.24","Insumo Sinapi",3522,"JOELHO PVC,  SOLDAVEL COM ROSCA, 90 GRAUS, 25 MM X 3/4\", PARA AGUA FRIA PREDIAL","UN",14,{"$f":"VLOOKUP(D706,'Insumo SINAPI (sem des.)'!A:E,5,FALSE)","v":2.5299999999999998},{"$f":"$N$5","v":0.14692012195121973},2.9017079085365856,{"$f":"VLOOKUP(D706,'Insumos SINAPI (des)'!A:E,5,FALSE)","v":2.5299999999999998},{"$f":"$O$5","v":0.20311109145345707},3.0438710613772462,40.623910719512196,42.614194859281447]
[null,"3.3.9.1.25","Insumo Orse",462,"Caixa d'agua fibra vidro  3.000 litros - Fortlev-Torres (ou similar)","UN",2,{"$f":"VLOOKUP(D707,'Insumos ORSE (sem des)'!B:G,6,FALSE)","v":1175.9000000000001},{"$f":"$N$5","v":0.14692012195121973},1348.6633714024395,{"$f":"VLOOKUP(D707,'Insumos ORSE (des)'!B:G,6,FALSE)","v":1175.9000000000001},{"$f":"$O$5","v":0.20311109145345707},1414.7383324401203,2697.3267428048789,2829.4766648802406]
[null,"3.3.9.1.26","Composição Sinapi",91785,"(COMPOSIÇÃO REPRESENTATIVA) DO SERVIÇO DE INSTALAÇÃO DE TUBOS DE PVC, SOLDÁVEL, ÁGUA FRIA, DN 25 MM (INSTALADO EM RAMAL, SUB-RAMAL, RAMAL DE DISTRIBUIÇÃO OU PRUMADA), INCLUSIVE CONEXÕES, CORTES E FIXAÇÕES, PARA PRÉDIOS. AF_10/2015","M",36.58,{"$f":"VLOOKUP(D708,'CPU (sem des)'!B:I,8,FALSE)","v":40.020000000000003},{"$f":"$N$4","v":0.23957567779569877},49.607818625383871,{"$f":"VLOOKUP(D708,'CPU (des)'!B:I,8,FALSE)","v":36.53},{"$f":"$O$4","v":0.30260494954802231},47.584158806989258,1814.654005316542,1740.6285291596669]
[null,"3.3.9.1.27","Composição Sinapi",91786,"(COMPOSIÇÃO REPRESENTATIVA) DO SERVIÇO DE INSTALAÇÃO TUBOS DE PVC, SOLDÁVEL, ÁGUA FRIA, DN 32 MM (INSTALADO EM RAMAL, SUB-RAMAL, RAMAL DE DISTRIBUIÇÃO OU PRUMADA), INCLUSIVE CONEXÕES, CORTES E FIXAÇÕES, PARA PRÉDIOS. AF_10/2015","M",56.77,{"$f":"VLOOKUP(D709,'CPU (sem des)'!B:I,8,FALSE)","v":29.16},{"$f":"$N$4","v":0.23957567779569877},36.146026764522574,{"$f":"VLOOKUP(D709,'CPU (des)'!B:I,8,FALSE)","v":27.62},{"$f":"$O$4","v":0.30260494954802231},35.977948706516379,2052.0099394219465,2042.4681480689349]
[null,"3.3.9.2","Sanitário",null,null,null,1,{"$nulls":6},{"$f":"SUM(N711:N733)","v":16208.860759750258},{"$f":"SUM(O711:O733)","v":16451.996975110887}]
[null,"3.3.9.2.1","Composição Sinapi",89482,"CAIXA SIFONADA, PVC, DN 100 X 100 X 50 MM, FORNECIDA E INSTALADA EM RAMAIS DE ENCAMINHAMENTO DE ÁGUA PLUVIAL. AF_06/2022","UN",3,{"$f":"VLOOKUP(D711,'CPU (sem des)'!B:I,8,FALSE)","v":39.869999999999997},{"$f":"$N$4","v":0.23957567779569877},{"$f":"H711*(1+I711)","v":49.421882273714509},{"$f":"VLOOKUP(D711,'CPU (des)'!B:I,8,FALSE)","v":38.79},{"$f":"$O$4","v":0.30260494954802231},{"$f":"K711*(1+L711)","v":50.528045992967783},{"$f":"J711*G711","v":148.26564682114352},{"$f":"M711*G711","v":151.58413797890336}]
[null,"3.3.9.2.2","Composição Orse",9383,"Caixa sifonada quadrada, com três entradas e uma saida, d = 100x150x50mm, branco, com grelha, Akros ou similar","UN",1,{"$f":"VLOOKUP(D712,'CPU (sem des)'!B:I,8,FALSE)","v":39.840000000000003},0.23957567779569877,49.384695003380642,{"$f":"VLOOKUP(D712,'CPU (des)'!B:I,8,FALSE)","v":37.549999999999997},0.30260494954802231,48.912815855528237,49.384695003380642,48.912815855528237]
[null,"3.3.9.2.3","Composição Orse",1695,"Caixa sifonada quadrada, com sete entradas e uma saída, d = 150 x 150 x 50mm, ref. nº25, acabamento branco, marca Akros ou similar","UN",8,{"$f":"VLOOKUP(D713,'CPU (sem des)'!B:I,8,FALSE)","v":68.930000000000007},0.23957567779569877,85.44395147045752,{"$f":"VLOOKUP(D713,'CPU (des)'!B:I,8,FALSE)","v":66.64},0.30260494954802231,86.80559383788021,683.55161176366016,694.44475070304168]
[null,"3.3.9.2.4","Composição Sinapi",86882,"SIFÃO DO TIPO GARRAFA/COPO EM PVC 1.1/4  X 1.1/2\" - FORNECIMENTO E INSTALAÇÃO. AF_01/2020","UN",16,{"$f":"VLOOKUP(D714,'CPU (sem des)'!B:I,8,FALSE)","v":22.99},0.23957567779569877,28.497844832523114,{"$f":"VLOOKUP(D714,'CPU (des)'!B:I,8,FALSE)","v":22.54},0.30260494954802231,29.360715562812423,455.96551732036983,469.77144900499877]
[null,"3.3.9.2.5","Composição Sinapi",86883,"SIFÃO DO TIPO FLEXÍVEL EM PVC 1  X 1.1/4 - 2  - FORNECIMENTO E INSTALAÇÃO. AF_01/2020","UN",4,{"$f":"VLOOKUP(D715,'CPU (sem des)'!B:I,8,FALSE)","v":12.39},0.23957567779569877,15.358342647888708,{"$f":"VLOOKUP(D715,'CPU (des)'!B:I,8,FALSE)","v":12.11},0.30260494954802231,15.774545939026549,61.433370591554834,63.098183756106195]
[null,"3.3.9.2.6","Composição Sinapi",86879,"VÁLVULA EM PLÁSTICO 1\" PARA PIA, TANQUE OU LAVATÓRIO, COM OU SEM LADRÃO - FORNECIMENTO E INSTALAÇÃO. AF_01/2020","UN",10,{"$f":"VLOOKUP(D716,'CPU (sem des)'!B:I,8,FALSE)","v":9.41},0.23957567779569877,11.664407128057526,{"$f":"VLOOKUP(D716,'CPU (des)'!B:I,8,FALSE)","v":8.99},0.30260494954802231,11.71041849643672,116.64407128057526,117.10418496436719]
[null,"3.3.9.2.7","Composição Sinapi",86878,"VÁLVULA EM METAL CROMADO TIPO AMERICANA 1\" PARA PIA - FORNECIMENTO E INSTALAÇÃO. AF_01/2020","UN",6,{"$f":"VLOOKUP(D717,'CPU (sem des)'!B:I,8,FALSE)","v":98.21},0.23957567779569877,121.73872731631558,{"$f":"VLOOKUP(D717,'CPU (des)'!B:I,8,FALSE)","v":97.63},0.30260494954802231,127.17332122437341,730.43236389789342,763.03992734624046]
[null,"3.3.9.2.8","Insumo Sinapi",1958,"CURVA DE PVC 90 GRAUS, SOLDAVEL, 40 MM, PARA AGUA FRIA PREDIAL (NBR 5648)","UN",10,{"$f":"VLOOKUP(D718,'Insumo SINAPI (sem des.)'!A:E,5,FALSE)","v":12.53},{"$f":"$N$5","v":0.14692012195121973},14.370909128048783,{"$f":"VLOOKUP(D718,'Insumos SINAPI (des)'!A:E,5,FALSE)","v":12.53},{"$f":"$O$5","v":0.20311109145345707},15.074981975911816,143.70909128048783,150.74981975911817]
[null,"3.3.9.2.9","Insumo Sinapi",1970,"CURVA PVC LONGA 90 GRAUS, DN 100 MM, PARA ESGOTO PREDIAL","UN",8,{"$f":"VLOOKUP(D719,'Insumo SINAPI (sem des.)'!A:E,5,FALSE)","v":61.91},{"$f":"$N$5","v":0.14692012195121973},71.005824750000016,{"$f":"VLOOKUP(D719,'Insumos SINAPI (des)'!A:E,5,FALSE)","v":61.91},{"$f":"$O$5","v":0.20311109145345707},74.484607671883523,568.04659800000013,595.87686137506819]
[null,"3.3.9.2.10","Composição Sinapi",89731,"JOELHO 90 GRAUS, PVC, SERIE NORMAL, ESGOTO PREDIAL, DN 50 MM, JUNTA ELÁSTICA, FORNECIDO E INSTALADO EM RAMAL DE DESCARGA OU RAMAL DE ESGOTO SANITÁRIO. AF_08/2022","UN",12,{"$f":"VLOOKUP(D720,'CPU (sem des)'!B:I,8,FALSE)","v":15.67},{"$f":"$N$4","v":0.23957567779569877},19.4241508710586,{"$f":"VLOOKUP(D720,'CPU (des)'!B:I,8,FALSE)","v":14.97},{"$f":"$O$4","v":0.30260494954802231},19.499996094733895,233.0898104527032,233.99995313680674]
[null,"3.3.9.2.11","Composição Sinapi",89737,"JOELHO 90 GRAUS, PVC, SERIE NORMAL, ESGOTO PREDIAL, DN 75 MM, JUNTA ELÁSTICA, FORNECIDO E INSTALADO EM RAMAL DE DESCARGA OU RAMAL DE ESGOTO SANITÁRIO. AF_08/2022","UN",8,{"$f":"VLOOKUP(D721,'CPU (sem des)'!B:I,8,FALSE)","v":24.15},0.23957567779569877,29.935752618766124,{"$f":"VLOOKUP(D721,'CPU (des)'!B:I,8,FALSE)","v":23.32},0.30260494954802231,30.376747423459882,239.48602095012899,243.01397938767906]
[null,"3.3.9.2.12","Composição Orse",1672,"Joelho de 90°com bolsa para anel, em pvc rígido c/ anéis, para esgoto secundário, diâm = 40mm","UN",10,{"$f":"VLOOKUP(D722,'CPU (sem des)'!B:I,8,FALSE)","v":15.79},0.23957567779569877,19.572899952394081,{"$f":"VLOOKUP(D722,'CPU (des)'!B:I,8,FALSE)","v":14.5},0.30260494954802231,18.887771768446324,195.72899952394081,188.87771768446325]
[null,"3.3.9.2.13","Composição Sinapi",89753,"LUVA SIMPLES, PVC, SERIE NORMAL, ESGOTO PREDIAL, DN 50 MM, JUNTA ELÁSTICA, FORNECIDO E INSTALADO EM RAMAL DE DESCARGA OU RAMAL DE ESGOTO SANITÁRIO. AF_08/2022","UN",13,{"$f":"VLOOKUP(D723,'CPU (sem des)'!B:I,8,FALSE)","v":8.57},0.23957567779569877,10.623163558709139,{"$f":"VLOOKUP(D723,'CPU (des)'!B:I,8,FALSE)","v":8.1199999999999992},0.30260494954802231,10.57715219032994,138.10112626321882,137.50297847428922]
[null,"3.3.9.2.14","Composição Sinapi",89774,"LUVA SIMPLES, PVC, SERIE NORMAL, ESGOTO PREDIAL, DN 75 MM, JUNTA ELÁSTICA, FORNECIDO E INSTALADO EM RAMAL DE DESCARGA OU RAMAL DE ESGOTO SANITÁRIO. AF_08/2022","UN",10,{"$f":"VLOOKUP(D724,'CPU (sem des)'!B:I,8,FALSE)","v":14.56},0.23957567779569877,18.048221868705376,{"$f":"VLOOKUP(D724,'CPU (des)'!B:I,8,FALSE)","v":14.01},0.30260494954802231,18.249495343167791,180.48221868705377,182.49495343167791]
[null,"3.3.9.2.15","Composição Sinapi",89778,"LUVA SIMPLES, PVC, SERIE NORMAL, ESGOTO PREDIAL, DN 100 MM, JUNTA ELÁSTICA, FORNECIDO E INSTALADO EM RAMAL DE DESCARGA OU RAMAL DE ESGOTO SANITÁRIO. AF_08/2022","UN",20,{"$f":"VLOOKUP(D725,'CPU (sem des)'!B:I,8,FALSE)","v":16.489999999999998},0.23957567779569877,20.440602926851071,{"$f":"VLOOKUP(D725,'CPU (des)'!B:I,8,FALSE)","v":15.86},0.30260494954802231,20.659314499831634,408.81205853702141,413.18628999663269]
[null,"3.3.9.2.16","Composição Sinapi",89549,"REDUÇÃO EXCÊNTRICA, PVC, SERIE R, ÁGUA PLUVIAL, DN 75 X 50 MM, JUNTA ELÁSTICA, FORNECIDO E INSTALADO EM RAMAL DE ENCAMINHAMENTO. AF_06/2022","UN",4,{"$f":"VLOOKUP(D726,'CPU (sem des)'!B:I,8,FALSE)","v":21.56},0.23957567779569877,26.725251613275265,{"$f":"VLOOKUP(D726,'CPU (des)'!B:I,8,FALSE)","v":21.29},0.30260494954802231,27.732459375877394,106.90100645310106,110.92983750350957]
[null,"3.3.9.2.17","Composição Sinapi",89711,"TUBO PVC, SERIE NORMAL, ESGOTO PREDIAL, DN 40 MM, FORNECIDO E INSTALADO EM RAMAL DE DESCARGA OU RAMAL DE ESGOTO SANITÁRIO. AF_12/2014","M",65.88,{"$f":"VLOOKUP(D727,'CPU (sem des)'!B:I,8,FALSE)","v":19.420000000000002},0.23957567779569877,24.072559662792472,{"$f":"VLOOKUP(D727,'CPU (des)'!B:I,8,FALSE)","v":17.96},0.30260494954802231,23.394784893882481,1585.900230584768,1541.2484288089777]
[null,"3.3.9.2.18","Composição Sinapi",89712,"TUBO PVC, SERIE NORMAL, ESGOTO PREDIAL, DN 50 MM, FORNECIDO E INSTALADO EM RAMAL DE DESCARGA OU RAMAL DE ESGOTO SANITÁRIO. AF_12/2014","M",30.69,{"$f":"VLOOKUP(D728,'CPU (sem des)'!B:I,8,FALSE)","v":25.23},0.23957567779569877,31.274494350785481,{"$f":"VLOOKUP(D728,'CPU (des)'!B:I,8,FALSE)","v":23.65},0.30260494954802231,30.806607056810726,959.81423162560645,945.45477057352127]
[null,"3.3.9.2.19","Composição Sinapi",89713,"TUBO PVC, SERIE NORMAL, ESGOTO PREDIAL, DN 75 MM, FORNECIDO E INSTALADO EM RAMAL DE DESCARGA OU RAMAL DE ESGOTO SANITÁRIO. AF_08/2022","M",78.97,{"$f":"VLOOKUP(D729,'CPU (sem des)'!B:I,8,FALSE)","v":31.61},0.23957567779569877,39.182987175122037,{"$f":"VLOOKUP(D729,'CPU (des)'!B:I,8,FALSE)","v":29.72},0.30260494954802231,38.713419100567222,3094.2804972193871,3057.1987063717934]
[null,"3.3.9.2.20","Composição Sinapi",90694,"TUBO DE PVC PARA REDE COLETORA DE ESGOTO DE PAREDE MACIÇA, DN 100 MM, JUNTA ELÁSTICA - FORNECIMENTO E ASSENTAMENTO. AF_01/2021","M",53.23,{"$f":"VLOOKUP(D730,'CPU (sem des)'!B:I,8,FALSE)","v":47.84},0.23957567779569877,59.301300425746234,{"$f":"VLOOKUP(D730,'CPU (des)'!B:I,8,FALSE)","v":47.5},0.30260494954802231,61.873735103531061,3156.6082216624718,3293.5389195609582]
[null,"3.3.9.2.21","Insumo Sinapi",4723,"PEDRA BRITADA N. 4 (50 A 76 MM) POSTO PEDREIRA/FORNECEDOR, SEM FRETE","M3",1.03,{"$f":"VLOOKUP(D731,'Insumo SINAPI (sem des.)'!A:E,5,FALSE)","v":251.51},{"$f":"$N$5","v":0.14692012195121973},288.46187987195128,{"$f":"VLOOKUP(D731,'Insumos SINAPI (des)'!A:E,5,FALSE)","v":251.51},{"$f":"$O$5","v":0.20311109145345707},302.59447061145897,297.11573626810986,311.67230472980276]
[null,"3.3.9.2.22","Composição Sinapi",94964,"CONCRETO FCK = 20MPA, TRAÇO 1:2,7:3 (EM MASSA SECA DE CIMENTO/ AREIA MÉDIA/ BRITA 1) - PREPARO MECÂNICO COM BETONEIRA 400 L. AF_05/2021","M3",1.74,{"$f":"VLOOKUP(D732,'CPU (sem des)'!B:I,8,FALSE)","v":632.12},{"$f":"$N$4","v":0.23957567779569877},783.56057744821715,{"$f":"VLOOKUP(D732,'CPU (des)'!B:I,8,FALSE)","v":624.08000000000004},{"$f":"$O$4","v":0.30260494954802231},812.92969691392977,1363.3954047598979,1414.4976726302377]
[null,"3.3.9.2.23","Composição Sinapi",97978,"BASE PARA POÇO DE VISITA CIRCULAR PARA ESGOTO, EM CONCRETO PRÉ-MOLDADO, DIÂMETRO INTERNO = 0,80 M, PROFUNDIDADE = 1,35 M, EXCLUINDO TAMPÃO. AF_12/2020_PA","UN",1,{"$f":"VLOOKUP(D733,'CPU (sem des)'!B:I,8,FALSE)","v":1042.06},{"$f":"$N$4","v":0.23957567779569877},1291.7122308037858,{"$f":"VLOOKUP(D733,'CPU (des)'!B:I,8,FALSE)","v":1016.27},{"$f":"$O$4","v":0.30260494954802231},1323.7983320771687,1291.7122308037858,1323.7983320771687]
[null,"3.3.10","Projeto de Prevenção de Incêndio",null,null,null,1,{"$nulls":6},{"$f":"SUM(N735:N739)","v":12301.142607100275},{"$f":"SUM(O735:O739)","v":12834.767950213041}]
[null,"3.3.10.1","Composição Sinapi",96765,"ABRIGO PARA HIDRANTE, 90X60X17CM, COM REGISTRO GLOBO ANGULAR 45 GRAUS 2 1/2\", ADAPTADOR STORZ 2 1/2\", MANGUEIRA DE INCÊNDIO 20M, REDUÇÃO 2 1/2\" X 1 1/2\" E ESGUICHO EM LATÃO 1 1/2\" - FORNECIMENTO E INSTALAÇÃO. AF_10/2020","UN",3,{"$f":"VLOOKUP(D735,'CPU (sem des)'!B:I,8,FALSE)","v":1739.51},{"$f":"$N$4","v":0.23957567779569877},{"$f":"H735*(1+I735)","v":2156.254287282396},{"$f":"VLOOKUP(D735,'CPU (des)'!B:I,8,FALSE)","v":1724.44},{"$f":"$O$4","v":0.30260494954802231},{"$f":"K735*(1+L735)","v":2246.2640791985918},{"$f":"J735*G735","v":6468.7628618471881},{"$f":"M735*G735","v":6738.7922375957751}]
[null,"3.3.10.2","Composição Sinapi",97599,"LUMINÁRIA DE EMERGÊNCIA, COM 30 LÂMPADAS LED DE 2 W, SEM REATOR - FORNECIMENTO E INSTALAÇÃO. AF_02/2020","UN",8,{"$f":"VLOOKUP(D736,'CPU (sem des)'!B:I,8,FALSE)","v":27.41},{"$f":"$N$4","v":0.23957567779569877},{"$f":"H736*(1+I736)","v":33.976769328380101},{"$f":"VLOOKUP(D736,'CPU (des)'!B:I,8,FALSE)","v":26.65},{"$f":"$O$4","v":0.30260494954802231},{"$f":"K736*(1+L736)","v":34.714421905454792},{"$f":"J736*G736","v":271.81415462704081},277.71537524363833]
[null,"3.3.10.3","Composição Sinapi",101910,"EXTINTOR DE INCÊNDIO PORTÁTIL COM CARGA DE PQS DE 8 KG, CLASSE BC - FORNECIMENTO E INSTALAÇÃO. AF_10/2020_P","UN",8,{"$f":"VLOOKUP(D737,'CPU (sem des)'!B:I,8,FALSE)","v":485.12},{"$f":"$N$4","v":0.23957567779569877},{"$f":"H737*(1+I737)","v":601.34295281224945},{"$f":"VLOOKUP(D737,'CPU (des)'!B:I,8,FALSE)","v":482.85},{"$f":"$O$4","v":0.30260494954802231},{"$f":"K737*(1+L737)","v":628.96279988926256},{"$f":"J737*G737","v":4810.7436224979956},5031.7023991141004]
[null,"3.3.10.4","Insumo Sinapi",37557,"PLACA DE SINALIZACAO DE SEGURANCA CONTRA INCENDIO, FOTOLUMINESCENTE, QUADRADA, *14 X 14* CM, EM PVC *2* MM ANTI-CHAMAS (SIMBOLOS, CORES E PICTOGRAMAS CONFORME NBR 16820)","UN",15,{"$f":"VLOOKUP(D738,'Insumo SINAPI (sem des.)'!A:E,5,FALSE)","v":23.91},{"$f":"$N$5","v":0.14692012195121973},{"$f":"H738*(1+I738)","v":27.422860115853663},{"$f":"VLOOKUP(D738,'Insumos SINAPI (des)'!A:E,5,FALSE)","v":23.91},{"$f":"$O$5","v":0.20311109145345707},{"$f":"K738*(1+L738)","v":28.76638619665216},{"$f":"J738*G738","v":411.34290173780494},431.49579294978241]
[null,"3.3.10.5","Insumo Sinapi",38774,"LUMINARIA DE EMERGENCIA 30 LEDS, POTENCIA 2 W, BATERIA DE LITIO, AUTONOMIA DE 6 HORAS","UN",14,{"$f":"VLOOKUP(D739,'Insumo SINAPI (sem des.)'!A:E,5,FALSE)","v":21.08},{"$f":"$N$5","v":0.14692012195121973},{"$f":"H739*(1+I739)","v":24.177076170731709},{"$f":"VLOOKUP(D739,'Insumos SINAPI (des)'!A:E,5,FALSE)","v":21.08},{"$f":"$O$5","v":0.20311109145345707},{"$f":"K739*(1+L739)","v":25.361581807838874},{"$f":"J739*G739","v":338.47906639024393},355.06214530974421]
[null,"3.3.11","Pintura",null,null,null,1,{"$nulls":6},{"$f":"SUM(N741:N743)","v":67494.849047930315},{"$f":"SUM(O741:O743)","v":64004.230688880554}]
[null,"3.3.11.1","Composição Sinapi",88485,"APLICAÇÃO DE FUNDO SELADOR ACRÍLICO EM PAREDES, UMA DEMÃO. AF_06/2014","M2",2360,{"$f":"VLOOKUP(D741,'CPU (sem des)'!B:I,8,FALSE)","v":2.99},{"$f":"$N$4","v":0.23957567779569877},{"$f":"H741*(1+I741)","v":3.7063312766091396},{"$f":"VLOOKUP(D741,'CPU (des)'!B:I,8,FALSE)","v":2.76},{"$f":"$O$4","v":0.30260494954802231},{"$f":"K741*(1+L741)","v":3.5951896607525411},{"$f":"J741*G741","v":8746.9418127975696},{"$f":"M741*G741","v":8484.6475993759977}]
[null,"3.3.11.2","Composição Sinapi",100754,"PINTURA COM TINTA ACRÍLICA DE ACABAMENTO APLICADA A ROLO OU PINCEL (EXCETO PERFIL) EXECUTADO EM OBRA (02 DEMÃOS). AF_01/2020","M2",1888,{"$f":"VLOOKUP(D742,'CPU (sem des)'!B:I,8,FALSE)","v":24.76},{"$f":"$N$4","v":0.23957567779569877},{"$f":"H742*(1+I742)","v":30.691893782221502},{"$f":"VLOOKUP(D742,'CPU (des)'!B:I,8,FALSE)","v":22.26},{"$f":"$O$4","v":0.30260494954802231},{"$f":"K742*(1+L742)","v":28.995986176938978},{"$f":"J742*G742","v":57946.295460834197},54744.421902060792]
[null,"3.3.11.3","Composição Sinapi",102220,"PINTURA TINTA DE ACABAMENTO (PIGMENTADA) ESMALTE SINTÉTICO BRILHANTE EM MADEIRA, 2 DEMÃOS. AF_01/2021","M2",49.14,{"$f":"VLOOKUP(D743,'CPU (sem des)'!B:I,8,FALSE)","v":13.16},{"$f":"$N$4","v":0.23957567779569877},{"$f":"H743*(1+I743)","v":16.312815919791397},{"$f":"VLOOKUP(D743,'CPU (des)'!B:I,8,FALSE)","v":12.11},{"$f":"$O$4","v":0.30260494954802231},{"$f":"K743*(1+L743)","v":15.774545939026549},{"$f":"J743*G743","v":801.61177429854922},775.16118744376456]
[null,"3.3.12","Serviços Complementares",null,null,null,1,{"$nulls":6},{"$f":"SUM(N745)","v":9904.2096655876339},{"$f":"SUM(O745)","v":9566.3307494806759}]
[null,"3.3.12.1","Composição Orse",2450,"Limpeza geral","M2",3400,{"$f":"VLOOKUP(D745,'CPU (sem des)'!B:I,8,FALSE)","v":2.35},{"$f":"$N$4","v":0.23957567779569877},{"$f":"H745*(1+I745)","v":2.9130028428198922},{"$f":"VLOOKUP(D745,'CPU (des)'!B:I,8,FALSE)","v":2.16},{"$f":"$O$4","v":0.30260494954802231},{"$f":"K745*(1+L745)","v":2.8136266910237282},{"$f":"J745*G745","v":9904.2096655876339},{"$f":"M745*G745","v":9566.3307494806759}]
[null,"3.4","Quiosque Tipo 1",{"$nulls":10},{"$f":"N747+N752+N758+N766+N778+N780+N787+N808+N819+N820+N826+N835+N845+N848+N852+N855","v":299498.56356819195},{"$f":"O747+O752+O758+O766+O778+O780+O787+O808+O819+O820+O826+O835+O845+O848+O852+O855","v":305629.13891897484}]
[null,"3.4.1","SERVIÇOS PRELIMINARES ",null,null,null,1,{"$nulls":6},{"$f":"SUM(N748:N751)","v":17986.449751950262},{"$f":"SUM(O748:O751)","v":17992.304501341569}]
[null,"3.4.1.1","Insumo Sinapi",4813,"PLACA DE OBRA (PARA CONSTRUCAO CIVIL) EM CHAPA GALVANIZADA *N. 22*, ADESIVADA, DE *2,4 X 1,2* M (SEM POSTES PARA FIXACAO)","M2",4.5,{"$f":"VLOOKUP(D748,'Insumo SINAPI (sem des.)'!A:E,5,FALSE)","v":250},{"$f":"$N$5","v":0.14692012195121973},{"$f":"H748*(1+I748)","v":286.73003048780492},{"$f":"VLOOKUP(D748,'Insumos SINAPI (des)'!A:E,5,FALSE)","v":250},{"$f":"$O$5","v":0.20311109145345707},{"$f":"K748*(1+L748)","v":300.77777286336425},{"$f":"J748*G748","v":1290.2851371951222},{"$f":"M748*G748","v":1353.4999778851391}]
[null,"3.4.1.2","Composição Sinapi",98525,"LIMPEZA MECANIZADA DE CAMADA VEGETAL, VEGETAÇÃO E PEQUENAS ÁRVORES (DIÂMETRO DE TRONCO MENOR QUE 0,20 M), COM TRATOR DE ESTEIRAS.AF_05/2018","M2",190,{"$f":"VLOOKUP(D749,'CPU (sem des)'!B:I,8,FALSE)","v":0.34},{"$f":"$N$4","v":0.23957567779569877},{"$f":"H749*(1+I749)","v":0.42145573045053764},{"$f":"VLOOKUP(D749,'CPU (des)'!B:I,8,FALSE)","v":0.32},{"$f":"$O$4","v":0.30260494954802231},{"$f":"K749*(1+L749)","v":0.41683358385536717},{"$f":"J749*G749","v":80.076588785602155},79.198380932519768]
[null,"3.4.1.3","Composição Sinapi",99059,"LOCACAO CONVENCIONAL DE OBRA, UTILIZANDO GABARITO DE TÁBUAS CORRIDAS PONTALETADAS A CADA 2,00M -  2 UTILIZAÇÕES. AF_10/2018","M",172.28,{"$f":"VLOOKUP(D750,'CPU (sem des)'!B:I,8,FALSE)","v":47.35},{"$f":"$N$4","v":0.23957567779569877},{"$f":"H750*(1+I750)","v":58.69390834362634},{"$f":"VLOOKUP(D750,'CPU (des)'!B:I,8,FALSE)","v":44.16},{"$f":"$O$4","v":0.30260494954802231},{"$f":"K750*(1+L750)","v":57.523034572040658},{"$f":"J750*G750","v":10111.786529439945},9910.0683960711649]
[null,"3.4.1.4","Composição Sinapi",93582,"EXECUÇÃO DE CENTRAL DE ARMADURA EM CANTEIRO DE OBRA, NÃO INCLUSO MOBILIÁRIO E EQUIPAMENTOS. AF_04/2016","M2",20,{"$f":"VLOOKUP(D751,'CPU (sem des)'!B:I,8,FALSE)","v":262.36},{"$f":"$N$4","v":0.23957567779569877},{"$f":"H751*(1+I751)","v":325.21507482647957},{"$f":"VLOOKUP(D751,'CPU (des)'!B:I,8,FALSE)","v":255.24},{"$f":"$O$4","v":0.30260494954802231},{"$f":"K751*(1+L751)","v":332.47688732263725},{"$f":"J751*G751","v":6504.3014965295915},6649.5377464527446]
[null,"3.4.2","FUNDAÇÕES ",null,null,null,1,{"$nulls":6},{"$f":"SUM(N753:N757)","v":7604.4094158773005},{"$f":"SUM(O753:O757)","v":7700.2560229992414}]
[null,"3.4.2.1","Composição Sinapi",96523,"ESCAVAÇÃO MANUAL PARA BLOCO DE COROAMENTO OU SAPATA (INCLUINDO ESCAVAÇÃO PARA COLOCAÇÃO DE FÔRMAS). AF_06/2017","M3",1.75,{"$f":"VLOOKUP(D753,'CPU (sem des)'!B:I,8,FALSE)","v":80.62},{"$f":"$N$4","v":0.23957567779569877},{"$f":"H753*(1+I753)","v":99.934591143889236},{"$f":"VLOOKUP(D753,'CPU (des)'!B:I,8,FALSE)","v":71.430000000000007},{"$f":"$O$4","v":0.30260494954802231},{"$f":"K753*(1+L753)","v":93.04507154621524},{"$f":"J753*G753","v":174.88553450180615},{"$f":"M753*G753","v":162.82887520587667}]
[null,"3.4.2.2","Composição Sinapi",96621,"LASTRO COM MATERIAL GRANULAR, APLICAÇÃO EM BLOCOS DE COROAMENTO, ESPESSURA DE *5 CM*. AF_08/2017","M3",0.35,{"$f":"VLOOKUP(D754,'CPU (sem des)'!B:I,8,FALSE)","v":404.83},{"$f":"$N$4","v":0.23957567779569877},{"$f":"H754*(1+I754)","v":501.81742164203274},{"$f":"VLOOKUP(D754,'CPU (des)'!B:I,8,FALSE)","v":393.24},{"$f":"$O$4","v":0.30260494954802231},{"$f":"K754*(1+L754)","v":512.23637036026435},{"$f":"J754*G754","v":175.63609757471144},179.2827296260925]
[null,"3.4.2.3","Composição Sinapi",96529,"FABRICAÇÃO, MONTAGEM E DESMONTAGEM DE FÔRMA PARA SAPATA, EM MADEIRA SERRADA, E=25 MM, 1 UTILIZAÇÃO. AF_06/2017","M2",10.4,{"$f":"VLOOKUP(D755,'CPU (sem des)'!B:I,8,FALSE)","v":273.68},{"$f":"$N$4","v":0.23957567779569877},{"$f":"H755*(1+I755)","v":339.24707149912683},{"$f":"VLOOKUP(D755,'CPU (des)'!B:I,8,FALSE)","v":257.58},{"$f":"$O$4","v":0.30260494954802231},{"$f":"K755*(1+L755)","v":335.52498290457959},{"$f":"J755*G755","v":3528.1695435909191},3489.4598222076279]
[null,"3.4.2.4","Composição Sinapi",96545,"ARMAÇÃO DE BLOCO, VIGA BALDRAME OU SAPATA UTILIZANDO AÇO CA-50 DE 8 MM - MONTAGEM. AF_06/2017","KG",70,{"$f":"VLOOKUP(D756,'CPU (sem des)'!B:I,8,FALSE)","v":17.149999999999999},{"$f":"$N$4","v":0.23957567779569877},{"$f":"H756*(1+I756)","v":21.258722874196231},{"$f":"VLOOKUP(D756,'CPU (des)'!B:I,8,FALSE)","v":16.72},{"$f":"$O$4","v":0.30260494954802231},{"$f":"K756*(1+L756)","v":21.779554756442931},{"$f":"J756*G756","v":1488.1106011937361},1524.5688329510051]
[null,"3.4.2.5","Composição Sinapi",96558,"CONCRETAGEM DE SAPATAS, FCK 30 MPA, COM USO DE BOMBA - LANÇAMENTO, ADENSAMENTO E ACABAMENTO. AF_11/2016","M3",2,{"$f":"VLOOKUP(D757,'CPU (sem des)'!B:I,8,FALSE)","v":902.57},{"$f":"$N$4","v":0.23957567779569877},{"$f":"H757*(1+I757)","v":1118.803819508064},{"$f":"VLOOKUP(D757,'CPU (des)'!B:I,8,FALSE)","v":899.78},{"$f":"$O$4","v":0.30260494954802231},{"$f":"K757*(1+L757)","v":1172.0578815043195},{"$f":"J757*G757","v":2237.6076390161279},2344.1157630086391]
[null,"3.4.3","INFRAESTRUTURA",null,null,null,1,{"$nulls":6},{"$f":"SUM(N759:N765)","v":17023.749634319996},{"$f":"SUM(O759:O765)","v":17298.913128731365}]
[null,"3.4.3.1","Composição Sinapi",96523,"ESCAVAÇÃO MANUAL PARA BLOCO DE COROAMENTO OU SAPATA (INCLUINDO ESCAVAÇÃO PARA COLOCAÇÃO DE FÔRMAS). AF_06/2017","M3",4.8499999999999996,{"$f":"VLOOKUP(D759,'CPU (sem des)'!B:I,8,FALSE)","v":80.62},{"$f":"$N$4","v":0.23957567779569877},{"$f":"H759*(1+I759)","v":99.934591143889236},{"$f":"VLOOKUP(D759,'CPU (des)'!B:I,8,FALSE)","v":71.430000000000007},{"$f":"$O$4","v":0.30260494954802231},{"$f":"K759*(1+L759)","v":93.04507154621524},{"$f":"J759*G759","v":484.68276704786274},{"$f":"M759*G759","v":451.26859699914388}]
[null,"3.4.3.2","Composição Sinapi",96621,"LASTRO COM MATERIAL GRANULAR, APLICAÇÃO EM BLOCOS DE COROAMENTO, ESPESSURA DE *5 CM*. AF_08/2017","M3",0.48,{"$f":"VLOOKUP(D760,'CPU (sem des)'!B:I,8,FALSE)","v":404.83},0.23957567779569877,501.81742164203274,{"$f":"VLOOKUP(D760,'CPU (des)'!B:I,8,FALSE)","v":393.24},0.30260494954802231,512.23637036026435,240.8723623881757,245.87345777292688]
[null,"3.4.3.3","Composição Sinapi",96536,"FABRICAÇÃO, MONTAGEM E DESMONTAGEM DE FÔRMA PARA VIGA BALDRAME, EM MADEIRA SERRADA, E=25 MM, 4 UTILIZAÇÕES. AF_06/2017","M2",58.6,{"$f":"VLOOKUP(D761,'CPU (sem des)'!B:I,8,FALSE)","v":61.12},0.23957567779569877,75.762865426873105,{"$f":"VLOOKUP(D761,'CPU (des)'!B:I,8,FALSE)","v":56.87},0.30260494954802231,74.07914348079602,4439.7039140147645,4341.037807974647]
[null,"3.4.3.4","Composição Sinapi",96545,"ARMAÇÃO DE BLOCO, VIGA BALDRAME OU SAPATA UTILIZANDO AÇO CA-50 DE 8 MM - MONTAGEM. AF_06/2017","KG",169.5,{"$f":"VLOOKUP(D762,'CPU (sem des)'!B:I,8,FALSE)","v":17.149999999999999},0.23957567779569877,21.258722874196231,{"$f":"VLOOKUP(D762,'CPU (des)'!B:I,8,FALSE)","v":16.72},0.30260494954802231,21.779554756442931,3603.3535271762612,3691.6345312170765]
[null,"3.4.3.5","Composição Sinapi",96546,"ARMAÇÃO DE BLOCO, VIGA BALDRAME OU SAPATA UTILIZANDO AÇO CA-50 DE 10 MM - MONTAGEM. AF_06/2017","KG",17.75,{"$f":"VLOOKUP(D763,'CPU (sem des)'!B:I,8,FALSE)","v":15.43},0.23957567779569877,19.126652708387631,{"$f":"VLOOKUP(D763,'CPU (des)'!B:I,8,FALSE)","v":15.11},0.30260494954802231,19.682360787670618,339.49808557388047,349.36190398115349]
[null,"3.4.3.6","Composição Sinapi",96543,"ARMAÇÃO DE BLOCO, VIGA BALDRAME E SAPATA UTILIZANDO AÇO CA-60 DE 5 MM - MONTAGEM. AF_06/2017","KG",76.5,{"$f":"VLOOKUP(D764,'CPU (sem des)'!B:I,8,FALSE)","v":19.05},0.23957567779569877,23.613916662008062,{"$f":"VLOOKUP(D764,'CPU (des)'!B:I,8,FALSE)","v":18.21},0.30260494954802231,23.720436131269487,1806.4646246436168,1814.6133640421158]
[null,"3.4.3.7","Composição Sinapi",96557,"CONCRETAGEM DE BLOCOS DE COROAMENTO E VIGAS BALDRAMES, FCK 30 MPA, COM USO DE BOMBA - LANÇAMENTO, ADENSAMENTO E ACABAMENTO. AF_06/2017","M3",5.5,{"$f":"VLOOKUP(D765,'CPU (sem des)'!B:I,8,FALSE)","v":896.08},0.23957567779569877,1110.7589733591699,{"$f":"VLOOKUP(D765,'CPU (des)'!B:I,8,FALSE)","v":894.03},0.30260494954802231,1164.5679030444182,6109.1743534754341,6405.1234667443005]
[null,"3.4.4","SUPRAESTRUTURA",null,null,null,1,{"$nulls":6},{"$f":"SUM(N767:N777)","v":125106.4536216267},{"$f":"SUM(O767:O777)","v":127457.04877276169}]
[null,"3.4.4.1","Composição Sinapi",92409,"MONTAGEM E DESMONTAGEM DE FÔRMA DE PILARES RETANGULARES E ESTRUTURAS SIMILARES, PÉ-DIREITO SIMPLES, EM MADEIRA SERRADA, 1 UTILIZAÇÃO. AF_09/2020","M2",52.5,{"$f":"VLOOKUP(D767,'CPU (sem des)'!B:I,8,FALSE)","v":225},{"$f":"$N$4","v":0.23957567779569877},{"$f":"H767*(1+I767)","v":278.90452750403222},{"$f":"VLOOKUP(D767,'CPU (des)'!B:I,8,FALSE)","v":212.85},{"$f":"$O$4","v":0.30260494954802231},{"$f":"K767*(1+L767)","v":277.25946351129653},{"$f":"J767*G767","v":14642.487693961692},{"$f":"M767*G767","v":14556.121834343068}]
[null,"3.4.4.2","Composição Sinapi",92761,"ARMAÇÃO DE PILAR OU VIGA DE ESTRUTURA CONVENCIONAL DE CONCRETO ARMADO UTILIZANDO AÇO CA-50 DE 8,0 MM - MONTAGEM. AF_06/2022","KG",169.5,{"$f":"VLOOKUP(D768,'CPU (sem des)'!B:I,8,FALSE)","v":15.29},0.23957567779569877,18.953112113496232,{"$f":"VLOOKUP(D768,'CPU (des)'!B:I,8,FALSE)","v":15.09},0.30260494954802231,19.656308688679655,3212.5525032376113,3331.7443227312015]
[null,"3.4.4.3","Composição Sinapi",92762,"ARMAÇÃO DE PILAR OU VIGA DE ESTRUTURA CONVENCIONAL DE CONCRETO ARMADO UTILIZANDO AÇO CA-50 DE 10,0 MM - MONTAGEM. AF_06/2022","KG",193.95,{"$f":"VLOOKUP(D769,'CPU (sem des)'!B:I,8,FALSE)","v":13.9},0.23957567779569877,17.230101921360212,{"$f":"VLOOKUP(D769,'CPU (des)'!B:I,8,FALSE)","v":13.75},0.30260494954802231,17.910818056285308,3341.7782676478132,3473.8031620165352]
[null,"3.4.4.4","Composição Sinapi",92759,"ARMAÇÃO DE PILAR OU VIGA DE ESTRUTURA CONVENCIONAL DE CONCRETO ARMADO UTILIZANDO AÇO CA-60 DE 5,0 MM - MONTAGEM. AF_06/2022","KG",155.80000000000001,{"$f":"VLOOKUP(D770,'CPU (sem des)'!B:I,8,FALSE)","v":16.05},0.23957567779569877,19.895189628620965,{"$f":"VLOOKUP(D770,'CPU (des)'!B:I,8,FALSE)","v":15.54},0.30260494954802231,20.242480915976266,3099.6705441391468,3153.7785267091026]
[null,"3.4.4.5","Composição Sinapi",92446,"MONTAGEM E DESMONTAGEM DE FÔRMA DE VIGA, ESCORAMENTO COM PONTALETE DE MADEIRA, PÉ-DIREITO SIMPLES, EM MADEIRA SERRADA, 1 UTILIZAÇÃO. AF_09/2020","M2",44.4,{"$f":"VLOOKUP(D771,'CPU (sem des)'!B:I,8,FALSE)","v":221.02},0.23957567779569877,273.97101630640537,{"$f":"VLOOKUP(D771,'CPU (des)'!B:I,8,FALSE)","v":209.3},0.30260494954802231,272.63521594040111,12164.313124004399,12105.003587753808]
[null,"3.4.4.6","Composição Sinapi",92482,"MONTAGEM E DESMONTAGEM DE FÔRMA DE LAJE MACIÇA, PÉ-DIREITO SIMPLES, EM MADEIRA SERRADA, 1 UTILIZAÇÃO. AF_09/2020","M2",110.8,{"$f":"VLOOKUP(D772,'CPU (sem des)'!B:I,8,FALSE)","v":233.39},0.23957567779569877,289.30456744073814,{"$f":"VLOOKUP(D772,'CPU (des)'!B:I,8,FALSE)","v":220.36},0.30260494954802231,287.0420266824022,32054.946072433784,31804.256556410164]
[null,"3.4.4.7","Composição Sinapi",92768,"ARMAÇÃO DE LAJE DE ESTRUTURA CONVENCIONAL DE CONCRETO ARMADO UTILIZANDO AÇO CA-60 DE 5,0 MM - MONTAGEM. AF_06/2022","KG",224.1,{"$f":"VLOOKUP(D773,'CPU (sem des)'!B:I,8,FALSE)","v":15.64},0.23957567779569877,19.38696360072473,{"$f":"VLOOKUP(D773,'CPU (des)'!B:I,8,FALSE)","v":15.2},0.30260494954802231,19.799595233129939,4344.6185429224115,4437.0892917444189]
[null,"3.4.4.8","Composição Sinapi",92769,"ARMAÇÃO DE LAJE DE ESTRUTURA CONVENCIONAL DE CONCRETO ARMADO UTILIZANDO AÇO CA-50 DE 6,3 MM - MONTAGEM. AF_06/2022","KG",327.3,{"$f":"VLOOKUP(D774,'CPU (sem des)'!B:I,8,FALSE)","v":15.38},0.23957567779569877,19.06467392449785,{"$f":"VLOOKUP(D774,'CPU (des)'!B:I,8,FALSE)","v":15.11},0.30260494954802231,19.682360787670618,6239.8677754881464,6442.0366858045936]
[null,"3.4.4.9","Composição Sinapi",92770,"ARMAÇÃO DE LAJE DE ESTRUTURA CONVENCIONAL DE CONCRETO ARMADO UTILIZANDO AÇO CA-50 DE 8,0 MM - MONTAGEM. AF_06/2022","KG",43,{"$f":"VLOOKUP(D775,'CPU (sem des)'!B:I,8,FALSE)","v":14.88},0.23957567779569877,18.4448860856,{"$f":"VLOOKUP(D775,'CPU (des)'!B:I,8,FALSE)","v":14.72},0.30260494954802231,19.174344857346888,793.13010168080007,824.4968288659162]
[null,"3.4.4.10","Composição Sinapi",92771,"ARMAÇÃO DE LAJE DE ESTRUTURA CONVENCIONAL DE CONCRETO ARMADO UTILIZANDO AÇO CA-50 DE 10,0 MM - MONTAGEM. AF_06/2022","KG",829.4,{"$f":"VLOOKUP(D776,'CPU (sem des)'!B:I,8,FALSE)","v":13.51},0.23957567779569877,16.746667407019888,{"$f":"VLOOKUP(D776,'CPU (des)'!B:I,8,FALSE)","v":13.41},0.30260494954802231,17.46793237343898,13889.685947382295,14487.903110530289]
[null,"3.4.4.11","Composição Sinapi",96557,"CONCRETAGEM DE BLOCOS DE COROAMENTO E VIGAS BALDRAMES, FCK 30 MPA, COM USO DE BOMBA - LANÇAMENTO, ADENSAMENTO E ACABAMENTO. AF_06/2017","M3",28.2,{"$f":"VLOOKUP(D777,'CPU (sem des)'!B:I,8,FALSE)","v":896.08},0.23957567779569877,1110.7589733591699,{"$f":"VLOOKUP(D777,'CPU (des)'!B:I,8,FALSE)","v":894.03},0.30260494954802231,1164.5679030444182,31323.403048728589,32840.814865852597]
[null,"3.4.5","IMPERMEABILIZAÇÃO",null,null,null,1,{"$nulls":6},{"$f":"SUM(N779)","v":41330.414939833121},{"$f":"SUM(O779)","v":42683.985770311308}]
[null,"3.4.5.1","Composição Sinapi",98546,"IMPERMEABILIZAÇÃO DE SUPERFÍCIE COM MANTA ASFÁLTICA, UMA CAMADA, INCLUSIVE APLICAÇÃO DE PRIMER ASFÁLTICO, E=3MM. AF_06/2018","M2",189.51,{"$f":"VLOOKUP(D779,'CPU (sem des)'!B:I,8,FALSE)","v":175.94},{"$f":"$N$4","v":0.23957567779569877},{"$f":"H779*(1+I779)","v":218.09094475137525},{"$f":"VLOOKUP(D779,'CPU (des)'!B:I,8,FALSE)","v":172.91},{"$f":"$O$4","v":0.30260494954802231},{"$f":"K779*(1+L779)","v":225.23342182634852},{"$f":"J779*G779","v":41330.414939833121},{"$f":"M779*G779","v":42683.985770311308}]
[null,"3.4.6","REVESTIMENTOS ",null,null,null,1,{"$nulls":6},{"$f":"SUM(N781:N786)","v":17428.513127511491},{"$f":"SUM(O781:O786)","v":17708.064307168988}]
[null,"3.4.6.1","Composição Sinapi",103324,"ALVENARIA DE VEDAÇÃO DE BLOCOS CERÂMICOS FURADOS NA VERTICAL DE 14X19X39 CM (ESPESSURA 14 CM) E ARGAMASSA DE ASSENTAMENTO COM PREPARO EM BETONEIRA. AF_12/2021","M2",39.99,{"$f":"VLOOKUP(D781,'CPU (sem des)'!B:I,8,FALSE)","v":77.69},{"$f":"$N$4","v":0.23957567779569877},{"$f":"H781*(1+I781)","v":96.302634407947835},{"$f":"VLOOKUP(D781,'CPU (des)'!B:I,8,FALSE)","v":74.37},{"$f":"$O$4","v":0.30260494954802231},{"$f":"K781*(1+L781)","v":96.874730097886427},{"$f":"J781*G781","v":3851.1423499738339},{"$f":"M781*G781","v":3874.0204566144785}]
[null,"3.4.6.2","Composição Sinapi",87879,"CHAPISCO APLICADO EM ALVENARIAS E ESTRUTURAS DE CONCRETO INTERNAS, COM COLHER DE PEDREIRO.  ARGAMASSA TRAÇO 1:3 COM PREPARO EM BETONEIRA 400L. AF_10/2022","M2",79.98,{"$f":"VLOOKUP(D782,'CPU (sem des)'!B:I,8,FALSE)","v":4.25},{"$f":"$N$4","v":0.23957567779569877},5.2681966306317198,{"$f":"VLOOKUP(D782,'CPU (des)'!B:I,8,FALSE)","v":3.98},{"$f":"$O$4","v":0.30260494954802231},5.1843676992011289,421.35036651792495,414.6457285821063]
[null,"3.4.6.3","Composição Sinapi",87543,"MASSA ÚNICA, PARA RECEBIMENTO DE PINTURA OU CERÂMICA, ARGAMASSA INDUSTRIALIZADA, PREPARO MECÂNICO, APLICADO COM EQUIPAMENTO DE MISTURA E PROJEÇÃO DE 1,5 M3/H EM FACES INTERNAS DE PAREDES, ESPESSURA DE 5MM, SEM EXECUÇÃO DE TALISCAS. AF_06/2014","M2",79.98,{"$f":"VLOOKUP(D783,'CPU (sem des)'!B:I,8,FALSE)","v":29.16},{"$f":"$N$4","v":0.23957567779569877},36.146026764522574,{"$f":"VLOOKUP(D783,'CPU (des)'!B:I,8,FALSE)","v":28.47},{"$f":"$O$4","v":0.30260494954802231},37.085162913632196,2890.9592206265156,2966.071329832303]
[null,"3.4.6.4","Composição Sinapi",87622,"CONTRAPISO EM ARGAMASSA TRAÇO 1:4 (CIMENTO E AREIA), PREPARO MANUAL, APLICADO EM ÁREAS SECAS SOBRE LAJE, ADERIDO, ACABAMENTO NÃO REFORÇADO, ESPESSURA 2CM. AF_07/2021","M2",144.44999999999999,{"$f":"VLOOKUP(D784,'CPU (sem des)'!B:I,8,FALSE)","v":38.67},{"$f":"$N$4","v":0.23957567779569877},47.93439146035967,{"$f":"VLOOKUP(D784,'CPU (des)'!B:I,8,FALSE)","v":37.22},{"$f":"$O$4","v":0.30260494954802231},48.482956222177386,6924.1228464489541,7003.363026293523]
[null,"3.4.6.5","Insumo Sinapi",39508,"TELA DE ACO SOLDADA NERVURADA, CA-60, L-159, (1,69 KG/M2), DIAMETRO DO FIO = 4,5 MM, LARGURA = 2,45 M, ESPACAMENTO DA MALHA = 30 X 10 CM","M2",144.44999999999999,{"$f":"VLOOKUP(D785,'Insumo SINAPI (sem des.)'!A:E,5,FALSE)","v":8.66},{"$f":"$N$5","v":0.14692012195121973},9.9323282560975628,{"$f":"VLOOKUP(D785,'Insumos SINAPI (des)'!A:E,5,FALSE)","v":8.66},{"$f":"$O$5","v":0.20311109145345707},10.418942051986939,1434.7248165932929,1505.0161794095131]
[null,"3.4.6.6","Composição Sinapi",87265,"REVESTIMENTO CERÂMICO PARA PAREDES INTERNAS COM PLACAS TIPO ESMALTADA EXTRA DE DIMENSÕES 20X20 CM APLICADAS EM AMBIENTES DE ÁREA MAIOR QUE 5 M² NA ALTURA INTEIRA DAS PAREDES. AF_06/2014","M2",19.68,{"$f":"VLOOKUP(D786,'CPU (sem des)'!B:I,8,FALSE)","v":78.14},{"$f":"$N$4","v":0.23957567779569877},96.860443462955899,{"$f":"VLOOKUP(D786,'CPU (des)'!B:I,8,FALSE)","v":75.87},{"$f":"$O$4","v":0.30260494954802231},98.828637522208453,1906.2135273509721,1944.9475864370622]
[null,"3.4.7","PROJETO ELÉTRICO ",null,null,null,1,{"$nulls":6},{"$f":"SUM(N788:N807)","v":38317.295333834991},{"$f":"SUM(O788:O807)","v":39302.411045608394}]
[null,"3.4.7.1","Composição Sinapi",91940,"CAIXA RETANGULAR 4\" X 2\" MÉDIA (1,30 M DO PISO), PVC, INSTALADA EM PAREDE - FORNECIMENTO E INSTALAÇÃO. AF_12/2015","UN",20,{"$f":"VLOOKUP(D788,'CPU (sem des)'!B:I,8,FALSE)","v":17.5},{"$f":"$N$4","v":0.23957567779569877},{"$f":"H788*(1+I788)","v":21.692574361424729},{"$f":"VLOOKUP(D788,'CPU (des)'!B:I,8,FALSE)","v":15.79},{"$f":"$O$4","v":0.30260494954802231},{"$f":"K788*(1+L788)","v":20.568132153363273},{"$f":"J788*G788","v":433.85148722849459},{"$f":"M788*G788","v":411.36264306726548}]
[null,"3.4.7.2","Composição Sinapi",91936,"CAIXA OCTOGONAL 4\" X 4\", PVC, INSTALADA EM LAJE - FORNECIMENTO E INSTALAÇÃO. AF_12/2015","UN",20,{"$f":"VLOOKUP(D789,'CPU (sem des)'!B:I,8,FALSE)","v":17.63},{"$f":"$N$4","v":0.23957567779569877},21.853719199538169,{"$f":"VLOOKUP(D789,'CPU (des)'!B:I,8,FALSE)","v":16.329999999999998},{"$f":"$O$4","v":0.30260494954802231},21.271538826119201,437.07438399076341,425.43077652238401]
[null,"3.4.7.3","Insumo Sinapi",20111,"FITA ISOLANTE ADESIVA ANTICHAMA, USO ATE 750 V, EM ROLO DE 19 MM X 20 M","UN",2,{"$f":"VLOOKUP(D790,'Insumo SINAPI (sem des.)'!A:E,5,FALSE)","v":30},{"$f":"$N$5","v":0.14692012195121973},34.407603658536594,{"$f":"VLOOKUP(D790,'Insumos SINAPI (des)'!A:E,5,FALSE)","v":30},{"$f":"$O$5","v":0.20311109145345707},36.09333274360371,68.815207317073188,72.186665487207421]
[null,"3.4.7.4","Composição Sinapi",91934,"CABO DE COBRE FLEXÍVEL ISOLADO, 16 MM², ANTI-CHAMA 450/750 V, PARA CIRCUITOS TERMINAIS - FORNECIMENTO E INSTALAÇÃO. AF_12/2015","M",158,{"$f":"VLOOKUP(D791,'CPU (sem des)'!B:I,8,FALSE)","v":27.62},{"$f":"$N$4","v":0.23957567779569877},34.237080220717203,{"$f":"VLOOKUP(D791,'CPU (des)'!B:I,8,FALSE)","v":26.95},{"$f":"$O$4","v":0.30260494954802231},35.105203390319197,5409.4586748733182,5546.6221356704327]
[null,"3.4.7.5","Composição Sinapi",92984,"CABO DE COBRE FLEXÍVEL ISOLADO, 25 MM², ANTI-CHAMA 0,6/1,0 KV, PARA REDE ENTERRADA DE DISTRIBUIÇÃO DE ENERGIA ELÉTRICA - FORNECIMENTO E INSTALAÇÃO. AF_12/2021","M",474,{"$f":"VLOOKUP(D792,'CPU (sem des)'!B:I,8,FALSE)","v":32.6},{"$f":"$N$4","v":0.23957567779569877},40.41016709613978,{"$f":"VLOOKUP(D792,'CPU (des)'!B:I,8,FALSE)","v":32.25},{"$f":"$O$4","v":0.30260494954802231},42.00900962292372,19154.419203570254,19912.270561265843]
[null,"3.4.7.6","Composição Sinapi",91926,"CABO DE COBRE FLEXÍVEL ISOLADO, 2,5 MM², ANTI-CHAMA 450/750 V, PARA CIRCUITOS TERMINAIS - FORNECIMENTO E INSTALAÇÃO. AF_12/2015","M",185,{"$f":"VLOOKUP(D793,'CPU (sem des)'!B:I,8,FALSE)","v":4.87},{"$f":"$N$4","v":0.23957567779569877},6.036733550865053,{"$f":"VLOOKUP(D793,'CPU (des)'!B:I,8,FALSE)","v":4.7},{"$f":"$O$4","v":0.30260494954802231},6.1222432628757053,1116.7957069100348,1132.6150036320055]
[null,"3.4.7.7","Composição Sinapi",91928,"CABO DE COBRE FLEXÍVEL ISOLADO, 4 MM², ANTI-CHAMA 450/750 V, PARA CIRCUITOS TERMINAIS - FORNECIMENTO E INSTALAÇÃO. AF_12/2015","M",160,{"$f":"VLOOKUP(D794,'CPU (sem des)'!B:I,8,FALSE)","v":7.58},{"$f":"$N$4","v":0.23957567779569877},9.3959836376913977,{"$f":"VLOOKUP(D794,'CPU (des)'!B:I,8,FALSE)","v":7.35},{"$f":"$O$4","v":0.30260494954802231},9.5741463791779626,1503.3573820306237,1531.863420668474]
[null,"3.4.7.8","Composição Orse",5027,"Caixa de passagem em alvenaria de tijolos maciços esp. = 0,12m,  dim. int. =  0.60 x 0.60 x 0.40m","UN",1,{"$f":"VLOOKUP(D795,'CPU (sem des)'!B:I,8,FALSE)","v":394.75},{"$f":"$N$4","v":0.23957567779569877},489.32249880985211,{"$f":"VLOOKUP(D795,'CPU (des)'!B:I,8,FALSE)","v":373.49},{"$f":"$O$4","v":0.30260494954802231},486.50992260669085,489.32249880985211,486.50992260669085]
[null,"3.4.7.9","Insumo Sinapi",38091,"ESPELHO / PLACA CEGA 4\" X 2\", PARA INSTALACAO DE TOMADAS E INTERRUPTORES","UN",20,{"$f":"VLOOKUP(D796,'Insumo SINAPI (sem des.)'!A:E,5,FALSE)","v":2.71},{"$f":"$N$5","v":0.14692012195121973},3.1081535304878054,{"$f":"VLOOKUP(D796,'Insumos SINAPI (des)'!A:E,5,FALSE)","v":2.71},{"$f":"$O$5","v":0.20311109145345707},3.2604310578388684,62.163070609756105,65.208621156777369]
[null,"3.4.7.10","Insumo Sinapi",38115,"INTERRUPTOR INTERMEDIARIO 10 A, 250 V (APENAS MODULO)","UN",6,{"$f":"VLOOKUP(D797,'Insumo SINAPI (sem des.)'!A:E,5,FALSE)","v":21.29},{"$f":"$N$5","v":0.14692012195121973},24.417929396341467,{"$f":"VLOOKUP(D797,'Insumos SINAPI (des)'!A:E,5,FALSE)","v":21.29},{"$f":"$O$5","v":0.20311109145345707},25.614235137044101,146.50757637804881,153.6854108222646]
[null,"3.4.7.11","Composição Sinapi",91996,"TOMADA MÉDIA DE EMBUTIR (1 MÓDULO), 2P+T 10 A, INCLUINDO SUPORTE E PLACA - FORNECIMENTO E INSTALAÇÃO. AF_12/2015","UN",28,{"$f":"VLOOKUP(D798,'CPU (sem des)'!B:I,8,FALSE)","v":35.450000000000003},{"$f":"$N$4","v":0.23957567779569877},43.942957777857522,{"$f":"VLOOKUP(D798,'CPU (des)'!B:I,8,FALSE)","v":32.85},{"$f":"$O$4","v":0.30260494954802231},42.790572592652538,1230.4028177800105,1198.136032594271]
[null,"3.4.7.12","Composição Sinapi",93653,"DISJUNTOR MONOPOLAR TIPO DIN, CORRENTE NOMINAL DE 10A - FORNECIMENTO E INSTALAÇÃO. AF_10/2020","UN",2,{"$f":"VLOOKUP(D799,'CPU (sem des)'!B:I,8,FALSE)","v":12.73},0.23957567779569877,15.779798378339246,{"$f":"VLOOKUP(D799,'CPU (des)'!B:I,8,FALSE)","v":12.53},0.30260494954802231,16.321640017836717,31.559596756678491,32.643280035673435]
[null,"3.4.7.13","Composição Sinapi",93655,"DISJUNTOR MONOPOLAR TIPO DIN, CORRENTE NOMINAL DE 20A - FORNECIMENTO E INSTALAÇÃO. AF_10/2020","UN",2,{"$f":"VLOOKUP(D800,'CPU (sem des)'!B:I,8,FALSE)","v":14.66},0.23957567779569877,18.172179436484946,{"$f":"VLOOKUP(D800,'CPU (des)'!B:I,8,FALSE)","v":14.27},0.30260494954802231,18.588172630050277,36.344358872969892,37.176345260100554]
[null,"3.4.7.14","Composição Sinapi",93656,"DISJUNTOR MONOPOLAR TIPO DIN, CORRENTE NOMINAL DE 25A - FORNECIMENTO E INSTALAÇÃO. AF_10/2020","UN",4,{"$f":"VLOOKUP(D801,'CPU (sem des)'!B:I,8,FALSE)","v":14.66},0.23957567779569877,18.172179436484946,{"$f":"VLOOKUP(D801,'CPU (des)'!B:I,8,FALSE)","v":14.27},0.30260494954802231,18.588172630050277,72.688717745939783,74.352690520201108]
[null,"3.4.7.15","Composição Sinapi",93659,"DISJUNTOR MONOPOLAR TIPO DIN, CORRENTE NOMINAL DE 50A - FORNECIMENTO E INSTALAÇÃO. AF_10/2020","UN",2,{"$f":"VLOOKUP(D802,'CPU (sem des)'!B:I,8,FALSE)","v":26.28},0.23957567779569877,32.576048812470965,{"$f":"VLOOKUP(D802,'CPU (des)'!B:I,8,FALSE)","v":25.17},0.30260494954802231,32.786566580123726,65.152097624941931,65.573133160247451]
[null,"3.4.7.16","Composição Sinapi",91981,"INTERRUPTOR BIPOLAR (1 MÓDULO), 10A/250V, INCLUINDO SUPORTE E PLACA - FORNECIMENTO E INSTALAÇÃO. AF_09/2017","UN",2,{"$f":"VLOOKUP(D803,'CPU (sem des)'!B:I,8,FALSE)","v":50.78},0.23957567779569877,62.945652918465584,{"$f":"VLOOKUP(D803,'CPU (des)'!B:I,8,FALSE)","v":47.69},0.30260494954802231,62.121230043945182,125.89130583693117,124.24246008789036]
[null,"3.4.7.17","Composição Sinapi",97667,"ELETRODUTO FLEXÍVEL CORRUGADO, PEAD, DN 50 (1 1/2\"), PARA REDE ENTERRADA DE DISTRIBUIÇÃO DE ENERGIA ELÉTRICA - FORNECIMENTO E INSTALAÇÃO. AF_12/2021","M",155,{"$f":"VLOOKUP(D804,'CPU (sem des)'!B:I,8,FALSE)","v":7.87},0.23957567779569877,9.75546058425215,{"$f":"VLOOKUP(D804,'CPU (des)'!B:I,8,FALSE)","v":7.47},0.30260494954802231,9.7304589731237261,1512.0963905590831,1508.2211408341775]
[null,"3.4.7.18","Composição Sinapi",91835,"ELETRODUTO FLEXÍVEL CORRUGADO REFORÇADO, PVC, DN 25 MM (3/4\"), PARA CIRCUITOS TERMINAIS, INSTALADO EM FORRO - FORNECIMENTO E INSTALAÇÃO. AF_12/2015","M",100,{"$f":"VLOOKUP(D805,'CPU (sem des)'!B:I,8,FALSE)","v":12.79},0.23957567779569877,15.854172919006986,{"$f":"VLOOKUP(D805,'CPU (des)'!B:I,8,FALSE)","v":12.05},0.30260494954802231,15.696389642053671,1585.4172919006987,1569.6389642053671]
[null,"3.4.7.19","Insumo Sinapi",39805,"QUADRO DE DISTRIBUICAO, EM PVC, DE EMBUTIR, COM BARRAMENTO TERRA / NEUTRO, PARA 12 DISJUNTORES NEMA OU 16 DISJUNTORES DIN","UN",2,{"$f":"VLOOKUP(D806,'Insumo SINAPI (sem des.)'!A:E,5,FALSE)","v":138.62},{"$f":"$N$5","v":0.14692012195121973},158.98606730487808,{"$f":"VLOOKUP(D806,'Insumos SINAPI (des)'!A:E,5,FALSE)","v":138.62},{"$f":"$O$5","v":0.20311109145345707},166.77525949727823,317.97213460975615,333.55051899455646]
[null,"3.4.7.20","Composição Orse",12021,"Luminária de embutir aberta para lâmpada fluorescente ou tubo led 2 x 18/20 w (tecnolux ref.fle-8157/232 ou similar), completa,  com lampada tubo led","UN",20,{"$f":"VLOOKUP(D807,'CPU (sem des)'!B:I,8,FALSE)","v":182.24},{"$f":"$N$4","v":0.23957567779569877},225.90027152148815,{"$f":"VLOOKUP(D807,'CPU (des)'!B:I,8,FALSE)","v":177.38},{"$f":"$O$4","v":0.30260494954802231},231.05606595082818,4518.0054304297628,4621.1213190165636]
[null,"3.4.8","CABEAMENTO",null,null,null,1,{"$nulls":6},{"$f":"SUM(N809:N818)","v":5381.489011340308},{"$f":"SUM(O809:O818)","v":5381.6639353868222}]
[null,"3.4.8.1","Insumo Sinapi",38083,"TOMADA RJ45, 8 FIOS, CAT 5E, CONJUNTO MONTADO PARA EMBUTIR 4\" X 2\" (PLACA + SUPORTE + MODULO)","UN",14,{"$f":"VLOOKUP(D809,'Insumo SINAPI (sem des.)'!A:E,5,FALSE)","v":40.020000000000003},{"$f":"$N$5","v":0.14692012195121973},{"$f":"H809*(1+I809)","v":45.899743280487819},{"$f":"VLOOKUP(D809,'Insumos SINAPI (des)'!A:E,5,FALSE)","v":40.020000000000003},{"$f":"$O$5","v":0.20311109145345707},{"$f":"K809*(1+L809)","v":48.148505879967352},{"$f":"J809*G809","v":642.59640592682945},{"$f":"M809*G809","v":674.07908231954298}]
[null,"3.4.8.2","Composição Orse",766,"Ponto de dado e voz, inclusive caixa 3\" x 3\" sistema \"x\"","UN",2,{"$f":"VLOOKUP(D810,'CPU (sem des)'!B:I,8,FALSE)","v":50.24},{"$f":"$N$4","v":0.23957567779569877},62.276282052455912,{"$f":"VLOOKUP(D810,'CPU (des)'!B:I,8,FALSE)","v":48.3},{"$f":"$O$4","v":0.30260494954802231},62.915819063169472,124.55256410491182,125.83163812633894]
[null,"3.4.8.3","Composição Sinapi",91940,"CAIXA RETANGULAR 4\" X 2\" MÉDIA (1,30 M DO PISO), PVC, INSTALADA EM PAREDE - FORNECIMENTO E INSTALAÇÃO. AF_12/2015","UN",2,{"$f":"VLOOKUP(D811,'CPU (sem des)'!B:I,8,FALSE)","v":17.5},0.23957567779569877,21.692574361424729,{"$f":"VLOOKUP(D811,'CPU (des)'!B:I,8,FALSE)","v":15.79},0.30260494954802231,20.568132153363273,43.385148722849458,41.136264306726545]
[null,"3.4.8.4","Composição Orse",7138,"Fornecimento e lançamento de cabo utp 4 pares cat 6","M",145,{"$f":"VLOOKUP(D812,'CPU (sem des)'!B:I,8,FALSE)","v":12.4},0.23957567779569877,15.370738404666666,{"$f":"VLOOKUP(D812,'CPU (des)'!B:I,8,FALSE)","v":11.72},0.30260494954802231,15.266530008702823,2228.7570686766667,2213.6468512619094]
[null,"3.4.8.5","Composição Orse",12937,"Tomada dupla para lógica no piso, metal, RJ45","UN",4,{"$f":"VLOOKUP(D813,'CPU (sem des)'!B:I,8,FALSE)","v":65.58},0.23957567779569877,81.291372949841929,{"$f":"VLOOKUP(D813,'CPU (des)'!B:I,8,FALSE)","v":62.18},0.30260494954802231,80.995975762896023,325.16549179936771,323.98390305158409]
[null,"3.4.8.6","Composição Orse",11418,"Tomada para lógica, rj45, com placa","UN",10,{"$f":"VLOOKUP(D814,'CPU (sem des)'!B:I,8,FALSE)","v":35.36},0.23957567779569877,43.831395966855908,{"$f":"VLOOKUP(D814,'CPU (des)'!B:I,8,FALSE)","v":34.39},0.30260494954802231,44.796584214956489,438.31395966855905,447.96584214956488]
[null,"3.4.8.7","Composição Sinapi",91834,"ELETRODUTO FLEXÍVEL CORRUGADO, PVC, DN 25 MM (3/4\"), PARA CIRCUITOS TERMINAIS, INSTALADO EM FORRO - FORNECIMENTO E INSTALAÇÃO. AF_12/2015","M",75,{"$f":"VLOOKUP(D815,'CPU (sem des)'!B:I,8,FALSE)","v":11.11},0.23957567779569877,13.771685780310213,{"$f":"VLOOKUP(D815,'CPU (des)'!B:I,8,FALSE)","v":10.37},0.30260494954802231,13.508013326812991,1032.8764335232659,1013.1009995109744]
[null,"3.4.8.8","Composição Sinapi",91836,"ELETRODUTO FLEXÍVEL CORRUGADO, PVC, DN 32 MM (1\"), PARA CIRCUITOS TERMINAIS, INSTALADO EM FORRO - FORNECIMENTO E INSTALAÇÃO. AF_12/2015","M",23,{"$f":"VLOOKUP(D816,'CPU (sem des)'!B:I,8,FALSE)","v":14.07},0.23957567779569877,17.440829786585482,{"$f":"VLOOKUP(D816,'CPU (des)'!B:I,8,FALSE)","v":13.24},0.30260494954802231,17.246489532015815,401.13908509146609,396.66925923636376]
[null,"3.4.8.9","Composição Sinapi",100560,"QUADRO DE DISTRIBUIÇÃO PARA TELEFONE N.2, 20X20X12CM EM CHAPA METALICA, DE EMBUTIR, SEM ACESSORIOS, PADRÃO TELEBRAS, FORNECIMENTO E INSTALAÇÃO. AF_11/2019","UN",1,{"$f":"VLOOKUP(D817,'CPU (sem des)'!B:I,8,FALSE)","v":111.98},0.23957567779569877,138.80768439956236,{"$f":"VLOOKUP(D817,'CPU (des)'!B:I,8,FALSE)","v":106.76},0.30260494954802231,139.06610441374687,138.80768439956236,139.06610441374687]
[null,"3.4.8.10","Insumo Sinapi",38092,"ESPELHO / PLACA DE 1 POSTO 4\" X 2\", PARA INSTALACAO DE TOMADAS E INTERRUPTORES","UN",2,{"$f":"VLOOKUP(D818,'Insumo SINAPI (sem des.)'!A:E,5,FALSE)","v":2.57},{"$f":"$N$5","v":0.14692012195121973},2.9475847134146345,{"$f":"VLOOKUP(D818,'Insumos SINAPI (des)'!A:E,5,FALSE)","v":2.57},{"$f":"$O$5","v":0.20311109145345707},3.0919955050353845,5.8951694268292689,6.1839910100707689]
[null,"3.4.9","PROJETO HIDRÁULICO",null,null,null,1]
[null,"3.4.9.1","ALIMENTAÇÃO",null,null,null,1,{"$nulls":6},{"$f":"SUM(N821:N825)","v":1027.817128925602},{"$f":"SUM(O821:O825)","v":1058.2655726432056}]
[null,"3.4.9.1.1","Insumo Sinapi",1402,"COLAR TOMADA PVC, COM TRAVAS, SAIDA COM ROSCA, DE 32 MM X 1/2\" OU 32 MM X 3/4\", PARA LIGACAO PREDIAL DE AGUA","UN",1,{"$f":"VLOOKUP(D821,'Insumo SINAPI (sem des.)'!A:E,5,FALSE)","v":5.42},{"$f":"$N$5","v":0.14692012195121973},{"$f":"H821*(1+I821)","v":6.2163070609756108},{"$f":"VLOOKUP(D821,'Insumos SINAPI (des)'!A:E,5,FALSE)","v":5.42},{"$f":"$O$5","v":0.20311109145345707},{"$f":"K821*(1+L821)","v":6.5208621156777369},{"$f":"J821*G821","v":6.2163070609756108},{"$f":"M821*G821","v":6.5208621156777369}]
[null,"3.4.9.1.2","Insumo Sinapi",12432,"UNIAO COM ASSENTO CONICO DE FERRO LONGO (MACHO-FEMEA), DIAMETRO 1 1/2\"","UN",3,{"$f":"VLOOKUP(D822,'Insumo SINAPI (sem des.)'!A:E,5,FALSE)","v":163.63},{"$f":"$N$5","v":0.14692012195121973},{"$f":"H822*(1+I822)","v":187.67053955487808},{"$f":"VLOOKUP(D822,'Insumos SINAPI (des)'!A:E,5,FALSE)","v":163.63},{"$f":"$O$5","v":0.20311109145345707},{"$f":"K822*(1+L822)","v":196.86506789452918},{"$f":"J822*G822","v":563.01161866463417},590.59520368358756]
[null,"3.4.9.1.3","Composição Sinapi",104056,"REGISTRO ESFERA, PVC, COM ROSCA, 1/2\", PARA LIGAÇÃO PREDIAL DE ÁGUA. AF_06/2022","UN",2,{"$f":"VLOOKUP(D823,'CPU (sem des)'!B:I,8,FALSE)","v":21.91},{"$f":"$N$4","v":0.23957567779569877},{"$f":"H823*(1+I823)","v":27.15910310050376},{"$f":"VLOOKUP(D823,'CPU (des)'!B:I,8,FALSE)","v":21.47},{"$f":"$O$4","v":0.30260494954802231},{"$f":"K823*(1+L823)","v":27.966928266796039},{"$f":"J823*G823","v":54.31820620100752},55.933856533592078]
[null,"3.4.9.1.4","Composição Sinapi",89401,"TUBO, PVC, SOLDÁVEL, DN 20MM, INSTALADO EM RAMAL DE DISTRIBUIÇÃO DE ÁGUA - FORNECIMENTO E INSTALAÇÃO. AF_06/2022","M",11.42,{"$f":"VLOOKUP(D824,'CPU (sem des)'!B:I,8,FALSE)","v":9.73},{"$f":"$N$4","v":0.23957567779569877},{"$f":"H824*(1+I824)","v":12.061071344952149},{"$f":"VLOOKUP(D824,'CPU (des)'!B:I,8,FALSE)","v":9.0500000000000007},{"$f":"$O$4","v":0.30260494954802231},{"$f":"K824*(1+L824)","v":11.788574793409603},{"$f":"J824*G824","v":137.73743475935353},134.62552414073767]
[null,"3.4.9.1.5","Composição Sinapi",95634,"KIT CAVALETE PARA MEDIÇÃO DE ÁGUA - ENTRADA PRINCIPAL, EM PVC SOLDÁVEL DN 20 (1/2\")   FORNECIMENTO E INSTALAÇÃO (EXCLUSIVE HIDRÔMETRO). AF_11/2016","UN",1,{"$f":"VLOOKUP(D825,'CPU (sem des)'!B:I,8,FALSE)","v":215.02},{"$f":"$N$4","v":0.23957567779569877},{"$f":"H825*(1+I825)","v":266.53356223963118},{"$f":"VLOOKUP(D825,'CPU (des)'!B:I,8,FALSE)","v":207.73},{"$f":"$O$4","v":0.30260494954802231},{"$f":"K825*(1+L825)","v":270.59012616961064},{"$f":"J825*G825","v":266.53356223963118},270.59012616961064]
[null,"3.4.9.2","ÁGUA FRIA ",null,null,null,1,{"$nulls":6},{"$f":"SUM(N827:N834)","v":6214.15302596741},{"$f":"SUM(O827:O834)","v":6451.4125757104493}]
[null,"3.4.9.2.1","Composição Sinapi",86909,"TORNEIRA CROMADA TUBO MÓVEL, DE MESA, 1/2\" OU 3/4\", PARA PIA DE COZINHA, PADRÃO ALTO - FORNECIMENTO E INSTALAÇÃO. AF_01/2020","UN",4,{"$f":"VLOOKUP(D827,'CPU (sem des)'!B:I,8,FALSE)","v":197.25},{"$f":"$N$4","v":0.23957567779569877},{"$f":"H827*(1+I827)","v":244.50630244520158},{"$f":"VLOOKUP(D827,'CPU (des)'!B:I,8,FALSE)","v":196.69},{"$f":"$O$4","v":0.30260494954802231},{"$f":"K827*(1+L827)","v":256.20936752660049},{"$f":"J827*G827","v":978.02520978080634},{"$f":"M827*G827","v":1024.837470106402}]
[null,"3.4.9.2.2","Composição Sinapi",89353,"REGISTRO DE GAVETA BRUTO, LATÃO, ROSCÁVEL, 3/4\" - FORNECIMENTO E INSTALAÇÃO. AF_08/2021","UN",2,{"$f":"VLOOKUP(D828,'CPU (sem des)'!B:I,8,FALSE)","v":42.81},0.23957567779569877,53.066234766433865,{"$f":"VLOOKUP(D828,'CPU (des)'!B:I,8,FALSE)","v":42.26},0.30260494954802231,55.048085167899423,106.13246953286773,110.09617033579885]
[null,"3.4.9.2.3","Composição Sinapi",89383,"ADAPTADOR CURTO COM BOLSA E ROSCA PARA REGISTRO, PVC, SOLDÁVEL, DN 25MM X 3/4 , INSTALADO EM RAMAL OU SUB-RAMAL DE ÁGUA - FORNECIMENTO E INSTALAÇÃO. AF_06/2022","UN",4,{"$f":"VLOOKUP(D829,'CPU (sem des)'!B:I,8,FALSE)","v":5.72},0.23957567779569877,7.0903728769913963,{"$f":"VLOOKUP(D829,'CPU (des)'!B:I,8,FALSE)","v":5.25},0.30260494954802231,6.8386759851271171,28.361491507965585,27.354703940508468]
[null,"3.4.9.2.4","Composição Sinapi",89356,"TUBO, PVC, SOLDÁVEL, DN 25MM, INSTALADO EM RAMAL OU SUB-RAMAL DE ÁGUA - FORNECIMENTO E INSTALAÇÃO. AF_06/2022","M",10.93,{"$f":"VLOOKUP(D830,'CPU (sem des)'!B:I,8,FALSE)","v":20.440000000000001},0.23957567779569877,25.336926854144085,{"$f":"VLOOKUP(D830,'CPU (des)'!B:I,8,FALSE)","v":18.559999999999999},0.30260494954802231,24.176347863611291,276.93261051579486,264.24748214927138]
[null,"3.4.9.2.5","Composição Sinapi",89440,"TE, PVC, SOLDÁVEL, DN 25MM, INSTALADO EM RAMAL DE DISTRIBUIÇÃO DE ÁGUA - FORNECIMENTO E INSTALAÇÃO. AF_06/2022","UN",2,{"$f":"VLOOKUP(D831,'CPU (sem des)'!B:I,8,FALSE)","v":10.29},0.23957567779569877,12.755233724517739,{"$f":"VLOOKUP(D831,'CPU (des)'!B:I,8,FALSE)","v":9.4},0.30260494954802231,12.244486525751411,25.510467449035477,24.488973051502821]
[null,"3.4.9.2.6","Composição Sinapi",89481,"JOELHO 90 GRAUS, PVC, SOLDÁVEL, DN 25MM, INSTALADO EM PRUMADA DE ÁGUA - FORNECIMENTO E INSTALAÇÃO. AF_06/2022","UN",4,{"$f":"VLOOKUP(D832,'CPU (sem des)'!B:I,8,FALSE)","v":4.6500000000000004},0.23957567779569877,5.7640269017499994,{"$f":"VLOOKUP(D832,'CPU (des)'!B:I,8,FALSE)","v":4.3},0.30260494954802231,5.6012012830564961,23.056107606999998,22.404805132225984]
[null,"3.4.9.2.7","Composição Sinapi",86889,"BANCADA DE GRANITO CINZA POLIDO, DE 1,50 X 0,60 M, PARA PIA DE COZINHA - FORNECIMENTO E INSTALAÇÃO. AF_01/2020","UN",4,{"$f":"VLOOKUP(D833,'CPU (sem des)'!B:I,8,FALSE)","v":897.72},0.23957567779569877,1112.7918774707548,{"$f":"VLOOKUP(D833,'CPU (des)'!B:I,8,FALSE)","v":891.46},0.30260494954802231,1161.22020832408,4451.1675098830192,4644.8808332963199]
[null,"3.4.9.2.8","Composição Sinapi",96803,"KIT CHASSI PEX, PRÉ-FABRICADO, PARA COZINHA COM CUBA SIMPLES E CONEXÕES POR CRIMPAGEM - FORNECIMENTO E INSTALAÇÃO. AF_06/2015","UN",4,{"$f":"VLOOKUP(D834,'CPU (sem des)'!B:I,8,FALSE)","v":65.540000000000006},0.23957567779569877,81.241789922730106,{"$f":"VLOOKUP(D834,'CPU (des)'!B:I,8,FALSE)","v":63.93},0.30260494954802231,83.27553442460507,324.96715969092043,333.10213769842028]
[null,"3.4.9.3","ESGOTO",null,null,null,1,{"$nulls":6},{"$f":"SUM(N836:N844)","v":2645.1018506906835},{"$f":"SUM(O836:O844)","v":2670.2179347859064}]
[null,"3.4.9.3.1","Composição Sinapi",97907,"CAIXA ENTERRADA HIDRÁULICA RETANGULAR, EM ALVENARIA COM BLOCOS DE CONCRETO, DIMENSÕES INTERNAS: 0,8X0,8X0,6 M PARA REDE DE ESGOTO. AF_12/2020","UN",1,{"$f":"VLOOKUP(D836,'CPU (sem des)'!B:I,8,FALSE)","v":632.37},{"$f":"$N$4","v":0.23957567779569877},{"$f":"H836*(1+I836)","v":783.87047136766603},{"$f":"VLOOKUP(D836,'CPU (des)'!B:I,8,FALSE)","v":598.83000000000004},{"$f":"$O$4","v":0.30260494954802231},{"$f":"K836*(1+L836)","v":780.03892193784225},{"$f":"J836*G836","v":783.87047136766603},{"$f":"M836*G836","v":780.03892193784225}]
[null,"3.4.9.3.2","Composição Sinapi",104329,"CAIXA SIFONADA, COM GRELHA REDONDA, PVC, DN 150 X 150 X 50 MM, JUNTA SOLDÁVEL, FORNECIDA E INSTALADA EM RAMAL DE DESCARGA OU EM RAMAL DE ESGOTO SANITÁRIO. AF_08/2022","UN",2,{"$f":"VLOOKUP(D837,'CPU (sem des)'!B:I,8,FALSE)","v":81.19},{"$f":"$N$4","v":0.23957567779569877},100.64114928023278,{"$f":"VLOOKUP(D837,'CPU (des)'!B:I,8,FALSE)","v":79.08},{"$f":"$O$4","v":0.30260494954802231},103.00999941025761,201.28229856046556,206.01999882051521]
[null,"3.4.9.3.3","Insumo Sinapi",6149,"SIFAO PLASTICO TIPO COPO PARA PIA OU LAVATORIO, 1 X 1.1/2 \"","UN",4,{"$f":"VLOOKUP(D838,'Insumo SINAPI (sem des.)'!A:E,5,FALSE)","v":13.24},{"$f":"$N$5","v":0.14692012195121973},15.185222414634149,{"$f":"VLOOKUP(D838,'Insumos SINAPI (des)'!A:E,5,FALSE)","v":13.24},{"$f":"$O$5","v":0.20311109145345707},15.929190850843773,60.740889658536595,63.71676340337509]
[null,"3.4.9.3.4","Composição Sinapi",86878,"VÁLVULA EM METAL CROMADO TIPO AMERICANA 3.1/2\" X 1.1/2\" PARA PIA - FORNECIMENTO E INSTALAÇÃO. AF_01/2020","UN",4,{"$f":"VLOOKUP(D839,'CPU (sem des)'!B:I,8,FALSE)","v":98.21},{"$f":"$N$4","v":0.23957567779569877},121.73872731631558,{"$f":"VLOOKUP(D839,'CPU (des)'!B:I,8,FALSE)","v":97.63},{"$f":"$O$4","v":0.30260494954802231},127.17332122437341,486.9549092652623,508.69328489749364]
[null,"3.4.9.3.5","Composição Sinapi",89731,"JOELHO 90 GRAUS, PVC, SERIE NORMAL, ESGOTO PREDIAL, DN 50 MM, JUNTA ELÁSTICA, FORNECIDO E INSTALADO EM RAMAL DE DESCARGA OU RAMAL DE ESGOTO SANITÁRIO. AF_08/2022","UN",8,{"$f":"VLOOKUP(D840,'CPU (sem des)'!B:I,8,FALSE)","v":15.67},0.23957567779569877,19.4241508710586,{"$f":"VLOOKUP(D840,'CPU (des)'!B:I,8,FALSE)","v":14.97},0.30260494954802231,19.499996094733895,155.3932069684688,155.99996875787116]
[null,"3.4.9.3.6","Composição Sinapi",89545,"LUVA SIMPLES, PVC, SERIE R, ÁGUA PLUVIAL, DN 50 MM, JUNTA ELÁSTICA, FORNECIDO E INSTALADO EM RAMAL DE ENCAMINHAMENTO. AF_06/2022","UN",10,{"$f":"VLOOKUP(D841,'CPU (sem des)'!B:I,8,FALSE)","v":17.86},0.23957567779569877,22.138821605431179,{"$f":"VLOOKUP(D841,'CPU (des)'!B:I,8,FALSE)","v":17.66},0.30260494954802231,23.004003409018075,221.38821605431178,230.04003409018077]
[null,"3.4.9.3.7","Composição Sinapi",89714,"TUBO PVC, SERIE NORMAL, ESGOTO PREDIAL, DN 100 MM, FORNECIDO E INSTALADO EM RAMAL DE DESCARGA OU RAMAL DE ESGOTO SANITÁRIO. AF_08/2022","M",2.0299999999999998,{"$f":"VLOOKUP(D842,'CPU (sem des)'!B:I,8,FALSE)","v":35.1},0.23957567779569877,43.509106290629028,{"$f":"VLOOKUP(D842,'CPU (des)'!B:I,8,FALSE)","v":32.909999999999997},0.30260494954802231,42.868728889625409,88.323485769976912,87.023519645939572]
[null,"3.4.9.3.8","Composição Sinapi",89713,"TUBO PVC, SERIE NORMAL, ESGOTO PREDIAL, DN 75 MM, FORNECIDO E INSTALADO EM RAMAL DE DESCARGA OU RAMAL DE ESGOTO SANITÁRIO. AF_08/2022","M",10.45,{"$f":"VLOOKUP(D843,'CPU (sem des)'!B:I,8,FALSE)","v":31.61},0.23957567779569877,39.182987175122037,{"$f":"VLOOKUP(D843,'CPU (des)'!B:I,8,FALSE)","v":29.72},0.30260494954802231,38.713419100567222,409.46221598002523,404.55522960092742]
[null,"3.4.9.3.9","Composição Sinapi",89712,"TUBO PVC, SERIE NORMAL, ESGOTO PREDIAL, DN 50 MM, FORNECIDO E INSTALADO EM RAMAL DE DESCARGA OU RAMAL DE ESGOTO SANITÁRIO. AF_08/2022","M",7.6,{"$f":"VLOOKUP(D844,'CPU (sem des)'!B:I,8,FALSE)","v":25.23},0.23957567779569877,31.274494350785481,{"$f":"VLOOKUP(D844,'CPU (des)'!B:I,8,FALSE)","v":23.65},0.30260494954802231,30.806607056810726,237.68615706596964,234.13021363176151]
[null,"3.4.9.4","PLUVIAL ",null,null,null,1,{"$nulls":6},{"$f":"SUM(N846:N847)","v":1705.6811720755732},{"$f":"SUM(O846:O847)","v":1737.4462652679213}]
[null,"3.4.9.4.1","Composição Sinapi",98409,"ACRÉSCIMO PARA POÇO DE VISITA CIRCULAR PARA ESGOTO, EM CONCRETO PRÉ-MOLDADO, DIÂMETRO INTERNO = 0,8 M. AF_12/2020","M",1,{"$f":"VLOOKUP(D846,'CPU (sem des)'!B:I,8,FALSE)","v":367.23},{"$f":"$N$4","v":0.23957567779569877},{"$f":"H846*(1+I846)","v":455.20937615691446},{"$f":"VLOOKUP(D846,'CPU (des)'!B:I,8,FALSE)","v":364.06},{"$f":"$O$4","v":0.30260494954802231},{"$f":"K846*(1+L846)","v":474.22635793245303},{"$f":"J846*G846","v":455.20937615691446},{"$f":"M846*G846","v":474.22635793245303}]
[null,"3.4.9.4.2","Composição Sinapi",89511,"TUBO PVC, SÉRIE R, ÁGUA PLUVIAL, DN 75 MM, FORNECIDO E INSTALADO EM RAMAL DE ENCAMINHAMENTO. AF_06/2022","M",26.73,{"$f":"VLOOKUP(D847,'CPU (sem des)'!B:I,8,FALSE)","v":37.74},{"$f":"$N$4","v":0.23957567779569877},{"$f":"H847*(1+I847)","v":46.781586080009674},{"$f":"VLOOKUP(D847,'CPU (des)'!B:I,8,FALSE)","v":36.28},{"$f":"$O$4","v":0.30260494954802231},{"$f":"K847*(1+L847)","v":47.258507569602251},{"$f":"J847*G847","v":1250.4717959186587},1263.2199073354682]
[null,"3.4.10","ESQUADRIAS",null,null,null,1,{"$nulls":6},{"$f":"SUM(N849:N851)","v":13669.083761714537},{"$f":"SUM(O849:O851)","v":14148.922640484943}]
[null,"3.4.10.1","Composição Orse",1857,"Porta em aço, em chapa galvanizada nº24, raiada, de enrolar","M2",42.47,{"$f":"VLOOKUP(D849,'CPU (sem des)'!B:I,8,FALSE)","v":214.55},{"$f":"$N$4","v":0.23957567779569877},{"$f":"H849*(1+I849)","v":265.9509616710672},{"$f":"VLOOKUP(D849,'CPU (des)'!B:I,8,FALSE)","v":210.75},{"$f":"$O$4","v":0.30260494954802231},{"$f":"K849*(1+L849)","v":274.52399311724571},{"$f":"J849*G849","v":11294.937342170224},{"$f":"M849*G849","v":11659.033987689425}]
[null,"3.4.10.2","Composição Sinapi",90789,"KIT DE PORTA-PRONTA DE MADEIRA EM ACABAMENTO MELAMÍNICO BRANCO, FOLHA LEVE OU MÉDIA, 70X210CM, EXCLUSIVE FECHADURA, FIXAÇÃO COM PREENCHIMENTO PARCIAL DE ESPUMA EXPANSIVA - FORNECIMENTO E INSTALAÇÃO. AF_12/2019","UN",2,{"$f":"VLOOKUP(D850,'CPU (sem des)'!B:I,8,FALSE)","v":895.07},{"$f":"$N$4","v":0.23957567779569877},{"$f":"H850*(1+I850)","v":1109.5070019245961},{"$f":"VLOOKUP(D850,'CPU (des)'!B:I,8,FALSE)","v":893.27},{"$f":"$O$4","v":0.30260494954802231},{"$f":"K850*(1+L850)","v":1163.577923282762},{"$f":"J850*G850","v":2219.0140038491922},2327.1558465655239]
[null,"3.4.10.3","Insumo Sinapi",38153,"FECHADURA ESPELHO PARA PORTA DE BANHEIRO, EM ACO INOX (MAQUINA, TESTA E CONTRA-TESTA) E EM ZAMAC (MACANETA, LINGUETA E TRINCOS) COM ACABAMENTO CROMADO, MAQUINA DE 40 MM, INCLUINDO CHAVE TIPO TRANQUETA","CJ",2,{"$f":"VLOOKUP(D851,'Insumo SINAPI (sem des.)'!A:E,5,FALSE)","v":67.63},{"$f":"$N$5","v":0.14692012195121973},{"$f":"H851*(1+I851)","v":77.566207847560989},{"$f":"VLOOKUP(D851,'Insumos SINAPI (des)'!A:E,5,FALSE)","v":67.63},{"$f":"$O$5","v":0.20311109145345707},{"$f":"K851*(1+L851)","v":81.366403114997297},{"$f":"J851*G851","v":155.13241569512198},162.73280622999459]
[null,"3.4.11","PINTURA ",null,null,null,1,{"$nulls":6},{"$f":"SUM(N853:N854)","v":3475.3512239600445},{"$f":"SUM(O853:O854)","v":3475.501107568271}]
[null,"3.4.11.1","Composição Sinapi",88415,"APLICAÇÃO MANUAL DE FUNDO SELADOR ACRÍLICO EM PAREDES EXTERNAS DE CASAS. AF_06/2014","M2",178.35,{"$f":"VLOOKUP(D853,'CPU (sem des)'!B:I,8,FALSE)","v":2.5},{"$f":"$N$4","v":0.23957567779569877},{"$f":"H853*(1+I853)","v":3.098939194489247},{"$f":"VLOOKUP(D853,'CPU (des)'!B:I,8,FALSE)","v":2.3199999999999998},{"$f":"$O$4","v":0.30260494954802231},{"$f":"K853*(1+L853)","v":3.0220434829514113},{"$f":"J853*G853","v":552.69580533715714},{"$f":"M853*G853","v":538.98145518438423}]
[null,"3.4.11.2","Composição Sinapi",88423,"APLICAÇÃO MANUAL DE PINTURA COM TINTA TEXTURIZADA ACRÍLICA EM PAREDES EXTERNAS DE CASAS, UMA COR. AF_06/2014","M2",178.35,{"$f":"VLOOKUP(D854,'CPU (sem des)'!B:I,8,FALSE)","v":13.22},{"$f":"$N$4","v":0.23957567779569877},{"$f":"H854*(1+I854)","v":16.387190460459138},{"$f":"VLOOKUP(D854,'CPU (des)'!B:I,8,FALSE)","v":12.64},{"$f":"$O$4","v":0.30260494954802231},{"$f":"K854*(1+L854)","v":16.464926562287001},{"$f":"J854*G854","v":2922.6554186228873},2936.5196523838868]
[null,"3.4.12","SERVIÇOS COMPLEMENTARES ",null,null,null,1,{"$nulls":6},{"$f":"SUM(N856)","v":582.60056856397841},{"$f":"SUM(O856)","v":562.72533820474564}]
[null,"3.4.12.1","Composição Orse",2450,"Limpeza geral","M2",200,{"$f":"VLOOKUP(D856,'CPU (sem des)'!B:I,8,FALSE)","v":2.35},{"$f":"$N$4","v":0.23957567779569877},{"$f":"H856*(1+I856)","v":2.9130028428198922},{"$f":"VLOOKUP(D856,'CPU (des)'!B:I,8,FALSE)","v":2.16},{"$f":"$O$4","v":0.30260494954802231},{"$f":"K856*(1+L856)","v":2.8136266910237282},{"$f":"J856*G856","v":582.60056856397841},{"$f":"M856*G856","v":562.72533820474564}]
[null,"3.5","Quiosque Tipo 2",{"$nulls":10},{"$f":"N858+N863+N870+N878+N891+N893+N900+N921+N932+N933+N939+N948+N958+N961+N965+N968","v":230501.91465558929},{"$f":"O858+O863+O870+O878+O891+O893+O900+O921+O932+O933+O939+O948+O958+O961+O965+O968","v":234711.2380152214}]
[null,"3.5.1","SERVIÇOS PRELIMINARES ",null,null,null,1,{"$nulls":6},{"$f":"SUM(N859:N862)","v":17986.449751950262},{"$f":"SUM(O859:O862)","v":17992.304501341569}]
[null,"3.5.1.1","Insumo Sinapi",4813,"PLACA DE OBRA (PARA CONSTRUCAO CIVIL) EM CHAPA GALVANIZADA *N. 22*, ADESIVADA, DE *2,4 X 1,2* M (SEM POSTES PARA FIXACAO)","M2",4.5,{"$f":"VLOOKUP(D859,'Insumo SINAPI (sem des.)'!A:E,5,FALSE)","v":250},{"$f":"$N$5","v":0.14692012195121973},{"$f":"H859*(1+I859)","v":286.73003048780492},{"$f":"VLOOKUP(D859,'Insumos SINAPI (des)'!A:E,5,FALSE)","v":250},{"$f":"$O$5","v":0.20311109145345707},{"$f":"K859*(1+L859)","v":300.77777286336425},{"$f":"J859*G859","v":1290.2851371951222},{"$f":"M859*G859","v":1353.4999778851391}]
[null,"3.5.1.2","Composição Sinapi",98525,"LIMPEZA MECANIZADA DE CAMADA VEGETAL, VEGETAÇÃO E PEQUENAS ÁRVORES (DIÂMETRO DE TRONCO MENOR QUE 0,20 M), COM TRATOR DE ESTEIRAS.AF_05/2018","M2",190,{"$f":"VLOOKUP(D860,'CPU (sem des)'!B:I,8,FALSE)","v":0.34},{"$f":"$N$4","v":0.23957567779569877},{"$f":"H860*(1+I860)","v":0.42145573045053764},{"$f":"VLOOKUP(D860,'CPU (des)'!B:I,8,FALSE)","v":0.32},{"$f":"$O$4","v":0.30260494954802231},{"$f":"K860*(1+L860)","v":0.41683358385536717},{"$f":"J860*G860","v":80.076588785602155},79.198380932519768]
[null,"3.5.1.3","Composição Sinapi",99059,"LOCACAO CONVENCIONAL DE OBRA, UTILIZANDO GABARITO DE TÁBUAS CORRIDAS PONTALETADAS A CADA 2,00M -  2 UTILIZAÇÕES. AF_10/2018","M",172.28,{"$f":"VLOOKUP(D861,'CPU (sem des)'!B:I,8,FALSE)","v":47.35},{"$f":"$N$4","v":0.23957567779569877},{"$f":"H861*(1+I861)","v":58.69390834362634},{"$f":"VLOOKUP(D861,'CPU (des)'!B:I,8,FALSE)","v":44.16},{"$f":"$O$4","v":0.30260494954802231},{"$f":"K861*(1+L861)","v":57.523034572040658},{"$f":"J861*G861","v":10111.786529439945},9910.0683960711649]
[null,"3.5.1.4","Composição Sinapi",93582,"EXECUÇÃO DE CENTRAL DE ARMADURA EM CANTEIRO DE OBRA, NÃO INCLUSO MOBILIÁRIO E EQUIPAMENTOS. AF_04/2016","M2",20,{"$f":"VLOOKUP(D862,'CPU (sem des)'!B:I,8,FALSE)","v":262.36},{"$f":"$N$4","v":0.23957567779569877},{"$f":"H862*(1+I862)","v":325.21507482647957},{"$f":"VLOOKUP(D862,'CPU (des)'!B:I,8,FALSE)","v":255.24},{"$f":"$O$4","v":0.30260494954802231},{"$f":"K862*(1+L862)","v":332.47688732263725},{"$f":"J862*G862","v":6504.3014965295915},6649.5377464527446]
[null,"3.5.2","FUNDAÇÕES ",null,null,null,1,{"$nulls":6},{"$f":"SUM(N864:N869)","v":6070.7530855543164},{"$f":"SUM(O864:O869)","v":6151.8977158546404}]
[null,"3.5.2.1","Composição Sinapi",96523,"ESCAVAÇÃO MANUAL PARA BLOCO DE COROAMENTO OU SAPATA (INCLUINDO ESCAVAÇÃO PARA COLOCAÇÃO DE FÔRMAS). AF_06/2017","M3",1.35,{"$f":"VLOOKUP(D864,'CPU (sem des)'!B:I,8,FALSE)","v":80.62},{"$f":"$N$4","v":0.23957567779569877},{"$f":"H864*(1+I864)","v":99.934591143889236},{"$f":"VLOOKUP(D864,'CPU (des)'!B:I,8,FALSE)","v":71.430000000000007},{"$f":"$O$4","v":0.30260494954802231},{"$f":"K864*(1+L864)","v":93.04507154621524},{"$f":"J864*G864","v":134.91169804425047},{"$f":"M864*G864","v":125.61084658739058}]
[null,"3.5.2.2","Composição Sinapi",96621,"LASTRO COM MATERIAL GRANULAR, APLICAÇÃO EM BLOCOS DE COROAMENTO, ESPESSURA DE *5 CM*. AF_08/2017","M3",0.35,{"$f":"VLOOKUP(D865,'CPU (sem des)'!B:I,8,FALSE)","v":404.83},0.23957567779569877,501.81742164203274,{"$f":"VLOOKUP(D865,'CPU (des)'!B:I,8,FALSE)","v":393.24},0.30260494954802231,512.23637036026435,175.63609757471144,179.2827296260925]
[null,"3.5.2.3","Composição Sinapi",96529,"FABRICAÇÃO, MONTAGEM E DESMONTAGEM DE FÔRMA PARA SAPATA, EM MADEIRA SERRADA, E=25 MM, 1 UTILIZAÇÃO. AF_06/2017","M2",8.1,{"$f":"VLOOKUP(D866,'CPU (sem des)'!B:I,8,FALSE)","v":273.68},0.23957567779569877,339.24707149912683,{"$f":"VLOOKUP(D866,'CPU (des)'!B:I,8,FALSE)","v":257.58},0.30260494954802231,335.52498290457959,2747.9012791429273,2717.7523615270948]
[null,"3.5.2.4","Composição Sinapi",96545,"ARMAÇÃO DE BLOCO, VIGA BALDRAME OU SAPATA UTILIZANDO AÇO CA-50 DE 8 MM - MONTAGEM. AF_06/2017","KG",17.5,{"$f":"VLOOKUP(D867,'CPU (sem des)'!B:I,8,FALSE)","v":17.149999999999999},0.23957567779569877,21.258722874196231,{"$f":"VLOOKUP(D867,'CPU (des)'!B:I,8,FALSE)","v":16.72},0.30260494954802231,21.779554756442931,372.02765029843403,381.14220823775128]
[null,"3.5.2.5","Composição Sinapi",96546,"ARMAÇÃO DE BLOCO, VIGA BALDRAME OU SAPATA UTILIZANDO AÇO CA-50 DE 10 MM - MONTAGEM. AF_06/2017","KG",50.3,{"$f":"VLOOKUP(D868,'CPU (sem des)'!B:I,8,FALSE)","v":15.43},0.23957567779569877,19.126652708387631,{"$f":"VLOOKUP(D868,'CPU (des)'!B:I,8,FALSE)","v":15.11},0.30260494954802231,19.682360787670618,962.07063123189778,990.02274761983199]
[null,"3.5.2.6","Composição Sinapi",96558,"CONCRETAGEM DE SAPATAS, FCK 30 MPA, COM USO DE BOMBA - LANÇAMENTO, ADENSAMENTO E ACABAMENTO. AF_11/2016","M3",1.5,{"$f":"VLOOKUP(D869,'CPU (sem des)'!B:I,8,FALSE)","v":902.57},0.23957567779569877,1118.803819508064,{"$f":"VLOOKUP(D869,'CPU (des)'!B:I,8,FALSE)","v":899.78},0.30260494954802231,1172.0578815043195,1678.2057292620959,1758.0868222564793]
[null,"3.5.3","INFRAESTRUTURA",null,null,null,1,{"$nulls":6},{"$f":"SUM(N871:N877)","v":17023.749634319996},{"$f":"SUM(O871:O877)","v":17298.913128731365}]
[null,"3.5.3.1","Composição Sinapi",96523,"ESCAVAÇÃO MANUAL PARA BLOCO DE COROAMENTO OU SAPATA (INCLUINDO ESCAVAÇÃO PARA COLOCAÇÃO DE FÔRMAS). AF_06/2017","M3",4.8499999999999996,{"$f":"VLOOKUP(D871,'CPU (sem des)'!B:I,8,FALSE)","v":80.62},{"$f":"$N$4","v":0.23957567779569877},{"$f":"H871*(1+I871)","v":99.934591143889236},{"$f":"VLOOKUP(D871,'CPU (des)'!B:I,8,FALSE)","v":71.430000000000007},{"$f":"$O$4","v":0.30260494954802231},{"$f":"K871*(1+L871)","v":93.04507154621524},{"$f":"J871*G871","v":484.68276704786274},{"$f":"M871*G871","v":451.26859699914388}]
[null,"3.5.3.2","Composição Sinapi",96621,"LASTRO COM MATERIAL GRANULAR, APLICAÇÃO EM BLOCOS DE COROAMENTO, ESPESSURA DE *5 CM*. AF_08/2017","M3",0.48,{"$f":"VLOOKUP(D872,'CPU (sem des)'!B:I,8,FALSE)","v":404.83},0.23957567779569877,501.81742164203274,{"$f":"VLOOKUP(D872,'CPU (des)'!B:I,8,FALSE)","v":393.24},0.30260494954802231,512.23637036026435,240.8723623881757,245.87345777292688]
[null,"3.5.3.3","Composição Sinapi",96536,"FABRICAÇÃO, MONTAGEM E DESMONTAGEM DE FÔRMA PARA VIGA BALDRAME, EM MADEIRA SERRADA, E=25 MM, 4 UTILIZAÇÕES. AF_06/2017","M2",58.6,{"$f":"VLOOKUP(D873,'CPU (sem des)'!B:I,8,FALSE)","v":61.12},0.23957567779569877,75.762865426873105,{"$f":"VLOOKUP(D873,'CPU (des)'!B:I,8,FALSE)","v":56.87},0.30260494954802231,74.07914348079602,4439.7039140147645,4341.037807974647]
[null,"3.5.3.4","Composição Sinapi",96545,"ARMAÇÃO DE BLOCO, VIGA BALDRAME OU SAPATA UTILIZANDO AÇO CA-50 DE 8 MM - MONTAGEM. AF_06/2017","KG",169.5,{"$f":"VLOOKUP(D874,'CPU (sem des)'!B:I,8,FALSE)","v":17.149999999999999},0.23957567779569877,21.258722874196231,{"$f":"VLOOKUP(D874,'CPU (des)'!B:I,8,FALSE)","v":16.72},0.30260494954802231,21.779554756442931,3603.3535271762612,3691.6345312170765]
[null,"3.5.3.5","Composição Sinapi",96546,"ARMAÇÃO DE BLOCO, VIGA BALDRAME OU SAPATA UTILIZANDO AÇO CA-50 DE 10 MM - MONTAGEM. AF_06/2017","KG",17.75,{"$f":"VLOOKUP(D875,'CPU (sem des)'!B:I,8,FALSE)","v":15.43},0.23957567779569877,19.126652708387631,{"$f":"VLOOKUP(D875,'CPU (des)'!B:I,8,FALSE)","v":15.11},0.30260494954802231,19.682360787670618,339.49808557388047,349.36190398115349]
[null,"3.5.3.6","Composição Sinapi",96543,"ARMAÇÃO DE BLOCO, VIGA BALDRAME E SAPATA UTILIZANDO AÇO CA-60 DE 5 MM - MONTAGEM. AF_06/2017","KG",76.5,{"$f":"VLOOKUP(D876,'CPU (sem des)'!B:I,8,FALSE)","v":19.05},0.23957567779569877,23.613916662008062,{"$f":"VLOOKUP(D876,'CPU (des)'!B:I,8,FALSE)","v":18.21},0.30260494954802231,23.720436131269487,1806.4646246436168,1814.6133640421158]
[null,"3.5.3.7","Composição Sinapi",96557,"CONCRETAGEM DE BLOCOS DE COROAMENTO E VIGAS BALDRAMES, FCK 30 MPA, COM USO DE BOMBA - LANÇAMENTO, ADENSAMENTO E ACABAMENTO. AF_06/2017","M3",5.5,{"$f":"VLOOKUP(D877,'CPU (sem des)'!B:I,8,FALSE)","v":896.08},0.23957567779569877,1110.7589733591699,{"$f":"VLOOKUP(D877,'CPU (des)'!B:I,8,FALSE)","v":894.03},0.30260494954802231,1164.5679030444182,6109.1743534754341,6405.1234667443005]
[null,"3.5.4","SUPRAESTRUTURA",null,null,null,1,{"$nulls":6},{"$f":"SUM(N879:N890)","v":93381.154107067516},{"$f":"SUM(O879:O890)","v":94829.128403350856}]
[null,"3.5.4.1","Composição Sinapi",92409,"MONTAGEM E DESMONTAGEM DE FÔRMA DE PILARES RETANGULARES E ESTRUTURAS SIMILARES, PÉ-DIREITO SIMPLES, EM MADEIRA SERRADA, 1 UTILIZAÇÃO. AF_09/2020","M2",33,{"$f":"VLOOKUP(D879,'CPU (sem des)'!B:I,8,FALSE)","v":225},{"$f":"$N$4","v":0.23957567779569877},{"$f":"H879*(1+I879)","v":278.90452750403222},{"$f":"VLOOKUP(D879,'CPU (des)'!B:I,8,FALSE)","v":212.85},{"$f":"$O$4","v":0.30260494954802231},{"$f":"K879*(1+L879)","v":277.25946351129653},{"$f":"J879*G879","v":9203.8494076330626},{"$f":"M879*G879","v":9149.5622958727854}]
[null,"3.5.4.2","Composição Sinapi",92761,"ARMAÇÃO DE PILAR OU VIGA DE ESTRUTURA CONVENCIONAL DE CONCRETO ARMADO UTILIZANDO AÇO CA-50 DE 8,0 MM - MONTAGEM. AF_06/2022","KG",140.30000000000001,{"$f":"VLOOKUP(D880,'CPU (sem des)'!B:I,8,FALSE)","v":15.29},0.23957567779569877,18.953112113496232,{"$f":"VLOOKUP(D880,'CPU (des)'!B:I,8,FALSE)","v":15.09},0.30260494954802231,19.656308688679655,2659.1216295235217,2757.7801090217558]
[null,"3.5.4.3","Composição Sinapi",92762,"ARMAÇÃO DE PILAR OU VIGA DE ESTRUTURA CONVENCIONAL DE CONCRETO ARMADO UTILIZANDO AÇO CA-50 DE 10,0 MM - MONTAGEM. AF_06/2022","KG",120.3,{"$f":"VLOOKUP(D881,'CPU (sem des)'!B:I,8,FALSE)","v":13.9},0.23957567779569877,17.230101921360212,{"$f":"VLOOKUP(D881,'CPU (des)'!B:I,8,FALSE)","v":13.75},0.30260494954802231,17.910818056285308,2072.7812611396334,2154.6714121711225]
[null,"3.5.4.4","Composição Sinapi",92763,"ARMAÇÃO DE PILAR OU VIGA DE ESTRUTURA CONVENCIONAL DE CONCRETO ARMADO UTILIZANDO AÇO CA-50 DE 12,5 MM - MONTAGEM. AF_06/2022","KG",130.5,{"$f":"VLOOKUP(D882,'CPU (sem des)'!B:I,8,FALSE)","v":11.81},0.23957567779569877,14.639388754767204,{"$f":"VLOOKUP(D882,'CPU (des)'!B:I,8,FALSE)","v":11.71},0.30260494954802231,15.253503959207343,1910.4402324971202,1990.5822666765582]
[null,"3.5.4.5","Composição Sinapi",92759,"ARMAÇÃO DE PILAR OU VIGA DE ESTRUTURA CONVENCIONAL DE CONCRETO ARMADO UTILIZANDO AÇO CA-60 DE 5,0 MM - MONTAGEM. AF_06/2022","KG",135.69999999999999,{"$f":"VLOOKUP(D883,'CPU (sem des)'!B:I,8,FALSE)","v":16.05},0.23957567779569877,19.895189628620965,{"$f":"VLOOKUP(D883,'CPU (des)'!B:I,8,FALSE)","v":15.54},0.30260494954802231,20.242480915976266,2699.7772326038648,2746.9046602979793]
[null,"3.5.4.6","Composição Sinapi",92446,"MONTAGEM E DESMONTAGEM DE FÔRMA DE VIGA, ESCORAMENTO COM PONTALETE DE MADEIRA, PÉ-DIREITO SIMPLES, EM MADEIRA SERRADA, 1 UTILIZAÇÃO. AF_09/2020","M2",62,{"$f":"VLOOKUP(D884,'CPU (sem des)'!B:I,8,FALSE)","v":221.02},0.23957567779569877,273.97101630640537,{"$f":"VLOOKUP(D884,'CPU (des)'!B:I,8,FALSE)","v":209.3},0.30260494954802231,272.63521594040111,16986.203010997135,16903.383388304868]
[null,"3.5.4.7","Composição Sinapi",92482,"MONTAGEM E DESMONTAGEM DE FÔRMA DE LAJE MACIÇA, PÉ-DIREITO SIMPLES, EM MADEIRA SERRADA, 1 UTILIZAÇÃO. AF_09/2020","M2",82.2,{"$f":"VLOOKUP(D885,'CPU (sem des)'!B:I,8,FALSE)","v":233.39},0.23957567779569877,289.30456744073814,{"$f":"VLOOKUP(D885,'CPU (des)'!B:I,8,FALSE)","v":220.36},0.30260494954802231,287.0420266824022,23780.835443628675,23594.854593293461]
[null,"3.5.4.8","Composição Sinapi",92768,"ARMAÇÃO DE LAJE DE ESTRUTURA CONVENCIONAL DE CONCRETO ARMADO UTILIZANDO AÇO CA-60 DE 5,0 MM - MONTAGEM. AF_06/2022","KG",184.5,{"$f":"VLOOKUP(D886,'CPU (sem des)'!B:I,8,FALSE)","v":15.64},0.23957567779569877,19.38696360072473,{"$f":"VLOOKUP(D886,'CPU (des)'!B:I,8,FALSE)","v":15.2},0.30260494954802231,19.799595233129939,3576.8947843337128,3653.0253205124736]
[null,"3.5.4.9","Composição Sinapi",92769,"ARMAÇÃO DE LAJE DE ESTRUTURA CONVENCIONAL DE CONCRETO ARMADO UTILIZANDO AÇO CA-50 DE 6,3 MM - MONTAGEM. AF_06/2022","KG",111.7,{"$f":"VLOOKUP(D887,'CPU (sem des)'!B:I,8,FALSE)","v":15.38},0.23957567779569877,19.06467392449785,{"$f":"VLOOKUP(D887,'CPU (des)'!B:I,8,FALSE)","v":15.11},0.30260494954802231,19.682360787670618,2129.52407736641,2198.5196999828081]
[null,"3.5.4.10","Composição Sinapi",92770,"ARMAÇÃO DE LAJE DE ESTRUTURA CONVENCIONAL DE CONCRETO ARMADO UTILIZANDO AÇO CA-50 DE 8,0 MM - MONTAGEM. AF_06/2022","KG",102.7,{"$f":"VLOOKUP(D888,'CPU (sem des)'!B:I,8,FALSE)","v":14.88},0.23957567779569877,18.4448860856,{"$f":"VLOOKUP(D888,'CPU (des)'!B:I,8,FALSE)","v":14.72},0.30260494954802231,19.174344857346888,1894.28980099112,1969.2052168495254]
[null,"3.5.4.11","Composição Sinapi",92771,"ARMAÇÃO DE LAJE DE ESTRUTURA CONVENCIONAL DE CONCRETO ARMADO UTILIZANDO AÇO CA-50 DE 10,0 MM - MONTAGEM. AF_06/2022","KG",433,{"$f":"VLOOKUP(D889,'CPU (sem des)'!B:I,8,FALSE)","v":13.51},0.23957567779569877,16.746667407019888,{"$f":"VLOOKUP(D889,'CPU (des)'!B:I,8,FALSE)","v":13.41},0.30260494954802231,17.46793237343898,7251.3069872396118,7563.6147176990789]
[null,"3.5.4.12","Composição Sinapi",96557,"CONCRETAGEM DE BLOCOS DE COROAMENTO E VIGAS BALDRAMES, FCK 30 MPA, COM USO DE BOMBA - LANÇAMENTO, ADENSAMENTO E ACABAMENTO. AF_06/2017","M3",17.3,{"$f":"VLOOKUP(D890,'CPU (sem des)'!B:I,8,FALSE)","v":896.08},0.23957567779569877,1110.7589733591699,{"$f":"VLOOKUP(D890,'CPU (des)'!B:I,8,FALSE)","v":894.03},0.30260494954802231,1164.5679030444182,19216.130239113641,20147.024722668437]
[null,"3.5.5","IMPERMEABILIZAÇÃO",null,null,null,1,{"$nulls":6},{"$f":"SUM(N892)","v":19719.783224419349},{"$f":"SUM(O892)","v":20365.606001538432}]
[null,"3.5.5.1","Composição Sinapi",98546,"IMPERMEABILIZAÇÃO DE SUPERFÍCIE COM MANTA ASFÁLTICA, UMA CAMADA, INCLUSIVE APLICAÇÃO DE PRIMER ASFÁLTICO, E=3MM. AF_06/2018","M2",90.42,{"$f":"VLOOKUP(D892,'CPU (sem des)'!B:I,8,FALSE)","v":175.94},{"$f":"$N$4","v":0.23957567779569877},{"$f":"H892*(1+I892)","v":218.09094475137525},{"$f":"VLOOKUP(D892,'CPU (des)'!B:I,8,FALSE)","v":172.91},{"$f":"$O$4","v":0.30260494954802231},{"$f":"K892*(1+L892)","v":225.23342182634852},{"$f":"J892*G892","v":19719.783224419349},{"$f":"M892*G892","v":20365.606001538432}]
[null,"3.5.6","REVESTIMENTOS ",null,null,null,1,{"$nulls":6},{"$f":"SUM(N894:N899)","v":9925.9033588619732},{"$f":"SUM(O894:O899)","v":10081.45651964536}]
[null,"3.5.6.1","Composição Sinapi",103324,"ALVENARIA DE VEDAÇÃO DE BLOCOS CERÂMICOS FURADOS NA VERTICAL DE 14X19X39 CM (ESPESSURA 14 CM) E ARGAMASSA DE ASSENTAMENTO COM PREPARO EM BETONEIRA. AF_12/2021","M2",27.42,{"$f":"VLOOKUP(D894,'CPU (sem des)'!B:I,8,FALSE)","v":77.69},{"$f":"$N$4","v":0.23957567779569877},{"$f":"H894*(1+I894)","v":96.302634407947835},{"$f":"VLOOKUP(D894,'CPU (des)'!B:I,8,FALSE)","v":74.37},{"$f":"$O$4","v":0.30260494954802231},{"$f":"K894*(1+L894)","v":96.874730097886427},{"$f":"J894*G894","v":2640.61823546593},{"$f":"M894*G894","v":2656.3050992840458}]
[null,"3.5.6.2","Composição Sinapi",87879,"CHAPISCO APLICADO EM ALVENARIAS E ESTRUTURAS DE CONCRETO INTERNAS, COM COLHER DE PEDREIRO.  ARGAMASSA TRAÇO 1:3 COM PREPARO EM BETONEIRA 400L. AF_10/2022","M2",54.84,{"$f":"VLOOKUP(D895,'CPU (sem des)'!B:I,8,FALSE)","v":4.25},{"$f":"$N$4","v":0.23957567779569877},5.2681966306317198,{"$f":"VLOOKUP(D895,'CPU (des)'!B:I,8,FALSE)","v":3.98},{"$f":"$O$4","v":0.30260494954802231},5.1843676992011289,288.90790322384356,284.3107246241899]
[null,"3.5.6.3","Composição Sinapi",87543,"MASSA ÚNICA, PARA RECEBIMENTO DE PINTURA OU CERÂMICA, ARGAMASSA INDUSTRIALIZADA, PREPARO MECÂNICO, APLICADO COM EQUIPAMENTO DE MISTURA E PROJEÇÃO DE 1,5 M3/H EM FACES INTERNAS DE PAREDES, ESPESSURA DE 5MM, SEM EXECUÇÃO DE TALISCAS. AF_06/2014","M2",54.84,{"$f":"VLOOKUP(D896,'CPU (sem des)'!B:I,8,FALSE)","v":29.16},{"$f":"$N$4","v":0.23957567779569877},36.146026764522574,{"$f":"VLOOKUP(D896,'CPU (des)'!B:I,8,FALSE)","v":28.47},{"$f":"$O$4","v":0.30260494954802231},37.085162913632196,1982.2481077664181,2033.7503341835898]
[null,"3.5.6.4","Composição Sinapi",87622,"CONTRAPISO EM ARGAMASSA TRAÇO 1:4 (CIMENTO E AREIA), PREPARO MANUAL, APLICADO EM ÁREAS SECAS SOBRE LAJE, ADERIDO, ACABAMENTO NÃO REFORÇADO, ESPESSURA 2CM. AF_07/2021","M2",63.45,{"$f":"VLOOKUP(D897,'CPU (sem des)'!B:I,8,FALSE)","v":38.67},{"$f":"$N$4","v":0.23957567779569877},47.93439146035967,{"$f":"VLOOKUP(D897,'CPU (des)'!B:I,8,FALSE)","v":37.22},{"$f":"$O$4","v":0.30260494954802231},48.482956222177386,3041.4371381598212,3076.2435722971554]
[null,"3.5.6.5","Insumo Sinapi",39508,"TELA DE ACO SOLDADA NERVURADA, CA-60, L-159, (1,69 KG/M2), DIAMETRO DO FIO = 4,5 MM, LARGURA = 2,45 M, ESPACAMENTO DA MALHA = 30 X 10 CM","M2",63.45,{"$f":"VLOOKUP(D898,'Insumo SINAPI (sem des.)'!A:E,5,FALSE)","v":8.66},{"$f":"$N$5","v":0.14692012195121973},9.9323282560975628,{"$f":"VLOOKUP(D898,'Insumos SINAPI (des)'!A:E,5,FALSE)","v":8.66},{"$f":"$O$5","v":0.20311109145345707},10.418942051986939,630.20622784939042,661.08187319857132]
[null,"3.5.6.6","Composição Sinapi",87265,"REVESTIMENTO CERÂMICO PARA PAREDES INTERNAS COM PLACAS TIPO ESMALTADA EXTRA DE DIMENSÕES 20X20 CM APLICADAS EM AMBIENTES DE ÁREA MAIOR QUE 5 M² NA ALTURA INTEIRA DAS PAREDES. AF_06/2014","M2",13.86,{"$f":"VLOOKUP(D899,'CPU (sem des)'!B:I,8,FALSE)","v":78.14},{"$f":"$N$4","v":0.23957567779569877},96.860443462955899,{"$f":"VLOOKUP(D899,'CPU (des)'!B:I,8,FALSE)","v":75.87},{"$f":"$O$4","v":0.30260494954802231},98.828637522208453,1342.4857463965686,1369.7649160578092]
[null,"3.5.7","PROJETO ELÉTRICO ",null,null,null,1,{"$nulls":6},{"$f":"SUM(N901:N920)","v":38317.295333834991},{"$f":"SUM(O901:O920)","v":39302.411045608394}]
[null,"3.5.7.1","Composição Sinapi",91940,"CAIXA RETANGULAR 4\" X 2\" MÉDIA (1,30 M DO PISO), PVC, INSTALADA EM PAREDE - FORNECIMENTO E INSTALAÇÃO. AF_12/2015","UN",20,{"$f":"VLOOKUP(D901,'CPU (sem des)'!B:I,8,FALSE)","v":17.5},{"$f":"$N$4","v":0.23957567779569877},{"$f":"H901*(1+I901)","v":21.692574361424729},{"$f":"VLOOKUP(D901,'CPU (des)'!B:I,8,FALSE)","v":15.79},{"$f":"$O$4","v":0.30260494954802231},{"$f":"K901*(1+L901)","v":20.568132153363273},{"$f":"J901*G901","v":433.85148722849459},{"$f":"M901*G901","v":411.36264306726548}]
[null,"3.5.7.2","Composição Sinapi",91936,"CAIXA OCTOGONAL 4\" X 4\", PVC, INSTALADA EM LAJE - FORNECIMENTO E INSTALAÇÃO. AF_12/2015","UN",20,{"$f":"VLOOKUP(D902,'CPU (sem des)'!B:I,8,FALSE)","v":17.63},{"$f":"$N$4","v":0.23957567779569877},21.853719199538169,{"$f":"VLOOKUP(D902,'CPU (des)'!B:I,8,FALSE)","v":16.329999999999998},{"$f":"$O$4","v":0.30260494954802231},21.271538826119201,437.07438399076341,425.43077652238401]
[null,"3.5.7.3","Insumo Sinapi",20111,"FITA ISOLANTE ADESIVA ANTICHAMA, USO ATE 750 V, EM ROLO DE 19 MM X 20 M","UN",2,{"$f":"VLOOKUP(D903,'Insumo SINAPI (sem des.)'!A:E,5,FALSE)","v":30},{"$f":"$N$5","v":0.14692012195121973},34.407603658536594,{"$f":"VLOOKUP(D903,'Insumos SINAPI (des)'!A:E,5,FALSE)","v":30},{"$f":"$O$5","v":0.20311109145345707},36.09333274360371,68.815207317073188,72.186665487207421]
[null,"3.5.7.4","Composição Sinapi",91934,"CABO DE COBRE FLEXÍVEL ISOLADO, 16 MM², ANTI-CHAMA 450/750 V, PARA CIRCUITOS TERMINAIS - FORNECIMENTO E INSTALAÇÃO. AF_12/2015","M",158,{"$f":"VLOOKUP(D904,'CPU (sem des)'!B:I,8,FALSE)","v":27.62},{"$f":"$N$4","v":0.23957567779569877},34.237080220717203,{"$f":"VLOOKUP(D904,'CPU (des)'!B:I,8,FALSE)","v":26.95},{"$f":"$O$4","v":0.30260494954802231},35.105203390319197,5409.4586748733182,5546.6221356704327]
[null,"3.5.7.5","Composição Sinapi",92984,"CABO DE COBRE FLEXÍVEL ISOLADO, 25 MM², ANTI-CHAMA 0,6/1,0 KV, PARA REDE ENTERRADA DE DISTRIBUIÇÃO DE ENERGIA ELÉTRICA - FORNECIMENTO E INSTALAÇÃO. AF_12/2021","M",474,{"$f":"VLOOKUP(D905,'CPU (sem des)'!B:I,8,FALSE)","v":32.6},{"$f":"$N$4","v":0.23957567779569877},40.41016709613978,{"$f":"VLOOKUP(D905,'CPU (des)'!B:I,8,FALSE)","v":32.25},{"$f":"$O$4","v":0.30260494954802231},42.00900962292372,19154.419203570254,19912.270561265843]
[null,"3.5.7.6","Composição Sinapi",91926,"CABO DE COBRE FLEXÍVEL ISOLADO, 2,5 MM², ANTI-CHAMA 450/750 V, PARA CIRCUITOS TERMINAIS - FORNECIMENTO E INSTALAÇÃO. AF_12/2015","M",185,{"$f":"VLOOKUP(D906,'CPU (sem des)'!B:I,8,FALSE)","v":4.87},{"$f":"$N$4","v":0.23957567779569877},6.036733550865053,{"$f":"VLOOKUP(D906,'CPU (des)'!B:I,8,FALSE)","v":4.7},{"$f":"$O$4","v":0.30260494954802231},6.1222432628757053,1116.7957069100348,1132.6150036320055]
[null,"3.5.7.7","Composição Sinapi",91928,"CABO DE COBRE FLEXÍVEL ISOLADO, 4 MM², ANTI-CHAMA 450/750 V, PARA CIRCUITOS TERMINAIS - FORNECIMENTO E INSTALAÇÃO. AF_12/2015","M",160,{"$f":"VLOOKUP(D907,'CPU (sem des)'!B:I,8,FALSE)","v":7.58},{"$f":"$N$4","v":0.23957567779569877},9.3959836376913977,{"$f":"VLOOKUP(D907,'CPU (des)'!B:I,8,FALSE)","v":7.35},{"$f":"$O$4","v":0.30260494954802231},9.5741463791779626,1503.3573820306237,1531.863420668474]
[null,"3.5.7.8","Composição Orse",5027,"Caixa de passagem em alvenaria de tijolos maciços esp. = 0,12m,  dim. int. =  0.60 x 0.60 x 0.40m","UN",1,{"$f":"VLOOKUP(D908,'CPU (sem des)'!B:I,8,FALSE)","v":394.75},{"$f":"$N$4","v":0.23957567779569877},489.32249880985211,{"$f":"VLOOKUP(D908,'CPU (des)'!B:I,8,FALSE)","v":373.49},{"$f":"$O$4","v":0.30260494954802231},486.50992260669085,489.32249880985211,486.50992260669085]
[null,"3.5.7.9","Insumo Sinapi",38091,"ESPELHO / PLACA CEGA 4\" X 2\", PARA INSTALACAO DE TOMADAS E INTERRUPTORES","UN",20,{"$f":"VLOOKUP(D909,'Insumo SINAPI (sem des.)'!A:E,5,FALSE)","v":2.71},{"$f":"$N$5","v":0.14692012195121973},3.1081535304878054,{"$f":"VLOOKUP(D909,'Insumos SINAPI (des)'!A:E,5,FALSE)","v":2.71},{"$f":"$O$5","v":0.20311109145345707},3.2604310578388684,62.163070609756105,65.208621156777369]
[null,"3.5.7.10","Insumo Sinapi",38115,"INTERRUPTOR INTERMEDIARIO 10 A, 250 V (APENAS MODULO)","UN",6,{"$f":"VLOOKUP(D910,'Insumo SINAPI (sem des.)'!A:E,5,FALSE)","v":21.29},{"$f":"$N$5","v":0.14692012195121973},24.417929396341467,{"$f":"VLOOKUP(D910,'Insumos SINAPI (des)'!A:E,5,FALSE)","v":21.29},{"$f":"$O$5","v":0.20311109145345707},25.614235137044101,146.50757637804881,153.6854108222646]
[null,"3.5.7.11","Composição Sinapi",91996,"TOMADA MÉDIA DE EMBUTIR (1 MÓDULO), 2P+T 10 A, INCLUINDO SUPORTE E PLACA - FORNECIMENTO E INSTALAÇÃO. AF_12/2015","UN",28,{"$f":"VLOOKUP(D911,'CPU (sem des)'!B:I,8,FALSE)","v":35.450000000000003},{"$f":"$N$4","v":0.23957567779569877},43.942957777857522,{"$f":"VLOOKUP(D911,'CPU (des)'!B:I,8,FALSE)","v":32.85},{"$f":"$O$4","v":0.30260494954802231},42.790572592652538,1230.4028177800105,1198.136032594271]
[null,"3.5.7.12","Composição Sinapi",93653,"DISJUNTOR MONOPOLAR TIPO DIN, CORRENTE NOMINAL DE 10A - FORNECIMENTO E INSTALAÇÃO. AF_10/2020","UN",2,{"$f":"VLOOKUP(D912,'CPU (sem des)'!B:I,8,FALSE)","v":12.73},0.23957567779569877,15.779798378339246,{"$f":"VLOOKUP(D912,'CPU (des)'!B:I,8,FALSE)","v":12.53},0.30260494954802231,16.321640017836717,31.559596756678491,32.643280035673435]
[null,"3.5.7.13","Composição Sinapi",93655,"DISJUNTOR MONOPOLAR TIPO DIN, CORRENTE NOMINAL DE 20A - FORNECIMENTO E INSTALAÇÃO. AF_10/2020","UN",2,{"$f":"VLOOKUP(D913,'CPU (sem des)'!B:I,8,FALSE)","v":14.66},0.23957567779569877,18.172179436484946,{"$f":"VLOOKUP(D913,'CPU (des)'!B:I,8,FALSE)","v":14.27},0.30260494954802231,18.588172630050277,36.344358872969892,37.176345260100554]
[null,"3.5.7.14","Composição Sinapi",93656,"DISJUNTOR MONOPOLAR TIPO DIN, CORRENTE NOMINAL DE 25A - FORNECIMENTO E INSTALAÇÃO. AF_10/2020","UN",4,{"$f":"VLOOKUP(D914,'CPU (sem des)'!B:I,8,FALSE)","v":14.66},0.23957567779569877,18.172179436484946,{"$f":"VLOOKUP(D914,'CPU (des)'!B:I,8,FALSE)","v":14.27},0.30260494954802231,18.588172630050277,72.688717745939783,74.352690520201108]
[null,"3.5.7.15","Composição Sinapi",93659,"DISJUNTOR MONOPOLAR TIPO DIN, CORRENTE NOMINAL DE 50A - FORNECIMENTO E INSTALAÇÃO. AF_10/2020","UN",2,{"$f":"VLOOKUP(D915,'CPU (sem des)'!B:I,8,FALSE)","v":26.28},0.23957567779569877,32.576048812470965,{"$f":"VLOOKUP(D915,'CPU (des)'!B:I,8,FALSE)","v":25.17},0.30260494954802231,32.786566580123726,65.152097624941931,65.573133160247451]
[null,"3.5.7.16","Composição Sinapi",91981,"INTERRUPTOR BIPOLAR (1 MÓDULO), 10A/250V, INCLUINDO SUPORTE E PLACA - FORNECIMENTO E INSTALAÇÃO. AF_09/2017","UN",2,{"$f":"VLOOKUP(D916,'CPU (sem des)'!B:I,8,FALSE)","v":50.78},0.23957567779569877,62.945652918465584,{"$f":"VLOOKUP(D916,'CPU (des)'!B:I,8,FALSE)","v":47.69},0.30260494954802231,62.121230043945182,125.89130583693117,124.24246008789036]
[null,"3.5.7.17","Composição Sinapi",97667,"ELETRODUTO FLEXÍVEL CORRUGADO, PEAD, DN 50 (1 1/2\"), PARA REDE ENTERRADA DE DISTRIBUIÇÃO DE ENERGIA ELÉTRICA - FORNECIMENTO E INSTALAÇÃO. AF_12/2021","M",155,{"$f":"VLOOKUP(D917,'CPU (sem des)'!B:I,8,FALSE)","v":7.87},0.23957567779569877,9.75546058425215,{"$f":"VLOOKUP(D917,'CPU (des)'!B:I,8,FALSE)","v":7.47},0.30260494954802231,9.7304589731237261,1512.0963905590831,1508.2211408341775]
[null,"3.5.7.18","Composição Sinapi",91835,"ELETRODUTO FLEXÍVEL CORRUGADO REFORÇADO, PVC, DN 25 MM (3/4\"), PARA CIRCUITOS TERMINAIS, INSTALADO EM FORRO - FORNECIMENTO E INSTALAÇÃO. AF_12/2015","M",100,{"$f":"VLOOKUP(D918,'CPU (sem des)'!B:I,8,FALSE)","v":12.79},0.23957567779569877,15.854172919006986,{"$f":"VLOOKUP(D918,'CPU (des)'!B:I,8,FALSE)","v":12.05},0.30260494954802231,15.696389642053671,1585.4172919006987,1569.6389642053671]
[null,"3.5.7.19","Insumo Sinapi",39805,"QUADRO DE DISTRIBUICAO, EM PVC, DE EMBUTIR, COM BARRAMENTO TERRA / NEUTRO, PARA 12 DISJUNTORES NEMA OU 16 DISJUNTORES DIN","UN",2,{"$f":"VLOOKUP(D919,'Insumo SINAPI (sem des.)'!A:E,5,FALSE)","v":138.62},{"$f":"$N$5","v":0.14692012195121973},158.98606730487808,{"$f":"VLOOKUP(D919,'Insumos SINAPI (des)'!A:E,5,FALSE)","v":138.62},{"$f":"$O$5","v":0.20311109145345707},166.77525949727823,317.97213460975615,333.55051899455646]
[null,"3.5.7.20","Composição Orse",12021,"Luminária de embutir aberta para lâmpada fluorescente ou tubo led 2 x 18/20 w (tecnolux ref.fle-8157/232 ou similar), completa,  com lampada tubo led","UN",20,{"$f":"VLOOKUP(D920,'CPU (sem des)'!B:I,8,FALSE)","v":182.24},{"$f":"$N$4","v":0.23957567779569877},225.90027152148815,{"$f":"VLOOKUP(D920,'CPU (des)'!B:I,8,FALSE)","v":177.38},{"$f":"$O$4","v":0.30260494954802231},231.05606595082818,4518.0054304297628,4621.1213190165636]
[null,"3.5.8","CABEAMENTO",null,null,null,1,{"$nulls":6},{"$f":"SUM(N922:N931)","v":5381.489011340308},{"$f":"SUM(O922:O931)","v":5381.6639353868222}]
[null,"3.5.8.1","Insumo Sinapi",38083,"TOMADA RJ45, 8 FIOS, CAT 5E, CONJUNTO MONTADO PARA EMBUTIR 4\" X 2\" (PLACA + SUPORTE + MODULO)","UN",14,{"$f":"VLOOKUP(D922,'Insumo SINAPI (sem des.)'!A:E,5,FALSE)","v":40.020000000000003},{"$f":"$N$5","v":0.14692012195121973},{"$f":"H922*(1+I922)","v":45.899743280487819},{"$f":"VLOOKUP(D922,'Insumos SINAPI (des)'!A:E,5,FALSE)","v":40.020000000000003},{"$f":"$O$5","v":0.20311109145345707},{"$f":"K922*(1+L922)","v":48.148505879967352},{"$f":"J922*G922","v":642.59640592682945},{"$f":"M922*G922","v":674.07908231954298}]
[null,"3.5.8.2","Composição Orse",766,"Ponto de dado e voz, inclusive caixa 3\" x 3\" sistema \"x\"","UN",2,{"$f":"VLOOKUP(D923,'CPU (sem des)'!B:I,8,FALSE)","v":50.24},{"$f":"$N$4","v":0.23957567779569877},62.276282052455912,{"$f":"VLOOKUP(D923,'CPU (des)'!B:I,8,FALSE)","v":48.3},{"$f":"$O$4","v":0.30260494954802231},62.915819063169472,124.55256410491182,125.83163812633894]
[null,"3.5.8.3","Composição Sinapi",91940,"CAIXA RETANGULAR 4\" X 2\" MÉDIA (1,30 M DO PISO), PVC, INSTALADA EM PAREDE - FORNECIMENTO E INSTALAÇÃO. AF_12/2015","UN",2,{"$f":"VLOOKUP(D924,'CPU (sem des)'!B:I,8,FALSE)","v":17.5},0.23957567779569877,21.692574361424729,{"$f":"VLOOKUP(D924,'CPU (des)'!B:I,8,FALSE)","v":15.79},0.30260494954802231,20.568132153363273,43.385148722849458,41.136264306726545]
[null,"3.5.8.4","Composição Orse",7138,"Fornecimento e lançamento de cabo utp 4 pares cat 6","M",145,{"$f":"VLOOKUP(D925,'CPU (sem des)'!B:I,8,FALSE)","v":12.4},0.23957567779569877,15.370738404666666,{"$f":"VLOOKUP(D925,'CPU (des)'!B:I,8,FALSE)","v":11.72},0.30260494954802231,15.266530008702823,2228.7570686766667,2213.6468512619094]
[null,"3.5.8.5","Composição Orse",12937,"Tomada dupla para lógica no piso, metal, RJ45","UN",4,{"$f":"VLOOKUP(D926,'CPU (sem des)'!B:I,8,FALSE)","v":65.58},0.23957567779569877,81.291372949841929,{"$f":"VLOOKUP(D926,'CPU (des)'!B:I,8,FALSE)","v":62.18},0.30260494954802231,80.995975762896023,325.16549179936771,323.98390305158409]
[null,"3.5.8.6","Composição Orse",11418,"Tomada para lógica, rj45, com placa","UN",10,{"$f":"VLOOKUP(D927,'CPU (sem des)'!B:I,8,FALSE)","v":35.36},0.23957567779569877,43.831395966855908,{"$f":"VLOOKUP(D927,'CPU (des)'!B:I,8,FALSE)","v":34.39},0.30260494954802231,44.796584214956489,438.31395966855905,447.96584214956488]
[null,"3.5.8.7","Composição Sinapi",91834,"ELETRODUTO FLEXÍVEL CORRUGADO, PVC, DN 25 MM (3/4\"), PARA CIRCUITOS TERMINAIS, INSTALADO EM FORRO - FORNECIMENTO E INSTALAÇÃO. AF_12/2015","M",75,{"$f":"VLOOKUP(D928,'CPU (sem des)'!B:I,8,FALSE)","v":11.11},0.23957567779569877,13.771685780310213,{"$f":"VLOOKUP(D928,'CPU (des)'!B:I,8,FALSE)","v":10.37},0.30260494954802231,13.508013326812991,1032.8764335232659,1013.1009995109744]
[null,"3.5.8.8","Composição Sinapi",91836,"ELETRODUTO FLEXÍVEL CORRUGADO, PVC, DN 32 MM (1\"), PARA CIRCUITOS TERMINAIS, INSTALADO EM FORRO - FORNECIMENTO E INSTALAÇÃO. AF_12/2015","M",23,{"$f":"VLOOKUP(D929,'CPU (sem des)'!B:I,8,FALSE)","v":14.07},0.23957567779569877,17.440829786585482,{"$f":"VLOOKUP(D929,'CPU (des)'!B:I,8,FALSE)","v":13.24},0.30260494954802231,17.246489532015815,401.13908509146609,396.66925923636376]
[null,"3.5.8.9","Composição Sinapi",100560,"QUADRO DE DISTRIBUIÇÃO PARA TELEFONE N.2, 20X20X12CM EM CHAPA METALICA, DE EMBUTIR, SEM ACESSORIOS, PADRÃO TELEBRAS, FORNECIMENTO E INSTALAÇÃO. AF_11/2019","UN",1,{"$f":"VLOOKUP(D930,'CPU (sem des)'!B:I,8,FALSE)","v":111.98},0.23957567779569877,138.80768439956236,{"$f":"VLOOKUP(D930,'CPU (des)'!B:I,8,FALSE)","v":106.76},0.30260494954802231,139.06610441374687,138.80768439956236,139.06610441374687]
[null,"3.5.8.10","Insumo Sinapi",38092,"ESPELHO / PLACA DE 1 POSTO 4\" X 2\", PARA INSTALACAO DE TOMADAS E INTERRUPTORES","UN",2,{"$f":"VLOOKUP(D931,'Insumo SINAPI (sem des.)'!A:E,5,FALSE)","v":2.57},{"$f":"$N$5","v":0.14692012195121973},2.9475847134146345,{"$f":"VLOOKUP(D931,'Insumos SINAPI (des)'!A:E,5,FALSE)","v":2.57},{"$f":"$O$5","v":0.20311109145345707},3.0919955050353845,5.8951694268292689,6.1839910100707689]
[null,"3.5.9","PROJETO HIDRÁULICO",null,null,null,1]
[null,"3.5.9.1","ALIMENTAÇÃO",null,null,null,1,{"$nulls":6},{"$f":"SUM(N934:N938)","v":1027.817128925602},{"$f":"SUM(O934:O938)","v":1058.2655726432056}]
[null,"3.5.9.1.1","Insumo Sinapi",1402,"COLAR TOMADA PVC, COM TRAVAS, SAIDA COM ROSCA, DE 32 MM X 1/2\" OU 32 MM X 3/4\", PARA LIGACAO PREDIAL DE AGUA","UN",1,{"$f":"VLOOKUP(D934,'Insumo SINAPI (sem des.)'!A:E,5,FALSE)","v":5.42},{"$f":"$N$5","v":0.14692012195121973},{"$f":"H934*(1+I934)","v":6.2163070609756108},{"$f":"VLOOKUP(D934,'Insumos SINAPI (des)'!A:E,5,FALSE)","v":5.42},{"$f":"$O$5","v":0.20311109145345707},{"$f":"K934*(1+L934)","v":6.5208621156777369},{"$f":"J934*G934","v":6.2163070609756108},{"$f":"M934*G934","v":6.5208621156777369}]
[null,"3.5.9.1.2","Insumo Sinapi",12432,"UNIAO COM ASSENTO CONICO DE FERRO LONGO (MACHO-FEMEA), DIAMETRO 1 1/2\"","UN",3,{"$f":"VLOOKUP(D935,'Insumo SINAPI (sem des.)'!A:E,5,FALSE)","v":163.63},{"$f":"$N$5","v":0.14692012195121973},{"$f":"H935*(1+I935)","v":187.67053955487808},{"$f":"VLOOKUP(D935,'Insumos SINAPI (des)'!A:E,5,FALSE)","v":163.63},{"$f":"$O$5","v":0.20311109145345707},{"$f":"K935*(1+L935)","v":196.86506789452918},{"$f":"J935*G935","v":563.01161866463417},590.59520368358756]
[null,"3.5.9.1.3","Composição Sinapi",104056,"REGISTRO ESFERA, PVC, COM ROSCA, 1/2\", PARA LIGAÇÃO PREDIAL DE ÁGUA. AF_06/2022","UN",2,{"$f":"VLOOKUP(D936,'CPU (sem des)'!B:I,8,FALSE)","v":21.91},{"$f":"$N$4","v":0.23957567779569877},{"$f":"H936*(1+I936)","v":27.15910310050376},{"$f":"VLOOKUP(D936,'CPU (des)'!B:I,8,FALSE)","v":21.47},{"$f":"$O$4","v":0.30260494954802231},{"$f":"K936*(1+L936)","v":27.966928266796039},{"$f":"J936*G936","v":54.31820620100752},55.933856533592078]
[null,"3.5.9.1.4","Composição Sinapi",89401,"TUBO, PVC, SOLDÁVEL, DN 20MM, INSTALADO EM RAMAL DE DISTRIBUIÇÃO DE ÁGUA - FORNECIMENTO E INSTALAÇÃO. AF_06/2022","M",11.42,{"$f":"VLOOKUP(D937,'CPU (sem des)'!B:I,8,FALSE)","v":9.73},{"$f":"$N$4","v":0.23957567779569877},{"$f":"H937*(1+I937)","v":12.061071344952149},{"$f":"VLOOKUP(D937,'CPU (des)'!B:I,8,FALSE)","v":9.0500000000000007},{"$f":"$O$4","v":0.30260494954802231},{"$f":"K937*(1+L937)","v":11.788574793409603},{"$f":"J937*G937","v":137.73743475935353},134.62552414073767]
[null,"3.5.9.1.5","Composição Sinapi",95634,"KIT CAVALETE PARA MEDIÇÃO DE ÁGUA - ENTRADA PRINCIPAL, EM PVC SOLDÁVEL DN 20 (1/2\")   FORNECIMENTO E INSTALAÇÃO (EXCLUSIVE HIDRÔMETRO). AF_11/2016","UN",1,{"$f":"VLOOKUP(D938,'CPU (sem des)'!B:I,8,FALSE)","v":215.02},{"$f":"$N$4","v":0.23957567779569877},{"$f":"H938*(1+I938)","v":266.53356223963118},{"$f":"VLOOKUP(D938,'CPU (des)'!B:I,8,FALSE)","v":207.73},{"$f":"$O$4","v":0.30260494954802231},{"$f":"K938*(1+L938)","v":270.59012616961064},{"$f":"J938*G938","v":266.53356223963118},270.59012616961064]
[null,"3.5.9.2","ÁGUA FRIA ",null,null,null,1,{"$nulls":6},{"$f":"SUM(N940:N947)","v":6214.15302596741},{"$f":"SUM(O940:O947)","v":6451.4125757104493}]
[null,"3.5.9.2.1","Composição Sinapi",86909,"TORNEIRA CROMADA TUBO MÓVEL, DE MESA, 1/2\" OU 3/4\", PARA PIA DE COZINHA, PADRÃO ALTO - FORNECIMENTO E INSTALAÇÃO. AF_01/2020","UN",4,{"$f":"VLOOKUP(D940,'CPU (sem des)'!B:I,8,FALSE)","v":197.25},{"$f":"$N$4","v":0.23957567779569877},{"$f":"H940*(1+I940)","v":244.50630244520158},{"$f":"VLOOKUP(D940,'CPU (des)'!B:I,8,FALSE)","v":196.69},{"$f":"$O$4","v":0.30260494954802231},{"$f":"K940*(1+L940)","v":256.20936752660049},{"$f":"J940*G940","v":978.02520978080634},{"$f":"M940*G940","v":1024.837470106402}]
[null,"3.5.9.2.2","Composição Sinapi",89353,"REGISTRO DE GAVETA BRUTO, LATÃO, ROSCÁVEL, 3/4\" - FORNECIMENTO E INSTALAÇÃO. AF_08/2021","UN",2,{"$f":"VLOOKUP(D941,'CPU (sem des)'!B:I,8,FALSE)","v":42.81},0.23957567779569877,53.066234766433865,{"$f":"VLOOKUP(D941,'CPU (des)'!B:I,8,FALSE)","v":42.26},0.30260494954802231,55.048085167899423,106.13246953286773,110.09617033579885]
[null,"3.5.9.2.3","Composição Sinapi",89383,"ADAPTADOR CURTO COM BOLSA E ROSCA PARA REGISTRO, PVC, SOLDÁVEL, DN 25MM X 3/4 , INSTALADO EM RAMAL OU SUB-RAMAL DE ÁGUA - FORNECIMENTO E INSTALAÇÃO. AF_06/2022","UN",4,{"$f":"VLOOKUP(D942,'CPU (sem des)'!B:I,8,FALSE)","v":5.72},0.23957567779569877,7.0903728769913963,{"$f":"VLOOKUP(D942,'CPU (des)'!B:I,8,FALSE)","v":5.25},0.30260494954802231,6.8386759851271171,28.361491507965585,27.354703940508468]
[null,"3.5.9.2.4","Composição Sinapi",89356,"TUBO, PVC, SOLDÁVEL, DN 25MM, INSTALADO EM RAMAL OU SUB-RAMAL DE ÁGUA - FORNECIMENTO E INSTALAÇÃO. AF_06/2022","M",10.93,{"$f":"VLOOKUP(D943,'CPU (sem des)'!B:I,8,FALSE)","v":20.440000000000001},0.23957567779569877,25.336926854144085,{"$f":"VLOOKUP(D943,'CPU (des)'!B:I,8,FALSE)","v":18.559999999999999},0.30260494954802231,24.176347863611291,276.93261051579486,264.24748214927138]
[null,"3.5.9.2.5","Composição Sinapi",89440,"TE, PVC, SOLDÁVEL, DN 25MM, INSTALADO EM RAMAL DE DISTRIBUIÇÃO DE ÁGUA - FORNECIMENTO E INSTALAÇÃO. AF_06/2022","UN",2,{"$f":"VLOOKUP(D944,'CPU (sem des)'!B:I,8,FALSE)","v":10.29},0.23957567779569877,12.755233724517739,{"$f":"VLOOKUP(D944,'CPU (des)'!B:I,8,FALSE)","v":9.4},0.30260494954802231,12.244486525751411,25.510467449035477,24.488973051502821]
[null,"3.5.9.2.6","Composição Sinapi",89481,"JOELHO 90 GRAUS, PVC, SOLDÁVEL, DN 25MM, INSTALADO EM PRUMADA DE ÁGUA - FORNECIMENTO E INSTALAÇÃO. AF_06/2022","UN",4,{"$f":"VLOOKUP(D945,'CPU (sem des)'!B:I,8,FALSE)","v":4.6500000000000004},0.23957567779569877,5.7640269017499994,{"$f":"VLOOKUP(D945,'CPU (des)'!B:I,8,FALSE)","v":4.3},0.30260494954802231,5.6012012830564961,23.056107606999998,22.404805132225984]
[null,"3.5.9.2.7","Composição Sinapi",86889,"BANCADA DE GRANITO CINZA POLIDO, DE 1,50 X 0,60 M, PARA PIA DE COZINHA - FORNECIMENTO E INSTALAÇÃO. AF_01/2020","UN",4,{"$f":"VLOOKUP(D946,'CPU (sem des)'!B:I,8,FALSE)","v":897.72},0.23957567779569877,1112.7918774707548,{"$f":"VLOOKUP(D946,'CPU (des)'!B:I,8,FALSE)","v":891.46},0.30260494954802231,1161.22020832408,4451.1675098830192,4644.8808332963199]
[null,"3.5.9.2.8","Composição Sinapi",96803,"KIT CHASSI PEX, PRÉ-FABRICADO, PARA COZINHA COM CUBA SIMPLES E CONEXÕES POR CRIMPAGEM - FORNECIMENTO E INSTALAÇÃO. AF_06/2015","UN",4,{"$f":"VLOOKUP(D947,'CPU (sem des)'!B:I,8,FALSE)","v":65.540000000000006},0.23957567779569877,81.241789922730106,{"$f":"VLOOKUP(D947,'CPU (des)'!B:I,8,FALSE)","v":63.93},0.30260494954802231,83.27553442460507,324.96715969092043,333.10213769842028]
[null,"3.5.9.3","ESGOTO",null,null,null,1,{"$nulls":6},{"$f":"SUM(N949:N957)","v":2645.1018506906835},{"$f":"SUM(O949:O957)","v":2670.2179347859064}]
[null,"3.5.9.3.1","Composição Sinapi",97907,"CAIXA ENTERRADA HIDRÁULICA RETANGULAR, EM ALVENARIA COM BLOCOS DE CONCRETO, DIMENSÕES INTERNAS: 0,8X0,8X0,6 M PARA REDE DE ESGOTO. AF_12/2020","UN",1,{"$f":"VLOOKUP(D949,'CPU (sem des)'!B:I,8,FALSE)","v":632.37},{"$f":"$N$4","v":0.23957567779569877},{"$f":"H949*(1+I949)","v":783.87047136766603},{"$f":"VLOOKUP(D949,'CPU (des)'!B:I,8,FALSE)","v":598.83000000000004},{"$f":"$O$4","v":0.30260494954802231},{"$f":"K949*(1+L949)","v":780.03892193784225},{"$f":"J949*G949","v":783.87047136766603},{"$f":"M949*G949","v":780.03892193784225}]
[null,"3.5.9.3.2","Composição Sinapi",104329,"CAIXA SIFONADA, COM GRELHA REDONDA, PVC, DN 150 X 150 X 50 MM, JUNTA SOLDÁVEL, FORNECIDA E INSTALADA EM RAMAL DE DESCARGA OU EM RAMAL DE ESGOTO SANITÁRIO. AF_08/2022","UN",2,{"$f":"VLOOKUP(D950,'CPU (sem des)'!B:I,8,FALSE)","v":81.19},{"$f":"$N$4","v":0.23957567779569877},100.64114928023278,{"$f":"VLOOKUP(D950,'CPU (des)'!B:I,8,FALSE)","v":79.08},{"$f":"$O$4","v":0.30260494954802231},103.00999941025761,201.28229856046556,206.01999882051521]
[null,"3.5.9.3.3","Insumo Sinapi",6149,"SIFAO PLASTICO TIPO COPO PARA PIA OU LAVATORIO, 1 X 1.1/2 \"","UN",4,{"$f":"VLOOKUP(D951,'Insumo SINAPI (sem des.)'!A:E,5,FALSE)","v":13.24},{"$f":"$N$5","v":0.14692012195121973},15.185222414634149,{"$f":"VLOOKUP(D951,'Insumos SINAPI (des)'!A:E,5,FALSE)","v":13.24},{"$f":"$O$5","v":0.20311109145345707},15.929190850843773,60.740889658536595,63.71676340337509]
[null,"3.5.9.3.4","Composição Sinapi",86878,"VÁLVULA EM METAL CROMADO TIPO AMERICANA 3.1/2\" X 1.1/2\" PARA PIA - FORNECIMENTO E INSTALAÇÃO. AF_01/2020","UN",4,{"$f":"VLOOKUP(D952,'CPU (sem des)'!B:I,8,FALSE)","v":98.21},{"$f":"$N$4","v":0.23957567779569877},121.73872731631558,{"$f":"VLOOKUP(D952,'CPU (des)'!B:I,8,FALSE)","v":97.63},{"$f":"$O$4","v":0.30260494954802231},127.17332122437341,486.9549092652623,508.69328489749364]
[null,"3.5.9.3.5","Composição Sinapi",89731,"JOELHO 90 GRAUS, PVC, SERIE NORMAL, ESGOTO PREDIAL, DN 50 MM, JUNTA ELÁSTICA, FORNECIDO E INSTALADO EM RAMAL DE DESCARGA OU RAMAL DE ESGOTO SANITÁRIO. AF_08/2022","UN",8,{"$f":"VLOOKUP(D953,'CPU (sem des)'!B:I,8,FALSE)","v":15.67},0.23957567779569877,19.4241508710586,{"$f":"VLOOKUP(D953,'CPU (des)'!B:I,8,FALSE)","v":14.97},0.30260494954802231,19.499996094733895,155.3932069684688,155.99996875787116]
[null,"3.5.9.3.6","Composição Sinapi",89545,"LUVA SIMPLES, PVC, SERIE R, ÁGUA PLUVIAL, DN 50 MM, JUNTA ELÁSTICA, FORNECIDO E INSTALADO EM RAMAL DE ENCAMINHAMENTO. AF_06/2022","UN",10,{"$f":"VLOOKUP(D954,'CPU (sem des)'!B:I,8,FALSE)","v":17.86},0.23957567779569877,22.138821605431179,{"$f":"VLOOKUP(D954,'CPU (des)'!B:I,8,FALSE)","v":17.66},0.30260494954802231,23.004003409018075,221.38821605431178,230.04003409018077]
[null,"3.5.9.3.7","Composição Sinapi",89714,"TUBO PVC, SERIE NORMAL, ESGOTO PREDIAL, DN 100 MM, FORNECIDO E INSTALADO EM RAMAL DE DESCARGA OU RAMAL DE ESGOTO SANITÁRIO. AF_08/2022","M",2.0299999999999998,{"$f":"VLOOKUP(D955,'CPU (sem des)'!B:I,8,FALSE)","v":35.1},0.23957567779569877,43.509106290629028,{"$f":"VLOOKUP(D955,'CPU (des)'!B:I,8,FALSE)","v":32.909999999999997},0.30260494954802231,42.868728889625409,88.323485769976912,87.023519645939572]
[null,"3.5.9.3.8","Composição Sinapi",89713,"TUBO PVC, SERIE NORMAL, ESGOTO PREDIAL, DN 75 MM, FORNECIDO E INSTALADO EM RAMAL DE DESCARGA OU RAMAL DE ESGOTO SANITÁRIO. AF_08/2022","M",10.45,{"$f":"VLOOKUP(D956,'CPU (sem des)'!B:I,8,FALSE)","v":31.61},0.23957567779569877,39.182987175122037,{"$f":"VLOOKUP(D956,'CPU (des)'!B:I,8,FALSE)","v":29.72},0.30260494954802231,38.713419100567222,409.46221598002523,404.55522960092742]
[null,"3.5.9.3.9","Composição Sinapi",89712,"TUBO PVC, SERIE NORMAL, ESGOTO PREDIAL, DN 50 MM, FORNECIDO E INSTALADO EM RAMAL DE DESCARGA OU RAMAL DE ESGOTO SANITÁRIO. AF_08/2022","M",7.6,{"$f":"VLOOKUP(D957,'CPU (sem des)'!B:I,8,FALSE)","v":25.23},0.23957567779569877,31.274494350785481,{"$f":"VLOOKUP(D957,'CPU (des)'!B:I,8,FALSE)","v":23.65},0.30260494954802231,30.806607056810726,237.68615706596964,234.13021363176151]
[null,"3.5.9.4","PLUVIAL ",null,null,null,1,{"$nulls":6},{"$f":"SUM(N959:N960)","v":1705.6811720755732},{"$f":"SUM(O959:O960)","v":1737.4462652679213}]
[null,"3.5.9.4.1","Composição Sinapi",98409,"ACRÉSCIMO PARA POÇO DE VISITA CIRCULAR PARA ESGOTO, EM CONCRETO PRÉ-MOLDADO, DIÂMETRO INTERNO = 0,8 M. AF_12/2020","M",1,{"$f":"VLOOKUP(D959,'CPU (sem des)'!B:I,8,FALSE)","v":367.23},{"$f":"$N$4","v":0.23957567779569877},{"$f":"H959*(1+I959)","v":455.20937615691446},{"$f":"VLOOKUP(D959,'CPU (des)'!B:I,8,FALSE)","v":364.06},{"$f":"$O$4","v":0.30260494954802231},{"$f":"K959*(1+L959)","v":474.22635793245303},{"$f":"J959*G959","v":455.20937615691446},{"$f":"M959*G959","v":474.22635793245303}]
[null,"3.5.9.4.2","Composição Sinapi",89511,"TUBO PVC, SÉRIE R, ÁGUA PLUVIAL, DN 75 MM, FORNECIDO E INSTALADO EM RAMAL DE ENCAMINHAMENTO. AF_06/2022","M",26.73,{"$f":"VLOOKUP(D960,'CPU (sem des)'!B:I,8,FALSE)","v":37.74},{"$f":"$N$4","v":0.23957567779569877},{"$f":"H960*(1+I960)","v":46.781586080009674},{"$f":"VLOOKUP(D960,'CPU (des)'!B:I,8,FALSE)","v":36.28},{"$f":"$O$4","v":0.30260494954802231},{"$f":"K960*(1+L960)","v":47.258507569602251},{"$f":"J960*G960","v":1250.4717959186587},1263.2199073354682]
[null,"3.5.10","ESQUADRIAS",null,null,null,1,{"$nulls":6},{"$f":"SUM(N962:N964)","v":8020.2853358210714},{"$f":"SUM(O962:O964)","v":8318.033026674646}]
[null,"3.5.10.1","Composição Orse",1857,"Porta em aço, em chapa galvanizada nº24, raiada, de enrolar","M2",21.23,{"$f":"VLOOKUP(D962,'CPU (sem des)'!B:I,8,FALSE)","v":214.55},{"$f":"$N$4","v":0.23957567779569877},{"$f":"H962*(1+I962)","v":265.9509616710672},{"$f":"VLOOKUP(D962,'CPU (des)'!B:I,8,FALSE)","v":210.75},{"$f":"$O$4","v":0.30260494954802231},{"$f":"K962*(1+L962)","v":274.52399311724571},{"$f":"J962*G962","v":5646.1389162767573},{"$f":"M962*G962","v":5828.1443738791268}]
[null,"3.5.10.2","Composição Sinapi",90789,"KIT DE PORTA-PRONTA DE MADEIRA EM ACABAMENTO MELAMÍNICO BRANCO, FOLHA LEVE OU MÉDIA, 70X210CM, EXCLUSIVE FECHADURA, FIXAÇÃO COM PREENCHIMENTO PARCIAL DE ESPUMA EXPANSIVA - FORNECIMENTO E INSTALAÇÃO. AF_12/2019","UN",2,{"$f":"VLOOKUP(D963,'CPU (sem des)'!B:I,8,FALSE)","v":895.07},{"$f":"$N$4","v":0.23957567779569877},{"$f":"H963*(1+I963)","v":1109.5070019245961},{"$f":"VLOOKUP(D963,'CPU (des)'!B:I,8,FALSE)","v":893.27},{"$f":"$O$4","v":0.30260494954802231},{"$f":"K963*(1+L963)","v":1163.577923282762},{"$f":"J963*G963","v":2219.0140038491922},2327.1558465655239]
[null,"3.5.10.3","Insumo Sinapi",38153,"FECHADURA ESPELHO PARA PORTA DE BANHEIRO, EM ACO INOX (MAQUINA, TESTA E CONTRA-TESTA) E EM ZAMAC (MACANETA, LINGUETA E TRINCOS) COM ACABAMENTO CROMADO, MAQUINA DE 40 MM, INCLUINDO CHAVE TIPO TRANQUETA","CJ",2,{"$f":"VLOOKUP(D964,'Insumo SINAPI (sem des.)'!A:E,5,FALSE)","v":67.63},{"$f":"$N$5","v":0.14692012195121973},{"$f":"H964*(1+I964)","v":77.566207847560989},{"$f":"VLOOKUP(D964,'Insumos SINAPI (des)'!A:E,5,FALSE)","v":67.63},{"$f":"$O$5","v":0.20311109145345707},{"$f":"K964*(1+L964)","v":81.366403114997297},{"$f":"J964*G964","v":155.13241569512198},162.73280622999459]
[null,"3.5.11","PINTURA ",null,null,null,1,{"$nulls":6},{"$f":"SUM(N966:N967)","v":2790.9983504782572},{"$f":"SUM(O966:O967)","v":2791.1187195794978}]
[null,"3.5.11.1","Composição Sinapi",88415,"APLICAÇÃO MANUAL DE FUNDO SELADOR ACRÍLICO EM PAREDES EXTERNAS DE CASAS. AF_06/2014","M2",143.22999999999999,{"$f":"VLOOKUP(D966,'CPU (sem des)'!B:I,8,FALSE)","v":2.5},{"$f":"$N$4","v":0.23957567779569877},{"$f":"H966*(1+I966)","v":3.098939194489247},{"$f":"VLOOKUP(D966,'CPU (des)'!B:I,8,FALSE)","v":2.3199999999999998},{"$f":"$O$4","v":0.30260494954802231},{"$f":"K966*(1+L966)","v":3.0220434829514113},{"$f":"J966*G966","v":443.86106082669482},{"$f":"M966*G966","v":432.84728806313063}]
[null,"3.5.11.2","Composição Sinapi",88423,"APLICAÇÃO MANUAL DE PINTURA COM TINTA TEXTURIZADA ACRÍLICA EM PAREDES EXTERNAS DE CASAS, UMA COR. AF_06/2014","M2",143.22999999999999,{"$f":"VLOOKUP(D967,'CPU (sem des)'!B:I,8,FALSE)","v":13.22},{"$f":"$N$4","v":0.23957567779569877},{"$f":"H967*(1+I967)","v":16.387190460459138},{"$f":"VLOOKUP(D967,'CPU (des)'!B:I,8,FALSE)","v":12.64},{"$f":"$O$4","v":0.30260494954802231},{"$f":"K967*(1+L967)","v":16.464926562287001},{"$f":"J967*G967","v":2347.1372896515622},2358.2714315163671]
[null,"3.5.12","SERVIÇOS COMPLEMENTARES ",null,null,null,1,{"$nulls":6},{"$f":"SUM(N969)","v":291.30028428198921},{"$f":"SUM(O969)","v":281.36266910237282}]
[null,"3.5.12.1","Composição Orse",2450,"Limpeza geral","M2",100,{"$f":"VLOOKUP(D969,'CPU (sem des)'!B:I,8,FALSE)","v":2.35},{"$f":"$N$4","v":0.23957567779569877},{"$f":"H969*(1+I969)","v":2.9130028428198922},{"$f":"VLOOKUP(D969,'CPU (des)'!B:I,8,FALSE)","v":2.16},{"$f":"$O$4","v":0.30260494954802231},{"$f":"K969*(1+L969)","v":2.8136266910237282},{"$f":"J969*G969","v":291.30028428198921},{"$f":"M969*G969","v":281.36266910237282}]
[null,"3.6","Sanitários",{"$nulls":10},{"$f":"N971+N976+N982+N990+N1003+N1005+N1012+N1017+N1018+N1037+N1048+N1049+N1056+N1073+N1085+N1089+N1092","v":277851.47608337039},{"$f":"O971+O976+O982+O990+O1003+O1005+O1012+O1017+O1018+O1037+O1048+O1049+O1056+O1073+O1085+O1089+O1092","v":282856.03725868743}]
[null,"3.6.1","SERVIÇOS PRELIMINARES ",null,null,null,1,{"$nulls":6},{"$f":"SUM(N972:N975)","v":17986.449751950262},{"$f":"SUM(O972:O975)","v":17992.304501341569}]
[null,"3.6.1.1","Insumo Sinapi",4813,"PLACA DE OBRA (PARA CONSTRUCAO CIVIL) EM CHAPA GALVANIZADA *N. 22*, ADESIVADA, DE *2,4 X 1,2* M (SEM POSTES PARA FIXACAO)","M2",4.5,{"$f":"VLOOKUP(D972,'Insumo SINAPI (sem des.)'!A:E,5,FALSE)","v":250},{"$f":"$N$5","v":0.14692012195121973},{"$f":"H972*(1+I972)","v":286.73003048780492},{"$f":"VLOOKUP(D972,'Insumos SINAPI (des)'!A:E,5,FALSE)","v":250},{"$f":"$O$5","v":0.20311109145345707},{"$f":"K972*(1+L972)","v":300.77777286336425},{"$f":"J972*G972","v":1290.2851371951222},{"$f":"M972*G972","v":1353.4999778851391}]
[null,"3.6.1.2","Composição Sinapi",98525,"LIMPEZA MECANIZADA DE CAMADA VEGETAL, VEGETAÇÃO E PEQUENAS ÁRVORES (DIÂMETRO DE TRONCO MENOR QUE 0,20 M), COM TRATOR DE ESTEIRAS.AF_05/2018","M2",190,{"$f":"VLOOKUP(D973,'CPU (sem des)'!B:I,8,FALSE)","v":0.34},{"$f":"$N$4","v":0.23957567779569877},{"$f":"H973*(1+I973)","v":0.42145573045053764},{"$f":"VLOOKUP(D973,'CPU (des)'!B:I,8,FALSE)","v":0.32},{"$f":"$O$4","v":0.30260494954802231},{"$f":"K973*(1+L973)","v":0.41683358385536717},{"$f":"J973*G973","v":80.076588785602155},79.198380932519768]
[null,"3.6.1.3","Composição Sinapi",99059,"LOCACAO CONVENCIONAL DE OBRA, UTILIZANDO GABARITO DE TÁBUAS CORRIDAS PONTALETADAS A CADA 2,00M -  2 UTILIZAÇÕES. AF_10/2018","M",172.28,{"$f":"VLOOKUP(D974,'CPU (sem des)'!B:I,8,FALSE)","v":47.35},{"$f":"$N$4","v":0.23957567779569877},{"$f":"H974*(1+I974)","v":58.69390834362634},{"$f":"VLOOKUP(D974,'CPU (des)'!B:I,8,FALSE)","v":44.16},{"$f":"$O$4","v":0.30260494954802231},{"$f":"K974*(1+L974)","v":57.523034572040658},{"$f":"J974*G974","v":10111.786529439945},9910.0683960711649]
[null,"3.6.1.4","Composição Sinapi",93582,"EXECUÇÃO DE CENTRAL DE ARMADURA EM CANTEIRO DE OBRA, NÃO INCLUSO MOBILIÁRIO E EQUIPAMENTOS. AF_04/2016","M2",20,{"$f":"VLOOKUP(D975,'CPU (sem des)'!B:I,8,FALSE)","v":262.36},{"$f":"$N$4","v":0.23957567779569877},{"$f":"H975*(1+I975)","v":325.21507482647957},{"$f":"VLOOKUP(D975,'CPU (des)'!B:I,8,FALSE)","v":255.24},{"$f":"$O$4","v":0.30260494954802231},{"$f":"K975*(1+L975)","v":332.47688732263725},{"$f":"J975*G975","v":6504.3014965295915},6649.5377464527446]
[null,"3.6.2","FUNDAÇÕES ",null,null,null,1,{"$nulls":6},{"$f":"SUM(N977:N981)","v":7526.545345718996},{"$f":"SUM(O977:O981)","v":7656.360320367392}]
[null,"3.6.2.1","Composição Sinapi",96523,"ESCAVAÇÃO MANUAL PARA BLOCO DE COROAMENTO OU SAPATA (INCLUINDO ESCAVAÇÃO PARA COLOCAÇÃO DE FÔRMAS). AF_06/2017","M3",2.87,{"$f":"VLOOKUP(D977,'CPU (sem des)'!B:I,8,FALSE)","v":80.62},{"$f":"$N$4","v":0.23957567779569877},{"$f":"H977*(1+I977)","v":99.934591143889236},{"$f":"VLOOKUP(D977,'CPU (des)'!B:I,8,FALSE)","v":71.430000000000007},{"$f":"$O$4","v":0.30260494954802231},{"$f":"K977*(1+L977)","v":93.04507154621524},{"$f":"J977*G977","v":286.81227658296211},{"$f":"M977*G977","v":267.03935533763774}]
[null,"3.6.2.2","Composição Sinapi",96621,"LASTRO COM MATERIAL GRANULAR, APLICAÇÃO EM BLOCOS DE COROAMENTO, ESPESSURA DE *5 CM*. AF_08/2017","M3",0.5,{"$f":"VLOOKUP(D978,'CPU (sem des)'!B:I,8,FALSE)","v":404.83},{"$f":"$N$4","v":0.23957567779569877},{"$f":"H978*(1+I978)","v":501.81742164203274},{"$f":"VLOOKUP(D978,'CPU (des)'!B:I,8,FALSE)","v":393.24},{"$f":"$O$4","v":0.30260494954802231},{"$f":"K978*(1+L978)","v":512.23637036026435},{"$f":"J978*G978","v":250.90871082101637},256.11818518013217]
[null,"3.6.2.3","Composição Sinapi",96529,"FABRICAÇÃO, MONTAGEM E DESMONTAGEM DE FÔRMA PARA SAPATA, EM MADEIRA SERRADA, E=25 MM, 1 UTILIZAÇÃO. AF_06/2017","M2",7.6,{"$f":"VLOOKUP(D979,'CPU (sem des)'!B:I,8,FALSE)","v":273.68},{"$f":"$N$4","v":0.23957567779569877},{"$f":"H979*(1+I979)","v":339.24707149912683},{"$f":"VLOOKUP(D979,'CPU (des)'!B:I,8,FALSE)","v":257.58},{"$f":"$O$4","v":0.30260494954802231},{"$f":"K979*(1+L979)","v":335.52498290457959},{"$f":"J979*G979","v":2578.2777433933638},2549.9898700748049]
[null,"3.6.2.4","Composição Sinapi",96545,"ARMAÇÃO DE BLOCO, VIGA BALDRAME OU SAPATA UTILIZANDO AÇO CA-50 DE 8 MM - MONTAGEM. AF_06/2017","KG",75.900000000000006,{"$f":"VLOOKUP(D980,'CPU (sem des)'!B:I,8,FALSE)","v":17.149999999999999},{"$f":"$N$4","v":0.23957567779569877},{"$f":"H980*(1+I980)","v":21.258722874196231},{"$f":"VLOOKUP(D980,'CPU (des)'!B:I,8,FALSE)","v":16.72},{"$f":"$O$4","v":0.30260494954802231},{"$f":"K980*(1+L980)","v":21.779554756442931},{"$f":"J980*G980","v":1613.5370661514939},1653.0682060140186]
[null,"3.6.2.5","Composição Sinapi",96558,"CONCRETAGEM DE SAPATAS, FCK 30 MPA, COM USO DE BOMBA - LANÇAMENTO, ADENSAMENTO E ACABAMENTO. AF_11/2016","M3",2.5,{"$f":"VLOOKUP(D981,'CPU (sem des)'!B:I,8,FALSE)","v":902.57},{"$f":"$N$4","v":0.23957567779569877},{"$f":"H981*(1+I981)","v":1118.803819508064},{"$f":"VLOOKUP(D981,'CPU (des)'!B:I,8,FALSE)","v":899.78},{"$f":"$O$4","v":0.30260494954802231},{"$f":"K981*(1+L981)","v":1172.0578815043195},{"$f":"J981*G981","v":2797.0095487701601},2930.1447037607986]
[null,"3.6.3","INFRAESTRUTURA",null,null,null,1,{"$nulls":6},{"$f":"SUM(N983:N989)","v":12457.228947267256},{"$f":"SUM(O983:O989)","v":12647.154280780442}]
[null,"3.6.3.1","Composição Sinapi",96523,"ESCAVAÇÃO MANUAL PARA BLOCO DE COROAMENTO OU SAPATA (INCLUINDO ESCAVAÇÃO PARA COLOCAÇÃO DE FÔRMAS). AF_06/2017","M3",4.2300000000000004,{"$f":"VLOOKUP(D983,'CPU (sem des)'!B:I,8,FALSE)","v":80.62},{"$f":"$N$4","v":0.23957567779569877},{"$f":"H983*(1+I983)","v":99.934591143889236},{"$f":"VLOOKUP(D983,'CPU (des)'!B:I,8,FALSE)","v":71.430000000000007},{"$f":"$O$4","v":0.30260494954802231},{"$f":"K983*(1+L983)","v":93.04507154621524},{"$f":"J983*G983","v":422.72332053865154},{"$f":"M983*G983","v":393.58065264049048}]
[null,"3.6.3.2","Composição Sinapi",96621,"LASTRO COM MATERIAL GRANULAR, APLICAÇÃO EM BLOCOS DE COROAMENTO, ESPESSURA DE *5 CM*. AF_08/2017","M3",0.39,{"$f":"VLOOKUP(D984,'CPU (sem des)'!B:I,8,FALSE)","v":404.83},0.23957567779569877,501.81742164203274,{"$f":"VLOOKUP(D984,'CPU (des)'!B:I,8,FALSE)","v":393.24},0.30260494954802231,512.23637036026435,195.70879444039278,199.77218444050311]
[null,"3.6.3.3","Composição Sinapi",96536,"FABRICAÇÃO, MONTAGEM E DESMONTAGEM DE FÔRMA PARA VIGA BALDRAME, EM MADEIRA SERRADA, E=25 MM, 4 UTILIZAÇÕES. AF_06/2017","M2",39.799999999999997,{"$f":"VLOOKUP(D985,'CPU (sem des)'!B:I,8,FALSE)","v":61.12},0.23957567779569877,75.762865426873105,{"$f":"VLOOKUP(D985,'CPU (des)'!B:I,8,FALSE)","v":56.87},0.30260494954802231,74.07914348079602,3015.3620439895494,2948.3499105356814]
[null,"3.6.3.4","Composição Sinapi",96545,"ARMAÇÃO DE BLOCO, VIGA BALDRAME OU SAPATA UTILIZANDO AÇO CA-50 DE 8 MM - MONTAGEM. AF_06/2017","KG",116.65,{"$f":"VLOOKUP(D986,'CPU (sem des)'!B:I,8,FALSE)","v":17.149999999999999},0.23957567779569877,21.258722874196231,{"$f":"VLOOKUP(D986,'CPU (des)'!B:I,8,FALSE)","v":16.72},0.30260494954802231,21.779554756442931,2479.8300232749903,2540.5850623390679]
[null,"3.6.3.5","Composição Sinapi",96546,"ARMAÇÃO DE BLOCO, VIGA BALDRAME OU SAPATA UTILIZANDO AÇO CA-50 DE 10 MM - MONTAGEM. AF_06/2017","KG",46.55,{"$f":"VLOOKUP(D987,'CPU (sem des)'!B:I,8,FALSE)","v":15.43},0.23957567779569877,19.126652708387631,{"$f":"VLOOKUP(D987,'CPU (des)'!B:I,8,FALSE)","v":15.11},0.30260494954802231,19.682360787670618,890.34568357544413,916.21389466606718]
[null,"3.6.3.6","Composição Sinapi",96543,"ARMAÇÃO DE BLOCO, VIGA BALDRAME E SAPATA UTILIZANDO AÇO CA-60 DE 5 MM - MONTAGEM. AF_06/2017","KG",66.3,{"$f":"VLOOKUP(D988,'CPU (sem des)'!B:I,8,FALSE)","v":19.05},0.23957567779569877,23.613916662008062,{"$f":"VLOOKUP(D988,'CPU (des)'!B:I,8,FALSE)","v":18.21},0.30260494954802231,23.720436131269487,1565.6026746911346,1572.6649155031669]
[null,"3.6.3.7","Composição Sinapi",96557,"CONCRETAGEM DE BLOCOS DE COROAMENTO E VIGAS BALDRAMES, FCK 30 MPA, COM USO DE BOMBA - LANÇAMENTO, ADENSAMENTO E ACABAMENTO. AF_06/2017","M3",3.5,{"$f":"VLOOKUP(D989,'CPU (sem des)'!B:I,8,FALSE)","v":896.08},0.23957567779569877,1110.7589733591699,{"$f":"VLOOKUP(D989,'CPU (des)'!B:I,8,FALSE)","v":894.03},0.30260494954802231,1164.5679030444182,3887.6564067570944,4075.987660655464]
[null,"3.6.4","SUPRAESTRUTURA",null,null,null,1,{"$nulls":6},{"$f":"SUM(N991:N1002)","v":94937.965091263875},{"$f":"SUM(O991:O1002)","v":96692.864302645379}]
[null,"3.6.4.1","Composição Sinapi",92409,"MONTAGEM E DESMONTAGEM DE FÔRMA DE PILARES RETANGULARES E ESTRUTURAS SIMILARES, PÉ-DIREITO SIMPLES, EM MADEIRA SERRADA, 1 UTILIZAÇÃO. AF_09/2020","M2",32.700000000000003,{"$f":"VLOOKUP(D991,'CPU (sem des)'!B:I,8,FALSE)","v":225},{"$f":"$N$4","v":0.23957567779569877},{"$f":"H991*(1+I991)","v":278.90452750403222},{"$f":"VLOOKUP(D991,'CPU (des)'!B:I,8,FALSE)","v":212.85},{"$f":"$O$4","v":0.30260494954802231},{"$f":"K991*(1+L991)","v":277.25946351129653},{"$f":"J991*G991","v":9120.1780493818551},{"$f":"M991*G991","v":9066.3844568193981}]
[null,"3.6.4.2","Composição Sinapi",92761,"ARMAÇÃO DE PILAR OU VIGA DE ESTRUTURA CONVENCIONAL DE CONCRETO ARMADO UTILIZANDO AÇO CA-50 DE 8,0 MM - MONTAGEM. AF_06/2022","KG",116.65,{"$f":"VLOOKUP(D992,'CPU (sem des)'!B:I,8,FALSE)","v":15.29},0.23957567779569877,18.953112113496232,{"$f":"VLOOKUP(D992,'CPU (des)'!B:I,8,FALSE)","v":15.09},0.30260494954802231,19.656308688679655,2210.8805280393358,2292.9084085344816]
[null,"3.6.4.3","Composição Sinapi",92762,"ARMAÇÃO DE PILAR OU VIGA DE ESTRUTURA CONVENCIONAL DE CONCRETO ARMADO UTILIZANDO AÇO CA-50 DE 10,0 MM - MONTAGEM. AF_06/2022","KG",157.25,{"$f":"VLOOKUP(D993,'CPU (sem des)'!B:I,8,FALSE)","v":13.9},0.23957567779569877,17.230101921360212,{"$f":"VLOOKUP(D993,'CPU (des)'!B:I,8,FALSE)","v":13.75},0.30260494954802231,17.910818056285308,2709.4335271338932,2816.4761393508647]
[null,"3.6.4.4","Composição Sinapi",92763,"ARMAÇÃO DE PILAR OU VIGA DE ESTRUTURA CONVENCIONAL DE CONCRETO ARMADO UTILIZANDO AÇO CA-50 DE 12,5 MM - MONTAGEM. AF_06/2022","KG",54.3,{"$f":"VLOOKUP(D994,'CPU (sem des)'!B:I,8,FALSE)","v":11.81},0.23957567779569877,14.639388754767204,{"$f":"VLOOKUP(D994,'CPU (des)'!B:I,8,FALSE)","v":11.71},0.30260494954802231,15.253503959207343,794.91880938385907,828.26526498495866]
[null,"3.6.4.5","Composição Sinapi",92759,"ARMAÇÃO DE PILAR OU VIGA DE ESTRUTURA CONVENCIONAL DE CONCRETO ARMADO UTILIZANDO AÇO CA-60 DE 5,0 MM - MONTAGEM. AF_06/2022","KG",117.9,{"$f":"VLOOKUP(D995,'CPU (sem des)'!B:I,8,FALSE)","v":16.05},0.23957567779569877,19.895189628620965,{"$f":"VLOOKUP(D995,'CPU (des)'!B:I,8,FALSE)","v":15.54},0.30260494954802231,20.242480915976266,2345.6428572144118,2386.588499993602]
[null,"3.6.4.6","Composição Sinapi",92446,"MONTAGEM E DESMONTAGEM DE FÔRMA DE VIGA, ESCORAMENTO COM PONTALETE DE MADEIRA, PÉ-DIREITO SIMPLES, EM MADEIRA SERRADA, 1 UTILIZAÇÃO. AF_09/2020","M2",35.1,{"$f":"VLOOKUP(D996,'CPU (sem des)'!B:I,8,FALSE)","v":221.02},0.23957567779569877,273.97101630640537,{"$f":"VLOOKUP(D996,'CPU (des)'!B:I,8,FALSE)","v":209.3},0.30260494954802231,272.63521594040111,9616.3826723548282,9569.4960795080788]
[null,"3.6.4.7","Composição Sinapi",92482,"MONTAGEM E DESMONTAGEM DE FÔRMA DE LAJE MACIÇA, PÉ-DIREITO SIMPLES, EM MADEIRA SERRADA, 1 UTILIZAÇÃO. AF_09/2020","M2",89.1,{"$f":"VLOOKUP(D997,'CPU (sem des)'!B:I,8,FALSE)","v":233.39},0.23957567779569877,289.30456744073814,{"$f":"VLOOKUP(D997,'CPU (des)'!B:I,8,FALSE)","v":220.36},0.30260494954802231,287.0420266824022,25777.036958969766,25575.444577402035]
[null,"3.6.4.8","Composição Sinapi",92768,"ARMAÇÃO DE LAJE DE ESTRUTURA CONVENCIONAL DE CONCRETO ARMADO UTILIZANDO AÇO CA-60 DE 5,0 MM - MONTAGEM. AF_06/2022","KG",318.10000000000002,{"$f":"VLOOKUP(D998,'CPU (sem des)'!B:I,8,FALSE)","v":15.64},0.23957567779569877,19.38696360072473,{"$f":"VLOOKUP(D998,'CPU (des)'!B:I,8,FALSE)","v":15.2},0.30260494954802231,19.799595233129939,6166.9931213905375,6298.2512436586339]
[null,"3.6.4.9","Composição Sinapi",92769,"ARMAÇÃO DE LAJE DE ESTRUTURA CONVENCIONAL DE CONCRETO ARMADO UTILIZANDO AÇO CA-50 DE 6,3 MM - MONTAGEM. AF_06/2022","KG",37.5,{"$f":"VLOOKUP(D999,'CPU (sem des)'!B:I,8,FALSE)","v":15.38},0.23957567779569877,19.06467392449785,{"$f":"VLOOKUP(D999,'CPU (des)'!B:I,8,FALSE)","v":15.11},0.30260494954802231,19.682360787670618,714.92527216866938,738.08852953764813]
[null,"3.6.4.10","Composição Sinapi",92770,"ARMAÇÃO DE LAJE DE ESTRUTURA CONVENCIONAL DE CONCRETO ARMADO UTILIZANDO AÇO CA-50 DE 8,0 MM - MONTAGEM. AF_06/2022","KG",116.5,{"$f":"VLOOKUP(D1000,'CPU (sem des)'!B:I,8,FALSE)","v":14.88},0.23957567779569877,18.4448860856,{"$f":"VLOOKUP(D1000,'CPU (des)'!B:I,8,FALSE)","v":14.72},0.30260494954802231,19.174344857346888,2148.8292289724,2233.8111758809123]
[null,"3.6.4.11","Composição Sinapi",92771,"ARMAÇÃO DE LAJE DE ESTRUTURA CONVENCIONAL DE CONCRETO ARMADO UTILIZANDO AÇO CA-50 DE 10,0 MM - MONTAGEM. AF_06/2022","KG",670.5,{"$f":"VLOOKUP(D1001,'CPU (sem des)'!B:I,8,FALSE)","v":13.51},0.23957567779569877,16.746667407019888,{"$f":"VLOOKUP(D1001,'CPU (des)'!B:I,8,FALSE)","v":13.41},0.30260494954802231,17.46793237343898,11228.640496406835,11712.248656390837]
[null,"3.6.4.12","Composição Sinapi",96557,"CONCRETAGEM DE BLOCOS DE COROAMENTO E VIGAS BALDRAMES, FCK 30 MPA, COM USO DE BOMBA - LANÇAMENTO, ADENSAMENTO E ACABAMENTO. AF_06/2017","M3",19.899999999999999,{"$f":"VLOOKUP(D1002,'CPU (sem des)'!B:I,8,FALSE)","v":896.08},0.23957567779569877,1110.7589733591699,{"$f":"VLOOKUP(D1002,'CPU (des)'!B:I,8,FALSE)","v":894.03},0.30260494954802231,1164.5679030444182,22104.103569847481,23174.901270583923]
[null,"3.6.5","IMPERMEABILIZAÇÃO",null,null,null,1,{"$nulls":6},{"$f":"SUM(N1004)","v":21375.093495082288},{"$f":"SUM(O1004)","v":22075.127673200419}]
[null,"3.6.5.1","Composição Sinapi",98546,"IMPERMEABILIZAÇÃO DE SUPERFÍCIE COM MANTA ASFÁLTICA, UMA CAMADA, INCLUSIVE APLICAÇÃO DE PRIMER ASFÁLTICO, E=3MM. AF_06/2018","M2",98.01,{"$f":"VLOOKUP(D1004,'CPU (sem des)'!B:I,8,FALSE)","v":175.94},{"$f":"$N$4","v":0.23957567779569877},{"$f":"H1004*(1+I1004)","v":218.09094475137525},{"$f":"VLOOKUP(D1004,'CPU (des)'!B:I,8,FALSE)","v":172.91},{"$f":"$O$4","v":0.30260494954802231},{"$f":"K1004*(1+L1004)","v":225.23342182634852},{"$f":"J1004*G1004","v":21375.093495082288},{"$f":"M1004*G1004","v":22075.127673200419}]
[null,"3.6.6","REVESTIMENTOS ",null,null,null,1,{"$nulls":6},{"$f":"SUM(N1006:N1011)","v":30998.487831380931},{"$f":"SUM(O1006:O1011)","v":31437.000051080391}]
[null,"3.6.6.1","Composição Sinapi",103324,"ALVENARIA DE VEDAÇÃO DE BLOCOS CERÂMICOS FURADOS NA VERTICAL DE 14X19X39 CM (ESPESSURA 14 CM) E ARGAMASSA DE ASSENTAMENTO COM PREPARO EM BETONEIRA. AF_12/2021","M2",131.88,{"$f":"VLOOKUP(D1006,'CPU (sem des)'!B:I,8,FALSE)","v":77.69},{"$f":"$N$4","v":0.23957567779569877},{"$f":"H1006*(1+I1006)","v":96.302634407947835},{"$f":"VLOOKUP(D1006,'CPU (des)'!B:I,8,FALSE)","v":74.37},{"$f":"$O$4","v":0.30260494954802231},{"$f":"K1006*(1+L1006)","v":96.874730097886427},{"$f":"J1006*G1006","v":12700.39142572016},{"$f":"M1006*G1006","v":12775.839405309262}]
[null,"3.6.6.2","Composição Sinapi",87879,"CHAPISCO APLICADO EM ALVENARIAS E ESTRUTURAS DE CONCRETO INTERNAS, COM COLHER DE PEDREIRO.  ARGAMASSA TRAÇO 1:3 COM PREPARO EM BETONEIRA 400L. AF_10/2022","M2",263.76,{"$f":"VLOOKUP(D1007,'CPU (sem des)'!B:I,8,FALSE)","v":4.25},{"$f":"$N$4","v":0.23957567779569877},5.2681966306317198,{"$f":"VLOOKUP(D1007,'CPU (des)'!B:I,8,FALSE)","v":3.98},{"$f":"$O$4","v":0.30260494954802231},5.1843676992011289,1389.5395432954224,1367.4288243412898]
[null,"3.6.6.3","Composição Sinapi",87543,"MASSA ÚNICA, PARA RECEBIMENTO DE PINTURA OU CERÂMICA, ARGAMASSA INDUSTRIALIZADA, PREPARO MECÂNICO, APLICADO COM EQUIPAMENTO DE MISTURA E PROJEÇÃO DE 1,5 M3/H EM FACES INTERNAS DE PAREDES, ESPESSURA DE 5MM, SEM EXECUÇÃO DE TALISCAS. AF_06/2014","M2",263.76,{"$f":"VLOOKUP(D1008,'CPU (sem des)'!B:I,8,FALSE)","v":29.16},{"$f":"$N$4","v":0.23957567779569877},36.146026764522574,{"$f":"VLOOKUP(D1008,'CPU (des)'!B:I,8,FALSE)","v":28.47},{"$f":"$O$4","v":0.30260494954802231},37.085162913632196,9533.8760194104743,9781.5825700996284]
[null,"3.6.6.4","Composição Sinapi",87622,"CONTRAPISO EM ARGAMASSA TRAÇO 1:4 (CIMENTO E AREIA), PREPARO MANUAL, APLICADO EM ÁREAS SECAS SOBRE LAJE, ADERIDO, ACABAMENTO NÃO REFORÇADO, ESPESSURA 2CM. AF_07/2021","M2",88.04,{"$f":"VLOOKUP(D1009,'CPU (sem des)'!B:I,8,FALSE)","v":38.67},{"$f":"$N$4","v":0.23957567779569877},47.93439146035967,{"$f":"VLOOKUP(D1009,'CPU (des)'!B:I,8,FALSE)","v":37.22},{"$f":"$O$4","v":0.30260494954802231},48.482956222177386,4220.1438241700653,4268.4394658004976]
[null,"3.6.6.5","Insumo Sinapi",39508,"TELA DE ACO SOLDADA NERVURADA, CA-60, L-159, (1,69 KG/M2), DIAMETRO DO FIO = 4,5 MM, LARGURA = 2,45 M, ESPACAMENTO DA MALHA = 30 X 10 CM","M2",88.04,{"$f":"VLOOKUP(D1010,'Insumo SINAPI (sem des.)'!A:E,5,FALSE)","v":8.66},{"$f":"$N$5","v":0.14692012195121973},9.9323282560975628,{"$f":"VLOOKUP(D1010,'Insumos SINAPI (des)'!A:E,5,FALSE)","v":8.66},{"$f":"$O$5","v":0.20311109145345707},10.418942051986939,874.44217966682947,917.28365825693015]
[null,"3.6.6.6","Composição Sinapi",87265,"REVESTIMENTO CERÂMICO PARA PAREDES INTERNAS COM PLACAS TIPO ESMALTADA EXTRA DE DIMENSÕES 20X20 CM APLICADAS EM AMBIENTES DE ÁREA MAIOR QUE 5 M² NA ALTURA INTEIRA DAS PAREDES. AF_06/2014","M2",23.54,{"$f":"VLOOKUP(D1011,'CPU (sem des)'!B:I,8,FALSE)","v":78.14},{"$f":"$N$4","v":0.23957567779569877},96.860443462955899,{"$f":"VLOOKUP(D1011,'CPU (des)'!B:I,8,FALSE)","v":75.87},{"$f":"$O$4","v":0.30260494954802231},98.828637522208453,2280.0948391179818,2326.4261272727867]
[null,"3.6.7","ESQUADRIAS",null,null,null,1,{"$nulls":6},{"$f":"SUM(N1013:N1016)","v":10419.699165197897},{"$f":"SUM(O1013:O1016)","v":10910.83088703117}]
[null,"3.6.7.1","Insumo Sinapi",38153,"FECHADURA ESPELHO PARA PORTA DE BANHEIRO, EM ACO INOX (MAQUINA, TESTA E CONTRA-TESTA) E EM ZAMAC (MACANETA, LINGUETA E TRINCOS) COM ACABAMENTO CROMADO, MAQUINA DE 40 MM, INCLUINDO CHAVE TIPO TRANQUETA","CJ",7,{"$f":"VLOOKUP(D1013,'Insumo SINAPI (sem des.)'!A:E,5,FALSE)","v":67.63},{"$f":"$N$5","v":0.14692012195121973},{"$f":"H1013*(1+I1013)","v":77.566207847560989},{"$f":"VLOOKUP(D1013,'Insumos SINAPI (des)'!A:E,5,FALSE)","v":67.63},{"$f":"$O$5","v":0.20311109145345707},{"$f":"K1013*(1+L1013)","v":81.366403114997297},{"$f":"J1013*G1013","v":542.96345493292688},{"$f":"M1013*G1013","v":569.56482180498108}]
[null,"3.6.7.2","Composição Sinapi",90790,"KIT DE PORTA-PRONTA DE MADEIRA EM ACABAMENTO MELAMÍNICO BRANCO, FOLHA LEVE OU MÉDIA, 80X210CM, EXCLUSIVE FECHADURA, FIXAÇÃO COM PREENCHIMENTO PARCIAL DE ESPUMA EXPANSIVA - FORNECIMENTO E INSTALAÇÃO. AF_12/2019","UN",5,{"$f":"VLOOKUP(D1014,'CPU (sem des)'!B:I,8,FALSE)","v":922.87},{"$f":"$N$4","v":0.23957567779569877},{"$f":"H1014*(1+I1014)","v":1143.9672057673165},{"$f":"VLOOKUP(D1014,'CPU (des)'!B:I,8,FALSE)","v":920.9},{"$f":"$O$4","v":0.30260494954802231},{"$f":"K1014*(1+L1014)","v":1199.5688980387738},{"$f":"J1014*G1014","v":5719.836028836582},5997.8444901938692]
[null,"3.6.7.3","Composição Sinapi",90793,"KIT DE PORTA-PRONTA DE MADEIRA EM ACABAMENTO MELAMÍNICO BRANCO, FOLHA PESADA OU SUPERPESADA, 90X210CM, FIXAÇÃO COM PREENCHIMENTO TOTAL DE ESPUMA EXPANSIVA - FORNECIMENTO E INSTALAÇÃO. AF_12/2019","UN",2,{"$f":"VLOOKUP(D1015,'CPU (sem des)'!B:I,8,FALSE)","v":1145.1400000000001},{"$f":"$N$4","v":0.23957567779569877},{"$f":"H1015*(1+I1015)","v":1419.4876916709666},{"$f":"VLOOKUP(D1015,'CPU (des)'!B:I,8,FALSE)","v":1141.8399999999999},{"$f":"$O$4","v":0.30260494954802231},{"$f":"K1015*(1+L1015)","v":1487.3664355919136},{"$f":"J1015*G1015","v":2838.9753833419331},2974.7328711838272]
[null,"3.6.7.4","Composição Orse",12332,"Janela em alumínio, cor N/P/B, tipo veneziana, tipo camarão, duas folhas móveis","M2",2.7,{"$f":"VLOOKUP(D1016,'CPU (sem des)'!B:I,8,FALSE)","v":393.78},{"$f":"$N$4","v":0.23957567779569877},{"$f":"H1016*(1+I1016)","v":488.12011040239025},{"$f":"VLOOKUP(D1016,'CPU (des)'!B:I,8,FALSE)","v":389.16},{"$f":"$O$4","v":0.30260494954802231},{"$f":"K1016*(1+L1016)","v":506.9217421661084},{"$f":"J1016*G1016","v":1317.9242980864537},1368.6887038484929]
[null,"3.6.8","PROJETO ELÉTRICO ",null,null,null,1]
[null,"3.6.8.1","Lista de Materiais",{"$nulls":10},{"$f":"SUM(N1019:N1036)","v":38528.359131182689},{"$f":"SUM(O1019:O1036)","v":39088.511536854676}]
[null,"3.6.8.1.1","Composição Sinapi",91940,"CAIXA RETANGULAR 4\" X 2\" MÉDIA (1,30 M DO PISO), PVC, INSTALADA EM PAREDE - FORNECIMENTO E INSTALAÇÃO. AF_12/2015","UN",38,{"$f":"VLOOKUP(D1019,'CPU (sem des)'!B:I,8,FALSE)","v":17.5},{"$f":"$N$4","v":0.23957567779569877},{"$f":"H1019*(1+I1019)","v":21.692574361424729},{"$f":"VLOOKUP(D1019,'CPU (des)'!B:I,8,FALSE)","v":15.79},{"$f":"$O$4","v":0.30260494954802231},{"$f":"K1019*(1+L1019)","v":20.568132153363273},{"$f":"J1019*G1019","v":824.31782573413966},{"$f":"M1019*G1019","v":781.58902182780434}]
[null,"3.6.8.1.2","Composição Sinapi",91936,"CAIXA OCTOGONAL 4\" X 4\", PVC, INSTALADA EM LAJE - FORNECIMENTO E INSTALAÇÃO. AF_12/2015","UN",32,{"$f":"VLOOKUP(D1020,'CPU (sem des)'!B:I,8,FALSE)","v":17.63},{"$f":"$N$4","v":0.23957567779569877},21.853719199538169,{"$f":"VLOOKUP(D1020,'CPU (des)'!B:I,8,FALSE)","v":16.329999999999998},{"$f":"$O$4","v":0.30260494954802231},21.271538826119201,699.31901438522141,680.68924243581444]
[null,"3.6.8.1.3","Insumo Sinapi",20111,"FITA ISOLANTE ADESIVA ANTICHAMA, USO ATE 750 V, EM ROLO DE 19 MM X 20 M","UN",2,{"$f":"VLOOKUP(D1021,'Insumo SINAPI (sem des.)'!A:E,5,FALSE)","v":30},{"$f":"$N$5","v":0.14692012195121973},34.407603658536594,{"$f":"VLOOKUP(D1021,'Insumos SINAPI (des)'!A:E,5,FALSE)","v":30},{"$f":"$O$5","v":0.20311109145345707},36.09333274360371,68.815207317073188,72.186665487207421]
[null,"3.6.8.1.4","Composição Sinapi",91934,"CABO DE COBRE FLEXÍVEL ISOLADO, 16 MM², ANTI-CHAMA 450/750 V, PARA CIRCUITOS TERMINAIS - FORNECIMENTO E INSTALAÇÃO. AF_12/2015","M",450,{"$f":"VLOOKUP(D1022,'CPU (sem des)'!B:I,8,FALSE)","v":27.62},{"$f":"$N$4","v":0.23957567779569877},34.237080220717203,{"$f":"VLOOKUP(D1022,'CPU (des)'!B:I,8,FALSE)","v":26.95},{"$f":"$O$4","v":0.30260494954802231},35.105203390319197,15406.686099322742,15797.341525643638]
[null,"3.6.8.1.5","Composição Sinapi",91926,"CABO DE COBRE FLEXÍVEL ISOLADO, 2,5 MM², ANTI-CHAMA 450/750 V, PARA CIRCUITOS TERMINAIS - FORNECIMENTO E INSTALAÇÃO. AF_12/2015","M",454,{"$f":"VLOOKUP(D1023,'CPU (sem des)'!B:I,8,FALSE)","v":4.87},{"$f":"$N$4","v":0.23957567779569877},6.036733550865053,{"$f":"VLOOKUP(D1023,'CPU (des)'!B:I,8,FALSE)","v":4.7},{"$f":"$O$4","v":0.30260494954802231},6.1222432628757053,2740.677032092734,2779.4984413455704]
[null,"3.6.8.1.6","Composição Sinapi",91928,"CABO DE COBRE FLEXÍVEL ISOLADO, 4 MM², ANTI-CHAMA 450/750 V, PARA CIRCUITOS TERMINAIS - FORNECIMENTO E INSTALAÇÃO. AF_12/2015","M",216,{"$f":"VLOOKUP(D1024,'CPU (sem des)'!B:I,8,FALSE)","v":7.58},{"$f":"$N$4","v":0.23957567779569877},9.3959836376913977,{"$f":"VLOOKUP(D1024,'CPU (des)'!B:I,8,FALSE)","v":7.35},{"$f":"$O$4","v":0.30260494954802231},9.5741463791779626,2029.5324657413419,2068.0156179024398]
[null,"3.6.8.1.7","Composição Orse",5027,"Caixa de passagem em alvenaria de tijolos maciços esp. = 0,12m,  dim. int. =  0.60 x 0.60 x 0.40m","UN",5,{"$f":"VLOOKUP(D1025,'CPU (sem des)'!B:I,8,FALSE)","v":394.75},{"$f":"$N$4","v":0.23957567779569877},489.32249880985211,{"$f":"VLOOKUP(D1025,'CPU (des)'!B:I,8,FALSE)","v":373.49},{"$f":"$O$4","v":0.30260494954802231},486.50992260669085,2446.6124940492605,2432.5496130334541]
[null,"3.6.8.1.8","Insumo Sinapi",38091,"ESPELHO / PLACA CEGA 4\" X 2\", PARA INSTALACAO DE TOMADAS E INTERRUPTORES","UN",20,{"$f":"VLOOKUP(D1026,'Insumo SINAPI (sem des.)'!A:E,5,FALSE)","v":2.71},{"$f":"$N$5","v":0.14692012195121973},3.1081535304878054,{"$f":"VLOOKUP(D1026,'Insumos SINAPI (des)'!A:E,5,FALSE)","v":2.71},{"$f":"$O$5","v":0.20311109145345707},3.2604310578388684,62.163070609756105,65.208621156777369]
[null,"3.6.8.1.9","Insumo Sinapi",38115,"INTERRUPTOR INTERMEDIARIO 10 A, 250 V (APENAS MODULO)","UN",27,{"$f":"VLOOKUP(D1027,'Insumo SINAPI (sem des.)'!A:E,5,FALSE)","v":21.29},{"$f":"$N$5","v":0.14692012195121973},24.417929396341467,{"$f":"VLOOKUP(D1027,'Insumos SINAPI (des)'!A:E,5,FALSE)","v":21.29},{"$f":"$O$5","v":0.20311109145345707},25.614235137044101,659.2840937012196,691.58434870019073]
[null,"3.6.8.1.10","Composição Sinapi",91996,"TOMADA MÉDIA DE EMBUTIR (1 MÓDULO), 2P+T 10 A, INCLUINDO SUPORTE E PLACA - FORNECIMENTO E INSTALAÇÃO. AF_12/2015","UN",27,{"$f":"VLOOKUP(D1028,'CPU (sem des)'!B:I,8,FALSE)","v":35.450000000000003},{"$f":"$N$4","v":0.23957567779569877},43.942957777857522,{"$f":"VLOOKUP(D1028,'CPU (des)'!B:I,8,FALSE)","v":32.85},{"$f":"$O$4","v":0.30260494954802231},42.790572592652538,1186.4598600021532,1155.3454600016184]
[null,"3.6.8.1.11","Composição Sinapi",93653,"DISJUNTOR MONOPOLAR TIPO DIN, CORRENTE NOMINAL DE 10A - FORNECIMENTO E INSTALAÇÃO. AF_10/2020","UN",6,{"$f":"VLOOKUP(D1029,'CPU (sem des)'!B:I,8,FALSE)","v":12.73},0.23957567779569877,15.779798378339246,{"$f":"VLOOKUP(D1029,'CPU (des)'!B:I,8,FALSE)","v":12.53},0.30260494954802231,16.321640017836717,94.678790270035478,97.929840107020311]
[null,"3.6.8.1.12","Composição Sinapi",93655,"DISJUNTOR MONOPOLAR TIPO DIN, CORRENTE NOMINAL DE 20A - FORNECIMENTO E INSTALAÇÃO. AF_10/2020","UN",4,{"$f":"VLOOKUP(D1030,'CPU (sem des)'!B:I,8,FALSE)","v":14.66},0.23957567779569877,18.172179436484946,{"$f":"VLOOKUP(D1030,'CPU (des)'!B:I,8,FALSE)","v":14.27},0.30260494954802231,18.588172630050277,72.688717745939783,74.352690520201108]
[null,"3.6.8.1.13","Composição Sinapi",93657,"DISJUNTOR MONOPOLAR TIPO DIN, CORRENTE NOMINAL DE 32A - FORNECIMENTO E INSTALAÇÃO. AF_10/2020","UN",2,{"$f":"VLOOKUP(D1031,'CPU (sem des)'!B:I,8,FALSE)","v":16.21},0.23957567779569877,20.093521737068279,{"$f":"VLOOKUP(D1031,'CPU (des)'!B:I,8,FALSE)","v":15.68},0.30260494954802231,20.424845608912989,40.187043474136559,40.849691217825978]
[null,"3.6.8.1.14","Composição Sinapi",91981,"INTERRUPTOR BIPOLAR (1 MÓDULO), 10A/250V, INCLUINDO SUPORTE E PLACA - FORNECIMENTO E INSTALAÇÃO. AF_09/2017","UN",2,{"$f":"VLOOKUP(D1032,'CPU (sem des)'!B:I,8,FALSE)","v":50.78},0.23957567779569877,62.945652918465584,{"$f":"VLOOKUP(D1032,'CPU (des)'!B:I,8,FALSE)","v":47.69},0.30260494954802231,62.121230043945182,125.89130583693117,124.24246008789036]
[null,"3.6.8.1.15","Composição Sinapi",97667,"ELETRODUTO FLEXÍVEL CORRUGADO, PEAD, DN 50 (1 1/2\"), PARA REDE ENTERRADA DE DISTRIBUIÇÃO DE ENERGIA ELÉTRICA - FORNECIMENTO E INSTALAÇÃO. AF_12/2021","M",285,{"$f":"VLOOKUP(D1033,'CPU (sem des)'!B:I,8,FALSE)","v":7.87},0.23957567779569877,9.75546058425215,{"$f":"VLOOKUP(D1033,'CPU (des)'!B:I,8,FALSE)","v":7.47},0.30260494954802231,9.7304589731237261,2780.3062665118628,2773.1808073402622]
[null,"3.6.8.1.16","Composição Sinapi",91835,"ELETRODUTO FLEXÍVEL CORRUGADO REFORÇADO, PVC, DN 25 MM (3/4\"), PARA CIRCUITOS TERMINAIS, INSTALADO EM FORRO - FORNECIMENTO E INSTALAÇÃO. AF_12/2015","M",110,{"$f":"VLOOKUP(D1034,'CPU (sem des)'!B:I,8,FALSE)","v":12.79},0.23957567779569877,15.854172919006986,{"$f":"VLOOKUP(D1034,'CPU (des)'!B:I,8,FALSE)","v":12.05},0.30260494954802231,15.696389642053671,1743.9590210907684,1726.6028606259038]
[null,"3.6.8.1.17","Insumo Sinapi",39805,"QUADRO DE DISTRIBUICAO, EM PVC, DE EMBUTIR, COM BARRAMENTO TERRA / NEUTRO, PARA 12 DISJUNTORES NEMA OU 16 DISJUNTORES DIN","UN",2,{"$f":"VLOOKUP(D1035,'Insumo SINAPI (sem des.)'!A:E,5,FALSE)","v":138.62},{"$f":"$N$5","v":0.14692012195121973},158.98606730487808,{"$f":"VLOOKUP(D1035,'Insumos SINAPI (des)'!A:E,5,FALSE)","v":138.62},{"$f":"$O$5","v":0.20311109145345707},166.77525949727823,317.97213460975615,333.55051899455646]
[null,"3.6.8.1.18","Composição Orse",12021,"Luminária de embutir aberta para lâmpada fluorescente ou tubo led 2 x 18/20 w (tecnolux ref.fle-8157/232 ou similar), completa,  com lampada tubo led","UN",32,{"$f":"VLOOKUP(D1036,'CPU (sem des)'!B:I,8,FALSE)","v":182.24},{"$f":"$N$4","v":0.23957567779569877},225.90027152148815,{"$f":"VLOOKUP(D1036,'CPU (des)'!B:I,8,FALSE)","v":177.38},{"$f":"$O$4","v":0.30260494954802231},231.05606595082818,7228.8086886876208,7393.7941104265019]
[null,"3.6.8.2","CABEAMENTO",null,null,null,1,{"$nulls":6},{"$f":"SUM(N1038:N1047)","v":5381.489011340308},{"$f":"SUM(O1038:O1047)","v":5381.6639353868222}]
[null,"3.6.8.2.1","Insumo Sinapi",38083,"TOMADA RJ45, 8 FIOS, CAT 5E, CONJUNTO MONTADO PARA EMBUTIR 4\" X 2\" (PLACA + SUPORTE + MODULO)","UN",14,{"$f":"VLOOKUP(D1038,'Insumo SINAPI (sem des.)'!A:E,5,FALSE)","v":40.020000000000003},{"$f":"$N$5","v":0.14692012195121973},{"$f":"H1038*(1+I1038)","v":45.899743280487819},{"$f":"VLOOKUP(D1038,'Insumos SINAPI (des)'!A:E,5,FALSE)","v":40.020000000000003},{"$f":"$O$5","v":0.20311109145345707},{"$f":"K1038*(1+L1038)","v":48.148505879967352},{"$f":"J1038*G1038","v":642.59640592682945},{"$f":"M1038*G1038","v":674.07908231954298}]
[null,"3.6.8.2.2","Composição Orse",766,"Ponto de dado e voz, inclusive caixa 3\" x 3\" sistema \"x\"","UN",2,{"$f":"VLOOKUP(D1039,'CPU (sem des)'!B:I,8,FALSE)","v":50.24},{"$f":"$N$4","v":0.23957567779569877},62.276282052455912,{"$f":"VLOOKUP(D1039,'CPU (des)'!B:I,8,FALSE)","v":48.3},{"$f":"$O$4","v":0.30260494954802231},62.915819063169472,124.55256410491182,125.83163812633894]
[null,"3.6.8.2.3","Composição Sinapi",91940,"CAIXA RETANGULAR 4\" X 2\" MÉDIA (1,30 M DO PISO), PVC, INSTALADA EM PAREDE - FORNECIMENTO E INSTALAÇÃO. AF_12/2015","UN",2,{"$f":"VLOOKUP(D1040,'CPU (sem des)'!B:I,8,FALSE)","v":17.5},0.23957567779569877,21.692574361424729,{"$f":"VLOOKUP(D1040,'CPU (des)'!B:I,8,FALSE)","v":15.79},0.30260494954802231,20.568132153363273,43.385148722849458,41.136264306726545]
[null,"3.6.8.2.4","Composição Orse",7138,"Fornecimento e lançamento de cabo utp 4 pares cat 6","M",145,{"$f":"VLOOKUP(D1041,'CPU (sem des)'!B:I,8,FALSE)","v":12.4},0.23957567779569877,15.370738404666666,{"$f":"VLOOKUP(D1041,'CPU (des)'!B:I,8,FALSE)","v":11.72},0.30260494954802231,15.266530008702823,2228.7570686766667,2213.6468512619094]
[null,"3.6.8.2.5","Composição Orse",12937,"Tomada dupla para lógica no piso, metal, RJ45","UN",4,{"$f":"VLOOKUP(D1042,'CPU (sem des)'!B:I,8,FALSE)","v":65.58},0.23957567779569877,81.291372949841929,{"$f":"VLOOKUP(D1042,'CPU (des)'!B:I,8,FALSE)","v":62.18},0.30260494954802231,80.995975762896023,325.16549179936771,323.98390305158409]
[null,"3.6.8.2.6","Composição Orse",11418,"Tomada para lógica, rj45, com placa","UN",10,{"$f":"VLOOKUP(D1043,'CPU (sem des)'!B:I,8,FALSE)","v":35.36},0.23957567779569877,43.831395966855908,{"$f":"VLOOKUP(D1043,'CPU (des)'!B:I,8,FALSE)","v":34.39},0.30260494954802231,44.796584214956489,438.31395966855905,447.96584214956488]
[null,"3.6.8.2.7","Composição Sinapi",91834,"ELETRODUTO FLEXÍVEL CORRUGADO, PVC, DN 25 MM (3/4\"), PARA CIRCUITOS TERMINAIS, INSTALADO EM FORRO - FORNECIMENTO E INSTALAÇÃO. AF_12/2015","M",75,{"$f":"VLOOKUP(D1044,'CPU (sem des)'!B:I,8,FALSE)","v":11.11},0.23957567779569877,13.771685780310213,{"$f":"VLOOKUP(D1044,'CPU (des)'!B:I,8,FALSE)","v":10.37},0.30260494954802231,13.508013326812991,1032.8764335232659,1013.1009995109744]
[null,"3.6.8.2.8","Composição Sinapi",91836,"ELETRODUTO FLEXÍVEL CORRUGADO, PVC, DN 32 MM (1\"), PARA CIRCUITOS TERMINAIS, INSTALADO EM FORRO - FORNECIMENTO E INSTALAÇÃO. AF_12/2015","M",23,{"$f":"VLOOKUP(D1045,'CPU (sem des)'!B:I,8,FALSE)","v":14.07},0.23957567779569877,17.440829786585482,{"$f":"VLOOKUP(D1045,'CPU (des)'!B:I,8,FALSE)","v":13.24},0.30260494954802231,17.246489532015815,401.13908509146609,396.66925923636376]
[null,"3.6.8.2.9","Composição Sinapi",100560,"QUADRO DE DISTRIBUIÇÃO PARA TELEFONE N.2, 20X20X12CM EM CHAPA METALICA, DE EMBUTIR, SEM ACESSORIOS, PADRÃO TELEBRAS, FORNECIMENTO E INSTALAÇÃO. AF_11/2019","UN",1,{"$f":"VLOOKUP(D1046,'CPU (sem des)'!B:I,8,FALSE)","v":111.98},0.23957567779569877,138.80768439956236,{"$f":"VLOOKUP(D1046,'CPU (des)'!B:I,8,FALSE)","v":106.76},0.30260494954802231,139.06610441374687,138.80768439956236,139.06610441374687]
[null,"3.6.8.2.10","Insumo Sinapi",38092,"ESPELHO / PLACA DE 1 POSTO 4\" X 2\", PARA INSTALACAO DE TOMADAS E INTERRUPTORES","UN",2,{"$f":"VLOOKUP(D1047,'Insumo SINAPI (sem des.)'!A:E,5,FALSE)","v":2.57},{"$f":"$N$5","v":0.14692012195121973},2.9475847134146345,{"$f":"VLOOKUP(D1047,'Insumos SINAPI (des)'!A:E,5,FALSE)","v":2.57},{"$f":"$O$5","v":0.20311109145345707},3.0919955050353845,5.8951694268292689,6.1839910100707689]
[null,"3.6.9","PROJETO HIDRÁULICO",null,null,null,1]
[null,"3.6.9.1","ALIMENTAÇÃO",null,null,null,1,{"$nulls":6},{"$f":"SUM(N1050:N1055)","v":457.20357696684232},{"$f":"SUM(O1050:O1055)","v":459.84750982989999}]
[null,"3.6.9.1.1","Insumo Sinapi",1402,"COLAR TOMADA PVC, COM TRAVAS, SAIDA COM ROSCA, DE 32 MM X 1/2\" OU 32 MM X 3/4\", PARA LIGACAO PREDIAL DE AGUA","UN",1,{"$f":"VLOOKUP(D1050,'Insumo SINAPI (sem des.)'!A:E,5,FALSE)","v":5.42},{"$f":"$N$5","v":0.14692012195121973},{"$f":"H1050*(1+I1050)","v":6.2163070609756108},{"$f":"VLOOKUP(D1050,'Insumos SINAPI (des)'!A:E,5,FALSE)","v":5.42},{"$f":"$O$5","v":0.20311109145345707},{"$f":"K1050*(1+L1050)","v":6.5208621156777369},{"$f":"J1050*G1050","v":6.2163070609756108},{"$f":"M1050*G1050","v":6.5208621156777369}]
[null,"3.6.9.1.2","Composição Sinapi",104056,"REGISTRO ESFERA, PVC, COM ROSCA, 1/2\", PARA LIGAÇÃO PREDIAL DE ÁGUA. AF_06/2022","UN",1,{"$f":"VLOOKUP(D1051,'CPU (sem des)'!B:I,8,FALSE)","v":21.91},{"$f":"$N$4","v":0.23957567779569877},27.15910310050376,{"$f":"VLOOKUP(D1051,'CPU (des)'!B:I,8,FALSE)","v":21.47},{"$f":"$O$4","v":0.30260494954802231},27.966928266796039,27.15910310050376,27.966928266796039]
[null,"3.6.9.1.3","Insumo Sinapi",111,"ADAPTADOR PVC SOLDAVEL CURTO COM BOLSA E ROSCA, 50 MM X 1 1/4\", PARA AGUA FRIA","UN",1,{"$f":"VLOOKUP(D1052,'Insumo SINAPI (sem des.)'!A:E,5,FALSE)","v":8.7799999999999994},{"$f":"$N$5","v":0.14692012195121973},10.069958670731708,{"$f":"VLOOKUP(D1052,'Insumos SINAPI (des)'!A:E,5,FALSE)","v":8.7799999999999994},{"$f":"$O$5","v":0.20311109145345707},10.563315382961353,10.069958670731708,10.563315382961353]
[null,"3.6.9.1.4","Composição Sinapi",89401,"TUBO, PVC, SOLDÁVEL, DN 20MM, INSTALADO EM RAMAL DE DISTRIBUIÇÃO DE ÁGUA - FORNECIMENTO E INSTALAÇÃO. AF_06/2022","M",11.85,{"$f":"VLOOKUP(D1053,'CPU (sem des)'!B:I,8,FALSE)","v":9.73},{"$f":"$N$4","v":0.23957567779569877},12.061071344952149,{"$f":"VLOOKUP(D1053,'CPU (des)'!B:I,8,FALSE)","v":9.0500000000000007},{"$f":"$O$4","v":0.30260494954802231},11.788574793409603,142.92369543768297,139.69461130190379]
[null,"3.6.9.1.5","Insumo Sinapi",7139,"TE SOLDAVEL, PVC, 90 GRAUS, 25 MM, PARA AGUA FRIA PREDIAL (NBR 5648)","UN",3,{"$f":"VLOOKUP(D1054,'Insumo SINAPI (sem des.)'!A:E,5,FALSE)","v":1.25},{"$f":"$N$5","v":0.14692012195121973},1.4336501524390246,{"$f":"VLOOKUP(D1054,'Insumos SINAPI (des)'!A:E,5,FALSE)","v":1.25},{"$f":"$O$5","v":0.20311109145345707},1.5038888643168213,4.3009504573170734,4.5116665929504638]
[null,"3.6.9.1.6","Composição Sinapi",95634,"KIT CAVALETE PARA MEDIÇÃO DE ÁGUA - ENTRADA PRINCIPAL, EM PVC SOLDÁVEL DN 20 (1/2\")   FORNECIMENTO E INSTALAÇÃO (EXCLUSIVE HIDRÔMETRO). AF_11/2016","UN",1,{"$f":"VLOOKUP(D1055,'CPU (sem des)'!B:I,8,FALSE)","v":215.02},{"$f":"$N$4","v":0.23957567779569877},266.53356223963118,{"$f":"VLOOKUP(D1055,'CPU (des)'!B:I,8,FALSE)","v":207.73},{"$f":"$O$4","v":0.30260494954802231},270.59012616961064,266.53356223963118,270.59012616961064]
[null,"3.6.9.2","ÁGUA FRIA ",null,null,null,1,{"$nulls":6},{"$f":"SUM(N1057:N1072)","v":20367.320339690097},{"$f":"SUM(O1057:O1072)","v":21026.500794242391}]
[null,"3.6.9.2.1","Composição Sinapi",100858,"MICTÓRIO SIFONADO LOUÇA BRANCA - PADRÃO MÉDIO - FORNECIMENTO E INSTALAÇÃO. AF_01/2020","UN",3,{"$f":"VLOOKUP(D1057,'CPU (sem des)'!B:I,8,FALSE)","v":678.97},{"$f":"$N$4","v":0.23957567779569877},{"$f":"H1057*(1+I1057)","v":841.63469795294566},{"$f":"VLOOKUP(D1057,'CPU (des)'!B:I,8,FALSE)","v":675.56},{"$f":"$O$4","v":0.30260494954802231},{"$f":"K1057*(1+L1057)","v":879.98779971666193},{"$f":"J1057*G1057","v":2524.9040938588369},{"$f":"M1057*G1057","v":2639.9633991499859}]
[null,"3.6.9.2.2","Composição Sinapi",86906,"TORNEIRA CROMADA DE MESA, 1/2\" OU 3/4\", PARA LAVATÓRIO, PADRÃO POPULAR - FORNECIMENTO E INSTALAÇÃO. AF_01/2020","UN",8,{"$f":"VLOOKUP(D1058,'CPU (sem des)'!B:I,8,FALSE)","v":113.57},{"$f":"$N$4","v":0.23957567779569877},140.7786097272575,{"$f":"VLOOKUP(D1058,'CPU (des)'!B:I,8,FALSE)","v":113.25},{"$f":"$O$4","v":0.30260494954802231},147.52001053631352,1126.22887781806,1180.1600842905082]
[null,"3.6.9.2.3","Composição Sinapi",100878,"VASO SANITÁRIO SIFONADO COM CAIXA ACOPLADA, LOUÇA BRANCA - PADRÃO ALTO - FORNECIMENTO E INSTALAÇÃO. AF_01/2020","UN",5,{"$f":"VLOOKUP(D1059,'CPU (sem des)'!B:I,8,FALSE)","v":610.77},{"$f":"$N$4","v":0.23957567779569877},757.09563672727893,{"$f":"VLOOKUP(D1059,'CPU (des)'!B:I,8,FALSE)","v":605.98},{"$f":"$O$4","v":0.30260494954802231},789.35254732711053,3785.4781836363945,3946.7627366355528]
[null,"3.6.9.2.4","Composição Sinapi",89353,"REGISTRO DE GAVETA BRUTO, LATÃO, ROSCÁVEL, 3/4\" - FORNECIMENTO E INSTALAÇÃO. AF_08/2021","UN",5,{"$f":"VLOOKUP(D1060,'CPU (sem des)'!B:I,8,FALSE)","v":42.81},{"$f":"$N$4","v":0.23957567779569877},53.066234766433865,{"$f":"VLOOKUP(D1060,'CPU (des)'!B:I,8,FALSE)","v":42.26},{"$f":"$O$4","v":0.30260494954802231},55.048085167899423,265.33117383216933,275.24042583949711]
[null,"3.6.9.2.5","Insumo Sinapi",11683,"ENGATE / RABICHO FLEXIVEL INOX 1/2 \" X 30 CM","UN",5,{"$f":"VLOOKUP(D1061,'Insumo SINAPI (sem des.)'!A:E,5,FALSE)","v":62.54},{"$f":"$N$5","v":0.14692012195121973},71.72838442682928,{"$f":"VLOOKUP(D1061,'Insumos SINAPI (des)'!A:E,5,FALSE)","v":62.54},{"$f":"$O$5","v":0.20311109145345707},75.242567659499201,358.6419221341464,376.21283829749598]
[null,"3.6.9.2.6","Insumo Sinapi",6141,"ENGATE/RABICHO FLEXIVEL PLASTICO (PVC OU ABS) BRANCO 1/2 \" X 30 CM","UN",8,{"$f":"VLOOKUP(D1062,'Insumo SINAPI (sem des.)'!A:E,5,FALSE)","v":5.99},{"$f":"$N$5","v":0.14692012195121973},6.8700515304878067,{"$f":"VLOOKUP(D1062,'Insumos SINAPI (des)'!A:E,5,FALSE)","v":5.99},{"$f":"$O$5","v":0.20311109145345707},7.2066354378062085,54.960412243902454,57.653083502449668]
[null,"3.6.9.2.7","Composição Sinapi",89383,"ADAPTADOR CURTO COM BOLSA E ROSCA PARA REGISTRO, PVC, SOLDÁVEL, DN 25MM X 3/4 , INSTALADO EM RAMAL OU SUB-RAMAL DE ÁGUA - FORNECIMENTO E INSTALAÇÃO. AF_06/2022","UN",10,{"$f":"VLOOKUP(D1063,'CPU (sem des)'!B:I,8,FALSE)","v":5.72},{"$f":"$N$4","v":0.23957567779569877},7.0903728769913963,{"$f":"VLOOKUP(D1063,'CPU (des)'!B:I,8,FALSE)","v":5.25},{"$f":"$O$4","v":0.30260494954802231},6.8386759851271171,70.903728769913968,68.386759851271165]
[null,"3.6.9.2.8","Composição Sinapi",89355,"TUBO, PVC, SOLDÁVEL, DN 20MM, INSTALADO EM RAMAL OU SUB-RAMAL DE ÁGUA - FORNECIMENTO E INSTALAÇÃO. AF_06/2022","M",4.1399999999999997,{"$f":"VLOOKUP(D1064,'CPU (sem des)'!B:I,8,FALSE)","v":17.739999999999998},0.23957567779569877,21.990072524095694,{"$f":"VLOOKUP(D1064,'CPU (des)'!B:I,8,FALSE)","v":16.11},0.30260494954802231,20.984965737218637,91.038900249756168,86.87775815208515]
[null,"3.6.9.2.9","Composição Sinapi",89356,"TUBO, PVC, SOLDÁVEL, DN 25MM, INSTALADO EM RAMAL OU SUB-RAMAL DE ÁGUA - FORNECIMENTO E INSTALAÇÃO. AF_06/2022","M",34.770000000000003,{"$f":"VLOOKUP(D1065,'CPU (sem des)'!B:I,8,FALSE)","v":20.440000000000001},0.23957567779569877,25.336926854144085,{"$f":"VLOOKUP(D1065,'CPU (des)'!B:I,8,FALSE)","v":18.559999999999999},0.30260494954802231,24.176347863611291,880.96494671858989,840.61161521776467]
[null,"3.6.9.2.10","Composição Sinapi",89440,"TE, PVC, SOLDÁVEL, DN 25MM, INSTALADO EM RAMAL DE DISTRIBUIÇÃO DE ÁGUA - FORNECIMENTO E INSTALAÇÃO. AF_06/2022","UN",38,{"$f":"VLOOKUP(D1066,'CPU (sem des)'!B:I,8,FALSE)","v":10.29},0.23957567779569877,12.755233724517739,{"$f":"VLOOKUP(D1066,'CPU (des)'!B:I,8,FALSE)","v":9.4},0.30260494954802231,12.244486525751411,484.69888153167409,465.29048797855359]
[null,"3.6.9.2.11","Composição Sinapi",89481,"JOELHO 90 GRAUS, PVC, SOLDÁVEL, DN 25MM, INSTALADO EM PRUMADA DE ÁGUA - FORNECIMENTO E INSTALAÇÃO. AF_06/2022","UN",4,{"$f":"VLOOKUP(D1067,'CPU (sem des)'!B:I,8,FALSE)","v":4.6500000000000004},0.23957567779569877,5.7640269017499994,{"$f":"VLOOKUP(D1067,'CPU (des)'!B:I,8,FALSE)","v":4.3},0.30260494954802231,5.6012012830564961,23.056107606999998,22.404805132225984]
[null,"3.6.9.2.12","Composição Sinapi",86895,"BANCADA DE GRANITO CINZA POLIDO, DE 0,50 X 0,60 M, PARA LAVATÓRIO - FORNECIMENTO E INSTALAÇÃO. AF_01/2020","UN",8,{"$f":"VLOOKUP(D1068,'CPU (sem des)'!B:I,8,FALSE)","v":417.56},0.23957567779569877,517.59722002037199,{"$f":"VLOOKUP(D1068,'CPU (des)'!B:I,8,FALSE)","v":410.06},0.30260494954802231,534.14618561166208,4140.7777601629759,4273.1694848932966]
[null,"3.6.9.2.13","Composição Sinapi",86901,"CUBA DE EMBUTIR OVAL EM LOUÇA BRANCA, 35 X 50CM OU EQUIVALENTE - FORNECIMENTO E INSTALAÇÃO. AF_01/2020","UN",8,{"$f":"VLOOKUP(D1069,'CPU (sem des)'!B:I,8,FALSE)","v":143.77000000000001},0.23957567779569877,178.21379519668761,{"$f":"VLOOKUP(D1069,'CPU (des)'!B:I,8,FALSE)","v":140.79},0.30260494954802231,183.39375084686606,1425.7103615735009,1467.1500067749284]
[null,"3.6.9.2.14","Composição Sinapi",95546,"KIT DE ACESSORIOS PARA BANHEIRO EM METAL CROMADO, 5 PECAS, INCLUSO FIXAÇÃO. AF_01/2020","UN",8,{"$f":"VLOOKUP(D1070,'CPU (sem des)'!B:I,8,FALSE)","v":183.88},0.23957567779569877,227.93317563307309,{"$f":"VLOOKUP(D1070,'CPU (des)'!B:I,8,FALSE)","v":177.49},0.30260494954802231,231.1993524952785,1823.4654050645847,1849.594819962228]
[null,"3.6.9.2.15","Composição Orse",2078,"Espelho cristal redondo, diam=40cm, com moldura","UN",8,{"$f":"VLOOKUP(D1071,'CPU (sem des)'!B:I,8,FALSE)","v":197.9},0.23957567779569877,245.3120266357688,{"$f":"VLOOKUP(D1071,'CPU (des)'!B:I,8,FALSE)","v":197.9},0.30260494954802231,257.78551951555363,1962.4962130861504,2062.284156124429]
[null,"3.6.9.2.16","Insumo Orse",462,"Caixa d'agua fibra vidro  3.000 litros - Fortlev-Torres (ou similar)","UN",1,{"$f":"VLOOKUP(D1072,'Insumos ORSE (sem des)'!B:G,6,FALSE)","v":1175.9000000000001},{"$f":"$N$5","v":0.14692012195121973},1348.6633714024395,{"$f":"VLOOKUP(D1072,'Insumos ORSE (des)'!B:G,6,FALSE)","v":1175.9000000000001},{"$f":"$O$5","v":0.20311109145345707},1414.7383324401203,1348.6633714024395,1414.7383324401203]
[null,"3.6.9.3","ESGOTO",null,null,null,1,{"$nulls":6},{"$f":"SUM(N1074:N1084)","v":6515.0783445275347},{"$f":"SUM(O1074:O1084)","v":6543.2471247417598}]
[null,"3.6.9.3.1","Composição Sinapi",97907,"CAIXA ENTERRADA HIDRÁULICA RETANGULAR, EM ALVENARIA COM BLOCOS DE CONCRETO, DIMENSÕES INTERNAS: 0,8X0,8X0,6 M PARA REDE DE ESGOTO. AF_12/2020","UN",3,{"$f":"VLOOKUP(D1074,'CPU (sem des)'!B:I,8,FALSE)","v":632.37},{"$f":"$N$4","v":0.23957567779569877},{"$f":"H1074*(1+I1074)","v":783.87047136766603},{"$f":"VLOOKUP(D1074,'CPU (des)'!B:I,8,FALSE)","v":598.83000000000004},{"$f":"$O$4","v":0.30260494954802231},{"$f":"K1074*(1+L1074)","v":780.03892193784225},{"$f":"J1074*G1074","v":2351.611414102998},{"$f":"M1074*G1074","v":2340.1167658135269}]
[null,"3.6.9.3.2","Composição Sinapi",104329,"CAIXA SIFONADA, COM GRELHA REDONDA, PVC, DN 150 X 150 X 50 MM, JUNTA SOLDÁVEL, FORNECIDA E INSTALADA EM RAMAL DE DESCARGA OU EM RAMAL DE ESGOTO SANITÁRIO. AF_08/2022","UN",4,{"$f":"VLOOKUP(D1075,'CPU (sem des)'!B:I,8,FALSE)","v":81.19},{"$f":"$N$4","v":0.23957567779569877},100.64114928023278,{"$f":"VLOOKUP(D1075,'CPU (des)'!B:I,8,FALSE)","v":79.08},{"$f":"$O$4","v":0.30260494954802231},103.00999941025761,402.56459712093113,412.03999764103042]
[null,"3.6.9.3.3","Insumo Sinapi",6149,"SIFAO PLASTICO TIPO COPO PARA PIA OU LAVATORIO, 1 X 1.1/2 \"","UN",10,{"$f":"VLOOKUP(D1076,'Insumo SINAPI (sem des.)'!A:E,5,FALSE)","v":13.24},{"$f":"$N$5","v":0.14692012195121973},15.185222414634149,{"$f":"VLOOKUP(D1076,'Insumos SINAPI (des)'!A:E,5,FALSE)","v":13.24},{"$f":"$O$5","v":0.20311109145345707},15.929190850843773,151.85222414634148,159.29190850843773]
[null,"3.6.9.3.4","Composição Sinapi",86877,"VÁLVULA EM METAL CROMADO 1.1/2\" X 1.1/2\" PARA TANQUE OU LAVATÓRIO, COM OU SEM LADRÃO - FORNECIMENTO E INSTALAÇÃO. AF_01/2020","UN",10,{"$f":"VLOOKUP(D1077,'CPU (sem des)'!B:I,8,FALSE)","v":90.87},{"$f":"$N$4","v":0.23957567779569877},112.64024184129515,{"$f":"VLOOKUP(D1077,'CPU (des)'!B:I,8,FALSE)","v":90.29},{"$f":"$O$4","v":0.30260494954802231},117.61220089469094,1126.4024184129514,1176.1220089469093]
[null,"3.6.9.3.5","Insumo Sinapi",44945,"SIFAO / TUBO SINFONADO EXTENSIVEL/SANFONADO, UNIVERSAL/ SIMPLES, ENTRE *50 A 70* CM, DE PLASTICO BRANCO","UN",3,{"$f":"VLOOKUP(D1078,'Insumo SINAPI (sem des.)'!A:E,5,FALSE)","v":9.9},{"$f":"$N$5","v":0.14692012195121973},11.354509207317076,{"$f":"VLOOKUP(D1078,'Insumos SINAPI (des)'!A:E,5,FALSE)","v":9.9},{"$f":"$O$5","v":0.20311109145345707},11.910799805389225,34.063527621951224,35.732399416167674]
[null,"3.6.9.3.6","Composição Sinapi",89731,"JOELHO 90 GRAUS, PVC, SERIE NORMAL, ESGOTO PREDIAL, DN 50 MM, JUNTA ELÁSTICA, FORNECIDO E INSTALADO EM RAMAL DE DESCARGA OU RAMAL DE ESGOTO SANITÁRIO. AF_08/2022","UN",6,{"$f":"VLOOKUP(D1079,'CPU (sem des)'!B:I,8,FALSE)","v":15.67},{"$f":"$N$4","v":0.23957567779569877},19.4241508710586,{"$f":"VLOOKUP(D1079,'CPU (des)'!B:I,8,FALSE)","v":14.97},{"$f":"$O$4","v":0.30260494954802231},19.499996094733895,116.5449052263516,116.99997656840337]
[null,"3.6.9.3.7","Composição Sinapi",89545,"LUVA SIMPLES, PVC, SERIE R, ÁGUA PLUVIAL, DN 50 MM, JUNTA ELÁSTICA, FORNECIDO E INSTALADO EM RAMAL DE ENCAMINHAMENTO. AF_06/2022","UN",12,{"$f":"VLOOKUP(D1080,'CPU (sem des)'!B:I,8,FALSE)","v":17.86},0.23957567779569877,22.138821605431179,{"$f":"VLOOKUP(D1080,'CPU (des)'!B:I,8,FALSE)","v":17.66},0.30260494954802231,23.004003409018075,265.66585926517416,276.04804090821688]
[null,"3.6.9.3.8","Composição Sinapi",89714,"TUBO PVC, SERIE NORMAL, ESGOTO PREDIAL, DN 100 MM, FORNECIDO E INSTALADO EM RAMAL DE DESCARGA OU RAMAL DE ESGOTO SANITÁRIO. AF_08/2022","M",26.54,{"$f":"VLOOKUP(D1081,'CPU (sem des)'!B:I,8,FALSE)","v":35.1},0.23957567779569877,43.509106290629028,{"$f":"VLOOKUP(D1081,'CPU (des)'!B:I,8,FALSE)","v":32.909999999999997},0.30260494954802231,42.868728889625409,1154.7316809532942,1137.7360647306584]
[null,"3.6.9.3.9","Composição Sinapi",89713,"TUBO PVC, SERIE NORMAL, ESGOTO PREDIAL, DN 75 MM, FORNECIDO E INSTALADO EM RAMAL DE DESCARGA OU RAMAL DE ESGOTO SANITÁRIO. AF_08/2022","M",4.5199999999999996,{"$f":"VLOOKUP(D1082,'CPU (sem des)'!B:I,8,FALSE)","v":31.61},0.23957567779569877,39.182987175122037,{"$f":"VLOOKUP(D1082,'CPU (des)'!B:I,8,FALSE)","v":29.72},0.30260494954802231,38.713419100567222,177.10710203155159,174.98465433456383]
[null,"3.6.9.3.10","Composição Sinapi",89712,"TUBO PVC, SERIE NORMAL, ESGOTO PREDIAL, DN 50 MM, FORNECIDO E INSTALADO EM RAMAL DE DESCARGA OU RAMAL DE ESGOTO SANITÁRIO. AF_08/2022","M",0.78,{"$f":"VLOOKUP(D1083,'CPU (sem des)'!B:I,8,FALSE)","v":25.23},0.23957567779569877,31.274494350785481,{"$f":"VLOOKUP(D1083,'CPU (des)'!B:I,8,FALSE)","v":23.65},0.30260494954802231,30.806607056810726,24.394105593612675,24.029153504312369]
[null,"3.6.9.3.11","Composição Sinapi",89711,"TUBO PVC, SERIE NORMAL, ESGOTO PREDIAL, DN 40 MM, FORNECIDO E INSTALADO EM RAMAL DE DESCARGA OU RAMAL DE ESGOTO SANITÁRIO. AF_08/2022","M",29.5,{"$f":"VLOOKUP(D1084,'CPU (sem des)'!B:I,8,FALSE)","v":19.420000000000002},0.23957567779569877,24.072559662792472,{"$f":"VLOOKUP(D1084,'CPU (des)'!B:I,8,FALSE)","v":17.96},0.30260494954802231,23.394784893882481,710.14051005237786,690.14615436953318]
[null,"3.6.9.4","PLUVIAL ",null,null,null,1,{"$nulls":6},{"$f":"SUM(N1086:N1088)","v":3171.4209030969951},{"$f":"SUM(O1086:O1088)","v":3237.0462455040106}]
[null,"3.6.9.4.1","Composição Sinapi",97978,"BASE PARA POÇO DE VISITA CIRCULAR PARA ESGOTO, EM CONCRETO PRÉ-MOLDADO, DIÂMETRO INTERNO = 0,80 M, PROFUNDIDADE = 1,35 M, EXCLUINDO TAMPÃO. AF_12/2020_PA","UN",1,{"$f":"VLOOKUP(D1086,'CPU (sem des)'!B:I,8,FALSE)","v":1042.06},{"$f":"$N$4","v":0.23957567779569877},{"$f":"H1086*(1+I1086)","v":1291.7122308037858},{"$f":"VLOOKUP(D1086,'CPU (des)'!B:I,8,FALSE)","v":1016.27},{"$f":"$O$4","v":0.30260494954802231},{"$f":"K1086*(1+L1086)","v":1323.7983320771687},{"$f":"J1086*G1086","v":1291.7122308037858},{"$f":"M1086*G1086","v":1323.7983320771687}]
[null,"3.6.9.4.2","Composição Sinapi",98409,"ACRÉSCIMO PARA POÇO DE VISITA CIRCULAR PARA ESGOTO, EM CONCRETO PRÉ-MOLDADO, DIÂMETRO INTERNO = 0,8 M. AF_12/2020","M",1,{"$f":"VLOOKUP(D1087,'CPU (sem des)'!B:I,8,FALSE)","v":367.23},{"$f":"$N$4","v":0.23957567779569877},{"$f":"H1087*(1+I1087)","v":455.20937615691446},{"$f":"VLOOKUP(D1087,'CPU (des)'!B:I,8,FALSE)","v":364.06},{"$f":"$O$4","v":0.30260494954802231},{"$f":"K1087*(1+L1087)","v":474.22635793245303},{"$f":"J1087*G1087","v":455.20937615691446},474.22635793245303]
[null,"3.6.9.4.3","Composição Sinapi",89511,"TUBO PVC, SÉRIE R, ÁGUA PLUVIAL, DN 75 MM, FORNECIDO E INSTALADO EM RAMAL DE ENCAMINHAMENTO. AF_06/2022","M",30.45,{"$f":"VLOOKUP(D1088,'CPU (sem des)'!B:I,8,FALSE)","v":37.74},{"$f":"$N$4","v":0.23957567779569877},{"$f":"H1088*(1+I1088)","v":46.781586080009674},{"$f":"VLOOKUP(D1088,'CPU (des)'!B:I,8,FALSE)","v":36.28},{"$f":"$O$4","v":0.30260494954802231},{"$f":"K1088*(1+L1088)","v":47.258507569602251},{"$f":"J1088*G1088","v":1424.4992961362946},1439.0215554943886]
[null,"3.6.10","PINTURA ",null,null,null,1,{"$nulls":6},{"$f":"SUM(N1090:N1091)","v":7088.2745232840243},{"$f":"SUM(O1090:O1091)","v":7088.5802236559248}]
[null,"3.6.10.1","Composição Sinapi",88415,"APLICAÇÃO MANUAL DE FUNDO SELADOR ACRÍLICO EM PAREDES EXTERNAS DE CASAS. AF_06/2014","M2",363.76,{"$f":"VLOOKUP(D1090,'CPU (sem des)'!B:I,8,FALSE)","v":2.5},{"$f":"$N$4","v":0.23957567779569877},{"$f":"H1090*(1+I1090)","v":3.098939194489247},{"$f":"VLOOKUP(D1090,'CPU (des)'!B:I,8,FALSE)","v":2.3199999999999998},{"$f":"$O$4","v":0.30260494954802231},{"$f":"K1090*(1+L1090)","v":3.0220434829514113},{"$f":"J1090*G1090","v":1127.2701213874084},{"$f":"M1090*G1090","v":1099.2985373584054}]
[null,"3.6.10.2","Composição Sinapi",88423,"APLICAÇÃO MANUAL DE PINTURA COM TINTA TEXTURIZADA ACRÍLICA EM PAREDES EXTERNAS DE CASAS, UMA COR. AF_06/2014","M2",363.76,{"$f":"VLOOKUP(D1091,'CPU (sem des)'!B:I,8,FALSE)","v":13.22},{"$f":"$N$4","v":0.23957567779569877},{"$f":"H1091*(1+I1091)","v":16.387190460459138},{"$f":"VLOOKUP(D1091,'CPU (des)'!B:I,8,FALSE)","v":12.64},{"$f":"$O$4","v":0.30260494954802231},{"$f":"K1091*(1+L1091)","v":16.464926562287001},{"$f":"J1091*G1091","v":5961.0044018966155},5989.2816862975196]
[null,"3.6.11","SERVIÇOS COMPLEMENTARES ",null,null,null,1,{"$nulls":6},{"$f":"SUM(N1093)","v":640.86062542037632},{"$f":"SUM(O1093)","v":618.9978720252202}]
[null,"3.6.11.1","Composição Orse",2450,"Limpeza geral","M2",220,{"$f":"VLOOKUP(D1093,'CPU (sem des)'!B:I,8,FALSE)","v":2.35},{"$f":"$N$4","v":0.23957567779569877},{"$f":"H1093*(1+I1093)","v":2.9130028428198922},{"$f":"VLOOKUP(D1093,'CPU (des)'!B:I,8,FALSE)","v":2.16},{"$f":"$O$4","v":0.30260494954802231},{"$f":"K1093*(1+L1093)","v":2.8136266910237282},{"$f":"J1093*G1093","v":640.86062542037632},{"$f":"M1093*G1093","v":618.9978720252202}]
[null,"3.7","Abrigo para Carrinhos",{"$nulls":10},{"$f":"N1095+N1100+N1106+N1115+N1128+N1130+N1143+N1146","v":250019.01590362389},{"$f":"O1095+O1100+O1106+O1115+O1128+O1130+O1143+O1146","v":254761.78469189134}]
[null,"3.7.1","SERVIÇOS PRELIMINARES ",null,null,null,1,{"$nulls":6},{"$f":"SUM(N1096:N1099)","v":17739.454381544045},{"$f":"SUM(O1096:O1099)","v":17750.274249211787}]
[null,"3.7.1.1","Insumo Sinapi",4813,"PLACA DE OBRA (PARA CONSTRUCAO CIVIL) EM CHAPA GALVANIZADA *N. 22*, ADESIVADA, DE *2,4 X 1,2* M (SEM POSTES PARA FIXACAO)","M2",4.5,{"$f":"VLOOKUP(D1096,'Insumo SINAPI (sem des.)'!A:E,5,FALSE)","v":250},{"$f":"$N$5","v":0.14692012195121973},{"$f":"H1096*(1+I1096)","v":286.73003048780492},{"$f":"VLOOKUP(D1096,'Insumos SINAPI (des)'!A:E,5,FALSE)","v":250},{"$f":"$O$5","v":0.20311109145345707},{"$f":"K1096*(1+L1096)","v":300.77777286336425},{"$f":"J1096*G1096","v":1290.2851371951222},{"$f":"M1096*G1096","v":1353.4999778851391}]
[null,"3.7.1.2","Composição Sinapi",98525,"LIMPEZA MECANIZADA DE CAMADA VEGETAL, VEGETAÇÃO E PEQUENAS ÁRVORES (DIÂMETRO DE TRONCO MENOR QUE 0,20 M), COM TRATOR DE ESTEIRAS.AF_05/2018","M2",200,{"$f":"VLOOKUP(D1097,'CPU (sem des)'!B:I,8,FALSE)","v":0.34},{"$f":"$N$4","v":0.23957567779569877},{"$f":"H1097*(1+I1097)","v":0.42145573045053764},{"$f":"VLOOKUP(D1097,'CPU (des)'!B:I,8,FALSE)","v":0.32},{"$f":"$O$4","v":0.30260494954802231},{"$f":"K1097*(1+L1097)","v":0.41683358385536717},{"$f":"J1097*G1097","v":84.291146090107532},83.366716771073442]
[null,"3.7.1.3","Composição Sinapi",99059,"LOCACAO CONVENCIONAL DE OBRA, UTILIZANDO GABARITO DE TÁBUAS CORRIDAS PONTALETADAS A CADA 2,00M -  2 UTILIZAÇÕES. AF_10/2018","M",168,{"$f":"VLOOKUP(D1098,'CPU (sem des)'!B:I,8,FALSE)","v":47.35},{"$f":"$N$4","v":0.23957567779569877},{"$f":"H1098*(1+I1098)","v":58.69390834362634},{"$f":"VLOOKUP(D1098,'CPU (des)'!B:I,8,FALSE)","v":44.16},{"$f":"$O$4","v":0.30260494954802231},{"$f":"K1098*(1+L1098)","v":57.523034572040658},{"$f":"J1098*G1098","v":9860.5766017292244},9663.8698081028306]
[null,"3.7.1.4","Composição Sinapi",93582,"EXECUÇÃO DE CENTRAL DE ARMADURA EM CANTEIRO DE OBRA, NÃO INCLUSO MOBILIÁRIO E EQUIPAMENTOS. AF_04/2016","M2",20,{"$f":"VLOOKUP(D1099,'CPU (sem des)'!B:I,8,FALSE)","v":262.36},{"$f":"$N$4","v":0.23957567779569877},{"$f":"H1099*(1+I1099)","v":325.21507482647957},{"$f":"VLOOKUP(D1099,'CPU (des)'!B:I,8,FALSE)","v":255.24},{"$f":"$O$4","v":0.30260494954802231},{"$f":"K1099*(1+L1099)","v":332.47688732263725},{"$f":"J1099*G1099","v":6504.3014965295915},6649.5377464527446]
[null,"3.7.2","FUNDAÇÕES ",null,null,null,1,{"$nulls":6},{"$f":"SUM(N1101:N1105)","v":8140.6843142955622},{"$f":"SUM(O1101:O1105)","v":8263.5130845443928}]
[null,"3.7.2.1","Composição Sinapi",96523,"ESCAVAÇÃO MANUAL PARA BLOCO DE COROAMENTO OU SAPATA (INCLUINDO ESCAVAÇÃO PARA COLOCAÇÃO DE FÔRMAS). AF_06/2017","M3",1.89,{"$f":"VLOOKUP(D1101,'CPU (sem des)'!B:I,8,FALSE)","v":80.62},{"$f":"$N$4","v":0.23957567779569877},{"$f":"H1101*(1+I1101)","v":99.934591143889236},{"$f":"VLOOKUP(D1101,'CPU (des)'!B:I,8,FALSE)","v":71.430000000000007},{"$f":"$O$4","v":0.30260494954802231},{"$f":"K1101*(1+L1101)","v":93.04507154621524},{"$f":"J1101*G1101","v":188.87637726195064},{"$f":"M1101*G1101","v":175.85518522234679}]
[null,"3.7.2.2","Composição Sinapi",96621,"LASTRO COM MATERIAL GRANULAR, APLICAÇÃO EM BLOCOS DE COROAMENTO, ESPESSURA DE *5 CM*. AF_08/2017","M3",0.35,{"$f":"VLOOKUP(D1102,'CPU (sem des)'!B:I,8,FALSE)","v":404.83},{"$f":"$N$4","v":0.23957567779569877},{"$f":"H1102*(1+I1102)","v":501.81742164203274},{"$f":"VLOOKUP(D1102,'CPU (des)'!B:I,8,FALSE)","v":393.24},{"$f":"$O$4","v":0.30260494954802231},{"$f":"K1102*(1+L1102)","v":512.23637036026435},{"$f":"J1102*G1102","v":175.63609757471144},179.2827296260925]
[null,"3.7.2.3","Composição Sinapi",96529,"FABRICAÇÃO, MONTAGEM E DESMONTAGEM DE FÔRMA PARA SAPATA, EM MADEIRA SERRADA, E=25 MM, 1 UTILIZAÇÃO. AF_06/2017","M2",10,{"$f":"VLOOKUP(D1103,'CPU (sem des)'!B:I,8,FALSE)","v":273.68},{"$f":"$N$4","v":0.23957567779569877},{"$f":"H1103*(1+I1103)","v":339.24707149912683},{"$f":"VLOOKUP(D1103,'CPU (des)'!B:I,8,FALSE)","v":257.58},{"$f":"$O$4","v":0.30260494954802231},{"$f":"K1103*(1+L1103)","v":335.52498290457959},{"$f":"J1103*G1103","v":3392.4707149912683},3355.2498290457961]
[null,"3.7.2.4","Composição Sinapi",96545,"ARMAÇÃO DE BLOCO, VIGA BALDRAME OU SAPATA UTILIZANDO AÇO CA-50 DE 8 MM - MONTAGEM. AF_06/2017","KG",79.900000000000006,{"$f":"VLOOKUP(D1104,'CPU (sem des)'!B:I,8,FALSE)","v":17.149999999999999},{"$f":"$N$4","v":0.23957567779569877},{"$f":"H1104*(1+I1104)","v":21.258722874196231},{"$f":"VLOOKUP(D1104,'CPU (des)'!B:I,8,FALSE)","v":16.72},{"$f":"$O$4","v":0.30260494954802231},{"$f":"K1104*(1+L1104)","v":21.779554756442931},{"$f":"J1104*G1104","v":1698.5719576482788},1740.1864250397903]
[null,"3.7.2.5","Composição Sinapi",96558,"CONCRETAGEM DE SAPATAS, FCK 30 MPA, COM USO DE BOMBA - LANÇAMENTO, ADENSAMENTO E ACABAMENTO. AF_11/2016","M3",2.4,{"$f":"VLOOKUP(D1105,'CPU (sem des)'!B:I,8,FALSE)","v":902.57},{"$f":"$N$4","v":0.23957567779569877},{"$f":"H1105*(1+I1105)","v":1118.803819508064},{"$f":"VLOOKUP(D1105,'CPU (des)'!B:I,8,FALSE)","v":899.78},{"$f":"$O$4","v":0.30260494954802231},{"$f":"K1105*(1+L1105)","v":1172.0578815043195},{"$f":"J1105*G1105","v":2685.1291668193535},2812.9389156103666]
[null,"3.7.3","INFRAESTRUTURA",null,null,null,1,{"$nulls":6},{"$f":"SUM(N1107:N1114)","v":14302.134301170132},{"$f":"SUM(O1107:O1114)","v":14412.410640679233}]
[null,"3.7.3.1","Composição Sinapi",96523,"ESCAVAÇÃO MANUAL PARA BLOCO DE COROAMENTO OU SAPATA (INCLUINDO ESCAVAÇÃO PARA COLOCAÇÃO DE FÔRMAS). AF_06/2017","M3",2.9,{"$f":"VLOOKUP(D1107,'CPU (sem des)'!B:I,8,FALSE)","v":80.62},{"$f":"$N$4","v":0.23957567779569877},{"$f":"H1107*(1+I1107)","v":99.934591143889236},{"$f":"VLOOKUP(D1107,'CPU (des)'!B:I,8,FALSE)","v":71.430000000000007},{"$f":"$O$4","v":0.30260494954802231},{"$f":"K1107*(1+L1107)","v":93.04507154621524},{"$f":"J1107*G1107","v":289.81031431727877},{"$f":"M1107*G1107","v":269.83070748402417}]
[null,"3.7.3.2","Composição Sinapi",96621,"LASTRO COM MATERIAL GRANULAR, APLICAÇÃO EM BLOCOS DE COROAMENTO, ESPESSURA DE *5 CM*. AF_08/2017","M3",0.45,{"$f":"VLOOKUP(D1108,'CPU (sem des)'!B:I,8,FALSE)","v":404.83},0.23957567779569877,501.81742164203274,{"$f":"VLOOKUP(D1108,'CPU (des)'!B:I,8,FALSE)","v":393.24},0.30260494954802231,512.23637036026435,225.81783973891473,230.50636666211895]
[null,"3.7.3.3","Composição Sinapi",96536,"FABRICAÇÃO, MONTAGEM E DESMONTAGEM DE FÔRMA PARA VIGA BALDRAME, EM MADEIRA SERRADA, E=25 MM, 4 UTILIZAÇÕES. AF_06/2017","M2",64.400000000000006,{"$f":"VLOOKUP(D1109,'CPU (sem des)'!B:I,8,FALSE)","v":61.12},0.23957567779569877,75.762865426873105,{"$f":"VLOOKUP(D1109,'CPU (des)'!B:I,8,FALSE)","v":56.87},0.30260494954802231,74.07914348079602,4879.1285334906288,4770.6968401632639]
[null,"3.7.3.4","Composição Sinapi",96545,"ARMAÇÃO DE BLOCO, VIGA BALDRAME OU SAPATA UTILIZANDO AÇO CA-50 DE 8 MM - MONTAGEM. AF_06/2017","KG",137.6,{"$f":"VLOOKUP(D1110,'CPU (sem des)'!B:I,8,FALSE)","v":17.149999999999999},0.23957567779569877,21.258722874196231,{"$f":"VLOOKUP(D1110,'CPU (des)'!B:I,8,FALSE)","v":16.72},0.30260494954802231,21.779554756442931,2925.2002674894011,2996.8667344865471]
[null,"3.7.3.5","Composição Sinapi",96546,"ARMAÇÃO DE BLOCO, VIGA BALDRAME OU SAPATA UTILIZANDO AÇO CA-50 DE 10 MM - MONTAGEM. AF_06/2017","KG",61.9,{"$f":"VLOOKUP(D1111,'CPU (sem des)'!B:I,8,FALSE)","v":15.43},0.23957567779569877,19.126652708387631,{"$f":"VLOOKUP(D1111,'CPU (des)'!B:I,8,FALSE)","v":15.11},0.30260494954802231,19.682360787670618,1183.9398026491942,1218.3381327568113]
[null,"3.7.3.6","Composição Sinapi",96547,"ARMAÇÃO DE BLOCO, VIGA BALDRAME OU SAPATA UTILIZANDO AÇO CA-50 DE 12,5 MM - MONTAGEM. AF_06/2017","KG",32.85,{"$f":"VLOOKUP(D1112,'CPU (sem des)'!B:I,8,FALSE)","v":13.09},0.23957567779569877,16.226045622345698,{"$f":"VLOOKUP(D1112,'CPU (des)'!B:I,8,FALSE)","v":12.83},0.30260494954802231,16.712421502701126,533.02559869405616,549.00304636373198]
[null,"3.7.3.7","Composição Sinapi",96543,"ARMAÇÃO DE BLOCO, VIGA BALDRAME E SAPATA UTILIZANDO AÇO CA-60 DE 5 MM - MONTAGEM. AF_06/2017","KG",91.25,{"$f":"VLOOKUP(D1113,'CPU (sem des)'!B:I,8,FALSE)","v":19.05},0.23957567779569877,23.613916662008062,{"$f":"VLOOKUP(D1113,'CPU (des)'!B:I,8,FALSE)","v":18.21},0.30260494954802231,23.720436131269487,2154.7698954082357,2164.4897969783406]
[null,"3.7.3.8","Composição Sinapi",96557,"CONCRETAGEM DE BLOCOS DE COROAMENTO E VIGAS BALDRAMES, FCK 30 MPA, COM USO DE BOMBA - LANÇAMENTO, ADENSAMENTO E ACABAMENTO. AF_06/2017","M3",1.9,{"$f":"VLOOKUP(D1114,'CPU (sem des)'!B:I,8,FALSE)","v":896.08},0.23957567779569877,1110.7589733591699,{"$f":"VLOOKUP(D1114,'CPU (des)'!B:I,8,FALSE)","v":894.03},0.30260494954802231,1164.5679030444182,2110.4420493824227,2212.6790157843948]
[null,"3.7.4","SUPRAESTRUTURA",null,null,null,1,{"$nulls":6},{"$f":"SUM(N1116:N1127)","v":163655.04703763939},{"$f":"SUM(O1116:O1127)","v":166789.82005390039}]
[null,"3.7.4.1","Composição Sinapi",92409,"MONTAGEM E DESMONTAGEM DE FÔRMA DE PILARES RETANGULARES E ESTRUTURAS SIMILARES, PÉ-DIREITO SIMPLES, EM MADEIRA SERRADA, 1 UTILIZAÇÃO. AF_09/2020","M2",55.4,{"$f":"VLOOKUP(D1116,'CPU (sem des)'!B:I,8,FALSE)","v":225},{"$f":"$N$4","v":0.23957567779569877},{"$f":"H1116*(1+I1116)","v":278.90452750403222},{"$f":"VLOOKUP(D1116,'CPU (des)'!B:I,8,FALSE)","v":212.85},{"$f":"$O$4","v":0.30260494954802231},{"$f":"K1116*(1+L1116)","v":277.25946351129653},{"$f":"J1116*G1116","v":15451.310823723385},{"$f":"M1116*G1116","v":15360.174278525827}]
[null,"3.7.4.2","Composição Sinapi",92761,"ARMAÇÃO DE PILAR OU VIGA DE ESTRUTURA CONVENCIONAL DE CONCRETO ARMADO UTILIZANDO AÇO CA-50 DE 8,0 MM - MONTAGEM. AF_06/2022","KG",137.6,{"$f":"VLOOKUP(D1117,'CPU (sem des)'!B:I,8,FALSE)","v":15.29},0.23957567779569877,18.953112113496232,{"$f":"VLOOKUP(D1117,'CPU (des)'!B:I,8,FALSE)","v":15.09},0.30260494954802231,19.656308688679655,2607.9482268170814,2704.7080755623206]
[null,"3.7.4.3","Composição Sinapi",92762,"ARMAÇÃO DE PILAR OU VIGA DE ESTRUTURA CONVENCIONAL DE CONCRETO ARMADO UTILIZANDO AÇO CA-50 DE 10,0 MM - MONTAGEM. AF_06/2022","KG",272.2,{"$f":"VLOOKUP(D1118,'CPU (sem des)'!B:I,8,FALSE)","v":13.9},0.23957567779569877,17.230101921360212,{"$f":"VLOOKUP(D1118,'CPU (des)'!B:I,8,FALSE)","v":13.75},0.30260494954802231,17.910818056285308,4690.0337429942492,4875.3246749208602]
[null,"3.7.4.4","Composição Sinapi",92763,"ARMAÇÃO DE PILAR OU VIGA DE ESTRUTURA CONVENCIONAL DE CONCRETO ARMADO UTILIZANDO AÇO CA-50 DE 12,5 MM - MONTAGEM. AF_06/2022","KG",32.85,{"$f":"VLOOKUP(D1119,'CPU (sem des)'!B:I,8,FALSE)","v":11.81},0.23957567779569877,14.639388754767204,{"$f":"VLOOKUP(D1119,'CPU (des)'!B:I,8,FALSE)","v":11.71},0.30260494954802231,15.253503959207343,480.90392059410266,501.07760505996123]
[null,"3.7.4.5","Composição Sinapi",92759,"ARMAÇÃO DE PILAR OU VIGA DE ESTRUTURA CONVENCIONAL DE CONCRETO ARMADO UTILIZANDO AÇO CA-60 DE 5,0 MM - MONTAGEM. AF_06/2022","KG",198.25,{"$f":"VLOOKUP(D1120,'CPU (sem des)'!B:I,8,FALSE)","v":16.05},0.23957567779569877,19.895189628620965,{"$f":"VLOOKUP(D1120,'CPU (des)'!B:I,8,FALSE)","v":15.54},0.30260494954802231,20.242480915976266,3944.2213438741064,4013.0718415922947]
[null,"3.7.4.6","Composição Sinapi",92446,"MONTAGEM E DESMONTAGEM DE FÔRMA DE VIGA, ESCORAMENTO COM PONTALETE DE MADEIRA, PÉ-DIREITO SIMPLES, EM MADEIRA SERRADA, 1 UTILIZAÇÃO. AF_09/2020","M2",57.1,{"$f":"VLOOKUP(D1121,'CPU (sem des)'!B:I,8,FALSE)","v":221.02},0.23957567779569877,273.97101630640537,{"$f":"VLOOKUP(D1121,'CPU (des)'!B:I,8,FALSE)","v":209.3},0.30260494954802231,272.63521594040111,15643.745031095747,15567.470830196904]
[null,"3.7.4.7","Composição Sinapi",92482,"MONTAGEM E DESMONTAGEM DE FÔRMA DE LAJE MACIÇA, PÉ-DIREITO SIMPLES, EM MADEIRA SERRADA, 1 UTILIZAÇÃO. AF_09/2020","M2",147.69999999999999,{"$f":"VLOOKUP(D1122,'CPU (sem des)'!B:I,8,FALSE)","v":233.39},0.23957567779569877,289.30456744073814,{"$f":"VLOOKUP(D1122,'CPU (des)'!B:I,8,FALSE)","v":220.36},0.30260494954802231,287.0420266824022,42730.28461099702,42396.107340990799]
[null,"3.7.4.8","Composição Sinapi",92768,"ARMAÇÃO DE LAJE DE ESTRUTURA CONVENCIONAL DE CONCRETO ARMADO UTILIZANDO AÇO CA-60 DE 5,0 MM - MONTAGEM. AF_06/2022","KG",700,{"$f":"VLOOKUP(D1123,'CPU (sem des)'!B:I,8,FALSE)","v":15.64},0.23957567779569877,19.38696360072473,{"$f":"VLOOKUP(D1123,'CPU (des)'!B:I,8,FALSE)","v":15.2},0.30260494954802231,19.799595233129939,13570.874520507312,13859.716663190957]
[null,"3.7.4.9","Composição Sinapi",92769,"ARMAÇÃO DE LAJE DE ESTRUTURA CONVENCIONAL DE CONCRETO ARMADO UTILIZANDO AÇO CA-50 DE 6,3 MM - MONTAGEM. AF_06/2022","KG",214.7,{"$f":"VLOOKUP(D1124,'CPU (sem des)'!B:I,8,FALSE)","v":15.38},0.23957567779569877,19.06467392449785,{"$f":"VLOOKUP(D1124,'CPU (des)'!B:I,8,FALSE)","v":15.11},0.30260494954802231,19.682360787670618,4093.1854915896884,4225.8028611128811]
[null,"3.7.4.10","Composição Sinapi",92771,"ARMAÇÃO DE LAJE DE ESTRUTURA CONVENCIONAL DE CONCRETO ARMADO UTILIZANDO AÇO CA-50 DE 10,0 MM - MONTAGEM. AF_06/2022","KG",898.9,{"$f":"VLOOKUP(D1125,'CPU (sem des)'!B:I,8,FALSE)","v":13.51},0.23957567779569877,16.746667407019888,{"$f":"VLOOKUP(D1125,'CPU (des)'!B:I,8,FALSE)","v":13.41},0.30260494954802231,17.46793237343898,15053.579332170177,15701.924410484298]
[null,"3.7.4.11","Composição Sinapi",92772,"ARMAÇÃO DE LAJE DE ESTRUTURA CONVENCIONAL DE CONCRETO ARMADO UTILIZANDO AÇO CA-50 DE 12,5 MM - MONTAGEM. AF_06/2022","KG",75.3,{"$f":"VLOOKUP(D1126,'CPU (sem des)'!B:I,8,FALSE)","v":11.46},0.23957567779569877,14.205537267538709,{"$f":"VLOOKUP(D1126,'CPU (des)'!B:I,8,FALSE)","v":11.4},0.30260494954802231,14.849696424847455,1069.6769562456648,1118.1821407910134]
[null,"3.7.4.12","Composição Sinapi",96557,"CONCRETAGEM DE BLOCOS DE COROAMENTO E VIGAS BALDRAMES, FCK 30 MPA, COM USO DE BOMBA - LANÇAMENTO, ADENSAMENTO E ACABAMENTO. AF_06/2017","M3",39.9,{"$f":"VLOOKUP(D1127,'CPU (sem des)'!B:I,8,FALSE)","v":896.08},0.23957567779569877,1110.7589733591699,{"$f":"VLOOKUP(D1127,'CPU (des)'!B:I,8,FALSE)","v":894.03},0.30260494954802231,1164.5679030444182,44319.28303703088,46466.259331472284]
[null,"3.7.5","IMPERMEABILIZAÇÃO",null,null,null,1,{"$nulls":6},{"$f":"SUM(N1129)","v":40591.086637125962},{"$f":"SUM(O1129)","v":41920.444470319984}]
[null,"3.7.5.1","Composição Sinapi",98546,"IMPERMEABILIZAÇÃO DE SUPERFÍCIE COM MANTA ASFÁLTICA, UMA CAMADA, INCLUSIVE APLICAÇÃO DE PRIMER ASFÁLTICO, E=3MM. AF_06/2018","M2",186.12,{"$f":"VLOOKUP(D1129,'CPU (sem des)'!B:I,8,FALSE)","v":175.94},{"$f":"$N$4","v":0.23957567779569877},{"$f":"H1129*(1+I1129)","v":218.09094475137525},{"$f":"VLOOKUP(D1129,'CPU (des)'!B:I,8,FALSE)","v":172.91},{"$f":"$O$4","v":0.30260494954802231},{"$f":"K1129*(1+L1129)","v":225.23342182634852},{"$f":"J1129*G1129","v":40591.086637125962},{"$f":"M1129*G1129","v":41920.444470319984}]
[null,"3.7.6","PROJETO ELÉTRICO ",null,null,null,1,{"$nulls":6},{"$f":"SUM(N1131:N1142)","v":4376.6580624645085},{"$f":"SUM(O1131:O1142)","v":4431.2190255651076}]
[null,"3.7.6.1","Composição Sinapi",91926,"CABO DE COBRE FLEXÍVEL ISOLADO, 2,5 MM², ANTI-CHAMA 450/750 V, PARA CIRCUITOS TERMINAIS - FORNECIMENTO E INSTALAÇÃO. AF_12/2015","M",90,{"$f":"VLOOKUP(D1131,'CPU (sem des)'!B:I,8,FALSE)","v":4.87},{"$f":"$N$4","v":0.23957567779569877},{"$f":"H1131*(1+I1131)","v":6.036733550865053},{"$f":"VLOOKUP(D1131,'CPU (des)'!B:I,8,FALSE)","v":4.7},{"$f":"$O$4","v":0.30260494954802231},{"$f":"K1131*(1+L1131)","v":6.1222432628757053},{"$f":"J1131*G1131","v":543.30601957785473},{"$f":"M1131*G1131","v":551.00189365881351}]
[null,"3.7.6.2","Composição Sinapi",91928,"CABO DE COBRE FLEXÍVEL ISOLADO, 4 MM², ANTI-CHAMA 450/750 V, PARA CIRCUITOS TERMINAIS - FORNECIMENTO E INSTALAÇÃO. AF_12/2015","M",78,{"$f":"VLOOKUP(D1132,'CPU (sem des)'!B:I,8,FALSE)","v":7.58},0.23957567779569877,9.3959836376913977,{"$f":"VLOOKUP(D1132,'CPU (des)'!B:I,8,FALSE)","v":7.35},0.30260494954802231,9.5741463791779626,732.88672373992904,746.78341757588112]
[null,"3.7.6.3","Composição Sinapi",91996,"TOMADA MÉDIA DE EMBUTIR (1 MÓDULO), 2P+T 10 A, INCLUINDO SUPORTE E PLACA - FORNECIMENTO E INSTALAÇÃO. AF_12/2015","UN",2,{"$f":"VLOOKUP(D1133,'CPU (sem des)'!B:I,8,FALSE)","v":35.450000000000003},0.23957567779569877,43.942957777857522,{"$f":"VLOOKUP(D1133,'CPU (des)'!B:I,8,FALSE)","v":32.85},0.30260494954802231,42.790572592652538,87.885915555715044,85.581145185305076]
[null,"3.7.6.4","Composição Sinapi",97597,"SENSOR DE PRESENÇA COM FOTOCÉLULA, FIXAÇÃO EM TETO - FORNECIMENTO E INSTALAÇÃO. AF_02/2020","UN",3,{"$f":"VLOOKUP(D1134,'CPU (sem des)'!B:I,8,FALSE)","v":70.67},0.23957567779569877,87.600813149822031,{"$f":"VLOOKUP(D1134,'CPU (des)'!B:I,8,FALSE)","v":69.08},0.30260494954802231,89.983949914777384,262.80243944946608,269.95184974433215]
[null,"3.7.6.5","Composição Sinapi",101632,"RELÉ FOTOELÉTRICO PARA COMANDO DE ILUMINAÇÃO EXTERNA 1000 W - FORNECIMENTO E INSTALAÇÃO. AF_08/2020","UN",1,{"$f":"VLOOKUP(D1135,'CPU (sem des)'!B:I,8,FALSE)","v":38.380000000000003},0.23957567779569877,47.574914513798923,{"$f":"VLOOKUP(D1135,'CPU (des)'!B:I,8,FALSE)","v":38.270000000000003},0.30260494954802231,49.850691419202818,47.574914513798923,49.850691419202818]
[null,"3.7.6.6","Composição Sinapi",91837,"ELETRODUTO FLEXÍVEL CORRUGADO REFORÇADO, PVC, DN 32 MM (1\"), PARA CIRCUITOS TERMINAIS, INSTALADO EM FORRO - FORNECIMENTO E INSTALAÇÃO. AF_12/2015","M",30,{"$f":"VLOOKUP(D1136,'CPU (sem des)'!B:I,8,FALSE)","v":17.96},0.23957567779569877,22.262779173210753,{"$f":"VLOOKUP(D1136,'CPU (des)'!B:I,8,FALSE)","v":17.13},0.30260494954802231,22.313622785757619,667.88337519632262,669.40868357272859]
[null,"3.7.6.7","Composição Sinapi",91835,"ELETRODUTO FLEXÍVEL CORRUGADO REFORÇADO, PVC, DN 25 MM (3/4\"), PARA CIRCUITOS TERMINAIS, INSTALADO EM FORRO - FORNECIMENTO E INSTALAÇÃO. AF_12/2015","M",22,{"$f":"VLOOKUP(D1137,'CPU (sem des)'!B:I,8,FALSE)","v":12.79},0.23957567779569877,15.854172919006986,{"$f":"VLOOKUP(D1137,'CPU (des)'!B:I,8,FALSE)","v":12.05},0.30260494954802231,15.696389642053671,348.79180421815369,345.32057212518077]
[null,"3.7.6.8","Composição Sinapi",91940,"CAIXA RETANGULAR 4\" X 2\" MÉDIA (1,30 M DO PISO), PVC, INSTALADA EM PAREDE - FORNECIMENTO E INSTALAÇÃO. AF_12/2015","UN",6,{"$f":"VLOOKUP(D1138,'CPU (sem des)'!B:I,8,FALSE)","v":17.5},0.23957567779569877,21.692574361424729,{"$f":"VLOOKUP(D1138,'CPU (des)'!B:I,8,FALSE)","v":15.79},0.30260494954802231,20.568132153363273,130.15544616854837,123.40879292017964]
[null,"3.7.6.9","Composição Sinapi",91936,"CAIXA OCTOGONAL 4\" X 4\", PVC, INSTALADA EM LAJE - FORNECIMENTO E INSTALAÇÃO. AF_12/2015","UN",9,{"$f":"VLOOKUP(D1139,'CPU (sem des)'!B:I,8,FALSE)","v":17.63},0.23957567779569877,21.853719199538169,{"$f":"VLOOKUP(D1139,'CPU (des)'!B:I,8,FALSE)","v":16.329999999999998},0.30260494954802231,21.271538826119201,196.68347279584353,191.44384943507282]
[null,"3.7.6.10","Insumo Sinapi",14055,"CAIXA DE PASSAGEM/ LUZ / TELEFONIA, DE EMBUTIR, EM CHAPA DE ACO GALVANIZADO, DIMENSOES 120 X 120 X *12* CM (PADRAO CONCESSIONARIA LOCAL)","UN",1,{"$f":"VLOOKUP(D1140,'Insumo SINAPI (sem des.)'!A:E,5,FALSE)","v":728},{"$f":"$N$5","v":0.14692012195121973},834.95784878048801,{"$f":"VLOOKUP(D1140,'Insumos SINAPI (des)'!A:E,5,FALSE)","v":728},{"$f":"$O$5","v":0.20311109145345707},875.86487457811677,834.95784878048801,875.86487457811677]
[null,"3.7.6.11","Insumo Sinapi",20111,"FITA ISOLANTE ADESIVA ANTICHAMA, USO ATE 750 V, EM ROLO DE 19 MM X 20 M","UN",1,{"$f":"VLOOKUP(D1141,'Insumo SINAPI (sem des.)'!A:E,5,FALSE)","v":30},{"$f":"$N$5","v":0.14692012195121973},34.407603658536594,{"$f":"VLOOKUP(D1141,'Insumos SINAPI (des)'!A:E,5,FALSE)","v":30},{"$f":"$O$5","v":0.20311109145345707},36.09333274360371,34.407603658536594,36.09333274360371]
[null,"3.7.6.12","Composição Orse",5027,"Caixa de passagem em alvenaria de tijolos maciços esp. = 0,12m,  dim. int. =  0.60 x 0.60 x 0.40m","UN",1,{"$f":"VLOOKUP(D1142,'CPU (sem des)'!B:I,8,FALSE)","v":394.75},{"$f":"$N$4","v":0.23957567779569877},489.32249880985211,{"$f":"VLOOKUP(D1142,'CPU (des)'!B:I,8,FALSE)","v":373.49},{"$f":"$O$4","v":0.30260494954802231},486.50992260669085,489.32249880985211,486.50992260669085]
[null,"3.7.7","PINTURA ",null,null,null,1,{"$nulls":6},{"$f":"SUM(N1144:N1145)","v":631.3506008203276},{"$f":"SUM(O1144:O1145)","v":631.37782946572452}]
[null,"3.7.7.1","Composição Sinapi",88415,"APLICAÇÃO MANUAL DE FUNDO SELADOR ACRÍLICO EM PAREDES EXTERNAS DE CASAS. AF_06/2014","M2",32.4,{"$f":"VLOOKUP(D1144,'CPU (sem des)'!B:I,8,FALSE)","v":2.5},{"$f":"$N$4","v":0.23957567779569877},{"$f":"H1144*(1+I1144)","v":3.098939194489247},{"$f":"VLOOKUP(D1144,'CPU (des)'!B:I,8,FALSE)","v":2.3199999999999998},{"$f":"$O$4","v":0.30260494954802231},{"$f":"K1144*(1+L1144)","v":3.0220434829514113},{"$f":"J1144*G1144","v":100.4056299014516},{"$f":"M1144*G1144","v":97.91420884762573}]
[null,"3.7.7.2","Composição Sinapi",88423,"APLICAÇÃO MANUAL DE PINTURA COM TINTA TEXTURIZADA ACRÍLICA EM PAREDES EXTERNAS DE CASAS, UMA COR. AF_06/2014","M2",32.4,{"$f":"VLOOKUP(D1145,'CPU (sem des)'!B:I,8,FALSE)","v":13.22},{"$f":"$N$4","v":0.23957567779569877},{"$f":"H1145*(1+I1145)","v":16.387190460459138},{"$f":"VLOOKUP(D1145,'CPU (des)'!B:I,8,FALSE)","v":12.64},{"$f":"$O$4","v":0.30260494954802231},{"$f":"K1145*(1+L1145)","v":16.464926562287001},{"$f":"J1145*G1145","v":530.94497091887604},533.46362061809884]
[null,"3.7.8","SERVIÇOS COMPLEMENTARES ",null,null,null,1,{"$nulls":6},{"$f":"SUM(N1147)","v":582.60056856397841},{"$f":"SUM(O1147)","v":562.72533820474564}]
[null,"3.7.8.1","Composição Orse",2450,"Limpeza geral","M2",200,{"$f":"VLOOKUP(D1147,'CPU (sem des)'!B:I,8,FALSE)","v":2.35},{"$f":"$N$4","v":0.23957567779569877},{"$f":"H1147*(1+I1147)","v":2.9130028428198922},{"$f":"VLOOKUP(D1147,'CPU (des)'!B:I,8,FALSE)","v":2.16},{"$f":"$O$4","v":0.30260494954802231},{"$f":"K1147*(1+L1147)","v":2.8136266910237282},{"$f":"J1147*G1147","v":582.60056856397841},{"$f":"M1147*G1147","v":562.72533820474564}]
[null,"3.8","Bicicletário",{"$nulls":10},{"$f":"N1149+N1154+N1160+N1168+N1180+N1182+N1195+N1198+N1201","v":116588.61798387826},{"$f":"O1149+O1154+O1160+O1168+O1180+O1182+O1195+O1198+O1201","v":118902.68871403293}]
[null,"3.8.1","SERVIÇOS PRELIMINARES ",null,null,null,1,{"$nulls":6},{"$f":"SUM(N1150:N1153)","v":11702.101042840095},{"$f":"SUM(O1150:O1153)","v":11832.904692800996}]
[null,"3.8.1.1","Insumo Sinapi",4813,"PLACA DE OBRA (PARA CONSTRUCAO CIVIL) EM CHAPA GALVANIZADA *N. 22*, ADESIVADA, DE *2,4 X 1,2* M (SEM POSTES PARA FIXACAO)","M2",4.5,{"$f":"VLOOKUP(D1150,'Insumo SINAPI (sem des.)'!A:E,5,FALSE)","v":250},{"$f":"$N$5","v":0.14692012195121973},{"$f":"H1150*(1+I1150)","v":286.73003048780492},{"$f":"VLOOKUP(D1150,'Insumos SINAPI (des)'!A:E,5,FALSE)","v":250},{"$f":"$O$5","v":0.20311109145345707},{"$f":"K1150*(1+L1150)","v":300.77777286336425},{"$f":"J1150*G1150","v":1290.2851371951222},{"$f":"M1150*G1150","v":1353.4999778851391}]
[null,"3.8.1.2","Composição Sinapi",98525,"LIMPEZA MECANIZADA DE CAMADA VEGETAL, VEGETAÇÃO E PEQUENAS ÁRVORES (DIÂMETRO DE TRONCO MENOR QUE 0,20 M), COM TRATOR DE ESTEIRAS.AF_05/2018","M2",80,{"$f":"VLOOKUP(D1151,'CPU (sem des)'!B:I,8,FALSE)","v":0.34},{"$f":"$N$4","v":0.23957567779569877},{"$f":"H1151*(1+I1151)","v":0.42145573045053764},{"$f":"VLOOKUP(D1151,'CPU (des)'!B:I,8,FALSE)","v":0.32},{"$f":"$O$4","v":0.30260494954802231},{"$f":"K1151*(1+L1151)","v":0.41683358385536717},{"$f":"J1151*G1151","v":33.716458436043013},33.346686708429374]
[null,"3.8.1.3","Composição Sinapi",99059,"LOCACAO CONVENCIONAL DE OBRA, UTILIZANDO GABARITO DE TÁBUAS CORRIDAS PONTALETADAS A CADA 2,00M -  2 UTILIZAÇÕES. AF_10/2018","M",66,{"$f":"VLOOKUP(D1152,'CPU (sem des)'!B:I,8,FALSE)","v":47.35},{"$f":"$N$4","v":0.23957567779569877},{"$f":"H1152*(1+I1152)","v":58.69390834362634},{"$f":"VLOOKUP(D1152,'CPU (des)'!B:I,8,FALSE)","v":44.16},{"$f":"$O$4","v":0.30260494954802231},{"$f":"K1152*(1+L1152)","v":57.523034572040658},{"$f":"J1152*G1152","v":3873.7979506793386},3796.5202817546833]
[null,"3.8.1.4","Composição Sinapi",93582,"EXECUÇÃO DE CENTRAL DE ARMADURA EM CANTEIRO DE OBRA, NÃO INCLUSO MOBILIÁRIO E EQUIPAMENTOS. AF_04/2016","M2",20,{"$f":"VLOOKUP(D1153,'CPU (sem des)'!B:I,8,FALSE)","v":262.36},{"$f":"$N$4","v":0.23957567779569877},{"$f":"H1153*(1+I1153)","v":325.21507482647957},{"$f":"VLOOKUP(D1153,'CPU (des)'!B:I,8,FALSE)","v":255.24},{"$f":"$O$4","v":0.30260494954802231},{"$f":"K1153*(1+L1153)","v":332.47688732263725},{"$f":"J1153*G1153","v":6504.3014965295915},6649.5377464527446]
[null,"3.8.2","FUNDAÇÕES ",null,null,null,1,{"$nulls":6},{"$f":"SUM(N1155:N1159)","v":4156.7601052070668},{"$f":"SUM(O1155:O1159)","v":4221.3826014770857}]
[null,"3.8.2.1","Composição Sinapi",96523,"ESCAVAÇÃO MANUAL PARA BLOCO DE COROAMENTO OU SAPATA (INCLUINDO ESCAVAÇÃO PARA COLOCAÇÃO DE FÔRMAS). AF_06/2017","M3",1.1200000000000001,{"$f":"VLOOKUP(D1155,'CPU (sem des)'!B:I,8,FALSE)","v":80.62},{"$f":"$N$4","v":0.23957567779569877},{"$f":"H1155*(1+I1155)","v":99.934591143889236},{"$f":"VLOOKUP(D1155,'CPU (des)'!B:I,8,FALSE)","v":71.430000000000007},{"$f":"$O$4","v":0.30260494954802231},{"$f":"K1155*(1+L1155)","v":93.04507154621524},{"$f":"J1155*G1155","v":111.92674208115595},{"$f":"M1155*G1155","v":104.21048013176107}]
[null,"3.8.2.2","Composição Sinapi",96621,"LASTRO COM MATERIAL GRANULAR, APLICAÇÃO EM BLOCOS DE COROAMENTO, ESPESSURA DE *5 CM*. AF_08/2017","M3",0.1,{"$f":"VLOOKUP(D1156,'CPU (sem des)'!B:I,8,FALSE)","v":404.83},{"$f":"$N$4","v":0.23957567779569877},{"$f":"H1156*(1+I1156)","v":501.81742164203274},{"$f":"VLOOKUP(D1156,'CPU (des)'!B:I,8,FALSE)","v":393.24},{"$f":"$O$4","v":0.30260494954802231},{"$f":"K1156*(1+L1156)","v":512.23637036026435},{"$f":"J1156*G1156","v":50.181742164203278},51.223637036026439]
[null,"3.8.2.3","Composição Sinapi",96529,"FABRICAÇÃO, MONTAGEM E DESMONTAGEM DE FÔRMA PARA SAPATA, EM MADEIRA SERRADA, E=25 MM, 1 UTILIZAÇÃO. AF_06/2017","M2",5,{"$f":"VLOOKUP(D1157,'CPU (sem des)'!B:I,8,FALSE)","v":273.68},{"$f":"$N$4","v":0.23957567779569877},{"$f":"H1157*(1+I1157)","v":339.24707149912683},{"$f":"VLOOKUP(D1157,'CPU (des)'!B:I,8,FALSE)","v":257.58},{"$f":"$O$4","v":0.30260494954802231},{"$f":"K1157*(1+L1157)","v":335.52498290457959},{"$f":"J1157*G1157","v":1696.2353574956342},1677.6249145228981]
[null,"3.8.2.4","Composição Sinapi",96545,"ARMAÇÃO DE BLOCO, VIGA BALDRAME OU SAPATA UTILIZANDO AÇO CA-50 DE 8 MM - MONTAGEM. AF_06/2017","KG",39.700000000000003,{"$f":"VLOOKUP(D1158,'CPU (sem des)'!B:I,8,FALSE)","v":17.149999999999999},{"$f":"$N$4","v":0.23957567779569877},{"$f":"H1158*(1+I1158)","v":21.258722874196231},{"$f":"VLOOKUP(D1158,'CPU (des)'!B:I,8,FALSE)","v":16.72},{"$f":"$O$4","v":0.30260494954802231},{"$f":"K1158*(1+L1158)","v":21.779554756442931},{"$f":"J1158*G1158","v":843.97129810559045},864.64832383078442]
[null,"3.8.2.5","Composição Sinapi",96558,"CONCRETAGEM DE SAPATAS, FCK 30 MPA, COM USO DE BOMBA - LANÇAMENTO, ADENSAMENTO E ACABAMENTO. AF_11/2016","M3",1.3,{"$f":"VLOOKUP(D1159,'CPU (sem des)'!B:I,8,FALSE)","v":902.57},{"$f":"$N$4","v":0.23957567779569877},{"$f":"H1159*(1+I1159)","v":1118.803819508064},{"$f":"VLOOKUP(D1159,'CPU (des)'!B:I,8,FALSE)","v":899.78},{"$f":"$O$4","v":0.30260494954802231},{"$f":"K1159*(1+L1159)","v":1172.0578815043195},{"$f":"J1159*G1159","v":1454.4449653604831},1523.6752459556155]
[null,"3.8.3","SUPRAESTRUTURA",null,null,null,1,{"$nulls":6},{"$f":"SUM(N1161:N1167)","v":9632.2703138171346},{"$f":"SUM(O1161:O1167)","v":9801.278999020753}]
[null,"3.8.3.1","Composição Sinapi",96523,"ESCAVAÇÃO MANUAL PARA BLOCO DE COROAMENTO OU SAPATA (INCLUINDO ESCAVAÇÃO PARA COLOCAÇÃO DE FÔRMAS). AF_06/2017","M3",1.2,{"$f":"VLOOKUP(D1161,'CPU (sem des)'!B:I,8,FALSE)","v":80.62},{"$f":"$N$4","v":0.23957567779569877},{"$f":"H1161*(1+I1161)","v":99.934591143889236},{"$f":"VLOOKUP(D1161,'CPU (des)'!B:I,8,FALSE)","v":71.430000000000007},{"$f":"$O$4","v":0.30260494954802231},{"$f":"K1161*(1+L1161)","v":93.04507154621524},{"$f":"J1161*G1161","v":119.92150937266707},{"$f":"M1161*G1161","v":111.65408585545829}]
[null,"3.8.3.2","Composição Sinapi",96621,"LASTRO COM MATERIAL GRANULAR, APLICAÇÃO EM BLOCOS DE COROAMENTO, ESPESSURA DE *5 CM*. AF_08/2017","M3",0.2,{"$f":"VLOOKUP(D1162,'CPU (sem des)'!B:I,8,FALSE)","v":404.83},0.23957567779569877,501.81742164203274,{"$f":"VLOOKUP(D1162,'CPU (des)'!B:I,8,FALSE)","v":393.24},0.30260494954802231,512.23637036026435,100.36348432840656,102.44727407205288]
[null,"3.8.3.3","Composição Sinapi",96536,"FABRICAÇÃO, MONTAGEM E DESMONTAGEM DE FÔRMA PARA VIGA BALDRAME, EM MADEIRA SERRADA, E=25 MM, 4 UTILIZAÇÕES. AF_06/2017","M2",25.8,{"$f":"VLOOKUP(D1163,'CPU (sem des)'!B:I,8,FALSE)","v":61.12},0.23957567779569877,75.762865426873105,{"$f":"VLOOKUP(D1163,'CPU (des)'!B:I,8,FALSE)","v":56.87},0.30260494954802231,74.07914348079602,1954.6819280133261,1911.2419018045373]
[null,"3.8.3.4","Composição Sinapi",96545,"ARMAÇÃO DE BLOCO, VIGA BALDRAME OU SAPATA UTILIZANDO AÇO CA-50 DE 8 MM - MONTAGEM. AF_06/2017","KG",197.6,{"$f":"VLOOKUP(D1164,'CPU (sem des)'!B:I,8,FALSE)","v":17.149999999999999},0.23957567779569877,21.258722874196231,{"$f":"VLOOKUP(D1164,'CPU (des)'!B:I,8,FALSE)","v":16.72},0.30260494954802231,21.779554756442931,4200.723639941175,4303.6400198731226]
[null,"3.8.3.5","Composição Sinapi",96546,"ARMAÇÃO DE BLOCO, VIGA BALDRAME OU SAPATA UTILIZANDO AÇO CA-50 DE 10 MM - MONTAGEM. AF_06/2017","KG",17.7,{"$f":"VLOOKUP(D1165,'CPU (sem des)'!B:I,8,FALSE)","v":15.43},0.23957567779569877,19.126652708387631,{"$f":"VLOOKUP(D1165,'CPU (des)'!B:I,8,FALSE)","v":15.11},0.30260494954802231,19.682360787670618,338.54175293846106,348.3777859417699]
[null,"3.8.3.6","Composição Sinapi",96543,"ARMAÇÃO DE BLOCO, VIGA BALDRAME E SAPATA UTILIZANDO AÇO CA-60 DE 5 MM - MONTAGEM. AF_06/2017","KG",34.200000000000003,{"$f":"VLOOKUP(D1166,'CPU (sem des)'!B:I,8,FALSE)","v":19.05},0.23957567779569877,23.613916662008062,{"$f":"VLOOKUP(D1166,'CPU (des)'!B:I,8,FALSE)","v":18.21},0.30260494954802231,23.720436131269487,807.59594984067576,811.23891568941656]
[null,"3.8.3.7","Composição Sinapi",96557,"CONCRETAGEM DE BLOCOS DE COROAMENTO E VIGAS BALDRAMES, FCK 30 MPA, COM USO DE BOMBA - LANÇAMENTO, ADENSAMENTO E ACABAMENTO. AF_06/2017","M3",1.9,{"$f":"VLOOKUP(D1167,'CPU (sem des)'!B:I,8,FALSE)","v":896.08},0.23957567779569877,1110.7589733591699,{"$f":"VLOOKUP(D1167,'CPU (des)'!B:I,8,FALSE)","v":894.03},0.30260494954802231,1164.5679030444182,2110.4420493824227,2212.6790157843948]
[null,"3.8.4","INFRAESTRUTURA",null,null,null,1,{"$nulls":6},{"$f":"SUM(N1169:N1179)","v":70762.860910737916},{"$f":"SUM(O1169:O1179)","v":72140.880341918062}]
[null,"3.8.4.1","Composição Sinapi",92409,"MONTAGEM E DESMONTAGEM DE FÔRMA DE PILARES RETANGULARES E ESTRUTURAS SIMILARES, PÉ-DIREITO SIMPLES, EM MADEIRA SERRADA, 1 UTILIZAÇÃO. AF_09/2020","M2",24.6,{"$f":"VLOOKUP(D1169,'CPU (sem des)'!B:I,8,FALSE)","v":225},{"$f":"$N$4","v":0.23957567779569877},{"$f":"H1169*(1+I1169)","v":278.90452750403222},{"$f":"VLOOKUP(D1169,'CPU (des)'!B:I,8,FALSE)","v":212.85},{"$f":"$O$4","v":0.30260494954802231},{"$f":"K1169*(1+L1169)","v":277.25946351129653},{"$f":"J1169*G1169","v":6861.0513765991927},{"$f":"M1169*G1169","v":6820.582802377895}]
[null,"3.8.4.2","Composição Sinapi",92761,"ARMAÇÃO DE PILAR OU VIGA DE ESTRUTURA CONVENCIONAL DE CONCRETO ARMADO UTILIZANDO AÇO CA-50 DE 8,0 MM - MONTAGEM. AF_06/2022","KG",98.8,{"$f":"VLOOKUP(D1170,'CPU (sem des)'!B:I,8,FALSE)","v":15.29},0.23957567779569877,18.953112113496232,{"$f":"VLOOKUP(D1170,'CPU (des)'!B:I,8,FALSE)","v":15.09},0.30260494954802231,19.656308688679655,1872.5674768134277,1942.0432984415497]
[null,"3.8.4.3","Composição Sinapi",92762,"ARMAÇÃO DE PILAR OU VIGA DE ESTRUTURA CONVENCIONAL DE CONCRETO ARMADO UTILIZANDO AÇO CA-50 DE 10,0 MM - MONTAGEM. AF_06/2022","KG",101.7,{"$f":"VLOOKUP(D1171,'CPU (sem des)'!B:I,8,FALSE)","v":13.9},0.23957567779569877,17.230101921360212,{"$f":"VLOOKUP(D1171,'CPU (des)'!B:I,8,FALSE)","v":13.75},0.30260494954802231,17.910818056285308,1752.3013654023337,1821.5301963242159]
[null,"3.8.4.4","Composição Sinapi",92759,"ARMAÇÃO DE PILAR OU VIGA DE ESTRUTURA CONVENCIONAL DE CONCRETO ARMADO UTILIZANDO AÇO CA-60 DE 5,0 MM - MONTAGEM. AF_06/2022","KG",75.5,{"$f":"VLOOKUP(D1172,'CPU (sem des)'!B:I,8,FALSE)","v":16.05},0.23957567779569877,19.895189628620965,{"$f":"VLOOKUP(D1172,'CPU (des)'!B:I,8,FALSE)","v":15.54},0.30260494954802231,20.242480915976266,1502.086816960883,1528.307309156208]
[null,"3.8.4.5","Composição Sinapi",92446,"MONTAGEM E DESMONTAGEM DE FÔRMA DE VIGA, ESCORAMENTO COM PONTALETE DE MADEIRA, PÉ-DIREITO SIMPLES, EM MADEIRA SERRADA, 1 UTILIZAÇÃO. AF_09/2020","M2",24.2,{"$f":"VLOOKUP(D1173,'CPU (sem des)'!B:I,8,FALSE)","v":221.02},0.23957567779569877,273.97101630640537,{"$f":"VLOOKUP(D1173,'CPU (des)'!B:I,8,FALSE)","v":209.3},0.30260494954802231,272.63521594040111,6630.0985946150095,6597.772225757707]
[null,"3.8.4.6","Composição Sinapi",92482,"MONTAGEM E DESMONTAGEM DE FÔRMA DE LAJE MACIÇA, PÉ-DIREITO SIMPLES, EM MADEIRA SERRADA, 1 UTILIZAÇÃO. AF_09/2020","M2",64.099999999999994,{"$f":"VLOOKUP(D1174,'CPU (sem des)'!B:I,8,FALSE)","v":233.39},0.23957567779569877,289.30456744073814,{"$f":"VLOOKUP(D1174,'CPU (des)'!B:I,8,FALSE)","v":220.36},0.30260494954802231,287.0420266824022,18544.422772951311,18399.39391034198]
[null,"3.8.4.7","Composição Sinapi",92768,"ARMAÇÃO DE LAJE DE ESTRUTURA CONVENCIONAL DE CONCRETO ARMADO UTILIZANDO AÇO CA-60 DE 5,0 MM - MONTAGEM. AF_06/2022","KG",160.5,{"$f":"VLOOKUP(D1175,'CPU (sem des)'!B:I,8,FALSE)","v":15.64},0.23957567779569877,19.38696360072473,{"$f":"VLOOKUP(D1175,'CPU (des)'!B:I,8,FALSE)","v":15.2},0.30260494954802231,19.799595233129939,3111.6076579163191,3177.8350349173552]
[null,"3.8.4.8","Composição Sinapi",92769,"ARMAÇÃO DE LAJE DE ESTRUTURA CONVENCIONAL DE CONCRETO ARMADO UTILIZANDO AÇO CA-50 DE 6,3 MM - MONTAGEM. AF_06/2022","KG",201.1,{"$f":"VLOOKUP(D1176,'CPU (sem des)'!B:I,8,FALSE)","v":15.38},0.23957567779569877,19.06467392449785,{"$f":"VLOOKUP(D1176,'CPU (des)'!B:I,8,FALSE)","v":15.11},0.30260494954802231,19.682360787670618,3833.9059262165174,3958.122754400561]
[null,"3.8.4.9","Composição Sinapi",92770,"ARMAÇÃO DE LAJE DE ESTRUTURA CONVENCIONAL DE CONCRETO ARMADO UTILIZANDO AÇO CA-50 DE 8,0 MM - MONTAGEM. AF_06/2022","KG",28.4,{"$f":"VLOOKUP(D1177,'CPU (sem des)'!B:I,8,FALSE)","v":14.88},0.23957567779569877,18.4448860856,{"$f":"VLOOKUP(D1177,'CPU (des)'!B:I,8,FALSE)","v":14.72},0.30260494954802231,19.174344857346888,523.83476483103993,544.55139394865159]
[null,"3.8.4.10","Composição Sinapi",92771,"ARMAÇÃO DE LAJE DE ESTRUTURA CONVENCIONAL DE CONCRETO ARMADO UTILIZANDO AÇO CA-50 DE 10,0 MM - MONTAGEM. AF_06/2022","KG",512.4,{"$f":"VLOOKUP(D1178,'CPU (sem des)'!B:I,8,FALSE)","v":13.51},0.23957567779569877,16.746667407019888,{"$f":"VLOOKUP(D1178,'CPU (des)'!B:I,8,FALSE)","v":13.41},0.30260494954802231,17.46793237343898,8580.9923793569906,8950.5685481501332]
[null,"3.8.4.11","Composição Sinapi",96557,"CONCRETAGEM DE BLOCOS DE COROAMENTO E VIGAS BALDRAMES, FCK 30 MPA, COM USO DE BOMBA - LANÇAMENTO, ADENSAMENTO E ACABAMENTO. AF_06/2017","M3",15.8,{"$f":"VLOOKUP(D1179,'CPU (sem des)'!B:I,8,FALSE)","v":896.08},0.23957567779569877,1110.7589733591699,{"$f":"VLOOKUP(D1179,'CPU (des)'!B:I,8,FALSE)","v":894.03},0.30260494954802231,1164.5679030444182,17549.991779074884,18400.17286810181]
[null,"3.8.5","IMPERMEABILIZAÇÃO",null,null,null,1,{"$nulls":6},{"$f":"SUM(N1181)","v":13979.629558563152},{"$f":"SUM(O1181)","v":14437.462339068939}]
[null,"3.8.5.1","Composição Sinapi",98546,"IMPERMEABILIZAÇÃO DE SUPERFÍCIE COM MANTA ASFÁLTICA, UMA CAMADA, INCLUSIVE APLICAÇÃO DE PRIMER ASFÁLTICO, E=3MM. AF_06/2018","M2",64.099999999999994,{"$f":"VLOOKUP(D1181,'CPU (sem des)'!B:I,8,FALSE)","v":175.94},{"$f":"$N$4","v":0.23957567779569877},{"$f":"H1181*(1+I1181)","v":218.09094475137525},{"$f":"VLOOKUP(D1181,'CPU (des)'!B:I,8,FALSE)","v":172.91},{"$f":"$O$4","v":0.30260494954802231},{"$f":"K1181*(1+L1181)","v":225.23342182634852},{"$f":"J1181*G1181","v":13979.629558563152},{"$f":"M1181*G1181","v":14437.462339068939}]
[null,"3.8.6","PROJETO ELÉTRICO ",null,null,null,1,{"$nulls":6},{"$f":"SUM(N1183:N1194)","v":4376.6580624645085},{"$f":"SUM(O1183:O1194)","v":4431.2190255651076}]
[null,"3.8.6.1","Composição Sinapi",91926,"CABO DE COBRE FLEXÍVEL ISOLADO, 2,5 MM², ANTI-CHAMA 450/750 V, PARA CIRCUITOS TERMINAIS - FORNECIMENTO E INSTALAÇÃO. AF_12/2015","M",90,{"$f":"VLOOKUP(D1183,'CPU (sem des)'!B:I,8,FALSE)","v":4.87},{"$f":"$N$4","v":0.23957567779569877},{"$f":"H1183*(1+I1183)","v":6.036733550865053},{"$f":"VLOOKUP(D1183,'CPU (des)'!B:I,8,FALSE)","v":4.7},{"$f":"$O$4","v":0.30260494954802231},{"$f":"K1183*(1+L1183)","v":6.1222432628757053},{"$f":"J1183*G1183","v":543.30601957785473},{"$f":"M1183*G1183","v":551.00189365881351}]
[null,"3.8.6.2","Composição Sinapi",91928,"CABO DE COBRE FLEXÍVEL ISOLADO, 4 MM², ANTI-CHAMA 450/750 V, PARA CIRCUITOS TERMINAIS - FORNECIMENTO E INSTALAÇÃO. AF_12/2015","M",78,{"$f":"VLOOKUP(D1184,'CPU (sem des)'!B:I,8,FALSE)","v":7.58},0.23957567779569877,9.3959836376913977,{"$f":"VLOOKUP(D1184,'CPU (des)'!B:I,8,FALSE)","v":7.35},0.30260494954802231,9.5741463791779626,732.88672373992904,746.78341757588112]
[null,"3.8.6.3","Composição Sinapi",91996,"TOMADA MÉDIA DE EMBUTIR (1 MÓDULO), 2P+T 10 A, INCLUINDO SUPORTE E PLACA - FORNECIMENTO E INSTALAÇÃO. AF_12/2015","UN",2,{"$f":"VLOOKUP(D1185,'CPU (sem des)'!B:I,8,FALSE)","v":35.450000000000003},0.23957567779569877,43.942957777857522,{"$f":"VLOOKUP(D1185,'CPU (des)'!B:I,8,FALSE)","v":32.85},0.30260494954802231,42.790572592652538,87.885915555715044,85.581145185305076]
[null,"3.8.6.4","Composição Sinapi",97597,"SENSOR DE PRESENÇA COM FOTOCÉLULA, FIXAÇÃO EM TETO - FORNECIMENTO E INSTALAÇÃO. AF_02/2020","UN",3,{"$f":"VLOOKUP(D1186,'CPU (sem des)'!B:I,8,FALSE)","v":70.67},0.23957567779569877,87.600813149822031,{"$f":"VLOOKUP(D1186,'CPU (des)'!B:I,8,FALSE)","v":69.08},0.30260494954802231,89.983949914777384,262.80243944946608,269.95184974433215]
[null,"3.8.6.5","Composição Sinapi",101632,"RELÉ FOTOELÉTRICO PARA COMANDO DE ILUMINAÇÃO EXTERNA 1000 W - FORNECIMENTO E INSTALAÇÃO. AF_08/2020","UN",1,{"$f":"VLOOKUP(D1187,'CPU (sem des)'!B:I,8,FALSE)","v":38.380000000000003},0.23957567779569877,47.574914513798923,{"$f":"VLOOKUP(D1187,'CPU (des)'!B:I,8,FALSE)","v":38.270000000000003},0.30260494954802231,49.850691419202818,47.574914513798923,49.850691419202818]
[null,"3.8.6.6","Composição Sinapi",91837,"ELETRODUTO FLEXÍVEL CORRUGADO REFORÇADO, PVC, DN 32 MM (1\"), PARA CIRCUITOS TERMINAIS, INSTALADO EM FORRO - FORNECIMENTO E INSTALAÇÃO. AF_12/2015","M",30,{"$f":"VLOOKUP(D1188,'CPU (sem des)'!B:I,8,FALSE)","v":17.96},0.23957567779569877,22.262779173210753,{"$f":"VLOOKUP(D1188,'CPU (des)'!B:I,8,FALSE)","v":17.13},0.30260494954802231,22.313622785757619,667.88337519632262,669.40868357272859]
[null,"3.8.6.7","Composição Sinapi",91835,"ELETRODUTO FLEXÍVEL CORRUGADO REFORÇADO, PVC, DN 25 MM (3/4\"), PARA CIRCUITOS TERMINAIS, INSTALADO EM FORRO - FORNECIMENTO E INSTALAÇÃO. AF_12/2015","M",22,{"$f":"VLOOKUP(D1189,'CPU (sem des)'!B:I,8,FALSE)","v":12.79},0.23957567779569877,15.854172919006986,{"$f":"VLOOKUP(D1189,'CPU (des)'!B:I,8,FALSE)","v":12.05},0.30260494954802231,15.696389642053671,348.79180421815369,345.32057212518077]
[null,"3.8.6.8","Composição Sinapi",91940,"CAIXA RETANGULAR 4\" X 2\" MÉDIA (1,30 M DO PISO), PVC, INSTALADA EM PAREDE - FORNECIMENTO E INSTALAÇÃO. AF_12/2015","UN",6,{"$f":"VLOOKUP(D1190,'CPU (sem des)'!B:I,8,FALSE)","v":17.5},0.23957567779569877,21.692574361424729,{"$f":"VLOOKUP(D1190,'CPU (des)'!B:I,8,FALSE)","v":15.79},0.30260494954802231,20.568132153363273,130.15544616854837,123.40879292017964]
[null,"3.8.6.9","Composição Sinapi",91936,"CAIXA OCTOGONAL 4\" X 4\", PVC, INSTALADA EM LAJE - FORNECIMENTO E INSTALAÇÃO. AF_12/2015","UN",9,{"$f":"VLOOKUP(D1191,'CPU (sem des)'!B:I,8,FALSE)","v":17.63},0.23957567779569877,21.853719199538169,{"$f":"VLOOKUP(D1191,'CPU (des)'!B:I,8,FALSE)","v":16.329999999999998},0.30260494954802231,21.271538826119201,196.68347279584353,191.44384943507282]
[null,"3.8.6.10","Insumo Sinapi",14055,"CAIXA DE PASSAGEM/ LUZ / TELEFONIA, DE EMBUTIR, EM CHAPA DE ACO GALVANIZADO, DIMENSOES 120 X 120 X *12* CM (PADRAO CONCESSIONARIA LOCAL)","UN",1,{"$f":"VLOOKUP(D1192,'Insumo SINAPI (sem des.)'!A:E,5,FALSE)","v":728},{"$f":"$N$5","v":0.14692012195121973},834.95784878048801,{"$f":"VLOOKUP(D1192,'Insumos SINAPI (des)'!A:E,5,FALSE)","v":728},{"$f":"$O$5","v":0.20311109145345707},875.86487457811677,834.95784878048801,875.86487457811677]
[null,"3.8.6.11","Insumo Sinapi",20111,"FITA ISOLANTE ADESIVA ANTICHAMA, USO ATE 750 V, EM ROLO DE 19 MM X 20 M","UN",1,{"$f":"VLOOKUP(D1193,'Insumo SINAPI (sem des.)'!A:E,5,FALSE)","v":30},{"$f":"$N$5","v":0.14692012195121973},34.407603658536594,{"$f":"VLOOKUP(D1193,'Insumos SINAPI (des)'!A:E,5,FALSE)","v":30},{"$f":"$O$5","v":0.20311109145345707},36.09333274360371,34.407603658536594,36.09333274360371]
[null,"3.8.6.12","Composição Orse",5027,"Caixa de passagem em alvenaria de tijolos maciços esp. = 0,12m,  dim. int. =  0.60 x 0.60 x 0.40m","UN",1,{"$f":"VLOOKUP(D1194,'CPU (sem des)'!B:I,8,FALSE)","v":394.75},{"$f":"$N$4","v":0.23957567779569877},489.32249880985211,{"$f":"VLOOKUP(D1194,'CPU (des)'!B:I,8,FALSE)","v":373.49},{"$f":"$O$4","v":0.30260494954802231},486.50992260669085,489.32249880985211,486.50992260669085]
[null,"3.8.7","PINTURA ",null,null,null,1,{"$nulls":6},{"$f":"SUM(N1196:N1197)","v":379.97952827149351},{"$f":"SUM(O1196:O1197)","v":379.99591588214906}]
[null,"3.8.7.1","Composição Sinapi",88415,"APLICAÇÃO MANUAL DE FUNDO SELADOR ACRÍLICO EM PAREDES EXTERNAS DE CASAS. AF_06/2014","M2",19.5,{"$f":"VLOOKUP(D1196,'CPU (sem des)'!B:I,8,FALSE)","v":2.5},{"$f":"$N$4","v":0.23957567779569877},{"$f":"H1196*(1+I1196)","v":3.098939194489247},{"$f":"VLOOKUP(D1196,'CPU (des)'!B:I,8,FALSE)","v":2.3199999999999998},{"$f":"$O$4","v":0.30260494954802231},{"$f":"K1196*(1+L1196)","v":3.0220434829514113},{"$f":"J1196*G1196","v":60.429314292540319},{"$f":"M1196*G1196","v":58.929847917552522}]
[null,"3.8.7.2","Composição Sinapi",88423,"APLICAÇÃO MANUAL DE PINTURA COM TINTA TEXTURIZADA ACRÍLICA EM PAREDES EXTERNAS DE CASAS, UMA COR. AF_06/2014","M2",19.5,{"$f":"VLOOKUP(D1197,'CPU (sem des)'!B:I,8,FALSE)","v":13.22},{"$f":"$N$4","v":0.23957567779569877},{"$f":"H1197*(1+I1197)","v":16.387190460459138},{"$f":"VLOOKUP(D1197,'CPU (des)'!B:I,8,FALSE)","v":12.64},{"$f":"$O$4","v":0.30260494954802231},{"$f":"K1197*(1+L1197)","v":16.464926562287001},{"$f":"J1197*G1197","v":319.5502139789532},321.06606796459653]
[null,"3.8.8","MOBOBILIÁRIO ",null,null,null,1,{"$nulls":6},{"$f":"SUM(N1199:N1200)","v":1365.3182345512946},{"$f":"SUM(O1199:O1200)","v":1432.4746630179602}]
[null,"3.8.8.1","Composição Orse",2409,"Banco de concreto com encosto largura = 30cm","UN",4,{"$f":"VLOOKUP(D1199,'CPU (sem des)'!B:I,8,FALSE)","v":175},{"$f":"$N$4","v":0.23957567779569877},{"$f":"H1199*(1+I1199)","v":216.9257436142473},{"$f":"VLOOKUP(D1199,'CPU (des)'!B:I,8,FALSE)","v":175},{"$f":"$O$4","v":0.30260494954802231},{"$f":"K1199*(1+L1199)","v":227.9558661709039},{"$f":"J1199*G1199","v":867.70297445698918},{"$f":"M1199*G1199","v":911.82346468361561}]
[null,"3.8.8.2","Composição Orse",9367,"Conjunto com 03 lixeiras em fibra de vidro, com capacidade 20l cada, com tampa vai e vem","UN",1,{"$f":"VLOOKUP(D1200,'CPU (sem des)'!B:I,8,FALSE)","v":401.44},{"$f":"$N$4","v":0.23957567779569877},{"$f":"H1200*(1+I1200)","v":497.61526009430531},{"$f":"VLOOKUP(D1200,'CPU (des)'!B:I,8,FALSE)","v":399.7},{"$f":"$O$4","v":0.30260494954802231},{"$f":"K1200*(1+L1200)","v":520.65119833434449},{"$f":"J1200*G1200","v":497.61526009430531},520.65119833434449]
[null,"3.8.9","SERVIÇOS COMPLEMENTARES ",null,null,null,1,{"$nulls":6},{"$f":"SUM(N1202)","v":233.04022742559138},{"$f":"SUM(O1202)","v":225.09013528189826}]
[null,"3.8.9.1","Composição Orse",2450,"Limpeza geral","M2",80,{"$f":"VLOOKUP(D1202,'CPU (sem des)'!B:I,8,FALSE)","v":2.35},{"$f":"$N$4","v":0.23957567779569877},{"$f":"H1202*(1+I1202)","v":2.9130028428198922},{"$f":"VLOOKUP(D1202,'CPU (des)'!B:I,8,FALSE)","v":2.16},{"$f":"$O$4","v":0.30260494954802231},{"$f":"K1202*(1+L1202)","v":2.8136266910237282},{"$f":"J1202*G1202","v":233.04022742559138},{"$f":"M1202*G1202","v":225.09013528189826}]
[null,"3.9","Parada de Ônibus",{"$nulls":10},{"$f":"N1204+N1209+N1215+N1227+N1235+N1237+N1250+N1253+N1256","v":200291.1773465586},{"$f":"O1204+O1209+O1215+O1227+O1235+O1237+O1250+O1253+O1256","v":204385.81235584259}]
[null,"3.9.1","SERVIÇOS PRELIMINARES ",null,null,null,1,{"$nulls":6},{"$f":"SUM(N1205:N1208)","v":14310.295325429221},{"$f":"SUM(O1205:O1208)","v":14389.220012510807}]
[null,"3.9.1.1","Insumo Sinapi",4813,"PLACA DE OBRA (PARA CONSTRUCAO CIVIL) EM CHAPA GALVANIZADA *N. 22*, ADESIVADA, DE *2,4 X 1,2* M (SEM POSTES PARA FIXACAO)","M2",4.5,{"$f":"VLOOKUP(D1205,'Insumo SINAPI (sem des.)'!A:E,5,FALSE)","v":250},{"$f":"$N$5","v":0.14692012195121973},{"$f":"H1205*(1+I1205)","v":286.73003048780492},{"$f":"VLOOKUP(D1205,'Insumos SINAPI (des)'!A:E,5,FALSE)","v":250},{"$f":"$O$5","v":0.20311109145345707},{"$f":"K1205*(1+L1205)","v":300.77777286336425},{"$f":"J1205*G1205","v":1290.2851371951222},{"$f":"M1205*G1205","v":1353.4999778851391}]
[null,"3.9.1.2","Composição Sinapi",98525,"LIMPEZA MECANIZADA DE CAMADA VEGETAL, VEGETAÇÃO E PEQUENAS ÁRVORES (DIÂMETRO DE TRONCO MENOR QUE 0,20 M), COM TRATOR DE ESTEIRAS.AF_05/2018","M2",120,{"$f":"VLOOKUP(D1206,'CPU (sem des)'!B:I,8,FALSE)","v":0.34},{"$f":"$N$4","v":0.23957567779569877},{"$f":"H1206*(1+I1206)","v":0.42145573045053764},{"$f":"VLOOKUP(D1206,'CPU (des)'!B:I,8,FALSE)","v":0.32},{"$f":"$O$4","v":0.30260494954802231},{"$f":"K1206*(1+L1206)","v":0.41683358385536717},{"$f":"J1206*G1206","v":50.574687654064519},50.020030062644061]
[null,"3.9.1.3","Composição Sinapi",99059,"LOCACAO CONVENCIONAL DE OBRA, UTILIZANDO GABARITO DE TÁBUAS CORRIDAS PONTALETADAS A CADA 2,00M -  2 UTILIZAÇÕES. AF_10/2018","M",110.15,{"$f":"VLOOKUP(D1207,'CPU (sem des)'!B:I,8,FALSE)","v":47.35},{"$f":"$N$4","v":0.23957567779569877},{"$f":"H1207*(1+I1207)","v":58.69390834362634},{"$f":"VLOOKUP(D1207,'CPU (des)'!B:I,8,FALSE)","v":44.16},{"$f":"$O$4","v":0.30260494954802231},{"$f":"K1207*(1+L1207)","v":57.523034572040658},{"$f":"J1207*G1207","v":6465.1340040504419},6336.1622581102783]
[null,"3.9.1.4","Composição Sinapi",93582,"EXECUÇÃO DE CENTRAL DE ARMADURA EM CANTEIRO DE OBRA, NÃO INCLUSO MOBILIÁRIO E EQUIPAMENTOS. AF_04/2016","M2",20,{"$f":"VLOOKUP(D1208,'CPU (sem des)'!B:I,8,FALSE)","v":262.36},{"$f":"$N$4","v":0.23957567779569877},{"$f":"H1208*(1+I1208)","v":325.21507482647957},{"$f":"VLOOKUP(D1208,'CPU (des)'!B:I,8,FALSE)","v":255.24},{"$f":"$O$4","v":0.30260494954802231},{"$f":"K1208*(1+L1208)","v":332.47688732263725},{"$f":"J1208*G1208","v":6504.3014965295915},6649.5377464527446]
[null,"3.9.2","FUNDAÇÕES ",null,null,null,1,{"$nulls":6},{"$f":"SUM(N1210:N1214)","v":7476.9563686439151},{"$f":"SUM(O1210:O1214)","v":7570.3360289782513}]
[null,"3.9.2.1","Composição Sinapi",96523,"ESCAVAÇÃO MANUAL PARA BLOCO DE COROAMENTO OU SAPATA (INCLUINDO ESCAVAÇÃO PARA COLOCAÇÃO DE FÔRMAS). AF_06/2017","M3",1.73,{"$f":"VLOOKUP(D1210,'CPU (sem des)'!B:I,8,FALSE)","v":80.62},{"$f":"$N$4","v":0.23957567779569877},{"$f":"H1210*(1+I1210)","v":99.934591143889236},{"$f":"VLOOKUP(D1210,'CPU (des)'!B:I,8,FALSE)","v":71.430000000000007},{"$f":"$O$4","v":0.30260494954802231},{"$f":"K1210*(1+L1210)","v":93.04507154621524},{"$f":"J1210*G1210","v":172.88684267892839},{"$f":"M1210*G1210","v":160.96797377495236}]
[null,"3.9.2.2","Composição Sinapi",96621,"LASTRO COM MATERIAL GRANULAR, APLICAÇÃO EM BLOCOS DE COROAMENTO, ESPESSURA DE *5 CM*. AF_08/2017","M3",0.1,{"$f":"VLOOKUP(D1211,'CPU (sem des)'!B:I,8,FALSE)","v":404.83},{"$f":"$N$4","v":0.23957567779569877},{"$f":"H1211*(1+I1211)","v":501.81742164203274},{"$f":"VLOOKUP(D1211,'CPU (des)'!B:I,8,FALSE)","v":393.24},{"$f":"$O$4","v":0.30260494954802231},{"$f":"K1211*(1+L1211)","v":512.23637036026435},{"$f":"J1211*G1211","v":50.181742164203278},51.223637036026439]
[null,"3.9.2.3","Composição Sinapi",96529,"FABRICAÇÃO, MONTAGEM E DESMONTAGEM DE FÔRMA PARA SAPATA, EM MADEIRA SERRADA, E=25 MM, 1 UTILIZAÇÃO. AF_06/2017","M2",10.4,{"$f":"VLOOKUP(D1212,'CPU (sem des)'!B:I,8,FALSE)","v":273.68},{"$f":"$N$4","v":0.23957567779569877},{"$f":"H1212*(1+I1212)","v":339.24707149912683},{"$f":"VLOOKUP(D1212,'CPU (des)'!B:I,8,FALSE)","v":257.58},{"$f":"$O$4","v":0.30260494954802231},{"$f":"K1212*(1+L1212)","v":335.52498290457959},{"$f":"J1212*G1212","v":3528.1695435909191},3489.4598222076279]
[null,"3.9.2.4","Composição Sinapi",96545,"ARMAÇÃO DE BLOCO, VIGA BALDRAME OU SAPATA UTILIZANDO AÇO CA-50 DE 8 MM - MONTAGEM. AF_06/2017","KG",70,{"$f":"VLOOKUP(D1213,'CPU (sem des)'!B:I,8,FALSE)","v":17.149999999999999},{"$f":"$N$4","v":0.23957567779569877},{"$f":"H1213*(1+I1213)","v":21.258722874196231},{"$f":"VLOOKUP(D1213,'CPU (des)'!B:I,8,FALSE)","v":16.72},{"$f":"$O$4","v":0.30260494954802231},{"$f":"K1213*(1+L1213)","v":21.779554756442931},{"$f":"J1213*G1213","v":1488.1106011937361},1524.5688329510051]
[null,"3.9.2.5","Composição Sinapi",96558,"CONCRETAGEM DE SAPATAS, FCK 30 MPA, COM USO DE BOMBA - LANÇAMENTO, ADENSAMENTO E ACABAMENTO. AF_11/2016","M3",2,{"$f":"VLOOKUP(D1214,'CPU (sem des)'!B:I,8,FALSE)","v":902.57},{"$f":"$N$4","v":0.23957567779569877},{"$f":"H1214*(1+I1214)","v":1118.803819508064},{"$f":"VLOOKUP(D1214,'CPU (des)'!B:I,8,FALSE)","v":899.78},{"$f":"$O$4","v":0.30260494954802231},{"$f":"K1214*(1+L1214)","v":1172.0578815043195},{"$f":"J1214*G1214","v":2237.6076390161279},2344.1157630086391]
[null,"3.9.3","INFRAESTRUTURA",null,null,null,1,{"$nulls":6},{"$f":"SUM(N1216:N1226)","v":125412.28793073085},{"$f":"SUM(O1216:O1226)","v":127774.96579326075}]
[null,"3.9.3.1","Composição Sinapi",92409,"MONTAGEM E DESMONTAGEM DE FÔRMA DE PILARES RETANGULARES E ESTRUTURAS SIMILARES, PÉ-DIREITO SIMPLES, EM MADEIRA SERRADA, 1 UTILIZAÇÃO. AF_09/2020","M2",52.5,{"$f":"VLOOKUP(D1216,'CPU (sem des)'!B:I,8,FALSE)","v":225},{"$f":"$N$4","v":0.23957567779569877},{"$f":"H1216*(1+I1216)","v":278.90452750403222},{"$f":"VLOOKUP(D1216,'CPU (des)'!B:I,8,FALSE)","v":212.85},{"$f":"$O$4","v":0.30260494954802231},{"$f":"K1216*(1+L1216)","v":277.25946351129653},{"$f":"J1216*G1216","v":14642.487693961692},{"$f":"M1216*G1216","v":14556.121834343068}]
[null,"3.9.3.2","Composição Sinapi",92761,"ARMAÇÃO DE PILAR OU VIGA DE ESTRUTURA CONVENCIONAL DE CONCRETO ARMADO UTILIZANDO AÇO CA-50 DE 8,0 MM - MONTAGEM. AF_06/2022","KG",169.5,{"$f":"VLOOKUP(D1217,'CPU (sem des)'!B:I,8,FALSE)","v":15.29},0.23957567779569877,18.953112113496232,{"$f":"VLOOKUP(D1217,'CPU (des)'!B:I,8,FALSE)","v":15.09},0.30260494954802231,19.656308688679655,3212.5525032376113,3331.7443227312015]
[null,"3.9.3.3","Composição Sinapi",92762,"ARMAÇÃO DE PILAR OU VIGA DE ESTRUTURA CONVENCIONAL DE CONCRETO ARMADO UTILIZANDO AÇO CA-50 DE 10,0 MM - MONTAGEM. AF_06/2022","KG",211.7,{"$f":"VLOOKUP(D1218,'CPU (sem des)'!B:I,8,FALSE)","v":13.9},0.23957567779569877,17.230101921360212,{"$f":"VLOOKUP(D1218,'CPU (des)'!B:I,8,FALSE)","v":13.75},0.30260494954802231,17.910818056285308,3647.6125767519566,3791.7201825155994]
[null,"3.9.3.4","Composição Sinapi",92759,"ARMAÇÃO DE PILAR OU VIGA DE ESTRUTURA CONVENCIONAL DE CONCRETO ARMADO UTILIZANDO AÇO CA-60 DE 5,0 MM - MONTAGEM. AF_06/2022","KG",155.80000000000001,{"$f":"VLOOKUP(D1219,'CPU (sem des)'!B:I,8,FALSE)","v":16.05},0.23957567779569877,19.895189628620965,{"$f":"VLOOKUP(D1219,'CPU (des)'!B:I,8,FALSE)","v":15.54},0.30260494954802231,20.242480915976266,3099.6705441391468,3153.7785267091026]
[null,"3.9.3.5","Composição Sinapi",92446,"MONTAGEM E DESMONTAGEM DE FÔRMA DE VIGA, ESCORAMENTO COM PONTALETE DE MADEIRA, PÉ-DIREITO SIMPLES, EM MADEIRA SERRADA, 1 UTILIZAÇÃO. AF_09/2020","M2",44.4,{"$f":"VLOOKUP(D1220,'CPU (sem des)'!B:I,8,FALSE)","v":221.02},0.23957567779569877,273.97101630640537,{"$f":"VLOOKUP(D1220,'CPU (des)'!B:I,8,FALSE)","v":209.3},0.30260494954802231,272.63521594040111,12164.313124004399,12105.003587753808]
[null,"3.9.3.6","Composição Sinapi",92482,"MONTAGEM E DESMONTAGEM DE FÔRMA DE LAJE MACIÇA, PÉ-DIREITO SIMPLES, EM MADEIRA SERRADA, 1 UTILIZAÇÃO. AF_09/2020","M2",110.8,{"$f":"VLOOKUP(D1221,'CPU (sem des)'!B:I,8,FALSE)","v":233.39},0.23957567779569877,289.30456744073814,{"$f":"VLOOKUP(D1221,'CPU (des)'!B:I,8,FALSE)","v":220.36},0.30260494954802231,287.0420266824022,32054.946072433784,31804.256556410164]
[null,"3.9.3.7","Composição Sinapi",92768,"ARMAÇÃO DE LAJE DE ESTRUTURA CONVENCIONAL DE CONCRETO ARMADO UTILIZANDO AÇO CA-60 DE 5,0 MM - MONTAGEM. AF_06/2022","KG",224.1,{"$f":"VLOOKUP(D1222,'CPU (sem des)'!B:I,8,FALSE)","v":15.64},0.23957567779569877,19.38696360072473,{"$f":"VLOOKUP(D1222,'CPU (des)'!B:I,8,FALSE)","v":15.2},0.30260494954802231,19.799595233129939,4344.6185429224115,4437.0892917444189]
[null,"3.9.3.8","Composição Sinapi",92769,"ARMAÇÃO DE LAJE DE ESTRUTURA CONVENCIONAL DE CONCRETO ARMADO UTILIZANDO AÇO CA-50 DE 6,3 MM - MONTAGEM. AF_06/2022","KG",327.3,{"$f":"VLOOKUP(D1223,'CPU (sem des)'!B:I,8,FALSE)","v":15.38},0.23957567779569877,19.06467392449785,{"$f":"VLOOKUP(D1223,'CPU (des)'!B:I,8,FALSE)","v":15.11},0.30260494954802231,19.682360787670618,6239.8677754881464,6442.0366858045936]
[null,"3.9.3.9","Composição Sinapi",92770,"ARMAÇÃO DE LAJE DE ESTRUTURA CONVENCIONAL DE CONCRETO ARMADO UTILIZANDO AÇO CA-50 DE 8,0 MM - MONTAGEM. AF_06/2022","KG",43,{"$f":"VLOOKUP(D1224,'CPU (sem des)'!B:I,8,FALSE)","v":14.88},0.23957567779569877,18.4448860856,{"$f":"VLOOKUP(D1224,'CPU (des)'!B:I,8,FALSE)","v":14.72},0.30260494954802231,19.174344857346888,793.13010168080007,824.4968288659162]
[null,"3.9.3.10","Composição Sinapi",92771,"ARMAÇÃO DE LAJE DE ESTRUTURA CONVENCIONAL DE CONCRETO ARMADO UTILIZANDO AÇO CA-50 DE 10,0 MM - MONTAGEM. AF_06/2022","KG",829.4,{"$f":"VLOOKUP(D1225,'CPU (sem des)'!B:I,8,FALSE)","v":13.51},0.23957567779569877,16.746667407019888,{"$f":"VLOOKUP(D1225,'CPU (des)'!B:I,8,FALSE)","v":13.41},0.30260494954802231,17.46793237343898,13889.685947382295,14487.903110530289]
[null,"3.9.3.11","Composição Sinapi",96557,"CONCRETAGEM DE BLOCOS DE COROAMENTO E VIGAS BALDRAMES, FCK 30 MPA, COM USO DE BOMBA - LANÇAMENTO, ADENSAMENTO E ACABAMENTO. AF_06/2017","M3",28.2,{"$f":"VLOOKUP(D1226,'CPU (sem des)'!B:I,8,FALSE)","v":896.08},0.23957567779569877,1110.7589733591699,{"$f":"VLOOKUP(D1226,'CPU (des)'!B:I,8,FALSE)","v":894.03},0.30260494954802231,1164.5679030444182,31323.403048728589,32840.814865852597]
[null,"3.9.4","SUPRAESTRUTURA",null,null,null,1,{"$nulls":6},{"$f":"SUM(N1228:N1234)","v":7537.5900889657241},{"$f":"SUM(O1228:O1234)","v":7699.5382876720396}]
[null,"3.9.4.1","Composição Sinapi",96523,"ESCAVAÇÃO MANUAL PARA BLOCO DE COROAMENTO OU SAPATA (INCLUINDO ESCAVAÇÃO PARA COLOCAÇÃO DE FÔRMAS). AF_06/2017","M3",1,{"$f":"VLOOKUP(D1228,'CPU (sem des)'!B:I,8,FALSE)","v":80.62},{"$f":"$N$4","v":0.23957567779569877},{"$f":"H1228*(1+I1228)","v":99.934591143889236},{"$f":"VLOOKUP(D1228,'CPU (des)'!B:I,8,FALSE)","v":71.430000000000007},{"$f":"$O$4","v":0.30260494954802231},{"$f":"K1228*(1+L1228)","v":93.04507154621524},{"$f":"J1228*G1228","v":99.934591143889236},{"$f":"M1228*G1228","v":93.04507154621524}]
[null,"3.9.4.2","Composição Sinapi",96621,"LASTRO COM MATERIAL GRANULAR, APLICAÇÃO EM BLOCOS DE COROAMENTO, ESPESSURA DE *5 CM*. AF_08/2017","M3",1,{"$f":"VLOOKUP(D1229,'CPU (sem des)'!B:I,8,FALSE)","v":404.83},0.23957567779569877,501.81742164203274,{"$f":"VLOOKUP(D1229,'CPU (des)'!B:I,8,FALSE)","v":393.24},0.30260494954802231,512.23637036026435,501.81742164203274,512.23637036026435]
[null,"3.9.4.3","Composição Sinapi",96536,"FABRICAÇÃO, MONTAGEM E DESMONTAGEM DE FÔRMA PARA VIGA BALDRAME, EM MADEIRA SERRADA, E=25 MM, 4 UTILIZAÇÕES. AF_06/2017","M2",1,{"$f":"VLOOKUP(D1230,'CPU (sem des)'!B:I,8,FALSE)","v":61.12},0.23957567779569877,75.762865426873105,{"$f":"VLOOKUP(D1230,'CPU (des)'!B:I,8,FALSE)","v":56.87},0.30260494954802231,74.07914348079602,75.762865426873105,74.07914348079602]
[null,"3.9.4.4","Composição Sinapi",96545,"ARMAÇÃO DE BLOCO, VIGA BALDRAME OU SAPATA UTILIZANDO AÇO CA-50 DE 8 MM - MONTAGEM. AF_06/2017","KG",169.5,{"$f":"VLOOKUP(D1231,'CPU (sem des)'!B:I,8,FALSE)","v":17.149999999999999},0.23957567779569877,21.258722874196231,{"$f":"VLOOKUP(D1231,'CPU (des)'!B:I,8,FALSE)","v":16.72},0.30260494954802231,21.779554756442931,3603.3535271762612,3691.6345312170765]
[null,"3.9.4.5","Composição Sinapi",96546,"ARMAÇÃO DE BLOCO, VIGA BALDRAME OU SAPATA UTILIZANDO AÇO CA-50 DE 10 MM - MONTAGEM. AF_06/2017","KG",17.75,{"$f":"VLOOKUP(D1232,'CPU (sem des)'!B:I,8,FALSE)","v":15.43},0.23957567779569877,19.126652708387631,{"$f":"VLOOKUP(D1232,'CPU (des)'!B:I,8,FALSE)","v":15.11},0.30260494954802231,19.682360787670618,339.49808557388047,349.36190398115349]
[null,"3.9.4.6","Composição Sinapi",96543,"ARMAÇÃO DE BLOCO, VIGA BALDRAME E SAPATA UTILIZANDO AÇO CA-60 DE 5 MM - MONTAGEM. AF_06/2017","KG",76.5,{"$f":"VLOOKUP(D1233,'CPU (sem des)'!B:I,8,FALSE)","v":19.05},0.23957567779569877,23.613916662008062,{"$f":"VLOOKUP(D1233,'CPU (des)'!B:I,8,FALSE)","v":18.21},0.30260494954802231,23.720436131269487,1806.4646246436168,1814.6133640421158]
[null,"3.9.4.7","Composição Sinapi",96557,"CONCRETAGEM DE BLOCOS DE COROAMENTO E VIGAS BALDRAMES, FCK 30 MPA, COM USO DE BOMBA - LANÇAMENTO, ADENSAMENTO E ACABAMENTO. AF_06/2017","M3",1,{"$f":"VLOOKUP(D1234,'CPU (sem des)'!B:I,8,FALSE)","v":896.08},0.23957567779569877,1110.7589733591699,{"$f":"VLOOKUP(D1234,'CPU (des)'!B:I,8,FALSE)","v":894.03},0.30260494954802231,1164.5679030444182,1110.7589733591699,1164.5679030444182]
[null,"3.9.5","IMPERMEABILIZAÇÃO",null,null,null,1,{"$nulls":6},{"$f":"SUM(N1236)","v":37947.824386739296},{"$f":"SUM(O1236)","v":39190.615397784641}]
[null,"3.9.5.1","Composição Sinapi",98546,"IMPERMEABILIZAÇÃO DE SUPERFÍCIE COM MANTA ASFÁLTICA, UMA CAMADA, INCLUSIVE APLICAÇÃO DE PRIMER ASFÁLTICO, E=3MM. AF_06/2018","M2",174,{"$f":"VLOOKUP(D1236,'CPU (sem des)'!B:I,8,FALSE)","v":175.94},{"$f":"$N$4","v":0.23957567779569877},{"$f":"H1236*(1+I1236)","v":218.09094475137525},{"$f":"VLOOKUP(D1236,'CPU (des)'!B:I,8,FALSE)","v":172.91},{"$f":"$O$4","v":0.30260494954802231},{"$f":"K1236*(1+L1236)","v":225.23342182634852},{"$f":"J1236*G1236","v":37947.824386739296},{"$f":"M1236*G1236","v":39190.615397784641}]
[null,"3.9.6","PROJETO ELÉTRICO ",null,null,null,1,{"$nulls":6},{"$f":"SUM(N1238:N1249)","v":4376.6580624645085},{"$f":"SUM(O1238:O1249)","v":4431.2190255651076}]
[null,"3.9.6.1","Composição Sinapi",91926,"CABO DE COBRE FLEXÍVEL ISOLADO, 2,5 MM², ANTI-CHAMA 450/750 V, PARA CIRCUITOS TERMINAIS - FORNECIMENTO E INSTALAÇÃO. AF_12/2015","M",90,{"$f":"VLOOKUP(D1238,'CPU (sem des)'!B:I,8,FALSE)","v":4.87},{"$f":"$N$4","v":0.23957567779569877},{"$f":"H1238*(1+I1238)","v":6.036733550865053},{"$f":"VLOOKUP(D1238,'CPU (des)'!B:I,8,FALSE)","v":4.7},{"$f":"$O$4","v":0.30260494954802231},{"$f":"K1238*(1+L1238)","v":6.1222432628757053},{"$f":"J1238*G1238","v":543.30601957785473},{"$f":"M1238*G1238","v":551.00189365881351}]
[null,"3.9.6.2","Composição Sinapi",91928,"CABO DE COBRE FLEXÍVEL ISOLADO, 4 MM², ANTI-CHAMA 450/750 V, PARA CIRCUITOS TERMINAIS - FORNECIMENTO E INSTALAÇÃO. AF_12/2015","M",78,{"$f":"VLOOKUP(D1239,'CPU (sem des)'!B:I,8,FALSE)","v":7.58},0.23957567779569877,9.3959836376913977,{"$f":"VLOOKUP(D1239,'CPU (des)'!B:I,8,FALSE)","v":7.35},0.30260494954802231,9.5741463791779626,732.88672373992904,746.78341757588112]
[null,"3.9.6.3","Composição Sinapi",91996,"TOMADA MÉDIA DE EMBUTIR (1 MÓDULO), 2P+T 10 A, INCLUINDO SUPORTE E PLACA - FORNECIMENTO E INSTALAÇÃO. AF_12/2015","UN",2,{"$f":"VLOOKUP(D1240,'CPU (sem des)'!B:I,8,FALSE)","v":35.450000000000003},0.23957567779569877,43.942957777857522,{"$f":"VLOOKUP(D1240,'CPU (des)'!B:I,8,FALSE)","v":32.85},0.30260494954802231,42.790572592652538,87.885915555715044,85.581145185305076]
[null,"3.9.6.4","Composição Sinapi",97597,"SENSOR DE PRESENÇA COM FOTOCÉLULA, FIXAÇÃO EM TETO - FORNECIMENTO E INSTALAÇÃO. AF_02/2020","UN",3,{"$f":"VLOOKUP(D1241,'CPU (sem des)'!B:I,8,FALSE)","v":70.67},0.23957567779569877,87.600813149822031,{"$f":"VLOOKUP(D1241,'CPU (des)'!B:I,8,FALSE)","v":69.08},0.30260494954802231,89.983949914777384,262.80243944946608,269.95184974433215]
[null,"3.9.6.5","Composição Sinapi",101632,"RELÉ FOTOELÉTRICO PARA COMANDO DE ILUMINAÇÃO EXTERNA 1000 W - FORNECIMENTO E INSTALAÇÃO. AF_08/2020","UN",1,{"$f":"VLOOKUP(D1242,'CPU (sem des)'!B:I,8,FALSE)","v":38.380000000000003},0.23957567779569877,47.574914513798923,{"$f":"VLOOKUP(D1242,'CPU (des)'!B:I,8,FALSE)","v":38.270000000000003},0.30260494954802231,49.850691419202818,47.574914513798923,49.850691419202818]
[null,"3.9.6.6","Composição Sinapi",91837,"ELETRODUTO FLEXÍVEL CORRUGADO REFORÇADO, PVC, DN 32 MM (1\"), PARA CIRCUITOS TERMINAIS, INSTALADO EM FORRO - FORNECIMENTO E INSTALAÇÃO. AF_12/2015","M",30,{"$f":"VLOOKUP(D1243,'CPU (sem des)'!B:I,8,FALSE)","v":17.96},0.23957567779569877,22.262779173210753,{"$f":"VLOOKUP(D1243,'CPU (des)'!B:I,8,FALSE)","v":17.13},0.30260494954802231,22.313622785757619,667.88337519632262,669.40868357272859]
[null,"3.9.6.7","Composição Sinapi",91835,"ELETRODUTO FLEXÍVEL CORRUGADO REFORÇADO, PVC, DN 25 MM (3/4\"), PARA CIRCUITOS TERMINAIS, INSTALADO EM FORRO - FORNECIMENTO E INSTALAÇÃO. AF_12/2015","M",22,{"$f":"VLOOKUP(D1244,'CPU (sem des)'!B:I,8,FALSE)","v":12.79},0.23957567779569877,15.854172919006986,{"$f":"VLOOKUP(D1244,'CPU (des)'!B:I,8,FALSE)","v":12.05},0.30260494954802231,15.696389642053671,348.79180421815369,345.32057212518077]
[null,"3.9.6.8","Composição Sinapi",91940,"CAIXA RETANGULAR 4\" X 2\" MÉDIA (1,30 M DO PISO), PVC, INSTALADA EM PAREDE - FORNECIMENTO E INSTALAÇÃO. AF_12/2015","UN",6,{"$f":"VLOOKUP(D1245,'CPU (sem des)'!B:I,8,FALSE)","v":17.5},0.23957567779569877,21.692574361424729,{"$f":"VLOOKUP(D1245,'CPU (des)'!B:I,8,FALSE)","v":15.79},0.30260494954802231,20.568132153363273,130.15544616854837,123.40879292017964]
[null,"3.9.6.9","Composição Sinapi",91936,"CAIXA OCTOGONAL 4\" X 4\", PVC, INSTALADA EM LAJE - FORNECIMENTO E INSTALAÇÃO. AF_12/2015","UN",9,{"$f":"VLOOKUP(D1246,'CPU (sem des)'!B:I,8,FALSE)","v":17.63},0.23957567779569877,21.853719199538169,{"$f":"VLOOKUP(D1246,'CPU (des)'!B:I,8,FALSE)","v":16.329999999999998},0.30260494954802231,21.271538826119201,196.68347279584353,191.44384943507282]
[null,"3.9.6.10","Insumo Sinapi",14055,"CAIXA DE PASSAGEM/ LUZ / TELEFONIA, DE EMBUTIR, EM CHAPA DE ACO GALVANIZADO, DIMENSOES 120 X 120 X *12* CM (PADRAO CONCESSIONARIA LOCAL)","UN",1,{"$f":"VLOOKUP(D1247,'Insumo SINAPI (sem des.)'!A:E,5,FALSE)","v":728},{"$f":"$N$5","v":0.14692012195121973},834.95784878048801,{"$f":"VLOOKUP(D1247,'Insumos SINAPI (des)'!A:E,5,FALSE)","v":728},{"$f":"$O$5","v":0.20311109145345707},875.86487457811677,834.95784878048801,875.86487457811677]
[null,"3.9.6.11","Insumo Sinapi",20111,"FITA ISOLANTE ADESIVA ANTICHAMA, USO ATE 750 V, EM ROLO DE 19 MM X 20 M","UN",1,{"$f":"VLOOKUP(D1248,'Insumo SINAPI (sem des.)'!A:E,5,FALSE)","v":30},{"$f":"$N$5","v":0.14692012195121973},34.407603658536594,{"$f":"VLOOKUP(D1248,'Insumos SINAPI (des)'!A:E,5,FALSE)","v":30},{"$f":"$O$5","v":0.20311109145345707},36.09333274360371,34.407603658536594,36.09333274360371]
[null,"3.9.6.12","Composição Orse",5027,"Caixa de passagem em alvenaria de tijolos maciços esp. = 0,12m,  dim. int. =  0.60 x 0.60 x 0.40m","UN",1,{"$f":"VLOOKUP(D1249,'CPU (sem des)'!B:I,8,FALSE)","v":394.75},{"$f":"$N$4","v":0.23957567779569877},489.32249880985211,{"$f":"VLOOKUP(D1249,'CPU (des)'!B:I,8,FALSE)","v":373.49},{"$f":"$O$4","v":0.30260494954802231},486.50992260669085,489.32249880985211,486.50992260669085]
[null,"3.9.7","PINTURA ",null,null,null,1,{"$nulls":6},{"$f":"SUM(N1251:N1252)","v":583.21986057260517},{"$f":"SUM(O1251:O1252)","v":583.24501345398573}]
[null,"3.9.7.1","Composição Sinapi",88415,"APLICAÇÃO MANUAL DE FUNDO SELADOR ACRÍLICO EM PAREDES EXTERNAS DE CASAS. AF_06/2014","M2",29.93,{"$f":"VLOOKUP(D1251,'CPU (sem des)'!B:I,8,FALSE)","v":2.5},{"$f":"$N$4","v":0.23957567779569877},{"$f":"H1251*(1+I1251)","v":3.098939194489247},{"$f":"VLOOKUP(D1251,'CPU (des)'!B:I,8,FALSE)","v":2.3199999999999998},{"$f":"$O$4","v":0.30260494954802231},{"$f":"K1251*(1+L1251)","v":3.0220434829514113},{"$f":"J1251*G1251","v":92.75125009106317},{"$f":"M1251*G1251","v":90.449761444735742}]
[null,"3.9.7.2","Composição Sinapi",88423,"APLICAÇÃO MANUAL DE PINTURA COM TINTA TEXTURIZADA ACRÍLICA EM PAREDES EXTERNAS DE CASAS, UMA COR. AF_06/2014","M2",29.93,{"$f":"VLOOKUP(D1252,'CPU (sem des)'!B:I,8,FALSE)","v":13.22},{"$f":"$N$4","v":0.23957567779569877},{"$f":"H1252*(1+I1252)","v":16.387190460459138},{"$f":"VLOOKUP(D1252,'CPU (des)'!B:I,8,FALSE)","v":12.64},{"$f":"$O$4","v":0.30260494954802231},{"$f":"K1252*(1+L1252)","v":16.464926562287001},{"$f":"J1252*G1252","v":490.46861048154199},492.79525200924996]
[null,"3.9.8","MOBOBILIÁRIO ",null,null,null,1,{"$nulls":6},{"$f":"SUM(N1254:N1255)","v":2296.7849818740942},{"$f":"SUM(O1254:O1255)","v":2409.0375936941127}]
[null,"3.9.8.1","Composição Orse",2409,"Banco de concreto com encosto largura = 30cm","UN",6,{"$f":"VLOOKUP(D1254,'CPU (sem des)'!B:I,8,FALSE)","v":175},{"$f":"$N$4","v":0.23957567779569877},{"$f":"H1254*(1+I1254)","v":216.9257436142473},{"$f":"VLOOKUP(D1254,'CPU (des)'!B:I,8,FALSE)","v":175},{"$f":"$O$4","v":0.30260494954802231},{"$f":"K1254*(1+L1254)","v":227.9558661709039},{"$f":"J1254*G1254","v":1301.5544616854838},{"$f":"M1254*G1254","v":1367.7351970254235}]
[null,"3.9.8.2","Composição Orse",9367,"Conjunto com 03 lixeiras em fibra de vidro, com capacidade 20l cada, com tampa vai e vem","UN",2,{"$f":"VLOOKUP(D1255,'CPU (sem des)'!B:I,8,FALSE)","v":401.44},{"$f":"$N$4","v":0.23957567779569877},{"$f":"H1255*(1+I1255)","v":497.61526009430531},{"$f":"VLOOKUP(D1255,'CPU (des)'!B:I,8,FALSE)","v":399.7},{"$f":"$O$4","v":0.30260494954802231},{"$f":"K1255*(1+L1255)","v":520.65119833434449},{"$f":"J1255*G1255","v":995.23052018861063},1041.302396668689]
[null,"3.9.9","SERVIÇOS COMPLEMENTARES ",null,null,null,1,{"$nulls":6},{"$f":"SUM(N1257)","v":349.56034113838706},{"$f":"SUM(O1257)","v":337.63520292284738}]
[null,"3.9.9.1","Composição Orse",2450,"Limpeza geral","M2",120,{"$f":"VLOOKUP(D1257,'CPU (sem des)'!B:I,8,FALSE)","v":2.35},{"$f":"$N$4","v":0.23957567779569877},{"$f":"H1257*(1+I1257)","v":2.9130028428198922},{"$f":"VLOOKUP(D1257,'CPU (des)'!B:I,8,FALSE)","v":2.16},{"$f":"$O$4","v":0.30260494954802231},{"$f":"K1257*(1+L1257)","v":2.8136266910237282},{"$f":"J1257*G1257","v":349.56034113838706},{"$f":"M1257*G1257","v":337.63520292284738}]
[null,4,"Edificações a serem Reformadas",{"$nulls":10},{"$f":"N1259+N1262+N1265+N1269+N1279+N1284+N1330+N1376+N1388+N1393+N1397+N1400","v":408393.38563896727},{"$f":"O1259+O1262+O1265+O1269+O1279+O1284+O1330+O1376+O1388+O1393+O1397+O1400","v":415761.81927604397}]
[null,"4.1","MOBILIZAÇÃO E DESMOBILIZAÇÃO ",null,null,null,1,{"$nulls":6},{"$f":"SUM(N1260:N1261)","v":3718.7270333870965},{"$f":"SUM(O1260:O1261)","v":3907.8148486440668}]
[null,"4.1.1","Composição Própria","1.1","MOBILIZAÇÃO ","UN",1,{"$f":"'CPU Própria (sem des)'!$K$28","v":1500},{"$f":"$N$4","v":0.23957567779569877},{"$f":"H1260*(1+I1260)","v":1859.3635166935483},{"$f":"'CPU Própria (des)'!$J$28","v":1500},{"$f":"$O$4","v":0.30260494954802231},{"$f":"K1260*(1+L1260)","v":1953.9074243220334},{"$f":"J1260*G1260","v":1859.3635166935483},{"$f":"M1260*G1260","v":1953.9074243220334}]
[null,"4.1.2","Composição Própria","1.1","DESMOBILIZAÇÃO","UN",1,{"$f":"'CPU Própria (sem des)'!$K$28","v":1500},{"$f":"$N$4","v":0.23957567779569877},{"$f":"H1261*(1+I1261)","v":1859.3635166935483},{"$f":"'CPU Própria (des)'!$J$28","v":1500},{"$f":"$O$4","v":0.30260494954802231},{"$f":"K1261*(1+L1261)","v":1953.9074243220334},{"$f":"J1261*G1261","v":1859.3635166935483},1953.9074243220334]
[null,"4.2","SERVIÇOS INICIAIS ",null,null,null,1,{"$nulls":6},{"$f":"SUM(N1263:N1264)","v":3853.6529865516413},{"$f":"SUM(O1263:O1264)","v":3792.9571361756898}]
[null,"4.2.1","Composição Orse",51,"Placa de obra em chapa aço galvanizado, instalada - Rev 02_01/2022","M2",4.5,{"$f":"VLOOKUP(D1263,'CPU (sem des)'!B:I,8,FALSE)","v":350.83},{"$f":"$N$4","v":0.23957567779569877},{"$f":"H1263*(1+I1263)","v":434.880335041065},{"$f":"VLOOKUP(D1263,'CPU (des)'!B:I,8,FALSE)","v":344.34},{"$f":"$O$4","v":0.30260494954802231},{"$f":"K1263*(1+L1263)","v":448.53898832736598},{"$f":"J1263*G1263","v":1956.9615076847924},{"$f":"M1263*G1263","v":2018.425447473147}]
[null,"4.2.2","Composição Sinapi",99814,"LIMPEZA DE SUPERFÍCIE COM JATO DE ALTA PRESSÃO. AF_04/2019","M2",987.17,{"$f":"VLOOKUP(D1264,'CPU (sem des)'!B:I,8,FALSE)","v":1.55},{"$f":"$N$4","v":0.23957567779569877},{"$f":"H1264*(1+I1264)","v":1.9213423005833332},{"$f":"VLOOKUP(D1264,'CPU (des)'!B:I,8,FALSE)","v":1.38},{"$f":"$O$4","v":0.30260494954802231},{"$f":"K1264*(1+L1264)","v":1.7975948303762705},{"$f":"J1264*G1264","v":1896.6914788668489},1774.5316887025429]
[null,"4.3","ALVENARIA ",null,null,null,1,{"$nulls":6},{"$f":"SUM(N1266:N1268)","v":9077.3655846221445},{"$f":"SUM(O1266:O1268)","v":9059.2657207701159}]
[null,"4.3.1","Composição Sinapi",103325,"ALVENARIA DE VEDAÇÃO DE BLOCOS CERÂMICOS FURADOS NA VERTICAL DE 14X19X39 CM (ESPESSURA 14 CM) E ARGAMASSA DE ASSENTAMENTO COM PREPARO MANUAL. AF_12/2021","M2",45.8,{"$f":"VLOOKUP(D1266,'CPU (sem des)'!B:I,8,FALSE)","v":78.930000000000007},{"$f":"$N$4","v":0.23957567779569877},{"$f":"H1266*(1+I1266)","v":97.83970824841451},{"$f":"VLOOKUP(D1266,'CPU (des)'!B:I,8,FALSE)","v":75.47},{"$f":"$O$4","v":0.30260494954802231},{"$f":"K1266*(1+L1266)","v":98.307595542389237},{"$f":"J1266*G1266","v":4481.0586377773843},{"$f":"M1266*G1266","v":4502.487875841427}]
[null,"4.3.2","Composição Sinapi",87878,"CHAPISCO APLICADO EM ALVENARIAS E ESTRUTURAS DE CONCRETO INTERNAS, COM COLHER DE PEDREIRO.  ARGAMASSA TRAÇO 1:3 COM PREPARO MANUAL. AF_10/2022","M2",91.6,{"$f":"VLOOKUP(D1267,'CPU (sem des)'!B:I,8,FALSE)","v":4.66},{"$f":"$N$4","v":0.23957567779569877},{"$f":"H1267*(1+I1267)","v":5.7764226585279568},{"$f":"VLOOKUP(D1267,'CPU (des)'!B:I,8,FALSE)","v":4.34},{"$f":"$O$4","v":0.30260494954802231},{"$f":"K1267*(1+L1267)","v":5.6533054810384167},{"$f":"J1267*G1267","v":529.12031552116082},517.84278206311899]
[null,"4.3.3","Composição Sinapi",87529,"MASSA ÚNICA, PARA RECEBIMENTO DE PINTURA, EM ARGAMASSA TRAÇO 1:2:8, PREPARO MECÂNICO COM BETONEIRA 400L, APLICADA MANUALMENTE EM FACES INTERNAS DE PAREDES, ESPESSURA DE 20MM, COM EXECUÇÃO DE TALISCAS. AF_06/2014","M2",91.6,{"$f":"VLOOKUP(D1268,'CPU (sem des)'!B:I,8,FALSE)","v":35.82},{"$f":"$N$4","v":0.23957567779569877},{"$f":"H1268*(1+I1268)","v":44.401600778641928},{"$f":"VLOOKUP(D1268,'CPU (des)'!B:I,8,FALSE)","v":33.85},{"$f":"$O$4","v":0.30260494954802231},{"$f":"K1268*(1+L1268)","v":44.093177542200557},{"$f":"J1268*G1268","v":4067.1866313236005},4038.9350628655707]
[null,"4.4","INSTALACOES HIDRAULICAS ",null,null,null,1,{"$nulls":6},{"$f":"SUM(N1270:N1278)","v":13511.54842856801},{"$f":"SUM(O1270:O1278)","v":14049.310813597673}]
[null,"4.4.1","Composição Sinapi",86931,"VASO SANITÁRIO SIFONADO COM CAIXA ACOPLADA LOUÇA BRANCA, INCLUSO ENGATE FLEXÍVEL EM PLÁSTICO BRANCO, 1/2  X 40CM - FORNECIMENTO E INSTALAÇÃO. AF_01/2020","UN",4,{"$f":"VLOOKUP(D1270,'CPU (sem des)'!B:I,8,FALSE)","v":467.89},{"$f":"$N$4","v":0.23957567779569877},{"$f":"H1270*(1+I1270)","v":579.98506388382953},{"$f":"VLOOKUP(D1270,'CPU (des)'!B:I,8,FALSE)","v":464.37},{"$f":"$O$4","v":0.30260494954802231},{"$f":"K1270*(1+L1270)","v":604.89066042161517},{"$f":"J1270*G1270","v":2319.9402555353181},{"$f":"M1270*G1270","v":2419.5626416864607}]
[null,"4.4.2","Composição Orse",7352,"Cuba de sobrepor oval (deca ref.L65), acabamento GE-17, com sifão cromado (astra ref SC5), engate cromado (deca), válvula cromada (deca ref1602)  ou similares, exclusive torneira","UN",4,{"$f":"VLOOKUP(D1271,'CPU (sem des)'!B:I,8,FALSE)","v":592.52},0.23957567779569877,734.47338060750747,{"$f":"VLOOKUP(D1271,'CPU (des)'!B:I,8,FALSE)","v":585.63},0.30260494954802231,762.84453660380825,2937.8935224300299,3051.378146415233]
[null,"4.4.3","Composição Sinapi",100858,"MICTÓRIO SIFONADO LOUÇA BRANCA - PADRÃO MÉDIO - FORNECIMENTO E INSTALAÇÃO. AF_01/2020","UN",3,{"$f":"VLOOKUP(D1272,'CPU (sem des)'!B:I,8,FALSE)","v":678.97},0.23957567779569877,841.63469795294566,{"$f":"VLOOKUP(D1272,'CPU (des)'!B:I,8,FALSE)","v":675.56},0.30260494954802231,879.98779971666193,2524.9040938588369,2639.9633991499859]
[null,"4.4.4","Composição Sinapi",86895,"BANCADA DE GRANITO CINZA POLIDO, DE 0,50 X 0,60 M, PARA LAVATÓRIO - FORNECIMENTO E INSTALAÇÃO. AF_01/2020","UN",2,{"$f":"VLOOKUP(D1273,'CPU (sem des)'!B:I,8,FALSE)","v":417.56},0.23957567779569877,517.59722002037199,{"$f":"VLOOKUP(D1273,'CPU (des)'!B:I,8,FALSE)","v":410.06},0.30260494954802231,534.14618561166208,1035.194440040744,1068.2923712233242]
[null,"4.4.5","Composição Sinapi",95471,"VASO SANITARIO SIFONADO CONVENCIONAL PARA PCD SEM FURO FRONTAL COM  LOUÇA BRANCA SEM ASSENTO -  FORNECIMENTO E INSTALAÇÃO. AF_01/2020","UN",1,{"$f":"VLOOKUP(D1274,'CPU (sem des)'!B:I,8,FALSE)","v":715.05},0.23957567779569877,886.3585884078143,{"$f":"VLOOKUP(D1274,'CPU (des)'!B:I,8,FALSE)","v":710.8},0.30260494954802231,925.89159813873425,886.3585884078143,925.89159813873425]
[null,"4.4.6","Composição Sinapi",86942,"LAVATÓRIO LOUÇA BRANCA SUSPENSO, 29,5 X 39CM OU EQUIVALENTE, PADRÃO POPULAR, INCLUSO SIFÃO TIPO GARRAFA EM PVC, VÁLVULA E ENGATE FLEXÍVEL 30CM EM PLÁSTICO E TORNEIRA CROMADA DE MESA, PADRÃO POPULAR - FORNECIMENTO E INSTALAÇÃO. AF_01/2020","UN",1,{"$f":"VLOOKUP(D1275,'CPU (sem des)'!B:I,8,FALSE)","v":292.43},0.23957567779569877,362.48911545779617,{"$f":"VLOOKUP(D1275,'CPU (des)'!B:I,8,FALSE)","v":289.29000000000002},0.30260494954802231,376.83058585474743,362.48911545779617,376.83058585474743]
[null,"4.4.7","Composição Sinapi",100865,"BARRA DE APOIO LATERAL ARTICULADA, COM TRAVA, EM ACO INOX POLIDO, FIXADA NA PAREDE - FORNECIMENTO E INSTALAÇÃO. AF_01/2020","UN",2,{"$f":"VLOOKUP(D1276,'CPU (sem des)'!B:I,8,FALSE)","v":740.34},0.23957567779569877,917.70745729926762,{"$f":"VLOOKUP(D1276,'CPU (des)'!B:I,8,FALSE)","v":738.2},0.30260494954802231,961.58297375635016,1835.4149145985352,1923.1659475127003]
[null,"4.4.8","Composição Sinapi",100866,"BARRA DE APOIO RETA, EM ACO INOX POLIDO, COMPRIMENTO 60CM, FIXADA NA PAREDE - FORNECIMENTO E INSTALAÇÃO. AF_01/2020","UN",3,{"$f":"VLOOKUP(D1277,'CPU (sem des)'!B:I,8,FALSE)","v":356.64},0.23957567779569877,442.082269729058,{"$f":"VLOOKUP(D1277,'CPU (des)'!B:I,8,FALSE)","v":353.44},0.30260494954802231,460.39269336825299,1326.246809187174,1381.1780801047589]
[null,"4.4.9","Composição Sinapi",97663,"REMOÇÃO DE LOUÇAS, DE FORMA MANUAL, SEM REAPROVEITAMENTO. AF_12/2017","UN",23,{"$f":"VLOOKUP(D1278,'CPU (sem des)'!B:I,8,FALSE)","v":9.93},0.23957567779569877,12.308986480511289,{"$f":"VLOOKUP(D1278,'CPU (des)'!B:I,8,FALSE)","v":8.7799999999999994},0.30260494954802231,11.436871457031636,283.10668905175964,263.0480435117276]
[null,"4.5","REVESTIMENTO ",null,null,null,1,{"$nulls":6},{"$f":"SUM(N1280:N1283)","v":133460.36565341693},{"$f":"SUM(O1280:O1283)","v":136538.62095199034}]
[null,"4.5.1","Composição Sinapi",87269,"REVESTIMENTO CERÂMICO PARA PAREDES INTERNAS COM PLACAS TIPO ESMALTADA EXTRA DE DIMENSÕES 25X35 CM APLICADAS NA ALTURA INTEIRA DAS PAREDES. AF_02/2023_PE","M2",300,{"$f":"VLOOKUP(D1280,'CPU (sem des)'!B:I,8,FALSE)","v":81.86},{"$f":"$N$4","v":0.23957567779569877},{"$f":"H1280*(1+I1280)","v":101.4716649843559},{"$f":"VLOOKUP(D1280,'CPU (des)'!B:I,8,FALSE)","v":79.16},{"$f":"$O$4","v":0.30260494954802231},{"$f":"K1280*(1+L1280)","v":103.11420780622144},{"$f":"J1280*G1280","v":30441.499495306769},{"$f":"M1280*G1280","v":30934.262341866433}]
[null,"4.5.2","Composição Orse",13358,"Fornecimento e instalação de chapas de policarbonato alveolar, branca, 6mm com emendas e acabamento em policarbonato, aplicado em toldo/cobertura/fechamento/etc","M2",100,{"$f":"VLOOKUP(D1281,'CPU (sem des)'!B:I,8,FALSE)","v":147.37},{"$f":"$N$4","v":0.23957567779569877},{"$f":"H1281*(1+I1281)","v":182.67626763675213},{"$f":"VLOOKUP(D1281,'CPU (des)'!B:I,8,FALSE)","v":141.38999999999999},{"$f":"$O$4","v":0.30260494954802231},{"$f":"K1281*(1+L1281)","v":184.17531381659487},{"$f":"J1281*G1281","v":18267.626763675213},18417.531381659486]
[null,"4.5.3","Composição Sinapi",96485,"FORRO EM RÉGUAS DE PVC, LISO, PARA AMBIENTES RESIDENCIAIS, INCLUSIVE ESTRUTURA DE FIXAÇÃO. AF_05/2017_PS","M2",891,{"$f":"VLOOKUP(D1282,'CPU (sem des)'!B:I,8,FALSE)","v":70.069999999999993},{"$f":"$N$4","v":0.23957567779569877},{"$f":"H1282*(1+I1282)","v":86.857067743144611},{"$f":"VLOOKUP(D1282,'CPU (des)'!B:I,8,FALSE)","v":68.67},{"$f":"$O$4","v":0.30260494954802231},{"$f":"K1282*(1+L1282)","v":89.449881885462688},{"$f":"J1282*G1282","v":77389.647359141847},79699.844759947257]
[null,"4.5.4","Composição Sinapi",87246,"REVESTIMENTO CERÂMICO PARA PISO COM PLACAS TIPO ESMALTADA EXTRA DE DIMENSÕES 35X35 CM APLICADA EM AMBIENTES DE ÁREA MENOR QUE 5 M2. AF_02/2023_PE","M2",73.5,{"$f":"VLOOKUP(D1283,'CPU (sem des)'!B:I,8,FALSE)","v":80.8},{"$f":"$N$4","v":0.23957567779569877},{"$f":"H1283*(1+I1283)","v":100.15771476589245},{"$f":"VLOOKUP(D1283,'CPU (des)'!B:I,8,FALSE)","v":78.2},{"$f":"$O$4","v":0.30260494954802231},{"$f":"K1283*(1+L1283)","v":101.86370705465535},{"$f":"J1283*G1283","v":7361.5920352930953},7486.9824685171679]
[null,"4.6","INSTALAÇÕES ELETRICAS ",null,null,null,1,{"$nulls":6},{"$f":"SUM(N1285:N1329)","v":85554.243154243668},{"$f":"SUM(O1285:O1329)","v":87974.737397989986}]
[null,"4.6.1","Insumo Sinapi",39145,"ABRACADEIRA EM ACO PARA AMARRACAO DE ELETRODUTOS, TIPO U SIMPLES, COM 4\"","UN",13,{"$f":"VLOOKUP(D1285,'Insumo SINAPI (sem des.)'!A:E,5,FALSE)","v":8.83},{"$f":"$N$5","v":0.14692012195121973},{"$f":"H1285*(1+I1285)","v":10.12730467682927},{"$f":"VLOOKUP(D1285,'Insumos SINAPI (des)'!A:E,5,FALSE)","v":8.83},{"$f":"$O$5","v":0.20311109145345707},{"$f":"K1285*(1+L1285)","v":10.623470937534027},{"$f":"J1285*G1285","v":131.65496079878051},{"$f":"M1285*G1285","v":138.10512218794236}]
[null,"4.6.2","Composição Sinapi",91940,"CAIXA RETANGULAR 4\" X 2\" MÉDIA (1,30 M DO PISO), PVC, INSTALADA EM PAREDE - FORNECIMENTO E INSTALAÇÃO. AF_12/2015","UN",9,{"$f":"VLOOKUP(D1286,'CPU (sem des)'!B:I,8,FALSE)","v":17.5},{"$f":"$N$4","v":0.23957567779569877},21.692574361424729,{"$f":"VLOOKUP(D1286,'CPU (des)'!B:I,8,FALSE)","v":15.79},{"$f":"$O$4","v":0.30260494954802231},20.568132153363273,195.23316925282256,185.11318938026946]
[null,"4.6.3","Composição Sinapi",91936,"CAIXA OCTOGONAL 4\" X 4\", PVC, INSTALADA EM LAJE - FORNECIMENTO E INSTALAÇÃO. AF_12/2015","UN",25,{"$f":"VLOOKUP(D1287,'CPU (sem des)'!B:I,8,FALSE)","v":17.63},{"$f":"$N$4","v":0.23957567779569877},21.853719199538169,{"$f":"VLOOKUP(D1287,'CPU (des)'!B:I,8,FALSE)","v":16.329999999999998},{"$f":"$O$4","v":0.30260494954802231},21.271538826119201,546.3429799884542,531.78847065297998]
[null,"4.6.4","Insumo Sinapi",4383,"PARAFUSO FRANCES METRICO ZINCADO, DIAMETRO 12 MM, COMPRIMENTO 140MM, COM PORCA SEXTAVADA E ARRUELA DE PRESSAO MEDIA","UN",239,{"$f":"VLOOKUP(D1288,'Insumo SINAPI (sem des.)'!A:E,5,FALSE)","v":18.899999999999999},{"$f":"$N$5","v":0.14692012195121973},21.67679030487805,{"$f":"VLOOKUP(D1288,'Insumos SINAPI (des)'!A:E,5,FALSE)","v":18.899999999999999},{"$f":"$O$5","v":0.20311109145345707},22.738799628470336,5180.7528828658542,5434.5731112044105]
[null,"4.6.5","Insumo Sinapi",4336,"PARAFUSO ZINCADO, SEXTAVADO, COM ROSCA INTEIRA, DIAMETRO 5/8\", COMPRIMENTO 3\", COM PORCA E ARRUELA DE PRESSAO MEDIA","UN",840,{"$f":"VLOOKUP(D1289,'Insumo SINAPI (sem des.)'!A:E,5,FALSE)","v":5.07},0.14692012195121973,5.8148850182926841,{"$f":"VLOOKUP(D1289,'Insumos SINAPI (des)'!A:E,5,FALSE)","v":5.07},0.20311109145345707,6.099773233669028,4884.5034153658544,5123.8095162819836]
[null,"4.6.6","Insumo Sinapi",4346,"PARAFUSO DE FERRO POLIDO, SEXTAVADO, COM ROSCA PARCIAL, DIAMETRO 5/8\", COMPRIMENTO 6\", COM PORCA E ARRUELA DE PRESSAO MEDIA","UN",35,{"$f":"VLOOKUP(D1290,'Insumo SINAPI (sem des.)'!A:E,5,FALSE)","v":9.7899999999999991},0.14692012195121973,11.228347993902441,{"$f":"VLOOKUP(D1290,'Insumos SINAPI (des)'!A:E,5,FALSE)","v":9.7899999999999991},0.20311109145345707,11.778457585329344,392.99217978658544,412.24601548652703]
[null,"4.6.7","Insumo Sinapi",39125,"ABRACADEIRA EM ACO PARA AMARRACAO DE ELETRODUTOS, TIPO D, COM 3/8\" E PARAFUSO DE FIXACAO","UN",10,{"$f":"VLOOKUP(D1291,'Insumo SINAPI (sem des.)'!A:E,5,FALSE)","v":2.88},0.14692012195121973,3.3031299512195127,{"$f":"VLOOKUP(D1291,'Insumos SINAPI (des)'!A:E,5,FALSE)","v":2.88},0.20311109145345707,3.4649599433859564,33.031299512195126,34.649599433859564]
[null,"4.6.8","Insumo Sinapi",4374,"BUCHA DE NYLON SEM ABA S10","UN",35,{"$f":"VLOOKUP(D1292,'Insumo SINAPI (sem des.)'!A:E,5,FALSE)","v":0.37},0.14692012195121973,0.42436044512195131,{"$f":"VLOOKUP(D1292,'Insumos SINAPI (des)'!A:E,5,FALSE)","v":0.37},0.20311109145345707,0.44515110383777912,14.852615579268296,15.580288634322269]
[null,"4.6.9","Insumo Sinapi",4375,"BUCHA DE NYLON SEM ABA S6","UN",10,{"$f":"VLOOKUP(D1293,'Insumo SINAPI (sem des.)'!A:E,5,FALSE)","v":0.1},0.14692012195121973,0.11469201219512198,{"$f":"VLOOKUP(D1293,'Insumos SINAPI (des)'!A:E,5,FALSE)","v":0.1},0.20311109145345707,0.12031110914534571,1.14692012195122,1.2031110914534571]
[null,"4.6.10","Insumo Sinapi",4376,"BUCHA DE NYLON SEM ABA S8","UN",115,{"$f":"VLOOKUP(D1294,'Insumo SINAPI (sem des.)'!A:E,5,FALSE)","v":0.19},0.14692012195121973,0.21791482317073174,{"$f":"VLOOKUP(D1294,'Insumos SINAPI (des)'!A:E,5,FALSE)","v":0.19},0.20311109145345707,0.22859110737615684,25.060204664634149,26.287977348258035]
[null,"4.6.11","Insumo Sinapi",40433,"ESPACADOR/SEPARADOR DE CORDOALHA TIPO DISCO 12 FUROS DE 14 MM, PARA TIRANTES","UN",35,{"$f":"VLOOKUP(D1295,'Insumo SINAPI (sem des.)'!A:E,5,FALSE)","v":1.53},0.14692012195121973,1.7547877865853663,{"$f":"VLOOKUP(D1295,'Insumos SINAPI (des)'!A:E,5,FALSE)","v":1.53},0.20311109145345707,1.8407599699237893,61.417572530487817,64.426598947332621]
[null,"4.6.12","Insumo Sinapi",39997,"PORCA ZINCADA, SEXTAVADA, DIAMETRO 1/4\"","UN",1154,{"$f":"VLOOKUP(D1296,'Insumo SINAPI (sem des.)'!A:E,5,FALSE)","v":0.28999999999999998},0.14692012195121973,0.33260683536585373,{"$f":"VLOOKUP(D1296,'Insumos SINAPI (des)'!A:E,5,FALSE)","v":0.28999999999999998},0.20311109145345707,0.34890221652150255,383.82828801219517,402.63315786581393]
[null,"4.6.13","Composição Sinapi",91926,"CABO DE COBRE FLEXÍVEL ISOLADO, 2,5 MM², ANTI-CHAMA 450/750 V, PARA CIRCUITOS TERMINAIS - FORNECIMENTO E INSTALAÇÃO. AF_12/2015","M",1142,{"$f":"VLOOKUP(D1297,'CPU (sem des)'!B:I,8,FALSE)","v":4.87},{"$f":"$N$4","v":0.23957567779569877},6.036733550865053,{"$f":"VLOOKUP(D1297,'CPU (des)'!B:I,8,FALSE)","v":4.7},{"$f":"$O$4","v":0.30260494954802231},6.1222432628757053,6893.9497150878906,6991.6018062040557]
[null,"4.6.14","Composição Sinapi",91953,"INTERRUPTOR SIMPLES (1 MÓDULO), 10A/250V, INCLUINDO SUPORTE E PLACA - FORNECIMENTO E INSTALAÇÃO. AF_12/2015","UN",36,{"$f":"VLOOKUP(D1298,'CPU (sem des)'!B:I,8,FALSE)","v":30.22},0.23957567779569877,37.459976982986014,{"$f":"VLOOKUP(D1298,'CPU (des)'!B:I,8,FALSE)","v":28.12},0.30260494954802231,36.629251181290385,1348.5591713874965,1318.6530425264539]
[null,"4.6.15","Composição Sinapi",91967,"INTERRUPTOR SIMPLES (3 MÓDULOS), 10A/250V, INCLUINDO SUPORTE E PLACA - FORNECIMENTO E INSTALAÇÃO. AF_12/2015","UN",1,{"$f":"VLOOKUP(D1299,'CPU (sem des)'!B:I,8,FALSE)","v":62.22},0.23957567779569877,77.126398672448374,{"$f":"VLOOKUP(D1299,'CPU (des)'!B:I,8,FALSE)","v":58.14},0.30260494954802231,75.733451766722013,77.126398672448374,75.733451766722013]
[null,"4.6.16","Composição Sinapi",97595,"SENSOR DE PRESENÇA COM FOTOCÉLULA, FIXAÇÃO EM PAREDE - FORNECIMENTO E INSTALAÇÃO. AF_02/2020","UN",2,{"$f":"VLOOKUP(D1300,'CPU (sem des)'!B:I,8,FALSE)","v":102.4},0.23957567779569877,126.93254940627956,{"$f":"VLOOKUP(D1300,'CPU (des)'!B:I,8,FALSE)","v":100.02},0.30260494954802231,130.28654705379319,253.86509881255913,260.57309410758637]
[null,"4.6.17","Composição Sinapi",101896,"DISJUNTOR TERMOMAGNÉTICO TRIPOLAR , CORRENTE NOMINAL DE 200A - FORNECIMENTO E INSTALAÇÃO. AF_10/2020","UN",5,{"$f":"VLOOKUP(D1301,'CPU (sem des)'!B:I,8,FALSE)","v":687.31},0.23957567779569877,851.97275910576161,{"$f":"VLOOKUP(D1301,'CPU (des)'!B:I,8,FALSE)","v":679.6},0.30260494954802231,885.25032371283601,4259.8637955288077,4426.2516185641798]
[null,"4.6.18","Composição Orse",13149,"Dispositivo DR tetrapolar 100 A, tipo AC, 30MA","UN",1,{"$f":"VLOOKUP(D1302,'CPU (sem des)'!B:I,8,FALSE)","v":367.31},0.23957567779569877,455.3085422111381,{"$f":"VLOOKUP(D1302,'CPU (des)'!B:I,8,FALSE)","v":364.39},0.30260494954802231,474.65621756580384,455.3085422111381,474.65621756580384]
[null,"4.6.19","Composição Orse",9539,"Tala plana perfurada 38mm para eletrocalha metálica (ref.: mopa ou similar) - Rev 01","UN",174,{"$f":"VLOOKUP(D1303,'CPU (sem des)'!B:I,8,FALSE)","v":5.41},0.23957567779569877,6.7061044168747301,{"$f":"VLOOKUP(D1303,'CPU (des)'!B:I,8,FALSE)","v":4.92},0.30260494954802231,6.4088163517762693,1166.8621685362029,1115.1340452090708]
[null,"4.6.20","Composição Orse",9988,"Terminal 38 x 38 mm para eletrocalha metalica","UN",9,{"$f":"VLOOKUP(D1304,'CPU (sem des)'!B:I,8,FALSE)","v":5.62},0.23957567779569877,6.9664153092118273,{"$f":"VLOOKUP(D1304,'CPU (des)'!B:I,8,FALSE)","v":5.24},0.30260494954802231,6.8256499356316374,62.697737782906444,61.430849420684737]
[null,"4.6.21","Composição Orse",9519,"Tala plana perfurada 100mm para eletrocalha metálica (ref.: mopa ou similar) - Rev 01","UN",36,{"$f":"VLOOKUP(D1305,'CPU (sem des)'!B:I,8,FALSE)","v":6.17},0.23957567779569877,7.6481819319994617,{"$f":"VLOOKUP(D1305,'CPU (des)'!B:I,8,FALSE)","v":5.68},0.30260494954802231,7.3987961134327662,275.33454955198061,266.35666008357958]
[null,"4.6.22","Composição Orse",10850,"Acoplamento para eletrocalha metálica 38 x 38mm","UN",13,{"$f":"VLOOKUP(D1306,'CPU (sem des)'!B:I,8,FALSE)","v":13.06},0.23957567779569877,16.188858352011827,{"$f":"VLOOKUP(D1306,'CPU (des)'!B:I,8,FALSE)","v":12.09},0.30260494954802231,15.748493840035589,210.45515857615376,204.73041992046265]
[null,"4.6.23","Composição Orse",12586,"Tampa de encaixe para Cruzeta 200mm, zincada, para eletrocalha metálica","UN",6,{"$f":"VLOOKUP(D1307,'CPU (sem des)'!B:I,8,FALSE)","v":15.97},0.23957567779569877,19.79602357439731,{"$f":"VLOOKUP(D1307,'CPU (des)'!B:I,8,FALSE)","v":15.72},0.30260494954802231,20.476949806894911,118.77614144638386,122.86169884136947]
[null,"4.6.24","Composição Orse",12584,"Tampa de encaixe para Redução Concêntrica 200 x 75mm para 100 x 75mm, zincada, para eletrocalha metálica","UN",43.2,{"$f":"VLOOKUP(D1308,'CPU (sem des)'!B:I,8,FALSE)","v":20.89},0.23957567779569877,25.894735909152146,{"$f":"VLOOKUP(D1308,'CPU (des)'!B:I,8,FALSE)","v":20.64},0.30260494954802231,26.885766158671181,1118.6525912753727,1161.465098054595]
[null,"4.6.25","Composição Orse",4536,"Fornecimento e instalação de eletrocalha perfurada  38 x 38 x 3000 mm (ref. mopa ou similar)","M",43.2,{"$f":"VLOOKUP(D1309,'CPU (sem des)'!B:I,8,FALSE)","v":23.08},0.23957567779569877,28.609406643524725,{"$f":"VLOOKUP(D1309,'CPU (des)'!B:I,8,FALSE)","v":21.14},0.30260494954802231,27.537068633445191,1235.9263670002681,1189.6013649648323]
[null,"4.6.26","Composição Orse",9525,"Suporte horizontal 300 x 100 mm para fixação de eletrocalha metálica (ref.: mopa ou similar)","UN",35,{"$f":"VLOOKUP(D1310,'CPU (sem des)'!B:I,8,FALSE)","v":14.99},0.23957567779569877,18.581239410157526,{"$f":"VLOOKUP(D1310,'CPU (des)'!B:I,8,FALSE)","v":14.02},0.30260494954802231,18.262521392663274,650.34337935551343,639.18824874321456]
[null,"4.6.27","Composição Sinapi",91854,"ELETRODUTO FLEXÍVEL CORRUGADO, PVC, DN 25 MM (3/4\"), PARA CIRCUITOS TERMINAIS, INSTALADO EM PAREDE - FORNECIMENTO E INSTALAÇÃO. AF_12/2015","M",36.5,{"$f":"VLOOKUP(D1311,'CPU (sem des)'!B:I,8,FALSE)","v":9.4700000000000006},0.23957567779569877,11.738781668725268,{"$f":"VLOOKUP(D1311,'CPU (des)'!B:I,8,FALSE)","v":8.69},0.30260494954802231,11.319637011572313,428.46553090847232,413.16675092238944]
[null,"4.6.28","Insumo Sinapi",39138,"ABRACADEIRA EM ACO PARA AMARRACAO DE ELETRODUTOS, TIPO U SIMPLES, COM 3/4\"","UN",6,{"$f":"VLOOKUP(D1312,'Insumo SINAPI (sem des.)'!A:E,5,FALSE)","v":1.23},{"$f":"$N$5","v":0.14692012195121973},1.4107117500000002,{"$f":"VLOOKUP(D1312,'Insumos SINAPI (des)'!A:E,5,FALSE)","v":1.23},{"$f":"$O$5","v":0.20311109145345707},1.4798266424877522,8.4642705000000014,8.8789598549265136]
[null,"4.6.29","Insumo Sinapi",402,"GANCHO OLHAL EM ACO GALVANIZADO, ESPESSURA 16MM, ABERTURA 21MM","UN",239,{"$f":"VLOOKUP(D1313,'Insumo SINAPI (sem des.)'!A:E,5,FALSE)","v":11.67},0.14692012195121973,13.384557823170734,{"$f":"VLOOKUP(D1313,'Insumos SINAPI (des)'!A:E,5,FALSE)","v":11.67},0.20311109145345707,14.040306437261844,3198.9093197378056,3355.6332385055807]
[null,"4.6.30","Insumo Sinapi",3272,"FLANGE SEXTAVADO DE FERRO GALVANIZADO, COM ROSCA BSP, DE 1 1/2\"","UN",23,{"$f":"VLOOKUP(D1314,'Insumo SINAPI (sem des.)'!A:E,5,FALSE)","v":59.03},0.14692012195121973,67.702694798780499,{"$f":"VLOOKUP(D1314,'Insumos SINAPI (des)'!A:E,5,FALSE)","v":59.03},0.20311109145345707,71.019647728497574,1557.1619803719514,1633.4518977554442]
[null,"4.6.31","Insumo Sinapi",2637,"LUVA PARA ELETRODUTO, EM ACO GALVANIZADO ELETROLITICO, DIAMETRO DE 20 MM (3/4\")","UN",1,{"$f":"VLOOKUP(D1315,'Insumo SINAPI (sem des.)'!A:E,5,FALSE)","v":1.87},0.14692012195121973,2.1447406280487811,{"$f":"VLOOKUP(D1315,'Insumos SINAPI (des)'!A:E,5,FALSE)","v":1.87},0.20311109145345707,2.2498177410179649,2.1447406280487811,2.2498177410179649]
[null,"4.6.32","Insumo Orse",13369,"Caixa metálica com tomada 10A 250V para perfilado e fixação","UN",64,{"$f":"VLOOKUP(D1316,'Insumos ORSE (sem des)'!B:G,6,FALSE)","v":5.9},0.14692012195121973,6.7668287195121968,{"$f":"VLOOKUP(D1316,'Insumos ORSE (des)'!B:G,6,FALSE)","v":5.9},0.20311109145345707,7.0983554395753972,433.07703804878059,454.29474813282542]
[null,"4.6.33","Insumo Sinapi",40552,"PARAFUSO, AUTO ATARRACHANTE, CABECA CHATA, FENDA SIMPLES, 1/4\" (6,35 MM) X 25 MM","CENTO",1,{"$f":"VLOOKUP(D1317,'Insumo SINAPI (sem des.)'!A:E,5,FALSE)","v":45.23},0.14692012195121973,51.875197115853666,{"$f":"VLOOKUP(D1317,'Insumos SINAPI (des)'!A:E,5,FALSE)","v":45.23},0.20311109145345707,54.416714666439859,51.875197115853666,54.416714666439859]
[null,"4.6.34","Composição Sinapi",91924,"CABO DE COBRE FLEXÍVEL ISOLADO, 1,5 MM², ANTI-CHAMA 450/750 V, PARA CIRCUITOS TERMINAIS - FORNECIMENTO E INSTALAÇÃO. AF_03/2023","M",746,{"$f":"VLOOKUP(D1318,'CPU (sem des)'!B:I,8,FALSE)","v":3.33},{"$f":"$N$4","v":0.23957567779569877},4.1277870070596769,{"$f":"VLOOKUP(D1318,'CPU (des)'!B:I,8,FALSE)","v":3.2},{"$f":"$O$4","v":0.30260494954802231},4.1683358385536717,3079.3291072665188,3109.5785355610392]
[null,"4.6.35","Composição Sinapi",91932,"CABO DE COBRE FLEXÍVEL ISOLADO, 10 MM², ANTI-CHAMA 450/750 V, PARA CIRCUITOS TERMINAIS - FORNECIMENTO E INSTALAÇÃO. AF_03/2023","M",290,{"$f":"VLOOKUP(D1319,'CPU (sem des)'!B:I,8,FALSE)","v":19.16},0.23957567779569877,23.750269986565588,{"$f":"VLOOKUP(D1319,'CPU (des)'!B:I,8,FALSE)","v":18.72},0.30260494954802231,24.384764655538977,6887.5782961040204,7071.5817501063029]
[null,"4.6.36","Composição Sinapi",93653,"DISJUNTOR MONOPOLAR TIPO DIN, CORRENTE NOMINAL DE 10A - FORNECIMENTO E INSTALAÇÃO. AF_10/2020","UN",10,{"$f":"VLOOKUP(D1320,'CPU (sem des)'!B:I,8,FALSE)","v":12.73},0.23957567779569877,15.779798378339246,{"$f":"VLOOKUP(D1320,'CPU (des)'!B:I,8,FALSE)","v":12.53},0.30260494954802231,16.321640017836717,157.79798378339245,163.21640017836717]
[null,"4.6.37","Composição Orse",453,"Disjuntor termomagnetico tripolar 100 A, padrão DIN (Europeu - linha branca), 65KA","UN",1,{"$f":"VLOOKUP(D1321,'CPU (sem des)'!B:I,8,FALSE)","v":534.79999999999995},0.23957567779569877,662.92507248513959,{"$f":"VLOOKUP(D1321,'CPU (des)'!B:I,8,FALSE)","v":525.08000000000004},0.30260494954802231,683.9718069086756,662.92507248513959,683.9718069086756]
[null,"4.6.38","Composição Sinapi",93657,"DISJUNTOR MONOPOLAR TIPO DIN, CORRENTE NOMINAL DE 32A - FORNECIMENTO E INSTALAÇÃO. AF_10/2020","UN",2,{"$f":"VLOOKUP(D1322,'CPU (sem des)'!B:I,8,FALSE)","v":16.21},0.23957567779569877,20.093521737068279,{"$f":"VLOOKUP(D1322,'CPU (des)'!B:I,8,FALSE)","v":15.68},0.30260494954802231,20.424845608912989,40.187043474136559,40.849691217825978]
[null,"4.6.39","Composição Orse",5915,"Assentamento de adaptador de flange de grande tolerância \"ultra quick\", em ferro fundido, DN  150mm - tipo E e tipo F","UN",1,{"$f":"VLOOKUP(D1323,'CPU (sem des)'!B:I,8,FALSE)","v":11.7},0.23957567779569877,14.503035430209675,{"$f":"VLOOKUP(D1323,'CPU (des)'!B:I,8,FALSE)","v":10.48},0.30260494954802231,13.651299871263275,14.503035430209675,13.651299871263275]
[null,"4.6.40","Composição Orse",8441,"Abraçadeira metálica tipo \"D\" de 3/4\"","UN",86,{"$f":"VLOOKUP(D1324,'CPU (sem des)'!B:I,8,FALSE)","v":6.81},0.23957567779569877,8.4415103657887087,{"$f":"VLOOKUP(D1324,'CPU (des)'!B:I,8,FALSE)","v":6.35},0.30260494954802231,8.2715414296299414,725.96989145782891,711.35256294817498]
[null,"4.6.41","Composição Sinapi",91863,"ELETRODUTO RÍGIDO ROSCÁVEL, PVC, DN 25 MM (3/4\"), PARA CIRCUITOS TERMINAIS, INSTALADO EM FORRO - FORNECIMENTO E INSTALAÇÃO. AF_03/2023","M",258,{"$f":"VLOOKUP(D1325,'CPU (sem des)'!B:I,8,FALSE)","v":11.4},0.23957567779569877,14.131162726870967,{"$f":"VLOOKUP(D1325,'CPU (des)'!B:I,8,FALSE)","v":10.7},0.30260494954802231,13.937872960163837,3645.8399835327095,3595.9712237222698]
[null,"4.6.42","Composição Sinapi",93012,"ELETRODUTO RÍGIDO ROSCÁVEL, PVC, DN 110 MM (4\"), PARA REDE ENTERRADA DE DISTRIBUIÇÃO DE ENERGIA ELÉTRICA - FORNECIMENTO E INSTALAÇÃO. AF_12/2021","M",35,{"$f":"VLOOKUP(D1326,'CPU (sem des)'!B:I,8,FALSE)","v":75.62},0.23957567779569877,93.736712754910741,{"$f":"VLOOKUP(D1326,'CPU (des)'!B:I,8,FALSE)","v":74.37},0.30260494954802231,96.874730097886427,3280.7849464218762,3390.6155534260251]
[null,"4.6.43","Insumo Sinapi",39126,"ABRACADEIRA EM ACO PARA AMARRACAO DE ELETRODUTOS, TIPO D, COM 4\" E CUNHA DE FIXACAO","UN",8,{"$f":"VLOOKUP(D1327,'Insumo SINAPI (sem des.)'!A:E,5,FALSE)","v":12.98},{"$f":"$N$5","v":0.14692012195121973},14.887023182926832,{"$f":"VLOOKUP(D1327,'Insumos SINAPI (des)'!A:E,5,FALSE)","v":12.98},{"$f":"$O$5","v":0.20311109145345707},15.616381967065873,119.09618546341466,124.93105573652699]
[null,"4.6.44","Insumo Sinapi",1808,"CURVA 90 GRAUS DE FERRO GALVANIZADO, COM ROSCA BSP MACHO/FEMEA, DE 4\"","UN",8,{"$f":"VLOOKUP(D1328,'Insumo SINAPI (sem des.)'!A:E,5,FALSE)","v":670.74},{"$f":"$N$5","v":0.14692012195121973},769.28520259756112,{"$f":"VLOOKUP(D1328,'Insumos SINAPI (des)'!A:E,5,FALSE)","v":670.74},{"$f":"$O$5","v":0.20311109145345707},806.97473348149185,6154.281620780489,6455.7978678519348]
[null,"4.6.45","Composição Orse",12369,"Luminária de sobrepor, (tecnolux ref.FLP-6478/4x20) Tubled corpo/ refletor e aletas fabricadas em chapa de aço tratada e pintada em epoxi branco, para uso de 4 lampadas tubled de 20w - Rev 02","UN",62,{"$f":"VLOOKUP(D1329,'CPU (sem des)'!B:I,8,FALSE)","v":326.95},{"$f":"$N$4","v":0.23957567779569877},405.27926785530371,{"$f":"VLOOKUP(D1329,'CPU (des)'!B:I,8,FALSE)","v":322.08999999999997},{"$f":"$O$4","v":0.30260494954802231},419.55602819992248,25127.314607028831,26012.473748395194]
[null,"4.7","CABEAMENTO ",null,null,null,1,{"$nulls":6},{"$f":"SUM(N1331:N1375)","v":31726.490169973411},{"$f":"SUM(O1331:O1375)","v":32574.793775798596}]
[null,"4.7.1","Composição Orse",758,"Fornecimento e instalação de rack  de piso 19\" x 16u x 570mm (gabinete)","UN",4,{"$f":"VLOOKUP(D1331,'CPU (sem des)'!B:I,8,FALSE)","v":697.99},{"$f":"$N$4","v":0.23957567779569877},{"$f":"H1331*(1+I1331)","v":865.21142734461978},{"$f":"VLOOKUP(D1331,'CPU (des)'!B:I,8,FALSE)","v":689.22},{"$f":"$O$4","v":0.30260494954802231},{"$f":"K1331*(1+L1331)","v":897.78138332748802},{"$f":"J1331*G1331","v":3460.8457093784791},{"$f":"M1331*G1331","v":3591.1255333099521}]
[null,"4.7.2","Composição Orse",9539,"Tala plana perfurada 38mm para eletrocalha metálica (ref.: mopa ou similar) - Rev 01","UN",24,{"$f":"VLOOKUP(D1332,'CPU (sem des)'!B:I,8,FALSE)","v":5.41},{"$f":"$N$4","v":0.23957567779569877},6.7061044168747301,{"$f":"VLOOKUP(D1332,'CPU (des)'!B:I,8,FALSE)","v":4.92},{"$f":"$O$4","v":0.30260494954802231},6.4088163517762693,160.94650600499352,153.81159244263046]
[null,"4.7.3","Composição Orse",12582,"Tampa de encaixe para curva 90º, horizontal, 75mm, zincada, para eletrocalha metálica","UN",6,{"$f":"VLOOKUP(D1333,'CPU (sem des)'!B:I,8,FALSE)","v":11.13},{"$f":"$N$4","v":0.23957567779569877},13.796477293866129,{"$f":"VLOOKUP(D1333,'CPU (des)'!B:I,8,FALSE)","v":10.88},{"$f":"$O$4","v":0.30260494954802231},14.172341851082484,82.778863763196767,85.0340511064949]
[null,"4.7.4","Composição Orse",12538,"Arruela de pressão 1/4\"","UN",42,{"$f":"VLOOKUP(D1334,'CPU (sem des)'!B:I,8,FALSE)","v":0.45},{"$f":"$N$4","v":0.23957567779569877},0.55780905500806444,{"$f":"VLOOKUP(D1334,'CPU (des)'!B:I,8,FALSE)","v":0.4},{"$f":"$O$4","v":0.30260494954802231},0.52104197981920897,23.427980310338707,21.883763152406775]
[null,"4.7.5","Composição Orse",12499,"Arruela de pressão bicromatizada 1/4\"","UN",138,{"$f":"VLOOKUP(D1335,'CPU (sem des)'!B:I,8,FALSE)","v":0.46},{"$f":"$N$4","v":0.23957567779569877},0.57020481178602145,{"$f":"VLOOKUP(D1335,'CPU (des)'!B:I,8,FALSE)","v":0.41},{"$f":"$O$4","v":0.30260494954802231},0.53406802931468911,78.688264026470961,73.701388045427095]
[null,"4.7.6","Insumo Sinapi",4376,"BUCHA DE NYLON SEM ABA S8","UN",6,{"$f":"VLOOKUP(D1336,'Insumo SINAPI (sem des.)'!A:E,5,FALSE)","v":0.19},{"$f":"$N$5","v":0.14692012195121973},0.21791482317073174,{"$f":"VLOOKUP(D1336,'Insumos SINAPI (des)'!A:E,5,FALSE)","v":0.19},{"$f":"$O$5","v":0.20311109145345707},0.22859110737615684,1.3074889390243905,1.3715466442569411]
[null,"4.7.7","Insumo Sinapi",39443,"PARAFUSO DRY WALL, EM ACO ZINCADO, CABECA LENTILHA E PONTA BROCA (LB), LARGURA 4,2 MM, COMPRIMENTO 13 MM","UN",96,{"$f":"VLOOKUP(D1337,'Insumo SINAPI (sem des.)'!A:E,5,FALSE)","v":0.23},0.14692012195121973,0.26379162804878054,{"$f":"VLOOKUP(D1337,'Insumos SINAPI (des)'!A:E,5,FALSE)","v":0.23},0.20311109145345707,0.27671555103429513,25.323996292682931,26.564692899292332]
[null,"4.7.8","Insumo Sinapi",4377,"PARAFUSO DE ACO ZINCADO COM ROSCA SOBERBA, CABECA CHATA E FENDA SIMPLES, DIAMETRO 4,2 MM, COMPRIMENTO * 32 * MM","UN",42,{"$f":"VLOOKUP(D1338,'Insumo SINAPI (sem des.)'!A:E,5,FALSE)","v":0.18},0.14692012195121973,0.20644562195121954,{"$f":"VLOOKUP(D1338,'Insumos SINAPI (des)'!A:E,5,FALSE)","v":0.18},0.20311109145345707,0.21655999646162227,8.6707161219512212,9.0955198513881363]
[null,"4.7.9","Insumo Sinapi",39997,"PORCA ZINCADA, SEXTAVADA, DIAMETRO 1/4\"","UN",138,{"$f":"VLOOKUP(D1339,'Insumo SINAPI (sem des.)'!A:E,5,FALSE)","v":0.28999999999999998},0.14692012195121973,0.33260683536585373,{"$f":"VLOOKUP(D1339,'Insumos SINAPI (des)'!A:E,5,FALSE)","v":0.28999999999999998},0.20311109145345707,0.34890221652150255,45.899743280487812,48.148505879967352]
[null,"4.7.10","Insumo Sinapi",39996,"VERGALHAO ZINCADO ROSCA TOTAL, 1/4 \" (6,3 MM)","M",14,{"$f":"VLOOKUP(D1340,'Insumo SINAPI (sem des.)'!A:E,5,FALSE)","v":4.5999999999999996},0.14692012195121973,5.2758325609756103,{"$f":"VLOOKUP(D1340,'Insumos SINAPI (des)'!A:E,5,FALSE)","v":4.5999999999999996},0.20311109145345707,5.5343110206859025,73.861655853658547,77.48035428960263]
[null,"4.7.11","Insumo Sinapi",402,"GANCHO OLHAL EM ACO GALVANIZADO, ESPESSURA 16MM, ABERTURA 21MM","UN",42,{"$f":"VLOOKUP(D1341,'Insumo SINAPI (sem des.)'!A:E,5,FALSE)","v":11.67},0.14692012195121973,13.384557823170734,{"$f":"VLOOKUP(D1341,'Insumos SINAPI (des)'!A:E,5,FALSE)","v":11.67},0.20311109145345707,14.040306437261844,562.15142857317085,589.69287036499748]
[null,"4.7.12","Composição Orse",11418,"Tomada para lógica, rj45, com placa","UN",27,{"$f":"VLOOKUP(D1342,'CPU (sem des)'!B:I,8,FALSE)","v":35.36},{"$f":"$N$4","v":0.23957567779569877},43.831395966855908,{"$f":"VLOOKUP(D1342,'CPU (des)'!B:I,8,FALSE)","v":34.39},{"$f":"$O$4","v":0.30260494954802231},44.796584214956489,1183.4476911051095,1209.5077738038251]
[null,"4.7.13","Composição Orse",10726,"Fornecimento e instalação de Switch 24 portas 10/100 mpbs + 2P10-100-1000 BT","UN",2,{"$f":"VLOOKUP(D1343,'CPU (sem des)'!B:I,8,FALSE)","v":1289.6099999999999},0.23957567779569877,1598.569189842111,{"$f":"VLOOKUP(D1343,'CPU (des)'!B:I,8,FALSE)","v":1287.1099999999999},0.30260494954802231,1676.5958566127549,3197.1383796842219,3353.1917132255098]
[null,"4.7.14","Composição Orse",7866,"Switch 16 portas 10/100 Mbps - fornecimento","UN",1,{"$f":"VLOOKUP(D1344,'CPU (sem des)'!B:I,8,FALSE)","v":230},0.23957567779569877,285.10240589301071,{"$f":"VLOOKUP(D1344,'CPU (des)'!B:I,8,FALSE)","v":230},0.30260494954802231,299.59913839604513,285.10240589301071,299.59913839604513]
[null,"4.7.15","Composição Orse",7867,"Switch 24 portas 10/100 Mbps - fornecimento","UN",1,{"$f":"VLOOKUP(D1345,'CPU (sem des)'!B:I,8,FALSE)","v":520},0.23957567779569877,644.57935245376336,{"$f":"VLOOKUP(D1345,'CPU (des)'!B:I,8,FALSE)","v":520},0.30260494954802231,677.35457376497163,644.57935245376336,677.35457376497163]
[null,"4.7.16","Composição Orse",11417,"Bandeja para rack 19\", deslizante, perfurada, 400mm de profundidade","UN",1,{"$f":"VLOOKUP(D1346,'CPU (sem des)'!B:I,8,FALSE)","v":169.57},0.23957567779569877,210.19484768381662,{"$f":"VLOOKUP(D1346,'CPU (des)'!B:I,8,FALSE)","v":168.6},0.30260494954802231,219.61919449379656,210.19484768381662,219.61919449379656]
[null,"4.7.17","Composição Orse",810,"Ventilador de teto conjugado c/lâmpada compacta","UN",2,{"$f":"VLOOKUP(D1347,'CPU (sem des)'!B:I,8,FALSE)","v":181.18},0.23957567779569877,224.5863213030247,{"$f":"VLOOKUP(D1347,'CPU (des)'!B:I,8,FALSE)","v":176.32},0.30260494954802231,229.67530470430728,449.17264260604941,459.35060940861456]
[null,"4.7.18","Insumo Sinapi",39600,"CONECTOR / TOMADA FEMEA RJ 45, CATEGORIA 5 E (CAT 5E) PARA CABOS","UN",3,{"$f":"VLOOKUP(D1348,'Insumo SINAPI (sem des.)'!A:E,5,FALSE)","v":12.69},{"$f":"$N$5","v":0.14692012195121973},14.554416347560977,{"$f":"VLOOKUP(D1348,'Insumos SINAPI (des)'!A:E,5,FALSE)","v":12.69},{"$f":"$O$5","v":0.20311109145345707},15.26747975054437,43.663249042682935,45.80243925163311]
[null,"4.7.19","Insumo Sinapi",2556,"CAIXA DE LUZ \"4 X 2\" EM ACO ESMALTADA","UN",24,{"$f":"VLOOKUP(D1349,'Insumo SINAPI (sem des.)'!A:E,5,FALSE)","v":1.7},0.14692012195121973,1.9497642073170736,{"$f":"VLOOKUP(D1349,'Insumos SINAPI (des)'!A:E,5,FALSE)","v":1.7},0.20311109145345707,2.045288855470877,46.794340975609764,49.086932531301045]
[null,"4.7.20","Insumo Sinapi",39216,"ARRUELA EM ALUMINIO, COM ROSCA, DE 4\", PARA ELETRODUTO","UN",83,{"$f":"VLOOKUP(D1350,'Insumo SINAPI (sem des.)'!A:E,5,FALSE)","v":8.81},0.14692012195121973,10.104366274390246,{"$f":"VLOOKUP(D1350,'Insumos SINAPI (des)'!A:E,5,FALSE)","v":8.81},0.20311109145345707,10.599408715704957,838.66240077439045,879.75092340351148]
[null,"4.7.21","Insumo Sinapi",4374,"BUCHA DE NYLON SEM ABA S10","UN",83,{"$f":"VLOOKUP(D1351,'Insumo SINAPI (sem des.)'!A:E,5,FALSE)","v":0.37},0.14692012195121973,0.42436044512195131,{"$f":"VLOOKUP(D1351,'Insumos SINAPI (des)'!A:E,5,FALSE)","v":0.37},0.20311109145345707,0.44515110383777912,35.221916945121961,36.947541618535666]
[null,"4.7.22","Insumo Sinapi",4375,"BUCHA DE NYLON SEM ABA S6","UN",61,{"$f":"VLOOKUP(D1352,'Insumo SINAPI (sem des.)'!A:E,5,FALSE)","v":0.1},0.14692012195121973,0.11469201219512198,{"$f":"VLOOKUP(D1352,'Insumos SINAPI (des)'!A:E,5,FALSE)","v":0.1},0.20311109145345707,0.12031110914534571,6.9962127439024409,7.3389776578660886]
[null,"4.7.23","Insumo Sinapi",39481,"ESPACADOR OU DISTANCIADOR, EM PLASTICO, TIPO APOIO DE CORDOALHA (CARANGUEJO), PARA ARMADURA NEGATIVA E PROTENSAO, COBRIMENTO 50 MM","UN",83,{"$f":"VLOOKUP(D1353,'Insumo SINAPI (sem des.)'!A:E,5,FALSE)","v":1.74},0.14692012195121973,1.9956410121951222,{"$f":"VLOOKUP(D1353,'Insumos SINAPI (des)'!A:E,5,FALSE)","v":1.74},0.20311109145345707,2.0934132991290153,165.63820401219516,173.75330382770827]
[null,"4.7.24","Insumo Sinapi",4377,"PARAFUSO DE ACO ZINCADO COM ROSCA SOBERBA, CABECA CHATA E FENDA SIMPLES, DIAMETRO 4,2 MM, COMPRIMENTO * 32 * MM","UN",61,{"$f":"VLOOKUP(D1354,'Insumo SINAPI (sem des.)'!A:E,5,FALSE)","v":0.18},0.14692012195121973,0.20644562195121954,{"$f":"VLOOKUP(D1354,'Insumos SINAPI (des)'!A:E,5,FALSE)","v":0.18},0.20311109145345707,0.21655999646162227,12.593182939024393,13.210159784158959]
[null,"4.7.25","Insumo Sinapi",11059,"PARAFUSO ROSCA SOBERBA ZINCADO CABECA CHATA FENDA SIMPLES 5,5 X 50 MM (2 \")","UN",83,{"$f":"VLOOKUP(D1355,'Insumo SINAPI (sem des.)'!A:E,5,FALSE)","v":0.36},0.14692012195121973,0.41289124390243909,{"$f":"VLOOKUP(D1355,'Insumos SINAPI (des)'!A:E,5,FALSE)","v":0.36},0.20311109145345707,0.43311999292324455,34.269973243902442,35.9489594126293]
[null,"4.7.26","Insumo Sinapi",39442,"PARAFUSO DRY WALL, EM ACO ZINCADO, CABECA LENTILHA E PONTA AGULHA (LA), LARGURA 4,2 MM, COMPRIMENTO 13 MM","UN",592,{"$f":"VLOOKUP(D1356,'Insumo SINAPI (sem des.)'!A:E,5,FALSE)","v":0.17},0.14692012195121973,0.19497642073170737,{"$f":"VLOOKUP(D1356,'Insumos SINAPI (des)'!A:E,5,FALSE)","v":0.17},0.20311109145345707,0.20452888554708773,115.42604107317077,121.08110024387594]
[null,"4.7.27","Composição Orse",7138,"Fornecimento e lançamento de cabo utp 4 pares cat 6","M",550,{"$f":"VLOOKUP(D1357,'CPU (sem des)'!B:I,8,FALSE)","v":12.4},{"$f":"$N$4","v":0.23957567779569877},15.370738404666666,{"$f":"VLOOKUP(D1357,'CPU (des)'!B:I,8,FALSE)","v":11.72},{"$f":"$O$4","v":0.30260494954802231},15.266530008702823,8453.9061225666665,8396.5915047865528]
[null,"4.7.28","Composição Orse",706,"Caixa de passagem para telefone, padrão telebrás, embutir, 60 x 60 x 12 cm, em chapa aço galvaniz.","UN",4,{"$f":"VLOOKUP(D1358,'CPU (sem des)'!B:I,8,FALSE)","v":292.33},{"$f":"$N$4","v":0.23957567779569877},362.36515789001658,{"$f":"VLOOKUP(D1358,'CPU (des)'!B:I,8,FALSE)","v":286.5},{"$f":"$O$4","v":0.30260494954802231},373.19631804550841,1449.4606315600663,1492.7852721820336]
[null,"4.7.29","Composição Orse",11418,"Tomada para lógica, rj45, com placa","UN",24,{"$f":"VLOOKUP(D1359,'CPU (sem des)'!B:I,8,FALSE)","v":35.36},{"$f":"$N$4","v":0.23957567779569877},43.831395966855908,{"$f":"VLOOKUP(D1359,'CPU (des)'!B:I,8,FALSE)","v":34.39},{"$f":"$O$4","v":0.30260494954802231},44.796584214956489,1051.9535032045419,1075.1180211589558]
[null,"4.7.30","Composição Orse",723,"Fornecimento e instalação de saída horizontal para eletroduto 3/4\" (ref. vl 33 valemam ou similar)","UN",11,{"$f":"VLOOKUP(D1360,'CPU (sem des)'!B:I,8,FALSE)","v":6.48},{"$f":"$N$4","v":0.23957567779569877},8.0324503921161288,{"$f":"VLOOKUP(D1360,'CPU (des)'!B:I,8,FALSE)","v":6.19},{"$f":"$O$4","v":0.30260494954802231},8.0631246377022592,88.356954313277413,88.694371014724851]
[null,"4.7.31","Composição Orse",13183,"Fornecimento e instalação de cotovelo interno sistema \"x\" 50 x 20 mm","UND",8,{"$f":"VLOOKUP(D1361,'CPU (sem des)'!B:I,8,FALSE)","v":7.52},{"$f":"$N$4","v":0.23957567779569877},9.3216090970236536,{"$f":"VLOOKUP(D1361,'CPU (des)'!B:I,8,FALSE)","v":7.14},{"$f":"$O$4","v":0.30260494954802231},9.3005993397728783,74.572872776189229,74.404794718183027]
[null,"4.7.32","Insumo Sinapi",3270,"FLANGE SEXTAVADO DE FERRO GALVANIZADO, COM ROSCA BSP, DE 6\"","UN",7,{"$f":"VLOOKUP(D1362,'Insumo SINAPI (sem des.)'!A:E,5,FALSE)","v":369.85},{"$f":"$N$5","v":0.14692012195121973},424.18840710365862,{"$f":"VLOOKUP(D1362,'Insumos SINAPI (des)'!A:E,5,FALSE)","v":369.85},{"$f":"$O$5","v":0.20311109145345707},444.97063717406115,2969.3188497256106,3114.794460218428]
[null,"4.7.33","Insumo Orse",13318,"Suporte vertical 150 x 150 mm para fixação de eletrocalha metálica (ref.: mopa ou similar)","UN",83,{"$f":"VLOOKUP(D1363,'Insumos ORSE (sem des)'!B:G,6,FALSE)","v":16.13},0.14692012195121973,18.499821567073173,{"$f":"VLOOKUP(D1363,'Insumos ORSE (des)'!B:G,6,FALSE)","v":16.13},0.20311109145345707,19.406181905144262,1535.4851900670733,1610.7130981269738]
[null,"4.7.34","Insumo Orse",5666,"Tê 90º pvc, je, bbb, PBA, d=   75mm","UN",8,{"$f":"VLOOKUP(D1364,'Insumos ORSE (sem des)'!B:G,6,FALSE)","v":52.81},0.14692012195121973,60.568851640243913,{"$f":"VLOOKUP(D1364,'Insumos ORSE (des)'!B:G,6,FALSE)","v":52.81},0.20311109145345707,63.536296739657068,484.55081312195131,508.29037391725655]
[null,"4.7.35","Insumo Orse",9704,"Tala plana perfurada 100mm","UN",148,{"$f":"VLOOKUP(D1365,'CPU (sem des)'!B:I,8,FALSE)","v":2},0.14692012195121973,2.2938402439024395,{"$f":"VLOOKUP(D1365,'CPU (des)'!B:I,8,FALSE)","v":2},0.20311109145345707,2.4062221829069141,339.48835609756105,356.12088307022327]
[null,"4.7.36","Insumo Orse",13389,"Tampa de encaixe 75mm para Tê de descida lateral, zincada, para eletrocalha metálica (ref.: mopa ou similar)","UN",16,{"$f":"VLOOKUP(D1366,'Insumos ORSE (sem des)'!B:G,6,FALSE)","v":11.27},0.14692012195121973,12.925789774390246,{"$f":"VLOOKUP(D1366,'Insumos ORSE (des)'!B:G,6,FALSE)","v":11.27},0.20311109145345707,13.559062000680461,206.81263639024394,216.94499201088738]
[null,"4.7.37","Insumo Orse",13383,"Tampa de encaixe para Redução Concêntrica 200 x 75mm para 100 x 75mm, zincada, para eletrocalha metálica (ref. mopa ou similar)","UN",95,{"$f":"VLOOKUP(D1367,'CPU (sem des)'!B:I,8,FALSE)","v":18.82},0.14692012195121973,21.585036695121957,{"$f":"VLOOKUP(D1367,'CPU (des)'!B:I,8,FALSE)","v":18.82},0.20311109145345707,22.642550741154061,2050.5784860365861,2151.042320409636]
[null,"4.7.38","Insumo Sinapi",39139,"ABRACADEIRA EM ACO PARA AMARRACAO DE ELETRODUTOS, TIPO U SIMPLES, COM 1\"","UN",8,{"$f":"VLOOKUP(D1368,'Insumo SINAPI (sem des.)'!A:E,5,FALSE)","v":1.68},0.14692012195121973,1.9268258048780491,{"$f":"VLOOKUP(D1368,'Insumos SINAPI (des)'!A:E,5,FALSE)","v":1.68},0.20311109145345707,2.0212266336418079,15.414606439024393,16.169813069134463]
[null,"4.7.39","Insumo Sinapi",39138,"ABRACADEIRA EM ACO PARA AMARRACAO DE ELETRODUTOS, TIPO U SIMPLES, COM 3/4\"","UN",53,{"$f":"VLOOKUP(D1369,'Insumo SINAPI (sem des.)'!A:E,5,FALSE)","v":1.23},0.14692012195121973,1.4107117500000002,{"$f":"VLOOKUP(D1369,'Insumos SINAPI (des)'!A:E,5,FALSE)","v":1.23},0.20311109145345707,1.4798266424877522,74.767722750000004,78.430812051850864]
[null,"4.7.40","Insumo Sinapi",39273,"CURVA 90 GRAUS, CURTA, DE PVC RIGIDO ROSCAVEL, DE 1\", PARA ELETRODUTO","UN",2,{"$f":"VLOOKUP(D1370,'Insumo SINAPI (sem des.)'!A:E,5,FALSE)","v":3.93},0.14692012195121973,4.5073960792682941,{"$f":"VLOOKUP(D1370,'Insumos SINAPI (des)'!A:E,5,FALSE)","v":3.93},0.20311109145345707,4.7282265894120865,9.0147921585365882,9.456453178824173]
[null,"4.7.41","Insumo Sinapi",39272,"CURVA 90 GRAUS, CURTA, DE PVC RIGIDO ROSCAVEL, DE 3/4\", PARA ELETRODUTO","UN",11,{"$f":"VLOOKUP(D1371,'Insumo SINAPI (sem des.)'!A:E,5,FALSE)","v":2.85},0.14692012195121973,3.2687223475609763,{"$f":"VLOOKUP(D1371,'Insumos SINAPI (des)'!A:E,5,FALSE)","v":2.85},0.20311109145345707,3.4288666106423529,35.955945823170737,37.717532717065879]
[null,"4.7.42","Composição Sinapi",91864,"ELETRODUTO RÍGIDO ROSCÁVEL, PVC, DN 32 MM (1\"), PARA CIRCUITOS TERMINAIS, INSTALADO EM FORRO - FORNECIMENTO E INSTALAÇÃO. AF_03/2023","M",10,{"$f":"VLOOKUP(D1372,'CPU (sem des)'!B:I,8,FALSE)","v":15.53},{"$f":"$N$4","v":0.23957567779569877},19.250610276167201,{"$f":"VLOOKUP(D1372,'CPU (des)'!B:I,8,FALSE)","v":14.71},{"$f":"$O$4","v":0.30260494954802231},19.161318807851409,192.50610276167203,191.6131880785141]
[null,"4.7.43","Composição Sinapi",91867,"ELETRODUTO RÍGIDO ROSCÁVEL, PVC, DN 25 MM (3/4\"), PARA CIRCUITOS TERMINAIS, INSTALADO EM LAJE - FORNECIMENTO E INSTALAÇÃO. AF_03/2023","M",45,{"$f":"VLOOKUP(D1373,'CPU (sem des)'!B:I,8,FALSE)","v":10.220000000000001},{"$f":"$N$4","v":0.23957567779569877},12.668463427072043,{"$f":"VLOOKUP(D1373,'CPU (des)'!B:I,8,FALSE)","v":9.67},{"$f":"$O$4","v":0.30260494954802231},12.596189862129375,570.08085421824194,566.82854379582182]
[null,"4.7.44","Composição Sinapi",91844,"ELETRODUTO FLEXÍVEL CORRUGADO, PVC, DN 25 MM (3/4\"), PARA CIRCUITOS TERMINAIS, INSTALADO EM LAJE - FORNECIMENTO E INSTALAÇÃO. AF_03/2023","M",5,{"$f":"VLOOKUP(D1374,'CPU (sem des)'!B:I,8,FALSE)","v":6.68},{"$f":"$N$4","v":0.23957567779569877},8.2803655276752668,{"$f":"VLOOKUP(D1374,'CPU (des)'!B:I,8,FALSE)","v":6.26},{"$f":"$O$4","v":0.30260494954802231},8.1543069841706188,41.401827638376332,40.771534920853092]
[null,"4.7.45","Composição Orse",4278,"Eletroduto flexível de pvc (sanfonado), diâm = 32mm (1\")","M",25,{"$f":"VLOOKUP(D1375,'CPU (sem des)'!B:I,8,FALSE)","v":9.36},{"$f":"$N$4","v":0.23957567779569877},11.602428344167739,{"$f":"VLOOKUP(D1375,'CPU (des)'!B:I,8,FALSE)","v":8.8699999999999992},{"$f":"$O$4","v":0.30260494954802231},11.554105902490956,290.06070860419351,288.85264756227389]
[null,"4.8","SPDA",null,null,null,1,{"$nulls":6},{"$f":"SUM(N1377:N1387)","v":32732.892322982458},{"$f":"SUM(O1377:O1387)","v":32529.135369154443}]
[null,"4.8.1","Composição Orse",9392,"Cabo de cobre nú 35 mm2 - fornecimento e assentamento (3,16m/kg)","KG",30,{"$f":"VLOOKUP(D1377,'CPU (sem des)'!B:I,8,FALSE)","v":93.59},{"$f":"$N$4","v":0.23957567779569877},{"$f":"H1377*(1+I1377)","v":116.01188768489945},{"$f":"VLOOKUP(D1377,'CPU (des)'!B:I,8,FALSE)","v":93},{"$f":"$O$4","v":0.30260494954802231},{"$f":"K1377*(1+L1377)","v":121.14226030796607},{"$f":"J1377*G1377","v":3480.3566305469835},{"$f":"M1377*G1377","v":3634.267809238982}]
[null,"4.8.2","Composição Orse",7928,"Terminal de compressão para cabo de  35 mm2 - fornecimento e instalação","UN",25,{"$f":"VLOOKUP(D1378,'CPU (sem des)'!B:I,8,FALSE)","v":5.77},0.23957567779569877,7.1523516608811812,{"$f":"VLOOKUP(D1378,'CPU (des)'!B:I,8,FALSE)","v":5.6},0.30260494954802231,7.2945877174689242,178.80879152202954,182.36469293672312]
[null,"4.8.3","Composição Orse",12740,"Fornecimento e assentamento de barra chata de alumínio de 7/8\" x 1/8\"","M",75,{"$f":"VLOOKUP(D1379,'CPU (sem des)'!B:I,8,FALSE)","v":14.82},0.23957567779569877,18.370511544932256,{"$f":"VLOOKUP(D1379,'CPU (des)'!B:I,8,FALSE)","v":14.28},0.30260494954802231,18.601198679545757,1377.7883658699193,1395.0899009659317]
[null,"4.8.4","Composição Orse",3766,"Fornecimento e instalação de haste de aterramento 5/8\"x3,00m com conector","UN",16,{"$f":"VLOOKUP(D1380,'CPU (sem des)'!B:I,8,FALSE)","v":129.81},0.23957567779569877,160.90931873465965,{"$f":"VLOOKUP(D1380,'CPU (des)'!B:I,8,FALSE)","v":124.95},0.30260494954802231,162.76048844602539,2574.5490997545544,2604.1678151364063]
[null,"4.8.5","Composição Orse",8795,"Terminal aéreo em aço galvanizado 3/8\" x 50cm, com fixação horizontal","UN",4,{"$f":"VLOOKUP(D1381,'CPU (sem des)'!B:I,8,FALSE)","v":28.94},0.23957567779569877,35.873320115407523,{"$f":"VLOOKUP(D1381,'CPU (des)'!B:I,8,FALSE)","v":26.51},0.30260494954802231,34.532057212518076,143.49328046163009,138.1282288500723]
[null,"4.8.6","Composição Orse",13190,"Fornecimento de Kit parafuso philips, bucha, arruela S6","UN",250,{"$f":"VLOOKUP(D1382,'CPU (sem des)'!B:I,8,FALSE)","v":0.14000000000000001},0.23957567779569877,0.17354059489139784,{"$f":"VLOOKUP(D1382,'CPU (des)'!B:I,8,FALSE)","v":0.14000000000000001},0.30260494954802231,0.18236469293672314,43.385148722849458,45.591173234180786]
[null,"4.8.7","Composição Orse",11414,"Parafuso fenda em aço inox 1/4\" X 3/4\" - fornecimento e colocação","UN",250,{"$f":"VLOOKUP(D1383,'CPU (sem des)'!B:I,8,FALSE)","v":1.26},0.23957567779569877,1.5618653540225804,{"$f":"VLOOKUP(D1383,'CPU (des)'!B:I,8,FALSE)","v":1.23},0.30260494954802231,1.6022040879440673,390.46633850564513,400.55102198601685]
[null,"4.8.8","Composição Orse",11194,"Cabo cobre flexível, não hologenado, 50,0mm2 - 0,6/1KV / 90º","M",200,{"$f":"VLOOKUP(D1384,'CPU (sem des)'!B:I,8,FALSE)","v":51.58},0.23957567779569877,63.937313460702143,{"$f":"VLOOKUP(D1384,'CPU (des)'!B:I,8,FALSE)","v":50.08},0.30260494954802231,65.234455873364951,12787.462692140429,13046.89117467299]
[null,"4.8.9","Composição Orse",8699,"Caixa de passagem em pvc tipo aquatic, 100x100x50mm","UN",10,{"$f":"VLOOKUP(D1385,'CPU (sem des)'!B:I,8,FALSE)","v":43.14},0.23957567779569877,53.475294740106449,{"$f":"VLOOKUP(D1385,'CPU (des)'!B:I,8,FALSE)","v":40.950000000000003},0.30260494954802231,53.341672683991519,534.75294740106449,533.41672683991521]
[null,"4.8.10","Composição Orse",11730,"Fornecimento de cartucho para solda exotérmica para cabo 70 mm²","UN",20,{"$f":"VLOOKUP(D1386,'CPU (sem des)'!B:I,8,FALSE)","v":36.47},0.23957567779569877,45.207324969209132,{"$f":"VLOOKUP(D1386,'CPU (des)'!B:I,8,FALSE)","v":36.47},0.30260494954802231,47.506002510016373,904.14649938418268,950.12005020032746]
[null,"4.8.11","Composição Sinapi",96526,"ESCAVAÇÃO MANUAL DE VALA PARA VIGA BALDRAME (SEM ESCAVAÇÃO PARA COLOCAÇÃO DE FÔRMAS). AF_06/2017","M3",32.4,{"$f":"VLOOKUP(D1387,'CPU (sem des)'!B:I,8,FALSE)","v":256.89999999999998},0.23957567779569877,318.44699162571499,{"$f":"VLOOKUP(D1387,'CPU (des)'!B:I,8,FALSE)","v":227.43},0.30260494954802231,296.2514436757067,10317.682528673166,9598.5467750928965]
[null,"4.9","PINTURA ",null,null,null,1,{"$nulls":6},{"$f":"SUM(N1389:N1392)","v":49749.995600433249},{"$f":"SUM(O1389:O1392)","v":48426.173067216689}]
[null,"4.9.1","Composição Orse",2344,"Preparo de superfície com lixamento de paredes e tetos","M2",1923.21,{"$f":"VLOOKUP(D1389,'CPU (sem des)'!B:I,8,FALSE)","v":3.42},{"$f":"$N$4","v":0.23957567779569877},{"$f":"H1389*(1+I1389)","v":4.2393488180612895},{"$f":"VLOOKUP(D1389,'CPU (des)'!B:I,8,FALSE)","v":3.04},{"$f":"$O$4","v":0.30260494954802231},{"$f":"K1389*(1+L1389)","v":3.9599190466259877},{"$f":"J1389*G1389","v":8153.1580403836524},{"$f":"M1389*G1389","v":7615.755909661566}]
[null,"4.9.2","Composição Sinapi",88411,"APLICAÇÃO MANUAL DE FUNDO SELADOR ACRÍLICO EM PANOS COM PRESENÇA DE VÃOS DE EDIFÍCIOS DE MÚLTIPLOS PAVIMENTOS. AF_06/2014","M2",1923.21,{"$f":"VLOOKUP(D1390,'CPU (sem des)'!B:I,8,FALSE)","v":2.2799999999999998},{"$f":"$N$4","v":0.23957567779569877},{"$f":"H1390*(1+I1390)","v":2.826232545374193},{"$f":"VLOOKUP(D1390,'CPU (des)'!B:I,8,FALSE)","v":2.13},{"$f":"$O$4","v":0.30260494954802231},{"$f":"K1390*(1+L1390)","v":2.7745485425372873},{"$f":"J1390*G1390","v":5435.4386935891016},5336.0395024931368]
[null,"4.9.3","Composição Sinapi",102491,"PINTURA DE PISO COM TINTA ACRÍLICA, APLICAÇÃO MANUAL, 2 DEMÃOS, INCLUSO FUNDO PREPARADOR. AF_05/2021","M2",1923.21,{"$f":"VLOOKUP(D1391,'CPU (sem des)'!B:I,8,FALSE)","v":14.81},{"$f":"$N$4","v":0.23957567779569877},{"$f":"H1391*(1+I1391)","v":18.358115788154301},{"$f":"VLOOKUP(D1391,'CPU (des)'!B:I,8,FALSE)","v":13.83},{"$f":"$O$4","v":0.30260494954802231},{"$f":"K1391*(1+L1391)","v":18.015026452249149},{"$f":"J1391*G1391","v":35306.511864936234},34646.679023230085]
[null,"4.9.4","Composição Sinapi",102218,"PINTURA TINTA DE ACABAMENTO (PIGMENTADA) ESMALTE SINTÉTICO FOSCO EM MADEIRA, 2 DEMÃOS. AF_01/2021","M2",51.66,{"$f":"VLOOKUP(D1392,'CPU (sem des)'!B:I,8,FALSE)","v":13.35},{"$f":"$N$4","v":0.23957567779569877},{"$f":"H1392*(1+I1392)","v":16.548335298572578},{"$f":"VLOOKUP(D1392,'CPU (des)'!B:I,8,FALSE)","v":12.3},{"$f":"$O$4","v":0.30260494954802231},{"$f":"K1392*(1+L1392)","v":16.022040879440674},{"$f":"J1392*G1392","v":854.88700152425929},827.69863183190512]
[null,"4.10","ABERTURAS",null,null,null,1,{"$nulls":6},{"$f":"SUM(N1394:N1396)","v":37899.324748769854},{"$f":"SUM(O1394:O1396)","v":39731.934117030003}]
[null,"4.10.1","Composição Sinapi",90793,"KIT DE PORTA-PRONTA DE MADEIRA EM ACABAMENTO MELAMÍNICO BRANCO, FOLHA PESADA OU SUPERPESADA, 90X210CM, FIXAÇÃO COM PREENCHIMENTO TOTAL DE ESPUMA EXPANSIVA - FORNECIMENTO E INSTALAÇÃO. AF_12/2019","UN",3,{"$f":"VLOOKUP(D1394,'CPU (sem des)'!B:I,8,FALSE)","v":1145.1400000000001},{"$f":"$N$4","v":0.23957567779569877},{"$f":"H1394*(1+I1394)","v":1419.4876916709666},{"$f":"VLOOKUP(D1394,'CPU (des)'!B:I,8,FALSE)","v":1141.8399999999999},{"$f":"$O$4","v":0.30260494954802231},{"$f":"K1394*(1+L1394)","v":1487.3664355919136},{"$f":"J1394*G1394","v":4258.4630750128999},{"$f":"M1394*G1394","v":4462.0993067757408}]
[null,"4.10.2","Composição Sinapi",90791,"KIT DE PORTA-PRONTA DE MADEIRA EM ACABAMENTO MELAMÍNICO BRANCO, FOLHA PESADA OU SUPERPESADA, 80X210CM, FIXAÇÃO COM PREENCHIMENTO PARCIAL DE ESPUMA EXPANSIVA - FORNECIMENTO E INSTALAÇÃO. AF_12/2019","UN",12,{"$f":"VLOOKUP(D1395,'CPU (sem des)'!B:I,8,FALSE)","v":1080.5},{"$f":"$N$4","v":0.23957567779569877},{"$f":"H1395*(1+I1395)","v":1339.3615198582524},{"$f":"VLOOKUP(D1395,'CPU (des)'!B:I,8,FALSE)","v":1077.83},{"$f":"$O$4","v":0.30260494954802231},{"$f":"K1395*(1+L1395)","v":1403.9866927713447},{"$f":"J1395*G1395","v":16072.338238299029},16847.840313256136]
[null,"4.10.3","Composição Sinapi",91341,"PORTA EM ALUMÍNIO DE ABRIR TIPO VENEZIANA COM GUARNIÇÃO, FIXAÇÃO COM PARAFUSOS - FORNECIMENTO E INSTALAÇÃO. AF_12/2019","M2",21.39,{"$f":"VLOOKUP(D1396,'CPU (sem des)'!B:I,8,FALSE)","v":662.6},{"$f":"$N$4","v":0.23957567779569877},{"$f":"H1396*(1+I1396)","v":821.34284410742998},{"$f":"VLOOKUP(D1396,'CPU (des)'!B:I,8,FALSE)","v":661.17},{"$f":"$O$4","v":0.30260494954802231},{"$f":"K1396*(1+L1396)","v":861.24331449266583},{"$f":"J1396*G1396","v":17568.523435457926},18421.994496998122]
[null,"4.11","COBERTURA",null,null,null,1,{"$nulls":6},{"$f":"SUM(N1398:N1399)","v":4233.1509396723113},{"$f":"SUM(O1398:O1399)","v":4399.5482170984451}]
[null,"4.11.1","Composição Sinapi",94213,"TELHAMENTO COM TELHA DE AÇO/ALUMÍNIO E = 0,5 MM, COM ATÉ 2 ÁGUAS, INCLUSO IÇAMENTO. AF_07/2019","M2",50,{"$f":"VLOOKUP(D1398,'CPU (sem des)'!B:I,8,FALSE)","v":65.510000000000005},{"$f":"$N$4","v":0.23957567779569877},{"$f":"H1398*(1+I1398)","v":81.204602652396233},{"$f":"VLOOKUP(D1398,'CPU (des)'!B:I,8,FALSE)","v":65.069999999999993},{"$f":"$O$4","v":0.30260494954802231},{"$f":"K1398*(1+L1398)","v":84.760504067089798},{"$f":"J1398*G1398","v":4060.2301326198117},{"$f":"M1398*G1398","v":4238.0252033544903}]
[null,"4.11.2","Composição Sinapi",97647,"REMOÇÃO DE TELHAS, DE FIBROCIMENTO, METÁLICA E CERÂMICA, DE FORMA MANUAL, SEM REAPROVEITAMENTO. AF_12/2017","M2",50,{"$f":"VLOOKUP(D1399,'CPU (sem des)'!B:I,8,FALSE)","v":2.79},{"$f":"$N$4","v":0.23957567779569877},{"$f":"H1399*(1+I1399)","v":3.4584161410499998},{"$f":"VLOOKUP(D1399,'CPU (des)'!B:I,8,FALSE)","v":2.48},{"$f":"$O$4","v":0.30260494954802231},{"$f":"K1399*(1+L1399)","v":3.2304602748790954},{"$f":"J1399*G1399","v":172.92080705249998},161.52301374395478]
[null,"4.12","SERVIÇOS FINAIS ",null,null,null,1,{"$nulls":6},{"$f":"SUM(N1401)","v":2875.6290163465128},{"$f":"SUM(O1401)","v":2777.5278605778935}]
[null,"4.12.1","Composição Orse",2450,"Limpeza geral","M2",987.17,{"$f":"VLOOKUP(D1401,'CPU (sem des)'!B:I,8,FALSE)","v":2.35},{"$f":"$N$4","v":0.23957567779569877},{"$f":"H1401*(1+I1401)","v":2.9130028428198922},{"$f":"VLOOKUP(D1401,'CPU (des)'!B:I,8,FALSE)","v":2.16},{"$f":"$O$4","v":0.30260494954802231},{"$f":"K1401*(1+L1401)","v":2.8136266910237282},{"$f":"J1401*G1401","v":2875.6290163465128},{"$f":"M1401*G1401","v":2777.5278605778935}]
[null,5,"Projeto Viário",{"$nulls":10},{"$f":"N1403+N1406+N1418+N1428+N1449","v":5420587.2320891358},{"$f":"O1403+O1406+O1418+O1428+O1449","v":5601561.6285031103}]
[null,"5.1","MOBILIZAÇÃO E DESMOBILIZAÇÃO",null,null,null,1,{"$nulls":6},{"$f":"SUM(N1404:N1405)","v":3718.7270333870965},{"$f":"SUM(O1404:O1405)","v":3907.8148486440668}]
[null,"5.1.1","Composição Própria","1.1","MOBILIZAÇÃO ","UN",1,{"$f":"'CPU Própria (sem des)'!$K$28","v":1500},{"$f":"$N$4","v":0.23957567779569877},{"$f":"H1404*(1+I1404)","v":1859.3635166935483},{"$f":"'CPU Própria (des)'!$J$28","v":1500},{"$f":"$O$4","v":0.30260494954802231},{"$f":"K1404*(1+L1404)","v":1953.9074243220334},{"$f":"J1404*G1404","v":1859.3635166935483},{"$f":"M1404*G1404","v":1953.9074243220334}]
[null,"5.1.2","Composição Própria","1.1","DESMOBILIZAÇÃO","UN",1,{"$f":"'CPU Própria (sem des)'!$K$28","v":1500},{"$f":"$N$4","v":0.23957567779569877},{"$f":"H1405*(1+I1405)","v":1859.3635166935483},{"$f":"'CPU Própria (des)'!$J$28","v":1500},{"$f":"$O$4","v":0.30260494954802231},{"$f":"K1405*(1+L1405)","v":1953.9074243220334},{"$f":"J1405*G1405","v":1859.3635166935483},1953.9074243220334]
[null,"5.2","SERVIÇOS PRELIMINARES",null,null,null,1,{"$nulls":6},{"$f":"SUM(N1407:N1417)","v":121030.92563765206},{"$f":"SUM(O1407:O1417)","v":125253.51834231945}]
[null,"5.2.1","Composição Sinapi",98525,"LIMPEZA MECANIZADA DE CAMADA VEGETAL, VEGETAÇÃO E PEQUENAS ÁRVORES (DIÂMETRO DE TRONCO MENOR QUE 0,20 M), COM TRATOR DE ESTEIRAS.AF_05/2018","M2",2814,{"$f":"VLOOKUP(D1407,'CPU (sem des)'!B:I,8,FALSE)","v":0.34},{"$f":"$N$4","v":0.23957567779569877},{"$f":"H1407*(1+I1407)","v":0.42145573045053764},{"$f":"VLOOKUP(D1407,'CPU (des)'!B:I,8,FALSE)","v":0.32},{"$f":"$O$4","v":0.30260494954802231},{"$f":"K1407*(1+L1407)","v":0.41683358385536717},{"$f":"J1407*G1407","v":1185.976425487813},{"$f":"M1407*G1407","v":1172.9697049690033}]
[null,"5.2.2","Composição Sinapi",93590,"TRANSPORTE COM CAMINHÃO BASCULANTE DE 10 M³, EM VIA URBANA PAVIMENTADA, ADICIONAL PARA DMT EXCEDENTE A 30 KM (UNIDADE: M3XKM). AF_07/2020","M3XKM",16884,{"$f":"VLOOKUP(D1408,'CPU (sem des)'!B:I,8,FALSE)","v":0.92},0.23957567779569877,1.1404096235720429,{"$f":"VLOOKUP(D1408,'CPU (des)'!B:I,8,FALSE)","v":0.91},0.30260494954802231,1.1853705040887004,19254.676084390372,20013.795591033617]
[null,"5.2.3","Composição SICRO",4915768,"Corte e remoção de árvores","M3",14,{"$f":"VLOOKUP(D1409,'CPU (sem des)'!B:I,8,FALSE)","v":13.72},0.23957567779569877,17.006978299356987,{"$f":"VLOOKUP(D1409,'CPU (des)'!B:I,8,FALSE)","v":12.55},0.30260494954802231,16.34769211682768,238.09769619099782,228.86768963558751]
[null,"5.2.4","Composição Sinapi",100974,"CARGA, MANOBRA E DESCARGA DE SOLOS E MATERIAIS GRANULARES EM CAMINHÃO BASCULANTE 10 M³ - CARGA COM PÁ CARREGADEIRA (CAÇAMBA DE 1,7 A 2,8 M³ / 128 HP) E DESCARGA LIVRE (UNIDADE: M3). AF_07/2020","M3",2.97,{"$f":"VLOOKUP(D1410,'CPU (sem des)'!B:I,8,FALSE)","v":8},0.23957567779569877,9.9166054223655902,{"$f":"VLOOKUP(D1410,'CPU (des)'!B:I,8,FALSE)","v":7.86},0.30260494954802231,10.238474903447456,29.452318104425803,30.408270463238946]
[null,"5.2.5","Composição Sinapi",93590,"TRANSPORTE COM CAMINHÃO BASCULANTE DE 10 M³, EM VIA URBANA PAVIMENTADA, ADICIONAL PARA DMT EXCEDENTE A 30 KM (UNIDADE: M3XKM). AF_07/2020","M3XKM",7354.99,{"$f":"VLOOKUP(D1411,'CPU (sem des)'!B:I,8,FALSE)","v":0.92},0.23957567779569877,1.1404096235720429,{"$f":"VLOOKUP(D1411,'CPU (des)'!B:I,8,FALSE)","v":0.91},0.30260494954802231,1.1853705040887004,8387.7013772761402,8718.388203867351]
[null,"5.2.6","Composição Sinapi",100574,"ESPALHAMENTO DE MATERIAL COM TRATOR DE ESTEIRAS. AF_11/2019","M3",565.77,{"$f":"VLOOKUP(D1412,'CPU (sem des)'!B:I,8,FALSE)","v":1.27},0.23957567779569877,1.5742611108005375,{"$f":"VLOOKUP(D1412,'CPU (des)'!B:I,8,FALSE)","v":1.23},0.30260494954802231,1.6022040879440673,890.66970865762005,906.47900683611499]
[null,"5.2.7","Composição SICRO",4915667,"Remoção mecanizada de revestimento asfáltico","M3",656.63,{"$f":"VLOOKUP(D1413,'CPU (sem des)'!B:I,8,FALSE)","v":12.68},0.23957567779569877,15.717819594449461,{"$f":"VLOOKUP(D1413,'CPU (des)'!B:I,8,FALSE)","v":12.42},0.30260494954802231,16.178353473386437,10320.79188030335,10623.192241229735]
[null,"5.2.8","Composição SICRO",4915669,"Remoção mecanizada de camada granular do pavimento","M3",1751,{"$f":"VLOOKUP(D1414,'CPU (sem des)'!B:I,8,FALSE)","v":8},0.23957567779569877,9.9166054223655902,{"$f":"VLOOKUP(D1414,'CPU (des)'!B:I,8,FALSE)","v":7.87},0.30260494954802231,10.251500952942935,17363.976094562149,17950.378168603078]
[null,"5.2.9","Composição Sinapi",100974,"CARGA, MANOBRA E DESCARGA DE SOLOS E MATERIAIS GRANULARES EM CAMINHÃO BASCULANTE 10 M³ - CARGA COM PÁ CARREGADEIRA (CAÇAMBA DE 1,7 A 2,8 M³ / 128 HP) E DESCARGA LIVRE (UNIDADE: M3). AF_07/2020","M3",2407.63,{"$f":"VLOOKUP(D1415,'CPU (sem des)'!B:I,8,FALSE)","v":8},0.23957567779569877,9.9166054223655902,{"$f":"VLOOKUP(D1415,'CPU (des)'!B:I,8,FALSE)","v":7.86},0.30260494954802231,10.238474903447456,23875.516713050067,24650.459331787199]
[null,"5.2.10","Composição Sinapi",93590,"TRANSPORTE COM CAMINHÃO BASCULANTE DE 10 M³, EM VIA URBANA PAVIMENTADA, ADICIONAL PARA DMT EXCEDENTE A 30 KM (UNIDADE: M3XKM). AF_07/2020","M3XKM",31299.13,{"$f":"VLOOKUP(D1416,'CPU (sem des)'!B:I,8,FALSE)","v":0.92},0.23957567779569877,1.1404096235720429,{"$f":"VLOOKUP(D1416,'CPU (des)'!B:I,8,FALSE)","v":0.91},0.30260494954802231,1.1853705040887004,35693.829061432436,37101.065505637765]
[null,"5.2.11","Composição Sinapi",100574,"ESPALHAMENTO DE MATERIAL COM TRATOR DE ESTEIRAS. AF_11/2019","M3",2407.63,{"$f":"VLOOKUP(D1417,'CPU (sem des)'!B:I,8,FALSE)","v":1.27},0.23957567779569877,1.5742611108005375,{"$f":"VLOOKUP(D1417,'CPU (des)'!B:I,8,FALSE)","v":1.23},0.30260494954802231,1.6022040879440673,3790.2382781966985,3857.5146282567748]
[null,"5.3","TERRAPLENAGEM/REPARAÇÃO DE SUPERFÍCIES ",null,null,null,1,{"$nulls":6},{"$f":"SUM(N1419:N1427)","v":97910.83510080642},{"$f":"SUM(O1419:O1427)","v":100844.60365153686}]
[null,"5.3.1","Composição Sinapi",101144,"ESCAVAÇÃO HORIZONTAL, INCLUINDO CARGA, DESCARGA E TRANSPORTE EM SOLO DE 1A CATEGORIA COM TRATOR DE ESTEIRAS (100HP/LÂMINA: 2,19M3) E CAMINHÃO BASCULANTE DE 14M3, DMT ATÉ 200M. AF_07/2020","M3",2385,{"$f":"VLOOKUP(D1419,'CPU (sem des)'!B:I,8,FALSE)","v":14.25},{"$f":"$N$4","v":0.23957567779569877},{"$f":"H1419*(1+I1419)","v":17.663953408588707},{"$f":"VLOOKUP(D1419,'CPU (des)'!B:I,8,FALSE)","v":13.96},{"$f":"$O$4","v":0.30260494954802231},{"$f":"K1419*(1+L1419)","v":18.184365095690392},{"$f":"J1419*G1419","v":42128.528879484067},{"$f":"M1419*G1419","v":43369.710753221589}]
[null,"5.3.2","Composição Sinapi",101114,"ESCAVAÇÃO HORIZONTAL EM SOLO DE 1A CATEGORIA COM TRATOR DE ESTEIRAS (100HP/LÂMINA: 2,19M3). AF_07/2020","M3",565.20000000000005,{"$f":"VLOOKUP(D1420,'CPU (sem des)'!B:I,8,FALSE)","v":3.68},0.23957567779569877,4.5616384942881716,{"$f":"VLOOKUP(D1420,'CPU (des)'!B:I,8,FALSE)","v":3.55},0.30260494954802231,4.6242475708954789,2578.2380769716747,2613.6247270701247]
[null,"5.3.3","Composição Sinapi",100974,"CARGA, MANOBRA E DESCARGA DE SOLOS E MATERIAIS GRANULARES EM CAMINHÃO BASCULANTE 10 M³ - CARGA COM PÁ CARREGADEIRA (CAÇAMBA DE 1,7 A 2,8 M³ / 128 HP) E DESCARGA LIVRE (UNIDADE: M3). AF_07/2020","M3",565.20000000000005,{"$f":"VLOOKUP(D1421,'CPU (sem des)'!B:I,8,FALSE)","v":8},0.23957567779569877,9.9166054223655902,{"$f":"VLOOKUP(D1421,'CPU (des)'!B:I,8,FALSE)","v":7.86},0.30260494954802231,10.238474903447456,5604.8653847210317,5786.7860154285027]
[null,"5.3.4","Composição Sinapi",93590,"TRANSPORTE COM CAMINHÃO BASCULANTE DE 10 M³, EM VIA URBANA PAVIMENTADA, ADICIONAL PARA DMT EXCEDENTE A 30 KM (UNIDADE: M3XKM). AF_07/2020","M3XKM",7347.6,{"$f":"VLOOKUP(D1422,'CPU (sem des)'!B:I,8,FALSE)","v":0.92},0.23957567779569877,1.1404096235720429,{"$f":"VLOOKUP(D1422,'CPU (des)'!B:I,8,FALSE)","v":0.91},0.30260494954802231,1.1853705040887004,8379.2737501579431,8709.6283158421356]
[null,"5.3.5","Composição Sinapi",100574,"ESPALHAMENTO DE MATERIAL COM TRATOR DE ESTEIRAS. AF_11/2019","M3",565.20000000000005,{"$f":"VLOOKUP(D1423,'CPU (sem des)'!B:I,8,FALSE)","v":1.27},0.23957567779569877,1.5742611108005375,{"$f":"VLOOKUP(D1423,'CPU (des)'!B:I,8,FALSE)","v":1.23},0.30260494954802231,1.6022040879440673,889.77237982446388,905.5657505059869]
[null,"5.3.6","Composição Sinapi",101114,"ESCAVAÇÃO HORIZONTAL EM SOLO DE 1A CATEGORIA COM TRATOR DE ESTEIRAS (100HP/LÂMINA: 2,19M3). AF_07/2020","M3",1045.7,{"$f":"VLOOKUP(D1424,'CPU (sem des)'!B:I,8,FALSE)","v":3.68},0.23957567779569877,4.5616384942881716,{"$f":"VLOOKUP(D1424,'CPU (des)'!B:I,8,FALSE)","v":3.55},0.30260494954802231,4.6242475708954789,4770.1053734771413,4835.5756848854026]
[null,"5.3.7","Composição Sinapi",100974,"CARGA, MANOBRA E DESCARGA DE SOLOS E MATERIAIS GRANULARES EM CAMINHÃO BASCULANTE 10 M³ - CARGA COM PÁ CARREGADEIRA (CAÇAMBA DE 1,7 A 2,8 M³ / 128 HP) E DESCARGA LIVRE (UNIDADE: M3). AF_07/2020","M3",1045.7,{"$f":"VLOOKUP(D1425,'CPU (sem des)'!B:I,8,FALSE)","v":8},0.23957567779569877,9.9166054223655902,{"$f":"VLOOKUP(D1425,'CPU (des)'!B:I,8,FALSE)","v":7.86},0.30260494954802231,10.238474903447456,10369.794290167698,10706.373206535005]
[null,"5.3.8","Composição Sinapi",93590,"TRANSPORTE COM CAMINHÃO BASCULANTE DE 10 M³, EM VIA URBANA PAVIMENTADA, ADICIONAL PARA DMT EXCEDENTE A 30 KM (UNIDADE: M3XKM). AF_07/2020","M3XKM",13594.1,{"$f":"VLOOKUP(D1426,'CPU (sem des)'!B:I,8,FALSE)","v":0.92},0.23957567779569877,1.1404096235720429,{"$f":"VLOOKUP(D1426,'CPU (des)'!B:I,8,FALSE)","v":0.91},0.30260494954802231,1.1853705040887004,15502.842463800709,16114.045169632202]
[null,"5.3.9","Composição Sinapi",100576,"REGULARIZAÇÃO E COMPACTAÇÃO DE SUBLEITO DE SOLO  PREDOMINANTEMENTE ARGILOSO. AF_11/2019","M2",2639,{"$f":"VLOOKUP(D1427,'CPU (sem des)'!B:I,8,FALSE)","v":2.35},0.23957567779569877,2.9130028428198922,{"$f":"VLOOKUP(D1427,'CPU (des)'!B:I,8,FALSE)","v":2.27},0.30260494954802231,2.9569132354740106,7687.4145022016955,7803.294028415914]
[null,"5.4","PAVIMENTAÇÃO",null,null,null,1,{"$nulls":6},{"$f":"SUM(N1429:N1448)","v":5123307.5293845991},{"$f":"SUM(O1429:O1448)","v":5295984.8999514924}]
[null,"5.4.1","Composição Sinapi",100576,"REGULARIZAÇÃO E COMPACTAÇÃO DE SUBLEITO DE SOLO  PREDOMINANTEMENTE ARGILOSO. AF_11/2019","M2",24888,{"$f":"VLOOKUP(D1429,'CPU (sem des)'!B:I,8,FALSE)","v":2.35},{"$f":"$N$4","v":0.23957567779569877},{"$f":"H1429*(1+I1429)","v":2.9130028428198922},{"$f":"VLOOKUP(D1429,'CPU (des)'!B:I,8,FALSE)","v":2.27},{"$f":"$O$4","v":0.30260494954802231},{"$f":"K1429*(1+L1429)","v":2.9569132354740106},{"$f":"J1429*G1429","v":72498.814752101476},{"$f":"M1429*G1429","v":73591.656604477175}]
[null,"5.4.2","Composição Sinapi",101827,"RECOMPOSIÇÃO DE BASE E OU SUB-BASE PARA REMENDO PROFUNDO DE SOLO BRITA (40/60) - INCLUSO RETIRADA E COLOCAÇÃO DO MATERIAL. AF_12/2020","M3",673,{"$f":"VLOOKUP(D1430,'CPU (sem des)'!B:I,8,FALSE)","v":317.18},0.23957567779569877,393.16861348323977,{"$f":"VLOOKUP(D1430,'CPU (des)'!B:I,8,FALSE)","v":306.52999999999997},0.30260494954802231,399.28749518495522,264602.47687422036,268720.48425947485]
[null,"5.4.3","Composição Sinapi",100974,"CARGA, MANOBRA E DESCARGA DE SOLOS E MATERIAIS GRANULARES EM CAMINHÃO BASCULANTE 10 M³ - CARGA COM PÁ CARREGADEIRA (CAÇAMBA DE 1,7 A 2,8 M³ / 128 HP) E DESCARGA LIVRE (UNIDADE: M3). AF_07/2020","M3",673,{"$f":"VLOOKUP(D1431,'CPU (sem des)'!B:I,8,FALSE)","v":8},0.23957567779569877,9.9166054223655902,{"$f":"VLOOKUP(D1431,'CPU (des)'!B:I,8,FALSE)","v":7.86},0.30260494954802231,10.238474903447456,6673.875449252042,6890.4936100201376]
[null,"5.4.4","Composição Sinapi",93590,"TRANSPORTE COM CAMINHÃO BASCULANTE DE 10 M³, EM VIA URBANA PAVIMENTADA, ADICIONAL PARA DMT EXCEDENTE A 30 KM (UNIDADE: M3XKM). AF_07/2020","M3XKM",327750,{"$f":"VLOOKUP(D1432,'CPU (sem des)'!B:I,8,FALSE)","v":0.92},0.23957567779569877,1.1404096235720429,{"$f":"VLOOKUP(D1432,'CPU (des)'!B:I,8,FALSE)","v":0.91},0.30260494954802231,1.1853705040887004,373769.25412573706,388505.18271507154]
[null,"5.4.5","Composição Sinapi",100573,"EXECUÇÃO E COMPACTAÇÃO DE BASE E OU SUB-BASE PARA PAVIMENTAÇÃO DE SOLO (PREDOMINANTEMENTE ARGILOSO) BRITA - 50/50 - EXCLUSIVE SOLO, ESCAVAÇÃO, CARGA E TRANSPORTE. AF_11/2019","M3",2185,{"$f":"VLOOKUP(D1433,'CPU (sem des)'!B:I,8,FALSE)","v":210.4},0.23957567779569877,260.80672260821501,{"$f":"VLOOKUP(D1433,'CPU (des)'!B:I,8,FALSE)","v":209.39},0.30260494954802231,272.75245038586036,569862.68889894977,595964.10409310483]
[null,"5.4.6","Composição SICRO",4011227,"Sub-base de solo estabilizado granulometricamente sem mistura com material de jazida","M3",2185,{"$f":"VLOOKUP(D1434,'CPU (sem des)'!B:I,8,FALSE)","v":12.45},0.23957567779569877,15.432717188556449,{"$f":"VLOOKUP(D1434,'CPU (des)'!B:I,8,FALSE)","v":12.32},0.30260494954802231,16.048092978431637,33720.487056995844,35065.083157873123]
[null,"5.4.7","Composição Sinapi",100974,"CARGA, MANOBRA E DESCARGA DE SOLOS E MATERIAIS GRANULARES EM CAMINHÃO BASCULANTE 10 M³ - CARGA COM PÁ CARREGADEIRA (CAÇAMBA DE 1,7 A 2,8 M³ / 128 HP) E DESCARGA LIVRE (UNIDADE: M3). AF_07/2020","M3",2185,{"$f":"VLOOKUP(D1435,'CPU (sem des)'!B:I,8,FALSE)","v":8},0.23957567779569877,9.9166054223655902,{"$f":"VLOOKUP(D1435,'CPU (des)'!B:I,8,FALSE)","v":7.86},0.30260494954802231,10.238474903447456,21667.782847868813,22371.067664032689]
[null,"5.4.8","Composição Sinapi",93590,"TRANSPORTE COM CAMINHÃO BASCULANTE DE 10 M³, EM VIA URBANA PAVIMENTADA, ADICIONAL PARA DMT EXCEDENTE A 30 KM (UNIDADE: M3XKM). AF_07/2020","M3XKM",327750,{"$f":"VLOOKUP(D1436,'CPU (sem des)'!B:I,8,FALSE)","v":0.92},0.23957567779569877,1.1404096235720429,{"$f":"VLOOKUP(D1436,'CPU (des)'!B:I,8,FALSE)","v":0.91},0.30260494954802231,1.1853705040887004,373769.25412573706,388505.18271507154]
[null,"5.4.9","Composição SICRO",4011219,"Base de solo estabilizado granulometricamente sem mistura com material de jazida","M3",3532,{"$f":"VLOOKUP(D1437,'CPU (sem des)'!B:I,8,FALSE)","v":13.22},0.23957567779569877,16.387190460459138,{"$f":"VLOOKUP(D1437,'CPU (des)'!B:I,8,FALSE)","v":13.07},0.30260494954802231,17.025046690592653,57879.556706341675,60132.464911173251]
[null,"5.4.10","Composição Sinapi",100974,"CARGA, MANOBRA E DESCARGA DE SOLOS E MATERIAIS GRANULARES EM CAMINHÃO BASCULANTE 10 M³ - CARGA COM PÁ CARREGADEIRA (CAÇAMBA DE 1,7 A 2,8 M³ / 128 HP) E DESCARGA LIVRE (UNIDADE: M3). AF_07/2020","M3",3532,{"$f":"VLOOKUP(D1438,'CPU (sem des)'!B:I,8,FALSE)","v":8},0.23957567779569877,9.9166054223655902,{"$f":"VLOOKUP(D1438,'CPU (des)'!B:I,8,FALSE)","v":7.86},0.30260494954802231,10.238474903447456,35025.450351795262,36162.293358976414]
[null,"5.4.11","Composição Sinapi",93590,"TRANSPORTE COM CAMINHÃO BASCULANTE DE 10 M³, EM VIA URBANA PAVIMENTADA, ADICIONAL PARA DMT EXCEDENTE A 30 KM (UNIDADE: M3XKM). AF_07/2020","M3XKM",529800,{"$f":"VLOOKUP(D1439,'CPU (sem des)'!B:I,8,FALSE)","v":0.92},0.23957567779569877,1.1404096235720429,{"$f":"VLOOKUP(D1439,'CPU (des)'!B:I,8,FALSE)","v":0.91},0.30260494954802231,1.1853705040887004,604189.01856846828,628009.29306619347]
[null,"5.4.12","Composição SICRO",4011351,"Imprimação com asfalto diluído","M2",6525,{"$f":"VLOOKUP(D1440,'CPU (sem des)'!B:I,8,FALSE)","v":0.39},0.23957567779569877,0.48343451434032253,{"$f":"VLOOKUP(D1440,'CPU (des)'!B:I,8,FALSE)","v":0.39},0.30260494954802231,0.50801593032372871,3154.4102060706045,3314.8039453623301]
[null,"5.4.13","Composição SICRO",4011354,"Pintura de ligação - emulsão com polímero","M2",6525,{"$f":"VLOOKUP(D1441,'CPU (sem des)'!B:I,8,FALSE)","v":0.28999999999999998},0.23957567779569877,0.35947694656075263,{"$f":"VLOOKUP(D1441,'CPU (des)'!B:I,8,FALSE)","v":0.28999999999999998},0.30260494954802231,0.37775543536892642,2345.587076308911,2464.8542157822449]
[null,"5.4.14","Composição SICRO",4011462,"Concreto asfáltico - faixa C - areia extraída e brita produzida","T",780,{"$f":"VLOOKUP(D1442,'CPU (sem des)'!B:I,8,FALSE)","v":149.71},0.23957567779569877,185.57687472279406,{"$f":"VLOOKUP(D1442,'CPU (des)'!B:I,8,FALSE)","v":149.13999999999999},0.30260494954802231,194.27050217559204,144749.96228377937,151530.99169696181]
[null,"5.4.15","ANP",null,"Asfalto diluído de petróleo - CM-30","T",{"$f":"G1440*'CPU (sem des)'!E4806","v":7.8299999999999992},5160.46,{"$f":"$N$5","v":0.14692012195121973},5918.6354125243915,{"$f":"H1443","v":5160.46},{"$f":"I1443","v":0.14692012195121973},5918.6354125243915,46342.915280065979,46342.915280065979]
[null,"5.4.16","ANP",null,"Emulsão asfáltica com polímero - RR-1C-E","T",{"$f":"G1441*'CPU (sem des)'!E4828","v":2.9362499999999998},4743.84,{"$f":"$N$5","v":0.14692012195121973},5440.8055513170748,{"$f":"H1444","v":4743.84},{"$f":"I1444","v":0.14692012195121973},5440.8055513170748,15975.565300054759,15975.565300054759]
[null,"5.4.17","ANP",null,"Cimento asfáltico de petróleo - CAP 50/70","T",{"$f":"G1442*'CPU (sem des)'!E12014","v":49.319399999999995},4777.5,0.14692012195121973,5479.4108826219526,4777.5,0.14692012195121973,5479.4108826219526,270241.25708438508,270241.25708438508]
[null,"5.4.18","Composição Sinapi",100965,"TRANSPORTE COM CAMINHÃO TANQUE DE TRANSPORTE DE MATERIAL ASFÁLTICO DE 30000 L, EM VIA URBANA EM  LEITO NATURAL (UNIDADE: TXKM). AF_07/2020","TXKM",117000,{"$f":"VLOOKUP(D1446,'CPU (sem des)'!B:I,8,FALSE)","v":1.66},0.23957567779569877,2.0576956251408598,{"$f":"VLOOKUP(D1446,'CPU (des)'!B:I,8,FALSE)","v":1.65},0.30260494954802231,2.1492981667542366,240750.38814148059,251467.88551024569]
[null,"5.4.19","Composição Sinapi",92396,"EXECUÇÃO DE PASSEIO EM PISO INTERTRAVADO, COM BLOCO RETANGULAR COR NATURAL DE 20 X 10 CM, ESPESSURA 6 CM. AF_10/2022","M2",13474,{"$f":"VLOOKUP(D1447,'CPU (sem des)'!B:I,8,FALSE)","v":84.74},0.23957567779569877,105.04164293640751,{"$f":"VLOOKUP(D1447,'CPU (des)'!B:I,8,FALSE)","v":83.09},0.30260494954802231,108.23344525794518,1415331.0969251548,1458337.4414055534]
[null,"5.4.20","Composição Sinapi",92398,"EXECUÇÃO DE PAVIMENTO EM PISO INTERTRAVADO, COM BLOCO RETANGULAR COR NATURAL DE 20 X 10 CM, ESPESSURA 8 CM. AF_10/2022","M2",4889,{"$f":"VLOOKUP(D1448,'CPU (sem des)'!B:I,8,FALSE)","v":94.18},0.23957567779569877,116.74323733479892,{"$f":"VLOOKUP(D1448,'CPU (des)'!B:I,8,FALSE)","v":93.02},0.30260494954802231,121.16831240695703,570757.68732983188,592391.87935761292]
[null,"5.5","SINALIZAÇÃO",null,null,null,1,{"$nulls":6},{"$f":"SUM(N1450:N1454)","v":74619.21493269148},{"$f":"SUM(O1450:O1454)","v":75570.791709117591}]
[null,"5.5.1","Composição Sinapi",102509,"PINTURA DE FAIXA DE PEDESTRE OU ZEBRADA TINTA RETRORREFLETIVA A BASE DE RESINA ACRÍLICA COM MICROESFERAS DE VIDRO, E = 30 CM, APLICAÇÃO MANUAL. AF_05/2021","M2",1187,{"$f":"VLOOKUP(D1450,'CPU (sem des)'!B:I,8,FALSE)","v":25.26},{"$f":"$N$4","v":0.23957567779569877},{"$f":"H1450*(1+I1450)","v":31.311681621119352},{"$f":"VLOOKUP(D1450,'CPU (des)'!B:I,8,FALSE)","v":23.97},{"$f":"$O$4","v":0.30260494954802231},{"$f":"K1450*(1+L1450)","v":31.223440640666094},{"$f":"J1450*G1450","v":37166.966084268672},{"$f":"M1450*G1450","v":37062.224040470654}]
[null,"5.5.2","Composição Sinapi",102520,"PINTURA DE SINALIZAÇÃO VERTICAL DE SEGURANÇA, FAIXAS AMARELA E PRETA, APLICAÇÃO MANUAL, 2 DEMÃOS. AF_05/2021","M2",42.57,{"$f":"VLOOKUP(D1451,'CPU (sem des)'!B:I,8,FALSE)","v":65.150000000000006},{"$f":"$N$4","v":0.23957567779569877},{"$f":"H1451*(1+I1451)","v":80.758355408389775},{"$f":"VLOOKUP(D1451,'CPU (des)'!B:I,8,FALSE)","v":59.03},{"$f":"$O$4","v":0.30260494954802231},{"$f":"K1451*(1+L1451)","v":76.892770171819762},{"$f":"J1451*G1451","v":3437.8831897351529},3273.3252262143674]
[null,"5.5.3","Composição SICRO",5213472,"Placa de marco quilométrico em aço - 0,60 x 0,865 m - película retrorrefletiva tipo I + I - fornecimento e implantação","UN",83,{"$f":"VLOOKUP(D1452,'CPU (sem des)'!B:I,8,FALSE)","v":312.44},{"$f":"$N$4","v":0.23957567779569877},{"$f":"H1452*(1+I1452)","v":387.2930247704881},{"$f":"VLOOKUP(D1452,'CPU (des)'!B:I,8,FALSE)","v":307.89999999999998},{"$f":"$O$4","v":0.30260494954802231},{"$f":"K1452*(1+L1452)","v":401.07206396583604},{"$f":"J1452*G1452","v":32145.321055950513},33288.981309164388]
[null,"5.5.4","Composição SICRO",5219644,"Tachão refletivo em resina sintética - monodirecional - fornecimento e colocação","UN",12,{"$f":"VLOOKUP(D1453,'CPU (sem des)'!B:I,8,FALSE)","v":78.64},{"$f":"$N$4","v":0.23957567779569877},{"$f":"H1453*(1+I1453)","v":97.480231301853749},{"$f":"VLOOKUP(D1453,'CPU (des)'!B:I,8,FALSE)","v":77.92},{"$f":"$O$4","v":0.30260494954802231},{"$f":"K1453*(1+L1453)","v":101.4989776687819},{"$f":"J1453*G1453","v":1169.762775622245},1217.9877320253829]
[null,"5.5.5","Composição SICRO",5219643,"Tachão refletivo em resina sintética - bidirecional - fornecimento e colocação","UN",7,{"$f":"VLOOKUP(D1454,'CPU (sem des)'!B:I,8,FALSE)","v":80.59},{"$f":"$N$4","v":0.23957567779569877},{"$f":"H1454*(1+I1454)","v":99.897403873555362},{"$f":"VLOOKUP(D1454,'CPU (des)'!B:I,8,FALSE)","v":79.87},{"$f":"$O$4","v":0.30260494954802231},{"$f":"K1454*(1+L1454)","v":104.03905732040054},{"$f":"J1454*G1454","v":699.28182711488751},728.27340124280386]
[null,6,"Projeto de Drenagem",{"$nulls":10},{"$f":"N1456+N1459","v":1706011.4421400137},{"$f":"O1456+O1459","v":1751833.281234327}]
[null,"6.1","MOBILIZAÇÃO E DESMOBILIZAÇÃO",null,null,null,1,{"$nulls":6},{"$f":"SUM(N1457:N1458)","v":3718.7270333870965},{"$f":"SUM(O1457:O1458)","v":3907.8148486440668}]
[null,"6.1.1","Composição Própria","1.1","MOBILIZAÇÃO ","UN",1,{"$f":"'CPU Própria (sem des)'!$K$28","v":1500},{"$f":"$N$4","v":0.23957567779569877},{"$f":"H1457*(1+I1457)","v":1859.3635166935483},{"$f":"'CPU Própria (des)'!$J$28","v":1500},{"$f":"$O$4","v":0.30260494954802231},{"$f":"K1457*(1+L1457)","v":1953.9074243220334},{"$f":"J1457*G1457","v":1859.3635166935483},{"$f":"M1457*G1457","v":1953.9074243220334}]
[null,"6.1.2","Composição Própria","1.1","DESMOBILIZAÇÃO","UN",1,{"$f":"'CPU Própria (sem des)'!$K$28","v":1500},{"$f":"$N$4","v":0.23957567779569877},{"$f":"H1458*(1+I1458)","v":1859.3635166935483},{"$f":"'CPU Própria (des)'!$J$28","v":1500},{"$f":"$O$4","v":0.30260494954802231},{"$f":"K1458*(1+L1458)","v":1953.9074243220334},{"$f":"J1458*G1458","v":1859.3635166935483},1953.9074243220334]
[null,"6.2","DRENAGEM PLUVIAL",null,null,null,1,{"$nulls":6},{"$f":"SUM(N1460:N1491)","v":1702292.7151066265},{"$f":"SUM(O1460:O1491)","v":1747925.466385683}]
[null,"6.2.1","Composição Sinapi",90087,"ESCAVAÇÃO MECANIZADA DE VALA COM PROF. DE 3,0 M ATÉ 4,5 M(MÉDIA MONTANTE E JUSANTE/UMA COMPOSIÇÃO POR TRECHO), ESCAVADEIRA (1,2 M3), LARG. DE 1,5 M A 2,5 M, EM SOLO DE 1A CATEGORIA, EM LOCAIS COM ALTO NÍVEL DE INTERFERÊNCIA. AF_02/2021","M3",2830.76,{"$f":"VLOOKUP(D1460,'CPU (sem des)'!B:I,8,FALSE)","v":8.56},{"$f":"$N$4","v":0.23957567779569877},{"$f":"H1460*(1+I1460)","v":10.610767801931182},{"$f":"VLOOKUP(D1460,'CPU (des)'!B:I,8,FALSE)","v":8.33},{"$f":"$O$4","v":0.30260494954802231},{"$f":"K1460*(1+L1460)","v":10.850699229735026},{"$f":"J1460*G1460","v":30036.537062994714},{"$f":"M1460*G1460","v":30715.725351564724}]
[null,"6.2.2","Composição Sinapi",93361,"REATERRO MECANIZADO DE VALA COM ESCAVADEIRA HIDRÁULICA (CAPACIDADE DA CAÇAMBA: 0,8 M³ / POTÊNCIA: 111 HP), LARGURA ATÉ 1,5 M, PROFUNDIDADE DE 1,5 A 3,0 M, COM SOLO DE 1ª CATEGORIA EM LOCAIS COM ALTO NÍVEL DE INTERFERÊNCIA. AF_04/2016","M3",2091.7600000000002,{"$f":"VLOOKUP(D1461,'CPU (sem des)'!B:I,8,FALSE)","v":16.88},0.23957567779569877,20.924037441191395,{"$f":"VLOOKUP(D1461,'CPU (des)'!B:I,8,FALSE)","v":16.23},0.30260494954802231,21.141278331164404,43768.064557986516,44222.480361996459]
[null,"6.2.3","Composição Sinapi",93590,"TRANSPORTE COM CAMINHÃO BASCULANTE DE 10 M³, EM VIA URBANA PAVIMENTADA, ADICIONAL PARA DMT EXCEDENTE A 30 KM (UNIDADE: M3XKM). AF_07/2020","M3XKM",1114.72,{"$f":"VLOOKUP(D1462,'CPU (sem des)'!B:I,8,FALSE)","v":0.92},0.23957567779569877,1.1404096235720429,{"$f":"VLOOKUP(D1462,'CPU (des)'!B:I,8,FALSE)","v":0.91},0.30260494954802231,1.1853705040887004,1271.2374155882276,1321.356208317756]
[null,"6.2.4","Composição Sinapi",100574,"ESPALHAMENTO DE MATERIAL COM TRATOR DE ESTEIRAS. AF_11/2019","M3",111.47,{"$f":"VLOOKUP(D1463,'CPU (sem des)'!B:I,8,FALSE)","v":1.27},0.23957567779569877,1.5742611108005375,{"$f":"VLOOKUP(D1463,'CPU (des)'!B:I,8,FALSE)","v":1.23},0.30260494954802231,1.6022040879440673,175.48288602093592,178.5976896831252]
[null,"6.2.5","Composição Sinapi",101590,"ESCORAMENTO DE VALA, TIPO CONTÍNUO COM PERFIL METÁLICO \"U\", COM PROFUNDIDADE DE 1,5 A 3,0 M, LARGURA MENOR QUE 1,5 M. AF_08/2020","M2",4009.25,{"$f":"VLOOKUP(D1464,'CPU (sem des)'!B:I,8,FALSE)","v":60.38},0.23957567779569877,74.845579425304294,{"$f":"VLOOKUP(D1464,'CPU (des)'!B:I,8,FALSE)","v":57.52},0.30260494954802231,74.925836698002243,300074.63931090123,300396.41078146547]
[null,"6.2.6","Composição SICRO",1600989,"Demolição de concreto simples com martelete","M3",49,{"$f":"VLOOKUP(D1465,'CPU (sem des)'!B:I,8,FALSE)","v":404.87},0.23957567779569877,501.86700466914459,{"$f":"VLOOKUP(D1465,'CPU (des)'!B:I,8,FALSE)","v":394.36},0.30260494954802231,513.69528790375807,24591.483228788085,25171.069107284144]
[null,"6.2.7","Composição Sinapi",100982,"CARGA, MANOBRA E DESCARGA DE ENTULHO EM CAMINHÃO BASCULANTE 10 M³ - CARGA COM ESCAVADEIRA HIDRÁULICA  (CAÇAMBA DE 0,80 M³ / 111 HP) E DESCARGA LIVRE (UNIDADE: M3). AF_07/2020","M3",49,{"$f":"VLOOKUP(D1466,'CPU (sem des)'!B:I,8,FALSE)","v":8.36},0.23957567779569877,10.36285266637204,{"$f":"VLOOKUP(D1466,'CPU (des)'!B:I,8,FALSE)","v":8.2200000000000006},0.30260494954802231,10.707412685284744,507.77978065222999,524.66322157895252]
[null,"6.2.8","Composição Sinapi",93590,"TRANSPORTE COM CAMINHÃO BASCULANTE DE 10 M³, EM VIA URBANA PAVIMENTADA, ADICIONAL PARA DMT EXCEDENTE A 30 KM (UNIDADE: M3XKM). AF_07/2020","M3XKM",490,{"$f":"VLOOKUP(D1467,'CPU (sem des)'!B:I,8,FALSE)","v":0.92},0.23957567779569877,1.1404096235720429,{"$f":"VLOOKUP(D1467,'CPU (des)'!B:I,8,FALSE)","v":0.91},0.30260494954802231,1.1853705040887004,558.80071555030099,580.83154700346313]
[null,"6.2.9","Composição SICRO",1600404,"Remoção de tubos de concreto com diâmetro de 0,40 m a 1,00 m em valas e bueiros","M",300,{"$f":"VLOOKUP(D1468,'CPU (sem des)'!B:I,8,FALSE)","v":10.34},0.23957567779569877,12.817212508407525,{"$f":"VLOOKUP(D1468,'CPU (des)'!B:I,8,FALSE)","v":10},0.30260494954802231,13.026049495480223,3845.1637525222577,3907.8148486440668]
[null,"6.2.10","Composição Sinapi",93590,"TRANSPORTE COM CAMINHÃO BASCULANTE DE 10 M³, EM VIA URBANA PAVIMENTADA, ADICIONAL PARA DMT EXCEDENTE A 30 KM (UNIDADE: M3XKM). AF_07/2020","M3XKM",995.49,{"$f":"VLOOKUP(D1469,'CPU (sem des)'!B:I,8,FALSE)","v":0.92},0.23957567779569877,1.1404096235720429,{"$f":"VLOOKUP(D1469,'CPU (des)'!B:I,8,FALSE)","v":0.91},0.30260494954802231,1.1853705040887004,1135.2663761697329,1180.0244831152604]
[null,"6.2.11","Composição Sinapi",96624,"LASTRO COM MATERIAL GRANULAR (PEDRA BRITADA N.2), APLICADO EM PISOS OU LAJES SOBRE SOLO, ESPESSURA DE *10 CM*. AF_08/2017","M3",183.01,{"$f":"VLOOKUP(D1470,'CPU (sem des)'!B:I,8,FALSE)","v":335.45},0.23957567779569877,415.81566111656713,{"$f":"VLOOKUP(D1470,'CPU (des)'!B:I,8,FALSE)","v":331.94},0.30260494954802231,432.38668695297054,76098.424140942952,79131.087579263127]
[null,"6.2.12","Composição Sinapi",93590,"TRANSPORTE COM CAMINHÃO BASCULANTE DE 10 M³, EM VIA URBANA PAVIMENTADA, ADICIONAL PARA DMT EXCEDENTE A 30 KM (UNIDADE: M3XKM). AF_07/2020","M3XKM",26536.45,{"$f":"VLOOKUP(D1471,'CPU (sem des)'!B:I,8,FALSE)","v":0.92},0.23957567779569877,1.1404096235720429,{"$f":"VLOOKUP(D1471,'CPU (des)'!B:I,8,FALSE)","v":0.91},0.30260494954802231,1.1853705040887004,30262.422955438338,31455.525113224594]
[null,"6.2.13","Composição Sinapi",95570,"TUBO DE CONCRETO (SIMPLES) PARA REDES COLETORAS DE ÁGUAS PLUVIAIS, DIÂMETRO DE 300 MM, JUNTA RÍGIDA, INSTALADO EM LOCAL COM ALTO NÍVEL DE INTERFERÊNCIAS - FORNECIMENTO E ASSENTAMENTO. AF_12/2015","M",31,{"$f":"VLOOKUP(D1472,'CPU (sem des)'!B:I,8,FALSE)","v":105.49},0.23957567779569877,130.76283825066827,{"$f":"VLOOKUP(D1472,'CPU (des)'!B:I,8,FALSE)","v":102.79},0.30260494954802231,133.89476276404122,4053.6479857707163,4150.737645685278]
[null,"6.2.14","Composição Sinapi",95571,"TUBO DE CONCRETO (SIMPLES) PARA REDES COLETORAS DE ÁGUAS PLUVIAIS, DIÂMETRO DE 400 MM, JUNTA RÍGIDA, INSTALADO EM LOCAL COM ALTO NÍVEL DE INTERFERÊNCIAS - FORNECIMENTO E ASSENTAMENTO. AF_12/2015","M",361,{"$f":"VLOOKUP(D1473,'CPU (sem des)'!B:I,8,FALSE)","v":129.16999999999999},0.23957567779569877,160.11599030087041,{"$f":"VLOOKUP(D1473,'CPU (des)'!B:I,8,FALSE)","v":125.75},0.30260494954802231,163.8025724056638,57801.872498614219,59132.728638444627]
[null,"6.2.15","Composição Orse",2675,"Fornecimento e assentamento de tubo de concreto armado ca2 d=0,40 m","M",43,{"$f":"VLOOKUP(D1474,'CPU (sem des)'!B:I,8,FALSE)","v":156.27000000000001},0.23957567779569877,193.70849116913385,{"$f":"VLOOKUP(D1474,'CPU (des)'!B:I,8,FALSE)","v":152.31},0.30260494954802231,198.39975986565929,8329.4651202727564,8531.1896742233494]
[null,"6.2.16","Composição Orse",8570,"Fornecimento de tubo de concreto armado ca2 d=0,60 m","M",587,{"$f":"VLOOKUP(D1475,'CPU (sem des)'!B:I,8,FALSE)","v":190.2},0.23957567779569877,235.76729391674189,{"$f":"VLOOKUP(D1475,'CPU (des)'!B:I,8,FALSE)","v":190.2},0.30260494954802231,247.75546140403384,138395.4015291275,145432.45584416785]
[null,"6.2.17","Composição Sinapi",92855,"TUBO DE CONCRETO PARA REDES COLETORAS DE ESGOTO SANITÁRIO, DIÂMETRO DE 600 MM, JUNTA ELÁSTICA, INSTALADO EM LOCAL COM ALTO NÍVEL DE INTERFERÊNCIAS - FORNECIMENTO E ASSENTAMENTO. AF_12/2015","M",587,{"$f":"VLOOKUP(D1476,'CPU (sem des)'!B:I,8,FALSE)","v":480.16},0.23957567779569877,595.19465745038281,{"$f":"VLOOKUP(D1476,'CPU (des)'!B:I,8,FALSE)","v":478.45},0.30260494954802231,623.23133811125126,349379.2639233747,365836.7954713045]
[null,"6.2.18","Composição Orse",2672,"Fornecimento e assentamento de tubo de concreto armado ca1 d=0,80 m","M",114,{"$f":"VLOOKUP(D1477,'CPU (sem des)'!B:I,8,FALSE)","v":419.05},0.23957567779569877,519.44418778028762,{"$f":"VLOOKUP(D1477,'CPU (des)'!B:I,8,FALSE)","v":414.24},0.30260494954802231,539.59107430077279,59216.637406952788,61513.382470288096]
[null,"6.2.19","Composição Orse",2678,"Fornecimento e assentamento de tubo de concreto armado ca2 d=1,00 m","M",68,{"$f":"VLOOKUP(D1478,'CPU (sem des)'!B:I,8,FALSE)","v":557.52},0.23957567779569877,691.08823188465794,{"$f":"VLOOKUP(D1478,'CPU (des)'!B:I,8,FALSE)","v":550.69000000000005},0.30260494954802231,717.33151966660046,46993.99976815674,48778.543337328832]
[null,"6.2.20","Composição Orse",5352,"Assentamento de tubos em ferro fundido, junta travada externa, diam.=  600 mm","M",18,{"$f":"VLOOKUP(D1479,'CPU (sem des)'!B:I,8,FALSE)","v":44.88},0.23957567779569877,55.632156419470967,{"$f":"VLOOKUP(D1479,'CPU (des)'!B:I,8,FALSE)","v":41.7},0.30260494954802231,54.318626396152531,1001.3788155504774,977.73527513074555]
[null,"6.2.21","Composição Orse",5425,"Fornecimento de tubo de ferro fundido, junta elástica, ponta / bolsa, classe k 7, diam. =  600mm","M",18,{"$f":"VLOOKUP(D1480,'CPU (sem des)'!B:I,8,FALSE)","v":2406.52},0.23957567779569877,2983.0636601289052,{"$f":"VLOOKUP(D1480,'CPU (des)'!B:I,8,FALSE)","v":2406.52},0.30260494954802231,3134.7448631863067,53695.145882320292,56425.407537353523]
[null,"6.2.22","Composição Orse",5333,"Assentamento de tubos em ferro fundido, junta elástica, ponta / bolsa, diam.=   800 mm","M",50,{"$f":"VLOOKUP(D1481,'CPU (sem des)'!B:I,8,FALSE)","v":23.27},0.23957567779569877,28.844926022305909,{"$f":"VLOOKUP(D1481,'CPU (des)'!B:I,8,FALSE)","v":21.4},0.30260494954802231,27.875745920327674,1442.2463011152954,1393.7872960163836]
[null,"6.2.23","Composição Sinapi",97171,"ASSENTAMENTO DE TUBO DE FERRO FUNDIDO PARA REDE DE ÁGUA, DN 1000 MM, JUNTA ELÁSTICA, INSTALADO EM LOCAL COM NÍVEL BAIXO DE INTERFERÊNCIAS (NÃO INCLUI FORNECIMENTO). AF_11/2017","M",86,{"$f":"VLOOKUP(D1482,'CPU (sem des)'!B:I,8,FALSE)","v":32.32},0.23957567779569877,40.063085906356982,{"$f":"VLOOKUP(D1482,'CPU (des)'!B:I,8,FALSE)","v":30.01},0.30260494954802231,39.091174535936155,3445.4253879467005,3361.8410100905094]
[null,"6.2.24","Composição SICRO",2003625,"Boca de lobo simples - grelha de concreto - BLSG 01 - areia extraída e brita produzida","UN",46,{"$f":"VLOOKUP(D1483,'CPU (sem des)'!B:I,8,FALSE)","v":842.22},0.23957567779569877,1043.9954273530934,{"$f":"VLOOKUP(D1483,'CPU (des)'!B:I,8,FALSE)","v":807.68},0.30260494954802231,1052.0879656509467,48023.789658242298,48396.046419943545]
[null,"6.2.25","Composição SICRO",2003636,"Boca de lobo dupla - grelha de concreto - BLDG 02 - areia e brita comerciais","UN",4,{"$f":"VLOOKUP(D1484,'CPU (sem des)'!B:I,8,FALSE)","v":2160.33},0.23957567779569877,2677.8925240123817,{"$f":"VLOOKUP(D1484,'CPU (des)'!B:I,8,FALSE)","v":2079.0700000000002},0.30260494954802231,2708.2068724568071,10711.570096049527,10832.827489827228]
[null,"6.2.26","Composição SICRO",2003677,"Poço de visita - PVI 01 - areia extraída e brita produzida","UN",13,{"$f":"VLOOKUP(D1485,'CPU (sem des)'!B:I,8,FALSE)","v":1948.16},0.23957567779569877,2414.8917524544686,{"$f":"VLOOKUP(D1485,'CPU (des)'!B:I,8,FALSE)","v":1867.13},0.30260494954802231,2432.1327794495992,31393.59278190809,31617.726132844789]
[null,"6.2.27","Composição SICRO",2003679,"Poço de visita - PVI 02 - areia extraída e brita produzida","UN",27,{"$f":"VLOOKUP(D1486,'CPU (sem des)'!B:I,8,FALSE)","v":1922.31},0.23957567779569877,2382.8487211834495,{"$f":"VLOOKUP(D1486,'CPU (des)'!B:I,8,FALSE)","v":1841.72},0.30260494954802231,2399.0335876815839,64336.915471953136,64773.906867402766]
[null,"6.2.28","Composição SICRO",2003681,"Poço de visita - PVI 03 - areia extraída e brita produzida","UN",6,{"$f":"VLOOKUP(D1487,'CPU (sem des)'!B:I,8,FALSE)","v":2193.06},0.23957567779569877,2718.4638359466353,{"$f":"VLOOKUP(D1487,'CPU (des)'!B:I,8,FALSE)","v":2103.0100000000002},0.30260494954802231,2739.3912349489865,16310.783015679812,16436.347409693917]
[null,"6.2.29","Composição SICRO",2003683,"Poço de visita - PVI 04 - areia extraída e brita produzida","UN",6,{"$f":"VLOOKUP(D1488,'CPU (sem des)'!B:I,8,FALSE)","v":2629.49},0.23957567779569877,3259.4518490070118,{"$f":"VLOOKUP(D1488,'CPU (des)'!B:I,8,FALSE)","v":2522.17},0.30260494954802231,3285.3911256015354,19556.711094042072,19712.346753609214]
[null,"6.2.30","Composição SICRO",2003713,"Chaminé dos poços de visita - CPV 01 - areia extraída e brita produzida","UN",49,{"$f":"VLOOKUP(D1489,'CPU (sem des)'!B:I,8,FALSE)","v":1451.9},0.23957567779569877,1799.7399265915751,{"$f":"VLOOKUP(D1489,'CPU (des)'!B:I,8,FALSE)","v":1418.69},0.30260494954802231,1847.9926158742837,88187.256402987186,90551.638177839908]
[null,"6.2.31","Composição SICRO",2003715,"Chaminé dos poços de visita - CPV 02 - areia extraída e brita produzida","UN",3,{"$f":"VLOOKUP(D1490,'CPU (sem des)'!B:I,8,FALSE)","v":1698.01},0.23957567779569877,2104.8118966538746,{"$f":"VLOOKUP(D1490,'CPU (des)'!B:I,8,FALSE)","v":1657.09},0.30260494954802231,2158.533635846532,6314.4356899616232,6475.6009075395959]
[null,"6.2.32","Composição Sinapi",94273,"ASSENTAMENTO DE GUIA (MEIO-FIO) EM TRECHO RETO, CONFECCIONADA EM CONCRETO PRÉ-FABRICADO, DIMENSÕES 100X15X13X30 CM (COMPRIMENTO X BASE INFERIOR X BASE SUPERIOR X ALTURA), PARA VIAS URBANAS (USO VIÁRIO). AF_06/2016","M",2365,{"$f":"VLOOKUP(D1491,'CPU (sem des)'!B:I,8,FALSE)","v":61.87},0.23957567779569877,76.69254718521988,{"$f":"VLOOKUP(D1491,'CPU (des)'!B:I,8,FALSE)","v":59.99},0.30260494954802231,78.143270923385856,181377.87409304501,184808.83573380756]
[null,7,"Projeto de Iluminação e Eletrificação Pública",{"$nulls":10},{"$f":"N1493+N1496+N1516","v":416472.63409819308},{"$f":"O1493+O1496+O1516","v":431282.14823833836}]
[null,"7.1","MOBILIZAÇÃO E DESMOBILIZAÇAO",null,null,null,1,{"$nulls":6},{"$f":"SUM(N1494:N1495)","v":3718.7270333870965},{"$f":"SUM(O1494:O1495)","v":3907.8148486440668}]
[null,"7.1.1","Composição Própria","1.1","MOBILIZAÇÃO ","UN",1,{"$f":"'CPU Própria (sem des)'!$K$28","v":1500},{"$f":"$N$4","v":0.23957567779569877},{"$f":"H1494*(1+I1494)","v":1859.3635166935483},{"$f":"'CPU Própria (des)'!$J$28","v":1500},{"$f":"$O$4","v":0.30260494954802231},{"$f":"K1494*(1+L1494)","v":1953.9074243220334},{"$f":"J1494*G1494","v":1859.3635166935483},{"$f":"M1494*G1494","v":1953.9074243220334}]
[null,"7.1.2","Composição Própria","1.1","DESMOBILIZAÇÃO","UN",1,{"$f":"'CPU Própria (sem des)'!$K$28","v":1500},{"$f":"$N$4","v":0.23957567779569877},{"$f":"H1495*(1+I1495)","v":1859.3635166935483},{"$f":"'CPU Própria (des)'!$J$28","v":1500},{"$f":"$O$4","v":0.30260494954802231},{"$f":"K1495*(1+L1495)","v":1953.9074243220334},{"$f":"J1495*G1495","v":1859.3635166935483},1953.9074243220334]
[null,"7.2","ELETRIFICAÇÃO PÚBLICA",null,null,null,1,{"$nulls":6},{"$f":"SUM(N1497:N1515)","v":407160.40259774245},{"$f":"SUM(O1497:O1515)","v":421558.60192907281}]
[null,"7.2.1","Composição Sinapi",92979,"CABO DE COBRE FLEXÍVEL ISOLADO, 10 MM², ANTI-CHAMA 450/750 V, PARA DISTRIBUIÇÃO - FORNECIMENTO E INSTALAÇÃO. AF_12/2015","M",7280,{"$f":"VLOOKUP(D1497,'CPU (sem des)'!B:I,8,FALSE)","v":13.23},{"$f":"$N$4","v":0.23957567779569877},{"$f":"H1497*(1+I1497)","v":16.399586217237097},{"$f":"VLOOKUP(D1497,'CPU (des)'!B:I,8,FALSE)","v":13.18},{"$f":"$O$4","v":0.30260494954802231},{"$f":"K1497*(1+L1497)","v":17.168333235042933},{"$f":"J1497*G1497","v":119388.98766148607},{"$f":"M1497*G1497","v":124985.46595111255}]
[null,"7.2.2","Composição Sinapi",91928,"CABO DE COBRE FLEXÍVEL ISOLADO, 4 MM², ANTI-CHAMA 450/750 V, PARA CIRCUITOS TERMINAIS - FORNECIMENTO E INSTALAÇÃO. AF_12/2015","M",325,{"$f":"VLOOKUP(D1498,'CPU (sem des)'!B:I,8,FALSE)","v":7.58},0.23957567779569877,9.3959836376913977,{"$f":"VLOOKUP(D1498,'CPU (des)'!B:I,8,FALSE)","v":7.35},0.30260494954802231,9.5741463791779626,3053.6946822497043,3111.5975732328379]
[null,"7.2.3","Composição Orse",8075,"Caixa de passagem em alvenaria de tijolos maciços esp. = 0,12m,  dim. int. =  0,30 x 0,30 x 0,30m","UN",94,{"$f":"VLOOKUP(D1499,'CPU (sem des)'!B:I,8,FALSE)","v":139.94999999999999},0.23957567779569877,173.47861610750803,{"$f":"VLOOKUP(D1499,'CPU (des)'!B:I,8,FALSE)","v":132.22},0.30260494954802231,172.23042642923951,16306.989914105756,16189.660084348514]
[null,"7.2.4","Composição Sinapi",91856,"ELETRODUTO FLEXÍVEL CORRUGADO, PVC, DN 32 MM (1\"), PARA CIRCUITOS TERMINAIS, INSTALADO EM PAREDE - FORNECIMENTO E INSTALAÇÃO. AF_12/2015","M",2400,{"$f":"VLOOKUP(D1500,'CPU (sem des)'!B:I,8,FALSE)","v":12.31},0.23957567779569877,15.259176593665053,{"$f":"VLOOKUP(D1500,'CPU (des)'!B:I,8,FALSE)","v":11.44},0.30260494954802231,14.901800622829375,36622.023824796124,35764.3214947905]
[null,"7.2.5","Composição Orse",13148,"Refletor Slim  LED 100W de potência, branco Frio, 6500k, Autovolt, marca G-light ou similar","UN",8,{"$f":"VLOOKUP(D1501,'CPU (sem des)'!B:I,8,FALSE)","v":131.22},0.23957567779569877,162.6571204403516,{"$f":"VLOOKUP(D1501,'CPU (des)'!B:I,8,FALSE)","v":129.16},0.30260494954802231,168.24445528362256,1301.2569635228128,1345.9556422689805]
[null,"7.2.6","Composição Sinapi",101659,"LUMINÁRIA DE LED PARA ILUMINAÇÃO PÚBLICA, DE 181 W ATÉ 239 W - FORNECIMENTO E INSTALAÇÃO. AF_08/2020","UN",80,{"$f":"VLOOKUP(D1502,'CPU (sem des)'!B:I,8,FALSE)","v":909.02},0.23957567779569877,1126.799082629846,{"$f":"VLOOKUP(D1502,'CPU (des)'!B:I,8,FALSE)","v":906.9},0.30260494954802231,1181.3324287451014,90143.926610387687,94506.594299608114]
[null,"7.2.7","Composição Orse",799,"Poste em tubo de aço galvanizado, pesado, d=2\" (50mm), altura útil=2,50m, altura total=3,20m","UN",80,{"$f":"VLOOKUP(D1503,'CPU (sem des)'!B:I,8,FALSE)","v":514.07000000000005},0.23957567779569877,637.22866868443498,{"$f":"VLOOKUP(D1503,'CPU (des)'!B:I,8,FALSE)","v":500.88},0.30260494954802231,652.44876712961343,50978.293494754798,52195.901370369073]
[null,"7.2.8","Composição Orse",8386,"Luminária c/02 pétalas, c/ alojam. p/ equip., em ch. de alum., pintado c/ epoxi preto, refletor em ch. alumínio de alto brilho, difusor em vidro temp., incl. suporte p/fixação em poste reto c/02 braços, ref. CW-580D/5-AL, Tecnolux ou similar,completa","UN",16,{"$f":"VLOOKUP(D1504,'CPU (sem des)'!B:I,8,FALSE)","v":1945.35},0.23957567779569877,2411.4085447998623,{"$f":"VLOOKUP(D1504,'CPU (des)'!B:I,8,FALSE)","v":1945.35},0.30260494954802231,2534.0225386032453,38582.536716797797,40544.360617651924]
[null,"7.2.9","Composição Sinapi",101658,"LUMINÁRIA DE LED PARA ILUMINAÇÃO PÚBLICA, DE 138 W ATÉ 180 W - FORNECIMENTO E INSTALAÇÃO. AF_08/2020","UN",34,{"$f":"VLOOKUP(D1505,'CPU (sem des)'!B:I,8,FALSE)","v":792.78},0.23957567779569877,982.71080584287404,{"$f":"VLOOKUP(D1505,'CPU (des)'!B:I,8,FALSE)","v":790.66},0.30260494954802231,1029.9176294096392,33412.167398657715,35017.199399927733]
[null,"7.2.10","Composição Sinapi",101636,"BRAÇO PARA ILUMINAÇÃO PÚBLICA, EM TUBO DE AÇO GALVANIZADO, COMPRIMENTO DE 1,50 M, PARA FIXAÇÃO EM POSTE DE CONCRETO - FORNECIMENTO E INSTALAÇÃO. AF_08/2020","UN",34,{"$f":"VLOOKUP(D1506,'CPU (sem des)'!B:I,8,FALSE)","v":151.61000000000001},0.23957567779569877,187.93206851060592,{"$f":"VLOOKUP(D1506,'CPU (des)'!B:I,8,FALSE)","v":146.94999999999999},0.30260494954802231,191.41779733608186,6389.690329360601,6508.2051094267836]
[null,"7.2.11","Insumo Sinapi",4376,"BUCHA DE NYLON SEM ABA S8","UN",20,{"$f":"VLOOKUP(D1507,'Insumo SINAPI (sem des.)'!A:E,5,FALSE)","v":0.19},{"$f":"$N$5","v":0.14692012195121973},0.21791482317073174,{"$f":"VLOOKUP(D1507,'Insumos SINAPI (des)'!A:E,5,FALSE)","v":0.19},{"$f":"$O$5","v":0.20311109145345707},0.22859110737615684,4.3582964634146348,4.5718221475231369]
[null,"7.2.12","Insumo Sinapi",39129,"ABRACADEIRA EM ACO PARA AMARRACAO DE ELETRODUTOS, TIPO D, COM 1\" E CUNHA DE FIXACAO","UN",20,{"$f":"VLOOKUP(D1508,'Insumo SINAPI (sem des.)'!A:E,5,FALSE)","v":3.09},{"$f":"$N$5","v":0.14692012195121973},3.5439831768292689,{"$f":"VLOOKUP(D1508,'Insumos SINAPI (des)'!A:E,5,FALSE)","v":3.09},{"$f":"$O$5","v":0.20311109145345707},3.7176132725911821,70.879663536585383,74.352265451823641]
[null,"7.2.13","Composição Orse",7920,"Eletroduto em ferro galvanizado pesado sem costura 2 1/2\" x 3m","UN",4,{"$f":"VLOOKUP(D1509,'CPU (sem des)'!B:I,8,FALSE)","v":409.41},{"$f":"$N$4","v":0.23957567779569877},507.49467824633706,{"$f":"VLOOKUP(D1509,'CPU (des)'!B:I,8,FALSE)","v":405.77},{"$f":"$O$4","v":0.30260494954802231},528.55801037810102,2029.9787129853482,2114.2320415124041]
[null,"7.2.14","Composição Orse",916,"Fornecimento e assentamento de curva 90 de ferro galvanizado de     1\"","UN",4,{"$f":"VLOOKUP(D1510,'CPU (sem des)'!B:I,8,FALSE)","v":48.83},{"$f":"$N$4","v":0.23957567779569877},60.52848034676397,{"$f":"VLOOKUP(D1510,'CPU (des)'!B:I,8,FALSE)","v":47.76},{"$f":"$O$4","v":0.30260494954802231},62.21241239041354,242.11392138705588,248.84964956165416]
[null,"7.2.15","Composição Orse",848,"Luva redução ferro galvanizado d = 88 mm (3\") x 33 mm (   1\" )","UN",4,{"$f":"VLOOKUP(D1511,'CPU (sem des)'!B:I,8,FALSE)","v":125.17},{"$f":"$N$4","v":0.23957567779569877},155.15768758968761,{"$f":"VLOOKUP(D1511,'CPU (des)'!B:I,8,FALSE)","v":123.33},{"$f":"$O$4","v":0.30260494954802231},160.6502684277576,620.63075035875045,642.60107371103038]
[null,"7.2.16","Insumo Sinapi",1050,"CABECOTE PARA ENTRADA DE LINHA DE ALIMENTACAO PARA ELETRODUTO, EM LIGA DE ALUMINIO COM ACABAMENTO ANTI CORROSIVO, COM FIXACAO POR ENCAIXE LISO DE 360 GRAUS, DE 1\"","UN",2,{"$f":"VLOOKUP(D1512,'Insumo SINAPI (sem des.)'!A:E,5,FALSE)","v":4.7699999999999996},{"$f":"$N$5","v":0.14692012195121973},5.470808981707318,{"$f":"VLOOKUP(D1512,'Insumos SINAPI (des)'!A:E,5,FALSE)","v":4.7699999999999996},{"$f":"$O$5","v":0.20311109145345707},5.7388399062329896,10.941617963414636,11.477679812465979]
[null,"7.2.17","Composição Orse",10422,"Fita de advertência de rede elétrica enterrada - Fornecimento","M",2000,{"$f":"VLOOKUP(D1513,'CPU (sem des)'!B:I,8,FALSE)","v":1.43},{"$f":"$N$4","v":0.23957567779569877},1.7725932192478491,{"$f":"VLOOKUP(D1513,'CPU (des)'!B:I,8,FALSE)","v":1.43},{"$f":"$O$4","v":0.30260494954802231},1.8627250778536719,3545.186438495698,3725.450155707344]
[null,"7.2.18","Composição Sinapi",94962,"CONCRETO MAGRO PARA LASTRO, TRAÇO 1:4,5:4,5 (EM MASSA SECA DE CIMENTO/ AREIA MÉDIA/ BRITA 1) - PREPARO MECÂNICO COM BETONEIRA 400 L. AF_05/2021","M3",3,{"$f":"VLOOKUP(D1514,'CPU (sem des)'!B:I,8,FALSE)","v":520.73},{"$f":"$N$4","v":0.23957567779569877},645.48424269855423,{"$f":"VLOOKUP(D1514,'CPU (des)'!B:I,8,FALSE)","v":513.29999999999995},{"$f":"$O$4","v":0.30260494954802231},668.62712060299975,1936.4527280956627,2005.8813618089994]
[null,"7.2.19","Composição Sinapi",90091,"ESCAVAÇÃO MECANIZADA DE VALA COM PROF. ATÉ 1,5 M (MÉDIA MONTANTE E JUSANTE/UMA COMPOSIÇÃO POR TRECHO), ESCAVADEIRA (0,8 M3), LARG. DE 1,5 M A 2,5 M, EM SOLO DE 1A CATEGORIA, LOCAIS COM BAIXO NÍVEL DE INTERFERÊNCIA. AF_02/2021","M3",369,{"$f":"VLOOKUP(D1515,'CPU (sem des)'!B:I,8,FALSE)","v":5.51},{"$f":"$N$4","v":0.23957567779569877},6.8300619846543,{"$f":"VLOOKUP(D1515,'CPU (des)'!B:I,8,FALSE)","v":5.33},{"$f":"$O$4","v":0.30260494954802231},6.9428843810909591,2520.2928723374366,2561.9243366225637]
[null,"7.3","ENTRADA DE ENERGIA ",null,null,null,1,{"$nulls":6},{"$f":"SUM(N1517:N1540)","v":5593.5044670635416},{"$f":"SUM(O1517:O1540)","v":5815.7314606214777}]
[null,"7.3.1","Insumo Sinapi",39127,"ABRACADEIRA EM ACO PARA AMARRACAO DE ELETRODUTOS, TIPO D, COM 1/2\" E CUNHA DE FIXACAO","UN",2,{"$f":"VLOOKUP(D1517,'Insumo SINAPI (sem des.)'!A:E,5,FALSE)","v":2.64},{"$f":"$N$5","v":0.14692012195121973},{"$f":"H1517*(1+I1517)","v":3.0278691219512202},{"$f":"VLOOKUP(D1517,'Insumos SINAPI (des)'!A:E,5,FALSE)","v":2.64},{"$f":"$O$5","v":0.20311109145345707},{"$f":"K1517*(1+L1517)","v":3.1762132814371267},{"$f":"J1517*G1517","v":6.0557382439024403},{"$f":"M1517*G1517","v":6.3524265628742533}]
[null,"7.3.2","Insumo Sinapi",39128,"ABRACADEIRA EM ACO PARA AMARRACAO DE ELETRODUTOS, TIPO D, COM 3/4\" E CUNHA DE FIXACAO","UN",2,{"$f":"VLOOKUP(D1518,'Insumo SINAPI (sem des.)'!A:E,5,FALSE)","v":2.88},0.14692012195121973,3.3031299512195127,{"$f":"VLOOKUP(D1518,'Insumos SINAPI (des)'!A:E,5,FALSE)","v":2.88},0.20311109145345707,3.4649599433859564,6.6062599024390254,6.9299198867719127]
[null,"7.3.3","Insumo Sinapi",11274,"ALCA PREFORMADA DE SERVICO, EM ACO GALVANIZADO, PARA CONDUTORES DE ALUMINIO AWG 6 (CAA 6/1)","UN",2,{"$f":"VLOOKUP(D1519,'Insumo SINAPI (sem des.)'!A:E,5,FALSE)","v":1.7},0.14692012195121973,1.9497642073170736,{"$f":"VLOOKUP(D1519,'Insumos SINAPI (des)'!A:E,5,FALSE)","v":1.7},0.20311109145345707,2.045288855470877,3.8995284146341471,4.090577710941754]
[null,"7.3.4","Insumo Sinapi",39208,"ARRUELA EM ALUMINIO, COM ROSCA, DE 1/2\", PARA ELETRODUTO","UN",1,{"$f":"VLOOKUP(D1520,'Insumo SINAPI (sem des.)'!A:E,5,FALSE)","v":0.51},0.14692012195121973,0.58492926219512209,{"$f":"VLOOKUP(D1520,'Insumos SINAPI (des)'!A:E,5,FALSE)","v":0.51},0.20311109145345707,0.61358665664126311,0.58492926219512209,0.61358665664126311]
[null,"7.3.5","Insumo Sinapi",39209,"ARRUELA EM ALUMINIO, COM ROSCA, DE 3/4\", PARA ELETRODUTO","UN",1,{"$f":"VLOOKUP(D1521,'Insumo SINAPI (sem des.)'!A:E,5,FALSE)","v":0.61},0.14692012195121973,0.69962127439024402,{"$f":"VLOOKUP(D1521,'Insumos SINAPI (des)'!A:E,5,FALSE)","v":0.61},0.20311109145345707,0.73389776578660881,0.69962127439024402,0.73389776578660881]
[null,"7.3.6","Insumo Sinapi",39212,"ARRUELA EM ALUMINIO, COM ROSCA, DE 1 1/2\", PARA ELETRODUTO","UN",4,{"$f":"VLOOKUP(D1522,'Insumo SINAPI (sem des.)'!A:E,5,FALSE)","v":1.87},0.14692012195121973,2.1447406280487811,{"$f":"VLOOKUP(D1522,'Insumos SINAPI (des)'!A:E,5,FALSE)","v":1.87},0.20311109145345707,2.2498177410179649,8.5789625121951243,8.9992709640718598]
[null,"7.3.7","Insumo Sinapi",764,"BUCHA DE REDUCAO DE FERRO GALVANIZADO, COM ROSCA BSP, DE 1\" X 1/2\"","UN",1,{"$f":"VLOOKUP(D1523,'Insumo SINAPI (sem des.)'!A:E,5,FALSE)","v":11.17},0.14692012195121973,12.811097762195125,{"$f":"VLOOKUP(D1523,'Insumos SINAPI (des)'!A:E,5,FALSE)","v":11.17},0.20311109145345707,13.438750891535115,12.811097762195125,13.438750891535115]
[null,"7.3.8","Insumo Sinapi",765,"BUCHA DE REDUCAO DE FERRO GALVANIZADO, COM ROSCA BSP, DE 1\" X 3/4\"","UN",1,{"$f":"VLOOKUP(D1524,'Insumo SINAPI (sem des.)'!A:E,5,FALSE)","v":11.17},0.14692012195121973,12.811097762195125,{"$f":"VLOOKUP(D1524,'Insumos SINAPI (des)'!A:E,5,FALSE)","v":11.17},0.20311109145345707,13.438750891535115,12.811097762195125,13.438750891535115]
[null,"7.3.9","Composição Sinapi",101885,"CABO DE COBRE ISOLADO, 10 MM², ANTI-CHAMA 0,6/1 KV, INSTALADO EM ELETROCALHA OU PERFILADO - FORNECIMENTO E INSTALAÇÃO. AF_10/2020","M",25,{"$f":"VLOOKUP(D1525,'CPU (sem des)'!B:I,8,FALSE)","v":12.38},{"$f":"$N$4","v":0.23957567779569877},15.345946891110751,{"$f":"VLOOKUP(D1525,'CPU (des)'!B:I,8,FALSE)","v":12.36},{"$f":"$O$4","v":0.30260494954802231},16.100197176413555,383.64867227776875,402.50492941033889]
[null,"7.3.10","Composição Orse",10311,"Caixa de medição direta até 200A confeccionada em chapa galvanizada e pintada eletrostaticamente  d=100 x 60 x 15cm","UN",1,{"$f":"VLOOKUP(D1526,'CPU (sem des)'!B:I,8,FALSE)","v":2075.85},{"$f":"$N$4","v":0.23957567779569877},2573.1731707522013,{"$f":"VLOOKUP(D1526,'CPU (des)'!B:I,8,FALSE)","v":2056.41},{"$f":"$O$4","v":0.30260494954802231},2678.6898443000482,2573.1731707522013,2678.6898443000482]
[null,"7.3.11","Insumo Sinapi",4179,"NIPLE DE FERRO GALVANIZADO, COM ROSCA BSP, DE 1\"","UN",2,{"$f":"VLOOKUP(D1527,'Insumo SINAPI (sem des.)'!A:E,5,FALSE)","v":12.9},{"$f":"$N$5","v":0.14692012195121973},14.795269573170735,{"$f":"VLOOKUP(D1527,'Insumos SINAPI (des)'!A:E,5,FALSE)","v":12.9},{"$f":"$O$5","v":0.20311109145345707},15.520133079749597,29.59053914634147,31.040266159499193]
[null,"7.3.12","Insumo Sinapi",12033,"CURVA 180 GRAUS, DE PVC RIGIDO ROSCAVEL, DE 1 1/2\", PARA ELETRODUTO","UN",1,{"$f":"VLOOKUP(D1528,'Insumo SINAPI (sem des.)'!A:E,5,FALSE)","v":11.51},{"$f":"$N$5","v":0.14692012195121973},13.201050603658539,{"$f":"VLOOKUP(D1528,'Insumos SINAPI (des)'!A:E,5,FALSE)","v":11.51},{"$f":"$O$5","v":0.20311109145345707},13.847808662629291,13.201050603658539,13.847808662629291]
[null,"7.3.13","Insumo Sinapi",11821,"CONECTOR METALICO TIPO PARAFUSO FENDIDO (SPLIT BOLT), COM SEPARADOR DE CABOS BIMETALICOS, PARA CABOS ATE 25 MM2","UN",2,{"$f":"VLOOKUP(D1529,'Insumo SINAPI (sem des.)'!A:E,5,FALSE)","v":13.74},{"$f":"$N$5","v":0.14692012195121973},15.75868247560976,{"$f":"VLOOKUP(D1529,'Insumos SINAPI (des)'!A:E,5,FALSE)","v":13.74},{"$f":"$O$5","v":0.20311109145345707},16.5307463965705,31.51736495121952,33.061492793140999]
[null,"7.3.14","Insumo Sinapi",39272,"CURVA 90 GRAUS, CURTA, DE PVC RIGIDO ROSCAVEL, DE 3/4\", PARA ELETRODUTO","UN",1,{"$f":"VLOOKUP(D1530,'Insumo SINAPI (sem des.)'!A:E,5,FALSE)","v":2.85},{"$f":"$N$5","v":0.14692012195121973},3.2687223475609763,{"$f":"VLOOKUP(D1530,'Insumos SINAPI (des)'!A:E,5,FALSE)","v":2.85},{"$f":"$O$5","v":0.20311109145345707},3.4288666106423529,3.2687223475609763,3.4288666106423529]
[null,"7.3.15","Composição Orse",11141,"Disjuntor termomagnetico monopolar 70 A, padrão DIN (Europeu - linha branca), curva C, corrente 5KA","UN",1,{"$f":"VLOOKUP(D1531,'CPU (sem des)'!B:I,8,FALSE)","v":50.13},{"$f":"$N$4","v":0.23957567779569877},62.139928727898379,{"$f":"VLOOKUP(D1531,'CPU (des)'!B:I,8,FALSE)","v":47.21},{"$f":"$O$4","v":0.30260494954802231},61.495979668162136,62.139928727898379,61.495979668162136]
[null,"7.3.16","Composição Sinapi",91862,"ELETRODUTO RÍGIDO ROSCÁVEL, PVC, DN 20 MM (1/2\"), PARA CIRCUITOS TERMINAIS, INSTALADO EM FORRO - FORNECIMENTO E INSTALAÇÃO. AF_12/2015","M",3,{"$f":"VLOOKUP(D1532,'CPU (sem des)'!B:I,8,FALSE)","v":9.6199999999999992},{"$f":"$N$4","v":0.23957567779569877},11.924718020394621,{"$f":"VLOOKUP(D1532,'CPU (des)'!B:I,8,FALSE)","v":9},{"$f":"$O$4","v":0.30260494954802231},11.723444545932201,35.774154061183864,35.170333637796602]
[null,"7.3.17","Insumo Sinapi",21128,"ELETRODUTO EM ACO GALVANIZADO ELETROLITICO, LEVE, DIAMETRO 3/4\", PAREDE DE 0,90 MM","M",4,{"$f":"VLOOKUP(D1533,'Insumo SINAPI (sem des.)'!A:E,5,FALSE)","v":10.17},{"$f":"$N$5","v":0.14692012195121973},11.664177640243905,{"$f":"VLOOKUP(D1533,'Insumos SINAPI (des)'!A:E,5,FALSE)","v":10.17},{"$f":"$O$5","v":0.20311109145345707},12.235639800081659,46.656710560975618,48.942559200326635]
[null,"7.3.18","Composição Orse",11734,"Cabo de cobre, flexivel, classe 4 ou 5, isolacao em pvc/a, antichama bwf-b, cobertura pvc-st1, antichama bwf-b, 1 condutor, 0,6/1 kv, secao nominal 400 mm2","M",3,{"$f":"VLOOKUP(D1534,'CPU (sem des)'!B:I,8,FALSE)","v":572.84},{"$f":"$N$4","v":0.23957567779569877},710.07853126848818,{"$f":"VLOOKUP(D1534,'CPU (des)'!B:I,8,FALSE)","v":565.36},{"$f":"$O$4","v":0.30260494954802231},736.44073427646993,2130.2355938054643,2209.3222028294099]
[null,"7.3.19","Insumo Sinapi",3380,"HASTE DE ATERRAMENTO EM ACO COM 3,00 M DE COMPRIMENTO E DN = 5/8\", REVESTIDA COM BAIXA CAMADA DE COBRE, COM CONECTOR TIPO GRAMPO","UN",1,{"$f":"VLOOKUP(D1535,'Insumo SINAPI (sem des.)'!A:E,5,FALSE)","v":85.88},{"$f":"$N$5","v":0.14692012195121973},98.497500073170741,{"$f":"VLOOKUP(D1535,'Insumos SINAPI (des)'!A:E,5,FALSE)","v":85.88},{"$f":"$O$5","v":0.20311109145345707},103.32318053402288,98.497500073170741,103.32318053402288]
[null,"7.3.20","Insumo Sinapi",1891,"LUVA EM PVC RIGIDO ROSCAVEL, DE 3/4\", PARA ELETRODUTO","UN",1,{"$f":"VLOOKUP(D1536,'Insumo SINAPI (sem des.)'!A:E,5,FALSE)","v":1.32},0.14692012195121973,1.5139345609756101,{"$f":"VLOOKUP(D1536,'Insumos SINAPI (des)'!A:E,5,FALSE)","v":1.32},0.20311109145345707,1.5881066407185633,1.5139345609756101,1.5881066407185633]
[null,"7.3.21","Insumo Sinapi",11057,"PARAFUSO ROSCA SOBERBA ZINCADO CABECA CHATA FENDA SIMPLES 4,8 X 40 MM (1.1/2 \")","UN",6,{"$f":"VLOOKUP(D1537,'Insumo SINAPI (sem des.)'!A:E,5,FALSE)","v":0.19},0.14692012195121973,0.21791482317073174,{"$f":"VLOOKUP(D1537,'Insumos SINAPI (des)'!A:E,5,FALSE)","v":0.19},0.20311109145345707,0.22859110737615684,1.3074889390243905,1.3715466442569411]
[null,"7.3.22","Insumo Sinapi",11058,"PARAFUSO ROSCA SOBERBA ZINCADO CABECA CHATA FENDA SIMPLES 5,5 X 65 MM (2.1/2 \")","UN",3,{"$f":"VLOOKUP(D1538,'Insumo SINAPI (sem des.)'!A:E,5,FALSE)","v":0.47},0.14692012195121973,0.5390524573170733,{"$f":"VLOOKUP(D1538,'Insumos SINAPI (des)'!A:E,5,FALSE)","v":0.47},0.20311109145345707,0.56546221298312482,1.6171573719512198,1.6963866389493745]
[null,"7.3.23","Insumo Sinapi",1575,"TERMINAL A COMPRESSAO EM COBRE ESTANHADO PARA CABO 16 MM2, 1 FURO E 1 COMPRESSAO, PARA PARAFUSO DE FIXACAO M6","UN",4,{"$f":"VLOOKUP(D1539,'Insumo SINAPI (sem des.)'!A:E,5,FALSE)","v":2.73},0.14692012195121973,3.1310919329268296,{"$f":"VLOOKUP(D1539,'Insumos SINAPI (des)'!A:E,5,FALSE)","v":2.73},0.20311109145345707,3.2844932796679376,12.524367731707319,13.13797311867175]
[null,"7.3.24","Insumo Sinapi",1603,"CONECTOR DE ALUMINIO TIPO PRENSA CABO, BITOLA 2\", PARA CABOS DE DIAMETRO DE 47,5 A 50 MM","UN",1,{"$f":"VLOOKUP(D1540,'Insumo SINAPI (sem des.)'!A:E,5,FALSE)","v":101.83},0.14692012195121973,116.79087601829271,{"$f":"VLOOKUP(D1540,'Insumos SINAPI (des)'!A:E,5,FALSE)","v":101.83},0.20311109145345707,122.51280244270554,116.79087601829271,122.51280244270554]
[null,8,"Projeto de Abastecimento de Água e Rede de Esgoto",{"$nulls":10},{"$f":"N1542+N1545+N1548+N1554+N1588","v":523986.29228588409},{"$f":"O1542+O1545+O1548+O1554+O1588","v":546729.31090944679}]
[null,"8.1","MOBILIZAÇÃO E DESMOBILIZAÇÃO ",null,null,null,1,{"$nulls":6},{"$f":"SUM(N1543:N1544)","v":3718.7270333870965},{"$f":"SUM(O1543:O1544)","v":3907.8148486440668}]
[null,"8.1.1","Composição Própria","1.1","MOBILIZAÇÃO ","UN",1,{"$f":"'CPU Própria (sem des)'!$K$28","v":1500},{"$f":"$N$4","v":0.23957567779569877},{"$f":"H1543*(1+I1543)","v":1859.3635166935483},{"$f":"'CPU Própria (des)'!$J$28","v":1500},{"$f":"$O$4","v":0.30260494954802231},{"$f":"K1543*(1+L1543)","v":1953.9074243220334},{"$f":"J1543*G1543","v":1859.3635166935483},{"$f":"M1543*G1543","v":1953.9074243220334}]
[null,"8.1.2","Composição Própria","1.1","DESMOBILIZAÇÃO","UN",1,{"$f":"'CPU Própria (sem des)'!$K$28","v":1500},{"$f":"$N$4","v":0.23957567779569877},{"$f":"H1544*(1+I1544)","v":1859.3635166935483},{"$f":"'CPU Própria (des)'!$J$28","v":1500},{"$f":"$O$4","v":0.30260494954802231},{"$f":"K1544*(1+L1544)","v":1953.9074243220334},{"$f":"J1544*G1544","v":1859.3635166935483},1953.9074243220334]
[null,"8.2","SERVIÇOS PRELIMINARES",null,null,null,1,{"$nulls":6},{"$f":"SUM(N1546:N1547)","v":2580.9917301206947},{"$f":"SUM(O1546:O1547)","v":2707.4167893541335}]
[null,"8.2.1","Composição Sinapi",98525,"LIMPEZA MECANIZADA DE CAMADA VEGETAL, VEGETAÇÃO E PEQUENAS ÁRVORES (DIÂMETRO DE TRONCO MENOR QUE 0,20 M), COM TRATOR DE ESTEIRAS.AF_05/2018","M2",1,{"$f":"VLOOKUP(D1546,'CPU (sem des)'!B:I,8,FALSE)","v":0.34},{"$f":"$N$4","v":0.23957567779569877},{"$f":"H1546*(1+I1546)","v":0.42145573045053764},{"$f":"VLOOKUP(D1546,'CPU (des)'!B:I,8,FALSE)","v":0.32},{"$f":"$O$4","v":0.30260494954802231},{"$f":"K1546*(1+L1546)","v":0.41683358385536717},{"$f":"J1546*G1546","v":0.42145573045053764},{"$f":"M1546*G1546","v":0.41683358385536717}]
[null,"8.2.2","Insumo Sinapi",4813,"PLACA DE OBRA (PARA CONSTRUCAO CIVIL) EM CHAPA GALVANIZADA *N. 22*, ADESIVADA, DE *2,4 X 1,2* M (SEM POSTES PARA FIXACAO)","M2",9,{"$f":"VLOOKUP(D1547,'Insumo SINAPI (sem des.)'!A:E,5,FALSE)","v":250},{"$f":"$N$5","v":0.14692012195121973},{"$f":"H1547*(1+I1547)","v":286.73003048780492},{"$f":"VLOOKUP(D1547,'Insumos SINAPI (des)'!A:E,5,FALSE)","v":250},{"$f":"$O$5","v":0.20311109145345707},{"$f":"K1547*(1+L1547)","v":300.77777286336425},{"$f":"J1547*G1547","v":2580.5702743902443},2706.9999557702781]
[null,"8.3","MOVIMENTOS DE TERRA",null,null,null,1,{"$nulls":6},{"$f":"SUM(N1549:N1553)","v":50608.129174615213},{"$f":"SUM(O1549:O1553)","v":51608.722489967462}]
[null,"8.3.1","Composição Sinapi",90092,"ESCAVAÇÃO MECANIZADA DE VALA COM PROF. MAIOR QUE 1,5 M E ATÉ 3,0 M(MÉDIA MONTANTE E JUSANTE/UMA COMPOSIÇÃO POR TRECHO), ESCAVADEIRA (0,8 M3), LARG. MENOR QUE 1,5 M, EM SOLO DE 1A CATEGORIA, LOCAIS COM BAIXO NÍVEL DE INTERFERÊNCIA. AF_02/2021","M3",1352,{"$f":"VLOOKUP(D1549,'CPU (sem des)'!B:I,8,FALSE)","v":5.44},{"$f":"$N$4","v":0.23957567779569877},{"$f":"H1549*(1+I1549)","v":6.7432916872086022},{"$f":"VLOOKUP(D1549,'CPU (des)'!B:I,8,FALSE)","v":5.28},{"$f":"$O$4","v":0.30260494954802231},{"$f":"K1549*(1+L1549)","v":6.8777541336135579},{"$f":"J1549*G1549","v":9116.9303611060295},{"$f":"M1549*G1549","v":9298.723588645531}]
[null,"8.3.2","Composição SICRO",2003858,"Lastro de areia extraída - espalhamento mecânico","M3",233.16,{"$f":"VLOOKUP(D1550,'CPU (sem des)'!B:I,8,FALSE)","v":12.99},{"$f":"$N$4","v":0.23957567779569877},{"$f":"H1550*(1+I1550)","v":16.102088054566128},{"$f":"VLOOKUP(D1550,'CPU (des)'!B:I,8,FALSE)","v":12.78},{"$f":"$O$4","v":0.30260494954802231},{"$f":"K1550*(1+L1550)","v":16.647291255223724},{"$f":"J1550*G1550","v":3754.3628508026381},3881.4824290679635]
[null,"8.3.3","Composição Sinapi",93367,"REATERRO MECANIZADO DE VALA COM ESCAVADEIRA HIDRÁULICA (CAPACIDADE DA CAÇAMBA: 0,8 M³ / POTÊNCIA: 111 HP), LARGURA DE 1,5 A 2,5 M, PROFUNDIDADE ATÉ 1,5 M, COM SOLO DE 1ª CATEGORIA EM LOCAIS COM BAIXO NÍVEL DE INTERFERÊNCIA. AF_04/2016","M3",1110.3399999999999,{"$f":"VLOOKUP(D1551,'CPU (sem des)'!B:I,8,FALSE)","v":20.02},{"$f":"$N$4","v":0.23957567779569877},{"$f":"H1551*(1+I1551)","v":24.816305069469887},{"$f":"VLOOKUP(D1551,'CPU (des)'!B:I,8,FALSE)","v":19.260000000000002},{"$f":"$O$4","v":0.30260494954802231},{"$f":"K1551*(1+L1551)","v":25.088171328294912},{"$f":"J1551*G1551","v":27554.536170835192},27856.400152658971]
[null,"8.3.4","Composição Sinapi",100978,"CARGA, MANOBRA E DESCARGA DE SOLOS E MATERIAIS GRANULARES EM CAMINHÃO BASCULANTE 10 M³ - CARGA COM ESCAVADEIRA HIDRÁULICA (CAÇAMBA DE 1,20 M³ / 155 HP) E DESCARGA LIVRE (UNIDADE: M3). AF_07/2020","M3",224.9,{"$f":"VLOOKUP(D1552,'CPU (sem des)'!B:I,8,FALSE)","v":6.47},{"$f":"$N$4","v":0.23957567779569877},{"$f":"H1552*(1+I1552)","v":8.0200546353381714},{"$f":"VLOOKUP(D1552,'CPU (des)'!B:I,8,FALSE)","v":6.36},{"$f":"$O$4","v":0.30260494954802231},{"$f":"K1552*(1+L1552)","v":8.2845674791254229},{"$f":"J1552*G1552","v":1803.7102874875548},1863.1992260553077]
[null,"8.3.5","Composição Sinapi",93590,"TRANSPORTE COM CAMINHÃO BASCULANTE DE 10 M³, EM VIA URBANA PAVIMENTADA, ADICIONAL PARA DMT EXCEDENTE A 30 KM (UNIDADE: M3XKM). AF_07/2020","M3XKM",7347,{"$f":"VLOOKUP(D1553,'CPU (sem des)'!B:I,8,FALSE)","v":0.92},{"$f":"$N$4","v":0.23957567779569877},{"$f":"H1553*(1+I1553)","v":1.1404096235720429},{"$f":"VLOOKUP(D1553,'CPU (des)'!B:I,8,FALSE)","v":0.91},{"$f":"$O$4","v":0.30260494954802231},{"$f":"K1553*(1+L1553)","v":1.1853705040887004},{"$f":"J1553*G1553","v":8378.5895043837991},8708.9170935396814]
[null,"8.4","ÁGUA ",null,null,null,1,{"$nulls":6},{"$f":"SUM(N1555:N1587)","v":266803.72135569254},{"$f":"SUM(O1555:O1587)","v":278907.38148039405}]
[null,"8.4.1","Insumo Orse",13435,"Bloco de concreto, estrutural dim. 14 x 19 x 39 cm, fck 10 mpa","UN",5,{"$f":"VLOOKUP(D1555,'Insumos ORSE (sem des)'!B:G,6,FALSE)","v":4.25},{"$f":"$N$5","v":0.14692012195121973},{"$f":"H1555*(1+I1555)","v":4.8744105182926836},{"$f":"VLOOKUP(D1555,'Insumos ORSE (des)'!B:G,6,FALSE)","v":4.25},{"$f":"$O$5","v":0.20311109145345707},{"$f":"K1555*(1+L1555)","v":5.1132221386771928},{"$f":"J1555*G1555","v":24.372052591463419},{"$f":"M1555*G1555","v":25.566110693385966}]
[null,"8.4.2","Insumo Orse",9221,"Motobomba centrífuga, marca schneider ou similar, modelo BC-21 R2, motor 5 cv, trifásico 220V, sucção 2 1/2\", recalque 2\",  hm = 8 a 20m, q = 27,6 a 78,9m3/h","UN",2,{"$f":"VLOOKUP(D1556,'Insumos ORSE (sem des)'!B:G,6,FALSE)","v":5003.68},{"$f":"$N$5","v":0.14692012195121973},5738.8212758048794,{"$f":"VLOOKUP(D1556,'Insumos ORSE (des)'!B:G,6,FALSE)","v":5003.68},{"$f":"$O$5","v":0.20311109145345707},6019.9829060838347,11477.642551609759,12039.965812167669]
[null,"8.4.3","Composição Sinapi",97436,"CURVA 90 GRAUS, EM AÇO, CONEXÃO RANHURADA, DN 65 (2 1/2\"), INSTALADO EM PRUMADAS - FORNECIMENTO E INSTALAÇÃO. AF_10/2020","UN",3,{"$f":"VLOOKUP(D1557,'CPU (sem des)'!B:I,8,FALSE)","v":109.62},{"$f":"$N$4","v":0.23957567779569877},135.88228579996451,{"$f":"VLOOKUP(D1557,'CPU (des)'!B:I,8,FALSE)","v":106.55},{"$f":"$O$4","v":0.30260494954802231},138.79255737434178,407.64685739989352,416.37767212302538]
[null,"8.4.4","Insumo Sinapi",1808,"CURVA 90 GRAUS DE FERRO GALVANIZADO, COM ROSCA BSP MACHO/FEMEA, DE 4\"","UN",1,{"$f":"VLOOKUP(D1558,'Insumo SINAPI (sem des.)'!A:E,5,FALSE)","v":670.74},{"$f":"$N$5","v":0.14692012195121973},769.28520259756112,{"$f":"VLOOKUP(D1558,'Insumos SINAPI (des)'!A:E,5,FALSE)","v":670.74},{"$f":"$O$5","v":0.20311109145345707},806.97473348149185,769.28520259756112,806.97473348149185]
[null,"8.4.5","Insumo Sinapi",1802,"CURVA 90 GRAUS DE FERRO GALVANIZADO, COM ROSCA BSP MACHO, DE 6\"","UN",6,{"$f":"VLOOKUP(D1559,'Insumo SINAPI (sem des.)'!A:E,5,FALSE)","v":1983.88},{"$f":"$N$5","v":0.14692012195121973},2275.3518915365858,{"$f":"VLOOKUP(D1559,'Insumos SINAPI (des)'!A:E,5,FALSE)","v":1983.88},{"$f":"$O$5","v":0.20311109145345707},2386.8280321126845,13652.111349219515,14320.968192676108]
[null,"8.4.6","Composição Orse",5612,"Fornecimento de curva 90º, em ferro fundido, com flanges pn 10, diam. =  200mm","UN",5,{"$f":"VLOOKUP(D1560,'CPU (sem des)'!B:I,8,FALSE)","v":1134.43},{"$f":"$N$4","v":0.23957567779569877},1406.2118361617747,{"$f":"VLOOKUP(D1560,'CPU (des)'!B:I,8,FALSE)","v":1134.43},{"$f":"$O$4","v":0.30260494954802231},1477.714132915763,7031.0591808088739,7388.570664578815]
[null,"8.4.7","Insumo Sinapi",1858,"CURVA LONGA PVC, PB, JE, 45 GRAUS, DN 100 MM, PARA REDE COLETORA ESGOTO","UN",5,{"$f":"VLOOKUP(D1561,'Insumo SINAPI (sem des.)'!A:E,5,FALSE)","v":58.36},{"$f":"$N$5","v":0.14692012195121973},66.934258317073187,{"$f":"VLOOKUP(D1561,'Insumos SINAPI (des)'!A:E,5,FALSE)","v":58.36},{"$f":"$O$5","v":0.20311109145345707},70.213563297223757,334.67129158536591,351.06781648611877]
[null,"8.4.8","Insumo Orse",5466,"Flange cego, em fofo, pn 10 / 16 / 25, d=   80mm","UN",3,{"$f":"VLOOKUP(D1562,'Insumos ORSE (sem des)'!B:G,6,FALSE)","v":173.37},0.14692012195121973,198.84154154268296,{"$f":"VLOOKUP(D1562,'Insumos ORSE (des)'!B:G,6,FALSE)","v":173.37},0.20311109145345707,208.58336992528587,596.52462462804885,625.7501097758576]
[null,"8.4.9","Insumo Sinapi",3270,"FLANGE SEXTAVADO DE FERRO GALVANIZADO, COM ROSCA BSP, DE 6\"","UN",2,{"$f":"VLOOKUP(D1563,'Insumo SINAPI (sem des.)'!A:E,5,FALSE)","v":369.85},0.14692012195121973,424.18840710365862,{"$f":"VLOOKUP(D1563,'Insumos SINAPI (des)'!A:E,5,FALSE)","v":369.85},0.20311109145345707,444.97063717406115,848.37681420731724,889.94127434812231]
[null,"8.4.10","Insumo Orse",994,"Flange ferro galvanizado d=6\"","UN",2,{"$f":"VLOOKUP(D1564,'Insumos ORSE (sem des)'!B:G,6,FALSE)","v":361.24},0.14692012195121973,414.3134248536586,{"$f":"VLOOKUP(D1564,'Insumos ORSE (des)'!B:G,6,FALSE)","v":361.24},0.20311109145345707,434.61185067664684,828.62684970731721,869.22370135329368]
[null,"8.4.11","Insumo Orse",4749,"Junta de desmontagem travada axialamente JTDA pn 10, d = 500","UN",3,{"$f":"VLOOKUP(D1565,'Insumos ORSE (sem des)'!B:G,6,FALSE)","v":6208.93},0.14692012195121973,7121.1467527865871,{"$f":"VLOOKUP(D1565,'Insumos ORSE (des)'!B:G,6,FALSE)","v":6208.93},0.20311109145345707,7470.0325490581135,21363.440258359762,22410.097647174342]
[null,"8.4.12","Insumo Sinapi",10921,"HIDRANTE DE COLUNA COMPLETO, EM FERRO FUNDIDO, DN = 100 MM, COM REGISTRO, CUNHA DE BORRACHA, CURVA DESSIMETRICA, EXTREMIDADE E TAMPAS (INCLUI KIT FIXACAO)","UN",1,{"$f":"VLOOKUP(D1566,'Insumo SINAPI (sem des.)'!A:E,5,FALSE)","v":5920},0.14692012195121973,6789.7671219512204,{"$f":"VLOOKUP(D1566,'Insumos SINAPI (des)'!A:E,5,FALSE)","v":5920},0.20311109145345707,7122.4176614044654,6789.7671219512204,7122.4176614044654]
[null,"8.4.13","Composição Orse",11315,"Fornecimento de redução excentrica em ferro fundido, com flanges pn 10 / 16, diam. =  100 x   50mm","UN",2,{"$f":"VLOOKUP(D1567,'CPU (sem des)'!B:I,8,FALSE)","v":783.22},{"$f":"$N$4","v":0.23957567779569877},970.86046236314724,{"$f":"VLOOKUP(D1567,'CPU (des)'!B:I,8,FALSE)","v":783.22},{"$f":"$O$4","v":0.30260494954802231},1020.2262485850021,1941.7209247262945,2040.4524971700041]
[null,"8.4.14","Composição Orse",5668,"Fornecimento de redução excentrica em ferro fundido, com flanges pn 10 / 16, diam. =  150 x   80mm","UN",2,{"$f":"VLOOKUP(D1568,'CPU (sem des)'!B:I,8,FALSE)","v":712.59},{"$f":"$N$4","v":0.23957567779569877},883.30923224043704,{"$f":"VLOOKUP(D1568,'CPU (des)'!B:I,8,FALSE)","v":712.59},{"$f":"$O$4","v":0.30260494954802231},928.2232609984253,1766.6184644808741,1856.4465219968506]
[null,"8.4.15","Insumo Orse",6468,"Redução Excêntrica em PVC para coletor Esgotos, DN 150 x 100mm","UN",3,{"$f":"VLOOKUP(D1569,'Insumos ORSE (sem des)'!B:G,6,FALSE)","v":385.03},{"$f":"$N$5","v":0.14692012195121973},441.59865455487812,{"$f":"VLOOKUP(D1569,'Insumos ORSE (des)'!B:G,6,FALSE)","v":385.03},{"$f":"$O$5","v":0.20311109145345707},463.23386354232457,1324.7959636646344,1389.7015906269737]
[null,"8.4.16","Insumo Orse",2495,"Talha manual 5,0 t, elev.= 5,0 m (\"koch\" ou equivalente)","H",1,{"$f":"VLOOKUP(D1570,'Insumos ORSE (sem des)'!B:G,6,FALSE)","v":31.04},{"$f":"$N$5","v":0.14692012195121973},35.600400585365861,{"$f":"VLOOKUP(D1570,'Insumos ORSE (des)'!B:G,6,FALSE)","v":31.04},{"$f":"$O$5","v":0.20311109145345707},37.344568278715307,35.600400585365861,37.344568278715307]
[null,"8.4.17","Composição Orse",12825,"EM ESTUDO - Tampa em concreto armado fck=30,0MPa, para poço de inspeção/visita em alvenaria/concreto, dim. 1,20x1,20x0,20m, apoiada sobre o PI/PV, com aço 3/8\", exclusive tampão de ferro fundido","UN",3,{"$f":"VLOOKUP(D1571,'CPU (sem des)'!B:I,8,FALSE)","v":1497.89},{"$f":"$N$4","v":0.23957567779569877},1856.7480120133994,{"$f":"VLOOKUP(D1571,'CPU (des)'!B:I,8,FALSE)","v":1460.54},{"$f":"$O$4","v":0.30260494954802231},1902.5066330128684,5570.2440360401979,5707.5198990386052]
[null,"8.4.18","Insumo Orse",2069,"Tampa de ferro fundido quadrada (600x600mm), carga max. 2000kg p/cx.inspeção","UN",1,{"$f":"VLOOKUP(D1572,'Insumos ORSE (sem des)'!B:G,6,FALSE)","v":1448.93},{"$f":"$N$5","v":0.14692012195121973},1661.8069722987809,{"$f":"VLOOKUP(D1572,'Insumos ORSE (des)'!B:G,6,FALSE)","v":1448.93},{"$f":"$O$5","v":0.20311109145345707},1743.2237537396577,1661.8069722987809,1743.2237537396577]
[null,"8.4.19","Insumo Sinapi",6299,"TE DE FERRO GALVANIZADO, DE 2 1/2\"","UN",3,{"$f":"VLOOKUP(D1573,'Insumo SINAPI (sem des.)'!A:E,5,FALSE)","v":140.62},0.14692012195121973,161.27990754878053,{"$f":"VLOOKUP(D1573,'Insumos SINAPI (des)'!A:E,5,FALSE)","v":140.62},0.20311109145345707,169.18148168018513,483.83972264634156,507.54444504055539]
[null,"8.4.20","Insumo Sinapi",6300,"TE DE FERRO GALVANIZADO, DE 4\"","UN",1,{"$f":"VLOOKUP(D1574,'Insumo SINAPI (sem des.)'!A:E,5,FALSE)","v":347.23},0.14692012195121973,398.24507394512204,{"$f":"VLOOKUP(D1574,'Insumos SINAPI (des)'!A:E,5,FALSE)","v":347.23},0.20311109145345707,417.75626428538391,398.24507394512204,417.75626428538391]
[null,"8.4.21","Insumo Sinapi",6301,"TE DE FERRO GALVANIZADO, DE 6\"","UN",1,{"$f":"VLOOKUP(D1575,'Insumo SINAPI (sem des.)'!A:E,5,FALSE)","v":1162.55},0.14692012195121973,1333.3519877743904,{"$f":"VLOOKUP(D1575,'Insumos SINAPI (des)'!A:E,5,FALSE)","v":1162.55},0.20311109145345707,1398.6767993692165,1333.3519877743904,1398.6767993692165]
[null,"8.4.22","Insumo Orse",6462,"Tê 90º Vinilfort para coletor Esgotos, Junta Elástica Integrada, DN 150 x 150mm","UN",1,{"$f":"VLOOKUP(D1576,'Insumos ORSE (sem des)'!B:G,6,FALSE)","v":391.97},0.14692012195121973,449.55828020121965,{"$f":"VLOOKUP(D1576,'Insumos ORSE (des)'!B:G,6,FALSE)","v":391.97},0.20311109145345707,471.5834545170116,449.55828020121965,471.5834545170116]
[null,"8.4.23","Insumo Orse",5759,"Toco em fofo c/ flanges pn 10 / 16 / 25, comp. = 0,25m, d=   80mm","UN",3,{"$f":"VLOOKUP(D1577,'Insumos ORSE (sem des)'!B:G,6,FALSE)","v":438.63},0.14692012195121973,503.07357309146352,{"$f":"VLOOKUP(D1577,'Insumos ORSE (des)'!B:G,6,FALSE)","v":438.63},0.20311109145345707,527.72061804422992,1509.2207192743906,1583.1618541326898]
[null,"8.4.24","Composição SICRO",4208128,"Tubo PEAD para estais - D = 110 mm - fornecimento e instalação","M",56.3,{"$f":"VLOOKUP(D1578,'CPU (sem des)'!B:I,8,FALSE)","v":393.36},{"$f":"$N$4","v":0.23957567779569877},487.59948861771608,{"$f":"VLOOKUP(D1578,'CPU (des)'!B:I,8,FALSE)","v":389.23},{"$f":"$O$4","v":0.30260494954802231},507.01292451257677,27451.851209177414,28544.827650058072]
[null,"8.4.25","Composição SICRO",4208130,"Tubo PEAD para estais - D = 160 mm - fornecimento e instalação","M",132,{"$f":"VLOOKUP(D1579,'CPU (sem des)'!B:I,8,FALSE)","v":820.45},{"$f":"$N$4","v":0.23957567779569877},1017.0098648474811,{"$f":"VLOOKUP(D1579,'CPU (des)'!B:I,8,FALSE)","v":815.95},{"$f":"$O$4","v":0.30260494954802231},1062.8605085837089,134245.30215986751,140297.58713304959]
[null,"8.4.26","Composição SICRO",4208132,"Tubo PEAD para estais - D = 200 mm - fornecimento e instalação","M",10.5,{"$f":"VLOOKUP(D1580,'CPU (sem des)'!B:I,8,FALSE)","v":1209.3699999999999},{"$f":"$N$4","v":0.23957567779569877},1499.1056374557841,{"$f":"VLOOKUP(D1580,'CPU (des)'!B:I,8,FALSE)","v":1204.5},{"$f":"$O$4","v":0.30260494954802231},1568.9876617305929,15740.609193285733,16474.370448171227]
[null,"8.4.27","Insumo Orse",4691,"Tubo pead flexivel corrugado perfurado d=2 1/2\" (Kananet ou similar)","M",190.45,{"$f":"VLOOKUP(D1581,'Insumos ORSE (sem des)'!B:G,6,FALSE)","v":7.44},{"$f":"$N$5","v":0.14692012195121973},8.5330857073170758,{"$f":"VLOOKUP(D1581,'Insumos ORSE (des)'!B:G,6,FALSE)","v":7.44},{"$f":"$O$5","v":0.20311109145345707},8.9511465204137206,1625.1261729585369,1704.7458548127929]
[null,"8.4.28","Insumo Orse",2321,"Tubo pead flexivel corrugado perfurado d = 4\" (Kanadreno ou similar)","M",151.55000000000001,{"$f":"VLOOKUP(D1582,'Insumos ORSE (sem des)'!B:G,6,FALSE)","v":11.93},{"$f":"$N$5","v":0.14692012195121973},13.682757054878051,{"$f":"VLOOKUP(D1582,'Insumos ORSE (des)'!B:G,6,FALSE)","v":11.93},{"$f":"$O$5","v":0.20311109145345707},14.353115321039743,2073.6218316667687,2175.2146269035734]
[null,"8.4.29","Insumo Orse",11638,"Válvula de bóia em ferro fundido, Ø=80mm","UN",1,{"$f":"VLOOKUP(D1583,'Insumos ORSE (sem des)'!B:G,6,FALSE)","v":1256.79},{"$f":"$N$5","v":0.14692012195121973},1441.4377400670735,{"$f":"VLOOKUP(D1583,'Insumos ORSE (des)'!B:G,6,FALSE)","v":1256.79},{"$f":"$O$5","v":0.20311109145345707},1512.0579886277903,1441.4377400670735,1512.0579886277903]
[null,"8.4.30","Composição Orse",1487,"Válvula pé c/ crivo, d = 75 mm (3\")","UN",1,{"$f":"VLOOKUP(D1584,'CPU (sem des)'!B:I,8,FALSE)","v":537.96},{"$f":"$N$4","v":0.23957567779569877},666.84213162697415,{"$f":"VLOOKUP(D1584,'CPU (des)'!B:I,8,FALSE)","v":532.67999999999995},{"$f":"$O$4","v":0.30260494954802231},693.8716045252404,666.84213162697415,693.8716045252404]
[null,"8.4.31","Composição Orse",10673,"Válvula retenção portinhola única, PN10, Ø=100mm, em ferro fundido","UN",1,{"$f":"VLOOKUP(D1585,'CPU (sem des)'!B:I,8,FALSE)","v":2223.7600000000002},{"$f":"$N$4","v":0.23957567779569877},2756.5188092549633,{"$f":"VLOOKUP(D1585,'CPU (des)'!B:I,8,FALSE)","v":2219.85},{"$f":"$O$4","v":0.30260494954802231},2891.5875972541771,2756.5188092549633,2891.5875972541771]
[null,"8.4.32","Composição Orse",6015,"Assentamento de registro de gaveta em ferro fundido com flanges, diam. =   50mm a 150mm","UN",8,{"$f":"VLOOKUP(D1586,'CPU (sem des)'!B:I,8,FALSE)","v":13.78},{"$f":"$N$4","v":0.23957567779569877},17.081352840024728,{"$f":"VLOOKUP(D1586,'CPU (des)'!B:I,8,FALSE)","v":12.18},{"$f":"$O$4","v":0.30260494954802231},15.865728285494912,136.65082272019782,126.9258262839593]
[null,"8.4.33","Composição Orse",6012,"Assentamento de registro de gaveta em ferro fundido com bolsas, diam. =  200mm a 300mm","UN",4,{"$f":"VLOOKUP(D1587,'CPU (sem des)'!B:I,8,FALSE)","v":13.56},{"$f":"$N$4","v":0.23957567779569877},16.808646190909677,{"$f":"VLOOKUP(D1587,'CPU (des)'!B:I,8,FALSE)","v":12.64},{"$f":"$O$4","v":0.30260494954802231},16.464926562287001,67.234584763638708,65.859706249148005]
[null,"8.5","ESGOTO",null,null,null,1,{"$nulls":6},{"$f":"SUM(N1589:N1616)","v":200274.72299206856},{"$f":"SUM(O1589:O1616)","v":209597.97530108708}]
[null,"8.5.1","Insumo Sinapi",103,"ADAPTADOR PVC SOLDAVEL CURTO COM BOLSA E ROSCA, 110 MM X 4\", PARA AGUA FRIA","UN",6,{"$f":"VLOOKUP(D1589,'Insumo SINAPI (sem des.)'!A:E,5,FALSE)","v":45.1},{"$f":"$N$5","v":0.14692012195121973},{"$f":"H1589*(1+I1589)","v":51.726097500000009},{"$f":"VLOOKUP(D1589,'Insumos SINAPI (des)'!A:E,5,FALSE)","v":45.1},{"$f":"$O$5","v":0.20311109145345707},{"$f":"K1589*(1+L1589)","v":54.260310224550913},{"$f":"J1589*G1589","v":310.35658500000005},{"$f":"M1589*G1589","v":325.56186134730547}]
[null,"8.5.2","Insumo Sinapi",104,"ADAPTADOR PVC SOLDAVEL CURTO COM BOLSA E ROSCA, 75 MM X 2 1/2\", PARA AGUA FRIA","UN",4,{"$f":"VLOOKUP(D1590,'Insumo SINAPI (sem des.)'!A:E,5,FALSE)","v":20.27},0.14692012195121973,23.248070871951224,{"$f":"VLOOKUP(D1590,'Insumos SINAPI (des)'!A:E,5,FALSE)","v":20.27},0.20311109145345707,24.387061823761574,92.992283487804897,97.548247295046295]
[null,"8.5.3","Insumo Orse",13435,"Bloco de concreto, estrutural dim. 14 x 19 x 39 cm, fck 10 mpa","UN",5,{"$f":"VLOOKUP(D1591,'Insumos ORSE (sem des)'!B:G,6,FALSE)","v":4.25},0.14692012195121973,4.8744105182926836,{"$f":"VLOOKUP(D1591,'Insumos ORSE (des)'!B:G,6,FALSE)","v":4.25},0.20311109145345707,5.1132221386771928,24.372052591463419,25.566110693385966]
[null,"8.5.4","Insumo Sinapi",760,"BOMBA SUBMERSIVEL, ELETRICA, TRIFASICA, POTENCIA 13 HP, DIAMETRO DO ROTOR 170 MM, BOCAL DE SAIDA DIAMETRO DE 3 POLEGADAS, HM/Q = 11 M / 68,40 M3/H A 72 M / 3,6 M3/H","UN",2,{"$f":"VLOOKUP(D1592,'Insumo SINAPI (sem des.)'!A:E,5,FALSE)","v":38505},0.14692012195121973,44162.159295731719,{"$f":"VLOOKUP(D1592,'Insumos SINAPI (des)'!A:E,5,FALSE)","v":38505},0.20311109145345707,46325.792576415362,88324.318591463438,92651.585152830725]
[null,"8.5.5","Insumo Sinapi",1779,"CURVA 45 GRAUS DE FERRO GALVANIZADO, COM ROSCA BSP FEMEA, DE 3\"","UN",2,{"$f":"VLOOKUP(D1593,'Insumo SINAPI (sem des.)'!A:E,5,FALSE)","v":324.95999999999998},0.14692012195121973,372.70316282926836,{"$f":"VLOOKUP(D1593,'Insumos SINAPI (des)'!A:E,5,FALSE)","v":324.95999999999998},0.20311109145345707,390.96298027871541,745.40632565853673,781.92596055743081]
[null,"8.5.6","Insumo Sinapi",1808,"CURVA 90 GRAUS DE FERRO GALVANIZADO, COM ROSCA BSP MACHO/FEMEA, DE 4\"","UN",2,{"$f":"VLOOKUP(D1594,'Insumo SINAPI (sem des.)'!A:E,5,FALSE)","v":670.74},0.14692012195121973,769.28520259756112,{"$f":"VLOOKUP(D1594,'Insumos SINAPI (des)'!A:E,5,FALSE)","v":670.74},0.20311109145345707,806.97473348149185,1538.5704051951222,1613.9494669629837]
[null,"8.5.7","Composição Sinapi",97436,"CURVA 90 GRAUS, EM AÇO, CONEXÃO RANHURADA, DN 65 (2 1/2\"), INSTALADO EM PRUMADAS - FORNECIMENTO E INSTALAÇÃO. AF_10/2020","UN",2,{"$f":"VLOOKUP(D1595,'CPU (sem des)'!B:I,8,FALSE)","v":109.62},{"$f":"$N$4","v":0.23957567779569877},135.88228579996451,{"$f":"VLOOKUP(D1595,'CPU (des)'!B:I,8,FALSE)","v":106.55},{"$f":"$O$4","v":0.30260494954802231},138.79255737434178,271.76457159992901,277.58511474868357]
[null,"8.5.8","Insumo Sinapi",1802,"CURVA 90 GRAUS DE FERRO GALVANIZADO, COM ROSCA BSP MACHO, DE 6\"","UN",11,{"$f":"VLOOKUP(D1596,'Insumo SINAPI (sem des.)'!A:E,5,FALSE)","v":1983.88},{"$f":"$N$5","v":0.14692012195121973},2275.3518915365858,{"$f":"VLOOKUP(D1596,'Insumos SINAPI (des)'!A:E,5,FALSE)","v":1983.88},{"$f":"$O$5","v":0.20311109145345707},2386.8280321126845,25028.870806902443,26255.108353239528]
[null,"8.5.9","Insumo Sinapi",1792,"CURVA 90 GRAUS DE FERRO GALVANIZADO, COM ROSCA BSP FEMEA, DE 3\"","UN",10,{"$f":"VLOOKUP(D1597,'Insumo SINAPI (sem des.)'!A:E,5,FALSE)","v":345.62},0.14692012195121973,396.39853254878057,{"$f":"VLOOKUP(D1597,'Insumos SINAPI (des)'!A:E,5,FALSE)","v":345.62},0.20311109145345707,415.81925542814383,3963.9853254878058,4158.1925542814388]
[null,"8.5.10","Insumo Sinapi",3271,"FLANGE SEXTAVADO DE FERRO GALVANIZADO, COM ROSCA BSP, DE 4\"","UN",2,{"$f":"VLOOKUP(D1598,'Insumo SINAPI (sem des.)'!A:E,5,FALSE)","v":220.14},0.14692012195121973,252.48299564634149,{"$f":"VLOOKUP(D1598,'Insumos SINAPI (des)'!A:E,5,FALSE)","v":220.14},0.20311109145345707,264.85287567256404,504.96599129268299,529.70575134512808]
[null,"8.5.11","Insumo Sinapi",36498,"GERADOR PORTATIL MONOFASICO, POTENCIA 5500 VA, MOTOR A GASOLINA, POTENCIA DO MOTOR 13 CV","UN",1,{"$f":"VLOOKUP(D1599,'Insumo SINAPI (sem des.)'!A:E,5,FALSE)","v":7093.57},0.14692012195121973,8135.7581694695136,{"$f":"VLOOKUP(D1599,'Insumos SINAPI (des)'!A:E,5,FALSE)","v":7093.57},0.20311109145345707,8534.352745001499,8135.7581694695136,8534.352745001499]
[null,"8.5.12","Insumo Sinapi",3658,"JUNCAO SIMPLES, PVC, 45 GRAUS, DN 75 X 75 MM, SERIE NORMAL PARA ESGOTO PREDIAL","UN",2,{"$f":"VLOOKUP(D1600,'Insumo SINAPI (sem des.)'!A:E,5,FALSE)","v":19.84},0.14692012195121973,22.7548952195122,{"$f":"VLOOKUP(D1600,'Insumos SINAPI (des)'!A:E,5,FALSE)","v":19.84},0.20311109145345707,23.869724054436588,45.5097904390244,47.739448108873177]
[null,"8.5.13","Insumo Orse",4749,"Junta de desmontagem travada axialamente JTDA pn 10, d = 500","UN",2,{"$f":"VLOOKUP(D1601,'Insumos ORSE (sem des)'!B:G,6,FALSE)","v":6208.93},0.14692012195121973,7121.1467527865871,{"$f":"VLOOKUP(D1601,'Insumos ORSE (des)'!B:G,6,FALSE)","v":6208.93},0.20311109145345707,7470.0325490581135,14242.293505573174,14940.065098116227]
[null,"8.5.14","Insumo Orse",2495,"Talha manual 5,0 t, elev.= 5,0 m (\"koch\" ou equivalente)","H",1,{"$f":"VLOOKUP(D1602,'Insumos ORSE (sem des)'!B:G,6,FALSE)","v":31.04},0.14692012195121973,35.600400585365861,{"$f":"VLOOKUP(D1602,'Insumos ORSE (des)'!B:G,6,FALSE)","v":31.04},0.20311109145345707,37.344568278715307,35.600400585365861,37.344568278715307]
[null,"8.5.15","Composição Orse",12825,"EM ESTUDO - Tampa em concreto armado fck=30,0MPa, para poço de inspeção/visita em alvenaria/concreto, dim. 1,20x1,20x0,20m, apoiada sobre o PI/PV, com aço 3/8\", exclusive tampão de ferro fundido","UN",9,{"$f":"VLOOKUP(D1603,'CPU (sem des)'!B:I,8,FALSE)","v":1497.89},{"$f":"$N$4","v":0.23957567779569877},1856.7480120133994,{"$f":"VLOOKUP(D1603,'CPU (des)'!B:I,8,FALSE)","v":1460.54},{"$f":"$O$4","v":0.30260494954802231},1902.5066330128684,16710.732108120596,17122.559697115816]
[null,"8.5.16","Insumo Sinapi",6240,"TAMPAO FOFO SIMPLES COM BASE, CLASSE D400 CARGA MAX 40 T, REDONDO, TAMPA 600 MM, REDE PLUVIAL/ESGOTO (COM INSCRICAO EM RELEVO DO TIPO DE REDE)","UN",2,{"$f":"VLOOKUP(D1604,'Insumo SINAPI (sem des.)'!A:E,5,FALSE)","v":756.68},{"$f":"$N$5","v":0.14692012195121973},867.85151787804887,{"$f":"VLOOKUP(D1604,'Insumos SINAPI (des)'!A:E,5,FALSE)","v":756.68},{"$f":"$O$5","v":0.20311109145345707},910.37010068100187,1735.7030357560977,1820.7402013620037]
[null,"8.5.17","Insumo Sinapi",6301,"TE DE FERRO GALVANIZADO, DE 6\"","UN",2,{"$f":"VLOOKUP(D1605,'Insumo SINAPI (sem des.)'!A:E,5,FALSE)","v":1162.55},0.14692012195121973,1333.3519877743904,{"$f":"VLOOKUP(D1605,'Insumos SINAPI (des)'!A:E,5,FALSE)","v":1162.55},0.20311109145345707,1398.6767993692165,2666.7039755487808,2797.353598738433]
[null,"8.5.18","Insumo Sinapi",6299,"TE DE FERRO GALVANIZADO, DE 2 1/2\"","UN",1,{"$f":"VLOOKUP(D1606,'Insumo SINAPI (sem des.)'!A:E,5,FALSE)","v":140.62},0.14692012195121973,161.27990754878053,{"$f":"VLOOKUP(D1606,'Insumos SINAPI (des)'!A:E,5,FALSE)","v":140.62},0.20311109145345707,169.18148168018513,161.27990754878053,169.18148168018513]
[null,"8.5.19","Insumo Sinapi",20181,"TE, PVC, SERIE R, 150 X 150 MM, PARA ESGOTO PREDIAL","UN",1,{"$f":"VLOOKUP(D1607,'Insumo SINAPI (sem des.)'!A:E,5,FALSE)","v":123.15},0.14692012195121973,141.24321301829272,{"$f":"VLOOKUP(D1607,'Insumos SINAPI (des)'!A:E,5,FALSE)","v":123.15},0.20311109145345707,148.16313091249324,141.24321301829272,148.16313091249324]
[null,"8.5.20","Insumo Sinapi",9836,"TUBO PVC  SERIE NORMAL, DN 100 MM, PARA ESGOTO  PREDIAL (NBR 5688)","M",36,{"$f":"VLOOKUP(D1608,'Insumo SINAPI (sem des.)'!A:E,5,FALSE)","v":15.83},0.14692012195121973,18.15574553048781,{"$f":"VLOOKUP(D1608,'Insumos SINAPI (des)'!A:E,5,FALSE)","v":15.83},0.20311109145345707,19.045248577708225,653.60683909756119,685.62894879749615]
[null,"8.5.21","Insumo Sinapi",20065,"TUBO PVC  SERIE NORMAL, DN 150 MM, PARA ESGOTO  PREDIAL (NBR 5688)","M",437,{"$f":"VLOOKUP(D1609,'Insumo SINAPI (sem des.)'!A:E,5,FALSE)","v":41.38},0.14692012195121973,47.459554646341473,{"$f":"VLOOKUP(D1609,'Insumos SINAPI (des)'!A:E,5,FALSE)","v":41.38},0.20311109145345707,49.784736964344056,20739.825380451224,21755.930053418353]
[null,"8.5.22","Insumo Sinapi",36373,"TUBO PVC PBA JEI, CLASSE 12, DN 75 MM, PARA REDE DE AGUA (NBR 5647)","M",145.30000000000001,{"$f":"VLOOKUP(D1610,'Insumo SINAPI (sem des.)'!A:E,5,FALSE)","v":28.32},0.14692012195121973,32.480777853658545,{"$f":"VLOOKUP(D1610,'Insumos SINAPI (des)'!A:E,5,FALSE)","v":28.32},0.20311109145345707,34.072106109961908,4719.4570221365866,4950.6770177774652]
[null,"8.5.23","Insumo Sinapi",9837,"TUBO PVC SERIE NORMAL, DN 75 MM, PARA ESGOTO PREDIAL (NBR 5688)","M",44.4,{"$f":"VLOOKUP(D1611,'Insumo SINAPI (sem des.)'!A:E,5,FALSE)","v":14.99},0.14692012195121973,17.192332628048785,{"$f":"VLOOKUP(D1611,'Insumos SINAPI (des)'!A:E,5,FALSE)","v":14.99},0.20311109145345707,18.03463526088732,763.33956868536598,800.73780558339695]
[null,"8.5.24","Composição Orse",6015,"Assentamento de registro de gaveta em ferro fundido com flanges, diam. =   50mm a 150mm","UN",9,{"$f":"VLOOKUP(D1612,'CPU (sem des)'!B:I,8,FALSE)","v":13.78},{"$f":"$N$4","v":0.23957567779569877},17.081352840024728,{"$f":"VLOOKUP(D1612,'CPU (des)'!B:I,8,FALSE)","v":12.18},{"$f":"$O$4","v":0.30260494954802231},15.865728285494912,153.73217556022254,142.79155456945421]
[null,"8.5.25","Composição Orse",10673,"Válvula retenção portinhola única, PN10, Ø=100mm, em ferro fundido","UN",1,{"$f":"VLOOKUP(D1613,'CPU (sem des)'!B:I,8,FALSE)","v":2223.7600000000002},{"$f":"$N$4","v":0.23957567779569877},2756.5188092549633,{"$f":"VLOOKUP(D1613,'CPU (des)'!B:I,8,FALSE)","v":2219.85},{"$f":"$O$4","v":0.30260494954802231},2891.5875972541771,2756.5188092549633,2891.5875972541771]
[null,"8.5.26","Composição Orse",9318,"Tubo guia 2\" (galvanizado), l=2,50m e corrente galvanizada l=3,00m","UN",2,{"$f":"VLOOKUP(D1614,'CPU (sem des)'!B:I,8,FALSE)","v":282.62},{"$f":"$N$4","v":0.23957567779569877},350.32887805862038,{"$f":"VLOOKUP(D1614,'CPU (des)'!B:I,8,FALSE)","v":275.49},{"$f":"$O$4","v":0.30260494954802231},358.85463755098471,700.65775611724075,717.70927510196941]
[null,"8.5.27","Composição Orse",6979,"Escada Marinheiro em aço CA-50 d=16mm (5/8\"), exceto pintura - Rev 01","M",10.6,{"$f":"VLOOKUP(D1615,'CPU (sem des)'!B:I,8,FALSE)","v":72.709999999999994},{"$f":"$N$4","v":0.23957567779569877},90.129547532525251,{"$f":"VLOOKUP(D1615,'CPU (des)'!B:I,8,FALSE)","v":70.09},{"$f":"$O$4","v":0.30260494954802231},91.29958091382089,955.37320384476766,967.77555768650143]
[null,"8.5.28","Composição Orse",770,"Tampa de ferro fundido tipo R2 (545x1104)mm, padrão Telemar, inclusive instalação","UN",4,{"$f":"VLOOKUP(D1616,'CPU (sem des)'!B:I,8,FALSE)","v":837.34},{"$f":"$N$4","v":0.23957567779569877},1037.9462980454505,{"$f":"VLOOKUP(D1616,'CPU (des)'!B:I,8,FALSE)","v":835.04},{"$f":"$O$4","v":0.30260494954802231},1087.7272370705805,4151.7851921818019,4350.9089482823219]
[null,9,"Estruturas de Contenção",{"$nulls":10},{"$f":"N1618+N1621+N1635+N1641+N1648+N1652+N1659","v":12900725.466149917},{"$f":"O1618+O1621+O1635+O1641+O1648+O1652+O1659","v":13521558.573236803}]
[null,"9.1","MOBILIZAÇÃO E DESMOBILIZAÇÃO",null,null,null,1,{"$nulls":6},{"$f":"SUM(N1619:N1620)","v":10304.592609515645},{"$f":"SUM(O1619:O1620)","v":10828.55494559271}]
[null,"9.1.1","Composição Própria","1.2","MOBILIZAÇÃO ","UN",1,{"$f":"'CPU Própria (sem des)'!$K$13","v":4156.5},{"$f":"$N$4","v":0.23957567779569877},{"$f":"H1619*(1+I1619)","v":5152.2963047578223},{"$f":"'CPU Própria (des)'!$J$13","v":4156.5},{"$f":"$O$4","v":0.30260494954802231},{"$f":"K1619*(1+L1619)","v":5414.2774727963551},{"$f":"J1619*G1619","v":5152.2963047578223},{"$f":"M1619*G1619","v":5414.2774727963551}]
[null,"9.1.2","Composição Própria","1.2","DESMOBILIZAÇÃO","UN",1,{"$f":"'CPU Própria (sem des)'!$K$13","v":4156.5},{"$f":"$N$4","v":0.23957567779569877},{"$f":"H1620*(1+I1620)","v":5152.2963047578223},{"$f":"'CPU Própria (des)'!$J$13","v":4156.5},{"$f":"$O$4","v":0.30260494954802231},{"$f":"K1620*(1+L1620)","v":5414.2774727963551},{"$f":"J1620*G1620","v":5152.2963047578223},5414.2774727963551]
[null,"9.2","CANTEIRO DE OBRAS",null,null,null,1,{"$nulls":6},{"$f":"SUM(N1622:N1634)","v":100048.25258087453},{"$f":"SUM(O1622:O1634)","v":102181.80340201908}]
[null,"9.2.1","Insumo Sinapi",4813,"PLACA DE OBRA (PARA CONSTRUCAO CIVIL) EM CHAPA GALVANIZADA *N. 22*, ADESIVADA, DE *2,4 X 1,2* M (SEM POSTES PARA FIXACAO)4,","M2",4.5,{"$f":"VLOOKUP(D1622,'Insumo SINAPI (sem des.)'!A:E,5,FALSE)","v":250},{"$f":"$N$5","v":0.14692012195121973},{"$f":"H1622*(1+I1622)","v":286.73003048780492},{"$f":"VLOOKUP(D1622,'Insumos SINAPI (des)'!A:E,5,FALSE)","v":250},{"$f":"$O$5","v":0.20311109145345707},{"$f":"K1622*(1+L1622)","v":300.77777286336425},{"$f":"J1622*G1622","v":1290.2851371951222},{"$f":"M1622*G1622","v":1353.4999778851391}]
[null,"9.2.2","Composição Sinapi",98458,"TAPUME COM COMPENSADO DE MADEIRA. AF_05/2018","M2",212.8,{"$f":"VLOOKUP(D1623,'CPU (sem des)'!B:I,8,FALSE)","v":108.91},{"$f":"$N$4","v":0.23957567779569877},135.00218706872954,{"$f":"VLOOKUP(D1623,'CPU (des)'!B:I,8,FALSE)","v":106.71},{"$f":"$O$4","v":0.30260494954802231},139.00097416626946,28728.465408225649,29579.407302582142]
[null,"9.2.3","Composição Sinapi",98525,"LIMPEZA MECANIZADA DE CAMADA VEGETAL, VEGETAÇÃO E PEQUENAS ÁRVORES (DIÂMETRO DE TRONCO MENOR QUE 0,20 M), COM TRATOR DE ESTEIRAS.AF_05/2018","M2",360,{"$f":"VLOOKUP(D1624,'CPU (sem des)'!B:I,8,FALSE)","v":0.34},0.23957567779569877,0.42145573045053764,{"$f":"VLOOKUP(D1624,'CPU (des)'!B:I,8,FALSE)","v":0.32},0.30260494954802231,0.41683358385536717,151.72406296219356,150.06009018793219]
[null,"9.2.4","Composição Sinapi",93210,"EXECUÇÃO DE REFEITÓRIO EM CANTEIRO DE OBRA EM CHAPA DE MADEIRA COMPENSADA, NÃO INCLUSO MOBILIÁRIO E EQUIPAMENTOS. AF_02/2016","M2",13.8,{"$f":"VLOOKUP(D1625,'CPU (sem des)'!B:I,8,FALSE)","v":559.15},0.23957567779569877,693.10874023946496,{"$f":"VLOOKUP(D1625,'CPU (des)'!B:I,8,FALSE)","v":541.64},0.30260494954802231,705.54294487319078,9564.9006153046175,9736.4926392500329]
[null,"9.2.5","Composição Sinapi",93212,"EXECUÇÃO DE SANITÁRIO E VESTIÁRIO EM CANTEIRO DE OBRA EM CHAPA DE MADEIRA COMPENSADA, NÃO INCLUSO MOBILIÁRIO. AF_02/2016","M2",27.6,{"$f":"VLOOKUP(D1626,'CPU (sem des)'!B:I,8,FALSE)","v":925.26},0.23957567779569877,1146.9297916372482,{"$f":"VLOOKUP(D1626,'CPU (des)'!B:I,8,FALSE)","v":896.72},0.30260494954802231,1168.0719103587026,31655.26224918805,32238.784725900194]
[null,"9.2.6","Composição Sinapi",93584,"EXECUÇÃO DE DEPÓSITO EM CANTEIRO DE OBRA EM CHAPA DE MADEIRA COMPENSADA, NÃO INCLUSO MOBILIÁRIO. AF_04/2016","M2",13.8,{"$f":"VLOOKUP(D1627,'CPU (sem des)'!B:I,8,FALSE)","v":766.01},0.23957567779569877,949.52736494828321,{"$f":"VLOOKUP(D1627,'CPU (des)'!B:I,8,FALSE)","v":744.34},0.30260494954802231,969.58096814657495,13103.477636286309,13380.217360422736]
[null,"9.2.7","Composição Sinapi",95636,"KIT CAVALETE PARA MEDIÇÃO DE ÁGUA - ENTRADA PRINCIPAL, EM AÇO GALVANIZADO DN 25 (1 )   FORNECIMENTO E INSTALAÇÃO (EXCLUSIVE HIDRÔMETRO). AF_11/2016","UN",1,{"$f":"VLOOKUP(D1628,'CPU (sem des)'!B:I,8,FALSE)","v":357.28},0.23957567779569877,442.87559816284721,{"$f":"VLOOKUP(D1628,'CPU (des)'!B:I,8,FALSE)","v":341.02},0.30260494954802231,444.21433989486655,442.87559816284721,444.21433989486655]
[null,"9.2.8","Composição Sinapi",101506,"ENTRADA DE ENERGIA ELÉTRICA, AÉREA, TRIFÁSICA, COM CAIXA DE SOBREPOR, CABO DE 16 MM2 E DISJUNTOR DIN 50A (NÃO INCLUSO O POSTE DE CONCRETO). AF_07/2020_PS","UN",1,{"$f":"VLOOKUP(D1629,'CPU (sem des)'!B:I,8,FALSE)","v":2178.19},0.23957567779569877,2700.0313456178133,{"$f":"VLOOKUP(D1629,'CPU (des)'!B:I,8,FALSE)","v":2117.4},0.30260494954802231,2758.1357201729825,2700.0313456178133,2758.1357201729825]
[null,"9.2.9","Composição Sinapi",99059,"LOCACAO CONVENCIONAL DE OBRA, UTILIZANDO GABARITO DE TÁBUAS CORRIDAS PONTALETADAS A CADA 2,00M -  2 UTILIZAÇÕES. AF_10/2018","M",76,{"$f":"VLOOKUP(D1630,'CPU (sem des)'!B:I,8,FALSE)","v":47.35},0.23957567779569877,58.69390834362634,{"$f":"VLOOKUP(D1630,'CPU (des)'!B:I,8,FALSE)","v":44.16},0.30260494954802231,57.523034572040658,4460.737034115602,4371.7506274750904]
[null,"9.2.10","Composição Sinapi",86931,"VASO SANITÁRIO SIFONADO COM CAIXA ACOPLADA LOUÇA BRANCA, INCLUSO ENGATE FLEXÍVEL EM PLÁSTICO BRANCO, 1/2  X 40CM - FORNECIMENTO E INSTALAÇÃO. AF_01/2020","UN",8,{"$f":"VLOOKUP(D1631,'CPU (sem des)'!B:I,8,FALSE)","v":467.89},0.23957567779569877,{"$f":"H1631*(1+I1631)","v":579.98506388382953},{"$f":"VLOOKUP(D1631,'CPU (des)'!B:I,8,FALSE)","v":464.37},0.30260494954802231,{"$f":"K1631*(1+L1631)","v":604.89066042161517},{"$f":"J1631*G1631","v":4639.8805110706362},{"$f":"M1631*G1631","v":4839.1252833729213}]
[null,"9.2.11","Composição Sinapi",86902,"LAVATÓRIO LOUÇA BRANCA COM COLUNA, *44 X 35,5* CM, PADRÃO POPULAR - FORNECIMENTO E INSTALAÇÃO. AF_01/2020","UN",4,{"$f":"VLOOKUP(D1632,'CPU (sem des)'!B:I,8,FALSE)","v":288.8},0.23957567779569877,357.98945574739781,{"$f":"VLOOKUP(D1632,'CPU (des)'!B:I,8,FALSE)","v":285.52999999999997},0.30260494954802231,371.93279124444678,1431.9578229895913,1487.7311649777871]
[null,"9.2.12","Composição Sinapi",89712,"TUBO PVC, SERIE NORMAL, ESGOTO PREDIAL, DN 50 MM, FORNECIDO E INSTALADO EM RAMAL DE DESCARGA OU RAMAL DE ESGOTO SANITÁRIO. AF_08/2022","M",45,{"$f":"VLOOKUP(D1633,'CPU (sem des)'!B:I,8,FALSE)","v":25.23},{"$f":"N5","v":0.14692012195121973},28.936794676829273,{"$f":"VLOOKUP(D1633,'CPU (des)'!B:I,8,FALSE)","v":23.65},{"$f":"O5","v":0.20311109145345707},28.453577312874259,1302.1557604573172,1280.4109790793416]
[null,"9.2.13","Composição Sinapi",89402,"TUBO, PVC, SOLDÁVEL, DN 25MM, INSTALADO EM RAMAL DE DISTRIBUIÇÃO DE ÁGUA - FORNECIMENTO E INSTALAÇÃO. AF_06/2022","M",45,{"$f":"VLOOKUP(D1634,'CPU (sem des)'!B:I,8,FALSE)","v":11.17},{"$f":"N5","v":0.14692012195121973},12.811097762195125,{"$f":"VLOOKUP(D1634,'CPU (des)'!B:I,8,FALSE)","v":10.38},{"$f":"O5","v":0.20311109145345707},12.488293129286886,576.49939929878065,561.97319081790988]
[null,"9.3","TERRAPLENAGEM",null,null,null,1,{"$nulls":6},{"$f":"SUM(N1636:N1640)","v":460930.70029635227},{"$f":"SUM(O1636:O1640)","v":475040.23527446773}]
[null,"9.3.1","Composição Sinapi",100974,"CARGA, MANOBRA E DESCARGA DE SOLOS E MATERIAIS GRANULARES EM CAMINHÃO BASCULANTE 10 M³ - CARGA COM PÁ CARREGADEIRA (CAÇAMBA DE 1,7 A 2,8 M³ / 128 HP) E DESCARGA LIVRE (UNIDADE: M3). AF_07/2020","M3",7366,{"$f":"VLOOKUP(D1636,'CPU (sem des)'!B:I,8,FALSE)","v":8},{"$f":"$N$4","v":0.23957567779569877},{"$f":"H1636*(1+I1636)","v":9.9166054223655902},{"$f":"VLOOKUP(D1636,'CPU (des)'!B:I,8,FALSE)","v":7.86},{"$f":"$O$4","v":0.30260494954802231},{"$f":"K1636*(1+L1636)","v":10.238474903447456},{"$f":"J1636*G1636","v":73045.715541144935},{"$f":"M1636*G1636","v":75416.606138793955}]
[null,"9.3.2","Composição Sinapi",95875,"TRANSPORTE COM CAMINHÃO BASCULANTE DE 10 M³, EM VIA URBANA PAVIMENTADA, DMT ATÉ 30 KM (UNIDADE: M3XKM). AF_07/2020","M3XKM",73660,{"$f":"VLOOKUP(D1637,'CPU (sem des)'!B:I,8,FALSE)","v":2.33},{"$f":"$N$4","v":0.23957567779569877},{"$f":"H1637*(1+I1637)","v":2.8882113292639784},{"$f":"VLOOKUP(D1637,'CPU (des)'!B:I,8,FALSE)","v":2.29},{"$f":"$O$4","v":0.30260494954802231},{"$f":"K1637*(1+L1637)","v":2.9829653344649709},{"$f":"J1637*G1637","v":212745.64651358465},219725.22653668976]
[null,"9.3.3","Composição Sinapi",102716,"ENCHIMENTO DE AREIA PARA DRENO, LANÇAMENTO MECANIZADO. AF_07/2021","M3",375.15,{"$f":"VLOOKUP(D1638,'CPU (sem des)'!B:I,8,FALSE)","v":137.47},{"$f":"$N$4","v":0.23957567779569877},{"$f":"H1638*(1+I1638)","v":170.40446842657471},{"$f":"VLOOKUP(D1638,'CPU (des)'!B:I,8,FALSE)","v":136.25},{"$f":"$O$4","v":0.30260494954802231},{"$f":"K1638*(1+L1638)","v":177.47992437591805},{"$f":"J1638*G1638","v":63927.236330229498},66581.593629625655]
[null,"9.3.4","Composição Sinapi",100574,"ESPALHAMENTO DE MATERIAL COM TRATOR DE ESTEIRAS. AF_11/2019","M3",7366,{"$f":"VLOOKUP(D1639,'CPU (sem des)'!B:I,8,FALSE)","v":1.27},{"$f":"$N$4","v":0.23957567779569877},{"$f":"H1639*(1+I1639)","v":1.5742611108005375},{"$f":"VLOOKUP(D1639,'CPU (des)'!B:I,8,FALSE)","v":1.23},{"$f":"$O$4","v":0.30260494954802231},{"$f":"K1639*(1+L1639)","v":1.6022040879440673},{"$f":"J1639*G1639","v":11596.007342156759},11801.835311796]
[null,"9.3.5","Composição Sinapi",96385,"EXECUÇÃO E COMPACTAÇÃO DE ATERRO COM SOLO PREDOMINANTEMENTE ARGILOSO - EXCLUSIVE SOLO, ESCAVAÇÃO, CARGA E TRANSPORTE. AF_11/2019","M3",7366,{"$f":"VLOOKUP(D1640,'CPU (sem des)'!B:I,8,FALSE)","v":10.91},{"$f":"$N$4","v":0.23957567779569877},{"$f":"H1640*(1+I1640)","v":13.523770644751075},{"$f":"VLOOKUP(D1640,'CPU (des)'!B:I,8,FALSE)","v":10.58},{"$f":"$O$4","v":0.30260494954802231},{"$f":"K1640*(1+L1640)","v":13.781560366218075},{"$f":"J1640*G1640","v":99616.094569236418},101514.97365756234]
[null,"9.4","ENSECADEIRAS ",null,null,null,1,{"$nulls":6},{"$f":"SUM(N1642:N1647)","v":5274840.5636346452},{"$f":"SUM(O1642:O1647)","v":5537103.614690939}]
[null,"9.4.1","Composição SICRO",2306015,"Estaca prancha metálica - fornecimento e cravação até 12 metros","KG",262604.14,{"$f":"VLOOKUP(D1642,'CPU (sem des)'!B:I,8,FALSE)","v":15.64},{"$f":"$N$4","v":0.23957567779569877},{"$f":"H1642*(1+I1642)","v":19.38696360072473},{"$f":"VLOOKUP(D1642,'CPU (des)'!B:I,8,FALSE)","v":15.63},{"$f":"$O$4","v":0.30260494954802231},{"$f":"K1642*(1+L1642)","v":20.35971536143559},{"$f":"J1642*G1642","v":5091096.9035796216},{"$f":"M1642*G1642","v":5346545.5431345822}]
[null,"9.4.2","Composição Sinapi",7042,"MOTOBOMBA TRASH (PARA ÁGUA SUJA) AUTO ESCORVANTE, MOTOR GASOLINA DE 6,41 HP, DIÂMETROS DE SUCÇÃO X RECALQUE: 3\" X 3\", HM/Q = 10 MCA / 60 M3/H A 23 MCA / 0 M3/H - CHP DIURNO. AF_10/2014","CHP",68.5,{"$f":"VLOOKUP(D1643,'CPU (sem des)'!B:I,8,FALSE)","v":22.87},0.23957567779569877,28.349095751187633,{"$f":"VLOOKUP(D1643,'CPU (des)'!B:I,8,FALSE)","v":22.87},0.30260494954802231,29.790575196163271,1941.9130589563529,2040.6544009371842]
[null,"9.4.3","Composição SICRO",5502768,"Escavação, carga e transporte de material de 3a categoria - DMT de 50 a 200 m - caminho de serviço em revestimento primário - com caminhão basculante de 12 m3","M3",456,{"$f":"VLOOKUP(D1644,'CPU (sem des)'!B:I,8,FALSE)","v":41.38},0.23957567779569877,51.29364154718602,{"$f":"VLOOKUP(D1644,'CPU (des)'!B:I,8,FALSE)","v":40.99},0.30260494954802231,53.393776881973437,23389.900545516826,24347.562258179889]
[null,"9.4.4","Composição Sinapi",100978,"CARGA, MANOBRA E DESCARGA DE SOLOS E MATERIAIS GRANULARES EM CAMINHÃO BASCULANTE 10 M³ - CARGA COM ESCAVADEIRA HIDRÁULICA (CAÇAMBA DE 1,20 M³ / 155 HP) E DESCARGA LIVRE (UNIDADE: M3). AF_07/2020","M3",456,{"$f":"VLOOKUP(D1645,'CPU (sem des)'!B:I,8,FALSE)","v":6.47},0.23957567779569877,8.0200546353381714,{"$f":"VLOOKUP(D1645,'CPU (des)'!B:I,8,FALSE)","v":6.36},0.30260494954802231,8.2845674791254229,3657.1449137142063,3777.762770481193]
[null,"9.4.5","Composição Sinapi",100945,"TRANSPORTE COM CAMINHÃO CARROCERIA 9T, EM VIA URBANA EM LEITO NATURAL (UNIDADE: TXKM). AF_07/2020","TXKM",13680,{"$f":"VLOOKUP(D1646,'CPU (sem des)'!B:I,8,FALSE)","v":2.63},0.23957567779569877,3.2600840326026876,{"$f":"VLOOKUP(D1646,'CPU (des)'!B:I,8,FALSE)","v":2.59},0.30260494954802231,3.3737468193293774,44597.949566004769,46152.856488425881]
[null,"9.4.6","Composição Sinapi",89272,"GUINDASTE HIDRÁULICO AUTOPROPELIDO, COM LANÇA TELESCÓPICA 28,80 M, CAPACIDADE MÁXIMA 30 T, POTÊNCIA 97 KW, TRAÇÃO 4 X 4 - CHP DIURNO. AF_11/2014","CHP",445,{"$f":"VLOOKUP(D1647,'CPU (sem des)'!B:I,8,FALSE)","v":199.7},0.23957567779569877,247.54326285580103,{"$f":"VLOOKUP(D1647,'CPU (des)'!B:I,8,FALSE)","v":197.08},0.30260494954802231,256.71738345692427,110156.75197083146,114239.2356383313]
[null,"9.5","ESTACAS",null,null,null,1,{"$nulls":6},{"$f":"SUM(N1649:N1651)","v":6639073.1250014026},{"$f":"SUM(O1649:O1651)","v":6969296.6499596881}]
[null,"9.5.1","Composição SICRO",2306015,"Estaca prancha metálica - fornecimento e cravação até 12 metros","KG",250265.07,{"$f":"VLOOKUP(D1649,'CPU (sem des)'!B:I,8,FALSE)","v":15.64},{"$f":"$N$4","v":0.23957567779569877},{"$f":"H1649*(1+I1649)","v":19.38696360072473},{"$f":"VLOOKUP(D1649,'CPU (des)'!B:I,8,FALSE)","v":15.63},{"$f":"$O$4","v":0.30260494954802231},{"$f":"K1649*(1+L1649)","v":20.35971536143559},{"$f":"J1649*G1649","v":4851879.8026228268},{"$f":"M1649*G1649","v":5095325.5901097534}]
[null,"9.5.2","Composição SICRO",5605936,"Tirante de barra de aço ancorado na rocha com resina de poliéster, D = 32 mm, tensão de escoamento = 686 MPa, tensão de ruptura = 789 MPa - fornecimento, perfuração e instalação","M",3990,{"$f":"VLOOKUP(D1650,'CPU (sem des)'!B:I,8,FALSE)","v":246.55},{"$f":"$N$4","v":0.23957567779569877},{"$f":"H1650*(1+I1650)","v":305.61738336052957},{"$f":"VLOOKUP(D1650,'CPU (des)'!B:I,8,FALSE)","v":246.44},{"$f":"$O$4","v":0.30260494954802231},{"$f":"K1650*(1+L1650)","v":321.01396376661461},{"$f":"J1650*G1650","v":1219413.3596085131},1280845.7154287922]
[null,"9.5.3","Composição Sinapi",100763,"VIGA METÁLICA EM PERFIL LAMINADO OU SOLDADO EM AÇO ESTRUTURAL, COM CONEXÕES PARAFUSADAS, INCLUSOS MÃO DE OBRA, TRANSPORTE E IÇAMENTO UTILIZANDO GUINDASTE - FORNECIMENTO E INSTALAÇÃO. AF_01/2020_P","KG",24599.56,{"$f":"VLOOKUP(D1651,'CPU (sem des)'!B:I,8,FALSE)","v":18.62},{"$f":"$N$4","v":0.23957567779569877},{"$f":"H1651*(1+I1651)","v":23.080899120555912},{"$f":"VLOOKUP(D1651,'CPU (des)'!B:I,8,FALSE)","v":18.510000000000002},{"$f":"$O$4","v":0.30260494954802231},{"$f":"K1651*(1+L1651)","v":24.111217616133896},{"$f":"J1651*G1651","v":567779.96277006238},593125.34442114271]
[null,"9.6","GUARDA CORPO ",null,null,null,1,{"$nulls":6},{"$f":"SUM(N1653:N1658)","v":414409.22243805637},{"$f":"SUM(O1653:O1658)","v":426054.29703879415}]
[null,"9.6.1","Composição Sinapi",96530,"FABRICAÇÃO, MONTAGEM E DESMONTAGEM DE FÔRMA PARA VIGA BALDRAME, EM MADEIRA SERRADA, E=25 MM, 1 UTILIZAÇÃO. AF_06/2017","M2",263.3,{"$f":"VLOOKUP(D1653,'CPU (sem des)'!B:I,8,FALSE)","v":139.31},{"$f":"$N$4","v":0.23957567779569877},{"$f":"H1653*(1+I1653)","v":172.68528767371879},{"$f":"VLOOKUP(D1653,'CPU (des)'!B:I,8,FALSE)","v":133.52000000000001},{"$f":"$O$4","v":0.30260494954802231},{"$f":"K1653*(1+L1653)","v":173.92381286365196},{"$f":"J1653*G1653","v":45468.036244490162},{"$f":"M1653*G1653","v":45794.13992699956}]
[null,"9.6.2","Composição Sinapi",92762,"ARMAÇÃO DE PILAR OU VIGA DE ESTRUTURA CONVENCIONAL DE CONCRETO ARMADO UTILIZANDO AÇO CA-50 DE 10,0 MM - MONTAGEM. AF_06/2022","KG",7372.34,{"$f":"VLOOKUP(D1654,'CPU (sem des)'!B:I,8,FALSE)","v":13.9},0.23957567779569877,17.230101921360212,{"$f":"VLOOKUP(D1654,'CPU (des)'!B:I,8,FALSE)","v":13.75},0.30260494954802231,17.910818056285308,127026.16959892075,132044.64038907443]
[null,"9.6.3","Composição Sinapi",96557,"CONCRETAGEM DE BLOCOS DE COROAMENTO E VIGAS BALDRAMES, FCK 30 MPA, COM USO DE BOMBA - LANÇAMENTO, ADENSAMENTO E ACABAMENTO. AF_06/2017","M3",92.15,{"$f":"VLOOKUP(D1655,'CPU (sem des)'!B:I,8,FALSE)","v":896.08},0.23957567779569877,1110.7589733591699,{"$f":"VLOOKUP(D1655,'CPU (des)'!B:I,8,FALSE)","v":894.03},0.30260494954802231,1164.5679030444182,102356.43939504751,107314.93226554315]
[null,"9.6.4","Composição Sinapi",103672,"CONCRETAGEM DE PILARES, FCK = 25 MPA, COM USO DE BOMBA - LANÇAMENTO, ADENSAMENTO E ACABAMENTO. AF_02/2022","M3",12.65,{"$f":"VLOOKUP(D1656,'CPU (sem des)'!B:I,8,FALSE)","v":850.84},0.23957567779569877,1054.6805696956924,{"$f":"VLOOKUP(D1656,'CPU (des)'!B:I,8,FALSE)","v":847.01},0.30260494954802231,1103.3194183166704,13341.709206650508,13956.990641705881]
[null,"9.6.5","Composição Sinapi",92761,"ARMAÇÃO DE PILAR OU VIGA DE ESTRUTURA CONVENCIONAL DE CONCRETO ARMADO UTILIZANDO AÇO CA-50 DE 8,0 MM - MONTAGEM. AF_06/2022","KG",720,{"$f":"VLOOKUP(D1657,'CPU (sem des)'!B:I,8,FALSE)","v":15.29},0.23957567779569877,18.953112113496232,{"$f":"VLOOKUP(D1657,'CPU (des)'!B:I,8,FALSE)","v":15.09},0.30260494954802231,19.656308688679655,13646.240721717288,14152.542255849352]
[null,"9.6.6","Composição Sinapi",99837,"GUARDA-CORPO DE AÇO GALVANIZADO DE 1,10M, MONTANTES TUBULARES DE 1.1/4\" ESPAÇADOS DE 1,20M, TRAVESSA SUPERIOR DE 1.1/2\", GRADIL FORMADO POR TUBOS HORIZONTAIS DE 1\" E VERTICAIS DE 3/4\", FIXADO COM CHUMBADOR MECÂNICO. AF_04/2019_PS","M",169,{"$f":"VLOOKUP(D1658,'CPU (sem des)'!B:I,8,FALSE)","v":537.36},0.23957567779569877,666.09838622029667,{"$f":"VLOOKUP(D1658,'CPU (des)'!B:I,8,FALSE)","v":512.36},0.30260494954802231,667.40267195042475,112570.62727123014,112791.05155962179]
[null,"9.7","SERVIÇOS FINAIS",null,null,null,1,{"$nulls":6},{"$f":"SUM(N1660)","v":1119.0095890705779},{"$f":"SUM(O1660)","v":1053.4179253044354}]
[null,"9.7.1","Composição Orse",6191,"Limpeza de ruas (varrição e remoção de entulhos)","M2",1880.7,{"$f":"VLOOKUP(D1660,'CPU (sem des)'!B:I,8,FALSE)","v":0.48},{"$f":"$N$4","v":0.23957567779569877},{"$f":"H1660*(1+I1660)","v":0.59499632534193536},{"$f":"VLOOKUP(D1660,'CPU (des)'!B:I,8,FALSE)","v":0.43},{"$f":"$O$4","v":0.30260494954802231},{"$f":"K1660*(1+L1660)","v":0.56012012830564961},{"$f":"J1660*G1660","v":1119.0095890705779},{"$f":"M1660*G1660","v":1053.4179253044354}]
[null,10,"Estruturas de Acesso e Embarcação",{"$nulls":10},{"$f":"N1662+N1676+N1679+N1685+N1681","v":2948493.7812361536},{"$f":"O1662+O1676+O1679+O1685+O1681","v":3034726.8932066886}]
[null,"10.1","CANTEIRO DE OBRAS ",null,null,null,1,{"$nulls":6},{"$f":"SUM(N1663:N1675)","v":90822.041570017565},{"$f":"SUM(O1663:O1675)","v":92523.759195502251}]
[null,"10.1.1","Composição Orse",51,"Placa de obra em chapa aço galvanizado, instalada - Rev 02_01/2022","M2",4.5,{"$f":"VLOOKUP(D1663,'CPU (sem des)'!B:I,8,FALSE)","v":350.83},{"$f":"$N$4","v":0.23957567779569877},{"$f":"H1663*(1+I1663)","v":434.880335041065},{"$f":"VLOOKUP(D1663,'CPU (des)'!B:I,8,FALSE)","v":344.34},{"$f":"$O$4","v":0.30260494954802231},{"$f":"K1663*(1+L1663)","v":448.53898832736598},{"$f":"J1663*G1663","v":1956.9615076847924},{"$f":"M1663*G1663","v":2018.425447473147}]
[null,"10.1.2","Composição Sinapi",101489,"ENTRADA DE ENERGIA ELÉTRICA, AÉREA, MONOFÁSICA, COM CAIXA DE SOBREPOR, CABO DE 10 MM2 E DISJUNTOR DIN 50A (NÃO INCLUSO O POSTE DE CONCRETO). AF_07/2020_PS","UN",1,{"$f":"VLOOKUP(D1664,'CPU (sem des)'!B:I,8,FALSE)","v":1555.42},0.23957567779569877,1928.0608007569858,{"$f":"VLOOKUP(D1664,'CPU (des)'!B:I,8,FALSE)","v":1506.87},0.30260494954802231,1962.8563203254282,1928.0608007569858,1962.8563203254282]
[null,"10.1.3","Composição Sinapi",93584,"EXECUÇÃO DE DEPÓSITO EM CANTEIRO DE OBRA EM CHAPA DE MADEIRA COMPENSADA, NÃO INCLUSO MOBILIÁRIO. AF_04/2016","M2",13.8,{"$f":"VLOOKUP(D1665,'CPU (sem des)'!B:I,8,FALSE)","v":766.01},0.23957567779569877,949.52736494828321,{"$f":"VLOOKUP(D1665,'CPU (des)'!B:I,8,FALSE)","v":744.34},0.30260494954802231,969.58096814657495,13103.477636286309,13380.217360422736]
[null,"10.1.4","Composição Sinapi",93210,"EXECUÇÃO DE REFEITÓRIO EM CANTEIRO DE OBRA EM CHAPA DE MADEIRA COMPENSADA, NÃO INCLUSO MOBILIÁRIO E EQUIPAMENTOS. AF_02/2016","M2",13.8,{"$f":"VLOOKUP(D1666,'CPU (sem des)'!B:I,8,FALSE)","v":559.15},0.23957567779569877,693.10874023946496,{"$f":"VLOOKUP(D1666,'CPU (des)'!B:I,8,FALSE)","v":541.64},0.30260494954802231,705.54294487319078,9564.9006153046175,9736.4926392500329]
[null,"10.1.5","Composição Sinapi",93212,"EXECUÇÃO DE SANITÁRIO E VESTIÁRIO EM CANTEIRO DE OBRA EM CHAPA DE MADEIRA COMPENSADA, NÃO INCLUSO MOBILIÁRIO. AF_02/2016","M2",27.6,{"$f":"VLOOKUP(D1667,'CPU (sem des)'!B:I,8,FALSE)","v":925.26},0.23957567779569877,1146.9297916372482,{"$f":"VLOOKUP(D1667,'CPU (des)'!B:I,8,FALSE)","v":896.72},0.30260494954802231,1168.0719103587026,31655.26224918805,32238.784725900194]
[null,"10.1.6","Composição Sinapi",95469,"VASO SANITARIO SIFONADO CONVENCIONAL COM  LOUÇA BRANCA - FORNECIMENTO E INSTALAÇÃO. AF_01/2020","UN",8,{"$f":"VLOOKUP(D1668,'CPU (sem des)'!B:I,8,FALSE)","v":278.83},0.23957567779569877,345.63088623977467,{"$f":"VLOOKUP(D1668,'CPU (des)'!B:I,8,FALSE)","v":276.79000000000002},0.30260494954802231,360.54802398539709,2765.0470899181973,2884.3841918831768]
[null,"10.1.7","Composição Sinapi",86902,"LAVATÓRIO LOUÇA BRANCA COM COLUNA, *44 X 35,5* CM, PADRÃO POPULAR - FORNECIMENTO E INSTALAÇÃO. AF_01/2020","UN",4,{"$f":"VLOOKUP(D1669,'CPU (sem des)'!B:I,8,FALSE)","v":288.8},0.23957567779569877,357.98945574739781,{"$f":"VLOOKUP(D1669,'CPU (des)'!B:I,8,FALSE)","v":285.52999999999997},0.30260494954802231,371.93279124444678,1431.9578229895913,1487.7311649777871]
[null,"10.1.8","Composição Sinapi",89712,"TUBO PVC, SERIE NORMAL, ESGOTO PREDIAL, DN 50 MM, FORNECIDO E INSTALADO EM RAMAL DE DESCARGA OU RAMAL DE ESGOTO SANITÁRIO. AF_08/2022","M",45,{"$f":"VLOOKUP(D1670,'CPU (sem des)'!B:I,8,FALSE)","v":25.23},{"$f":"$N$5","v":0.14692012195121973},28.936794676829273,{"$f":"VLOOKUP(D1670,'CPU (des)'!B:I,8,FALSE)","v":23.65},{"$f":"$O$5","v":0.20311109145345707},28.453577312874259,1302.1557604573172,1280.4109790793416]
[null,"10.1.9","Composição Sinapi",89402,"TUBO, PVC, SOLDÁVEL, DN 25MM, INSTALADO EM RAMAL DE DISTRIBUIÇÃO DE ÁGUA - FORNECIMENTO E INSTALAÇÃO. AF_06/2022","M",45,{"$f":"VLOOKUP(D1671,'CPU (sem des)'!B:I,8,FALSE)","v":11.17},{"$f":"$N$5","v":0.14692012195121973},12.811097762195125,{"$f":"VLOOKUP(D1671,'CPU (des)'!B:I,8,FALSE)","v":10.38},{"$f":"$O$5","v":0.20311109145345707},12.488293129286886,576.49939929878065,561.97319081790988]
[null,"10.1.10","Composição Sinapi",98459,"TAPUME COM TELHA METÁLICA. AF_05/2018","M2",212.8,{"$f":"VLOOKUP(D1672,'CPU (sem des)'!B:I,8,FALSE)","v":81.44},0.23957567779569877,100.95104319968171,{"$f":"VLOOKUP(D1672,'CPU (des)'!B:I,8,FALSE)","v":79.39},0.30260494954802231,103.41380694461749,21482.381992892268,22006.458117814604]
[null,"10.1.11","Composição Sinapi",95636,"KIT CAVALETE PARA MEDIÇÃO DE ÁGUA - ENTRADA PRINCIPAL, EM AÇO GALVANIZADO DN 25 (1 )   FORNECIMENTO E INSTALAÇÃO (EXCLUSIVE HIDRÔMETRO). AF_11/2016","UN",1,{"$f":"VLOOKUP(D1673,'CPU (sem des)'!B:I,8,FALSE)","v":357.28},0.23957567779569877,{"$f":"H1673*(1+I1673)","v":442.87559816284721},{"$f":"VLOOKUP(D1673,'CPU (des)'!B:I,8,FALSE)","v":341.02},0.30260494954802231,{"$f":"K1673*(1+L1673)","v":444.21433989486655},{"$f":"J1673*G1673","v":442.87559816284721},{"$f":"M1673*G1673","v":444.21433989486655}]
[null,"10.1.12","Composição Sinapi",98525,"LIMPEZA MECANIZADA DE CAMADA VEGETAL, VEGETAÇÃO E PEQUENAS ÁRVORES (DIÂMETRO DE TRONCO MENOR QUE 0,20 M), COM TRATOR DE ESTEIRAS.AF_05/2018","M2",360,{"$f":"VLOOKUP(D1674,'CPU (sem des)'!B:I,8,FALSE)","v":0.34},0.23957567779569877,0.42145573045053764,{"$f":"VLOOKUP(D1674,'CPU (des)'!B:I,8,FALSE)","v":0.32},0.30260494954802231,0.41683358385536717,151.72406296219356,150.06009018793219]
[null,"10.1.13","Composição Sinapi",99059,"LOCACAO CONVENCIONAL DE OBRA, UTILIZANDO GABARITO DE TÁBUAS CORRIDAS PONTALETADAS A CADA 2,00M -  2 UTILIZAÇÕES. AF_10/2018","M",76,{"$f":"VLOOKUP(D1675,'CPU (sem des)'!B:I,8,FALSE)","v":47.35},0.23957567779569877,58.69390834362634,{"$f":"VLOOKUP(D1675,'CPU (des)'!B:I,8,FALSE)","v":44.16},0.30260494954802231,57.523034572040658,4460.737034115602,4371.7506274750904]
[null,"10.2","MOBILIZAÇÃO E DESMOBILIZAÇÃO",null,null,null,1,{"$nulls":6},{"$f":"SUM(N1677:N1678)","v":3718.7270333870965},{"$f":"SUM(O1677:O1678)","v":3907.8148486440668}]
[null,"10.2.1","Composição Própria","1.1","MOBILIZAÇÃO ","UN",1,{"$f":"'CPU Própria (sem des)'!$K$28","v":1500},{"$f":"$N$4","v":0.23957567779569877},{"$f":"H1677*(1+I1677)","v":1859.3635166935483},{"$f":"'CPU Própria (des)'!$J$28","v":1500},{"$f":"$O$4","v":0.30260494954802231},{"$f":"K1677*(1+L1677)","v":1953.9074243220334},{"$f":"J1677*G1677","v":1859.3635166935483},{"$f":"M1677*G1677","v":1953.9074243220334}]
[null,"10.2.2","Composição Própria","1.1","DESMOBILIZAÇÃO","UN",1,{"$f":"'CPU Própria (sem des)'!$K$28","v":1500},{"$f":"$N$4","v":0.23957567779569877},{"$f":"H1678*(1+I1678)","v":1859.3635166935483},{"$f":"'CPU Própria (des)'!$J$28","v":1500},{"$f":"$O$4","v":0.30260494954802231},{"$f":"K1678*(1+L1678)","v":1953.9074243220334},{"$f":"J1678*G1678","v":1859.3635166935483},1953.9074243220334]
[null,"10.3","FUNDAÇÕES ",null,null,null,1,{"$nulls":6},{"$f":"SUM(N1680)","v":521949.25866330165},{"$f":"SUM(O1680)","v":548489.05147668975}]
[null,"10.3.1","Cotação",2306113,"Estaca trilho TR 68 - fornecimento e cravação","M",1,{"$f":"'Cotação Estaca'!L6","v":421070.91},{"$f":"$N$4","v":0.23957567779569877},{"$f":"H1680*(I1680+1)","v":521949.25866330165},{"$f":"'Cotação Estaca'!L6","v":421070.91},{"$f":"$O$4","v":0.30260494954802231},{"$f":"K1680*(L1680+1)","v":548489.05147668975},{"$f":"J1680*G1680","v":521949.25866330165},{"$f":"M1680*G1680","v":548489.05147668975}]
[null,"10.4","PLATAFORMA ",null,null,null,1,{"$nulls":6},{"$f":"SUM(N1682:N1684)","v":2330451.1234542243},{"$f":"SUM(O1682:O1684)","v":2388306.6046595369}]
[null,"10.4.1","Composição SICRO",2408149,"Estrutura em chapa de aço ASTM A36 corte, solda e montagem - fornecimento e instalação","KG",125000,{"$f":"VLOOKUP(D1682,'CPU (sem des)'!B:I,8,FALSE)","v":14.71},{"$f":"$N$4","v":0.23957567779569877},{"$f":"H1682*(1+I1682)","v":18.234158220374731},{"$f":"VLOOKUP(D1682,'CPU (des)'!B:I,8,FALSE)","v":14.35},{"$f":"$O$4","v":0.30260494954802231},{"$f":"K1682*(1+L1682)","v":18.692381026014118},{"$f":"J1682*G1682","v":2279269.7775468412},{"$f":"M1682*G1682","v":2336547.6282517649}]
[null,"10.4.2","Composição Sinapi",99837,"GUARDA-CORPO DE AÇO GALVANIZADO DE 1,10M, MONTANTES TUBULARES DE 1.1/4\" ESPAÇADOS DE 1,20M, TRAVESSA SUPERIOR DE 1.1/2\", GRADIL FORMADO POR TUBOS HORIZONTAIS DE 1\" E VERTICAIS DE 3/4\", FIXADO COM CHUMBADOR MECÂNICO. AF_04/2019_P","M",60,{"$f":"VLOOKUP(D1683,'CPU (sem des)'!B:I,8,FALSE)","v":537.36},{"$f":"$N$4","v":0.23957567779569877},{"$f":"H1683*(1+I1683)","v":666.09838622029667},{"$f":"VLOOKUP(D1683,'CPU (des)'!B:I,8,FALSE)","v":512.36},{"$f":"$O$4","v":0.30260494954802231},{"$f":"K1683*(1+L1683)","v":667.40267195042475},{"$f":"J1683*G1683","v":39965.903173217797},40044.160317025482]
[null,"10.4.3","Composição SICRO",2419703,"Pintura com tinta anticorrosiva à base de epóxi poliamida de dois componentes com pistola a ar comprimido, uma demão, espessura de até 150 ?m","M2",604.79999999999995,{"$f":"VLOOKUP(D1684,'CPU (sem des)'!B:I,8,FALSE)","v":14.96},{"$f":"$N$4","v":0.23957567779569877},{"$f":"H1684*(1+I1684)","v":18.544052139823656},{"$f":"VLOOKUP(D1684,'CPU (des)'!B:I,8,FALSE)","v":14.87},{"$f":"$O$4","v":0.30260494954802231},{"$f":"K1684*(1+L1684)","v":19.369735599779091},{"$f":"J1684*G1684","v":11215.442734165346},11714.816090746393]
[null,"10.5","SERVIÇOS COMPLEMENTARES",null,null,null,1,{"$nulls":6},{"$f":"SUM(N1686)","v":1552.6305152230025},{"$f":"SUM(O1686)","v":1499.6630263156471}]
[null,"10.5.1","Composição Orse",2450,"Limpeza geral","M2",533,{"$f":"VLOOKUP(D1686,'CPU (sem des)'!B:I,8,FALSE)","v":2.35},{"$f":"$N$4","v":0.23957567779569877},{"$f":"H1686*(1+I1686)","v":2.9130028428198922},{"$f":"VLOOKUP(D1686,'CPU (des)'!B:I,8,FALSE)","v":2.16},{"$f":"$O$4","v":0.30260494954802231},{"$f":"K1686*(1+L1686)","v":2.8136266910237282},{"$f":"J1686*G1686","v":1552.6305152230025},{"$f":"M1686*G1686","v":1499.6630263156471}]
[{"$nulls":10},"."]
[{"$nulls":7},"."]
[{"$nulls":13},{"$f":"N1661+N1617+N1541+N1492+N1455+N1402+N1258+N175+N13+N10","v":40873791.091276921},{"$f":"O1661+O1617+O1541+O1492+O1455+O1402+O1258+O175+O13+O10","v":42026286.93565914}]

{"sheet":"Cronograma","index":2,"n_rows":29,"n_cols":44,"rows_kept":29,"cut":false,"hidden":false,"merged":[[22,2,23,2],[4,2,5,2],[6,2,7,2],[8,2,9,2],[10,2,11,2],[12,2,13,2],[14,2,15,2],[0,1,1,4],[25,1,26,2],[27,1,28,2],[4,1,5,1],[6,1,7,1],[8,1,9,1],[10,1,11,1],[12,1,13,1],[14,1,15,1],[16,1,17,1],[18,1,19,1],[20,1,21,1],[22,1,23,1],[16,2,17,2],[18,2,19,2],[20,2,21,2]]}
[null,"CRONOGRAMA FÍSICO-FINANCEIRO"]
[]
[]
[null,null,null,"Mês 1","Mês 2","Mês 3","Mês 4","Mês 5","Mês 6","Mês 7","Mês 8","Mês 9","Mês 10","Mês 11","Mês 12","Mês 13","Mês 14","Mês 15","Mês 16","Mês 17","Mês 18","Mês 19","Mês 20","Mês 21","Mês 22","Mês 23","Mês 24","Mês 25","Mês 26","Mês 27","Mês 28","Mês 29","Mês 30","Mês 31","Mês 32","Mês 33","Mês 34","Mês 35","Mês 36","Mês 37","Mês 38","Mês 39","Mês 40"]
[null,"Administração de Obras",{"$f":"Resumo!G9","v":2304217.6768106557},{"$f":"D6*$C$5","v":5348.8832846808637},12401.232583591302,11203.946492669611,14573.754270008185,31499.964937931072,35516.353909980564,39532.74288203007,55368.790828968107,72180.247526260995,60360.588551372486,11762.281989573536,9696.7105182337909,39999.705840604009,60721.313489977583,55402.852009100541,32842.566643932718,28621.023297772812,108501.56664633691,142728.65035627986,151607.69901920459,167211.04839102225,153981.50956688239,100531.02075839227,59760.23560175344,24695.284763837684,26459.770473841818,24672.415333983761,50475.473004315507,52074.136011037663,64830.85616992609,67782.834102014836,112820.74850979309,93801.845933502162,60589.824892015793,49545.460979651252,64212.657333115894,78824.693904504631,49136.951742854806,19184.417361328811,3755.4647471477892,{"$f":"SUM(D5:AQ5)","v":2304217.5246594315}]
[null,null,null,2.3213446101517763E-3,5.3819709432818257E-3,4.8623646131286374E-3,6.3248166250422146E-3,1.3670568217118801E-2,1.5413627916933582E-2,1.7156687616748368E-2,2.4029323004589518E-2,3.1325272890957108E-2,2.6195697202930749E-2,5.1046748351718666E-3,4.208244132409977E-3,1.7359343365497017E-2,2.6352247055939599E-2,2.4044105106330697E-2,1.4253239602514987E-2,1.2421145617365509E-2,4.7088245063946189E-2,6.194234676379852E-2,6.5795736464034874E-2,7.2567383747556627E-2,6.6825938849672098E-2,4.3629133553710342E-2,2.5935151962061833E-2,1.071742700890102E-2,1.1483190472900836E-2,1.0707501978777314E-2,2.1905687779541855E-2,2.2599486383211506E-2,2.8135734233087142E-2,2.9416853617682211E-2,4.896271287439824E-2,4.0708760668539103E-2,2.6295182743272843E-2,2.150207485962384E-2,2.7867444113177174E-2,3.4208874750760745E-2,2.1324787253115294E-2,8.3257834337433778E-3,1.6298220367555955E-3,0.99999993396838072]
[null,"Projeto Urbanístico",{"$f":"Resumo!G10","v":4697569.47250883},{"$f":"D8*$C$7","v":0},0,79294.972695949051,0,0,0,0,0,0,0,0,0,180856.42469158996,746443.78918165318,590954.23964161077,182735.45248059346,84086.493557907917,0,0,0,0,0,0,0,0,0,0,0,0,0,0,0,0,0,16911.250101031786,699468.09445656487,1040041.881213455,684905.6290917875,327890.34918111633,63980.896215570101,4697569.47250883]
[null,null,null,0,0,1.6879999999999999E-2,0,0,0,0,0,0,0,0,0,3.85E-2,0.15890000000000001,0.1258,3.8899999999999997E-2,{"$f":"0.38-SUM(P8:S8)","v":1.7899999999999971E-2},0,0,0,0,0,0,0,0,0,0,0,0,0,0,0,0,0,3.5999999999999999E-3,0.1489,0.22140000000000001,0.14580000000000001,6.9800000000000001E-2,{"$f":"1-SUM(D8:AP8)","v":1.3619999999999965E-2},1]
[null,"Edificações Novas",{"$f":"Resumo!G11","v":9721046.1317349002},{"$f":"D10*$C$9","v":0},0,0,246914.57174606645,533685.43263224594,601732.75555439026,669780.07847653469,938080.95171241788,1222907.6033722505,1022654.0530585115,199281.44570056547,164285.67962631979,394674.47294843692,119568.86742033927,121513.07664668626,111792.03051495134,183727.77188978961,189560.39956883056,119568.86742033927,107903.61206225739,123457.28587303322,107903.61206225739,119568.86742033927,114708.34435447182,115680.44896764532,107903.61206225739,344125.0330634155,261496.14094366881,247886.67635923994,114708.34435447182,107903.61206225739,123457.28587303322,107903.61206225739,119568.86742033927,114708.34435447182,205114.07337960639,183727.77188978961,153592.52888141177,0,0,9721046.1317348983]
[null,null,null,0,0,0,2.5399999999999999E-2,5.4899999999999997E-2,6.1899999999999997E-2,6.8900000000000003E-2,9.6500000000000002E-2,0.1258,0.1052,2.0500000000000001E-2,1.6899999999999998E-2,4.0599999999999997E-2,1.23E-2,1.2500000000000001E-2,1.15E-2,1.89E-2,1.95E-2,1.23E-2,1.11E-2,1.2699999999999999E-2,1.11E-2,1.23E-2,1.18E-2,1.1900000000000001E-2,1.11E-2,3.5400000000000001E-2,2.69E-2,2.5499999999999998E-2,1.18E-2,1.11E-2,1.2699999999999999E-2,1.11E-2,1.23E-2,1.18E-2,2.1100000000000001E-2,1.89E-2,{"$f":"1-SUM(C10:AN10)","v":1.5800000000000036E-2},0,0,1]
[null,"Edificações a serem Reformadas",{"$f":"Resumo!G12","v":415761.81927604397},{"$f":"D12*$C$11","v":91384.447876874459},211872.22310307203,112505.14829609748,0,0,0,0,0,0,0,0,0,0,0,0,0,0,0,0,0,0,0,0,0,0,0,0,0,0,0,0,0,0,0,0,0,0,0,0,0,415761.81927604397]
[null,null,null,0.2198,0.50960000000000005,{"$f":"1-E12-D12","v":0.27059999999999995},0,0,0,0,0,0,0,0,0,0,0,0,0,0,0,0,0,0,0,0,0,0,0,0,0,0,0,0,0,0,0,0,0,0,0,0,0,1]
[null,"Projeto Viário",{"$f":"Resumo!G13","v":5601561.6285031103},{"$f":"D14*$C$13","v":0},0,0,0,0,0,0,0,0,0,0,0,0,0,0,0,0,0,0,0,0,0,0,0,0,0,0,0,0,316488.23201042577,574160.06692156882,1506259.9219044861,1593644.2833091347,928738.91800581571,574160.06692156882,108110.13943011056,0,0,0,0,5601561.6285031103]
[null,null,null,0,0,0,0,0,0,0,0,0,0,0,0,0,0,0,0,0,0,0,0,0,0,0,0,0,0,0,0,0,5.6500000000000002E-2,0.10249999999999999,0.26889999999999997,0.28449999999999998,0.1658,0.10249999999999999,{"$f":"1-SUM(AG14:AL14)","v":1.9300000000000095E-2},0,0,0,0,1]
[null,"Projeto de Drenagem",{"$f":"Resumo!G14","v":1751833.281234327},{"$f":"D16*$C$15","v":0},0,0,0,0,0,0,0,0,0,0,0,80233.964280532178,132438.59606131513,179562.91132651852,202862.29396693507,167475.26168600167,172905.94485782806,155387.6120454848,144526.245701832,140321.8458268696,138219.6458893884,122978.69634264975,114920.26324897165,0,0,0,0,0,0,0,0,0,0,0,0,0,0,0,0,1751833.2812343268]
[null,null,null,0,0,0,0,0,0,0,0,0,0,0,0,4.58E-2,7.5600000000000001E-2,0.10249999999999999,0.1158,9.5600000000000004E-2,9.8699999999999996E-2,8.8700000000000001E-2,8.2500000000000004E-2,8.0100000000000005E-2,7.8899999999999998E-2,7.0199999999999999E-2,{"$f":"1-SUM(P16:Z16)","v":6.5599999999999881E-2},0,0,0,0,0,0,0,0,0,0,0,0,0,0,0,0,1]
[null,"Projeto de Iluminação e Eletrificação Pública",{"$f":"Resumo!G15","v":431282.14823833836},{"$f":"D18*$C$17","v":0},0,0,0,0,0,0,0,0,0,0,0,0,0,0,0,0,0,0,0,0,0,0,0,0,0,0,0,0,0,0,0,0,44206.42019442968,176351.27041465655,90094.840766988884,120629.61686226327,0,0,0,431282.14823833841]
[null,null,null,0,0,0,0,0,0,0,0,0,0,0,0,0,0,0,0,0,0,0,0,0,0,0,0,0,0,0,0,0,0,0,0,0,0.10249999999999999,0.40889999999999999,0.2089,{"$f":"1-AM18-AL18-AK18","v":0.27970000000000006},0,0,0,1]
[null,"Projeto de Abastecimento de Água e Rede de Esgoto",{"$f":"Resumo!G16","v":546729.31090944679},{"$f":"D20*$C$19","v":0},0,0,0,0,0,0,0,0,0,0,0,25040.202439652665,41332.735904754176,56039.754368218295,63311.25420331394,52267.322122943115,53962.182986762396,48494.889877667934,45105.168150029363,43793.017803846691,43136.942630755351,38380.397625843165,35865.442795659641,0,0,0,0,0,0,0,0,0,0,0,0,0,0,0,0,546729.31090944679]
[null,null,null,0,0,0,0,0,0,0,0,0,0,0,0,4.58E-2,7.5600000000000001E-2,0.10249999999999999,0.1158,9.5600000000000004E-2,9.8699999999999996E-2,8.8700000000000001E-2,8.2500000000000004E-2,8.0100000000000005E-2,7.8899999999999998E-2,7.0199999999999999E-2,{"$f":"1-SUM(P20:Z20)","v":6.5599999999999881E-2},0,0,0,0,0,0,0,0,0,0,0,0,0,0,0,0,1]
[null,"Estruturas de Contenção",{"$f":"Resumo!G17","v":13521558.573236803},{"$f":"D22*$C$21","v":0},0,0,0,0,0,0,0,0,0,0,0,0,0,0,0,0,1430580.8970484538,2106658.8257102938,2283791.2430196959,2539348.7000538716,2332468.8538833484,1430580.8970484538,751798.65667196619,304235.06789782806,342095.43190289248,0,0,0,0,0,0,0,0,0,0,0,0,0,0,13521558.573236804]
[null,null,null,0,0,0,0,0,0,0,0,0,0,0,0,0,0,0,0,0,0.10580000000000001,0.15579999999999999,0.16889999999999999,0.18779999999999999,0.17249999999999999,0.10580000000000001,5.5599999999999997E-2,2.2499999999999999E-2,{"$f":"1-SUM(U22:AB22)","v":2.53000000000001E-2},0,0,0,0,0,0,0,0,0,0,0,0,0,0,1]
[null,"Estruturas de Acesso e Embarcação",{"$f":"Resumo!G18","v":3034726.8932066886},{"$f":"D24*$C$23","v":0},0,0,0,0,0,0,0,0,0,0,0,0,0,0,0,0,0,0,0,0,0,0,0,0,0,77689.008466091225,624243.32193261583,667032.97112683009,724996.25478707789,532898.04244709457,407867.29444697918,0,0,0,0,0,0,0,0,3034726.893206689]
[null,null,null,0,0,0,0,0,0,0,0,0,0,0,0,0,0,0,0,0,0,0,0,0,0,0,0,0,0,2.5600000000000001E-2,0.20569999999999999,0.2198,0.2389,0.17560000000000001,{"$f":"1-SUM(AD24:AH24)","v":0.13440000000000007},0,0,0,0,0,0,0,0,1]
[]
[null,"NO MÊS",null,{"$f":"D5+D7+D9+D11+D13+D15+D17+D19+D21+D23","v":96733.331161555325},224273.45568666334,203004.06748471613,261488.32601607463,565185.39757017698,637249.10946437088,709312.82135856478,993449.74254138605,1295087.8508985115,1083014.6416098839,211043.727690139,173982.39014455359,720804.77020081575,1100505.3020580392,1003472.8339921343,593543.59780972661,516177.87255441514,1955510.9911082117,2572838.8454100657,2732933.9679530193,3014131.8979486432,2775710.5640326319,1812039.8791956783,1077052.9426728226,444610.80162931106,476458.81443899171,446486.45686349052,936214.93588060013,966993.78349710768,1221023.6873219016,1282744.5555329355,2150405.2507342915,1795349.7413048942,1153104.0305126004,931676.39277138025,1166999.8053663867,1423223.9638700124,887635.10971605405,347074.76654244511,67736.360962717896,{"$f":"SUM(D26:AQ26)","v":42026286.783507921}]
[null,null,null,{"$f":"D26/SUM($C$5:$C$24)","v":2.3017339435589652E-3},{"$f":"E26/SUM($C$5:$C$24)","v":5.3365041748755634E-3},4.8304069259201667E-3,6.2220182909902234E-3,1.3448378117140284E-2,1.5163107567413183E-2,1.6877837017686081E-2,2.3638770278762072E-2,3.0816137834904337E-2,2.576993402410124E-2,5.0217076757991964E-3,4.1398468156588495E-3,1.7151283702610799E-2,2.6186117839600641E-2,2.3877266043712549E-2,1.4123151034456655E-2,1.228226213142899E-2,4.6530662918235779E-2,6.1219751565228617E-2,6.5029155969382954E-2,7.1720157018943395E-2,6.6047009298778964E-2,4.3116820716754052E-2,2.5628077596332864E-2,1.0579350069874018E-2,1.1337161790391678E-2,1.0623980594503781E-2,2.227688916020381E-2,2.3009260489215793E-2,2.9053808374535885E-2,3.052243367340006E-2,5.1168099956736386E-2,4.271968504030621E-2,2.7437685186844241E-2,2.2168896200555288E-2,2.7768330025277392E-2,3.3865089391525868E-2,2.1120950110938758E-2,8.2585160824177762E-3,1.6117617306144613E-3,{"$f":"SUM(D27:AQ27)","v":0.99999999637961778}]
[null,"ACUMULADO",null,{"$f":"D26","v":96733.331161555325},{"$f":"D28+E26","v":321006.78684821865},524010.85433293477,785499.18034900934,1350684.5779191863,1987933.6873835572,2697246.508742122,3690696.2512835078,4985784.1021820195,6068798.7437919034,6279842.4714820422,6453824.8616265962,7174629.6318274122,8275134.9338854514,9278607.7678775862,9872151.3656873126,10388329.238241728,12343840.229349941,14916679.074760007,17649613.042713027,20663744.940661669,23439455.504694302,25251495.383889981,26328548.326562803,26773159.128192116,27249617.942631107,27696104.399494596,28632319.335375197,29599313.118872304,30820336.806194205,32103081.361727141,34253486.612461433,36048836.35376633,37201940.384278931,38133616.777050309,39300616.582416698,40723840.54628671,41611475.65600276,41958550.422545202,42026286.783507921]
[null,null,null,{"$f":"D27","v":2.3017339435589652E-3},{"$f":"D29+E27","v":7.6382381184345281E-3},1.2468645044354694E-2,1.8690663335344918E-2,3.2139041452485202E-2,4.7302149019898383E-2,6.4179986037584458E-2,8.781875631634653E-2,0.11863489415125086,0.14440482817535211,0.14942653585115132,0.15356638266681016,0.17071766636942096,0.1969037842090216,0.22078105025273415,0.23490420128719081,0.2471864634186198,0.29371712633685559,0.35493687790208422,0.41996603387146719,0.4916861908904106,0.55773320018918959,0.60085002090594364,0.62647809850227654,0.63705744857215052,0.6483946103625422,0.65901859095704596,0.68129548011724972,0.70430474060646553,0.73335854898100139,0.76388098265440141,0.81504908261113784,0.85776876765144405,0.88520645283828825,0.90737534903884354,0.93514367906412088,0.96900876845564676,0.99012971856658549,0.99838823464900328,0.99999999637961778]

{"sheet":"Curva ABC","index":3,"n_rows":1467,"n_cols":13,"rows_kept":1467,"cut":false,"hidden":false,"merged":[[7,11,8,11],[7,12,8,12],[7,7,7,9],[2,1,6,4]]}
[]
[null,"QUADRO DEMONSTRATIVO DO ORÇAMENTO"]
[null,"Obra: Realização das obras de revitalização do setor \ncomercial e portuário do município de Santana, no estado do Amapá",{"$nulls":5},"BDIs adotados:",null,null,"Com Desoneração"]
[{"$nulls":6},"Base de Preço:","Serviços",null,null,{"$f":"BDI!C77","v":0.30260494954802231}]
[{"$nulls":7},"Fornecimento",null,null,{"$f":"BDI!C103","v":0.20311109145345707}]
[]
[]
[null,"Item","Código",null,"DESCRIÇÃO","UND","QUANT","PREÇO  COM DESONERAÇÃO           ",null,null,"TOTAL COM DESONERAÇÃO    ","%","ACUMULADO"]
[{"$nulls":7},"Custo Direto","BDI","Custo com BDI"]
[null,"9.4.1","Composição SICRO",2306015,"Estaca prancha metálica - fornecimento e cravação até 12 metros","KG",262604.14,{"$f":"VLOOKUP(D10,'CPU (des)'!B:I,8,FALSE)","v":15.63},{"$f":"$K$4","v":0.30260494954802231},{"$f":"H10*(1+I10)","v":20.35971536143559},{"$f":"J10*G10","v":5346545.5431345822},{"$f":"K10/$K$1467","v":0.13573526576306216},{"$f":"L10","v":0.13573526576306216}]
[null,"9.5.1","Composição SICRO",2306015,"Estaca prancha metálica - fornecimento e cravação até 12 metros","KG",250265.07,{"$f":"VLOOKUP(D11,'CPU (des)'!B:I,8,FALSE)","v":15.63},0.30260494954802231,20.35971536143559,5095325.5901097534,{"$f":"K11/$K$1467","v":0.12935742668665223},{"$f":"L11+M10","v":0.2650926924497144}]
[null,"10.4.1","Composição SICRO",2408149,"Estrutura em chapa de aço ASTM A36 corte, solda e montagem - fornecimento e instalação","KG",125000,{"$f":"VLOOKUP(D12,'CPU (des)'!B:I,8,FALSE)","v":14.35},0.30260494954802231,18.692381026014118,2336547.6282517649,5.9319033332850934E-2,{"$f":"L12+M11","v":0.32441172578256533}]
[null,"5.4.16","Composição Sinapi",92396,"EXECUÇÃO DE PASSEIO EM PISO INTERTRAVADO, COM BLOCO RETANGULAR COR NATURAL DE 20 X 10 CM, ESPESSURA 6 CM. AF_10/2022","M2",13474,{"$f":"VLOOKUP(D13,'CPU (des)'!B:I,8,FALSE)","v":83.09},0.30260494954802231,108.23344525794518,1458337.4414055534,3.7023498366265423E-2,0.36143522414883078]
[null,"9.5.2","Composição SICRO",5605936,"Tirante de barra de aço ancorado na rocha com resina de poliéster, D = 32 mm, tensão de escoamento = 686 MPa, tensão de ruptura = 789 MPa - fornecimento, perfuração e instalação","M",3990,{"$f":"VLOOKUP(D14,'CPU (des)'!B:I,8,FALSE)","v":246.44},0.30260494954802231,321.01396376661461,1280845.7154287922,3.2517432458506287E-2,0.39395265660733708]
[null,"5.4.11","Composição Sinapi",93590,"TRANSPORTE COM CAMINHÃO BASCULANTE DE 10 M³, EM VIA URBANA PAVIMENTADA, ADICIONAL PARA DMT EXCEDENTE A 30 KM (UNIDADE: M3XKM). AF_07/2020","M3XKM",529800,{"$f":"VLOOKUP(D15,'CPU (des)'!B:I,8,FALSE)","v":0.91},0.30260494954802231,1.1853705040887004,628009.29306619347,1.594356722640693E-2,0.40989622383374402]
[null,"3.3.6.3","Composição Orse",12734,"Telhamento com telha em aço galvalume, dupla, trapezoidal, com preenchimento PIR 50mm, pré-pintada, TP40 - 2 x 0,43mm, Kingspan- Isoeste ou similar","M2",1285.8,{"$f":"VLOOKUP(D16,'CPU (des)'!B:I,8,FALSE)","v":360.7},0.30260494954802231,469.84960530197162,604132.62249727512,1.5337398963355132E-2,0.42523362279709914]
[null,"5.4.5","Composição Sinapi",100573,"EXECUÇÃO E COMPACTAÇÃO DE BASE E OU SUB-BASE PARA PAVIMENTAÇÃO DE SOLO (PREDOMINANTEMENTE ARGILOSO) BRITA - 50/50 - EXCLUSIVE SOLO, ESCAVAÇÃO, CARGA E TRANSPORTE. AF_11/2019","M3",2185,{"$f":"VLOOKUP(D17,'CPU (des)'!B:I,8,FALSE)","v":209.39},0.30260494954802231,272.75245038586036,595964.10409310483,1.5130020945617257E-2,0.44036364374271642]
[null,"9.5.3","Composição Sinapi",100763,"VIGA METÁLICA EM PERFIL LAMINADO OU SOLDADO EM AÇO ESTRUTURAL, COM CONEXÕES PARAFUSADAS, INCLUSOS MÃO DE OBRA, TRANSPORTE E IÇAMENTO UTILIZANDO GUINDASTE - FORNECIMENTO E INSTALAÇÃO. AF_01/2020_P","KG",24599.56,{"$f":"VLOOKUP(D18,'CPU (des)'!B:I,8,FALSE)","v":18.510000000000002},0.30260494954802231,24.111217616133896,593125.34442114271,1.505795201897994E-2,0.45542159576169633]
[null,"5.4.17","Composição Sinapi",92398,"EXECUÇÃO DE PAVIMENTO EM PISO INTERTRAVADO, COM BLOCO RETANGULAR COR NATURAL DE 20 X 10 CM, ESPESSURA 8 CM. AF_10/2022","M2",4889,{"$f":"VLOOKUP(D19,'CPU (des)'!B:I,8,FALSE)","v":93.02},0.30260494954802231,121.16831240695703,592391.87935761292,1.5039331196521226E-2,0.47046092695821756]
[null,"10.3.1","Cotação",2306113,"ESTACA TRILHO TR 68 - FORNECIMENTO E CRAVAÇÃO DE ESTACA COM UTILIZAÇÃO DE PLATAFORMA FLUTUANTE","M",1,{"$f":"'Cotação Estaca'!L6","v":421070.91},0.30260494954802231,{"$f":"H20*(I20+1)","v":548489.05147668975},548489.05147668975,1.392474946106418E-2,0.48438567641928176]
[null,"3.3.6.2","Insumo Orse",101010,"Telha em aço galvalume, dupla, trapezoidal, com preenchimento PIR 50mm, pré-pintada, TP40 - 2 x 0,43mm, Kingspan- Isoeste ou similar","M2",1285.8,335.66,{"$f":"$K$5","v":0.20311109145345707},{"$f":"H21*(1+I21)","v":403.83626895726741},519252.67462525441,1.3182511814370159E-2,0.4975681882336519]
[null,"2.2.2.3","Composição Sinapi",92397,"EXECUÇÃO DE PÁTIO/ESTACIONAMENTO EM PISO INTERTRAVADO, COM BLOCO RETANGULAR COR NATURAL DE 20 X 10 CM, ESPESSURA 6 CM. AF_12/2015","M2",5073.6899999999996,{"$f":"VLOOKUP(D22,'CPU (des)'!B:I,8,FALSE)","v":75.16},{"$f":"$K$4","v":0.30260494954802231},97.903788008029352,496733.47017845843,1.2610806182070144E-2,0.51017899441572201]
[null,"5.4.4","Composição Sinapi",93590,"TRANSPORTE COM CAMINHÃO BASCULANTE DE 10 M³, EM VIA URBANA PAVIMENTADA, ADICIONAL PARA DMT EXCEDENTE A 30 KM (UNIDADE: M3XKM). AF_07/2020","M3XKM",327750,{"$f":"VLOOKUP(D23,'CPU (des)'!B:I,8,FALSE)","v":0.91},0.30260494954802231,1.1853705040887004,388505.18271507154,9.8631637569929608E-3,0.52004215817271493]
[null,"5.4.8","Composição Sinapi",93590,"TRANSPORTE COM CAMINHÃO BASCULANTE DE 10 M³, EM VIA URBANA PAVIMENTADA, ADICIONAL PARA DMT EXCEDENTE A 30 KM (UNIDADE: M3XKM). AF_07/2020","M3XKM",327750,{"$f":"VLOOKUP(D24,'CPU (des)'!B:I,8,FALSE)","v":0.91},0.30260494954802231,1.1853705040887004,388505.18271507154,9.8631637569929608E-3,0.52990532192970785]
[null,"6.2.17","Composição Sinapi",92855,"TUBO DE CONCRETO PARA REDES COLETORAS DE ESGOTO SANITÁRIO, DIÂMETRO DE 600 MM, JUNTA ELÁSTICA, INSTALADO EM LOCAL COM ALTO NÍVEL DE INTERFERÊNCIAS - FORNECIMENTO E ASSENTAMENTO. AF_12/2015","M",587,{"$f":"VLOOKUP(D25,'CPU (des)'!B:I,8,FALSE)","v":478.45},0.30260494954802231,623.23133811125126,365836.7954713045,9.2876707508773165E-3,0.53919299268058518]
[null,"3.3.5.10","Composição Orse",12093,"Gradil em alumínio anodizado branco, com barras de apoio em alumínio anodizado branco de 1\"x2\" horizontais a cada 5cm com 1,85m e barras externas verticais em alumínio anodizado branco de 1.1/2\" x 1.1/2\" com 3,05m - Fixado com rebite","M2",556.77,{"$f":"VLOOKUP(D26,'CPU (des)'!B:I,8,FALSE)","v":486.22},0.30260494954802231,633.35257856923943,352631.71516999544,8.9524271679581827E-3,0.54814541984854337]
[null,"2.3.2.3","Composição Sinapi",92397,"EXECUÇÃO DE PÁTIO/ESTACIONAMENTO EM PISO INTERTRAVADO, COM BLOCO RETANGULAR COR NATURAL DE 20 X 10 CM, ESPESSURA 6 CM. AF_12/2015","M2",3483.09,{"$f":"VLOOKUP(D27,'CPU (des)'!B:I,8,FALSE)","v":75.16},0.30260494954802231,97.903788008029352,341007.70497288695,8.6573229552272014E-3,0.55680274280377062]
[null,"3.3.3.9","Composição Orse",12734,"Fechamento lateral com telha em aço galvalume, dupla, trapezoidal, com preenchimento PIR 50mm, pré-pintada, TP40 - 2 x 0,43mm, Kingspan- Isoeste ou similar","M2",643.79,{"$f":"VLOOKUP(D28,'CPU (des)'!B:I,8,FALSE)","v":360.7},0.30260494954802231,469.84960530197162,302484.4773973563,7.6793156623257116E-3,0.56448205846609634]
[null,"6.2.5","Composição Sinapi",101590,"ESCORAMENTO DE VALA, TIPO CONTÍNUO COM PERFIL METÁLICO \"U\", COM PROFUNDIDADE DE 1,5 A 3,0 M, LARGURA MENOR QUE 1,5 M. AF_08/2020","M2",4009.25,{"$f":"VLOOKUP(D29,'CPU (des)'!B:I,8,FALSE)","v":57.52},0.30260494954802231,74.925836698002243,300396.41078146547,7.6263049332947284E-3,0.57210836339939108]
[null,"5.4.2","Composição Sinapi",101827,"RECOMPOSIÇÃO DE BASE E OU SUB-BASE PARA REMENDO PROFUNDO DE SOLO BRITA (40/60) - INCLUSO RETIRADA E COLOCAÇÃO DO MATERIAL. AF_12/2020","M3",673,{"$f":"VLOOKUP(D30,'CPU (des)'!B:I,8,FALSE)","v":306.52999999999997},0.30260494954802231,399.28749518495522,268720.48425947485,6.8221332919861455E-3,0.57893049669137719]
[null,"3.3.3.8","Composição Sinapi",87623,"CONTRAPISO EM ARGAMASSA PRONTA, PREPARO MECÂNICO COM MISTURADOR 300 KG, APLICADO EM ÁREAS SECAS SOBRE LAJE, ADERIDO, ACABAMENTO NÃO REFORÇADO, ESPESSURA 2CM. AF_07/2021","M2",2320.87,{"$f":"VLOOKUP(D31,'CPU (des)'!B:I,8,FALSE)","v":88.22},0.30260494954802231,114.91580864912653,266704.65281949827,6.7709564313326136E-3,0.58570145312270983]
[null,"5.4.15","Composição Sinapi",100965,"TRANSPORTE COM CAMINHÃO TANQUE DE TRANSPORTE DE MATERIAL ASFÁLTICO DE 30000 L, EM VIA URBANA EM  LEITO NATURAL (UNIDADE: TXKM). AF_07/2020","TXKM",117000,{"$f":"VLOOKUP(D32,'CPU (des)'!B:I,8,FALSE)","v":1.65},0.30260494954802231,2.1492981667542366,251467.88551024569,6.3841334550003466E-3,0.59208558657771015]
[null,"3.2.3.2.7","Composição Sinapi",96557,"CONCRETAGEM DE BLOCOS DE COROAMENTO E VIGAS BALDRAMES, FCK 30 MPA, COM USO DE BOMBA - LANÇAMENTO, ADENSAMENTO E ACABAMENTO. AF_06/2017","M3",211.1,{"$f":"VLOOKUP(D33,'CPU (des)'!B:I,8,FALSE)","v":894.03},0.30260494954802231,1164.5679030444182,245840.28433267667,6.2412628976875571E-3,0.59832684947539772]
[null,"3.3.5.8","Composição Orse",1857,"Porta em aço, em chapa galvanizada nº24, raiada, de enrolar","M2",894.72,{"$f":"VLOOKUP(D34,'CPU (des)'!B:I,8,FALSE)","v":210.75},0.30260494954802231,274.52399311724571,245622.10712186209,6.2357239302450393E-3,0.60456257340564279]
[null,"2.6.5.3","Composição Sinapi",95876,"TRANSPORTE COM CAMINHÃO BASCULANTE DE 14 M³, EM VIA URBANA PAVIMENTADA, DMT ATÉ 30 KM (UNIDADE: M3XKM). AF_07/2020","M3XKM",88322.01,{"$f":"VLOOKUP(D35,'CPU (des)'!B:I,8,FALSE)","v":1.98},0.30260494954802231,2.5791578001050843,227796.40101245925,5.7831743472192328E-3,0.61034574775286199]
[null,"9.3.2","Composição Sinapi",95875,"TRANSPORTE COM CAMINHÃO BASCULANTE DE 10 M³, EM VIA URBANA PAVIMENTADA, DMT ATÉ 30 KM (UNIDADE: M3XKM). AF_07/2020","M3XKM",73660,{"$f":"VLOOKUP(D36,'CPU (des)'!B:I,8,FALSE)","v":2.29},0.30260494954802231,2.9829653344649709,219725.22653668976,5.5782676455648564E-3,0.61592401539842689]
[null,"2.6.3.2","Composição Sinapi",97627,"DEMOLIÇÃO DE PILARES E VIGAS EM CONCRETO ARMADO, DE FORMA MECANIZADA COM MARTELETE, SEM REAPROVEITAMENTO. AF_12/2017","M3",752.23,{"$f":"VLOOKUP(D37,'CPU (des)'!B:I,8,FALSE)","v":210.51},0.30260494954802231,274.21136792935414,206270.01729749807,5.2366739216837465E-3,0.62116068932011059]
[null,"3.2.2.1.3","Composição Sinapi",100651,"ESTACA HÉLICE CONTÍNUA, DIÂMETRO DE 30 CM, INCLUSO CONCRETO FCK=30MPA E ARMADURA MÍNIMA (EXCLUSIVE MOBILIZAÇÃO, DESMOBILIZAÇÃO E BOMBEAMENTO). AF_12/2019","M",940,{"$f":"VLOOKUP(D38,'CPU (des)'!B:I,8,FALSE)","v":163.19999999999999},0.30260494954802231,212.58512776623724,199830.02010026301,5.0731786846137956E-3,0.62623386800472436]
[null,"2.6.5.2","Composição Sinapi",97627,"DEMOLIÇÃO DE PILARES E VIGAS EM CONCRETO ARMADO, DE FORMA MECANIZADA COM MARTELETE, SEM REAPROVEITAMENTO. AF_12/2017","M3",723.35,{"$f":"VLOOKUP(D39,'CPU (des)'!B:I,8,FALSE)","v":210.51},0.30260494954802231,274.21136792935414,198350.79299169831,5.0356248504445948E-3,0.63126949285516898]
[null,"2.1.2.3","Composição Sinapi",92397,"EXECUÇÃO DE PÁTIO/ESTACIONAMENTO EM PISO INTERTRAVADO, COM BLOCO RETANGULAR COR NATURAL DE 20 X 10 CM, ESPESSURA 6 CM. AF_12/2015","M2",1979.58,{"$f":"VLOOKUP(D40,'CPU (des)'!B:I,8,FALSE)","v":75.16},0.30260494954802231,97.903788008029352,193808.38066493472,4.9203044927660965E-3,0.63618979734793513]
[null,"3.3.5.7","Composição Orse",11347,"Fornecimento e instalação de fachada em pele de vidro, em vidro laminado 3+3 refletivo","M2",82.05,{"$f":"VLOOKUP(D41,'CPU (des)'!B:I,8,FALSE)","v":1749.08},0.30260494954802231,2278.3602651554547,186939.45975600506,4.745919967738297E-3,0.64093571731567345]
[null,"6.2.32","Composição Sinapi",94273,"ASSENTAMENTO DE GUIA (MEIO-FIO) EM TRECHO RETO, CONFECCIONADA EM CONCRETO PRÉ-FABRICADO, DIMENSÕES 100X15X13X30 CM (COMPRIMENTO X BASE INFERIOR X BASE SUPERIOR X ALTURA), PARA VIAS URBANAS (USO VIÁRIO). AF_06/2016","M",2365,{"$f":"VLOOKUP(D42,'CPU (des)'!B:I,8,FALSE)","v":59.99},0.30260494954802231,78.143270923385856,184808.83573380756,4.6918288138220075E-3,0.64562754612949547]
[null,"3.3.3.2","Composição Sinapi",93391,"REVESTIMENTO CERÂMICO PARA PISO COM PLACAS TIPO ESMALTADA PADRÃO POPULAR DE DIMENSÕES 35X35 CM APLICADA EM AMBIENTES DE ÁREA MAIOR QUE 10 M2. AF_06/2014","M2",2320.87,{"$f":"VLOOKUP(D43,'CPU (des)'!B:I,8,FALSE)","v":57.7},0.30260494954802231,75.160305588920892,174437.29843215883,4.4285217194274754E-3,0.65005606784892289]
[null,"3.3.4.1","Composição Sinapi",103324,"ALVENARIA DE VEDAÇÃO DE BLOCOS CERÂMICOS FURADOS NA VERTICAL DE 14X19X39 CM (ESPESSURA 14 CM) E ARGAMASSA DE ASSENTAMENTO COM PREPARO EM BETONEIRA. AF_12/2021","M2",1722.95,{"$f":"VLOOKUP(D44,'CPU (des)'!B:I,8,FALSE)","v":74.37},0.30260494954802231,96.874730097886427,166910.31622215343,4.2374306827148364E-3,0.65429349853163776]
[null,"2.1.4.1","Composição Sinapi",92398,"EXECUÇÃO DE PÁTIO/ESTACIONAMENTO EM PISO INTERTRAVADO, COM BLOCO RETANGULAR COR NATURAL DE 20 X 10 CM, ESPESSURA 8 CM. AF_12/2015","M2",1254.57,{"$f":"VLOOKUP(D45,'CPU (des)'!B:I,8,FALSE)","v":93.02},0.30260494954802231,121.16831240695703,152014.12969639606,3.8592541908814958E-3,0.65815275272251927]
[null,"5.4.14","Composição SICRO",4011462,"Concreto asfáltico - faixa C - areia extraída e brita produzida","T",780,{"$f":"VLOOKUP(D46,'CPU (des)'!B:I,8,FALSE)","v":149.13999999999999},0.30260494954802231,194.27050217559204,151530.99169696181,3.8469885393080882E-3,0.66199974126182737]
[null,"2.6.3.3","Composição Sinapi",95876,"TRANSPORTE COM CAMINHÃO BASCULANTE DE 14 M³, EM VIA URBANA PAVIMENTADA, DMT ATÉ 30 KM (UNIDADE: M3XKM). AF_07/2020","M3XKM",58690.23,{"$f":"VLOOKUP(D47,'CPU (des)'!B:I,8,FALSE)","v":1.98},0.30260494954802231,2.5791578001050843,151371.36449446142,3.8429360084581031E-3,0.66584267727028545]
[null,"3.3.3.2.7","Composição Sinapi",96557,"CONCRETAGEM DE BLOCOS DE COROAMENTO E VIGAS BALDRAMES, FCK 30 MPA, COM USO DE BOMBA - LANÇAMENTO, ADENSAMENTO E ACABAMENTO. AF_06/2017","M3",128.80000000000001,{"$f":"VLOOKUP(D48,'CPU (des)'!B:I,8,FALSE)","v":894.03},0.30260494954802231,1164.5679030444182,149996.34591212109,3.8080277651452274E-3,0.66965070503543067]
[null,"6.2.16","Composição Orse",8570,"Fornecimento de tubo de concreto armado ca2 d=0,60 m","M",587,{"$f":"VLOOKUP(D49,'CPU (des)'!B:I,8,FALSE)","v":190.2},0.30260494954802231,247.75546140403384,145432.45584416785,3.6921621419518554E-3,0.67334286717738256]
[null,"2.3.2.5","Composição Sinapi",101094,"PISO PODOTÁTIL, DIRECIONAL OU ALERTA, ASSENTADO SOBRE ARGAMASSA. AF_05/2020","M",586.95000000000005,{"$f":"VLOOKUP(D50,'CPU (des)'!B:I,8,FALSE)","v":189.1},0.30260494954802231,246.32259595953101,144579.04769844675,3.6704962680657606E-3,0.67701336344544838]
[null,"3.3.3.5","Composição Sinapi",96620,"LASTRO DE CONCRETO MAGRO, APLICADO EM PISOS, LAJES SOBRE SOLO OU RADIERS. AF_08/2017","M3",153.59,{"$f":"VLOOKUP(D51,'CPU (des)'!B:I,8,FALSE)","v":715.54},0.30260494954802231,932.06594559959183,143156.0085846413,3.6343689049403039E-3,0.68064773235038867]
[null,"3.3.3.6","Composição Sinapi",99841,"GUARDA-CORPO PANORÂMICO COM PERFIS DE ALUMÍNIO E VIDRO LAMINADO 8 MM, FIXADO COM CHUMBADOR MECÂNICO. AF_04/2019_P","M",61.44,{"$f":"VLOOKUP(D52,'CPU (des)'!B:I,8,FALSE)","v":1777.3},0.30260494954802231,2315.1197768317002,142240.95908853965,3.6111381131070232E-3,0.68425887046349565]
[null,"8.4.25","Composição SICRO",4208130,"Tubo PEAD para estais - D = 160 mm - fornecimento e instalação","M",132,{"$f":"VLOOKUP(D53,'CPU (des)'!B:I,8,FALSE)","v":815.95},0.30260494954802231,1062.8605085837089,140297.58713304959,3.5618008154581432E-3,0.68782067127895374]
[null,"9.6.2","Composição Sinapi",92762,"ARMAÇÃO DE PILAR OU VIGA DE ESTRUTURA CONVENCIONAL DE CONCRETO ARMADO UTILIZANDO AÇO CA-50 DE 10,0 MM - MONTAGEM. AF_06/2022","KG",7372.34,{"$f":"VLOOKUP(D54,'CPU (des)'!B:I,8,FALSE)","v":13.75},{"$f":"$K$4","v":0.30260494954802231},17.910818056285308,132044.64038907443,3.35227937575764E-3,0.6911729506547114]
[null,"3.2.3.1.9","Composição Sinapi",96557,"CONCRETAGEM DE BLOCOS DE COROAMENTO E VIGAS BALDRAMES, FCK 30 MPA, COM USO DE BOMBA - LANÇAMENTO, ADENSAMENTO E ACABAMENTO. AF_06/2017","M3",108.4,{"$f":"VLOOKUP(D55,'CPU (des)'!B:I,8,FALSE)","v":894.03},0.30260494954802231,1164.5679030444182,126239.16069001495,3.204892932777505E-3,0.69437784358748889]
[null,"3.3.3.3","Composição Sinapi",87543,"MASSA ÚNICA, PARA RECEBIMENTO DE PINTURA OU CERÂMICA, ARGAMASSA INDUSTRIALIZADA, PREPARO MECÂNICO, APLICADO COM EQUIPAMENTO DE MISTURA E PROJEÇÃO DE 1,5 M3/H EM FACES INTERNAS DE PAREDES, ESPESSURA DE 5MM, SEM EXECUÇÃO DE TALISCAS. AF_06/2014","M2",3402.5,{"$f":"VLOOKUP(D56,'CPU (des)'!B:I,8,FALSE)","v":28.47},0.30260494954802231,37.085162913632196,126182.26681363354,3.2034485411850983E-3,0.69758129212867404]
[null,"2.6.4.2","Composição Sinapi",97627,"DEMOLIÇÃO DE PILARES E VIGAS EM CONCRETO ARMADO, DE FORMA MECANIZADA COM MARTELETE, SEM REAPROVEITAMENTO. AF_12/2017","M3",456.22,{"$f":"VLOOKUP(D57,'CPU (des)'!B:I,8,FALSE)","v":210.51},0.30260494954802231,274.21136792935414,125100.71027672995,3.1759905568118246E-3,0.70075728268548587]
[null,"7.2.1","Composição Sinapi",92979,"CABO DE COBRE FLEXÍVEL ISOLADO, 10 MM², ANTI-CHAMA 450/750 V, PARA DISTRIBUIÇÃO - FORNECIMENTO E INSTALAÇÃO. AF_12/2015","M",7280,{"$f":"VLOOKUP(D58,'CPU (des)'!B:I,8,FALSE)","v":13.18},0.30260494954802231,17.168333235042933,124985.46595111255,3.173064794927041E-3,0.70393034748041294]
[null,"2.6.5.1","Composição Sinapi",97625,"DEMOLIÇÃO DE ALVENARIA PARA QUALQUER TIPO DE BLOCO, DE FORMA MECANIZADA, SEM REAPROVEITAMENTO. AF_12/2017","M3",1962.71,{"$f":"VLOOKUP(D59,'CPU (des)'!B:I,8,FALSE)","v":48.81},0.30260494954802231,63.580147587438972,124789.39147134234,3.1680869599107213E-3,0.70709843444032372]
[null,"3.3.1.8","Composição Sinapi",98458,"TAPUME COM COMPENSADO DE MADEIRA. AF_05/2018","M2",894.43,{"$f":"VLOOKUP(D60,'CPU (des)'!B:I,8,FALSE)","v":106.71},0.30260494954802231,139.00097416626946,124326.64132353639,3.1563389043134035E-3,0.71025477334463716]
[null,"2.1.3.2","Composição Sinapi",95995,"EXECUÇÃO DE PAVIMENTO COM APLICAÇÃO DE CONCRETO ASFÁLTICO, CAMADA DE ROLAMENTO - EXCLUSIVE CARGA E TRANSPORTE. AF_11/2019","M3",65.03,{"$f":"VLOOKUP(D61,'CPU (des)'!B:I,8,FALSE)","v":1414.08},0.30260494954802231,1841.9876070568673,119784.45408690808,3.0410242611040111E-3,0.71329579760574113]
[null,"2.4.2.3","Composição Sinapi",92397,"EXECUÇÃO DE PÁTIO/ESTACIONAMENTO EM PISO INTERTRAVADO, COM BLOCO RETANGULAR COR NATURAL DE 20 X 10 CM, ESPESSURA 6 CM. AF_12/2015","M2",1201.28,{"$f":"VLOOKUP(D62,'CPU (des)'!B:I,8,FALSE)","v":75.16},0.30260494954802231,97.903788008029352,117609.8624582855,2.985816880888904E-3,0.71628161448663008]
[null,"9.4.6","Composição Sinapi",89272,"GUINDASTE HIDRÁULICO AUTOPROPELIDO, COM LANÇA TELESCÓPICA 28,80 M, CAPACIDADE MÁXIMA 30 T, POTÊNCIA 97 KW, TRAÇÃO 4 X 4 - CHP DIURNO. AF_11/2014","CHP",445,{"$f":"VLOOKUP(D63,'CPU (des)'!B:I,8,FALSE)","v":197.08},0.30260494954802231,256.71738345692427,114239.2356383313,2.9002451928702593E-3,0.71918185967950032]
[null,"3.3.4.1","Composição Sinapi",103324,"ALVENARIA DE VEDAÇÃO DE BLOCOS CERÂMICOS FURADOS NA VERTICAL DE 14X19X39 CM (ESPESSURA 14 CM) E ARGAMASSA DE ASSENTAMENTO COM PREPARO EM BETONEIRA. AF_12/2021","M2",1179.0899999999999,{"$f":"VLOOKUP(D64,'CPU (des)'!B:I,8,FALSE)","v":74.37},0.30260494954802231,96.874730097886427,114224.0255111169,2.8998590462185414E-3,0.72208171872571891]
[null,"9.6.6","Composição Sinapi",99837,"GUARDA-CORPO DE AÇO GALVANIZADO DE 1,10M, MONTANTES TUBULARES DE 1.1/4\" ESPAÇADOS DE 1,20M, TRAVESSA SUPERIOR DE 1.1/2\", GRADIL FORMADO POR TUBOS HORIZONTAIS DE 1\" E VERTICAIS DE 3/4\", FIXADO COM CHUMBADOR MECÂNICO. AF_04/2019_PS","M",169,{"$f":"VLOOKUP(D65,'CPU (des)'!B:I,8,FALSE)","v":512.36},0.30260494954802231,667.40267195042475,112791.05155962179,2.8634794626970854E-3,0.72494519818841596]
[null,"9.6.3","Composição Sinapi",96557,"CONCRETAGEM DE BLOCOS DE COROAMENTO E VIGAS BALDRAMES, FCK 30 MPA, COM USO DE BOMBA - LANÇAMENTO, ADENSAMENTO E ACABAMENTO. AF_06/2017","M3",92.15,{"$f":"VLOOKUP(D66,'CPU (des)'!B:I,8,FALSE)","v":894.03},0.30260494954802231,1164.5679030444182,107314.93226554315,2.7244546471904708E-3,0.72766965283560647]
[null,"2.6.4.3","Composição Sinapi",95876,"TRANSPORTE COM CAMINHÃO BASCULANTE DE 14 M³, EM VIA URBANA PAVIMENTADA, DMT ATÉ 30 KM (UNIDADE: M3XKM). AF_07/2020","M3XKM",41040,{"$f":"VLOOKUP(D67,'CPU (des)'!B:I,8,FALSE)","v":1.98},0.30260494954802231,2.5791578001050843,105848.63611631266,2.6872290973663001E-3,0.73035688193297277]
[null,"3.2.3.1.1","Composição Sinapi",92443,"MONTAGEM E DESMONTAGEM DE FÔRMA DE PILARES RETANGULARES E ESTRUTURAS SIMILARES, PÉ-DIREITO SIMPLES, EM CHAPA DE MADEIRA COMPENSADA PLASTIFICADA, 18 UTILIZAÇÕES. AF_09/2020","M2",1664.3,{"$f":"VLOOKUP(D68,'CPU (des)'!B:I,8,FALSE)","v":48.15},0.30260494954802231,62.72042832073727,104385.60885420303,2.650086536316567E-3,0.73300696846928937]
[null,"9.3.5","Composição Sinapi",96385,"EXECUÇÃO E COMPACTAÇÃO DE ATERRO COM SOLO PREDOMINANTEMENTE ARGILOSO - EXCLUSIVE SOLO, ESCAVAÇÃO, CARGA E TRANSPORTE. AF_11/2019","M3",7366,{"$f":"VLOOKUP(D69,'CPU (des)'!B:I,8,FALSE)","v":10.58},0.30260494954802231,13.781560366218075,101514.97365756234,2.5772083707456847E-3,0.73558417684003508]
[null,"3.3.7.2","Composição Orse",12734,"Telhamento com telha em aço galvalume, dupla, trapezoidal, com preenchimento PIR 50mm, pré-pintada, TP40 - 2 x 0,43mm, Kingspan- Isoeste ou similar","M2",213.9,{"$f":"VLOOKUP(D70,'CPU (des)'!B:I,8,FALSE)","v":360.7},0.30260494954802231,469.84960530197162,100500.83057409173,2.5514618434139547E-3,0.738135638683449]
[null,"3.3.6.6","Composição Sinapi",87623,"CONTRAPISO EM ARGAMASSA PRONTA, PREPARO MECÂNICO COM MISTURADOR 300 KG, APLICADO EM ÁREAS SECAS SOBRE LAJE, ADERIDO, ACABAMENTO NÃO REFORÇADO, ESPESSURA 2CM. AF_07/2021","M2",871.2,{"$f":"VLOOKUP(D71,'CPU (des)'!B:I,8,FALSE)","v":88.22},0.30260494954802231,114.91580864912653,100114.65249511904,2.5416577589339232E-3,0.74067729644238289]
[null,"3.2.1.6","Composição Sinapi",99059,"LOCACAO CONVENCIONAL DE OBRA, UTILIZANDO GABARITO DE TÁBUAS CORRIDAS PONTALETADAS A CADA 2,00M -  2 UTILIZAÇÕES. AF_10/2018","M",1700,{"$f":"VLOOKUP(D72,'CPU (des)'!B:I,8,FALSE)","v":44.16},0.30260494954802231,57.523034572040658,97789.15877246912,2.4826193563003678E-3,0.74315991579868323]
[null,"3.3.7.13","Composição Sinapi",96562,"SUPORTE PARA ELETROCALHA LISA OU PERFURADA EM AÇO GALVANIZADO, LARGURA 200 OU 400 MM E ALTURA 50 MM, ESPAÇADO A CADA 1,5 M, EM PERFILADO DE SEÇÃO 38X76 MM, POR METRO DE ELETRECOLHA FIXADA. AF_07/2017","M",3620,{"$f":"VLOOKUP(D73,'CPU (des)'!B:I,8,FALSE)","v":20.68},0.30260494954802231,26.9378703566531,97515.090691084217,2.4756614610456046E-3,0.74563557725972884]
[null,"2.6.3.1","Composição Sinapi",97625,"DEMOLIÇÃO DE ALVENARIA PARA QUALQUER TIPO DE BLOCO, DE FORMA MECANIZADA, SEM REAPROVEITAMENTO. AF_12/2017","M3",1504.47,{"$f":"VLOOKUP(D74,'CPU (des)'!B:I,8,FALSE)","v":48.81},0.30260494954802231,63.580147587438972,{"$f":"J74*G74","v":95654.424640874306},2.4284238571041484E-3,0.74806400111683302]
[null,"7.2.6","Composição Sinapi",101659,"LUMINÁRIA DE LED PARA ILUMINAÇÃO PÚBLICA, DE 181 W ATÉ 239 W - FORNECIMENTO E INSTALAÇÃO. AF_08/2020","UN",80,{"$f":"VLOOKUP(D75,'CPU (des)'!B:I,8,FALSE)","v":906.9},0.30260494954802231,1181.3324287451014,94506.594299608114,{"$f":"K75/$K$1467","v":2.399283348496168E-3},0.75046328446532917]
[null,"8.5.4","Insumo Sinapi",760,"BOMBA SUBMERSIVEL, ELETRICA, TRIFASICA, POTENCIA 13 HP, DIAMETRO DO ROTOR 170 MM, BOCAL DE SAIDA DIAMETRO DE 3 POLEGADAS, HM/Q = 11 M / 68,40 M3/H A 72 M / 3,6 M3/H","UN",2,{"$f":"VLOOKUP(D76,'Insumos SINAPI (des)'!A:E,5,FALSE)","v":38505},{"$f":"$K$5","v":0.20311109145345707},46325.792576415362,92651.585152830725,2.3521893590221494E-3,{"$f":"L76+M75","v":0.75281547382435132}]
[null,"3.2.3.2.3","Composição Sinapi",92760,"ARMAÇÃO DE PILAR OU VIGA DE UMA ESTRUTURA CONVENCIONAL DE CONCRETO ARMADO EM UM EDIFÍCIO DE MÚLTIPLOS PAVIMENTOS UTILIZANDO AÇO CA-50 DE 6,3 MM - MONTAGEM. AF_12/2015","KG",4593.8,{"$f":"VLOOKUP(D77,'CPU (des)'!B:I,8,FALSE)","v":15.47},{"$f":"$K$4","v":0.30260494954802231},20.151298569507905,92571.035368605415,2.3501444037737984E-3,0.75516561822812511]
[null,"3.3.6.1","Composição Sinapi",92580,"TRAMA DE AÇO COMPOSTA POR TERÇAS PARA TELHADOS DE ATÉ 2 ÁGUAS PARA TELHA ONDULADA DE FIBROCIMENTO, METÁLICA, PLÁSTICA OU TERMOACÚSTICA, INCLUSO TRANSPORTE VERTICAL. AF_07/2019","M2",1285.8,{"$f":"VLOOKUP(D78,'CPU (des)'!B:I,8,FALSE)","v":55.05},0.30260494954802231,71.70840247261863,92202.663899293038,2.3407923840662605E-3,0.75750641061219137]
[null,"6.2.30","Composição SICRO",2003713,"Chaminé dos poços de visita - CPV 01 - areia extraída e brita produzida","UN",49,{"$f":"VLOOKUP(D79,'CPU (des)'!B:I,8,FALSE)","v":1418.69},0.30260494954802231,1847.9926158742837,90551.638177839908,2.2988770177282971E-3,0.75980528762991972]
[null,"2.6.1.3","Composição Sinapi",95876,"TRANSPORTE COM CAMINHÃO BASCULANTE DE 14 M³, EM VIA URBANA PAVIMENTADA, DMT ATÉ 30 KM (UNIDADE: M3XKM). AF_07/2020","M3XKM",34679.4,{"$f":"VLOOKUP(D80,'CPU (des)'!B:I,8,FALSE)","v":1.98},0.30260494954802231,2.5791578001050843,89443.645012964262,2.2707478742496315E-3,0.76207603550416936]
[null,"2.5.3","Composição Sinapi",92397,"EXECUÇÃO DE PÁTIO/ESTACIONAMENTO EM PISO INTERTRAVADO, COM BLOCO RETANGULAR COR NATURAL DE 20 X 10 CM, ESPESSURA 6 CM. AF_12/2015","M2",903.56,{"$f":"VLOOKUP(D81,'CPU (des)'!B:I,8,FALSE)","v":75.16},0.30260494954802231,97.903788008029352,88461.946692534999,2.2458250373734502E-3,0.76432186054154283]
[null,"2.2.2.1","Composição Orse",3212,"Colchão de areia","M3",507.37,{"$f":"VLOOKUP(D82,'CPU (des)'!B:I,8,FALSE)","v":132.9},0.30260494954802231,173.11619779493216,87833.965275214738,2.229882177841713E-3,0.76655174271938453]
[null,"3.3.6.3","Composição Sinapi",87543,"MASSA ÚNICA, PARA RECEBIMENTO DE PINTURA OU CERÂMICA, ARGAMASSA INDUSTRIALIZADA, PREPARO MECÂNICO, APLICADO COM EQUIPAMENTO DE MISTURA E PROJEÇÃO DE 1,5 M3/H EM FACES INTERNAS DE PAREDES, ESPESSURA DE 5MM, SEM EXECUÇÃO DE TALISCAS. AF_06/2014","M2",2358.1799999999998,{"$f":"VLOOKUP(D83,'CPU (des)'!B:I,8,FALSE)","v":28.47},0.30260494954802231,37.085162913632196,87453.489479669166,2.2202228599123809E-3,0.76877196557929695]
[null,"3.3.7.3","Insumo Orse",101010,"Telha em aço galvalume, dupla, trapezoidal, com preenchimento PIR 50mm, pré-pintada, TP40 - 2 x 0,43mm, Kingspan- Isoeste ou similar","M2",213.9,335.66,{"$f":"$K$5","v":0.20311109145345707},403.83626895726741,86380.577929959501,2.1929843498940563E-3,0.77096494992919096]
[null,"3.2.1.8","Composição Sinapi",98458,"TAPUME COM COMPENSADO DE MADEIRA. AF_05/2018","M2",610.24,{"$f":"VLOOKUP(D85,'CPU (des)'!B:I,8,FALSE)","v":106.71},{"$f":"$K$4","v":0.30260494954802231},{"$f":"H85*(1+I85)","v":139.00097416626946},84823.95447522428,2.1534656182912149E-3,0.77311841554748217]
[null,"3.3.3.4","Composição Sinapi",87791,"EMBOÇO OU MASSA ÚNICA EM ARGAMASSA INDUSTRIALIZADA, PREPARO MECÂNICO E APLICAÇÃO COM EQUIPAMENTO DE MISTURA E PROJEÇÃO DE 1,5 M3/H DE ARGAMASSA EM PANOS DE FACHADA COM PRESENÇA DE VÃOS, ESPESSURA MAIOR OU IGUAL A 50 MM. AF_06/2014","M2",411.96,{"$f":"VLOOKUP(D86,'CPU (des)'!B:I,8,FALSE)","v":157.03},0.30260494954802231,204.54805522752594,84265.616831531574,2.1392908379885452E-3,0.77525770638547076]
[null,"3.2.3.2.5","Composição Sinapi",92762,"ARMAÇÃO DE PILAR OU VIGA DE UMA ESTRUTURA CONVENCIONAL DE CONCRETO ARMADO EM UM EDIFÍCIO DE MÚLTIPLOS PAVIMENTOS UTILIZANDO AÇO CA-50 DE 10,0 MM - MONTAGEM. AF_12/2015","KG",4646.3,{"$f":"VLOOKUP(D87,'CPU (des)'!B:I,8,FALSE)","v":13.75},0.30260494954802231,17.910818056285308,83219.033934918436,2.1127207458666751E-3,0.77737042713133742]
[null,"4.5.3","Composição Sinapi",96485,"FORRO EM RÉGUAS DE PVC, LISO, PARA AMBIENTES RESIDENCIAIS, INCLUSIVE ESTRUTURA DE FIXAÇÃO. AF_05/2017_PS","M2",891,{"$f":"VLOOKUP(D88,'CPU (des)'!B:I,8,FALSE)","v":68.67},0.30260494954802231,89.449881885462688,79699.844759947257,2.0233774354840332E-3,0.7793938045668215]
[null,"6.2.11","Composição Sinapi",96624,"LASTRO COM MATERIAL GRANULAR (PEDRA BRITADA N.2), APLICADO EM PISOS OU LAJES SOBRE SOLO, ESPESSURA DE *10 CM*. AF_08/2017","M3",183.01,{"$f":"VLOOKUP(D89,'CPU (des)'!B:I,8,FALSE)","v":331.94},0.30260494954802231,432.38668695297054,79131.087579263127,2.008938129496274E-3,0.78140274269631782]
[null,"9.3.1","Composição Sinapi",100974,"CARGA, MANOBRA E DESCARGA DE SOLOS E MATERIAIS GRANULARES EM CAMINHÃO BASCULANTE 10 M³ - CARGA COM PÁ CARREGADEIRA (CAÇAMBA DE 1,7 A 2,8 M³ / 128 HP) E DESCARGA LIVRE (UNIDADE: M3). AF_07/2020","M3",7366,{"$f":"VLOOKUP(D90,'CPU (des)'!B:I,8,FALSE)","v":7.86},0.30260494954802231,10.238474903447456,75416.606138793955,1.9146368425388548E-3,0.78331737953885672]
[null,"3.3.5.11","Composição Sinapi",99841,"GUARDA-CORPO PANORÂMICO COM PERFIS DE ALUMÍNIO E VIDRO LAMINADO 8 MM, FIXADO COM CHUMBADOR MECÂNICO. AF_04/2019_PS","M",32.5,{"$f":"VLOOKUP(D91,'CPU (des)'!B:I,8,FALSE)","v":1777.3},0.30260494954802231,2315.1197768317002,75241.392747030259,1.9101886177730839E-3,0.78522756815662975]
[null,"3.3.3.1.9","Composição Sinapi",96557,"CONCRETAGEM DE BLOCOS DE COROAMENTO E VIGAS BALDRAMES, FCK 30 MPA, COM USO DE BOMBA - LANÇAMENTO, ADENSAMENTO E ACABAMENTO. AF_06/2017","M3",64.599999999999994,{"$f":"VLOOKUP(D92,'CPU (des)'!B:I,8,FALSE)","v":894.03},0.30260494954802231,1164.5679030444182,75231.086536669405,1.9099269691644535E-3,0.78713749512579423]
[null,"3.2.3.2.1","Composição Sinapi",92538,"MONTAGEM E DESMONTAGEM DE FÔRMA DE LAJE MACIÇA, PÉ-DIREITO SIMPLES, EM CHAPA DE MADEIRA COMPENSADA PLASTIFICADA, . AF_09/2020","M2",1448.6,{"$f":"VLOOKUP(D93,'CPU (des)'!B:I,8,FALSE)","v":39.33},0.30260494954802231,51.231452665723715,74213.882331567365,1.8841027276984617E-3,0.78902159785349268]
[null,"5.4.1","Composição Sinapi",100576,"REGULARIZAÇÃO E COMPACTAÇÃO DE SUBLEITO DE SOLO  PREDOMINANTEMENTE ARGILOSO. AF_11/2019","M2",24888,{"$f":"VLOOKUP(D94,'CPU (des)'!B:I,8,FALSE)","v":2.27},0.30260494954802231,2.9569132354740106,73591.656604477175,1.8683059905810434E-3,0.79088990384407376]
[null,"2.6.1.2","Composição Sinapi",97627,"DEMOLIÇÃO DE PILARES E VIGAS EM CONCRETO ARMADO, DE FORMA MECANIZADA COM MARTELETE, SEM REAPROVEITAMENTO. AF_12/2017","M3",266.76,{"$f":"VLOOKUP(D95,'CPU (des)'!B:I,8,FALSE)","v":210.51},0.30260494954802231,274.21136792935414,73148.624508834502,1.8570585264458424E-3,0.79274696237051956]
[null,"2.2.2.4","Composição Sinapi",101167,"EXECUÇÃO DE PAVIMENTO EM PARALELEPÍPEDOS, REJUNTAMENTO COM PÓ DE PEDRA. AF_05/2020","M2",180.39,{"$f":"VLOOKUP(D96,'CPU (des)'!B:I,8,FALSE)","v":307.08999999999997},0.30260494954802231,400.01695395670214,72159.05832424949,1.8319359444027019E-3,0.79457889831492223]
[null,"3.2.3.1.6","Composição Sinapi",92761,"ARMAÇÃO DE PILAR OU VIGA DE UMA ESTRUTURA CONVENCIONAL DE CONCRETO ARMADO EM UM EDIFÍCIO DE MÚLTIPLOS PAVIMENTOS UTILIZANDO AÇO CA-50 DE 8,0 MM - MONTAGEM. AF_12/2015","KG",3623.6,{"$f":"VLOOKUP(D97,'CPU (des)'!B:I,8,FALSE)","v":15.09},0.30260494954802231,19.656308688679655,71226.600164299598,1.8082631906343816E-3,0.79638716150555666]
[null,"3.3.6.2","Composição Sinapi",93391,"REVESTIMENTO CERÂMICO PARA PISO COM PLACAS TIPO ESMALTADA PADRÃO POPULAR DE DIMENSÕES 35X35 CM APLICADA EM AMBIENTES DE ÁREA MAIOR QUE 10 M2. AF_06/2014","M2",943.14,{"$f":"VLOOKUP(D98,'CPU (des)'!B:I,8,FALSE)","v":57.7},0.30260494954802231,75.160305588920892,70886.690613134851,1.799633747026257E-3,0.79818679525258296]
[null,"3.3.3.2.5","Composição Sinapi",92762,"ARMAÇÃO DE PILAR OU VIGA DE UMA ESTRUTURA CONVENCIONAL DE CONCRETO ARMADO EM UM EDIFÍCIO DE MÚLTIPLOS PAVIMENTOS UTILIZANDO AÇO CA-50 DE 10,0 MM - MONTAGEM. AF_12/2015","KG",3952.3,{"$f":"VLOOKUP(D99,'CPU (des)'!B:I,8,FALSE)","v":13.75},0.30260494954802231,17.910818056285308,70788.926203856419,1.7971517559969995E-3,0.79998394700858]
[null,"3.3.8.1.17","Composição Orse",1527,"Tubo pvc rígido soldável ponta e bolsa p/ esgoto predial, d = 100 mm","M",70.73,{"$f":"VLOOKUP(D100,'CPU (des)'!B:I,8,FALSE)","v":740.72},0.30260494954802231,964.8655382292111,68244.939518952102,1.7325663697906508E-3,0.80171651337837069]
[null,"3.3.7.75","Insumo Sinapi",980,"CABO DE COBRE, FLEXIVEL, CLASSE 4 OU 5, ISOLACAO EM PVC/A, ANTICHAMA BWF-B, 1 CONDUTOR, 450/750 V, SECAO NOMINAL 10 MM2","M",4573.5,{"$f":"VLOOKUP(D101,'Insumos SINAPI (des)'!A:E,5,FALSE)","v":12.36},{"$f":"$K$5","v":0.20311109145345707},14.870453090364729,68010.017208783087,1.72660228663692E-3,0.80344311566500759]
[null,"9.3.3","Composição Sinapi",102716,"ENCHIMENTO DE AREIA PARA DRENO, LANÇAMENTO MECANIZADO. AF_07/2021","M3",375.15,{"$f":"VLOOKUP(D102,'CPU (des)'!B:I,8,FALSE)","v":136.25},{"$f":"$K$4","v":0.30260494954802231},177.47992437591805,66581.593629625655,1.6903382255576823E-3,0.80513345389056523]
[null,"6.2.27","Composição SICRO",2003679,"Poço de visita - PVI 02 - areia extraída e brita produzida","UN",27,{"$f":"VLOOKUP(D103,'CPU (des)'!B:I,8,FALSE)","v":1841.72},0.30260494954802231,2399.0335876815839,64773.906867402766,1.6444456317123413E-3,0.80677789952227752]
[null,"6.2.18","Composição Orse",2672,"Fornecimento e assentamento de tubo de concreto armado ca1 d=0,80 m","M",114,{"$f":"VLOOKUP(D104,'CPU (des)'!B:I,8,FALSE)","v":414.24},0.30260494954802231,539.59107430077279,61513.382470288096,1.5616691656748262E-3,0.80833956868795231]
[null,"2.5.4","Composição Sinapi",96398,"EXECUÇÃO E COMPACTAÇÃO DE BASE E OU SUB BASE PARA PAVIMENTAÇÃO DE CONCRETO COMPACTADO COM ROLO - EXCLUSIVE CARGA E TRANSPORTE. AF_11/2019","M3",75.930000000000007,{"$f":"VLOOKUP(D105,'CPU (des)'!B:I,8,FALSE)","v":619.37},0.30260494954802231,806.7944276015586,61259.900887786353,1.5552339095474196E-3,0.80989480259749969]
[null,"3.2.2.2.4","Composição Sinapi",96557,"CONCRETAGEM DE BLOCOS DE COROAMENTO E VIGAS BALDRAMES, FCK 30 MPA, COM USO DE BOMBA - LANÇAMENTO, ADENSAMENTO E ACABAMENTO. AF_06/2017","M3",52.4,{"$f":"VLOOKUP(D106,'CPU (des)'!B:I,8,FALSE)","v":894.03},0.30260494954802231,1164.5679030444182,61023.358119527511,1.5492286870621883E-3,0.81144403128456188]
[null,"2.6.7.2","Composição Sinapi",97627,"DEMOLIÇÃO DE PILARES E VIGAS EM CONCRETO ARMADO, DE FORMA MECANIZADA COM MARTELETE, SEM REAPROVEITAMENTO. AF_12/2017","M3",220.8,{"$f":"VLOOKUP(D107,'CPU (des)'!B:I,8,FALSE)","v":210.51},0.30260494954802231,274.21136792935414,60545.870038801397,1.5371064726317366E-3,0.81298113775719361]
[null,"3.3.5.6","Composição Sinapi",101965,"PEITORIL LINEAR EM GRANITO OU MÁRMORE, L = 15CM, COMPRIMENTO DE ATÉ 2M, ASSENTADO COM ARGAMASSA 1:6 COM ADITIVO. AF_11/2020","M",329.86,{"$f":"VLOOKUP(D108,'CPU (des)'!B:I,8,FALSE)","v":140.37},0.30260494954802231,182.84665676805591,60313.798201510923,1.5312147557733262E-3,0.81451235251296694]
[null,"2.3.2.2","Composição Orse",3212,"Colchão de areia","M3",348.31,{"$f":"VLOOKUP(D109,'CPU (des)'!B:I,8,FALSE)","v":132.9},0.30260494954802231,173.11619779493216,60298.10285395282,1.5308162906045822E-3,0.81604316880357153]
[null,"5.4.9","Composição SICRO",4011219,"Base de solo estabilizado granulometricamente sem mistura com material de jazida","M3",3532,{"$f":"VLOOKUP(D110,'CPU (des)'!B:I,8,FALSE)","v":13.07},0.30260494954802231,17.025046690592653,60132.464911173251,1.5266111622647513E-3,0.81756977996583624]
[null,"2.2.2.6","Composição Sinapi",101094,"PISO PODOTÁTIL, DIRECIONAL OU ALERTA, ASSENTADO SOBRE ARGAMASSA. AF_05/2020","M",243.79,{"$f":"VLOOKUP(D111,'CPU (des)'!B:I,8,FALSE)","v":189.1},0.30260494954802231,246.32259595953101,60050.985668974063,1.5245426104297669E-3,0.81909432257626602]
[null,"6.2.14","Composição Sinapi",95571,"TUBO DE CONCRETO (SIMPLES) PARA REDES COLETORAS DE ÁGUAS PLUVIAIS, DIÂMETRO DE 400 MM, JUNTA RÍGIDA, INSTALADO EM LOCAL COM ALTO NÍVEL DE INTERFERÊNCIAS - FORNECIMENTO E ASSENTAMENTO. AF_12/2015","M",361,{"$f":"VLOOKUP(D112,'CPU (des)'!B:I,8,FALSE)","v":125.75},0.30260494954802231,163.8025724056638,59132.728638444627,1.5012303874117172E-3,0.8205955529636777]
[null,"2.6.4.1","Composição Sinapi",97625,"DEMOLIÇÃO DE ALVENARIA PARA QUALQUER TIPO DE BLOCO, DE FORMA MECANIZADA, SEM REAPROVEITAMENTO. AF_12/2017","M3",912,{"$f":"VLOOKUP(D113,'CPU (des)'!B:I,8,FALSE)","v":48.81},0.30260494954802231,63.580147587438972,57985.094599744341,1.4720948624292829E-3,0.82206764782610697]
[null,"3.2.2.3.4","Composição Sinapi",96557,"CONCRETAGEM DE BLOCOS DE COROAMENTO E VIGAS BALDRAMES, FCK 30 MPA, COM USO DE BOMBA - LANÇAMENTO, ADENSAMENTO E ACABAMENTO. AF_06/2017","M3",49.5,{"$f":"VLOOKUP(D114,'CPU (des)'!B:I,8,FALSE)","v":894.03},0.30260494954802231,1164.5679030444182,57646.111200698702,1.4634889314805025E-3,0.82353113675758749]
[null,"3.2.2.3.3","Composição Sinapi",96536,"FABRICAÇÃO, MONTAGEM E DESMONTAGEM DE FÔRMA PARA VIGA BALDRAME, EM MADEIRA SERRADA, E=25 MM, 4 UTILIZAÇÕES. AF_06/2017","M2",774.6,{"$f":"VLOOKUP(D115,'CPU (des)'!B:I,8,FALSE)","v":56.87},0.30260494954802231,74.07914348079602,57381.7045402246,1.4567763152614074E-3,0.82498791307284891]
[null,"2.6.1.1","Composição Sinapi",97625,"DEMOLIÇÃO DE ALVENARIA PARA QUALQUER TIPO DE BLOCO, DE FORMA MECANIZADA, SEM REAPROVEITAMENTO. AF_12/2017","M3",889.22,{"$f":"VLOOKUP(D116,'CPU (des)'!B:I,8,FALSE)","v":48.81},0.30260494954802231,63.580147587438972,56536.738837702484,1.4353247736506216E-3,0.82642323784649951]
[null,"6.2.21","Composição Orse",5425,"Fornecimento de tubo de ferro fundido, junta elástica, ponta / bolsa, classe k 7, diam. =  600mm","M",18,{"$f":"VLOOKUP(D117,'CPU (des)'!B:I,8,FALSE)","v":2406.52},0.30260494954802231,3134.7448631863067,56425.407537353523,1.4324983535783159E-3,0.8278557362000778]
[null,"3.3.3.1","Composição Sinapi",88650,"RODAPÉ CERÂMICO DE 7CM DE ALTURA COM PLACAS TIPO ESMALTADA EXTRA DE DIMENSÕES 60X60CM. AF_06/2014","M",2051.54,{"$f":"VLOOKUP(D118,'CPU (des)'!B:I,8,FALSE)","v":20.9},0.30260494954802231,27.224443445553664,55852.034706291161,1.4179418679040273E-3,0.8292736780679818]
[null,"3.3.11.2","Composição Sinapi",100754,"PINTURA COM TINTA ACRÍLICA DE ACABAMENTO APLICADA A ROLO OU PINCEL (EXCETO PERFIL) EXECUTADO EM OBRA (02 DEMÃOS). AF_01/2020","M2",1888,{"$f":"VLOOKUP(D119,'CPU (des)'!B:I,8,FALSE)","v":22.26},0.30260494954802231,28.995986176938978,54744.421902060792,1.3898223808199172E-3,0.83066350044880177]
[null,"2.4.2.5","Composição Sinapi",101094,"PISO PODOTÁTIL, DIRECIONAL OU ALERTA, ASSENTADO SOBRE ARGAMASSA. AF_05/2020","M",213.08,{"$f":"VLOOKUP(D120,'CPU (des)'!B:I,8,FALSE)","v":189.1},0.30260494954802231,246.32259595953101,52486.418747056872,1.3324973929626923E-3,0.83199599784176448]
[null,"7.2.7","Composição Orse",799,"Poste em tubo de aço galvanizado, pesado, d=2\" (50mm), altura útil=2,50m, altura total=3,20m","UN",80,{"$f":"VLOOKUP(D121,'CPU (des)'!B:I,8,FALSE)","v":500.88},0.30260494954802231,652.44876712961343,52195.901370369073,1.3251218917132656E-3,0.83332111973347778]
[null,"2.5.7","Composição Sinapi",101094,"PISO PODOTÁTIL, DIRECIONAL OU ALERTA, ASSENTADO SOBRE ARGAMASSA. AF_05/2020","M",209.97,{"$f":"VLOOKUP(D122,'CPU (des)'!B:I,8,FALSE)","v":189.1},0.30260494954802231,246.32259595953101,51720.355473622723,1.3130489844207643E-3,0.83463416871789853]
[null,"2.2.5.1","Composição Própria",10000,"Playgound e Academia ","unid",1,{"$f":"'Cotação Playground'!K16","v":42638.333333333328},{"$f":"$K$5","v":0.20311109145345707},51298.651754422979,51298.651754422979,1.3023429938073766E-3,0.83593651171170591]
[null,"2.6.7.3","Composição Sinapi",95876,"TRANSPORTE COM CAMINHÃO BASCULANTE DE 14 M³, EM VIA URBANA PAVIMENTADA, DMT ATÉ 30 KM (UNIDADE: M3XKM). AF_07/2020","M3XKM",19872.3,{"$f":"VLOOKUP(D124,'CPU (des)'!B:I,8,FALSE)","v":1.98},{"$f":"$K$4","v":0.30260494954802231},2.5791578001050843,51253.797551028263,1.3012042590543939E-3,0.83723771597076035]
[null,"3.3.3.2.3","Composição Sinapi",92760,"ARMAÇÃO DE PILAR OU VIGA DE UMA ESTRUTURA CONVENCIONAL DE CONCRETO ARMADO EM UM EDIFÍCIO DE MÚLTIPLOS PAVIMENTOS UTILIZANDO AÇO CA-50 DE 6,3 MM - MONTAGEM. AF_12/2015","KG",2496.4,{"$f":"VLOOKUP(D125,'CPU (des)'!B:I,8,FALSE)","v":15.47},0.30260494954802231,20.151298569507905,50305.701748919535,1.2771345051114352E-3,0.83851485047587182]
[null,"3.3.8.4.2","Composição Sinapi",100754,"PINTURA COM TINTA ACRÍLICA DE ACABAMENTO APLICADA A ROLO OU PINCEL (EXCETO PERFIL) EXECUTADO EM OBRA (02 DEMÃOS). AF_01/2020","M2",1722.95,{"$f":"VLOOKUP(D126,'CPU (des)'!B:I,8,FALSE)","v":22.26},0.30260494954802231,28.995986176938978,49958.634383557015,1.268323342708515E-3,0.83978317381858036]
[null,"3.3.7.36","Composição Sinapi",102107,"TRANSFORMADOR DE DISTRIBUIÇÃO, 225 KVA, TRIFÁSICO, 60 HZ, CLASSE 15 KV, IMERSO EM ÓLEO MINERAL, INSTALAÇÃO EM POSTE (NÃO INCLUSO SUPORTE) - FORNECIMENTO E INSTALAÇÃO. AF_12/2020","UN",1,{"$f":"VLOOKUP(D127,'CPU (des)'!B:I,8,FALSE)","v":37685.35},0.30260494954802231,49089.123435449561,49089.123435449561,1.2462486594063576E-3,0.84102942247798673]
[null,"6.2.19","Composição Orse",2678,"Fornecimento e assentamento de tubo de concreto armado ca2 d=1,00 m","M",68,{"$f":"VLOOKUP(D128,'CPU (des)'!B:I,8,FALSE)","v":550.69000000000005},0.30260494954802231,717.33151966660046,48778.543337328832,1.2383638164139945E-3,0.84226778629440069]
[null,"3.3.3.1.1","Composição Sinapi",92443,"MONTAGEM E DESMONTAGEM DE FÔRMA DE PILARES RETANGULARES E ESTRUTURAS SIMILARES, PÉ-DIREITO SIMPLES, EM CHAPA DE MADEIRA COMPENSADA PLASTIFICADA, 18 UTILIZAÇÕES. AF_09/2020","M2",774.5,{"$f":"VLOOKUP(D129,'CPU (des)'!B:I,8,FALSE)","v":48.15},0.30260494954802231,62.72042832073727,48576.971734411018,1.2332464233474622E-3,0.84350103271774812]
[null,"6.2.24","Composição SICRO",2003625,"Boca de lobo simples - grelha de concreto - BLSG 01 - areia extraída e brita produzida","UN",46,{"$f":"VLOOKUP(D130,'CPU (des)'!B:I,8,FALSE)","v":807.68},0.30260494954802231,1052.0879656509467,48396.046419943545,1.2286531873141428E-3,0.84472968590506226]
[null,"3.2.3.1.5","Composição Sinapi",92759,"ARMAÇÃO DE PILAR OU VIGA DE UMA ESTRUTURA CONVENCIONAL DE CONCRETO ARMADO EM UM EDIFÍCIO DE MÚLTIPLOS PAVIMENTOS UTILIZANDO AÇO CA-60 DE 5,0 MM - MONTAGEM. AF_12/2015","KG",2378,{"$f":"VLOOKUP(D131,'CPU (des)'!B:I,8,FALSE)","v":15.54},0.30260494954802231,20.242480915976266,48136.619618191558,1.2220669971100618E-3,0.84595175290217228]
[null,"3.3.5.5","Composição Sinapi",98689,"SOLEIRA EM GRANITO, LARGURA 15 CM, ESPESSURA 2,0 CM. AF_09/2020","M",294.66000000000003,{"$f":"VLOOKUP(D132,'CPU (des)'!B:I,8,FALSE)","v":125.31},0.30260494954802231,163.22942622786269,48097.182732302026,1.2210657943439211E-3,0.84717281869651617]
[null,"2.1.3.6","Composição Sinapi",101094,"PISO PODOTÁTIL, DIRECIONAL OU ALERTA, ASSENTADO SOBRE ARGAMASSA. AF_05/2020","M",194.88,{"$f":"VLOOKUP(D133,'CPU (des)'!B:I,8,FALSE)","v":189.1},0.30260494954802231,246.32259595953101,48003.347500593401,1.2186835551932112E-3,0.84839150225170934]
[null,"3.2.3.1.7","Composição Sinapi",92762,"ARMAÇÃO DE PILAR OU VIGA DE UMA ESTRUTURA CONVENCIONAL DE CONCRETO ARMADO EM UM EDIFÍCIO DE MÚLTIPLOS PAVIMENTOS UTILIZANDO AÇO CA-50 DE 10,0 MM - MONTAGEM. AF_12/2015","KG",2607.9,{"$f":"VLOOKUP(D134,'CPU (des)'!B:I,8,FALSE)","v":13.75},0.30260494954802231,17.910818056285308,46709.622408986455,1.1858391479555132E-3,0.8495773413996649]
[null,"3.7.4.12","Composição Sinapi",96557,"CONCRETAGEM DE BLOCOS DE COROAMENTO E VIGAS BALDRAMES, FCK 30 MPA, COM USO DE BOMBA - LANÇAMENTO, ADENSAMENTO E ACABAMENTO. AF_06/2017","M3",39.9,{"$f":"VLOOKUP(D135,'CPU (des)'!B:I,8,FALSE)","v":894.03},0.30260494954802231,1164.5679030444182,46466.259331472284,1.1796607750721626E-3,0.85075700217473704]
[null,"9.4.5","Composição Sinapi",100945,"TRANSPORTE COM CAMINHÃO CARROCERIA 9T, EM VIA URBANA EM LEITO NATURAL (UNIDADE: TXKM). AF_07/2020","TXKM",13680,{"$f":"VLOOKUP(D136,'CPU (des)'!B:I,8,FALSE)","v":2.59},0.30260494954802231,3.3737468193293774,46152.856488425881,1.1717042697270566E-3,0.85192870644446406]
[null,"9.6.1","Composição Sinapi",96530,"FABRICAÇÃO, MONTAGEM E DESMONTAGEM DE FÔRMA PARA VIGA BALDRAME, EM MADEIRA SERRADA, E=25 MM, 1 UTILIZAÇÃO. AF_06/2017","M2",263.3,{"$f":"VLOOKUP(D137,'CPU (des)'!B:I,8,FALSE)","v":133.52000000000001},0.30260494954802231,173.92381286365196,45794.13992699956,1.1625973637059649E-3,0.85309130380817]
[null,"3.3.3.2.1","Composição Sinapi",92538,"MONTAGEM E DESMONTAGEM DE FÔRMA DE LAJE MACIÇA, PÉ-DIREITO SIMPLES, EM CHAPA DE MADEIRA COMPENSADA PLASTIFICADA, . AF_09/2020","M2",878.6,{"$f":"VLOOKUP(D138,'CPU (des)'!B:I,8,FALSE)","v":39.33},0.30260494954802231,51.231452665723715,{"$f":"J138*G138","v":45011.954312104855},1.1427396497003096E-3,0.85423404345787035]
[null,"6.2.2","Composição Sinapi",93361,"REATERRO MECANIZADO DE VALA COM ESCAVADEIRA HIDRÁULICA (CAPACIDADE DA CAÇAMBA: 0,8 M³ / POTÊNCIA: 111 HP), LARGURA ATÉ 1,5 M, PROFUNDIDADE DE 1,5 A 3,0 M, COM SOLO DE 1ª CATEGORIA EM LOCAIS COM ALTO NÍVEL DE INTERFERÊNCIA. AF_04/2016","M3",2091.7600000000002,{"$f":"VLOOKUP(D139,'CPU (des)'!B:I,8,FALSE)","v":16.23},0.30260494954802231,21.141278331164404,44222.480361996459,{"$f":"K139/$K$1467","v":1.1226969033014541E-3},0.85535674036117182]
[null,"5.3.1","Composição Sinapi",101144,"ESCAVAÇÃO HORIZONTAL, INCLUINDO CARGA, DESCARGA E TRANSPORTE EM SOLO DE 1A CATEGORIA COM TRATOR DE ESTEIRAS (100HP/LÂMINA: 2,19M3) E CAMINHÃO BASCULANTE DE 14M3, DMT ATÉ 200M. AF_07/2020","M3",2385,{"$f":"VLOOKUP(D140,'CPU (des)'!B:I,8,FALSE)","v":13.96},0.30260494954802231,18.184365095690392,43369.710753221589,1.101047240253067E-3,{"$f":"L140+M139","v":0.85645778760142488}]
[null,"3.4.5.1","Composição Sinapi",98546,"IMPERMEABILIZAÇÃO DE SUPERFÍCIE COM MANTA ASFÁLTICA, UMA CAMADA, INCLUSIVE APLICAÇÃO DE PRIMER ASFÁLTICO, E=3MM. AF_06/2018","M2",189.51,{"$f":"VLOOKUP(D141,'CPU (des)'!B:I,8,FALSE)","v":172.91},0.30260494954802231,225.23342182634852,42683.985770311308,1.0836384176694425E-3,0.85754142601909433]
[null,"3.7.4.7","Composição Sinapi",92482,"MONTAGEM E DESMONTAGEM DE FÔRMA DE LAJE MACIÇA, PÉ-DIREITO SIMPLES, EM MADEIRA SERRADA, 1 UTILIZAÇÃO. AF_09/2020","M2",147.69999999999999,{"$f":"VLOOKUP(D142,'CPU (des)'!B:I,8,FALSE)","v":220.36},0.30260494954802231,287.0420266824022,42396.107340990799,1.0763299126177184E-3,0.85861775593171208]
[null,"3.7.5.1","Composição Sinapi",98546,"IMPERMEABILIZAÇÃO DE SUPERFÍCIE COM MANTA ASFÁLTICA, UMA CAMADA, INCLUSIVE APLICAÇÃO DE PRIMER ASFÁLTICO, E=3MM. AF_06/2018","M2",186.12,{"$f":"VLOOKUP(D143,'CPU (des)'!B:I,8,FALSE)","v":172.91},0.30260494954802231,225.23342182634852,41920.444470319984,1.0642540356531932E-3,0.85968200996736532]
[null,"3.3.5.4","Composição Sinapi",102220,"PINTURA TINTA DE ACABAMENTO (PIGMENTADA) ESMALTE SINTÉTICO BRILHANTE EM MADEIRA, 2 DEMÃOS. AF_01/2021","M2",2633.94,{"$f":"VLOOKUP(D144,'CPU (des)'!B:I,8,FALSE)","v":12.11},0.30260494954802231,15.774545939026549,41549.207530639585,1.0548292689020167E-3,0.86073683923626731]
[null,"7.2.8","Composição Orse",8386,"Luminária c/02 pétalas, c/ alojam. p/ equip., em ch. de alum., pintado c/ epoxi preto, refletor em ch. alumínio de alto brilho, difusor em vidro temp., incl. suporte p/fixação em poste reto c/02 braços, ref. CW-580D/5-AL, Tecnolux ou similar,completa","UN",16,{"$f":"VLOOKUP(D145,'CPU (des)'!B:I,8,FALSE)","v":1945.35},0.30260494954802231,2534.0225386032453,40544.360617651924,1.0293187478215946E-3,0.86176615798408895]
[null,"10.4.2","Composição Sinapi",99837,"GUARDA-CORPO DE AÇO GALVANIZADO DE 1,10M, MONTANTES TUBULARES DE 1.1/4\" ESPAÇADOS DE 1,20M, TRAVESSA SUPERIOR DE 1.1/2\", GRADIL FORMADO POR TUBOS HORIZONTAIS DE 1\" E VERTICAIS DE 3/4\", FIXADO COM CHUMBADOR MECÂNICO. AF_04/2019_P","M",60,{"$f":"VLOOKUP(D146,'CPU (des)'!B:I,8,FALSE)","v":512.36},0.30260494954802231,667.40267195042475,40044.160317025482,1.0166199275847638E-3,0.86278277791167368]
[null,"3.9.5.1","Composição Sinapi",98546,"IMPERMEABILIZAÇÃO DE SUPERFÍCIE COM MANTA ASFÁLTICA, UMA CAMADA, INCLUSIVE APLICAÇÃO DE PRIMER ASFÁLTICO, E=3MM. AF_06/2018","M2",174,{"$f":"VLOOKUP(D147,'CPU (des)'!B:I,8,FALSE)","v":172.91},0.30260494954802231,225.23342182634852,39190.615397784641,9.9495058136500961E-4,0.86377772849303869]
[null,"2.4.2.4","Composição Sinapi",94991,"EXECUÇÃO DE PASSEIO (CALÇADA) OU PISO DE CONCRETO COM CONCRETO MOLDADO IN LOCO, USINADO, ACABAMENTO CONVENCIONAL, NÃO ARMADO. AF_07/2016","M3",32.06,{"$f":"VLOOKUP(D148,'CPU (des)'!B:I,8,FALSE)","v":912.21},0.30260494954802231,1188.2492610272016,38095.271308532087,9.671425659170522E-4,0.8647448710589557]
[null,"3.3.3.1.7","Composição Sinapi",92762,"ARMAÇÃO DE PILAR OU VIGA DE UMA ESTRUTURA CONVENCIONAL DE CONCRETO ARMADO EM UM EDIFÍCIO DE MÚLTIPLOS PAVIMENTOS UTILIZANDO AÇO CA-50 DE 10,0 MM - MONTAGEM. AF_12/2015","KG",2101.6,{"$f":"VLOOKUP(D149,'CPU (des)'!B:I,8,FALSE)","v":13.75},0.30260494954802231,{"$f":"H149*(1+I149)","v":17.910818056285308},37641.3752270892,9.5561929266586398E-4,0.86570049035162155]
[null,"5.2.10","Composição Sinapi",93590,"TRANSPORTE COM CAMINHÃO BASCULANTE DE 10 M³, EM VIA URBANA PAVIMENTADA, ADICIONAL PARA DMT EXCEDENTE A 30 KM (UNIDADE: M3XKM). AF_07/2020","M3XKM",31299.13,{"$f":"VLOOKUP(D150,'CPU (des)'!B:I,8,FALSE)","v":0.91},0.30260494954802231,1.1853705040887004,37101.065505637765,9.4190219570224596E-4,0.86664239254732378]
[null,"5.5.1","Composição Sinapi",102509,"PINTURA DE FAIXA DE PEDESTRE OU ZEBRADA TINTA RETRORREFLETIVA A BASE DE RESINA ACRÍLICA COM MICROESFERAS DE VIDRO, E = 30 CM, APLICAÇÃO MANUAL. AF_05/2021","M2",1187,{"$f":"VLOOKUP(D151,'CPU (des)'!B:I,8,FALSE)","v":23.97},0.30260494954802231,31.223440640666094,37062.224040470654,9.4091610916196492E-4,0.8675833086564857]
[null,"5.4.10","Composição Sinapi",100974,"CARGA, MANOBRA E DESCARGA DE SOLOS E MATERIAIS GRANULARES EM CAMINHÃO BASCULANTE 10 M³ - CARGA COM PÁ CARREGADEIRA (CAÇAMBA DE 1,7 A 2,8 M³ / 128 HP) E DESCARGA LIVRE (UNIDADE: M3). AF_07/2020","M3",3532,{"$f":"VLOOKUP(D152,'CPU (des)'!B:I,8,FALSE)","v":7.86},0.30260494954802231,10.238474903447456,36162.293358976414,9.1806914578431104E-4,0.86850137780226999]
[null,"7.2.4","Composição Sinapi",91856,"ELETRODUTO FLEXÍVEL CORRUGADO, PVC, DN 32 MM (1\"), PARA CIRCUITOS TERMINAIS, INSTALADO EM PAREDE - FORNECIMENTO E INSTALAÇÃO. AF_12/2015","M",2400,{"$f":"VLOOKUP(D153,'CPU (des)'!B:I,8,FALSE)","v":11.44},0.30260494954802231,14.901800622829375,35764.3214947905,9.0796564693338268E-4,0.8694093434492034]
[null,"5.4.6","Composição SICRO",4011227,"Sub-base de solo estabilizado granulometricamente sem mistura com material de jazida","M3",2185,{"$f":"VLOOKUP(D154,'CPU (des)'!B:I,8,FALSE)","v":12.32},0.30260494954802231,16.048092978431637,35065.083157873123,8.9021375447731336E-4,0.87029955720368068]
[null,"7.2.9","Composição Sinapi",101658,"LUMINÁRIA DE LED PARA ILUMINAÇÃO PÚBLICA, DE 138 W ATÉ 180 W - FORNECIMENTO E INSTALAÇÃO. AF_08/2020","UN",34,{"$f":"VLOOKUP(D155,'CPU (des)'!B:I,8,FALSE)","v":790.66},0.30260494954802231,1029.9176294096392,35017.199399927733,8.889981069983917E-4,0.87118855531067907]
[null,"2.5.5","Composição Sinapi",95995,"EXECUÇÃO DE PAVIMENTO COM APLICAÇÃO DE CONCRETO ASFÁLTICO, CAMADA DE ROLAMENTO - EXCLUSIVE CARGA E TRANSPORTE. AF_11/2019","M3",18.98,{"$f":"VLOOKUP(D156,'CPU (des)'!B:I,8,FALSE)","v":1414.08},{"$f":"$K$4","v":0.30260494954802231},1841.9876070568673,34960.924781939342,8.8756943680999741E-4,0.87207612474748908]
[null,"3.3.7.26","Composição Orse",12474,"Módulo para 36 medidores em chapa galvanizada 12,5mm, com barramento para 200A, pintado eletrostaticamente na cor bege","UN",4,{"$f":"VLOOKUP(D157,'CPU (des)'!B:I,8,FALSE)","v":6679.14},0.30260494954802231,8700.2808227241785,34801.123290896714,8.8351248121483603E-4,0.87295963722870396]
[null,"4.9.3","Composição Sinapi",102491,"PINTURA DE PISO COM TINTA ACRÍLICA, APLICAÇÃO MANUAL, 2 DEMÃOS, INCLUSO FUNDO PREPARADOR. AF_05/2021","M2",1923.21,{"$f":"VLOOKUP(D158,'CPU (des)'!B:I,8,FALSE)","v":13.83},0.30260494954802231,18.015026452249149,34646.679023230085,8.7959153196860164E-4,0.87383922876067255]
[null,"2.2.4.1","Composição Sinapi",103685,"CONCRETAGEM DE MURETAS, FCK=25 MPA, COM USO DE BOMBA - LANÇAMENTO, ADENSAMENTO E ACABAMENTO. AF_02/2022","M3",31.16,{"$f":"VLOOKUP(D159,'CPU (des)'!B:I,8,FALSE)","v":851.35},0.30260494954802231,1108.9727237977088,34555.590073536609,8.7727901397077052E-4,0.87471650777464327]
[null,"3.2.3.2.2","Composição Sinapi",92759,"ARMAÇÃO DE PILAR OU VIGA DE UMA ESTRUTURA CONVENCIONAL DE CONCRETO ARMADO EM UM EDIFÍCIO DE MÚLTIPLOS PAVIMENTOS UTILIZANDO AÇO CA-60 DE 5,0 MM - MONTAGEM. AF_12/2015","KG",1699.1,{"$f":"VLOOKUP(D160,'CPU (des)'!B:I,8,FALSE)","v":15.54},0.30260494954802231,20.242480915976266,34393.999324335273,8.7317663363738684E-4,0.87558968440828067]
[null,"2.1.2.2","Composição Orse",3212,"Colchão de areia","M3",197.95,{"$f":"VLOOKUP(D161,'CPU (des)'!B:I,8,FALSE)","v":132.9},0.30260494954802231,173.11619779493216,34268.35135350682,8.6998674951961489E-4,0.87645967115780032]
[null,"5.5.3","Composição SICRO",5213472,"Placa de marco quilométrico em aço - 0,60 x 0,865 m - película retrorrefletiva tipo I + I - fornecimento e implantação","UN",83,{"$f":"VLOOKUP(D162,'CPU (des)'!B:I,8,FALSE)","v":307.89999999999998},0.30260494954802231,401.07206396583604,33288.981309164388,8.4512302168325483E-4,0.87730479417948359]
[null,"3.2.2.3.1","Composição Sinapi",96523,"ESCAVAÇÃO MANUAL PARA BLOCO DE COROAMENTO OU SAPATA, COM PREVISÃO DE FÔRMA. AF_06/2017","M3",357.16,{"$f":"VLOOKUP(D163,'CPU (des)'!B:I,8,FALSE)","v":71.430000000000007},0.30260494954802231,93.04507154621524,33231.977753446241,8.4367584560995316E-4,0.87814847002509355]
[null,"3.4.4.11","Composição Sinapi",96557,"CONCRETAGEM DE BLOCOS DE COROAMENTO E VIGAS BALDRAMES, FCK 30 MPA, COM USO DE BOMBA - LANÇAMENTO, ADENSAMENTO E ACABAMENTO. AF_06/2017","M3",28.2,{"$f":"VLOOKUP(D164,'CPU (des)'!B:I,8,FALSE)","v":894.03},0.30260494954802231,1164.5679030444182,32840.814865852597,8.3374520944949843E-4,0.87898221523454301]
[null,"3.9.3.11","Composição Sinapi",96557,"CONCRETAGEM DE BLOCOS DE COROAMENTO E VIGAS BALDRAMES, FCK 30 MPA, COM USO DE BOMBA - LANÇAMENTO, ADENSAMENTO E ACABAMENTO. AF_06/2017","M3",28.2,{"$f":"VLOOKUP(D165,'CPU (des)'!B:I,8,FALSE)","v":894.03},0.30260494954802231,1164.5679030444182,32840.814865852597,8.3374520944949843E-4,0.87981596044399246]
[null,"3.1.3.4","Composição Sinapi",93212,"EXECUÇÃO DE SANITÁRIO E VESTIÁRIO EM CANTEIRO EM CHAPA DE MADEIRA COMPENSADA, NÃO INCLUSO MOBILIÁRIO. AF_02/2016","M2",27.6,{"$f":"VLOOKUP(D166,'CPU (des)'!B:I,8,FALSE)","v":896.72},0.30260494954802231,1168.0719103587026,32238.784725900194,8.1846118719914207E-4,0.88063442163119166]
[null,"9.2.5","Composição Sinapi",93212,"EXECUÇÃO DE SANITÁRIO E VESTIÁRIO EM CANTEIRO DE OBRA EM CHAPA DE MADEIRA COMPENSADA, NÃO INCLUSO MOBILIÁRIO. AF_02/2016","M2",27.6,{"$f":"VLOOKUP(D167,'CPU (des)'!B:I,8,FALSE)","v":896.72},0.30260494954802231,1168.0719103587026,32238.784725900194,8.1846118719914207E-4,0.88145288281839085]
[null,"10.1.5","Composição Sinapi",93212,"EXECUÇÃO DE SANITÁRIO E VESTIÁRIO EM CANTEIRO DE OBRA EM CHAPA DE MADEIRA COMPENSADA, NÃO INCLUSO MOBILIÁRIO. AF_02/2016","M2",27.6,{"$f":"VLOOKUP(D168,'CPU (des)'!B:I,8,FALSE)","v":896.72},0.30260494954802231,1168.0719103587026,32238.784725900194,8.1846118719914207E-4,0.88227134400559004]
[null,"3.3.3.1.2","Composição Sinapi",92763,"ARMAÇÃO DE PILAR OU VIGA DE UMA ESTRUTURA CONVENCIONAL DE CONCRETO ARMADO EM UM EDIFÍCIO DE MÚLTIPLOS PAVIMENTOS UTILIZANDO AÇO CA-50 DE 12,5 MM - MONTAGEM. AF_12/2015","KG",2101.6,{"$f":"VLOOKUP(D169,'CPU (des)'!B:I,8,FALSE)","v":11.71},0.30260494954802231,15.253503959207343,32056.76392067015,8.1384013942671033E-4,0.8830851841450168]
[null,"3.3.3.1.5","Composição Sinapi",92759,"ARMAÇÃO DE PILAR OU VIGA DE UMA ESTRUTURA CONVENCIONAL DE CONCRETO ARMADO EM UM EDIFÍCIO DE MÚLTIPLOS PAVIMENTOS UTILIZANDO AÇO CA-60 DE 5,0 MM - MONTAGEM. AF_12/2015","KG",1580.6,{"$f":"VLOOKUP(D170,'CPU (des)'!B:I,8,FALSE)","v":15.54},0.30260494954802231,20.242480915976266,31995.265335792083,8.1227884593446738E-4,0.88389746299095129]
[null,"3.3.2.1.2","Composição Sinapi",100651,"ESTACA HÉLICE CONTÍNUA, DIÂMETRO DE 30 CM, INCLUSO CONCRETO FCK=30MPA E ARMADURA MÍNIMA (EXCLUSIVE MOBILIZAÇÃO, DESMOBILIZAÇÃO E BOMBEAMENTO). AF_12/2019","M",150,{"$f":"VLOOKUP(D171,'CPU (des)'!B:I,8,FALSE)","v":163.19999999999999},0.30260494954802231,212.58512776623724,31887.769164935584,8.0954979009794606E-4,0.88470701278104924]
[null,"3.4.4.6","Composição Sinapi",92482,"MONTAGEM E DESMONTAGEM DE FÔRMA DE LAJE MACIÇA, PÉ-DIREITO SIMPLES, EM MADEIRA SERRADA, 1 UTILIZAÇÃO. AF_09/2020","M2",110.8,{"$f":"VLOOKUP(D172,'CPU (des)'!B:I,8,FALSE)","v":220.36},0.30260494954802231,287.0420266824022,31804.256556410164,8.0742961623590532E-4,0.88551444239728516]
[null,"3.9.3.6","Composição Sinapi",92482,"MONTAGEM E DESMONTAGEM DE FÔRMA DE LAJE MACIÇA, PÉ-DIREITO SIMPLES, EM MADEIRA SERRADA, 1 UTILIZAÇÃO. AF_09/2020","M2",110.8,{"$f":"VLOOKUP(D173,'CPU (des)'!B:I,8,FALSE)","v":220.36},0.30260494954802231,287.0420266824022,31804.256556410164,8.0742961623590532E-4,0.88632187201352108]
[null,"2.6.6.3","Composição Sinapi",95876,"TRANSPORTE COM CAMINHÃO BASCULANTE DE 14 M³, EM VIA URBANA PAVIMENTADA, DMT ATÉ 30 KM (UNIDADE: M3XKM). AF_07/2020","M3XKM",12322.5,{"$f":"VLOOKUP(D174,'CPU (des)'!B:I,8,FALSE)","v":1.98},0.30260494954802231,2.5791578001050843,31781.671991794901,8.0685625127427472E-4,0.88712872826479539]
[null,"6.2.26","Composição SICRO",2003677,"Poço de visita - PVI 01 - areia extraída e brita produzida","UN",13,{"$f":"VLOOKUP(D175,'CPU (des)'!B:I,8,FALSE)","v":1867.13},0.30260494954802231,2432.1327794495992,31617.726132844789,8.0269408066227608E-4,0.88793142234545763]
[null,"6.2.12","Composição Sinapi",93590,"TRANSPORTE COM CAMINHÃO BASCULANTE DE 10 M³, EM VIA URBANA PAVIMENTADA, ADICIONAL PARA DMT EXCEDENTE A 30 KM (UNIDADE: M3XKM). AF_07/2020","M3XKM",26536.45,{"$f":"VLOOKUP(D176,'CPU (des)'!B:I,8,FALSE)","v":0.91},0.30260494954802231,1.1853705040887004,31455.525113224594,7.985762071068067E-4,0.8887299985525644]
[null,"3.3.7.72","Insumo Sinapi",1014,"CABO DE COBRE, FLEXIVEL, CLASSE 4 OU 5, ISOLACAO EM PVC/A, ANTICHAMA BWF-B, 1 CONDUTOR, 450/750 V, SECAO NOMINAL 2,5 MM2","M",9616.4,{"$f":"VLOOKUP(D177,'Insumos SINAPI (des)'!A:E,5,FALSE)","v":2.71},{"$f":"$K$5","v":0.20311109145345707},3.2604310578388684,31353.609224601692,7.9598882051931717E-4,0.88952598737308375]
[null,"4.5.1","Composição Sinapi",87269,"REVESTIMENTO CERÂMICO PARA PAREDES INTERNAS COM PLACAS TIPO ESMALTADA EXTRA DE DIMENSÕES 25X35 CM APLICADAS NA ALTURA INTEIRA DAS PAREDES. AF_02/2023_PE","M2",300,{"$f":"VLOOKUP(D178,'CPU (des)'!B:I,8,FALSE)","v":79.16},{"$f":"$K$4","v":0.30260494954802231},103.11420780622144,30934.262341866433,7.8534266402148793E-4,0.89031133003710528]
[null,"6.2.1","Composição Sinapi",90087,"ESCAVAÇÃO MECANIZADA DE VALA COM PROF. DE 3,0 M ATÉ 4,5 M(MÉDIA MONTANTE E JUSANTE/UMA COMPOSIÇÃO POR TRECHO), ESCAVADEIRA (1,2 M3), LARG. DE 1,5 M A 2,5 M, EM SOLO DE 1A CATEGORIA, EM LOCAIS COM ALTO NÍVEL DE INTERFERÊNCIA. AF_02/2021","M3",2830.76,{"$f":"VLOOKUP(D179,'CPU (des)'!B:I,8,FALSE)","v":8.33},0.30260494954802231,10.850699229735026,30715.725351564724,7.7979456268795449E-4,0.89109112459979323]
[null,"2.3.3.6","Composição Sinapi",103314,"INSTALAÇÃO DE PERGOLADO DE MADEIRA, EM MAÇARANDUBA, ANGELIM OU EQUIVALENTE DA REGIÃO, FIXADO COM CONCRETO SOBRE PISO DE CONCRETO EXISTENTE. AF_11/2021","M2",134.94,{"$f":"VLOOKUP(D180,'CPU (des)'!B:I,8,FALSE)","v":170.35},0.30260494954802231,221.8987531555056,29943.017750803927,7.6017747148388081E-4,0.89185130207127716]
[null,"3.3.3.7","Composição Sinapi",98560,"IMPERMEABILIZAÇÃO DE PISO COM ARGAMASSA DE CIMENTO E AREIA, COM ADITIVO IMPERMEABILIZANTE, E = 2CM. AF_06/2018","M2",494.34,{"$f":"VLOOKUP(D181,'CPU (des)'!B:I,8,FALSE)","v":46.26},0.30260494954802231,60.258504966091508,29788.189344937673,7.5624676994054255E-4,0.89260754884121774]
[null,"3.3.3.2.2","Composição Sinapi",92759,"ARMAÇÃO DE PILAR OU VIGA DE UMA ESTRUTURA CONVENCIONAL DE CONCRETO ARMADO EM UM EDIFÍCIO DE MÚLTIPLOS PAVIMENTOS UTILIZANDO AÇO CA-60 DE 5,0 MM - MONTAGEM. AF_12/2015","KG",1468,{"$f":"VLOOKUP(D182,'CPU (des)'!B:I,8,FALSE)","v":15.54},0.30260494954802231,20.242480915976266,29715.961984653157,7.5441309998215754E-4,0.89336196194119988]
[null,"9.2.2","Composição Sinapi",98458,"TAPUME COM COMPENSADO DE MADEIRA. AF_05/2018","M2",212.8,{"$f":"VLOOKUP(D183,'CPU (des)'!B:I,8,FALSE)","v":106.71},0.30260494954802231,139.00097416626946,29579.407302582142,7.509463220575029E-4,0.8941129082632574]
[null,"3.3.5.9","Composição Orse",9074,"Brise em perfil \"C\" de alumínio dobrado anodizado branco","M2",32.96,{"$f":"VLOOKUP(D184,'CPU (des)'!B:I,8,FALSE)","v":686.01},0.30260494954802231,893.60002143943882,29453.056706643903,7.4773860006567951E-4,0.89486064686332312]
[null,"3.3.3.12","Insumo Sinapi",11062,"PLACA CIMENTICIA LISA E = 10 MM, DE 1,20 X 3,00 M (SEM AMIANTO)","M2",492.66,{"$f":"VLOOKUP(D185,'Insumos SINAPI (des)'!A:E,5,FALSE)","v":49.35},{"$f":"$K$5","v":0.20311109145345707},59.373532363228108,29250.964454067962,7.4260798902145582E-4,0.8956032548523446]
[null,"3.3.7.76","Composição Orse",12312,"Luminária de emergência, tipo balizamento, com autonomia de 3h, modelo LED - 3000 lumens, SEGURIMAX ou similarr","UN",80,{"$f":"VLOOKUP(D186,'CPU (des)'!B:I,8,FALSE)","v":278.31},{"$f":"$K$4","v":0.30260494954802231},362.52798350871007,29002.238680696806,7.3629347085672997E-4,0.89633954832320129]
[null,"8.4.24","Composição SICRO",4208128,"Tubo PEAD para estais - D = 110 mm - fornecimento e instalação","M",56.3,{"$f":"VLOOKUP(D187,'CPU (des)'!B:I,8,FALSE)","v":389.23},0.30260494954802231,507.01292451257677,28544.827650058072,7.2468096193750286E-4,0.89706422928513874]
[null,"2.6.7.1","Composição Sinapi",97625,"DEMOLIÇÃO DE ALVENARIA PARA QUALQUER TIPO DE BLOCO, DE FORMA MECANIZADA, SEM REAPROVEITAMENTO. AF_12/2017","M3",441.61,{"$f":"VLOOKUP(D188,'CPU (des)'!B:I,8,FALSE)","v":48.81},0.30260494954802231,63.580147587438972,28077.628976088927,7.1281996951468821E-4,0.8977770492546534]
[null,"2.6.6.2","Composição Sinapi",97627,"DEMOLIÇÃO DE PILARES E VIGAS EM CONCRETO ARMADO, DE FORMA MECANIZADA COM MARTELETE, SEM REAPROVEITAMENTO. AF_12/2017","M3",102.2,{"$f":"VLOOKUP(D189,'CPU (des)'!B:I,8,FALSE)","v":210.51},0.30260494954802231,274.21136792935414,28024.401802379994,7.1146866622718967E-4,0.89848851792088058]
[null,"8.3.3","Composição Sinapi",93367,"REATERRO MECANIZADO DE VALA COM ESCAVADEIRA HIDRÁULICA (CAPACIDADE DA CAÇAMBA: 0,8 M³ / POTÊNCIA: 111 HP), LARGURA DE 1,5 A 2,5 M, PROFUNDIDADE ATÉ 1,5 M, COM SOLO DE 1ª CATEGORIA EM LOCAIS COM BAIXO NÍVEL DE INTERFERÊNCIA. AF_04/2016","M3",1110.3399999999999,{"$f":"VLOOKUP(D190,'CPU (des)'!B:I,8,FALSE)","v":19.260000000000002},0.30260494954802231,25.088171328294912,27856.400152658971,7.072035293477708E-4,0.8991957214502283]
[null,"3.2.2.3.7","Composição Sinapi",98557,"IMPERMEABILIZAÇÃO DE SUPERFÍCIE COM EMULSÃO ASFÁLTICA, 2 DEMÃOS AF_06/2018","M2",292.5,{"$f":"VLOOKUP(D191,'CPU (des)'!B:I,8,FALSE)","v":71.349999999999994},0.30260494954802231,92.940863150251388,27185.202471448531,6.9016351820344656E-4,0.8998858849684318]
[null,"2.6.8.2","Composição Sinapi",97627,"DEMOLIÇÃO DE PILARES E VIGAS EM CONCRETO ARMADO, DE FORMA MECANIZADA COM MARTELETE, SEM REAPROVEITAMENTO. AF_12/2017","M3",96.59,{"$f":"VLOOKUP(D192,'CPU (des)'!B:I,8,FALSE)","v":210.51},0.30260494954802231,274.21136792935414,26486.076028296317,6.7241446644700827E-4,0.90055829943487886]
[null,"8.5.8","Insumo Sinapi",1802,"CURVA 90 GRAUS DE FERRO GALVANIZADO, COM ROSCA BSP MACHO, DE 6\"","UN",11,{"$f":"VLOOKUP(D193,'Insumos SINAPI (des)'!A:E,5,FALSE)","v":1983.88},{"$f":"$K$5","v":0.20311109145345707},2386.8280321126845,26255.108353239528,6.6655078147442512E-4,0.90122485021635323]
[null,"4.6.45","Composição Orse",12369,"Luminária de sobrepor, (tecnolux ref.FLP-6478/4x20) Tubled corpo/ refletor e aletas fabricadas em chapa de aço tratada e pintada em epoxi branco, para uso de 4 lampadas tubled de 20w - Rev 02","UN",62,{"$f":"VLOOKUP(D194,'CPU (des)'!B:I,8,FALSE)","v":322.08999999999997},{"$f":"$K$4","v":0.30260494954802231},419.55602819992248,26012.473748395194,6.6039090266928682E-4,0.90188524111902257]
[null,"3.6.4.7","Composição Sinapi",92482,"MONTAGEM E DESMONTAGEM DE FÔRMA DE LAJE MACIÇA, PÉ-DIREITO SIMPLES, EM MADEIRA SERRADA, 1 UTILIZAÇÃO. AF_09/2020","M2",89.1,{"$f":"VLOOKUP(D195,'CPU (des)'!B:I,8,FALSE)","v":220.36},0.30260494954802231,287.0420266824022,25575.444577402035,6.4929583760486604E-4,0.90253453695662744]
[null,"3.3.7.10","Composição Sinapi",91990,"TOMADA ALTA DE EMBUTIR (1 MÓDULO), 2P+T 10 A, SEM SUPORTE E SEM PLACA - FORNECIMENTO E INSTALAÇÃO. AF_12/2015","UN",638,{"$f":"VLOOKUP(D196,'CPU (des)'!B:I,8,FALSE)","v":30.75},0.30260494954802231,40.055102198601688,25555.155202707876,6.487807417090097E-4,0.90318331769833649]
[null,"2.6.2.2","Composição Sinapi",97627,"DEMOLIÇÃO DE PILARES E VIGAS EM CONCRETO ARMADO, DE FORMA MECANIZADA COM MARTELETE, SEM REAPROVEITAMENTO. AF_12/2017","M3",93.12,{"$f":"VLOOKUP(D197,'CPU (des)'!B:I,8,FALSE)","v":210.51},0.30260494954802231,274.21136792935414,25534.56258158146,6.4825794715338465E-4,0.90383157564548988]
[null,"6.2.6","Composição SICRO",1600989,"Demolição de concreto simples com martelete","M3",49,{"$f":"VLOOKUP(D198,'CPU (des)'!B:I,8,FALSE)","v":394.36},0.30260494954802231,513.69528790375807,25171.069107284144,6.3902976739903087E-4,0.90447060541288893]
[null,"3.3.5.8","Composição Sinapi",100708,"PORTA DE CORRER DE ALUMÍNIO, COM DUAS FOLHAS PARA VIDRO, INCLUSO VIDRO LISO INCOLOR, FECHADURA E PUXADOR, SEM ALIZAR. AF_12/2019","M2",108.51,{"$f":"VLOOKUP(D199,'CPU (des)'!B:I,8,FALSE)","v":177.3},0.30260494954802231,230.95185755486438,25060.586063278333,6.3622488240937659E-4,0.90510683029529826]
[null,"5.2.9","Composição Sinapi",100974,"CARGA, MANOBRA E DESCARGA DE SOLOS E MATERIAIS GRANULARES EM CAMINHÃO BASCULANTE 10 M³ - CARGA COM PÁ CARREGADEIRA (CAÇAMBA DE 1,7 A 2,8 M³ / 128 HP) E DESCARGA LIVRE (UNIDADE: M3). AF_07/2020","M3",2407.63,{"$f":"VLOOKUP(D200,'CPU (des)'!B:I,8,FALSE)","v":7.86},0.30260494954802231,10.238474903447456,24650.459331787199,6.2581280222669339E-4,0.90573264309752499]
[null,"2.6.2.1","Composição Sinapi",97625,"DEMOLIÇÃO DE ALVENARIA PARA QUALQUER TIPO DE BLOCO, DE FORMA MECANIZADA, SEM REAPROVEITAMENTO. AF_12/2017","M3",383.65,{"$f":"VLOOKUP(D201,'CPU (des)'!B:I,8,FALSE)","v":48.81},0.30260494954802231,63.580147587438972,24392.523621920962,6.1926446707345881E-4,0.90635190756459849]
[null,"9.4.3","Composição SICRO",5502768,"Escavação, carga e transporte de material de 3a categoria - DMT de 50 a 200 m - caminho de serviço em revestimento primário - com caminhão basculante de 12 m3","M3",456,{"$f":"VLOOKUP(D202,'CPU (des)'!B:I,8,FALSE)","v":40.99},0.30260494954802231,53.393776881973437,{"$f":"J202*G202","v":24347.562258179889},6.1812301179037406E-4,0.90697003057638892]
[null,"3.2.2.2.3","Composição Sinapi",96534,"FABRICAÇÃO, MONTAGEM E DESMONTAGEM DE FÔRMA PARA BLOCO DE COROAMENTO, EM MADEIRA SERRADA, E=25 MM, 4 UTILIZAÇÕES. AF_06/2017","M2",279,{"$f":"VLOOKUP(D203,'CPU (des)'!B:I,8,FALSE)","v":66.47},0.30260494954802231,86.584150996457041,24156.978128011513,{"$f":"K203/$K$1467","v":6.1328456286107531E-4},0.90758331513924995]
[null,"2.6.2.3","Composição Sinapi",95876,"TRANSPORTE COM CAMINHÃO BASCULANTE DE 14 M³, EM VIA URBANA PAVIMENTADA, DMT ATÉ 30 KM (UNIDADE: M3XKM). AF_07/2020","M3XKM",9347.17,{"$f":"VLOOKUP(D204,'CPU (des)'!B:I,8,FALSE)","v":1.98},0.30260494954802231,2.5791578001050843,24107.826414408242,6.1203672519564718E-4,{"$f":"L204+M203","v":0.90819535186444555}]
[null,"3.5.4.7","Composição Sinapi",92482,"MONTAGEM E DESMONTAGEM DE FÔRMA DE LAJE MACIÇA, PÉ-DIREITO SIMPLES, EM MADEIRA SERRADA, 1 UTILIZAÇÃO. AF_09/2020","M2",82.2,{"$f":"VLOOKUP(D205,'CPU (des)'!B:I,8,FALSE)","v":220.36},0.30260494954802231,287.0420266824022,23594.854593293461,5.9901366836273844E-4,0.90879436553280835]
[null,"2.5.1","Composição Orse",3212,"Colchão de areia","M3",135.53,{"$f":"VLOOKUP(D206,'CPU (des)'!B:I,8,FALSE)","v":132.9},0.30260494954802231,173.11619779493216,23462.438287147157,5.9565195333363685E-4,0.90939001748614201]
[null,"2.3.2.4","Composição Sinapi",94991,"EXECUÇÃO DE PASSEIO (CALÇADA) OU PISO DE CONCRETO COM CONCRETO MOLDADO IN LOCO, USINADO, ACABAMENTO CONVENCIONAL, NÃO ARMADO. AF_07/2016","M3",19.52,{"$f":"VLOOKUP(D207,'CPU (des)'!B:I,8,FALSE)","v":912.21},0.30260494954802231,1188.2492610272016,23194.625575250975,5.8885286608549147E-4,0.90997887035222746]
[null,"3.6.4.12","Composição Sinapi",96557,"CONCRETAGEM DE BLOCOS DE COROAMENTO E VIGAS BALDRAMES, FCK 30 MPA, COM USO DE BOMBA - LANÇAMENTO, ADENSAMENTO E ACABAMENTO. AF_06/2017","M3",19.899999999999999,{"$f":"VLOOKUP(D208,'CPU (des)'!B:I,8,FALSE)","v":894.03},0.30260494954802231,1164.5679030444182,23174.901270583923,5.8835211588812125E-4,0.91056722246811561]
[null,"2.6.8.3","Composição Sinapi",95876,"TRANSPORTE COM CAMINHÃO BASCULANTE DE 14 M³, EM VIA URBANA PAVIMENTADA, DMT ATÉ 30 KM (UNIDADE: M3XKM). AF_07/2020","M3XKM",8693.1,{"$f":"VLOOKUP(D209,'CPU (des)'!B:I,8,FALSE)","v":1.98},0.30260494954802231,2.5791578001050843,22420.876672093509,5.6920933884783097E-4,0.91113643180696346]
[null,"8.4.11","Insumo Orse",4749,"Junta de desmontagem travada axialamente JTDA pn 10, d = 500","UN",3,{"$f":"VLOOKUP(D210,'Insumos ORSE (des)'!B:G,6,FALSE)","v":6208.93},{"$f":"$K$5","v":0.20311109145345707},7470.0325490581135,22410.097647174342,5.6893568667368115E-4,0.91170536749363718]
[null,"5.4.7","Composição Sinapi",100974,"CARGA, MANOBRA E DESCARGA DE SOLOS E MATERIAIS GRANULARES EM CAMINHÃO BASCULANTE 10 M³ - CARGA COM PÁ CARREGADEIRA (CAÇAMBA DE 1,7 A 2,8 M³ / 128 HP) E DESCARGA LIVRE (UNIDADE: M3). AF_07/2020","M3",2185,{"$f":"VLOOKUP(D211,'CPU (des)'!B:I,8,FALSE)","v":7.86},{"$f":"$K$4","v":0.30260494954802231},10.238474903447456,22371.067664032689,5.6794481413893533E-4,0.91227331230777609]
[null,"3.6.5.1","Composição Sinapi",98546,"IMPERMEABILIZAÇÃO DE SUPERFÍCIE COM MANTA ASFÁLTICA, UMA CAMADA, INCLUSIVE APLICAÇÃO DE PRIMER ASFÁLTICO, E=3MM. AF_06/2018","M2",98.01,{"$f":"VLOOKUP(D212,'CPU (des)'!B:I,8,FALSE)","v":172.91},0.30260494954802231,225.23342182634852,22075.127673200419,5.6043164643439431E-4,0.91283374395421046]
[null,"3.1.3.13","Composição Sinapi",98459,"TAPUME COM TELHA METÁLICA. AF_05/2018","M2",212.8,{"$f":"VLOOKUP(D213,'CPU (des)'!B:I,8,FALSE)","v":79.39},0.30260494954802231,{"$f":"H213*(1+I213)","v":103.41380694461749},22006.458117814604,5.5868830014192813E-4,0.9133924322543524]
[null,"10.1.10","Composição Sinapi",98459,"TAPUME COM TELHA METÁLICA. AF_05/2018","M2",212.8,{"$f":"VLOOKUP(D214,'CPU (des)'!B:I,8,FALSE)","v":79.39},0.30260494954802231,103.41380694461749,22006.458117814604,5.5868830014192813E-4,0.91395112055449435]
[null,"3.3.3.10","Composição Sinapi",98671,"PISO EM GRANITO APLICADO EM AMBIENTES INTERNOS. AF_09/2020","M2",33.74,{"$f":"VLOOKUP(D215,'CPU (des)'!B:I,8,FALSE)","v":499.78},0.30260494954802231,651.01590168511052,21965.276522855631,5.5764280362624228E-4,0.91450876335812059]
[null,"3.3.3.2.4","Composição Sinapi",92761,"ARMAÇÃO DE PILAR OU VIGA DE UMA ESTRUTURA CONVENCIONAL DE CONCRETO ARMADO EM UM EDIFÍCIO DE MÚLTIPLOS PAVIMENTOS UTILIZANDO AÇO CA-50 DE 8,0 MM - MONTAGEM. AF_12/2015","KG",1114.0999999999999,{"$f":"VLOOKUP(D216,'CPU (des)'!B:I,8,FALSE)","v":15.09},0.30260494954802231,19.656308688679655,21899.093510058003,5.5596258435968771E-4,0.91506472594248023]
[null,"8.5.21","Insumo Sinapi",20065,"TUBO PVC  SERIE NORMAL, DN 150 MM, PARA ESGOTO  PREDIAL (NBR 5688)","M",437,{"$f":"VLOOKUP(D217,'Insumos SINAPI (des)'!A:E,5,FALSE)","v":41.38},{"$f":"$K$5","v":0.20311109145345707},49.784736964344056,21755.930053418353,5.523280263674727E-4,0.91561705396884774]
[null,"3.3.6.4","Composição Sinapi",94227,"CALHA EM CHAPA DE AÇO GALVANIZADO NÚMERO 24, DESENVOLVIMENTO DE 33 CM, INCLUSO TRANSPORTE VERTICAL. AF_07/2019","M",264.72000000000003,{"$f":"VLOOKUP(D218,'CPU (des)'!B:I,8,FALSE)","v":62.88},{"$f":"$K$4","v":0.30260494954802231},81.907799227579645,21682.632611524885,5.5046718974410607E-4,0.91616752115859179]
[null,"2.4.2.2","Composição Orse",3212,"Colchão de areia","M3",120.12,{"$f":"VLOOKUP(D219,'CPU (des)'!B:I,8,FALSE)","v":132.9},0.30260494954802231,173.11619779493216,20794.71767912725,5.2792527583882872E-4,0.91669544643443057]
[null,"3.5.5.1","Composição Sinapi",98546,"IMPERMEABILIZAÇÃO DE SUPERFÍCIE COM MANTA ASFÁLTICA, UMA CAMADA, INCLUSIVE APLICAÇÃO DE PRIMER ASFÁLTICO, E=3MM. AF_06/2018","M2",90.42,{"$f":"VLOOKUP(D220,'CPU (des)'!B:I,8,FALSE)","v":172.91},0.30260494954802231,225.23342182634852,20365.606001538432,5.1703121590243779E-4,0.91721247765033298]
[null,"3.5.4.12","Composição Sinapi",96557,"CONCRETAGEM DE BLOCOS DE COROAMENTO E VIGAS BALDRAMES, FCK 30 MPA, COM USO DE BOMBA - LANÇAMENTO, ADENSAMENTO E ACABAMENTO. AF_06/2017","M3",17.3,{"$f":"VLOOKUP(D221,'CPU (des)'!B:I,8,FALSE)","v":894.03},0.30260494954802231,1164.5679030444182,20147.024722668437,5.1148199019419589E-4,0.91772395964052722]
[null,"5.2.2","Composição Sinapi",93590,"TRANSPORTE COM CAMINHÃO BASCULANTE DE 10 M³, EM VIA URBANA PAVIMENTADA, ADICIONAL PARA DMT EXCEDENTE A 30 KM (UNIDADE: M3XKM). AF_07/2020","M3XKM",16884,{"$f":"VLOOKUP(D222,'CPU (des)'!B:I,8,FALSE)","v":0.91},0.30260494954802231,1.1853705040887004,20013.795591033617,5.0809963958220949E-4,0.91823205928010943]
[null,"3.4.7.5","Composição Sinapi",92984,"CABO DE COBRE FLEXÍVEL ISOLADO, 25 MM², ANTI-CHAMA 0,6/1,0 KV, PARA REDE ENTERRADA DE DISTRIBUIÇÃO DE ENERGIA ELÉTRICA - FORNECIMENTO E INSTALAÇÃO. AF_12/2021","M",474,{"$f":"VLOOKUP(D223,'CPU (des)'!B:I,8,FALSE)","v":32.25},0.30260494954802231,42.00900962292372,19912.270561265843,5.0552217591226523E-4,0.91873758145602169]
[null,"3.5.7.5","Composição Sinapi",92984,"CABO DE COBRE FLEXÍVEL ISOLADO, 25 MM², ANTI-CHAMA 0,6/1,0 KV, PARA REDE ENTERRADA DE DISTRIBUIÇÃO DE ENERGIA ELÉTRICA - FORNECIMENTO E INSTALAÇÃO. AF_12/2021","M",474,{"$f":"VLOOKUP(D224,'CPU (des)'!B:I,8,FALSE)","v":32.25},0.30260494954802231,42.00900962292372,19912.270561265843,5.0552217591226523E-4,0.91924310363193396]
[null,"6.2.29","Composição SICRO",2003683,"Poço de visita - PVI 04 - areia extraída e brita produzida","UN",6,{"$f":"VLOOKUP(D225,'CPU (des)'!B:I,8,FALSE)","v":2522.17},0.30260494954802231,3285.3911256015354,19712.346753609214,5.0044661619885712E-4,0.91974355024813281]
[null,"2.6.6.1","Composição Sinapi",97625,"DEMOLIÇÃO DE ALVENARIA PARA QUALQUER TIPO DE BLOCO, DE FORMA MECANIZADA, SEM REAPROVEITAMENTO. AF_12/2017","M3",308.55,{"$f":"VLOOKUP(D226,'CPU (des)'!B:I,8,FALSE)","v":48.81},0.30260494954802231,63.580147587438972,19617.654538104296,4.9804262039753865E-4,0.92024159286853036]
[null,"2.3.3.1","Composição Orse",3740,"Mesa de concreto com 02 bancos integrados","UN",17,{"$f":"VLOOKUP(D227,'CPU (des)'!B:I,8,FALSE)","v":883.29},0.30260494954802231,1150.5779258862726,19559.824740066633,4.9657446812195467E-4,0.92073816733665226]
[null,"3.3.2.1.3","Composição Orse",8629,"Execução de estaca hélice contínua monitorada Ø 400mm, concreto fck=30Mpa, inclusive aço, bombeamento; exclusive mobilização e desmobilização de equipamento e bate-estacas","M",50,{"$f":"VLOOKUP(D228,'CPU (des)'!B:I,8,FALSE)","v":297.55},0.30260494954802231,387.59010273801402,19379.505136900701,4.9199660956626603E-4,0.92123016394621848]
[null,"3.3.5.7","Composição Sinapi",93182,"VERGA PRÉ-MOLDADA PARA JANELAS COM ATÉ 1,5 M DE VÃO. AF_03/2016","M",351.64,{"$f":"VLOOKUP(D229,'CPU (des)'!B:I,8,FALSE)","v":41.94},0.30260494954802231,54.631251584044051,19210.533307013251,4.8770684226676276E-4,0.92171787078848522]
[null,"3.3.3.11","Composição Sinapi",87623,"REVESTIMENTO CERÂMICO PARA PISO COM PLACAS TIPO PORCELANATO DE DIMENSÕES 60X60 CM APLICADA EM AMBIENTES DE ÁREA MAIOR QUE 10 M². AF_06/2014","M2",166.08,{"$f":"VLOOKUP(D230,'CPU (des)'!B:I,8,FALSE)","v":88.22},0.30260494954802231,114.91580864912653,19085.217500446935,4.8452539095930435E-4,0.92220239617944455]
[null,"3.2.3.1.2","Composição Sinapi",92763,"ARMAÇÃO DE PILAR OU VIGA DE UMA ESTRUTURA CONVENCIONAL DE CONCRETO ARMADO EM UM EDIFÍCIO DE MÚLTIPLOS PAVIMENTOS UTILIZANDO AÇO CA-50 DE 12,5 MM - MONTAGEM. AF_12/2015","KG",1212.7,{"$f":"VLOOKUP(D231,'CPU (des)'!B:I,8,FALSE)","v":11.71},0.30260494954802231,15.253503959207343,18497.924251330747,4.6961550108620665E-4,0.9226720116805307]
[null,"4.10.3","Composição Sinapi",91341,"PORTA EM ALUMÍNIO DE ABRIR TIPO VENEZIANA COM GUARNIÇÃO, FIXAÇÃO COM PARAFUSOS - FORNECIMENTO E INSTALAÇÃO. AF_12/2019","M2",21.39,{"$f":"VLOOKUP(D232,'CPU (des)'!B:I,8,FALSE)","v":661.17},0.30260494954802231,861.24331449266583,18421.994496998122,4.676878367091778E-4,0.92313969951723984]
[null,"4.5.2","Composição Orse",13358,"Fornecimento e instalação de chapas de policarbonato alveolar, branca, 6mm com emendas e acabamento em policarbonato, aplicado em toldo/cobertura/fechamento/etc","M2",100,{"$f":"VLOOKUP(D233,'CPU (des)'!B:I,8,FALSE)","v":141.38999999999999},0.30260494954802231,184.17531381659487,18417.531381659486,4.67574529501424E-4,0.92360727404674126]
[null,"3.8.4.11","Composição Sinapi",96557,"CONCRETAGEM DE BLOCOS DE COROAMENTO E VIGAS BALDRAMES, FCK 30 MPA, COM USO DE BOMBA - LANÇAMENTO, ADENSAMENTO E ACABAMENTO. AF_06/2017","M3",15.8,{"$f":"VLOOKUP(D234,'CPU (des)'!B:I,8,FALSE)","v":894.03},0.30260494954802231,1164.5679030444182,18400.17286810181,4.6713384075539277E-4,0.92407440788749662]
[null,"3.8.4.6","Composição Sinapi",92482,"MONTAGEM E DESMONTAGEM DE FÔRMA DE LAJE MACIÇA, PÉ-DIREITO SIMPLES, EM MADEIRA SERRADA, 1 UTILIZAÇÃO. AF_09/2020","M2",64.099999999999994,{"$f":"VLOOKUP(D235,'CPU (des)'!B:I,8,FALSE)","v":220.36},0.30260494954802231,287.0420266824022,18399.39391034198,4.6711406498846142E-4,0.92454152195248507]
[null,"3.3.1.6","Composição Sinapi",99059,"LOCACAO CONVENCIONAL DE OBRA, UTILIZANDO GABARITO DE TÁBUAS CORRIDAS PONTALETADAS A CADA 2,00M -  2 UTILIZAÇÕES. AF_10/2018","M",319.44,{"$f":"VLOOKUP(D236,'CPU (des)'!B:I,8,FALSE)","v":44.16},0.30260494954802231,57.523034572040658,18375.158163692668,4.6649878069211147E-4,0.92500802073317723]
[null,"3.3.8.3.1","Composição Sinapi",96765,"ABRIGO PARA HIDRANTE, 90X60X17CM, COM REGISTRO GLOBO ANGULAR 45 GRAUS 2 1/2\", ADAPTADOR STORZ 2 1/2\", MANGUEIRA DE INCÊNDIO 20M, REDUÇÃO 2 1/2\" X 1 1/2\" E ESGUICHO EM LATÃO 1 1/2\" - FORNECIMENTO E INSTALAÇÃO. AF_10/2020","UN",8,{"$f":"VLOOKUP(D237,'CPU (des)'!B:I,8,FALSE)","v":1724.44},0.30260494954802231,2246.2640791985918,17970.112633588735,4.562156993583341E-4,0.92546423643253561]
[null,"5.2.8","Composição SICRO",4915669,"Remoção mecanizada de camada granular do pavimento","M3",1751,{"$f":"VLOOKUP(D238,'CPU (des)'!B:I,8,FALSE)","v":7.87},0.30260494954802231,10.251500952942935,17950.378168603078,4.557146912161778E-4,0.92591995112375181]
[null,"2.1.6.1","Composição Sinapi",103946,"PLANTIO DE GRAMA ESMERALDA OU SÃO CARLOS OU CURITIBANA, EM PLACAS. AF_05/2022","M2",734.63,{"$f":"VLOOKUP(D239,'CPU (des)'!B:I,8,FALSE)","v":18.489999999999998},0.30260494954802231,24.085165517142929,17693.685143858711,4.4919790469446916E-4,0.92636914902844625]
[null,"2.2.3.11","Composição Sinapi",103307,"INSTALAÇÃO DE LIXEIRA METÁLICA DUPLA, CAPACIDADE DE 60 L, EM TUBO DE AÇO CARBONO E CESTOS EM CHAPA DE AÇO COM PINTURA ELETROSTÁTICA, SOBRE PISO DE CONCRETO EXISTENTE. AF_11/2021","UN",10,{"$f":"VLOOKUP(D240,'CPU (des)'!B:I,8,FALSE)","v":1322.14},0.30260494954802231,1722.2261079954224,17222.261079954224,4.3722964031049779E-4,0.9268063786687567]
[null,"8.5.15","Composição Orse",12825,"EM ESTUDO - Tampa em concreto armado fck=30,0MPa, para poço de inspeção/visita em alvenaria/concreto, dim. 1,20x1,20x0,20m, apoiada sobre o PI/PV, com aço 3/8\", exclusive tampão de ferro fundido","UN",9,{"$f":"VLOOKUP(D241,'CPU (des)'!B:I,8,FALSE)","v":1460.54},0.30260494954802231,1902.5066330128684,17122.559697115816,4.3469847442266697E-4,0.92724107714317938]
[null,"3.3.7.16","Composição Sinapi",95805,"CONDULETE DE PVC, TIPO B, PARA ELETRODUTO DE PVC SOLDÁVEL DN 25 MM (3/4''), APARENTE - FORNECIMENTO E INSTALAÇÃO. AF_11/2016","UN",600,{"$f":"VLOOKUP(D242,'CPU (des)'!B:I,8,FALSE)","v":21.73},0.30260494954802231,28.305605553678525,16983.363332207115,4.3116463085363652E-4,0.92767224177403307]
[null,"3.5.4.6","Composição Sinapi",92446,"MONTAGEM E DESMONTAGEM DE FÔRMA DE VIGA, ESCORAMENTO COM PONTALETE DE MADEIRA, PÉ-DIREITO SIMPLES, EM MADEIRA SERRADA, 1 UTILIZAÇÃO. AF_09/2020","M2",62,{"$f":"VLOOKUP(D243,'CPU (des)'!B:I,8,FALSE)","v":209.3},0.30260494954802231,272.63521594040111,16903.383388304868,4.2913414240951833E-4,0.92810137591644259]
[null,"2.3.3.5","Composição Sinapi",103685,"CONCRETAGEM DE MURETAS, FCK=25 MPA, COM USO DE BOMBA - LANÇAMENTO, ADENSAMENTO E ACABAMENTO. AF_02/2022","M3",15.2,{"$f":"VLOOKUP(D244,'CPU (des)'!B:I,8,FALSE)","v":851.35},0.30260494954802231,1108.9727237977088,16856.385401725172,4.2794098242476608E-4,0.92852931689886731]
[null,"4.10.2","Composição Sinapi",90791,"KIT DE PORTA-PRONTA DE MADEIRA EM ACABAMENTO MELAMÍNICO BRANCO, FOLHA PESADA OU SUPERPESADA, 80X210CM, FIXAÇÃO COM PREENCHIMENTO PARCIAL DE ESPUMA EXPANSIVA - FORNECIMENTO E INSTALAÇÃO. AF_12/2019","UN",12,{"$f":"VLOOKUP(D245,'CPU (des)'!B:I,8,FALSE)","v":1077.83},0.30260494954802231,1403.9866927713447,16847.840313256136,4.2772404424572019E-4,0.92895704094311304]
[null,"8.4.26","Composição SICRO",4208132,"Tubo PEAD para estais - D = 200 mm - fornecimento e instalação","M",10.5,{"$f":"VLOOKUP(D246,'CPU (des)'!B:I,8,FALSE)","v":1204.5},0.30260494954802231,1568.9876617305929,16474.370448171227,4.1824258916733047E-4,0.92937528353228038]
[null,"6.2.28","Composição SICRO",2003681,"Poço de visita - PVI 03 - areia extraída e brita produzida","UN",6,{"$f":"VLOOKUP(D247,'CPU (des)'!B:I,8,FALSE)","v":2103.0100000000002},0.30260494954802231,2739.3912349489865,16436.347409693917,4.1727728041026507E-4,0.92979256081269068]
[null,"7.2.3","Composição Orse",8075,"Caixa de passagem em alvenaria de tijolos maciços esp. = 0,12m,  dim. int. =  0,30 x 0,30 x 0,30m","UN",94,{"$f":"VLOOKUP(D248,'CPU (des)'!B:I,8,FALSE)","v":132.22},0.30260494954802231,172.23042642923951,16189.660084348514,4.1101451328409076E-4,0.93020357532597475]
[null,"2.2.4.3","Composição Sinapi",92761,"ARMAÇÃO DE PILAR OU VIGA DE ESTRUTURA CONVENCIONAL DE CONCRETO ARMADO UTILIZANDO AÇO CA-50 DE 8,0 MM - MONTAGEM. AF_06/2022","KG",820.12,{"$f":"VLOOKUP(D249,'CPU (des)'!B:I,8,FALSE)","v":15.09},0.30260494954802231,19.656308688679655,16120.531881759958,4.0925952309942297E-4,0.9306128348490742]
[null,"5.3.8","Composição Sinapi",93590,"TRANSPORTE COM CAMINHÃO BASCULANTE DE 10 M³, EM VIA URBANA PAVIMENTADA, ADICIONAL PARA DMT EXCEDENTE A 30 KM (UNIDADE: M3XKM). AF_07/2020","M3XKM",13594.1,{"$f":"VLOOKUP(D250,'CPU (des)'!B:I,8,FALSE)","v":0.91},0.30260494954802231,1.1853705040887004,16114.045169632202,4.090948418884455E-4,0.93102192969096265]
[null,"3.3.6.5","Composição Sinapi",94231,"RUFO EM CHAPA DE AÇO GALVANIZADO NÚMERO 24, CORTE DE 25 CM, INCLUSO TRANSPORTE VERTICAL. AF_07/2019","M",220.13,{"$f":"VLOOKUP(D251,'CPU (des)'!B:I,8,FALSE)","v":55.73},0.30260494954802231,72.594173838311278,15980.155487027461,4.0569572155838062E-4,0.931427625412521]
[null,"3.3.6.7","Composição Sinapi",87267,"REVESTIMENTO CERÂMICO PARA PAREDES INTERNAS COM PLACAS TIPO ESMALTADA EXTRA DE DIMENSÕES 20X20 CM APLICADAS EM AMBIENTES DE ÁREA MAIOR QUE 5 M² A MEIA ALTURA DAS PAREDES. AF_06/2014","M2",152.71,{"$f":"VLOOKUP(D252,'CPU (des)'!B:I,8,FALSE)","v":80.260000000000005},0.30260494954802231,104.54707325072428,15965.383556118106,4.0532069960230851E-4,0.93183294611212331]
[null,"3.6.8.1.4","Composição Sinapi",91934,"CABO DE COBRE FLEXÍVEL ISOLADO, 16 MM², ANTI-CHAMA 450/750 V, PARA CIRCUITOS TERMINAIS - FORNECIMENTO E INSTALAÇÃO. AF_12/2015","M",450,{"$f":"VLOOKUP(D253,'CPU (des)'!B:I,8,FALSE)","v":26.95},0.30260494954802231,35.105203390319197,15797.341525643638,4.0105453755771408E-4,0.93223400064968098]
[null,"3.7.4.10","Composição Sinapi",92771,"ARMAÇÃO DE LAJE DE ESTRUTURA CONVENCIONAL DE CONCRETO ARMADO UTILIZANDO AÇO CA-50 DE 10,0 MM - MONTAGEM. AF_06/2022","KG",898.9,{"$f":"VLOOKUP(D254,'CPU (des)'!B:I,8,FALSE)","v":13.41},0.30260494954802231,17.46793237343898,15701.924410484298,3.9863213838800559E-4,0.93263263278806896]
[null,"3.7.4.6","Composição Sinapi",92446,"MONTAGEM E DESMONTAGEM DE FÔRMA DE VIGA, ESCORAMENTO COM PONTALETE DE MADEIRA, PÉ-DIREITO SIMPLES, EM MADEIRA SERRADA, 1 UTILIZAÇÃO. AF_09/2020","M2",57.1,{"$f":"VLOOKUP(D255,'CPU (des)'!B:I,8,FALSE)","v":209.3},0.30260494954802231,272.63521594040111,15567.470830196904,3.9521870212231452E-4,0.9330278514901913]
[null,"3.2.3.2.4","Composição Sinapi",92761,"ARMAÇÃO DE PILAR OU VIGA DE UMA ESTRUTURA CONVENCIONAL DE CONCRETO ARMADO EM UM EDIFÍCIO DE MÚLTIPLOS PAVIMENTOS UTILIZANDO AÇO CA-50 DE 8,0 MM - MONTAGEM. AF_12/2015","KG",790.9,{"$f":"VLOOKUP(D256,'CPU (des)'!B:I,8,FALSE)","v":15.09},0.30260494954802231,19.656308688679655,15546.174541876739,3.9467804323676246E-4,0.93342252953342808]
[null,"3.3.7.98","Insumo Orse",3633,"Eletrocalha metálica perfurada 100 x 100 x 3000mm, peso, 2,20Kg/m,  (ref.: mopa ou similar)","UN",143.1,{"$f":"VLOOKUP(D257,'Insumos ORSE (des)'!B:G,6,FALSE)","v":89.9},{"$f":"$K$5","v":0.20311109145345707},108.1596871216658,15477.651227110375,3.9293840962366779E-4,0.9338154679430517]
[null,"3.7.4.1","Composição Sinapi",92409,"MONTAGEM E DESMONTAGEM DE FÔRMA DE PILARES RETANGULARES E ESTRUTURAS SIMILARES, PÉ-DIREITO SIMPLES, EM MADEIRA SERRADA, 1 UTILIZAÇÃO. AF_09/2020","M2",55.4,{"$f":"VLOOKUP(D258,'CPU (des)'!B:I,8,FALSE)","v":212.85},{"$f":"$K$4","v":0.30260494954802231},277.25946351129653,15360.174278525827,3.899559670897904E-4,0.9342054239101415]
[null,"3.3.7.1","Composição Sinapi",92580,"TRAMA DE AÇO COMPOSTA POR TERÇAS PARA TELHADOS DE ATÉ 2 ÁGUAS PARA TELHA ONDULADA DE FIBROCIMENTO, METÁLICA, PLÁSTICA OU TERMOACÚSTICA, INCLUSO TRANSPORTE VERTICAL. AF_07/2019","M2",213.9,{"$f":"VLOOKUP(D259,'CPU (des)'!B:I,8,FALSE)","v":55.05},{"$f":"$K$4","v":0.30260494954802231},71.70840247261863,15338.427288893125,3.8940386603808762E-4,0.93459482777617964]
[null,"3.3.8.3.3","Composição Sinapi",101910,"EXTINTOR DE INCÊNDIO PORTÁTIL COM CARGA DE PQS DE 8 KG, CLASSE BC - FORNECIMENTO E INSTALAÇÃO. AF_10/2020_P","UN",24,{"$f":"VLOOKUP(D260,'CPU (des)'!B:I,8,FALSE)","v":482.85},{"$f":"$K$4","v":0.30260494954802231},628.96279988926256,15095.107197342302,3.8322658445960129E-4,0.93497805436063919]
[null,"8.5.13","Insumo Orse",4749,"Junta de desmontagem travada axialamente JTDA pn 10, d = 500","UN",2,{"$f":"VLOOKUP(D261,'Insumos ORSE (des)'!B:G,6,FALSE)","v":6208.93},{"$f":"$K$5","v":0.20311109145345707},7470.0325490581135,14940.065098116227,3.792904577824541E-4,0.93535734481842159]
[null,"3.4.4.1","Composição Sinapi",92409,"MONTAGEM E DESMONTAGEM DE FÔRMA DE PILARES RETANGULARES E ESTRUTURAS SIMILARES, PÉ-DIREITO SIMPLES, EM MADEIRA SERRADA, 1 UTILIZAÇÃO. AF_09/2020","M2",52.5,{"$f":"VLOOKUP(D262,'CPU (des)'!B:I,8,FALSE)","v":212.85},{"$f":"$K$4","v":0.30260494954802231},277.25946351129653,14556.121834343068,3.6954310960675088E-4,0.93572688792802838]
[null,"3.9.3.1","Composição Sinapi",92409,"MONTAGEM E DESMONTAGEM DE FÔRMA DE PILARES RETANGULARES E ESTRUTURAS SIMILARES, PÉ-DIREITO SIMPLES, EM MADEIRA SERRADA, 1 UTILIZAÇÃO. AF_09/2020","M2",52.5,{"$f":"VLOOKUP(D263,'CPU (des)'!B:I,8,FALSE)","v":212.85},{"$f":"$K$4","v":0.30260494954802231},277.25946351129653,14556.121834343068,3.6954310960675088E-4,0.93609643103763518]
[null,"3.4.4.10","Composição Sinapi",92771,"ARMAÇÃO DE LAJE DE ESTRUTURA CONVENCIONAL DE CONCRETO ARMADO UTILIZANDO AÇO CA-50 DE 10,0 MM - MONTAGEM. AF_06/2022","KG",829.4,{"$f":"VLOOKUP(D264,'CPU (des)'!B:I,8,FALSE)","v":13.41},{"$f":"$K$4","v":0.30260494954802231},17.46793237343898,14487.903110530289,3.6781120878742003E-4,0.93646424224642255]
[null,"3.9.3.10","Composição Sinapi",92771,"ARMAÇÃO DE LAJE DE ESTRUTURA CONVENCIONAL DE CONCRETO ARMADO UTILIZANDO AÇO CA-50 DE 10,0 MM - MONTAGEM. AF_06/2022","KG",829.4,{"$f":"VLOOKUP(D265,'CPU (des)'!B:I,8,FALSE)","v":13.41},{"$f":"$K$4","v":0.30260494954802231},17.46793237343898,14487.903110530289,3.6781120878742003E-4,0.93683205345520992]
[null,"3.8.5.1","Composição Sinapi",98546,"IMPERMEABILIZAÇÃO DE SUPERFÍCIE COM MANTA ASFÁLTICA, UMA CAMADA, INCLUSIVE APLICAÇÃO DE PRIMER ASFÁLTICO, E=3MM. AF_06/2018","M2",64.099999999999994,{"$f":"VLOOKUP(D266,'CPU (des)'!B:I,8,FALSE)","v":172.91},{"$f":"$K$4","v":0.30260494954802231},225.23342182634852,{"$f":"J266*G266","v":14437.462339068939},3.6653064520400644E-4,0.9371985841004139]
[null,"8.4.5","Insumo Sinapi",1802,"CURVA 90 GRAUS DE FERRO GALVANIZADO, COM ROSCA BSP MACHO, DE 6\"","UN",6,{"$f":"VLOOKUP(D267,'Insumos SINAPI (des)'!A:E,5,FALSE)","v":1983.88},{"$f":"$K$5","v":0.20311109145345707},2386.8280321126845,14320.968192676108,{"$f":"K267/$K$1467","v":3.6357315353150469E-4},0.93756215725394543]
[null,"3.3.3.2.6","Composição Sinapi",92763,"ARMAÇÃO DE PILAR OU VIGA DE UMA ESTRUTURA CONVENCIONAL DE CONCRETO ARMADO EM UM EDIFÍCIO DE MÚLTIPLOS PAVIMENTOS UTILIZANDO AÇO CA-50 DE 12,5 MM - MONTAGEM. AF_12/2015","KG",932.5,{"$f":"VLOOKUP(D268,'CPU (des)'!B:I,8,FALSE)","v":11.71},{"$f":"$K$4","v":0.30260494954802231},15.253503959207343,14223.892441960848,3.6110864580101234E-4,{"$f":"L268+M267","v":0.93792326589974639}]
[null,"9.6.5","Composição Sinapi",92761,"ARMAÇÃO DE PILAR OU VIGA DE ESTRUTURA CONVENCIONAL DE CONCRETO ARMADO UTILIZANDO AÇO CA-50 DE 8,0 MM - MONTAGEM. AF_06/2022","KG",720,{"$f":"VLOOKUP(D269,'CPU (des)'!B:I,8,FALSE)","v":15.09},0.30260494954802231,19.656308688679655,14152.542255849352,3.5929724507582374E-4,0.93828256314482217]
[null,"9.6.4","Composição Sinapi",103672,"CONCRETAGEM DE PILARES, FCK = 25 MPA, COM USO DE BOMBA - LANÇAMENTO, ADENSAMENTO E ACABAMENTO. AF_02/2022","M3",12.65,{"$f":"VLOOKUP(D270,'CPU (des)'!B:I,8,FALSE)","v":847.01},0.30260494954802231,1103.3194183166704,13956.990641705881,3.5433268429503254E-4,0.93863689582911725]
[null,"2.2.2.7","Composição Orse",11613,"Revestimento de piso com pedra Itapé 20x40cm assentada com argamassa industrializada ac-iii","M2",133.11000000000001,{"$f":"VLOOKUP(D271,'CPU (des)'!B:I,8,FALSE)","v":80.19},0.30260494954802231,104.45589090425591,13904.123638265506,3.5299052481950157E-4,0.93898988635393676]
[null,"3.7.4.8","Composição Sinapi",92768,"ARMAÇÃO DE LAJE DE ESTRUTURA CONVENCIONAL DE CONCRETO ARMADO UTILIZANDO AÇO CA-60 DE 5,0 MM - MONTAGEM. AF_06/2022","KG",700,{"$f":"VLOOKUP(D272,'CPU (des)'!B:I,8,FALSE)","v":15.2},0.30260494954802231,19.799595233129939,13859.716663190957,3.5186314406217918E-4,0.93934174949799898]
[null,"3.3.7.17","Composição Orse",7138,"Fornecimento e lançamento de cabo utp 4 pares cat 6","M",900,{"$f":"VLOOKUP(D273,'CPU (des)'!B:I,8,FALSE)","v":11.72},0.30260494954802231,15.266530008702823,13739.87700783254,3.4882071838043859E-4,0.93969057021637947]
[null,"3.3.6.5","Composição Sinapi",98560,"IMPERMEABILIZAÇÃO DE PISO COM ARGAMASSA DE CIMENTO E AREIA, COM ADITIVO IMPERMEABILIZANTE, E = 2CM. AF_06/2018","M2",225.65,{"$f":"VLOOKUP(D274,'CPU (des)'!B:I,8,FALSE)","v":46.26},0.30260494954802231,60.258504966091508,13597.33164559855,3.4520185224154118E-4,0.94003577206862099]
[null,"3.3.6.4","Composição Sinapi",96620,"LASTRO DE CONCRETO MAGRO, APLICADO EM PISOS, LAJES SOBRE SOLO OU RADIERS. AF_08/2017","M3",14.52,{"$f":"VLOOKUP(D275,'CPU (des)'!B:I,8,FALSE)","v":715.54},0.30260494954802231,932.06594559959183,13533.597530106073,3.4358380428239612E-4,0.94037935587290333]
[null,"2.2.3.9","Composição Sinapi",103314,"INSTALAÇÃO DE PERGOLADO DE MADEIRA, EM MAÇARANDUBA, ANGELIM OU EQUIVALENTE DA REGIÃO, FIXADO COM CONCRETO SOBRE PISO DE CONCRETO EXISTENTE. AF_11/2021","M2",60.48,{"$f":"VLOOKUP(D276,'CPU (des)'!B:I,8,FALSE)","v":170.35},0.30260494954802231,221.8987531555056,13420.436590844978,3.4071093430669265E-4,0.94072006680720999]
[null,"2.3.3.2","Composição Sinapi",103310,"INSTALAÇÃO DE LIXEIRA METÁLICA DUPLA, CAPACIDADE DE 60 L, EM TUBO DE AÇO CARBONO E CESTOS EM CHAPA DE AÇO COM PINTURA ELETROSTÁTICA, SOBRE SOLO. AF_11/2021","UN",8,{"$f":"VLOOKUP(D277,'CPU (des)'!B:I,8,FALSE)","v":1285.06},0.30260494954802231,{"$f":"H277*(1+I277)","v":1673.9255164661815},13391.404131729452,3.3997387361544662E-4,0.94106004068082538]
[null,"3.1.3.1","Composição Sinapi",93584,"EXECUÇÃO DE DEPÓSITO EM CANTEIRO DE OBRA EM CHAPA DE MADEIRA COMPENSADA, NÃO INCLUSO MOBILIÁRIO. AF_04/2016","M2",13.8,{"$f":"VLOOKUP(D278,'CPU (des)'!B:I,8,FALSE)","v":744.34},0.30260494954802231,969.58096814657495,13380.217360422736,3.3968986979202503E-4,0.94139973055061743]
[null,"9.2.6","Composição Sinapi",93584,"EXECUÇÃO DE DEPÓSITO EM CANTEIRO DE OBRA EM CHAPA DE MADEIRA COMPENSADA, NÃO INCLUSO MOBILIÁRIO. AF_04/2016","M2",13.8,{"$f":"VLOOKUP(D279,'CPU (des)'!B:I,8,FALSE)","v":744.34},0.30260494954802231,969.58096814657495,13380.217360422736,3.3968986979202503E-4,0.94173942042040948]
[null,"10.1.3","Composição Sinapi",93584,"EXECUÇÃO DE DEPÓSITO EM CANTEIRO DE OBRA EM CHAPA DE MADEIRA COMPENSADA, NÃO INCLUSO MOBILIÁRIO. AF_04/2016","M2",13.8,{"$f":"VLOOKUP(D280,'CPU (des)'!B:I,8,FALSE)","v":744.34},0.30260494954802231,969.58096814657495,13380.217360422736,3.3968986979202503E-4,0.94207911029020153]
[null,"3.2.3.2.6","Composição Sinapi",92763,"ARMAÇÃO DE PILAR OU VIGA DE UMA ESTRUTURA CONVENCIONAL DE CONCRETO ARMADO EM UM EDIFÍCIO DE MÚLTIPLOS PAVIMENTOS UTILIZANDO AÇO CA-50 DE 12,5 MM - MONTAGEM. AF_12/2015","KG",872.9,{"$f":"VLOOKUP(D281,'CPU (des)'!B:I,8,FALSE)","v":11.71},0.30260494954802231,15.253503959207343,13314.78360599209,3.3802867229995029E-4,0.94241713896250145]
[null,"3.2.1.7","Composição Sinapi",93582,"EXECUÇÃO DE CENTRAL DE ARMADURA EM CANTEIRO DE OBRA, NÃO INCLUSO MOBILIÁRIO E EQUIPAMENTOS. AF_04/2016","M2",40,{"$f":"VLOOKUP(D282,'CPU (des)'!B:I,8,FALSE)","v":255.24},0.30260494954802231,332.47688732263725,13299.075492905489,3.3762988304673165E-4,0.94275476884554821]
[null,"3.3.1.7","Composição Sinapi",93582,"EXECUÇÃO DE CENTRAL DE ARMADURA EM CANTEIRO DE OBRA, NÃO INCLUSO MOBILIÁRIO E EQUIPAMENTOS. AF_04/2016","M2",40,{"$f":"VLOOKUP(D283,'CPU (des)'!B:I,8,FALSE)","v":255.24},0.30260494954802231,332.47688732263725,13299.075492905489,3.3762988304673165E-4,0.94309239872859496]
[null,"3.2.3.1.3","Composição Sinapi",92764,"ARMAÇÃO DE PILAR OU VIGA DE UMA ESTRUTURA CONVENCIONAL DE CONCRETO ARMADO EM UM EDIFÍCIO DE MÚLTIPLOS PAVIMENTOS UTILIZANDO AÇO CA-50 DE 16,0 MM - MONTAGEM. AF_12/2015","KG",877,{"$f":"VLOOKUP(D284,'CPU (des)'!B:I,8,FALSE)","v":11.47},0.30260494954802231,14.940878771315816,13103.150682443971,3.3265584775552936E-4,0.94342505457635051]
[null,"3.3.7.35","Insumo Sinapi",867,"CABO DE COBRE NU 50 MM2 MEIO-DURO","M",170,{"$f":"VLOOKUP(D285,'Insumos SINAPI (des)'!A:E,5,FALSE)","v":63.95},{"$f":"$K$5","v":0.20311109145345707},76.938954298448579,13079.622230736259,3.3205851988844695E-4,0.943757113096239]
[null,"4.8.8","Composição Orse",11194,"Cabo cobre flexível, não hologenado, 50,0mm2 - 0,6/1KV / 90º","M",200,{"$f":"VLOOKUP(D286,'CPU (des)'!B:I,8,FALSE)","v":50.08},{"$f":"$K$4","v":0.30260494954802231},65.234455873364951,13046.89117467299,3.3122756117732956E-4,0.94408834065741631]
[null,"3.6.6.1","Composição Sinapi",103324,"ALVENARIA DE VEDAÇÃO DE BLOCOS CERÂMICOS FURADOS NA VERTICAL DE 14X19X39 CM (ESPESSURA 14 CM) E ARGAMASSA DE ASSENTAMENTO COM PREPARO EM BETONEIRA. AF_12/2021","M2",131.88,{"$f":"VLOOKUP(D287,'CPU (des)'!B:I,8,FALSE)","v":74.37},0.30260494954802231,96.874730097886427,12775.839405309262,3.2434624245418188E-4,0.94441268689987046]
[null,"3.3.2.1.4","Composição Sinapi",100652,"ESTACA HÉLICE CONTÍNUA , DIÂMETRO DE 50 CM, INCLUSO CONCRETO FCK=30MPA E ARMADURA MÍNIMA (EXCLUSIVE MOBILIZAÇÃO, DESMOBILIZAÇÃO E BOMBEAMENTO). AF_12/2019","M",30,{"$f":"VLOOKUP(D288,'CPU (des)'!B:I,8,FALSE)","v":326.14999999999998},0.30260494954802231,424.84460429508744,12745.338128852623,3.2357189220642786E-4,0.9447362587920769]
[null,"3.3.5.10","Composição Sinapi",94569,"JANELA DE ALUMÍNIO TIPO MAXIM-AR, COM VIDROS, BATENTE E FERRAGENS. EXCLUSIVE ALIZAR, ACABAMENTO E CONTRAMARCO. FORNECIMENTO E INSTALAÇÃO. AF_12/2019","M2",15.54,{"$f":"VLOOKUP(D289,'CPU (des)'!B:I,8,FALSE)","v":615.71},0.30260494954802231,802.02689348621288,12463.497924775747,3.1641668241826586E-4,0.94505267547449512]
[null,"2.1.3.3","Composição Sinapi",94266,"GUIA (MEIO-FIO) CONCRETO, MOLDADA  IN LOCO  EM TRECHO CURVO COM EXTRUSORA, 15 CM BASE X 30 CM ALTURA. AF_06/2016","M",180.94,{"$f":"VLOOKUP(D290,'CPU (des)'!B:I,8,FALSE)","v":52.67},0.30260494954802231,68.608202692694334,12413.968195216112,3.1515924788400241E-4,0.94536783472237917]
[null,"2.6.8.1","Composição Sinapi",97625,"DEMOLIÇÃO DE ALVENARIA PARA QUALQUER TIPO DE BLOCO, DE FORMA MECANIZADA, SEM REAPROVEITAMENTO. AF_12/2017","M3",193.18,{"$f":"VLOOKUP(D291,'CPU (des)'!B:I,8,FALSE)","v":48.81},0.30260494954802231,63.580147587438972,12282.412910941461,3.1181939202202727E-4,0.94567965411440125]
[null,"3.4.4.5","Composição Sinapi",92446,"MONTAGEM E DESMONTAGEM DE FÔRMA DE VIGA, ESCORAMENTO COM PONTALETE DE MADEIRA, PÉ-DIREITO SIMPLES, EM MADEIRA SERRADA, 1 UTILIZAÇÃO. AF_09/2020","M2",44.4,{"$f":"VLOOKUP(D292,'CPU (des)'!B:I,8,FALSE)","v":209.3},0.30260494954802231,272.63521594040111,12105.003587753808,3.0731541811262282E-4,0.94598696953251382]
[null,"3.9.3.5","Composição Sinapi",92446,"MONTAGEM E DESMONTAGEM DE FÔRMA DE VIGA, ESCORAMENTO COM PONTALETE DE MADEIRA, PÉ-DIREITO SIMPLES, EM MADEIRA SERRADA, 1 UTILIZAÇÃO. AF_09/2020","M2",44.4,{"$f":"VLOOKUP(D293,'CPU (des)'!B:I,8,FALSE)","v":209.3},0.30260494954802231,272.63521594040111,12105.003587753808,3.0731541811262282E-4,0.9462942849506264]
[null,"8.4.2","Insumo Orse",9221,"Motobomba centrífuga, marca schneider ou similar, modelo BC-21 R2, motor 5 cv, trifásico 220V, sucção 2 1/2\", recalque 2\",  hm = 8 a 20m, q = 27,6 a 78,9m3/h","UN",2,{"$f":"VLOOKUP(D294,'Insumos ORSE (des)'!B:G,6,FALSE)","v":5003.68},{"$f":"$K$5","v":0.20311109145345707},6019.9829060838347,12039.965812167669,3.0566427352167122E-4,0.94659994922414803]
[null,"3.3.6.1","Composição Sinapi",88650,"RODAPÉ CERÂMICO DE 7CM DE ALTURA COM PLACAS TIPO ESMALTADA EXTRA DE DIMENSÕES 60X60CM. AF_06/2014","M",440.09,{"$f":"VLOOKUP(D295,'CPU (des)'!B:I,8,FALSE)","v":20.9},{"$f":"$K$4","v":0.30260494954802231},27.224443445553664,11981.205315953712,3.0417249317385154E-4,0.94690412171732186]
[null,"3.3.7.49","Insumo Sinapi",10891,"EXTINTOR DE INCENDIO PORTATIL COM CARGA DE PO QUIMICO SECO (PQS) DE 4 KG, CLASSE BC","UN",30,{"$f":"VLOOKUP(D296,'Insumos SINAPI (des)'!A:E,5,FALSE)","v":329.99},{"$f":"$K$5","v":0.20311109145345707},397.01462906872632,11910.43887206179,3.0237591218687933E-4,0.9472064976295087]
[null,"3.3.5.1","Composição Sinapi",91314,"KIT DE PORTA DE MADEIRA PARA PINTURA, SEMI-OCA (LEVE OU MÉDIA), PADRÃO POPULAR, 80X210CM, ESPESSURA DE 3,5CM, ITENS INCLUSOS: DOBRADIÇAS, MONTAGEM E INSTALAÇÃO DO BATENTE, FECHADURA COM EXECUÇÃO DO FURO - FORNECIMENTO E INSTALAÇÃO. AF_12/2019","UN",12,{"$f":"VLOOKUP(D297,'CPU (des)'!B:I,8,FALSE)","v":756.66},{"$f":"$K$4","v":0.30260494954802231},985.6290611250065,11827.548733500078,3.002715412625058E-4,0.94750676917077126]
[null,"9.3.4","Composição Sinapi",100574,"ESPALHAMENTO DE MATERIAL COM TRATOR DE ESTEIRAS. AF_11/2019","M3",7366,{"$f":"VLOOKUP(D298,'CPU (des)'!B:I,8,FALSE)","v":1.23},0.30260494954802231,1.6022040879440673,11801.835311796,2.9961874253470622E-4,0.94780638791330596]
[null,"3.3.2.3.4","Composição Sinapi",96557,"CONCRETAGEM DE BLOCOS DE COROAMENTO E VIGAS BALDRAMES, FCK 30 MPA, COM USO DE BOMBA - LANÇAMENTO, ADENSAMENTO E ACABAMENTO. AF_06/2017","M3",10.1,{"$f":"VLOOKUP(D299,'CPU (des)'!B:I,8,FALSE)","v":894.03},0.30260494954802231,1164.5679030444182,11762.135820748625,2.986108728879409E-4,0.94810499878619392]
[null,"10.4.3","Composição SICRO",2419703,"Pintura com tinta anticorrosiva à base de epóxi poliamida de dois componentes com pistola a ar comprimido, uma demão, espessura de até 150 ?m","M2",604.79999999999995,{"$f":"VLOOKUP(D300,'CPU (des)'!B:I,8,FALSE)","v":14.87},0.30260494954802231,19.369735599779091,11714.816090746393,2.9740954465163011E-4,0.94840240833084555]
[null,"3.6.4.11","Composição Sinapi",92771,"ARMAÇÃO DE LAJE DE ESTRUTURA CONVENCIONAL DE CONCRETO ARMADO UTILIZANDO AÇO CA-50 DE 10,0 MM - MONTAGEM. AF_06/2022","KG",670.5,{"$f":"VLOOKUP(D301,'CPU (des)'!B:I,8,FALSE)","v":13.41},0.30260494954802231,17.46793237343898,11712.248656390837,2.9734436398838333E-4,0.94869975269483398]
[null,"3.4.10.1","Composição Orse",1857,"Porta em aço, em chapa galvanizada nº24, raiada, de enrolar","M2",42.47,{"$f":"VLOOKUP(D302,'CPU (des)'!B:I,8,FALSE)","v":210.75},0.30260494954802231,274.52399311724571,11659.033987689425,2.9599337817139083E-4,0.94899574607300541]
[null,"2.2.3.1","Composição Orse",3740,"Mesa de concreto com 02 bancos integrados","UN",10,{"$f":"VLOOKUP(D303,'CPU (des)'!B:I,8,FALSE)","v":883.29},0.30260494954802231,1150.5779258862726,11505.779258862727,2.9210262830703225E-4,0.94928784870131244]
[null,"3.3.8.2.12","Insumo Sinapi",40552,"PARAFUSO, AUTO ATARRACHANTE, CABECA CHATA, FENDA SIMPLES, 1/4\" (6,35 MM) X 25 MM","CENTO",207,{"$f":"VLOOKUP(D304,'Insumos SINAPI (des)'!A:E,5,FALSE)","v":45.23},{"$f":"$K$5","v":0.20311109145345707},54.416714666439859,11264.25993595305,2.8597106368879842E-4,0.94957381976500121]
[null,"2.1.5.5","Composição Sinapi",103685,"CONCRETAGEM DE MURETAS, FCK=25 MPA, COM USO DE BOMBA - LANÇAMENTO, ADENSAMENTO E ACABAMENTO. AF_02/2022","M3",10.130000000000001,{"$f":"VLOOKUP(D305,'CPU (des)'!B:I,8,FALSE)","v":851.35},{"$f":"$K$4","v":0.30260494954802231},1108.9727237977088,11233.893692070791,2.8520014157650534E-4,0.94985901990657773]
[null,"2.4.3.5","Composição Sinapi",103685,"CONCRETAGEM DE MURETAS, FCK=25 MPA, COM USO DE BOMBA - LANÇAMENTO, ADENSAMENTO E ACABAMENTO. AF_02/2022","M3",10.130000000000001,{"$f":"VLOOKUP(D306,'CPU (des)'!B:I,8,FALSE)","v":851.35},{"$f":"$K$4","v":0.30260494954802231},1108.9727237977088,11233.893692070791,2.8520014157650534E-4,0.95014422004815424]
[null,"3.3.7.89","Insumo Sinapi",39996,"VERGALHAO ZINCADO ROSCA TOTAL, 1/4 \" (6,3 MM)","M",1979,{"$f":"VLOOKUP(D307,'Insumos SINAPI (des)'!A:E,5,FALSE)","v":4.5999999999999996},{"$f":"$K$5","v":0.20311109145345707},5.5343110206859025,10952.401509937401,2.7805376718506992E-4,0.95042227381533928]
[null,"3.3.8.2.3","Composição Sinapi",86931,"VASO SANITÁRIO SIFONADO COM CAIXA ACOPLADA LOUÇA BRANCA, INCLUSO ENGATE FLEXÍVEL EM PLÁSTICO BRANCO, 1/2  X 40CM - FORNECIMENTO E INSTALAÇÃO. AF_01/2020","UN",18,{"$f":"VLOOKUP(D308,'CPU (des)'!B:I,8,FALSE)","v":464.37},{"$f":"$K$4","v":0.30260494954802231},604.89066042161517,10888.031887589073,2.7641958531454653E-4,0.95069869340065383]
[null,"6.2.25","Composição SICRO",2003636,"Boca de lobo dupla - grelha de concreto - BLDG 02 - areia e brita comerciais","UN",4,{"$f":"VLOOKUP(D309,'CPU (des)'!B:I,8,FALSE)","v":2079.0700000000002},0.30260494954802231,2708.2068724568071,10832.827489827228,2.7501808531028382E-4,0.9509737114859641]
[null,"5.3.7","Composição Sinapi",100974,"CARGA, MANOBRA E DESCARGA DE SOLOS E MATERIAIS GRANULARES EM CAMINHÃO BASCULANTE 10 M³ - CARGA COM PÁ CARREGADEIRA (CAÇAMBA DE 1,7 A 2,8 M³ / 128 HP) E DESCARGA LIVRE (UNIDADE: M3). AF_07/2020","M3",1045.7,{"$f":"VLOOKUP(D310,'CPU (des)'!B:I,8,FALSE)","v":7.86},0.30260494954802231,10.238474903447456,10706.373206535005,2.7180773095884884E-4,0.95124551921692291]
[null,"5.2.7","Composição SICRO",4915667,"Remoção mecanizada de revestimento asfáltico","M3",656.63,{"$f":"VLOOKUP(D311,'CPU (des)'!B:I,8,FALSE)","v":12.42},0.30260494954802231,16.178353473386437,10623.192241229735,2.6969597667918373E-4,0.95151521519360205]
[null,"3.3.5.9","Composição Sinapi",94570,"JANELA DE ALUMÍNIO DE CORRER COM 2 FOLHAS PARA VIDROS, COM VIDROS, BATENTE, ACABAMENTO COM ACETATO OU BRILHANTE E FERRAGENS. EXCLUSIVE ALIZAR E CONTRAMARCO. FORNECIMENTO E INSTALAÇÃO. AF_12/2019","M2",24.75,{"$f":"VLOOKUP(D312,'CPU (des)'!B:I,8,FALSE)","v":319.83},0.30260494954802231,416.61214101394393,10311.150490095111,2.6177402601445648E-4,0.95177698921961651]
[null,"2.2.3.10","Composição Orse",8464,"Banco de concreto sem encosto, dimensão: 2,00x0,60m","UN",12,{"$f":"VLOOKUP(D313,'CPU (des)'!B:I,8,FALSE)","v":644.04999999999995},0.30260494954802231,838.94271775640368,10067.312613076843,2.5558359917283438E-4,0.95203257281878939]
[null,"2.2.3.2","Composição Sinapi",103310,"INSTALAÇÃO DE LIXEIRA METÁLICA DUPLA, CAPACIDADE DE 60 L, EM TUBO DE AÇO CARBONO E CESTOS EM CHAPA DE AÇO COM PINTURA ELETROSTÁTICA, SOBRE SOLO. AF_11/2021","UN",6,{"$f":"VLOOKUP(D314,'CPU (des)'!B:I,8,FALSE)","v":1285.06},0.30260494954802231,1673.9255164661815,10043.553098797089,2.5498040521158496E-4,0.95228755322400094]
[null,"2.1.5.6","Composição Sinapi",103314,"INSTALAÇÃO DE PERGOLADO DE MADEIRA, EM MAÇARANDUBA, ANGELIM OU EQUIVALENTE DA REGIÃO, FIXADO COM CONCRETO SOBRE PISO DE CONCRETO EXISTENTE. AF_11/2021","M2",44.98,{"$f":"VLOOKUP(D315,'CPU (des)'!B:I,8,FALSE)","v":170.35},0.30260494954802231,221.8987531555056,9981.0059169346405,2.5339249049462686E-4,0.95254094571449555]
[null,"3.4.1.3","Composição Sinapi",99059,"LOCACAO CONVENCIONAL DE OBRA, UTILIZANDO GABARITO DE TÁBUAS CORRIDAS PONTALETADAS A CADA 2,00M -  2 UTILIZAÇÕES. AF_10/2018","M",172.28,{"$f":"VLOOKUP(D316,'CPU (des)'!B:I,8,FALSE)","v":44.16},0.30260494954802231,57.523034572040658,9910.0683960711649,2.5159156629613375E-4,0.95279253728079172]
[null,"3.5.1.3","Composição Sinapi",99059,"LOCACAO CONVENCIONAL DE OBRA, UTILIZANDO GABARITO DE TÁBUAS CORRIDAS PONTALETADAS A CADA 2,00M -  2 UTILIZAÇÕES. AF_10/2018","M",172.28,{"$f":"VLOOKUP(D317,'CPU (des)'!B:I,8,FALSE)","v":44.16},0.30260494954802231,57.523034572040658,9910.0683960711649,2.5159156629613375E-4,0.95304412884708789]
[null,"3.6.1.3","Composição Sinapi",99059,"LOCACAO CONVENCIONAL DE OBRA, UTILIZANDO GABARITO DE TÁBUAS CORRIDAS PONTALETADAS A CADA 2,00M -  2 UTILIZAÇÕES. AF_10/2018","M",172.28,{"$f":"VLOOKUP(D318,'CPU (des)'!B:I,8,FALSE)","v":44.16},0.30260494954802231,57.523034572040658,9910.0683960711649,2.5159156629613375E-4,0.95329572041338406]
[null,"3.6.6.3","Composição Sinapi",87543,"MASSA ÚNICA, PARA RECEBIMENTO DE PINTURA OU CERÂMICA, ARGAMASSA INDUSTRIALIZADA, PREPARO MECÂNICO, APLICADO COM EQUIPAMENTO DE MISTURA E PROJEÇÃO DE 1,5 M3/H EM FACES INTERNAS DE PAREDES, ESPESSURA DE 5MM, SEM EXECUÇÃO DE TALISCAS. AF_06/2014","M2",263.76,{"$f":"VLOOKUP(D319,'CPU (des)'!B:I,8,FALSE)","v":28.47},0.30260494954802231,37.085162913632196,9781.5825700996284,2.4832963621542446E-4,0.95354405004959952]
[null,"3.1.3.3","Composição Sinapi",93210,"EXECUÇÃO DE REFEITÓRIO EM CANTEIRO DE OBRA EM CHAPA DE MADEIRA COMPENSADA, NÃO INCLUSO MOBILIÁRIO E EQUIPAMENTOS. AF_02/2016","M2",13.8,{"$f":"VLOOKUP(D320,'CPU (des)'!B:I,8,FALSE)","v":541.64},0.30260494954802231,705.54294487319078,9736.4926392500329,2.471849169387006E-4,0.95379123496653817]
[null,"9.2.4","Composição Sinapi",93210,"EXECUÇÃO DE REFEITÓRIO EM CANTEIRO DE OBRA EM CHAPA DE MADEIRA COMPENSADA, NÃO INCLUSO MOBILIÁRIO E EQUIPAMENTOS. AF_02/2016","M2",13.8,{"$f":"VLOOKUP(D321,'CPU (des)'!B:I,8,FALSE)","v":541.64},0.30260494954802231,705.54294487319078,9736.4926392500329,2.471849169387006E-4,0.95403841988347682]
[null,"10.1.4","Composição Sinapi",93210,"EXECUÇÃO DE REFEITÓRIO EM CANTEIRO DE OBRA EM CHAPA DE MADEIRA COMPENSADA, NÃO INCLUSO MOBILIÁRIO E EQUIPAMENTOS. AF_02/2016","M2",13.8,{"$f":"VLOOKUP(D322,'CPU (des)'!B:I,8,FALSE)","v":541.64},0.30260494954802231,705.54294487319078,9736.4926392500329,2.471849169387006E-4,0.95428560480041547]
[null,"3.3.2.2.4","Composição Sinapi",96557,"CONCRETAGEM DE BLOCOS DE COROAMENTO E VIGAS BALDRAMES, FCK 30 MPA, COM USO DE BOMBA - LANÇAMENTO, ADENSAMENTO E ACABAMENTO. AF_06/2017","M3",8.3000000000000007,{"$f":"VLOOKUP(D323,'CPU (des)'!B:I,8,FALSE)","v":894.03},0.30260494954802231,1164.5679030444182,9665.913595268672,2.4539309356137718E-4,0.95453099789397688]
[null,"3.7.1.3","Composição Sinapi",99059,"LOCACAO CONVENCIONAL DE OBRA, UTILIZANDO GABARITO DE TÁBUAS CORRIDAS PONTALETADAS A CADA 2,00M -  2 UTILIZAÇÕES. AF_10/2018","M",168,{"$f":"VLOOKUP(D324,'CPU (des)'!B:I,8,FALSE)","v":44.16},0.30260494954802231,57.523034572040658,9663.8698081028306,2.4534120697556575E-4,0.9547763391009525]
[null,"4.8.11","Composição Sinapi",96526,"ESCAVAÇÃO MANUAL DE VALA PARA VIGA BALDRAME (SEM ESCAVAÇÃO PARA COLOCAÇÃO DE FÔRMAS). AF_06/2017","M3",32.4,{"$f":"VLOOKUP(D325,'CPU (des)'!B:I,8,FALSE)","v":227.43},0.30260494954802231,296.2514436757067,9598.5467750928965,2.4368282042026219E-4,0.95502002192137281]
[null,"3.3.7.12","Composição Sinapi",101876,"QUADRO DE DISTRIBUIÇÃO DE ENERGIA EM PVC, DE EMBUTIR, SEM BARRAMENTO, PARA 6 DISJUNTORES - FORNECIMENTO E INSTALAÇÃO. AF_10/2020","UN",100,{"$f":"VLOOKUP(D326,'CPU (des)'!B:I,8,FALSE)","v":73.56},0.30260494954802231,95.819620088752529,9581.9620088752526,2.4326177516178482E-4,0.95526328369653457]
[null,"3.6.4.6","Composição Sinapi",92446,"MONTAGEM E DESMONTAGEM DE FÔRMA DE VIGA, ESCORAMENTO COM PONTALETE DE MADEIRA, PÉ-DIREITO SIMPLES, EM MADEIRA SERRADA, 1 UTILIZAÇÃO. AF_09/2020","M2",35.1,{"$f":"VLOOKUP(D327,'CPU (des)'!B:I,8,FALSE)","v":209.3},0.30260494954802231,272.63521594040111,9569.4960795080788,2.4294529675119507E-4,0.95550622899328574]
[null,"3.3.8.5.1","Composição Orse",2450,"Limpeza geral","M2",3400,{"$f":"VLOOKUP(D328,'CPU (des)'!B:I,8,FALSE)","v":2.16},0.30260494954802231,2.8136266910237282,9566.3307494806759,2.4286493702938385E-4,0.95574909393031515]
[null,"3.3.12.1","Composição Orse",2450,"Limpeza geral","M2",3400,{"$f":"VLOOKUP(D329,'CPU (des)'!B:I,8,FALSE)","v":2.16},0.30260494954802231,2.8136266910237282,9566.3307494806759,2.4286493702938385E-4,0.95599195886734456]
[null,"3.3.2.3.3","Composição Sinapi",96536,"FABRICAÇÃO, MONTAGEM E DESMONTAGEM DE FÔRMA PARA VIGA BALDRAME, EM MADEIRA SERRADA, E=25 MM, 4 UTILIZAÇÕES. AF_06/2017","M2",127.7,{"$f":"VLOOKUP(D330,'CPU (des)'!B:I,8,FALSE)","v":56.87},0.30260494954802231,74.07914348079602,{"$f":"J330*G330","v":9459.9066224976523},2.4016309767477631E-4,0.95623212196501939]
[null,"2.3.3.4","Composição Sinapi",92761,"ARMAÇÃO DE PILAR OU VIGA DE ESTRUTURA CONVENCIONAL DE CONCRETO ARMADO UTILIZANDO AÇO CA-50 DE 8,0 MM - MONTAGEM. AF_06/2022","KG",480,{"$f":"VLOOKUP(D331,'CPU (des)'!B:I,8,FALSE)","v":15.09},0.30260494954802231,19.656308688679655,9435.0281705662346,{"$f":"K331/$K$1467","v":2.395314967172158E-4},0.95647165346173657]
[null,"3.2.2.2.1","Composição Sinapi",96523,"ESCAVAÇÃO MANUAL PARA BLOCO DE COROAMENTO OU SAPATA, COM PREVISÃO DE FÔRMA. AF_06/2017","M3",101.07,{"$f":"VLOOKUP(D332,'CPU (des)'!B:I,8,FALSE)","v":71.430000000000007},0.30260494954802231,93.04507154621524,9404.065381175973,2.3874542982360269E-4,{"$f":"L332+M331","v":0.95671039889156018}]
[null,"8.3.1","Composição Sinapi",90092,"ESCAVAÇÃO MECANIZADA DE VALA COM PROF. MAIOR QUE 1,5 M E ATÉ 3,0 M(MÉDIA MONTANTE E JUSANTE/UMA COMPOSIÇÃO POR TRECHO), ESCAVADEIRA (0,8 M3), LARG. MENOR QUE 1,5 M, EM SOLO DE 1A CATEGORIA, LOCAIS COM BAIXO NÍVEL DE INTERFERÊNCIA. AF_02/2021","M3",1352,{"$f":"VLOOKUP(D333,'CPU (des)'!B:I,8,FALSE)","v":5.28},0.30260494954802231,6.8777541336135579,9298.723588645531,2.3607106820267953E-4,0.95694646995976285]
[null,"3.3.7.19","Composição Orse",7164,"Fornecimento e instalação de conector rj 45 fêmea cat 6 (krone ou similar)","UN",230,{"$f":"VLOOKUP(D334,'CPU (des)'!B:I,8,FALSE)","v":30.9},0.30260494954802231,40.25049294103389,9257.6133764377955,2.3502738391446504E-4,0.9571814973436773]
[null,"2.1.5.1","Composição Orse",3740,"Mesa de concreto com 02 bancos integrados","UN",8,{"$f":"VLOOKUP(D335,'CPU (des)'!B:I,8,FALSE)","v":883.29},0.30260494954802231,1150.5779258862726,9204.623407090181,2.3368210264562575E-4,0.95741517944632293]
[null,"2.4.3.1","Composição Orse",3740,"Mesa de concreto com 02 bancos integrados","UN",8,{"$f":"VLOOKUP(D336,'CPU (des)'!B:I,8,FALSE)","v":883.29},0.30260494954802231,1150.5779258862726,9204.623407090181,2.3368210264562575E-4,0.95764886154896856]
[null,"2.2.2.9","Composição Sinapi",97096,"CONCRETAGEM DE RADIER, PISO DE CONCRETO OU LAJE SOBRE SOLO, FCK 30 MPA - LANÇAMENTO, ADENSAMENTO E ACABAMENTO. AF_09/2021","M3",8.56,{"$f":"VLOOKUP(D337,'CPU (des)'!B:I,8,FALSE)","v":824.19},0.30260494954802231,1073.5939733679845,9189.9644120299472,2.3330994784506016E-4,0.95788217149681365]
[null,"3.5.4.1","Composição Sinapi",92409,"MONTAGEM E DESMONTAGEM DE FÔRMA DE PILARES RETANGULARES E ESTRUTURAS SIMILARES, PÉ-DIREITO SIMPLES, EM MADEIRA SERRADA, 1 UTILIZAÇÃO. AF_09/2020","M2",33,{"$f":"VLOOKUP(D338,'CPU (des)'!B:I,8,FALSE)","v":212.85},0.30260494954802231,277.25946351129653,9149.5622958727854,2.3228424032424339E-4,0.95811445573713794]
[null,"3.6.4.1","Composição Sinapi",92409,"MONTAGEM E DESMONTAGEM DE FÔRMA DE PILARES RETANGULARES E ESTRUTURAS SIMILARES, PÉ-DIREITO SIMPLES, EM MADEIRA SERRADA, 1 UTILIZAÇÃO. AF_09/2020","M2",32.700000000000003,{"$f":"VLOOKUP(D339,'CPU (des)'!B:I,8,FALSE)","v":212.85},0.30260494954802231,277.25946351129653,9066.3844568193981,2.3017256541220485E-4,0.95834462830255018]
[null,"3.8.4.10","Composição Sinapi",92771,"ARMAÇÃO DE LAJE DE ESTRUTURA CONVENCIONAL DE CONCRETO ARMADO UTILIZANDO AÇO CA-50 DE 10,0 MM - MONTAGEM. AF_06/2022","KG",512.4,{"$f":"VLOOKUP(D340,'CPU (des)'!B:I,8,FALSE)","v":13.41},0.30260494954802231,17.46793237343898,8950.5685481501332,2.2723229247971307E-4,0.95857186059502986]
[null,"3.3.3.1.6","Composição Sinapi",92761,"ARMAÇÃO DE PILAR OU VIGA DE UMA ESTRUTURA CONVENCIONAL DE CONCRETO ARMADO EM UM EDIFÍCIO DE MÚLTIPLOS PAVIMENTOS UTILIZANDO AÇO CA-50 DE 8,0 MM - MONTAGEM. AF_12/2015","KG",454,{"$f":"VLOOKUP(D341,'CPU (des)'!B:I,8,FALSE)","v":15.09},0.30260494954802231,{"$f":"H341*(1+I341)","v":19.656308688679655},8923.9641446605638,2.2655687397836664E-4,0.95879841746900818]
[null,"3.3.6.8","Composição Sinapi",103314,"INSTALAÇÃO DE PERGOLADO DE MADEIRA, EM MAÇARANDUBA, ANGELIM OU EQUIVALENTE DA REGIÃO, FIXADO COM CONCRETO SOBRE PISO DE CONCRETO EXISTENTE. AF_11/2021","M2",40,{"$f":"VLOOKUP(D342,'CPU (des)'!B:I,8,FALSE)","v":170.35},0.30260494954802231,221.8987531555056,8875.9501262202248,2.2533791951500839E-4,0.95902375538852314]
[null,"3.3.5.2","Composição Sinapi",91315,"KIT DE PORTA DE MADEIRA PARA PINTURA, SEMI-OCA (LEVE OU MÉDIA), PADRÃO POPULAR, 90X210CM, ESPESSURA DE 3,5CM, ITENS INCLUSOS: DOBRADIÇAS, MONTAGEM E INSTALAÇÃO DO BATENTE, FECHADURA COM EXECUÇÃO DO FURO - FORNECIMENTO E INSTALAÇÃO. AF_12/2019","UN",8,{"$f":"VLOOKUP(D343,'CPU (des)'!B:I,8,FALSE)","v":842.78},0.30260494954802231,1097.8093993800821,8782.4751950406571,2.2296482748325065E-4,0.95924672021600643]
[null,"5.2.5","Composição Sinapi",93590,"TRANSPORTE COM CAMINHÃO BASCULANTE DE 10 M³, EM VIA URBANA PAVIMENTADA, ADICIONAL PARA DMT EXCEDENTE A 30 KM (UNIDADE: M3XKM). AF_07/2020","M3XKM",7354.99,{"$f":"VLOOKUP(D344,'CPU (des)'!B:I,8,FALSE)","v":0.91},0.30260494954802231,1.1853705040887004,8718.388203867351,2.2133782090326672E-4,0.95946805803690971]
[null,"5.3.4","Composição Sinapi",93590,"TRANSPORTE COM CAMINHÃO BASCULANTE DE 10 M³, EM VIA URBANA PAVIMENTADA, ADICIONAL PARA DMT EXCEDENTE A 30 KM (UNIDADE: M3XKM). AF_07/2020","M3XKM",7347.6,{"$f":"VLOOKUP(D345,'CPU (des)'!B:I,8,FALSE)","v":0.91},0.30260494954802231,1.1853705040887004,8709.6283158421356,2.2111542950688478E-4,0.95968917346641658]
[null,"8.3.5","Composição Sinapi",93590,"TRANSPORTE COM CAMINHÃO BASCULANTE DE 10 M³, EM VIA URBANA PAVIMENTADA, ADICIONAL PARA DMT EXCEDENTE A 30 KM (UNIDADE: M3XKM). AF_07/2020","M3XKM",7347,{"$f":"VLOOKUP(D346,'CPU (des)'!B:I,8,FALSE)","v":0.91},0.30260494954802231,1.1853705040887004,8708.9170935396814,2.2109737337186052E-4,0.95991027083978842]
[null,"2.5.8.1","Composição Sinapi",103307,"INSTALAÇÃO DE LIXEIRA METÁLICA DUPLA, CAPACIDADE DE 60 L, EM TUBO DE AÇO CARBONO E CESTOS EM CHAPA DE AÇO COM PINTURA ELETROSTÁTICA, SOBRE PISO DE CONCRETO EXISTENTE. AF_11/2021","UN",5,{"$f":"VLOOKUP(D347,'CPU (des)'!B:I,8,FALSE)","v":1322.14},0.30260494954802231,1722.2261079954224,8611.1305399771118,2.186148201552489E-4,0.9601288856599437]
[null,"8.5.11","Insumo Sinapi",36498,"GERADOR PORTATIL MONOFASICO, POTENCIA 5500 VA, MOTOR A GASOLINA, POTENCIA DO MOTOR 13 CV","UN",1,{"$f":"VLOOKUP(D348,'Insumos SINAPI (des)'!A:E,5,FALSE)","v":7093.57},{"$f":"$K$5","v":0.20311109145345707},8534.352745001499,8534.352745001499,2.1666562617164977E-4,0.96034555128611532]
[null,"6.2.15","Composição Orse",2675,"Fornecimento e assentamento de tubo de concreto armado ca2 d=0,40 m","M",43,{"$f":"VLOOKUP(D349,'CPU (des)'!B:I,8,FALSE)","v":152.31},{"$f":"$K$4","v":0.30260494954802231},198.39975986565929,8531.1896742233494,2.1658532380646167E-4,0.96056213660992174]
[null,"3.3.11.1","Composição Sinapi",88485,"APLICAÇÃO DE FUNDO SELADOR ACRÍLICO EM PAREDES, UMA DEMÃO. AF_06/2014","M2",2360,{"$f":"VLOOKUP(D350,'CPU (des)'!B:I,8,FALSE)","v":2.76},0.30260494954802231,3.5951896607525411,8484.6475993759977,2.1540373826723781E-4,0.96077754034818896]
[null,"4.7.27","Composição Orse",7138,"Fornecimento e lançamento de cabo utp 4 pares cat 6","M",550,{"$f":"VLOOKUP(D351,'CPU (des)'!B:I,8,FALSE)","v":11.72},0.30260494954802231,15.266530008702823,8396.5915047865528,2.1316821678804581E-4,0.96099070856497704]
[null,"2.4.3.2","Composição Sinapi",103310,"INSTALAÇÃO DE LIXEIRA DE MADEIRA DUPLA, CAPACIDADE DE 60 L, CESTOS EM MADEIRA, SOBRE SOLO. AF_11/2021","UN",5,{"$f":"VLOOKUP(D352,'CPU (des)'!B:I,8,FALSE)","v":1285.06},0.30260494954802231,1673.9255164661815,8369.6275823309079,2.1248367100965414E-4,0.96120319223598671]
[null,"3.3.2.3.7","Composição Sinapi",98557,"IMPERMEABILIZAÇÃO DE SUPERFÍCIE COM EMULSÃO ASFÁLTICA, 2 DEMÃOS AF_06/2018","M2",89.39,{"$f":"VLOOKUP(D353,'CPU (des)'!B:I,8,FALSE)","v":71.349999999999994},0.30260494954802231,92.940863150251388,8307.9837570009713,2.1091869022976442E-4,0.96141411092621643]
[null,"2.2.6.1","Composição Sinapi",103946,"PLANTIO DE GRAMA ESMERALDA OU SÃO CARLOS OU CURITIBANA, EM PLACAS. AF_05/2022","M2",342.63,{"$f":"VLOOKUP(D354,'CPU (des)'!B:I,8,FALSE)","v":18.489999999999998},0.30260494954802231,24.085165517142929,8252.3002611386819,2.0950502713674361E-4,0.96162361595335322]
[null,"3.3.7.47","Composição Orse",11820,"Central de alarme endereçável de incendio com sistema p/ até 250 dispositivos, marcal Verin ou similar, Modelo VRE-250 c/ bateria de 12V e 7Amperes","UN",1,{"$f":"VLOOKUP(D355,'CPU (des)'!B:I,8,FALSE)","v":5998.24},0.30260494954802231,7813.337112576929,7813.337112576929,1.9836086327439152E-4,0.96182197681662762]
[null,"5.3.9","Composição Sinapi",100576,"REGULARIZAÇÃO E COMPACTAÇÃO DE SUBLEITO DE SOLO  PREDOMINANTEMENTE ARGILOSO. AF_11/2019","M2",2639,{"$f":"VLOOKUP(D356,'CPU (des)'!B:I,8,FALSE)","v":2.27},0.30260494954802231,2.9569132354740106,7803.294028415914,1.981058947743239E-4,0.96202008271140194]
[null,"3.3.8.3.13","Insumo Sinapi",40552,"PARAFUSO, AUTO ATARRACHANTE, CABECA CHATA, FENDA SIMPLES, 1/4\" (6,35 MM) X 25 MM","CENTO",143,{"$f":"VLOOKUP(D357,'Insumos SINAPI (des)'!A:E,5,FALSE)","v":45.23},{"$f":"$K$5","v":0.20311109145345707},54.416714666439859,7781.5901973008995,1.9755488940820373E-4,0.96221763760081014]
[null,"3.3.7.73","Insumo Sinapi",981,"CABO DE COBRE, FLEXIVEL, CLASSE 4 OU 5, ISOLACAO EM PVC/A, ANTICHAMA BWF-B, 1 CONDUTOR, 450/750 V, SECAO NOMINAL 4 MM2","M",1422.2,{"$f":"VLOOKUP(D358,'Insumos SINAPI (des)'!A:E,5,FALSE)","v":4.5},{"$f":"$K$5","v":0.20311109145345707},5.4139999115405573,7699.790674192981,1.9547820645118629E-4,0.9624131158072613]
[null,"4.9.1","Composição Orse",2344,"Preparo de superfície com lixamento de paredes e tetos","M2",1923.21,{"$f":"VLOOKUP(D359,'CPU (des)'!B:I,8,FALSE)","v":3.04},{"$f":"$K$4","v":0.30260494954802231},3.9599190466259877,7615.755909661566,1.9334477636909247E-4,0.96260646058363042]
[null,"3.5.4.11","Composição Sinapi",92771,"ARMAÇÃO DE LAJE DE ESTRUTURA CONVENCIONAL DE CONCRETO ARMADO UTILIZANDO AÇO CA-50 DE 10,0 MM - MONTAGEM. AF_06/2022","KG",433,{"$f":"VLOOKUP(D360,'CPU (des)'!B:I,8,FALSE)","v":13.41},0.30260494954802231,17.46793237343898,7563.6147176990789,1.9202104341084264E-4,0.96279848162704129]
[null,"4.5.4","Composição Sinapi",87246,"REVESTIMENTO CERÂMICO PARA PISO COM PLACAS TIPO ESMALTADA EXTRA DE DIMENSÕES 35X35 CM APLICADA EM AMBIENTES DE ÁREA MENOR QUE 5 M2. AF_02/2023_PE","M2",73.5,{"$f":"VLOOKUP(D361,'CPU (des)'!B:I,8,FALSE)","v":78.2},0.30260494954802231,101.86370705465535,7486.9824685171679,1.9007554446674694E-4,0.962988557171508]
[null,"3.6.8.1.18","Composição Orse",12021,"Luminária de embutir aberta para lâmpada fluorescente ou tubo led 2 x 18/20 w (tecnolux ref.fle-8157/232 ou similar), completa,  com lampada tubo led","UN",32,{"$f":"VLOOKUP(D362,'CPU (des)'!B:I,8,FALSE)","v":177.38},0.30260494954802231,231.05606595082818,7393.7941104265019,1.8770972780074991E-4,0.9631762668993088]
[null,"8.4.6","Composição Orse",5612,"Fornecimento de curva 90º, em ferro fundido, com flanges pn 10, diam. =  200mm","UN",5,{"$f":"VLOOKUP(D363,'CPU (des)'!B:I,8,FALSE)","v":1134.43},0.30260494954802231,1477.714132915763,7388.570664578815,1.8757711772483926E-4,0.96336384401703368]
[null,"3.3.8.2.16","Composição Sinapi",91926,"CABO DE COBRE FLEXÍVEL ISOLADO, 2,5 MM², ANTI-CHAMA 450/750 V, PARA CIRCUITOS TERMINAIS - FORNECIMENTO E INSTALAÇÃO. AF_12/2015","M",1194.4000000000001,{"$f":"VLOOKUP(D364,'CPU (des)'!B:I,8,FALSE)","v":4.7},0.30260494954802231,6.1222432628757053,7312.4073531787426,1.8564352392471563E-4,0.96354948754095837]
[null,"8.4.12","Insumo Sinapi",10921,"HIDRANTE DE COLUNA COMPLETO, EM FERRO FUNDIDO, DN = 100 MM, COM REGISTRO, CUNHA DE BORRACHA, CURVA DESSIMETRICA, EXTREMIDADE E TAMPAS (INCLUI KIT FIXACAO)","UN",1,{"$f":"VLOOKUP(D365,'Insumos SINAPI (des)'!A:E,5,FALSE)","v":5920},{"$f":"$K$5","v":0.20311109145345707},7122.4176614044654,7122.4176614044654,1.8082016628244546E-4,0.96373030770724077]
[null,"4.6.35","Composição Sinapi",91932,"CABO DE COBRE FLEXÍVEL ISOLADO, 10 MM², ANTI-CHAMA 450/750 V, PARA CIRCUITOS TERMINAIS - FORNECIMENTO E INSTALAÇÃO. AF_03/2023","M",290,{"$f":"VLOOKUP(D366,'CPU (des)'!B:I,8,FALSE)","v":18.72},{"$f":"$K$4","v":0.30260494954802231},24.384764655538977,7071.5817501063029,1.7952957109819157E-4,0.96390983727833901]
[null,"3.4.6.4","Composição Sinapi",87622,"CONTRAPISO EM ARGAMASSA TRAÇO 1:4 (CIMENTO E AREIA), PREPARO MANUAL, APLICADO EM ÁREAS SECAS SOBRE LAJE, ADERIDO, ACABAMENTO NÃO REFORÇADO, ESPESSURA 2CM. AF_07/2021","M2",144.44999999999999,{"$f":"VLOOKUP(D367,'CPU (des)'!B:I,8,FALSE)","v":37.22},0.30260494954802231,48.482956222177386,7003.363026293523,1.777976702788607E-4,0.96408763494861782]
[null,"4.6.13","Composição Sinapi",91926,"CABO DE COBRE FLEXÍVEL ISOLADO, 2,5 MM², ANTI-CHAMA 450/750 V, PARA CIRCUITOS TERMINAIS - FORNECIMENTO E INSTALAÇÃO. AF_12/2015","M",1142,{"$f":"VLOOKUP(D368,'CPU (des)'!B:I,8,FALSE)","v":4.7},0.30260494954802231,6.1222432628757053,6991.6018062040557,1.7749908265407338E-4,0.9642651340312719]
[null,"3.3.8.2.42","Composição Sinapi",97586,"LUMINÁRIA TIPO CALHA, DE SOBREPOR, COM 2 LÂMPADAS TUBULARES FLUORESCENTES DE 36 W, COM REATOR DE PARTIDA RÁPIDA - FORNECIMENTO E INSTALAÇÃO. AF_02/2020","UN",34,{"$f":"VLOOKUP(D369,'CPU (des)'!B:I,8,FALSE)","v":156.79},0.30260494954802231,204.23543003963439,6944.0046213475698,1.7629071054091247E-4,0.96444142474181282]
[null,"5.4.3","Composição Sinapi",100974,"CARGA, MANOBRA E DESCARGA DE SOLOS E MATERIAIS GRANULARES EM CAMINHÃO BASCULANTE 10 M³ - CARGA COM PÁ CARREGADEIRA (CAÇAMBA DE 1,7 A 2,8 M³ / 128 HP) E DESCARGA LIVRE (UNIDADE: M3). AF_07/2020","M3",673,{"$f":"VLOOKUP(D370,'CPU (des)'!B:I,8,FALSE)","v":7.86},0.30260494954802231,10.238474903447456,6890.4936100201376,1.7493220133432653E-4,0.96461635694314718]
[null,"3.2.2.3.5","Composição Sinapi",93382,"REATERRO MANUAL DE VALAS COM COMPACTAÇÃO MECANIZADA. AF_04/2016","M3",283.66000000000003,{"$f":"VLOOKUP(D371,'CPU (des)'!B:I,8,FALSE)","v":18.52},0.30260494954802231,24.124243665629372,6843.0829581924281,1.7372856482287895E-4,0.96479008550797007]
[null,"2.1.6.2","Composição Sinapi",98511,"PLANTIO DE ÁRVORE ORNAMENTAL COM ALTURA DE MUDA MAIOR QUE 2,00 M E MENOR OU IGUAL A 4,00 M. AF_05/2018","UN",42,{"$f":"VLOOKUP(D372,'CPU (des)'!B:I,8,FALSE)","v":124.74},0.30260494954802231,162.4869414066203,6824.4515390780525,1.7325556022493251E-4,0.96496334106819504]
[null,"3.8.4.1","Composição Sinapi",92409,"MONTAGEM E DESMONTAGEM DE FÔRMA DE PILARES RETANGULARES E ESTRUTURAS SIMILARES, PÉ-DIREITO SIMPLES, EM MADEIRA SERRADA, 1 UTILIZAÇÃO. AF_09/2020","M2",24.6,{"$f":"VLOOKUP(D373,'CPU (des)'!B:I,8,FALSE)","v":212.85},0.30260494954802231,277.25946351129653,6820.582802377895,1.7315734278716327E-4,0.96513649841098215]
[null,"3.3.10.1","Composição Sinapi",96765,"ABRIGO PARA HIDRANTE, 90X60X17CM, COM REGISTRO GLOBO ANGULAR 45 GRAUS 2 1/2\", ADAPTADOR STORZ 2 1/2\", MANGUEIRA DE INCÊNDIO 20M, REDUÇÃO 2 1/2\" X 1 1/2\" E ESGUICHO EM LATÃO 1 1/2\" - FORNECIMENTO E INSTALAÇÃO. AF_10/2020","UN",3,{"$f":"VLOOKUP(D374,'CPU (des)'!B:I,8,FALSE)","v":1724.44},0.30260494954802231,2246.2640791985918,6738.7922375957751,1.7108088725937529E-4,0.96530757929824151]
[null,"2.1.5.2","Composição Sinapi",103310,"INSTALAÇÃO DE LIXEIRA METÁLICA DUPLA, CAPACIDADE DE 60 L, EM TUBO DE AÇO CARBONO E CESTOS EM CHAPA DE AÇO COM PINTURA ELETROSTÁTICA, SOBRE SOLO. AF_11/2021","UN",4,{"$f":"VLOOKUP(D375,'CPU (des)'!B:I,8,FALSE)","v":1285.06},0.30260494954802231,1673.9255164661815,6695.7020658647261,1.6998693680772331E-4,0.96547756623504921]
[null,"3.4.1.4","Composição Sinapi",93582,"EXECUÇÃO DE CENTRAL DE ARMADURA EM CANTEIRO DE OBRA, NÃO INCLUSO MOBILIÁRIO E EQUIPAMENTOS. AF_04/2016","M2",20,{"$f":"VLOOKUP(D376,'CPU (des)'!B:I,8,FALSE)","v":255.24},0.30260494954802231,332.47688732263725,6649.5377464527446,1.6881494152336582E-4,0.96564638117657253]
[null,"3.5.1.4","Composição Sinapi",93582,"EXECUÇÃO DE CENTRAL DE ARMADURA EM CANTEIRO DE OBRA, NÃO INCLUSO MOBILIÁRIO E EQUIPAMENTOS. AF_04/2016","M2",20,{"$f":"VLOOKUP(D377,'CPU (des)'!B:I,8,FALSE)","v":255.24},0.30260494954802231,332.47688732263725,6649.5377464527446,1.6881494152336582E-4,0.96581519611809585]
[null,"3.6.1.4","Composição Sinapi",93582,"EXECUÇÃO DE CENTRAL DE ARMADURA EM CANTEIRO DE OBRA, NÃO INCLUSO MOBILIÁRIO E EQUIPAMENTOS. AF_04/2016","M2",20,{"$f":"VLOOKUP(D378,'CPU (des)'!B:I,8,FALSE)","v":255.24},0.30260494954802231,332.47688732263725,6649.5377464527446,1.6881494152336582E-4,0.96598401105961917]
[null,"3.7.1.4","Composição Sinapi",93582,"EXECUÇÃO DE CENTRAL DE ARMADURA EM CANTEIRO DE OBRA, NÃO INCLUSO MOBILIÁRIO E EQUIPAMENTOS. AF_04/2016","M2",20,{"$f":"VLOOKUP(D379,'CPU (des)'!B:I,8,FALSE)","v":255.24},0.30260494954802231,332.47688732263725,6649.5377464527446,1.6881494152336582E-4,0.9661528260011425]
[null,"3.8.1.4","Composição Sinapi",93582,"EXECUÇÃO DE CENTRAL DE ARMADURA EM CANTEIRO DE OBRA, NÃO INCLUSO MOBILIÁRIO E EQUIPAMENTOS. AF_04/2016","M2",20,{"$f":"VLOOKUP(D380,'CPU (des)'!B:I,8,FALSE)","v":255.24},0.30260494954802231,332.47688732263725,6649.5377464527446,1.6881494152336582E-4,0.96632164094266582]
[null,"3.9.1.4","Composição Sinapi",93582,"EXECUÇÃO DE CENTRAL DE ARMADURA EM CANTEIRO DE OBRA, NÃO INCLUSO MOBILIÁRIO E EQUIPAMENTOS. AF_04/2016","M2",20,{"$f":"VLOOKUP(D381,'CPU (des)'!B:I,8,FALSE)","v":255.24},0.30260494954802231,332.47688732263725,6649.5377464527446,1.6881494152336582E-4,0.96649045588418914]
[null,"3.8.4.5","Composição Sinapi",92446,"MONTAGEM E DESMONTAGEM DE FÔRMA DE VIGA, ESCORAMENTO COM PONTALETE DE MADEIRA, PÉ-DIREITO SIMPLES, EM MADEIRA SERRADA, 1 UTILIZAÇÃO. AF_09/2020","M2",24.2,{"$f":"VLOOKUP(D382,'CPU (des)'!B:I,8,FALSE)","v":209.3},0.30260494954802231,272.63521594040111,6597.772225757707,1.6750074590823137E-4,0.96665795663009735]
[null,"7.2.10","Composição Sinapi",101636,"BRAÇO PARA ILUMINAÇÃO PÚBLICA, EM TUBO DE AÇO GALVANIZADO, COMPRIMENTO DE 1,50 M, PARA FIXAÇÃO EM POSTE DE CONCRETO - FORNECIMENTO E INSTALAÇÃO. AF_08/2020","UN",34,{"$f":"VLOOKUP(D383,'CPU (des)'!B:I,8,FALSE)","v":146.94999999999999},0.30260494954802231,191.41779733608186,6508.2051094267836,1.6522686340957385E-4,0.96682318349350693]
[null,"6.2.31","Composição SICRO",2003715,"Chaminé dos poços de visita - CPV 02 - areia extraída e brita produzida","UN",3,{"$f":"VLOOKUP(D384,'CPU (des)'!B:I,8,FALSE)","v":1657.09},0.30260494954802231,2158.533635846532,6475.6009075395959,1.643991252050742E-4,0.96698758261871198]
[null,"4.6.44","Insumo Sinapi",1808,"CURVA 90 GRAUS DE FERRO GALVANIZADO, COM ROSCA BSP MACHO/FEMEA, DE 4\"","UN",8,{"$f":"VLOOKUP(D385,'Insumos SINAPI (des)'!A:E,5,FALSE)","v":670.74},{"$f":"$K$5","v":0.20311109145345707},806.97473348149185,6455.7978678519348,1.638963761247128E-4,0.96715147899483667]
[null,"3.4.4.8","Composição Sinapi",92769,"ARMAÇÃO DE LAJE DE ESTRUTURA CONVENCIONAL DE CONCRETO ARMADO UTILIZANDO AÇO CA-50 DE 6,3 MM - MONTAGEM. AF_06/2022","KG",327.3,{"$f":"VLOOKUP(D386,'CPU (des)'!B:I,8,FALSE)","v":15.11},{"$f":"$K$4","v":0.30260494954802231},19.682360787670618,6442.0366858045936,1.6354701452527627E-4,0.96731502600936192]
[null,"3.9.3.8","Composição Sinapi",92769,"ARMAÇÃO DE LAJE DE ESTRUTURA CONVENCIONAL DE CONCRETO ARMADO UTILIZANDO AÇO CA-50 DE 6,3 MM - MONTAGEM. AF_06/2022","KG",327.3,{"$f":"VLOOKUP(D387,'CPU (des)'!B:I,8,FALSE)","v":15.11},0.30260494954802231,19.682360787670618,6442.0366858045936,1.6354701452527627E-4,0.96747857302388718]
[null,"3.4.3.7","Composição Sinapi",96557,"CONCRETAGEM DE BLOCOS DE COROAMENTO E VIGAS BALDRAMES, FCK 30 MPA, COM USO DE BOMBA - LANÇAMENTO, ADENSAMENTO E ACABAMENTO. AF_06/2017","M3",5.5,{"$f":"VLOOKUP(D388,'CPU (des)'!B:I,8,FALSE)","v":894.03},0.30260494954802231,1164.5679030444182,6405.1234667443005,1.6260988127561141E-4,0.96764118290516277]
[null,"3.5.3.7","Composição Sinapi",96557,"CONCRETAGEM DE BLOCOS DE COROAMENTO E VIGAS BALDRAMES, FCK 30 MPA, COM USO DE BOMBA - LANÇAMENTO, ADENSAMENTO E ACABAMENTO. AF_06/2017","M3",5.5,{"$f":"VLOOKUP(D389,'CPU (des)'!B:I,8,FALSE)","v":894.03},0.30260494954802231,1164.5679030444182,6405.1234667443005,1.6260988127561141E-4,0.96780379278643835]
[null,"3.3.3.1.8","Composição Sinapi",92765,"ARMAÇÃO DE PILAR OU VIGA DE UMA ESTRUTURA CONVENCIONAL DE CONCRETO ARMADO EM UM EDIFÍCIO DE MÚLTIPLOS PAVIMENTOS UTILIZANDO AÇO CA-50 DE 20,0 MM - MONTAGEM. AF_12/2015","KG",369.3,{"$f":"VLOOKUP(D390,'CPU (des)'!B:I,8,FALSE)","v":13.23},0.30260494954802231,17.233463482520335,6364.3180640947603,1.6157393533097874E-4,0.96796536672176936]
[null,"3.3.7.56","Composição Sinapi",101900,"DISJUNTOR BAIXA TENSÃO TRIPOLAR A SECO  800A/600V - FORNECIMENTO E INSTALAÇÃO. AF_10/2020","UN",1,{"$f":"VLOOKUP(D391,'CPU (des)'!B:I,8,FALSE)","v":4872.3599999999997},0.30260494954802231,6346.760251979802,6346.760251979802,1.6112818689875935E-4,0.96812649490866809]
[null,"3.9.1.3","Composição Sinapi",99059,"LOCACAO CONVENCIONAL DE OBRA, UTILIZANDO GABARITO DE TÁBUAS CORRIDAS PONTALETADAS A CADA 2,00M -  2 UTILIZAÇÕES. AF_10/2018","M",110.15,{"$f":"VLOOKUP(D392,'CPU (des)'!B:I,8,FALSE)","v":44.16},0.30260494954802231,57.523034572040658,6336.1622581102783,1.6085913064499147E-4,0.9682873540393131]
[null,"3.3.8.3.44","Composição Sinapi",97586,"LUMINÁRIA TIPO CALHA, DE SOBREPOR, COM 2 LÂMPADAS TUBULARES FLUORESCENTES DE 36 W, COM REATOR DE PARTIDA RÁPIDA - FORNECIMENTO E INSTALAÇÃO. AF_02/2020","UN",31,{"$f":"VLOOKUP(D393,'CPU (des)'!B:I,8,FALSE)","v":156.79},0.30260494954802231,204.23543003963439,6331.298331228666,1.6073564784612604E-4,0.96844808968715923]
[null,"3.6.4.8","Composição Sinapi",92768,"ARMAÇÃO DE LAJE DE ESTRUTURA CONVENCIONAL DE CONCRETO ARMADO UTILIZANDO AÇO CA-60 DE 5,0 MM - MONTAGEM. AF_06/2022","KG",318.10000000000002,{"$f":"VLOOKUP(D394,'CPU (des)'!B:I,8,FALSE)","v":15.2},0.30260494954802231,19.799595233129939,{"$f":"J394*G394","v":6298.2512436586339},1.5989666589454174E-4,0.96860798635305378]
[null,"2.1.5.4","Composição Sinapi",92761,"ARMAÇÃO DE PILAR OU VIGA DE ESTRUTURA CONVENCIONAL DE CONCRETO ARMADO UTILIZANDO AÇO CA-50 DE 8,0 MM - MONTAGEM. AF_06/2022","KG",320,{"$f":"VLOOKUP(D395,'CPU (des)'!B:I,8,FALSE)","v":15.09},0.30260494954802231,19.656308688679655,6290.0187803774897,{"$f":"K395/$K$1467","v":1.5968766447814389E-4},0.96876767401753194]
[null,"2.4.3.4","Composição Sinapi",92761,"ARMAÇÃO DE PILAR OU VIGA DE UMA ESTRUTURA CONVENCIONAL DE CONCRETO ARMADO EM UM EDIFÍCIO DE MÚLTIPLOS PAVIMENTOS UTILIZANDO AÇO CA-50 DE 8,0 MM - MONTAGEM. AF_12/2015","KG",320,{"$f":"VLOOKUP(D396,'CPU (des)'!B:I,8,FALSE)","v":15.09},0.30260494954802231,19.656308688679655,6290.0187803774897,1.5968766447814389E-4,{"$f":"L396+M395","v":0.9689273616820101}]
[null,"3.3.8.4.1","Composição Sinapi",88485,"APLICAÇÃO DE FUNDO SELADOR ACRÍLICO EM PAREDES, UMA DEMÃO. AF_06/2014","M2",1722.95,{"$f":"VLOOKUP(D397,'CPU (des)'!B:I,8,FALSE)","v":2.76},0.30260494954802231,3.5951896607525411,6194.3320259935908,1.5725841985065141E-4,0.96908462010186081]
[null,"2.1.4.2","Composição Sinapi",94266,"GUIA (MEIO-FIO) CONCRETO, MOLDADA  IN LOCO  EM TRECHO CURVO COM EXTRUSORA, 15 CM BASE X 30 CM ALTURA. AF_06/2016","M",89.73,{"$f":"VLOOKUP(D398,'CPU (des)'!B:I,8,FALSE)","v":52.67},0.30260494954802231,68.608202692694334,6156.2140276154632,1.562907003019318E-4,0.96924091080216279]
[null,"3.6.7.2","Composição Sinapi",90790,"KIT DE PORTA-PRONTA DE MADEIRA EM ACABAMENTO MELAMÍNICO BRANCO, FOLHA LEVE OU MÉDIA, 80X210CM, EXCLUSIVE FECHADURA, FIXAÇÃO COM PREENCHIMENTO PARCIAL DE ESPUMA EXPANSIVA - FORNECIMENTO E INSTALAÇÃO. AF_12/2019","UN",5,{"$f":"VLOOKUP(D399,'CPU (des)'!B:I,8,FALSE)","v":920.9},0.30260494954802231,1199.5688980387738,5997.8444901938692,1.5227009838668273E-4,0.96939318090054949]
[null,"3.6.10.2","Composição Sinapi",88423,"APLICAÇÃO MANUAL DE PINTURA COM TINTA TEXTURIZADA ACRÍLICA EM PAREDES EXTERNAS DE CASAS, UMA COR. AF_06/2014","M2",363.76,{"$f":"VLOOKUP(D400,'CPU (des)'!B:I,8,FALSE)","v":12.64},0.30260494954802231,16.464926562287001,5989.2816862975196,1.5205271045775346E-4,0.9695452336110072]
[null,"3.3.7.93","Composição Orse",11855,"Cabo blindado para alarme e detecção de incêncio 3 x 1,5mm2","M",210,{"$f":"VLOOKUP(D401,'CPU (des)'!B:I,8,FALSE)","v":21.44},0.30260494954802231,27.9278501183096,5864.8485248450161,1.4889366727683794E-4,0.96969412727828408]
[null,"3.5.10.1","Composição Orse",1857,"Porta em aço, em chapa galvanizada nº24, raiada, de enrolar","M2",21.23,{"$f":"VLOOKUP(D402,'CPU (des)'!B:I,8,FALSE)","v":210.75},0.30260494954802231,274.52399311724571,5828.1443738791268,1.4796184173719397E-4,0.96984208912002123]
[null,"2.3.3.3","Composição Sinapi",92435,"MONTAGEM E DESMONTAGEM DE FÔRMA DE PILARES RETANGULARES E ESTRUTURAS SIMILARES, PÉ-DIREITO SIMPLES, EM CHAPA DE MADEIRA COMPENSADA PLASTIFICADA, 12 UTILIZAÇÕES. AF_09/2020","M2",80.64,{"$f":"VLOOKUP(D403,'CPU (des)'!B:I,8,FALSE)","v":55.21},0.30260494954802231,71.916819264546319,5799.3723054930151,1.4723139170783682E-4,0.96998932051172904]
[null,"5.3.3","Composição Sinapi",100974,"CARGA, MANOBRA E DESCARGA DE SOLOS E MATERIAIS GRANULARES EM CAMINHÃO BASCULANTE 10 M³ - CARGA COM PÁ CARREGADEIRA (CAÇAMBA DE 1,7 A 2,8 M³ / 128 HP) E DESCARGA LIVRE (UNIDADE: M3). AF_07/2020","M3",565.20000000000005,{"$f":"VLOOKUP(D404,'CPU (des)'!B:I,8,FALSE)","v":7.86},0.30260494954802231,10.238474903447456,5786.7860154285027,1.4691185764362759E-4,0.97013623236937263]
[null,"8.4.17","Composição Orse",12825,"EM ESTUDO - Tampa em concreto armado fck=30,0MPa, para poço de inspeção/visita em alvenaria/concreto, dim. 1,20x1,20x0,20m, apoiada sobre o PI/PV, com aço 3/8\", exclusive tampão de ferro fundido","UN",3,{"$f":"VLOOKUP(D405,'CPU (des)'!B:I,8,FALSE)","v":1460.54},0.30260494954802231,{"$f":"H405*(1+I405)","v":1902.5066330128684},5707.5198990386052,1.4489949147422233E-4,0.97028113186084686]
[null,"2.2.3.8","Composição Sinapi",103685,"CONCRETAGEM DE MURETAS, FCK=25 MPA, COM USO DE BOMBA - LANÇAMENTO, ADENSAMENTO E ACABAMENTO. AF_02/2022","M3",5.0599999999999996,{"$f":"VLOOKUP(D406,'CPU (des)'!B:I,8,FALSE)","v":851.35},0.30260494954802231,1108.9727237977088,5611.4019824164061,1.424593007282445E-4,0.97042359116157506]
[null,"3.4.7.4","Composição Sinapi",91934,"CABO DE COBRE FLEXÍVEL ISOLADO, 16 MM², ANTI-CHAMA 450/750 V, PARA CIRCUITOS TERMINAIS - FORNECIMENTO E INSTALAÇÃO. AF_12/2015","M",158,{"$f":"VLOOKUP(D407,'CPU (des)'!B:I,8,FALSE)","v":26.95},0.30260494954802231,35.105203390319197,5546.6221356704327,1.4081470429804183E-4,0.97056440586587311]
[null,"3.5.7.4","Composição Sinapi",91934,"CABO DE COBRE FLEXÍVEL ISOLADO, 16 MM², ANTI-CHAMA 450/750 V, PARA CIRCUITOS TERMINAIS - FORNECIMENTO E INSTALAÇÃO. AF_12/2015","M",158,{"$f":"VLOOKUP(D408,'CPU (des)'!B:I,8,FALSE)","v":26.95},0.30260494954802231,35.105203390319197,5546.6221356704327,1.4081470429804183E-4,0.97070522057017117]
[null,"3.3.3.1.3","Composição Sinapi",92764,"ARMAÇÃO DE PILAR OU VIGA DE UMA ESTRUTURA CONVENCIONAL DE CONCRETO ARMADO EM UM EDIFÍCIO DE MÚLTIPLOS PAVIMENTOS UTILIZANDO AÇO CA-50 DE 16,0 MM - MONTAGEM. AF_12/2015","KG",368.9,{"$f":"VLOOKUP(D409,'CPU (des)'!B:I,8,FALSE)","v":11.47},0.30260494954802231,14.940878771315816,5511.690178738404,1.3992787028165881E-4,0.97084514844045278]
[null,"4.6.4","Insumo Sinapi",4383,"PARAFUSO FRANCES METRICO ZINCADO, DIAMETRO 12 MM, COMPRIMENTO 140MM, COM PORCA SEXTAVADA E ARRUELA DE PRESSAO MEDIA","UN",239,{"$f":"VLOOKUP(D410,'Insumos SINAPI (des)'!A:E,5,FALSE)","v":18.899999999999999},{"$f":"$K$5","v":0.20311109145345707},22.738799628470336,5434.5731112044105,1.3797006302608688E-4,0.97098311850347885]
[null,"9.1.1","Composição Própria","1.2","MOBILIZAÇÃO ","UN",1,{"$f":"'CPU Própria (des)'!$J$13","v":4156.5},{"$f":"$K$4","v":0.30260494954802231},5414.2774727963551,5414.2774727963551,1.3745480811038044E-4,0.97112057331158919]
[null,"9.1.2","Composição Própria","1.2","DESMOBILIZAÇÃO","UN",1,{"$f":"'CPU Própria (des)'!$J$13","v":4156.5},0.30260494954802231,5414.2774727963551,5414.2774727963551,1.3745480811038044E-4,0.97125802811969952]
[null,"3.3.7.4","Composição Sinapi",94227,"CALHA EM CHAPA DE AÇO GALVANIZADO NÚMERO 24, DESENVOLVIMENTO DE 33 CM, INCLUSO TRANSPORTE VERTICAL. AF_07/2019","M",65.7,{"$f":"VLOOKUP(D413,'CPU (des)'!B:I,8,FALSE)","v":62.88},0.30260494954802231,81.907799227579645,5381.3424092519826,1.3661867016541163E-4,0.97139464678986498]
[null,"3.3.7.23","Composição Orse",11418,"Tomada para lógica, rj45, com placa","UN",120,{"$f":"VLOOKUP(D414,'CPU (des)'!B:I,8,FALSE)","v":34.39},0.30260494954802231,44.796584214956489,5375.5901057947785,1.3647263373268808E-4,0.97153111942359771]
[null,"2.5.6","Composição Sinapi",94266,"GUIA (MEIO-FIO) CONCRETO, MOLDADA  IN LOCO  EM TRECHO CURVO COM EXTRUSORA, 15 CM BASE X 30 CM ALTURA. AF_06/2016","M",77.900000000000006,{"$f":"VLOOKUP(D415,'CPU (des)'!B:I,8,FALSE)","v":52.67},0.30260494954802231,68.608202692694334,5344.5789897608893,1.3568533994784898E-4,0.97166680476354561]
[null,"4.9.2","Composição Sinapi",88411,"APLICAÇÃO MANUAL DE FUNDO SELADOR ACRÍLICO EM PANOS COM PRESENÇA DE VÃOS DE EDIFÍCIOS DE MÚLTIPLOS PAVIMENTOS. AF_06/2014","M2",1923.21,{"$f":"VLOOKUP(D416,'CPU (des)'!B:I,8,FALSE)","v":2.13},0.30260494954802231,2.7745485425372873,5336.0395024931368,1.3546854396913387E-4,0.97180227330751479]
[null,"3.3.7.53","Composição Orse",12740,"Fornecimento e assentamento de barra chata de alumínio de 7/8\" x 1/8\"","M",282,{"$f":"VLOOKUP(D417,'CPU (des)'!B:I,8,FALSE)","v":14.28},0.30260494954802231,18.601198679545757,5245.5380276319038,1.3317094047111215E-4,0.97193544424798595]
[null,"3.2.1.9","Composição Sinapi",102207,"PINTURA TINTA DE ACABAMENTO (PIGMENTADA) A ÓLEO EM MADEIRA, 1 DEMÃO. AF_01/2021","M2",610.24,{"$f":"VLOOKUP(D418,'CPU (des)'!B:I,8,FALSE)","v":6.47},0.30260494954802231,8.4278540235757031,5143.0136393468374,1.3056810561656976E-4,0.97206601235360257]
[null,"3.3.1.9","Composição Sinapi",102207,"PINTURA TINTA DE ACABAMENTO (PIGMENTADA) A ÓLEO EM MADEIRA, 1 DEMÃO. AF_01/2021","M2",610.24,{"$f":"VLOOKUP(D419,'CPU (des)'!B:I,8,FALSE)","v":6.47},0.30260494954802231,8.4278540235757031,5143.0136393468374,1.3056810561656976E-4,0.9721965804592192]
[null,"4.6.5","Insumo Sinapi",4336,"PARAFUSO ZINCADO, SEXTAVADO, COM ROSCA INTEIRA, DIAMETRO 5/8\", COMPRIMENTO 3\", COM PORCA E ARRUELA DE PRESSAO MEDIA","UN",840,{"$f":"VLOOKUP(D420,'Insumos SINAPI (des)'!A:E,5,FALSE)","v":5.07},{"$f":"$K$5","v":0.20311109145345707},6.099773233669028,5123.8095162819836,1.3008056151413494E-4,0.97232666102073328]
[null,"2.2.6.2","Composição Sinapi",98511,"PLANTIO DE ÁRVORE ORNAMENTAL COM ALTURA DE MUDA MAIOR QUE 2,00 M E MENOR OU IGUAL A 4,00 M. AF_05/2018","UN",31,{"$f":"VLOOKUP(D421,'CPU (des)'!B:I,8,FALSE)","v":124.74},{"$f":"$K$4","v":0.30260494954802231},162.4869414066203,5037.0951836052291,1.2787910397554542E-4,0.97245454012470878]
[null,"3.3.10.3","Composição Sinapi",101910,"EXTINTOR DE INCÊNDIO PORTÁTIL COM CARGA DE PQS DE 8 KG, CLASSE BC - FORNECIMENTO E INSTALAÇÃO. AF_10/2020_P","UN",8,{"$f":"VLOOKUP(D422,'CPU (des)'!B:I,8,FALSE)","v":482.85},{"$f":"$K$4","v":0.30260494954802231},628.96279988926256,5031.7023991141004,1.2774219481986708E-4,0.97258228231952859]
[null,"8.5.22","Insumo Sinapi",36373,"TUBO PVC PBA JEI, CLASSE 12, DN 75 MM, PARA REDE DE AGUA (NBR 5647)","M",145.30000000000001,{"$f":"VLOOKUP(D423,'Insumos SINAPI (des)'!A:E,5,FALSE)","v":28.32},{"$f":"$K$5","v":0.20311109145345707},34.072106109961908,4950.6770177774652,1.2568516536401515E-4,0.97270796748489263]
[null,"2.2.4.5","Composição Sinapi",89357,"TUBO, PVC, SOLDÁVEL, DN 32MM, INSTALADO EM RAMAL OU SUB-RAMAL DE ÁGUA - FORNECIMENTO E INSTALAÇÃO. AF_06/2022","M",141.32,{"$f":"VLOOKUP(D424,'CPU (des)'!B:I,8,FALSE)","v":26.52},{"$f":"$K$4","v":0.30260494954802231},34.545083262013549,4881.9111665877545,1.2393937436469522E-4,0.97283190685925736]
[null,"3.7.4.3","Composição Sinapi",92762,"ARMAÇÃO DE PILAR OU VIGA DE ESTRUTURA CONVENCIONAL DE CONCRETO ARMADO UTILIZANDO AÇO CA-50 DE 10,0 MM - MONTAGEM. AF_06/2022","KG",272.2,{"$f":"VLOOKUP(D425,'CPU (des)'!B:I,8,FALSE)","v":13.75},0.30260494954802231,17.910818056285308,4875.3246749208602,1.2377216000363921E-4,0.97295567901926094]
[null,"3.3.9.1.10","Composição Sinapi",100859,"MICTÓRIO SIFONADO LOUÇA BRANCA PARA ENTRADA DE ÁGUA EMBUTIDA - PADRÃO ALTO - FORNECIMENTO E INSTALAÇÃO. AF_01/2020","UN",4,{"$f":"VLOOKUP(D426,'CPU (des)'!B:I,8,FALSE)","v":928.96},0.30260494954802231,1210.0678939321308,4840.2715757285232,1.2288225049173008E-4,0.97307856126975267]
[null,"3.3.9.1.14","Composição Sinapi",86931,"VASO SANITÁRIO SIFONADO COM CAIXA ACOPLADA LOUÇA BRANCA, INCLUSO ENGATE FLEXÍVEL EM PLÁSTICO BRANCO, 1/2  X 40CM - FORNECIMENTO E INSTALAÇÃO. AF_01/2020","UN",8,{"$f":"VLOOKUP(D427,'CPU (des)'!B:I,8,FALSE)","v":464.37},0.30260494954802231,604.89066042161517,4839.1252833729213,1.2285314902868734E-4,0.97320141441878139]
[null,"3.1.3.5","Composição Sinapi",86931,"VASO SANITÁRIO SIFONADO COM CAIXA ACOPLADA LOUÇA BRANCA, INCLUSO ENGATE FLEXÍVEL EM PLÁSTICO BRANCO, 1/2  X 40CM - FORNECIMENTO E INSTALAÇÃO. AF_01/2020","UN",8,{"$f":"VLOOKUP(D428,'CPU (des)'!B:I,8,FALSE)","v":464.37},0.30260494954802231,604.89066042161517,4839.1252833729213,1.2285314902868734E-4,0.9733242675678101]
[null,"9.2.10","Composição Sinapi",86931,"VASO SANITÁRIO SIFONADO COM CAIXA ACOPLADA LOUÇA BRANCA, INCLUSO ENGATE FLEXÍVEL EM PLÁSTICO BRANCO, 1/2  X 40CM - FORNECIMENTO E INSTALAÇÃO. AF_01/2020","UN",8,{"$f":"VLOOKUP(D429,'CPU (des)'!B:I,8,FALSE)","v":464.37},0.30260494954802231,604.89066042161517,4839.1252833729213,1.2285314902868734E-4,0.97344712071683881]
[null,"5.3.6","Composição Sinapi",101114,"ESCAVAÇÃO HORIZONTAL EM SOLO DE 1A CATEGORIA COM TRATOR DE ESTEIRAS (100HP/LÂMINA: 2,19M3). AF_07/2020","M3",1045.7,{"$f":"VLOOKUP(D430,'CPU (des)'!B:I,8,FALSE)","v":3.55},0.30260494954802231,4.6242475708954789,4835.5756848854026,1.2276303370278795E-4,0.97356988375054154]
[null,"3.7.3.3","Composição Sinapi",96536,"FABRICAÇÃO, MONTAGEM E DESMONTAGEM DE FÔRMA PARA VIGA BALDRAME, EM MADEIRA SERRADA, E=25 MM, 4 UTILIZAÇÕES. AF_06/2017","M2",64.400000000000006,{"$f":"VLOOKUP(D431,'CPU (des)'!B:I,8,FALSE)","v":56.87},0.30260494954802231,74.07914348079602,4770.6968401632639,1.2111592396441342E-4,0.97369099967450601]
[null,"3.3.5.5","Composição Sinapi",101965,"PEITORIL LINEAR EM GRANITO OU MÁRMORE, L = 15CM, COMPRIMENTO DE ATÉ 2M, ASSENTADO COM ARGAMASSA 1:6 COM ADITIVO. AF_11/2020","M",25.9,{"$f":"VLOOKUP(D432,'CPU (des)'!B:I,8,FALSE)","v":140.37},0.30260494954802231,182.84665676805591,4735.7284102926478,1.2022816399238812E-4,0.97381122783849838]
[null,"3.3.8.1.38","Composição Sinapi",97586,"LUMINÁRIA TIPO CALHA, DE SOBREPOR, COM 2 LÂMPADAS TUBULARES FLUORESCENTES DE 36 W, COM REATOR DE PARTIDA RÁPIDA - FORNECIMENTO E INSTALAÇÃO. AF_02/2020","UN",23,{"$f":"VLOOKUP(D433,'CPU (des)'!B:I,8,FALSE)","v":156.79},0.30260494954802231,204.23543003963439,4697.4148909115911,1.1925548066002901E-4,0.97393048331915844]
[null,"3.3.5.2","Composição Sinapi",91313,"KIT DE PORTA DE MADEIRA PARA PINTURA, SEMI-OCA (LEVE OU MÉDIA), PADRÃO POPULAR, 70X210CM, ESPESSURA DE 3,5CM, ITENS INCLUSOS: DOBRADIÇAS, MONTAGEM E INSTALAÇÃO DO BATENTE, FECHADURA COM EXECUÇÃO DO FURO - FORNECIMENTO E INSTALAÇÃO. AF_12/2019","UN",5,{"$f":"VLOOKUP(D434,'CPU (des)'!B:I,8,FALSE)","v":715.85},0.30260494954802231,932.46975313395183,4662.3487656697589,1.1836524044967621E-4,0.97404884855960816]
[null,"3.4.9.2.7","Composição Sinapi",86889,"BANCADA DE GRANITO CINZA POLIDO, DE 1,50 X 0,60 M, PARA PIA DE COZINHA - FORNECIMENTO E INSTALAÇÃO. AF_01/2020","UN",4,{"$f":"VLOOKUP(D435,'CPU (des)'!B:I,8,FALSE)","v":891.46},0.30260494954802231,1161.22020832408,4644.8808332963199,1.1792177383671815E-4,0.9741667703334449]
[null,"3.5.9.2.7","Composição Sinapi",86889,"BANCADA DE GRANITO CINZA POLIDO, DE 1,50 X 0,60 M, PARA PIA DE COZINHA - FORNECIMENTO E INSTALAÇÃO. AF_01/2020","UN",4,{"$f":"VLOOKUP(D436,'CPU (des)'!B:I,8,FALSE)","v":891.46},0.30260494954802231,1161.22020832408,4644.8808332963199,1.1792177383671815E-4,0.97428469210728164]
[null,"3.4.7.20","Composição Orse",12021,"Luminária de embutir aberta para lâmpada fluorescente ou tubo led 2 x 18/20 w (tecnolux ref.fle-8157/232 ou similar), completa,  com lampada tubo led","UN",20,{"$f":"VLOOKUP(D437,'CPU (des)'!B:I,8,FALSE)","v":177.38},0.30260494954802231,231.05606595082818,4621.1213190165636,1.1731857987546869E-4,0.97440201068715715]
[null,"3.5.7.20","Composição Orse",12021,"Luminária de embutir aberta para lâmpada fluorescente ou tubo led 2 x 18/20 w (tecnolux ref.fle-8157/232 ou similar), completa,  com lampada tubo led","UN",20,{"$f":"VLOOKUP(D438,'CPU (des)'!B:I,8,FALSE)","v":177.38},0.30260494954802231,231.05606595082818,4621.1213190165636,1.1731857987546869E-4,0.97451932926703266]
[null,"3.3.7.79","Composição Sinapi",92990,"CABO DE COBRE FLEXÍVEL ISOLADO, 70 MM², ANTI-CHAMA 0,6/1,0 KV, PARA REDE ENTERRADA DE DISTRIBUIÇÃO DE ENERGIA ELÉTRICA - FORNECIMENTO E INSTALAÇÃO. AF_12/2021","M",38.799999999999997,{"$f":"VLOOKUP(D439,'CPU (des)'!B:I,8,FALSE)","v":90.79},0.30260494954802231,118.26350336946496,4588.6239307352398,1.1649355339820711E-4,0.97463582282043082]
[null,"3.1.3.2","Composição Sinapi",93582,"EXECUÇÃO DE CENTRAL DE ARMADURA EM CANTEIRO DE OBRA, NÃO INCLUSO MOBILIÁRIO E EQUIPAMENTOS. AF_04/2016","M2",13.8,{"$f":"VLOOKUP(D440,'CPU (des)'!B:I,8,FALSE)","v":255.24},0.30260494954802231,332.47688732263725,4588.1810450523944,1.1648230965112244E-4,0.97475230513008193]
[null,"4.3.1","Composição Sinapi",103325,"ALVENARIA DE VEDAÇÃO DE BLOCOS CERÂMICOS FURADOS NA VERTICAL DE 14X19X39 CM (ESPESSURA 14 CM) E ARGAMASSA DE ASSENTAMENTO COM PREPARO MANUAL. AF_12/2021","M2",45.8,{"$f":"VLOOKUP(D441,'CPU (des)'!B:I,8,FALSE)","v":75.47},0.30260494954802231,98.307595542389237,4502.487875841427,1.1430677686961165E-4,0.97486661190695156]
[null,"3.3.7.14","Composição Sinapi",91936,"CAIXA OCTOGONAL 4\" X 4\", PVC, INSTALADA EM LAJE - FORNECIMENTO E INSTALAÇÃO. AF_12/2015","UN",211,{"$f":"VLOOKUP(D442,'CPU (des)'!B:I,8,FALSE)","v":16.329999999999998},0.30260494954802231,21.271538826119201,4488.2946923111513,1.1394644784539157E-4,0.97498055835479691]
[null,"4.10.1","Composição Sinapi",90793,"KIT DE PORTA-PRONTA DE MADEIRA EM ACABAMENTO MELAMÍNICO BRANCO, FOLHA PESADA OU SUPERPESADA, 90X210CM, FIXAÇÃO COM PREENCHIMENTO TOTAL DE ESPUMA EXPANSIVA - FORNECIMENTO E INSTALAÇÃO. AF_12/2019","UN",3,{"$f":"VLOOKUP(D443,'CPU (des)'!B:I,8,FALSE)","v":1141.8399999999999},0.30260494954802231,1487.3664355919136,4462.0993067757408,1.1328141327517632E-4,0.97509383976807207]
[null,"3.4.4.7","Composição Sinapi",92768,"ARMAÇÃO DE LAJE DE ESTRUTURA CONVENCIONAL DE CONCRETO ARMADO UTILIZANDO AÇO CA-60 DE 5,0 MM - MONTAGEM. AF_06/2022","KG",224.1,{"$f":"VLOOKUP(D444,'CPU (des)'!B:I,8,FALSE)","v":15.2},0.30260494954802231,19.799595233129939,4437.0892917444189,1.1264647226333479E-4,0.97520648624033546]
[null,"3.9.3.7","Composição Sinapi",92768,"ARMAÇÃO DE LAJE DE ESTRUTURA CONVENCIONAL DE CONCRETO ARMADO UTILIZANDO AÇO CA-60 DE 5,0 MM - MONTAGEM. AF_06/2022","KG",224.1,{"$f":"VLOOKUP(D445,'CPU (des)'!B:I,8,FALSE)","v":15.2},0.30260494954802231,19.799595233129939,4437.0892917444189,1.1264647226333479E-4,0.97531913271259885]
[null,"4.6.17","Composição Sinapi",101896,"DISJUNTOR TERMOMAGNÉTICO TRIPOLAR , CORRENTE NOMINAL DE 200A - FORNECIMENTO E INSTALAÇÃO. AF_10/2020","UN",5,{"$f":"VLOOKUP(D446,'CPU (des)'!B:I,8,FALSE)","v":679.6},0.30260494954802231,885.25032371283601,4426.2516185641798,1.1237133115820346E-4,0.975431504043757]
[null,"3.1.3.14","Composição Sinapi",99059,"LOCACAO CONVENCIONAL DE OBRA, UTILIZANDO GABARITO DE TÁBUAS CORRIDAS PONTALETADAS A CADA 2,00M -  2 UTILIZAÇÕES. AF_10/2018","M",76,{"$f":"VLOOKUP(D447,'CPU (des)'!B:I,8,FALSE)","v":44.16},0.30260494954802231,57.523034572040658,4371.7506274750904,1.1098768886989881E-4,0.97554249173262686]
[null,"9.2.9","Composição Sinapi",99059,"LOCACAO CONVENCIONAL DE OBRA, UTILIZANDO GABARITO DE TÁBUAS CORRIDAS PONTALETADAS A CADA 2,00M -  2 UTILIZAÇÕES. AF_10/2018","M",76,{"$f":"VLOOKUP(D448,'CPU (des)'!B:I,8,FALSE)","v":44.16},0.30260494954802231,57.523034572040658,4371.7506274750904,1.1098768886989881E-4,0.97565347942149672]
[null,"10.1.13","Composição Sinapi",99059,"LOCACAO CONVENCIONAL DE OBRA, UTILIZANDO GABARITO DE TÁBUAS CORRIDAS PONTALETADAS A CADA 2,00M -  2 UTILIZAÇÕES. AF_10/2018","M",76,{"$f":"VLOOKUP(D449,'CPU (des)'!B:I,8,FALSE)","v":44.16},0.30260494954802231,57.523034572040658,4371.7506274750904,1.1098768886989881E-4,0.97576446711036657]
[null,"8.5.28","Composição Orse",770,"Tampa de ferro fundido tipo R2 (545x1104)mm, padrão Telemar, inclusive instalação","UN",4,{"$f":"VLOOKUP(D450,'CPU (des)'!B:I,8,FALSE)","v":835.04},0.30260494954802231,1087.7272370705805,4350.9089482823219,1.1045857136003087E-4,0.97587492568172662]
[null,"3.4.3.3","Composição Sinapi",96536,"FABRICAÇÃO, MONTAGEM E DESMONTAGEM DE FÔRMA PARA VIGA BALDRAME, EM MADEIRA SERRADA, E=25 MM, 4 UTILIZAÇÕES. AF_06/2017","M2",58.6,{"$f":"VLOOKUP(D451,'CPU (des)'!B:I,8,FALSE)","v":56.87},0.30260494954802231,74.07914348079602,4341.037807974647,1.1020796807941966E-4,0.97598513364980599]
[null,"3.5.3.3","Composição Sinapi",96536,"FABRICAÇÃO, MONTAGEM E DESMONTAGEM DE FÔRMA PARA VIGA BALDRAME, EM MADEIRA SERRADA, E=25 MM, 4 UTILIZAÇÕES. AF_06/2017","M2",58.6,{"$f":"VLOOKUP(D452,'CPU (des)'!B:I,8,FALSE)","v":56.87},0.30260494954802231,74.07914348079602,4341.037807974647,1.1020796807941966E-4,0.97609534161788536]
[null,"3.8.3.4","Composição Sinapi",96545,"ARMAÇÃO DE BLOCO, VIGA BALDRAME OU SAPATA UTILIZANDO AÇO CA-50 DE 8 MM - MONTAGEM. AF_06/2017","KG",197.6,{"$f":"VLOOKUP(D453,'CPU (des)'!B:I,8,FALSE)","v":16.72},0.30260494954802231,21.779554756442931,4303.6400198731226,1.0925853284765036E-4,0.97620460015073296]
[null,"3.6.9.2.12","Composição Sinapi",86895,"BANCADA DE GRANITO CINZA POLIDO, DE 0,50 X 0,60 M, PARA LAVATÓRIO - FORNECIMENTO E INSTALAÇÃO. AF_01/2020","UN",8,{"$f":"VLOOKUP(D454,'CPU (des)'!B:I,8,FALSE)","v":410.06},0.30260494954802231,534.14618561166208,4273.1694848932966,1.0848496304822347E-4,0.97631308511378123]
[null,"3.6.6.4","Composição Sinapi",87622,"CONTRAPISO EM ARGAMASSA TRAÇO 1:4 (CIMENTO E AREIA), PREPARO MANUAL, APLICADO EM ÁREAS SECAS SOBRE LAJE, ADERIDO, ACABAMENTO NÃO REFORÇADO, ESPESSURA 2CM. AF_07/2021","M2",88.04,{"$f":"VLOOKUP(D455,'CPU (des)'!B:I,8,FALSE)","v":37.22},0.30260494954802231,48.482956222177386,4268.4394658004976,1.0836487982935894E-4,0.97642144999361058]
[null,"4.11.1","Composição Sinapi",94213,"TELHAMENTO COM TELHA DE AÇO/ALUMÍNIO E = 0,5 MM, COM ATÉ 2 ÁGUAS, INCLUSO IÇAMENTO. AF_07/2019","M2",50,{"$f":"VLOOKUP(D456,'CPU (des)'!B:I,8,FALSE)","v":65.069999999999993},0.30260494954802231,84.760504067089798,4238.0252033544903,1.0759273864720865E-4,0.97652904273225782]
[null,"3.7.4.9","Composição Sinapi",92769,"ARMAÇÃO DE LAJE DE ESTRUTURA CONVENCIONAL DE CONCRETO ARMADO UTILIZANDO AÇO CA-50 DE 6,3 MM - MONTAGEM. AF_06/2022","KG",214.7,{"$f":"VLOOKUP(D457,'CPU (des)'!B:I,8,FALSE)","v":15.11},0.30260494954802231,19.682360787670618,4225.8028611128811,1.0728244429751547E-4,0.9766363251765553]
[null,"8.5.9","Insumo Sinapi",1792,"CURVA 90 GRAUS DE FERRO GALVANIZADO, COM ROSCA BSP FEMEA, DE 3\"","UN",10,{"$f":"VLOOKUP(D458,'Insumos SINAPI (des)'!A:E,5,FALSE)","v":345.62},{"$f":"$K$5","v":0.20311109145345707},415.81925542814383,{"$f":"J458*G458","v":4158.1925542814388},1.0556598964618042E-4,0.97674189116620147]
[null,"6.2.13","Composição Sinapi",95570,"TUBO DE CONCRETO (SIMPLES) PARA REDES COLETORAS DE ÁGUAS PLUVIAIS, DIÂMETRO DE 300 MM, JUNTA RÍGIDA, INSTALADO EM LOCAL COM ALTO NÍVEL DE INTERFERÊNCIAS - FORNECIMENTO E ASSENTAMENTO. AF_12/2015","M",31,{"$f":"VLOOKUP(D459,'CPU (des)'!B:I,8,FALSE)","v":102.79},{"$f":"$K$4","v":0.30260494954802231},133.89476276404122,4150.737645685278,{"$f":"K459/$K$1467","v":1.0537672837619301E-4},0.97684726789457765]
[null,"3.3.8.1.34","Composição Sinapi",96562,"SUPORTE PARA ELETROCALHA LISA OU PERFURADA EM AÇO GALVANIZADO, LARGURA 200 OU 400 MM E ALTURA 50 MM, ESPAÇADO A CADA 1,5 M, EM PERFILADO DE SEÇÃO 38X76 MM, POR METRO DE ELETRECOLHA FIXADA. AF_07/2017","M",153.30000000000001,{"$f":"VLOOKUP(D460,'CPU (des)'!B:I,8,FALSE)","v":20.68},0.30260494954802231,26.9378703566531,4129.5755256749208,1.0483947568461085E-4,{"$f":"L460+M459","v":0.97695210737026228}]
[null,"3.3.7.9","Composição Sinapi",91953,"INTERRUPTOR SIMPLES (1 MÓDULO), 10A/250V, INCLUINDO SUPORTE E PLACA - FORNECIMENTO E INSTALAÇÃO. AF_12/2015","UN",112,{"$f":"VLOOKUP(D461,'CPU (des)'!B:I,8,FALSE)","v":28.12},0.30260494954802231,36.629251181290385,4102.4761323045232,1.0415149064240504E-4,0.97705625886090464]
[null,"3.6.3.7","Composição Sinapi",96557,"CONCRETAGEM DE BLOCOS DE COROAMENTO E VIGAS BALDRAMES, FCK 30 MPA, COM USO DE BOMBA - LANÇAMENTO, ADENSAMENTO E ACABAMENTO. AF_06/2017","M3",3.5,{"$f":"VLOOKUP(D462,'CPU (des)'!B:I,8,FALSE)","v":894.03},0.30260494954802231,1164.5679030444182,4075.987660655464,1.0347901535720725E-4,0.97715973787626187]
[null,"4.3.3","Composição Sinapi",87529,"MASSA ÚNICA, PARA RECEBIMENTO DE PINTURA, EM ARGAMASSA TRAÇO 1:2:8, PREPARO MECÂNICO COM BETONEIRA 400L, APLICADA MANUALMENTE EM FACES INTERNAS DE PAREDES, ESPESSURA DE 20MM, COM EXECUÇÃO DE TALISCAS. AF_06/2014","M2",91.6,{"$f":"VLOOKUP(D463,'CPU (des)'!B:I,8,FALSE)","v":33.85},0.30260494954802231,44.093177542200557,4038.9350628655707,1.0253834363419517E-4,0.97726227621989603]
[null,"3.3.8.2.36","Composição Sinapi",91863,"ELETRODUTO RÍGIDO ROSCÁVEL, PVC, DN 25 MM (3/4\"), PARA CIRCUITOS TERMINAIS, INSTALADO EM FORRO - FORNECIMENTO E INSTALAÇÃO. AF_12/2015","M",288,{"$f":"VLOOKUP(D464,'CPU (des)'!B:I,8,FALSE)","v":10.7},0.30260494954802231,13.937872960163837,4014.1074125271853,1.0190803240056498E-4,0.97736418425229654]
[null,"3.7.4.5","Composição Sinapi",92759,"ARMAÇÃO DE PILAR OU VIGA DE ESTRUTURA CONVENCIONAL DE CONCRETO ARMADO UTILIZANDO AÇO CA-60 DE 5,0 MM - MONTAGEM. AF_06/2022","KG",198.25,{"$f":"VLOOKUP(D465,'CPU (des)'!B:I,8,FALSE)","v":15.54},0.30260494954802231,20.242480915976266,4013.0718415922947,1.0188174187429341E-4,0.97746606599417085]
[null,"3.3.2.2.3","Composição Sinapi",96534,"FABRICAÇÃO, MONTAGEM E DESMONTAGEM DE FÔRMA PARA BLOCO DE COROAMENTO, EM MADEIRA SERRADA, E=25 MM, 4 UTILIZAÇÕES. AF_06/2017","M2",46.1,{"$f":"VLOOKUP(D466,'CPU (des)'!B:I,8,FALSE)","v":66.47},0.30260494954802231,86.584150996457041,3991.5293609366695,1.0133483278815617E-4,0.97756740082695903]
[null,"3.8.4.8","Composição Sinapi",92769,"ARMAÇÃO DE LAJE DE ESTRUTURA CONVENCIONAL DE CONCRETO ARMADO UTILIZANDO AÇO CA-50 DE 6,3 MM - MONTAGEM. AF_06/2022","KG",201.1,{"$f":"VLOOKUP(D467,'CPU (des)'!B:I,8,FALSE)","v":15.11},0.30260494954802231,19.682360787670618,3958.122754400561,1.004867235595266E-4,0.97766788755051859]
[null,"3.6.9.2.3","Composição Sinapi",100878,"VASO SANITÁRIO SIFONADO COM CAIXA ACOPLADA, LOUÇA BRANCA - PADRÃO ALTO - FORNECIMENTO E INSTALAÇÃO. AF_01/2020","UN",5,{"$f":"VLOOKUP(D468,'CPU (des)'!B:I,8,FALSE)","v":605.98},0.30260494954802231,789.35254732711053,3946.7627366355528,1.0019832144680421E-4,0.9777680858719654]
[null,"3.3.5.1","Composição Sinapi",91314,"KIT DE PORTA DE MADEIRA PARA PINTURA, SEMI-OCA (LEVE OU MÉDIA), PADRÃO POPULAR, 80X210CM, ESPESSURA DE 3,5CM, ITENS INCLUSOS: DOBRADIÇAS, MONTAGEM E INSTALAÇÃO DO BATENTE, FECHADURA COM EXECUÇÃO DO FURO - FORNECIMENTO E INSTALAÇÃO. AF_12/2019","UN",4,{"$f":"VLOOKUP(D469,'CPU (des)'!B:I,8,FALSE)","v":756.66},0.30260494954802231,{"$f":"H469*(1+I469)","v":985.6290611250065},3942.516244500026,1.0009051375416861E-4,0.97786817638571955]
[null,"6.2.9","Composição SICRO",1600404,"Remoção de tubos de concreto com diâmetro de 0,40 m a 1,00 m em valas e bueiros","M",300,{"$f":"VLOOKUP(D470,'CPU (des)'!B:I,8,FALSE)","v":10},0.30260494954802231,13.026049495480223,3907.8148486440668,9.9209533100238492E-5,0.97796738591881982]
[null,"8.3.2","Composição SICRO",2003858,"Lastro de areia extraída - espalhamento mecânico","M3",233.16,{"$f":"VLOOKUP(D471,'CPU (des)'!B:I,8,FALSE)","v":12.78},0.30260494954802231,16.647291255223724,3881.4824290679635,9.8541019582395849E-5,0.97806592693840222]
[null,"3.4.6.1","Composição Sinapi",103324,"ALVENARIA DE VEDAÇÃO DE BLOCOS CERÂMICOS FURADOS NA VERTICAL DE 14X19X39 CM (ESPESSURA 14 CM) E ARGAMASSA DE ASSENTAMENTO COM PREPARO EM BETONEIRA. AF_12/2021","M2",39.99,{"$f":"VLOOKUP(D472,'CPU (des)'!B:I,8,FALSE)","v":74.37},0.30260494954802231,96.874730097886427,3874.0204566144785,9.8351578978940956E-5,0.97816427851738119]
[null,"2.1.5.3","Composição Sinapi",92435,"MONTAGEM E DESMONTAGEM DE FÔRMA DE PILARES RETANGULARES E ESTRUTURAS SIMILARES, PÉ-DIREITO SIMPLES, EM CHAPA DE MADEIRA COMPENSADA PLASTIFICADA, 12 UTILIZAÇÕES. AF_09/2020","M2",53.76,{"$f":"VLOOKUP(D473,'CPU (des)'!B:I,8,FALSE)","v":55.21},0.30260494954802231,71.916819264546319,3866.2482036620099,9.815426113855789E-5,0.97826243277851976]
[null,"2.4.3.3","Composição Sinapi",92435,"MONTAGEM E DESMONTAGEM DE FÔRMA DE PILARES RETANGULARES E ESTRUTURAS SIMILARES, PÉ-DIREITO SIMPLES, EM CHAPA DE MADEIRA COMPENSADA PLASTIFICADA, 12 UTILIZAÇÕES. AF_09/2020","M2",53.76,{"$f":"VLOOKUP(D474,'CPU (des)'!B:I,8,FALSE)","v":55.21},0.30260494954802231,71.916819264546319,3866.2482036620099,9.815426113855789E-5,0.97836058703965834]
[null,"5.2.11","Composição Sinapi",100574,"ESPALHAMENTO DE MATERIAL COM TRATOR DE ESTEIRAS. AF_11/2019","M3",2407.63,{"$f":"VLOOKUP(D475,'CPU (des)'!B:I,8,FALSE)","v":1.23},0.30260494954802231,1.6022040879440673,3857.5146282567748,9.793253775303215E-5,0.97845851957741137]
[null,"3.3.7.41","Insumo Sinapi",11859,"CONECTOR METALICO TIPO PARAFUSO FENDIDO (SPLIT BOLT), PARA CABOS ATE 185 MM2","UN",40,{"$f":"VLOOKUP(D476,'Insumos SINAPI (des)'!A:E,5,FALSE)","v":79.98},{"$f":"$K$5","v":0.20311109145345707},96.224825094447496,3848.9930037779,9.7716195265337764E-5,0.9785562357726767]
[null,"3.8.1.3","Composição Sinapi",99059,"LOCACAO CONVENCIONAL DE OBRA, UTILIZANDO GABARITO DE TÁBUAS CORRIDAS PONTALETADAS A CADA 2,00M -  2 UTILIZAÇÕES. AF_10/2018","M",66,{"$f":"VLOOKUP(D477,'CPU (des)'!B:I,8,FALSE)","v":44.16},{"$f":"$K$4","v":0.30260494954802231},57.523034572040658,3796.5202817546833,9.6384045597543689E-5,0.97865261981827423]
[null,"3.9.3.3","Composição Sinapi",92762,"ARMAÇÃO DE PILAR OU VIGA DE ESTRUTURA CONVENCIONAL DE CONCRETO ARMADO UTILIZANDO AÇO CA-50 DE 10,0 MM - MONTAGEM. AF_06/2022","KG",211.7,{"$f":"VLOOKUP(D478,'CPU (des)'!B:I,8,FALSE)","v":13.75},0.30260494954802231,17.910818056285308,3791.7201825155994,9.6262183221052243E-5,0.97874888200149524]
[null,"9.4.4","Composição Sinapi",100978,"CARGA, MANOBRA E DESCARGA DE SOLOS E MATERIAIS GRANULARES EM CAMINHÃO BASCULANTE 10 M³ - CARGA COM ESCAVADEIRA HIDRÁULICA (CAÇAMBA DE 1,20 M³ / 155 HP) E DESCARGA LIVRE (UNIDADE: M3). AF_07/2020","M3",456,{"$f":"VLOOKUP(D479,'CPU (des)'!B:I,8,FALSE)","v":6.36},0.30260494954802231,8.2845674791254229,3777.762770481193,9.5907839838662578E-5,0.97884478984133394]
[null,"3.3.5.12","Composição Orse",4264,"Corrimão em aço inox, escovado, d=1 1/2\"","M",31.8,{"$f":"VLOOKUP(D480,'CPU (des)'!B:I,8,FALSE)","v":90.18},0.30260494954802231,117.46891435024067,3735.5114763376532,9.4835186366782788E-5,0.97893962502770071]
[null,"7.2.17","Composição Orse",10422,"Fita de advertência de rede elétrica enterrada - Fornecimento","M",2000,{"$f":"VLOOKUP(D481,'CPU (des)'!B:I,8,FALSE)","v":1.43},0.30260494954802231,1.8627250778536719,3725.450155707344,9.4579754888894033E-5,0.97903420478258962]
[null,"3.4.3.4","Composição Sinapi",96545,"ARMAÇÃO DE BLOCO, VIGA BALDRAME OU SAPATA UTILIZANDO AÇO CA-50 DE 8 MM - MONTAGEM. AF_06/2017","KG",169.5,{"$f":"VLOOKUP(D482,'CPU (des)'!B:I,8,FALSE)","v":16.72},0.30260494954802231,21.779554756442931,3691.6345312170765,9.3721261729133286E-5,0.97912792604431875]
[null,"3.5.3.4","Composição Sinapi",96545,"ARMAÇÃO DE BLOCO, VIGA BALDRAME OU SAPATA UTILIZANDO AÇO CA-50 DE 8 MM - MONTAGEM. AF_06/2017","KG",169.5,{"$f":"VLOOKUP(D483,'CPU (des)'!B:I,8,FALSE)","v":16.72},0.30260494954802231,21.779554756442931,3691.6345312170765,9.3721261729133286E-5,0.97922164730604788]
[null,"3.9.4.4","Composição Sinapi",96545,"ARMAÇÃO DE BLOCO, VIGA BALDRAME OU SAPATA UTILIZANDO AÇO CA-50 DE 8 MM - MONTAGEM. AF_06/2017","KG",169.5,{"$f":"VLOOKUP(D484,'CPU (des)'!B:I,8,FALSE)","v":16.72},0.30260494954802231,21.779554756442931,3691.6345312170765,9.3721261729133286E-5,0.97931536856777701]
[null,"3.5.4.8","Composição Sinapi",92768,"ARMAÇÃO DE LAJE DE ESTRUTURA CONVENCIONAL DE CONCRETO ARMADO UTILIZANDO AÇO CA-60 DE 5,0 MM - MONTAGEM. AF_06/2022","KG",184.5,{"$f":"VLOOKUP(D485,'CPU (des)'!B:I,8,FALSE)","v":15.2},0.30260494954802231,19.799595233129939,3653.0253205124736,9.2741071542102942E-5,0.97940810963931912]
[null,"4.8.1","Composição Orse",9392,"Cabo de cobre nú 35 mm2 - fornecimento e assentamento (3,16m/kg)","KG",30,{"$f":"VLOOKUP(D486,'CPU (des)'!B:I,8,FALSE)","v":93},0.30260494954802231,121.14226030796607,3634.267809238982,9.226486578322179E-5,0.9795003745051023]
[null,"3.3.8.1.18","Composição Sinapi",91926,"CABO DE COBRE FLEXÍVEL ISOLADO, 2,5 MM², ANTI-CHAMA 450/750 V, PARA CIRCUITOS TERMINAIS - FORNECIMENTO E INSTALAÇÃO. AF_12/2015","M",592.6,{"$f":"VLOOKUP(D487,'CPU (des)'!B:I,8,FALSE)","v":4.7},0.30260494954802231,6.1222432628757053,3628.0413575801431,9.2106791927148765E-5,0.97959248129702947]
[null,"3.3.7.20","Composição Orse",10727,"Fornecimento e instalação de voice panel 24 portas cat 6","UN",10,{"$f":"VLOOKUP(D488,'CPU (des)'!B:I,8,FALSE)","v":277.89},0.30260494954802231,361.98088942989989,3619.8088942989989,9.1897790510750912E-5,0.97968437908754025]
[null,"4.6.41","Composição Sinapi",91863,"ELETRODUTO RÍGIDO ROSCÁVEL, PVC, DN 25 MM (3/4\"), PARA CIRCUITOS TERMINAIS, INSTALADO EM FORRO - FORNECIMENTO E INSTALAÇÃO. AF_03/2023","M",258,{"$f":"VLOOKUP(D489,'CPU (des)'!B:I,8,FALSE)","v":10.7},0.30260494954802231,13.937872960163837,3595.9712237222698,9.129261235883945E-5,0.9797756716998991]
[null,"4.7.1","Composição Orse",758,"Fornecimento e instalação de rack  de piso 19\" x 16u x 570mm (gabinete)","UN",4,{"$f":"VLOOKUP(D490,'CPU (des)'!B:I,8,FALSE)","v":689.22},0.30260494954802231,897.78138332748802,3591.1255333099521,9.1169592537795177E-5,0.97986684129243684]
[null,"3.3.2.1.5","Composição Orse",129,"Bombeamento de concreto","M3",59.21,46.54,0.30260494954802231,60.62323435196496,3589.5017059798452,9.1128367669807589E-5,0.97995796966010662]
[null,"3.4.2.3","Composição Sinapi",96529,"FABRICAÇÃO, MONTAGEM E DESMONTAGEM DE FÔRMA PARA SAPATA, EM MADEIRA SERRADA, E=25 MM, 1 UTILIZAÇÃO. AF_06/2017","M2",10.4,{"$f":"VLOOKUP(D492,'CPU (des)'!B:I,8,FALSE)","v":257.58},0.30260494954802231,335.52498290457959,3489.4598222076279,8.8588557324659363E-5,0.98004655821743125]
[null,"3.9.2.3","Composição Sinapi",96529,"FABRICAÇÃO, MONTAGEM E DESMONTAGEM DE FÔRMA PARA SAPATA, EM MADEIRA SERRADA, E=25 MM, 1 UTILIZAÇÃO. AF_06/2017","M2",10.4,{"$f":"VLOOKUP(D493,'CPU (des)'!B:I,8,FALSE)","v":257.58},0.30260494954802231,335.52498290457959,3489.4598222076279,8.8588557324659363E-5,0.98013514677475588]
[null,"3.3.8.3.18","Composição Sinapi",91926,"CABO DE COBRE FLEXÍVEL ISOLADO, 2,5 MM², ANTI-CHAMA 450/750 V, PARA CIRCUITOS TERMINAIS - FORNECIMENTO E INSTALAÇÃO. AF_12/2015","M",567.79999999999995,{"$f":"VLOOKUP(D494,'CPU (des)'!B:I,8,FALSE)","v":4.7},0.30260494954802231,6.1222432628757053,3476.209724660825,8.8252170867760812E-5,0.9802233989456236]
[null,"3.4.4.3","Composição Sinapi",92762,"ARMAÇÃO DE PILAR OU VIGA DE ESTRUTURA CONVENCIONAL DE CONCRETO ARMADO UTILIZANDO AÇO CA-50 DE 10,0 MM - MONTAGEM. AF_06/2022","KG",193.95,{"$f":"VLOOKUP(D495,'CPU (des)'!B:I,8,FALSE)","v":13.75},0.30260494954802231,17.910818056285308,3473.8031620165352,8.819107433029326E-5,0.98031159001995394]
[null,"4.6.42","Composição Sinapi",93012,"ELETRODUTO RÍGIDO ROSCÁVEL, PVC, DN 110 MM (4\"), PARA REDE ENTERRADA DE DISTRIBUIÇÃO DE ENERGIA ELÉTRICA - FORNECIMENTO E INSTALAÇÃO. AF_12/2021","M",35,{"$f":"VLOOKUP(D496,'CPU (des)'!B:I,8,FALSE)","v":74.37},0.30260494954802231,96.874730097886427,3390.6155534260251,8.6079151394421942E-5,0.98039766917134841]
[null,"6.2.23","Composição Sinapi",97171,"ASSENTAMENTO DE TUBO DE FERRO FUNDIDO PARA REDE DE ÁGUA, DN 1000 MM, JUNTA ELÁSTICA, INSTALADO EM LOCAL COM NÍVEL BAIXO DE INTERFERÊNCIAS (NÃO INCLUI FORNECIMENTO). AF_11/2017","M",86,{"$f":"VLOOKUP(D497,'CPU (des)'!B:I,8,FALSE)","v":30.01},0.30260494954802231,39.091174535936155,3361.8410100905094,8.5348638532360528E-5,0.98048301780988079]
[null,"4.6.29","Insumo Sinapi",402,"GANCHO OLHAL EM ACO GALVANIZADO, ESPESSURA 16MM, ABERTURA 21MM","UN",239,{"$f":"VLOOKUP(D498,'Insumos SINAPI (des)'!A:E,5,FALSE)","v":11.67},{"$f":"$K$5","v":0.20311109145345707},14.040306437261844,3355.6332385055807,8.5191038916107619E-5,0.98056820884879692]
[null,"3.7.2.3","Composição Sinapi",96529,"FABRICAÇÃO, MONTAGEM E DESMONTAGEM DE FÔRMA PARA SAPATA, EM MADEIRA SERRADA, E=25 MM, 1 UTILIZAÇÃO. AF_06/2017","M2",10,{"$f":"VLOOKUP(D499,'CPU (des)'!B:I,8,FALSE)","v":257.58},{"$f":"$K$4","v":0.30260494954802231},335.52498290457959,3355.2498290457961,8.5181305119864782E-5,0.98065339015391684]
[null,"4.7.13","Composição Orse",10726,"Fornecimento e instalação de Switch 24 portas 10/100 mpbs + 2P10-100-1000 BT","UN",2,{"$f":"VLOOKUP(D500,'CPU (des)'!B:I,8,FALSE)","v":1287.1099999999999},0.30260494954802231,1676.5958566127549,3353.1917132255098,8.5129054765765305E-5,0.9807385192086826]
[null,"3.4.4.2","Composição Sinapi",92761,"ARMAÇÃO DE PILAR OU VIGA DE ESTRUTURA CONVENCIONAL DE CONCRETO ARMADO UTILIZANDO AÇO CA-50 DE 8,0 MM - MONTAGEM. AF_06/2022","KG",169.5,{"$f":"VLOOKUP(D501,'CPU (des)'!B:I,8,FALSE)","v":15.09},0.30260494954802231,19.656308688679655,3331.7443227312015,8.4584559778266833E-5,0.98082310376846082]
[null,"3.9.3.2","Composição Sinapi",92761,"ARMAÇÃO DE PILAR OU VIGA DE ESTRUTURA CONVENCIONAL DE CONCRETO ARMADO UTILIZANDO AÇO CA-50 DE 8,0 MM - MONTAGEM. AF_06/2022","KG",169.5,{"$f":"VLOOKUP(D502,'CPU (des)'!B:I,8,FALSE)","v":15.09},0.30260494954802231,19.656308688679655,3331.7443227312015,8.4584559778266833E-5,0.98090768832823905]
[null,"5.4.12","Composição SICRO",4011351,"Imprimação com asfalto diluído","M2",6525,{"$f":"VLOOKUP(D503,'CPU (des)'!B:I,8,FALSE)","v":0.39},0.30260494954802231,0.50801593032372871,3314.8039453623301,8.4154486452277312E-5,0.98099184281469132]
[null,"2.4.2.6","Composição Sinapi",94263,"GUIA (MEIO-FIO) CONCRETO, MOLDADA  IN LOCO  EM TRECHO RETO COM EXTRUSORA, 13 CM BASE X 22 CM ALTURA. AF_06/2016","M",72,{"$f":"VLOOKUP(D504,'CPU (des)'!B:I,8,FALSE)","v":35.26},0.30260494954802231,45.929850521063265,3306.9492375165551,8.3955075290745825E-5,0.98107579788998212]
[null,"3.3.7.1","Composição Sinapi",93654,"DISJUNTOR MONOPOLAR TIPO DIN, CORRENTE NOMINAL DE 16A - FORNECIMENTO E INSTALAÇÃO. AF_10/2020","UN",194,{"$f":"VLOOKUP(D505,'CPU (des)'!B:I,8,FALSE)","v":13.06},0.30260494954802231,17.012020641097173,3300.3320043728518,8.3787080481362774E-5,0.98115958497046352]
[null,"3.3.9.2.20","Composição Sinapi",90694,"TUBO DE PVC PARA REDE COLETORA DE ESGOTO DE PAREDE MACIÇA, DN 100 MM, JUNTA ELÁSTICA - FORNECIMENTO E ASSENTAMENTO. AF_01/2021","M",53.23,{"$f":"VLOOKUP(D506,'CPU (des)'!B:I,8,FALSE)","v":47.5},0.30260494954802231,61.873735103531061,3293.5389195609582,8.3614621242990173E-5,0.98124319959170647]
[null,"5.5.2","Composição Sinapi",102520,"PINTURA DE SINALIZAÇÃO VERTICAL DE SEGURANÇA, FAIXAS AMARELA E PRETA, APLICAÇÃO MANUAL, 2 DEMÃOS. AF_05/2021","M2",42.57,{"$f":"VLOOKUP(D507,'CPU (des)'!B:I,8,FALSE)","v":59.03},0.30260494954802231,76.892770171819762,3273.3252262143674,8.3101446705091458E-5,0.98132630103841156]
[null,"3.8.4.7","Composição Sinapi",92768,"ARMAÇÃO DE LAJE DE ESTRUTURA CONVENCIONAL DE CONCRETO ARMADO UTILIZANDO AÇO CA-60 DE 5,0 MM - MONTAGEM. AF_06/2022","KG",160.5,{"$f":"VLOOKUP(D508,'CPU (des)'!B:I,8,FALSE)","v":15.2},0.30260494954802231,19.799595233129939,3177.8350349173552,8.0677192317113949E-5,0.98140697823072864]
[null,"2.2.2.10","Composição Sinapi",94263,"GUIA (MEIO-FIO) CONCRETO, MOLDADA  IN LOCO  EM TRECHO RETO COM EXTRUSORA, 13 CM BASE X 22 CM ALTURA. AF_06/2016","M",69,{"$f":"VLOOKUP(D509,'CPU (des)'!B:I,8,FALSE)","v":35.26},0.30260494954802231,45.929850521063265,3169.1596859533652,8.0456947153631408E-5,0.98148743517788228]
[null,"3.4.4.4","Composição Sinapi",92759,"ARMAÇÃO DE PILAR OU VIGA DE ESTRUTURA CONVENCIONAL DE CONCRETO ARMADO UTILIZANDO AÇO CA-60 DE 5,0 MM - MONTAGEM. AF_06/2022","KG",155.80000000000001,{"$f":"VLOOKUP(D510,'CPU (des)'!B:I,8,FALSE)","v":15.54},0.30260494954802231,20.242480915976266,3153.7785267091026,8.0066458431348887E-5,0.98156750163631368]
[null,"3.9.3.4","Composição Sinapi",92759,"ARMAÇÃO DE PILAR OU VIGA DE ESTRUTURA CONVENCIONAL DE CONCRETO ARMADO UTILIZANDO AÇO CA-60 DE 5,0 MM - MONTAGEM. AF_06/2022","KG",155.80000000000001,{"$f":"VLOOKUP(D511,'CPU (des)'!B:I,8,FALSE)","v":15.54},0.30260494954802231,20.242480915976266,3153.7785267091026,8.0066458431348887E-5,0.98164756809474507]
[null,"2.2.3.7","Composição Sinapi",92761,"ARMAÇÃO DE PILAR OU VIGA DE ESTRUTURA CONVENCIONAL DE CONCRETO ARMADO UTILIZANDO AÇO CA-50 DE 8,0 MM - MONTAGEM. AF_06/2022","KG",160,{"$f":"VLOOKUP(D512,'CPU (des)'!B:I,8,FALSE)","v":15.09},0.30260494954802231,19.656308688679655,3145.0093901887449,7.9843832239071943E-5,0.98172741192698409]
[null,"2.2.4.2","Composição Sinapi",92435,"MONTAGEM E DESMONTAGEM DE FÔRMA DE PILARES RETANGULARES E ESTRUTURAS SIMILARES, PÉ-DIREITO SIMPLES, EM CHAPA DE MADEIRA COMPENSADA PLASTIFICADA, 12 UTILIZAÇÕES. AF_09/2020","M2",43.55,{"$f":"VLOOKUP(D513,'CPU (des)'!B:I,8,FALSE)","v":55.21},0.30260494954802231,71.916819264546319,3131.9774789709918,7.9512984981104824E-5,0.9818069249119652]
[null,"3.3.8.3.42","Insumo Sinapi",402,"GANCHO OLHAL EM ACO GALVANIZADO, ESPESSURA 16MM, ABERTURA 21MM","UN",222,{"$f":"VLOOKUP(D514,'Insumos SINAPI (des)'!A:E,5,FALSE)","v":11.67},{"$f":"$K$5","v":0.20311109145345707},14.040306437261844,3116.9480290721294,7.9131425269355198E-5,0.98188605633723458]
[null,"4.7.32","Insumo Sinapi",3270,"FLANGE SEXTAVADO DE FERRO GALVANIZADO, COM ROSCA BSP, DE 6\"","UN",7,{"$f":"VLOOKUP(D515,'Insumos SINAPI (des)'!A:E,5,FALSE)","v":369.85},{"$f":"$K$5","v":0.20311109145345707},444.97063717406115,3114.794460218428,7.9076751604212366E-5,0.98196513308883882]
[null,"7.2.2","Composição Sinapi",91928,"CABO DE COBRE FLEXÍVEL ISOLADO, 4 MM², ANTI-CHAMA 450/750 V, PARA CIRCUITOS TERMINAIS - FORNECIMENTO E INSTALAÇÃO. AF_12/2015","M",325,{"$f":"VLOOKUP(D516,'CPU (des)'!B:I,8,FALSE)","v":7.35},{"$f":"$K$4","v":0.30260494954802231},9.5741463791779626,3111.5975732328379,7.8995590731064893E-5,0.98204412867956992]
[null,"4.6.34","Composição Sinapi",91924,"CABO DE COBRE FLEXÍVEL ISOLADO, 1,5 MM², ANTI-CHAMA 450/750 V, PARA CIRCUITOS TERMINAIS - FORNECIMENTO E INSTALAÇÃO. AF_03/2023","M",746,{"$f":"VLOOKUP(D517,'CPU (des)'!B:I,8,FALSE)","v":3.2},{"$f":"$K$4","v":0.30260494954802231},4.1683358385536717,3109.5785355610392,7.8944332472296461E-5,0.98212307301204216]
[null,"3.5.6.4","Composição Sinapi",87622,"CONTRAPISO EM ARGAMASSA TRAÇO 1:4 (CIMENTO E AREIA), PREPARO MANUAL, APLICADO EM ÁREAS SECAS SOBRE LAJE, ADERIDO, ACABAMENTO NÃO REFORÇADO, ESPESSURA 2CM. AF_07/2021","M2",63.45,{"$f":"VLOOKUP(D518,'CPU (des)'!B:I,8,FALSE)","v":37.22},{"$f":"$K$4","v":0.30260494954802231},48.482956222177386,3076.2435722971554,7.8098042085107043E-5,0.9822011710541273]
[null,"3.3.9.2.19","Composição Sinapi",89713,"TUBO PVC, SERIE NORMAL, ESGOTO PREDIAL, DN 75 MM, FORNECIDO E INSTALADO EM RAMAL DE DESCARGA OU RAMAL DE ESGOTO SANITÁRIO. AF_08/2022","M",78.97,{"$f":"VLOOKUP(D519,'CPU (des)'!B:I,8,FALSE)","v":29.72},{"$f":"$K$4","v":0.30260494954802231},38.713419100567222,3057.1987063717934,7.7614541118558591E-5,0.98227878559524584]
[null,"4.4.2","Composição Orse",7352,"Cuba de sobrepor oval (deca ref.L65), acabamento GE-17, com sifão cromado (astra ref SC5), engate cromado (deca), válvula cromada (deca ref1602)  ou similares, exclusive torneira","UN",4,{"$f":"VLOOKUP(D520,'CPU (des)'!B:I,8,FALSE)","v":585.63},{"$f":"$K$4","v":0.30260494954802231},762.84453660380825,3051.378146415233,7.7466771825990225E-5,0.9823562523670718]
[null,"3.3.7.45","Insumo Sinapi",37559,"PLACA DE SINALIZACAO DE SEGURANCA CONTRA INCENDIO, FOTOLUMINESCENTE, RETANGULAR, *12 X 40* CM, EM PVC *2* MM ANTI-CHAMAS (SIMBOLOS, CORES E PICTOGRAMAS CONFORME NBR 16820)","UN",44,{"$f":"VLOOKUP(D521,'Insumos SINAPI (des)'!A:E,5,FALSE)","v":56.75},{"$f":"$K$5","v":0.20311109145345707},68.276554439983684,3004.1683953592819,7.6268235676903078E-5,0.98243252060274866]
[null,"3.7.3.4","Composição Sinapi",96545,"ARMAÇÃO DE BLOCO, VIGA BALDRAME OU SAPATA UTILIZANDO AÇO CA-50 DE 8 MM - MONTAGEM. AF_06/2017","KG",137.6,{"$f":"VLOOKUP(D522,'CPU (des)'!B:I,8,FALSE)","v":16.72},{"$f":"$K$4","v":0.30260494954802231},21.779554756442931,{"$f":"J522*G522","v":2996.8667344865471},7.6082864978930625E-5,0.98250860346772761]
[null,"2.2.2.8","Composição Sinapi",97090,"ARMAÇÃO PARA EXECUÇÃO DE RADIER, PISO DE CONCRETO OU LAJE SOBRE SOLO, COM USO DE TELA Q-138. AF_09/2021","KG",180,{"$f":"VLOOKUP(D523,'CPU (des)'!B:I,8,FALSE)","v":12.73},0.30260494954802231,16.582161007746326,2984.7889813943384,{"$f":"K523/$K$1467","v":7.5776241381962162E-5},0.98258437970910961]
[null,"3.6.7.3","Composição Sinapi",90793,"KIT DE PORTA-PRONTA DE MADEIRA EM ACABAMENTO MELAMÍNICO BRANCO, FOLHA PESADA OU SUPERPESADA, 90X210CM, FIXAÇÃO COM PREENCHIMENTO TOTAL DE ESPUMA EXPANSIVA - FORNECIMENTO E INSTALAÇÃO. AF_12/2019","UN",2,{"$f":"VLOOKUP(D524,'CPU (des)'!B:I,8,FALSE)","v":1141.8399999999999},0.30260494954802231,1487.3664355919136,2974.7328711838272,7.5520942183450869E-5,{"$f":"L524+M523","v":0.98265990065129305}]
[null,"3.4.6.3","Composição Sinapi",87543,"MASSA ÚNICA, PARA RECEBIMENTO DE PINTURA OU CERÂMICA, ARGAMASSA INDUSTRIALIZADA, PREPARO MECÂNICO, APLICADO COM EQUIPAMENTO DE MISTURA E PROJEÇÃO DE 1,5 M3/H EM FACES INTERNAS DE PAREDES, ESPESSURA DE 5MM, SEM EXECUÇÃO DE TALISCAS. AF_06/2014","M2",79.98,{"$f":"VLOOKUP(D525,'CPU (des)'!B:I,8,FALSE)","v":28.47},0.30260494954802231,37.085162913632196,2966.071329832303,7.5301047560318642E-5,0.98273520169885342]
[null,"3.6.3.3","Composição Sinapi",96536,"FABRICAÇÃO, MONTAGEM E DESMONTAGEM DE FÔRMA PARA VIGA BALDRAME, EM MADEIRA SERRADA, E=25 MM, 4 UTILIZAÇÕES. AF_06/2017","M2",39.799999999999997,{"$f":"VLOOKUP(D526,'CPU (des)'!B:I,8,FALSE)","v":56.87},0.30260494954802231,74.07914348079602,2948.3499105356814,7.4851145555646792E-5,0.98281005284440903]
[null,"3.4.11.2","Composição Sinapi",88423,"APLICAÇÃO MANUAL DE PINTURA COM TINTA TEXTURIZADA ACRÍLICA EM PAREDES EXTERNAS DE CASAS, UMA COR. AF_06/2014","M2",178.35,{"$f":"VLOOKUP(D527,'CPU (des)'!B:I,8,FALSE)","v":12.64},0.30260494954802231,16.464926562287001,2936.5196523838868,7.4550805229108011E-5,0.98288460364963814]
[null,"3.6.2.5","Composição Sinapi",96558,"CONCRETAGEM DE SAPATAS, FCK 30 MPA, COM USO DE BOMBA - LANÇAMENTO, ADENSAMENTO E ACABAMENTO. AF_11/2016","M3",2.5,{"$f":"VLOOKUP(D528,'CPU (des)'!B:I,8,FALSE)","v":899.78},0.30260494954802231,1172.0578815043195,2930.1447037607986,7.4388961410777154E-5,0.98295899261104891]
[null,"8.4.31","Composição Orse",10673,"Válvula retenção portinhola única, PN10, Ø=100mm, em ferro fundido","UN",1,{"$f":"VLOOKUP(D529,'CPU (des)'!B:I,8,FALSE)","v":2219.85},0.30260494954802231,2891.5875972541771,2891.5875972541771,7.3410094017521473E-5,0.98303240270506642]
[null,"8.5.25","Composição Orse",10673,"Válvula retenção portinhola única, PN10, Ø=100mm, em ferro fundido","UN",1,{"$f":"VLOOKUP(D530,'CPU (des)'!B:I,8,FALSE)","v":2219.85},0.30260494954802231,2891.5875972541771,2891.5875972541771,7.3410094017521473E-5,0.98310581279908393]
[null,"10.1.6","Composição Sinapi",95469,"VASO SANITARIO SIFONADO CONVENCIONAL COM  LOUÇA BRANCA - FORNECIMENTO E INSTALAÇÃO. AF_01/2020","UN",8,{"$f":"VLOOKUP(D531,'CPU (des)'!B:I,8,FALSE)","v":276.79000000000002},0.30260494954802231,360.54802398539709,2884.3841918831768,7.3227217778173366E-5,0.98317904001686207]
[null,"3.3.7.31","Insumo Sinapi",41953,"CABO DE ACO GALVANIZADO, DIAMETRO 12,7 MM (1/2\"), COM ALMA DE FIBRA 6 X 25 F","KG",30,{"$f":"VLOOKUP(D532,'Insumos SINAPI (des)'!A:E,5,FALSE)","v":79.849999999999994},{"$f":"$K$5","v":0.20311109145345707},96.068420652558544,2882.0526195767561,7.316802505567535E-5,0.98325220804191771]
[null,"2.4.4.1","Composição Sinapi",103946,"PLANTIO DE GRAMA ESMERALDA OU SÃO CARLOS OU CURITIBANA, EM PLACAS. AF_05/2022","M2",119.49,{"$f":"VLOOKUP(D533,'CPU (des)'!B:I,8,FALSE)","v":18.489999999999998},{"$f":"$K$4","v":0.30260494954802231},{"$f":"H533*(1+I533)","v":24.085165517142929},2877.9364276434085,7.3063525355542396E-5,0.98332527156727323]
[null,"3.3.7.5","Composição Sinapi",94231,"RUFO EM CHAPA DE AÇO GALVANIZADO NÚMERO 24, CORTE DE 25 CM, INCLUSO TRANSPORTE VERTICAL. AF_07/2019","M",39.42,{"$f":"VLOOKUP(D534,'CPU (des)'!B:I,8,FALSE)","v":55.73},{"$f":"$K$4","v":0.30260494954802231},72.594173838311278,2861.6623327062307,7.2650367254946469E-5,0.98339792193452813]
[null,"3.3.8.2.30","Insumo Orse",462,"Caixa d'agua fibra vidro  3.000 litros - Fortlev-Torres (ou similar)","UN",2,{"$f":"VLOOKUP(D535,'Insumos ORSE (des)'!B:G,6,FALSE)","v":1175.9000000000001},{"$f":"$K$5","v":0.20311109145345707},1414.7383324401203,2829.4766648802406,7.1833254571462043E-5,0.98346975518909963]
[null,"3.3.9.1.25","Insumo Orse",462,"Caixa d'agua fibra vidro  3.000 litros - Fortlev-Torres (ou similar)","UN",2,{"$f":"VLOOKUP(D536,'Insumos ORSE (des)'!B:G,6,FALSE)","v":1175.9000000000001},{"$f":"$K$5","v":0.20311109145345707},1414.7383324401203,2829.4766648802406,7.1833254571462043E-5,0.98354158844367112]
[null,"3.3.8.1.20","Composição Sinapi",103007,"CAIXA COM GRELHA RETANGULAR DE FERRO FUNDIDO, EM ALVENARIA COM TIJOLOS CERÂMICOS MACIÇOS, DIMENSÕES INTERNAS: 0,30 X 1,00 X 0,5 M. AF_08/2021","UN",2,{"$f":"VLOOKUP(D537,'CPU (des)'!B:I,8,FALSE)","v":1082.95},{"$f":"$K$4","v":0.30260494954802231},1410.6560301130307,2821.3120602260615,7.1625975913935526E-5,0.98361321441958505]
[null,"3.6.4.3","Composição Sinapi",92762,"ARMAÇÃO DE PILAR OU VIGA DE ESTRUTURA CONVENCIONAL DE CONCRETO ARMADO UTILIZANDO AÇO CA-50 DE 10,0 MM - MONTAGEM. AF_06/2022","KG",157.25,{"$f":"VLOOKUP(D538,'CPU (des)'!B:I,8,FALSE)","v":13.75},{"$f":"$K$4","v":0.30260494954802231},17.910818056285308,2816.4761393508647,7.150320411672398E-5,0.9836847176237018]
[null,"3.7.2.5","Composição Sinapi",96558,"CONCRETAGEM DE SAPATAS, FCK 30 MPA, COM USO DE BOMBA - LANÇAMENTO, ADENSAMENTO E ACABAMENTO. AF_11/2016","M3",2.4,{"$f":"VLOOKUP(D539,'CPU (des)'!B:I,8,FALSE)","v":899.78},{"$f":"$K$4","v":0.30260494954802231},1172.0578815043195,2812.9389156103666,7.1413402954346067E-5,0.98375613102665616]
[null,"3.3.8.2.17","Composição Sinapi",91928,"CABO DE COBRE FLEXÍVEL ISOLADO, 4 MM², ANTI-CHAMA 450/750 V, PARA CIRCUITOS TERMINAIS - FORNECIMENTO E INSTALAÇÃO. AF_12/2015","M",293.39999999999998,{"$f":"VLOOKUP(D540,'CPU (des)'!B:I,8,FALSE)","v":7.35},{"$f":"$K$4","v":0.30260494954802231},9.5741463791779626,2809.0545476508141,7.1314788678444426E-5,0.98382744581533454]
[null,"8.5.17","Insumo Sinapi",6301,"TE DE FERRO GALVANIZADO, DE 6\"","UN",2,{"$f":"VLOOKUP(D541,'Insumos SINAPI (des)'!A:E,5,FALSE)","v":1162.55},{"$f":"$K$5","v":0.20311109145345707},1398.6767993692165,2797.353598738433,7.1017731186370594E-5,0.98389846354652089]
[null,"3.3.8.2.40","Insumo Sinapi",402,"GANCHO OLHAL EM ACO GALVANIZADO, ESPESSURA 16MM, ABERTURA 21MM","UN",199,{"$f":"VLOOKUP(D542,'Insumos SINAPI (des)'!A:E,5,FALSE)","v":11.67},{"$f":"$K$5","v":0.20311109145345707},14.040306437261844,2794.0209810151068,7.0933124453160729E-5,0.98396939667097405]
[null,"3.6.8.1.5","Composição Sinapi",91926,"CABO DE COBRE FLEXÍVEL ISOLADO, 2,5 MM², ANTI-CHAMA 450/750 V, PARA CIRCUITOS TERMINAIS - FORNECIMENTO E INSTALAÇÃO. AF_12/2015","M",454,{"$f":"VLOOKUP(D543,'CPU (des)'!B:I,8,FALSE)","v":4.7},{"$f":"$K$4","v":0.30260494954802231},6.1222432628757053,2779.4984413455704,7.0564433909762976E-5,0.98403996110488379]
[null,"4.12.1","Composição Orse",2450,"Limpeza geral","M2",987.17,{"$f":"VLOOKUP(D544,'CPU (des)'!B:I,8,FALSE)","v":2.16},0.30260494954802231,2.8136266910237282,2777.5278605778935,7.0514405849204947E-5,0.98411047551073294]
[null,"3.6.8.1.15","Composição Sinapi",97667,"ELETRODUTO FLEXÍVEL CORRUGADO, PEAD, DN 50 (1 1/2\"), PARA REDE ENTERRADA DE DISTRIBUIÇÃO DE ENERGIA ELÉTRICA - FORNECIMENTO E INSTALAÇÃO. AF_12/2021","M",285,{"$f":"VLOOKUP(D545,'CPU (des)'!B:I,8,FALSE)","v":7.47},0.30260494954802231,9.7304589731237261,2773.1808073402622,7.0404045164584257E-5,0.9841808795558975]
[null,"3.2.1.4","Composição Sinapi",101506,"ENTRADA DE ENERGIA ELÉTRICA, AÉREA, TRIFÁSICA, COM CAIXA DE SOBREPOR, CABO DE 16 MM2 E DISJUNTOR DIN 50A (NÃO INCLUSO O POSTE DE CONCRETO). AF_07/2020_P","UN",1,{"$f":"VLOOKUP(D546,'CPU (des)'!B:I,8,FALSE)","v":2117.4},0.30260494954802231,2758.1357201729825,2758.1357201729825,7.0022088462148334E-5,0.98425090164435969]
[null,"3.3.1.4","Composição Sinapi",101506,"ENTRADA DE ENERGIA ELÉTRICA, AÉREA, TRIFÁSICA, COM CAIXA DE SOBREPOR, CABO DE 16 MM2 E DISJUNTOR DIN 50A (NÃO INCLUSO O POSTE DE CONCRETO). AF_07/2020_P","UN",1,{"$f":"VLOOKUP(D547,'CPU (des)'!B:I,8,FALSE)","v":2117.4},0.30260494954802231,2758.1357201729825,2758.1357201729825,7.0022088462148334E-5,0.98432092373282187]
[null,"9.2.8","Composição Sinapi",101506,"ENTRADA DE ENERGIA ELÉTRICA, AÉREA, TRIFÁSICA, COM CAIXA DE SOBREPOR, CABO DE 16 MM2 E DISJUNTOR DIN 50A (NÃO INCLUSO O POSTE DE CONCRETO). AF_07/2020_PS","UN",1,{"$f":"VLOOKUP(D548,'CPU (des)'!B:I,8,FALSE)","v":2117.4},0.30260494954802231,2758.1357201729825,2758.1357201729825,7.0022088462148334E-5,0.98439094582128406]
[null,"3.5.4.2","Composição Sinapi",92761,"ARMAÇÃO DE PILAR OU VIGA DE ESTRUTURA CONVENCIONAL DE CONCRETO ARMADO UTILIZANDO AÇO CA-50 DE 8,0 MM - MONTAGEM. AF_06/2022","KG",140.30000000000001,{"$f":"VLOOKUP(D549,'CPU (des)'!B:I,8,FALSE)","v":15.09},0.30260494954802231,19.656308688679655,2757.7801090217558,7.0013060394636214E-5,0.98446095888167873]
[null,"3.5.4.5","Composição Sinapi",92759,"ARMAÇÃO DE PILAR OU VIGA DE ESTRUTURA CONVENCIONAL DE CONCRETO ARMADO UTILIZANDO AÇO CA-60 DE 5,0 MM - MONTAGEM. AF_06/2022","KG",135.69999999999999,{"$f":"VLOOKUP(D550,'CPU (des)'!B:I,8,FALSE)","v":15.54},0.30260494954802231,20.242480915976266,2746.9046602979793,6.9736960264018242E-5,0.98453069584194275]
[null,"3.3.5.4","Composição Sinapi",98689,"SOLEIRA EM GRANITO, LARGURA 15 CM, ESPESSURA 2,0 CM. AF_09/2020","M",16.8,{"$f":"VLOOKUP(D551,'CPU (des)'!B:I,8,FALSE)","v":125.31},0.30260494954802231,163.22942622786269,2742.2543606280933,6.9618900919628975E-5,0.98460031474286236]
[null,"3.3.7.22","Composição Orse",11227,"Fornecimento e montagem de rack fechado tipo armário 19\" x 36u x 600mm","UN",1,{"$f":"VLOOKUP(D552,'CPU (des)'!B:I,8,FALSE)","v":2103.83},0.30260494954802231,2740.4593710076156,2740.4593710076156,6.9573330674091576E-5,0.9846698880735365]
[null,"3.5.2.3","Composição Sinapi",96529,"FABRICAÇÃO, MONTAGEM E DESMONTAGEM DE FÔRMA PARA SAPATA, EM MADEIRA SERRADA, E=25 MM, 1 UTILIZAÇÃO. AF_06/2017","M2",8.1,{"$f":"VLOOKUP(D553,'CPU (des)'!B:I,8,FALSE)","v":257.58},0.30260494954802231,335.52498290457959,2717.7523615270948,6.8996857147090476E-5,0.98473888493068362]
[null,"8.2.2","Insumo Sinapi",4813,"PLACA DE OBRA (PARA CONSTRUCAO CIVIL) EM CHAPA GALVANIZADA *N. 22*, ADESIVADA, DE *2,4 X 1,2* M (SEM POSTES PARA FIXACAO)","M2",9,{"$f":"VLOOKUP(D554,'Insumos SINAPI (des)'!A:E,5,FALSE)","v":250},{"$f":"$K$5","v":0.20311109145345707},300.77777286336425,2706.9999557702781,6.8723880766132132E-5,0.9848076088114498]
[null,"3.7.4.2","Composição Sinapi",92761,"ARMAÇÃO DE PILAR OU VIGA DE ESTRUTURA CONVENCIONAL DE CONCRETO ARMADO UTILIZANDO AÇO CA-50 DE 8,0 MM - MONTAGEM. AF_06/2022","KG",137.6,{"$f":"VLOOKUP(D555,'CPU (des)'!B:I,8,FALSE)","v":15.09},{"$f":"$K$4","v":0.30260494954802231},19.656308688679655,2704.7080755623206,6.8665695725601865E-5,0.98487627450717541]
[null,"7.3.10","Composição Orse",10311,"Caixa de medição direta até 200A confeccionada em chapa galvanizada e pintada eletrostaticamente  d=100 x 60 x 15cm","UN",1,{"$f":"VLOOKUP(D556,'CPU (des)'!B:I,8,FALSE)","v":2056.41},0.30260494954802231,2678.6898443000482,2678.6898443000482,6.8005158654220468E-5,0.98494427966582965]
[null,"3.5.6.1","Composição Sinapi",103324,"ALVENARIA DE VEDAÇÃO DE BLOCOS CERÂMICOS FURADOS NA VERTICAL DE 14X19X39 CM (ESPESSURA 14 CM) E ARGAMASSA DE ASSENTAMENTO COM PREPARO EM BETONEIRA. AF_12/2021","M2",27.42,{"$f":"VLOOKUP(D557,'CPU (des)'!B:I,8,FALSE)","v":74.37},0.30260494954802231,96.874730097886427,2656.3050992840458,6.7436866606715705E-5,0.98501171653243635]
[null,"3.6.9.2.1","Composição Sinapi",100858,"MICTÓRIO SIFONADO LOUÇA BRANCA - PADRÃO MÉDIO - FORNECIMENTO E INSTALAÇÃO. AF_01/2020","UN",3,{"$f":"VLOOKUP(D558,'CPU (des)'!B:I,8,FALSE)","v":675.56},0.30260494954802231,879.98779971666193,2639.9633991499859,6.7021992181197127E-5,0.98507873852461758]
[null,"4.4.3","Composição Sinapi",100858,"MICTÓRIO SIFONADO LOUÇA BRANCA - PADRÃO MÉDIO - FORNECIMENTO E INSTALAÇÃO. AF_01/2020","UN",3,{"$f":"VLOOKUP(D559,'CPU (des)'!B:I,8,FALSE)","v":675.56},0.30260494954802231,879.98779971666193,2639.9633991499859,6.7021992181197127E-5,0.98514576051679881]
[null,"5.3.2","Composição Sinapi",101114,"ESCAVAÇÃO HORIZONTAL EM SOLO DE 1A CATEGORIA COM TRATOR DE ESTEIRAS (100HP/LÂMINA: 2,19M3). AF_07/2020","M3",565.20000000000005,{"$f":"VLOOKUP(D560,'CPU (des)'!B:I,8,FALSE)","v":3.55},0.30260494954802231,4.6242475708954789,2613.6247270701247,6.6353319928101501E-5,0.98521211383672691]
[null,"3.3.9.1.13","Insumo Sinapi",36791,"TORNEIRA CROMADA DE MESA PARA LAVATORIO, BICA ALTA, COM AREJADOR (REF 1195)","UN",10,{"$f":"VLOOKUP(D561,'Insumos SINAPI (des)'!A:E,5,FALSE)","v":216.58},{"$f":"$K$5","v":0.20311109145345707},260.56980018698977,2605.6980018698978,6.6152080428128458E-5,0.98527826591715506]
[null,"4.8.4","Composição Orse",3766,"Fornecimento e instalação de haste de aterramento 5/8\"x3,00m com conector","UN",16,{"$f":"VLOOKUP(D562,'CPU (des)'!B:I,8,FALSE)","v":124.95},{"$f":"$K$4","v":0.30260494954802231},162.76048844602539,2604.1678151364063,6.6113232857998937E-5,0.98534437915001305]
[null,"3.2.3.1.4","Composição Sinapi",92760,"ARMAÇÃO DE PILAR OU VIGA DE UMA ESTRUTURA CONVENCIONAL DE CONCRETO ARMADO EM UM EDIFÍCIO DE MÚLTIPLOS PAVIMENTOS UTILIZANDO AÇO CA-50 DE 6,3 MM - MONTAGEM. AF_12/2015","KG",129.19999999999999,{"$f":"VLOOKUP(D563,'CPU (des)'!B:I,8,FALSE)","v":15.47},{"$f":"$K$4","v":0.30260494954802231},20.151298569507905,2603.547775180421,6.609749161208035E-5,0.98541047664162518]
[null,"3.3.8.1.35","Insumo Sinapi",402,"GANCHO OLHAL EM ACO GALVANIZADO, ESPESSURA 16MM, ABERTURA 21MM","UN",184,{"$f":"VLOOKUP(D564,'Insumos SINAPI (des)'!A:E,5,FALSE)","v":11.67},{"$f":"$K$5","v":0.20311109145345707},14.040306437261844,2583.4163844561795,6.5586406529555657E-5,0.98547606304815472]
[null,"7.2.19","Composição Sinapi",90091,"ESCAVAÇÃO MECANIZADA DE VALA COM PROF. ATÉ 1,5 M (MÉDIA MONTANTE E JUSANTE/UMA COMPOSIÇÃO POR TRECHO), ESCAVADEIRA (0,8 M3), LARG. DE 1,5 M A 2,5 M, EM SOLO DE 1A CATEGORIA, LOCAIS COM BAIXO NÍVEL DE INTERFERÊNCIA. AF_02/2021","M3",369,{"$f":"VLOOKUP(D565,'CPU (des)'!B:I,8,FALSE)","v":5.33},{"$f":"$K$4","v":0.30260494954802231},6.9428843810909591,2561.9243366225637,6.5040777805185359E-5,0.98554110382595994]
[null,"3.6.2.3","Composição Sinapi",96529,"FABRICAÇÃO, MONTAGEM E DESMONTAGEM DE FÔRMA PARA SAPATA, EM MADEIRA SERRADA, E=25 MM, 1 UTILIZAÇÃO. AF_06/2017","M2",7.6,{"$f":"VLOOKUP(D566,'CPU (des)'!B:I,8,FALSE)","v":257.58},0.30260494954802231,335.52498290457959,2549.9898700748049,6.4737791891097225E-5,0.98560584161785103]
[null,"3.6.3.4","Composição Sinapi",96545,"ARMAÇÃO DE BLOCO, VIGA BALDRAME OU SAPATA UTILIZANDO AÇO CA-50 DE 8 MM - MONTAGEM. AF_06/2017","KG",116.65,{"$f":"VLOOKUP(D567,'CPU (des)'!B:I,8,FALSE)","v":16.72},0.30260494954802231,21.779554756442931,2540.5850623390679,6.4499027614769311E-5,0.98567034064546577]
[null,"5.4.13","Composição SICRO",4011354,"Pintura de ligação - emulsão com polímero","M2",6525,{"$f":"VLOOKUP(D568,'CPU (des)'!B:I,8,FALSE)","v":0.28999999999999998},0.30260494954802231,0.37775543536892642,2464.8542157822449,6.2576413002975425E-5,0.98573291705846877]
[null,"3.2.2.3.6","Composição Sinapi",95427,"TRANSPORTE COM CAMINHÃO BASCULANTE DE 18 M³, EM VIA URBANA PAVIMENTADA, ADICIONAL PARA DMT EXCEDENTE A 30 KM (UNIDADE: M3XKM). AF_07/2020","M3XKM",2740.8,{"$f":"VLOOKUP(D569,'CPU (des)'!B:I,8,FALSE)","v":0.69},0.30260494954802231,0.89879741518813527,2463.4239555476415,6.2540102313860747E-5,0.98579545716078265]
[null,"3.6.8.1.7","Composição Orse",5027,"Caixa de passagem em alvenaria de tijolos maciços esp. = 0,12m,  dim. int. =  0.60 x 0.60 x 0.40m","UN",5,{"$f":"VLOOKUP(D570,'CPU (des)'!B:I,8,FALSE)","v":373.49},0.30260494954802231,486.50992260669085,2432.5496130334541,6.1756280862680128E-5,0.98585721344164534]
[null,"3.3.8.2.16","Composição Sinapi",100859,"MICTÓRIO SIFONADO LOUÇA BRANCA PARA ENTRADA DE ÁGUA EMBUTIDA - PADRÃO ALTO - FORNECIMENTO E INSTALAÇÃO. AF_01/2020","UN",2,{"$f":"VLOOKUP(D571,'CPU (des)'!B:I,8,FALSE)","v":928.96},0.30260494954802231,1210.0678939321308,2420.1357878642616,6.144112524586504E-5,0.98591865456689121]
[null,"4.4.1","Composição Sinapi",86931,"VASO SANITÁRIO SIFONADO COM CAIXA ACOPLADA LOUÇA BRANCA, INCLUSO ENGATE FLEXÍVEL EM PLÁSTICO BRANCO, 1/2  X 40CM - FORNECIMENTO E INSTALAÇÃO. AF_01/2020","UN",4,{"$f":"VLOOKUP(D572,'CPU (des)'!B:I,8,FALSE)","v":464.37},0.30260494954802231,604.89066042161517,2419.5626416864607,6.1426574514343669E-5,0.98598008114140556]
[null,"3.3.8.3.19","Composição Sinapi",91928,"CABO DE COBRE FLEXÍVEL ISOLADO, 4 MM², ANTI-CHAMA 450/750 V, PARA CIRCUITOS TERMINAIS - FORNECIMENTO E INSTALAÇÃO. AF_12/2015","M",250.2,{"$f":"VLOOKUP(D573,'CPU (des)'!B:I,8,FALSE)","v":7.35},0.30260494954802231,9.5741463791779626,2395.4514240703261,6.081445169511518E-5,0.98604089559310071]
[null,"3.6.4.5","Composição Sinapi",92759,"ARMAÇÃO DE PILAR OU VIGA DE ESTRUTURA CONVENCIONAL DE CONCRETO ARMADO UTILIZANDO AÇO CA-60 DE 5,0 MM - MONTAGEM. AF_06/2022","KG",117.9,{"$f":"VLOOKUP(D574,'CPU (des)'!B:I,8,FALSE)","v":15.54},0.30260494954802231,20.242480915976266,2386.588499993602,6.0589444474043859E-5,0.98610148503757478]
[null,"3.5.11.2","Composição Sinapi",88423,"APLICAÇÃO MANUAL DE PINTURA COM TINTA TEXTURIZADA ACRÍLICA EM PAREDES EXTERNAS DE CASAS, UMA COR. AF_06/2014","M2",143.22999999999999,{"$f":"VLOOKUP(D575,'CPU (des)'!B:I,8,FALSE)","v":12.64},0.30260494954802231,16.464926562287001,2358.2714315163671,5.9870545741324027E-5,0.98616135558331608]
[null,"3.4.2.5","Composição Sinapi",96558,"CONCRETAGEM DE SAPATAS, FCK 30 MPA, COM USO DE BOMBA - LANÇAMENTO, ADENSAMENTO E ACABAMENTO. AF_11/2016","M3",2,{"$f":"VLOOKUP(D576,'CPU (des)'!B:I,8,FALSE)","v":899.78},0.30260494954802231,1172.0578815043195,2344.1157630086391,5.9511169128621732E-5,0.98622086675244469]
[null,"3.9.2.5","Composição Sinapi",96558,"CONCRETAGEM DE SAPATAS, FCK 30 MPA, COM USO DE BOMBA - LANÇAMENTO, ADENSAMENTO E ACABAMENTO. AF_11/2016","M3",2,{"$f":"VLOOKUP(D577,'CPU (des)'!B:I,8,FALSE)","v":899.78},0.30260494954802231,1172.0578815043195,2344.1157630086391,5.9511169128621732E-5,0.9862803779215733]
[null,"3.6.9.3.1","Composição Sinapi",97907,"CAIXA ENTERRADA HIDRÁULICA RETANGULAR, EM ALVENARIA COM BLOCOS DE CONCRETO, DIMENSÕES INTERNAS: 0,8X0,8X0,6 M PARA REDE DE ESGOTO. AF_12/2020","UN",3,{"$f":"VLOOKUP(D578,'CPU (des)'!B:I,8,FALSE)","v":598.83000000000004},0.30260494954802231,780.03892193784225,2340.1167658135269,5.9409644706415823E-5,0.98633978756627971]
[null,"3.2.2.3.2","Composição Sinapi",96621,"LASTRO COM MATERIAL GRANULAR, APLICAÇÃO EM BLOCOS DE COROAMENTO, ESPESSURA DE *5 CM*. AF_08/2017","M3",4.55,{"$f":"VLOOKUP(D579,'CPU (des)'!B:I,8,FALSE)","v":393.24},0.30260494954802231,512.23637036026435,2330.6754851392025,5.9169954474445643E-5,0.98639895752075413]
[null,"3.4.10.2","Composição Sinapi",90789,"KIT DE PORTA-PRONTA DE MADEIRA EM ACABAMENTO MELAMÍNICO BRANCO, FOLHA LEVE OU MÉDIA, 70X210CM, EXCLUSIVE FECHADURA, FIXAÇÃO COM PREENCHIMENTO PARCIAL DE ESPUMA EXPANSIVA - FORNECIMENTO E INSTALAÇÃO. AF_12/2019","UN",2,{"$f":"VLOOKUP(D580,'CPU (des)'!B:I,8,FALSE)","v":893.27},0.30260494954802231,1163.577923282762,2327.1558465655239,5.9080599754966695E-5,0.98645803812050914]
[null,"3.5.10.2","Composição Sinapi",90789,"KIT DE PORTA-PRONTA DE MADEIRA EM ACABAMENTO MELAMÍNICO BRANCO, FOLHA LEVE OU MÉDIA, 70X210CM, EXCLUSIVE FECHADURA, FIXAÇÃO COM PREENCHIMENTO PARCIAL DE ESPUMA EXPANSIVA - FORNECIMENTO E INSTALAÇÃO. AF_12/2019","UN",2,{"$f":"VLOOKUP(D581,'CPU (des)'!B:I,8,FALSE)","v":893.27},0.30260494954802231,1163.577923282762,2327.1558465655239,5.9080599754966695E-5,0.98651711872026415]
[null,"3.6.6.6","Composição Sinapi",87265,"REVESTIMENTO CERÂMICO PARA PAREDES INTERNAS COM PLACAS TIPO ESMALTADA EXTRA DE DIMENSÕES 20X20 CM APLICADAS EM AMBIENTES DE ÁREA MAIOR QUE 5 M² NA ALTURA INTEIRA DAS PAREDES. AF_06/2014","M2",23.54,{"$f":"VLOOKUP(D582,'CPU (des)'!B:I,8,FALSE)","v":75.87},0.30260494954802231,98.828637522208453,2326.4261272727867,5.9062074028152435E-5,0.98657618079429232]
[null,"2.2.2.5","Insumo Sinapi",6076,"SAIBRO PARA ARGAMASSA (COLETADO NO COMERCIO)","M3",29.72,{"$f":"VLOOKUP(D583,'Insumos SINAPI (des)'!A:E,5,FALSE)","v":65},{"$f":"$K$5","v":0.20311109145345707},78.202220944474703,2324.1700064697879,5.9004796828450688E-5,0.98663518559112073]
[null,"3.6.4.2","Composição Sinapi",92761,"ARMAÇÃO DE PILAR OU VIGA DE ESTRUTURA CONVENCIONAL DE CONCRETO ARMADO UTILIZANDO AÇO CA-50 DE 8,0 MM - MONTAGEM. AF_06/2022","KG",116.65,{"$f":"VLOOKUP(D584,'CPU (des)'!B:I,8,FALSE)","v":15.09},{"$f":"$K$4","v":0.30260494954802231},19.656308688679655,2292.9084085344816,5.8211143941798377E-5,0.98669339673506251]
[null,"3.6.4.10","Composição Sinapi",92770,"ARMAÇÃO DE LAJE DE ESTRUTURA CONVENCIONAL DE CONCRETO ARMADO UTILIZANDO AÇO CA-50 DE 8,0 MM - MONTAGEM. AF_06/2022","KG",116.5,{"$f":"VLOOKUP(D585,'CPU (des)'!B:I,8,FALSE)","v":14.72},{"$f":"$K$4","v":0.30260494954802231},19.174344857346888,2233.8111758809123,5.6710814707645657E-5,0.98675010754977011]
[null,"3.3.7.88","Insumo Sinapi",39997,"PORCA ZINCADA, SEXTAVADA, DIAMETRO 1/4\"","UN",6359,{"$f":"VLOOKUP(D586,'Insumos SINAPI (des)'!A:E,5,FALSE)","v":0.28999999999999998},{"$f":"$K$5","v":0.20311109145345707},0.34890221652150255,{"$f":"J586*G586","v":2218.6691948602347},5.6326398115391974E-5,0.98680643394788548]
[null,"3.4.8.4","Composição Orse",7138,"Fornecimento e lançamento de cabo utp 4 pares cat 6","M",145,{"$f":"VLOOKUP(D587,'CPU (des)'!B:I,8,FALSE)","v":11.72},{"$f":"$K$4","v":0.30260494954802231},15.266530008702823,2213.6468512619094,{"$f":"K587/$K$1467","v":5.6198893516848441E-5},0.9868626328414023]
[null,"3.5.8.4","Composição Orse",7138,"Fornecimento e lançamento de cabo utp 4 pares cat 6","M",145,{"$f":"VLOOKUP(D588,'CPU (des)'!B:I,8,FALSE)","v":11.72},0.30260494954802231,15.266530008702823,2213.6468512619094,5.6198893516848441E-5,{"$f":"L588+M587","v":0.98691883173491912}]
[null,"3.6.8.2.4","Composição Orse",7138,"Fornecimento e lançamento de cabo utp 4 pares cat 6","M",145,{"$f":"VLOOKUP(D589,'CPU (des)'!B:I,8,FALSE)","v":11.72},0.30260494954802231,15.266530008702823,2213.6468512619094,5.6198893516848441E-5,0.98697503062843595]
[null,"3.7.3.8","Composição Sinapi",96557,"CONCRETAGEM DE BLOCOS DE COROAMENTO E VIGAS BALDRAMES, FCK 30 MPA, COM USO DE BOMBA - LANÇAMENTO, ADENSAMENTO E ACABAMENTO. AF_06/2017","M3",1.9,{"$f":"VLOOKUP(D590,'CPU (des)'!B:I,8,FALSE)","v":894.03},0.30260494954802231,1164.5679030444182,2212.6790157843948,5.6174322622483939E-5,0.98703120495105845]
[null,"3.8.3.7","Composição Sinapi",96557,"CONCRETAGEM DE BLOCOS DE COROAMENTO E VIGAS BALDRAMES, FCK 30 MPA, COM USO DE BOMBA - LANÇAMENTO, ADENSAMENTO E ACABAMENTO. AF_06/2017","M3",1.9,{"$f":"VLOOKUP(D591,'CPU (des)'!B:I,8,FALSE)","v":894.03},0.30260494954802231,1164.5679030444182,2212.6790157843948,5.6174322622483939E-5,0.98708737927368095]
[null,"2.1.3.5","Composição Sinapi",102500,"PINTURA DE DEMARCAÇÃO DE VAGA COM TINTA ACRÍLICA, E = 10 CM, APLICAÇÃO MANUAL. AF_05/2021","M",528.9,{"$f":"VLOOKUP(D592,'CPU (des)'!B:I,8,FALSE)","v":3.21},0.30260494954802231,4.1813618880491514,2211.522302589196,5.6144956600686261E-5,0.98714352423028162]
[null,"7.3.18","Composição Orse",11734,"Cabo de cobre, flexivel, classe 4 ou 5, isolacao em pvc/a, antichama bwf-b, cobertura pvc-st1, antichama bwf-b, 1 condutor, 0,6/1 kv, secao nominal 400 mm2","M",3,{"$f":"VLOOKUP(D593,'CPU (des)'!B:I,8,FALSE)","v":565.36},0.30260494954802231,736.44073427646993,2209.3222028294099,5.6089101633550843E-5,0.98719961333191519]
[null,"3.5.4.9","Composição Sinapi",92769,"ARMAÇÃO DE LAJE DE ESTRUTURA CONVENCIONAL DE CONCRETO ARMADO UTILIZANDO AÇO CA-50 DE 6,3 MM - MONTAGEM. AF_06/2022","KG",111.7,{"$f":"VLOOKUP(D594,'CPU (des)'!B:I,8,FALSE)","v":15.11},0.30260494954802231,19.682360787670618,2198.5196999828081,5.5814853414217419E-5,0.98725542818532941]
[null,"2.1.7.1","Composição Orse",6191,"Limpeza de ruas (varrição e remoção de entulhos)","M2",3898.77,{"$f":"VLOOKUP(D595,'CPU (des)'!B:I,8,FALSE)","v":0.43},0.30260494954802231,0.56012012830564961,2183.7795526342175,5.5440638362347748E-5,0.98731086882369179]
[null,"8.4.28","Insumo Orse",2321,"Tubo pead flexivel corrugado perfurado d = 4\" (Kanadreno ou similar)","M",151.55000000000001,{"$f":"VLOOKUP(D596,'Insumos ORSE (des)'!B:G,6,FALSE)","v":11.93},{"$f":"$K$5","v":0.20311109145345707},14.353115321039743,2175.2146269035734,5.5223196565413519E-5,0.98736609202025716]
[null,"3.7.3.7","Composição Sinapi",96543,"ARMAÇÃO DE BLOCO, VIGA BALDRAME E SAPATA UTILIZANDO AÇO CA-60 DE 5 MM - MONTAGEM. AF_06/2017","KG",91.25,{"$f":"VLOOKUP(D597,'CPU (des)'!B:I,8,FALSE)","v":18.21},{"$f":"$K$4","v":0.30260494954802231},{"$f":"H597*(1+I597)","v":23.720436131269487},2164.4897969783406,5.4950920265058352E-5,0.98742104294052224]
[null,"3.3.8.2.10","Insumo Sinapi",13348,"ARRUELA  EM ACO GALVANIZADO, DIAMETRO EXTERNO = 35MM, ESPESSURA = 3MM, DIAMETRO DO FURO= 18MM","UN",1004,{"$f":"VLOOKUP(D598,'Insumos SINAPI (des)'!A:E,5,FALSE)","v":1.79},{"$f":"$K$5","v":0.20311109145345707},2.1535688537016884,2162.1831291164949,5.4892359803405354E-5,0.98747593530032562]
[null,"3.5.4.3","Composição Sinapi",92762,"ARMAÇÃO DE PILAR OU VIGA DE ESTRUTURA CONVENCIONAL DE CONCRETO ARMADO UTILIZANDO AÇO CA-50 DE 10,0 MM - MONTAGEM. AF_06/2022","KG",120.3,{"$f":"VLOOKUP(D599,'CPU (des)'!B:I,8,FALSE)","v":13.75},{"$f":"$K$4","v":0.30260494954802231},17.910818056285308,2154.6714121711225,5.4701656313144006E-5,0.98753063695663879]
[null,"4.7.37","Insumo Orse",13383,"Tampa de encaixe para Redução Concêntrica 200 x 75mm para 100 x 75mm, zincada, para eletrocalha metálica (ref. mopa ou similar)","UN",95,{"$f":"VLOOKUP(D600,'CPU (des)'!B:I,8,FALSE)","v":18.82},{"$f":"$K$5","v":0.20311109145345707},22.642550741154061,2151.042320409636,5.460952285411896E-5,0.98758524647949286]
[null,"3.3.7.25","Composição Orse",7162,"Ponto de sensor de presença embutido no teto ","UN",6,{"$f":"VLOOKUP(D601,'CPU (des)'!B:I,8,FALSE)","v":273.66000000000003},{"$f":"$K$4","v":0.30260494954802231},356.47087049331179,2138.8252229598706,5.4299361656422532E-5,0.98763954584114932]
[null,"2.1.6.3","Composição Sinapi",98510,"PLANTIO DE ÁRVORE ORNAMENTAL COM ALTURA DE MUDA MENOR OU IGUAL A 2,00 M. AF_05/2018","UN",25,{"$f":"VLOOKUP(D602,'CPU (des)'!B:I,8,FALSE)","v":64.959999999999994},0.30260494954802231,84.617217522639521,2115.4304380659878,5.3705427251595765E-5,0.98769325126840091]
[null,"7.2.13","Composição Orse",7920,"Eletroduto em ferro galvanizado pesado sem costura 2 1/2\" x 3m","UN",4,{"$f":"VLOOKUP(D603,'CPU (des)'!B:I,8,FALSE)","v":405.77},0.30260494954802231,528.55801037810102,2114.2320415124041,5.3675002994778366E-5,0.98774692627139571]
[null,"3.6.8.1.6","Composição Sinapi",91928,"CABO DE COBRE FLEXÍVEL ISOLADO, 4 MM², ANTI-CHAMA 450/750 V, PARA CIRCUITOS TERMINAIS - FORNECIMENTO E INSTALAÇÃO. AF_12/2015","M",216,{"$f":"VLOOKUP(D604,'CPU (des)'!B:I,8,FALSE)","v":7.35},0.30260494954802231,9.5741463791779626,2068.0156179024398,5.2501684916646203E-5,0.98779942795631237]
[null,"3.6.9.2.15","Composição Orse",2078,"Espelho cristal redondo, diam=40cm, com moldura","UN",8,{"$f":"VLOOKUP(D605,'CPU (des)'!B:I,8,FALSE)","v":197.9},0.30260494954802231,257.78551951555363,2062.284156124429,5.2356177601432535E-5,0.98785178413391384]
[null,"3.2.1.1","Composição Sinapi",98525,"LIMPEZA MECANIZADA DE CAMADA VEGETAL, VEGETAÇÃO E PEQUENAS ÁRVORES (DIÂMETRO DE TRONCO MENOR QUE 0,20 M), COM TRATOR DE ESTEIRAS.AF_05/2018","M2",4920.0600000000004,{"$f":"VLOOKUP(D606,'CPU (des)'!B:I,8,FALSE)","v":0.32},0.30260494954802231,0.41683358385536717,2050.8462425834382,5.2065797912017021E-5,0.98790384993182589]
[null,"3.3.7.96","Insumo Orse",857,"Eletrocalha metálica perfurada  50 x 50 x 3000 mm (ref. valemam ou similar)","UN",35.4,{"$f":"VLOOKUP(D607,'Insumos ORSE (des)'!B:G,6,FALSE)","v":48},{"$f":"$K$5","v":0.20311109145345707},57.749332389765939,2044.3263665977142,5.1900274754582991E-5,0.98795575020658044]
[null,"3.3.9.1.27","Composição Sinapi",91786,"(COMPOSIÇÃO REPRESENTATIVA) DO SERVIÇO DE INSTALAÇÃO TUBOS DE PVC, SOLDÁVEL, ÁGUA FRIA, DN 32 MM (INSTALADO EM RAMAL, SUB-RAMAL, RAMAL DE DISTRIBUIÇÃO OU PRUMADA), INCLUSIVE CONEXÕES, CORTES E FIXAÇÕES, PARA PRÉDIOS. AF_10/2015","M",56.77,{"$f":"VLOOKUP(D608,'CPU (des)'!B:I,8,FALSE)","v":27.62},{"$f":"$K$4","v":0.30260494954802231},35.977948706516379,2042.4681480689349,5.1853099287018968E-5,0.98800760330586745]
[null,"9.4.2","Composição Sinapi",7042,"MOTOBOMBA TRASH (PARA ÁGUA SUJA) AUTO ESCORVANTE, MOTOR GASOLINA DE 6,41 HP, DIÂMETROS DE SUCÇÃO X RECALQUE: 3\" X 3\", HM/Q = 10 MCA / 60 M3/H A 23 MCA / 0 M3/H - CHP DIURNO. AF_10/2014","CHP",68.5,{"$f":"VLOOKUP(D609,'CPU (des)'!B:I,8,FALSE)","v":22.87},0.30260494954802231,29.790575196163271,2040.6544009371842,5.1807052835722716E-5,0.98805941035870315]
[null,"8.4.13","Composição Orse",11315,"Fornecimento de redução excentrica em ferro fundido, com flanges pn 10 / 16, diam. =  100 x   50mm","UN",2,{"$f":"VLOOKUP(D610,'CPU (des)'!B:I,8,FALSE)","v":783.22},0.30260494954802231,1020.2262485850021,2040.4524971700041,5.1801927009845867E-5,0.98811121228571297]
[null,"3.5.6.3","Composição Sinapi",87543,"MASSA ÚNICA, PARA RECEBIMENTO DE PINTURA OU CERÂMICA, ARGAMASSA INDUSTRIALIZADA, PREPARO MECÂNICO, APLICADO COM EQUIPAMENTO DE MISTURA E PROJEÇÃO DE 1,5 M3/H EM FACES INTERNAS DE PAREDES, ESPESSURA DE 5MM, SEM EXECUÇÃO DE TALISCAS. AF_06/2014","M2",54.84,{"$f":"VLOOKUP(D611,'CPU (des)'!B:I,8,FALSE)","v":28.47},0.30260494954802231,37.085162913632196,2033.7503341835898,5.1631776046610085E-5,0.98816284406175958]
[null,"4.2.1","Composição Orse",51,"Placa de obra em chapa aço galvanizado, instalada - Rev 02_01/2022","M2",4.5,{"$f":"VLOOKUP(D612,'CPU (des)'!B:I,8,FALSE)","v":344.34},0.30260494954802231,448.53898832736598,2018.425447473147,5.1242715941604187E-5,0.98821408677770117]
[null,"3.1.3.7","Composição Orse",51,"Placa de obra em chapa aço galvanizado, instalada - Rev 02_01/2022","M2",4.5,{"$f":"VLOOKUP(D613,'CPU (des)'!B:I,8,FALSE)","v":344.34},0.30260494954802231,448.53898832736598,2018.425447473147,5.1242715941604187E-5,0.98826532949364276]
[null,"10.1.1","Composição Orse",51,"Placa de obra em chapa aço galvanizado, instalada - Rev 02_01/2022","M2",4.5,{"$f":"VLOOKUP(D614,'CPU (des)'!B:I,8,FALSE)","v":344.34},0.30260494954802231,448.53898832736598,2018.425447473147,5.1242715941604187E-5,0.98831657220958435]
[null,"2.3.5.2","Composição Orse",6191,"Limpeza de ruas (varrição e remoção de entulhos)","M2",3602.75,{"$f":"VLOOKUP(D615,'CPU (des)'!B:I,8,FALSE)","v":0.43},0.30260494954802231,0.56012012830564961,2017.9727922531793,5.1231224170686745E-5,0.98836780343375508]
[null,"7.2.18","Composição Sinapi",94962,"CONCRETO MAGRO PARA LASTRO, TRAÇO 1:4,5:4,5 (EM MASSA SECA DE CIMENTO/ AREIA MÉDIA/ BRITA 1) - PREPARO MECÂNICO COM BETONEIRA 400 L. AF_05/2021","M3",3,{"$f":"VLOOKUP(D616,'CPU (des)'!B:I,8,FALSE)","v":513.29999999999995},0.30260494954802231,668.62712060299975,2005.8813618089994,5.0924253340352415E-5,0.98841872768709538]
[null,"3.5.4.4","Composição Sinapi",92763,"ARMAÇÃO DE PILAR OU VIGA DE ESTRUTURA CONVENCIONAL DE CONCRETO ARMADO UTILIZANDO AÇO CA-50 DE 12,5 MM - MONTAGEM. AF_06/2022","KG",130.5,{"$f":"VLOOKUP(D617,'CPU (des)'!B:I,8,FALSE)","v":11.71},0.30260494954802231,15.253503959207343,1990.5822666765582,5.0535848018264994E-5,0.98846926353511366]
[null,"3.5.4.10","Composição Sinapi",92770,"ARMAÇÃO DE LAJE DE ESTRUTURA CONVENCIONAL DE CONCRETO ARMADO UTILIZANDO AÇO CA-50 DE 8,0 MM - MONTAGEM. AF_06/2022","KG",102.7,{"$f":"VLOOKUP(D618,'CPU (des)'!B:I,8,FALSE)","v":14.72},0.30260494954802231,19.174344857346888,1969.2052168495254,4.9993138802362318E-5,0.98851925667391605]
[null,"3.1.3.8","Composição Sinapi",101489,"ENTRADA DE ENERGIA ELÉTRICA, AÉREA, MONOFÁSICA, COM CAIXA DE SOBREPOR, CABO DE 10 MM2 E DISJUNTOR DIN 50A (NÃO INCLUSO O POSTE DE CONCRETO). AF_07/2020_PS","UN",1,{"$f":"VLOOKUP(D619,'CPU (des)'!B:I,8,FALSE)","v":1506.87},0.30260494954802231,1962.8563203254282,1962.8563203254282,4.9831956380918793E-5,0.98856908863029691]
[null,"10.1.2","Composição Sinapi",101489,"ENTRADA DE ENERGIA ELÉTRICA, AÉREA, MONOFÁSICA, COM CAIXA DE SOBREPOR, CABO DE 10 MM2 E DISJUNTOR DIN 50A (NÃO INCLUSO O POSTE DE CONCRETO). AF_07/2020_PS","UN",1,{"$f":"VLOOKUP(D620,'CPU (des)'!B:I,8,FALSE)","v":1506.87},0.30260494954802231,1962.8563203254282,1962.8563203254282,4.9831956380918793E-5,0.98861892058667777]
[null,"2.1.1.1","Composição Própria","1.1","MOBILIZAÇÃO ","UN",1,{"$f":"'CPU Própria (des)'!$J$28","v":1500},0.30260494954802231,1953.9074243220334,1953.9074243220334,4.9604766550119246E-5,0.98866852535322791]
[null,"2.1.7.2","Composição Própria","1.1","DESMOBILIZAÇÃO","UN",1,{"$f":"'CPU Própria (des)'!$J$28","v":1500},0.30260494954802231,1953.9074243220334,1953.9074243220334,4.9604766550119246E-5,0.98871813011977805]
[null,"2.2.1.1","Composição Própria","1.1","MOBILIZAÇÃO ","UN",1,{"$f":"'CPU Própria (des)'!$J$28","v":1500},0.30260494954802231,1953.9074243220334,1953.9074243220334,4.9604766550119246E-5,0.98876773488632819]
[null,"2.2.7.1","Composição Própria","1.1","DESMOBILIZAÇÃO","UN",1,{"$f":"'CPU Própria (des)'!$J$28","v":1500},0.30260494954802231,1953.9074243220334,1953.9074243220334,4.9604766550119246E-5,0.98881733965287832]
[null,"2.3.1.1","Composição Própria","1.1","MOBILIZAÇÃO ","UN",1,{"$f":"'CPU Própria (des)'!$J$28","v":1500},0.30260494954802231,1953.9074243220334,1953.9074243220334,4.9604766550119246E-5,0.98886694441942846]
[null,"2.3.5.1","Composição Própria","1.1","DESMOBILIZAÇÃO","UN",1,{"$f":"'CPU Própria (des)'!$J$28","v":1500},0.30260494954802231,1953.9074243220334,1953.9074243220334,4.9604766550119246E-5,0.9889165491859786]
[null,"2.4.1.1","Composição Própria","1.1","MOBILIZAÇÃO ","UN",1,{"$f":"'CPU Própria (des)'!$J$28","v":1500},0.30260494954802231,1953.9074243220334,1953.9074243220334,4.9604766550119246E-5,0.98896615395252874]
[null,"2.4.5.2","Composição Própria","1.1","DESMOBILIZAÇÃO","UN",1,{"$f":"'CPU Própria (des)'!$J$28","v":1500},0.30260494954802231,1953.9074243220334,1953.9074243220334,4.9604766550119246E-5,0.98901575871907887]
[null,"3.1.1","Composição Própria","1.1","MOBILIZAÇÃO ","UN",1,{"$f":"'CPU Própria (des)'!$J$28","v":1500},0.30260494954802231,1953.9074243220334,1953.9074243220334,4.9604766550119246E-5,0.98906536348562901]
[null,"3.1.2","Composição Própria","1.1","DESMOBILIZAÇÃO","UN",1,{"$f":"'CPU Própria (des)'!$J$28","v":1500},0.30260494954802231,1953.9074243220334,1953.9074243220334,4.9604766550119246E-5,0.98911496825217915]
[null,"3.2.2.1.1","Composição Própria","1.1","MOBILIZAÇÃO ","UN",1,{"$f":"'CPU Própria (des)'!$J$28","v":1500},0.30260494954802231,1953.9074243220334,1953.9074243220334,4.9604766550119246E-5,0.98916457301872929]
[null,"3.2.2.1.2","Composição Própria","1.1","DESMOBILIZAÇÃO","UN",1,{"$f":"'CPU Própria (des)'!$J$28","v":1500},0.30260494954802231,1953.9074243220334,1953.9074243220334,4.9604766550119246E-5,0.98921417778527942]
[null,"3.3.2.1.1","Composição Própria","1.1","MOBILIZAÇÃO ","UN",1,{"$f":"'CPU Própria (des)'!$J$28","v":1500},0.30260494954802231,1953.9074243220334,1953.9074243220334,4.9604766550119246E-5,0.98926378255182956]
[null,"3.3.2.1.6","Composição Própria","1.1","DESMOBILIZAÇÃO","UN",1,{"$f":"'CPU Própria (des)'!$J$28","v":1500},0.30260494954802231,1953.9074243220334,1953.9074243220334,4.9604766550119246E-5,0.9893133873183797]
[null,"4.1.1","Composição Própria","1.1","MOBILIZAÇÃO ","UN",1,{"$f":"'CPU Própria (des)'!$J$28","v":1500},0.30260494954802231,1953.9074243220334,1953.9074243220334,4.9604766550119246E-5,0.98936299208492984]
[null,"4.1.2","Composição Própria","1.1","DESMOBILIZAÇÃO","UN",1,{"$f":"'CPU Própria (des)'!$J$28","v":1500},0.30260494954802231,1953.9074243220334,1953.9074243220334,4.9604766550119246E-5,0.98941259685147998]
[null,"5.1.1","Composição Própria","1.1","MOBILIZAÇÃO ","UN",1,{"$f":"'CPU Própria (des)'!$J$28","v":1500},0.30260494954802231,1953.9074243220334,1953.9074243220334,4.9604766550119246E-5,0.98946220161803011]
[null,"5.1.2","Composição Própria","1.1","DESMOBILIZAÇÃO","UN",1,{"$f":"'CPU Própria (des)'!$J$28","v":1500},0.30260494954802231,1953.9074243220334,1953.9074243220334,4.9604766550119246E-5,0.98951180638458025]
[null,"6.1.1","Composição Própria","1.1","MOBILIZAÇÃO ","UN",1,{"$f":"'CPU Própria (des)'!$J$28","v":1500},0.30260494954802231,1953.9074243220334,1953.9074243220334,4.9604766550119246E-5,0.98956141115113039]
[null,"6.1.2","Composição Própria","1.1","DESMOBILIZAÇÃO","UN",1,{"$f":"'CPU Própria (des)'!$J$28","v":1500},0.30260494954802231,1953.9074243220334,1953.9074243220334,4.9604766550119246E-5,0.98961101591768053]
[null,"7.1.1","Composição Própria","1.1","MOBILIZAÇÃO ","UN",1,{"$f":"'CPU Própria (des)'!$J$28","v":1500},0.30260494954802231,1953.9074243220334,1953.9074243220334,4.9604766550119246E-5,0.98966062068423066]
[null,"7.1.2","Composição Própria","1.1","DESMOBILIZAÇÃO","UN",1,{"$f":"'CPU Própria (des)'!$J$28","v":1500},0.30260494954802231,1953.9074243220334,1953.9074243220334,4.9604766550119246E-5,0.9897102254507808]
[null,"8.1.1","Composição Própria","1.1","MOBILIZAÇÃO ","UN",1,{"$f":"'CPU Própria (des)'!$J$28","v":1500},0.30260494954802231,1953.9074243220334,1953.9074243220334,4.9604766550119246E-5,0.98975983021733094]
[null,"8.1.2","Composição Própria","1.1","DESMOBILIZAÇÃO","UN",1,{"$f":"'CPU Própria (des)'!$J$28","v":1500},0.30260494954802231,1953.9074243220334,1953.9074243220334,4.9604766550119246E-5,0.98980943498388108]
[null,"10.2.1","Composição Própria","1.1","MOBILIZAÇÃO ","UN",1,{"$f":"'CPU Própria (des)'!$J$28","v":1500},0.30260494954802231,1953.9074243220334,1953.9074243220334,4.9604766550119246E-5,0.98985903975043121]
[null,"10.2.2","Composição Própria","1.1","DESMOBILIZAÇÃO","UN",1,{"$f":"'CPU Própria (des)'!$J$28","v":1500},0.30260494954802231,1953.9074243220334,1953.9074243220334,4.9604766550119246E-5,0.98990864451698135]
[null,"3.4.6.6","Composição Sinapi",87265,"REVESTIMENTO CERÂMICO PARA PAREDES INTERNAS COM PLACAS TIPO ESMALTADA EXTRA DE DIMENSÕES 20X20 CM APLICADAS EM AMBIENTES DE ÁREA MAIOR QUE 5 M² NA ALTURA INTEIRA DAS PAREDES. AF_06/2014","M2",19.68,{"$f":"VLOOKUP(D647,'CPU (des)'!B:I,8,FALSE)","v":75.87},0.30260494954802231,98.828637522208453,1944.9475864370622,4.9377298932627016E-5,0.98995802181591397]
[null,"3.8.4.2","Composição Sinapi",92761,"ARMAÇÃO DE PILAR OU VIGA DE ESTRUTURA CONVENCIONAL DE CONCRETO ARMADO UTILIZANDO AÇO CA-50 DE 8,0 MM - MONTAGEM. AF_06/2022","KG",98.8,{"$f":"VLOOKUP(D648,'CPU (des)'!B:I,8,FALSE)","v":15.09},0.30260494954802231,19.656308688679655,1942.0432984415497,4.9303566407626915E-5,0.99000732538232161]
[null,"3.3.8.3.11","Insumo Sinapi",13348,"ARRUELA  EM ACO GALVANIZADO, DIAMETRO EXTERNO = 35MM, ESPESSURA = 3MM, DIAMETRO DO FURO= 18MM","UN",898,{"$f":"VLOOKUP(D649,'Insumos SINAPI (des)'!A:E,5,FALSE)","v":1.79},{"$f":"$K$5","v":0.20311109145345707},2.1535688537016884,1933.9048306241161,4.9096951298264953E-5,0.9900564223336199]
[null,"2.2.3.6","Composição Sinapi",92435,"MONTAGEM E DESMONTAGEM DE FÔRMA DE PILARES RETANGULARES E ESTRUTURAS SIMILARES, PÉ-DIREITO SIMPLES, EM CHAPA DE MADEIRA COMPENSADA PLASTIFICADA, 12 UTILIZAÇÕES. AF_09/2020","M2",26.88,{"$f":"VLOOKUP(D650,'CPU (des)'!B:I,8,FALSE)","v":55.21},{"$f":"$K$4","v":0.30260494954802231},71.916819264546319,{"$f":"J650*G650","v":1933.124101831005},4.9077130569278945E-5,0.99010549946418913]
[null,"4.4.7","Composição Sinapi",100865,"BARRA DE APOIO LATERAL ARTICULADA, COM TRAVA, EM ACO INOX POLIDO, FIXADA NA PAREDE - FORNECIMENTO E INSTALAÇÃO. AF_01/2020","UN",2,{"$f":"VLOOKUP(D651,'CPU (des)'!B:I,8,FALSE)","v":738.2},{"$f":"$K$4","v":0.30260494954802231},961.58297375635016,1923.1659475127003,{"$f":"K651/$K$1467","v":4.8824318223064042E-5},0.99015432378241219]
[null,"3.8.3.3","Composição Sinapi",96536,"FABRICAÇÃO, MONTAGEM E DESMONTAGEM DE FÔRMA PARA VIGA BALDRAME, EM MADEIRA SERRADA, E=25 MM, 4 UTILIZAÇÕES. AF_06/2017","M2",25.8,{"$f":"VLOOKUP(D652,'CPU (des)'!B:I,8,FALSE)","v":56.87},{"$f":"$K$4","v":0.30260494954802231},74.07914348079602,1911.2419018045373,4.8521596867730836E-5,{"$f":"L652+M651","v":0.99020284537927994}]
[null,"3.3.7.18","Composição Orse",11242,"Fornecimento e instalação de conector rj 45 macho cat 6","UN",230,{"$f":"VLOOKUP(D653,'CPU (des)'!B:I,8,FALSE)","v":6.35},{"$f":"$K$4","v":0.30260494954802231},8.2715414296299414,1902.4545288148865,4.8298507697632772E-5,0.99025114388697755]
[null,"3.3.8.3.29","Composição Orse",9969,"Disjuntor tetrapolar DR 125 A, tipo AC, corrente nominal residual 30mA, ref.: Siemens 5SM3-3450 ou similar","UN",1,{"$f":"VLOOKUP(D654,'CPU (des)'!B:I,8,FALSE)","v":1460.41},{"$f":"$K$4","v":0.30260494954802231},1902.3372943694274,1902.3372943694274,4.8295531411639767E-5,0.99029943941838916]
[null,"3.3.8.4.15","Insumo Sinapi",39996,"VERGALHAO ZINCADO ROSCA TOTAL, 1/4 \" (6,3 MM)","M",340,{"$f":"VLOOKUP(D655,'Insumos SINAPI (des)'!A:E,5,FALSE)","v":4.5999999999999996},{"$f":"$K$5","v":0.20311109145345707},5.5343110206859025,1881.6657470332068,4.777073311921363E-5,0.99034721015150839]
[null,"3.3.7.54","Composição Orse",4143,"Conector split bolt para cabo de cobre nu #35 mm2 - fornecimento","UN",120,{"$f":"VLOOKUP(D656,'CPU (des)'!B:I,8,FALSE)","v":12},{"$f":"$K$4","v":0.30260494954802231},15.631259394576269,1875.7511273491523,4.762057588811448E-5,0.99039483072739654]
[null,"3.3.8.2.13","Insumo Sinapi",4329,"PARAFUSO EM ACO GALVANIZADO, TIPO MAQUINA, SEXTAVADO, SEM PORCA, DIAMETRO 1/2\", COMPRIMENTO 2\"","UN",744,{"$f":"VLOOKUP(D657,'Insumos SINAPI (des)'!A:E,5,FALSE)","v":2.09},{"$f":"$K$5","v":0.20311109145345707},2.5145021811377251,1870.7896227664673,4.7494615838268811E-5,0.99044232534323484]
[null,"8.3.4","Composição Sinapi",100978,"CARGA, MANOBRA E DESCARGA DE SOLOS E MATERIAIS GRANULARES EM CAMINHÃO BASCULANTE 10 M³ - CARGA COM ESCAVADEIRA HIDRÁULICA (CAÇAMBA DE 1,20 M³ / 155 HP) E DESCARGA LIVRE (UNIDADE: M3). AF_07/2020","M3",224.9,{"$f":"VLOOKUP(D658,'CPU (des)'!B:I,8,FALSE)","v":6.36},{"$f":"$K$4","v":0.30260494954802231},8.2845674791254229,1863.1992260553077,4.7301914867796524E-5,0.99048962725810263]
[null,"8.4.14","Composição Orse",5668,"Fornecimento de redução excentrica em ferro fundido, com flanges pn 10 / 16, diam. =  150 x   80mm","UN",2,{"$f":"VLOOKUP(D659,'CPU (des)'!B:I,8,FALSE)","v":712.59},0.30260494954802231,928.2232609984253,1856.4465219968506,4.7130480794599308E-5,0.99053675773889727]
[null,"3.3.5.3","Composição Sinapi",102220,"PINTURA TINTA DE ACABAMENTO (PIGMENTADA) ESMALTE SINTÉTICO BRILHANTE EM MADEIRA, 2 DEMÃOS. AF_01/2021","M2",117.6,{"$f":"VLOOKUP(D660,'CPU (des)'!B:I,8,FALSE)","v":12.11},0.30260494954802231,15.774545939026549,1855.0866024295221,4.7095955877080412E-5,0.99058385369477431]
[null,"3.6.9.2.14","Composição Sinapi",95546,"KIT DE ACESSORIOS PARA BANHEIRO EM METAL CROMADO, 5 PECAS, INCLUSO FIXAÇÃO. AF_01/2020","UN",8,{"$f":"VLOOKUP(D661,'CPU (des)'!B:I,8,FALSE)","v":177.49},0.30260494954802231,{"$f":"H661*(1+I661)","v":231.1993524952785},1849.594819962228,4.6956533413230221E-5,0.99063081022818755]
[null,"3.3.8.1.36","Composição Sinapi",101882,"QUADRO DE DISTRIBUIÇÃO DE ENERGIA EM CHAPA DE AÇO GALVANIZADO, DE EMBUTIR, COM BARRAMENTO TRIFÁSICO, PARA 30 DISJUNTORES DIN 225A - FORNECIMENTO E INSTALAÇÃO. AF_10/2020","UN",1,{"$f":"VLOOKUP(D662,'CPU (des)'!B:I,8,FALSE)","v":1416.28},0.30260494954802231,1844.8533379458729,1844.8533379458729,4.6836159179735253E-5,0.99067764638736733]
[null,"3.3.8.3.43","Composição Sinapi",101882,"QUADRO DE DISTRIBUIÇÃO DE ENERGIA EM CHAPA DE AÇO GALVANIZADO, DE EMBUTIR, COM BARRAMENTO TRIFÁSICO, PARA 30 DISJUNTORES DIN 225A - FORNECIMENTO E INSTALAÇÃO. AF_10/2020","UN",1,{"$f":"VLOOKUP(D663,'CPU (des)'!B:I,8,FALSE)","v":1416.28},0.30260494954802231,1844.8533379458729,1844.8533379458729,4.6836159179735253E-5,0.9907244825465471]
[null,"3.8.4.3","Composição Sinapi",92762,"ARMAÇÃO DE PILAR OU VIGA DE ESTRUTURA CONVENCIONAL DE CONCRETO ARMADO UTILIZANDO AÇO CA-50 DE 10,0 MM - MONTAGEM. AF_06/2022","KG",101.7,{"$f":"VLOOKUP(D664,'CPU (des)'!B:I,8,FALSE)","v":13.75},0.30260494954802231,17.910818056285308,1821.5301963242159,4.6244043616348678E-5,0.99077072659016341]
[null,"8.5.16","Insumo Sinapi",6240,"TAMPAO FOFO SIMPLES COM BASE, CLASSE D400 CARGA MAX 40 T, REDONDO, TAMPA 600 MM, REDE PLUVIAL/ESGOTO (COM INSCRICAO EM RELEVO DO TIPO DE REDE)","UN",2,{"$f":"VLOOKUP(D665,'Insumos SINAPI (des)'!A:E,5,FALSE)","v":756.68},{"$f":"$K$5","v":0.20311109145345707},910.37010068100187,1820.7402013620037,4.6223987642770553E-5,0.99081695057780617]
[null,"3.4.3.6","Composição Sinapi",96543,"ARMAÇÃO DE BLOCO, VIGA BALDRAME E SAPATA UTILIZANDO AÇO CA-60 DE 5 MM - MONTAGEM. AF_06/2017","KG",76.5,{"$f":"VLOOKUP(D666,'CPU (des)'!B:I,8,FALSE)","v":18.21},{"$f":"$K$4","v":0.30260494954802231},23.720436131269487,1814.6133640421158,4.6068442742761249E-5,0.99086301902054896]
[null,"3.5.3.6","Composição Sinapi",96543,"ARMAÇÃO DE BLOCO, VIGA BALDRAME E SAPATA UTILIZANDO AÇO CA-60 DE 5 MM - MONTAGEM. AF_06/2017","KG",76.5,{"$f":"VLOOKUP(D667,'CPU (des)'!B:I,8,FALSE)","v":18.21},{"$f":"$K$4","v":0.30260494954802231},23.720436131269487,1814.6133640421158,4.6068442742761249E-5,0.99090908746329176]
[null,"3.9.4.6","Composição Sinapi",96543,"ARMAÇÃO DE BLOCO, VIGA BALDRAME E SAPATA UTILIZANDO AÇO CA-60 DE 5 MM - MONTAGEM. AF_06/2017","KG",76.5,{"$f":"VLOOKUP(D668,'CPU (des)'!B:I,8,FALSE)","v":18.21},{"$f":"$K$4","v":0.30260494954802231},23.720436131269487,1814.6133640421158,4.6068442742761249E-5,0.99095515590603456]
[null,"4.2.2","Composição Sinapi",99814,"LIMPEZA DE SUPERFÍCIE COM JATO DE ALTA PRESSÃO. AF_04/2019","M2",987.17,{"$f":"VLOOKUP(D669,'CPU (des)'!B:I,8,FALSE)","v":1.38},{"$f":"$K$4","v":0.30260494954802231},1.7975948303762705,1774.5316887025429,4.5050870403658712E-5,0.99100020677643819]
[null,"3.5.2.6","Composição Sinapi",96558,"CONCRETAGEM DE SAPATAS, FCK 30 MPA, COM USO DE BOMBA - LANÇAMENTO, ADENSAMENTO E ACABAMENTO. AF_11/2016","M3",1.5,{"$f":"VLOOKUP(D670,'CPU (des)'!B:I,8,FALSE)","v":899.78},{"$f":"$K$4","v":0.30260494954802231},1172.0578815043195,1758.0868222564793,4.4633376846466295E-5,0.99104484015328465]
[null,"8.4.18","Insumo Orse",2069,"Tampa de ferro fundido quadrada (600x600mm), carga max. 2000kg p/cx.inspeção","UN",1,{"$f":"VLOOKUP(D671,'Insumos ORSE (des)'!B:G,6,FALSE)","v":1448.93},{"$f":"$K$5","v":0.20311109145345707},1743.2237537396577,1743.2237537396577,4.4256041137098601E-5,0.99108909619442176]
[null,"3.3.9.1.26","Composição Sinapi",91785,"(COMPOSIÇÃO REPRESENTATIVA) DO SERVIÇO DE INSTALAÇÃO DE TUBOS DE PVC, SOLDÁVEL, ÁGUA FRIA, DN 25 MM (INSTALADO EM RAMAL, SUB-RAMAL, RAMAL DE DISTRIBUIÇÃO OU PRUMADA), INCLUSIVE CONEXÕES, CORTES E FIXAÇÕES, PARA PRÉDIOS. AF_10/2015","M",36.58,{"$f":"VLOOKUP(D672,'CPU (des)'!B:I,8,FALSE)","v":36.53},{"$f":"$K$4","v":0.30260494954802231},47.584158806989258,1740.6285291596669,4.4190154950356544E-5,0.99113328634937214]
[null,"3.7.2.4","Composição Sinapi",96545,"ARMAÇÃO DE BLOCO, VIGA BALDRAME OU SAPATA UTILIZANDO AÇO CA-50 DE 8 MM - MONTAGEM. AF_06/2017","KG",79.900000000000006,{"$f":"VLOOKUP(D673,'CPU (des)'!B:I,8,FALSE)","v":16.72},{"$f":"$K$4","v":0.30260494954802231},21.779554756442931,1740.1864250397903,4.417893104517847E-5,0.99117746528041728]
[null,"3.2.2.2.2","Composição Sinapi",96621,"LASTRO COM MATERIAL GRANULAR, APLICAÇÃO EM BLOCOS DE COROAMENTO, ESPESSURA DE *5 CM*. AF_08/2017","M3",3.38,{"$f":"VLOOKUP(D674,'CPU (des)'!B:I,8,FALSE)","v":393.24},{"$f":"$K$4","v":0.30260494954802231},512.23637036026435,1731.3589318176935,4.3954823323873907E-5,0.99122142010374115]
[null,"3.6.8.1.16","Composição Sinapi",91835,"ELETRODUTO FLEXÍVEL CORRUGADO REFORÇADO, PVC, DN 25 MM (3/4\"), PARA CIRCUITOS TERMINAIS, INSTALADO EM FORRO - FORNECIMENTO E INSTALAÇÃO. AF_12/2015","M",110,{"$f":"VLOOKUP(D675,'CPU (des)'!B:I,8,FALSE)","v":12.05},{"$f":"$K$4","v":0.30260494954802231},15.696389642053671,1726.6028606259038,4.3834078708122045E-5,0.99126525418244926]
[null,"8.4.27","Insumo Orse",4691,"Tubo pead flexivel corrugado perfurado d=2 1/2\" (Kananet ou similar)","M",190.45,{"$f":"VLOOKUP(D676,'Insumos ORSE (des)'!B:G,6,FALSE)","v":7.44},{"$f":"$K$5","v":0.20311109145345707},8.9511465204137206,1704.7458548127929,4.3279184623915287E-5,0.99130853336707314]
[null,"3.8.2.3","Composição Sinapi",96529,"FABRICAÇÃO, MONTAGEM E DESMONTAGEM DE FÔRMA PARA SAPATA, EM MADEIRA SERRADA, E=25 MM, 1 UTILIZAÇÃO. AF_06/2017","M2",5,{"$f":"VLOOKUP(D677,'CPU (des)'!B:I,8,FALSE)","v":257.58},{"$f":"$K$4","v":0.30260494954802231},335.52498290457959,1677.6249145228981,4.2590652559932391E-5,0.9913511240196331]
[null,"3.3.7.86","Insumo Sinapi",39352,"TAMPA PARA CONDULETE, EM PVC, PARA TOMADA HEXAGONAL","UN",378,{"$f":"VLOOKUP(D678,'Insumos SINAPI (des)'!A:E,5,FALSE)","v":3.65},{"$f":"$K$5","v":0.20311109145345707},4.3913554838051185,1659.9323728783347,4.2141483685792233E-5,0.99139326550331885]
[null,"3.6.2.4","Composição Sinapi",96545,"ARMAÇÃO DE BLOCO, VIGA BALDRAME OU SAPATA UTILIZANDO AÇO CA-50 DE 8 MM - MONTAGEM. AF_06/2017","KG",75.900000000000006,{"$f":"VLOOKUP(D679,'CPU (des)'!B:I,8,FALSE)","v":16.72},{"$f":"$K$4","v":0.30260494954802231},21.779554756442931,1653.0682060140186,4.1967219853930491E-5,0.9914352327231728]
[null,"3.3.5.6","Composição Sinapi",93182,"VERGA PRÉ-MOLDADA PARA JANELAS COM ATÉ 1,5 M DE VÃO. AF_03/2016","M",30,{"$f":"VLOOKUP(D680,'CPU (des)'!B:I,8,FALSE)","v":41.94},{"$f":"$K$4","v":0.30260494954802231},54.631251584044051,1638.9375475213214,4.1608478182240019E-5,0.99147684120135504]
[null,"3.3.7.3","Composição Sinapi",93657,"DISJUNTOR MONOPOLAR TIPO DIN, CORRENTE NOMINAL DE 32A - FORNECIMENTO E INSTALAÇÃO. AF_10/2020","UN",80,{"$f":"VLOOKUP(D681,'CPU (des)'!B:I,8,FALSE)","v":15.68},{"$f":"$K$4","v":0.30260494954802231},20.424845608912989,1633.9876487130391,4.1482812773646387E-5,0.99151832401412865]
[null,"4.6.30","Insumo Sinapi",3272,"FLANGE SEXTAVADO DE FERRO GALVANIZADO, COM ROSCA BSP, DE 1 1/2\"","UN",23,{"$f":"VLOOKUP(D682,'Insumos SINAPI (des)'!A:E,5,FALSE)","v":59.03},{"$f":"$K$5","v":0.20311109145345707},71.019647728497574,1633.4518977554442,4.1469211412164426E-5,0.99155979322554078]
[null,"2.3.4.1","Composição Sinapi",98511,"PLANTIO DE ÁRVORE ORNAMENTAL COM ALTURA DE MUDA MAIOR QUE 2,00 M E MENOR OU IGUAL A 4,00 M. AF_05/2018","UN",10,{"$f":"VLOOKUP(D683,'CPU (des)'!B:I,8,FALSE)","v":124.74},{"$f":"$K$4","v":0.30260494954802231},162.4869414066203,1624.869414066203,4.1251323863079165E-5,0.9916010445494039]
[null,"8.5.6","Insumo Sinapi",1808,"CURVA 90 GRAUS DE FERRO GALVANIZADO, COM ROSCA BSP MACHO/FEMEA, DE 4\"","UN",2,{"$f":"VLOOKUP(D684,'Insumos SINAPI (des)'!A:E,5,FALSE)","v":670.74},{"$f":"$K$5","v":0.20311109145345707},806.97473348149185,1613.9494669629837,4.09740940311782E-5,0.99164201864343504]
[null,"4.7.33","Insumo Orse",13318,"Suporte vertical 150 x 150 mm para fixação de eletrocalha metálica (ref.: mopa ou similar)","UN",83,{"$f":"VLOOKUP(D685,'Insumos ORSE (des)'!B:G,6,FALSE)","v":16.13},{"$f":"$K$5","v":0.20311109145345707},19.406181905144262,1610.7130981269738,4.0891930813728916E-5,0.99168291057424873]
[null,"3.3.8.4.21","Composição Sinapi",100555,"RACK ABERTO EM COLUNA 44U PARA SERVIDOR - FORNECIMENTO E INSTALAÇÃO. AF_11/2019","UN",1,{"$f":"VLOOKUP(D686,'CPU (des)'!B:I,8,FALSE)","v":1221.95},{"$f":"$K$4","v":0.30260494954802231},1591.7181181002059,1591.7181181002059,4.0409696323945477E-5,0.99172332027057264]
[null,"3.3.8.1.11","Insumo Sinapi",13348,"ARRUELA  EM ACO GALVANIZADO, DIAMETRO EXTERNO = 35MM, ESPESSURA = 3MM, DIAMETRO DO FURO= 18MM","UN",736,{"$f":"VLOOKUP(D687,'Insumos SINAPI (des)'!A:E,5,FALSE)","v":1.79},{"$f":"$K$5","v":0.20311109145345707},2.1535688537016884,1585.0266763244426,4.0239817545125841E-5,0.99176356008811772]
[null,"8.4.23","Insumo Orse",5759,"Toco em fofo c/ flanges pn 10 / 16 / 25, comp. = 0,25m, d=   80mm","UN",3,{"$f":"VLOOKUP(D688,'Insumos ORSE (des)'!B:G,6,FALSE)","v":438.63},{"$f":"$K$5","v":0.20311109145345707},527.72061804422992,1583.1618541326898,4.0192474427264724E-5,0.99180375256254494]
[null,"3.6.3.6","Composição Sinapi",96543,"ARMAÇÃO DE BLOCO, VIGA BALDRAME E SAPATA UTILIZANDO AÇO CA-60 DE 5 MM - MONTAGEM. AF_06/2017","KG",66.3,{"$f":"VLOOKUP(D689,'CPU (des)'!B:I,8,FALSE)","v":18.21},{"$f":"$K$4","v":0.30260494954802231},23.720436131269487,1572.6649155031669,3.9925983710393079E-5,0.99184367854625533]
[null,"3.4.7.18","Composição Sinapi",91835,"ELETRODUTO FLEXÍVEL CORRUGADO REFORÇADO, PVC, DN 25 MM (3/4\"), PARA CIRCUITOS TERMINAIS, INSTALADO EM FORRO - FORNECIMENTO E INSTALAÇÃO. AF_12/2015","M",100,{"$f":"VLOOKUP(D690,'CPU (des)'!B:I,8,FALSE)","v":12.05},0.30260494954802231,15.696389642053671,1569.6389642053671,3.9849162461929134E-5,0.99188352770871724]
[null,"3.5.7.18","Composição Sinapi",91835,"ELETRODUTO FLEXÍVEL CORRUGADO REFORÇADO, PVC, DN 25 MM (3/4\"), PARA CIRCUITOS TERMINAIS, INSTALADO EM FORRO - FORNECIMENTO E INSTALAÇÃO. AF_12/2015","M",100,{"$f":"VLOOKUP(D691,'CPU (des)'!B:I,8,FALSE)","v":12.05},0.30260494954802231,15.696389642053671,1569.6389642053671,3.9849162461929134E-5,0.99192337687117915]
[null,"3.3.9.2.17","Composição Sinapi",89711,"TUBO PVC, SERIE NORMAL, ESGOTO PREDIAL, DN 40 MM, FORNECIDO E INSTALADO EM RAMAL DE DESCARGA OU RAMAL DE ESGOTO SANITÁRIO. AF_12/2014","M",65.88,{"$f":"VLOOKUP(D692,'CPU (des)'!B:I,8,FALSE)","v":17.96},0.30260494954802231,23.394784893882481,1541.2484288089777,3.9128398589987021E-5,0.99196250526976915]
[null,"3.4.7.7","Composição Sinapi",91928,"CABO DE COBRE FLEXÍVEL ISOLADO, 4 MM², ANTI-CHAMA 450/750 V, PARA CIRCUITOS TERMINAIS - FORNECIMENTO E INSTALAÇÃO. AF_12/2015","M",160,{"$f":"VLOOKUP(D693,'CPU (des)'!B:I,8,FALSE)","v":7.35},0.30260494954802231,9.5741463791779626,1531.863420668474,3.8890136975293482E-5,0.99200139540674448]
[null,"3.5.7.7","Composição Sinapi",91928,"CABO DE COBRE FLEXÍVEL ISOLADO, 4 MM², ANTI-CHAMA 450/750 V, PARA CIRCUITOS TERMINAIS - FORNECIMENTO E INSTALAÇÃO. AF_12/2015","M",160,{"$f":"VLOOKUP(D694,'CPU (des)'!B:I,8,FALSE)","v":7.35},0.30260494954802231,9.5741463791779626,1531.863420668474,3.8890136975293482E-5,0.99204028554371981]
[null,"3.8.4.4","Composição Sinapi",92759,"ARMAÇÃO DE PILAR OU VIGA DE ESTRUTURA CONVENCIONAL DE CONCRETO ARMADO UTILIZANDO AÇO CA-60 DE 5,0 MM - MONTAGEM. AF_06/2022","KG",75.5,{"$f":"VLOOKUP(D695,'CPU (des)'!B:I,8,FALSE)","v":15.54},0.30260494954802231,20.242480915976266,1528.307309156208,3.8799856300172268E-5,0.99207908540001999]
[null,"3.4.2.4","Composição Sinapi",96545,"ARMAÇÃO DE BLOCO, VIGA BALDRAME OU SAPATA UTILIZANDO AÇO CA-50 DE 8 MM - MONTAGEM. AF_06/2017","KG",70,{"$f":"VLOOKUP(D696,'CPU (des)'!B:I,8,FALSE)","v":16.72},0.30260494954802231,21.779554756442931,1524.5688329510051,3.8704945846839708E-5,0.99211779034586678]
[null,"3.9.2.4","Composição Sinapi",96545,"ARMAÇÃO DE BLOCO, VIGA BALDRAME OU SAPATA UTILIZANDO AÇO CA-50 DE 8 MM - MONTAGEM. AF_06/2017","KG",70,{"$f":"VLOOKUP(D697,'CPU (des)'!B:I,8,FALSE)","v":16.72},0.30260494954802231,21.779554756442931,1524.5688329510051,3.8704945846839708E-5,0.99215649529171357]
[null,"3.8.2.5","Composição Sinapi",96558,"CONCRETAGEM DE SAPATAS, FCK 30 MPA, COM USO DE BOMBA - LANÇAMENTO, ADENSAMENTO E ACABAMENTO. AF_11/2016","M3",1.3,{"$f":"VLOOKUP(D698,'CPU (des)'!B:I,8,FALSE)","v":899.78},0.30260494954802231,1172.0578815043195,1523.6752459556155,3.8682259933604128E-5,0.99219517755164721]
[null,"8.4.29","Insumo Orse",11638,"Válvula de bóia em ferro fundido, Ø=80mm","UN",1,{"$f":"VLOOKUP(D699,'Insumos ORSE (des)'!B:G,6,FALSE)","v":1256.79},{"$f":"$K$5","v":0.20311109145345707},1512.0579886277903,1512.0579886277903,3.8387327159140989E-5,0.99223356487880632]
[null,"3.4.7.17","Composição Sinapi",97667,"ELETRODUTO FLEXÍVEL CORRUGADO, PEAD, DN 50 (1 1/2\"), PARA REDE ENTERRADA DE DISTRIBUIÇÃO DE ENERGIA ELÉTRICA - FORNECIMENTO E INSTALAÇÃO. AF_12/2021","M",155,{"$f":"VLOOKUP(D700,'CPU (des)'!B:I,8,FALSE)","v":7.47},{"$f":"$K$4","v":0.30260494954802231},9.7304589731237261,1508.2211408341775,3.8289919300037047E-5,0.99227185479810631]
[null,"3.5.7.17","Composição Sinapi",97667,"ELETRODUTO FLEXÍVEL CORRUGADO, PEAD, DN 50 (1 1/2\"), PARA REDE ENTERRADA DE DISTRIBUIÇÃO DE ENERGIA ELÉTRICA - FORNECIMENTO E INSTALAÇÃO. AF_12/2021","M",155,{"$f":"VLOOKUP(D701,'CPU (des)'!B:I,8,FALSE)","v":7.47},{"$f":"$K$4","v":0.30260494954802231},9.7304589731237261,1508.2211408341775,3.8289919300037047E-5,0.99231014471740631]
[null,"3.4.6.5","Insumo Sinapi",39508,"TELA DE ACO SOLDADA NERVURADA, CA-60, L-159, (1,69 KG/M2), DIAMETRO DO FIO = 4,5 MM, LARGURA = 2,45 M, ESPACAMENTO DA MALHA = 30 X 10 CM","M2",144.44999999999999,{"$f":"VLOOKUP(D702,'Insumos SINAPI (des)'!A:E,5,FALSE)","v":8.66},{"$f":"$K$5","v":0.20311109145345707},10.418942051986939,1505.0161794095131,3.8208553437308017E-5,0.99234835327084359]
[null,"10.5.1","Composição Orse",2450,"Limpeza geral","M2",533,{"$f":"VLOOKUP(D703,'CPU (des)'!B:I,8,FALSE)","v":2.16},{"$f":"$K$4","v":0.30260494954802231},2.8136266910237282,1499.6630263156471,3.8072650422547524E-5,0.99238642592126614]
[null,"4.7.28","Composição Orse",706,"Caixa de passagem para telefone, padrão telebrás, embutir, 60 x 60 x 12 cm, em chapa aço galvaniz.","UN",4,{"$f":"VLOOKUP(D704,'CPU (des)'!B:I,8,FALSE)","v":286.5},0.30260494954802231,373.19631804550841,1492.7852721820336,3.7898041644291106E-5,0.99242432396291047]
[null,"3.1.3.6","Composição Sinapi",86902,"LAVATÓRIO LOUÇA BRANCA COM COLUNA, *44 X 35,5* CM, PADRÃO POPULAR - FORNECIMENTO E INSTALAÇÃO. AF_01/2020","UN",4,{"$f":"VLOOKUP(D705,'CPU (des)'!B:I,8,FALSE)","v":285.52999999999997},0.30260494954802231,371.93279124444678,1487.7311649777871,3.7769730648148128E-5,0.99246209369355864]
[null,"9.2.11","Composição Sinapi",86902,"LAVATÓRIO LOUÇA BRANCA COM COLUNA, *44 X 35,5* CM, PADRÃO POPULAR - FORNECIMENTO E INSTALAÇÃO. AF_01/2020","UN",4,{"$f":"VLOOKUP(D706,'CPU (des)'!B:I,8,FALSE)","v":285.52999999999997},0.30260494954802231,371.93279124444678,1487.7311649777871,3.7769730648148128E-5,0.99249986342420682]
[null,"10.1.7","Composição Sinapi",86902,"LAVATÓRIO LOUÇA BRANCA COM COLUNA, *44 X 35,5* CM, PADRÃO POPULAR - FORNECIMENTO E INSTALAÇÃO. AF_01/2020","UN",4,{"$f":"VLOOKUP(D707,'CPU (des)'!B:I,8,FALSE)","v":285.52999999999997},0.30260494954802231,371.93279124444678,1487.7311649777871,3.7769730648148128E-5,0.99253763315485499]
[null,"3.6.9.2.13","Composição Sinapi",86901,"CUBA DE EMBUTIR OVAL EM LOUÇA BRANCA, 35 X 50CM OU EQUIVALENTE - FORNECIMENTO E INSTALAÇÃO. AF_01/2020","UN",8,{"$f":"VLOOKUP(D708,'CPU (des)'!B:I,8,FALSE)","v":140.79},0.30260494954802231,183.39375084686606,1467.1500067749284,3.7247227107153542E-5,0.99257488038196218]
[null,"3.6.9.4.3","Composição Sinapi",89511,"TUBO PVC, SÉRIE R, ÁGUA PLUVIAL, DN 75 MM, FORNECIDO E INSTALADO EM RAMAL DE ENCAMINHAMENTO. AF_06/2022","M",30.45,{"$f":"VLOOKUP(D709,'CPU (des)'!B:I,8,FALSE)","v":36.28},0.30260494954802231,47.258507569602251,1439.0215554943886,3.6533116887898026E-5,0.99261141349885007]
[null,"2.4.4.3","Composição Sinapi",98510,"PLANTIO DE ÁRVORE ORNAMENTAL COM ALTURA DE MUDA MENOR OU IGUAL A 2,00 M. AF_05/2018","UN",17,{"$f":"VLOOKUP(D710,'CPU (des)'!B:I,8,FALSE)","v":64.959999999999994},0.30260494954802231,84.617217522639521,1438.4926978848719,3.6519690531085119E-5,0.99264793318938116]
[null,"3.3.8.1.16","Composição Sinapi",94964,"CONCRETO FCK = 20MPA, TRAÇO 1:2,7:3 (EM MASSA SECA DE CIMENTO/ AREIA MÉDIA/ BRITA 1) - PREPARO MECÂNICO COM BETONEIRA 400 L. AF_05/2021","M3",1.75,{"$f":"VLOOKUP(D711,'CPU (des)'!B:I,8,FALSE)","v":624.08000000000004},0.30260494954802231,812.92969691392977,1422.6269695993772,3.6116899826698156E-5,0.9926840500892079]
[null,"3.6.9.2.16","Insumo Orse",462,"Caixa d'agua fibra vidro  3.000 litros - Fortlev-Torres (ou similar)","UN",1,{"$f":"VLOOKUP(D712,'Insumos ORSE (des)'!B:G,6,FALSE)","v":1175.9000000000001},{"$f":"$K$5","v":0.20311109145345707},1414.7383324401203,1414.7383324401203,3.5916627285731022E-5,0.99271996671649365]
[null,"3.3.9.2.22","Composição Sinapi",94964,"CONCRETO FCK = 20MPA, TRAÇO 1:2,7:3 (EM MASSA SECA DE CIMENTO/ AREIA MÉDIA/ BRITA 1) - PREPARO MECÂNICO COM BETONEIRA 400 L. AF_05/2021","M3",1.74,{"$f":"VLOOKUP(D713,'CPU (des)'!B:I,8,FALSE)","v":624.08000000000004},{"$f":"$K$4","v":0.30260494954802231},812.92969691392977,1414.4976726302377,3.5910517541974168E-5,0.99275587723403558]
[null,"3.3.8.2.29","Insumo Sinapi",14153,"FITA METALICA PERFURADA, L = *18* MM, ROLO DE 30 M, CARGA RECOMENDADA = *30* KGF","UN",22,{"$f":"VLOOKUP(D714,'Insumos SINAPI (des)'!A:E,5,FALSE)","v":53.3},{"$f":"$K$5","v":0.20311109145345707},64.125821174469252,{"$f":"J714*G714","v":1410.7680658383235},3.581583226060735E-5,0.99279169306629622]
[null,"3.3.8.3.20","Composição Sinapi",103007,"CAIXA COM GRELHA RETANGULAR DE FERRO FUNDIDO, EM ALVENARIA COM TIJOLOS CERÂMICOS MACIÇOS, DIMENSÕES INTERNAS: 0,30 X 1,00 X 0,5 M. AF_08/2021","UN",1,{"$f":"VLOOKUP(D715,'CPU (des)'!B:I,8,FALSE)","v":1082.95},{"$f":"$K$4","v":0.30260494954802231},1410.6560301130307,1410.6560301130307,{"$f":"K715/$K$1467","v":3.5812987956967763E-5},0.99282750605425318]
[null,"8.4.21","Insumo Sinapi",6301,"TE DE FERRO GALVANIZADO, DE 6\"","UN",1,{"$f":"VLOOKUP(D716,'Insumos SINAPI (des)'!A:E,5,FALSE)","v":1162.55},{"$f":"$K$5","v":0.20311109145345707},1398.6767993692165,1398.6767993692165,3.5508865593185297E-5,{"$f":"L716+M715","v":0.99286301491984641}]
[null,"4.8.3","Composição Orse",12740,"Fornecimento e assentamento de barra chata de alumínio de 7/8\" x 1/8\"","M",75,{"$f":"VLOOKUP(D717,'CPU (des)'!B:I,8,FALSE)","v":14.28},{"$f":"$K$4","v":0.30260494954802231},18.601198679545757,1395.0899009659317,3.5417803316785138E-5,0.99289843272316325]
[null,"6.2.22","Composição Orse",5333,"Assentamento de tubos em ferro fundido, junta elástica, ponta / bolsa, diam.=   800 mm","M",50,{"$f":"VLOOKUP(D718,'CPU (des)'!B:I,8,FALSE)","v":21.4},{"$f":"$K$4","v":0.30260494954802231},27.875745920327674,1393.7872960163836,3.5384733472418393E-5,0.99293381745663567]
[null,"8.4.15","Insumo Orse",6468,"Redução Excêntrica em PVC para coletor Esgotos, DN 150 x 100mm","UN",3,{"$f":"VLOOKUP(D719,'Insumos ORSE (des)'!B:G,6,FALSE)","v":385.03},{"$f":"$K$5","v":0.20311109145345707},463.23386354232457,1389.7015906269737,3.528100774851181E-5,0.99296909846438419]
[null,"4.4.8","Composição Sinapi",100866,"BARRA DE APOIO RETA, EM ACO INOX POLIDO, COMPRIMENTO 60CM, FIXADA NA PAREDE - FORNECIMENTO E INSTALAÇÃO. AF_01/2020","UN",3,{"$f":"VLOOKUP(D720,'CPU (des)'!B:I,8,FALSE)","v":353.44},{"$f":"$K$4","v":0.30260494954802231},460.39269336825299,1381.1780801047589,3.5064617378948293E-5,0.99300416308176309]
[null,"3.5.6.6","Composição Sinapi",87265,"REVESTIMENTO CERÂMICO PARA PAREDES INTERNAS COM PLACAS TIPO ESMALTADA EXTRA DE DIMENSÕES 20X20 CM APLICADAS EM AMBIENTES DE ÁREA MAIOR QUE 5 M² NA ALTURA INTEIRA DAS PAREDES. AF_06/2014","M2",13.86,{"$f":"VLOOKUP(D721,'CPU (des)'!B:I,8,FALSE)","v":75.87},{"$f":"$K$4","v":0.30260494954802231},98.828637522208453,1369.7649160578092,3.4774866016575735E-5,0.99303893794777964]
[null,"3.6.7.4","Composição Orse",12332,"Janela em alumínio, cor N/P/B, tipo veneziana, tipo camarão, duas folhas móveis","M2",2.7,{"$f":"VLOOKUP(D722,'CPU (des)'!B:I,8,FALSE)","v":389.16},{"$f":"$K$4","v":0.30260494954802231},506.9217421661084,1368.6887038484929,3.4747543711159941E-5,0.99307368549149078]
[null,"3.9.8.1","Composição Orse",2409,"Banco de concreto com encosto largura = 30cm","UN",6,{"$f":"VLOOKUP(D723,'CPU (des)'!B:I,8,FALSE)","v":175},{"$f":"$K$4","v":0.30260494954802231},227.9558661709039,1367.7351970254235,3.4723336585083474E-5,0.99310840882807583]
[null,"3.6.6.2","Composição Sinapi",87879,"CHAPISCO APLICADO EM ALVENARIAS E ESTRUTURAS DE CONCRETO INTERNAS, COM COLHER DE PEDREIRO.  ARGAMASSA TRAÇO 1:3 COM PREPARO EM BETONEIRA 400L. AF_10/2022","M2",263.76,{"$f":"VLOOKUP(D724,'CPU (des)'!B:I,8,FALSE)","v":3.98},{"$f":"$K$4","v":0.30260494954802231},5.1843676992011289,1367.4288243412898,3.4715558557688419E-5,0.99314312438663355]
[null,"3.2.1.10","Insumo Sinapi",4813,"PLACA DE OBRA (PARA CONSTRUCAO CIVIL) EM CHAPA GALVANIZADA *N. 22*, ADESIVADA, DE *2,0 X 1,125* M (SEM POSTES PARA FIXACAO)","M2",4.5,{"$f":"VLOOKUP(D725,'Insumos SINAPI (des)'!A:E,5,FALSE)","v":250},{"$f":"$K$5","v":0.20311109145345707},{"$f":"H725*(1+I725)","v":300.77777286336425},1353.4999778851391,3.4361940383066066E-5,0.99317748632701663]
[null,"3.2.1.11","Insumo Sinapi",4813,"PLACA DE OBRA (PARA CONSTRUCAO CIVIL) EM CHAPA GALVANIZADA *N. 22*, ADESIVADA, DE *2,0 X 1,125* M (SEM POSTES PARA FIXACAO)","M2",4.5,{"$f":"VLOOKUP(D726,'Insumos SINAPI (des)'!A:E,5,FALSE)","v":250},0.20311109145345707,300.77777286336425,1353.4999778851391,3.4361940383066066E-5,0.99321184826739972]
[null,"3.3.1.10","Insumo Sinapi",4813,"PLACA DE OBRA (PARA CONSTRUCAO CIVIL) EM CHAPA GALVANIZADA *N. 22*, ADESIVADA, DE *2,0 X 1,125* M (SEM POSTES PARA FIXACAO)","M2",4.5,{"$f":"VLOOKUP(D727,'Insumos SINAPI (des)'!A:E,5,FALSE)","v":250},0.20311109145345707,300.77777286336425,1353.4999778851391,3.4361940383066066E-5,0.99324621020778281]
[null,"3.3.1.11","Insumo Sinapi",4813,"PLACA DE OBRA (PARA CONSTRUCAO CIVIL) EM CHAPA GALVANIZADA *N. 22*, ADESIVADA, DE *2,0 X 1,125* M (SEM POSTES PARA FIXACAO)","M2",4.5,{"$f":"VLOOKUP(D728,'Insumos SINAPI (des)'!A:E,5,FALSE)","v":250},0.20311109145345707,300.77777286336425,1353.4999778851391,3.4361940383066066E-5,0.9932805721481659]
[null,"3.4.1.1","Insumo Sinapi",4813,"PLACA DE OBRA (PARA CONSTRUCAO CIVIL) EM CHAPA GALVANIZADA *N. 22*, ADESIVADA, DE *2,4 X 1,2* M (SEM POSTES PARA FIXACAO)","M2",4.5,{"$f":"VLOOKUP(D729,'Insumos SINAPI (des)'!A:E,5,FALSE)","v":250},0.20311109145345707,300.77777286336425,1353.4999778851391,3.4361940383066066E-5,0.99331493408854898]
[null,"3.5.1.1","Insumo Sinapi",4813,"PLACA DE OBRA (PARA CONSTRUCAO CIVIL) EM CHAPA GALVANIZADA *N. 22*, ADESIVADA, DE *2,4 X 1,2* M (SEM POSTES PARA FIXACAO)","M2",4.5,{"$f":"VLOOKUP(D730,'Insumos SINAPI (des)'!A:E,5,FALSE)","v":250},0.20311109145345707,300.77777286336425,1353.4999778851391,3.4361940383066066E-5,0.99334929602893207]
[null,"3.6.1.1","Insumo Sinapi",4813,"PLACA DE OBRA (PARA CONSTRUCAO CIVIL) EM CHAPA GALVANIZADA *N. 22*, ADESIVADA, DE *2,4 X 1,2* M (SEM POSTES PARA FIXACAO)","M2",4.5,{"$f":"VLOOKUP(D731,'Insumos SINAPI (des)'!A:E,5,FALSE)","v":250},0.20311109145345707,300.77777286336425,1353.4999778851391,3.4361940383066066E-5,0.99338365796931516]
[null,"3.7.1.1","Insumo Sinapi",4813,"PLACA DE OBRA (PARA CONSTRUCAO CIVIL) EM CHAPA GALVANIZADA *N. 22*, ADESIVADA, DE *2,4 X 1,2* M (SEM POSTES PARA FIXACAO)","M2",4.5,{"$f":"VLOOKUP(D732,'Insumos SINAPI (des)'!A:E,5,FALSE)","v":250},0.20311109145345707,300.77777286336425,1353.4999778851391,3.4361940383066066E-5,0.99341801990969825]
[null,"3.8.1.1","Insumo Sinapi",4813,"PLACA DE OBRA (PARA CONSTRUCAO CIVIL) EM CHAPA GALVANIZADA *N. 22*, ADESIVADA, DE *2,4 X 1,2* M (SEM POSTES PARA FIXACAO)","M2",4.5,{"$f":"VLOOKUP(D733,'Insumos SINAPI (des)'!A:E,5,FALSE)","v":250},0.20311109145345707,300.77777286336425,1353.4999778851391,3.4361940383066066E-5,0.99345238185008133]
[null,"3.9.1.1","Insumo Sinapi",4813,"PLACA DE OBRA (PARA CONSTRUCAO CIVIL) EM CHAPA GALVANIZADA *N. 22*, ADESIVADA, DE *2,4 X 1,2* M (SEM POSTES PARA FIXACAO)","M2",4.5,{"$f":"VLOOKUP(D734,'Insumos SINAPI (des)'!A:E,5,FALSE)","v":250},0.20311109145345707,300.77777286336425,1353.4999778851391,3.4361940383066066E-5,0.99348674379046442]
[null,"9.2.1","Insumo Sinapi",4813,"PLACA DE OBRA (PARA CONSTRUCAO CIVIL) EM CHAPA GALVANIZADA *N. 22*, ADESIVADA, DE *2,4 X 1,2* M (SEM POSTES PARA FIXACAO)4,","M2",4.5,{"$f":"VLOOKUP(D735,'Insumos SINAPI (des)'!A:E,5,FALSE)","v":250},0.20311109145345707,300.77777286336425,1353.4999778851391,3.4361940383066066E-5,0.99352110573084751]
[null,"7.2.5","Composição Orse",13148,"Refletor Slim  LED 100W de potência, branco Frio, 6500k, Autovolt, marca G-light ou similar","UN",8,{"$f":"VLOOKUP(D736,'CPU (des)'!B:I,8,FALSE)","v":129.16},{"$f":"$K$4","v":0.30260494954802231},168.24445528362256,1345.9556422689805,3.4170408787271475E-5,0.99355527613963479]
[null,"3.3.8.4.9","Insumo Sinapi",13348,"ARRUELA  EM ACO GALVANIZADO, DIAMETRO EXTERNO = 35MM, ESPESSURA = 3MM, DIAMETRO DO FURO= 18MM","UN",620,{"$f":"VLOOKUP(D737,'Insumos SINAPI (des)'!A:E,5,FALSE)","v":1.79},{"$f":"$K$5","v":0.20311109145345707},2.1535688537016884,1335.2126892950469,3.3897672388557095E-5,0.99358917381202339]
[null,"3.3.9.2.23","Composição Sinapi",97978,"BASE PARA POÇO DE VISITA CIRCULAR PARA ESGOTO, EM CONCRETO PRÉ-MOLDADO, DIÂMETRO INTERNO = 0,80 M, PROFUNDIDADE = 1,35 M, EXCLUINDO TAMPÃO. AF_12/2020_PA","UN",1,{"$f":"VLOOKUP(D738,'CPU (des)'!B:I,8,FALSE)","v":1016.27},{"$f":"$K$4","v":0.30260494954802231},1323.7983320771687,1323.7983320771687,3.3607890734593125E-5,0.99362278170275797]
[null,"3.6.9.4.1","Composição Sinapi",97978,"BASE PARA POÇO DE VISITA CIRCULAR PARA ESGOTO, EM CONCRETO PRÉ-MOLDADO, DIÂMETRO INTERNO = 0,80 M, PROFUNDIDADE = 1,35 M, EXCLUINDO TAMPÃO. AF_12/2020_PA","UN",1,{"$f":"VLOOKUP(D739,'CPU (des)'!B:I,8,FALSE)","v":1016.27},0.30260494954802231,1323.7983320771687,1323.7983320771687,3.3607890734593125E-5,0.99365638959349256]
[null,"3.3.8.2.19","Composição Sinapi",91990,"TOMADA ALTA DE EMBUTIR (1 MÓDULO), 2P+T 10 A, SEM SUPORTE E SEM PLACA - FORNECIMENTO E INSTALAÇÃO. AF_12/2015","UN",33,{"$f":"VLOOKUP(D740,'CPU (des)'!B:I,8,FALSE)","v":30.75},0.30260494954802231,40.055102198601688,1321.8183725538556,3.3557624571155669E-5,0.9936899472180637]
[null,"3.3.2.2.2","Composição Sinapi",96621,"LASTRO COM MATERIAL GRANULAR, APLICAÇÃO EM BLOCOS DE COROAMENTO, ESPESSURA DE *5 CM*. AF_08/2017","M3",2.58,{"$f":"VLOOKUP(D741,'CPU (des)'!B:I,8,FALSE)","v":393.24},0.30260494954802231,512.23637036026435,1321.5698355294821,3.3551314844850506E-5,0.99372349853290853]
[null,"6.2.3","Composição Sinapi",93590,"TRANSPORTE COM CAMINHÃO BASCULANTE DE 10 M³, EM VIA URBANA PAVIMENTADA, ADICIONAL PARA DMT EXCEDENTE A 30 KM (UNIDADE: M3XKM). AF_07/2020","M3XKM",1114.72,{"$f":"VLOOKUP(D742,'CPU (des)'!B:I,8,FALSE)","v":0.91},0.30260494954802231,1.1853705040887004,1321.356208317756,3.3545891390374353E-5,0.99375704442429891]
[null,"4.6.14","Composição Sinapi",91953,"INTERRUPTOR SIMPLES (1 MÓDULO), 10A/250V, INCLUINDO SUPORTE E PLACA - FORNECIMENTO E INSTALAÇÃO. AF_12/2015","UN",36,{"$f":"VLOOKUP(D743,'CPU (des)'!B:I,8,FALSE)","v":28.12},0.30260494954802231,36.629251181290385,1318.6530425264539,3.3477264849344473E-5,0.99379052168914828]
[null,"3.3.7.24","Composição Sinapi",101881,"QUADRO DE DISTRIBUIÇÃO DE ENERGIA EM CHAPA DE AÇO GALVANIZADO, DE EMBUTIR, COM BARRAMENTO TRIFÁSICO, PARA 40 DISJUNTORES DIN 100A - FORNECIMENTO E INSTALAÇÃO. AF_10/2020","UN",1,{"$f":"VLOOKUP(D744,'CPU (des)'!B:I,8,FALSE)","v":996.49},0.30260494954802231,1298.0328061751088,1298.0328061751088,3.2953769213018891E-5,0.99382347545836125]
[null,"3.3.8.3.17","Insumo Sinapi",39996,"VERGALHAO ZINCADO ROSCA TOTAL, 1/4 \" (6,3 MM)","M",232,{"$f":"VLOOKUP(D745,'Insumos SINAPI (des)'!A:E,5,FALSE)","v":4.5999999999999996},{"$f":"$K$5","v":0.20311109145345707},5.5343110206859025,1283.9601567991294,3.2596500246051659E-5,0.99385607195860726]
[null,"3.1.3.11","Composição Sinapi",89712,"TUBO PVC, SERIE NORMAL, ESGOTO PREDIAL, DN 50 MM, FORNECIDO E INSTALADO EM RAMAL DE DESCARGA OU RAMAL DE ESGOTO SANITÁRIO. AF_08/2022","M",45,{"$f":"VLOOKUP(D746,'CPU (des)'!B:I,8,FALSE)","v":23.65},{"$f":"K5","v":0.20311109145345707},28.453577312874259,1280.4109790793416,3.2506395602380502E-5,0.99388857835420963]
[null,"9.2.12","Composição Sinapi",89712,"TUBO PVC, SERIE NORMAL, ESGOTO PREDIAL, DN 50 MM, FORNECIDO E INSTALADO EM RAMAL DE DESCARGA OU RAMAL DE ESGOTO SANITÁRIO. AF_08/2022","M",45,{"$f":"VLOOKUP(D747,'CPU (des)'!B:I,8,FALSE)","v":23.65},{"$f":"K5","v":0.20311109145345707},28.453577312874259,1280.4109790793416,3.2506395602380502E-5,0.993921084749812]
[null,"10.1.8","Composição Sinapi",89712,"TUBO PVC, SERIE NORMAL, ESGOTO PREDIAL, DN 50 MM, FORNECIDO E INSTALADO EM RAMAL DE DESCARGA OU RAMAL DE ESGOTO SANITÁRIO. AF_08/2022","M",45,{"$f":"VLOOKUP(D748,'CPU (des)'!B:I,8,FALSE)","v":23.65},{"$f":"$K$5","v":0.20311109145345707},28.453577312874259,1280.4109790793416,3.2506395602380502E-5,0.99395359114541437]
[null,"3.3.7.74","Insumo Sinapi",982,"CABO DE COBRE, FLEXIVEL, CLASSE 4 OU 5, ISOLACAO EM PVC/A, ANTICHAMA BWF-B, 1 CONDUTOR, 450/750 V, SECAO NOMINAL 6 MM2","M",164.4,{"$f":"VLOOKUP(D749,'Insumos SINAPI (des)'!A:E,5,FALSE)","v":6.47},{"$f":"$K$5","v":0.20311109145345707},7.784128761703867,1279.7107684241157,3.2488619025222328E-5,0.99398607976443965]
[null,"3.4.9.4.2","Composição Sinapi",89511,"TUBO PVC, SÉRIE R, ÁGUA PLUVIAL, DN 75 MM, FORNECIDO E INSTALADO EM RAMAL DE ENCAMINHAMENTO. AF_06/2022","M",26.73,{"$f":"VLOOKUP(D750,'CPU (des)'!B:I,8,FALSE)","v":36.28},{"$f":"$K$4","v":0.30260494954802231},47.258507569602251,1263.2199073354682,3.2069957780410979E-5,0.99401814972222002]
[null,"3.5.9.4.2","Composição Sinapi",89511,"TUBO PVC, SÉRIE R, ÁGUA PLUVIAL, DN 75 MM, FORNECIDO E INSTALADO EM RAMAL DE ENCAMINHAMENTO. AF_06/2022","M",26.73,{"$f":"VLOOKUP(D751,'CPU (des)'!B:I,8,FALSE)","v":36.28},{"$f":"$K$4","v":0.30260494954802231},47.258507569602251,1263.2199073354682,3.2069957780410979E-5,0.9940502196800004]
[null,"3.3.8.2.15","Insumo Sinapi",39996,"VERGALHAO ZINCADO ROSCA TOTAL, 1/4 \" (6,3 MM)","M",224,{"$f":"VLOOKUP(D752,'Insumos SINAPI (des)'!A:E,5,FALSE)","v":4.5999999999999996},{"$f":"$K$5","v":0.20311109145345707},5.5343110206859025,1239.6856686336421,3.1472482996187804E-5,0.99408169216299658]
[null,"3.7.3.5","Composição Sinapi",96546,"ARMAÇÃO DE BLOCO, VIGA BALDRAME OU SAPATA UTILIZANDO AÇO CA-50 DE 10 MM - MONTAGEM. AF_06/2017","KG",61.9,{"$f":"VLOOKUP(D753,'CPU (des)'!B:I,8,FALSE)","v":15.11},{"$f":"$K$4","v":0.30260494954802231},19.682360787670618,1218.3381327568113,3.0930523064816995E-5,0.99411262268606138]
[null,"5.5.4","Composição SICRO",5219644,"Tachão refletivo em resina sintética - monodirecional - fornecimento e colocação","UN",12,{"$f":"VLOOKUP(D754,'CPU (des)'!B:I,8,FALSE)","v":77.92},{"$f":"$K$4","v":0.30260494954802231},101.4989776687819,1217.9877320253829,3.0921627276682336E-5,0.99414354431333807]
[null,"4.7.12","Composição Orse",11418,"Tomada para lógica, rj45, com placa","UN",27,{"$f":"VLOOKUP(D755,'CPU (des)'!B:I,8,FALSE)","v":34.39},{"$f":"$K$4","v":0.30260494954802231},44.796584214956489,1209.5077738038251,3.0706342589854814E-5,0.9941742506559279]
[null,"3.3.8.2.12","Insumo Sinapi",13415,"TORNEIRA DE MESA/BANCADA, PARA LAVATORIO, FIXA, METALICA CROMADA, PADRAO POPULAR, 1/2 \" OU 3/4 \" (REF 1193)","UN",9,{"$f":"VLOOKUP(D756,'Insumos SINAPI (des)'!A:E,5,FALSE)","v":110.8},{"$f":"$K$5","v":0.20311109145345707},133.30470893304303,1199.7423803973873,3.0458423955549763E-5,0.99420470907988345]
[null,"3.4.7.11","Composição Sinapi",91996,"TOMADA MÉDIA DE EMBUTIR (1 MÓDULO), 2P+T 10 A, INCLUINDO SUPORTE E PLACA - FORNECIMENTO E INSTALAÇÃO. AF_12/2015","UN",28,{"$f":"VLOOKUP(D757,'CPU (des)'!B:I,8,FALSE)","v":32.85},{"$f":"$K$4","v":0.30260494954802231},42.790572592652538,1198.136032594271,3.0417642848533124E-5,0.99423512672273195]
[null,"3.5.7.11","Composição Sinapi",91996,"TOMADA MÉDIA DE EMBUTIR (1 MÓDULO), 2P+T 10 A, INCLUINDO SUPORTE E PLACA - FORNECIMENTO E INSTALAÇÃO. AF_12/2015","UN",28,{"$f":"VLOOKUP(D758,'CPU (des)'!B:I,8,FALSE)","v":32.85},0.30260494954802231,42.790572592652538,1198.136032594271,3.0417642848533124E-5,0.99426554436558046]
[null,"3.2.2.2.5","Composição Sinapi",93382,"REATERRO MANUAL DE VALAS COM COMPACTAÇÃO MECANIZADA. AF_04/2016","M3",49.56,{"$f":"VLOOKUP(D759,'CPU (des)'!B:I,8,FALSE)","v":18.52},0.30260494954802231,24.124243665629372,1195.5975160685916,3.0353196335831205E-5,0.99429589756191628]
[null,"4.6.25","Composição Orse",4536,"Fornecimento e instalação de eletrocalha perfurada  38 x 38 x 3000 mm (ref. mopa ou similar)","M",43.2,{"$f":"VLOOKUP(D760,'CPU (des)'!B:I,8,FALSE)","v":21.14},0.30260494954802231,27.537068633445191,1189.6013649648323,3.0200969228242202E-5,0.99432609853114451]
[null,"3.6.9.2.2","Composição Sinapi",86906,"TORNEIRA CROMADA DE MESA, 1/2\" OU 3/4\", PARA LAVATÓRIO, PADRÃO POPULAR - FORNECIMENTO E INSTALAÇÃO. AF_01/2020","UN",8,{"$f":"VLOOKUP(D761,'CPU (des)'!B:I,8,FALSE)","v":113.25},0.30260494954802231,147.52001053631352,1180.1600842905082,2.9961278996272025E-5,0.99435605981014075]
[null,"6.2.10","Composição Sinapi",93590,"TRANSPORTE COM CAMINHÃO BASCULANTE DE 10 M³, EM VIA URBANA PAVIMENTADA, ADICIONAL PARA DMT EXCEDENTE A 30 KM (UNIDADE: M3XKM). AF_07/2020","M3XKM",995.49,{"$f":"VLOOKUP(D762,'CPU (des)'!B:I,8,FALSE)","v":0.91},0.30260494954802231,1.1853705040887004,1180.0244831152604,2.995783642547345E-5,0.9943860176465662]
[null,"3.6.9.3.4","Composição Sinapi",86877,"VÁLVULA EM METAL CROMADO 1.1/2\" X 1.1/2\" PARA TANQUE OU LAVATÓRIO, COM OU SEM LADRÃO - FORNECIMENTO E INSTALAÇÃO. AF_01/2020","UN",10,{"$f":"VLOOKUP(D763,'CPU (des)'!B:I,8,FALSE)","v":90.29},0.30260494954802231,117.61220089469094,1176.1220089469093,2.9858762478735113E-5,0.99441587640904494]
[null,"5.2.1","Composição Sinapi",98525,"LIMPEZA MECANIZADA DE CAMADA VEGETAL, VEGETAÇÃO E PEQUENAS ÁRVORES (DIÂMETRO DE TRONCO MENOR QUE 0,20 M), COM TRATOR DE ESTEIRAS.AF_05/2018","M2",2814,{"$f":"VLOOKUP(D764,'CPU (des)'!B:I,8,FALSE)","v":0.32},0.30260494954802231,0.41683358385536717,1172.9697049690033,2.9778733455367589E-5,0.99444565514250027]
[null,"3.9.4.7","Composição Sinapi",96557,"CONCRETAGEM DE BLOCOS DE COROAMENTO E VIGAS BALDRAMES, FCK 30 MPA, COM USO DE BOMBA - LANÇAMENTO, ADENSAMENTO E ACABAMENTO. AF_06/2017","M3",1,{"$f":"VLOOKUP(D765,'CPU (des)'!B:I,8,FALSE)","v":894.03},0.30260494954802231,1164.5679030444182,1164.5679030444182,2.9565432959202072E-5,0.99447522057545945]
[null,"3.3.8.1.33","Composição Sinapi",91863,"ELETRODUTO RÍGIDO ROSCÁVEL, PVC, DN 25 MM (3/4\"), PARA CIRCUITOS TERMINAIS, INSTALADO EM FORRO - FORNECIMENTO E INSTALAÇÃO. AF_12/2015","M",83.4,{"$f":"VLOOKUP(D766,'CPU (des)'!B:I,8,FALSE)","v":10.7},0.30260494954802231,13.937872960163837,1162.4186048776642,2.9510867715996942E-5,0.99450473144317542]
[null,"4.6.24","Composição Orse",12584,"Tampa de encaixe para Redução Concêntrica 200 x 75mm para 100 x 75mm, zincada, para eletrocalha metálica","UN",43.2,{"$f":"VLOOKUP(D767,'CPU (des)'!B:I,8,FALSE)","v":20.64},0.30260494954802231,26.885766158671181,1161.465098054595,2.9486660589920488E-5,0.9945342181037653]
[null,"3.6.8.1.10","Composição Sinapi",91996,"TOMADA MÉDIA DE EMBUTIR (1 MÓDULO), 2P+T 10 A, INCLUINDO SUPORTE E PLACA - FORNECIMENTO E INSTALAÇÃO. AF_12/2015","UN",27,{"$f":"VLOOKUP(D768,'CPU (des)'!B:I,8,FALSE)","v":32.85},0.30260494954802231,42.790572592652538,1155.3454600016184,2.9331298461085515E-5,0.99456354940222635]
[null,"3.6.9.3.8","Composição Sinapi",89714,"TUBO PVC, SERIE NORMAL, ESGOTO PREDIAL, DN 100 MM, FORNECIDO E INSTALADO EM RAMAL DE DESCARGA OU RAMAL DE ESGOTO SANITÁRIO. AF_08/2022","M",26.54,{"$f":"VLOOKUP(D769,'CPU (des)'!B:I,8,FALSE)","v":32.909999999999997},0.30260494954802231,42.868728889625409,1137.7360647306584,2.8884240463029215E-5,0.99459243364268934]
[null,"2.4.4.2","Composição Sinapi",98511,"PLANTIO DE ÁRVORE ORNAMENTAL COM ALTURA DE MUDA MAIOR QUE 2,00 M E MENOR OU IGUAL A 4,00 M. AF_05/2018","UN",7,{"$f":"VLOOKUP(D770,'CPU (des)'!B:I,8,FALSE)","v":124.74},0.30260494954802231,162.4869414066203,1137.4085898463422,2.887592670415542E-5,0.99462130956939354]
[null,"3.4.7.6","Composição Sinapi",91926,"CABO DE COBRE FLEXÍVEL ISOLADO, 2,5 MM², ANTI-CHAMA 450/750 V, PARA CIRCUITOS TERMINAIS - FORNECIMENTO E INSTALAÇÃO. AF_12/2015","M",185,{"$f":"VLOOKUP(D771,'CPU (des)'!B:I,8,FALSE)","v":4.7},0.30260494954802231,6.1222432628757053,1132.6150036320055,2.8754229676885793E-5,0.99465006379907039]
[null,"3.5.7.6","Composição Sinapi",91926,"CABO DE COBRE FLEXÍVEL ISOLADO, 2,5 MM², ANTI-CHAMA 450/750 V, PARA CIRCUITOS TERMINAIS - FORNECIMENTO E INSTALAÇÃO. AF_12/2015","M",185,{"$f":"VLOOKUP(D772,'CPU (des)'!B:I,8,FALSE)","v":4.7},0.30260494954802231,6.1222432628757053,1132.6150036320055,2.8754229676885793E-5,0.99467881802874725]
[null,"3.7.4.11","Composição Sinapi",92772,"ARMAÇÃO DE LAJE DE ESTRUTURA CONVENCIONAL DE CONCRETO ARMADO UTILIZANDO AÇO CA-50 DE 12,5 MM - MONTAGEM. AF_06/2022","KG",75.3,{"$f":"VLOOKUP(D773,'CPU (des)'!B:I,8,FALSE)","v":11.4},0.30260494954802231,14.849696424847455,1118.1821407910134,2.8387815801302245E-5,0.99470720584454853]
[null,"4.6.19","Composição Orse",9539,"Tala plana perfurada 38mm para eletrocalha metálica (ref.: mopa ou similar) - Rev 01","UN",174,{"$f":"VLOOKUP(D774,'CPU (des)'!B:I,8,FALSE)","v":4.92},0.30260494954802231,6.4088163517762693,1115.1340452090708,2.8310432365484054E-5,0.99473551627691403]
[null,"2.2.3.5","Composição Sinapi",103685,"CONCRETAGEM DE MURETAS, FCK=25 MPA, COM USO DE BOMBA - LANÇAMENTO, ADENSAMENTO E ACABAMENTO. AF_02/2022","M3",1,{"$f":"VLOOKUP(D775,'CPU (des)'!B:I,8,FALSE)","v":851.35},0.30260494954802231,1108.9727237977088,1108.9727237977088,2.8154012001629347E-5,0.99476367028891566]
[null,"3.6.10.1","Composição Sinapi",88415,"APLICAÇÃO MANUAL DE FUNDO SELADOR ACRÍLICO EM PAREDES EXTERNAS DE CASAS. AF_06/2014","M2",363.76,{"$f":"VLOOKUP(D776,'CPU (des)'!B:I,8,FALSE)","v":2.3199999999999998},0.30260494954802231,3.0220434829514113,1099.2985373584054,2.7908408881486392E-5,0.99479157869779711]
[null,"4.7.29","Composição Orse",11418,"Tomada para lógica, rj45, com placa","UN",24,{"$f":"VLOOKUP(D777,'CPU (des)'!B:I,8,FALSE)","v":34.39},0.30260494954802231,44.796584214956489,1075.1180211589558,2.7294526746537616E-5,0.99481887322454365]
[null,"4.4.4","Composição Sinapi",86895,"BANCADA DE GRANITO CINZA POLIDO, DE 0,50 X 0,60 M, PARA LAVATÓRIO - FORNECIMENTO E INSTALAÇÃO. AF_01/2020","UN",2,{"$f":"VLOOKUP(D778,'CPU (des)'!B:I,8,FALSE)","v":410.06},0.30260494954802231,534.14618561166208,{"$f":"J778*G778","v":1068.2923712233242},2.7121240762055868E-5,0.99484599446530575]
[null,"3.2.2.1.4","Composição Orse",129,"Bombeamento de concreto","M3",17.600000000000001,46.54,0.30260494954802231,60.62323435196496,1066.9689245945833,{"$f":"K779/$K$1467","v":2.7087641800179252E-5},0.9948730821071059]
[null,"3.3.2.2.1","Composição Sinapi",96523,"ESCAVAÇÃO MANUAL PARA BLOCO DE COROAMENTO OU SAPATA, COM PREVISÃO DE FÔRMA. AF_06/2017","M3",11.45,{"$f":"VLOOKUP(D780,'CPU (des)'!B:I,8,FALSE)","v":71.430000000000007},0.30260494954802231,93.04507154621524,1065.3660692041644,2.7046949356685971E-5,{"$f":"L780+M779","v":0.99490012905646263}]
[null,"9.7.1","Composição Orse",6191,"Limpeza de ruas (varrição e remoção de entulhos)","M2",1880.7,{"$f":"VLOOKUP(D781,'CPU (des)'!B:I,8,FALSE)","v":0.43},0.30260494954802231,0.56012012830564961,1053.4179253044354,2.6743616209231995E-5,0.99492687267267188]
[null,"3.3.8.3.22","Composição Sinapi",91990,"TOMADA ALTA DE EMBUTIR (1 MÓDULO), 2P+T 10 A, SEM SUPORTE E SEM PLACA - FORNECIMENTO E INSTALAÇÃO. AF_12/2015","UN",26,{"$f":"VLOOKUP(D782,'CPU (des)'!B:I,8,FALSE)","v":30.75},0.30260494954802231,40.055102198601688,1041.4326571636439,2.643934057121356E-5,0.99495331201324311]
[null,"3.9.8.2","Composição Orse",9367,"Conjunto com 03 lixeiras em fibra de vidro, com capacidade 20l cada, com tampa vai e vem","UN",2,{"$f":"VLOOKUP(D783,'CPU (des)'!B:I,8,FALSE)","v":399.7},0.30260494954802231,520.65119833434449,1041.302396668689,2.6436033586776883E-5,0.99497974804682987]
[null,"3.3.9.1.12","Composição Sinapi",86911,"TORNEIRA CROMADA LONGA, DE PAREDE, 1/2\" OU 3/4\", PARA PIA DE COZINHA, PADRÃO POPULAR - FORNECIMENTO E INSTALAÇÃO. AF_01/2020","UN",6,{"$f":"VLOOKUP(D784,'CPU (des)'!B:I,8,FALSE)","v":132.44},0.30260494954802231,172.51699951814007,1035.1019971088404,2.6278621127591172E-5,0.99500602666795745]
[null,"3.2.2.2.6","Composição Sinapi",95427,"TRANSPORTE COM CAMINHÃO BASCULANTE DE 18 M³, EM VIA URBANA PAVIMENTADA, ADICIONAL PARA DMT EXCEDENTE A 30 KM (UNIDADE: M3XKM). AF_07/2020","M3XKM",1146.3,{"$f":"VLOOKUP(D785,'CPU (des)'!B:I,8,FALSE)","v":0.69},0.30260494954802231,0.89879741518813527,1030.2914770301595,2.6156494192344777E-5,0.99503218316214981]
[null,"3.4.9.2.1","Composição Sinapi",86909,"TORNEIRA CROMADA TUBO MÓVEL, DE MESA, 1/2\" OU 3/4\", PARA PIA DE COZINHA, PADRÃO ALTO - FORNECIMENTO E INSTALAÇÃO. AF_01/2020","UN",4,{"$f":"VLOOKUP(D786,'CPU (des)'!B:I,8,FALSE)","v":196.69},0.30260494954802231,256.20936752660049,1024.837470106402,2.601803075398121E-5,0.99505820119290378]
[null,"3.5.9.2.1","Composição Sinapi",86909,"TORNEIRA CROMADA TUBO MÓVEL, DE MESA, 1/2\" OU 3/4\", PARA PIA DE COZINHA, PADRÃO ALTO - FORNECIMENTO E INSTALAÇÃO. AF_01/2020","UN",4,{"$f":"VLOOKUP(D787,'CPU (des)'!B:I,8,FALSE)","v":196.69},0.30260494954802231,256.20936752660049,1024.837470106402,2.601803075398121E-5,0.99508421922365775]
[null,"3.3.2.3.1","Composição Sinapi",96523,"ESCAVAÇÃO MANUAL PARA BLOCO DE COROAMENTO OU SAPATA, COM PREVISÃO DE FÔRMA. AF_06/2017","M3",10.98,{"$f":"VLOOKUP(D788,'CPU (des)'!B:I,8,FALSE)","v":71.430000000000007},0.30260494954802231,93.04507154621524,1021.6348855774434,2.5936725234621134E-5,0.99511015594889241]
[null,"3.3.8.1.17","Insumo Sinapi",39996,"VERGALHAO ZINCADO ROSCA TOTAL, 1/4 \" (6,3 MM)","M",184,{"$f":"VLOOKUP(D789,'Insumos SINAPI (des)'!A:E,5,FALSE)","v":4.5999999999999996},{"$f":"$K$5","v":0.20311109145345707},{"$f":"H789*(1+I789)","v":5.5343110206859025},1018.3132278062061,2.5852396746868556E-5,0.99513600834563931]
[null,"3.4.8.7","Composição Sinapi",91834,"ELETRODUTO FLEXÍVEL CORRUGADO, PVC, DN 25 MM (3/4\"), PARA CIRCUITOS TERMINAIS, INSTALADO EM FORRO - FORNECIMENTO E INSTALAÇÃO. AF_12/2015","M",75,{"$f":"VLOOKUP(D790,'CPU (des)'!B:I,8,FALSE)","v":10.37},{"$f":"$K$4","v":0.30260494954802231},13.508013326812991,1013.1009995109744,2.572007145623683E-5,0.9951617284170956]
[null,"3.5.8.7","Composição Sinapi",91834,"ELETRODUTO FLEXÍVEL CORRUGADO, PVC, DN 25 MM (3/4\"), PARA CIRCUITOS TERMINAIS, INSTALADO EM FORRO - FORNECIMENTO E INSTALAÇÃO. AF_12/2015","M",75,{"$f":"VLOOKUP(D791,'CPU (des)'!B:I,8,FALSE)","v":10.37},0.30260494954802231,13.508013326812991,1013.1009995109744,2.572007145623683E-5,0.9951874484885519]
[null,"3.6.8.2.7","Composição Sinapi",91834,"ELETRODUTO FLEXÍVEL CORRUGADO, PVC, DN 25 MM (3/4\"), PARA CIRCUITOS TERMINAIS, INSTALADO EM FORRO - FORNECIMENTO E INSTALAÇÃO. AF_12/2015","M",75,{"$f":"VLOOKUP(D792,'CPU (des)'!B:I,8,FALSE)","v":10.37},0.30260494954802231,13.508013326812991,1013.1009995109744,2.572007145623683E-5,0.99521316856000819]
[null,"3.3.7.15","Composição Sinapi",91940,"CAIXA RETANGULAR 4\" X 2\" MÉDIA (1,30 M DO PISO), PVC, INSTALADA EM PAREDE - FORNECIMENTO E INSTALAÇÃO. AF_12/2015","UN",49,{"$f":"VLOOKUP(D793,'CPU (des)'!B:I,8,FALSE)","v":15.79},0.30260494954802231,20.568132153363273,1007.8384755148004,2.5586469284995177E-5,0.99523875502929315]
[null,"3.5.2.5","Composição Sinapi",96546,"ARMAÇÃO DE BLOCO, VIGA BALDRAME OU SAPATA UTILIZANDO AÇO CA-50 DE 10 MM - MONTAGEM. AF_06/2017","KG",50.3,{"$f":"VLOOKUP(D794,'CPU (des)'!B:I,8,FALSE)","v":15.11},0.30260494954802231,19.682360787670618,990.02274761983199,2.5134173023591186E-5,0.99526388920231679]
[null,"3.3.9.1.7","Composição Sinapi",91784,"(COMPOSIÇÃO REPRESENTATIVA) DO SERVIÇO DE INSTALAÇÃO DE TUBOS DE PVC, SOLDÁVEL, ÁGUA FRIA, DN 20 MM (INSTALADO EM RAMAL, SUB-RAMAL OU RAMAL DE DISTRIBUIÇÃO), INCLUSIVE CONEXÕES, CORTES E FIXAÇÕES, PARA PRÉDIOS. AF_10/2015","M",20.09,{"$f":"VLOOKUP(D795,'CPU (des)'!B:I,8,FALSE)","v":37.42},0.30260494954802231,48.743477212086994,979.25645719082775,2.4860844145931157E-5,0.99528875004646267]
[null,"6.2.20","Composição Orse",5352,"Assentamento de tubos em ferro fundido, junta travada externa, diam.=  600 mm","M",18,{"$f":"VLOOKUP(D796,'CPU (des)'!B:I,8,FALSE)","v":41.7},0.30260494954802231,54.318626396152531,977.73527513074555,2.4822225181679673E-5,0.9953135722716443]
[null,"3.3.7.94","Insumo Sinapi",39253,"ELETRODUTO/CONDULETE DE PVC RIGIDO, LISO, COR CINZA, DE 3/4\", PARA INSTALACOES APARENTES (NBR 5410)","M",50,{"$f":"VLOOKUP(D797,'Insumos SINAPI (des)'!A:E,5,FALSE)","v":16.18},{"$f":"$K$5","v":0.20311109145345707},19.466337459716936,973.31687298584677,2.4710053128800403E-5,0.99533828232477306]
[null,"8.5.27","Composição Orse",6979,"Escada Marinheiro em aço CA-50 d=16mm (5/8\"), exceto pintura - Rev 01","M",10.6,{"$f":"VLOOKUP(D798,'CPU (des)'!B:I,8,FALSE)","v":70.09},{"$f":"$K$4","v":0.30260494954802231},91.29958091382089,967.77555768650143,2.4569373151651534E-5,0.99536285169792471]
[null,"3.3.7.37","Composição Sinapi",96616,"LASTRO DE CONCRETO MAGRO, APLICADO EM BLOCOS DE COROAMENTO OU SAPATAS. AF_08/2017","M3",1,{"$f":"VLOOKUP(D799,'CPU (des)'!B:I,8,FALSE)","v":734.8},0.30260494954802231,957.15411692788678,957.15411692788678,2.4299721640685084E-5,0.99538715141956535]
[null,"4.8.10","Composição Orse",11730,"Fornecimento de cartucho para solda exotérmica para cabo 70 mm²","UN",20,{"$f":"VLOOKUP(D800,'CPU (des)'!B:I,8,FALSE)","v":36.47},0.30260494954802231,47.506002510016373,950.12005020032746,2.4121144481104654E-5,0.99541127256404649]
[null,"3.3.9.2.18","Composição Sinapi",89712,"TUBO PVC, SERIE NORMAL, ESGOTO PREDIAL, DN 50 MM, FORNECIDO E INSTALADO EM RAMAL DE DESCARGA OU RAMAL DE ESGOTO SANITÁRIO. AF_12/2014","M",30.69,{"$f":"VLOOKUP(D801,'CPU (des)'!B:I,8,FALSE)","v":23.65},0.30260494954802231,30.806607056810726,945.45477057352127,2.4002704833505154E-5,0.99543527526887998]
[null,"3.3.8.1.7","Composição Sinapi",86882,"SIFÃO DO TIPO GARRAFA/COPO EM PVC 1.1/4  X 1.1/2\" - FORNECIMENTO E INSTALAÇÃO. AF_01/2020","UN",32,{"$f":"VLOOKUP(D802,'CPU (des)'!B:I,8,FALSE)","v":22.54},0.30260494954802231,29.360715562812423,939.54289800999754,2.3852617344846675E-5,0.99545912788622481]
[null,"4.4.5","Composição Sinapi",95471,"VASO SANITARIO SIFONADO CONVENCIONAL PARA PCD SEM FURO FRONTAL COM  LOUÇA BRANCA SEM ASSENTO -  FORNECIMENTO E INSTALAÇÃO. AF_01/2020","UN",1,{"$f":"VLOOKUP(D803,'CPU (des)'!B:I,8,FALSE)","v":710.8},0.30260494954802231,925.89159813873425,925.89159813873425,2.3506045375883174E-5,0.99548263393160075]
[null,"3.6.6.5","Insumo Sinapi",39508,"TELA DE ACO SOLDADA NERVURADA, CA-60, L-159, (1,69 KG/M2), DIAMETRO DO FIO = 4,5 MM, LARGURA = 2,45 M, ESPACAMENTO DA MALHA = 30 X 10 CM","M2",88.04,{"$f":"VLOOKUP(D804,'Insumos SINAPI (des)'!A:E,5,FALSE)","v":8.66},{"$f":"$K$5","v":0.20311109145345707},10.418942051986939,917.28365825693015,2.3287511558467278E-5,0.99550592144315919]
[null,"3.6.3.5","Composição Sinapi",96546,"ARMAÇÃO DE BLOCO, VIGA BALDRAME OU SAPATA UTILIZANDO AÇO CA-50 DE 10 MM - MONTAGEM. AF_06/2017","KG",46.55,{"$f":"VLOOKUP(D805,'CPU (des)'!B:I,8,FALSE)","v":15.11},{"$f":"$K$4","v":0.30260494954802231},19.682360787670618,916.21389466606718,2.3260352967160434E-5,0.99552918179612637]
[null,"3.8.8.1","Composição Orse",2409,"Banco de concreto com encosto largura = 30cm","UN",4,{"$f":"VLOOKUP(D806,'CPU (des)'!B:I,8,FALSE)","v":175},0.30260494954802231,227.9558661709039,911.82346468361561,2.3148891056722317E-5,0.99555233068718307]
[null,"5.2.6","Composição Sinapi",100574,"ESPALHAMENTO DE MATERIAL COM TRATOR DE ESTEIRAS. AF_11/2019","M3",565.77,{"$f":"VLOOKUP(D807,'CPU (des)'!B:I,8,FALSE)","v":1.23},0.30260494954802231,1.6022040879440673,906.47900683611499,2.3013208792269991E-5,0.99557534389597535]
[null,"5.3.5","Composição Sinapi",100574,"ESPALHAMENTO DE MATERIAL COM TRATOR DE ESTEIRAS. AF_11/2019","M3",565.20000000000005,{"$f":"VLOOKUP(D808,'CPU (des)'!B:I,8,FALSE)","v":1.23},0.30260494954802231,1.6022040879440673,905.5657505059869,2.2990023524384469E-5,0.9955983339194997]
[null,"3.3.8.2.41","Composição Sinapi",101880,"QUADRO DE DISTRIBUIÇÃO DE ENERGIA EM CHAPA DE AÇO GALVANIZADO, DE EMBUTIR, COM BARRAMENTO TRIFÁSICO, PARA 30 DISJUNTORES DIN 150A - FORNECIMENTO E INSTALAÇÃO. AF_10/2020","UN",1,{"$f":"VLOOKUP(D809,'CPU (des)'!B:I,8,FALSE)","v":691.96},0.30260494954802231,901.35052088924954,901.35052088924954,2.2883009508013677E-5,0.99562121692900774]
[null,"2.4.5.1","Composição Orse",6191,"Limpeza de ruas (varrição e remoção de entulhos)","M2",1600,{"$f":"VLOOKUP(D810,'CPU (des)'!B:I,8,FALSE)","v":0.43},0.30260494954802231,0.56012012830564961,896.19220528903941,2.2752052924321364E-5,0.99564396898193208]
[null,"3.3.8.4.17","Composição Sinapi",98307,"TOMADA DE REDE RJ45 - FORNECIMENTO E INSTALAÇÃO. AF_11/2019","UN",14,{"$f":"VLOOKUP(D811,'CPU (des)'!B:I,8,FALSE)","v":48.89},0.30260494954802231,63.68435598340281,891.58098376763928,2.263498567526308E-5,0.99566660396760731]
[null,"8.4.9","Insumo Sinapi",3270,"FLANGE SEXTAVADO DE FERRO GALVANIZADO, COM ROSCA BSP, DE 6\"","UN",2,{"$f":"VLOOKUP(D812,'Insumos SINAPI (des)'!A:E,5,FALSE)","v":369.85},{"$f":"$K$5","v":0.20311109145345707},444.97063717406115,889.94127434812231,2.2593357601203534E-5,0.99568919732520855]
[null,"3.3.7.39","Insumo Sinapi",39468,"DISPOSITIVO DPS CLASSE II, 1 POLO, TENSAO MAXIMA DE 175 V, CORRENTE MAXIMA DE *90* KA (TIPO AC)","UN",4,{"$f":"VLOOKUP(D813,'Insumos SINAPI (des)'!A:E,5,FALSE)","v":184.72},{"$f":"$K$5","v":0.20311109145345707},222.2386808132826,888.9547232531304,2.2568311564657654E-5,0.99571176563677322]
[null,"3.3.7.5","Composição Sinapi",101896,"DISJUNTOR TERMOMAGNÉTICO TRIPOLAR , CORRENTE NOMINAL DE 200A - FORNECIMENTO E INSTALAÇÃO. AF_10/2020","UN",1,{"$f":"VLOOKUP(D814,'CPU (des)'!B:I,8,FALSE)","v":679.6},{"$f":"$K$4","v":0.30260494954802231},885.25032371283601,885.25032371283601,2.2474266231640695E-5,0.9957342399030048]
[null,"4.7.20","Insumo Sinapi",39216,"ARRUELA EM ALUMINIO, COM ROSCA, DE 4\", PARA ELETRODUTO","UN",83,{"$f":"VLOOKUP(D815,'Insumos SINAPI (des)'!A:E,5,FALSE)","v":8.81},{"$f":"$K$5","v":0.20311109145345707},10.599408715704957,879.75092340351148,2.2334650370052806E-5,0.99575657455337485]
[null,"3.7.6.10","Insumo Sinapi",14055,"CAIXA DE PASSAGEM/ LUZ / TELEFONIA, DE EMBUTIR, EM CHAPA DE ACO GALVANIZADO, DIMENSOES 120 X 120 X *12* CM (PADRAO CONCESSIONARIA LOCAL)","UN",1,{"$f":"VLOOKUP(D816,'Insumos SINAPI (des)'!A:E,5,FALSE)","v":728},{"$f":"$K$5","v":0.20311109145345707},875.86487457811677,875.86487457811677,2.2235993421219645E-5,0.99577881054679607]
[null,"3.8.6.10","Insumo Sinapi",14055,"CAIXA DE PASSAGEM/ LUZ / TELEFONIA, DE EMBUTIR, EM CHAPA DE ACO GALVANIZADO, DIMENSOES 120 X 120 X *12* CM (PADRAO CONCESSIONARIA LOCAL)","UN",1,{"$f":"VLOOKUP(D817,'Insumos SINAPI (des)'!A:E,5,FALSE)","v":728},{"$f":"$K$5","v":0.20311109145345707},875.86487457811677,875.86487457811677,2.2235993421219645E-5,0.99580104654021728]
[null,"3.9.6.10","Insumo Sinapi",14055,"CAIXA DE PASSAGEM/ LUZ / TELEFONIA, DE EMBUTIR, EM CHAPA DE ACO GALVANIZADO, DIMENSOES 120 X 120 X *12* CM (PADRAO CONCESSIONARIA LOCAL)","UN",1,{"$f":"VLOOKUP(D818,'Insumos SINAPI (des)'!A:E,5,FALSE)","v":728},{"$f":"$K$5","v":0.20311109145345707},875.86487457811677,875.86487457811677,2.2235993421219645E-5,0.9958232825336385]
[null,"8.4.10","Insumo Orse",994,"Flange ferro galvanizado d=6\"","UN",2,{"$f":"VLOOKUP(D819,'Insumos ORSE (des)'!B:G,6,FALSE)","v":361.24},{"$f":"$K$5","v":0.20311109145345707},434.61185067664684,869.22370135329368,2.2067390833740067E-5,0.99584534992447227]
[null,"3.8.2.4","Composição Sinapi",96545,"ARMAÇÃO DE BLOCO, VIGA BALDRAME OU SAPATA UTILIZANDO AÇO CA-50 DE 8 MM - MONTAGEM. AF_06/2017","KG",39.700000000000003,{"$f":"VLOOKUP(D820,'CPU (des)'!B:I,8,FALSE)","v":16.72},{"$f":"$K$4","v":0.30260494954802231},21.779554756442931,864.64832383078442,2.1951233573136236E-5,0.99586730115804545]
[null,"3.3.8.3.4","Insumo Sinapi",37557,"PLACA DE SINALIZACAO DE SEGURANCA CONTRA INCENDIO, FOTOLUMINESCENTE, QUADRADA, *14 X 14* CM, EM PVC *2* MM ANTI-CHAMAS (SIMBOLOS, CORES E PICTOGRAMAS CONFORME NBR 16820)","UN",30,{"$f":"VLOOKUP(D821,'Insumos SINAPI (des)'!A:E,5,FALSE)","v":23.91},{"$f":"$K$5","v":0.20311109145345707},28.76638619665216,862.99158589956483,2.1909173188242928E-5,0.99588921033123368]
[null,"3.3.7.50","Composição Sinapi",98111,"CAIXA DE INSPEÇÃO PARA ATERRAMENTO, CIRCULAR, EM POLIETILENO, DIÂMETRO INTERNO = 0,3 M. AF_12/2020","UN",12,{"$f":"VLOOKUP(D822,'CPU (des)'!B:I,8,FALSE)","v":54.94},{"$f":"$K$4","v":0.30260494954802231},71.565115928168339,858.78139113802013,2.1802286994108412E-5,0.99591101261822779]
[null,"3.3.7.32","Composição Orse",12876,"Fornecimento e instalação de Para raios tipo polimérico 15kv - 12ka","UN",3,{"$f":"VLOOKUP(D823,'CPU (des)'!B:I,8,FALSE)","v":216.22},0.30260494954802231,281.6492421912734,844.9477265738202,2.1451085246933568E-5,0.99593246370347477]
[null,"3.6.9.2.9","Composição Sinapi",89356,"TUBO, PVC, SOLDÁVEL, DN 25MM, INSTALADO EM RAMAL OU SUB-RAMAL DE ÁGUA - FORNECIMENTO E INSTALAÇÃO. AF_06/2022","M",34.770000000000003,{"$f":"VLOOKUP(D824,'CPU (des)'!B:I,8,FALSE)","v":18.559999999999999},0.30260494954802231,24.176347863611291,840.61161521776467,2.1341002349005543E-5,0.99595380470582373]
[null,"3.6.4.4","Composição Sinapi",92763,"ARMAÇÃO DE PILAR OU VIGA DE ESTRUTURA CONVENCIONAL DE CONCRETO ARMADO UTILIZANDO AÇO CA-50 DE 12,5 MM - MONTAGEM. AF_06/2022","KG",54.3,{"$f":"VLOOKUP(D825,'CPU (des)'!B:I,8,FALSE)","v":11.71},0.30260494954802231,15.253503959207343,828.26526498495866,2.1027559750128651E-5,0.99597483226557382]
[null,"3.3.8.4.19","Composição Sinapi",91863,"ELETRODUTO RÍGIDO ROSCÁVEL, PVC, DN 25 MM (3/4\"), PARA CIRCUITOS TERMINAIS, INSTALADO EM FORRO - FORNECIMENTO E INSTALAÇÃO. AF_12/2015","M",59.4,{"$f":"VLOOKUP(D826,'CPU (des)'!B:I,8,FALSE)","v":10.7},0.30260494954802231,13.937872960163837,827.90965383373191,2.1018531682616524E-5,0.99599585079725639]
[null,"4.9.4","Composição Sinapi",102218,"PINTURA TINTA DE ACABAMENTO (PIGMENTADA) ESMALTE SINTÉTICO FOSCO EM MADEIRA, 2 DEMÃOS. AF_01/2021","M2",51.66,{"$f":"VLOOKUP(D827,'CPU (des)'!B:I,8,FALSE)","v":12.3},0.30260494954802231,16.022040879440674,827.69863183190512,2.1013174367829112E-5,0.99601686397162426]
[null,"3.4.4.9","Composição Sinapi",92770,"ARMAÇÃO DE LAJE DE ESTRUTURA CONVENCIONAL DE CONCRETO ARMADO UTILIZANDO AÇO CA-50 DE 8,0 MM - MONTAGEM. AF_06/2022","KG",43,{"$f":"VLOOKUP(D828,'CPU (des)'!B:I,8,FALSE)","v":14.72},0.30260494954802231,19.174344857346888,824.4968288659162,2.0931888690375653E-5,0.9960377958603146]
[null,"3.9.3.9","Composição Sinapi",92770,"ARMAÇÃO DE LAJE DE ESTRUTURA CONVENCIONAL DE CONCRETO ARMADO UTILIZANDO AÇO CA-50 DE 8,0 MM - MONTAGEM. AF_06/2022","KG",43,{"$f":"VLOOKUP(D829,'CPU (des)'!B:I,8,FALSE)","v":14.72},0.30260494954802231,19.174344857346888,824.4968288659162,2.0931888690375653E-5,0.99605872774900495]
[null,"3.8.3.6","Composição Sinapi",96543,"ARMAÇÃO DE BLOCO, VIGA BALDRAME E SAPATA UTILIZANDO AÇO CA-60 DE 5 MM - MONTAGEM. AF_06/2017","KG",34.200000000000003,{"$f":"VLOOKUP(D830,'CPU (des)'!B:I,8,FALSE)","v":18.21},0.30260494954802231,23.720436131269487,811.23891568941656,2.0595303814410914E-5,0.99607932305281932]
[null,"3.3.8.2.23","Insumo Orse",124,"Adaptador pvc rigido soldavel c/ flanges livres p/ caixa agua d=  50mm x 1 1/2\"","UN",1,{"$f":"VLOOKUP(D831,'CPU (des)'!B:I,8,FALSE)","v":672.52},{"$f":"$K$5","v":0.20311109145345707},809.11627122427888,809.11627122427888,2.0541415241261859E-5,0.99609986446806054]
[null,"8.4.4","Insumo Sinapi",1808,"CURVA 90 GRAUS DE FERRO GALVANIZADO, COM ROSCA BSP MACHO/FEMEA, DE 4\"","UN",1,{"$f":"VLOOKUP(D832,'Insumos SINAPI (des)'!A:E,5,FALSE)","v":670.74},{"$f":"$K$5","v":0.20311109145345707},806.97473348149185,806.97473348149185,2.04870470155891E-5,0.99612035151507616]
[null,"2.1.3.1","Composição Sinapi",96398,"EXECUÇÃO E COMPACTAÇÃO DE BASE E OU SUB BASE PARA PAVIMENTAÇÃO DE CONCRETO COMPACTADO COM ROLO - EXCLUSIVE CARGA E TRANSPORTE. AF_11/2019","M3",1,{"$f":"VLOOKUP(D833,'CPU (des)'!B:I,8,FALSE)","v":619.37},{"$f":"$K$4","v":0.30260494954802231},806.7944276015586,806.7944276015586,2.0482469505431574E-5,0.99614083398458164]
[null,"3.3.8.4.12","Insumo Sinapi",4329,"PARAFUSO EM ACO GALVANIZADO, TIPO MAQUINA, SEXTAVADO, SEM PORCA, DIAMETRO 1/2\", COMPRIMENTO 2\"","UN",320,{"$f":"VLOOKUP(D834,'Insumos SINAPI (des)'!A:E,5,FALSE)","v":2.09},{"$f":"$K$5","v":0.20311109145345707},2.5145021811377251,804.64069796407205,2.0427791758395188E-5,0.99616126177634001]
[null,"3.3.8.1.22","Composição Sinapi",91990,"TOMADA ALTA DE EMBUTIR (1 MÓDULO), 2P+T 10 A, SEM SUPORTE E SEM PLACA - FORNECIMENTO E INSTALAÇÃO. AF_12/2015","UN",20,{"$f":"VLOOKUP(D835,'CPU (des)'!B:I,8,FALSE)","v":30.75},{"$f":"$K$4","v":0.30260494954802231},40.055102198601688,801.1020439720337,2.0337954285548893E-5,0.99618159973062559]
[null,"8.5.23","Insumo Sinapi",9837,"TUBO PVC SERIE NORMAL, DN 75 MM, PARA ESGOTO PREDIAL (NBR 5688)","M",44.4,{"$f":"VLOOKUP(D836,'Insumos SINAPI (des)'!A:E,5,FALSE)","v":14.99},{"$f":"$K$5","v":0.20311109145345707},18.03463526088732,800.73780558339695,2.0328707194303927E-5,0.99620192843781985]
[null,"2.2.2.2","Composição Sinapi",100575,"REGULARIZAÇÃO DE SUPERFÍCIES COM MOTONIVELADORA. AF_11/2019","M2",5073.6899999999996,{"$f":"VLOOKUP(D837,'CPU (des)'!B:I,8,FALSE)","v":0.12},{"$f":"$K$4","v":0.30260494954802231},0.15631259394576266,793.08164477667651,2.013433663981396E-5,0.99622206277445968]
[null,"3.3.8.3.39","Composição Sinapi",91863,"ELETRODUTO RÍGIDO ROSCÁVEL, PVC, DN 25 MM (3/4\"), PARA CIRCUITOS TERMINAIS, INSTALADO EM FORRO - FORNECIMENTO E INSTALAÇÃO. AF_12/2015","M",56.9,{"$f":"VLOOKUP(D838,'CPU (des)'!B:I,8,FALSE)","v":10.7},{"$f":"$K$4","v":0.30260494954802231},13.937872960163837,793.06497143332228,2.0133913345806065E-5,0.99624219668780545]
[null,"3.3.7.48","Insumo Sinapi",34602,"CABO FLEXIVEL PVC 750 V, 2 CONDUTORES DE 1,5 MM2","M",130,{"$f":"VLOOKUP(D839,'Insumos SINAPI (des)'!A:E,5,FALSE)","v":5.01},{"$f":"$K$5","v":0.20311109145345707},6.0275865681818193,783.58625386363656,1.9893272685769717E-5,0.99626208996049126]
[null,"8.5.5","Insumo Sinapi",1779,"CURVA 45 GRAUS DE FERRO GALVANIZADO, COM ROSCA BSP FEMEA, DE 3\"","UN",2,{"$f":"VLOOKUP(D840,'Insumos SINAPI (des)'!A:E,5,FALSE)","v":324.95999999999998},{"$f":"$K$5","v":0.20311109145345707},390.96298027871541,781.92596055743081,1.9851122038899823E-5,0.99628194108253021]
[null,"3.6.8.1.1","Composição Sinapi",91940,"CAIXA RETANGULAR 4\" X 2\" MÉDIA (1,30 M DO PISO), PVC, INSTALADA EM PAREDE - FORNECIMENTO E INSTALAÇÃO. AF_12/2015","UN",38,{"$f":"VLOOKUP(D841,'CPU (des)'!B:I,8,FALSE)","v":15.79},{"$f":"$K$4","v":0.30260494954802231},20.568132153363273,781.58902182780434,1.9842568016935036E-5,0.99630178365054711]
[null,"3.4.9.3.1","Composição Sinapi",97907,"CAIXA ENTERRADA HIDRÁULICA RETANGULAR, EM ALVENARIA COM BLOCOS DE CONCRETO, DIMENSÕES INTERNAS: 0,8X0,8X0,6 M PARA REDE DE ESGOTO. AF_12/2020","UN",1,{"$f":"VLOOKUP(D842,'CPU (des)'!B:I,8,FALSE)","v":598.83000000000004},{"$f":"$K$4","v":0.30260494954802231},780.03892193784225,{"$f":"J842*G842","v":780.03892193784225},1.9803214902138609E-5,0.99632158686544925]
[null,"3.5.9.3.1","Composição Sinapi",97907,"CAIXA ENTERRADA HIDRÁULICA RETANGULAR, EM ALVENARIA COM BLOCOS DE CONCRETO, DIMENSÕES INTERNAS: 0,8X0,8X0,6 M PARA REDE DE ESGOTO. AF_12/2020","UN",1,{"$f":"VLOOKUP(D843,'CPU (des)'!B:I,8,FALSE)","v":598.83000000000004},{"$f":"$K$4","v":0.30260494954802231},780.03892193784225,780.03892193784225,{"$f":"K843/$K$1467","v":1.9803214902138609E-5},0.99634139008035139]
[null,"3.3.11.3","Composição Sinapi",102220,"PINTURA TINTA DE ACABAMENTO (PIGMENTADA) ESMALTE SINTÉTICO BRILHANTE EM MADEIRA, 2 DEMÃOS. AF_01/2021","M2",49.14,{"$f":"VLOOKUP(D844,'CPU (des)'!B:I,8,FALSE)","v":12.11},{"$f":"$K$4","v":0.30260494954802231},15.774545939026549,775.16118744376456,1.9679381562922885E-5,{"$f":"L844+M843","v":0.99636106946191427}]
[null,"3.3.7.91","Insumo Orse",295,"Abraçadeira tipo U, d=26mm (3/4\") c/ fixações,  p/ tubo galvanizado","UN",1162,{"$f":"VLOOKUP(D845,'Insumos ORSE (des)'!B:G,6,FALSE)","v":0.55000000000000004},{"$f":"$K$5","v":0.20311109145345707},0.66171110029940139,768.90829854790445,1.9520636532282246E-5,0.99638059009844659]
[null,"3.3.9.2.7","Composição Sinapi",86878,"VÁLVULA EM METAL CROMADO TIPO AMERICANA 1\" PARA PIA - FORNECIMENTO E INSTALAÇÃO. AF_01/2020","UN",6,{"$f":"VLOOKUP(D846,'CPU (des)'!B:I,8,FALSE)","v":97.63},{"$f":"$K$4","v":0.30260494954802231},127.17332122437341,763.03992734624046,1.9371653433152569E-5,0.99639996175187973]
[null,"2.2.4.4","Composição Orse",13008,"Bombeamento com Bomba submersa","H",1,578.89,0.30260494954802231,754.06497924385462,754.06497924385462,1.9143802205465687E-5,0.99641910555408519]
[null,"3.7.6.2","Composição Sinapi",91928,"CABO DE COBRE FLEXÍVEL ISOLADO, 4 MM², ANTI-CHAMA 450/750 V, PARA CIRCUITOS TERMINAIS - FORNECIMENTO E INSTALAÇÃO. AF_12/2015","M",78,{"$f":"VLOOKUP(D848,'CPU (des)'!B:I,8,FALSE)","v":7.35},0.30260494954802231,9.5741463791779626,746.78341757588112,1.8958941775455574E-5,0.9964380644958607]
[null,"3.8.6.2","Composição Sinapi",91928,"CABO DE COBRE FLEXÍVEL ISOLADO, 4 MM², ANTI-CHAMA 450/750 V, PARA CIRCUITOS TERMINAIS - FORNECIMENTO E INSTALAÇÃO. AF_12/2015","M",78,{"$f":"VLOOKUP(D849,'CPU (des)'!B:I,8,FALSE)","v":7.35},0.30260494954802231,9.5741463791779626,746.78341757588112,1.8958941775455574E-5,0.9964570234376362]
[null,"3.9.6.2","Composição Sinapi",91928,"CABO DE COBRE FLEXÍVEL ISOLADO, 4 MM², ANTI-CHAMA 450/750 V, PARA CIRCUITOS TERMINAIS - FORNECIMENTO E INSTALAÇÃO. AF_12/2015","M",78,{"$f":"VLOOKUP(D850,'CPU (des)'!B:I,8,FALSE)","v":7.35},0.30260494954802231,9.5741463791779626,746.78341757588112,1.8958941775455574E-5,0.99647598237941171]
[null,"3.6.4.9","Composição Sinapi",92769,"ARMAÇÃO DE LAJE DE ESTRUTURA CONVENCIONAL DE CONCRETO ARMADO UTILIZANDO AÇO CA-50 DE 6,3 MM - MONTAGEM. AF_06/2022","KG",37.5,{"$f":"VLOOKUP(D851,'CPU (des)'!B:I,8,FALSE)","v":15.11},0.30260494954802231,19.682360787670618,738.08852953764813,1.8738200564307545E-5,0.99649472057997601]
[null,"5.5.5","Composição SICRO",5219643,"Tachão refletivo em resina sintética - bidirecional - fornecimento e colocação","UN",7,{"$f":"VLOOKUP(D852,'CPU (des)'!B:I,8,FALSE)","v":79.87},0.30260494954802231,104.03905732040054,728.27340124280386,1.8489019287004115E-5,0.99651320959926304]
[null,"3.3.8.2.5","Composição Sinapi",91936,"CAIXA OCTOGONAL 4\" X 4\", PVC, INSTALADA EM LAJE - FORNECIMENTO E INSTALAÇÃO. AF_12/2015","UN",34,{"$f":"VLOOKUP(D853,'CPU (des)'!B:I,8,FALSE)","v":16.329999999999998},0.30260494954802231,{"$f":"H853*(1+I853)","v":21.271538826119201},723.2323200880528,1.8361038989304802E-5,0.99653157063825237]
[null,"8.5.26","Composição Orse",9318,"Tubo guia 2\" (galvanizado), l=2,50m e corrente galvanizada l=3,00m","UN",2,{"$f":"VLOOKUP(D854,'CPU (des)'!B:I,8,FALSE)","v":275.49},0.30260494954802231,358.85463755098471,717.70927510196941,1.8220822849189805E-5,0.99654979146110156]
[null,"4.6.40","Composição Orse",8441,"Abraçadeira metálica tipo \"D\" de 3/4\"","UN",86,{"$f":"VLOOKUP(D855,'CPU (des)'!B:I,8,FALSE)","v":6.35},0.30260494954802231,8.2715414296299414,711.35256294817498,1.8059442008680082E-5,0.99656785090311029]
[null,"3.3.8.3.5","Insumo Sinapi",38774,"LUMINARIA DE EMERGENCIA 30 LEDS, POTENCIA 2 W, BATERIA DE LITIO, AUTONOMIA DE 6 HORAS","UN",28,{"$f":"VLOOKUP(D856,'Insumos SINAPI (des)'!A:E,5,FALSE)","v":21.08},{"$f":"$K$5","v":0.20311109145345707},25.361581807838874,710.12429061948842,1.8028259281511925E-5,0.99658587916239183]
[null,"3.3.8.2.7","Insumo Sinapi",39332,"CONDULETE EM PVC, TIPO \"C\", SEM TAMPA, DE 1\"","UN",43,{"$f":"VLOOKUP(D857,'Insumos SINAPI (des)'!A:E,5,FALSE)","v":13.55},{"$f":"$K$5","v":0.20311109145345707},16.302155289194346,700.99267743535688,1.7796430723727512E-5,0.99660367559311558]
[null,"3.3.9.2.3","Composição Orse",1695,"Caixa sifonada quadrada, com sete entradas e uma saída, d = 150 x 150 x 50mm, ref. nº25, acabamento branco, marca Akros ou similar","UN",8,{"$f":"VLOOKUP(D858,'CPU (des)'!B:I,8,FALSE)","v":66.64},{"$f":"$K$4","v":0.30260494954802231},86.80559383788021,694.44475070304168,1.7630195428799715E-5,0.99662130578854435]
[null,"8.4.30","Composição Orse",1487,"Válvula pé c/ crivo, d = 75 mm (3\")","UN",1,{"$f":"VLOOKUP(D859,'CPU (des)'!B:I,8,FALSE)","v":532.67999999999995},{"$f":"$K$4","v":0.30260494954802231},693.8716045252404,693.8716045252404,1.7615644697278344E-5,0.99663892143324162]
[null,"3.6.8.1.9","Insumo Sinapi",38115,"INTERRUPTOR INTERMEDIARIO 10 A, 250 V (APENAS MODULO)","UN",27,{"$f":"VLOOKUP(D860,'Insumos SINAPI (des)'!A:E,5,FALSE)","v":21.29},{"$f":"$K$5","v":0.20311109145345707},25.614235137044101,691.58434870019073,1.7557577058131441E-5,0.99665647901029975]
[null,"3.3.2.3.2","Composição Sinapi",96621,"LASTRO COM MATERIAL GRANULAR, APLICAÇÃO EM BLOCOS DE COROAMENTO, ESPESSURA DE *5 CM*. AF_08/2017","M3",1.35,{"$f":"VLOOKUP(D861,'CPU (des)'!B:I,8,FALSE)","v":393.24},{"$f":"$K$4","v":0.30260494954802231},512.23637036026435,691.51909998635688,1.7555920558352007E-5,0.99667403493085804]
[null,"3.6.9.3.11","Composição Sinapi",89711,"TUBO PVC, SERIE NORMAL, ESGOTO PREDIAL, DN 40 MM, FORNECIDO E INSTALADO EM RAMAL DE DESCARGA OU RAMAL DE ESGOTO SANITÁRIO. AF_08/2022","M",29.5,{"$f":"VLOOKUP(D862,'CPU (des)'!B:I,8,FALSE)","v":17.96},{"$f":"$K$4","v":0.30260494954802231},23.394784893882481,690.14615436953318,1.7521064942389452E-5,0.99669155599580039]
[null,"3.3.8.2.13","Composição Sinapi",86911,"TORNEIRA CROMADA LONGA, DE PAREDE, 1/2\" OU 3/4\", PARA PIA DE COZINHA, PADRÃO POPULAR - FORNECIMENTO E INSTALAÇÃO. AF_01/2020","UN",4,{"$f":"VLOOKUP(D863,'CPU (des)'!B:I,8,FALSE)","v":132.44},{"$f":"$K$4","v":0.30260494954802231},172.51699951814007,690.06799807256027,1.7519080751727448E-5,0.99670907507655215]
[null,"3.3.8.4.8","Insumo Sinapi",39211,"ARRUELA EM ALUMINIO, COM ROSCA, DE  1 1/4\", PARA ELETRODUTO","UN",340,{"$f":"VLOOKUP(D864,'Insumos SINAPI (des)'!A:E,5,FALSE)","v":1.68},{"$f":"$K$5","v":0.20311109145345707},2.0212266336418079,687.21705543821463,1.7446702530495412E-5,0.99672652177908261]
[null,"8.5.20","Insumo Sinapi",9836,"TUBO PVC  SERIE NORMAL, DN 100 MM, PARA ESGOTO  PREDIAL (NBR 5688)","M",36,{"$f":"VLOOKUP(D865,'Insumos SINAPI (des)'!A:E,5,FALSE)","v":15.83},{"$f":"$K$5","v":0.20311109145345707},19.045248577708225,685.62894879749615,1.740638452044595E-5,0.99674392816360302]
[null,"4.6.37","Composição Orse",453,"Disjuntor termomagnetico tripolar 100 A, padrão DIN (Europeu - linha branca), 65KA","UN",1,{"$f":"VLOOKUP(D866,'CPU (des)'!B:I,8,FALSE)","v":525.08000000000004},{"$f":"$K$4","v":0.30260494954802231},683.9718069086756,683.9718069086756,1.7364313880091079E-5,0.99676129247748313]
[null,"3.6.8.1.2","Composição Sinapi",91936,"CAIXA OCTOGONAL 4\" X 4\", PVC, INSTALADA EM LAJE - FORNECIMENTO E INSTALAÇÃO. AF_12/2015","UN",32,{"$f":"VLOOKUP(D867,'CPU (des)'!B:I,8,FALSE)","v":16.329999999999998},{"$f":"$K$4","v":0.30260494954802231},21.271538826119201,680.68924243581444,1.7280977872286875E-5,0.99677857345535537]
[null,"4.7.15","Composição Orse",7867,"Switch 24 portas 10/100 Mbps - fornecimento","UN",1,{"$f":"VLOOKUP(D868,'CPU (des)'!B:I,8,FALSE)","v":520},{"$f":"$K$4","v":0.30260494954802231},677.35457376497163,677.35457376497163,1.7196319070708009E-5,0.99679576977442608]
[null,"3.4.8.1","Insumo Sinapi",38083,"TOMADA RJ45, 8 FIOS, CAT 5E, CONJUNTO MONTADO PARA EMBUTIR 4\" X 2\" (PLACA + SUPORTE + MODULO)","UN",14,{"$f":"VLOOKUP(D869,'Insumos SINAPI (des)'!A:E,5,FALSE)","v":40.020000000000003},{"$f":"$K$5","v":0.20311109145345707},48.148505879967352,674.07908231954298,1.711316262917712E-5,0.99681288293705528]
[null,"3.5.8.1","Insumo Sinapi",38083,"TOMADA RJ45, 8 FIOS, CAT 5E, CONJUNTO MONTADO PARA EMBUTIR 4\" X 2\" (PLACA + SUPORTE + MODULO)","UN",14,{"$f":"VLOOKUP(D870,'Insumos SINAPI (des)'!A:E,5,FALSE)","v":40.020000000000003},{"$f":"$K$5","v":0.20311109145345707},48.148505879967352,674.07908231954298,1.711316262917712E-5,0.99682999609968448]
[null,"3.6.8.2.1","Insumo Sinapi",38083,"TOMADA RJ45, 8 FIOS, CAT 5E, CONJUNTO MONTADO PARA EMBUTIR 4\" X 2\" (PLACA + SUPORTE + MODULO)","UN",14,{"$f":"VLOOKUP(D871,'Insumos SINAPI (des)'!A:E,5,FALSE)","v":40.020000000000003},{"$f":"$K$5","v":0.20311109145345707},48.148505879967352,674.07908231954298,1.711316262917712E-5,0.99684710926231368]
[null,"3.7.6.6","Composição Sinapi",91837,"ELETRODUTO FLEXÍVEL CORRUGADO REFORÇADO, PVC, DN 32 MM (1\"), PARA CIRCUITOS TERMINAIS, INSTALADO EM FORRO - FORNECIMENTO E INSTALAÇÃO. AF_12/2015","M",30,{"$f":"VLOOKUP(D872,'CPU (des)'!B:I,8,FALSE)","v":17.13},{"$f":"$K$4","v":0.30260494954802231},22.313622785757619,669.40868357272859,1.6994593020070851E-5,0.99686410385533375]
[null,"3.8.6.6","Composição Sinapi",91837,"ELETRODUTO FLEXÍVEL CORRUGADO REFORÇADO, PVC, DN 32 MM (1\"), PARA CIRCUITOS TERMINAIS, INSTALADO EM FORRO - FORNECIMENTO E INSTALAÇÃO. AF_12/2015","M",30,{"$f":"VLOOKUP(D873,'CPU (des)'!B:I,8,FALSE)","v":17.13},{"$f":"$K$4","v":0.30260494954802231},22.313622785757619,669.40868357272859,1.6994593020070851E-5,0.99688109844835382]
[null,"3.9.6.6","Composição Sinapi",91837,"ELETRODUTO FLEXÍVEL CORRUGADO REFORÇADO, PVC, DN 32 MM (1\"), PARA CIRCUITOS TERMINAIS, INSTALADO EM FORRO - FORNECIMENTO E INSTALAÇÃO. AF_12/2015","M",30,{"$f":"VLOOKUP(D874,'CPU (des)'!B:I,8,FALSE)","v":17.13},{"$f":"$K$4","v":0.30260494954802231},22.313622785757619,669.40868357272859,1.6994593020070851E-5,0.99689809304137389]
[null,"3.3.8.2.39","Composição Sinapi",91170,"FIXAÇÃO DE TUBOS HORIZONTAIS DE PVC, CPVC OU COBRE DIÂMETROS MENORES OU IGUAIS A 40 MM OU ELETROCALHAS ATÉ 150MM DE LARGURA, COM ABRAÇADEIRA METÁLICA RÍGIDA TIPO D 1/2\", FIXADA EM PERFILADO EM LAJE. AF_05/2015","M",156.19999999999999,{"$f":"VLOOKUP(D875,'CPU (des)'!B:I,8,FALSE)","v":3.29},{"$f":"$K$4","v":0.30260494954802231},4.2855702840129934,669.40607836282948,1.6994526880382118E-5,0.99691508756825431]
[null,"3.3.7.57","Composição Orse",3836,"Caixa em chapa metálica galvanizada 60 x 50 x 20cm, para quadro de comando","UN",1,{"$f":"VLOOKUP(D876,'CPU (des)'!B:I,8,FALSE)","v":512.48},{"$f":"$K$4","v":0.30260494954802231},667.55898454437045,667.55898454437045,1.6947633841070073E-5,0.99693203520209539]
[null,"3.5.6.5","Insumo Sinapi",39508,"TELA DE ACO SOLDADA NERVURADA, CA-60, L-159, (1,69 KG/M2), DIAMETRO DO FIO = 4,5 MM, LARGURA = 2,45 M, ESPACAMENTO DA MALHA = 30 X 10 CM","M2",63.45,{"$f":"VLOOKUP(D877,'Insumos SINAPI (des)'!A:E,5,FALSE)","v":8.66},{"$f":"$K$5","v":0.20311109145345707},10.418942051986939,661.08187319857132,1.6783196369658664E-5,0.99694881839846505]
[null,"3.2.3.1.8","Composição Sinapi",92765,"ARMAÇÃO DE PILAR OU VIGA DE UMA ESTRUTURA CONVENCIONAL DE CONCRETO ARMADO EM UM EDIFÍCIO DE MÚLTIPLOS PAVIMENTOS UTILIZANDO AÇO CA-50 DE 20,0 MM - MONTAGEM. AF_12/2015","KG",38.299999999999997,{"$f":"VLOOKUP(D878,'CPU (des)'!B:I,8,FALSE)","v":13.23},{"$f":"$K$4","v":0.30260494954802231},17.233463482520335,660.04165138052883,1.6756787769229583E-5,0.9969655751862343]
[null,"3.3.8.3.6","Composição Sinapi",91936,"CAIXA OCTOGONAL 4\" X 4\", PVC, INSTALADA EM LAJE - FORNECIMENTO E INSTALAÇÃO. AF_12/2015","UN",31,{"$f":"VLOOKUP(D879,'CPU (des)'!B:I,8,FALSE)","v":16.329999999999998},{"$f":"$K$4","v":0.30260494954802231},21.271538826119201,659.4177036096952,1.6740947313777907E-5,0.99698231613354804]
[null,"2.5.9.1","Composição Sinapi",98511,"PLANTIO DE ÁRVORE ORNAMENTAL COM ALTURA DE MUDA MAIOR QUE 2,00 M E MENOR OU IGUAL A 4,00 M. AF_05/2018","UN",4,{"$f":"VLOOKUP(D880,'CPU (des)'!B:I,8,FALSE)","v":124.74},{"$f":"$K$4","v":0.30260494954802231},162.4869414066203,649.94776562648121,1.6500529545231667E-5,0.99699881666309331]
[null,"7.2.15","Composição Orse",848,"Luva redução ferro galvanizado d = 88 mm (3\") x 33 mm (   1\" )","UN",4,{"$f":"VLOOKUP(D881,'CPU (des)'!B:I,8,FALSE)","v":123.33},{"$f":"$K$4","v":0.30260494954802231},160.6502684277576,642.60107371103038,1.631401562300322E-5,0.99701513067871628]
[null,"4.6.26","Composição Orse",9525,"Suporte horizontal 300 x 100 mm para fixação de eletrocalha metálica (ref.: mopa ou similar)","UN",35,{"$f":"VLOOKUP(D882,'CPU (des)'!B:I,8,FALSE)","v":14.02},{"$f":"$K$4","v":0.30260494954802231},18.262521392663274,639.18824874321456,1.6227372630762342E-5,0.99703135805134702]
[null,"8.4.8","Insumo Orse",5466,"Flange cego, em fofo, pn 10 / 16 / 25, d=   80mm","UN",3,{"$f":"VLOOKUP(D883,'Insumos ORSE (des)'!B:G,6,FALSE)","v":173.37},{"$f":"$K$5","v":0.20311109145345707},208.58336992528587,625.7501097758576,1.5886212277899106E-5,0.9970472442636249]
[null,"3.3.7.52","Composição Orse",9953,"Fornecimento de cartucho para solda exotérmica","UN",24,{"$f":"VLOOKUP(D884,'CPU (des)'!B:I,8,FALSE)","v":20},{"$f":"$K$4","v":0.30260494954802231},26.052098990960445,625.25037578305069,1.5873525296038159E-5,0.99706311778892098]
[null,"3.6.11.1","Composição Orse",2450,"Limpeza geral","M2",220,{"$f":"VLOOKUP(D885,'CPU (des)'!B:I,8,FALSE)","v":2.16},{"$f":"$K$4","v":0.30260494954802231},2.8136266910237282,618.9978720252202,1.5714790043077778E-5,0.99707883257896401]
[null,"3.3.7.29","Insumo Sinapi",10510,"CRUZETA DE MADEIRA TRATADA, *90 X 115 X 2400* MM, EM EUCALIPTO OU EQUIVALENTE DA REGIAO","UN",4,{"$f":"VLOOKUP(D886,'Insumos SINAPI (des)'!A:E,5,FALSE)","v":128.13},{"$f":"$K$5","v":0.20311109145345707},154.15462414793146,616.61849659172583,1.5654383720114686E-5,0.9970944869626841]
[null,"3.3.7.58","Insumo Sinapi",39465,"DISPOSITIVO DPS CLASSE II, 1 POLO, TENSAO MAXIMA DE 175 V, CORRENTE MAXIMA DE *20* KA (TIPO AC)","UN",7,{"$f":"VLOOKUP(D887,'Insumos SINAPI (des)'!A:E,5,FALSE)","v":72.22},0.20311109145345707,86.888683024768667,608.22078117338071,1.5441186970004644E-5,0.99710992814965416]
[null,"3.3.7.95","Insumo Sinapi",39465,"DISPOSITIVO DPS CLASSE II, 1 POLO, TENSAO MAXIMA DE 175 V, CORRENTE MAXIMA DE *20* KA (TIPO AC)","UN",7,{"$f":"VLOOKUP(D888,'Insumos SINAPI (des)'!A:E,5,FALSE)","v":72.22},0.20311109145345707,86.888683024768667,608.22078117338071,1.5441186970004644E-5,0.99712536933662421]
[null,"3.3.9.2.9","Insumo Sinapi",1970,"CURVA PVC LONGA 90 GRAUS, DN 100 MM, PARA ESGOTO PREDIAL","UN",8,{"$f":"VLOOKUP(D889,'Insumos SINAPI (des)'!A:E,5,FALSE)","v":61.91},0.20311109145345707,74.484607671883523,595.87686137506819,1.5127806073711078E-5,0.99714049714269792]
[null,"3.4.9.1.2","Insumo Sinapi",12432,"UNIAO COM ASSENTO CONICO DE FERRO LONGO (MACHO-FEMEA), DIAMETRO 1 1/2\"","UN",3,{"$f":"VLOOKUP(D890,'Insumos SINAPI (des)'!A:E,5,FALSE)","v":163.63},0.20311109145345707,196.86506789452918,590.59520368358756,1.4993718146349603E-5,0.99715549086084432]
[null,"3.5.9.1.2","Insumo Sinapi",12432,"UNIAO COM ASSENTO CONICO DE FERRO LONGO (MACHO-FEMEA), DIAMETRO 1 1/2\"","UN",3,{"$f":"VLOOKUP(D891,'Insumos SINAPI (des)'!A:E,5,FALSE)","v":163.63},0.20311109145345707,196.86506789452918,590.59520368358756,1.4993718146349603E-5,0.99717048457899071]
[null,"4.7.11","Insumo Sinapi",402,"GANCHO OLHAL EM ACO GALVANIZADO, ESPESSURA 16MM, ABERTURA 21MM","UN",42,{"$f":"VLOOKUP(D892,'Insumos SINAPI (des)'!A:E,5,FALSE)","v":11.67},0.20311109145345707,14.040306437261844,589.69287036499748,1.4970810186094228E-5,0.9971854553891768]
[null,"3.2.1.12","Composição Orse",8646,"Poste galvanizado com 5m para instalação de câmera de segurança p/penitenciária","UN",1,{"$f":"VLOOKUP(D893,'CPU (des)'!B:I,8,FALSE)","v":452.52},{"$f":"$K$4","v":0.30260494954802231},589.45479176947106,589.45479176947106,1.4964765972839975E-5,0.99720042015514965]
[null,"3.3.1.12","Composição Orse",8646,"Poste galvanizado com 5m para instalação de câmera de segurança p/penitenciária","UN",1,{"$f":"VLOOKUP(D894,'CPU (des)'!B:I,8,FALSE)","v":452.52},{"$f":"$K$4","v":0.30260494954802231},589.45479176947106,589.45479176947106,1.4964765972839975E-5,0.99721538492112249]
[null,"3.3.8.3.14","Insumo Sinapi",4329,"PARAFUSO EM ACO GALVANIZADO, TIPO MAQUINA, SEXTAVADO, SEM PORCA, DIAMETRO 1/2\", COMPRIMENTO 2\"","UN",232,{"$f":"VLOOKUP(D895,'Insumos SINAPI (des)'!A:E,5,FALSE)","v":2.09},{"$f":"$K$5","v":0.20311109145345707},2.5145021811377251,583.36450602395223,1.4810149024836512E-5,0.99723019507014732]
[null,"3.2.1.2","Composição Sinapi",98526,"REMOÇÃO DE RAÍZES REMANESCENTES DE TRONCO DE ÁRVORE COM DIÂMETRO MAIOR OU IGUAL A 0,20 M E MENOR QUE 0,40 M.AF_05/2018","UN",7,{"$f":"VLOOKUP(D896,'CPU (des)'!B:I,8,FALSE)","v":63.78},{"$f":"$K$4","v":0.30260494954802231},83.08014368217286,581.56100577520999,1.4764362715977492E-5,0.99724495943286329]
[null,"3.3.1.2","Composição Sinapi",98526,"REMOÇÃO DE RAÍZES REMANESCENTES DE TRONCO DE ÁRVORE COM DIÂMETRO MAIOR OU IGUAL A 0,20 M E MENOR QUE 0,40 M.AF_05/2018","UN",7,{"$f":"VLOOKUP(D897,'CPU (des)'!B:I,8,FALSE)","v":63.78},{"$f":"$K$4","v":0.30260494954802231},83.08014368217286,581.56100577520999,1.4764362715977492E-5,0.99725972379557926]
[null,"6.2.8","Composição Sinapi",93590,"TRANSPORTE COM CAMINHÃO BASCULANTE DE 10 M³, EM VIA URBANA PAVIMENTADA, ADICIONAL PARA DMT EXCEDENTE A 30 KM (UNIDADE: M3XKM). AF_07/2020","M3XKM",490,{"$f":"VLOOKUP(D898,'CPU (des)'!B:I,8,FALSE)","v":0.91},{"$f":"$K$4","v":0.30260494954802231},1.1853705040887004,580.83154700346313,1.4745843603132115E-5,0.99727446963918243]
[null,"3.3.8.1.19","Composição Sinapi",91928,"CABO DE COBRE FLEXÍVEL ISOLADO, 4 MM², ANTI-CHAMA 450/750 V, PARA CIRCUITOS TERMINAIS - FORNECIMENTO E INSTALAÇÃO. AF_12/2015","M",59.5,{"$f":"VLOOKUP(D899,'CPU (des)'!B:I,8,FALSE)","v":7.35},{"$f":"$K$4","v":0.30260494954802231},9.5741463791779626,569.66170956108874,1.4462269687687263E-5,0.99728893190887014]
[null,"3.6.7.1","Insumo Sinapi",38153,"FECHADURA ESPELHO PARA PORTA DE BANHEIRO, EM ACO INOX (MAQUINA, TESTA E CONTRA-TESTA) E EM ZAMAC (MACANETA, LINGUETA E TRINCOS) COM ACABAMENTO CROMADO, MAQUINA DE 40 MM, INCLUINDO CHAVE TIPO TRANQUETA","CJ",7,{"$f":"VLOOKUP(D900,'Insumos SINAPI (des)'!A:E,5,FALSE)","v":67.63},{"$f":"$K$5","v":0.20311109145345707},81.366403114997297,569.56482180498108,1.4459809952664274E-5,0.99730339171882276]
[null,"4.7.43","Composição Sinapi",91867,"ELETRODUTO RÍGIDO ROSCÁVEL, PVC, DN 25 MM (3/4\"), PARA CIRCUITOS TERMINAIS, INSTALADO EM LAJE - FORNECIMENTO E INSTALAÇÃO. AF_03/2023","M",45,{"$f":"VLOOKUP(D901,'CPU (des)'!B:I,8,FALSE)","v":9.67},{"$f":"$K$4","v":0.30260494954802231},12.596189862129375,566.82854379582182,1.4390342776189592E-5,0.99731778206159893]
[null,"3.3.7.78","Composição Sinapi",92986,"CABO DE COBRE FLEXÍVEL ISOLADO, 35 MM², ANTI-CHAMA 0,6/1,0 KV, PARA REDE ENTERRADA DE DISTRIBUIÇÃO DE ENERGIA ELÉTRICA - FORNECIMENTO E INSTALAÇÃO. AF_12/2021","M",9.6999999999999993,{"$f":"VLOOKUP(D902,'CPU (des)'!B:I,8,FALSE)","v":44.83},{"$f":"$K$4","v":0.30260494954802231},58.39577988823784,566.43906491590701,1.4380454892723935E-5,0.9973321625164917]
[null,"3.4.12.1","Composição Orse",2450,"Limpeza geral","M2",200,{"$f":"VLOOKUP(D903,'CPU (des)'!B:I,8,FALSE)","v":2.16},{"$f":"$K$4","v":0.30260494954802231},2.8136266910237282,562.72533820474564,1.4286172766434344E-5,0.99734644868925815]
[null,"3.7.8.1","Composição Orse",2450,"Limpeza geral","M2",200,{"$f":"VLOOKUP(D904,'CPU (des)'!B:I,8,FALSE)","v":2.16},{"$f":"$K$4","v":0.30260494954802231},2.8136266910237282,562.72533820474564,1.4286172766434344E-5,0.99736073486202459]
[null,"3.1.3.12","Composição Sinapi",89402,"TUBO, PVC, SOLDÁVEL, DN 25MM, INSTALADO EM RAMAL DE DISTRIBUIÇÃO DE ÁGUA - FORNECIMENTO E INSTALAÇÃO. AF_06/2022","M",45,{"$f":"VLOOKUP(D905,'CPU (des)'!B:I,8,FALSE)","v":10.38},{"$f":"K5","v":0.20311109145345707},12.488293129286886,561.97319081790988,1.4267077647049036E-5,0.99737500193967166]
[null,"9.2.13","Composição Sinapi",89402,"TUBO, PVC, SOLDÁVEL, DN 25MM, INSTALADO EM RAMAL DE DISTRIBUIÇÃO DE ÁGUA - FORNECIMENTO E INSTALAÇÃO. AF_06/2022","M",45,{"$f":"VLOOKUP(D906,'CPU (des)'!B:I,8,FALSE)","v":10.38},{"$f":"K5","v":0.20311109145345707},12.488293129286886,{"$f":"J906*G906","v":561.97319081790988},1.4267077647049036E-5,0.99738926901731872]
[null,"10.1.9","Composição Sinapi",89402,"TUBO, PVC, SOLDÁVEL, DN 25MM, INSTALADO EM RAMAL DE DISTRIBUIÇÃO DE ÁGUA - FORNECIMENTO E INSTALAÇÃO. AF_06/2022","M",45,{"$f":"VLOOKUP(D907,'CPU (des)'!B:I,8,FALSE)","v":10.38},{"$f":"$K$5","v":0.20311109145345707},12.488293129286886,561.97319081790988,{"$f":"K907/$K$1467","v":1.4267077647049036E-5},0.99740353609496579]
[null,"3.3.8.3.8","Insumo Sinapi",39332,"CONDULETE EM PVC, TIPO \"C\", SEM TAMPA, DE 1\"","UN",34,{"$f":"VLOOKUP(D908,'Insumos SINAPI (des)'!A:E,5,FALSE)","v":13.55},{"$f":"$K$5","v":0.20311109145345707},16.302155289194346,554.27327983260773,1.4071596386203148E-5,{"$f":"L908+M907","v":0.99741760769135202}]
[null,"3.3.5.3","Composição Sinapi",102205,"PINTURA VERNIZ (INCOLOR) POLIURETÂNICO (RESINA ALQUÍDICA MODIFICADA) EM MADEIRA, 1 DEMÃO. AF_01/2021","M2",56.1,{"$f":"VLOOKUP(D909,'CPU (des)'!B:I,8,FALSE)","v":7.55},{"$f":"$K$4","v":0.30260494954802231},9.834667369087569,551.72483940581265,1.4006897930757173E-5,0.99743161458928276]
[null,"2.3.2.6","Composição Sinapi",94263,"GUIA (MEIO-FIO) CONCRETO, MOLDADA  IN LOCO  EM TRECHO RETO COM EXTRUSORA, 13 CM BASE X 22 CM ALTURA. AF_06/2016","M",12,{"$f":"VLOOKUP(D910,'CPU (des)'!B:I,8,FALSE)","v":35.26},0.30260494954802231,45.929850521063265,551.15820625275921,1.3992512548457638E-5,0.99744560710183117]
[null,"2.5.8.2","Composição Sinapi",94263,"GUIA (MEIO-FIO) CONCRETO, MOLDADA  IN LOCO  EM TRECHO RETO COM EXTRUSORA, 13 CM BASE X 22 CM ALTURA. AF_06/2016","M",12,{"$f":"VLOOKUP(D911,'CPU (des)'!B:I,8,FALSE)","v":35.26},0.30260494954802231,45.929850521063265,551.15820625275921,1.3992512548457638E-5,0.99745959961437958]
[null,"3.7.6.1","Composição Sinapi",91926,"CABO DE COBRE FLEXÍVEL ISOLADO, 2,5 MM², ANTI-CHAMA 450/750 V, PARA CIRCUITOS TERMINAIS - FORNECIMENTO E INSTALAÇÃO. AF_12/2015","M",90,{"$f":"VLOOKUP(D912,'CPU (des)'!B:I,8,FALSE)","v":4.7},0.30260494954802231,6.1222432628757053,551.00189365881351,1.3988544167133629E-5,0.9974735881585467]
[null,"3.8.6.1","Composição Sinapi",91926,"CABO DE COBRE FLEXÍVEL ISOLADO, 2,5 MM², ANTI-CHAMA 450/750 V, PARA CIRCUITOS TERMINAIS - FORNECIMENTO E INSTALAÇÃO. AF_12/2015","M",90,{"$f":"VLOOKUP(D913,'CPU (des)'!B:I,8,FALSE)","v":4.7},0.30260494954802231,6.1222432628757053,551.00189365881351,1.3988544167133629E-5,0.99748757670271382]
[null,"3.9.6.1","Composição Sinapi",91926,"CABO DE COBRE FLEXÍVEL ISOLADO, 2,5 MM², ANTI-CHAMA 450/750 V, PARA CIRCUITOS TERMINAIS - FORNECIMENTO E INSTALAÇÃO. AF_12/2015","M",90,{"$f":"VLOOKUP(D914,'CPU (des)'!B:I,8,FALSE)","v":4.7},0.30260494954802231,6.1222432628757053,551.00189365881351,1.3988544167133629E-5,0.99750156524688094]
[null,"3.7.3.6","Composição Sinapi",96547,"ARMAÇÃO DE BLOCO, VIGA BALDRAME OU SAPATA UTILIZANDO AÇO CA-50 DE 12,5 MM - MONTAGEM. AF_06/2017","KG",32.85,{"$f":"VLOOKUP(D915,'CPU (des)'!B:I,8,FALSE)","v":12.83},0.30260494954802231,16.712421502701126,549.00304636373198,1.3937798490952856E-5,0.99751550304537184]
[null,"3.8.4.9","Composição Sinapi",92770,"ARMAÇÃO DE LAJE DE ESTRUTURA CONVENCIONAL DE CONCRETO ARMADO UTILIZANDO AÇO CA-50 DE 8,0 MM - MONTAGEM. AF_06/2022","KG",28.4,{"$f":"VLOOKUP(D916,'CPU (des)'!B:I,8,FALSE)","v":14.72},0.30260494954802231,19.174344857346888,544.55139394865159,1.3824782297829501E-5,0.99752932782766968]
[null,"2.3.2.1","Composição Sinapi",100575,"REGULARIZAÇÃO DE SUPERFÍCIES COM MOTONIVELADORA. AF_11/2019","M2",3483.09,{"$f":"VLOOKUP(D917,'CPU (des)'!B:I,8,FALSE)","v":0.12},0.30260494954802231,{"$f":"H917*(1+I917)","v":0.15631259394576266},544.45083284654652,1.3822229305844389E-5,0.99754315005697547]
[null,"3.4.11.1","Composição Sinapi",88415,"APLICAÇÃO MANUAL DE FUNDO SELADOR ACRÍLICO EM PAREDES EXTERNAS DE CASAS. AF_06/2014","M2",178.35,{"$f":"VLOOKUP(D918,'CPU (des)'!B:I,8,FALSE)","v":2.3199999999999998},0.30260494954802231,3.0220434829514113,538.98145518438423,1.3683375643317293E-5,0.99755683343261881]
[null,"3.7.7.2","Composição Sinapi",88423,"APLICAÇÃO MANUAL DE PINTURA COM TINTA TEXTURIZADA ACRÍLICA EM PAREDES EXTERNAS DE CASAS, UMA COR. AF_06/2014","M2",32.4,{"$f":"VLOOKUP(D919,'CPU (des)'!B:I,8,FALSE)","v":12.64},0.30260494954802231,16.464926562287001,533.46362061809884,1.3543291782579757E-5,0.99757037672440141]
[null,"4.8.9","Composição Orse",8699,"Caixa de passagem em pvc tipo aquatic, 100x100x50mm","UN",10,{"$f":"VLOOKUP(D920,'CPU (des)'!B:I,8,FALSE)","v":40.950000000000003},0.30260494954802231,53.341672683991519,533.41672683991521,1.3542101268182557E-5,0.99758391882566955]
[null,"4.6.3","Composição Sinapi",91936,"CAIXA OCTOGONAL 4\" X 4\", PVC, INSTALADA EM LAJE - FORNECIMENTO E INSTALAÇÃO. AF_12/2015","UN",25,{"$f":"VLOOKUP(D921,'CPU (des)'!B:I,8,FALSE)","v":16.329999999999998},0.30260494954802231,21.271538826119201,531.78847065297998,1.3500763962724119E-5,0.99759741958963222]
[null,"3.3.7.62","Insumo Sinapi",3876,"LUVA PVC, ROSCAVEL, 1\", AGUA FRIA PREDIAL","UN",89,{"$f":"VLOOKUP(D922,'Insumos SINAPI (des)'!A:E,5,FALSE)","v":4.96},{"$f":"$K$5","v":0.20311109145345707},5.9674310136091471,531.10136021121411,1.3483319966845055E-5,0.99761090290959908]
[null,"8.5.10","Insumo Sinapi",3271,"FLANGE SEXTAVADO DE FERRO GALVANIZADO, COM ROSCA BSP, DE 4\"","UN",2,{"$f":"VLOOKUP(D923,'Insumos SINAPI (des)'!A:E,5,FALSE)","v":220.14},{"$f":"$K$5","v":0.20311109145345707},264.85287567256404,529.70575134512808,1.3447888988316738E-5,0.99762435079858736]
[null,"6.2.7","Composição Sinapi",100982,"CARGA, MANOBRA E DESCARGA DE ENTULHO EM CAMINHÃO BASCULANTE 10 M³ - CARGA COM ESCAVADEIRA HIDRÁULICA  (CAÇAMBA DE 0,80 M³ / 111 HP) E DESCARGA LIVRE (UNIDADE: M3). AF_07/2020","M3",49,{"$f":"VLOOKUP(D924,'CPU (des)'!B:I,8,FALSE)","v":8.2200000000000006},{"$f":"$K$4","v":0.30260494954802231},10.707412685284744,524.66322157895252,1.3319871914038022E-5,0.99763767067050135]
[null,"3.8.8.2","Composição Orse",9367,"Conjunto com 03 lixeiras em fibra de vidro, com capacidade 20l cada, com tampa vai e vem","UN",1,{"$f":"VLOOKUP(D925,'CPU (des)'!B:I,8,FALSE)","v":399.7},0.30260494954802231,520.65119833434449,520.65119833434449,1.3218016793388441E-5,0.99765088868729479]
[null,"4.3.2","Composição Sinapi",87878,"CHAPISCO APLICADO EM ALVENARIAS E ESTRUTURAS DE CONCRETO INTERNAS, COM COLHER DE PEDREIRO.  ARGAMASSA TRAÇO 1:3 COM PREPARO MANUAL. AF_10/2022","M2",91.6,{"$f":"VLOOKUP(D926,'CPU (des)'!B:I,8,FALSE)","v":4.34},0.30260494954802231,5.6533054810384167,517.84278206311899,1.3146718208933738E-5,0.99766403540550375]
[null,"3.3.3.1.4","Composição Sinapi",92760,"ARMAÇÃO DE PILAR OU VIGA DE UMA ESTRUTURA CONVENCIONAL DE CONCRETO ARMADO EM UM EDIFÍCIO DE MÚLTIPLOS PAVIMENTOS UTILIZANDO AÇO CA-50 DE 6,3 MM - MONTAGEM. AF_12/2015","KG",25.6,{"$f":"VLOOKUP(D927,'CPU (des)'!B:I,8,FALSE)","v":15.47},0.30260494954802231,20.151298569507905,515.87324337940242,1.3096716604251219E-5,0.99767713212210796]
[null,"3.9.4.2","Composição Sinapi",96621,"LASTRO COM MATERIAL GRANULAR, APLICAÇÃO EM BLOCOS DE COROAMENTO, ESPESSURA DE *5 CM*. AF_08/2017","M3",1,{"$f":"VLOOKUP(D928,'CPU (des)'!B:I,8,FALSE)","v":393.24},0.30260494954802231,512.23637036026435,512.23637036026435,1.3004385598779264E-5,0.99769013650770677]
[null,"3.3.8.1.4","Composição Sinapi",86878,"VÁLVULA EM METAL CROMADO TIPO AMERICANA 1\" PARA PIA - FORNECIMENTO E INSTALAÇÃO. AF_01/2020","UN",4,{"$f":"VLOOKUP(D929,'CPU (des)'!B:I,8,FALSE)","v":97.63},0.30260494954802231,127.17332122437341,508.69328489749364,1.2914435622101712E-5,0.9977030509433289]
[null,"3.4.9.3.4","Composição Sinapi",86878,"VÁLVULA EM METAL CROMADO TIPO AMERICANA 3.1/2\" X 1.1/2\" PARA PIA - FORNECIMENTO E INSTALAÇÃO. AF_01/2020","UN",4,{"$f":"VLOOKUP(D930,'CPU (des)'!B:I,8,FALSE)","v":97.63},0.30260494954802231,127.17332122437341,508.69328489749364,1.2914435622101712E-5,0.99771596537895102]
[null,"3.5.9.3.4","Composição Sinapi",86878,"VÁLVULA EM METAL CROMADO TIPO AMERICANA 3.1/2\" X 1.1/2\" PARA PIA - FORNECIMENTO E INSTALAÇÃO. AF_01/2020","UN",4,{"$f":"VLOOKUP(D931,'CPU (des)'!B:I,8,FALSE)","v":97.63},0.30260494954802231,127.17332122437341,508.69328489749364,1.2914435622101712E-5,0.99772887981457314]
[null,"4.7.34","Insumo Orse",5666,"Tê 90º pvc, je, bbb, PBA, d=   75mm","UN",8,{"$f":"VLOOKUP(D932,'Insumos ORSE (des)'!B:G,6,FALSE)","v":52.81},{"$f":"$K$5","v":0.20311109145345707},63.536296739657068,508.29037391725655,1.2904206731589115E-5,0.99774178402130476]
[null,"8.4.19","Insumo Sinapi",6299,"TE DE FERRO GALVANIZADO, DE 2 1/2\"","UN",3,{"$f":"VLOOKUP(D933,'Insumos SINAPI (des)'!A:E,5,FALSE)","v":140.62},{"$f":"$K$5","v":0.20311109145345707},169.18148168018513,507.54444504055539,1.2885269484444669E-5,0.99775466929078915]
[null,"3.7.4.4","Composição Sinapi",92763,"ARMAÇÃO DE PILAR OU VIGA DE ESTRUTURA CONVENCIONAL DE CONCRETO ARMADO UTILIZANDO AÇO CA-50 DE 12,5 MM - MONTAGEM. AF_06/2022","KG",32.85,{"$f":"VLOOKUP(D934,'CPU (des)'!B:I,8,FALSE)","v":11.71},{"$f":"$K$4","v":0.30260494954802231},15.253503959207343,501.07760505996123,1.2721092777011533E-5,0.99776739038356621]
[null,"3.9.7.2","Composição Sinapi",88423,"APLICAÇÃO MANUAL DE PINTURA COM TINTA TEXTURIZADA ACRÍLICA EM PAREDES EXTERNAS DE CASAS, UMA COR. AF_06/2014","M2",29.93,{"$f":"VLOOKUP(D935,'CPU (des)'!B:I,8,FALSE)","v":12.64},0.30260494954802231,16.464926562287001,492.79525200924996,1.2510824785574449E-5,0.9977799012083518]
[null,"3.3.8.1.6","Composição Sinapi",91936,"CAIXA OCTOGONAL 4\" X 4\", PVC, INSTALADA EM LAJE - FORNECIMENTO E INSTALAÇÃO. AF_12/2015","UN",23,{"$f":"VLOOKUP(D936,'CPU (des)'!B:I,8,FALSE)","v":16.329999999999998},0.30260494954802231,21.271538826119201,489.24539300074161,1.242070284570619E-5,0.99779232191119749]
[null,"3.4.7.8","Composição Orse",5027,"Caixa de passagem em alvenaria de tijolos maciços esp. = 0,12m,  dim. int. =  0.60 x 0.60 x 0.40m","UN",1,{"$f":"VLOOKUP(D937,'CPU (des)'!B:I,8,FALSE)","v":373.49},0.30260494954802231,486.50992260669085,486.50992260669085,1.2351256172536025E-5,0.99780467316736998]
[null,"3.5.7.8","Composição Orse",5027,"Caixa de passagem em alvenaria de tijolos maciços esp. = 0,12m,  dim. int. =  0.60 x 0.60 x 0.40m","UN",1,{"$f":"VLOOKUP(D938,'CPU (des)'!B:I,8,FALSE)","v":373.49},0.30260494954802231,486.50992260669085,486.50992260669085,1.2351256172536025E-5,0.99781702442354248]
[null,"3.7.6.12","Composição Orse",5027,"Caixa de passagem em alvenaria de tijolos maciços esp. = 0,12m,  dim. int. =  0.60 x 0.60 x 0.40m","UN",1,{"$f":"VLOOKUP(D939,'CPU (des)'!B:I,8,FALSE)","v":373.49},0.30260494954802231,486.50992260669085,486.50992260669085,1.2351256172536025E-5,0.99782937567971497]
[null,"3.8.6.12","Composição Orse",5027,"Caixa de passagem em alvenaria de tijolos maciços esp. = 0,12m,  dim. int. =  0.60 x 0.60 x 0.40m","UN",1,{"$f":"VLOOKUP(D940,'CPU (des)'!B:I,8,FALSE)","v":373.49},0.30260494954802231,486.50992260669085,486.50992260669085,1.2351256172536025E-5,0.99784172693588746]
[null,"3.9.6.12","Composição Orse",5027,"Caixa de passagem em alvenaria de tijolos maciços esp. = 0,12m,  dim. int. =  0.60 x 0.60 x 0.40m","UN",1,{"$f":"VLOOKUP(D941,'CPU (des)'!B:I,8,FALSE)","v":373.49},0.30260494954802231,486.50992260669085,486.50992260669085,1.2351256172536025E-5,0.99785407819205996]
[null,"4.6.18","Composição Orse",13149,"Dispositivo DR tetrapolar 100 A, tipo AC, 30MA","UN",1,{"$f":"VLOOKUP(D942,'CPU (des)'!B:I,8,FALSE)","v":364.39},0.30260494954802231,474.65621756580384,474.65621756580384,1.2050320588798635E-5,0.99786612851264878]
[null,"3.4.9.4.1","Composição Sinapi",98409,"ACRÉSCIMO PARA POÇO DE VISITA CIRCULAR PARA ESGOTO, EM CONCRETO PRÉ-MOLDADO, DIÂMETRO INTERNO = 0,8 M. AF_12/2020","M",1,{"$f":"VLOOKUP(D943,'CPU (des)'!B:I,8,FALSE)","v":364.06},0.30260494954802231,474.22635793245303,474.22635793245303,1.2039407540157609E-5,0.99787816792018891]
[null,"3.5.9.4.1","Composição Sinapi",98409,"ACRÉSCIMO PARA POÇO DE VISITA CIRCULAR PARA ESGOTO, EM CONCRETO PRÉ-MOLDADO, DIÂMETRO INTERNO = 0,8 M. AF_12/2020","M",1,{"$f":"VLOOKUP(D944,'CPU (des)'!B:I,8,FALSE)","v":364.06},0.30260494954802231,474.22635793245303,474.22635793245303,1.2039407540157609E-5,0.99789020732772904]
[null,"3.6.9.4.2","Composição Sinapi",98409,"ACRÉSCIMO PARA POÇO DE VISITA CIRCULAR PARA ESGOTO, EM CONCRETO PRÉ-MOLDADO, DIÂMETRO INTERNO = 0,8 M. AF_12/2020","M",1,{"$f":"VLOOKUP(D945,'CPU (des)'!B:I,8,FALSE)","v":364.06},0.30260494954802231,474.22635793245303,474.22635793245303,1.2039407540157609E-5,0.99790224673526917]
[null,"8.4.22","Insumo Orse",6462,"Tê 90º Vinilfort para coletor Esgotos, Junta Elástica Integrada, DN 150 x 150mm","UN",1,{"$f":"VLOOKUP(D946,'Insumos ORSE (des)'!B:G,6,FALSE)","v":391.97},{"$f":"$K$5","v":0.20311109145345707},471.5834545170116,471.5834545170116,1.1972310908400364E-5,0.99791421904617761]
[null,"3.3.9.2.4","Composição Sinapi",86882,"SIFÃO DO TIPO GARRAFA/COPO EM PVC 1.1/4  X 1.1/2\" - FORNECIMENTO E INSTALAÇÃO. AF_01/2020","UN",16,{"$f":"VLOOKUP(D947,'CPU (des)'!B:I,8,FALSE)","v":22.54},{"$f":"$K$4","v":0.30260494954802231},29.360715562812423,469.77144900499877,1.1926308672423338E-5,0.99792614535485002]
[null,"3.6.9.2.10","Composição Sinapi",89440,"TE, PVC, SOLDÁVEL, DN 25MM, INSTALADO EM RAMAL DE DISTRIBUIÇÃO DE ÁGUA - FORNECIMENTO E INSTALAÇÃO. AF_06/2022","UN",38,{"$f":"VLOOKUP(D948,'CPU (des)'!B:I,8,FALSE)","v":9.4},{"$f":"$K$4","v":0.30260494954802231},12.244486525751411,465.29048797855359,1.1812548407801731E-5,0.99793795790325779]
[null,"3.3.8.3.36","Composição Sinapi",91837,"ELETRODUTO FLEXÍVEL CORRUGADO REFORÇADO, PVC, DN 32 MM (1\"), PARA CIRCUITOS TERMINAIS, INSTALADO EM FORRO - FORNECIMENTO E INSTALAÇÃO. AF_12/2015","M",20.8,{"$f":"VLOOKUP(D949,'CPU (des)'!B:I,8,FALSE)","v":17.13},{"$f":"$K$4","v":0.30260494954802231},22.313622785757619,464.1233539437585,1.1782917827249124E-5,0.99794974082108501]
[null,"3.3.8.3.4","Insumo Sinapi",6323,"TE DE FERRO GALVANIZADO, DE 1\"","UN",16,{"$f":"VLOOKUP(D950,'Insumos SINAPI (des)'!A:E,5,FALSE)","v":24.11},{"$f":"$K$5","v":0.20311109145345707},29.007008414942849,464.11213463908558,1.1782632997485838E-5,0.99796152345408251]
[null,"3.3.7.4","Insumo Sinapi",34688,"DISJUNTOR TIPO DIN/IEC, MONOPOLAR DE 63 A","UN",22,{"$f":"VLOOKUP(D951,'Insumos SINAPI (des)'!A:E,5,FALSE)","v":17.489999999999998},{"$f":"$K$5","v":0.20311109145345707},21.042412989520962,462.93308576946117,1.1752699929418811E-5,0.99797327615401188]
[null,"3.3.8.1.14","Insumo Sinapi",4329,"PARAFUSO EM ACO GALVANIZADO, TIPO MAQUINA, SEXTAVADO, SEM PORCA, DIAMETRO 1/2\", COMPRIMENTO 2\"","UN",184,{"$f":"VLOOKUP(D952,'Insumos SINAPI (des)'!A:E,5,FALSE)","v":2.09},{"$f":"$K$5","v":0.20311109145345707},2.5145021811377251,462.66840132934141,1.1745980261077233E-5,0.99798502213427298]
[null,"3.3.7.84","Insumo Sinapi",11962,"PARAFUSO ZINCADO, SEXTAVADO, COM ROSCA INTEIRA, DIAMETRO 1/4\", COMPRIMENTO 1/2\"","UN",1825,{"$f":"VLOOKUP(D953,'Insumos SINAPI (des)'!A:E,5,FALSE)","v":0.21},{"$f":"$K$5","v":0.20311109145345707},0.25265332920522598,461.09232579953743,1.1705967690497842E-5,0.99799672810196349]
[null,"4.7.17","Composição Orse",810,"Ventilador de teto conjugado c/lâmpada compacta","UN",2,{"$f":"VLOOKUP(D954,'CPU (des)'!B:I,8,FALSE)","v":176.32},{"$f":"$K$4","v":0.30260494954802231},229.67530470430728,459.35060940861456,1.1661749917489368E-5,0.99800838985188101]
[null,"3.3.7.6","Insumo Orse",3705,"Disjuntor tripolar 175 A, padrão DIN (  linha branca ), corrente de interrupção 22KA, ref.: Siemens QLH3 ou similar.","UN",1,{"$f":"VLOOKUP(D955,'Insumos ORSE (des)'!B:G,6,FALSE)","v":380},{"$f":"$K$5","v":0.20311109145345707},457.18221475231371,457.18221475231371,1.160669986272454E-5,0.99801999655174378]
[null,"3.3.8.3.10","Insumo Sinapi",39211,"ARRUELA EM ALUMINIO, COM ROSCA, DE  1 1/4\", PARA ELETRODUTO","UN",226,{"$f":"VLOOKUP(D956,'Insumos SINAPI (des)'!A:E,5,FALSE)","v":1.68},{"$f":"$K$5","v":0.20311109145345707},2.0212266336418079,456.7972192030486,1.1596925799682246E-5,0.99803159347754344]
[null,"4.6.32","Insumo Orse",13369,"Caixa metálica com tomada 10A 250V para perfilado e fixação","UN",64,{"$f":"VLOOKUP(D957,'Insumos ORSE (des)'!B:G,6,FALSE)","v":5.9},{"$f":"$K$5","v":0.20311109145345707},7.0983554395753972,454.29474813282542,1.1533394389907333E-5,0.99804312687193331]
[null,"3.4.3.1","Composição Sinapi",96523,"ESCAVAÇÃO MANUAL PARA BLOCO DE COROAMENTO OU SAPATA (INCLUINDO ESCAVAÇÃO PARA COLOCAÇÃO DE FÔRMAS). AF_06/2017","M3",4.8499999999999996,{"$f":"VLOOKUP(D958,'CPU (des)'!B:I,8,FALSE)","v":71.430000000000007},{"$f":"$K$4","v":0.30260494954802231},93.04507154621524,451.26859699914388,1.1456568068115891E-5,0.99805458344000142]
[null,"3.5.3.1","Composição Sinapi",96523,"ESCAVAÇÃO MANUAL PARA BLOCO DE COROAMENTO OU SAPATA (INCLUINDO ESCAVAÇÃO PARA COLOCAÇÃO DE FÔRMAS). AF_06/2017","M3",4.8499999999999996,{"$f":"VLOOKUP(D959,'CPU (des)'!B:I,8,FALSE)","v":71.430000000000007},{"$f":"$K$4","v":0.30260494954802231},93.04507154621524,451.26859699914388,1.1456568068115891E-5,0.99806604000806953]
[null,"3.4.8.6","Composição Orse",11418,"Tomada para lógica, rj45, com placa","UN",10,{"$f":"VLOOKUP(D960,'CPU (des)'!B:I,8,FALSE)","v":34.39},{"$f":"$K$4","v":0.30260494954802231},44.796584214956489,447.96584214956488,1.1372719477724006E-5,0.99807741272754724]
[null,"3.5.8.6","Composição Orse",11418,"Tomada para lógica, rj45, com placa","UN",10,{"$f":"VLOOKUP(D961,'CPU (des)'!B:I,8,FALSE)","v":34.39},{"$f":"$K$4","v":0.30260494954802231},44.796584214956489,447.96584214956488,1.1372719477724006E-5,0.99808878544702495]
[null,"3.6.8.2.6","Composição Orse",11418,"Tomada para lógica, rj45, com placa","UN",10,{"$f":"VLOOKUP(D962,'CPU (des)'!B:I,8,FALSE)","v":34.39},{"$f":"$K$4","v":0.30260494954802231},44.796584214956489,447.96584214956488,1.1372719477724006E-5,0.99810015816650266]
[null,"3.3.8.1.3","Insumo Sinapi",3264,"FLANGE SEXTAVADO DE FERRO GALVANIZADO, COM ROSCA BSP, DE 1\"","UN",11,{"$f":"VLOOKUP(D963,'Insumos SINAPI (des)'!A:E,5,FALSE)","v":33.72},{"$f":"$K$5","v":0.20311109145345707},40.568906003810568,446.25796604191623,1.1329360823899437E-5,0.99811148752732659]
[null,"3.2.1.5","Composição Sinapi",95636,"KIT CAVALETE PARA MEDIÇÃO DE ÁGUA - ENTRADA PRINCIPAL, EM AÇO GALVANIZADO DN 25 (1 )   FORNECIMENTO E INSTALAÇÃO (EXCLUSIVE HIDRÔMETRO). AF_11/2016","UN",1,{"$f":"VLOOKUP(D964,'CPU (des)'!B:I,8,FALSE)","v":341.02},{"$f":"$K$4","v":0.30260494954802231},444.21433989486655,444.21433989486655,1.1277478325947777E-5,0.99812276500565256]
[null,"3.3.1.5","Composição Sinapi",95636,"KIT CAVALETE PARA MEDIÇÃO DE ÁGUA - ENTRADA PRINCIPAL, EM AÇO GALVANIZADO DN 25 (1 )   FORNECIMENTO E INSTALAÇÃO (EXCLUSIVE HIDRÔMETRO). AF_11/2016","UN",1,{"$f":"VLOOKUP(D965,'CPU (des)'!B:I,8,FALSE)","v":341.02},0.30260494954802231,444.21433989486655,444.21433989486655,1.1277478325947777E-5,0.99813404248397852]
[null,"3.1.3.9","Composição Sinapi",95636,"KIT CAVALETE PARA MEDIÇÃO DE ÁGUA - ENTRADA PRINCIPAL, EM AÇO GALVANIZADO DN 25 (1 )   FORNECIMENTO E INSTALAÇÃO (EXCLUSIVE HIDRÔMETRO). AF_11/2016","UN",1,{"$f":"VLOOKUP(D966,'CPU (des)'!B:I,8,FALSE)","v":341.02},0.30260494954802231,444.21433989486655,444.21433989486655,1.1277478325947777E-5,0.99814531996230449]
[null,"9.2.7","Composição Sinapi",95636,"KIT CAVALETE PARA MEDIÇÃO DE ÁGUA - ENTRADA PRINCIPAL, EM AÇO GALVANIZADO DN 25 (1 )   FORNECIMENTO E INSTALAÇÃO (EXCLUSIVE HIDRÔMETRO). AF_11/2016","UN",1,{"$f":"VLOOKUP(D967,'CPU (des)'!B:I,8,FALSE)","v":341.02},0.30260494954802231,444.21433989486655,444.21433989486655,1.1277478325947777E-5,0.99815659744063046]
[null,"10.1.11","Composição Sinapi",95636,"KIT CAVALETE PARA MEDIÇÃO DE ÁGUA - ENTRADA PRINCIPAL, EM AÇO GALVANIZADO DN 25 (1 )   FORNECIMENTO E INSTALAÇÃO (EXCLUSIVE HIDRÔMETRO). AF_11/2016","UN",1,{"$f":"VLOOKUP(D968,'CPU (des)'!B:I,8,FALSE)","v":341.02},0.30260494954802231,444.21433989486655,444.21433989486655,1.1277478325947777E-5,0.99816787491895642]
[null,"3.5.11.1","Composição Sinapi",88415,"APLICAÇÃO MANUAL DE FUNDO SELADOR ACRÍLICO EM PAREDES EXTERNAS DE CASAS. AF_06/2014","M2",143.22999999999999,{"$f":"VLOOKUP(D969,'CPU (des)'!B:I,8,FALSE)","v":2.3199999999999998},0.30260494954802231,3.0220434829514113,432.84728806313063,1.0988897636065801E-5,0.99817886381659249]
[null,"3.3.10.4","Insumo Sinapi",37557,"PLACA DE SINALIZACAO DE SEGURANCA CONTRA INCENDIO, FOTOLUMINESCENTE, QUADRADA, *14 X 14* CM, EM PVC *2* MM ANTI-CHAMAS (SIMBOLOS, CORES E PICTOGRAMAS CONFORME NBR 16820)","UN",15,{"$f":"VLOOKUP(D970,'Insumos SINAPI (des)'!A:E,5,FALSE)","v":23.91},{"$f":"$K$5","v":0.20311109145345707},28.76638619665216,{"$f":"J970*G970","v":431.49579294978241},1.0954586594121464E-5,0.99818981840318666]
[null,"3.2.1.3","Composição Sinapi",98529,"CORTE RASO E RECORTE DE ÁRVORE COM DIÂMETRO DE TRONCO MAIOR OU IGUAL A 0,20 M E MENOR QUE 0,40 M.AF_05/2018","UN",7,{"$f":"VLOOKUP(D971,'CPU (des)'!B:I,8,FALSE)","v":47.25},{"$f":"$K$4","v":0.30260494954802231},61.548083866144054,430.83658706300838,{"$f":"K971/$K$1467","v":1.0937851024301294E-5},0.99820075625421101]
[null,"3.3.1.3","Composição Sinapi",98529,"CORTE RASO E RECORTE DE ÁRVORE COM DIÂMETRO DE TRONCO MAIOR OU IGUAL A 0,20 M E MENOR QUE 0,40 M.AF_05/2018","UN",7,{"$f":"VLOOKUP(D972,'CPU (des)'!B:I,8,FALSE)","v":47.25},0.30260494954802231,61.548083866144054,430.83658706300838,1.0937851024301294E-5,{"$f":"L972+M971","v":0.99821169410523536}]
[null,"3.4.7.2","Composição Sinapi",91936,"CAIXA OCTOGONAL 4\" X 4\", PVC, INSTALADA EM LAJE - FORNECIMENTO E INSTALAÇÃO. AF_12/2015","UN",20,{"$f":"VLOOKUP(D973,'CPU (des)'!B:I,8,FALSE)","v":16.329999999999998},0.30260494954802231,21.271538826119201,425.43077652238401,1.0800611170179295E-5,0.99822249471640556]
[null,"3.5.7.2","Composição Sinapi",91936,"CAIXA OCTOGONAL 4\" X 4\", PVC, INSTALADA EM LAJE - FORNECIMENTO E INSTALAÇÃO. AF_12/2015","UN",20,{"$f":"VLOOKUP(D974,'CPU (des)'!B:I,8,FALSE)","v":16.329999999999998},0.30260494954802231,21.271538826119201,425.43077652238401,1.0800611170179295E-5,0.99823329532757576]
[null,"3.3.8.1.29","Composição Sinapi",101894,"DISJUNTOR TRIPOLAR TIPO NEMA, CORRENTE NOMINAL DE 60 ATÉ 100A - FORNECIMENTO E INSTALAÇÃO. AF_10/2020","UN",2,{"$f":"VLOOKUP(D975,'CPU (des)'!B:I,8,FALSE)","v":163.24},0.30260494954802231,212.63723196421918,425.27446392843837,1.079664278885529E-5,0.99824409197036457]
[null,"3.3.8.2.25","Composição Sinapi",101894,"DISJUNTOR TRIPOLAR TIPO NEMA, CORRENTE NOMINAL DE 60 ATÉ 100A - FORNECIMENTO E INSTALAÇÃO. AF_10/2020","UN",2,{"$f":"VLOOKUP(D976,'CPU (des)'!B:I,8,FALSE)","v":163.24},0.30260494954802231,212.63723196421918,425.27446392843837,1.079664278885529E-5,0.99825488861315337]
[null,"3.3.8.3.28","Composição Sinapi",101894,"DISJUNTOR TRIPOLAR TIPO NEMA, CORRENTE NOMINAL DE 60 ATÉ 100A - FORNECIMENTO E INSTALAÇÃO. AF_10/2020","UN",2,{"$f":"VLOOKUP(D977,'CPU (des)'!B:I,8,FALSE)","v":163.24},0.30260494954802231,212.63723196421918,425.27446392843837,1.079664278885529E-5,0.99826568525594217]
[null,"8.4.20","Insumo Sinapi",6300,"TE DE FERRO GALVANIZADO, DE 4\"","UN",1,{"$f":"VLOOKUP(D978,'Insumos SINAPI (des)'!A:E,5,FALSE)","v":347.23},{"$f":"$K$5","v":0.20311109145345707},417.75626428538391,417.75626428538391,1.0605774719299584E-5,0.99827629103066151]
[null,"3.3.8.3.2","Composição Sinapi",97599,"LUMINÁRIA DE EMERGÊNCIA, COM 30 LÂMPADAS LED DE 2 W, SEM REATOR - FORNECIMENTO E INSTALAÇÃO. AF_02/2020","UN",12,{"$f":"VLOOKUP(D979,'CPU (des)'!B:I,8,FALSE)","v":26.65},{"$f":"$K$4","v":0.30260494954802231},34.714421905454792,416.57306286545747,1.0575736228485423E-5,0.99828686676689005]
[null,"8.4.3","Composição Sinapi",97436,"CURVA 90 GRAUS, EM AÇO, CONEXÃO RANHURADA, DN 65 (2 1/2\"), INSTALADO EM PRUMADAS - FORNECIMENTO E INSTALAÇÃO. AF_10/2020","UN",3,{"$f":"VLOOKUP(D980,'CPU (des)'!B:I,8,FALSE)","v":106.55},{"$f":"$K$4","v":0.30260494954802231},138.79255737434178,416.37767212302538,1.0570775751830414E-5,0.99829743754264189]
[null,"3.4.6.2","Composição Sinapi",87879,"CHAPISCO APLICADO EM ALVENARIAS E ESTRUTURAS DE CONCRETO INTERNAS, COM COLHER DE PEDREIRO.  ARGAMASSA TRAÇO 1:3 COM PREPARO EM BETONEIRA 400L. AF_10/2022","M2",79.98,{"$f":"VLOOKUP(D981,'CPU (des)'!B:I,8,FALSE)","v":3.98},{"$f":"$K$4","v":0.30260494954802231},{"$f":"H981*(1+I981)","v":5.1843676992011289},414.6457285821063,1.0526806086760387E-5,0.99830796434872859]
[null,"3.3.9.2.15","Composição Sinapi",89778,"LUVA SIMPLES, PVC, SERIE NORMAL, ESGOTO PREDIAL, DN 100 MM, JUNTA ELÁSTICA, FORNECIDO E INSTALADO EM RAMAL DE DESCARGA OU RAMAL DE ESGOTO SANITÁRIO. AF_08/2022","UN",20,{"$f":"VLOOKUP(D982,'CPU (des)'!B:I,8,FALSE)","v":15.86},{"$f":"$K$4","v":0.30260494954802231},20.659314499831634,413.18628999663269,1.0489754633131885E-5,0.99831845410336173]
[null,"4.6.27","Composição Sinapi",91854,"ELETRODUTO FLEXÍVEL CORRUGADO, PVC, DN 25 MM (3/4\"), PARA CIRCUITOS TERMINAIS, INSTALADO EM PAREDE - FORNECIMENTO E INSTALAÇÃO. AF_12/2015","M",36.5,{"$f":"VLOOKUP(D983,'CPU (des)'!B:I,8,FALSE)","v":8.69},{"$f":"$K$4","v":0.30260494954802231},11.319637011572313,413.16675092238944,1.0489258585466383E-5,0.99832894336194722]
[null,"4.6.6","Insumo Sinapi",4346,"PARAFUSO DE FERRO POLIDO, SEXTAVADO, COM ROSCA PARCIAL, DIAMETRO 5/8\", COMPRIMENTO 6\", COM PORCA E ARRUELA DE PRESSAO MEDIA","UN",35,{"$f":"VLOOKUP(D984,'Insumos SINAPI (des)'!A:E,5,FALSE)","v":9.7899999999999991},{"$f":"$K$5","v":0.20311109145345707},11.778457585329344,412.24601548652703,1.0465883442006745E-5,0.99833940924538922]
[null,"3.6.9.3.2","Composição Sinapi",104329,"CAIXA SIFONADA, COM GRELHA REDONDA, PVC, DN 150 X 150 X 50 MM, JUNTA SOLDÁVEL, FORNECIDA E INSTALADA EM RAMAL DE DESCARGA OU EM RAMAL DE ESGOTO SANITÁRIO. AF_08/2022","UN",4,{"$f":"VLOOKUP(D985,'CPU (des)'!B:I,8,FALSE)","v":79.08},{"$f":"$K$4","v":0.30260494954802231},103.00999941025761,412.03999764103042,1.0460653170089147E-5,0.99834986989855934]
[null,"3.4.7.1","Composição Sinapi",91940,"CAIXA RETANGULAR 4\" X 2\" MÉDIA (1,30 M DO PISO), PVC, INSTALADA EM PAREDE - FORNECIMENTO E INSTALAÇÃO. AF_12/2015","UN",20,{"$f":"VLOOKUP(D986,'CPU (des)'!B:I,8,FALSE)","v":15.79},{"$f":"$K$4","v":0.30260494954802231},20.568132153363273,411.36264306726548,1.0443456851018439E-5,0.99836031335541031]
[null,"3.5.7.1","Composição Sinapi",91940,"CAIXA RETANGULAR 4\" X 2\" MÉDIA (1,30 M DO PISO), PVC, INSTALADA EM PAREDE - FORNECIMENTO E INSTALAÇÃO. AF_12/2015","UN",20,{"$f":"VLOOKUP(D987,'CPU (des)'!B:I,8,FALSE)","v":15.79},{"$f":"$K$4","v":0.30260494954802231},20.568132153363273,411.36264306726548,1.0443456851018439E-5,0.99837075681226128]
[null,"3.3.8.2.9","Insumo Sinapi",39211,"ARRUELA EM ALUMINIO, COM ROSCA, DE  1 1/4\", PARA ELETRODUTO","UN",203,{"$f":"VLOOKUP(D988,'Insumos SINAPI (des)'!A:E,5,FALSE)","v":1.68},{"$f":"$K$5","v":0.20311109145345707},2.0212266336418079,410.30900662928701,1.0416707687325202E-5,0.99838117351994859]
[null,"3.4.9.3.8","Composição Sinapi",89713,"TUBO PVC, SERIE NORMAL, ESGOTO PREDIAL, DN 75 MM, FORNECIDO E INSTALADO EM RAMAL DE DESCARGA OU RAMAL DE ESGOTO SANITÁRIO. AF_08/2022","M",10.45,{"$f":"VLOOKUP(D989,'CPU (des)'!B:I,8,FALSE)","v":29.72},{"$f":"$K$4","v":0.30260494954802231},38.713419100567222,404.55522960092742,1.0270633844357822E-5,0.998391444153793]
[null,"3.5.9.3.8","Composição Sinapi",89713,"TUBO PVC, SERIE NORMAL, ESGOTO PREDIAL, DN 75 MM, FORNECIDO E INSTALADO EM RAMAL DE DESCARGA OU RAMAL DE ESGOTO SANITÁRIO. AF_08/2022","M",10.45,{"$f":"VLOOKUP(D990,'CPU (des)'!B:I,8,FALSE)","v":29.72},{"$f":"$K$4","v":0.30260494954802231},38.713419100567222,404.55522960092742,1.0270633844357822E-5,0.9984017147876374]
[null,"4.6.12","Insumo Sinapi",39997,"PORCA ZINCADA, SEXTAVADA, DIAMETRO 1/4\"","UN",1154,{"$f":"VLOOKUP(D991,'Insumos SINAPI (des)'!A:E,5,FALSE)","v":0.28999999999999998},{"$f":"$K$5","v":0.20311109145345707},0.34890221652150255,402.63315786581393,1.0221837305419459E-5,0.99841193662494276]
[null,"7.3.9","Composição Sinapi",101885,"CABO DE COBRE ISOLADO, 10 MM², ANTI-CHAMA 0,6/1 KV, INSTALADO EM ELETROCALHA OU PERFILADO - FORNECIMENTO E INSTALAÇÃO. AF_10/2020","M",25,{"$f":"VLOOKUP(D992,'CPU (des)'!B:I,8,FALSE)","v":12.36},{"$f":"$K$4","v":0.30260494954802231},16.100197176413555,402.50492941033889,1.0218581909324565E-5,0.99842215520685207]
[null,"4.8.7","Composição Orse",11414,"Parafuso fenda em aço inox 1/4\" X 3/4\" - fornecimento e colocação","UN",250,{"$f":"VLOOKUP(D993,'CPU (des)'!B:I,8,FALSE)","v":1.23},{"$f":"$K$4","v":0.30260494954802231},1.6022040879440673,400.55102198601685,1.0168977142774446E-5,0.99843232418399486]
[null,"3.3.7.67","Insumo Orse",8347,"Arruela lisa zincada ø 1/4\"","UN",6647,{"$f":"VLOOKUP(D994,'Insumos ORSE (des)'!B:G,6,FALSE)","v":0.05},{"$f":"$K$5","v":0.20311109145345707},6.0155554572672854E-2,399.85397124455648,1.0151280787832897E-5,0.99844247546478271]
[null,"3.4.8.8","Composição Sinapi",91836,"ELETRODUTO FLEXÍVEL CORRUGADO, PVC, DN 32 MM (1\"), PARA CIRCUITOS TERMINAIS, INSTALADO EM FORRO - FORNECIMENTO E INSTALAÇÃO. AF_12/2015","M",23,{"$f":"VLOOKUP(D995,'CPU (des)'!B:I,8,FALSE)","v":13.24},{"$f":"$K$4","v":0.30260494954802231},17.246489532015815,396.66925923636376,1.0070429006561543E-5,0.99845254589378929]
[null,"3.5.8.8","Composição Sinapi",91836,"ELETRODUTO FLEXÍVEL CORRUGADO, PVC, DN 32 MM (1\"), PARA CIRCUITOS TERMINAIS, INSTALADO EM FORRO - FORNECIMENTO E INSTALAÇÃO. AF_12/2015","M",23,{"$f":"VLOOKUP(D996,'CPU (des)'!B:I,8,FALSE)","v":13.24},{"$f":"$K$4","v":0.30260494954802231},17.246489532015815,396.66925923636376,1.0070429006561543E-5,0.99846261632279587]
[null,"3.6.8.2.8","Composição Sinapi",91836,"ELETRODUTO FLEXÍVEL CORRUGADO, PVC, DN 32 MM (1\"), PARA CIRCUITOS TERMINAIS, INSTALADO EM FORRO - FORNECIMENTO E INSTALAÇÃO. AF_12/2015","M",23,{"$f":"VLOOKUP(D997,'CPU (des)'!B:I,8,FALSE)","v":13.24},{"$f":"$K$4","v":0.30260494954802231},17.246489532015815,396.66925923636376,1.0070429006561543E-5,0.99847268675180245]
[null,"3.3.8.1.10","Insumo Sinapi",39211,"ARRUELA EM ALUMINIO, COM ROSCA, DE  1 1/4\", PARA ELETRODUTO","UN",196,{"$f":"VLOOKUP(D998,'Insumos SINAPI (des)'!A:E,5,FALSE)","v":1.68},{"$f":"$K$5","v":0.20311109145345707},2.0212266336418079,396.16042019379432,1.0057510870520885E-5,0.99848274426267303]
[null,"3.6.3.1","Composição Sinapi",96523,"ESCAVAÇÃO MANUAL PARA BLOCO DE COROAMENTO OU SAPATA (INCLUINDO ESCAVAÇÃO PARA COLOCAÇÃO DE FÔRMAS). AF_06/2017","M3",4.2300000000000004,{"$f":"VLOOKUP(D999,'CPU (des)'!B:I,8,FALSE)","v":71.430000000000007},{"$f":"$K$4","v":0.30260494954802231},93.04507154621524,393.58065264049048,9.9920170985835525E-6,0.99849273627977164]
[null,"3.5.2.4","Composição Sinapi",96545,"ARMAÇÃO DE BLOCO, VIGA BALDRAME OU SAPATA UTILIZANDO AÇO CA-50 DE 8 MM - MONTAGEM. AF_06/2017","KG",17.5,{"$f":"VLOOKUP(D1000,'CPU (des)'!B:I,8,FALSE)","v":16.72},{"$f":"$K$4","v":0.30260494954802231},21.779554756442931,381.14220823775128,9.6762364617099269E-6,0.9985024125162334]
[null,"3.3.8.2.35","Insumo Sinapi",39128,"ABRACADEIRA EM ACO PARA AMARRACAO DE ELETRODUTOS, TIPO D, COM 3/4\" E CUNHA DE FIXACAO","UN",109,{"$f":"VLOOKUP(D1001,'Insumos SINAPI (des)'!A:E,5,FALSE)","v":2.88},{"$f":"$K$5","v":0.20311109145345707},3.4649599433859564,377.68063382906922,9.5883558444907555E-6,0.99851200087207792]
[null,"4.4.6","Composição Sinapi",86942,"LAVATÓRIO LOUÇA BRANCA SUSPENSO, 29,5 X 39CM OU EQUIVALENTE, PADRÃO POPULAR, INCLUSO SIFÃO TIPO GARRAFA EM PVC, VÁLVULA E ENGATE FLEXÍVEL 30CM EM PLÁSTICO E TORNEIRA CROMADA DE MESA, PADRÃO POPULAR - FORNECIMENTO E INSTALAÇÃO. AF_01/2020","UN",1,{"$f":"VLOOKUP(D1002,'CPU (des)'!B:I,8,FALSE)","v":289.29000000000002},{"$f":"$K$4","v":0.30260494954802231},376.83058585474743,376.83058585474743,9.5667752768559998E-6,0.99852156764735478]
[null,"3.6.9.2.5","Insumo Sinapi",11683,"ENGATE / RABICHO FLEXIVEL INOX 1/2 \" X 30 CM","UN",5,{"$f":"VLOOKUP(D1003,'Insumos SINAPI (des)'!A:E,5,FALSE)","v":62.54},{"$f":"$K$5","v":0.20311109145345707},75.242567659499201,376.21283829749598,9.551092229142008E-6,0.99853111873958389]
[null,"3.3.7.90","Insumo Orse",11348,"Abraçadeira tipo U, d=1\",  p/ eletrodutos","UN",436,{"$f":"VLOOKUP(D1004,'Insumos ORSE (des)'!B:G,6,FALSE)","v":0.7},0.20311109145345707,0.84217776401741995,367.18950511159511,9.3220126265882361E-6,0.99854044075221049]
[null,"3.3.8.1.15","Insumo Sinapi",4723,"PEDRA BRITADA N. 4 (50 A 76 MM) POSTO PEDREIRA/FORNECEDOR, SEM FRETE","M3",1.2,{"$f":"VLOOKUP(D1005,'Insumos SINAPI (des)'!A:E,5,FALSE)","v":251.51},0.20311109145345707,302.59447061145897,363.11336473375076,9.2185297341279439E-6,0.99854965928194461]
[null,"3.3.8.1.8","Insumo Sinapi",39332,"CONDULETE EM PVC, TIPO \"C\", SEM TAMPA, DE 1\"","UN",22,{"$f":"VLOOKUP(D1006,'Insumos SINAPI (des)'!A:E,5,FALSE)","v":13.55},0.20311109145345707,16.302155289194346,358.64741636227564,9.1051506028373317E-6,0.99855876443254743]
[null,"3.3.8.4.6","Insumo Sinapi",39332,"CONDULETE EM PVC, TIPO \"C\", SEM TAMPA, DE 1\"","UN",22,{"$f":"VLOOKUP(D1007,'Insumos SINAPI (des)'!A:E,5,FALSE)","v":13.55},0.20311109145345707,16.302155289194346,358.64741636227564,9.1051506028373317E-6,0.99856786958315025]
[null,"4.7.35","Insumo Orse",9704,"Tala plana perfurada 100mm","UN",148,{"$f":"VLOOKUP(D1008,'CPU (des)'!B:I,8,FALSE)","v":2},0.20311109145345707,2.4062221829069141,356.12088307022327,9.0410083141222724E-6,0.99857691059146436]
[null,"3.3.10.5","Insumo Sinapi",38774,"LUMINARIA DE EMERGENCIA 30 LEDS, POTENCIA 2 W, BATERIA DE LITIO, AUTONOMIA DE 6 HORAS","UN",14,{"$f":"VLOOKUP(D1009,'Insumos SINAPI (des)'!A:E,5,FALSE)","v":21.08},0.20311109145345707,25.361581807838874,355.06214530974421,9.0141296407559623E-6,0.99858592472110508]
[null,"3.3.8.1.30","Composição Sinapi",91843,"ELETRODUTO FLEXÍVEL CORRUGADO REFORÇADO, PVC, DN 20 MM (1/2\"), PARA CIRCUITOS TERMINAIS, INSTALADO EM LAJE - FORNECIMENTO E INSTALAÇÃO. AF_12/2015","M",43.4,{"$f":"VLOOKUP(D1010,'CPU (des)'!B:I,8,FALSE)","v":6.24},{"$f":"$K$4","v":0.30260494954802231},8.1282548851796594,352.76626201679721,8.9558429720247303E-6,0.99859488056407708]
[null,"3.3.7.42","Insumo Sinapi",11855,"CONECTOR METALICO TIPO PARAFUSO FENDIDO (SPLIT BOLT), PARA CABOS ATE 70 MM2","UN",10,{"$f":"VLOOKUP(D1011,'Insumos SINAPI (des)'!A:E,5,FALSE)","v":29.19},{"$f":"$K$5","v":0.20311109145345707},35.118812759526413,351.18812759526412,8.9157781313928774E-6,0.99860379634220853]
[null,"8.4.7","Insumo Sinapi",1858,"CURVA LONGA PVC, PB, JE, 45 GRAUS, DN 100 MM, PARA REDE COLETORA ESGOTO","UN",5,{"$f":"VLOOKUP(D1012,'Insumos SINAPI (des)'!A:E,5,FALSE)","v":58.36},{"$f":"$K$5","v":0.20311109145345707},70.213563297223757,351.06781648611877,8.9127237366921605E-6,0.99861270906594524]
[null,"3.4.3.5","Composição Sinapi",96546,"ARMAÇÃO DE BLOCO, VIGA BALDRAME OU SAPATA UTILIZANDO AÇO CA-50 DE 10 MM - MONTAGEM. AF_06/2017","KG",17.75,{"$f":"VLOOKUP(D1013,'CPU (des)'!B:I,8,FALSE)","v":15.11},{"$f":"$K$4","v":0.30260494954802231},19.682360787670618,349.36190398115349,8.8694149337722399E-6,0.99862157848087896]
[null,"3.5.3.5","Composição Sinapi",96546,"ARMAÇÃO DE BLOCO, VIGA BALDRAME OU SAPATA UTILIZANDO AÇO CA-50 DE 10 MM - MONTAGEM. AF_06/2017","KG",17.75,{"$f":"VLOOKUP(D1014,'CPU (des)'!B:I,8,FALSE)","v":15.11},0.30260494954802231,19.682360787670618,349.36190398115349,8.8694149337722399E-6,0.99863044789581268]
[null,"3.9.4.5","Composição Sinapi",96546,"ARMAÇÃO DE BLOCO, VIGA BALDRAME OU SAPATA UTILIZANDO AÇO CA-50 DE 10 MM - MONTAGEM. AF_06/2017","KG",17.75,{"$f":"VLOOKUP(D1015,'CPU (des)'!B:I,8,FALSE)","v":15.11},0.30260494954802231,19.682360787670618,349.36190398115349,8.8694149337722399E-6,0.9986393173107464]
[null,"3.8.3.5","Composição Sinapi",96546,"ARMAÇÃO DE BLOCO, VIGA BALDRAME OU SAPATA UTILIZANDO AÇO CA-50 DE 10 MM - MONTAGEM. AF_06/2017","KG",17.7,{"$f":"VLOOKUP(D1016,'CPU (des)'!B:I,8,FALSE)","v":15.11},0.30260494954802231,19.682360787670618,348.3777859417699,8.8444306663531607E-6,0.9986481617414128]
[null,"3.7.6.7","Composição Sinapi",91835,"ELETRODUTO FLEXÍVEL CORRUGADO REFORÇADO, PVC, DN 25 MM (3/4\"), PARA CIRCUITOS TERMINAIS, INSTALADO EM FORRO - FORNECIMENTO E INSTALAÇÃO. AF_12/2015","M",22,{"$f":"VLOOKUP(D1017,'CPU (des)'!B:I,8,FALSE)","v":12.05},0.30260494954802231,15.696389642053671,345.32057212518077,8.7668157416244097E-6,0.99865692855715438]
[null,"3.8.6.7","Composição Sinapi",91835,"ELETRODUTO FLEXÍVEL CORRUGADO REFORÇADO, PVC, DN 25 MM (3/4\"), PARA CIRCUITOS TERMINAIS, INSTALADO EM FORRO - FORNECIMENTO E INSTALAÇÃO. AF_12/2015","M",22,{"$f":"VLOOKUP(D1018,'CPU (des)'!B:I,8,FALSE)","v":12.05},0.30260494954802231,15.696389642053671,345.32057212518077,8.7668157416244097E-6,0.99866569537289596]
[null,"3.9.6.7","Composição Sinapi",91835,"ELETRODUTO FLEXÍVEL CORRUGADO REFORÇADO, PVC, DN 25 MM (3/4\"), PARA CIRCUITOS TERMINAIS, INSTALADO EM FORRO - FORNECIMENTO E INSTALAÇÃO. AF_12/2015","M",22,{"$f":"VLOOKUP(D1019,'CPU (des)'!B:I,8,FALSE)","v":12.05},0.30260494954802231,15.696389642053671,345.32057212518077,8.7668157416244097E-6,0.99867446218863754]
[null,"3.9.9.1","Composição Orse",2450,"Limpeza geral","M2",120,{"$f":"VLOOKUP(D1020,'CPU (des)'!B:I,8,FALSE)","v":2.16},0.30260494954802231,2.8136266910237282,337.63520292284738,8.5717036598606069E-6,0.9986830338922974]
[null,"3.3.7.55","Composição Orse",12458,"Terminal de compressão 2 furos para cabo de 50 mm2 - fornecimento e instalação","UN",25,{"$f":"VLOOKUP(D1021,'CPU (des)'!B:I,8,FALSE)","v":10.26},0.30260494954802231,13.364726782362709,334.11816955906772,8.4824150800703918E-6,0.99869151630737751]
[null,"3.4.7.19","Insumo Sinapi",39805,"QUADRO DE DISTRIBUICAO, EM PVC, DE EMBUTIR, COM BARRAMENTO TERRA / NEUTRO, PARA 12 DISJUNTORES NEMA OU 16 DISJUNTORES DIN","UN",2,{"$f":"VLOOKUP(D1022,'Insumos SINAPI (des)'!A:E,5,FALSE)","v":138.62},{"$f":"$K$5","v":0.20311109145345707},166.77525949727823,333.55051899455646,8.4680038682677676E-6,0.99869998431124574]
[null,"3.5.7.19","Insumo Sinapi",39805,"QUADRO DE DISTRIBUICAO, EM PVC, DE EMBUTIR, COM BARRAMENTO TERRA / NEUTRO, PARA 12 DISJUNTORES NEMA OU 16 DISJUNTORES DIN","UN",2,{"$f":"VLOOKUP(D1023,'Insumos SINAPI (des)'!A:E,5,FALSE)","v":138.62},{"$f":"$K$5","v":0.20311109145345707},166.77525949727823,333.55051899455646,8.4680038682677676E-6,0.99870845231511396]
[null,"3.6.8.1.17","Insumo Sinapi",39805,"QUADRO DE DISTRIBUICAO, EM PVC, DE EMBUTIR, COM BARRAMENTO TERRA / NEUTRO, PARA 12 DISJUNTORES NEMA OU 16 DISJUNTORES DIN","UN",2,{"$f":"VLOOKUP(D1024,'Insumos SINAPI (des)'!A:E,5,FALSE)","v":138.62},{"$f":"$K$5","v":0.20311109145345707},166.77525949727823,333.55051899455646,8.4680038682677676E-6,0.99871692031898218]
[null,"3.4.9.2.8","Composição Sinapi",96803,"KIT CHASSI PEX, PRÉ-FABRICADO, PARA COZINHA COM CUBA SIMPLES E CONEXÕES POR CRIMPAGEM - FORNECIMENTO E INSTALAÇÃO. AF_06/2015","UN",4,{"$f":"VLOOKUP(D1025,'CPU (des)'!B:I,8,FALSE)","v":63.93},{"$f":"$K$4","v":0.30260494954802231},83.27553442460507,333.10213769842028,8.4566206014643292E-6,0.99872537693958363]
[null,"3.5.9.2.8","Composição Sinapi",96803,"KIT CHASSI PEX, PRÉ-FABRICADO, PARA COZINHA COM CUBA SIMPLES E CONEXÕES POR CRIMPAGEM - FORNECIMENTO E INSTALAÇÃO. AF_06/2015","UN",4,{"$f":"VLOOKUP(D1026,'CPU (des)'!B:I,8,FALSE)","v":63.93},{"$f":"$K$4","v":0.30260494954802231},83.27553442460507,333.10213769842028,8.4566206014643292E-6,0.99873383356018508]
[null,"3.3.7.85","Insumo Sinapi",39350,"TAMPA PARA CONDULETE, EM PVC, PARA 1 MODULO RJ","UN",70,{"$f":"VLOOKUP(D1027,'Insumos SINAPI (des)'!A:E,5,FALSE)","v":3.93},{"$f":"$K$5","v":0.20311109145345707},4.7282265894120865,330.97586125884607,8.4026398216724249E-6,0.99874223620000679]
[null,"3.3.7.7","Composição Sinapi",91845,"ELETRODUTO FLEXÍVEL CORRUGADO REFORÇADO, PVC, DN 25 MM (3/4\"), PARA CIRCUITOS TERMINAIS, INSTALADO EM LAJE - FORNECIMENTO E INSTALAÇÃO. AF_12/2015","M",31.7,{"$f":"VLOOKUP(D1028,'CPU (des)'!B:I,8,FALSE)","v":7.94},{"$f":"$K$4","v":0.30260494954802231},10.342683299411298,327.86306059133818,8.3236136874212774E-6,0.99875055981369421]
[null,"8.5.1","Insumo Sinapi",103,"ADAPTADOR PVC SOLDAVEL CURTO COM BOLSA E ROSCA, 110 MM X 4\", PARA AGUA FRIA","UN",6,{"$f":"VLOOKUP(D1029,'Insumos SINAPI (des)'!A:E,5,FALSE)","v":45.1},{"$f":"$K$5","v":0.20311109145345707},54.260310224550913,325.56186134730547,8.265192060140159E-6,0.9987588250057543]
[null,"3.3.8.2.2","Insumo Sinapi",3264,"FLANGE SEXTAVADO DE FERRO GALVANIZADO, COM ROSCA BSP, DE 1\"","UN",8,{"$f":"VLOOKUP(D1030,'Insumos SINAPI (des)'!A:E,5,FALSE)","v":33.72},{"$f":"$K$5","v":0.20311109145345707},40.568906003810568,324.55124803048454,8.2395351446541357E-6,0.99876706454089892]
[null,"3.4.8.5","Composição Orse",12937,"Tomada dupla para lógica no piso, metal, RJ45","UN",4,{"$f":"VLOOKUP(D1031,'CPU (des)'!B:I,8,FALSE)","v":62.18},{"$f":"$K$4","v":0.30260494954802231},80.995975762896023,323.98390305158409,8.2251316908971059E-6,0.99877528967258977]
[null,"3.5.8.5","Composição Orse",12937,"Tomada dupla para lógica no piso, metal, RJ45","UN",4,{"$f":"VLOOKUP(D1032,'CPU (des)'!B:I,8,FALSE)","v":62.18},{"$f":"$K$4","v":0.30260494954802231},80.995975762896023,323.98390305158409,8.2251316908971059E-6,0.99878351480428063]
[null,"3.6.8.2.5","Composição Orse",12937,"Tomada dupla para lógica no piso, metal, RJ45","UN",4,{"$f":"VLOOKUP(D1033,'CPU (des)'!B:I,8,FALSE)","v":62.18},{"$f":"$K$4","v":0.30260494954802231},80.995975762896023,323.98390305158409,8.2251316908971059E-6,0.99879173993597148]
[null,"3.8.7.2","Composição Sinapi",88423,"APLICAÇÃO MANUAL DE PINTURA COM TINTA TEXTURIZADA ACRÍLICA EM PAREDES EXTERNAS DE CASAS, UMA COR. AF_06/2014","M2",19.5,{"$f":"VLOOKUP(D1034,'CPU (des)'!B:I,8,FALSE)","v":12.64},{"$f":"$K$4","v":0.30260494954802231},16.464926562287001,{"$f":"J1034*G1034","v":321.06606796459653},8.1510552395155954E-6,0.99879989099121103]
[null,"3.3.8.3.1","Insumo Sinapi",2516,"CONECTOR CURVO 90 GRAUS DE ALUMINIO, BITOLA 1\", PARA ADAPTAR ENTRADA DE ELETRODUTO METALICO FLEXIVEL EM QUADROS","UN",21,{"$f":"VLOOKUP(D1035,'Insumos SINAPI (des)'!A:E,5,FALSE)","v":12.49},{"$f":"$K$5","v":0.20311109145345707},15.026857532253679,315.56400817732725,{"$f":"K1035/$K$1467","v":8.011371860510578E-6},0.99880790236307149]
[null,"3.3.9.2.21","Insumo Sinapi",4723,"PEDRA BRITADA N. 4 (50 A 76 MM) POSTO PEDREIRA/FORNECEDOR, SEM FRETE","M3",1.03,{"$f":"VLOOKUP(D1036,'Insumos SINAPI (des)'!A:E,5,FALSE)","v":251.51},{"$f":"$K$5","v":0.20311109145345707},302.59447061145897,311.67230472980276,7.9125713551264847E-6,{"$f":"L1036+M1035","v":0.99881581493442662}]
[null,"2.1.2.1","Composição Sinapi",100575,"REGULARIZAÇÃO DE SUPERFÍCIES COM MOTONIVELADORA. AF_11/2019","M2",1979.58,{"$f":"VLOOKUP(D1037,'CPU (des)'!B:I,8,FALSE)","v":0.12},{"$f":"$K$4","v":0.30260494954802231},0.15631259394576266,309.43328472315284,7.8557283013828031E-6,0.99882367066272804]
[null,"3.3.8.3.16","Insumo Sinapi",39997,"PORCA ZINCADA, SEXTAVADA, DIAMETRO 1/4\"","UN",880,{"$f":"VLOOKUP(D1038,'Insumos SINAPI (des)'!A:E,5,FALSE)","v":0.28999999999999998},{"$f":"$K$5","v":0.20311109145345707},0.34890221652150255,307.03395053892223,7.7948152762297427E-6,0.99883146547800428]
[null,"3.3.8.2.25","Insumo Sinapi",9868,"TUBO PVC, SOLDAVEL, DE 25 MM, AGUA FRIA (NBR-5648)","M",58.61,{"$f":"VLOOKUP(D1039,'Insumos SINAPI (des)'!A:E,5,FALSE)","v":4.33},{"$f":"$K$5","v":0.20311109145345707},5.2094710259934693,305.32709683347724,7.7514825786106721E-6,0.99883921696058287]
[null,"3.3.7.28","Composição Sinapi",101538,"ARMAÇÃO SECUNDÁRIA, COM 1 ESTRIBO E 1 ISOLADOR - FORNECIMENTO E INSTALAÇÃO. AF_07/2020","UN",6,{"$f":"VLOOKUP(D1040,'CPU (des)'!B:I,8,FALSE)","v":38.85},{"$f":"$K$4","v":0.30260494954802231},50.606202289940668,303.63721373964404,7.7085807218885317E-6,0.99884692554130472]
[null,"3.3.8.2.15","Composição Sinapi",97536,"TUBO DE AÇO GALVANIZADO COM COSTURA, CLASSE MÉDIA, CONEXÃO ROSQUEADA, DN 25 (1\"), INSTALADO EM RAMAIS  E SUB-RAMAIS DE GÁS - FORNECIMENTO E INSTALAÇÃO. AF_10/2020","M",4.3499999999999996,{"$f":"VLOOKUP(D1041,'CPU (des)'!B:I,8,FALSE)","v":53.4},{"$f":"$K$4","v":0.30260494954802231},69.559104305864395,302.58210373051008,7.6817941479514669E-6,0.99885460733545273]
[null,"4.7.14","Composição Orse",7866,"Switch 16 portas 10/100 Mbps - fornecimento","UN",1,{"$f":"VLOOKUP(D1042,'CPU (des)'!B:I,8,FALSE)","v":230},{"$f":"$K$4","v":0.30260494954802231},299.59913839604513,299.59913839604513,7.6060642043516178E-6,0.99886221339965708]
[null,"3.3.8.2.38","Composição Sinapi",93008,"ELETRODUTO RÍGIDO ROSCÁVEL, PVC, DN 50 MM (1 1/2\"), PARA REDE ENTERRADA DE DISTRIBUIÇÃO DE ENERGIA ELÉTRICA - FORNECIMENTO E INSTALAÇÃO. AF_12/2021","M",12.3,{"$f":"VLOOKUP(D1043,'CPU (des)'!B:I,8,FALSE)","v":18.66},{"$f":"$K$4","v":0.30260494954802231},24.306608358566095,298.97128281036299,7.5901245393668463E-6,0.99886980352419641]
[null,"3.3.8.2.3","Insumo Sinapi",6323,"TE DE FERRO GALVANIZADO, DE 1\"","UN",10,{"$f":"VLOOKUP(D1044,'Insumos SINAPI (des)'!A:E,5,FALSE)","v":24.11},{"$f":"$K$5","v":0.20311109145345707},29.007008414942849,290.07008414942851,7.364145623428649E-6,0.99887716766981982]
[null,"4.7.45","Composição Orse",4278,"Eletroduto flexível de pvc (sanfonado), diâm = 32mm (1\")","M",25,{"$f":"VLOOKUP(D1045,'CPU (des)'!B:I,8,FALSE)","v":8.8699999999999992},{"$f":"$K$4","v":0.30260494954802231},{"$f":"H1045*(1+I1045)","v":11.554105902490956},288.85264756227389,7.3332379883259608E-6,0.99888450090780811]
[null,"3.3.8.2.32","Composição Sinapi",91847,"ELETRODUTO FLEXÍVEL CORRUGADO REFORÇADO, PVC, DN 32 MM (1\"), PARA CIRCUITOS TERMINAIS, INSTALADO EM LAJE - FORNECIMENTO E INSTALAÇÃO. AF_12/2015","M",16.8,{"$f":"VLOOKUP(D1046,'CPU (des)'!B:I,8,FALSE)","v":13.08},0.30260494954802231,17.038072740088133,286.23962203348066,7.2668998805262703E-6,0.99889176780768862]
[null,"3.5.6.2","Composição Sinapi",87879,"CHAPISCO APLICADO EM ALVENARIAS E ESTRUTURAS DE CONCRETO INTERNAS, COM COLHER DE PEDREIRO.  ARGAMASSA TRAÇO 1:3 COM PREPARO EM BETONEIRA 400L. AF_10/2022","M2",54.84,{"$f":"VLOOKUP(D1047,'CPU (des)'!B:I,8,FALSE)","v":3.98},0.30260494954802231,5.1843676992011289,284.3107246241899,7.2179300549879919E-6,0.99889898573774361]
[null,"3.5.12.1","Composição Orse",2450,"Limpeza geral","M2",100,{"$f":"VLOOKUP(D1048,'CPU (des)'!B:I,8,FALSE)","v":2.16},0.30260494954802231,2.8136266910237282,281.36266910237282,7.1430863832171722E-6,0.99890612882412677]
[null,"3.3.10.2","Composição Sinapi",97599,"LUMINÁRIA DE EMERGÊNCIA, COM 30 LÂMPADAS LED DE 2 W, SEM REATOR - FORNECIMENTO E INSTALAÇÃO. AF_02/2020","UN",8,{"$f":"VLOOKUP(D1049,'CPU (des)'!B:I,8,FALSE)","v":26.65},0.30260494954802231,34.714421905454792,277.71537524363833,7.0504908189902823E-6,0.99891317931494572]
[null,"8.5.7","Composição Sinapi",97436,"CURVA 90 GRAUS, EM AÇO, CONEXÃO RANHURADA, DN 65 (2 1/2\"), INSTALADO EM PRUMADAS - FORNECIMENTO E INSTALAÇÃO. AF_10/2020","UN",2,{"$f":"VLOOKUP(D1050,'CPU (des)'!B:I,8,FALSE)","v":106.55},0.30260494954802231,138.79255737434178,277.58511474868357,7.0471838345536085E-6,0.99892022649878032]
[null,"3.3.8.1.2","Insumo Sinapi",1648,"CRUZETA DE FERRO GALVANIZADO, COM ROSCA BSP, DE 1\"","UN",5,{"$f":"VLOOKUP(D1051,'Insumos SINAPI (des)'!A:E,5,FALSE)","v":46.11},{"$f":"$K$5","v":0.20311109145345707},55.475452426918906,277.3772621345945,7.0419069825030067E-6,0.99892726840576285]
[null,"3.3.8.3.41","Composição Sinapi",91170,"FIXAÇÃO DE TUBOS HORIZONTAIS DE PVC, CPVC OU COBRE DIÂMETROS MENORES OU IGUAIS A 40 MM OU ELETROCALHAS ATÉ 150MM DE LARGURA, COM ABRAÇADEIRA METÁLICA RÍGIDA TIPO D 1/2\", FIXADA EM PERFILADO EM LAJE. AF_05/2015","M",64.7,{"$f":"VLOOKUP(D1052,'CPU (des)'!B:I,8,FALSE)","v":3.29},{"$f":"$K$4","v":0.30260494954802231},4.2855702840129934,277.27639737564067,7.0393462814386887E-6,0.99893430775204428]
[null,"3.6.9.3.7","Composição Sinapi",89545,"LUVA SIMPLES, PVC, SERIE R, ÁGUA PLUVIAL, DN 50 MM, JUNTA ELÁSTICA, FORNECIDO E INSTALADO EM RAMAL DE ENCAMINHAMENTO. AF_06/2022","UN",12,{"$f":"VLOOKUP(D1053,'CPU (des)'!B:I,8,FALSE)","v":17.66},{"$f":"$K$4","v":0.30260494954802231},23.004003409018075,276.04804090821688,7.0081614182008473E-6,0.99894131591346247]
[null,"3.6.9.2.4","Composição Sinapi",89353,"REGISTRO DE GAVETA BRUTO, LATÃO, ROSCÁVEL, 3/4\" - FORNECIMENTO E INSTALAÇÃO. AF_08/2021","UN",5,{"$f":"VLOOKUP(D1054,'CPU (des)'!B:I,8,FALSE)","v":42.26},{"$f":"$K$4","v":0.30260494954802231},55.048085167899423,275.24042583949711,6.9876581146934645E-6,0.99894830357157716]
[null,"3.3.8.2.4","Insumo Sinapi",6016,"REGISTRO GAVETA BRUTO EM LATAO FORJADO, BITOLA 3/4 \" (REF 1509)","UN",6,{"$f":"VLOOKUP(D1055,'Insumos SINAPI (des)'!A:E,5,FALSE)","v":38.11},{"$f":"$K$5","v":0.20311109145345707},45.85056369529125,275.10338217174751,6.9841789226594562E-6,0.9989552877504998]
[null,"3.3.9.1.19","Insumo Sinapi",6016,"REGISTRO GAVETA BRUTO EM LATAO FORJADO, BITOLA 3/4 \" (REF 1509)","UN",6,{"$f":"VLOOKUP(D1056,'Insumos SINAPI (des)'!A:E,5,FALSE)","v":38.11},{"$f":"$K$5","v":0.20311109145345707},45.85056369529125,275.10338217174751,6.9841789226594562E-6,0.99896227192942244]
[null,"3.3.8.2.14","Insumo Sinapi",39997,"PORCA ZINCADA, SEXTAVADA, DIAMETRO 1/4\"","UN",785,{"$f":"VLOOKUP(D1057,'Insumos SINAPI (des)'!A:E,5,FALSE)","v":0.28999999999999998},{"$f":"$K$5","v":0.20311109145345707},0.34890221652150255,273.88823996937953,6.953329536182215E-6,0.99896922525895859]
[null,"3.4.9.1.5","Composição Sinapi",95634,"KIT CAVALETE PARA MEDIÇÃO DE ÁGUA - ENTRADA PRINCIPAL, EM PVC SOLDÁVEL DN 20 (1/2\")   FORNECIMENTO E INSTALAÇÃO (EXCLUSIVE HIDRÔMETRO). AF_11/2016","UN",1,{"$f":"VLOOKUP(D1058,'CPU (des)'!B:I,8,FALSE)","v":207.73},{"$f":"$K$4","v":0.30260494954802231},270.59012616961064,270.59012616961064,6.8695987703041804E-6,0.99897609485772887]
[null,"3.5.9.1.5","Composição Sinapi",95634,"KIT CAVALETE PARA MEDIÇÃO DE ÁGUA - ENTRADA PRINCIPAL, EM PVC SOLDÁVEL DN 20 (1/2\")   FORNECIMENTO E INSTALAÇÃO (EXCLUSIVE HIDRÔMETRO). AF_11/2016","UN",1,{"$f":"VLOOKUP(D1059,'CPU (des)'!B:I,8,FALSE)","v":207.73},0.30260494954802231,270.59012616961064,270.59012616961064,6.8695987703041804E-6,0.99898296445649915]
[null,"3.6.9.1.6","Composição Sinapi",95634,"KIT CAVALETE PARA MEDIÇÃO DE ÁGUA - ENTRADA PRINCIPAL, EM PVC SOLDÁVEL DN 20 (1/2\")   FORNECIMENTO E INSTALAÇÃO (EXCLUSIVE HIDRÔMETRO). AF_11/2016","UN",1,{"$f":"VLOOKUP(D1060,'CPU (des)'!B:I,8,FALSE)","v":207.73},0.30260494954802231,270.59012616961064,270.59012616961064,6.8695987703041804E-6,0.99898983405526942]
[null,"3.3.7.46","Composição Orse",11979,"Acionador Manual Convencional - Modelo AM-2 da Verin ou similar, tipo \"Aperte aqui\"","UN",3,{"$f":"VLOOKUP(D1061,'CPU (des)'!B:I,8,FALSE)","v":69.19},0.30260494954802231,90.12723645922766,270.38170937768297,6.8643075952055014E-6,0.99899669836286464]
[null,"3.7.6.4","Composição Sinapi",97597,"SENSOR DE PRESENÇA COM FOTOCÉLULA, FIXAÇÃO EM TETO - FORNECIMENTO E INSTALAÇÃO. AF_02/2020","UN",3,{"$f":"VLOOKUP(D1062,'CPU (des)'!B:I,8,FALSE)","v":69.08},0.30260494954802231,89.983949914777384,269.95184974433215,6.8533945465644753E-6,0.99900355175741118]
[null,"3.8.6.4","Composição Sinapi",97597,"SENSOR DE PRESENÇA COM FOTOCÉLULA, FIXAÇÃO EM TETO - FORNECIMENTO E INSTALAÇÃO. AF_02/2020","UN",3,{"$f":"VLOOKUP(D1063,'CPU (des)'!B:I,8,FALSE)","v":69.08},0.30260494954802231,89.983949914777384,269.95184974433215,6.8533945465644753E-6,0.99901040515195771]
[null,"3.9.6.4","Composição Sinapi",97597,"SENSOR DE PRESENÇA COM FOTOCÉLULA, FIXAÇÃO EM TETO - FORNECIMENTO E INSTALAÇÃO. AF_02/2020","UN",3,{"$f":"VLOOKUP(D1064,'CPU (des)'!B:I,8,FALSE)","v":69.08},0.30260494954802231,89.983949914777384,269.95184974433215,6.8533945465644753E-6,0.99901725854650425]
[null,"3.7.3.1","Composição Sinapi",96523,"ESCAVAÇÃO MANUAL PARA BLOCO DE COROAMENTO OU SAPATA (INCLUINDO ESCAVAÇÃO PARA COLOCAÇÃO DE FÔRMAS). AF_06/2017","M3",2.9,{"$f":"VLOOKUP(D1065,'CPU (des)'!B:I,8,FALSE)","v":71.430000000000007},0.30260494954802231,93.04507154621524,269.83070748402417,6.8503190510383681E-6,0.99902410886555526]
[null,"3.6.2.1","Composição Sinapi",96523,"ESCAVAÇÃO MANUAL PARA BLOCO DE COROAMENTO OU SAPATA (INCLUINDO ESCAVAÇÃO PARA COLOCAÇÃO DE FÔRMAS). AF_06/2017","M3",2.87,{"$f":"VLOOKUP(D1066,'CPU (des)'!B:I,8,FALSE)","v":71.430000000000007},0.30260494954802231,93.04507154621524,267.03935533763774,6.7794536815448684E-6,0.99903088831923681]
[null,"4.6.21","Composição Orse",9519,"Tala plana perfurada 100mm para eletrocalha metálica (ref.: mopa ou similar) - Rev 01","UN",36,{"$f":"VLOOKUP(D1067,'CPU (des)'!B:I,8,FALSE)","v":5.68},0.30260494954802231,7.3987961134327662,266.35666008357958,6.7621217761122558E-6,0.99903765044101289]
[null,"3.4.9.2.4","Composição Sinapi",89356,"TUBO, PVC, SOLDÁVEL, DN 25MM, INSTALADO EM RAMAL OU SUB-RAMAL DE ÁGUA - FORNECIMENTO E INSTALAÇÃO. AF_06/2022","M",10.93,{"$f":"VLOOKUP(D1068,'CPU (des)'!B:I,8,FALSE)","v":18.559999999999999},0.30260494954802231,24.176347863611291,264.24748214927138,6.7085750841136187E-6,0.99904435901609701]
[null,"3.5.9.2.4","Composição Sinapi",89356,"TUBO, PVC, SOLDÁVEL, DN 25MM, INSTALADO EM RAMAL OU SUB-RAMAL DE ÁGUA - FORNECIMENTO E INSTALAÇÃO. AF_06/2022","M",10.93,{"$f":"VLOOKUP(D1069,'CPU (des)'!B:I,8,FALSE)","v":18.559999999999999},0.30260494954802231,24.176347863611291,264.24748214927138,6.7085750841136187E-6,0.99905106759118112]
[null,"4.4.9","Composição Sinapi",97663,"REMOÇÃO DE LOUÇAS, DE FORMA MANUAL, SEM REAPROVEITAMENTO. AF_12/2017","UN",23,{"$f":"VLOOKUP(D1070,'CPU (des)'!B:I,8,FALSE)","v":8.7799999999999994},0.30260494954802231,11.436871457031636,263.0480435117276,6.6781243714207196E-6,0.9990577457155525]
[null,"3.3.8.1.24","Composição Sinapi",97595,"SENSOR DE PRESENÇA COM FOTOCÉLULA, FIXAÇÃO EM PAREDE - FORNECIMENTO E INSTALAÇÃO. AF_02/2020","UN",2,{"$f":"VLOOKUP(D1071,'CPU (des)'!B:I,8,FALSE)","v":100.02},0.30260494954802231,130.28654705379319,260.57309410758637,6.6152916671239027E-6,0.99906436100721963]
[null,"3.3.8.2.22","Composição Sinapi",97595,"SENSOR DE PRESENÇA COM FOTOCÉLULA, FIXAÇÃO EM PAREDE - FORNECIMENTO E INSTALAÇÃO. AF_02/2020","UN",2,{"$f":"VLOOKUP(D1072,'CPU (des)'!B:I,8,FALSE)","v":100.02},0.30260494954802231,130.28654705379319,260.57309410758637,6.6152916671239027E-6,0.99907097629888675]
[null,"3.3.8.3.25","Composição Sinapi",97595,"SENSOR DE PRESENÇA COM FOTOCÉLULA, FIXAÇÃO EM PAREDE - FORNECIMENTO E INSTALAÇÃO. AF_02/2020","UN",2,{"$f":"VLOOKUP(D1073,'CPU (des)'!B:I,8,FALSE)","v":100.02},0.30260494954802231,130.28654705379319,260.57309410758637,6.6152916671239027E-6,0.99907759159055387]
[null,"4.6.16","Composição Sinapi",97595,"SENSOR DE PRESENÇA COM FOTOCÉLULA, FIXAÇÃO EM PAREDE - FORNECIMENTO E INSTALAÇÃO. AF_02/2020","UN",2,{"$f":"VLOOKUP(D1074,'CPU (des)'!B:I,8,FALSE)","v":100.02},0.30260494954802231,130.28654705379319,260.57309410758637,6.6152916671239027E-6,0.99908420688222099]
[null,"3.3.8.1.16","Insumo Sinapi",39997,"PORCA ZINCADA, SEXTAVADA, DIAMETRO 1/4\"","UN",736,{"$f":"VLOOKUP(D1075,'Insumos SINAPI (des)'!A:E,5,FALSE)","v":0.28999999999999998},{"$f":"$K$5","v":0.20311109145345707},0.34890221652150255,256.7920313598259,6.5193000492103319E-6,0.99909072618227024]
[null,"3.6.2.2","Composição Sinapi",96621,"LASTRO COM MATERIAL GRANULAR, APLICAÇÃO EM BLOCOS DE COROAMENTO, ESPESSURA DE *5 CM*. AF_08/2017","M3",0.5,{"$f":"VLOOKUP(D1076,'CPU (des)'!B:I,8,FALSE)","v":393.24},{"$f":"$K$4","v":0.30260494954802231},512.23637036026435,256.11818518013217,6.5021927993896318E-6,0.99909722837506965]
[null,"3.3.8.4.1","Insumo Sinapi",2516,"CONECTOR CURVO 90 GRAUS DE ALUMINIO, BITOLA 1\", PARA ADAPTAR ENTRADA DE ELETRODUTO METALICO FLEXIVEL EM QUADROS","UN",17,{"$f":"VLOOKUP(D1077,'Insumos SINAPI (des)'!A:E,5,FALSE)","v":12.49},{"$f":"$K$5","v":0.20311109145345707},15.026857532253679,255.45657804831254,6.4853962680323721E-6,0.99910371377133766]
[null,"7.2.14","Composição Orse",916,"Fornecimento e assentamento de curva 90 de ferro galvanizado de     1\"","UN",4,{"$f":"VLOOKUP(D1078,'CPU (des)'!B:I,8,FALSE)","v":47.76},{"$f":"$K$4","v":0.30260494954802231},62.21241239041354,248.84964956165416,6.3176630678231869E-6,0.99911003143440547]
[null,"3.3.8.4.20","Insumo Sinapi",39128,"ABRACADEIRA EM ACO PARA AMARRACAO DE ELETRODUTOS, TIPO D, COM 3/4\" E CUNHA DE FIXACAO","UN",71,{"$f":"VLOOKUP(D1079,'Insumos SINAPI (des)'!A:E,5,FALSE)","v":2.88},{"$f":"$K$5","v":0.20311109145345707},3.4649599433859564,246.01215598040289,6.2456262840260886E-6,0.99911627706068951]
[null,"3.4.3.2","Composição Sinapi",96621,"LASTRO COM MATERIAL GRANULAR, APLICAÇÃO EM BLOCOS DE COROAMENTO, ESPESSURA DE *5 CM*. AF_08/2017","M3",0.48,{"$f":"VLOOKUP(D1080,'CPU (des)'!B:I,8,FALSE)","v":393.24},{"$f":"$K$4","v":0.30260494954802231},512.23637036026435,245.87345777292688,6.2421050874140461E-6,0.99912251916577688]
[null,"3.5.3.2","Composição Sinapi",96621,"LASTRO COM MATERIAL GRANULAR, APLICAÇÃO EM BLOCOS DE COROAMENTO, ESPESSURA DE *5 CM*. AF_08/2017","M3",0.48,{"$f":"VLOOKUP(D1081,'CPU (des)'!B:I,8,FALSE)","v":393.24},{"$f":"$K$4","v":0.30260494954802231},512.23637036026435,245.87345777292688,6.2421050874140461E-6,0.99912876127086425]
[null,"3.3.8.3.3","Insumo Sinapi",3264,"FLANGE SEXTAVADO DE FERRO GALVANIZADO, COM ROSCA BSP, DE 1\"","UN",6,{"$f":"VLOOKUP(D1082,'Insumos SINAPI (des)'!A:E,5,FALSE)","v":33.72},{"$f":"$K$5","v":0.20311109145345707},40.568906003810568,243.41343602286341,6.1796513584906017E-6,0.99913494092222277]
[null,"3.3.9.2.11","Composição Sinapi",89737,"JOELHO 90 GRAUS, PVC, SERIE NORMAL, ESGOTO PREDIAL, DN 75 MM, JUNTA ELÁSTICA, FORNECIDO E INSTALADO EM RAMAL DE DESCARGA OU RAMAL DE ESGOTO SANITÁRIO. AF_08/2022","UN",8,{"$f":"VLOOKUP(D1083,'CPU (des)'!B:I,8,FALSE)","v":23.32},{"$f":"$K$4","v":0.30260494954802231},30.376747423459882,243.01397938767906,6.1695101650601651E-6,0.99914111043238785]
[null,"3.3.8.1.25","Composição Sinapi",93654,"DISJUNTOR MONOPOLAR TIPO DIN, CORRENTE NOMINAL DE 16A - FORNECIMENTO E INSTALAÇÃO. AF_10/2020","UN",14,{"$f":"VLOOKUP(D1084,'CPU (des)'!B:I,8,FALSE)","v":13.06},0.30260494954802231,17.012020641097173,238.16828897536044,6.0464903440158702E-6,0.99914715692273182]
[null,"3.4.9.3.9","Composição Sinapi",89712,"TUBO PVC, SERIE NORMAL, ESGOTO PREDIAL, DN 50 MM, FORNECIDO E INSTALADO EM RAMAL DE DESCARGA OU RAMAL DE ESGOTO SANITÁRIO. AF_08/2022","M",7.6,{"$f":"VLOOKUP(D1085,'CPU (des)'!B:I,8,FALSE)","v":23.65},0.30260494954802231,30.806607056810726,234.13021363176151,5.9439738264789555E-6,0.99915310089655829]
[null,"3.5.9.3.9","Composição Sinapi",89712,"TUBO PVC, SERIE NORMAL, ESGOTO PREDIAL, DN 50 MM, FORNECIDO E INSTALADO EM RAMAL DE DESCARGA OU RAMAL DE ESGOTO SANITÁRIO. AF_08/2022","M",7.6,{"$f":"VLOOKUP(D1086,'CPU (des)'!B:I,8,FALSE)","v":23.65},0.30260494954802231,30.806607056810726,234.13021363176151,5.9439738264789555E-6,0.99915904487038476]
[null,"3.3.9.2.10","Composição Sinapi",89731,"JOELHO 90 GRAUS, PVC, SERIE NORMAL, ESGOTO PREDIAL, DN 50 MM, JUNTA ELÁSTICA, FORNECIDO E INSTALADO EM RAMAL DE DESCARGA OU RAMAL DE ESGOTO SANITÁRIO. AF_08/2022","UN",12,{"$f":"VLOOKUP(D1087,'CPU (des)'!B:I,8,FALSE)","v":14.97},0.30260494954802231,19.499996094733895,233.99995313680674,5.9406668420422817E-6,0.99916498553722677]
[null,"3.7.3.2","Composição Sinapi",96621,"LASTRO COM MATERIAL GRANULAR, APLICAÇÃO EM BLOCOS DE COROAMENTO, ESPESSURA DE *5 CM*. AF_08/2017","M3",0.45,{"$f":"VLOOKUP(D1088,'CPU (des)'!B:I,8,FALSE)","v":393.24},0.30260494954802231,512.23637036026435,230.50636666211895,5.8519735194506683E-6,0.9991708375107462]
[null,"3.4.9.3.6","Composição Sinapi",89545,"LUVA SIMPLES, PVC, SERIE R, ÁGUA PLUVIAL, DN 50 MM, JUNTA ELÁSTICA, FORNECIDO E INSTALADO EM RAMAL DE ENCAMINHAMENTO. AF_06/2022","UN",10,{"$f":"VLOOKUP(D1089,'CPU (des)'!B:I,8,FALSE)","v":17.66},0.30260494954802231,23.004003409018075,230.04003409018077,5.8401345151673739E-6,0.99917667764526141]
[null,"3.5.9.3.6","Composição Sinapi",89545,"LUVA SIMPLES, PVC, SERIE R, ÁGUA PLUVIAL, DN 50 MM, JUNTA ELÁSTICA, FORNECIDO E INSTALADO EM RAMAL DE ENCAMINHAMENTO. AF_06/2022","UN",10,{"$f":"VLOOKUP(D1090,'CPU (des)'!B:I,8,FALSE)","v":17.66},0.30260494954802231,23.004003409018075,230.04003409018077,5.8401345151673739E-6,0.99918251777977662]
[null,"5.2.3","Composição SICRO",4915768,"Corte e remoção de árvores","M3",14,{"$f":"VLOOKUP(D1091,'CPU (des)'!B:I,8,FALSE)","v":12.55},0.30260494954802231,16.34769211682768,228.86768963558751,5.810371655237301E-6,0.99918832815143188]
[null,"3.3.8.3.37","Insumo Sinapi",39128,"ABRACADEIRA EM ACO PARA AMARRACAO DE ELETRODUTOS, TIPO D, COM 3/4\" E CUNHA DE FIXACAO","UN",66,{"$f":"VLOOKUP(D1092,'Insumos SINAPI (des)'!A:E,5,FALSE)","v":2.88},{"$f":"$K$5","v":0.20311109145345707},3.4649599433859564,228.68735626347313,5.8057934471228435E-6,0.99919413394487899]
[null,"3.8.9.1","Composição Orse",2450,"Limpeza geral","M2",80,{"$f":"VLOOKUP(D1093,'CPU (des)'!B:I,8,FALSE)","v":2.16},{"$f":"$K$4","v":0.30260494954802231},2.8136266910237282,225.09013528189826,5.7144691065737374E-6,0.99919984841398557]
[null,"4.7.16","Composição Orse",11417,"Bandeja para rack 19\", deslizante, perfurada, 400mm de profundidade","UN",1,{"$f":"VLOOKUP(D1094,'CPU (des)'!B:I,8,FALSE)","v":168.6},{"$f":"$K$4","v":0.30260494954802231},219.61919449379656,219.61919449379656,5.5755757602334031E-6,0.99920542398974577]
[null,"4.7.36","Insumo Orse",13389,"Tampa de encaixe 75mm para Tê de descida lateral, zincada, para eletrocalha metálica (ref.: mopa ou similar)","UN",16,{"$f":"VLOOKUP(D1095,'Insumos ORSE (des)'!B:G,6,FALSE)","v":11.27},{"$f":"$K$5","v":0.20311109145345707},13.559062000680461,216.94499201088738,5.5076845243328661E-6,0.99921093167427011]
[null,"3.3.8.4.14","Insumo Sinapi",39997,"PORCA ZINCADA, SEXTAVADA, DIAMETRO 1/4\"","UN",620,{"$f":"VLOOKUP(D1096,'Insumos SINAPI (des)'!A:E,5,FALSE)","v":0.28999999999999998},{"$f":"$K$5","v":0.20311109145345707},0.34890221652150255,216.31937424333159,5.4918016718891376E-6,0.99921642347594197]
[null,"3.3.7.43","Insumo Sinapi",11864,"CONECTOR METALICO TIPO PARAFUSO FENDIDO (SPLIT BOLT), PARA CABOS ATE 95 MM2","UN",4,{"$f":"VLOOKUP(D1097,'Insumos SINAPI (des)'!A:E,5,FALSE)","v":44.14},{"$f":"$K$5","v":0.20311109145345707},53.105323576755595,212.42129430702238,5.3928392835859068E-6,0.99922181631522555]
[null,"3.3.8.2.26","Insumo Sinapi",9869,"TUBO PVC, SOLDAVEL, DE 32 MM, AGUA FRIA (NBR-5648)","M",18.739999999999998,{"$f":"VLOOKUP(D1098,'Insumos SINAPI (des)'!A:E,5,FALSE)","v":9.34},{"$f":"$K$5","v":0.20311109145345707},11.237057594175289,{"$f":"J1098*G1098","v":210.5824593148449},5.3461559149801481E-6,0.99922716247114052]
[null,"3.4.9.3.2","Composição Sinapi",104329,"CAIXA SIFONADA, COM GRELHA REDONDA, PVC, DN 150 X 150 X 50 MM, JUNTA SOLDÁVEL, FORNECIDA E INSTALADA EM RAMAL DE DESCARGA OU EM RAMAL DE ESGOTO SANITÁRIO. AF_08/2022","UN",2,{"$f":"VLOOKUP(D1099,'CPU (des)'!B:I,8,FALSE)","v":79.08},{"$f":"$K$4","v":0.30260494954802231},103.00999941025761,206.01999882051521,{"$f":"K1099/$K$1467","v":5.2303265850445733E-6},0.99923239279772558]
[null,"3.5.9.3.2","Composição Sinapi",104329,"CAIXA SIFONADA, COM GRELHA REDONDA, PVC, DN 150 X 150 X 50 MM, JUNTA SOLDÁVEL, FORNECIDA E INSTALADA EM RAMAL DE DESCARGA OU EM RAMAL DE ESGOTO SANITÁRIO. AF_08/2022","UN",2,{"$f":"VLOOKUP(D1100,'CPU (des)'!B:I,8,FALSE)","v":79.08},{"$f":"$K$4","v":0.30260494954802231},103.00999941025761,206.01999882051521,5.2303265850445733E-6,{"$f":"L1100+M1099","v":0.99923762312431064}]
[null,"4.6.22","Composição Orse",10850,"Acoplamento para eletrocalha metálica 38 x 38mm","UN",13,{"$f":"VLOOKUP(D1101,'CPU (des)'!B:I,8,FALSE)","v":12.09},{"$f":"$K$4","v":0.30260494954802231},15.748493840035589,204.73041992046265,5.1975874391214949E-6,0.99924282071174975]
[null,"3.3.8.1.4","Insumo Sinapi",6323,"TE DE FERRO GALVANIZADO, DE 1\"","UN",7,{"$f":"VLOOKUP(D1102,'Insumos SINAPI (des)'!A:E,5,FALSE)","v":24.11},{"$f":"$K$5","v":0.20311109145345707},29.007008414942849,203.04905890459995,5.1549019364000543E-6,0.99924797561368617]
[null,"3.6.3.2","Composição Sinapi",96621,"LASTRO COM MATERIAL GRANULAR, APLICAÇÃO EM BLOCOS DE COROAMENTO, ESPESSURA DE *5 CM*. AF_08/2017","M3",0.39,{"$f":"VLOOKUP(D1103,'CPU (des)'!B:I,8,FALSE)","v":393.24},{"$f":"$K$4","v":0.30260494954802231},512.23637036026435,199.77218444050311,5.0717103835239129E-6,0.99925304732406972]
[null,"3.3.9.1.18","Insumo Sinapi",6017,"REGISTRO GAVETA BRUTO EM LATAO FORJADO, BITOLA 1 1/4 \" (REF 1509)","UN",2,{"$f":"VLOOKUP(D1104,'Insumos SINAPI (des)'!A:E,5,FALSE)","v":81.99},{"$f":"$K$5","v":0.20311109145345707},98.643078388268933,197.28615677653787,5.0085964302357104E-6,0.99925805592049999]
[null,"3.3.8.1.21","Insumo Sinapi",9835,"TUBO PVC  SERIE NORMAL, DN 40 MM, PARA ESGOTO  PREDIAL (NBR 5688)","M",23.36,{"$f":"VLOOKUP(D1105,'Insumos SINAPI (des)'!A:E,5,FALSE)","v":6.91},{"$f":"$K$5","v":0.20311109145345707},8.313497641943389,194.20330491579756,4.9303306204245386E-6,0.99926298625112042]
[null,"3.3.8.2.24","Insumo Sinapi",9867,"TUBO PVC, SOLDAVEL, DE 20 MM, AGUA FRIA (NBR-5648)","M",41.92,{"$f":"VLOOKUP(D1106,'Insumos SINAPI (des)'!A:E,5,FALSE)","v":3.84},{"$f":"$K$5","v":0.20311109145345707},4.6199465911812752,193.66816110231906,4.9167446727957495E-6,0.99926790299579327]
[null,"3.3.8.1.5","Insumo Sinapi",14153,"FITA METALICA PERFURADA, L = *18* MM, ROLO DE 30 M, CARGA RECOMENDADA = *30* KGF","UN",3,{"$f":"VLOOKUP(D1107,'Insumos SINAPI (des)'!A:E,5,FALSE)","v":53.3},{"$f":"$K$5","v":0.20311109145345707},64.125821174469252,192.37746352340776,4.8839771264464571E-6,0.99927278697291977]
[null,"3.3.8.4.4","Insumo Sinapi",14153,"FITA METALICA PERFURADA, L = *18* MM, ROLO DE 30 M, CARGA RECOMENDADA = *30* KGF","UN",3,{"$f":"VLOOKUP(D1108,'Insumos SINAPI (des)'!A:E,5,FALSE)","v":53.3},{"$f":"$K$5","v":0.20311109145345707},64.125821174469252,192.37746352340776,4.8839771264464571E-6,0.99927767095004627]
[null,"3.3.8.1.37","Composição Sinapi",101876,"QUADRO DE DISTRIBUIÇÃO DE ENERGIA EM PVC, DE EMBUTIR, SEM BARRAMENTO, PARA 6 DISJUNTORES - FORNECIMENTO E INSTALAÇÃO. AF_10/2020","UN",2,{"$f":"VLOOKUP(D1109,'CPU (des)'!B:I,8,FALSE)","v":73.56},{"$f":"$K$4","v":0.30260494954802231},{"$f":"H1109*(1+I1109)","v":95.819620088752529},191.63924017750506,4.8652355032356964E-6,0.99928253618554952]
[null,"4.7.42","Composição Sinapi",91864,"ELETRODUTO RÍGIDO ROSCÁVEL, PVC, DN 32 MM (1\"), PARA CIRCUITOS TERMINAIS, INSTALADO EM FORRO - FORNECIMENTO E INSTALAÇÃO. AF_03/2023","M",10,{"$f":"VLOOKUP(D1110,'CPU (des)'!B:I,8,FALSE)","v":14.71},{"$f":"$K$4","v":0.30260494954802231},19.161318807851409,191.6131880785141,4.8645741063483616E-6,0.99928740075965583]
[null,"3.7.6.9","Composição Sinapi",91936,"CAIXA OCTOGONAL 4\" X 4\", PVC, INSTALADA EM LAJE - FORNECIMENTO E INSTALAÇÃO. AF_12/2015","UN",9,{"$f":"VLOOKUP(D1111,'CPU (des)'!B:I,8,FALSE)","v":16.329999999999998},{"$f":"$K$4","v":0.30260494954802231},21.271538826119201,191.44384943507282,4.8602750265806831E-6,0.99929226103468238]
[null,"3.8.6.9","Composição Sinapi",91936,"CAIXA OCTOGONAL 4\" X 4\", PVC, INSTALADA EM LAJE - FORNECIMENTO E INSTALAÇÃO. AF_12/2015","UN",9,{"$f":"VLOOKUP(D1112,'CPU (des)'!B:I,8,FALSE)","v":16.329999999999998},{"$f":"$K$4","v":0.30260494954802231},21.271538826119201,191.44384943507282,4.8602750265806831E-6,0.99929712130970894]
[null,"3.9.6.9","Composição Sinapi",91936,"CAIXA OCTOGONAL 4\" X 4\", PVC, INSTALADA EM LAJE - FORNECIMENTO E INSTALAÇÃO. AF_12/2015","UN",9,{"$f":"VLOOKUP(D1113,'CPU (des)'!B:I,8,FALSE)","v":16.329999999999998},{"$f":"$K$4","v":0.30260494954802231},21.271538826119201,191.44384943507282,4.8602750265806831E-6,0.99930198158473549]
[null,"3.3.7.63","Insumo Sinapi",3884,"LUVA PVC, ROSCAVEL, 3/4\", AGUA FRIA PREDIAL","UN",63,{"$f":"VLOOKUP(D1114,'Insumos SINAPI (des)'!A:E,5,FALSE)","v":2.52},{"$f":"$K$5","v":0.20311109145345707},3.0318399504627118,191.00591687915085,4.8491570268582839E-6,0.9993068307417623]
[null,"3.3.7.83","Insumo Sinapi",4300,"PARAFUSO ZINCADO ROSCA SOBERBA, CABECA SEXTAVADA, 5/16 \" X 50 MM, PARA FIXACAO DE TELHA EM MADEIRA","UN",154,{"$f":"VLOOKUP(D1115,'Insumos SINAPI (des)'!A:E,5,FALSE)","v":1.02},{"$f":"$K$5","v":0.20311109145345707},1.2271733132825262,188.98469024550903,4.7978431958862388E-6,0.99931162858495814]
[null,"3.3.9.2.12","Composição Orse",1672,"Joelho de 90°com bolsa para anel, em pvc rígido c/ anéis, para esgoto secundário, diâm = 40mm","UN",10,{"$f":"VLOOKUP(D1116,'CPU (des)'!B:I,8,FALSE)","v":14.5},{"$f":"$K$4","v":0.30260494954802231},18.887771768446324,188.87771768446325,4.7951274331781945E-6,0.99931642371239138]
[null,"2.4.2.1","Composição Sinapi",100575,"REGULARIZAÇÃO DE SUPERFÍCIES COM MOTONIVELADORA. AF_11/2019","M2",1201.28,{"$f":"VLOOKUP(D1117,'CPU (des)'!B:I,8,FALSE)","v":0.12},0.30260494954802231,0.15631259394576266,187.77519285516576,4.7671371169061796E-6,0.99932119084950832]
[null,"4.6.2","Composição Sinapi",91940,"CAIXA RETANGULAR 4\" X 2\" MÉDIA (1,30 M DO PISO), PVC, INSTALADA EM PAREDE - FORNECIMENTO E INSTALAÇÃO. AF_12/2015","UN",9,{"$f":"VLOOKUP(D1118,'CPU (des)'!B:I,8,FALSE)","v":15.79},0.30260494954802231,20.568132153363273,185.11318938026946,4.6995555829582982E-6,0.99932589040509123]
[null,"3.3.8.3.24","Composição Sinapi",91952,"INTERRUPTOR SIMPLES (1 MÓDULO), 10A/250V, SEM SUPORTE E SEM PLACA - FORNECIMENTO E INSTALAÇÃO. AF_12/2015","UN",8,{"$f":"VLOOKUP(D1119,'CPU (des)'!B:I,8,FALSE)","v":17.670000000000002},0.30260494954802231,23.017029458513555,184.13623566810844,4.6747531996832378E-6,0.99933056515829088]
[null,"3.3.9.2.14","Composição Sinapi",89774,"LUVA SIMPLES, PVC, SERIE NORMAL, ESGOTO PREDIAL, DN 75 MM, JUNTA ELÁSTICA, FORNECIDO E INSTALADO EM RAMAL DE DESCARGA OU RAMAL DE ESGOTO SANITÁRIO. AF_08/2022","UN",10,{"$f":"VLOOKUP(D1120,'CPU (des)'!B:I,8,FALSE)","v":14.01},0.30260494954802231,18.249495343167791,182.49495343167791,4.6330851957811375E-6,0.99933519824348671]
[null,"4.8.2","Composição Orse",7928,"Terminal de compressão para cabo de  35 mm2 - fornecimento e instalação","UN",25,{"$f":"VLOOKUP(D1121,'CPU (des)'!B:I,8,FALSE)","v":5.6},0.30260494954802231,7.2945877174689242,182.36469293672312,4.6297782113444629E-6,0.99933982802169807]
[null,"3.3.8.1.20","Insumo Sinapi",9836,"TUBO PVC  SERIE NORMAL, DN 100 MM, PARA ESGOTO  PREDIAL (NBR 5688)","M",9.5299999999999994,{"$f":"VLOOKUP(D1122,'Insumos SINAPI (des)'!A:E,5,FALSE)","v":15.83},{"$f":"$K$5","v":0.20311109145345707},19.045248577708225,181.50121894555937,4.6078567911069413E-6,0.9993444358784892]
[null,"3.3.7.40","Insumo Sinapi",37558,"PLACA DE SINALIZACAO DE SEGURANCA CONTRA INCENDIO, FOTOLUMINESCENTE, RETANGULAR, *20 X 40* CM, EM PVC *2* MM ANTI-CHAMAS (SIMBOLOS, CORES E PICTOGRAMAS CONFORME NBR 16820)","UN",2,{"$f":"VLOOKUP(D1123,'Insumos SINAPI (des)'!A:E,5,FALSE)","v":74.58},{"$f":"$K$5","v":0.20311109145345707},89.728025200598822,179.45605040119764,4.5559351355894536E-6,0.9993489918136248]
[null,"3.4.2.2","Composição Sinapi",96621,"LASTRO COM MATERIAL GRANULAR, APLICAÇÃO EM BLOCOS DE COROAMENTO, ESPESSURA DE *5 CM*. AF_08/2017","M3",0.35,{"$f":"VLOOKUP(D1124,'CPU (des)'!B:I,8,FALSE)","v":393.24},{"$f":"$K$4","v":0.30260494954802231},512.23637036026435,179.2827296260925,4.5515349595727415E-6,0.99935354334858439]
[null,"3.5.2.2","Composição Sinapi",96621,"LASTRO COM MATERIAL GRANULAR, APLICAÇÃO EM BLOCOS DE COROAMENTO, ESPESSURA DE *5 CM*. AF_08/2017","M3",0.35,{"$f":"VLOOKUP(D1125,'CPU (des)'!B:I,8,FALSE)","v":393.24},{"$f":"$K$4","v":0.30260494954802231},512.23637036026435,179.2827296260925,4.5515349595727415E-6,0.99935809488354399]
[null,"3.7.2.2","Composição Sinapi",96621,"LASTRO COM MATERIAL GRANULAR, APLICAÇÃO EM BLOCOS DE COROAMENTO, ESPESSURA DE *5 CM*. AF_08/2017","M3",0.35,{"$f":"VLOOKUP(D1126,'CPU (des)'!B:I,8,FALSE)","v":393.24},{"$f":"$K$4","v":0.30260494954802231},512.23637036026435,179.2827296260925,4.5515349595727415E-6,0.99936264641850359]
[null,"6.2.4","Composição Sinapi",100574,"ESPALHAMENTO DE MATERIAL COM TRATOR DE ESTEIRAS. AF_11/2019","M3",111.47,{"$f":"VLOOKUP(D1127,'CPU (des)'!B:I,8,FALSE)","v":1.23},{"$f":"$K$4","v":0.30260494954802231},1.6022040879440673,178.5976896831252,4.5341435284202696E-6,0.999367180562032]
[null,"3.3.9.1.22","Composição Sinapi",86885,"ENGATE FLEXÍVEL EM COBRE, 1/2\" X 30CM - FORNECIMENTO E INSTALAÇÃO. AF_01/2020","UN",12,{"$f":"VLOOKUP(D1128,'CPU (des)'!B:I,8,FALSE)","v":11.4},{"$f":"$K$4","v":0.30260494954802231},14.849696424847455,178.19635709816947,4.5239547093708761E-6,0.9993717045167414]
[null,"3.3.8.1.18","Insumo Sinapi",9837,"TUBO PVC SERIE NORMAL, DN 75 MM, PARA ESGOTO PREDIAL (NBR 5688)","M",9.8699999999999992,{"$f":"VLOOKUP(D1129,'Insumos SINAPI (des)'!A:E,5,FALSE)","v":14.99},{"$f":"$K$5","v":0.20311109145345707},18.03463526088732,178.00185002495783,4.5190166668418868E-6,0.99937622353340827]
[null,"3.7.2.1","Composição Sinapi",96523,"ESCAVAÇÃO MANUAL PARA BLOCO DE COROAMENTO OU SAPATA (INCLUINDO ESCAVAÇÃO PARA COLOCAÇÃO DE FÔRMAS). AF_06/2017","M3",1.89,{"$f":"VLOOKUP(D1130,'CPU (des)'!B:I,8,FALSE)","v":71.430000000000007},{"$f":"$K$4","v":0.30260494954802231},93.04507154621524,175.85518522234679,4.4645182780905222E-6,0.99938068805168634]
[null,"3.6.9.3.9","Composição Sinapi",89713,"TUBO PVC, SERIE NORMAL, ESGOTO PREDIAL, DN 75 MM, FORNECIDO E INSTALADO EM RAMAL DE DESCARGA OU RAMAL DE ESGOTO SANITÁRIO. AF_08/2022","M",4.5199999999999996,{"$f":"VLOOKUP(D1131,'CPU (des)'!B:I,8,FALSE)","v":29.72},{"$f":"$K$4","v":0.30260494954802231},38.713419100567222,174.98465433456383,4.4424177011002258E-6,0.99938513046938748]
[null,"3.3.8.4.3","Insumo Sinapi",6323,"TE DE FERRO GALVANIZADO, DE 1\"","UN",6,{"$f":"VLOOKUP(D1132,'Insumos SINAPI (des)'!A:E,5,FALSE)","v":24.11},{"$f":"$K$5","v":0.20311109145345707},29.007008414942849,174.0420504896571,4.4184873740571894E-6,0.99938954895676158]
[null,"4.7.23","Insumo Sinapi",39481,"ESPACADOR OU DISTANCIADOR, EM PLASTICO, TIPO APOIO DE CORDOALHA (CARANGUEJO), PARA ARMADURA NEGATIVA E PROTENSAO, COBRIMENTO 50 MM","UN",83,{"$f":"VLOOKUP(D1133,'Insumos SINAPI (des)'!A:E,5,FALSE)","v":1.74},{"$f":"$K$5","v":0.20311109145345707},2.0934132991290153,173.75330382770827,4.4111568267754681E-6,0.99939396011358839]
[null,"3.3.8.2.20","Composição Sinapi",91991,"TOMADA ALTA DE EMBUTIR (1 MÓDULO), 2P+T 20 A, SEM SUPORTE E SEM PLACA - FORNECIMENTO E INSTALAÇÃO. AF_12/2015","UN",4,{"$f":"VLOOKUP(D1134,'CPU (des)'!B:I,8,FALSE)","v":33.19},{"$f":"$K$4","v":0.30260494954802231},43.233458275498855,172.93383310199542,4.3903525381292207E-6,0.99939835046612646]
[null,"3.3.7.87","Insumo Sinapi",39346,"TAMPA PARA CONDULETE, EM PVC, PARA 1 INTERRUPTOR","UN",39,{"$f":"VLOOKUP(D1135,'Insumos SINAPI (des)'!A:E,5,FALSE)","v":3.65},{"$f":"$K$5","v":0.20311109145345707},4.3913554838051185,171.26286386839962,4.3479308564706272E-6,0.99940269839698292]
[null,"3.3.9.1.11","Insumo Sinapi",7602,"TORNEIRA DE METAL AMARELO, PARA TANQUE / JARDIM, DE PAREDE, COM BICO PLASTICO, CANO CURTO, AREA EXTERNA, PADRAO POPULAR / USO GERAL, 1/2 \" OU 3/4 \" (REF 1128)","UN",2,{"$f":"VLOOKUP(D1136,'Insumos SINAPI (des)'!A:E,5,FALSE)","v":70.709999999999994},{"$f":"$K$5","v":0.20311109145345707},85.071985276673942,170.14397055334788,4.3195249857539586E-6,0.99940701792196873]
[null,"3.3.8.2.23","Composição Sinapi",93654,"DISJUNTOR MONOPOLAR TIPO DIN, CORRENTE NOMINAL DE 16A - FORNECIMENTO E INSTALAÇÃO. AF_10/2020","UN",10,{"$f":"VLOOKUP(D1137,'CPU (des)'!B:I,8,FALSE)","v":13.06},{"$f":"$K$4","v":0.30260494954802231},17.012020641097173,170.12020641097172,4.3189216742970493E-6,0.99941133684364303]
[null,"8.5.18","Insumo Sinapi",6299,"TE DE FERRO GALVANIZADO, DE 2 1/2\"","UN",1,{"$f":"VLOOKUP(D1138,'Insumos SINAPI (des)'!A:E,5,FALSE)","v":140.62},{"$f":"$K$5","v":0.20311109145345707},169.18148168018513,169.18148168018513,4.2950898281482228E-6,0.99941563193347116]
[null,"3.3.1.1","Composição Sinapi",98525,"LIMPEZA MECANIZADA DE CAMADA VEGETAL, VEGETAÇÃO E PEQUENAS ÁRVORES (DIÂMETRO DE TRONCO MENOR QUE 0,20 M), COM TRATOR DE ESTEIRAS.AF_05/2018","M2",400,{"$f":"VLOOKUP(D1139,'CPU (des)'!B:I,8,FALSE)","v":0.32},{"$f":"$K$4","v":0.30260494954802231},0.41683358385536717,166.73343354214688,4.2329400789435096E-6,0.99941986487355006]
[null,"2.1.3.4","Composição Sinapi",102498,"PINTURA DE MEIO-FIO COM TINTA BRANCA A BASE DE CAL (CAIAÇÃO). AF_05/2021","M",103.17,{"$f":"VLOOKUP(D1140,'CPU (des)'!B:I,8,FALSE)","v":1.23},0.30260494954802231,1.6022040879440673,165.29939575318943,4.1965334872801583E-6,0.99942406140703732]
[null,"3.3.8.3.7","Composição Sinapi",91940,"CAIXA RETANGULAR 4\" X 2\" MÉDIA (1,30 M DO PISO), PVC, INSTALADA EM PAREDE - FORNECIMENTO E INSTALAÇÃO. AF_12/2015","UN",8,{"$f":"VLOOKUP(D1141,'CPU (des)'!B:I,8,FALSE)","v":15.79},0.30260494954802231,20.568132153363273,164.54505722690618,4.1773827404073759E-6,0.99942823878977771]
[null,"3.3.2.3.6","Composição Sinapi",95427,"TRANSPORTE COM CAMINHÃO BASCULANTE DE 18 M³, EM VIA URBANA PAVIMENTADA, ADICIONAL PARA DMT EXCEDENTE A 30 KM (UNIDADE: M3XKM). AF_07/2020","M3XKM",182.1,{"$f":"VLOOKUP(D1142,'CPU (des)'!B:I,8,FALSE)","v":0.69},0.30260494954802231,0.89879741518813527,163.67100930575944,4.1551928748372885E-6,0.9994323939826526]
[null,"4.6.36","Composição Sinapi",93653,"DISJUNTOR MONOPOLAR TIPO DIN, CORRENTE NOMINAL DE 10A - FORNECIMENTO E INSTALAÇÃO. AF_10/2020","UN",10,{"$f":"VLOOKUP(D1143,'CPU (des)'!B:I,8,FALSE)","v":12.53},0.30260494954802231,16.321640017836717,163.21640017836717,4.1436514991532936E-6,0.99943653763415174]
[null,"3.4.2.1","Composição Sinapi",96523,"ESCAVAÇÃO MANUAL PARA BLOCO DE COROAMENTO OU SAPATA (INCLUINDO ESCAVAÇÃO PARA COLOCAÇÃO DE FÔRMAS). AF_06/2017","M3",1.75,{"$f":"VLOOKUP(D1144,'CPU (des)'!B:I,8,FALSE)","v":71.430000000000007},0.30260494954802231,93.04507154621524,162.82887520587667,4.1338132204541878E-6,0.99944067144737225]
[null,"3.4.10.3","Insumo Sinapi",38153,"FECHADURA ESPELHO PARA PORTA DE BANHEIRO, EM ACO INOX (MAQUINA, TESTA E CONTRA-TESTA) E EM ZAMAC (MACANETA, LINGUETA E TRINCOS) COM ACABAMENTO CROMADO, MAQUINA DE 40 MM, INCLUINDO CHAVE TIPO TRANQUETA","CJ",2,{"$f":"VLOOKUP(D1145,'Insumos SINAPI (des)'!A:E,5,FALSE)","v":67.63},{"$f":"$K$5","v":0.20311109145345707},81.366403114997297,162.73280622999459,4.1313742721897928E-6,0.9994448028216445]
[null,"3.5.10.3","Insumo Sinapi",38153,"FECHADURA ESPELHO PARA PORTA DE BANHEIRO, EM ACO INOX (MAQUINA, TESTA E CONTRA-TESTA) E EM ZAMAC (MACANETA, LINGUETA E TRINCOS) COM ACABAMENTO CROMADO, MAQUINA DE 40 MM, INCLUINDO CHAVE TIPO TRANQUETA","CJ",2,{"$f":"VLOOKUP(D1146,'Insumos SINAPI (des)'!A:E,5,FALSE)","v":67.63},{"$f":"$K$5","v":0.20311109145345707},81.366403114997297,162.73280622999459,4.1313742721897928E-6,0.99944893419591674]
[null,"3.3.8.1.31","Composição Sinapi",91847,"ELETRODUTO FLEXÍVEL CORRUGADO REFORÇADO, PVC, DN 32 MM (1\"), PARA CIRCUITOS TERMINAIS, INSTALADO EM LAJE - FORNECIMENTO E INSTALAÇÃO. AF_12/2015","M",9.5,{"$f":"VLOOKUP(D1147,'CPU (des)'!B:I,8,FALSE)","v":13.08},{"$f":"$K$4","v":0.30260494954802231},17.038072740088133,161.86169103083725,4.1092588610118783E-6,0.9994530434547777]
[null,"4.11.2","Composição Sinapi",97647,"REMOÇÃO DE TELHAS, DE FIBROCIMENTO, METÁLICA E CERÂMICA, DE FORMA MANUAL, SEM REAPROVEITAMENTO. AF_12/2017","M2",50,{"$f":"VLOOKUP(D1148,'CPU (des)'!B:I,8,FALSE)","v":2.48},{"$f":"$K$4","v":0.30260494954802231},3.2304602748790954,161.52301374395478,4.1006607014765247E-6,0.99945714411547915]
[null,"3.3.8.2.21","Composição Sinapi",91952,"INTERRUPTOR SIMPLES (1 MÓDULO), 10A/250V, SEM SUPORTE E SEM PLACA - FORNECIMENTO E INSTALAÇÃO. AF_12/2015","UN",7,{"$f":"VLOOKUP(D1149,'CPU (des)'!B:I,8,FALSE)","v":17.670000000000002},{"$f":"$K$4","v":0.30260494954802231},23.017029458513555,161.11920620959489,4.0904090497228333E-6,0.99946123452452884]
[null,"3.9.2.1","Composição Sinapi",96523,"ESCAVAÇÃO MANUAL PARA BLOCO DE COROAMENTO OU SAPATA (INCLUINDO ESCAVAÇÃO PARA COLOCAÇÃO DE FÔRMAS). AF_06/2017","M3",1.73,{"$f":"VLOOKUP(D1150,'CPU (des)'!B:I,8,FALSE)","v":71.430000000000007},{"$f":"$K$4","v":0.30260494954802231},93.04507154621524,160.96797377495236,4.0865696407918538E-6,0.99946532109416963]
[null,"3.6.9.3.3","Insumo Sinapi",6149,"SIFAO PLASTICO TIPO COPO PARA PIA OU LAVATORIO, 1 X 1.1/2 \"","UN",10,{"$f":"VLOOKUP(D1151,'Insumos SINAPI (des)'!A:E,5,FALSE)","v":13.24},{"$f":"$K$5","v":0.20311109145345707},15.929190850843773,159.29190850843773,4.044018583749287E-6,0.99946936511275342]
[null,"3.3.2.2.6","Composição Sinapi",95427,"TRANSPORTE COM CAMINHÃO BASCULANTE DE 18 M³, EM VIA URBANA PAVIMENTADA, ADICIONAL PARA DMT EXCEDENTE A 30 KM (UNIDADE: M3XKM). AF_07/2020","M3XKM",176.7,{"$f":"VLOOKUP(D1152,'CPU (des)'!B:I,8,FALSE)","v":0.69},{"$f":"$K$4","v":0.30260494954802231},0.89879741518813527,158.8175032637435,4.0319746347267922E-6,0.99947339708738814]
[null,"3.3.7.8","Composição Sinapi",97670,"ELETRODUTO FLEXÍVEL CORRUGADO, PEAD, DN 100 (4\"), PARA REDE ENTERRADA DE DISTRIBUIÇÃO DE ENERGIA ELÉTRICA - FORNECIMENTO E INSTALAÇÃO. AF_12/2021","M",6,{"$f":"VLOOKUP(D1153,'CPU (des)'!B:I,8,FALSE)","v":20.28},{"$f":"$K$4","v":0.30260494954802231},26.416828376833895,158.50097026100337,4.0239386625456743E-6,0.99947742102605064]
[null,"3.3.7.68","Insumo Sinapi",11945,"BUCHA DE NYLON SEM ABA S4","UN",2178,{"$f":"VLOOKUP(D1154,'Insumos SINAPI (des)'!A:E,5,FALSE)","v":0.06},{"$f":"$K$5","v":0.20311109145345707},7.2186665487207424E-2,157.22255743113777,3.9914829948969551E-6,0.99948141250904554]
[null,"3.4.9.3.5","Composição Sinapi",89731,"JOELHO 90 GRAUS, PVC, SERIE NORMAL, ESGOTO PREDIAL, DN 50 MM, JUNTA ELÁSTICA, FORNECIDO E INSTALADO EM RAMAL DE DESCARGA OU RAMAL DE ESGOTO SANITÁRIO. AF_08/2022","UN",8,{"$f":"VLOOKUP(D1155,'CPU (des)'!B:I,8,FALSE)","v":14.97},{"$f":"$K$4","v":0.30260494954802231},19.499996094733895,155.99996875787116,3.9604445613615208E-6,0.99948537295360695]
[null,"3.5.9.3.5","Composição Sinapi",89731,"JOELHO 90 GRAUS, PVC, SERIE NORMAL, ESGOTO PREDIAL, DN 50 MM, JUNTA ELÁSTICA, FORNECIDO E INSTALADO EM RAMAL DE DESCARGA OU RAMAL DE ESGOTO SANITÁRIO. AF_08/2022","UN",8,{"$f":"VLOOKUP(D1156,'CPU (des)'!B:I,8,FALSE)","v":14.97},{"$f":"$K$4","v":0.30260494954802231},19.499996094733895,155.99996875787116,3.9604445613615208E-6,0.99948933339816837]
[null,"3.3.8.1.6","Insumo Sinapi",10836,"JOELHO PVC COM VISITA, 90 GRAUS, DN 100 X 50 MM, SERIE NORMAL, PARA ESGOTO PREDIAL","UN",6,{"$f":"VLOOKUP(D1157,'Insumos SINAPI (des)'!A:E,5,FALSE)","v":21.57},{"$f":"$K$5","v":0.20311109145345707},25.951106242651068,155.70663745590642,3.9529976216679209E-6,0.99949328639579005]
[null,"3.3.7.38","Insumo Sinapi",13343,"KIT DE MATERIAIS PARA BRACADEIRA PARA FIXACAO EM POSTE CIRCULAR, CONTEM TRES FIXADORES E UM ROLO DE FITA DE 3 M EM ACO CARBONO","UN",3,{"$f":"VLOOKUP(D1158,'Insumos SINAPI (des)'!A:E,5,FALSE)","v":43.07},{"$f":"$K$5","v":0.20311109145345707},51.817994708900393,155.45398412670119,3.9465833927964155E-6,0.9994972329791828]
[null,"4.7.2","Composição Orse",9539,"Tala plana perfurada 38mm para eletrocalha metálica (ref.: mopa ou similar) - Rev 01","UN",24,{"$f":"VLOOKUP(D1159,'CPU (des)'!B:I,8,FALSE)","v":4.92},{"$f":"$K$4","v":0.30260494954802231},6.4088163517762693,153.81159244263046,3.9048872228253871E-6,0.9995011378664056]
[null,"3.4.7.10","Insumo Sinapi",38115,"INTERRUPTOR INTERMEDIARIO 10 A, 250 V (APENAS MODULO)","UN",6,{"$f":"VLOOKUP(D1160,'Insumos SINAPI (des)'!A:E,5,FALSE)","v":21.29},{"$f":"$K$5","v":0.20311109145345707},25.614235137044101,153.6854108222646,3.9016837906958758E-6,0.99950503955019632]
[null,"3.5.7.10","Insumo Sinapi",38115,"INTERRUPTOR INTERMEDIARIO 10 A, 250 V (APENAS MODULO)","UN",6,{"$f":"VLOOKUP(D1161,'Insumos SINAPI (des)'!A:E,5,FALSE)","v":21.29},{"$f":"$K$5","v":0.20311109145345707},25.614235137044101,153.6854108222646,3.9016837906958758E-6,0.99950894123398704]
[null,"3.3.9.2.1","Composição Sinapi",89482,"CAIXA SIFONADA, PVC, DN 100 X 100 X 50 MM, FORNECIDA E INSTALADA EM RAMAIS DE ENCAMINHAMENTO DE ÁGUA PLUVIAL. AF_06/2022","UN",3,{"$f":"VLOOKUP(D1162,'CPU (des)'!B:I,8,FALSE)","v":38.79},{"$f":"$K$4","v":0.30260494954802231},50.528045992967783,{"$f":"J1162*G1162","v":151.58413797890336},3.8483377889582513E-6,0.99951278957177603]
[null,"3.3.8.1.10","Composição Orse",1672,"Joelho de 90°com bolsa para anel, em pvc rígido c/ anéis, para esgoto secundário, diâm = 40mm","UN",8,{"$f":"VLOOKUP(D1163,'CPU (des)'!B:I,8,FALSE)","v":14.5},{"$f":"$K$4","v":0.30260494954802231},18.887771768446324,151.10217414757059,{"$f":"K1163/$K$1467","v":3.8361019465425556E-6},0.99951662567372257]
[null,"3.3.9.2.8","Insumo Sinapi",1958,"CURVA DE PVC 90 GRAUS, SOLDAVEL, 40 MM, PARA AGUA FRIA PREDIAL (NBR 5648)","UN",10,{"$f":"VLOOKUP(D1164,'Insumos SINAPI (des)'!A:E,5,FALSE)","v":12.53},{"$f":"$K$5","v":0.20311109145345707},15.074981975911816,150.74981975911817,3.8271565599983808E-6,{"$f":"L1164+M1163","v":0.99952045283028257}]
[null,"3.1.3.10","Composição Sinapi",98525,"LIMPEZA MECANIZADA DE CAMADA VEGETAL, VEGETAÇÃO E PEQUENAS ÁRVORES (DIÂMETRO DE TRONCO MENOR QUE 0,20 M), COM TRATOR DE ESTEIRAS.AF_05/2018","M2",360,{"$f":"VLOOKUP(D1165,'CPU (des)'!B:I,8,FALSE)","v":0.32},{"$f":"$K$4","v":0.30260494954802231},0.41683358385536717,150.06009018793219,3.8096460710491587E-6,0.99952426247635362]
[null,"9.2.3","Composição Sinapi",98525,"LIMPEZA MECANIZADA DE CAMADA VEGETAL, VEGETAÇÃO E PEQUENAS ÁRVORES (DIÂMETRO DE TRONCO MENOR QUE 0,20 M), COM TRATOR DE ESTEIRAS.AF_05/2018","M2",360,{"$f":"VLOOKUP(D1166,'CPU (des)'!B:I,8,FALSE)","v":0.32},{"$f":"$K$4","v":0.30260494954802231},0.41683358385536717,150.06009018793219,3.8096460710491587E-6,0.99952807212242467]
[null,"10.1.12","Composição Sinapi",98525,"LIMPEZA MECANIZADA DE CAMADA VEGETAL, VEGETAÇÃO E PEQUENAS ÁRVORES (DIÂMETRO DE TRONCO MENOR QUE 0,20 M), COM TRATOR DE ESTEIRAS.AF_05/2018","M2",360,{"$f":"VLOOKUP(D1167,'CPU (des)'!B:I,8,FALSE)","v":0.32},{"$f":"$K$4","v":0.30260494954802231},0.41683358385536717,150.06009018793219,3.8096460710491587E-6,0.99953188176849572]
[null,"3.3.8.2.37","Composição Sinapi",91864,"ELETRODUTO RÍGIDO ROSCÁVEL, PVC, DN 32 MM (1\"), PARA CIRCUITOS TERMINAIS, INSTALADO EM FORRO - FORNECIMENTO E INSTALAÇÃO. AF_12/2015","M",7.8,{"$f":"VLOOKUP(D1168,'CPU (des)'!B:I,8,FALSE)","v":14.71},{"$f":"$K$4","v":0.30260494954802231},19.161318807851409,149.45828670124098,3.7943678029517215E-6,0.99953567613629868]
[null,"3.3.7.70","Insumo Sinapi",4376,"BUCHA DE NYLON SEM ABA S8","UN",652,{"$f":"VLOOKUP(D1169,'Insumos SINAPI (des)'!A:E,5,FALSE)","v":0.19},{"$f":"$K$5","v":0.20311109145345707},0.22859110737615684,149.04140200925426,3.7837841552481996E-6,0.9995394599204539]
[null,"8.5.19","Insumo Sinapi",20181,"TE, PVC, SERIE R, 150 X 150 MM, PARA ESGOTO PREDIAL","UN",1,{"$f":"VLOOKUP(D1170,'Insumos SINAPI (des)'!A:E,5,FALSE)","v":123.15},{"$f":"$K$5","v":0.20311109145345707},148.16313091249324,148.16313091249324,3.761487073932966E-6,0.99954322140752783]
[null,"3.3.8.1.1","Composição Orse",9383,"Caixa sifonada quadrada, com três entradas e uma saida, d = 100x150x50mm, branco, com grelha, Akros ou similar","UN",3,{"$f":"VLOOKUP(D1171,'CPU (des)'!B:I,8,FALSE)","v":37.549999999999997},{"$f":"$K$4","v":0.30260494954802231},48.912815855528237,146.73844756658471,3.7253179679139555E-6,0.99954694672549571]
[null,"3.3.8.3.34","Composição Sinapi",91836,"ELETRODUTO FLEXÍVEL CORRUGADO, PVC, DN 32 MM (1\"), PARA CIRCUITOS TERMINAIS, INSTALADO EM FORRO - FORNECIMENTO E INSTALAÇÃO. AF_12/2015","M",8.4,{"$f":"VLOOKUP(D1172,'CPU (des)'!B:I,8,FALSE)","v":13.24},{"$f":"$K$4","v":0.30260494954802231},17.246489532015815,144.87051206893284,3.6778958110920413E-6,0.99955062462130684]
[null,"8.5.24","Composição Orse",6015,"Assentamento de registro de gaveta em ferro fundido com flanges, diam. =   50mm a 150mm","UN",9,{"$f":"VLOOKUP(D1173,'CPU (des)'!B:I,8,FALSE)","v":12.18},{"$f":"$K$4","v":0.30260494954802231},{"$f":"H1173*(1+I1173)","v":15.865728285494912},142.79155456945421,3.6251163394827147E-6,0.99955424973764628]
[null,"3.3.7.92","Insumo Sinapi",400,"ABRACADEIRA EM ACO PARA AMARRACAO DE ELETRODUTOS, TIPO D, COM 3/4\" E PARAFUSO DE FIXACAO","UN",42,{"$f":"VLOOKUP(D1174,'Insumos SINAPI (des)'!A:E,5,FALSE)","v":2.81},{"$f":"$K$5","v":0.20311109145345707},3.3807421669842146,141.99117101333701,3.6047966257861848E-6,0.99955785453427204]
[null,"3.3.8.2.31","Composição Sinapi",91836,"ELETRODUTO FLEXÍVEL CORRUGADO, PVC, DN 32 MM (1\"), PARA CIRCUITOS TERMINAIS, INSTALADO EM FORRO - FORNECIMENTO E INSTALAÇÃO. AF_12/2015","M",8.1999999999999993,{"$f":"VLOOKUP(D1175,'CPU (des)'!B:I,8,FALSE)","v":13.24},{"$f":"$K$4","v":0.30260494954802231},17.246489532015815,141.42121416252968,3.5903268632088977E-6,0.9995614448611353]
[null,"2.5.2","Composição Sinapi",100575,"REGULARIZAÇÃO DE SUPERFÍCIES COM MOTONIVELADORA. AF_11/2019","M2",903.56,{"$f":"VLOOKUP(D1176,'CPU (des)'!B:I,8,FALSE)","v":0.12},{"$f":"$K$4","v":0.30260494954802231},0.15631259394576266,141.23780738563329,3.585670629122059E-6,0.99956503053176438]
[null,"3.3.8.2.11","Insumo Sinapi",4374,"BUCHA DE NYLON SEM ABA S10","UN",316,{"$f":"VLOOKUP(D1177,'Insumos SINAPI (des)'!A:E,5,FALSE)","v":0.37},{"$f":"$K$5","v":0.20311109145345707},0.44515110383777912,140.66774881273821,3.571198284078298E-6,0.99956860173004847]
[null,"3.6.9.1.4","Composição Sinapi",89401,"TUBO, PVC, SOLDÁVEL, DN 20MM, INSTALADO EM RAMAL DE DISTRIBUIÇÃO DE ÁGUA - FORNECIMENTO E INSTALAÇÃO. AF_06/2022","M",11.85,{"$f":"VLOOKUP(D1178,'CPU (des)'!B:I,8,FALSE)","v":9.0500000000000007},{"$f":"$K$4","v":0.30260494954802231},11.788574793409603,139.69461130190379,3.546492784500776E-6,0.99957214822283291]
[null,"3.4.8.9","Composição Sinapi",100560,"QUADRO DE DISTRIBUIÇÃO PARA TELEFONE N.2, 20X20X12CM EM CHAPA METALICA, DE EMBUTIR, SEM ACESSORIOS, PADRÃO TELEBRAS, FORNECIMENTO E INSTALAÇÃO. AF_11/2019","UN",1,{"$f":"VLOOKUP(D1179,'CPU (des)'!B:I,8,FALSE)","v":106.76},{"$f":"$K$4","v":0.30260494954802231},139.06610441374687,139.06610441374687,3.530536584593821E-6,0.99957567875941755]
[null,"3.5.8.9","Composição Sinapi",100560,"QUADRO DE DISTRIBUIÇÃO PARA TELEFONE N.2, 20X20X12CM EM CHAPA METALICA, DE EMBUTIR, SEM ACESSORIOS, PADRÃO TELEBRAS, FORNECIMENTO E INSTALAÇÃO. AF_11/2019","UN",1,{"$f":"VLOOKUP(D1180,'CPU (des)'!B:I,8,FALSE)","v":106.76},{"$f":"$K$4","v":0.30260494954802231},139.06610441374687,139.06610441374687,3.530536584593821E-6,0.99957920929600219]
[null,"3.6.8.2.9","Composição Sinapi",100560,"QUADRO DE DISTRIBUIÇÃO PARA TELEFONE N.2, 20X20X12CM EM CHAPA METALICA, DE EMBUTIR, SEM ACESSORIOS, PADRÃO TELEBRAS, FORNECIMENTO E INSTALAÇÃO. AF_11/2019","UN",1,{"$f":"VLOOKUP(D1181,'CPU (des)'!B:I,8,FALSE)","v":106.76},{"$f":"$K$4","v":0.30260494954802231},139.06610441374687,139.06610441374687,3.530536584593821E-6,0.99958273983258683]
[null,"3.3.8.1.12","Insumo Sinapi",20144,"JUNCAO SIMPLES, PVC SERIE R, DN 100 X 100 MM, PARA ESGOTO OU AGUAS PLUVIAIS PREDIAIS","UN",2,{"$f":"VLOOKUP(D1182,'Insumos SINAPI (des)'!A:E,5,FALSE)","v":57.54},{"$f":"$K$5","v":0.20311109145345707},69.227012202231919,138.45402440446384,3.5149974215851055E-6,0.9995862548300084]
[null,"3.3.7.51","Composição Orse",8795,"Terminal aéreo em aço galvanizado 3/8\" x 50cm, com fixação horizontal","UN",4,{"$f":"VLOOKUP(D1183,'CPU (des)'!B:I,8,FALSE)","v":26.51},{"$f":"$K$4","v":0.30260494954802231},34.532057212518076,138.1282288500723,3.506726296649764E-6,0.99958976155630508]
[null,"4.8.5","Composição Orse",8795,"Terminal aéreo em aço galvanizado 3/8\" x 50cm, com fixação horizontal","UN",4,{"$f":"VLOOKUP(D1184,'CPU (des)'!B:I,8,FALSE)","v":26.51},{"$f":"$K$4","v":0.30260494954802231},34.532057212518076,138.1282288500723,3.506726296649764E-6,0.99959326828260175]
[null,"4.6.1","Insumo Sinapi",39145,"ABRACADEIRA EM ACO PARA AMARRACAO DE ELETRODUTOS, TIPO U SIMPLES, COM 4\"","UN",13,{"$f":"VLOOKUP(D1185,'Insumos SINAPI (des)'!A:E,5,FALSE)","v":8.83},{"$f":"$K$5","v":0.20311109145345707},10.623470937534027,138.10512218794236,3.5061396769530265E-6,0.99959677442227868]
[null,"3.3.9.2.13","Composição Sinapi",89753,"LUVA SIMPLES, PVC, SERIE NORMAL, ESGOTO PREDIAL, DN 50 MM, JUNTA ELÁSTICA, FORNECIDO E INSTALADO EM RAMAL DE DESCARGA OU RAMAL DE ESGOTO SANITÁRIO. AF_08/2022","UN",13,{"$f":"VLOOKUP(D1186,'CPU (des)'!B:I,8,FALSE)","v":8.1199999999999992},{"$f":"$K$4","v":0.30260494954802231},10.57715219032994,137.50297847428922,3.490852771353725E-6,0.99960026527505008]
[null,"3.4.9.1.4","Composição Sinapi",89401,"TUBO, PVC, SOLDÁVEL, DN 20MM, INSTALADO EM RAMAL DE DISTRIBUIÇÃO DE ÁGUA - FORNECIMENTO E INSTALAÇÃO. AF_06/2022","M",11.42,{"$f":"VLOOKUP(D1187,'CPU (des)'!B:I,8,FALSE)","v":9.0500000000000007},{"$f":"$K$4","v":0.30260494954802231},11.788574793409603,134.62552414073767,3.4178014851475835E-6,0.99960368307653524]
[null,"3.5.9.1.4","Composição Sinapi",89401,"TUBO, PVC, SOLDÁVEL, DN 20MM, INSTALADO EM RAMAL DE DISTRIBUIÇÃO DE ÁGUA - FORNECIMENTO E INSTALAÇÃO. AF_06/2022","M",11.42,{"$f":"VLOOKUP(D1188,'CPU (des)'!B:I,8,FALSE)","v":9.0500000000000007},{"$f":"$K$4","v":0.30260494954802231},11.788574793409603,134.62552414073767,3.4178014851475835E-6,0.9996071008780204]
[null,"3.3.2.2.5","Composição Sinapi",93382,"REATERRO MANUAL DE VALAS COM COMPACTAÇÃO MECANIZADA. AF_04/2016","M3",5.56,{"$f":"VLOOKUP(D1189,'CPU (des)'!B:I,8,FALSE)","v":18.52},{"$f":"$K$4","v":0.30260494954802231},24.124243665629372,134.13079478089929,3.4052415582570921E-6,0.99961050611957869]
[null,"3.3.8.3.23","Composição Sinapi",91991,"TOMADA ALTA DE EMBUTIR (1 MÓDULO), 2P+T 20 A, SEM SUPORTE E SEM PLACA - FORNECIMENTO E INSTALAÇÃO. AF_12/2015","UN",3,{"$f":"VLOOKUP(D1190,'CPU (des)'!B:I,8,FALSE)","v":33.19},{"$f":"$K$4","v":0.30260494954802231},43.233458275498855,129.70037482649656,3.2927644035969149E-6,0.99961379888398227]
[null,"3.3.8.3.15","Insumo Sinapi",39442,"PARAFUSO DRY WALL, EM ACO ZINCADO, CABECA LENTILHA E PONTA AGULHA (LA), LARGURA 4,2 MM, COMPRIMENTO 13 MM","UN",632,{"$f":"VLOOKUP(D1191,'Insumos SINAPI (des)'!A:E,5,FALSE)","v":0.17},{"$f":"$K$5","v":0.20311109145345707},0.20452888554708773,129.26225566575945,3.2816416664503282E-6,0.99961708052564868]
[null,"8.4.32","Composição Orse",6015,"Assentamento de registro de gaveta em ferro fundido com flanges, diam. =   50mm a 150mm","UN",8,{"$f":"VLOOKUP(D1192,'CPU (des)'!B:I,8,FALSE)","v":12.18},{"$f":"$K$4","v":0.30260494954802231},15.865728285494912,126.9258262839593,3.2223256350957465E-6,0.99962030285128378]
[null,"3.3.7.30","Composição Orse",9892,"PEÇA DE MADERIA 115X135X 600MM","UN",4,{"$f":"VLOOKUP(D1193,'CPU (des)'!B:I,8,FALSE)","v":24.23},0.30260494954802231,31.562117927548581,126.24847171019432,3.2051293160250384E-6,0.99962350798059985]
[null,"3.4.8.2","Composição Orse",766,"Ponto de dado e voz, inclusive caixa 3\" x 3\" sistema \"x\"","UN",2,{"$f":"VLOOKUP(D1194,'CPU (des)'!B:I,8,FALSE)","v":48.3},0.30260494954802231,62.915819063169472,125.83163812633894,3.1945469658276792E-6,0.99962670252756569]
[null,"3.5.8.2","Composição Orse",766,"Ponto de dado e voz, inclusive caixa 3\" x 3\" sistema \"x\"","UN",2,{"$f":"VLOOKUP(D1195,'CPU (des)'!B:I,8,FALSE)","v":48.3},0.30260494954802231,62.915819063169472,125.83163812633894,3.1945469658276792E-6,0.99962989707453154]
[null,"3.6.8.2.2","Composição Orse",766,"Ponto de dado e voz, inclusive caixa 3\" x 3\" sistema \"x\"","UN",2,{"$f":"VLOOKUP(D1196,'CPU (des)'!B:I,8,FALSE)","v":48.3},0.30260494954802231,62.915819063169472,125.83163812633894,3.1945469658276792E-6,0.99963309162149738]
[null,"3.5.2.1","Composição Sinapi",96523,"ESCAVAÇÃO MANUAL PARA BLOCO DE COROAMENTO OU SAPATA (INCLUINDO ESCAVAÇÃO PARA COLOCAÇÃO DE FÔRMAS). AF_06/2017","M3",1.35,{"$f":"VLOOKUP(D1197,'CPU (des)'!B:I,8,FALSE)","v":71.430000000000007},0.30260494954802231,93.04507154621524,125.61084658739058,3.1889416272075167E-6,0.99963628056312459]
[null,"3.3.9.1.16","Insumo Sinapi",3462,"COTOVELO DE REDUCAO 90 GRAUS DE FERRO GALVANIZADO, COM ROSCA BSP, DE 3/4\" X 1/2\"","UN",8,{"$f":"VLOOKUP(D1198,'Insumos SINAPI (des)'!A:E,5,FALSE)","v":13.01},{"$f":"$K$5","v":0.20311109145345707},15.652475299809476,125.21980239847581,3.1790140045062368E-6,0.99963945957712907]
[null,"4.6.43","Insumo Sinapi",39126,"ABRACADEIRA EM ACO PARA AMARRACAO DE ELETRODUTOS, TIPO D, COM 4\" E CUNHA DE FIXACAO","UN",8,{"$f":"VLOOKUP(D1199,'Insumos SINAPI (des)'!A:E,5,FALSE)","v":12.98},{"$f":"$K$5","v":0.20311109145345707},15.616381967065873,124.93105573652699,3.1716834572245163E-6,0.99964263126058628]
[null,"3.3.7.80","Insumo Sinapi",4379,"PARAFUSO DE ACO ZINCADO COM ROSCA SOBERBA, CABECA CHATA E FENDA SIMPLES, DIAMETRO 2,5 MM, COMPRIMENTO * 9,5 * MM","UN",2066,{"$f":"VLOOKUP(D1200,'Insumos SINAPI (des)'!A:E,5,FALSE)","v":0.05},{"$f":"$K$5","v":0.20311109145345707},6.0155554572672854E-2,124.28137574714212,3.1551897258406448E-6,0.9996457864503121]
[null,"3.3.7.11","Composição Sinapi",91966,"INTERRUPTOR SIMPLES (3 MÓDULOS), 10A/250V, SEM SUPORTE E SEM PLACA - FORNECIMENTO E INSTALAÇÃO. AF_12/2015","UN",2,{"$f":"VLOOKUP(D1201,'CPU (des)'!B:I,8,FALSE)","v":47.69},{"$f":"$K$4","v":0.30260494954802231},62.121230043945182,124.24246008789036,3.1542017557002493E-6,0.99964894065206777]
[null,"3.4.7.16","Composição Sinapi",91981,"INTERRUPTOR BIPOLAR (1 MÓDULO), 10A/250V, INCLUINDO SUPORTE E PLACA - FORNECIMENTO E INSTALAÇÃO. AF_09/2017","UN",2,{"$f":"VLOOKUP(D1202,'CPU (des)'!B:I,8,FALSE)","v":47.69},0.30260494954802231,62.121230043945182,124.24246008789036,3.1542017557002493E-6,0.99965209485382345]
[null,"3.5.7.16","Composição Sinapi",91981,"INTERRUPTOR BIPOLAR (1 MÓDULO), 10A/250V, INCLUINDO SUPORTE E PLACA - FORNECIMENTO E INSTALAÇÃO. AF_09/2017","UN",2,{"$f":"VLOOKUP(D1203,'CPU (des)'!B:I,8,FALSE)","v":47.69},0.30260494954802231,62.121230043945182,124.24246008789036,3.1542017557002493E-6,0.99965524905557912]
[null,"3.6.8.1.14","Composição Sinapi",91981,"INTERRUPTOR BIPOLAR (1 MÓDULO), 10A/250V, INCLUINDO SUPORTE E PLACA - FORNECIMENTO E INSTALAÇÃO. AF_09/2017","UN",2,{"$f":"VLOOKUP(D1204,'CPU (des)'!B:I,8,FALSE)","v":47.69},0.30260494954802231,62.121230043945182,124.24246008789036,3.1542017557002493E-6,0.99965840325733479]
[null,"3.3.8.2.6","Composição Sinapi",91940,"CAIXA RETANGULAR 4\" X 2\" MÉDIA (1,30 M DO PISO), PVC, INSTALADA EM PAREDE - FORNECIMENTO E INSTALAÇÃO. AF_12/2015","UN",6,{"$f":"VLOOKUP(D1205,'CPU (des)'!B:I,8,FALSE)","v":15.79},0.30260494954802231,20.568132153363273,123.40879292017964,3.1330370553055317E-6,0.99966153629439014]
[null,"3.7.6.8","Composição Sinapi",91940,"CAIXA RETANGULAR 4\" X 2\" MÉDIA (1,30 M DO PISO), PVC, INSTALADA EM PAREDE - FORNECIMENTO E INSTALAÇÃO. AF_12/2015","UN",6,{"$f":"VLOOKUP(D1206,'CPU (des)'!B:I,8,FALSE)","v":15.79},0.30260494954802231,20.568132153363273,123.40879292017964,3.1330370553055317E-6,0.99966466933144549]
[null,"3.8.6.8","Composição Sinapi",91940,"CAIXA RETANGULAR 4\" X 2\" MÉDIA (1,30 M DO PISO), PVC, INSTALADA EM PAREDE - FORNECIMENTO E INSTALAÇÃO. AF_12/2015","UN",6,{"$f":"VLOOKUP(D1207,'CPU (des)'!B:I,8,FALSE)","v":15.79},0.30260494954802231,20.568132153363273,123.40879292017964,3.1330370553055317E-6,0.99966780236850084]
[null,"3.9.6.8","Composição Sinapi",91940,"CAIXA RETANGULAR 4\" X 2\" MÉDIA (1,30 M DO PISO), PVC, INSTALADA EM PAREDE - FORNECIMENTO E INSTALAÇÃO. AF_12/2015","UN",6,{"$f":"VLOOKUP(D1208,'CPU (des)'!B:I,8,FALSE)","v":15.79},0.30260494954802231,20.568132153363273,123.40879292017964,3.1330370553055317E-6,0.99967093540555618]
[null,"3.3.9.1.17","Insumo Sinapi",3939,"LUVA DE FERRO GALVANIZADO, COM ROSCA BSP, DE 1 1/2\"","UN",4,{"$f":"VLOOKUP(D1209,'Insumos SINAPI (des)'!A:E,5,FALSE)","v":25.6},{"$f":"$K$5","v":0.20311109145345707},30.799643941208501,123.198575764834,3.1277001735341917E-6,0.9996740631057297]
[null,"4.6.23","Composição Orse",12586,"Tampa de encaixe para Cruzeta 200mm, zincada, para eletrocalha metálica","UN",6,{"$f":"VLOOKUP(D1210,'CPU (des)'!B:I,8,FALSE)","v":15.72},{"$f":"$K$4","v":0.30260494954802231},20.476949806894911,122.86169884136947,3.1191477206714987E-6,0.99967718225345037]
[null,"7.3.24","Insumo Sinapi",1603,"CONECTOR DE ALUMINIO TIPO PRENSA CABO, BITOLA 2\", PARA CABOS DE DIAMETRO DE 47,5 A 50 MM","UN",1,{"$f":"VLOOKUP(D1211,'Insumos SINAPI (des)'!A:E,5,FALSE)","v":101.83},{"$f":"$K$5","v":0.20311109145345707},122.51280244270554,122.51280244270554,3.1102901237401052E-6,0.99968029254357416]
[null,"3.3.8.2.26","Composição Sinapi",91170,"FIXAÇÃO DE TUBOS HORIZONTAIS DE PVC, CPVC OU COBRE DIÂMETROS MENORES OU IGUAIS A 40 MM OU ELETROCALHAS ATÉ 150MM DE LARGURA, COM ABRAÇADEIRA METÁLICA RÍGIDA TIPO D 1/2\", FIXADA EM PERFILADO EM LAJE. AF_05/2015","M",28.4,{"$f":"VLOOKUP(D1212,'CPU (des)'!B:I,8,FALSE)","v":3.29},{"$f":"$K$4","v":0.30260494954802231},4.2855702840129934,121.710196065969,3.0899139782512943E-6,0.99968338245755239]
[null,"3.3.8.4.2","Insumo Sinapi",3264,"FLANGE SEXTAVADO DE FERRO GALVANIZADO, COM ROSCA BSP, DE 1\"","UN",3,{"$f":"VLOOKUP(D1213,'Insumos SINAPI (des)'!A:E,5,FALSE)","v":33.72},{"$f":"$K$5","v":0.20311109145345707},40.568906003810568,121.7067180114317,3.0898256792453009E-6,0.9996864722832316]
[null,"3.3.7.65","Insumo Orse",13355,"Arruela de pressão 1/4\"","UN",2013,{"$f":"VLOOKUP(D1214,'CPU (des)'!B:I,8,FALSE)","v":0.05},{"$f":"$K$5","v":0.20311109145345707},6.0155554572672854E-2,121.09313135479046,3.0742482662716448E-6,0.99968954653149789]
[null,"4.7.26","Insumo Sinapi",39442,"PARAFUSO DRY WALL, EM ACO ZINCADO, CABECA LENTILHA E PONTA AGULHA (LA), LARGURA 4,2 MM, COMPRIMENTO 13 MM","UN",592,{"$f":"VLOOKUP(D1215,'Insumos SINAPI (des)'!A:E,5,FALSE)","v":0.17},{"$f":"$K$5","v":0.20311109145345707},0.20452888554708773,121.08110024387594,3.0739428268015732E-6,0.99969262047432472]
[null,"3.3.2.3.5","Composição Sinapi",93382,"REATERRO MANUAL DE VALAS COM COMPACTAÇÃO MECANIZADA. AF_04/2016","M3",4.91,{"$f":"VLOOKUP(D1216,'CPU (des)'!B:I,8,FALSE)","v":18.52},{"$f":"$K$4","v":0.30260494954802231},24.124243665629372,118.45003639824021,3.0071467717702023E-6,0.99969562762109654]
[null,"3.3.9.2.6","Composição Sinapi",86879,"VÁLVULA EM PLÁSTICO 1\" PARA PIA, TANQUE OU LAVATÓRIO, COM OU SEM LADRÃO - FORNECIMENTO E INSTALAÇÃO. AF_01/2020","UN",10,{"$f":"VLOOKUP(D1217,'CPU (des)'!B:I,8,FALSE)","v":8.99},{"$f":"$K$4","v":0.30260494954802231},11.71041849643672,117.10418496436719,2.9729790085704799E-6,0.99969860060010507]
[null,"3.6.9.3.6","Composição Sinapi",89731,"JOELHO 90 GRAUS, PVC, SERIE NORMAL, ESGOTO PREDIAL, DN 50 MM, JUNTA ELÁSTICA, FORNECIDO E INSTALADO EM RAMAL DE DESCARGA OU RAMAL DE ESGOTO SANITÁRIO. AF_08/2022","UN",6,{"$f":"VLOOKUP(D1218,'CPU (des)'!B:I,8,FALSE)","v":14.97},{"$f":"$K$4","v":0.30260494954802231},19.499996094733895,116.99997656840337,2.9703334210211408E-6,0.99970157093352607]
[null,"3.3.7.21","Composição Orse",9534,"Fornecimento e instalação de patch cords cat.5e, conector rj-45 macho, c/1,50m - Rev 01","UN",5,{"$f":"VLOOKUP(D1219,'CPU (des)'!B:I,8,FALSE)","v":17.829999999999998},{"$f":"$K$4","v":0.30260494954802231},23.225446250441234,116.12723125220617,2.9481766252954203E-6,0.99970451911015135]
[null,"3.3.8.1.32","Insumo Sinapi",39128,"ABRACADEIRA EM ACO PARA AMARRACAO DE ELETRODUTOS, TIPO D, COM 3/4\" E CUNHA DE FIXACAO","UN",33,{"$f":"VLOOKUP(D1220,'Insumos SINAPI (des)'!A:E,5,FALSE)","v":2.88},{"$f":"$K$5","v":0.20311109145345707},3.4649599433859564,114.34367813173657,2.9028967235614218E-6,0.9997074220068749]
[null,"3.3.8.1.15","Insumo Sinapi",39442,"PARAFUSO DRY WALL, EM ACO ZINCADO, CABECA LENTILHA E PONTA AGULHA (LA), LARGURA 4,2 MM, COMPRIMENTO 13 MM","UN",552,{"$f":"VLOOKUP(D1221,'Insumos SINAPI (des)'!A:E,5,FALSE)","v":0.17},{"$f":"$K$5","v":0.20311109145345707},0.20452888554708773,112.89994482199242,2.8662439871528181E-6,0.99971028825086206]
[null,"3.8.3.1","Composição Sinapi",96523,"ESCAVAÇÃO MANUAL PARA BLOCO DE COROAMENTO OU SAPATA (INCLUINDO ESCAVAÇÃO PARA COLOCAÇÃO DE FÔRMAS). AF_06/2017","M3",1.2,{"$f":"VLOOKUP(D1222,'CPU (des)'!B:I,8,FALSE)","v":71.430000000000007},{"$f":"$K$4","v":0.30260494954802231},93.04507154621524,111.65408585545829,2.8346147797400144E-6,0.99971312286564185]
[null,"3.3.8.1.19","Insumo Sinapi",9838,"TUBO PVC SERIE NORMAL, DN 50 MM, PARA ESGOTO PREDIAL (NBR 5688)","M",8.09,{"$f":"VLOOKUP(D1223,'Insumos SINAPI (des)'!A:E,5,FALSE)","v":11.42},{"$f":"$K$5","v":0.20311109145345707},13.739528664398479,111.15278689498369,2.8218880673090057E-6,0.99971594475370917]
[null,"3.3.8.3.2","Insumo Sinapi",1648,"CRUZETA DE FERRO GALVANIZADO, COM ROSCA BSP, DE 1\"","UN",2,{"$f":"VLOOKUP(D1224,'Insumos SINAPI (des)'!A:E,5,FALSE)","v":46.11},{"$f":"$K$5","v":0.20311109145345707},55.475452426918906,110.95090485383781,2.8167627930012027E-6,0.99971876151650219]
[null,"3.3.9.2.16","Composição Sinapi",89549,"REDUÇÃO EXCÊNTRICA, PVC, SERIE R, ÁGUA PLUVIAL, DN 75 X 50 MM, JUNTA ELÁSTICA, FORNECIDO E INSTALADO EM RAMAL DE ENCAMINHAMENTO. AF_06/2022","UN",4,{"$f":"VLOOKUP(D1225,'CPU (des)'!B:I,8,FALSE)","v":21.29},{"$f":"$K$4","v":0.30260494954802231},27.732459375877394,110.92983750350957,2.8162279462721032E-6,0.99972157774444848]
[null,"3.3.9.1.1","Composição Sinapi",89353,"REGISTRO DE GAVETA BRUTO, LATÃO, ROSCÁVEL, 3/4\" - FORNECIMENTO E INSTALAÇÃO. AF_08/2021","UN",2,{"$f":"VLOOKUP(D1226,'CPU (des)'!B:I,8,FALSE)","v":42.26},{"$f":"$K$4","v":0.30260494954802231},55.048085167899423,{"$f":"J1226*G1226","v":110.09617033579885},2.7950632458773861E-6,0.99972437280769433]
[null,"3.4.9.2.2","Composição Sinapi",89353,"REGISTRO DE GAVETA BRUTO, LATÃO, ROSCÁVEL, 3/4\" - FORNECIMENTO E INSTALAÇÃO. AF_08/2021","UN",2,{"$f":"VLOOKUP(D1227,'CPU (des)'!B:I,8,FALSE)","v":42.26},{"$f":"$K$4","v":0.30260494954802231},55.048085167899423,110.09617033579885,{"$f":"K1227/$K$1467","v":2.7950632458773861E-6},0.99972716787094018]
[null,"3.5.9.2.2","Composição Sinapi",89353,"REGISTRO DE GAVETA BRUTO, LATÃO, ROSCÁVEL, 3/4\" - FORNECIMENTO E INSTALAÇÃO. AF_08/2021","UN",2,{"$f":"VLOOKUP(D1228,'CPU (des)'!B:I,8,FALSE)","v":42.26},{"$f":"$K$4","v":0.30260494954802231},55.048085167899423,110.09617033579885,2.7950632458773861E-6,{"$f":"L1228+M1227","v":0.99972996293418603}]
[null,"3.3.8.4.11","Insumo Sinapi",40552,"PARAFUSO, AUTO ATARRACHANTE, CABECA CHATA, FENDA SIMPLES, 1/4\" (6,35 MM) X 25 MM","CENTO",2,{"$f":"VLOOKUP(D1229,'Insumos SINAPI (des)'!A:E,5,FALSE)","v":45.23},{"$f":"$K$5","v":0.20311109145345707},54.416714666439859,108.83342933287972,2.7630054462685837E-6,0.99973272593963225]
[null,"3.3.8.3.12","Insumo Sinapi",4374,"BUCHA DE NYLON SEM ABA S10","UN",242,{"$f":"VLOOKUP(D1230,'Insumos SINAPI (des)'!A:E,5,FALSE)","v":0.37},{"$f":"$K$5","v":0.20311109145345707},0.44515110383777912,107.72656712874254,2.7349050150219876E-6,0.99973546084464726]
[null,"3.8.2.1","Composição Sinapi",96523,"ESCAVAÇÃO MANUAL PARA BLOCO DE COROAMENTO OU SAPATA (INCLUINDO ESCAVAÇÃO PARA COLOCAÇÃO DE FÔRMAS). AF_06/2017","M3",1.1200000000000001,{"$f":"VLOOKUP(D1231,'CPU (des)'!B:I,8,FALSE)","v":71.430000000000007},{"$f":"$K$4","v":0.30260494954802231},93.04507154621524,104.21048013176107,2.6456404610906802E-6,0.9997381064851083]
[null,"3.3.8.2.7","Composição Sinapi",86885,"ENGATE FLEXÍVEL EM COBRE, 1/2\" X 30CM - FORNECIMENTO E INSTALAÇÃO. AF_01/2020","UN",7,{"$f":"VLOOKUP(D1232,'CPU (des)'!B:I,8,FALSE)","v":11.4},{"$f":"$K$4","v":0.30260494954802231},14.849696424847455,103.94787497393219,2.6389735804663441E-6,0.99974074545868874]
[null,"7.3.19","Insumo Sinapi",3380,"HASTE DE ATERRAMENTO EM ACO COM 3,00 M DE COMPRIMENTO E DN = 5/8\", REVESTIDA COM BAIXA CAMADA DE COBRE, COM CONECTOR TIPO GRAMPO","UN",1,{"$f":"VLOOKUP(D1233,'Insumos SINAPI (des)'!A:E,5,FALSE)","v":85.88},{"$f":"$K$5","v":0.20311109145345707},103.32318053402288,103.32318053402288,2.6231141689757456E-6,0.99974336857285773]
[null,"3.3.8.2.6","Composição Sinapi",86884,"ENGATE FLEXÍVEL EM PLÁSTICO BRANCO, 1/2\" X 30CM - FORNECIMENTO E INSTALAÇÃO. AF_01/2020","UN",8,{"$f":"VLOOKUP(D1234,'CPU (des)'!B:I,8,FALSE)","v":9.84},{"$f":"$K$4","v":0.30260494954802231},12.817632703552539,102.54106162842031,2.6032581485502579E-6,0.99974597183100633]
[null,"3.3.7.27","Composição Sinapi",101553,"ALÇA PREFORMADA DE DISTRIBUIÇÃO, EM  AÇO GALVANIZADO, AWG 1 - FORNECIMENTO E INSTALAÇÃO. AF_07/2020","UN",6,{"$f":"VLOOKUP(D1235,'CPU (des)'!B:I,8,FALSE)","v":13.11},{"$f":"$K$4","v":0.30260494954802231},17.077150888574572,102.46290533144743,2.6012739578882532E-6,0.99974857310496423]
[null,"3.8.3.2","Composição Sinapi",96621,"LASTRO COM MATERIAL GRANULAR, APLICAÇÃO EM BLOCOS DE COROAMENTO, ESPESSURA DE *5 CM*. AF_08/2017","M3",0.2,{"$f":"VLOOKUP(D1236,'CPU (des)'!B:I,8,FALSE)","v":393.24},{"$f":"$K$4","v":0.30260494954802231},512.23637036026435,102.44727407205288,2.6008771197558529E-6,0.99975117398208402]
[null,"3.3.8.1.14","Insumo Sinapi",3899,"LUVA SIMPLES, PVC, SOLDAVEL, DN 100 MM, SERIE NORMAL, PARA ESGOTO PREDIAL","UN",12,{"$f":"VLOOKUP(D1237,'Insumos SINAPI (des)'!A:E,5,FALSE)","v":6.96},{"$f":"$K$5","v":0.20311109145345707},{"$f":"H1237*(1+I1237)","v":8.3736531965160612},100.48383835819274,2.5510304540388254E-6,0.99975372501253801]
[null,"3.3.8.3.40","Composição Sinapi",93008,"ELETRODUTO RÍGIDO ROSCÁVEL, PVC, DN 50 MM (1 1/2\"), PARA REDE ENTERRADA DE DISTRIBUIÇÃO DE ENERGIA ELÉTRICA - FORNECIMENTO E INSTALAÇÃO. AF_12/2021","M",4.0999999999999996,{"$f":"VLOOKUP(D1238,'CPU (des)'!B:I,8,FALSE)","v":18.66},{"$f":"$K$4","v":0.30260494954802231},24.306608358566095,99.657094270120979,2.530041513122282E-6,0.99975625505405108]
[null,"3.3.7.97","Insumo Orse",12668,"Cruzeta 100 x 100 mm para eletrocalha perfurada metálica (ref.: mopa ou similar)","UN",1,{"$f":"VLOOKUP(D1239,'Insumos ORSE (des)'!B:G,6,FALSE)","v":82.17},{"$f":"$K$5","v":0.20311109145345707},98.859638384730573,98.859638384730573,2.509796125579146E-6,0.99975876485017667]
[null,"3.6.8.1.11","Composição Sinapi",93653,"DISJUNTOR MONOPOLAR TIPO DIN, CORRENTE NOMINAL DE 10A - FORNECIMENTO E INSTALAÇÃO. AF_10/2020","UN",6,{"$f":"VLOOKUP(D1240,'CPU (des)'!B:I,8,FALSE)","v":12.53},{"$f":"$K$4","v":0.30260494954802231},16.321640017836717,97.929840107020311,2.4861908994919768E-6,0.99976125104107616]
[null,"3.7.7.1","Composição Sinapi",88415,"APLICAÇÃO MANUAL DE FUNDO SELADOR ACRÍLICO EM PAREDES EXTERNAS DE CASAS. AF_06/2014","M2",32.4,{"$f":"VLOOKUP(D1241,'CPU (des)'!B:I,8,FALSE)","v":2.3199999999999998},{"$f":"$K$4","v":0.30260494954802231},3.0220434829514113,97.91420884762573,2.4857940613595756E-6,0.99976373683513753]
[null,"8.5.2","Insumo Sinapi",104,"ADAPTADOR PVC SOLDAVEL CURTO COM BOLSA E ROSCA, 75 MM X 2 1/2\", PARA AGUA FRIA","UN",4,{"$f":"VLOOKUP(D1242,'Insumos SINAPI (des)'!A:E,5,FALSE)","v":20.27},{"$f":"$K$5","v":0.20311109145345707},24.387061823761574,97.548247295046295,2.4765032233413308E-6,0.99976621333836091]
[null,"3.3.7.81","Insumo Sinapi",4377,"PARAFUSO DE ACO ZINCADO COM ROSCA SOBERBA, CABECA CHATA E FENDA SIMPLES, DIAMETRO 4,2 MM, COMPRIMENTO * 32 * MM","UN",436,{"$f":"VLOOKUP(D1243,'Insumos SINAPI (des)'!A:E,5,FALSE)","v":0.18},{"$f":"$K$5","v":0.20311109145345707},0.21655999646162227,94.420158457267306,2.3970889611226889E-6,0.99976861042732201]
[null,"3.3.7.44","Insumo Sinapi",11862,"CONECTOR METALICO TIPO PARAFUSO FENDIDO (SPLIT BOLT), PARA CABOS ATE 50 MM2","UN",4,{"$f":"VLOOKUP(D1244,'Insumos SINAPI (des)'!A:E,5,FALSE)","v":19.559999999999999},{"$f":"$K$5","v":0.20311109145345707},23.532852948829618,94.131411795318471,2.389758413840968E-6,0.99977100018573584]
[null,"3.9.4.1","Composição Sinapi",96523,"ESCAVAÇÃO MANUAL PARA BLOCO DE COROAMENTO OU SAPATA (INCLUINDO ESCAVAÇÃO PARA COLOCAÇÃO DE FÔRMAS). AF_06/2017","M3",1,{"$f":"VLOOKUP(D1245,'CPU (des)'!B:I,8,FALSE)","v":71.430000000000007},{"$f":"$K$4","v":0.30260494954802231},93.04507154621524,93.04507154621524,2.3621789831166789E-6,0.99977336236471892]
[null,"3.9.7.1","Composição Sinapi",88415,"APLICAÇÃO MANUAL DE FUNDO SELADOR ACRÍLICO EM PAREDES EXTERNAS DE CASAS. AF_06/2014","M2",29.93,{"$f":"VLOOKUP(D1246,'CPU (des)'!B:I,8,FALSE)","v":2.3199999999999998},{"$f":"$K$4","v":0.30260494954802231},3.0220434829514113,90.449761444735742,2.2962906252003734E-6,0.99977565865534412]
[null,"3.3.7.59","Insumo Orse",4105,"Flange 100 x 100mm para eletrocalha metálica (ref. Mopa ou similar)","UN",6,{"$f":"VLOOKUP(D1247,'Insumos ORSE (des)'!B:G,6,FALSE)","v":12.5},{"$f":"$K$5","v":0.20311109145345707},15.038888643168214,90.233331859009283,2.2907960255377381E-6,0.99977794945136966]
[null,"3.3.7.99","Insumo Orse",4105,"Flange 100 x 100mm para eletrocalha metálica (ref. Mopa ou similar)","UN",6,{"$f":"VLOOKUP(D1248,'Insumos ORSE (des)'!B:G,6,FALSE)","v":12.5},{"$f":"$K$5","v":0.20311109145345707},15.038888643168214,90.233331859009283,2.2907960255377381E-6,0.9997802402473952]
[null,"3.3.8.2.1","Insumo Sinapi",2516,"CONECTOR CURVO 90 GRAUS DE ALUMINIO, BITOLA 1\", PARA ADAPTAR ENTRADA DE ELETRODUTO METALICO FLEXIVEL EM QUADROS","UN",6,{"$f":"VLOOKUP(D1249,'Insumos SINAPI (des)'!A:E,5,FALSE)","v":12.49},{"$f":"$K$5","v":0.20311109145345707},15.026857532253679,90.161145193522074,2.2889633887173079E-6,0.99978252921078392]
[null,"4.7.30","Composição Orse",723,"Fornecimento e instalação de saída horizontal para eletroduto 3/4\" (ref. vl 33 valemam ou similar)","UN",11,{"$f":"VLOOKUP(D1250,'CPU (des)'!B:I,8,FALSE)","v":6.19},{"$f":"$K$4","v":0.30260494954802231},8.0631246377022592,88.694371014724851,2.2517257029317467E-6,0.99978478093648682]
[null,"3.4.9.3.7","Composição Sinapi",89714,"TUBO PVC, SERIE NORMAL, ESGOTO PREDIAL, DN 100 MM, FORNECIDO E INSTALADO EM RAMAL DE DESCARGA OU RAMAL DE ESGOTO SANITÁRIO. AF_08/2022","M",2.0299999999999998,{"$f":"VLOOKUP(D1251,'CPU (des)'!B:I,8,FALSE)","v":32.909999999999997},0.30260494954802231,42.868728889625409,87.023519645939572,2.2093070135625206E-6,0.99978699024350037]
[null,"3.5.9.3.7","Composição Sinapi",89714,"TUBO PVC, SERIE NORMAL, ESGOTO PREDIAL, DN 100 MM, FORNECIDO E INSTALADO EM RAMAL DE DESCARGA OU RAMAL DE ESGOTO SANITÁRIO. AF_08/2022","M",2.0299999999999998,{"$f":"VLOOKUP(D1252,'CPU (des)'!B:I,8,FALSE)","v":32.909999999999997},0.30260494954802231,42.868728889625409,87.023519645939572,2.2093070135625206E-6,0.99978919955051393]
[null,"3.6.9.2.8","Composição Sinapi",89355,"TUBO, PVC, SOLDÁVEL, DN 20MM, INSTALADO EM RAMAL OU SUB-RAMAL DE ÁGUA - FORNECIMENTO E INSTALAÇÃO. AF_06/2022","M",4.1399999999999997,{"$f":"VLOOKUP(D1253,'CPU (des)'!B:I,8,FALSE)","v":16.11},0.30260494954802231,20.984965737218637,86.87775815208515,2.2056064979778816E-6,0.99979140515701193]
[null,"3.3.8.1.2","Composição Orse",1695,"Caixa sifonada quadrada, com sete entradas e uma saída, d = 150 x 150 x 50mm, ref. nº25, acabamento branco, marca Akros ou similar","UN",1,{"$f":"VLOOKUP(D1254,'CPU (des)'!B:I,8,FALSE)","v":66.64},0.30260494954802231,86.80559383788021,86.80559383788021,2.2037744285999644E-6,0.99979360893144054]
[null,"3.3.8.1.23","Composição Sinapi",91991,"TOMADA ALTA DE EMBUTIR (1 MÓDULO), 2P+T 20 A, SEM SUPORTE E SEM PLACA - FORNECIMENTO E INSTALAÇÃO. AF_12/2015","UN",2,{"$f":"VLOOKUP(D1255,'CPU (des)'!B:I,8,FALSE)","v":33.19},0.30260494954802231,43.233458275498855,86.466916550997709,2.1951762690646104E-6,0.99979580410770963]
[null,"3.3.8.4.18","Composição Sinapi",91834,"ELETRODUTO FLEXÍVEL CORRUGADO, PVC, DN 25 MM (3/4\"), PARA CIRCUITOS TERMINAIS, INSTALADO EM FORRO - FORNECIMENTO E INSTALAÇÃO. AF_12/2015","M",6.4,{"$f":"VLOOKUP(D1256,'CPU (des)'!B:I,8,FALSE)","v":10.37},0.30260494954802231,13.508013326812991,86.451285291603142,2.1947794309322096E-6,0.9997979988871406]
[null,"3.7.6.3","Composição Sinapi",91996,"TOMADA MÉDIA DE EMBUTIR (1 MÓDULO), 2P+T 10 A, INCLUINDO SUPORTE E PLACA - FORNECIMENTO E INSTALAÇÃO. AF_12/2015","UN",2,{"$f":"VLOOKUP(D1257,'CPU (des)'!B:I,8,FALSE)","v":32.85},0.30260494954802231,42.790572592652538,85.581145185305076,2.1726887748952233E-6,0.9998001715759155]
[null,"3.8.6.3","Composição Sinapi",91996,"TOMADA MÉDIA DE EMBUTIR (1 MÓDULO), 2P+T 10 A, INCLUINDO SUPORTE E PLACA - FORNECIMENTO E INSTALAÇÃO. AF_12/2015","UN",2,{"$f":"VLOOKUP(D1258,'CPU (des)'!B:I,8,FALSE)","v":32.85},0.30260494954802231,42.790572592652538,85.581145185305076,2.1726887748952233E-6,0.99980234426469039]
[null,"3.9.6.3","Composição Sinapi",91996,"TOMADA MÉDIA DE EMBUTIR (1 MÓDULO), 2P+T 10 A, INCLUINDO SUPORTE E PLACA - FORNECIMENTO E INSTALAÇÃO. AF_12/2015","UN",2,{"$f":"VLOOKUP(D1259,'CPU (des)'!B:I,8,FALSE)","v":32.85},0.30260494954802231,42.790572592652538,85.581145185305076,2.1726887748952233E-6,0.99980451695346528]
[null,"4.7.3","Composição Orse",12582,"Tampa de encaixe para curva 90º, horizontal, 75mm, zincada, para eletrocalha metálica","UN",6,{"$f":"VLOOKUP(D1260,'CPU (des)'!B:I,8,FALSE)","v":10.88},0.30260494954802231,14.172341851082484,85.0340511064949,2.1587994402611899E-6,0.99980667575290549]
[null,"3.7.1.2","Composição Sinapi",98525,"LIMPEZA MECANIZADA DE CAMADA VEGETAL, VEGETAÇÃO E PEQUENAS ÁRVORES (DIÂMETRO DE TRONCO MENOR QUE 0,20 M), COM TRATOR DE ESTEIRAS.AF_05/2018","M2",200,{"$f":"VLOOKUP(D1261,'CPU (des)'!B:I,8,FALSE)","v":0.32},0.30260494954802231,0.41683358385536717,83.366716771073442,2.1164700394717548E-6,0.99980879222294494]
[null,"3.3.8.1.7","Composição Sinapi",91940,"CAIXA RETANGULAR 4\" X 2\" MÉDIA (1,30 M DO PISO), PVC, INSTALADA EM PAREDE - FORNECIMENTO E INSTALAÇÃO. AF_12/2015","UN",4,{"$f":"VLOOKUP(D1262,'CPU (des)'!B:I,8,FALSE)","v":15.79},0.30260494954802231,20.568132153363273,82.27252861345309,2.088691370203688E-6,0.99981088091431514]
[null,"3.3.8.2.27","Insumo Sinapi",3264,"FLANGE SEXTAVADO DE FERRO GALVANIZADO, COM ROSCA BSP, DE 1\"","UN",2,{"$f":"VLOOKUP(D1263,'Insumos SINAPI (des)'!A:E,5,FALSE)","v":33.72},{"$f":"$K$5","v":0.20311109145345707},40.568906003810568,81.137812007621136,2.0598837861635339E-6,0.99981294079810135]
[null,"3.4.1.2","Composição Sinapi",98525,"LIMPEZA MECANIZADA DE CAMADA VEGETAL, VEGETAÇÃO E PEQUENAS ÁRVORES (DIÂMETRO DE TRONCO MENOR QUE 0,20 M), COM TRATOR DE ESTEIRAS.AF_05/2018","M2",190,{"$f":"VLOOKUP(D1264,'CPU (des)'!B:I,8,FALSE)","v":0.32},{"$f":"$K$4","v":0.30260494954802231},0.41683358385536717,79.198380932519768,2.0106465374981672E-6,0.99981495144463883]
[null,"3.5.1.2","Composição Sinapi",98525,"LIMPEZA MECANIZADA DE CAMADA VEGETAL, VEGETAÇÃO E PEQUENAS ÁRVORES (DIÂMETRO DE TRONCO MENOR QUE 0,20 M), COM TRATOR DE ESTEIRAS.AF_05/2018","M2",190,{"$f":"VLOOKUP(D1265,'CPU (des)'!B:I,8,FALSE)","v":0.32},{"$f":"$K$4","v":0.30260494954802231},0.41683358385536717,79.198380932519768,2.0106465374981672E-6,0.99981696209117632]
[null,"3.6.1.2","Composição Sinapi",98525,"LIMPEZA MECANIZADA DE CAMADA VEGETAL, VEGETAÇÃO E PEQUENAS ÁRVORES (DIÂMETRO DE TRONCO MENOR QUE 0,20 M), COM TRATOR DE ESTEIRAS.AF_05/2018","M2",190,{"$f":"VLOOKUP(D1266,'CPU (des)'!B:I,8,FALSE)","v":0.32},{"$f":"$K$4","v":0.30260494954802231},0.41683358385536717,79.198380932519768,2.0106465374981672E-6,0.99981897273771381]
[null,"4.7.39","Insumo Sinapi",39138,"ABRACADEIRA EM ACO PARA AMARRACAO DE ELETRODUTOS, TIPO U SIMPLES, COM 3/4\"","UN",53,{"$f":"VLOOKUP(D1267,'Insumos SINAPI (des)'!A:E,5,FALSE)","v":1.23},{"$f":"$K$5","v":0.20311109145345707},1.4798266424877522,78.430812051850864,1.9911599053974018E-6,0.99982096389761921]
[null,"4.7.10","Insumo Sinapi",39996,"VERGALHAO ZINCADO ROSCA TOTAL, 1/4 \" (6,3 MM)","M",14,{"$f":"VLOOKUP(D1268,'Insumos SINAPI (des)'!A:E,5,FALSE)","v":4.5999999999999996},{"$f":"$K$5","v":0.20311109145345707},5.5343110206859025,77.48035428960263,1.9670301872617377E-6,0.9998229309278065]
[null,"3.3.9.1.21","Composição Sinapi",86884,"ENGATE FLEXÍVEL EM PLÁSTICO BRANCO, 1/2\" X 30CM - FORNECIMENTO E INSTALAÇÃO. AF_01/2020","UN",6,{"$f":"VLOOKUP(D1269,'CPU (des)'!B:I,8,FALSE)","v":9.84},{"$f":"$K$4","v":0.30260494954802231},12.817632703552539,76.905796221315228,1.9524436114126936E-6,0.99982488337141795]
[null,"3.3.7.34","Insumo Sinapi",1539,"CONECTOR METALICO TIPO PARAFUSO FENDIDO (SPLIT BOLT), PARA CABOS ATE 16 MM2","UN",6,{"$f":"VLOOKUP(D1270,'Insumos SINAPI (des)'!A:E,5,FALSE)","v":10.58},{"$f":"$K$5","v":0.20311109145345707},12.728915347577576,76.373492085465458,1.9389297560151417E-6,0.99982682230117392]
[null,"4.6.15","Composição Sinapi",91967,"INTERRUPTOR SIMPLES (3 MÓDULOS), 10A/250V, INCLUINDO SUPORTE E PLACA - FORNECIMENTO E INSTALAÇÃO. AF_12/2015","UN",1,{"$f":"VLOOKUP(D1271,'CPU (des)'!B:I,8,FALSE)","v":58.14},{"$f":"$K$4","v":0.30260494954802231},75.733451766722013,75.733451766722013,1.922680751482622E-6,0.99982874498192542]
[null,"3.3.8.1.1","Insumo Sinapi",2516,"CONECTOR CURVO 90 GRAUS DE ALUMINIO, BITOLA 1\", PARA ADAPTAR ENTRADA DE ELETRODUTO METALICO FLEXIVEL EM QUADROS","UN",5,{"$f":"VLOOKUP(D1272,'Insumos SINAPI (des)'!A:E,5,FALSE)","v":12.49},{"$f":"$K$5","v":0.20311109145345707},15.026857532253679,75.134287661268388,1.9074694905977563E-6,0.999830652451416]
[null,"3.3.7.69","Insumo Sinapi",4375,"BUCHA DE NYLON SEM ABA S6","UN",624,{"$f":"VLOOKUP(D1273,'Insumos SINAPI (des)'!A:E,5,FALSE)","v":0.1},{"$f":"$K$5","v":0.20311109145345707},0.12031110914534571,75.074132106695714,1.905942293247398E-6,0.99983255839370921]
[null,"4.7.31","Composição Orse",13183,"Fornecimento e instalação de cotovelo interno sistema \"x\" 50 x 20 mm","UND",8,{"$f":"VLOOKUP(D1274,'CPU (des)'!B:I,8,FALSE)","v":7.14},{"$f":"$K$4","v":0.30260494954802231},9.3005993397728783,74.404794718183027,1.8889495102285408E-6,0.99983444734321947]
[null,"3.4.7.14","Composição Sinapi",93656,"DISJUNTOR MONOPOLAR TIPO DIN, CORRENTE NOMINAL DE 25A - FORNECIMENTO E INSTALAÇÃO. AF_10/2020","UN",4,{"$f":"VLOOKUP(D1275,'CPU (des)'!B:I,8,FALSE)","v":14.27},{"$f":"$K$4","v":0.30260494954802231},18.588172630050277,74.352690520201108,1.887626716453871E-6,0.99983633496993596]
[null,"3.5.7.14","Composição Sinapi",93656,"DISJUNTOR MONOPOLAR TIPO DIN, CORRENTE NOMINAL DE 25A - FORNECIMENTO E INSTALAÇÃO. AF_10/2020","UN",4,{"$f":"VLOOKUP(D1276,'CPU (des)'!B:I,8,FALSE)","v":14.27},{"$f":"$K$4","v":0.30260494954802231},18.588172630050277,74.352690520201108,1.887626716453871E-6,0.99983822259665245]
[null,"3.6.8.1.12","Composição Sinapi",93655,"DISJUNTOR MONOPOLAR TIPO DIN, CORRENTE NOMINAL DE 20A - FORNECIMENTO E INSTALAÇÃO. AF_10/2020","UN",4,{"$f":"VLOOKUP(D1277,'CPU (des)'!B:I,8,FALSE)","v":14.27},{"$f":"$K$4","v":0.30260494954802231},18.588172630050277,74.352690520201108,1.887626716453871E-6,0.99984011022336894]
[null,"7.2.12","Insumo Sinapi",39129,"ABRACADEIRA EM ACO PARA AMARRACAO DE ELETRODUTOS, TIPO D, COM 1\" E CUNHA DE FIXACAO","UN",20,{"$f":"VLOOKUP(D1278,'Insumos SINAPI (des)'!A:E,5,FALSE)","v":3.09},{"$f":"$K$5","v":0.20311109145345707},3.7176132725911821,74.352265451823641,1.887615925043096E-6,0.99984199783929395]
[null,"3.3.7.60","Composição Sinapi",91937,"CAIXA OCTOGONAL 3\" X 3\", PVC, INSTALADA EM LAJE - FORNECIMENTO E INSTALAÇÃO. AF_12/2015","UN",4,{"$f":"VLOOKUP(D1279,'CPU (des)'!B:I,8,FALSE)","v":14.24},{"$f":"$K$4","v":0.30260494954802231},18.549094481563838,74.196377926255352,1.8836583351298616E-6,0.99984388149762904]
[null,"3.9.4.3","Composição Sinapi",96536,"FABRICAÇÃO, MONTAGEM E DESMONTAGEM DE FÔRMA PARA VIGA BALDRAME, EM MADEIRA SERRADA, E=25 MM, 4 UTILIZAÇÕES. AF_06/2017","M2",1,{"$f":"VLOOKUP(D1280,'CPU (des)'!B:I,8,FALSE)","v":56.87},{"$f":"$K$4","v":0.30260494954802231},74.07914348079602,74.07914348079602,1.8806820491368543E-6,0.99984576217967813]
[null,"4.7.5","Composição Orse",12499,"Arruela de pressão bicromatizada 1/4\"","UN",138,{"$f":"VLOOKUP(D1281,'CPU (des)'!B:I,8,FALSE)","v":0.41},{"$f":"$K$4","v":0.30260494954802231},0.53406802931468911,73.701388045427095,1.8710917942704979E-6,0.99984763327147241]
[null,"3.3.9.1.2","Insumo Sinapi",6019,"REGISTRO GAVETA BRUTO EM LATAO FORJADO, BITOLA 1 \" (REF 1509)","UN",1,{"$f":"VLOOKUP(D1282,'Insumos SINAPI (des)'!A:E,5,FALSE)","v":60.16},{"$f":"$K$5","v":0.20311109145345707},72.379163261839977,72.379163261839977,1.8375238519513376E-6,0.99984947079532438]
[null,"3.4.7.3","Insumo Sinapi",20111,"FITA ISOLANTE ADESIVA ANTICHAMA, USO ATE 750 V, EM ROLO DE 19 MM X 20 M","UN",2,{"$f":"VLOOKUP(D1283,'Insumos SINAPI (des)'!A:E,5,FALSE)","v":30},{"$f":"$K$5","v":0.20311109145345707},36.09333274360371,72.186665487207421,1.8326368204301904E-6,0.99985130343214479]
[null,"3.5.7.3","Insumo Sinapi",20111,"FITA ISOLANTE ADESIVA ANTICHAMA, USO ATE 750 V, EM ROLO DE 19 MM X 20 M","UN",2,{"$f":"VLOOKUP(D1284,'Insumos SINAPI (des)'!A:E,5,FALSE)","v":30},{"$f":"$K$5","v":0.20311109145345707},36.09333274360371,72.186665487207421,1.8326368204301904E-6,0.9998531360689652]
[null,"3.6.8.1.3","Insumo Sinapi",20111,"FITA ISOLANTE ADESIVA ANTICHAMA, USO ATE 750 V, EM ROLO DE 19 MM X 20 M","UN",2,{"$f":"VLOOKUP(D1285,'Insumos SINAPI (des)'!A:E,5,FALSE)","v":30},{"$f":"$K$5","v":0.20311109145345707},36.09333274360371,72.186665487207421,1.8326368204301904E-6,0.99985496870578561]
[null,"2.2.3.3","Composição Sinapi",92435,"MONTAGEM E DESMONTAGEM DE FÔRMA DE PILARES RETANGULARES E ESTRUTURAS SIMILARES, PÉ-DIREITO SIMPLES, EM CHAPA DE MADEIRA COMPENSADA PLASTIFICADA, 12 UTILIZAÇÕES. AF_09/2020","M2",1,{"$f":"VLOOKUP(D1286,'CPU (des)'!B:I,8,FALSE)","v":55.21},{"$f":"$K$4","v":0.30260494954802231},71.916819264546319,71.916819264546319,1.825786107488056E-6,0.99985679449189313]
[null,"3.3.7.71","Insumo Sinapi",4374,"BUCHA DE NYLON SEM ABA S10","UN",154,{"$f":"VLOOKUP(D1287,'Insumos SINAPI (des)'!A:E,5,FALSE)","v":0.37},{"$f":"$K$5","v":0.20311109145345707},0.44515110383777912,68.553269991017984,1.7403941004685376E-6,0.99985853488599363]
[null,"3.3.8.2.22","Composição Sinapi",89383,"ADAPTADOR CURTO COM BOLSA E ROSCA PARA REGISTRO, PVC, SOLDÁVEL, DN 25MM X 3/4 , INSTALADO EM RAMAL OU SUB-RAMAL DE ÁGUA - FORNECIMENTO E INSTALAÇÃO. AF_06/2022","UN",10,{"$f":"VLOOKUP(D1288,'CPU (des)'!B:I,8,FALSE)","v":5.25},{"$f":"$K$4","v":0.30260494954802231},6.8386759851271171,68.386759851271165,1.7361668292541735E-6,0.99986027105282294]
[null,"3.6.9.2.7","Composição Sinapi",89383,"ADAPTADOR CURTO COM BOLSA E ROSCA PARA REGISTRO, PVC, SOLDÁVEL, DN 25MM X 3/4 , INSTALADO EM RAMAL OU SUB-RAMAL DE ÁGUA - FORNECIMENTO E INSTALAÇÃO. AF_06/2022","UN",10,{"$f":"VLOOKUP(D1289,'CPU (des)'!B:I,8,FALSE)","v":5.25},{"$f":"$K$4","v":0.30260494954802231},6.8386759851271171,68.386759851271165,1.7361668292541735E-6,0.99986200721965224]
[null,"3.3.8.1.12","Insumo Sinapi",4374,"BUCHA DE NYLON SEM ABA S10","UN",153,{"$f":"VLOOKUP(D1290,'Insumos SINAPI (des)'!A:E,5,FALSE)","v":0.37},{"$f":"$K$5","v":0.20311109145345707},0.44515110383777912,{"$f":"J1290*G1290","v":68.108118887180211},1.7290928400758848E-6,0.99986373631249237]
[null,"3.3.8.3.27","Composição Sinapi",93654,"DISJUNTOR MONOPOLAR TIPO DIN, CORRENTE NOMINAL DE 16A - FORNECIMENTO E INSTALAÇÃO. AF_10/2020","UN",4,{"$f":"VLOOKUP(D1291,'CPU (des)'!B:I,8,FALSE)","v":13.06},{"$f":"$K$4","v":0.30260494954802231},17.012020641097173,68.048082564388693,{"$f":"K1291/$K$1467","v":1.7275686697188198E-6},0.99986546388116204]
[null,"3.3.8.2.28","Insumo Sinapi",20147,"JOELHO PVC, SOLDAVEL, COM BUCHA DE LATAO, 90 GRAUS, 25 MM X 1/2\", PARA AGUA FRIA PREDIAL","UN",10,{"$f":"VLOOKUP(D1292,'Insumos SINAPI (des)'!A:E,5,FALSE)","v":5.58},{"$f":"$K$5","v":0.20311109145345707},6.7133598903102909,67.133598903102907,1.7043522430000773E-6,{"$f":"L1292+M1291","v":0.99986716823340505}]
[null,"8.4.33","Composição Orse",6012,"Assentamento de registro de gaveta em ferro fundido com bolsas, diam. =  200mm a 300mm","UN",4,{"$f":"VLOOKUP(D1293,'CPU (des)'!B:I,8,FALSE)","v":12.64},{"$f":"$K$4","v":0.30260494954802231},16.464926562287001,65.859706249148005,1.6720113311826861E-6,0.99986884024473621]
[null,"3.4.7.15","Composição Sinapi",93659,"DISJUNTOR MONOPOLAR TIPO DIN, CORRENTE NOMINAL DE 50A - FORNECIMENTO E INSTALAÇÃO. AF_10/2020","UN",2,{"$f":"VLOOKUP(D1294,'CPU (des)'!B:I,8,FALSE)","v":25.17},{"$f":"$K$4","v":0.30260494954802231},32.786566580123726,65.573133160247451,1.6647359654220022E-6,0.99987050498070162]
[null,"3.5.7.15","Composição Sinapi",93659,"DISJUNTOR MONOPOLAR TIPO DIN, CORRENTE NOMINAL DE 50A - FORNECIMENTO E INSTALAÇÃO. AF_10/2020","UN",2,{"$f":"VLOOKUP(D1295,'CPU (des)'!B:I,8,FALSE)","v":25.17},{"$f":"$K$4","v":0.30260494954802231},32.786566580123726,65.573133160247451,1.6647359654220022E-6,0.99987216971666704]
[null,"3.4.7.9","Insumo Sinapi",38091,"ESPELHO / PLACA CEGA 4\" X 2\", PARA INSTALACAO DE TOMADAS E INTERRUPTORES","UN",20,{"$f":"VLOOKUP(D1296,'Insumos SINAPI (des)'!A:E,5,FALSE)","v":2.71},{"$f":"$K$5","v":0.20311109145345707},3.2604310578388684,65.208621156777369,1.6554819277886053E-6,0.9998738251985948]
[null,"3.5.7.9","Insumo Sinapi",38091,"ESPELHO / PLACA CEGA 4\" X 2\", PARA INSTALACAO DE TOMADAS E INTERRUPTORES","UN",20,{"$f":"VLOOKUP(D1297,'Insumos SINAPI (des)'!A:E,5,FALSE)","v":2.71},0.20311109145345707,3.2604310578388684,65.208621156777369,1.6554819277886053E-6,0.99987548068052257]
[null,"3.6.8.1.8","Insumo Sinapi",38091,"ESPELHO / PLACA CEGA 4\" X 2\", PARA INSTALACAO DE TOMADAS E INTERRUPTORES","UN",20,{"$f":"VLOOKUP(D1298,'Insumos SINAPI (des)'!A:E,5,FALSE)","v":2.71},0.20311109145345707,3.2604310578388684,65.208621156777369,1.6554819277886053E-6,0.99987713616245033]
[null,"3.3.8.4.10","Insumo Sinapi",4374,"BUCHA DE NYLON SEM ABA S10","UN",146,{"$f":"VLOOKUP(D1299,'Insumos SINAPI (des)'!A:E,5,FALSE)","v":0.37},0.20311109145345707,0.44515110383777912,64.992061160315757,1.6499840173273149E-6,0.99987878614646764]
[null,"4.6.11","Insumo Sinapi",40433,"ESPACADOR/SEPARADOR DE CORDOALHA TIPO DISCO 12 FUROS DE 14 MM, PARA TIRANTES","UN",35,{"$f":"VLOOKUP(D1300,'Insumos SINAPI (des)'!A:E,5,FALSE)","v":1.53},0.20311109145345707,1.8407599699237893,64.426598947332621,1.6356283622339448E-6,0.99988042177482983]
[null,"3.3.8.1.11","Insumo Sinapi",1933,"CURVA PVC CURTA 90 GRAUS, DN 40 MM, PARA ESGOTO PREDIAL","UN",10,{"$f":"VLOOKUP(D1301,'Insumos SINAPI (des)'!A:E,5,FALSE)","v":5.34},0.20311109145345707,{"$f":"H1301*(1+I1301)","v":6.4246132283614603},64.2461322836146,1.6310467701828693E-6,0.99988205282160003]
[null,"3.3.8.2.4","Insumo Sinapi",14153,"FITA METALICA PERFURADA, L = *18* MM, ROLO DE 30 M, CARGA RECOMENDADA = *30* KGF","UN",1,{"$f":"VLOOKUP(D1302,'Insumos SINAPI (des)'!A:E,5,FALSE)","v":53.3},0.20311109145345707,64.125821174469252,64.125821174469252,1.6279923754821522E-6,0.9998836808139755]
[null,"3.3.8.3.5","Insumo Sinapi",14153,"FITA METALICA PERFURADA, L = *18* MM, ROLO DE 30 M, CARGA RECOMENDADA = *30* KGF","UN",1,{"$f":"VLOOKUP(D1303,'Insumos SINAPI (des)'!A:E,5,FALSE)","v":53.3},0.20311109145345707,64.125821174469252,64.125821174469252,1.6279923754821522E-6,0.99988530880635096]
[null,"3.3.8.3.33","Insumo Sinapi",14153,"FITA METALICA PERFURADA, L = *18* MM, ROLO DE 30 M, CARGA RECOMENDADA = *30* KGF","UN",1,{"$f":"VLOOKUP(D1304,'Insumos SINAPI (des)'!A:E,5,FALSE)","v":53.3},0.20311109145345707,64.125821174469252,64.125821174469252,1.6279923754821522E-6,0.99988693679872642]
[null,"3.4.9.3.3","Insumo Sinapi",6149,"SIFAO PLASTICO TIPO COPO PARA PIA OU LAVATORIO, 1 X 1.1/2 \"","UN",4,{"$f":"VLOOKUP(D1305,'Insumos SINAPI (des)'!A:E,5,FALSE)","v":13.24},0.20311109145345707,15.929190850843773,63.71676340337509,1.6176074334997149E-6,0.99988855440615987]
[null,"3.5.9.3.3","Insumo Sinapi",6149,"SIFAO PLASTICO TIPO COPO PARA PIA OU LAVATORIO, 1 X 1.1/2 \"","UN",4,{"$f":"VLOOKUP(D1306,'Insumos SINAPI (des)'!A:E,5,FALSE)","v":13.24},0.20311109145345707,15.929190850843773,63.71676340337509,1.6176074334997149E-6,0.99989017201359331]
[null,"3.3.9.2.5","Composição Sinapi",86883,"SIFÃO DO TIPO FLEXÍVEL EM PVC 1  X 1.1/4 - 2  - FORNECIMENTO E INSTALAÇÃO. AF_01/2020","UN",4,{"$f":"VLOOKUP(D1307,'CPU (des)'!B:I,8,FALSE)","v":12.11},{"$f":"$K$4","v":0.30260494954802231},15.774545939026549,63.098183756106195,1.6019032611251842E-6,0.99989177391685446]
[null,"7.3.15","Composição Orse",11141,"Disjuntor termomagnetico monopolar 70 A, padrão DIN (Europeu - linha branca), curva C, corrente 5KA","UN",1,{"$f":"VLOOKUP(D1308,'CPU (des)'!B:I,8,FALSE)","v":47.21},0.30260494954802231,61.495979668162136,61.495979668162136,1.5612273525540865E-6,0.99989333514420697]
[null,"4.6.20","Composição Orse",9988,"Terminal 38 x 38 mm para eletrocalha metalica","UN",9,{"$f":"VLOOKUP(D1309,'CPU (des)'!B:I,8,FALSE)","v":5.24},0.30260494954802231,6.8256499356316374,61.430849420684737,1.5595738603357494E-6,0.99989489471806736]
[null,"3.8.7.1","Composição Sinapi",88415,"APLICAÇÃO MANUAL DE FUNDO SELADOR ACRÍLICO EM PAREDES EXTERNAS DE CASAS. AF_06/2014","M2",19.5,{"$f":"VLOOKUP(D1310,'CPU (des)'!B:I,8,FALSE)","v":2.3199999999999998},0.30260494954802231,3.0220434829514113,58.929847917552522,1.4960797591515964E-6,0.99989639079782655]
[null,"3.3.9.1.23","Composição Sinapi",89376,"ADAPTADOR CURTO COM BOLSA E ROSCA PARA REGISTRO, PVC, SOLDÁVEL, DN 20MM X 1/2\", INSTALADO EM RAMAL OU SUB-RAMAL DE ÁGUA - FORNECIMENTO E INSTALAÇÃO. AF_12/2014","UN",10,{"$f":"VLOOKUP(D1311,'CPU (des)'!B:I,8,FALSE)","v":4.5199999999999996},0.30260494954802231,5.8877743719570601,58.877743719570603,1.4947569653769266E-6,0.99989788555479198]
[null,"3.3.8.1.27","Composição Sinapi",93658,"DISJUNTOR MONOPOLAR TIPO DIN, CORRENTE NOMINAL DE 40A - FORNECIMENTO E INSTALAÇÃO. AF_10/2020","UN",2,{"$f":"VLOOKUP(D1312,'CPU (des)'!B:I,8,FALSE)","v":22.43},0.30260494954802231,29.217429018362139,58.434858036724279,1.4835132182922329E-6,0.99989936906801025]
[null,"3.6.9.2.6","Insumo Sinapi",6141,"ENGATE/RABICHO FLEXIVEL PLASTICO (PVC OU ABS) BRANCO 1/2 \" X 30 CM","UN",8,{"$f":"VLOOKUP(D1313,'Insumos SINAPI (des)'!A:E,5,FALSE)","v":5.99},{"$f":"$K$5","v":0.20311109145345707},7.2066354378062085,57.653083502449668,1.463665940583579E-6,0.99990083273395081]
[null,"3.3.8.4.13","Insumo Sinapi",39442,"PARAFUSO DRY WALL, EM ACO ZINCADO, CABECA LENTILHA E PONTA AGULHA (LA), LARGURA 4,2 MM, COMPRIMENTO 13 MM","UN",280,{"$f":"VLOOKUP(D1314,'Insumos SINAPI (des)'!A:E,5,FALSE)","v":0.17},{"$f":"$K$5","v":0.20311109145345707},0.20452888554708773,57.268087953184562,1.4538918775412846E-6,0.99990228662582836]
[null,"3.3.7.82","Insumo Sinapi",4356,"PARAFUSO DE ACO ZINCADO COM ROSCA SOBERBA, CABECA CHATA E FENDA SIMPLES, DIAMETRO 4,8 MM, COMPRIMENTO 45 MM","UN",188,{"$f":"VLOOKUP(D1315,'Insumos SINAPI (des)'!A:E,5,FALSE)","v":0.25},{"$f":"$K$5","v":0.20311109145345707},0.30077777286336427,56.546221298312481,1.4355655093369825E-6,0.99990372219133772]
[null,"3.3.8.1.3","Insumo Sinapi",6153,"VALVULA EM PLASTICO BRANCO PARA TANQUE OU LAVATORIO 1 \", SEM UNHO E SEM LADRAO","UN",8,{"$f":"VLOOKUP(D1316,'Insumos SINAPI (des)'!A:E,5,FALSE)","v":5.82},{"$f":"$K$5","v":0.20311109145345707},7.0021065522591206,56.016852418072965,1.4221261726538279E-6,0.99990514431751032]
[null,"3.4.9.1.3","Composição Sinapi",104056,"REGISTRO ESFERA, PVC, COM ROSCA, 1/2\", PARA LIGAÇÃO PREDIAL DE ÁGUA. AF_06/2022","UN",2,{"$f":"VLOOKUP(D1317,'CPU (des)'!B:I,8,FALSE)","v":21.47},{"$f":"$K$4","v":0.30260494954802231},27.966928266796039,55.933856533592078,1.4200191171080803E-6,0.99990656433662739]
[null,"3.5.9.1.3","Composição Sinapi",104056,"REGISTRO ESFERA, PVC, COM ROSCA, 1/2\", PARA LIGAÇÃO PREDIAL DE ÁGUA. AF_06/2022","UN",2,{"$f":"VLOOKUP(D1318,'CPU (des)'!B:I,8,FALSE)","v":21.47},0.30260494954802231,27.966928266796039,55.933856533592078,1.4200191171080803E-6,0.99990798435574446]
[null,"3.3.8.2.24","Composição Sinapi",93655,"DISJUNTOR MONOPOLAR TIPO DIN, CORRENTE NOMINAL DE 20A - FORNECIMENTO E INSTALAÇÃO. AF_10/2020","UN",3,{"$f":"VLOOKUP(D1319,'CPU (des)'!B:I,8,FALSE)","v":14.27},0.30260494954802231,18.588172630050277,55.764517890150827,1.4157200373404031E-6,0.99990940007578177]
[null,"3.3.8.3.26","Composição Sinapi",93655,"DISJUNTOR MONOPOLAR TIPO DIN, CORRENTE NOMINAL DE 20A - FORNECIMENTO E INSTALAÇÃO. AF_10/2020","UN",3,{"$f":"VLOOKUP(D1320,'CPU (des)'!B:I,8,FALSE)","v":14.27},0.30260494954802231,18.588172630050277,55.764517890150827,1.4157200373404031E-6,0.99991081579581909]
[null,"3.3.8.2.30","Composição Sinapi",91834,"ELETRODUTO FLEXÍVEL CORRUGADO, PVC, DN 25 MM (3/4\"), PARA CIRCUITOS TERMINAIS, INSTALADO EM FORRO - FORNECIMENTO E INSTALAÇÃO. AF_12/2015","M",4.0999999999999996,{"$f":"VLOOKUP(D1321,'CPU (des)'!B:I,8,FALSE)","v":10.37},0.30260494954802231,13.508013326812991,55.382854639933257,1.4060305729409466E-6,0.99991222182639206]
[null,"3.3.8.3.35","Composição Sinapi",91834,"ELETRODUTO FLEXÍVEL CORRUGADO, PVC, DN 25 MM (3/4\"), PARA CIRCUITOS TERMINAIS, INSTALADO EM FORRO - FORNECIMENTO E INSTALAÇÃO. AF_12/2015","M",4.0999999999999996,{"$f":"VLOOKUP(D1322,'CPU (des)'!B:I,8,FALSE)","v":10.37},0.30260494954802231,13.508013326812991,55.382854639933257,1.4060305729409466E-6,0.99991362785696503]
[null,"3.3.8.1.13","Insumo Sinapi",40552,"PARAFUSO, AUTO ATARRACHANTE, CABECA CHATA, FENDA SIMPLES, 1/4\" (6,35 MM) X 25 MM","CENTO",1,{"$f":"VLOOKUP(D1323,'Insumos SINAPI (des)'!A:E,5,FALSE)","v":45.23},{"$f":"$K$5","v":0.20311109145345707},54.416714666439859,54.416714666439859,1.3815027231342918E-6,0.99991500935968813]
[null,"4.6.33","Insumo Sinapi",40552,"PARAFUSO, AUTO ATARRACHANTE, CABECA CHATA, FENDA SIMPLES, 1/4\" (6,35 MM) X 25 MM","CENTO",1,{"$f":"VLOOKUP(D1324,'Insumos SINAPI (des)'!A:E,5,FALSE)","v":45.23},{"$f":"$K$5","v":0.20311109145345707},54.416714666439859,54.416714666439859,1.3815027231342918E-6,0.99991639086241124]
[null,"3.3.9.1.3","Composição Sinapi",94706,"ADAPTADOR COM FLANGE E ANEL DE VEDAÇÃO, PVC, SOLDÁVEL, DN 50 MM X 1 1/2 , INSTALADO EM RESERVAÇÃO DE ÁGUA DE EDIFICAÇÃO QUE POSSUA RESERVATÓRIO DE FIBRA/FIBROCIMENTO   FORNECIMENTO E INSTALAÇÃO. AF_06/2016","UN",1,{"$f":"VLOOKUP(D1325,'CPU (des)'!B:I,8,FALSE)","v":41.33},{"$f":"$K$4","v":0.30260494954802231},53.836662564819761,53.836662564819761,1.3667766676776191E-6,0.99991775763907897]
[null,"3.3.8.3.30","Composição Sinapi",91170,"FIXAÇÃO DE TUBOS HORIZONTAIS DE PVC, CPVC OU COBRE DIÂMETROS MENORES OU IGUAIS A 40 MM OU ELETROCALHAS ATÉ 150MM DE LARGURA, COM ABRAÇADEIRA METÁLICA RÍGIDA TIPO D 1/2\", FIXADA EM PERFILADO EM LAJE. AF_05/2015","M",12.1,{"$f":"VLOOKUP(D1326,'CPU (des)'!B:I,8,FALSE)","v":3.29},0.30260494954802231,4.2855702840129934,51.855400436557218,1.3164774343957981E-6,0.99991907411651337]
[null,"3.3.8.2.9","Composição Sinapi",92694,"NIPLE, EM FERRO GALVANIZADO, CONEXÃO ROSQUEADA, DN 20 (3/4\"), INSTALADO EM RAMAIS E SUB-RAMAIS DE GÁS - FORNECIMENTO E INSTALAÇÃO. AF_10/2020","UN",2,{"$f":"VLOOKUP(D1327,'CPU (des)'!B:I,8,FALSE)","v":19.78},0.30260494954802231,25.765525902059881,51.531051804119762,1.3082430431484783E-6,0.99992038235955649]
[null,"3.8.2.2","Composição Sinapi",96621,"LASTRO COM MATERIAL GRANULAR, APLICAÇÃO EM BLOCOS DE COROAMENTO, ESPESSURA DE *5 CM*. AF_08/2017","M3",0.1,{"$f":"VLOOKUP(D1328,'CPU (des)'!B:I,8,FALSE)","v":393.24},0.30260494954802231,512.23637036026435,51.223637036026439,1.3004385598779264E-6,0.99992168279811633]
[null,"3.9.2.2","Composição Sinapi",96621,"LASTRO COM MATERIAL GRANULAR, APLICAÇÃO EM BLOCOS DE COROAMENTO, ESPESSURA DE *5 CM*. AF_08/2017","M3",0.1,{"$f":"VLOOKUP(D1329,'CPU (des)'!B:I,8,FALSE)","v":393.24},0.30260494954802231,512.23637036026435,51.223637036026439,1.3004385598779264E-6,0.99992298323667617]
[null,"3.9.1.2","Composição Sinapi",98525,"LIMPEZA MECANIZADA DE CAMADA VEGETAL, VEGETAÇÃO E PEQUENAS ÁRVORES (DIÂMETRO DE TRONCO MENOR QUE 0,20 M), COM TRATOR DE ESTEIRAS.AF_05/2018","M2",120,{"$f":"VLOOKUP(D1330,'CPU (des)'!B:I,8,FALSE)","v":0.32},0.30260494954802231,0.41683358385536717,50.020030062644061,1.2698820236830529E-6,0.99992425311869981]
[null,"3.7.6.5","Composição Sinapi",101632,"RELÉ FOTOELÉTRICO PARA COMANDO DE ILUMINAÇÃO EXTERNA 1000 W - FORNECIMENTO E INSTALAÇÃO. AF_08/2020","UN",1,{"$f":"VLOOKUP(D1331,'CPU (des)'!B:I,8,FALSE)","v":38.270000000000003},0.30260494954802231,49.850691419202818,49.850691419202818,1.2655829439153759E-6,0.9999255187016437]
[null,"3.8.6.5","Composição Sinapi",101632,"RELÉ FOTOELÉTRICO PARA COMANDO DE ILUMINAÇÃO EXTERNA 1000 W - FORNECIMENTO E INSTALAÇÃO. AF_08/2020","UN",1,{"$f":"VLOOKUP(D1332,'CPU (des)'!B:I,8,FALSE)","v":38.270000000000003},0.30260494954802231,49.850691419202818,49.850691419202818,1.2655829439153759E-6,0.99992678428458759]
[null,"3.9.6.5","Composição Sinapi",101632,"RELÉ FOTOELÉTRICO PARA COMANDO DE ILUMINAÇÃO EXTERNA 1000 W - FORNECIMENTO E INSTALAÇÃO. AF_08/2020","UN",1,{"$f":"VLOOKUP(D1333,'CPU (des)'!B:I,8,FALSE)","v":38.270000000000003},0.30260494954802231,49.850691419202818,49.850691419202818,1.2655829439153759E-6,0.99992804986753148]
[null,"4.7.19","Insumo Sinapi",2556,"CAIXA DE LUZ \"4 X 2\" EM ACO ESMALTADA","UN",24,{"$f":"VLOOKUP(D1334,'Insumos SINAPI (des)'!A:E,5,FALSE)","v":1.7},{"$f":"$K$5","v":0.20311109145345707},2.045288855470877,49.086932531301045,1.2461930378925295E-6,0.99992929606056935]
[null,"7.3.17","Insumo Sinapi",21128,"ELETRODUTO EM ACO GALVANIZADO ELETROLITICO, LEVE, DIAMETRO 3/4\", PAREDE DE 0,90 MM","M",4,{"$f":"VLOOKUP(D1335,'Insumos SINAPI (des)'!A:E,5,FALSE)","v":10.17},{"$f":"$K$5","v":0.20311109145345707},12.235639800081659,48.942559200326635,1.2425277642516692E-6,0.99993053858833358]
[null,"3.3.9.2.2","Composição Orse",9383,"Caixa sifonada quadrada, com três entradas e uma saida, d = 100x150x50mm, branco, com grelha, Akros ou similar","UN",1,{"$f":"VLOOKUP(D1336,'CPU (des)'!B:I,8,FALSE)","v":37.549999999999997},{"$f":"$K$4","v":0.30260494954802231},48.912815855528237,48.912815855528237,1.2417726559713184E-6,0.99993178036098951]
[null,"4.7.9","Insumo Sinapi",39997,"PORCA ZINCADA, SEXTAVADA, DIAMETRO 1/4\"","UN",138,{"$f":"VLOOKUP(D1337,'Insumos SINAPI (des)'!A:E,5,FALSE)","v":0.28999999999999998},{"$f":"$K$5","v":0.20311109145345707},0.34890221652150255,48.148505879967352,1.2223687592269371E-6,0.99993300272974872]
[null,"8.5.12","Insumo Sinapi",3658,"JUNCAO SIMPLES, PVC, 45 GRAUS, DN 75 X 75 MM, SERIE NORMAL PARA ESGOTO PREDIAL","UN",2,{"$f":"VLOOKUP(D1338,'Insumos SINAPI (des)'!A:E,5,FALSE)","v":19.84},{"$f":"$K$5","v":0.20311109145345707},23.869724054436588,47.739448108873177,1.2119838172444993E-6,0.99993421471356592]
[null,"4.7.18","Insumo Sinapi",39600,"CONECTOR / TOMADA FEMEA RJ 45, CATEGORIA 5 E (CAT 5E) PARA CABOS","UN",3,{"$f":"VLOOKUP(D1339,'Insumos SINAPI (des)'!A:E,5,FALSE)","v":12.69},{"$f":"$K$5","v":0.20311109145345707},15.26747975054437,45.80243925163311,1.1628080625629558E-6,0.99993537752162853]
[null,"4.8.6","Composição Orse",13190,"Fornecimento de Kit parafuso philips, bucha, arruela S6","UN",250,{"$f":"VLOOKUP(D1340,'CPU (des)'!B:I,8,FALSE)","v":0.14000000000000001},{"$f":"$K$4","v":0.30260494954802231},0.18236469293672314,45.591173234180786,1.1574445528361159E-6,0.9999365349661814]
[null,"3.3.8.2.8","Insumo Sinapi",7139,"TE SOLDAVEL, PVC, 90 GRAUS, 25 MM, PARA AGUA FRIA PREDIAL (NBR 5648)","UN",30,{"$f":"VLOOKUP(D1341,'Insumos SINAPI (des)'!A:E,5,FALSE)","v":1.25},{"$f":"$K$5","v":0.20311109145345707},1.5038888643168213,45.116665929504641,1.145398012768869E-6,0.99993768036419417]
[null,"3.3.8.2.14","Composição Sinapi",92688,"TUBO DE AÇO GALVANIZADO COM COSTURA, CLASSE MÉDIA, CONEXÃO ROSQUEADA, DN 20 (3/4\"), INSTALADO EM RAMAIS E SUB-RAMAIS DE GÁS - FORNECIMENTO E INSTALAÇÃO. AF_10/2020","M",0.97,{"$f":"VLOOKUP(D1342,'CPU (des)'!B:I,8,FALSE)","v":34.94},{"$f":"$K$4","v":0.30260494954802231},45.513016937207894,44.147626429091659,1.1207965513088875E-6,0.99993880116074552]
[null,"3.3.9.1.24","Insumo Sinapi",3522,"JOELHO PVC,  SOLDAVEL COM ROSCA, 90 GRAUS, 25 MM X 3/4\", PARA AGUA FRIA PREDIAL","UN",14,{"$f":"VLOOKUP(D1343,'Insumos SINAPI (des)'!A:E,5,FALSE)","v":2.5299999999999998},{"$f":"$K$5","v":0.20311109145345707},3.0438710613772462,42.614194859281447,1.0818666029939556E-6,0.99993988302734849]
[null,"3.3.8.1.13","Insumo Sinapi",3875,"LUVA SIMPLES, PVC, SOLDAVEL, DN 50 MM, SERIE NORMAL, PARA ESGOTO PREDIAL","UN",10,{"$f":"VLOOKUP(D1344,'Insumos SINAPI (des)'!A:E,5,FALSE)","v":3.51},{"$f":"$K$5","v":0.20311109145345707},4.2229199310016341,42.229199310016341,1.0720925399516614E-6,0.99994095511988845]
[null,"3.4.8.3","Composição Sinapi",91940,"CAIXA RETANGULAR 4\" X 2\" MÉDIA (1,30 M DO PISO), PVC, INSTALADA EM PAREDE - FORNECIMENTO E INSTALAÇÃO. AF_12/2015","UN",2,{"$f":"VLOOKUP(D1345,'CPU (des)'!B:I,8,FALSE)","v":15.79},{"$f":"$K$4","v":0.30260494954802231},20.568132153363273,41.136264306726545,1.044345685101844E-6,0.99994199946557361]
[null,"3.5.8.3","Composição Sinapi",91940,"CAIXA RETANGULAR 4\" X 2\" MÉDIA (1,30 M DO PISO), PVC, INSTALADA EM PAREDE - FORNECIMENTO E INSTALAÇÃO. AF_12/2015","UN",2,{"$f":"VLOOKUP(D1346,'CPU (des)'!B:I,8,FALSE)","v":15.79},0.30260494954802231,20.568132153363273,41.136264306726545,1.044345685101844E-6,0.99994304381125876]
[null,"3.6.8.2.3","Composição Sinapi",91940,"CAIXA RETANGULAR 4\" X 2\" MÉDIA (1,30 M DO PISO), PVC, INSTALADA EM PAREDE - FORNECIMENTO E INSTALAÇÃO. AF_12/2015","UN",2,{"$f":"VLOOKUP(D1347,'CPU (des)'!B:I,8,FALSE)","v":15.79},0.30260494954802231,20.568132153363273,41.136264306726545,1.044345685101844E-6,0.99994408815694391]
[null,"3.3.8.1.26","Composição Sinapi",93657,"DISJUNTOR MONOPOLAR TIPO DIN, CORRENTE NOMINAL DE 32A - FORNECIMENTO E INSTALAÇÃO. AF_10/2020","UN",2,{"$f":"VLOOKUP(D1348,'CPU (des)'!B:I,8,FALSE)","v":15.68},0.30260494954802231,20.424845608912989,40.849691217825978,1.0370703193411597E-6,0.9999451252272632]
[null,"3.6.8.1.13","Composição Sinapi",93657,"DISJUNTOR MONOPOLAR TIPO DIN, CORRENTE NOMINAL DE 32A - FORNECIMENTO E INSTALAÇÃO. AF_10/2020","UN",2,{"$f":"VLOOKUP(D1349,'CPU (des)'!B:I,8,FALSE)","v":15.68},0.30260494954802231,20.424845608912989,40.849691217825978,1.0370703193411597E-6,0.99994616229758249]
[null,"4.6.38","Composição Sinapi",93657,"DISJUNTOR MONOPOLAR TIPO DIN, CORRENTE NOMINAL DE 32A - FORNECIMENTO E INSTALAÇÃO. AF_10/2020","UN",2,{"$f":"VLOOKUP(D1350,'CPU (des)'!B:I,8,FALSE)","v":15.68},0.30260494954802231,20.424845608912989,40.849691217825978,1.0370703193411597E-6,0.99994719936790177]
[null,"4.7.44","Composição Sinapi",91844,"ELETRODUTO FLEXÍVEL CORRUGADO, PVC, DN 25 MM (3/4\"), PARA CIRCUITOS TERMINAIS, INSTALADO EM LAJE - FORNECIMENTO E INSTALAÇÃO. AF_03/2023","M",5,{"$f":"VLOOKUP(D1351,'CPU (des)'!B:I,8,FALSE)","v":6.26},0.30260494954802231,8.1543069841706188,40.771534920853092,1.0350861286791547E-6,0.99994823445403047]
[null,"3.3.8.3.31","Insumo Sinapi",3264,"FLANGE SEXTAVADO DE FERRO GALVANIZADO, COM ROSCA BSP, DE 1\"","UN",1,{"$f":"VLOOKUP(D1352,'Insumos SINAPI (des)'!A:E,5,FALSE)","v":33.72},{"$f":"$K$5","v":0.20311109145345707},40.568906003810568,40.568906003810568,1.029941893081767E-6,0.99994926439592358]
[null,"3.3.8.2.27","Insumo Sinapi",3524,"JOELHO PVC, SOLDAVEL, COM BUCHA DE LATAO, 90 GRAUS, 25 MM X 3/4\", PARA AGUA FRIA PREDIAL","UN",4,{"$f":"VLOOKUP(D1353,'Insumos SINAPI (des)'!A:E,5,FALSE)","v":8.4},{"$f":"$K$5","v":0.20311109145345707},10.106133168209039,40.424532672836158,1.0262766194409067E-6,0.99995029067254304]
[null,"4.7.41","Insumo Sinapi",39272,"CURVA 90 GRAUS, CURTA, DE PVC RIGIDO ROSCAVEL, DE 3/4\", PARA ELETRODUTO","UN",11,{"$f":"VLOOKUP(D1354,'Insumos SINAPI (des)'!A:E,5,FALSE)","v":2.85},{"$f":"$K$5","v":0.20311109145345707},3.4288666106423529,{"$f":"J1354*G1354","v":37.717532717065879},9.5755273867477443E-7,0.9999512482252817]
[null,"8.4.16","Insumo Orse",2495,"Talha manual 5,0 t, elev.= 5,0 m (\"koch\" ou equivalente)","H",1,{"$f":"VLOOKUP(D1355,'Insumos ORSE (des)'!B:G,6,FALSE)","v":31.04},{"$f":"$K$5","v":0.20311109145345707},37.344568278715307,37.344568278715307,{"$f":"K1355/$K$1467","v":9.4808411510255192E-7},0.9999521963093968]
[null,"8.5.14","Insumo Orse",2495,"Talha manual 5,0 t, elev.= 5,0 m (\"koch\" ou equivalente)","H",1,{"$f":"VLOOKUP(D1356,'Insumos ORSE (des)'!B:G,6,FALSE)","v":31.04},{"$f":"$K$5","v":0.20311109145345707},37.344568278715307,37.344568278715307,9.4808411510255192E-7,{"$f":"L1356+M1355","v":0.99995314439351191}]
[null,"3.3.7.2","Composição Sinapi",93655,"DISJUNTOR MONOPOLAR TIPO DIN, CORRENTE NOMINAL DE 20A - FORNECIMENTO E INSTALAÇÃO. AF_10/2020","UN",2,{"$f":"VLOOKUP(D1357,'CPU (des)'!B:I,8,FALSE)","v":14.27},{"$f":"$K$4","v":0.30260494954802231},18.588172630050277,37.176345260100554,9.4381335822693552E-7,0.99995408820687015]
[null,"3.3.8.1.28","Composição Sinapi",93655,"DISJUNTOR MONOPOLAR TIPO DIN, CORRENTE NOMINAL DE 20A - FORNECIMENTO E INSTALAÇÃO. AF_10/2020","UN",2,{"$f":"VLOOKUP(D1358,'CPU (des)'!B:I,8,FALSE)","v":14.27},{"$f":"$K$4","v":0.30260494954802231},18.588172630050277,37.176345260100554,9.4381335822693552E-7,0.9999550320202284]
[null,"3.4.7.13","Composição Sinapi",93655,"DISJUNTOR MONOPOLAR TIPO DIN, CORRENTE NOMINAL DE 20A - FORNECIMENTO E INSTALAÇÃO. AF_10/2020","UN",2,{"$f":"VLOOKUP(D1359,'CPU (des)'!B:I,8,FALSE)","v":14.27},{"$f":"$K$4","v":0.30260494954802231},18.588172630050277,37.176345260100554,9.4381335822693552E-7,0.99995597583358664]
[null,"3.5.7.13","Composição Sinapi",93655,"DISJUNTOR MONOPOLAR TIPO DIN, CORRENTE NOMINAL DE 20A - FORNECIMENTO E INSTALAÇÃO. AF_10/2020","UN",2,{"$f":"VLOOKUP(D1360,'CPU (des)'!B:I,8,FALSE)","v":14.27},{"$f":"$K$4","v":0.30260494954802231},18.588172630050277,37.176345260100554,9.4381335822693552E-7,0.99995691964694489]
[null,"4.7.21","Insumo Sinapi",4374,"BUCHA DE NYLON SEM ABA S10","UN",83,{"$f":"VLOOKUP(D1361,'Insumos SINAPI (des)'!A:E,5,FALSE)","v":0.37},{"$f":"$K$5","v":0.20311109145345707},0.44515110383777912,36.947541618535666,9.3800461259018583E-7,0.99995785765155742]
[null,"3.3.9.1.20","Insumo Sinapi",6140,"BOLSA DE LIGACAO EM PVC FLEXIVEL PARA VASO SANITARIO 1.1/2 \" (40 MM)","UN",8,{"$f":"VLOOKUP(D1362,'Insumos SINAPI (des)'!A:E,5,FALSE)","v":3.81},0.20311109145345707,4.5838532584376717,36.670826067501373,9.3097950477853682E-7,0.99995878863106225]
[null,"3.7.6.11","Insumo Sinapi",20111,"FITA ISOLANTE ADESIVA ANTICHAMA, USO ATE 750 V, EM ROLO DE 19 MM X 20 M","UN",1,{"$f":"VLOOKUP(D1363,'Insumos SINAPI (des)'!A:E,5,FALSE)","v":30},0.20311109145345707,36.09333274360371,36.09333274360371,9.1631841021509522E-7,0.99995970494947251]
[null,"3.8.6.11","Insumo Sinapi",20111,"FITA ISOLANTE ADESIVA ANTICHAMA, USO ATE 750 V, EM ROLO DE 19 MM X 20 M","UN",1,{"$f":"VLOOKUP(D1364,'Insumos SINAPI (des)'!A:E,5,FALSE)","v":30},0.20311109145345707,36.09333274360371,36.09333274360371,9.1631841021509522E-7,0.99996062126788277]
[null,"3.9.6.11","Insumo Sinapi",20111,"FITA ISOLANTE ADESIVA ANTICHAMA, USO ATE 750 V, EM ROLO DE 19 MM X 20 M","UN",1,{"$f":"VLOOKUP(D1365,'Insumos SINAPI (des)'!A:E,5,FALSE)","v":30},0.20311109145345707,{"$f":"H1365*(1+I1365)","v":36.09333274360371},36.09333274360371,9.1631841021509522E-7,0.99996153758629303]
[null,"4.7.25","Insumo Sinapi",11059,"PARAFUSO ROSCA SOBERBA ZINCADO CABECA CHATA FENDA SIMPLES 5,5 X 50 MM (2 \")","UN",83,{"$f":"VLOOKUP(D1366,'Insumos SINAPI (des)'!A:E,5,FALSE)","v":0.36},0.20311109145345707,0.43311999292324455,35.9489594126293,9.1265313657423498E-7,0.99996245023942965]
[null,"3.6.9.3.5","Insumo Sinapi",44945,"SIFAO / TUBO SINFONADO EXTENSIVEL/SANFONADO, UNIVERSAL/ SIMPLES, ENTRE *50 A 70* CM, DE PLASTICO BRANCO","UN",3,{"$f":"VLOOKUP(D1367,'Insumos SINAPI (des)'!A:E,5,FALSE)","v":9.9},0.20311109145345707,11.910799805389225,35.732399416167674,9.071552261129443E-7,0.99996335739465581]
[null,"7.3.16","Composição Sinapi",91862,"ELETRODUTO RÍGIDO ROSCÁVEL, PVC, DN 20 MM (1/2\"), PARA CIRCUITOS TERMINAIS, INSTALADO EM FORRO - FORNECIMENTO E INSTALAÇÃO. AF_12/2015","M",3,{"$f":"VLOOKUP(D1368,'CPU (des)'!B:I,8,FALSE)","v":9},{"$f":"$K$4","v":0.30260494954802231},11.723444545932201,35.170333637796602,8.9288579790214652E-7,0.99996425028045366]
[null,"4.6.7","Insumo Sinapi",39125,"ABRACADEIRA EM ACO PARA AMARRACAO DE ELETRODUTOS, TIPO D, COM 3/8\" E PARAFUSO DE FIXACAO","UN",10,{"$f":"VLOOKUP(D1369,'Insumos SINAPI (des)'!A:E,5,FALSE)","v":2.88},{"$f":"$K$5","v":0.20311109145345707},3.4649599433859564,34.649599433859564,8.7966567380649142E-7,0.99996512994612752]
[null,"3.3.8.3.38","Insumo Sinapi",394,"ABRACADEIRA EM ACO PARA AMARRACAO DE ELETRODUTOS, TIPO D, COM 1 1/2\" E PARAFUSO DE FIXACAO","UN",5,{"$f":"VLOOKUP(D1370,'Insumos SINAPI (des)'!A:E,5,FALSE)","v":5.56},{"$f":"$K$5","v":0.20311109145345707},6.6892976684812204,33.446488342406099,8.4912172679932137E-7,0.99996597906785434]
[null,"3.8.1.2","Composição Sinapi",98525,"LIMPEZA MECANIZADA DE CAMADA VEGETAL, VEGETAÇÃO E PEQUENAS ÁRVORES (DIÂMETRO DE TRONCO MENOR QUE 0,20 M), COM TRATOR DE ESTEIRAS.AF_05/2018","M2",80,{"$f":"VLOOKUP(D1371,'CPU (des)'!B:I,8,FALSE)","v":0.32},{"$f":"$K$4","v":0.30260494954802231},0.41683358385536717,33.346686708429374,8.4658801578870193E-7,0.99996682565587014]
[null,"7.3.13","Insumo Sinapi",11821,"CONECTOR METALICO TIPO PARAFUSO FENDIDO (SPLIT BOLT), COM SEPARADOR DE CABOS BIMETALICOS, PARA CABOS ATE 25 MM2","UN",2,{"$f":"VLOOKUP(D1372,'Insumos SINAPI (des)'!A:E,5,FALSE)","v":13.74},{"$f":"$K$5","v":0.20311109145345707},16.5307463965705,33.061492793140999,8.3934766375702717E-7,0.99996766500353385]
[null,"3.3.8.2.33","Insumo Sinapi",39131,"ABRACADEIRA EM ACO PARA AMARRACAO DE ELETRODUTOS, TIPO D, COM 1 1/2\" E CUNHA DE FIXACAO","UN",5,{"$f":"VLOOKUP(D1373,'Insumos SINAPI (des)'!A:E,5,FALSE)","v":5.49},{"$f":"$K$5","v":0.20311109145345707},6.6050798920794795,33.025399460397395,8.3843134534681211E-7,0.9999685034348792]
[null,"3.4.7.12","Composição Sinapi",93653,"DISJUNTOR MONOPOLAR TIPO DIN, CORRENTE NOMINAL DE 10A - FORNECIMENTO E INSTALAÇÃO. AF_10/2020","UN",2,{"$f":"VLOOKUP(D1374,'CPU (des)'!B:I,8,FALSE)","v":12.53},{"$f":"$K$4","v":0.30260494954802231},16.321640017836717,32.643280035673435,8.2873029983065875E-7,0.99996933216517903]
[null,"3.5.7.12","Composição Sinapi",93653,"DISJUNTOR MONOPOLAR TIPO DIN, CORRENTE NOMINAL DE 10A - FORNECIMENTO E INSTALAÇÃO. AF_10/2020","UN",2,{"$f":"VLOOKUP(D1375,'CPU (des)'!B:I,8,FALSE)","v":12.53},{"$f":"$K$4","v":0.30260494954802231},16.321640017836717,32.643280035673435,8.2873029983065875E-7,0.99997016089547885]
[null,"3.3.8.1.9","Insumo Sinapi",3526,"JOELHO PVC, SOLDAVEL, PB, 90 GRAUS, DN 50 MM, PARA ESGOTO PREDIAL","UN",8,{"$f":"VLOOKUP(D1376,'Insumos SINAPI (des)'!A:E,5,FALSE)","v":3.25},{"$f":"$K$5","v":0.20311109145345707},3.9101110472237357,31.280888377789886,7.9414262218641594E-7,0.99997095503810107]
[null,"7.3.11","Insumo Sinapi",4179,"NIPLE DE FERRO GALVANIZADO, COM ROSCA BSP, DE 1\"","UN",2,{"$f":"VLOOKUP(D1377,'Insumos SINAPI (des)'!A:E,5,FALSE)","v":12.9},{"$f":"$K$5","v":0.20311109145345707},15.520133079749597,31.040266159499193,7.8803383278498188E-7,0.99997174307193382]
[null,"3.3.9.1.8","Composição Sinapi",91786,"(COMPOSIÇÃO REPRESENTATIVA) DO SERVIÇO DE INSTALAÇÃO TUBOS DE PVC, SOLDÁVEL, ÁGUA FRIA, DN 32 MM (INSTALADO EM RAMAL, SUB-RAMAL, RAMAL DE DISTRIBUIÇÃO OU PRUMADA), INCLUSIVE CONEXÕES, CORTES E FIXAÇÕES, PARA PRÉDIOS. AF_10/2015","M",0.85,{"$f":"VLOOKUP(D1378,'CPU (des)'!B:I,8,FALSE)","v":27.62},{"$f":"$K$4","v":0.30260494954802231},35.977948706516379,30.581256400538923,7.7638073619809982E-7,0.99997251945266996]
[null,"5.2.4","Composição Sinapi",100974,"CARGA, MANOBRA E DESCARGA DE SOLOS E MATERIAIS GRANULARES EM CAMINHÃO BASCULANTE 10 M³ - CARGA COM PÁ CARREGADEIRA (CAÇAMBA DE 1,7 A 2,8 M³ / 128 HP) E DESCARGA LIVRE (UNIDADE: M3). AF_07/2020","M3",2.97,{"$f":"VLOOKUP(D1379,'CPU (des)'!B:I,8,FALSE)","v":7.86},{"$f":"$K$4","v":0.30260494954802231},10.238474903447456,30.408270463238946,7.719890608661959E-7,0.99997329144173086]
[null,"3.3.8.2.28","Insumo Sinapi",6323,"TE DE FERRO GALVANIZADO, DE 1\"","UN",1,{"$f":"VLOOKUP(D1380,'Insumos SINAPI (des)'!A:E,5,FALSE)","v":24.11},{"$f":"$K$5","v":0.20311109145345707},29.007008414942849,29.007008414942849,7.364145623428649E-7,0.99997402785629319]
[null,"3.3.8.3.32","Insumo Sinapi",6323,"TE DE FERRO GALVANIZADO, DE 1\"","UN",1,{"$f":"VLOOKUP(D1381,'Insumos SINAPI (des)'!A:E,5,FALSE)","v":24.11},{"$f":"$K$5","v":0.20311109145345707},29.007008414942849,29.007008414942849,7.364145623428649E-7,0.99997476427085552]
[null,"3.6.9.1.2","Composição Sinapi",104056,"REGISTRO ESFERA, PVC, COM ROSCA, 1/2\", PARA LIGAÇÃO PREDIAL DE ÁGUA. AF_06/2022","UN",1,{"$f":"VLOOKUP(D1382,'CPU (des)'!B:I,8,FALSE)","v":21.47},{"$f":"$K$4","v":0.30260494954802231},27.966928266796039,27.966928266796039,7.1000955855404015E-7,0.99997547428041411]
[null,"3.3.8.2.10","Insumo Sinapi",767,"BUCHA DE REDUCAO DE FERRO GALVANIZADO, COM ROSCA BSP, DE 1 1/2\" X 3/4\"","UN",1,{"$f":"VLOOKUP(D1383,'Insumos SINAPI (des)'!A:E,5,FALSE)","v":23.11},{"$f":"$K$5","v":0.20311109145345707},27.803897323489391,27.803897323489391,7.0587061533569495E-7,0.9999761801510294]
[null,"3.4.9.2.3","Composição Sinapi",89383,"ADAPTADOR CURTO COM BOLSA E ROSCA PARA REGISTRO, PVC, SOLDÁVEL, DN 25MM X 3/4 , INSTALADO EM RAMAL OU SUB-RAMAL DE ÁGUA - FORNECIMENTO E INSTALAÇÃO. AF_06/2022","UN",4,{"$f":"VLOOKUP(D1384,'CPU (des)'!B:I,8,FALSE)","v":5.25},{"$f":"$K$4","v":0.30260494954802231},6.8386759851271171,27.354703940508468,6.9446673170166949E-7,0.99997687461776108]
[null,"3.5.9.2.3","Composição Sinapi",89383,"ADAPTADOR CURTO COM BOLSA E ROSCA PARA REGISTRO, PVC, SOLDÁVEL, DN 25MM X 3/4 , INSTALADO EM RAMAL OU SUB-RAMAL DE ÁGUA - FORNECIMENTO E INSTALAÇÃO. AF_06/2022","UN",4,{"$f":"VLOOKUP(D1385,'CPU (des)'!B:I,8,FALSE)","v":5.25},{"$f":"$K$4","v":0.30260494954802231},6.8386759851271171,27.354703940508468,6.9446673170166949E-7,0.99997756908449276]
[null,"4.7.7","Insumo Sinapi",39443,"PARAFUSO DRY WALL, EM ACO ZINCADO, CABECA LENTILHA E PONTA BROCA (LB), LARGURA 4,2 MM, COMPRIMENTO 13 MM","UN",96,{"$f":"VLOOKUP(D1386,'Insumos SINAPI (des)'!A:E,5,FALSE)","v":0.23},{"$f":"$K$5","v":0.20311109145345707},0.27671555103429513,26.564692899292332,6.7441034991831015E-7,0.99997824349484266]
[null,"4.6.10","Insumo Sinapi",4376,"BUCHA DE NYLON SEM ABA S8","UN",115,{"$f":"VLOOKUP(D1387,'Insumos SINAPI (des)'!A:E,5,FALSE)","v":0.19},{"$f":"$K$5","v":0.20311109145345707},0.22859110737615684,26.287977348258035,6.6738524210666103E-7,0.99997891088008473]
[null,"8.4.1","Insumo Orse",13435,"Bloco de concreto, estrutural dim. 14 x 19 x 39 cm, fck 10 mpa","UN",5,{"$f":"VLOOKUP(D1388,'Insumos ORSE (des)'!B:G,6,FALSE)","v":4.25},{"$f":"$K$5","v":0.20311109145345707},5.1132221386771928,25.566110693385966,6.4905887390235919E-7,0.9999795599389586]
[null,"8.5.3","Insumo Orse",13435,"Bloco de concreto, estrutural dim. 14 x 19 x 39 cm, fck 10 mpa","UN",5,{"$f":"VLOOKUP(D1389,'Insumos ORSE (des)'!B:G,6,FALSE)","v":4.25},{"$f":"$K$5","v":0.20311109145345707},5.1132221386771928,25.566110693385966,6.4905887390235919E-7,0.99998020899783246]
[null,"3.3.7.61","Composição Sinapi",91943,"CAIXA RETANGULAR 4\" X 4\" MÉDIA (1,30 M DO PISO), PVC, INSTALADA EM PAREDE - FORNECIMENTO E INSTALAÇÃO. AF_12/2015","UN",1,{"$f":"VLOOKUP(D1390,'CPU (des)'!B:I,8,FALSE)","v":19.04},{"$f":"$K$4","v":0.30260494954802231},24.801598239394345,24.801598239394345,6.2964983674284696E-7,0.99998083864766918]
[null,"3.4.9.2.5","Composição Sinapi",89440,"TE, PVC, SOLDÁVEL, DN 25MM, INSTALADO EM RAMAL DE DISTRIBUIÇÃO DE ÁGUA - FORNECIMENTO E INSTALAÇÃO. AF_06/2022","UN",2,{"$f":"VLOOKUP(D1391,'CPU (des)'!B:I,8,FALSE)","v":9.4},{"$f":"$K$4","v":0.30260494954802231},12.244486525751411,24.488973051502821,6.2171307409482799E-7,0.99998146036074331]
[null,"3.5.9.2.5","Composição Sinapi",89440,"TE, PVC, SOLDÁVEL, DN 25MM, INSTALADO EM RAMAL DE DISTRIBUIÇÃO DE ÁGUA - FORNECIMENTO E INSTALAÇÃO. AF_06/2022","UN",2,{"$f":"VLOOKUP(D1392,'CPU (des)'!B:I,8,FALSE)","v":9.4},{"$f":"$K$4","v":0.30260494954802231},12.244486525751411,24.488973051502821,6.2171307409482799E-7,0.99998208207381745]
[null,"3.6.9.3.10","Composição Sinapi",89712,"TUBO PVC, SERIE NORMAL, ESGOTO PREDIAL, DN 50 MM, FORNECIDO E INSTALADO EM RAMAL DE DESCARGA OU RAMAL DE ESGOTO SANITÁRIO. AF_08/2022","M",0.78,{"$f":"VLOOKUP(D1393,'CPU (des)'!B:I,8,FALSE)","v":23.65},{"$f":"$K$4","v":0.30260494954802231},30.806607056810726,24.029153504312369,6.1003941903336657E-7,0.99998269211323643]
[null,"3.3.8.2.2","Insumo Sinapi",3463,"COTOVELO DE REDUCAO 90 GRAUS DE FERRO GALVANIZADO, COM ROSCA BSP, DE 1\" X 1/2\"","UN",1,{"$f":"VLOOKUP(D1394,'Insumos SINAPI (des)'!A:E,5,FALSE)","v":19.73},{"$f":"$K$5","v":0.20311109145345707},23.737381834376709,23.737381834376709,6.0263207445146099E-7,0.99998329474531089]
[null,"3.4.9.2.6","Composição Sinapi",89481,"JOELHO 90 GRAUS, PVC, SOLDÁVEL, DN 25MM, INSTALADO EM PRUMADA DE ÁGUA - FORNECIMENTO E INSTALAÇÃO. AF_06/2022","UN",4,{"$f":"VLOOKUP(D1395,'CPU (des)'!B:I,8,FALSE)","v":4.3},{"$f":"$K$4","v":0.30260494954802231},5.6012012830564961,22.404805132225984,5.6880132310803407E-7,0.99998386354663404]
[null,"3.5.9.2.6","Composição Sinapi",89481,"JOELHO 90 GRAUS, PVC, SOLDÁVEL, DN 25MM, INSTALADO EM PRUMADA DE ÁGUA - FORNECIMENTO E INSTALAÇÃO. AF_06/2022","UN",4,{"$f":"VLOOKUP(D1396,'CPU (des)'!B:I,8,FALSE)","v":4.3},{"$f":"$K$4","v":0.30260494954802231},5.6012012830564961,22.404805132225984,5.6880132310803407E-7,0.9999844323479572]
[null,"3.6.9.2.11","Composição Sinapi",89481,"JOELHO 90 GRAUS, PVC, SOLDÁVEL, DN 25MM, INSTALADO EM PRUMADA DE ÁGUA - FORNECIMENTO E INSTALAÇÃO. AF_06/2022","UN",4,{"$f":"VLOOKUP(D1397,'CPU (des)'!B:I,8,FALSE)","v":4.3},{"$f":"$K$4","v":0.30260494954802231},5.6012012830564961,22.404805132225984,5.6880132310803407E-7,0.99998500114928035]
[null,"4.7.4","Composição Orse",12538,"Arruela de pressão 1/4\"","UN",42,{"$f":"VLOOKUP(D1398,'CPU (des)'!B:I,8,FALSE)","v":0.4},{"$f":"$K$4","v":0.30260494954802231},0.52104197981920897,21.883763152406775,5.5557338536133561E-7,0.99998555672266576]
[null,"3.3.8.2.19","Insumo Sinapi",3496,"JOELHO DE REDUCAO, PVC, ROSCAVEL, 90 GRAUS, 3/4\" X 1/2\", COR BRANCA, PARA AGUA FRIA PREDIAL","UN",5,{"$f":"VLOOKUP(D1399,'Insumos SINAPI (des)'!A:E,5,FALSE)","v":3.5},{"$f":"$K$5","v":0.20311109145345707},4.2108888200870993,21.054444100435497,5.3451907262547218E-7,0.99998609124173843]
[null,"3.3.8.4.5","Composição Sinapi",91940,"CAIXA RETANGULAR 4\" X 2\" MÉDIA (1,30 M DO PISO), PVC, INSTALADA EM PAREDE - FORNECIMENTO E INSTALAÇÃO. AF_12/2015","UN",1,{"$f":"VLOOKUP(D1400,'CPU (des)'!B:I,8,FALSE)","v":15.79},{"$f":"$K$4","v":0.30260494954802231},20.568132153363273,20.568132153363273,5.2217284255092199E-7,0.99998661341458095]
[null,"2.2.3.4","Composição Sinapi",92761,"ARMAÇÃO DE PILAR OU VIGA DE ESTRUTURA CONVENCIONAL DE CONCRETO ARMADO UTILIZANDO AÇO CA-50 DE 8,0 MM - MONTAGEM. AF_06/2022","KG",1,{"$f":"VLOOKUP(D1401,'CPU (des)'!B:I,8,FALSE)","v":15.09},{"$f":"$K$4","v":0.30260494954802231},19.656308688679655,19.656308688679655,4.9902395149419964E-7,0.99998711243853244]
[null,"3.3.8.3.21","Insumo Sinapi",38092,"ESPELHO / PLACA DE 1 POSTO 4\" X 2\", PARA INSTALACAO DE TOMADAS E INTERRUPTORES","UN",6,{"$f":"VLOOKUP(D1402,'Insumos SINAPI (des)'!A:E,5,FALSE)","v":2.57},{"$f":"$K$5","v":0.20311109145345707},3.0919955050353845,18.551973030212306,4.7098766285055888E-7,0.99998758342619531]
[null,"3.3.8.2.5","Insumo Sinapi",6036,"REGISTRO DE ESFERA PVC, COM BORBOLETA, COM ROSCA EXTERNA, DE 1/2\"","UN",1,{"$f":"VLOOKUP(D1403,'Insumos SINAPI (des)'!A:E,5,FALSE)","v":15.32},0.20311109145345707,18.431661921066961,18.431661921066961,4.6793326814984196E-7,0.99998805135946345]
[null,"3.3.7.66","Insumo Orse",4419,"Arruela lisa de 5/16\"","UN",145,{"$f":"VLOOKUP(D1404,'Insumos ORSE (des)'!B:G,6,FALSE)","v":0.1},0.20311109145345707,0.12031110914534571,17.445110826075126,4.4288723160396269E-7,0.999988494246695]
[null,"3.3.7.33","Insumo Sinapi",1574,"TERMINAL A COMPRESSAO EM COBRE ESTANHADO PARA CABO 10 MM2, 1 FURO E 1 COMPRESSAO, PARA PARAFUSO DE FIXACAO M6","UN",6,{"$f":"VLOOKUP(D1405,'Insumos SINAPI (des)'!A:E,5,FALSE)","v":2.2999999999999998},0.20311109145345707,2.7671555103429513,16.602933062057708,4.2150646869894381E-7,0.99998891575316373]
[null,"4.7.38","Insumo Sinapi",39139,"ABRACADEIRA EM ACO PARA AMARRACAO DE ELETRODUTOS, TIPO U SIMPLES, COM 1\"","UN",8,{"$f":"VLOOKUP(D1406,'Insumos SINAPI (des)'!A:E,5,FALSE)","v":1.68},0.20311109145345707,2.0212266336418079,16.169813069134463,4.1051064777636266E-7,0.99998932626381154]
[null,"3.3.8.2.8","Insumo Sinapi",1891,"LUVA EM PVC RIGIDO ROSCAVEL, DE 3/4\", PARA ELETRODUTO","UN",10,{"$f":"VLOOKUP(D1407,'Insumos SINAPI (des)'!A:E,5,FALSE)","v":1.32},0.20311109145345707,1.5881066407185633,15.881066407185633,4.0318010049464192E-7,0.99998972944391207]
[null,"4.6.8","Insumo Sinapi",4374,"BUCHA DE NYLON SEM ABA S10","UN",35,{"$f":"VLOOKUP(D1408,'Insumos SINAPI (des)'!A:E,5,FALSE)","v":0.37},0.20311109145345707,0.44515110383777912,15.580288634322269,3.9554411374284943E-7,0.99999012498802586]
[null,"3.3.7.77","Composição Orse",12984,"Placa cega para caixa de pvc 4\" x 2\", para tomadas e interruptores","UN",3,{"$f":"VLOOKUP(D1409,'CPU (des)'!B:I,8,FALSE)","v":3.92},{"$f":"$K$4","v":0.30260494954802231},5.1062114022282472,15.318634206684742,3.8890136975293488E-7,0.99999051388939564]
[null,"7.3.12","Insumo Sinapi",12033,"CURVA 180 GRAUS, DE PVC RIGIDO ROSCAVEL, DE 1 1/2\", PARA ELETRODUTO","UN",1,{"$f":"VLOOKUP(D1410,'Insumos SINAPI (des)'!A:E,5,FALSE)","v":11.51},{"$f":"$K$5","v":0.20311109145345707},13.847808662629291,13.847808662629291,3.5156083005252488E-7,0.99999086545022564]
[null,"4.6.39","Composição Orse",5915,"Assentamento de adaptador de flange de grande tolerância \"ultra quick\", em ferro fundido, DN  150mm - tipo E e tipo F","UN",1,{"$f":"VLOOKUP(D1411,'CPU (des)'!B:I,8,FALSE)","v":10.48},{"$f":"$K$4","v":0.30260494954802231},13.651299871263275,13.651299871263275,3.4657196896349982E-7,0.99999121202219465]
[null,"7.3.7","Insumo Sinapi",764,"BUCHA DE REDUCAO DE FERRO GALVANIZADO, COM ROSCA BSP, DE 1\" X 1/2\"","UN",1,{"$f":"VLOOKUP(D1412,'Insumos SINAPI (des)'!A:E,5,FALSE)","v":11.17},{"$f":"$K$5","v":0.20311109145345707},13.438750891535115,13.438750891535115,3.4117588807008711E-7,0.99999155319808275]
[null,"7.3.8","Insumo Sinapi",765,"BUCHA DE REDUCAO DE FERRO GALVANIZADO, COM ROSCA BSP, DE 1\" X 3/4\"","UN",1,{"$f":"VLOOKUP(D1413,'Insumos SINAPI (des)'!A:E,5,FALSE)","v":11.17},0.20311109145345707,13.438750891535115,13.438750891535115,3.4117588807008711E-7,0.99999189437397085]
[null,"4.7.24","Insumo Sinapi",4377,"PARAFUSO DE ACO ZINCADO COM ROSCA SOBERBA, CABECA CHATA E FENDA SIMPLES, DIAMETRO 4,2 MM, COMPRIMENTO * 32 * MM","UN",61,{"$f":"VLOOKUP(D1414,'Insumos SINAPI (des)'!A:E,5,FALSE)","v":0.18},0.20311109145345707,0.21655999646162227,13.210159784158959,3.3537253813872485E-7,0.99999222974650903]
[null,"7.3.23","Insumo Sinapi",1575,"TERMINAL A COMPRESSAO EM COBRE ESTANHADO PARA CABO 16 MM2, 1 FURO E 1 COMPRESSAO, PARA PARAFUSO DE FIXACAO M6","UN",4,{"$f":"VLOOKUP(D1415,'Insumos SINAPI (des)'!A:E,5,FALSE)","v":2.73},0.20311109145345707,3.2844932796679376,13.13797311867175,3.3353990131829467E-7,0.9999925632864104]
[null,"3.3.8.2.18","Insumo Sinapi",38092,"ESPELHO / PLACA DE 1 POSTO 4\" X 2\", PARA INSTALACAO DE TOMADAS E INTERRUPTORES","UN",4,{"$f":"VLOOKUP(D1416,'Insumos SINAPI (des)'!A:E,5,FALSE)","v":2.57},0.20311109145345707,3.0919955050353845,12.367982020141538,3.1399177523370597E-7,0.99999287727818564]
[null,"3.3.9.1.6","Insumo Sinapi",3536,"JOELHO PVC, SOLDAVEL, 90 GRAUS, 32 MM, COR MARROM, PARA AGUA FRIA PREDIAL","UN",4,{"$f":"VLOOKUP(D1417,'Insumos SINAPI (des)'!A:E,5,FALSE)","v":2.5299999999999998},0.20311109145345707,3.0438710613772462,12.175484245508985,3.0910474371255877E-7,0.99999318638292933]
[null,"7.2.16","Insumo Sinapi",1050,"CABECOTE PARA ENTRADA DE LINHA DE ALIMENTACAO PARA ELETRODUTO, EM LIGA DE ALUMINIO COM ACABAMENTO ANTI CORROSIVO, COM FIXACAO POR ENCAIXE LISO DE 360 GRAUS, DE 1\"","UN",2,{"$f":"VLOOKUP(D1418,'Insumos SINAPI (des)'!A:E,5,FALSE)","v":4.7699999999999996},0.20311109145345707,5.7388399062329896,{"$f":"J1418*G1418","v":11.477679812465979},2.9138925444840025E-7,0.99999347777218384]
[null,"3.3.8.2.34","Insumo Sinapi",39129,"ABRACADEIRA EM ACO PARA AMARRACAO DE ELETRODUTOS, TIPO D, COM 1\" E CUNHA DE FIXACAO","UN",3,{"$f":"VLOOKUP(D1419,'Insumos SINAPI (des)'!A:E,5,FALSE)","v":3.09},0.20311109145345707,3.7176132725911821,11.152839817773547,{"$f":"K1419/$K$1467","v":2.8314238875646444E-7},0.99999376091457259]
[null,"3.6.9.1.3","Insumo Sinapi",111,"ADAPTADOR PVC SOLDAVEL CURTO COM BOLSA E ROSCA, 50 MM X 1 1/4\", PARA AGUA FRIA","UN",1,{"$f":"VLOOKUP(D1420,'Insumos SINAPI (des)'!A:E,5,FALSE)","v":8.7799999999999994},0.20311109145345707,10.563315382961353,10.563315382961353,2.681758547229512E-7,{"$f":"L1420+M1419","v":0.99999402909042734}]
[null,"3.3.8.2.18","Insumo Sinapi",3505,"JOELHO PVC, ROSCAVEL, 90 GRAUS, 3/4\", COR BRANCA, PARA AGUA FRIA PREDIAL","UN",3,{"$f":"VLOOKUP(D1421,'Insumos SINAPI (des)'!A:E,5,FALSE)","v":2.73},0.20311109145345707,3.2844932796679376,9.8534798390038123,2.5015492598872099E-7,0.99999427924535333]
[null,"3.3.9.1.15","Insumo Sinapi",829,"BUCHA DE REDUCAO DE PVC, SOLDAVEL, CURTA, COM 32 X 25 MM, PARA AGUA FRIA PREDIAL","UN",8,{"$f":"VLOOKUP(D1422,'Insumos SINAPI (des)'!A:E,5,FALSE)","v":0.99},0.20311109145345707,1.1910799805389225,9.52863984431138,2.4190806029678513E-7,0.99999452115341358]
[null,"4.7.40","Insumo Sinapi",39273,"CURVA 90 GRAUS, CURTA, DE PVC RIGIDO ROSCAVEL, DE 1\", PARA ELETRODUTO","UN",2,{"$f":"VLOOKUP(D1423,'Insumos SINAPI (des)'!A:E,5,FALSE)","v":3.93},0.20311109145345707,4.7282265894120865,9.456453178824173,2.4007542347635495E-7,0.99999476122883701]
[null,"4.7.8","Insumo Sinapi",4377,"PARAFUSO DE ACO ZINCADO COM ROSCA SOBERBA, CABECA CHATA E FENDA SIMPLES, DIAMETRO 4,2 MM, COMPRIMENTO * 32 * MM","UN",42,{"$f":"VLOOKUP(D1424,'Insumos SINAPI (des)'!A:E,5,FALSE)","v":0.18},0.20311109145345707,0.21655999646162227,9.0955198513881363,2.3091223937420403E-7,0.99999499214107634]
[null,"3.3.9.1.5","Insumo Sinapi",108,"ADAPTADOR PVC SOLDAVEL CURTO COM BOLSA E ROSCA, 32 MM X 1\", PARA AGUA FRIA","UN",4,{"$f":"VLOOKUP(D1425,'Insumos SINAPI (des)'!A:E,5,FALSE)","v":1.87},0.20311109145345707,2.2498177410179649,8.9992709640718598,2.2846872361363043E-7,0.99999522060979995]
[null,"7.3.6","Insumo Sinapi",39212,"ARRUELA EM ALUMINIO, COM ROSCA, DE 1 1/2\", PARA ELETRODUTO","UN",4,{"$f":"VLOOKUP(D1426,'Insumos SINAPI (des)'!A:E,5,FALSE)","v":1.87},0.20311109145345707,2.2498177410179649,8.9992709640718598,2.2846872361363043E-7,0.99999544907852356]
[null,"4.6.28","Insumo Sinapi",39138,"ABRACADEIRA EM ACO PARA AMARRACAO DE ELETRODUTOS, TIPO U SIMPLES, COM 3/4\"","UN",6,{"$f":"VLOOKUP(D1427,'Insumos SINAPI (des)'!A:E,5,FALSE)","v":1.23},0.20311109145345707,1.4798266424877522,8.8789598549265136,2.2541432891291343E-7,0.99999567449285243]
[null,"3.3.7.64","Insumo Sinapi",2556,"CAIXA DE LUZ \"4 X 2\" EM ACO ESMALTADA","UN",4,{"$f":"VLOOKUP(D1428,'Insumos SINAPI (des)'!A:E,5,FALSE)","v":1.7},0.20311109145345707,2.045288855470877,8.1811554218835081,2.0769883964875493E-7,0.99999588219169211]
[null,"3.3.8.2.11","Insumo Sinapi",3908,"LUVA DE FERRO GALVANIZADO, COM ROSCA BSP, DE 1/2\"","UN",1,{"$f":"VLOOKUP(D1429,'Insumos SINAPI (des)'!A:E,5,FALSE)","v":6.76},0.20311109145345707,{"$f":"H1429*(1+I1429)","v":8.1330309782253689},8.1330309782253689,2.0647708176846811E-7,0.99999608866877387]
[null,"3.3.8.4.7","Insumo Sinapi",1891,"LUVA EM PVC RIGIDO ROSCAVEL, DE 3/4\", PARA ELETRODUTO","UN",5,{"$f":"VLOOKUP(D1430,'Insumos SINAPI (des)'!A:E,5,FALSE)","v":1.32},0.20311109145345707,1.5881066407185633,7.9405332035928167,2.0159005024732096E-7,0.99999629025882408]
[null,"3.3.8.1.5","Insumo Sinapi",20086,"BUCHA DE REDUCAO DE PVC, SOLDAVEL, LONGA, 50 X 40 MM, PARA ESGOTO PREDIAL","UN",2,{"$f":"VLOOKUP(D1431,'Insumos SINAPI (des)'!A:E,5,FALSE)","v":3.28},0.20311109145345707,3.9462043799673387,7.8924087599346775,2.0036829236703413E-7,0.99999649062711649]
[null,"3.3.8.2.29","Insumo Sinapi",3521,"JOELHO PVC, SOLDAVEL COM ROSCA, 90 GRAUS, 20 MM X 1/2\", COR MARROM, PARA AGUA FRIA PREDIAL","UN",3,{"$f":"VLOOKUP(D1432,'Insumos SINAPI (des)'!A:E,5,FALSE)","v":2.06},0.20311109145345707,2.4784088483941216,7.4352265451823651,1.8876159250430963E-7,0.99999667938870895]
[null,"4.7.22","Insumo Sinapi",4375,"BUCHA DE NYLON SEM ABA S6","UN",61,{"$f":"VLOOKUP(D1433,'Insumos SINAPI (des)'!A:E,5,FALSE)","v":0.1},0.20311109145345707,0.12031110914534571,7.3389776578660886,1.8631807674373603E-7,0.9999968657067857]
[null,"7.3.2","Insumo Sinapi",39128,"ABRACADEIRA EM ACO PARA AMARRACAO DE ELETRODUTOS, TIPO D, COM 3/4\" E CUNHA DE FIXACAO","UN",2,{"$f":"VLOOKUP(D1434,'Insumos SINAPI (des)'!A:E,5,FALSE)","v":2.88},0.20311109145345707,3.4649599433859564,6.9299198867719127,1.7593313476129828E-7,0.99999704163992043]
[null,"3.4.9.1.1","Insumo Sinapi",1402,"COLAR TOMADA PVC, COM TRAVAS, SAIDA COM ROSCA, DE 32 MM X 1/2\" OU 32 MM X 3/4\", PARA LIGACAO PREDIAL DE AGUA","UN",1,{"$f":"VLOOKUP(D1435,'Insumos SINAPI (des)'!A:E,5,FALSE)","v":5.42},0.20311109145345707,6.5208621156777369,6.5208621156777369,1.6554819277886054E-7,0.99999720718811325]
[null,"3.5.9.1.1","Insumo Sinapi",1402,"COLAR TOMADA PVC, COM TRAVAS, SAIDA COM ROSCA, DE 32 MM X 1/2\" OU 32 MM X 3/4\", PARA LIGACAO PREDIAL DE AGUA","UN",1,{"$f":"VLOOKUP(D1436,'Insumos SINAPI (des)'!A:E,5,FALSE)","v":5.42},0.20311109145345707,6.5208621156777369,6.5208621156777369,1.6554819277886054E-7,0.99999737273630607]
[null,"3.6.9.1.1","Insumo Sinapi",1402,"COLAR TOMADA PVC, COM TRAVAS, SAIDA COM ROSCA, DE 32 MM X 1/2\" OU 32 MM X 3/4\", PARA LIGACAO PREDIAL DE AGUA","UN",1,{"$f":"VLOOKUP(D1437,'Insumos SINAPI (des)'!A:E,5,FALSE)","v":5.42},0.20311109145345707,6.5208621156777369,6.5208621156777369,1.6554819277886054E-7,0.99999753828449889]
[null,"7.3.1","Insumo Sinapi",39127,"ABRACADEIRA EM ACO PARA AMARRACAO DE ELETRODUTOS, TIPO D, COM 1/2\" E CUNHA DE FIXACAO","UN",2,{"$f":"VLOOKUP(D1438,'Insumos SINAPI (des)'!A:E,5,FALSE)","v":2.64},0.20311109145345707,3.1762132814371267,6.3524265628742533,1.6127204019785676E-7,0.99999769955653905]
[null,"3.3.8.1.21","Insumo Sinapi",38092,"ESPELHO / PLACA DE 1 POSTO 4\" X 2\", PARA INSTALACAO DE TOMADAS E INTERRUPTORES","UN",2,{"$f":"VLOOKUP(D1439,'Insumos SINAPI (des)'!A:E,5,FALSE)","v":2.57},0.20311109145345707,3.0919955050353845,6.1839910100707689,1.5699588761685299E-7,0.99999785655242668]
[null,"3.4.8.10","Insumo Sinapi",38092,"ESPELHO / PLACA DE 1 POSTO 4\" X 2\", PARA INSTALACAO DE TOMADAS E INTERRUPTORES","UN",2,{"$f":"VLOOKUP(D1440,'Insumos SINAPI (des)'!A:E,5,FALSE)","v":2.57},0.20311109145345707,3.0919955050353845,6.1839910100707689,1.5699588761685299E-7,0.9999980135483143]
[null,"3.5.8.10","Insumo Sinapi",38092,"ESPELHO / PLACA DE 1 POSTO 4\" X 2\", PARA INSTALACAO DE TOMADAS E INTERRUPTORES","UN",2,{"$f":"VLOOKUP(D1441,'Insumos SINAPI (des)'!A:E,5,FALSE)","v":2.57},0.20311109145345707,3.0919955050353845,6.1839910100707689,1.5699588761685299E-7,0.99999817054420193]
[null,"3.6.8.2.10","Insumo Sinapi",38092,"ESPELHO / PLACA DE 1 POSTO 4\" X 2\", PARA INSTALACAO DE TOMADAS E INTERRUPTORES","UN",2,{"$f":"VLOOKUP(D1442,'Insumos SINAPI (des)'!A:E,5,FALSE)","v":2.57},0.20311109145345707,3.0919955050353845,6.1839910100707689,1.5699588761685299E-7,0.99999832754008955]
[null,"3.3.9.1.9","Insumo Sinapi",7139,"TE SOLDAVEL, PVC, 90 GRAUS, 25 MM, PARA AGUA FRIA PREDIAL (NBR 5648)","UN",4,{"$f":"VLOOKUP(D1443,'Insumos SINAPI (des)'!A:E,5,FALSE)","v":1.25},0.20311109145345707,1.5038888643168213,6.0155554572672854,1.5271973503584921E-7,0.99999848025982463]
[null,"3.3.8.2.21","Composição Sinapi",89376,"ADAPTADOR CURTO COM BOLSA E ROSCA PARA REGISTRO, PVC, SOLDÁVEL, DN 20MM X 1/2 , INSTALADO EM RAMAL OU SUB-RAMAL DE ÁGUA - FORNECIMENTO E INSTALAÇÃO. AF_06/2022","UN",1,{"$f":"VLOOKUP(D1444,'CPU (des)'!B:I,8,FALSE)","v":4.5199999999999996},{"$f":"$K$4","v":0.30260494954802231},5.8877743719570601,5.8877743719570601,1.4947569653769264E-7,0.99999862973552112]
[null,"3.3.8.1.8","Insumo Sinapi",37949,"JOELHO PVC, SOLDAVEL, PB, 90 GRAUS, DN 40 MM, PARA ESGOTO PREDIAL","UN",2,{"$f":"VLOOKUP(D1445,'Insumos SINAPI (des)'!A:E,5,FALSE)","v":2.36},{"$f":"$K$5","v":0.20311109145345707},2.8393421758301587,5.6786843516603174,1.4416742987384166E-7,0.999998773902951]
[null,"3.3.8.2.1","Insumo Sinapi",6140,"BOLSA DE LIGACAO EM PVC FLEXIVEL PARA VASO SANITARIO 1.1/2 \" (40 MM)","UN",1,{"$f":"VLOOKUP(D1446,'Insumos SINAPI (des)'!A:E,5,FALSE)","v":3.81},0.20311109145345707,4.5838532584376717,4.5838532584376717,1.163724380973171E-7,0.99999889027538913]
[null,"7.2.11","Insumo Sinapi",4376,"BUCHA DE NYLON SEM ABA S8","UN",20,{"$f":"VLOOKUP(D1447,'Insumos SINAPI (des)'!A:E,5,FALSE)","v":0.19},0.20311109145345707,0.22859110737615684,4.5718221475231369,1.160669986272454E-7,0.99999900634238781]
[null,"3.6.9.1.5","Insumo Sinapi",7139,"TE SOLDAVEL, PVC, 90 GRAUS, 25 MM, PARA AGUA FRIA PREDIAL (NBR 5648)","UN",3,{"$f":"VLOOKUP(D1448,'Insumos SINAPI (des)'!A:E,5,FALSE)","v":1.25},0.20311109145345707,1.5038888643168213,4.5116665929504638,1.145398012768869E-7,0.99999912088218912]
[null,"3.3.9.1.4","Insumo Sinapi",65,"ADAPTADOR PVC SOLDAVEL CURTO COM BOLSA E ROSCA, 25 MM X 3/4\", PARA AGUA FRIA","UN",4,{"$f":"VLOOKUP(D1449,'Insumos SINAPI (des)'!A:E,5,FALSE)","v":0.93},0.20311109145345707,1.1188933150517151,4.4755732602068603,1.1362348286667182E-7,0.99999923450567196]
[null,"7.3.3","Insumo Sinapi",11274,"ALCA PREFORMADA DE SERVICO, EM ACO GALVANIZADO, PARA CONDUTORES DE ALUMINIO AWG 6 (CAA 6/1)","UN",2,{"$f":"VLOOKUP(D1450,'Insumos SINAPI (des)'!A:E,5,FALSE)","v":1.7},0.20311109145345707,2.045288855470877,4.090577710941754,1.0384941982437747E-7,0.9999993383550918]
[null,"7.3.14","Insumo Sinapi",39272,"CURVA 90 GRAUS, CURTA, DE PVC RIGIDO ROSCAVEL, DE 3/4\", PARA ELETRODUTO","UN",1,{"$f":"VLOOKUP(D1451,'Insumos SINAPI (des)'!A:E,5,FALSE)","v":2.85},0.20311109145345707,3.4288666106423529,3.4288666106423529,8.7050248970434055E-8,0.99999942540534081]
[null,"3.3.8.1.9","Insumo Sinapi",1891,"LUVA EM PVC RIGIDO ROSCAVEL, DE 3/4\", PARA ELETRODUTO","UN",2,{"$f":"VLOOKUP(D1452,'Insumos SINAPI (des)'!A:E,5,FALSE)","v":1.32},0.20311109145345707,1.5881066407185633,3.1762132814371267,8.0636020098928381E-8,0.9999995060413609]
[null,"3.3.8.4.16","Insumo Sinapi",38092,"ESPELHO / PLACA DE 1 POSTO 4\" X 2\", PARA INSTALACAO DE TOMADAS E INTERRUPTORES","UN",1,{"$f":"VLOOKUP(D1453,'Insumos SINAPI (des)'!A:E,5,FALSE)","v":2.57},0.20311109145345707,3.0919955050353845,3.0919955050353845,7.8497943808426493E-8,0.99999958453930471]
[null,"3.3.8.2.20","Insumo Sinapi",9856,"TUBO PVC, ROSCAVEL, 1/2\", AGUA FRIA PREDIAL","M",0.28000000000000003,{"$f":"VLOOKUP(D1454,'Insumos SINAPI (des)'!A:E,5,FALSE)","v":8.27},0.20311109145345707,9.9497287263200889,2.7859240433696253,7.0727563689802482E-8,0.9999996552668684]
[null,"4.6.31","Insumo Sinapi",2637,"LUVA PARA ELETRODUTO, EM ACO GALVANIZADO ELETROLITICO, DIAMETRO DE 20 MM (3/4\")","UN",1,{"$f":"VLOOKUP(D1455,'Insumos SINAPI (des)'!A:E,5,FALSE)","v":1.87},0.20311109145345707,2.2498177410179649,2.2498177410179649,5.7117180903407608E-8,0.99999971238404928]
[null,"7.3.22","Insumo Sinapi",11058,"PARAFUSO ROSCA SOBERBA ZINCADO CABECA CHATA FENDA SIMPLES 5,5 X 65 MM (2.1/2 \")","UN",3,{"$f":"VLOOKUP(D1456,'Insumos SINAPI (des)'!A:E,5,FALSE)","v":0.47},0.20311109145345707,0.56546221298312482,1.6963866389493745,4.3066965280109478E-8,0.9999997554510146]
[null,"3.3.8.3.9","Insumo Sinapi",1891,"LUVA EM PVC RIGIDO ROSCAVEL, DE 3/4\", PARA ELETRODUTO","UN",1,{"$f":"VLOOKUP(D1457,'Insumos SINAPI (des)'!A:E,5,FALSE)","v":1.32},0.20311109145345707,1.5881066407185633,1.5881066407185633,4.031801004946419E-8,0.99999979576902465]
[null,"7.3.20","Insumo Sinapi",1891,"LUVA EM PVC RIGIDO ROSCAVEL, DE 3/4\", PARA ELETRODUTO","UN",1,{"$f":"VLOOKUP(D1458,'Insumos SINAPI (des)'!A:E,5,FALSE)","v":1.32},0.20311109145345707,1.5881066407185633,1.5881066407185633,4.031801004946419E-8,0.99999983608703469]
[null,"4.7.6","Insumo Sinapi",4376,"BUCHA DE NYLON SEM ABA S8","UN",6,{"$f":"VLOOKUP(D1459,'Insumos SINAPI (des)'!A:E,5,FALSE)","v":0.19},0.20311109145345707,0.22859110737615684,1.3715466442569411,3.4820099588173622E-8,0.99999987090713427]
[null,"7.3.21","Insumo Sinapi",11057,"PARAFUSO ROSCA SOBERBA ZINCADO CABECA CHATA FENDA SIMPLES 4,8 X 40 MM (1.1/2 \")","UN",6,{"$f":"VLOOKUP(D1460,'Insumos SINAPI (des)'!A:E,5,FALSE)","v":0.19},0.20311109145345707,0.22859110737615684,1.3715466442569411,3.4820099588173622E-8,0.99999990572723385]
[null,"4.6.9","Insumo Sinapi",4375,"BUCHA DE NYLON SEM ABA S6","UN",10,{"$f":"VLOOKUP(D1461,'Insumos SINAPI (des)'!A:E,5,FALSE)","v":0.1},0.20311109145345707,0.12031110914534571,1.2031110914534571,3.0543947007169841E-8,0.99999993627118089]
[null,"3.3.8.2.17","Insumo Sinapi",3542,"JOELHO PVC, SOLDAVEL, 90 GRAUS, 20 MM, COR MARROM, PARA AGUA FRIA PREDIAL","UN",1,{"$f":"VLOOKUP(D1462,'Insumos SINAPI (des)'!A:E,5,FALSE)","v":0.62},0.20311109145345707,0.74592887670114338,0.74592887670114338,1.8937247144445301E-8,0.99999995520842799]
[null,"7.3.5","Insumo Sinapi",39209,"ARRUELA EM ALUMINIO, COM ROSCA, DE 3/4\", PARA ELETRODUTO","UN",1,{"$f":"VLOOKUP(D1463,'Insumos SINAPI (des)'!A:E,5,FALSE)","v":0.61},0.20311109145345707,0.73389776578660881,0.73389776578660881,1.8631807674373605E-8,0.99999997384023565]
[null,"7.3.4","Insumo Sinapi",39208,"ARRUELA EM ALUMINIO, COM ROSCA, DE 1/2\", PARA ELETRODUTO","UN",1,{"$f":"VLOOKUP(D1464,'Insumos SINAPI (des)'!A:E,5,FALSE)","v":0.51},0.20311109145345707,0.61358665664126311,0.61358665664126311,1.5577412973656621E-8,0.99999998941764867]
[null,"8.2.1","Composição Sinapi",98525,"LIMPEZA MECANIZADA DE CAMADA VEGETAL, VEGETAÇÃO E PEQUENAS ÁRVORES (DIÂMETRO DE TRONCO MENOR QUE 0,20 M), COM TRATOR DE ESTEIRAS.AF_05/2018","M2",1,{"$f":"VLOOKUP(D1465,'CPU (des)'!B:I,8,FALSE)","v":0.32},{"$f":"$K$4","v":0.30260494954802231},0.41683358385536717,0.41683358385536717,1.0582350197358773E-8,0.99999999999999889]
[{"$nulls":7},"."]
[{"$nulls":10},{"$f":"SUM(K10:K1465)","v":39389509.521184035},".","."]

{"sheet":"Adm Local","index":4,"n_rows":17,"n_cols":10,"rows_kept":17,"cut":false,"hidden":false,"merged":[[24,4,24,7],[3,8,4,8],[3,9,4,9],[3,1,4,2],[3,3,4,3],[3,4,4,4],[3,5,4,5]]}
[]
[]
[]
[null,"Código",null,"DESCRIÇÃO","UND","QUANT","PREÇO  SEM DESONERAÇÃO           ","PREÇO  COM DESONERAÇÃO           ","TOTAL SEM DESONERAÇÃO    ","TOTAL COM DESONERAÇÃO    "]
[{"$nulls":6},"Custo Direto","Custo Direto"]
[null,"Composição Sinapi",93567,"ENGENHEIRO CIVIL DE OBRA PLENO COM ENCARGOS COMPLEMENTARES","MES",8,{"$f":"VLOOKUP(C6,'CPU (sem des)'!B:I,8,FALSE)","v":22242.48},{"$f":"VLOOKUP(C6,'CPU (des)'!B:I,8,FALSE)","v":19159.87},{"$f":"G6*F6","v":177939.84},{"$f":"H6*F6","v":153278.96}]
[null,"Composição Sinapi",93565,"ENGENHEIRO CIVIL DE OBRA JUNIOR COM ENCARGOS COMPLEMENTARES","MES",36,{"$f":"VLOOKUP(C7,'CPU (sem des)'!B:I,8,FALSE)","v":19584.39},{"$f":"VLOOKUP(C7,'CPU (des)'!B:I,8,FALSE)","v":16876.080000000002},{"$f":"G7*F7","v":705038.04},{"$f":"H7*F7","v":607538.88000000012}]
[null,"Composição Sinapi",93569,"ARQUITETO JUNIOR COM ENCARGOS COMPLEMENTARES","MES",10,{"$f":"VLOOKUP(C8,'CPU (sem des)'!B:I,8,FALSE)","v":14456.76},{"$f":"VLOOKUP(C8,'CPU (des)'!B:I,8,FALSE)","v":12470.51},144567.6,124705.1]
[null,"Composição Sinapi",88326,"VIGIA NOTURNO COM ENCARGOS COMPLEMENTARES","H",17520,{"$f":"VLOOKUP(C9,'CPU (sem des)'!B:I,8,FALSE)","v":22.06},{"$f":"VLOOKUP(C9,'CPU (des)'!B:I,8,FALSE)","v":19.46},386491.19999999995,340939.2]
[null,"Composição Sinapi",93572,"ENCARREGADO GERAL DE OBRAS COM ENCARGOS COMPLEMENTARES","MES",48,{"$f":"VLOOKUP(C10,'CPU (sem des)'!B:I,8,FALSE)","v":4411.66},{"$f":"VLOOKUP(C10,'CPU (des)'!B:I,8,FALSE)","v":3854.99},211759.68,185039.52]
[null,"Composição Sinapi",93563,"TÉCNICO DE SEGURANÇA DO TRABALHO","MES",24,{"$f":"VLOOKUP(C11,'CPU (sem des)'!B:I,8,FALSE)","v":3731.51},{"$f":"VLOOKUP(C11,'CPU (des)'!B:I,8,FALSE)","v":3257.71},89556.24,78185.040000000008]
[null,"Composição Sinapi",93566,"AUXILIAR DE ESCRITORIO COM ENCARGOS COMPLEMENTARES","MES",40,{"$f":"VLOOKUP(C12,'CPU (sem des)'!B:I,8,FALSE)","v":2749.59},{"$f":"VLOOKUP(C12,'CPU (des)'!B:I,8,FALSE)","v":2414.0500000000002},109983.6,96562]
[null,"Composição Sinapi",94296,"TOPOGRAFO COM ENCARGOS COMPLEMENTARES","MES",20,{"$f":"VLOOKUP(C13,'CPU (sem des)'!B:I,8,FALSE)","v":4270.96},{"$f":"VLOOKUP(C13,'CPU (des)'!B:I,8,FALSE)","v":3719.86},85419.199999999997,74397.2]
[null,"Composição Sinapi",93564,"APONTADOR OU APROPRIADOR COM ENCARGOS COMPLEMENTARES","MES",24,{"$f":"VLOOKUP(C14,'CPU (sem des)'!B:I,8,FALSE)","v":3251.27},{"$f":"VLOOKUP(C14,'CPU (des)'!B:I,8,FALSE)","v":2845.09},78030.48,68282.16]
[null,"Composição Própria","1.3","VEÍCULO LEVE ","MES",12,{"$f":"'CPU Própria (sem des)'!Q44","v":3333.54},{"$f":"'CPU Própria (des)'!P44","v":3333.54},40002.479999999996,40002.479999999996]
[]
[{"$nulls":8},{"$f":"SUM(I6:I15)","v":2028788.3599999999},{"$f":"SUM(J6:J15)","v":1768930.54}]

{"sheet":"BDI","index":5,"n_rows":103,"n_cols":3,"rows_kept":103,"cut":false,"hidden":false,"merged":[[46,0,46,2],[47,0,48,2],[49,0,49,1],[41,1,41,2],[19,0,19,1],[29,2,30,2],[31,0,31,2],[32,1,32,2],[45,0,45,1],[26,0,26,16383],[27,0,28,2],[29,0,30,0],[29,1,30,1],[0,0,1,2],[4,0,5,0],[4,1,5,1],[4,2,5,2],[6,1,6,2],[2,0,3,2],[56,0,57,0],[56,1,57,1],[56,2,57,2],[54,0,55,2],[11,0,11,1],[12,1,12,2],[14,0,14,1],[15,1,15,2],[52,0,53,2],[20,0,20,2],[21,0,22,2],[23,0,24,1],[23,2,24,2],[37,0,37,1],[38,1,38,2],[40,0,40,1],[58,1,58,2],[63,0,63,1],[64,1,64,2],[66,0,66,1],[67,1,67,2],[81,0,82,0],[81,1,82,1],[81,2,82,2],[79,0,80,2],[72,0,72,1],[73,0,73,2],[74,0,75,2],[76,0,77,1],[76,2,77,2],[83,0,83,2],[84,1,84,2],[89,0,89,1],[90,1,90,2],[92,0,92,1],[93,1,93,2],[98,0,98,1],[99,0,99,2],[100,0,101,2],[102,0,102,1]]}
["SEM DESONERAÇÃO"]
[]
["MEMÓRIA DE CALCULO DO BDI DE SERVIÇOS"]
[]
["ITEM","DISCRIMINAÇÃO","PERC.    (%)"]
[]
["1.00","Despesas Indiretas"]
["A1","Seguro e Garantia",8.0000000000000002E-3]
["A2","Riscos e Imprevistos",1.4E-2]
["A3","Despesas Financeiras",1.0500000000000001E-2]
["A4","Administração Central",3.5299999999999998E-2]
["Total do Grupo A =",null,{"$f":"SUM(C8:C11)","v":6.7799999999999999E-2}]
["2.00","Benefício"]
["B-1","LUCRO",7.9000000000000001E-2]
["Total do Grupo B =",null,{"$f":"C14","v":7.9000000000000001E-2}]
["3.00","Impostos"]
["C-1","PIS / PASEP",6.4999999999999997E-3]
["C-2","COFINS",1.35E-2]
["C-3","ISS",0.05]
["Total do Grupo C =",null,{"$f":"SUM(C17:C19)","v":7.0000000000000007E-2}]
["Fórmula Para Cálculo do B.D.I"]
["BDI =(((1+A4+A1+A2)*(1+A3)*(1+B))/(1-C))-1"]
[]
["Bonificação Sobre Despesas indiretas (B.D.I) =",null,{"$f":"(((1+C11+C8+C9)*(1+C10)*(1+C15))/(1-C20))-1","v":0.23957567779569877}]
[]
[]
[]
["MEMÓRIA DE CALCULO DO BDI DE FORNECIMENTO"]
[]
["ITEM","DISCRIMINAÇÃO","PERC.    (%)"]
[]
[]
["1.00","Despesas Indiretas"]
["A1","Seguro e Garantia",8.0000000000000002E-3]
["A2","Riscos e Imprevistos",1.15E-2]
["A3","Despesas Financeiras",1.0500000000000001E-2]
["A4","Administração Central",2.1999999999999999E-2]
["Total do Grupo A =",null,{"$f":"SUM(C34:C37)","v":5.1999999999999998E-2}]
["2.00","Benefício"]
["B1","LUCRO",0.05]
["Total do Grupo B =",null,{"$f":"C40","v":0.05}]
["3.00","Impostos"]
["C1","PIS / PASEP",6.4999999999999997E-3]
["C2","COFINS",0.03]
["C3","ISS",0]
["Total do Grupo C =",null,{"$f":"SUM(C43:C45)","v":3.6499999999999998E-2}]
["Fórmula Para Cálculo do B.D.I"]
["BDI =(((1+A4+A1+A2)*(1+A3)*(1+B))/(1-C))-1"]
[]
["Bonificação Sobre Despesas indiretas (B.D.I) =",null,{"$f":"(((1+C37+C34+C35)*(1+C36)*(1+C41))/(1-C46))-1","v":0.14692012195121973}]
[]
[]
["COM DESONERAÇÃO"]
[]
["MEMÓRIA DE CALCULO DO BDI DE SERVIÇOS"]
[]
["ITEM","DISCRIMINAÇÃO","PERC.    (%)"]
[]
["1.00","Despesas Indiretas"]
["A1","Seguro e Garantia",8.0000000000000002E-3]
["A2","Riscos e Imprevistos",1.4E-2]
["A3","Despesas Financeiras",1.0500000000000001E-2]
["A4","Administração Central",3.5299999999999998E-2]
["Total do Grupo A =",null,{"$f":"SUM(C60:C63)","v":6.7799999999999999E-2}]
["2.00","Benefício"]
["B-1","LUCRO",7.9000000000000001E-2]
["Total do Grupo B =",null,{"$f":"SUM(C66)","v":7.9000000000000001E-2}]
["3.00","Impostos"]
["C-1","PIS / PASEP",6.4999999999999997E-3]
["C-2","COFINS",1.35E-2]
["C-3","ISS",0.05]
["C-4","CONTRIBUIÇÂO INSS (DESONERAÇÂO)",4.4999999999999998E-2]
["Total do Grupo C =",null,{"$f":"SUM(C69:C72)","v":0.115}]
["Fórmula Para Cálculo do B.D.I"]
["BDI =(((1+A4+A1+A2)*(1+A3)*(1+B))/(1-C))-1"]
[]
["Bonificação Sobre Despesas indiretas (B.D.I) =",null,{"$f":"(((1+C63+C60+C61)*(1+C62)*(1+C67))/(1-C73))-1","v":0.30260494954802231}]
[]
[]
["MEMÓRIA DE CALCULO DO BDI DE FORNECIMENTO"]
[]
["ITEM","DISCRIMINAÇÃO","PERC.    (%)"]
[]
[]
["1.00","Despesas Indiretas"]
["A1","Seguro e Garantia",8.0000000000000002E-3]
["A2","Riscos e Imprevistos",1.15E-2]
["A3","Despesas Financeiras",1.0500000000000001E-2]
["A4","Administração Central",2.1999999999999999E-2]
["Total do Grupo A =",null,{"$f":"SUM(C86:C89)","v":5.1999999999999998E-2}]
["2.00","Benefício"]
["B1","LUCRO",0.05]
["Total do Grupo B =",null,{"$f":"SUM(C92)","v":0.05}]
["3.00","Impostos"]
["C1","PIS / PASEP",6.4999999999999997E-3]
["C2","COFINS",0.03]
["C3","ISS",0]
["C-4","CONTRIBUIÇÂO INSS (DESONERAÇÂO)",4.4999999999999998E-2]
["Total do Grupo C =",null,{"$f":"SUM(C95:C98)","v":8.1499999999999989E-2}]
["Fórmula Para Cálculo do B.D.I"]
["BDI =(((1+A4+A1+A2)*(1+A3)*(1+B))/(1-C))-1"]
[]
["Bonificação Sobre Despesas indiretas (B.D.I) =",null,{"$f":"(((1+C89+C86+C87)*(1+C88)*(1+C93))/(1-C99))-1","v":0.20311109145345707}]

{"sheet":"Encargos Sociais","index":6,"n_rows":81,"n_cols":6,"rows_kept":81,"cut":false,"hidden":false,"merged":[[36,1,36,3],[37,1,37,3],[38,1,38,3],[39,1,39,3],[30,1,30,3],[31,1,31,3],[32,1,32,3],[33,1,33,3],[34,1,34,3],[35,1,35,3],[29,1,29,3],[15,1,15,3],[16,1,16,3],[17,1,17,3],[18,1,18,3],[19,1,19,3],[20,1,20,3],[21,1,21,3],[23,1,23,3],[24,1,24,3],[25,1,25,3],[26,1,26,3],[22,1,22,3],[27,1,27,3],[28,1,28,3],[14,1,14,3],[2,0,3,5],[4,0,4,3],[4,4,4,5],[6,0,6,5],[7,0,8,3],[7,4,7,5],[9,1,9,3],[10,1,10,3],[11,1,11,3],[12,1,12,3],[13,1,13,3],[43,0,44,5],[45,0,45,3],[45,4,45,5],[47,0,47,5],[48,0,49,3],[48,4,48,5],[50,1,50,3],[51,1,51,3],[52,1,52,3],[53,1,53,3],[54,1,54,3],[55,1,55,3],[56,1,56,3],[57,1,57,3],[58,1,58,3],[59,1,59,3],[68,1,68,3],[69,1,69,3],[60,1,60,3],[61,1,61,3],[62,1,62,3],[63,1,63,3],[64,1,64,3],[80,1,80,3],[0,0,1,5],[41,0,42,5],[75,1,75,3],[76,1,76,3],[77,1,77,3],[78,1,78,3],[79,1,79,3],[70,1,70,3],[71,1,71,3],[72,1,72,3],[73,1,73,3],[74,1,74,3],[65,1,65,3],[66,1,66,3],[67,1,67,3]]}
["SEM DESONERAÇÃO"]
[]
["DETALHAMENTO DOS ENCARGOS SOCIAIS"]
[]
["Encargos Sociais - Amapá ",null,null,null,"Vigência a partir de 12/2022 - SINAPI "]
["ENCARGOS SOCIAIS SOBRE MÃO DE OBRA "]
[]
["DISCRIMINAÇÃO",null,null,null,"SEM DESONERAÇÃO "]
[{"$nulls":4},"HORISTA %","MENSALISTA %"]
["A","ENCARGOS SOCIAIS BÁSICOS",null,null,{"$f":"SUM(E11:E19)","v":0.36800000000000005},{"$f":"SUM(F11:F19)","v":0.36800000000000005}]
["A1","INSS ",null,null,0.2,0.2]
["A2","SESI",null,null,1.4999999999999999E-2,1.4999999999999999E-2]
["A3","SENAI ",null,null,0.01,0.01]
["A4","INCRA",null,null,2E-3,2E-3]
["A5","SEBRAE",null,null,6.0000000000000001E-3,6.0000000000000001E-3]
["A6","Saário Educação ",null,null,2.5000000000000001E-2,2.5000000000000001E-2]
["A7","Seguro Contra Acidentes de Trabalho ",null,null,0.03,0.03]
["A8","FGTS",null,null,0.08,0.08]
["A9","SECONCI",null,null,0,0]
["B"," ENCARGOS SOCIAIS QUE RECEBEM INCIDÊNCIA DE \"A\"",null,null,{"$f":"SUM(E21:E30)","v":0.50809999999999989},{"$f":"SUM(F21:F30)","v":0.19209999999999997}]
["B1","Repouso Semanal Remunerado ",null,null,0.1812,"Não incide"]
["B2","Feriados ",null,null,4.8300000000000003E-2,"Não incide"]
["B3","Axílio - Enfermidade ",null,null,8.8999999999999999E-3,6.6E-3]
["B4","13º Salário ",null,null,0.112,8.3299999999999999E-2]
["B5","Licença Paternidade ",null,null,6.9999999999999999E-4,5.0000000000000001E-4]
["B6","Faltas Justificadas ",null,null,7.4999999999999997E-3,5.5999999999999999E-3]
["B7","Dias de chuva ",null,null,2.0299999999999999E-2,"Não incide"]
["B8","Auxílio Acidente de Trabalho ",null,null,1.1000000000000001E-3,8.0000000000000004E-4]
["B9","Férias Gozadas ",null,null,0.12770000000000001,9.5000000000000001E-2]
["B10","Salário Maternidade",null,null,4.0000000000000002E-4,2.9999999999999997E-4]
["C"," ENCARGOS SOCIAIS QUE NÃO RECEBEM INCIDÊNCIA DE \"A\"",null,null,{"$f":"SUM(E32:E36)","v":8.1900000000000001E-2},{"$f":"SUM(F32:F36)","v":6.0899999999999996E-2}]
["C1","Aviso Prévio Indenizado",null,null,4.0599999999999997E-2,3.0200000000000001E-2]
["C2","Aviso Prévio Trabalhado",null,null,1E-3,6.9999999999999999E-4]
["C3","Férias Indenizadas",null,null,1.6199999999999999E-2,1.21E-2]
["C4","Depósito Rescisão Sem Justa Causa",null,null,2.07E-2,1.54E-2]
["C5","Indenização Adicional",null,null,3.3999999999999998E-3,2.5000000000000001E-3]
["D"," REINCIDÊNCIAS",null,null,{"$f":"SUM(E38:E39)","v":0.19059999999999999},{"$f":"SUM(F38:F39)","v":7.3399999999999993E-2}]
["D1","Reincidência de \"A\" sobre \"B\"",null,null,0.187,7.0699999999999999E-2]
["D2","Reincidência de \"A\" sobre Aviso Prévio Trabalhado e reincidência do FGTS sobre Aviso Prévio Indenizado",null,null,3.5999999999999999E-3,2.7000000000000001E-3]
[null,"ENCARGOS SOCIAIS",null,null,{"$f":"SUM(E37,E31,E20,E10)","v":1.1485999999999998},{"$f":"SUM(F37,F31,F20,F10)","v":0.69439999999999991}]
[]
["COM DESONERAÇÃO"]
[]
["DETALHAMENTO DOS ENCARGOS SOCIAIS"]
[]
["Encargos Sociais - Amapá ",null,null,null,"Vigência a partir de 12/2022 - SINAPI "]
["ENCARGOS SOCIAIS SOBRE MÃO DE OBRA "]
[]
["DISCRIMINAÇÃO",null,null,null,"COM DESONERAÇÃO "]
[{"$nulls":4},"HORISTA %","MENSALISTA %"]
["A","ENCARGOS SOCIAIS BÁSICOS",null,null,{"$f":"SUM(E52:E60)","v":0.16799999999999998},{"$f":"SUM(F52:F60)","v":0.16799999999999998}]
["A1","INSS ",null,null,0,0]
["A2","SESI",null,null,1.4999999999999999E-2,1.4999999999999999E-2]
["A3","SENAI ",null,null,0.01,0.01]
["A4","INCRA",null,null,2E-3,2E-3]
["A5","SEBRAE",null,null,6.0000000000000001E-3,6.0000000000000001E-3]
["A6","Saário Educação ",null,null,2.5000000000000001E-2,2.5000000000000001E-2]
["A7","Seguro Contra Acidentes de Trabalho ",null,null,0.03,0.03]
["A8","FGTS",null,null,0.08,0.08]
["A9","SECONCI",null,null,0,0]
["B"," ENCARGOS SOCIAIS QUE RECEBEM INCIDÊNCIA DE \"A\"",null,null,{"$f":"SUM(E62:E71)","v":0.50809999999999989},{"$f":"SUM(F62:F71)","v":0.19209999999999997}]
["B1","Repouso Semanal Remunerado ",null,null,0.1812,"Não incide"]
["B2","Feriados ",null,null,4.8300000000000003E-2,"Não incide"]
["B3","Axílio - Enfermidade ",null,null,8.8999999999999999E-3,6.6E-3]
["B4","13º Salário ",null,null,0.112,8.3299999999999999E-2]
["B5","Licença Paternidade ",null,null,6.9999999999999999E-4,5.0000000000000001E-4]
["B6","Faltas Justificadas ",null,null,7.4999999999999997E-3,5.5999999999999999E-3]
["B7","Dias de chuva ",null,null,2.0299999999999999E-2,"Não incide"]
["B8","Auxílio Acidente de Trabalho ",null,null,1.1000000000000001E-3,8.0000000000000004E-4]
["B9","Férias Gozadas ",null,null,0.12770000000000001,9.5000000000000001E-2]
["B10","Salário Maternidade",null,null,4.0000000000000002E-4,2.9999999999999997E-4]
["C"," ENCARGOS SOCIAIS QUE NÃO RECEBEM INCIDÊNCIA DE \"A\"",null,null,{"$f":"SUM(E73:E77)","v":8.1900000000000001E-2},{"$f":"SUM(F73:F77)","v":6.0899999999999996E-2}]
["C1","Aviso Prévio Indenizado",null,null,4.0599999999999997E-2,3.0200000000000001E-2]
["C2","Aviso Prévio Trabalhado",null,null,1E-3,6.9999999999999999E-4]
["C3","Férias Indenizadas",null,null,1.6199999999999999E-2,1.21E-2]
["C4","Depósito Rescisão Sem Justa Causa",null,null,2.07E-2,1.54E-2]
["C5","Indenização Adicional",null,null,3.3999999999999998E-3,2.5000000000000001E-3]
["D"," REINCIDÊNCIAS",null,null,{"$f":"SUM(E79:E80)","v":8.8800000000000004E-2},{"$f":"SUM(F79:F80)","v":3.4800000000000005E-2}]
["D1","Reincidência de \"A\" sobre \"B\"",null,null,8.5400000000000004E-2,3.2300000000000002E-2]
["D2","Reincidência de \"A\" sobre Aviso Prévio Trabalhado e reincidência do FGTS sobre Aviso Prévio Indenizado",null,null,3.3999999999999998E-3,2.5000000000000001E-3]
[null,"ENCARGOS SOCIAIS",null,null,{"$f":"SUM(E78,E72,E61,E51)","v":0.84679999999999978},{"$f":"SUM(F78,F72,F61,F51)","v":0.45579999999999993}]

{"sheet":"Insumos SINAPI (des)","index":7,"n_rows":4946,"n_cols":5,"rows_kept":4946,"cut":false,"hidden":false,"merged":[]}
["        PRECOS DE INSUMOS"]
[""]
["MES DE COLETA: 08/2023"]
["LOCALIDADE: 0320 - MACAPA"]
["ENCARGOS SOCIAIS (%) HORISTA  84,68  MENSALISTA  45,58",null,null,null,1]
[""]
["CODIGO  ","DESCRICAO DO INSUMO","UNIDADE","ORIGEM DO PRECO","  PRECO MEDIANO R$"]
[38605,"ABERTURA PARA ENCAIXE DE CUBA OU LAVATORIO EM BANCADA DE MARMORE/ GRANITO OU OUTRO TIPO DE PEDRA NATURAL","UN    ","CR",170.59]
[11270,"ABRACADEIRA DE LATAO PARA FIXACAO DE CABO PARA-RAIO, DIMENSOES 32 X 24 X 24 MM","UN    ","CR",2.5]
[412,"ABRACADEIRA DE NYLON PARA AMARRACAO DE CABOS, COMPRIMENTO DE *230* X *7,6* MM","UN    ","CR",1.28]
[414,"ABRACADEIRA DE NYLON PARA AMARRACAO DE CABOS, COMPRIMENTO DE 100 X 2,5 MM","UN    ","CR",0.08]
[410,"ABRACADEIRA DE NYLON PARA AMARRACAO DE CABOS, COMPRIMENTO DE 150 X *3,6* MM","UN    ","CR",0.19]
[411,"ABRACADEIRA DE NYLON PARA AMARRACAO DE CABOS, COMPRIMENTO DE 200 X *4,6* MM","UN    ","C ",0.25]
[408,"ABRACADEIRA DE NYLON PARA AMARRACAO DE CABOS, COMPRIMENTO DE 390 X *4,6* MM","UN    ","CR",1.24]
[39131,"ABRACADEIRA EM ACO PARA AMARRACAO DE ELETRODUTOS, TIPO D, COM 1 1/2\" E CUNHA DE FIXACAO","UN    ","CR",5.49]
[394,"ABRACADEIRA EM ACO PARA AMARRACAO DE ELETRODUTOS, TIPO D, COM 1 1/2\" E PARAFUSO DE FIXACAO","UN    ","CR",5.56]
[39130,"ABRACADEIRA EM ACO PARA AMARRACAO DE ELETRODUTOS, TIPO D, COM 1 1/4\" E CUNHA DE FIXACAO","UN    ","CR",5.01]
[395,"ABRACADEIRA EM ACO PARA AMARRACAO DE ELETRODUTOS, TIPO D, COM 1 1/4\" E PARAFUSO DE FIXACAO","UN    ","CR",5.36]
[39127,"ABRACADEIRA EM ACO PARA AMARRACAO DE ELETRODUTOS, TIPO D, COM 1/2\" E CUNHA DE FIXACAO","UN    ","CR",2.64]
[392,"ABRACADEIRA EM ACO PARA AMARRACAO DE ELETRODUTOS, TIPO D, COM 1/2\" E PARAFUSO DE FIXACAO","UN    ","CR",2.71]
[39129,"ABRACADEIRA EM ACO PARA AMARRACAO DE ELETRODUTOS, TIPO D, COM 1\" E CUNHA DE FIXACAO","UN    ","CR",3.09]
[393,"ABRACADEIRA EM ACO PARA AMARRACAO DE ELETRODUTOS, TIPO D, COM 1\" E PARAFUSO DE FIXACAO","UN    ","C ",3.23]
[39133,"ABRACADEIRA EM ACO PARA AMARRACAO DE ELETRODUTOS, TIPO D, COM 2 1/2\" E CUNHA DE FIXACAO","UN    ","CR",7.21]
[397,"ABRACADEIRA EM ACO PARA AMARRACAO DE ELETRODUTOS, TIPO D, COM 2 1/2\" E PARAFUSO DE FIXACAO","UN    ","CR",7.97]
[39132,"ABRACADEIRA EM ACO PARA AMARRACAO DE ELETRODUTOS, TIPO D, COM 2\" E CUNHA DE FIXACAO","UN    ","CR",5.77]
[396,"ABRACADEIRA EM ACO PARA AMARRACAO DE ELETRODUTOS, TIPO D, COM 2\" E PARAFUSO DE FIXACAO","UN    ","CR",6.18]
[39135,"ABRACADEIRA EM ACO PARA AMARRACAO DE ELETRODUTOS, TIPO D, COM 3 1/2\" E CUNHA DE FIXACAO","UN    ","CR",11.54]
[39128,"ABRACADEIRA EM ACO PARA AMARRACAO DE ELETRODUTOS, TIPO D, COM 3/4\" E CUNHA DE FIXACAO","UN    ","CR",2.88]
[400,"ABRACADEIRA EM ACO PARA AMARRACAO DE ELETRODUTOS, TIPO D, COM 3/4\" E PARAFUSO DE FIXACAO","UN    ","CR",2.81]
[39125,"ABRACADEIRA EM ACO PARA AMARRACAO DE ELETRODUTOS, TIPO D, COM 3/8\" E PARAFUSO DE FIXACAO","UN    ","CR",2.88]
[39134,"ABRACADEIRA EM ACO PARA AMARRACAO DE ELETRODUTOS, TIPO D, COM 3\" E CUNHA DE FIXACAO","UN    ","CR",9.6199999999999992]
[398,"ABRACADEIRA EM ACO PARA AMARRACAO DE ELETRODUTOS, TIPO D, COM 3\" E PARAFUSO DE FIXACAO","UN    ","CR",8.86]
[39126,"ABRACADEIRA EM ACO PARA AMARRACAO DE ELETRODUTOS, TIPO D, COM 4\" E CUNHA DE FIXACAO","UN    ","CR",12.98]
[399,"ABRACADEIRA EM ACO PARA AMARRACAO DE ELETRODUTOS, TIPO D, COM 4\" E PARAFUSO DE FIXACAO","UN    ","CR",11.44]
[39158,"ABRACADEIRA EM ACO PARA AMARRACAO DE ELETRODUTOS, TIPO ECONOMICA (GOTA), COM 8\"","UN    ","CR",30.71]
[39141,"ABRACADEIRA EM ACO PARA AMARRACAO DE ELETRODUTOS, TIPO U SIMPLES, COM 1 1/2\"","UN    ","CR",2.23]
[39140,"ABRACADEIRA EM ACO PARA AMARRACAO DE ELETRODUTOS, TIPO U SIMPLES, COM 1 1/4\"","UN    ","CR",2.02]
[39137,"ABRACADEIRA EM ACO PARA AMARRACAO DE ELETRODUTOS, TIPO U SIMPLES, COM 1/2\"","UN    ","CR",1.1599999999999999]
[39139,"ABRACADEIRA EM ACO PARA AMARRACAO DE ELETRODUTOS, TIPO U SIMPLES, COM 1\"","UN    ","CR",1.68]
[39143,"ABRACADEIRA EM ACO PARA AMARRACAO DE ELETRODUTOS, TIPO U SIMPLES, COM 2 1/2\"","UN    ","CR",4.5999999999999996]
[39142,"ABRACADEIRA EM ACO PARA AMARRACAO DE ELETRODUTOS, TIPO U SIMPLES, COM 2\"","UN    ","CR",3.29]
[39138,"ABRACADEIRA EM ACO PARA AMARRACAO DE ELETRODUTOS, TIPO U SIMPLES, COM 3/4\"","UN    ","CR",1.23]
[39136,"ABRACADEIRA EM ACO PARA AMARRACAO DE ELETRODUTOS, TIPO U SIMPLES, COM 3/8\"","UN    ","CR",0.82]
[39144,"ABRACADEIRA EM ACO PARA AMARRACAO DE ELETRODUTOS, TIPO U SIMPLES, COM 3\"","UN    ","CR",5.36]
[39145,"ABRACADEIRA EM ACO PARA AMARRACAO DE ELETRODUTOS, TIPO U SIMPLES, COM 4\"","UN    ","CR",8.83]
[12615,"ABRACADEIRA PVC, PARA CALHA PLUVIAL, DIAMETRO ENTRE *80 E 100* MM, PARA DRENAGEM PLUVIAL PREDIAL","UN    ","CR",13.29]
[11927,"ABRACADEIRA, GALVANIZADA/ZINCADA, ROSCA SEM FIM, PARAFUSO INOX, LARGURA  FITA *12,6 A *14 MM, D = 2\" A 2 1/2\"","UN    ","CR",7.48]
[11928,"ABRACADEIRA, GALVANIZADA/ZINCADA, ROSCA SEM FIM, PARAFUSO INOX, LARGURA  FITA *12,6 A *14 MM, D = 3\" A 3 3/4\"","UN    ","CR",8.57]
[11929,"ABRACADEIRA, GALVANIZADA/ZINCADA, ROSCA SEM FIM, PARAFUSO INOX, LARGURA  FITA *12,6 A *14 MM, D = 4\" A 4 3/4\"","UN    ","CR",13.26]
[36801,"ACABAMENTO DE METAL CROMADO PARA REGISTRO PEQUENO, DE PAREDE, 1/2 \" OU 3/4 \"","UN    ","CR",53.91]
[36246,"ACABAMENTO SIMPLES/CONVENCIONAL PARA FORRO PVC, TIPO \"U\" OU \"C\", COR BRANCA, COMPRIMENTO 6 M","M     ","CR",3.82]
[37600,"ACESSORIO DE LIGACAO NAO ELETRICO PARA CARGAS EXPLOSIVAS, TUBO DE 6 M","UN    ","AS",115.69]
[37599,"ACESSORIO INICIADOR NAO ELETRICO, TUBO DE 6 M, TEMPO DE RETARDO DE *160* MS","UN    ","AS",107.68]
[1,"ACETILENO (RECARGA DE GAS ACETILENO PARA CILINDRO DE CONJUNTO OXICORTE GRANDE) NAO INCLUI TROCA/MANUTENCAO DO CILINDRO","KG    ","AS",78.5]
[3,"ACIDO CLORIDRICO / ACIDO MURIATICO, DILUICAO 10% A 12% PARA USO EM LIMPEZA","L     ","CR",19.48]
[43054,"ACO CA-25, 10,0 MM, OU 12,5 MM, OU 16,0 MM, OU 20,0 MM, OU 25,0 MM, VERGALHAO","KG    ","CR",11.55]
[42402,"ACO CA-25, 16,0 MM, BARRA DE TRANSFERENCIA","KG    ","CR",11.04]
[42403,"ACO CA-25, 20,0 MM, BARRA DE TRANSFERENCIA","KG    ","CR",14.16]
[42404,"ACO CA-25, 25,0 MM, BARRA DE TRANSFERENCIA","KG    ","CR",14.08]
[42405,"ACO CA-25, 32,0 MM, BARRA DE TRANSFERENCIA","KG    ","CR",15]
[34341,"ACO CA-25, 32,0 MM, VERGALHAO","KG    ","CR",13.02]
[43053,"ACO CA-25, 6,3 MM OU 8,0 MM, VERGALHAO","KG    ","CR",10.31]
[43058,"ACO CA-50, 10,0 MM, OU 12,5 MM, OU 16,0 MM, OU 20,0 MM, DOBRADO E CORTADO","KG    ","CR",10.69]
[34,"ACO CA-50, 10,0 MM, VERGALHAO","KG    ","CR",10.75]
[43055,"ACO CA-50, 12,5 MM OU 16,0 MM, VERGALHAO","KG    ","C ",9.31]
[43056,"ACO CA-50, 20,0 MM OU 25,0 MM, VERGALHAO","KG    ","CR",10.73]
[43057,"ACO CA-50, 32,0 MM, VERGALHAO","KG    ","CR",11.8]
[34449,"ACO CA-50, 6,3 MM, DOBRADO E CORTADO","KG    ","CR",12.61]
[32,"ACO CA-50, 6,3 MM, VERGALHAO","KG    ","CR",11.34]
[33,"ACO CA-50, 8,0 MM, VERGALHAO","KG    ","CR",11.4]
[43061,"ACO CA-60, 4,2 MM OU 5,0 MM, DOBRADO E CORTADO","KG    ","CR",10.66]
[43059,"ACO CA-60, 4,2 MM, OU 5,0 MM, OU 6,0 MM, OU 7,0 MM, VERGALHAO","KG    ","CR",10.17]
[43062,"ACO CA-60, 6,0 MM OU 7,0 MM, DOBRADO E CORTADO","KG    ","CR",11.27]
[43060,"ACO CA-60, 8,0 MM OU 9,5 MM, VERGALHAO","KG    ","CR",8.86]
[40410,"ACOPLAMENTO RIGIDO EM FERRO FUNDIDO PARA SISTEMA DE TUBULACAO RANHURADA, DN 50 MM (2\")","UN    ","AS",23.71]
[40411,"ACOPLAMENTO RIGIDO EM FERRO FUNDIDO PARA SISTEMA DE TUBULACAO RANHURADA, DN 65 MM (2 1/2\")","UN    ","AS",25.73]
[40412,"ACOPLAMENTO RIGIDO EM FERRO FUNDIDO PARA SISTEMA DE TUBULACAO RANHURADA, DN 80 MM (3\")","UN    ","AS",28.88]
[44254,"ADAPTADOR CPVC, ROSCAVEL, COM FLANGES E ANEL DE VEDACAO, 15 MM, CAIXA D'AGUA PARA AGUA QUENTE","UN    ","AS",23.27]
[44255,"ADAPTADOR CPVC, ROSCAVEL, COM FLANGES E ANEL DE VEDACAO, 22 MM, CAIXA D'AGUA PARA AGUA QUENTE","UN    ","AS",25.79]
[44256,"ADAPTADOR CPVC, ROSCAVEL, COM FLANGES E ANEL DE VEDACAO, 28 MM, CAIXA D'AGUA PARA AGUA QUENTE","UN    ","AS",29.13]
[44257,"ADAPTADOR CPVC, ROSCAVEL, COM FLANGES E ANEL DE VEDACAO, 35 MM, CAIXA D'AGUA PARA AGUA QUENTE","UN    ","AS",46.09]
[44258,"ADAPTADOR CPVC, ROSCAVEL, COM FLANGES E ANEL DE VEDACAO, 42 MM, CAIXA D'AGUA PARA AGUA QUENTE","UN    ","AS",52.67]
[44259,"ADAPTADOR CPVC, ROSCAVEL, COM FLANGES E ANEL DE VEDACAO, 54 MM, CAIXA D'AGUA PARA AGUA QUENTE","UN    ","AS",72.3]
[37997,"ADAPTADOR CPVC, SOLDAVEL, 15 MM, PARA AGUA QUENTE","UN    ","AS",13.87]
[37998,"ADAPTADOR CPVC, SOLDAVEL, 22 MM, PARA AGUA QUENTE","UN    ","AS",18.559999999999999]
[55,"ADAPTADOR DE COMPRESSAO EM POLIPROPILENO (PP), PARA TUBO EM PEAD, 20 MM X 1/2\", PARA LIGACAO PREDIAL DE AGUA (NTS 179)","UN    ","AS",4]
[61,"ADAPTADOR DE COMPRESSAO EM POLIPROPILENO (PP), PARA TUBO EM PEAD, 20 MM X 3/4\", PARA LIGACAO PREDIAL DE AGUA (NTS 179)","UN    ","AS",3.78]
[62,"ADAPTADOR DE COMPRESSAO EM POLIPROPILENO (PP), PARA TUBO EM PEAD, 32 MM X 1\", PARA LIGACAO PREDIAL DE AGUA (NTS 179)","UN    ","AS",7.84]
[10899,"ADAPTADOR EM LATAO, ENGATE RAPIDO 2 1/2\" X ROSCA INTERNA 5 FIOS 2 1/2\", PARA INSTALACAO PREDIAL DE COMBATE A INCENDIO","UN    ","AS",135.19]
[10900,"ADAPTADOR EM LATAO, ENGATE RAPIDO1 1/2\" X ROSCA INTERNA 5 FIOS 2 1/2\", PARA INSTALACAO PREDIAL DE COMBATE A INCENDIO","UN    ","AS",105.8]
[103,"ADAPTADOR PVC SOLDAVEL CURTO COM BOLSA E ROSCA, 110 MM X 4\", PARA AGUA FRIA","UN    ","CR",45.1]
[107,"ADAPTADOR PVC SOLDAVEL CURTO COM BOLSA E ROSCA, 20 MM X 1/2\", PARA AGUA FRIA","UN    ","CR",0.85]
[65,"ADAPTADOR PVC SOLDAVEL CURTO COM BOLSA E ROSCA, 25 MM X 3/4\", PARA AGUA FRIA","UN    ","CR",0.93]
[108,"ADAPTADOR PVC SOLDAVEL CURTO COM BOLSA E ROSCA, 32 MM X 1\", PARA AGUA FRIA","UN    ","CR",1.87]
[110,"ADAPTADOR PVC SOLDAVEL CURTO COM BOLSA E ROSCA, 40 MM X 1 1/2\", PARA AGUA FRIA","UN    ","CR",6.49]
[109,"ADAPTADOR PVC SOLDAVEL CURTO COM BOLSA E ROSCA, 40 MM X 1 1/4\", PARA AGUA FRIA","UN    ","CR",3.86]
[111,"ADAPTADOR PVC SOLDAVEL CURTO COM BOLSA E ROSCA, 50 MM X 1 1/4\", PARA AGUA FRIA","UN    ","CR",8.7799999999999994]
[112,"ADAPTADOR PVC SOLDAVEL CURTO COM BOLSA E ROSCA, 50 MM X1 1/2\", PARA AGUA FRIA","UN    ","CR",4.6500000000000004]
[113,"ADAPTADOR PVC SOLDAVEL CURTO COM BOLSA E ROSCA, 60 MM X 2\", PARA AGUA FRIA","UN    ","CR",11.65]
[104,"ADAPTADOR PVC SOLDAVEL CURTO COM BOLSA E ROSCA, 75 MM X 2 1/2\", PARA AGUA FRIA","UN    ","CR",20.27]
[102,"ADAPTADOR PVC SOLDAVEL CURTO COM BOLSA E ROSCA, 85 MM X 3\", PARA AGUA FRIA","UN    ","CR",27.94]
[95,"ADAPTADOR PVC SOLDAVEL, COM FLANGE E ANEL DE VEDACAO, 20 MM X 1/2\", PARA CAIXA D'AGUA","UN    ","CR",11.81]
[96,"ADAPTADOR PVC SOLDAVEL, COM FLANGE E ANEL DE VEDACAO, 25 MM X 3/4\", PARA CAIXA D'AGUA","UN    ","CR",12.84]
[97,"ADAPTADOR PVC SOLDAVEL, COM FLANGE E ANEL DE VEDACAO, 32 MM X 1\", PARA CAIXA D'AGUA","UN    ","CR",19.32]
[98,"ADAPTADOR PVC SOLDAVEL, COM FLANGE E ANEL DE VEDACAO, 40 MM X 1 1/4\", PARA CAIXA D'AGUA","UN    ","CR",28.93]
[99,"ADAPTADOR PVC SOLDAVEL, COM FLANGE E ANEL DE VEDACAO, 50 MM X 1 1/2\", PARA CAIXA D'AGUA","UN    ","CR",27.34]
[100,"ADAPTADOR PVC SOLDAVEL, COM FLANGES E ANEL DE VEDACAO, 60 MM X 2\", PARA CAIXA D' AGUA","UN    ","CR",47.77]
[75,"ADAPTADOR PVC SOLDAVEL, COM FLANGES LIVRES, 110 MM X 4\", PARA CAIXA D' AGUA","UN    ","CR",278.51]
[83,"ADAPTADOR PVC SOLDAVEL, COM FLANGES LIVRES, 75 MM X 2  1/2\", PARA CAIXA D' AGUA","UN    ","CR",222.66]
[74,"ADAPTADOR PVC SOLDAVEL, COM FLANGES LIVRES, 85 MM X 3\", PARA CAIXA D' AGUA","UN    ","CR",318.33999999999997]
[106,"ADAPTADOR PVC SOLDAVEL, LONGO, COM FLANGE LIVRE,  110 MM X 4\", PARA CAIXA D' AGUA","UN    ","CR",402.55]
[88,"ADAPTADOR PVC SOLDAVEL, LONGO, COM FLANGE LIVRE,  32 MM X 1\", PARA CAIXA D' AGUA","UN    ","CR",11.31]
[82,"ADAPTADOR PVC SOLDAVEL, LONGO, COM FLANGE LIVRE,  75 MM X 2 1/2\", PARA CAIXA D' AGUA","UN    ","CR",211.84]
[105,"ADAPTADOR PVC SOLDAVEL, LONGO, COM FLANGE LIVRE,  85 MM X 3\", PARA CAIXA D' AGUA","UN    ","CR",300.18]
[60,"ADAPTADOR PVC, COM REGISTRO, PARA PEAD, 20 MM X 3/4\", PARA LIGACAO PREDIAL DE AGUA","UN    ","AS",5.19]
[72,"ADAPTADOR PVC, ROSCAVEL, COM FLANGES E ANEL DE VEDACAO, 1 1/2\", PARA CAIXA D'AGUA","UN    ","CR",52.44]
[67,"ADAPTADOR PVC, ROSCAVEL, COM FLANGES E ANEL DE VEDACAO, 1/2\", PARA CAIXA D' AGUA","UN    ","CR",16.95]
[71,"ADAPTADOR PVC, ROSCAVEL, COM FLANGES E ANEL DE VEDACAO, 1\", PARA CAIXA D' AGUA","UN    ","CR",32.380000000000003]
[73,"ADAPTADOR PVC, ROSCAVEL, COM FLANGES E ANEL DE VEDACAO, 3/4\", PARA CAIXA D' AGUA","UN    ","CR",16.22]
[46,"ADAPTADOR, PVC PBA,  BOLSA/ROSCA, JE, DN 75 / DE  85 MM","UN    ","AS",38.06]
[47,"ADAPTADOR, PVC PBA, BOLSA/ROSCA, JE, DN 100 / DE 110 MM","UN    ","AS",65.069999999999993]
[48,"ADAPTADOR, PVC PBA, BOLSA/ROSCA, JE, DN 50 / DE 60 MM","UN    ","AS",16.97]
[52,"ADAPTADOR, PVC PBA, PONTA/ROSCA, JE, DN 50 / DE  60 MM","UN    ","AS",12.89]
[43,"ADAPTADOR, PVC PBA, PONTA/ROSCA, JE, DN 75 / DE  85 MM","UN    ","AS",43.52]
[39719,"ADESIVO / COLA DE CONTATO LIQUIDO, A BASE DE RESINAS, PARA COLAGEM DE ESPUMA PARA ISOLAMENTO TERMICO FLEXIVEL","L     ","CR",157.32]
[3410,"ADESIVO / COLA PARA EPS (ISOPOR) E OUTROS MATERIAIS","KG    ","CR",35.39]
[4791,"ADESIVO ACRILICO DE BASE AQUOSA / COLA DE CONTATO","KG    ","CR",25.29]
[157,"ADESIVO ESTRUTURAL A BASE DE RESINA EPOXI PARA INJECAO EM TRINCAS, BICOMPONENTE, BAIXA VISCOSIDADE","KG    ","CR",278.51]
[156,"ADESIVO ESTRUTURAL A BASE DE RESINA EPOXI, BICOMPONENTE, FLUIDO","KG    ","CR",99.17]
[131,"ADESIVO ESTRUTURAL A BASE DE RESINA EPOXI, BICOMPONENTE, PASTOSO (TIXOTROPICO)","KG    ","CR",84.81]
[21114,"ADESIVO PARA TUBOS CPVC, *75* G","UN    ","CR",31.01]
[119,"ADESIVO PLASTICO PARA PVC, BISNAGA COM 75 GR","UN    ","C ",7.86]
[122,"ADESIVO PLASTICO PARA PVC, FRASCO COM *850* GR","UN    ","CR",60.47]
[20080,"ADESIVO PLASTICO PARA PVC, FRASCO COM 175 GR","UN    ","CR",19.739999999999998]
[124,"ADITIVO ACELERADOR DE PEGA E ENDURECIMENTO PARA ARGAMASSAS E CONCRETOS, LIQUIDO E ISENTO DE CLORETOS","L     ","CR",32.700000000000003]
[7334,"ADITIVO ADESIVO LIQUIDO PARA ARGAMASSAS DE REVESTIMENTOS CIMENTICIOS","L     ","CR",33.07]
[123,"ADITIVO IMPERMEABILIZANTE DE PEGA NORMAL PARA ARGAMASSAS E CONCRETOS SEM ARMACAO, LIQUIDO E ISENTO DE CLORETOS","L     ","C ",13.38]
[127,"ADITIVO IMPERMEABILIZANTE DE PEGA ULTRARRAPIDA, LIQUIDO E ISENTO DE CLORETOS","L     ","CR",31.94]
[41373,"ADITIVO LIQUIDO IMPERMEABILIZANTE CRISTALIZANTE","L     ","CR",44.51]
[133,"ADITIVO LIQUIDO INCORPORADOR DE AR PARA CONCRETO E ARGAMASSA, LIQUIDO E ISENTO DE CLORETOS","L     ","CR",13.27]
[43617,"ADITIVO PLASTIFICANTE E ESTABILIZADOR PARA ARGAMASSAS DE ASSENTAMENTO E REBOCO, LIQUIDO E ISENTO DE CLORETOS","L     ","CR",14.82]
[132,"ADITIVO PLASTIFICANTE RETARDADOR DE PEGA E REDUTOR DE AGUA PARA CONCRETO, LIQUIDO E ISENTO DE CLORETOS","L     ","CR",13.75]
[43618,"ADITIVO SUPERPLASTIFICANTE DE PEGA NORMAL PARA CONCRETO, LIQUIDO E ISENTO DE CLORETOS","KG    ","CR",34.630000000000003]
[37476,"ADUELA/ GALERIA PRE-MOLDADA DE CONCRETO ARMADO, SECAO QUADRADA INTERNA DE 1,50 X 1,50 M (L X A), MISULA DE 20 X 20 CM, C = 1,00 M, ESPESSURA MIN = 15 CM, TB-45 E FCK DO CONCRETO = 30 MPA","UN    ","AS",3576.14]
[37478,"ADUELA/ GALERIA PRE-MOLDADA DE CONCRETO ARMADO, SECAO RETANGULAR INTERNA DE 2,00 X 2,00 M (L X A), MISULA DE 20 X 20 CM, C = 1,00 M, ESPESSURA MIN = 15 CM, TB-45 E FCK DO CONCRETO = 30 MPA","UN    ","AS",4479.21]
[37477,"ADUELA/ GALERIA PRE-MOLDADA DE CONCRETO ARMADO, SECAO RETANGULAR INTERNA DE 2,50 X 2,50 M (L X A), MISULA DE 20 X 20 CM, C = 1,00 M, ESPESSURA MIN = 15 CM, TB-45 E FCK DO CONCRETO = 30 MPA","UN    ","AS",6068.61]
[37479,"ADUELA/ GALERIA PRE-MOLDADA DE CONCRETO ARMADO, SECAO RETANGULAR INTERNA DE 3,00 X 3,00 M (L X A), MISULA DE 20 X 20 CM, C = 1.00 M, ESPESSURA MIN = 20 CM, TB-45 E FCK DO CONCRETO = 30 MPA","UN    ","AS",7197.44]
[4319,"AFASTADOR PARA TELHA DE FIBROCIMENTO CANALETE 90 OU KALHETAO","UN    ","AS",1.92]
[42409,"AGENTE DE CURA, PROTETOR DA EVAPORACAO DA AGUA DE HIDRATACAO DO CONCRETO","KG    ","CR",21.8]
[40553,"AGREGADO RECICLADO, TIPO RACHAO RECICLADO CINZA, CLASSE A","M3    ","AS",56.25]
[6114,"AJUDANTE DE ARMADOR (HORISTA)","H     ","CR",11.56]
[40912,"AJUDANTE DE ARMADOR (MENSALISTA)","MES   ","CR",2007.03]
[247,"AJUDANTE DE ELETRICISTA (HORISTA)","H     ","CR",16.170000000000002]
[40919,"AJUDANTE DE ELETRICISTA (MENSALISTA)","MES   ","CR",2806.11]
[40984,"AJUDANTE DE ESTRUTURAS METALICAS (MENSALISTA)","MES   ","CR",1853.01]
[44499,"AJUDANTE DE ESTRUTURAS METALICAS HORISTA","H     ","CR",10.67]
[248,"AJUDANTE DE OPERACAO EM GERAL (HORISTA)","H     ","CR",11.56]
[41086,"AJUDANTE DE OPERACAO EM GERAL (MENSALISTA)","MES   ","CR",2007.03]
[34466,"AJUDANTE DE PINTOR (HORISTA)","H     ","CR",13.18]
[41083,"AJUDANTE DE PINTOR (MENSALISTA)","MES   ","CR",2287.67]
[252,"AJUDANTE DE SERRALHEIRO (HORISTA)","H     ","CR",13.18]
[40909,"AJUDANTE DE SERRALHEIRO (MENSALISTA)","MES   ","CR",2287.67]
[242,"AJUDANTE ESPECIALIZADO (HORISTA)","H     ","CR",11.72]
[41085,"AJUDANTE ESPECIALIZADO (MENSALISTA)","MES   ","CR",2036.85]
[427,"ALCA PREFORMADA DE CONTRA POSTE, EM ACO GALVANIZADO, PARA CABO 3/16\", COMPRIMENTO *860* MM","UN    ","AS",6.31]
[417,"ALCA PREFORMADA DE DISTRIBUICAO, EM ACO GALVANIZADO, PARA CABO DE ALUMINIO DIAMETRO 16 A 25 MM","UN    ","AS",2.97]
[11273,"ALCA PREFORMADA DE DISTRIBUICAO, EM ACO GALVANIZADO, PARA CONDUTORES DE ALUMINIO AWG 1/0 (CAA 6/1 OU CA 7 FIOS)","UN    ","AS",9.2200000000000006]
[11272,"ALCA PREFORMADA DE DISTRIBUICAO, EM ACO GALVANIZADO, PARA CONDUTORES DE ALUMINIO AWG 2 (CAA 6/1 OU CA 7 FIOS)","UN    ","AS",5.57]
[11275,"ALCA PREFORMADA DE SERVICO, EM ACO GALVANIZADO, PARA CONDUTORES DE ALUMINIO AWG 4 (CAA 6/1)","UN    ","AS",2.23]
[11274,"ALCA PREFORMADA DE SERVICO, EM ACO GALVANIZADO, PARA CONDUTORES DE ALUMINIO AWG 6 (CAA 6/1)","UN    ","AS",1.7]
[38470,"ALICATE DE CORTE DIAGONAL 6 \" COM ISOLAMENTO","UN    ","C ",33.75]
[38547,"ALICATE DE CRIMPAR RJ11, RJ12 E RJ45","UN    ","CR",92.1]
[38469,"ALICATE DE PRESSAO PARA SOLDA DE CHAPA 18 \"","UN    ","CR",99.03]
[38467,"ALICATE DE PRESSAO 11 \" PARA SOLDA, TIPO C","UN    ","CR",55.72]
[38468,"ALICATE DE PRESSAO 11 \" PARA SOLDA, TIPO U","UN    ","CR",61.31]
[38471,"ALICATE PARA ANEIS DE PISTAO, CAPACIDADE 50 A 100 MM","UN    ","CR",79.62]
[37370,"ALIMENTACAO - HORISTA (COLETADO CAIXA - ENCARGOS COMPLEMENTARES)","H     ","C ",0.01]
[40862,"ALIMENTACAO - MENSALISTA (COLETADO CAIXA - ENCARGOS COMPLEMENTARES)","MES   ","C ",0.01]
[10658,"ALISADORA DE CONCRETO COM MOTOR A GASOLINA DE 5,5 HP, PESO COM MOTOR DE 78 KG, 4 PAS","UN    ","AS",7199]
[253,"ALMOXARIFE (HORISTA)","H     ","C ",16.600000000000001]
[40809,"ALMOXARIFE (MENSALISTA)","MES   ","CR",2879.28]
[42428,"ALONGADOR COM TRES ALTURAS, EM TUBO DE ACO CARBONO, PINTURA NO PROCESSO ELETROSTATICO - EQUIPAMENTO DE GINASTICA PARA ACADEMIA AO AR LIVRE / ACADEMIA DA TERCEIRA IDADE - ATI","UN    ","AS",2271]
[301,"ANEL BORRACHA PARA TUBO ESGOTO PREDIAL, DN 100 MM (NBR 5688)","UN    ","C ",4.8499999999999996]
[296,"ANEL BORRACHA PARA TUBO ESGOTO PREDIAL, DN 50 MM (NBR 5688)","UN    ","CR",2.74]
[297,"ANEL BORRACHA PARA TUBO ESGOTO PREDIAL, DN 75 MM (NBR 5688)","UN    ","CR",4.03]
[299,"ANEL BORRACHA, DN 100 MM, PARA TUBO SERIE REFORCADA ESGOTO PREDIAL","UN    ","CR",5.69]
[300,"ANEL BORRACHA, DN 150 MM, PARA TUBO SERIE REFORCADA ESGOTO PREDIAL","UN    ","CR",19.690000000000001]
[20085,"ANEL BORRACHA, DN 50 MM, PARA TUBO SERIE REFORCADA ESGOTO PREDIAL","UN    ","CR",3.6]
[298,"ANEL BORRACHA, DN 75 MM, PARA TUBO SERIE REFORCADA ESGOTO PREDIAL","UN    ","CR",4.37]
[311,"ANEL BORRACHA, PARA TUBO PVC DEFOFO, DN 100 MM (NBR 7665)","UN    ","CR",16.239999999999998]
[318,"ANEL BORRACHA, PARA TUBO PVC DEFOFO, DN 150 MM (NBR 7665)","UN    ","CR",32.700000000000003]
[319,"ANEL BORRACHA, PARA TUBO PVC DEFOFO, DN 200 MM (NBR 7665)","UN    ","CR",51.27]
[303,"ANEL BORRACHA, PARA TUBO PVC, REDE COLETOR ESGOTO, DN 100 MM (NBR 7362)","UN    ","CR",5.37]
[305,"ANEL BORRACHA, PARA TUBO PVC, REDE COLETOR ESGOTO, DN 150 MM (NBR 7362)","UN    ","CR",16.899999999999999]
[306,"ANEL BORRACHA, PARA TUBO PVC, REDE COLETOR ESGOTO, DN 200 MM (NBR 7362)","UN    ","CR",25.63]
[307,"ANEL BORRACHA, PARA TUBO PVC, REDE COLETOR ESGOTO, DN 250 MM (NBR 7362)","UN    ","CR",64.760000000000005]
[309,"ANEL BORRACHA, PARA TUBO PVC, REDE COLETOR ESGOTO, DN 350 MM (NBR 7362)","UN    ","CR",106.09]
[310,"ANEL BORRACHA, PARA TUBO PVC, REDE COLETOR ESGOTO, DN 400 MM (NBR 7362)","UN    ","CR",147.03]
[328,"ANEL BORRACHA, PARA TUBO/CONEXAO PVC PBA, DN 100 MM, PARA REDE AGUA","UN    ","CR",12.85]
[325,"ANEL BORRACHA, PARA TUBO/CONEXAO PVC PBA, DN 50 MM, PARA REDE AGUA","UN    ","CR",3.79]
[20326,"ANEL BORRACHA, PARA TUBO/CONEXAO PVC PBA, DN 60 MM, PARA REDE AGUA","UN    ","CR",6.94]
[329,"ANEL BORRACHA, PARA TUBO/CONEXAO PVC PBA, DN 75 MM, PARA REDE AGUA","UN    ","CR",10.75]
[308,"ANEL BORRACHA, PARA TUBO, PVC REDE COLETOR ESGOTO, DN 300 MM (NBR 7362)","UN    ","CR",144.54]
[39642,"ANEL DE BORRACHA PARA VEDACAO DE DUTO PEAD CORRUGADO PARA ELETRICA, DN 1 1/2\" (NBR 15715)","UN    ","CR",4.76]
[39641,"ANEL DE BORRACHA PARA VEDACAO DE DUTO PEAD CORRUGADO PARA ELETRICA, DN 1 1/4\" (NBR 15715)","UN    ","CR",4.18]
[39643,"ANEL DE BORRACHA PARA VEDACAO DE DUTO PEAD CORRUGADO PARA ELETRICA, DN 2\" (NBR 15715)","UN    ","CR",5.59]
[39644,"ANEL DE BORRACHA PARA VEDACAO DE DUTO PEAD CORRUGADO PARA ELETRICA, DN 3\" (NBR 15715)","UN    ","CR",8.67]
[39645,"ANEL DE BORRACHA PARA VEDACAO DE DUTO PEAD CORRUGADO PARA ELETRICA, DN 4\" (NBR 15715)","UN    ","CR",9.5]
[41610,"ANEL DE CONCRETO ARMADO COM FUNDO, PARA FOSSA E POCO 1,50 X *0,50* M","UN    ","AS",663.46]
[41611,"ANEL DE CONCRETO ARMADO COM FUNDO, PARA FOSSA E POCO 2,00 X *0,50* M","UN    ","AS",1045.75]
[41612,"ANEL DE CONCRETO ARMADO COM FUNDO, PARA FOSSA E POCO 2,50 X *0,50* M","UN    ","AS",1468.38]
[41637,"ANEL DE CONCRETO ARMADO, COM FUROS/DRENO PARA SUMIDOURO, D = 0,80 M, H = 0,50 M","UN    ","AS",137.26]
[41638,"ANEL DE CONCRETO ARMADO, COM FUROS/DRENO PARA SUMIDOURO, D = 1,00 M, H = 0,50M","UN    ","AS",178.8]
[41639,"ANEL DE CONCRETO ARMADO, COM FUROS/DRENO PARA SUMIDOURO, D = 1,50 M, H = 0,50 M","UN    ","AS",432.56]
[11789,"ANEL DE DISTRIBUICAO EM ACO GALVANIZADO PARA FIO FE-160","UN    ","AS",0.84]
[20975,"ANEL DE EXPANSAO EM COBRE, ENGATE RAPIDO 1 1/2\", PARA EMPATACAO MANGUEIRA DE COMBATE A INCENDIO PREDIAL","UN    ","AS",21.2]
[20976,"ANEL DE EXPANSAO EM COBRE, ENGATE RAPIDO 2 1/2\", PARA EMPATACAO MANGUEIRA DE COMBATE A INCENDIO PREDIAL","UN    ","AS",32.03]
[40340,"ANEL DE VEDACAO/JUNTA ELASTICA, H = *16* MM, PARA TUBO DE CONCRETO, DN 300 MM","UN    ","CR",35.68]
[40341,"ANEL DE VEDACAO/JUNTA ELASTICA, H = *16* MM, PARA TUBO DE CONCRETO, DN 400 MM","UN    ","CR",42.58]
[40342,"ANEL DE VEDACAO/JUNTA ELASTICA, H = *16* MM, PARA TUBO DE CONCRETO, DN 500 MM","UN    ","CR",50.78]
[40343,"ANEL DE VEDACAO/JUNTA ELASTICA, H = *16* MM, PARA TUBO DE CONCRETO, DN 600 MM","UN    ","CR",60.23]
[40344,"ANEL DE VEDACAO/JUNTA ELASTICA, H = *18* MM, PARA TUBO DE CONCRETO, DN 700 MM","UN    ","CR",82.11]
[40345,"ANEL DE VEDACAO/JUNTA ELASTICA, H = *19* MM, PARA TUBO DE CONCRETO, DN 800 MM","UN    ","CR",101.18]
[40346,"ANEL DE VEDACAO/JUNTA ELASTICA, H = *19* MM, PARA TUBO DE CONCRETO, DN 900 MM","UN    ","CR",117.37]
[40347,"ANEL DE VEDACAO/JUNTA ELASTICA, H = *21* MM, PARA TUBO DE CONCRETO, DN 1000 MM","UN    ","CR",147.46]
[6138,"ANEL DE VEDACAO, PVC FLEXIVEL, 100 MM, PARA SAIDA DE BACIA / VASO SANITARIO","UN    ","AS",12.57]
[43424,"ANEL EM CONCRETO ARMADO, LISO,  PARA FOSSAS SEPTICAS E SUMIDOUROS, COM FUNDO, DIAMETRO INTERNO DE 1,20 M E ALTURA DE 0,50 M","UN    ","AS",555.87]
[43426,"ANEL EM CONCRETO ARMADO, LISO, PARA FOSSAS SEPTICAS E SUMIDOUROS, COM FUNDO, DIAMETRO INTERNO DE 3,00 M E ALTURA DE 0,50 M","UN    ","AS",1917.21]
[12565,"ANEL EM CONCRETO ARMADO, LISO, PARA FOSSAS SEPTICAS E SUMIDOUROS, SEM FUNDO, DIAMETRO INTERNO DE 2,00 M E ALTURA DE 0,50 M","UN    ","AS",672.34]
[12567,"ANEL EM CONCRETO ARMADO, LISO, PARA FOSSAS SEPTICAS E SUMIDOUROS, SEM FUNDO, DIAMETRO INTERNO DE 2,50 M E ALTURA DE 0,50 M","UN    ","AS",903.06]
[12568,"ANEL EM CONCRETO ARMADO, LISO, PARA FOSSAS SEPTICAS E SUMIDOUROS, SEM FUNDO, DIAMETRO INTERNO DE 3,00 M E ALTURA DE 0,50 M","UN    ","AS",1264.29]
[43441,"ANEL EM CONCRETO ARMADO, LISO, PARA POCOS DE INSPECAO, COM FUNDO, DIAMETRO INTERNO DE 0,60 M E ALTURA DE 0,50 M","UN    ","AS",162.55000000000001]
[43423,"ANEL EM CONCRETO ARMADO, LISO, PARA POCOS DE INSPECAO, SEM FUNDO, DIAMETRO INTERNO DE 0,60 M E ALTURA DE 0,20 M","UN    ","AS",75.849999999999994]
[12532,"ANEL EM CONCRETO ARMADO, LISO, PARA POCOS DE INSPECAO, SEM FUNDO, DIAMETRO INTERNO DE 0,60 M E ALTURA DE 0,50 M","UN    ","AS",116.99]
[43444,"ANEL EM CONCRETO ARMADO, LISO, PARA POCOS DE VISITA, POCOS DE INSPECAO, FOSSAS SEPTICAS E SUMIDOUROS, COM FUNDO, DIAMETRO INTERNO DE 1,20 M E ALTURA DE 0,75 M","UN    ","AS",392.83]
[12551,"ANEL EM CONCRETO ARMADO, LISO, PARA POCOS DE VISITA, POCOS DE INSPECAO, FOSSAS SEPTICAS E SUMIDOUROS, SEM FUNDO, DIAMETRO INTERNO DE 1,20 M E ALTURA DE 0,50 M","UN    ","AS",280.27]
[43442,"ANEL EM CONCRETO ARMADO, LISO, PARA POCOS DE VISITAS, POCOS DE INSPECAO, FOSSAS SEPTICAS E SUMIDOUROS, COM FUNDO, DIAMETRO INTERNO DE 0,80 M E ALTURA DE 0,50 M","UN    ","AS",216.73]
[43443,"ANEL EM CONCRETO ARMADO, LISO, PARA POCOS DE VISITAS, POCOS DE INSPECAO, FOSSAS SEPTICAS E SUMIDOUROS, COM FUNDO, DIAMETRO INTERNO DE 1,00 M E ALTURA DE 0,50 M","UN    ","AS",284.45999999999998]
[12544,"ANEL EM CONCRETO ARMADO, LISO, PARA POCOS DE VISITAS, POCOS DE INSPECAO, FOSSAS SEPTICAS E SUMIDOUROS, SEM FUNDO, DIAMETRO INTERNO DE 0,80 M E ALTURA DE 0,50 M","UN    ","AS",153.52000000000001]
[12547,"ANEL EM CONCRETO ARMADO, LISO, PARA POCOS DE VISITAS, POCOS DE INSPECAO, FOSSAS SEPTICAS E SUMIDOUROS, SEM FUNDO, DIAMETRO INTERNO DE 1,00 M E ALTURA DE 0,50 M","UN    ","AS",206.47]
[43445,"ANEL EM CONCRETO ARMADO, LISO, PARA, POCOS DE VISITA, POCOS DE INSPECAO, FOSSAS SEPTICAS E SUMIDOUROS, COM FUNDO, DIAMETRO INTERNO DE 1,50 M E ALTURA DE 1,00 M","UN    ","AS",541.84]
[12563,"ANEL EM CONCRETO ARMADO, LISO, PARA, POCOS DE VISITA, POCOS DE INSPECAO, FOSSAS SEPTICAS E SUMIDOUROS, SEM FUNDO, DIAMETRO INTERNO DE 1,50 M E ALTURA DE 0,50 M","UN    ","AS",387.66]
[43425,"ANEL EM CONCRETO ARMADO, PERFURADO,  PARA FOSSAS SEPTICAS E SUMIDOUROS, SEM FUNDO, DIAMETRO INTERNO DE 1,20 M E ALTURA DE 0,50 M","UN    ","AS",243.82]
[43446,"ANEL EM CONCRETO ARMADO, PERFURADO, PARA FOSSAS SEPTICAS E SUMIDOUROS, SEM FUNDO, DIAMETRO INTERNO DE 2,00 M E ALTURA DE 0,50 M","UN    ","AS",514.74]
[43447,"ANEL EM CONCRETO ARMADO, PERFURADO, PARA FOSSAS SEPTICAS E SUMIDOUROS, SEM FUNDO, DIAMETRO INTERNO DE 2,50 M E ALTURA DE 0,50 M","UN    ","AS",632.14]
[43448,"ANEL EM CONCRETO ARMADO, PERFURADO, PARA FOSSAS SEPTICAS E SUMIDOUROS, SEM FUNDO, DIAMETRO INTERNO DE 3,00 M E ALTURA DE 0,50 M","UN    ","AS",885]
[13761,"APARELHO CORTE OXI-ACETILENO PARA SOLDA E CORTE CONTENDO MACARICO SOLDA, BICO DE CORTE, CILINDROS, REGULADORES, MANGUEIRAS E CARRINHO","UN    ","CR",3944.69]
[4814,"APARELHO SINALIZADOR LUMINOSO COM LED, PARA SAIDA GARAGEM, COM 2 LENTES EM POLICARBONATO, BIVOLT (INCLUI SUPORTE DE FIXACAO)","UN    ","CR",92.75]
[44473,"APOIO DO PORTA DENTE PARA FRESADORA DE  ASFALTO","UN    ","AS",2666.85]
[6122,"APONTADOR OU APROPRIADOR DE MAO DE OBRA (HORISTA)","H     ","CR",14.05]
[40810,"APONTADOR OU APROPRIADOR DE MAO DE OBRA (MENSALISTA)","MES   ","CR",2437.41]
[21100,"AQUECEDOR DE AGUA A GAS GLP/GN COM CAPACIDADE DE ARMAZENAMENTO DE 50 A 80 L","UN    ","AS",3845.1]
[11816,"AQUECEDOR DE AGUA ELETRICO  RESERVATORIO DE 100 L CILINDRICO EM COBRE, REFORCADO COM ACO CARBONO, MONOFASICO, TENSAO NOMINAL 220 V","UN    ","AS",4100]
[11814,"AQUECEDOR DE AGUA ELETRICO  RESERVATORIO DE 500 L CILINDRICO EM COBRE, REFORCADO COM ACO CARBONO, MONOFASICO, TENSAO NOMINAL 220 V","UN    ","AS",8924.67]
[14186,"AQUECEDOR DE AGUA ELETRICO  RESERVATORIO DE 500 L CILINDRICO EM COBRE, REFORCADO COM ACO CARBONO, TRIFASICO, TENSAO NOMINAL 220/380/400 V, POTENCIA 24 KW","UN    ","AS",11206.13]
[14185,"AQUECEDOR DE AGUA ELETRICO  RESERVATORIO DE 700 L CILINDRICO EM COBRE, REFORCADO COM ACO CARBONO, MONOFASICO, TENSAO NOMINAL 220 V","UN    ","AS",14516.3]
[11811,"AQUECEDOR DE AGUA ELETRICO HORIZONTAL, RESERVATORIO DE 200 L CILINDRICO EM COBRE, REFORCADO COM ACO CARBONO, MONOFASICO, TENSAO NOMINAL 220 V","UN    ","AS",5550.48]
[44498,"AQUECEDOR DE OLEO BPF (FLUIDO) TERMICO, CAPACIDADE DE 300.000  KCAL/H","UN    ","AS",318204.48]
[34469,"AQUECEDOR SOLAR COM RESERVATORIO TERMICO DE 1000 L E *5* PLACAS COLETORAS DE *2,0* M2 (NAO INCLUI ACESSORIOS) (SEM INSTALACAO)","UN    ","AS",10372.16]
[34476,"AQUECEDOR SOLAR COM RESERVATORIO TERMICO DE 400 L E *2* PLACAS COLETORAS DE *2,0* M2 (NAO INCLUI ACESSORIOS) (SEM INSTALACAO)","UN    ","AS",5409.52]
[34477,"AQUECEDOR SOLAR COM RESERVATORIO TERMICO DE 600 L E *3* PLACAS COLETORAS DE *2,0* M2 (NAO INCLUI ACESSORIOS) (SEM INSTALACAO)","UN    ","AS",7179.48]
[34482,"AQUECEDOR SOLAR COM RESERVATORIO TERMICO DE 800 L E *4* PLACAS COLETORAS DE *2,0* M2 (NAO INCLUI ACESSORIOS) (SEM INSTALACAO)","UN    ","AS",6705.24]
[34472,"AQUECEDOR SOLAR DE INSTALACAO EXTERNA, KIT COMPACTO, CONJUNTO COM RESERVATORIO TERMICO DE 200 L, PLACA COLETORA DE *2,0* M2 E INCLUSO ACESSORIOS (RESIDENCIAS ATE 120,00 M2 E DE 4 A 5 BANHOS POR DIA) (SEM INSTALACAO)","UN    ","AS",3191.19]
[42425,"AR CONDICIONADO SPLIT INVERTER, HI-WALL (PAREDE), 12000 BTU/H, CICLO FRIO, 60HZ, CLASSIFICACAO A (SELO PROCEL), GAS HFC, CONTROLE S/FIO","UN    ","CR",2356.9699999999998]
[42422,"AR CONDICIONADO SPLIT INVERTER, HI-WALL (PAREDE), 18000 BTU/H, CICLO FRIO, 60HZ, CLASSIFICACAO A (SELO PROCEL), GAS HFC, CONTROLE S/FIO","UN    ","C ",3499]
[43184,"AR CONDICIONADO SPLIT INVERTER, HI-WALL (PAREDE), 24000 BTU/H, CICLO FRIO, 60HZ, CLASSIFICACAO A (SELO PROCEL), GAS HFC, CONTROLE S/FIO","UN    ","CR",4835.95]
[42424,"AR CONDICIONADO SPLIT INVERTER, HI-WALL (PAREDE), 9000 BTU/H, CICLO FRIO, 60HZ, CLASSIFICACAO A (SELO PROCEL), GAS HFC, CONTROLE S/FIO","UN    ","CR",2104.98]
[42421,"AR CONDICIONADO SPLIT INVERTER, PISO TETO, APRESENTANDO ENTRE 54000 E 58000 BTU/H, CICLO FRIO, 60HZ, CLASSIFICACAO ENERGETICA A OU B (SELO PROCEL), GAS HFC, CONTROLE S/FIO","UN    ","CR",19165.599999999999]
[42416,"AR CONDICIONADO SPLIT INVERTER, PISO TETO, 18000 BTU/H, CICLO FRIO, 60HZ, CLASSIFICACAO ENERGETICA A OU B (SELO PROCEL), GAS HFC, CONTROLE S/FIO","UN    ","CR",9074.32]
[42417,"AR CONDICIONADO SPLIT INVERTER, PISO TETO, 24000 BTU/H, CICLO FRIO, 60HZ, CLASSIFICACAO ENERGETICA A OU B (SELO PROCEL), GAS HFC, CONTROLE S/FIO","UN    ","CR",10173.06]
[42419,"AR CONDICIONADO SPLIT INVERTER, PISO TETO, 36000 BTU/H, CICLO FRIO, 60HZ, CLASSIFICACAO ENERGETICA A OU B (SELO PROCEL), GAS HFC, CONTROLE S/FIO","UN    ","CR",11493.39]
[42420,"AR CONDICIONADO SPLIT INVERTER, PISO TETO, 48000 BTU/H, CICLO FRIO, 60HZ, CLASSIFICACAO ENERGETICA A OU B (SELO PROCEL), GAS HFC, CONTROLE S/FIO","UN    ","CR",15796.82]
[43195,"AR CONDICIONADO SPLIT ON/OFF, CASSETE (TETO), FRIO 4 VIAS 18000 BTUS/H, CLASSIFICACAO ENERGETICA C - SELO PROCEL, GAS HFC, CONTROLE S/ FIO","UN    ","CR",5562.28]
[43196,"AR CONDICIONADO SPLIT ON/OFF, CASSETE (TETO), FRIO 4 VIAS 24000 BTUS/H, CLASSIFICACAO ENERGETICA C - SELO PROCEL, GAS HFC, CONTROLE S/ FIO","UN    ","CR",6893.65]
[43198,"AR CONDICIONADO SPLIT ON/OFF, CASSETE (TETO), FRIO 4 VIAS 36000 BTUS/H, CLASSIFICACAO ENERGETICA C - SELO PROCEL, GAS HFC, CONTROLE S/ FIO","UN    ","CR",10243.799999999999]
[43199,"AR CONDICIONADO SPLIT ON/OFF, CASSETE (TETO), FRIO 4 VIAS 48000 BTUS/H, CLASSIFICACAO ENERGETICA C - SELO PROCEL, GAS HFC, CONTROLE S/ FIO","UN    ","CR",10619.17]
[43200,"AR CONDICIONADO SPLIT ON/OFF, CASSETE (TETO), FRIO 4 VIAS 60000 BTUS/H, CLASSIFICACAO ENERGETICA C - SELO PROCEL, GAS HFC, CONTROLE S/ FIO","UN    ","CR",12186.27]
[39556,"AR CONDICIONADO SPLIT ON/OFF, CASSETE (TETO), 18000 BTUS/H, CICLO QUENTE/FRIO, 60 HZ, CLASSIFICACAO ENERGETICA C - SELO PROCEL, GAS HFC, CONTROLE S/ FIO","UN    ","CR",6655.78]
[39557,"AR CONDICIONADO SPLIT ON/OFF, CASSETE (TETO), 24000 BTUS/H, CICLO QUENTE/FRIO, 60 HZ, CLASSIFICACAO ENERGETICA C - SELO PROCEL, GAS HFC, CONTROLE S/ FIO","UN    ","CR",7166.83]
[39559,"AR CONDICIONADO SPLIT ON/OFF, CASSETE (TETO), 36000 BTUS/H, CICLO QUENTE/FRIO, 60 HZ, CLASSIFICACAO ENERGETICA A - SELO PROCEL, GAS HFC, CONTROLE S/ FIO","UN    ","CR",10591.19]
[39560,"AR CONDICIONADO SPLIT ON/OFF, CASSETE (TETO), 48000 BTUS/H, CICLO QUENTE/FRIO, 60 HZ, CLASSIFICACAO ENERGETICA A - SELO PROCEL, GAS HFC, CONTROLE S/ FIO","UN    ","CR",12252.97]
[39561,"AR CONDICIONADO SPLIT ON/OFF, CASSETE (TETO), 60000 BTUS/H, CICLO QUENTE/FRIO, 60 HZ, CLASSIFICACAO ENERGETICA A - SELO PROCEL, GAS HFC, CONTROLE S/ FIO","UN    ","CR",12818.17]
[43190,"AR CONDICIONADO SPLIT ON/OFF, HI-WALL (PAREDE), 12000 BTUS/H, CICLO FRIO, 60 HZ, CLASSIFICACAO ENERGETICA A - SELO PROCEL, GAS HFC, CONTROLE S/ FIO","UN    ","CR",1891.62]
[39555,"AR CONDICIONADO SPLIT ON/OFF, HI-WALL (PAREDE), 12000 BTUS/H, CICLO QUENTE/FRIO, 60 HZ, CLASSIFICACAO ENERGETICA A - SELO PROCEL, GAS HFC, CONTROLE S/ FIO","UN    ","CR",2046.25]
[43191,"AR CONDICIONADO SPLIT ON/OFF, HI-WALL (PAREDE), 18000 BTUS/H, CICLO FRIO, 60 HZ, CLASSIFICACAO ENERGETICA A - SELO PROCEL, GAS HFC, CONTROLE S/ FIO","UN    ","CR",2721.79]
[39548,"AR CONDICIONADO SPLIT ON/OFF, HI-WALL (PAREDE), 18000 BTUS/H, CICLO QUENTE/FRIO, 60 HZ, CLASSIFICACAO ENERGETICA A - SELO PROCEL, GAS HFC, CONTROLE S/ FIO","UN    ","CR",3035.22]
[43192,"AR CONDICIONADO SPLIT ON/OFF, HI-WALL (PAREDE), 24000 BTUS/H, CICLO FRIO, 60 HZ, CLASSIFICACAO ENERGETICA A - SELO PROCEL, GAS HFC, CONTROLE S/ FIO","UN    ","CR",3565.3]
[39554,"AR CONDICIONADO SPLIT ON/OFF, HI-WALL (PAREDE), 24000 BTUS/H, CICLO QUENTE/FRIO, 60 HZ, CLASSIFICACAO ENERGETICA A - SELO PROCEL, GAS HFC, CONTROLE S/ FIO","UN    ","CR",4013.62]
[43194,"AR CONDICIONADO SPLIT ON/OFF, HI-WALL (PAREDE), 9000 BTUS/H, CICLO FRIO, 60 HZ, CLASSIFICACAO ENERGETICA A - SELO PROCEL, GAS HFC, CONTROLE S/ FIO","UN    ","CR",1620.5]
[39551,"AR CONDICIONADO SPLIT ON/OFF, HI-WALL (PAREDE), 9000 BTUS/H, CICLO QUENTE/FRIO, 60 HZ, CLASSIFICACAO ENERGETICA A - SELO PROCEL, GAS HFC, CONTROLE S/ FIO","UN    ","CR",1784.34]
[43185,"AR CONDICIONADO SPLIT ON/OFF, PISO TETO, 18.000 BTU/H, CICLO FRIO, 60HZ, CLASSIFICACAO ENERGETICA C - SELO PROCEL, GAS HFC, CONTROLE S/FIO","UN    ","CR",5070.7700000000004]
[43186,"AR CONDICIONADO SPLIT ON/OFF, PISO TETO, 24.000 BTU/H, CICLO FRIO, 60HZ, CLASSIFICACAO ENERGETICA C - SELO PROCEL, GAS HFC, CONTROLE S/FIO","UN    ","CR",5348.64]
[43187,"AR CONDICIONADO SPLIT ON/OFF, PISO TETO, 36.000 BTU/H, CICLO FRIO, 60HZ, CLASSIFICACAO ENERGETICA C - SELO PROCEL, GAS HFC, CONTROLE S/FIO","UN    ","CR",7097.7]
[43188,"AR CONDICIONADO SPLIT ON/OFF, PISO TETO, 48.000 BTU/H, CICLO FRIO, 60HZ, CLASSIFICACAO ENERGETICA C - SELO PROCEL, GAS HFC, CONTROLE S/FIO","UN    ","CR",8599.81]
[43189,"AR CONDICIONADO SPLIT ON/OFF, PISO TETO, 60.000 BTU/H, CICLO FRIO, 60HZ, CLASSIFICACAO ENERGETICA C - SELO PROCEL, GAS HFC, CONTROLE S/FIO","UN    ","CR",9673.35]
[39580,"AR-CONDICIONADO FRIO SPLITAO INVERTER 30 TR","UN    ","CR",76229.98]
[39577,"AR-CONDICIONADO FRIO SPLITAO MODULAR 10 TR","UN    ","CR",23859.82]
[39578,"AR-CONDICIONADO FRIO SPLITAO MODULAR 15 TR","UN    ","CR",30791.57]
[39579,"AR-CONDICIONADO FRIO SPLITAO MODULAR 20 TR","UN    ","CR",44799.33]
[39826,"AR-CONDICIONADO SPLIT INVERTER, PISO TETO, 24000 BTU/H, QUENTE/FRIO, 60HZ, CLASSIFICACAO ENERGETICA A - SELO PROCEL, GAS HFC, CONTROLE S/FIO","UN    ","CR",5502.17]
[10700,"ARADO REVERSIVEL COM 3 DISCOS DE 26\" X 6MM REBOCAVEL","UN    ","AS",25092.38]
[346,"ARAME DE ACO OVALADO 15 X 17 ( 45,7 KG, 700 KGF), ROLO 1000 M","KG    ","CR",29.61]
[3312,"ARAME DE AMARRACAO PARA GABIAO GALVANIZADO, DIAMETRO 2,2 MM","KG    ","CR",26.22]
[339,"ARAME FARPADO GALVANIZADO, 14 BWG (2,11 MM), CLASSE 250","M     ","CR",1.52]
[340,"ARAME FARPADO GALVANIZADO, 16 BWG (1,65 MM), CLASSE 250","M     ","CR",1.38]
[43130,"ARAME GALVANIZADO 12 BWG, D = 2,76 MM (0,048 KG/M) OU 14 BWG, D = 2,11 MM (0,026 KG/M)","KG    ","C ",25]
[344,"ARAME GALVANIZADO 16 BWG, D = 1,65MM (0,0166 KG/M)","KG    ","CR",32.86]
[345,"ARAME GALVANIZADO 18 BWG, D = 1,24MM (0,009 KG/M)","KG    ","CR",35.659999999999997]
[43131,"ARAME GALVANIZADO 6 BWG, D = 5,16 MM (0,157 KG/M), OU 8 BWG, D = 4,19 MM (0,101 KG/M), OU 10 BWG, D = 3,40 MM (0,0713 KG/M)","KG    ","CR",29.04]
[3313,"ARAME PROTEGIDO COM POLIMERO PARA GABIAO, DIAMETRO 2,2 MM","KG    ","CR",33.75]
[43132,"ARAME RECOZIDO 16 BWG, D = 1,65 MM (0,016 KG/M) OU 18 BWG, D = 1,25 MM (0,01 KG/M)","KG    ","CR",25]
[366,"AREIA FINA - POSTO JAZIDA/FORNECEDOR (RETIRADO NA JAZIDA, SEM TRANSPORTE)","M3    ","C ",105]
[367,"AREIA GROSSA - POSTO JAZIDA/FORNECEDOR (RETIRADO NA JAZIDA, SEM TRANSPORTE)","M3    ","CR",106.37]
[370,"AREIA MEDIA - POSTO JAZIDA/FORNECEDOR (RETIRADO NA JAZIDA, SEM TRANSPORTE)","M3    ","CR",105]
[368,"AREIA PARA ATERRO - POSTO JAZIDA/FORNECEDOR (RETIRADO NA JAZIDA, SEM TRANSPORTE)","M3    ","CR",52.5]
[11075,"AREIA PARA LEITO FILTRANTE (0,42 A 1,68 MM) - POSTO JAZIDA/FORNECEDOR (RETIRADO NA JAZIDA, SEM TRANSPORTE)","M3    ","CR",1205.07]
[1381,"ARGAMASSA COLANTE AC I PARA CERAMICAS","KG    ","C ",1]
[34353,"ARGAMASSA COLANTE AC II","KG    ","CR",1.86]
[37595,"ARGAMASSA COLANTE TIPO AC III","KG    ","CR",3.07]
[37596,"ARGAMASSA COLANTE TIPO AC III E","KG    ","CR",3.52]
[371,"ARGAMASSA INDUSTRIALIZADA MULTIUSO, PARA REVESTIMENTO INTERNO E EXTERNO E ASSENTAMENTO DE BLOCOS DIVERSOS","KG    ","CR",1.0900000000000001]
[37553,"ARGAMASSA INDUSTRIALIZADA PARA CHAPISCO COLANTE","KG    ","CR",2.04]
[37552,"ARGAMASSA INDUSTRIALIZADA PARA CHAPISCO ROLADO","KG    ","CR",3.28]
[36880,"ARGAMASSA PARA REVESTIMENTO DECORATIVO MONOCAMADA","KG    ","CR",3.33]
[34355,"ARGAMASSA PISO SOBRE PISO","KG    ","CR",2.87]
[130,"ARGAMASSA POLIMERICA DE REPARO ESTRUTURAL, BICOMPONENTE","KG    ","CR",7.63]
[135,"ARGAMASSA POLIMERICA IMPERMEABILIZANTE SEMIFLEXIVEL, BICOMPONENTE (MEMBRANA IMPERMEABILIZANTE ACRILICA)","KG    ","CR",6.14]
[36886,"ARGAMASSA PRONTA PARA CONTRAPISO","KG    ","CR",1.03]
[38546,"ARGAMASSA USINADA AUTOADENSAVEL E AUTONIVELANTE PARA CONTRAPISO, COM BOMBEAMENTO (DISPONIBILIZACAO DE BOMBA), SEM O LANCAMENTO","M3    ","CR",725.61]
[34549,"ARGILA EXPANDIDA, GRANULOMETRIA 2215","M3    ","AS",730.33]
[6081,"ARGILA OU BARRO PARA ATERRO/REATERRO (COM TRANSPORTE ATE 10 KM)","M3    ","AS",51.12]
[6077,"ARGILA OU BARRO PARA ATERRO/REATERRO (RETIRADO NA JAZIDA, SEM TRANSPORTE)","M3    ","AS",36.51]
[6079,"ARGILA, ARGILA VERMELHA OU ARGILA ARENOSA (RETIRADA NA JAZIDA, SEM TRANSPORTE)","M3    ","AS",36.51]
[1091,"ARMACAO VERTICAL COM HASTE E CONTRA-PINO, EM CHAPA DE ACO GALVANIZADO 3/16\", COM 1 ESTRIBO E 1 ISOLADOR","UN    ","AS",25.12]
[1094,"ARMACAO VERTICAL COM HASTE E CONTRA-PINO, EM CHAPA DE ACO GALVANIZADO 3/16\", COM 1 ESTRIBO, SEM ISOLADOR","UN    ","AS",17.57]
[1095,"ARMACAO VERTICAL COM HASTE E CONTRA-PINO, EM CHAPA DE ACO GALVANIZADO 3/16\", COM 2 ESTRIBOS, E 2 ISOLADORES","UN    ","AS",37.35]
[1092,"ARMACAO VERTICAL COM HASTE E CONTRA-PINO, EM CHAPA DE ACO GALVANIZADO 3/16\", COM 2 ESTRIBOS, SEM ISOLADOR","UN    ","AS",28.9]
[1093,"ARMACAO VERTICAL COM HASTE E CONTRA-PINO, EM CHAPA DE ACO GALVANIZADO 3/16\", COM 3 ESTRIBOS E 3 ISOLADORES","UN    ","AS",67.489999999999995]
[1090,"ARMACAO VERTICAL COM HASTE E CONTRA-PINO, EM CHAPA DE ACO GALVANIZADO 3/16\", COM 3 ESTRIBOS, SEM ISOLADOR","UN    ","AS",48.32]
[1096,"ARMACAO VERTICAL COM HASTE E CONTRA-PINO, EM CHAPA DE ACO GALVANIZADO 3/16\", COM 4 ESTRIBOS E 4 ISOLADORES","UN    ","AS",86.96]
[1097,"ARMACAO VERTICAL COM HASTE E CONTRA-PINO, EM CHAPA DE ACO GALVANIZADO 3/16\", COM 4 ESTRIBOS, SEM ISOLADOR","UN    ","AS",73.819999999999993]
[378,"ARMADOR (HORISTA)","H     ","CR",16.600000000000001]
[40911,"ARMADOR (MENSALISTA)","MES   ","CR",2879.28]
[33939,"ARQUITETO JUNIOR","H     ","CR",69.42]
[40815,"ARQUITETO JUNIOR (MENSALISTA)","MES   ","CR",12039.85]
[34760,"ARQUITETO PAISAGISTA","H     ","CR",98.32]
[40935,"ARQUITETO PAISAGISTA (MENSALISTA)","MES   ","CR",17052.830000000002]
[33952,"ARQUITETO PLENO","H     ","CR",98.6]
[40816,"ARQUITETO PLENO (MENSALISTA)","MES   ","CR",17101.599999999999]
[33953,"ARQUITETO SENIOR","H     ","CR",130.36000000000001]
[40817,"ARQUITETO SENIOR (MENSALISTA)","MES   ","CR",22609.84]
[13348,"ARRUELA  EM ACO GALVANIZADO, DIAMETRO EXTERNO = 35MM, ESPESSURA = 3MM, DIAMETRO DO FURO= 18MM","UN    ","AS",1.79]
[39211,"ARRUELA EM ALUMINIO, COM ROSCA, DE  1 1/4\", PARA ELETRODUTO","UN    ","AS",1.68]
[39212,"ARRUELA EM ALUMINIO, COM ROSCA, DE 1 1/2\", PARA ELETRODUTO","UN    ","AS",1.87]
[39208,"ARRUELA EM ALUMINIO, COM ROSCA, DE 1/2\", PARA ELETRODUTO","UN    ","AS",0.51]
[39210,"ARRUELA EM ALUMINIO, COM ROSCA, DE 1\", PARA ELETRODUTO","UN    ","AS",0.94]
[39214,"ARRUELA EM ALUMINIO, COM ROSCA, DE 2 1/2\", PARA ELETRODUTO","UN    ","AS",3.47]
[39213,"ARRUELA EM ALUMINIO, COM ROSCA, DE 2\", PARA ELETRODUTO","UN    ","AS",2.4500000000000002]
[39209,"ARRUELA EM ALUMINIO, COM ROSCA, DE 3/4\", PARA ELETRODUTO","UN    ","AS",0.61]
[39207,"ARRUELA EM ALUMINIO, COM ROSCA, DE 3/8\", PARA ELETRODUTO","UN    ","AS",0.94]
[39215,"ARRUELA EM ALUMINIO, COM ROSCA, DE 3\", PARA ELETRODUTO","UN    ","AS",6.31]
[39216,"ARRUELA EM ALUMINIO, COM ROSCA, DE 4\", PARA ELETRODUTO","UN    ","AS",8.81]
[11267,"ARRUELA LISA, REDONDA, DE LATAO POLIDO, DIAMETRO NOMINAL 5/8\", DIAMETRO EXTERNO = 34 MM, DIAMETRO DO FURO = 17 MM, ESPESSURA = *2,5* MM","UN    ","AS",1.56]
[379,"ARRUELA QUADRADA EM ACO GALVANIZADO, DIMENSAO = 38 MM, ESPESSURA = 3MM, DIAMETRO DO FURO= 18 MM","UN    ","AS",1.57]
[510,"ASFALTO MODIFICADO TIPO I - NBR 9910 (ASFALTO OXIDADO PARA IMPERMEABILIZACAO, COEFICIENTE DE PENETRACAO 25-40)","KG    ","AS",12.98]
[516,"ASFALTO MODIFICADO TIPO II - NBR 9910 (ASFALTO OXIDADO PARA IMPERMEABILIZACAO, COEFICIENTE DE PENETRACAO 20-35)","KG    ","AS",15.38]
[509,"ASFALTO MODIFICADO TIPO III - NBR 9910 (ASFALTO OXIDADO PARA IMPERMEABILIZACAO, COEFICIENTE DE PENETRACAO 15-25)","KG    ","AS",17.260000000000002]
[40331,"ASSENTADOR DE MANILHAS","H     ","CR",15.06]
[40930,"ASSENTADOR DE MANILHAS (MENSALISTA)","MES   ","CR",2616.27]
[11761,"ASSENTO  VASO SANITARIO INFANTIL EM PLASTICO BRANCO","UN    ","CR",91.29]
[377,"ASSENTO SANITARIO DE PLASTICO, TIPO CONVENCIONAL","UN    ","C ",42.9]
[7588,"AUTOMATICO DE BOIA SUPERIOR / INFERIOR, *15* A / 250 V","UN    ","C ",50.52]
[34392,"AUXILIAR DE ALMOXARIFE (HORISTA)","H     ","CR",13.18]
[40908,"AUXILIAR DE ALMOXARIFE (MENSALISTA)","MES   ","CR",2287.67]
[34551,"AUXILIAR DE AZULEJISTA (HORISTA)","H     ","CR",11.56]
[41078,"AUXILIAR DE AZULEJISTA (MENSALISTA)","MES   ","CR",2007.03]
[246,"AUXILIAR DE ENCANADOR OU BOMBEIRO HIDRAULICO (HORISTA)","H     ","CR",13.18]
[40927,"AUXILIAR DE ENCANADOR OU BOMBEIRO HIDRAULICO (MENSALISTA)","MES   ","CR",2287.67]
[2350,"AUXILIAR DE ESCRITORIO (HORISTA)","H     ","CR",11.74]
[40812,"AUXILIAR DE ESCRITORIO (MENSALISTA)","MES   ","CR",2039]
[245,"AUXILIAR DE LABORATORISTA DE SOLOS E DE CONCRETO (HORISTA)","H     ","CR",21.03]
[41090,"AUXILIAR DE LABORATORISTA DE SOLOS E DE CONCRETO (MENSALISTA)","MES   ","CR",3650.7]
[251,"AUXILIAR DE MECANICO","H     ","CR",10.74]
[40975,"AUXILIAR DE MECANICO (MENSALISTA)","MES   ","CR",1866.74]
[6127,"AUXILIAR DE PEDREIRO (HORISTA)","H     ","CR",11.56]
[41072,"AUXILIAR DE PEDREIRO (MENSALISTA)","MES   ","CR",2007.03]
[6121,"AUXILIAR DE SERVICOS GERAIS","H     ","CR",11.56]
[41071,"AUXILIAR DE SERVICOS GERAIS (MENSALISTA)","MES   ","CR",2004.92]
[244,"AUXILIAR DE TOPOGRAFO (HORISTA)","H     ","CR",8.66]
[41093,"AUXILIAR DE TOPOGRAFO (MENSALISTA)","MES   ","CR",1503.3]
[532,"AUXILIAR TECNICO / ASSISTENTE DE ENGENHARIA","H     ","CR",39.22]
[40931,"AUXILIAR TECNICO / ASSISTENTE DE ENGENHARIA (MENSALISTA)","MES   ","CR",6805.85]
[36150,"AVENTAL DE SEGURANCA DE RASPA DE COURO 1,00 X 0,60 M","UN    ","CR",53.46]
[4760,"AZULEJISTA OU LADRILHEIRO (HORISTA)","H     ","CR",19.72]
[41069,"AZULEJISTA OU LADRILHEIRO (MENSALISTA)","MES   ","CR",3420.69]
[10422,"BACIA SANITARIA (VASO) COM CAIXA ACOPLADA, SIFAO APARENTE, DE LOUCA BRANCA (SEM ASSENTO)","UN    ","CR",363.84]
[44019,"BACIA SANITARIA (VASO) COM CAIXA ACOPLADA, SIFAO OCULTO / CARENADO, DE LOUCA BRANCA (SEM ASSENTO ) - PADRAO ALTO","UN    ","CR",503.64]
[36520,"BACIA SANITARIA (VASO) CONVENCIONAL PARA PCD, SEM FURO FRONTAL, DE LOUCA BRANCA (SEM ASSENTO)","UN    ","CR",612.37]
[42319,"BACIA SANITARIA (VASO) CONVENCIONAL PARA USO ESPECIFICO (HOSPITAIS, CLINICAS), COM FURO FRONTAL, DE LOUCA BRANCA, SEM ASSENTO","UN    ","CR",548.72]
[10420,"BACIA SANITARIA (VASO) CONVENCIONAL, DE LOUCA BRANCA, SIFAO APARENTE, SAIDA VERTICAL (SEM ASSENTO)","UN    ","C ",194.65]
[10421,"BACIA SANITARIA (VASO) CONVENCIONAL, DE LOUCA COLORIDA, SIFAO APARENTE, SAIDA VERTICAL (SEM ASSENTO)","UN    ","CR",213.89]
[11786,"BACIA SANITARIA (VASO) INFANTIL, SIFONADO, DE LOUCA BRANCA, (SEM ASSENTO)","UN    ","CR",431.29]
[10,"BALDE PLASTICO CAPACIDADE *10* L","UN    ","CR",15.59]
[4815,"BALDE VERMELHO PARA SINALIZACAO DE VIAS","UN    ","CR",7.56]
[541,"BANCADA DE MARMORE SINTETICO COM UMA CUBA, 120 X *60* CM","UN    ","C ",210]
[542,"BANCADA DE MARMORE SINTETICO COM UMA CUBA, 150 X *60* CM","UN    ","CR",263.23]
[540,"BANCADA DE MARMORE SINTETICO COM UMA CUBA, 200 X *60* CM","UN    ","CR",593.20000000000005]
[38364,"BANCADA/ BANCA EM GRANITO, POLIDO, TIPO ANDORINHA/ QUARTZ/ CASTELO/ CORUMBA OU OUTROS EQUIVALENTES DA REGIAO, COM CUBA INOX, FORMATO *120 X 60* CM, E=  *2* CM","UN    ","CR",1048.21]
[11692,"BANCADA/ BANCA/ BALCAO/ TAMPO EM MARMORE BRANCO COMUM, POLIDO, LISO, ACABAMENTO RETO, E= *3* CM (SEM FUROS)","M2    ","CR",577.36]
[1746,"BANCADA/BANCA/PIA DE ACO INOXIDAVEL (AISI 430) COM 1 CUBA CENTRAL, COM VALVULA, ESCORREDOR DUPLO, DE *0,55 X 1,20* M","UN    ","C ",337.63]
[1748,"BANCADA/BANCA/PIA DE ACO INOXIDAVEL (AISI 430) COM 1 CUBA CENTRAL, COM VALVULA, ESCORREDOR DUPLO, DE *0,55 X 1,40* M","UN    ","CR",448.96]
[1749,"BANCADA/BANCA/PIA DE ACO INOXIDAVEL (AISI 430) COM 1 CUBA CENTRAL, COM VALVULA, ESCORREDOR DUPLO, DE *0,55 X 1,80* M","UN    ","CR",650.47]
[37412,"BANCADA/BANCA/PIA DE ACO INOXIDAVEL (AISI 430) COM 1 CUBA CENTRAL, COM VALVULA, LISA (SEM ESCORREDOR), DE *0,55 X 1,20* M","UN    ","CR",330.03]
[1745,"BANCADA/BANCA/PIA DE ACO INOXIDAVEL (AISI 430) COM 1 CUBA CENTRAL, SEM VALVULA, ESCORREDOR DUPLO, DE *0,55 X 1,60* M","UN    ","CR",392.45]
[1750,"BANCADA/BANCA/PIA DE ACO INOXIDAVEL (AISI 430) COM 2 CUBAS, COM VALVULAS, ESCORREDOR DUPLO, DE *0,55 X 2,00* M","UN    ","CR",917.1]
[11687,"BANCADA/TAMPO ACO INOX (AISI 304), LARGURA 60 CM, COM RODABANCA (NAO INCLUI PES DE APOIO)","M     ","CR",1461.22]
[11689,"BANCADA/TAMPO ACO INOX (AISI 304), LARGURA 70 CM, COM RODABANCA (NAO INCLUI PES DE APOIO)","M     ","CR",1830.83]
[11693,"BANCADA/TAMPO LISO (SEM CUBA) EM MARMORE SINTETICO","M2    ","CR",232.84]
[36215,"BANCO ARTICULADO PARA BANHO, EM ACO INOX POLIDO, 70* CM X 45* CM","UN    ","CR",1196.6300000000001]
[42439,"BANCO COM ENCOSTO, 1,60M* DE COMPRIMENTO, EM TUBO DE ACO CARBONO E PINTURA NO PROCESSO ELETROSTATICO - PARA ACADEMIA AO AR LIVRE / ACADEMIA DA TERCEIRA IDADE - ATI","UN    ","AS",1207.8399999999999]
[38381,"BANDEJA DE PINTURA PARA ROLO 23 CM","UN    ","CR",10.42]
[39621,"BARRA ANTIPANICO DUPLA, CEGA EM LADO OPOSTO, COR CINZA","PAR   ","CR",1493.95]
[39624,"BARRA ANTIPANICO DUPLA, PARA PORTA DE VIDRO, COR CINZA","PAR   ","CR",1647.99]
[39615,"BARRA ANTIPANICO SIMPLES, CEGA EM LADO OPOSTO, COR CINZA","UN    ","CR",665.94]
[39620,"BARRA ANTIPANICO SIMPLES, COM FECHADURA LADO OPOSTO, COR CINZA","UN    ","CR",1017.07]
[39623,"BARRA ANTIPANICO SIMPLES, PARA PORTA DE VIDRO, COR CINZA","UN    ","CR",1089.3699999999999]
[546,"BARRA DE ACO CHATA, RETANGULAR (QUALQUER BITOLA)","KG    ","C ",10.039999999999999]
[566,"BARRA DE ACO CHATO, RETANGULAR, 19,05 MM X 3,17 MM (L X E), 0,47 KG/M","M     ","CR",4.76]
[565,"BARRA DE ACO CHATO, RETANGULAR, 25,4 MM X 4,76 MM (L X E), 1,73 KG/M","M     ","CR",17.36]
[555,"BARRA DE ACO CHATO, RETANGULAR, 25,4 MM X 6,35 MM (L X E), 1,2265 KG/M","M     ","CR",12.31]
[557,"BARRA DE ACO CHATO, RETANGULAR, 38,1 MM X 12,7 MM (L X E), 3,79 KG/M","M     ","CR",38.630000000000003]
[552,"BARRA DE ACO CHATO, RETANGULAR, 38,1 MM X 6,35 MM (L X E), 1,89 KG/M","M     ","CR",19.16]
[563,"BARRA DE ACO CHATO, RETANGULAR, 38,1 MM X 9,53 MM (L X E), 2,84 KG/M","M     ","CR",28.8]
[549,"BARRA DE ACO CHATO, RETANGULAR, 50,8 MM X 12,7 MM (L X E), 5,06 KG/M","M     ","CR",51.83]
[551,"BARRA DE ACO CHATO, RETANGULAR, 50,8 MM X 25,4 MM (L X E), 10,12 KG/M","M     ","CR",102.64]
[559,"BARRA DE ACO CHATO, RETANGULAR, 50,8 MM X 6,35 MM (L X E), 2,53 KG/M","M     ","CR",25.66]
[560,"BARRA DE ACO CHATO, RETANGULAR, 50,8 MM X 7,94 MM (L X E), 3,162 KG/M","M     ","CR",32.1]
[547,"BARRA DE ACO CHATO, RETANGULAR, 50,8 MM X 9,53 MM (L X E), 3,79KG/M","M     ","CR",38.43]
[36207,"BARRA DE APOIO EM \"L\", EM ACO INOX POLIDO 70 X 70 CM, DIAMETRO MINIMO 3 CM","UN    ","CR",530.03]
[36209,"BARRA DE APOIO EM \"L\", EM ACO INOX POLIDO 80 X 80 CM, DIAMETRO MINIMO 3 CM","UN    ","CR",608.29]
[36210,"BARRA DE APOIO LATERAL ARTICULADA, COM TRAVA, EM ACO INOX POLIDO, 70 CM, DIAMETRO MINIMO 3 CM","UN    ","CR",658.15]
[36204,"BARRA DE APOIO RETA, EM ACO INOX POLIDO, COMPRIMENTO 60CM, DIAMETRO MINIMO 3 CM","UN    ","CR",233.35]
[36205,"BARRA DE APOIO RETA, EM ACO INOX POLIDO, COMPRIMENTO 70CM, DIAMETRO MINIMO 3 CM","UN    ","CR",259.16000000000003]
[36081,"BARRA DE APOIO RETA, EM ACO INOX POLIDO, COMPRIMENTO 80CM, DIAMETRO MINIMO 3 CM","UN    ","C ",276.33]
[36206,"BARRA DE APOIO RETA, EM ACO INOX POLIDO, COMPRIMENTO 90 CM, DIAMETRO MINIMO 3 CM","UN    ","CR",289.5]
[36218,"BARRA DE APOIO RETA, EM ALUMINIO, COMPRIMENTO 60CM, DIAMETRO MINIMO 3 CM","UN    ","AS",161.24]
[36220,"BARRA DE APOIO RETA, EM ALUMINIO, COMPRIMENTO 70CM, DIAMETRO MINIMO 3 CM","UN    ","AS",184.89]
[36080,"BARRA DE APOIO RETA, EM ALUMINIO, COMPRIMENTO 80 CM, DIAMETRO MINIMO 3 CM","UN    ","AS",199.99]
[36223,"BARRA DE APOIO RETA, EM ALUMINIO, COMPRIMENTO 90 CM, DIAMETRO MINIMO 3 CM","UN    ","AS",209.42]
[38127,"BASE DE MISTURADOR MONOCOMANDO PARA CHUVEIRO, DE PAREDE (NAO INCLUI ACABAMENTOS)","UN    ","CR",686.38]
[38060,"BASE PARA MASTRO DE PARA-RAIOS DIAMETRO NOMINAL 1 1/2\"","UN    ","AS",51.6]
[10956,"BASE PARA MASTRO DE PARA-RAIOS DIAMETRO NOMINAL 2\"","UN    ","AS",56.58]
[39380,"BASE PARA RELE COM SUPORTE METALICO","UN    ","AS",21.36]
[44172,"BASTIDOR PARA BLOCO M10","UN    ","AS",6.76]
[37597,"BATE-ESTACAS POR GRAVIDADE, POTENCIA160 HP, PESO DO MARTELO ATE 3 TONELADAS","UN    ","AS",616250]
[183,"BATENTE / PORTAL / ADUELA / MARCO EM MADEIRA MACICA COM REBAIXO, E = *3* CM, L = *14* CM, PARA PORTAS DE  GIRO DE *60 CM A 120* CM  X *210* CM, CEDRINHO / ANGELIM COMERCIAL / TAURI / CURUPIXA / PEROBA / CUMARU OU EQUIVALENTE DA REGIAO (NAO INCLUI ALIZARES)","JG    ","C ",150]
[184,"BATENTE / PORTAL / ADUELA / MARCO EM MADEIRA MACICA COM REBAIXO, E = *3* CM, L = *14* CM, PARA PORTAS DE  GIRO DE *60 CM A 120* CM  X *210* CM, PINUS / EUCALIPTO / VIROLA OU EQUIVALENTE DA REGIAO (NAO INCLUI ALIZARES)","JG    ","CR",92.9]
[181,"BATENTE / PORTAL / ADUELA / MARCO EM MADEIRA MACICA COM REBAIXO, E = *3* CM, L = *16* CM, PARA PORTAS DE  GIRO DE *60 CM A 120* CM  X *210* CM, CEDRINHO / ANGELIM COMERCIAL / TAURI / CURUPIXA / PEROBA / CUMARU OU EQUIVALENTE DA REGIAO (NAO INCLUI ALIZARES)","JG    ","CR",200.32]
[20001,"BATENTE / PORTAL / ADUELA / MARCO EM MADEIRA MACICA COM REBAIXO, E = *3* CM, L = *16* CM, PARA PORTAS DE  GIRO DE *60 CM A 120* CM  X *210* CM, PINUS / EUCALIPTO / VIROLA OU EQUIVALENTE DA REGIAO (NAO INCLUI ALIZARES)","JG    ","CR",116.12]
[39837,"BATENTE/PORTAL/ADUELA/MARCO, EM MDF/PVC WOOD/POLIESTIRENO OU MADEIRA LAMINADA, L = *9,0* CM COM GUARNICAO REGULAVEL 2 FACES = *35* MM, PRIMER","JG    ","AS",384.54]
[43366,"BENTONITA, ARGILA CONSTITUIDA POR  MONTMORILONITA","KG    ","AS",1.54]
[10535,"BETONEIRA CAPACIDADE NOMINAL 400 L, CAPACIDADE DE MISTURA  280 L, MOTOR ELETRICO TRIFASICO 220/380 V POTENCIA 2 CV, SEM CARREGADOR","UN    ","C ",5439]
[10537,"BETONEIRA CAPACIDADE NOMINAL 400 L, CAPACIDADE DE MISTURA 310 L, MOTOR A DIESEL POTENCIA 5 CV, SEM CARREGADOR","UN    ","CR",7417.32]
[13891,"BETONEIRA CAPACIDADE NOMINAL 400 L, CAPACIDADE DE MISTURA 310 L, MOTOR A GASOLINA POTENCIA 5,5 CV, SEM CARREGADOR","UN    ","CR",6803.35]
[44492,"BETONEIRA CAPACIDADE NOMINAL 600 L, CAPACIDADE DE MISTURA 440 L, MOTOR A GASOLINA POTENCIA 10 HP, COM  CARREGADOR","UN    ","CR",29591.84]
[36396,"BETONEIRA, CAPACIDADE NOMINAL 400 L, CAPACIDADE DE MISTURA 310L, MOTOR ELETRICO TRIFASICO 220/380V POTENCIA 2 CV, SEM CARREGADOR","UN    ","CR",6222.58]
[36397,"BETONEIRA, CAPACIDADE NOMINAL 600 L, CAPACIDADE DE MISTURA  360L, MOTOR ELETRICO TRIFASICO 220/380V, POTENCIA 4CV, EXCLUSO CARREGADOR","UN    ","CR",22124.74]
[36398,"BETONEIRA, CAPACIDADE NOMINAL 600 L, CAPACIDADE DE MISTURA 440 L, MOTOR A DIESEL POTENCIA 10 CV, COM CARREGADOR","UN    ","CR",26890.78]
[647,"BLASTER, DINAMITADOR OU CABO DE FOGO","H     ","CR",12.59]
[40920,"BLASTER, DINAMITADOR OU CABO DE FOGO (MENSALISTA)","MES   ","CR",2186.9299999999998]
[715,"BLOCO / TIJOLO DE VIDRO INCOLOR, CANELADO / ONDULADO, *19 X 19 X 8* CM (A X L X E)","UN    ","AS",16.989999999999998]
[716,"BLOCO / TIJOLO DE VIDRO INCOLOR, XADREZ, *20 X 20 X 10* CM (A X L X E)","UN    ","AS",19.21]
[38783,"BLOCO CERAMICO / TIJOLO VAZADO PARA ALVENARIA DE VEDACAO, FUROS NA HORIZONTAL, 11,5 X 19 X 19 CM (NBR 15270)","UN    ","CR",1.24]
[37593,"BLOCO CERAMICO / TIJOLO VAZADO PARA ALVENARIA DE VEDACAO, FUROS NA VERTICAL, 14 X 19 X 39 CM (NBR 15270)","UN    ","CR",3.05]
[37594,"BLOCO CERAMICO / TIJOLO VAZADO PARA ALVENARIA DE VEDACAO, FUROS NA VERTICAL, 19 X 19 X 39 CM (NBR 15270)","UN    ","CR",3.8]
[37592,"BLOCO CERAMICO / TIJOLO VAZADO PARA ALVENARIA DE VEDACAO, FUROS NA VERTICAL,, 9 X 19 X 39 CM (NBR 15270)","UN    ","CR",2.4]
[7270,"BLOCO CERAMICO / TIJOLO VAZADO PARA ALVENARIA DE VEDACAO, 4 FUROS NA HORIZONTAL, DE 9 X 9 X 19 CM (L X A X C)","UN    ","CR",1.07]
[7267,"BLOCO CERAMICO / TIJOLO VAZADO PARA ALVENARIA DE VEDACAO, 6 FUROS NA HORIZONTAL, 9 X 14 X 19 CM (L X A X C)","UN    ","CR",0.84]
[7271,"BLOCO CERAMICO / TIJOLO VAZADO PARA ALVENARIA DE VEDACAO, 8 FUROS NA HORIZONTAL, DE 9 X 19 X 19 CM (L XA X C)","UN    ","C ",0.93]
[7268,"BLOCO CERAMICO / TIJOLO VAZADO PARA ALVENARIA DE VEDACAO, 8 FUROS NA HORIZONTAL, 9 X 19 X 29 CM (L X A X C)","UN    ","CR",1.29]
[41372,"BLOCO CONCRETO CELULAR AUTOCLAVADO 12,5 X 30 X 60 CM (E X A X C)","M2    ","AS",127.17]
[41371,"BLOCO CONCRETO CELULAR AUTOCLAVADO 7,5 X 30 X 60 CM (E X A X C)","M2    ","AS",75.17]
[34556,"BLOCO DE CONCRETO ESTRUTURAL 14 X 19 X 29 CM, FBK 10 MPA (NBR 6136)","UN    ","CR",4.8]
[37873,"BLOCO DE CONCRETO ESTRUTURAL 14 X 19 X 29 CM, FBK 12 MPA (NBR 6136)","UN    ","CR",4.8899999999999997]
[34564,"BLOCO DE CONCRETO ESTRUTURAL 14 X 19 X 29 CM, FBK 14 MPA (NBR 6136)","UN    ","CR",5.12]
[34565,"BLOCO DE CONCRETO ESTRUTURAL 14 X 19 X 29 CM, FBK 16 MPA (NBR 6136)","UN    ","CR",5.41]
[38590,"BLOCO DE CONCRETO ESTRUTURAL 14 X 19 X 29 CM, FBK 4,5 MPA (NBR 6136)","UN    ","CR",4]
[34566,"BLOCO DE CONCRETO ESTRUTURAL 14 X 19 X 29 CM, FBK 6 MPA (NBR 6136)","UN    ","CR",4.2]
[34567,"BLOCO DE CONCRETO ESTRUTURAL 14 X 19 X 29 CM, FBK 8 MPA (NBR 6136)","UN    ","CR",4.46]
[38591,"BLOCO DE CONCRETO ESTRUTURAL 14 X 19 X 34 CM, FBK 4,5 MPA (NBR 6136)","UN    ","CR",4.04]
[34568,"BLOCO DE CONCRETO ESTRUTURAL 14 X 19 X 39 CM, FBK 10 MPA (NBR 6136)","UN    ","CR",5.27]
[34569,"BLOCO DE CONCRETO ESTRUTURAL 14 X 19 X 39 CM, FBK 12 MPA (NBR 6136)","UN    ","CR",5.41]
[34570,"BLOCO DE CONCRETO ESTRUTURAL 14 X 19 X 39 CM, FBK 14 MPA (NBR 6136)","UN    ","CR",5.88]
[25070,"BLOCO DE CONCRETO ESTRUTURAL 14 X 19 X 39 CM, FBK 4,5 MPA (NBR 6136)","UN    ","CR",4.42]
[34571,"BLOCO DE CONCRETO ESTRUTURAL 14 X 19 X 39 CM, FBK 6 MPA (NBR 6136)","UN    ","CR",4.47]
[34573,"BLOCO DE CONCRETO ESTRUTURAL 14 X 19 X 39 CM, FBK 8 MPA (NBR 6136)","UN    ","CR",4.7]
[37107,"BLOCO DE CONCRETO ESTRUTURAL 14 X 19 X 39, FCK 16 MPA (NBR 6136)","UN    ","CR",6.21]
[34576,"BLOCO DE CONCRETO ESTRUTURAL 19 X 19 X 39 CM, FBK 10 MPA (NBR 6136)","UN    ","CR",6.85]
[34577,"BLOCO DE CONCRETO ESTRUTURAL 19 X 19 X 39 CM, FBK 12 MPA (NBR 6136)","UN    ","CR",7.14]
[34578,"BLOCO DE CONCRETO ESTRUTURAL 19 X 19 X 39 CM, FBK 14 MPA (NBR 6136)","UN    ","CR",7.75]
[34579,"BLOCO DE CONCRETO ESTRUTURAL 19 X 19 X 39 CM, FBK 16 MPA (NBR 6136)","UN    ","CR",8.26]
[25067,"BLOCO DE CONCRETO ESTRUTURAL 19 X 19 X 39 CM, FBK 4,5 MPA (NBR 6136)","UN    ","CR",5.53]
[34580,"BLOCO DE CONCRETO ESTRUTURAL 19 X 19 X 39 CM, FBK 8 MPA (NBR 6136)","UN    ","CR",6.17]
[25071,"BLOCO DE CONCRETO ESTRUTURAL 9 X 19 X 39 CM, FBK 4,5 MPA (NBR 6136)","UN    ","CR",3.07]
[44171,"BLOCO DE ENGATE RAPIDO PARA BASTIDOR TIPO M10","UN    ","AS",19.3]
[38395,"BLOCO DE ESPUMA MULTIUSO *23 X 13 X 8* CM","UN    ","CR",8.6999999999999993]
[34583,"BLOCO DE GESSO COMPACTO / MACICO, BRANCO, E = 10 CM, DIMENSOES *67 X 50* CM","M2    ","CR",61.48]
[34584,"BLOCO DE GESSO VAZADO, BRANCO, E = *7* CM, DIMENSOES *67 X 50* CM","M2    ","CR",45.08]
[709,"BLOCO DE POLIETILENO ALTA DENSIDADE, *27* X *30* X *100* CM, ACOMPANHADOS PLACAS  TERMINAIS  E LONGARINAS, PARA FUNDO DE FILTRO","M2    ","AS",776.35]
[34599,"BLOCO DE VEDACAO CONCRETO APARENTE 9 X 19 X 39 CM (CLASSE C - NBR 6136)","UN    ","CR",3.16]
[34592,"BLOCO DE VEDACAO CONCRETO 14 X 19 X 29 CM (CLASSE C - NBR 6136)","UN    ","CR",3.52]
[37103,"BLOCO DE VEDACAO DE CONCRETO APARENTE 14 X 19 X 39 CM (CLASSE C - NBR 6136)","UN    ","CR",4.0199999999999996]
[34555,"BLOCO DE VEDACAO DE CONCRETO APARENTE 19 X 19 X 39 CM  (CLASSE C - NBR 6136)","UN    ","CR",5.1100000000000003]
[674,"BLOCO DE VEDACAO DE CONCRETO CELULAR AUTOCLAVADO 10 X 30 X 60 CM (E X A X C)","M2    ","AS",90.62]
[34600,"BLOCO DE VEDACAO DE CONCRETO CELULAR AUTOCLAVADO 15 X 30 X 60 CM (E X A X C)","M2    ","AS",133.1]
[652,"BLOCO DE VEDACAO DE CONCRETO CELULAR AUTOCLAVADO 20 X 30 X 60 CM (E X A X C)","M2    ","AS",203.89]
[651,"BLOCO DE VEDACAO DE CONCRETO 14 X 19 X 39 CM (CLASSE C - NBR 6136)","UN    ","CR",3.88]
[654,"BLOCO DE VEDACAO DE CONCRETO 19 X 19 X 39 CM (CLASSE C - NBR 6136)","UN    ","CR",4.8]
[650,"BLOCO DE VEDACAO DE CONCRETO, 9 X 19 X 39 CM (CLASSE C - NBR 6136)","UN    ","C ",3.1]
[718,"BLOCO DE VIDRO / ELEMENTO VAZADO, INCOLOR, VENEZIANA, *20 X 20 X 6* CM (A X L X E)","UN    ","AS",16.79]
[11981,"BLOCO DE VIDRO / ELEMENTO VAZADO, INCOLOR, VENEZIANA, DE *20 X 10 X 8* CM (A X L X E)","UN    ","AS",16.309999999999999]
[34586,"BLOCO ESTRUTURAL CERAMICO 14 X 19 X 29 CM, 6,0 MPA (NBR 15270)","UN    ","CR",2.61]
[38603,"BLOCO ESTRUTURAL CERAMICO 14 X 19 X 34 CM, 6,0 MPA (NBR 15270)","UN    ","CR",3.16]
[34588,"BLOCO ESTRUTURAL CERAMICO 14 X 19 X 39 CM, 6,0 MPA (NBR 15270)","UN    ","CR",3.41]
[34590,"BLOCO ESTRUTURAL CERAMICO 19 X 19 X 29 CM, 6,0 MPA (NBR 15270)","UN    ","CR",3.11]
[34591,"BLOCO ESTRUTURAL CERAMICO 19 X 19 X 39 CM, 6,0 MPA (NBR 15270)","UN    ","CR",4.22]
[40517,"BLOQUETE/PISO DE CONCRETO - MODELO BLOCO PISOGRAMA/CONCREGRAMA 2 FUROS, DIMENSOES APROX. DE 35 CM X 15 CM E ESPESSURA DE 7 CM (+/- 1 CM), COR NATURAL","M2    ","CR",62.88]
[40515,"BLOQUETE/PISO DE CONCRETO - MODELO PISOGRAMA/CONCREGRAMA/PAVI-GRADE/GRAMEIRO, DIMENSOES APROXIMADAS DE 60 CM X 45 CM E ESPESSURA DE 8 CM (+/- 1 CM), COR NATURAL","M2    ","CR",141.49]
[40529,"BLOQUETE/PISO INTERTRAVADO DE CONCRETO - MODELO ONDA/16 FACES/RETANGULAR/TIJOLINHO/PAVER/HOLANDES/PARALELEPIPEDO, *22 CM X *11 CM, E = 10 CM, RESISTENCIA DE 50 MPA (NBR 9781), COR NATURAL","M2    ","CR",90.39]
[36170,"BLOQUETE/PISO INTERTRAVADO DE CONCRETO - MODELO ONDA/16 FACES/RETANGULAR/TIJOLINHO/PAVER/HOLANDES/PARALELEPIPEDO, *22 CM X 11* CM, E = 8 CM, RESISTENCIA DE 35 MPA (NBR 9781), COR NATURAL","M2    ","C ",75]
[40524,"BLOQUETE/PISO INTERTRAVADO DE CONCRETO - MODELO ONDA/16 FACES/RETANGULAR/TIJOLINHO/PAVER/HOLANDES/PARALELEPIPEDO, 20 CM X 10 CM, E = 10 CM, RESISTENCIA DE 35 MPA (NBR 9781), COR NATURAL","M2    ","CR",88.43]
[36156,"BLOQUETE/PISO INTERTRAVADO DE CONCRETO - MODELO ONDA/16 FACES/RETANGULAR/TIJOLINHO/PAVER/HOLANDES/PARALELEPIPEDO, 20 CM X 10 CM, E = 6 CM, RESISTENCIA DE 35 MPA (NBR 9781), COLORIDO","M2    ","CR",68.78]
[36155,"BLOQUETE/PISO INTERTRAVADO DE CONCRETO - MODELO ONDA/16 FACES/RETANGULAR/TIJOLINHO/PAVER/HOLANDES/PARALELEPIPEDO, 20 CM X 10 CM, E = 6 CM, RESISTENCIA DE 35 MPA (NBR 9781), COR NATURAL","M2    ","CR",59.37]
[36154,"BLOQUETE/PISO INTERTRAVADO DE CONCRETO - MODELO ONDA/16 FACES/RETANGULAR/TIJOLINHO/PAVER/HOLANDES/PARALELEPIPEDO, 20 CM X 10 CM, E = 8 CM, RESISTENCIA DE 35 MPA (NBR 9781), COLORIDO","M2    ","CR",82.53]
[695,"BLOQUETE/PISO INTERTRAVADO DE CONCRETO - MODELO RAQUETE, *22 CM X 13,5* CM, E = 6 CM, RESISTENCIA DE 35 MPA (NBR 9781), COR NATURAL","M2    ","CR",60.62]
[679,"BLOQUETE/PISO INTERTRAVADO DE CONCRETO - MODELO SEXTAVADO / HEXAGONAL, 25 CM X 25 CM, E = 10 CM, RESISTENCIA DE 35 MPA (NBR 9781), COR NATURAL","M2    ","CR",90.39]
[711,"BLOQUETE/PISO INTERTRAVADO DE CONCRETO - MODELO SEXTAVADO / HEXAGONAL, 25 CM X 25 CM, E = 6 CM, RESISTENCIA DE 35 MPA (NBR 9781), COR NATURAL","M2    ","CR",59.79]
[712,"BLOQUETE/PISO INTERTRAVADO DE CONCRETO - MODELO SEXTAVADO / HEXAGONAL, 25 CM X 25 CM, E = 8 CM, RESISTENCIA DE 35 MPA (NBR 9781), COR NATURAL","M2    ","CR",75.319999999999993]
[12614,"BOCAL PVC, PARA CALHA PLUVIAL, DIAMETRO DA SAIDA ENTRE *75 E 120* MM, PARA DRENAGEM PLUVIAL PREDIAL","UN    ","CR",57.31]
[6140,"BOLSA DE LIGACAO EM PVC FLEXIVEL PARA VASO SANITARIO 40 MM (1 1/2\")","UN    ","CR",3.81]
[38399,"BOLSA DE LONA PARA FERRAMENTAS *50 X 35 X 25* CM","UN    ","CR",271.83999999999997]
[735,"BOMBA CENTRIFUGA  MOTOR ELETRICO TRIFASICO 1,48HP  DIAMETRO DE SUCCAO X ELEVACAO 1\" X 1\", 4 ESTAGIOS, DIAMETRO DOS ROTORES 3 X 107 MM + 1 X 100 MM, HM/Q: 10 M / 5,3 M3/H A 70 M / 1,8 M3/H","UN    ","CR",3226.88]
[736,"BOMBA CENTRIFUGA  MOTOR ELETRICO TRIFASICO 2,96HP, DIAMETRO DE SUCCAO X ELEVACAO 1 1/2\" X 1 1/4\", DIAMETRO DO ROTOR 148 MM, HM/Q: 34 M / 14,80 M3/H A 40 M / 8,60 M3/H","UN    ","CR",2713.23]
[729,"BOMBA CENTRIFUGA COM MOTOR ELETRICO MONOFASICO, POTENCIA 0,33 HP,  BOCAIS 1\" X 3/4\", DIAMETRO DO ROTOR 99 MM, HM/Q = 4 MCA / 8,5 M3/H A 18 MCA / 0,90 M3/H","UN    ","C ",1105.67]
[39925,"BOMBA CENTRIFUGA MONOESTAGIO COM MOTOR ELETRICO MONOFASICO, POTENCIA 15 HP,  DIAMETRO DO ROTOR *173* MM, HM/Q = *30* MCA / *90* M3/H A *45* MCA / *55* M3/H","UN    ","CR",15976.83]
[731,"BOMBA CENTRIFUGA MOTOR ELETRICO MONOFASICO 0,49 HP  BOCAIS 1\" X 3/4\", DIAMETRO DO ROTOR 110 MM, HM/Q: 6 M / 8,3 M3/H A 20 M / 1,2 M3/H","UN    ","CR",1076.0899999999999]
[10575,"BOMBA CENTRIFUGA MOTOR ELETRICO MONOFASICO 0,50 CV DIAMETRO DE SUCCAO X ELEVACAO 3/4\" X 3/4\", MONOESTAGIO, DIAMETRO DOS ROTORES 114 MM, HM/Q: 2 M / 2,99 M3/H A 24 M / 0,71 M3/H","UN    ","CR",1679.32]
[733,"BOMBA CENTRIFUGA MOTOR ELETRICO MONOFASICO 0,74HP  DIAMETRO DE SUCCAO X ELEVACAO 1 1/4\" X 1\", DIAMETRO DO ROTOR 120 MM, HM/Q: 8 M / 7,70 M3/H A 24 M / 2,80 M3/H","UN    ","CR",1838.65]
[732,"BOMBA CENTRIFUGA MOTOR ELETRICO TRIFASICO 0,99HP  DIAMETRO DE SUCCAO X ELEVACAO 1\" X 1\", DIAMETRO DO ROTOR 145 MM, HM/Q: 14 M / 8,4 M3/H A 40 M / 0,60 M3/H","UN    ","CR",1813.93]
[737,"BOMBA CENTRIFUGA MOTOR ELETRICO TRIFASICO 14,8 HP, DIAMETRO DE SUCCAO X ELEVACAO 2 1/2\" X 2\", DIAMETRO DO ROTOR 195 MM, HM/Q: 62 M / 55,5 M3/H A 80 M / 31,50 M3/H","UN    ","CR",10171.98]
[738,"BOMBA CENTRIFUGA MOTOR ELETRICO TRIFASICO 5HP, DIAMETRO DE SUCCAO X ELEVACAO 2\" X 1 1/2\", DIAMETRO DO ROTOR 155 MM, HM/Q: 40 M / 20,40 M3/H A 46 M / 9,20 M3/H","UN    ","CR",4716.67]
[740,"BOMBA CENTRIFUGA MOTOR ELETRICO TRIFASICO 9,86 DIAMETRO DE SUCCAO X ELEVACAO 1\" X 1\", 4 ESTAGIOS, DIAMETRO DOS ROTORES 4 X 146 MM, HM/Q: 85 M / 14,9 M3/H A 140 M / 4,2 M3/H","UN    ","CR",9569.16]
[734,"BOMBA CENTRIFUGA,  MOTOR ELETRICO TRIFASICO 1,48HP  DIAMETRO DE SUCCAO X ELEVACAO 1 1/2\" X 1\", DIAMETRO DO ROTOR 117 MM, HM/Q: 10 M / 21,9 M3/H A 24 M / 6,1 M3/H","UN    ","CR",1944.53]
[39008,"BOMBA DE PROJECAO DE CONCRETO SECO, POTENCIA 10 CV, VAZAO 3 M3/H","UN    ","CR",66303.070000000007]
[39009,"BOMBA DE PROJECAO DE CONCRETO SECO, POTENCIA 10 CV, VAZAO 6 M3/H","UN    ","CR",71035.520000000004]
[10587,"BOMBA SUBMERSA PARA POCOS TUBULARES PROFUNDOS DIAMETRO DE 4 POLEGADAS, ELETRICA, MONOFASICA, POTENCIA 0,49 HP, 13 ESTAGIOS, BOCAL DE DESCARGA DIAMETRO DE UMA POLEGADA E MEIA, HM/Q = 18 M / 1,90 M3/H A 85 M / 0,60 M3/H","UN    ","CR",4094.36]
[759,"BOMBA SUBMERSA PARA POCOS TUBULARES PROFUNDOS DIAMETRO DE 4 POLEGADAS, ELETRICA, TRIFASICA, POTENCIA 1,97 HP, 20 ESTAGIOS, BOCAL DE DESCARGA DIAMETRO DE UMA POLEGADA E MEIA, HM/Q = 18 M / 5,40 M3/H A 164 M / 0,80 M3/H","UN    ","CR",5886.88]
[761,"BOMBA SUBMERSA PARA POCOS TUBULARES PROFUNDOS DIAMETRO DE 4 POLEGADAS, ELETRICA, TRIFASICA, POTENCIA 5,42 HP, 15 ESTAGIOS, BOCAL DE DESCARGA DIAMETRO DE 2 POLEGADAS, HM/Q = 18 M / 18,10 M3/H A 121 M / 2,90 M3/H","UN    ","CR",9978.76]
[750,"BOMBA SUBMERSA PARA POCOS TUBULARES PROFUNDOS DIAMETRO DE 4 POLEGADAS, ELETRICA, TRIFASICA, POTENCIA 5,42 HP, 29 ESTAGIOS, BOCAL DE DESCARGA DE UMA POLEGADA E MEIA, HM/Q = 18 M / 8,10 M3/H A 201 M / 3,2 M3/H","UN    ","CR",9474.0400000000009]
[755,"BOMBA SUBMERSA PARA POCOS TUBULARES PROFUNDOS DIAMETRO DE 6 POLEGADAS, ELETRICA, TRIFASICA, POTENCIA 27,12 HP, 7 ESTAGIOS, BOCAL DE DESCARGA DIAMETRO DE 4 POLEGADAS, HM/Q = 13,9 M / 90 M3/H A 44,0 M / 25,0 M3/H","UN    ","CR",38876.86]
[749,"BOMBA SUBMERSA PARA POCOS TUBULARES PROFUNDOS DIAMETRO DE 6 POLEGADAS, ELETRICA, TRIFASICA, POTENCIA 3,45 HP, 5 ESTAGIOS, BOCAL DE DESCARGA DIAMETRO DE 2 POLEGADAS, HM/Q = 68,5 M / 6,12 M3/H A 39,5 M / 14,04 M3/H","UN    ","CR",14298.19]
[756,"BOMBA SUBMERSA PARA POCOS TUBULARES PROFUNDOS DIAMETRO DE 6 POLEGADAS, ELETRICA, TRIFASICA, POTENCIA 32 HP, 9 ESTAGIOS, BOCAL DE DESCARGA DIAMETRO DE 4 POLEGADAS, HM/Q = 114,0 M / 13,9 M3/H A 57,0 M / 25,0 M3/H","UN    ","CR",42400.42]
[757,"BOMBA SUBMERSIVEL,  ELETRICA, TRIFASICA, POTENCIA 6 HP, DIAMETRO DO ROTOR 127 MM, BOCAL DE SAIDA DIAMETRO DE 3 POLEGADAS, HM/Q = 7 M / 66,90 M3/H A 26 M / 2,88 M3/H","UN    ","CR",19252.5]
[10588,"BOMBA SUBMERSIVEL, ELETRICA, TRIFASICA, POTENCIA 0,98 HP, DIAMETRO DO ROTOR 142 MM SEMIABERTO, BOCAL DE SAIDA DIAMETRO DE 2 POLEGADAS, HM/Q = 2 M / 32 M3/H A 8 M / 16 M3/H","UN    ","CR",4250.47]
[10592,"BOMBA SUBMERSIVEL, ELETRICA, TRIFASICA, POTENCIA 0,99 HP, DIAMETRO ROTOR 98 MM SEMIABERTO, BOCAL DE SAIDA DIAMETRO 2 POLEGADAS, HM/Q = 2 M / 28,90 M3/H A 14 M / 7 M3/H","UN    ","C ",5134]
[10589,"BOMBA SUBMERSIVEL, ELETRICA, TRIFASICA, POTENCIA 1,97 HP, DIAMETRO DO ROTOR 144 MM SEMIABERTO, BOCAL DE SAIDA DIAMETRO DE 2 POLEGADAS, HM/Q = 2 M / 26,8 M3/H A 28 M / 4,6 M3/H","UN    ","CR",6897.2]
[760,"BOMBA SUBMERSIVEL, ELETRICA, TRIFASICA, POTENCIA 13 HP, DIAMETRO DO ROTOR 170 MM, BOCAL DE SAIDA DIAMETRO DE 3 POLEGADAS, HM/Q = 11 M / 68,40 M3/H A 72 M / 3,6 M3/H","UN    ","CR",38505]
[751,"BOMBA SUBMERSIVEL, ELETRICA, TRIFASICA, POTENCIA 2,96 HP, DIAMETRO DO ROTOR 144 MM SEMIABERTO, BOCAL DE SAIDA DIAMETRO DE DUAS POLEGADAS, HM/Q = 2 M / 38,8 M3/H A 28 M / 5 M3/H","UN    ","CR",6064.53]
[754,"BOMBA SUBMERSIVEL, ELETRICA, TRIFASICA, POTENCIA 3,75 HP, DIAMETRO DO ROTOR 90 MM SEMIABERTO, BOCAL DE SAIDA DIAMETRO DE 2 POLEGADAS, HM/Q = 5 M / 61,2 M3/H A 25,5 M / 3,6 M3/H","UN    ","CR",9626.25]
[44489,"BOMBA TRIPLEX COM MOTOR A DIESEL, NACIONAL, DIAMETRO DE SUCCAO DE 2  1/2''","UN    ","CR",274869.07]
[39917,"BOMBA TRIPLEX, PARA INJECAO DE CALDA DE CIMENTO, VAZAO MAXIMA DE *100* LITROS/MINUTO, PRESSAO MAXIMA DE *70* BAR, POTENCIA DE 15 CV","UN    ","CR",101846.3]
[38167,"BORBOLETA PARA JANELA TIPO GUILHOTINA, EM ZAMAC CROMADO","PAR   ","CR",28.75]
[36145,"BOTA DE PVC PRETA, CANO MEDIO, SEM FORRO","PAR   ","CR",51.84]
[12893,"BOTA DE SEGURANCA COM BIQUEIRA DE ACO E COLARINHO ACOLCHOADO","PAR   ","CR",86.4]
[11685,"BRACO / CANO PARA CHUVEIRO ELETRICO, EM ALUMINIO, 30 CM X 1/2 \"","UN    ","CR",44.1]
[11680,"BRACO OU HASTE COM CANOPLA PLASTICA, 1/2 \", PARA CHUVEIRO SIMPLES","UN    ","AS",19.23]
[11679,"BRACO OU HASTE RETA COM CANOPLA PLASTICA, 1/2 \", PARA CHUVEIRO ELETRICO","UN    ","AS",26.08]
[2512,"BRACO P/ LUMINARIA PUBLICA 1 X 1,50M ROMAGNOLE OU EQUIV","UN    ","AS",41.05]
[4374,"BUCHA DE NYLON SEM ABA S10","UN    ","CR",0.37]
[7568,"BUCHA DE NYLON SEM ABA S10, COM PARAFUSO DE 6,10 X 65 MM EM ACO ZINCADO COM ROSCA SOBERBA, CABECA CHATA E FENDA PHILLIPS","UN    ","CR",0.61]
[7584,"BUCHA DE NYLON SEM ABA S12, COM PARAFUSO DE 5/16\" X 80 MM EM ACO ZINCADO COM ROSCA SOBERBA E CABECA SEXTAVADA","UN    ","CR",0.93]
[11945,"BUCHA DE NYLON SEM ABA S4","UN    ","CR",0.06]
[11946,"BUCHA DE NYLON SEM ABA S5","UN    ","CR",0.06]
[4375,"BUCHA DE NYLON SEM ABA S6","UN    ","C ",0.1]
[11950,"BUCHA DE NYLON SEM ABA S6, COM PARAFUSO DE 4,20 X 40 MM EM ACO ZINCADO COM ROSCA SOBERBA, CABECA CHATA E FENDA PHILLIPS","UN    ","CR",0.2]
[4376,"BUCHA DE NYLON SEM ABA S8","UN    ","CR",0.19]
[7583,"BUCHA DE NYLON SEM ABA S8, COM PARAFUSO DE 4,80 X 50 MM EM ACO ZINCADO COM ROSCA SOBERBA, CABECA CHATA E FENDA PHILLIPS","UN    ","CR",0.41]
[4350,"BUCHA DE NYLON, DIAMETRO DO FURO 8 MM, COMPRIMENTO 40 MM, COM PARAFUSO DE ROSCA SOBERBA, CABECA CHATA, FENDA SIMPLES, 4,8 X 50 MM","UN    ","CR",0.61]
[44400,"BUCHA DE REDUCAO CPVC, SOLDAVEL, 54 X 28 MM, PARA AGUA QUENTE","UN    ","AS",25.7]
[39886,"BUCHA DE REDUCAO DE COBRE (REF 600-2) SEM ANEL DE SOLDA, PONTA X BOLSA, 22 X 15 MM","UN    ","AS",5.47]
[39887,"BUCHA DE REDUCAO DE COBRE (REF 600-2) SEM ANEL DE SOLDA, PONTA X BOLSA, 28 X 22 MM","UN    ","AS",8.1999999999999993]
[39888,"BUCHA DE REDUCAO DE COBRE (REF 600-2) SEM ANEL DE SOLDA, PONTA X BOLSA, 35 X 28 MM","UN    ","AS",18.760000000000002]
[39890,"BUCHA DE REDUCAO DE COBRE (REF 600-2) SEM ANEL DE SOLDA, PONTA X BOLSA, 42 X 35 MM","UN    ","AS",32.03]
[39891,"BUCHA DE REDUCAO DE COBRE (REF 600-2) SEM ANEL DE SOLDA, PONTA X BOLSA, 54 X 42 MM","UN    ","AS",45.16]
[39892,"BUCHA DE REDUCAO DE COBRE (REF 600-2) SEM ANEL DE SOLDA, PONTA X BOLSA, 66 X 54 MM","UN    ","AS",140.76]
[790,"BUCHA DE REDUCAO DE FERRO GALVANIZADO, COM ROSCA BSP, DE 1 1/2\" X 1 1/4\"","UN    ","AS",23.11]
[766,"BUCHA DE REDUCAO DE FERRO GALVANIZADO, COM ROSCA BSP, DE 1 1/2\" X 1/2\"","UN    ","AS",23.11]
[791,"BUCHA DE REDUCAO DE FERRO GALVANIZADO, COM ROSCA BSP, DE 1 1/2\" X 1\"","UN    ","AS",23.11]
[767,"BUCHA DE REDUCAO DE FERRO GALVANIZADO, COM ROSCA BSP, DE 1 1/2\" X 3/4\"","UN    ","AS",23.11]
[768,"BUCHA DE REDUCAO DE FERRO GALVANIZADO, COM ROSCA BSP, DE 1 1/4\" X 1/2\"","UN    ","AS",18.149999999999999]
[789,"BUCHA DE REDUCAO DE FERRO GALVANIZADO, COM ROSCA BSP, DE 1 1/4\" X 1\"","UN    ","AS",17.760000000000002]
[769,"BUCHA DE REDUCAO DE FERRO GALVANIZADO, COM ROSCA BSP, DE 1 1/4\" X 3/4\"","UN    ","AS",18.149999999999999]
[770,"BUCHA DE REDUCAO DE FERRO GALVANIZADO, COM ROSCA BSP, DE 1/2\" X 1/4\"","UN    ","AS",6.4]
[12394,"BUCHA DE REDUCAO DE FERRO GALVANIZADO, COM ROSCA BSP, DE 1/2\" X 3/8\"","UN    ","AS",6.4]
[764,"BUCHA DE REDUCAO DE FERRO GALVANIZADO, COM ROSCA BSP, DE 1\" X 1/2\"","UN    ","AS",11.17]
[765,"BUCHA DE REDUCAO DE FERRO GALVANIZADO, COM ROSCA BSP, DE 1\" X 3/4\"","UN    ","AS",11.17]
[787,"BUCHA DE REDUCAO DE FERRO GALVANIZADO, COM ROSCA BSP, DE 2 1/2\" X 1 1/2\"","UN    ","AS",49.89]
[774,"BUCHA DE REDUCAO DE FERRO GALVANIZADO, COM ROSCA BSP, DE 2 1/2\" X 1 1/4\"","UN    ","AS",49.89]
[773,"BUCHA DE REDUCAO DE FERRO GALVANIZADO, COM ROSCA BSP, DE 2 1/2\" X 1\"","UN    ","AS",49.89]
[775,"BUCHA DE REDUCAO DE FERRO GALVANIZADO, COM ROSCA BSP, DE 2 1/2\" X 2\"","UN    ","AS",49.89]
[788,"BUCHA DE REDUCAO DE FERRO GALVANIZADO, COM ROSCA BSP, DE 2\" X 1 1/2\"","UN    ","AS",31.01]
[772,"BUCHA DE REDUCAO DE FERRO GALVANIZADO, COM ROSCA BSP, DE 2\" X 1 1/4\"","UN    ","AS",31.01]
[771,"BUCHA DE REDUCAO DE FERRO GALVANIZADO, COM ROSCA BSP, DE 2\" X 1\"","UN    ","AS",31.01]
[779,"BUCHA DE REDUCAO DE FERRO GALVANIZADO, COM ROSCA BSP, DE 3/4\" X 1/2\"","UN    ","AS",7.71]
[776,"BUCHA DE REDUCAO DE FERRO GALVANIZADO, COM ROSCA BSP, DE 3\" X 1 1/2\"","UN    ","AS",73.55]
[777,"BUCHA DE REDUCAO DE FERRO GALVANIZADO, COM ROSCA BSP, DE 3\" X 1 1/4\"","UN    ","AS",71.5]
[780,"BUCHA DE REDUCAO DE FERRO GALVANIZADO, COM ROSCA BSP, DE 3\" X 2 1/2\"","UN    ","AS",71.86]
[778,"BUCHA DE REDUCAO DE FERRO GALVANIZADO, COM ROSCA BSP, DE 3\" X 2\"","UN    ","AS",73.55]
[781,"BUCHA DE REDUCAO DE FERRO GALVANIZADO, COM ROSCA BSP, DE 4\" X 2 1/2\"","UN    ","AS",135.9]
[786,"BUCHA DE REDUCAO DE FERRO GALVANIZADO, COM ROSCA BSP, DE 4\" X 2\"","UN    ","AS",135.9]
[782,"BUCHA DE REDUCAO DE FERRO GALVANIZADO, COM ROSCA BSP, DE 4\" X 3\"","UN    ","AS",135.9]
[783,"BUCHA DE REDUCAO DE FERRO GALVANIZADO, COM ROSCA BSP, DE 5\" X 4\"","UN    ","AS",371.95]
[785,"BUCHA DE REDUCAO DE FERRO GALVANIZADO, COM ROSCA BSP, DE 6\" X 4\"","UN    ","AS",393]
[784,"BUCHA DE REDUCAO DE FERRO GALVANIZADO, COM ROSCA BSP, DE 6\" X 5\"","UN    ","AS",421.59]
[828,"BUCHA DE REDUCAO DE PVC, SOLDAVEL, CURTA, COM 25 X 20 MM, PARA AGUA FRIA PREDIAL","UN    ","CR",0.62]
[829,"BUCHA DE REDUCAO DE PVC, SOLDAVEL, CURTA, COM 32 X 25 MM, PARA AGUA FRIA PREDIAL","UN    ","CR",0.99]
[812,"BUCHA DE REDUCAO DE PVC, SOLDAVEL, CURTA, COM 40 X 32 MM, PARA AGUA FRIA PREDIAL","UN    ","CR",2.19]
[819,"BUCHA DE REDUCAO DE PVC, SOLDAVEL, CURTA, COM 50 X 40 MM, PARA AGUA FRIA PREDIAL","UN    ","CR",3.81]
[818,"BUCHA DE REDUCAO DE PVC, SOLDAVEL, CURTA, COM 60 X 50 MM, PARA AGUA FRIA PREDIAL","UN    ","CR",7.11]
[832,"BUCHA DE REDUCAO DE PVC, SOLDAVEL, LONGA, COM 32 X 20 MM, PARA AGUA FRIA PREDIAL","UN    ","CR",2.93]
[834,"BUCHA DE REDUCAO DE PVC, SOLDAVEL, LONGA, COM 40 X 25 MM, PARA AGUA FRIA PREDIAL","UN    ","CR",3.8]
[813,"BUCHA DE REDUCAO DE PVC, SOLDAVEL, LONGA, COM 50 X 25 MM, PARA AGUA FRIA PREDIAL","UN    ","CR",4.42]
[820,"BUCHA DE REDUCAO DE PVC, SOLDAVEL, LONGA, COM 50 X 32 MM, PARA AGUA FRIA PREDIAL","UN    ","CR",5.95]
[816,"BUCHA DE REDUCAO DE PVC, SOLDAVEL, LONGA, COM 60 X 25 MM, PARA AGUA FRIA PREDIAL","UN    ","CR",10.61]
[814,"BUCHA DE REDUCAO DE PVC, SOLDAVEL, LONGA, COM 60 X 32 MM, PARA AGUA FRIA PREDIAL","UN    ","CR",13.18]
[822,"BUCHA DE REDUCAO DE PVC, SOLDAVEL, LONGA, COM 60 X 50 MM, PARA AGUA FRIA PREDIAL","UN    ","CR",17.2]
[821,"BUCHA DE REDUCAO DE PVC, SOLDAVEL, LONGA, COM 75 X 50 MM, PARA AGUA FRIA PREDIAL","UN    ","CR",19.68]
[20086,"BUCHA DE REDUCAO DE PVC, SOLDAVEL, LONGA, 50 X 40 MM, PARA ESGOTO PREDIAL","UN    ","CR",3.28]
[39191,"BUCHA DE REDUCAO EM ALUMINIO, COM ROSCA, DE 1 1/2\" X 1 1/4\", PARA ELETRODUTO","UN    ","AS",19.68]
[39190,"BUCHA DE REDUCAO EM ALUMINIO, COM ROSCA, DE 1 1/2\" X 1\", PARA ELETRODUTO","UN    ","AS",20.56]
[39189,"BUCHA DE REDUCAO EM ALUMINIO, COM ROSCA, DE 1 1/2\" X 3/4\", PARA ELETRODUTO","UN    ","AS",21.76]
[39186,"BUCHA DE REDUCAO EM ALUMINIO, COM ROSCA, DE 1 1/4\" X 1/2\", PARA ELETRODUTO","UN    ","AS",19.47]
[39188,"BUCHA DE REDUCAO EM ALUMINIO, COM ROSCA, DE 1 1/4\" X 1\", PARA ELETRODUTO","UN    ","AS",16.02]
[39187,"BUCHA DE REDUCAO EM ALUMINIO, COM ROSCA, DE 1 1/4\" X 3/4\", PARA ELETRODUTO","UN    ","AS",16.79]
[39184,"BUCHA DE REDUCAO EM ALUMINIO, COM ROSCA, DE 1\" X 1/2\", PARA ELETRODUTO","UN    ","AS",6.31]
[39185,"BUCHA DE REDUCAO EM ALUMINIO, COM ROSCA, DE 1\" X 3/4\", PARA ELETRODUTO","UN    ","AS",5.76]
[39198,"BUCHA DE REDUCAO EM ALUMINIO, COM ROSCA, DE 2 1/2\" X 1 1/2\", PARA ELETRODUTO","UN    ","AS",64.569999999999993]
[39197,"BUCHA DE REDUCAO EM ALUMINIO, COM ROSCA, DE 2 1/2\" X 1 1/4\", PARA ELETRODUTO","UN    ","AS",67.45]
[39196,"BUCHA DE REDUCAO EM ALUMINIO, COM ROSCA, DE 2 1/2\" X 1\", PARA ELETRODUTO","UN    ","AS",69.56]
[39199,"BUCHA DE REDUCAO EM ALUMINIO, COM ROSCA, DE 2 1/2\" X 2\", PARA ELETRODUTO","UN    ","AS",62.14]
[39195,"BUCHA DE REDUCAO EM ALUMINIO, COM ROSCA, DE 2\" X 1 1/2\", PARA ELETRODUTO","UN    ","AS",35.869999999999997]
[39194,"BUCHA DE REDUCAO EM ALUMINIO, COM ROSCA, DE 2\" X 1 1/4\", PARA ELETRODUTO","UN    ","AS",38.380000000000003]
[39193,"BUCHA DE REDUCAO EM ALUMINIO, COM ROSCA, DE 2\" X 1\", PARA ELETRODUTO","UN    ","AS",42.07]
[39192,"BUCHA DE REDUCAO EM ALUMINIO, COM ROSCA, DE 2\" X 3/4\", PARA ELETRODUTO","UN    ","AS",43.76]
[39920,"BUCHA DE REDUCAO EM ALUMINIO, COM ROSCA, DE 3/4\" X 1/2\",  PARA ELETRODUTO","UN    ","AS",5.3]
[39201,"BUCHA DE REDUCAO EM ALUMINIO, COM ROSCA, DE 3\" X 1 1/2\", PARA ELETRODUTO","UN    ","AS",77.2]
[39200,"BUCHA DE REDUCAO EM ALUMINIO, COM ROSCA, DE 3\" X 1 1/4\", PARA ELETRODUTO","UN    ","AS",77.819999999999993]
[39203,"BUCHA DE REDUCAO EM ALUMINIO, COM ROSCA, DE 3\" X 2 1/2\", PARA ELETRODUTO","UN    ","AS",62.84]
[39202,"BUCHA DE REDUCAO EM ALUMINIO, COM ROSCA, DE 3\" X 2\", PARA ELETRODUTO","UN    ","AS",73.81]
[39205,"BUCHA DE REDUCAO EM ALUMINIO, COM ROSCA, DE 4\" X 2 1/2\", PARA ELETRODUTO","UN    ","AS",123.15]
[39204,"BUCHA DE REDUCAO EM ALUMINIO, COM ROSCA, DE 4\" X 2\", PARA ELETRODUTO","UN    ","AS",126.13]
[39206,"BUCHA DE REDUCAO EM ALUMINIO, COM ROSCA, DE 4\" X 3\", PARA ELETRODUTO","UN    ","AS",119.66]
[798,"BUCHA DE REDUCAO PVC ROSCAVEL 3/4\" X 1/2\"","UN    ","CR",1.22]
[797,"BUCHA DE REDUCAO PVC, ROSCAVEL 1 1/2\" X 1\"","UN    ","CR",8.91]
[796,"BUCHA DE REDUCAO PVC, ROSCAVEL, 1 1/2\" X 3/4\"","UN    ","CR",7.57]
[799,"BUCHA DE REDUCAO PVC, ROSCAVEL, 1\" X 1/2\"","UN    ","CR",3.66]
[792,"BUCHA DE REDUCAO PVC, ROSCAVEL, 1\" X 3/4\"","UN    ","CR",3.54]
[38001,"BUCHA DE REDUCAO, CPVC, SOLDAVEL, 22 X 15 MM, PARA AGUA QUENTE","UN    ","AS",0.95]
[38002,"BUCHA DE REDUCAO, CPVC, SOLDAVEL, 28 X 22 MM, PARA AGUA QUENTE","UN    ","AS",3.32]
[38003,"BUCHA DE REDUCAO, CPVC, SOLDAVEL, 35 X 28 MM, PARA AGUA QUENTE","UN    ","AS",22.66]
[38004,"BUCHA DE REDUCAO, CPVC, SOLDAVEL, 42 X 22 MM, PARA AGUA QUENTE","UN    ","AS",26.06]
[44263,"BUCHA DE REDUCAO, CPVC, SOLDAVEL, 54 X 35 MM, PARA AGUA QUENTE","UN    ","AS",46.78]
[36327,"BUCHA DE REDUCAO, PPR, DN 25 X 20 MM, PARA AGUA QUENTE PREDIAL","UN    ","AS",3.75]
[38992,"BUCHA DE REDUCAO, PPR, DN 32 X 25 MM, PARA AGUA QUENTE E FRIA PREDIAL","UN    ","AS",4.5599999999999996]
[38993,"BUCHA DE REDUCAO, PPR, DN 40 X 25 MM, PARA AGUA QUENTE E FRIA PREDIAL","UN    ","AS",11.85]
[44175,"BUCHA DE REDUCAO, PPR, DN 50 X 25 MM, PARA AGUA QUENTE E FRIA PREDIAL","UN    ","AS",20.68]
[44177,"BUCHA DE REDUCAO, PPR, DN 50 X 32 MM, PARA AGUA QUENTE E FRIA PREDIAL","UN    ","AS",15.45]
[38418,"BUCHA DE REDUCAO, PVC, LONGA, SERIE R, DN 50 X 40 MM, PARA ESGOTO PREDIAL","UN    ","CR",5.63]
[39178,"BUCHA EM ALUMINIO, COM ROSCA, DE  1 1/2\", PARA ELETRODUTO","UN    ","AS",2.13]
[39177,"BUCHA EM ALUMINIO, COM ROSCA, DE 1 1/4\", PARA ELETRODUTO","UN    ","AS",1.92]
[39174,"BUCHA EM ALUMINIO, COM ROSCA, DE 1/2\", PARA ELETRODUTO","UN    ","AS",0.96]
[39176,"BUCHA EM ALUMINIO, COM ROSCA, DE 1\", PARA ELETRODUTO","UN    ","AS",1.26]
[39180,"BUCHA EM ALUMINIO, COM ROSCA, DE 2 1/2\", PARA ELETRODUTO","UN    ","AS",5.78]
[39179,"BUCHA EM ALUMINIO, COM ROSCA, DE 2\", PARA ELETRODUTO","UN    ","AS",5.1100000000000003]
[39175,"BUCHA EM ALUMINIO, COM ROSCA, DE 3/4\", PARA ELETRODUTO","UN    ","AS",1.17]
[39217,"BUCHA EM ALUMINIO, COM ROSCA, DE 3/8\", PARA ELETRODUTO","UN    ","AS",0.91]
[39181,"BUCHA EM ALUMINIO, COM ROSCA, DE 3\", PARA ELETRODUTO","UN    ","AS",7.75]
[39182,"BUCHA EM ALUMINIO, COM ROSCA, DE 4\", PARA ELETRODUTO","UN    ","AS",10.9]
[12616,"CABECEIRA DIREITA OU ESQUERDA, PVC, PARA CALHA PLUVIAL, DIAMETRO ENTRE *119 E 170* MM, PARA DRENAGEM PLUVIAL PREDIAL","UN    ","CR",17.38]
[1049,"CABECOTE PARA ENTRADA DE LINHA DE ALIMENTACAO PARA ELETRODUTO, EM LIGA DE ALUMINIO COM ACABAMENTO ANTI CORROSIVO, COM FIXACAO POR ENCAIXE LISO DE 360 GRAUS, DE 1 1/2\"","UN    ","AS",9.1199999999999992]
[1099,"CABECOTE PARA ENTRADA DE LINHA DE ALIMENTACAO PARA ELETRODUTO, EM LIGA DE ALUMINIO COM ACABAMENTO ANTI CORROSIVO, COM FIXACAO POR ENCAIXE LISO DE 360 GRAUS, DE 1 1/4\"","UN    ","AS",6.98]
[39678,"CABECOTE PARA ENTRADA DE LINHA DE ALIMENTACAO PARA ELETRODUTO, EM LIGA DE ALUMINIO COM ACABAMENTO ANTI CORROSIVO, COM FIXACAO POR ENCAIXE LISO DE 360 GRAUS, DE 1/2\"","UN    ","AS",2.81]
[1050,"CABECOTE PARA ENTRADA DE LINHA DE ALIMENTACAO PARA ELETRODUTO, EM LIGA DE ALUMINIO COM ACABAMENTO ANTI CORROSIVO, COM FIXACAO POR ENCAIXE LISO DE 360 GRAUS, DE 1\"","UN    ","AS",4.7699999999999996]
[1101,"CABECOTE PARA ENTRADA DE LINHA DE ALIMENTACAO PARA ELETRODUTO, EM LIGA DE ALUMINIO COM ACABAMENTO ANTI CORROSIVO, COM FIXACAO POR ENCAIXE LISO DE 360 GRAUS, DE 2 1/2\"","UN    ","AS",30.09]
[1100,"CABECOTE PARA ENTRADA DE LINHA DE ALIMENTACAO PARA ELETRODUTO, EM LIGA DE ALUMINIO COM ACABAMENTO ANTI CORROSIVO, COM FIXACAO POR ENCAIXE LISO DE 360 GRAUS, DE 2\"","UN    ","AS",15.53]
[39679,"CABECOTE PARA ENTRADA DE LINHA DE ALIMENTACAO PARA ELETRODUTO, EM LIGA DE ALUMINIO COM ACABAMENTO ANTI CORROSIVO, COM FIXACAO POR ENCAIXE LISO DE 360 GRAUS, DE 3 1/2\"","UN    ","AS",59.98]
[1098,"CABECOTE PARA ENTRADA DE LINHA DE ALIMENTACAO PARA ELETRODUTO, EM LIGA DE ALUMINIO COM ACABAMENTO ANTI CORROSIVO, COM FIXACAO POR ENCAIXE LISO DE 360 GRAUS, DE 3/4\"","UN    ","AS",3.72]
[1102,"CABECOTE PARA ENTRADA DE LINHA DE ALIMENTACAO PARA ELETRODUTO, EM LIGA DE ALUMINIO COM ACABAMENTO ANTI CORROSIVO, COM FIXACAO POR ENCAIXE LISO DE 360 GRAUS, DE 3\"","UN    ","AS",44.87]
[1051,"CABECOTE PARA ENTRADA DE LINHA DE ALIMENTACAO PARA ELETRODUTO, EM LIGA DE ALUMINIO COM ACABAMENTO ANTI CORROSIVO, COM FIXACAO POR ENCAIXE LISO DE 360 GRAUS, DE 4\"","UN    ","AS",65.22]
[37399,"CABIDE/GANCHO DE BANHEIRO SIMPLES EM METAL CROMADO","UN    ","CR",33.619999999999997]
[43834,"CABO COAXIAL RG11 95% DE MALHA","M     ","CR",16.59]
[43835,"CABO COAXIAL RG59 95% DE MALHA","M     ","CR",1.48]
[43833,"CABO COAXIAL RG6 95% DE MALHA","M     ","CR",1.54]
[41955,"CABO DE ACO GALVANIZADO, DIAMETRO 12,7 MM (1/2\"), COM ALMA DE ACO CABO INDEPENDENTE 6 X 25 F","KG    ","CR",83.67]
[41953,"CABO DE ACO GALVANIZADO, DIAMETRO 12,7 MM (1/2\"), COM ALMA DE FIBRA 6 X 25 F","KG    ","CR",79.849999999999994]
[41954,"CABO DE ACO GALVANIZADO, DIAMETRO 9,53 MM (3/8\"), COM ALMA DE FIBRA 6 X 25 F","KG    ","CR",79.09]
[25004,"CABO DE ALUMINIO NU COM ALMA DE ACO, BITOLA 1/0 AWG","KG    ","CR",59.08]
[25002,"CABO DE ALUMINIO NU COM ALMA DE ACO, BITOLA 2 AWG","KG    ","CR",59.08]
[37409,"CABO DE ALUMINIO NU COM ALMA DE ACO, BITOLA 2/0 AWG","KG    ","CR",59.08]
[841,"CABO DE ALUMINIO NU COM ALMA DE ACO, BITOLA 4 AWG","KG    ","CR",59.81]
[25005,"CABO DE ALUMINIO NU SEM ALMA DE ACO, BITOLA 1/0 AWG","KG    ","CR",64.83]
[25003,"CABO DE ALUMINIO NU SEM ALMA DE ACO, BITOLA 2 AWG","KG    ","CR",65.81]
[37410,"CABO DE ALUMINIO NU SEM ALMA DE ACO, BITOLA 2/0 AWG","KG    ","CR",64.83]
[842,"CABO DE ALUMINIO NU SEM ALMA DE ACO, BITOLA 4 AWG","KG    ","CR",65.760000000000005]
[44391,"CABO DE COBRE FLEXIVEL NAO HALOGENADO, SEM EMISSAO DE FUMACA, 750V, SECAO NOMINAL 120 MM","M     ","CR",140.12]
[44388,"CABO DE COBRE FLEXIVEL NAO HALOGENADO, SEM EMISSAO DE FUMACA, 750V, SECAO NOMINAL 2,5 MM","M     ","CR",3.03]
[44392,"CABO DE COBRE FLEXIVEL NAO HALOGENADO, SEM EMISSAO DE FUMACA, 750V, SECAO NOMINAL 240 MM","M     ","CR",278.99]
[44390,"CABO DE COBRE FLEXIVEL NAO HALOGENADO, SEM EMISSAO DE FUMACA, 750V, SECAO NOMINAL 50 MM","M     ","CR",59.11]
[44389,"CABO DE COBRE FLEXIVEL NAO HALOGENADO, SEM EMISSAO DE FUMACA, 750V, SECAO NOMINAL 6,0 MM","M     ","CR",6.98]
[862,"CABO DE COBRE NU 10 MM2 MEIO-DURO","M     ","CR",12.78]
[866,"CABO DE COBRE NU 120 MM2 MEIO-DURO","M     ","CR",162.46]
[892,"CABO DE COBRE NU 150 MM2 MEIO-DURO","M     ","CR",196.65]
[857,"CABO DE COBRE NU 16 MM2 MEIO-DURO","M     ","CR",21.39]
[37404,"CABO DE COBRE NU 185 MM2 MEIO-DURO","M     ","CR",227.52]
[868,"CABO DE COBRE NU 25 MM2 MEIO-DURO","M     ","CR",30.48]
[863,"CABO DE COBRE NU 35 MM2 MEIO-DURO","M     ","CR",44.89]
[867,"CABO DE COBRE NU 50 MM2 MEIO-DURO","M     ","CR",63.95]
[864,"CABO DE COBRE NU 70 MM2 MEIO-DURO","M     ","CR",84.47]
[865,"CABO DE COBRE NU 95 MM2 MEIO-DURO","M     ","CR",121.5]
[993,"CABO DE COBRE, FLEXIVEL, CLASSE 4 OU 5, ISOLACAO EM PVC/A, ANTICHAMA BWF-B, COBERTURA PVC-ST1, ANTICHAMA BWF-B, 1 CONDUTOR, 0,6/1 KV, SECAO NOMINAL 1,5 MM2","M     ","CR",2.31]
[1020,"CABO DE COBRE, FLEXIVEL, CLASSE 4 OU 5, ISOLACAO EM PVC/A, ANTICHAMA BWF-B, COBERTURA PVC-ST1, ANTICHAMA BWF-B, 1 CONDUTOR, 0,6/1 KV, SECAO NOMINAL 10 MM2","M     ","CR",11.79]
[1017,"CABO DE COBRE, FLEXIVEL, CLASSE 4 OU 5, ISOLACAO EM PVC/A, ANTICHAMA BWF-B, COBERTURA PVC-ST1, ANTICHAMA BWF-B, 1 CONDUTOR, 0,6/1 KV, SECAO NOMINAL 120 MM2","M     ","CR",144.47]
[999,"CABO DE COBRE, FLEXIVEL, CLASSE 4 OU 5, ISOLACAO EM PVC/A, ANTICHAMA BWF-B, COBERTURA PVC-ST1, ANTICHAMA BWF-B, 1 CONDUTOR, 0,6/1 KV, SECAO NOMINAL 150 MM2","M     ","CR",175.02]
[995,"CABO DE COBRE, FLEXIVEL, CLASSE 4 OU 5, ISOLACAO EM PVC/A, ANTICHAMA BWF-B, COBERTURA PVC-ST1, ANTICHAMA BWF-B, 1 CONDUTOR, 0,6/1 KV, SECAO NOMINAL 16 MM2","M     ","CR",18.77]
[1000,"CABO DE COBRE, FLEXIVEL, CLASSE 4 OU 5, ISOLACAO EM PVC/A, ANTICHAMA BWF-B, COBERTURA PVC-ST1, ANTICHAMA BWF-B, 1 CONDUTOR, 0,6/1 KV, SECAO NOMINAL 185 MM2","M     ","CR",214.98]
[1022,"CABO DE COBRE, FLEXIVEL, CLASSE 4 OU 5, ISOLACAO EM PVC/A, ANTICHAMA BWF-B, COBERTURA PVC-ST1, ANTICHAMA BWF-B, 1 CONDUTOR, 0,6/1 KV, SECAO NOMINAL 2,5 MM2","M     ","CR",3.22]
[1015,"CABO DE COBRE, FLEXIVEL, CLASSE 4 OU 5, ISOLACAO EM PVC/A, ANTICHAMA BWF-B, COBERTURA PVC-ST1, ANTICHAMA BWF-B, 1 CONDUTOR, 0,6/1 KV, SECAO NOMINAL 240 MM2","M     ","CR",285.68]
[996,"CABO DE COBRE, FLEXIVEL, CLASSE 4 OU 5, ISOLACAO EM PVC/A, ANTICHAMA BWF-B, COBERTURA PVC-ST1, ANTICHAMA BWF-B, 1 CONDUTOR, 0,6/1 KV, SECAO NOMINAL 25 MM2","M     ","CR",29.11]
[1001,"CABO DE COBRE, FLEXIVEL, CLASSE 4 OU 5, ISOLACAO EM PVC/A, ANTICHAMA BWF-B, COBERTURA PVC-ST1, ANTICHAMA BWF-B, 1 CONDUTOR, 0,6/1 KV, SECAO NOMINAL 300 MM2","M     ","CR",370.66]
[1019,"CABO DE COBRE, FLEXIVEL, CLASSE 4 OU 5, ISOLACAO EM PVC/A, ANTICHAMA BWF-B, COBERTURA PVC-ST1, ANTICHAMA BWF-B, 1 CONDUTOR, 0,6/1 KV, SECAO NOMINAL 35 MM2","M     ","CR",41.13]
[1021,"CABO DE COBRE, FLEXIVEL, CLASSE 4 OU 5, ISOLACAO EM PVC/A, ANTICHAMA BWF-B, COBERTURA PVC-ST1, ANTICHAMA BWF-B, 1 CONDUTOR, 0,6/1 KV, SECAO NOMINAL 4 MM2","M     ","CR",4.9400000000000004]
[39249,"CABO DE COBRE, FLEXIVEL, CLASSE 4 OU 5, ISOLACAO EM PVC/A, ANTICHAMA BWF-B, COBERTURA PVC-ST1, ANTICHAMA BWF-B, 1 CONDUTOR, 0,6/1 KV, SECAO NOMINAL 400 MM2","M     ","CR",498.38]
[1018,"CABO DE COBRE, FLEXIVEL, CLASSE 4 OU 5, ISOLACAO EM PVC/A, ANTICHAMA BWF-B, COBERTURA PVC-ST1, ANTICHAMA BWF-B, 1 CONDUTOR, 0,6/1 KV, SECAO NOMINAL 50 MM2","M     ","CR",60.82]
[39250,"CABO DE COBRE, FLEXIVEL, CLASSE 4 OU 5, ISOLACAO EM PVC/A, ANTICHAMA BWF-B, COBERTURA PVC-ST1, ANTICHAMA BWF-B, 1 CONDUTOR, 0,6/1 KV, SECAO NOMINAL 500 MM2","M     ","CR",596.16999999999996]
[994,"CABO DE COBRE, FLEXIVEL, CLASSE 4 OU 5, ISOLACAO EM PVC/A, ANTICHAMA BWF-B, COBERTURA PVC-ST1, ANTICHAMA BWF-B, 1 CONDUTOR, 0,6/1 KV, SECAO NOMINAL 6 MM2","M     ","CR",7.19]
[977,"CABO DE COBRE, FLEXIVEL, CLASSE 4 OU 5, ISOLACAO EM PVC/A, ANTICHAMA BWF-B, COBERTURA PVC-ST1, ANTICHAMA BWF-B, 1 CONDUTOR, 0,6/1 KV, SECAO NOMINAL 70 MM2","M     ","CR",85.09]
[998,"CABO DE COBRE, FLEXIVEL, CLASSE 4 OU 5, ISOLACAO EM PVC/A, ANTICHAMA BWF-B, COBERTURA PVC-ST1, ANTICHAMA BWF-B, 1 CONDUTOR, 0,6/1 KV, SECAO NOMINAL 95 MM2","M     ","CR",110.47]
[39251,"CABO DE COBRE, FLEXIVEL, CLASSE 4 OU 5, ISOLACAO EM PVC/A, ANTICHAMA BWF-B, 1 CONDUTOR, 450/750 V, SECAO NOMINAL 0,5 MM2","M     ","CR",0.8]
[1011,"CABO DE COBRE, FLEXIVEL, CLASSE 4 OU 5, ISOLACAO EM PVC/A, ANTICHAMA BWF-B, 1 CONDUTOR, 450/750 V, SECAO NOMINAL 0,75 MM2","M     ","CR",1.0900000000000001]
[39252,"CABO DE COBRE, FLEXIVEL, CLASSE 4 OU 5, ISOLACAO EM PVC/A, ANTICHAMA BWF-B, 1 CONDUTOR, 450/750 V, SECAO NOMINAL 1,0 MM2","M     ","CR",1.43]
[1013,"CABO DE COBRE, FLEXIVEL, CLASSE 4 OU 5, ISOLACAO EM PVC/A, ANTICHAMA BWF-B, 1 CONDUTOR, 450/750 V, SECAO NOMINAL 1,5 MM2","M     ","CR",1.71]
[980,"CABO DE COBRE, FLEXIVEL, CLASSE 4 OU 5, ISOLACAO EM PVC/A, ANTICHAMA BWF-B, 1 CONDUTOR, 450/750 V, SECAO NOMINAL 10 MM2","M     ","CR",12.36]
[39237,"CABO DE COBRE, FLEXIVEL, CLASSE 4 OU 5, ISOLACAO EM PVC/A, ANTICHAMA BWF-B, 1 CONDUTOR, 450/750 V, SECAO NOMINAL 120 MM2","M     ","CR",131.52000000000001]
[39238,"CABO DE COBRE, FLEXIVEL, CLASSE 4 OU 5, ISOLACAO EM PVC/A, ANTICHAMA BWF-B, 1 CONDUTOR, 450/750 V, SECAO NOMINAL 150 MM2","M     ","CR",165.87]
[979,"CABO DE COBRE, FLEXIVEL, CLASSE 4 OU 5, ISOLACAO EM PVC/A, ANTICHAMA BWF-B, 1 CONDUTOR, 450/750 V, SECAO NOMINAL 16 MM2","M     ","CR",17.66]
[39239,"CABO DE COBRE, FLEXIVEL, CLASSE 4 OU 5, ISOLACAO EM PVC/A, ANTICHAMA BWF-B, 1 CONDUTOR, 450/750 V, SECAO NOMINAL 185 MM2","M     ","CR",200.39]
[1014,"CABO DE COBRE, FLEXIVEL, CLASSE 4 OU 5, ISOLACAO EM PVC/A, ANTICHAMA BWF-B, 1 CONDUTOR, 450/750 V, SECAO NOMINAL 2,5 MM2","M     ","CR",2.71]
[39240,"CABO DE COBRE, FLEXIVEL, CLASSE 4 OU 5, ISOLACAO EM PVC/A, ANTICHAMA BWF-B, 1 CONDUTOR, 450/750 V, SECAO NOMINAL 240 MM2","M     ","CR",263.57]
[39232,"CABO DE COBRE, FLEXIVEL, CLASSE 4 OU 5, ISOLACAO EM PVC/A, ANTICHAMA BWF-B, 1 CONDUTOR, 450/750 V, SECAO NOMINAL 25 MM2","M     ","CR",27.66]
[39233,"CABO DE COBRE, FLEXIVEL, CLASSE 4 OU 5, ISOLACAO EM PVC/A, ANTICHAMA BWF-B, 1 CONDUTOR, 450/750 V, SECAO NOMINAL 35 MM2","M     ","CR",40.32]
[981,"CABO DE COBRE, FLEXIVEL, CLASSE 4 OU 5, ISOLACAO EM PVC/A, ANTICHAMA BWF-B, 1 CONDUTOR, 450/750 V, SECAO NOMINAL 4 MM2","M     ","C ",4.5]
[39234,"CABO DE COBRE, FLEXIVEL, CLASSE 4 OU 5, ISOLACAO EM PVC/A, ANTICHAMA BWF-B, 1 CONDUTOR, 450/750 V, SECAO NOMINAL 50 MM2","M     ","CR",56.12]
[982,"CABO DE COBRE, FLEXIVEL, CLASSE 4 OU 5, ISOLACAO EM PVC/A, ANTICHAMA BWF-B, 1 CONDUTOR, 450/750 V, SECAO NOMINAL 6 MM2","M     ","CR",6.47]
[39235,"CABO DE COBRE, FLEXIVEL, CLASSE 4 OU 5, ISOLACAO EM PVC/A, ANTICHAMA BWF-B, 1 CONDUTOR, 450/750 V, SECAO NOMINAL 70 MM2","M     ","CR",82.77]
[39236,"CABO DE COBRE, FLEXIVEL, CLASSE 4 OU 5, ISOLACAO EM PVC/A, ANTICHAMA BWF-B, 1 CONDUTOR, 450/750 V, SECAO NOMINAL 95 MM2","M     ","CR",109.69]
[990,"CABO DE COBRE, RIGIDO, CLASSE 2, ISOLACAO EM PVC/A, ANTICHAMA BWF-B, 1 CONDUTOR, 450/750 V, SECAO NOMINAL 150 MM2","M     ","CR",194.64]
[39241,"CABO DE COBRE, RIGIDO, CLASSE 2, ISOLACAO EM PVC/A, ANTICHAMA BWF-B, 1 CONDUTOR, 450/750 V, SECAO NOMINAL 16 MM2","M     ","CR",19.16]
[1005,"CABO DE COBRE, RIGIDO, CLASSE 2, ISOLACAO EM PVC/A, ANTICHAMA BWF-B, 1 CONDUTOR, 450/750 V, SECAO NOMINAL 185 MM2","M     ","CR",242.34]
[991,"CABO DE COBRE, RIGIDO, CLASSE 2, ISOLACAO EM PVC/A, ANTICHAMA BWF-B, 1 CONDUTOR, 450/750 V, SECAO NOMINAL 240 MM2","M     ","CR",317.41000000000003]
[986,"CABO DE COBRE, RIGIDO, CLASSE 2, ISOLACAO EM PVC/A, ANTICHAMA BWF-B, 1 CONDUTOR, 450/750 V, SECAO NOMINAL 25 MM2","M     ","CR",30.27]
[987,"CABO DE COBRE, RIGIDO, CLASSE 2, ISOLACAO EM PVC/A, ANTICHAMA BWF-B, 1 CONDUTOR, 450/750 V, SECAO NOMINAL 35 MM2","M     ","CR",41.44]
[1007,"CABO DE COBRE, RIGIDO, CLASSE 2, ISOLACAO EM PVC/A, ANTICHAMA BWF-B, 1 CONDUTOR, 450/750 V, SECAO NOMINAL 50 MM2","M     ","CR",57.37]
[1008,"CABO DE COBRE, RIGIDO, CLASSE 2, ISOLACAO EM PVC/A, ANTICHAMA BWF-B, 1 CONDUTOR, 450/750 V, SECAO NOMINAL 6 MM2","M     ","CR",7.28]
[988,"CABO DE COBRE, RIGIDO, CLASSE 2, ISOLACAO EM PVC/A, ANTICHAMA BWF-B, 1 CONDUTOR, 450/750 V, SECAO NOMINAL 70 MM2","M     ","CR",79.099999999999994]
[989,"CABO DE COBRE, RIGIDO, CLASSE 2, ISOLACAO EM PVC/A, ANTICHAMA BWF-B, 1 CONDUTOR, 450/750 V, SECAO NOMINAL 95 MM2","M     ","CR",109.19]
[1006,"CABO DE COBRE, RIGIDO, CLASSE 2, ISOLACAO EM PVC, ANTI-CHAMA BWF-B, 1 CONDUTOR, 450/750 V, DIAMETRO 120 MM2","M     ","CR",146.38]
[43972,"CABO DE REDE, PAR TRANCADO U/UTP, 4 PARES, CATEGORIA 5E (CAT 5E), ISOLAMENTO PVC (CM)","M     ","CR",3.17]
[43971,"CABO DE REDE, PAR TRANCADO U/UTP, 4 PARES, CATEGORIA 5E (CAT 5E), ISOLAMENTO PVC (CMX)","M     ","C ",2.42]
[39598,"CABO DE REDE, PAR TRANCADO U/UTP, 4 PARES, CATEGORIA 5E (CAT 5E), ISOLAMENTO PVC (LSZH)","M     ","CR",4.4800000000000004]
[43973,"CABO DE REDE, PAR TRANCADO U/UTP, 4 PARES, CATEGORIA 6 (CAT 6), ISOLAMENTO PVC (CM)","M     ","CR",3.31]
[39599,"CABO DE REDE, PAR TRANCADO UTP, 4 PARES, CATEGORIA 6 (CAT 6), ISOLAMENTO PVC (LSZH)","M     ","CR",6.45]
[43832,"CABO ELETRONICO CATEGORIA 6A U/UTP 23AWG X 4P","M     ","CR",17]
[34602,"CABO FLEXIVEL PVC 750 V, 2 CONDUTORES DE 1,5 MM2","M     ","CR",5.01]
[34607,"CABO FLEXIVEL PVC 750 V, 2 CONDUTORES DE 4,0 MM2","M     ","CR",12.27]
[34609,"CABO FLEXIVEL PVC 750 V, 2 CONDUTORES DE 6,0 MM2","M     ","CR",17.850000000000001]
[34618,"CABO FLEXIVEL PVC 750 V, 3 CONDUTORES DE 1,5 MM2","M     ","CR",6.83]
[34621,"CABO FLEXIVEL PVC 750 V, 3 CONDUTORES DE 4,0 MM2","M     ","CR",16.920000000000002]
[34622,"CABO FLEXIVEL PVC 750 V, 3 CONDUTORES DE 6,0 MM2","M     ","CR",25.14]
[34624,"CABO FLEXIVEL PVC 750 V, 4 CONDUTORES DE 1,5 MM2","M     ","CR",9.1199999999999992]
[34627,"CABO FLEXIVEL PVC 750 V, 4 CONDUTORES DE 4,0 MM2","M     ","CR",21.98]
[34629,"CABO FLEXIVEL PVC 750 V, 4 CONDUTORES DE 6,0 MM2","M     ","CR",33.590000000000003]
[39257,"CABO MULTIPOLAR DE COBRE, FLEXIVEL, CLASSE 4 OU 5, ISOLACAO EM HEPR, COBERTURA EM PVC-ST2, ANTICHAMA BWF-B, 0,6/1 KV, 3 CONDUTORES DE 1,5 MM2","M     ","CR",6.83]
[39261,"CABO MULTIPOLAR DE COBRE, FLEXIVEL, CLASSE 4 OU 5, ISOLACAO EM HEPR, COBERTURA EM PVC-ST2, ANTICHAMA BWF-B, 0,6/1 KV, 3 CONDUTORES DE 10 MM2","M     ","CR",39.130000000000003]
[39268,"CABO MULTIPOLAR DE COBRE, FLEXIVEL, CLASSE 4 OU 5, ISOLACAO EM HEPR, COBERTURA EM PVC-ST2, ANTICHAMA BWF-B, 0,6/1 KV, 3 CONDUTORES DE 120 MM2","M     ","CR",611.64]
[39262,"CABO MULTIPOLAR DE COBRE, FLEXIVEL, CLASSE 4 OU 5, ISOLACAO EM HEPR, COBERTURA EM PVC-ST2, ANTICHAMA BWF-B, 0,6/1 KV, 3 CONDUTORES DE 16 MM2","M     ","CR",62.31]
[39258,"CABO MULTIPOLAR DE COBRE, FLEXIVEL, CLASSE 4 OU 5, ISOLACAO EM HEPR, COBERTURA EM PVC-ST2, ANTICHAMA BWF-B, 0,6/1 KV, 3 CONDUTORES DE 2,5 MM2","M     ","CR",10.3]
[39263,"CABO MULTIPOLAR DE COBRE, FLEXIVEL, CLASSE 4 OU 5, ISOLACAO EM HEPR, COBERTURA EM PVC-ST2, ANTICHAMA BWF-B, 0,6/1 KV, 3 CONDUTORES DE 25 MM2","M     ","CR",107.75]
[39264,"CABO MULTIPOLAR DE COBRE, FLEXIVEL, CLASSE 4 OU 5, ISOLACAO EM HEPR, COBERTURA EM PVC-ST2, ANTICHAMA BWF-B, 0,6/1 KV, 3 CONDUTORES DE 35 MM2","M     ","CR",149.27000000000001]
[39259,"CABO MULTIPOLAR DE COBRE, FLEXIVEL, CLASSE 4 OU 5, ISOLACAO EM HEPR, COBERTURA EM PVC-ST2, ANTICHAMA BWF-B, 0,6/1 KV, 3 CONDUTORES DE 4 MM2","M     ","CR",15.86]
[39265,"CABO MULTIPOLAR DE COBRE, FLEXIVEL, CLASSE 4 OU 5, ISOLACAO EM HEPR, COBERTURA EM PVC-ST2, ANTICHAMA BWF-B, 0,6/1 KV, 3 CONDUTORES DE 50 MM2","M     ","CR",202.65]
[39260,"CABO MULTIPOLAR DE COBRE, FLEXIVEL, CLASSE 4 OU 5, ISOLACAO EM HEPR, COBERTURA EM PVC-ST2, ANTICHAMA BWF-B, 0,6/1 KV, 3 CONDUTORES DE 6 MM2","M     ","CR",24.29]
[39266,"CABO MULTIPOLAR DE COBRE, FLEXIVEL, CLASSE 4 OU 5, ISOLACAO EM HEPR, COBERTURA EM PVC-ST2, ANTICHAMA BWF-B, 0,6/1 KV, 3 CONDUTORES DE 70 MM2","M     ","CR",305.8]
[39267,"CABO MULTIPOLAR DE COBRE, FLEXIVEL, CLASSE 4 OU 5, ISOLACAO EM HEPR, COBERTURA EM PVC-ST2, ANTICHAMA BWF-B, 0,6/1 KV, 3 CONDUTORES DE 95 MM2","M     ","CR",382.33]
[11901,"CABO TELEFONICO CCI 50, 1 PAR, USO INTERNO, SEM BLINDAGEM","M     ","CR",0.57999999999999996]
[11902,"CABO TELEFONICO CCI 50, 2 PARES, USO INTERNO, SEM BLINDAGEM","M     ","CR",1.1100000000000001]
[11903,"CABO TELEFONICO CCI 50, 3 PARES, USO INTERNO, SEM BLINDAGEM","M     ","CR",1.18]
[11904,"CABO TELEFONICO CCI 50, 4 PARES, USO INTERNO, SEM BLINDAGEM","M     ","CR",1.78]
[11905,"CABO TELEFONICO CCI 50, 5 PARES, USO INTERNO, SEM BLINDAGEM","M     ","CR",2.1800000000000002]
[11906,"CABO TELEFONICO CCI 50, 6 PARES, USO INTERNO, SEM BLINDAGEM","M     ","CR",2.77]
[11919,"CABO TELEFONICO CI 50, 10 PARES, USO INTERNO","M     ","CR",5.07]
[11920,"CABO TELEFONICO CI 50, 20 PARES, USO INTERNO","M     ","CR",9.64]
[11924,"CABO TELEFONICO CI 50, 200 PARES, USO INTERNO","M     ","CR",80.959999999999994]
[11921,"CABO TELEFONICO CI 50, 30 PARES, USO INTERNO","M     ","CR",14.11]
[11922,"CABO TELEFONICO CI 50, 50 PARES, USO INTERNO","M     ","CR",22.82]
[11923,"CABO TELEFONICO CI 50, 75 PARES, USO INTERNO","M     ","CR",33.4]
[11916,"CABO TELEFONICO CTP - APL - 50, 10 PARES, USO EXTERNO","M     ","CR",6.94]
[11914,"CABO TELEFONICO CTP - APL - 50, 100 PARES, USO EXTERNO","M     ","CR",50.04]
[11917,"CABO TELEFONICO CTP - APL - 50, 20 PARES, USO EXTERNO","M     ","CR",12.23]
[11918,"CABO TELEFONICO CTP - APL - 50, 30 PARES, USO EXTERNO","M     ","CR",14.51]
[37734,"CACAMBA METALICA BASCULANTE COM CAPACIDADE DE 10 M3 (INCLUI MONTAGEM, NAO INCLUI CAMINHAO)","UN    ","AS",74370.78]
[42251,"CACAMBA METALICA BASCULANTE COM CAPACIDADE DE 12 M3 (INCLUI MONTAGEM, NAO INCLUI CAMINHAO)","UN    ","AS",84452.56]
[37733,"CACAMBA METALICA BASCULANTE COM CAPACIDADE DE 6 M3 (INCLUI MONTAGEM, NAO INCLUI CAMINHAO)","UN    ","AS",55762.93]
[37735,"CACAMBA METALICA BASCULANTE COM CAPACIDADE DE 8 M3 (INCLUI MONTAGEM, NAO INCLUI CAMINHAO)","UN    ","AS",67194.33]
[5090,"CADEADO SIMPLES, CORPO EM LATAO MACICO, COM LARGURA DE 25 MM E ALTURA DE APROX 25 MM, HASTE CEMENTADA (NAO LONGA), EM ACO TEMPERADO COM DIAMETRO DE APROX 5,0 MM, INCLUINDO 2 CHAVES","UN    ","C ",21.1]
[5085,"CADEADO SIMPLES, CORPO EM LATAO MACICO, COM LARGURA DE 35 MM E ALTURA DE APROX 30 MM, HASTE CEMENTADA (NAO LONGA), EM ACO TEMPERADO COM DIAMETRO DE APROX 6,0 MM, INCLUINDO 2 CHAVES","UN    ","CR",31.41]
[43603,"CADEADO SIMPLES, CORPO EM LATAO MACICO, COM LARGURA DE 50 MM E ALTURA DE APROX 40 MM, HASTE CEMENTADA EM ACO TEMPERADO COM DIAMETRO DE APROX 8,0 MM, INCLUINDO 2 CHAVES","UN    ","CR",44.87]
[38374,"CADEIRA SUSPENSA MANUAL / BALANCIM INDIVIDUAL (NBR 14751)","UN    ","CR",1299.51]
[20212,"CAIBRO APARELHADO *6 X 8* CM, EM MACARANDUBA/MASSARANDUBA, ANGELIM OU EQUIVALENTE DA REGIAO","M     ","CR",13.07]
[20209,"CAIBRO APARELHADO *7,5 X 7,5* CM, EM MACARANDUBA/MASSARANDUBA, ANGELIM OU EQUIVALENTE DA REGIAO","M     ","CR",15.61]
[4430,"CAIBRO NAO APARELHADO *5 X 6* CM, EM MACARANDUBA/MASSARANDUBA, ANGELIM OU EQUIVALENTE DA REGIAO - BRUTA","M     ","C ",7.65]
[4433,"CAIBRO NAO APARELHADO *6 X 6* CM, EM MACARANDUBA/MASSARANDUBA, ANGELIM OU EQUIVALENTE DA REGIAO - BRUTA","M     ","CR",14.96]
[4400,"CAIBRO NAO APARELHADO, *6 X 8* CM, EM MACARANDUBA/MASSARANDUBA, ANGELIM OU EQUIVALENTE DA REGIAO - BRUTA","M     ","CR",12.17]
[2729,"CAIBRO ROLICO DE MADEIRA TRATADA, D = 4 A 7 CM, H = 3,00 M, EM EUCALIPTO OU EQUIVALENTE DA REGIAO","UN    ","AS",24.74]
[4513,"CAIBRO 5 X 5 CM EM PINUS, MISTA OU EQUIVALENTE DA REGIAO - BRUTA","M     ","CR",6.68]
[37106,"CAIXA D'AGUA / RESERVATORIO EM POLIESTER REFORCADO COM FIBRA DE VIDRO, 10000 LITROS, COM TAMPA","UN    ","CR",4067.91]
[11869,"CAIXA D'AGUA / RESERVATORIO EM POLIESTER REFORCADO COM FIBRA DE VIDRO, 1500 LITROS, COM TAMPA","UN    ","CR",813.58]
[43981,"CAIXA D'AGUA / RESERVATORIO EM POLIESTER REFORCADO COM FIBRA DE VIDRO, 15000 LITROS, COM TAMPA","UN    ","CR",6130.3]
[37104,"CAIXA D'AGUA / RESERVATORIO EM POLIESTER REFORCADO COM FIBRA DE VIDRO, 2000 LITROS, COM TAMPA","UN    ","CR",1021.06]
[43982,"CAIXA D'AGUA / RESERVATORIO EM POLIESTER REFORCADO COM FIBRA DE VIDRO, 20000 LITROS, COM TAMPA","UN    ","CR",9684.34]
[43978,"CAIXA D'AGUA / RESERVATORIO EM POLIESTER REFORCADO COM FIBRA DE VIDRO, 3000 LITROS, COM TAMPA","UN    ","CR",1513.19]
[11871,"CAIXA D'AGUA / RESERVATORIO EM POLIESTER REFORCADO COM FIBRA DE VIDRO, 500 LITROS, COM TAMPA","UN    ","CR",379.25]
[37105,"CAIXA D'AGUA / RESERVATORIO EM POLIESTER REFORCADO COM FIBRA DE VIDRO, 5000 LITROS, COM TAMPA","UN    ","CR",2333.5100000000002]
[43980,"CAIXA D'AGUA / RESERVATORIO EM POLIESTER REFORCADO COM FIBRA DE VIDRO, 7000 LITROS, COM TAMPA","UN    ","CR",2906.15]
[43979,"CAIXA D'AGUA / RESERVATORIO EM POLIESTER REFORCADO COM FIBRA DE VIDRO, 750 LITROS, COM TAMPA","UN    ","CR",546.03]
[11868,"CAIXA D'AGUA / RESERVATORIO EM POLIESTER REFORCADO COM FIBRA DE VIDRO,1000 LITROS, COM TAMPA","UN    ","CR",528.07000000000005]
[34636,"CAIXA D'AGUA / RESERVATORIO EM POLIETILENO, 1000 LITROS, COM TAMPA","UN    ","C ",375]
[34639,"CAIXA D'AGUA / RESERVATORIO EM POLIETILENO, 1500 LITROS, COM TAMPA","UN    ","CR",865.56]
[34640,"CAIXA D'AGUA / RESERVATORIO EM POLIETILENO, 2000 LITROS, COM TAMPA","UN    ","CR",981.85]
[43977,"CAIXA D'AGUA / RESERVATORIO EM POLIETILENO, 3000 LITROS, COM TAMPA","UN    ","CR",1692.65]
[34637,"CAIXA D'AGUA / RESERVATORIO EM POLIETILENO, 500 LITROS, COM TAMPA","UN    ","CR",226.78]
[34638,"CAIXA D'AGUA / RESERVATORIO EM POLIETILENO, 750 LITROS, COM TAMPA","UN    ","CR",350.78]
[34641,"CAIXA DE ATERRAMENTO EM CONCRETO PRE-MOLDADO, DIAMETRO DE 0,30 M E ALTURA DE 0,35 M, SEM FUNDO E COM TAMPA","UN    ","AS",100.23]
[43434,"CAIXA DE CONCRETO ARMADO PRE-MOLDADO, COM FUNDO E SEM TAMPA, DIMENSOES DE 0,30 X 0,30 X 0,30 M","UN    ","AS",108.36]
[43435,"CAIXA DE CONCRETO ARMADO PRE-MOLDADO, COM FUNDO E SEM TAMPA, DIMENSOES DE 0,40 X 0,40 X 0,40 M","UN    ","AS",198.67]
[43436,"CAIXA DE CONCRETO ARMADO PRE-MOLDADO, COM FUNDO E SEM TAMPA, DIMENSOES DE 0,60 X 0,60 X 0,50 M","UN    ","AS",347.68]
[43437,"CAIXA DE CONCRETO ARMADO PRE-MOLDADO, COM FUNDO E SEM TAMPA, DIMENSOES DE 0,80 X 0,80 X 0,50 M","UN    ","AS",630.34]
[43438,"CAIXA DE CONCRETO ARMADO PRE-MOLDADO, COM FUNDO E SEM TAMPA, DIMENSOES DE 1,00 X 1,00 X 0,50 M","UN    ","AS",1128.83]
[41627,"CAIXA DE CONCRETO ARMADO PRE-MOLDADO, COM FUNDO E TAMPA, DIMENSOES DE 0,30 X 0,30 X 0,30 M","UN    ","AS",167.06]
[41628,"CAIXA DE CONCRETO ARMADO PRE-MOLDADO, COM FUNDO E TAMPA, DIMENSOES DE 0,40 X 0,40 X 0,40 M","UN    ","AS",307.04000000000002]
[41629,"CAIXA DE CONCRETO ARMADO PRE-MOLDADO, COM FUNDO E TAMPA, DIMENSOES DE 0,60 X 0,60 X 0,50 M","UN    ","AS",390.12]
[43429,"CAIXA DE CONCRETO ARMADO PRE-MOLDADO, SEM FUNDO, QUADRADA, DIMENSOES DE 0,30 X 0,30 X 0,30 M","UN    ","AS",86.44]
[43430,"CAIXA DE CONCRETO ARMADO PRE-MOLDADO, SEM FUNDO, QUADRADA, DIMENSOES DE 0,40 X 0,40 X 0,40 M","UN    ","AS",143.58000000000001]
[43431,"CAIXA DE CONCRETO ARMADO PRE-MOLDADO, SEM FUNDO, QUADRADA, DIMENSOES DE 0,60 X 0,60 X 0,50 M","UN    ","AS",278.14]
[43432,"CAIXA DE CONCRETO ARMADO PRE-MOLDADO, SEM FUNDO, QUADRADA, DIMENSOES DE 0,80 X 0,80 X 0,50 M","UN    ","AS",577.96]
[43433,"CAIXA DE CONCRETO ARMADO PRE-MOLDADO, SEM FUNDO, QUADRADA, DIMENSOES DE 1,00 X 1,00 X 0,50 M","UN    ","AS",911.19]
[43094,"CAIXA DE DERIVACAO PARA MEDIDOR DE ENERGIA, COM BARRAMENTO MONOFASICO, EM POLICARBONATO / TERMOPLASTICO - MODULO (PADRAO CONCESSIONARIA LOCAL)","UN    ","CR",246.08]
[43093,"CAIXA DE DERIVACAO PARA MEDIDOR DE ENERGIA, COM BARRAMENTO POLIFASICO, EM POLICARBONATO / TERMOPLASTICO - MODULO (PADRAO CONCESSIONARIA LOCAL)","UN    ","CR",261.51]
[11694,"CAIXA DE DESCARGA PLASTICA PARA BACIA / VASO SANITARIO DE EMBUTIR, COM ESPELHO ACIONADOR EM PLASTICO, CAPACIDADE 6 A 10 LITROS, (COMPLETA - ACESSORIOS INCLUSOS)","UN    ","CR",967.1]
[1030,"CAIXA DE DESCARGA PLASTICA PARA BACIA / VASO SANITARIO, EXTERNA, CAPACIDADE 9 LITROS, PUXADOR FIO DE NYLON, NAO INCLUSO CANO, BOLSA, ENGATE","UN    ","C ",43.75]
[11881,"CAIXA DE GORDURA CILINDRICA EM CONCRETO SIMPLES,  PRE-MOLDADA, COM DIAMETRO DE 40 CM E ALTURA DE 45 CM, COM TAMPA","UN    ","AS",153.52000000000001]
[35277,"CAIXA DE GORDURA EM PVC, DIAMETRO MINIMO 300 MM, DIAMETRO DE SAIDA 100 MM, CAPACIDADE  APROXIMADA 18 LITROS, COM TAMPA E CESTO","UN    ","AS",412.49]
[10521,"CAIXA DE INCENDIO/ABRIGO PARA MANGUEIRA, DE EMBUTIR/INTERNA, COM 75 X 45 X 17 CM, EM CHAPA DE ACO, PORTA COM VENTILACAO, VISOR COM A INSCRICAO \"INCENDIO\", SUPORTE/CESTA INTERNA PARA A MANGUEIRA, PINTURA ELETROSTATICA VERMELHA","UN    ","AS",296.95]
[10885,"CAIXA DE INCENDIO/ABRIGO PARA MANGUEIRA, DE EMBUTIR/INTERNA, COM 90 X 60 X 17 CM, EM CHAPA DE ACO, PORTA COM VENTILACAO, VISOR COM A INSCRICAO \"INCENDIO\", SUPORTE/CESTA INTERNA PARA A MANGUEIRA, PINTURA ELETROSTATICA VERMELHA","UN    ","AS",375.61]
[20962,"CAIXA DE INCENDIO/ABRIGO PARA MANGUEIRA, DE SOBREPOR/EXTERNA, COM 75 X 45 X 17 CM, EM CHAPA DE ACO, PORTA COM VENTILACAO, VISOR COM A INSCRICAO \"INCENDIO\", SUPORTE/CESTA INTERNA PARA A MANGUEIRA, PINTURA ELETROSTATICA VERMELHA","UN    ","AS",311.10000000000002]
[20963,"CAIXA DE INCENDIO/ABRIGO PARA MANGUEIRA, DE SOBREPOR/EXTERNA, COM 90 X 60 X 17 CM, EM CHAPA DE ACO, PORTA COM VENTILACAO, VISOR COM A INSCRICAO \"INCENDIO\", SUPORTE/CESTA INTERNA PARA A MANGUEIRA, PINTURA ELETROSTATICA VERMELHA","UN    ","AS",380.03]
[34643,"CAIXA DE INSPECAO PARA ATERRAMENTO E PARA RAIOS, EM POLIPROPILENO,  DIAMETRO = 300 MM X ALTURA = 400 MM","UN    ","AS",47.5]
[41480,"CAIXA DE INSPECAO PARA ATERRAMENTO OU OUTRO USO, EM PVC, DN = 250 X 250 MM","UN    ","AS",55.08]
[41474,"CAIXA DE INSPECAO PARA ATERRAMENTO OU OUTRO USO, EM PVC, DN = 300 X *300* MM","UN    ","AS",87.99]
[41475,"CAIXA DE INSPECAO PARA ATERRAMENTO OU OUTRO USO, EM PVC, DN = 300 X 250 MM","UN    ","AS",75.069999999999993]
[41476,"CAIXA DE INSPECAO PARA ATERRAMENTO OU OUTRO USO, EM PVC, DN = 300 X 600 MM","UN    ","AS",164.38]
[2555,"CAIXA DE LUZ \"3 X 3\" EM ACO ESMALTADA","UN    ","CR",1.65]
[2556,"CAIXA DE LUZ \"4 X 2\" EM ACO ESMALTADA","UN    ","CR",1.7]
[2557,"CAIXA DE LUZ \"4 X 4\" EM ACO ESMALTADA","UN    ","CR",3.6]
[10569,"CAIXA DE PASSAGEM / DERIVACAO / LUZ, OCTOGONAL 4 X4, EM ACO ESMALTADA, COM FUNDO MOVEL SIMPLES (FMS)","UN    ","CR",3.6]
[39810,"CAIXA DE PASSAGEM ELETRICA DE PAREDE, DE EMBUTIR, EM PVC, COM TAMPA APARAFUSADA, DIMENSOES 120 X 120 X *75* MM","UN    ","CR",33.21]
[39811,"CAIXA DE PASSAGEM ELETRICA DE PAREDE, DE EMBUTIR, EM PVC, COM TAMPA APARAFUSADA, DIMENSOES 150 X 150 X *75* MM","UN    ","CR",40.619999999999997]
[39812,"CAIXA DE PASSAGEM ELETRICA DE PAREDE, DE EMBUTIR, EM PVC, COM TAMPA APARAFUSADA, DIMENSOES 200 X 200 X *90* MM","UN    ","CR",66.790000000000006]
[43096,"CAIXA DE PASSAGEM ELETRICA DE PAREDE, DE EMBUTIR, EM TERMOPLASTICO / PVC, COM TAMPA APARAFUSADA, DIMENSOES 400 X 400 X *120* MM","UN    ","CR",221.4]
[43102,"CAIXA DE PASSAGEM ELETRICA DE PAREDE, DE SOBREPOR, EM PVC, COM TAMPA APARAFUSADA, DIMENSOES 300 X 300 X *100* MM","UN    ","CR",134.62]
[43103,"CAIXA DE PASSAGEM ELETRICA DE PAREDE, DE SOBREPOR, EM PVC, COM TAMPA APARAFUSADA, DIMENSOES, 400 X 400 X *120* MM","UN    ","CR",198.23]
[43098,"CAIXA DE PASSAGEM ELETRICA DE PAREDE, DE SOBREPOR, EM TERMOPLASTICO / PVC, COM TAMPA APARAFUSA, DIMENSOES 200 X 200 X *100* MM","UN    ","CR",74.989999999999995]
[43097,"CAIXA DE PASSAGEM ELETRICA DE PAREDE, DE SOBREPOR, EM TERMOPLASTICO / PVC, COM TAMPA APARAFUSADA, DIMENSOES, 150 X 150 X *100* MM","UN    ","CR",44.43]
[43104,"CAIXA DE PASSAGEM ELETRICA, PARA PISO, EM PVC, DIMENSOES DE 3/4\" A 4\"","UN    ","CR",525.57000000000005]
[39771,"CAIXA DE PASSAGEM METALICA DE SOBREPOR COM TAMPA PARAFUSADA, DIMENSOES 20 X 20 X 10 CM","UN    ","CR",34.6]
[39772,"CAIXA DE PASSAGEM METALICA DE SOBREPOR COM TAMPA PARAFUSADA, DIMENSOES 30 X 30 X 10 CM","UN    ","CR",68.010000000000005]
[39773,"CAIXA DE PASSAGEM METALICA DE SOBREPOR COM TAMPA PARAFUSADA, DIMENSOES 40 X 40 X 15 CM","UN    ","CR",109.31]
[39774,"CAIXA DE PASSAGEM METALICA DE SOBREPOR COM TAMPA PARAFUSADA, DIMENSOES 50 X 50 X 15 CM","UN    ","CR",163.5]
[39775,"CAIXA DE PASSAGEM METALICA DE SOBREPOR COM TAMPA PARAFUSADA, DIMENSOES 60 X 60 X 20 CM","UN    ","CR",218.21]
[39776,"CAIXA DE PASSAGEM METALICA DE SOBREPOR COM TAMPA PARAFUSADA, DIMENSOES 70 X 70 X 20 CM","UN    ","CR",263.72000000000003]
[39777,"CAIXA DE PASSAGEM METALICA DE SOBREPOR COM TAMPA PARAFUSADA, DIMENSOES 80 X 80 X 20 CM","UN    ","CR",334.25]
[20254,"CAIXA DE PASSAGEM METALICA, DE SOBREPOR, COM TAMPA APARAFUSADA, DIMENSOES 15 X 15 X *10* CM","UN    ","CR",24.26]
[20253,"CAIXA DE PASSAGEM METALICA, DE SOBREPOR, COM TAMPA APARAFUSADA, DIMENSOES 35 X 35 X *12* CM","UN    ","CR",79.67]
[11247,"CAIXA DE PASSAGEM/ LUZ / TELEFONIA, DE EMBUTIR,  EM CHAPA DE ACO GALVANIZADO, DIMENSOES 150 X 150 X 15 CM (PADRAO CONCESSIONARIA LOCAL)","UN    ","CR",1531.88]
[11250,"CAIXA DE PASSAGEM/ LUZ / TELEFONIA, DE EMBUTIR,  EM CHAPA DE ACO GALVANIZADO, DIMENSOES 20 X 20 X *12* CM (PADRAO CONCESSIONARIA LOCAL)","UN    ","CR",65.95]
[11249,"CAIXA DE PASSAGEM/ LUZ / TELEFONIA, DE EMBUTIR,  EM CHAPA DE ACO GALVANIZADO, DIMENSOES 200 X 200 X 20 CM (PADRAO CONCESSIONARIA LOCAL)","UN    ","CR",2992.3]
[11251,"CAIXA DE PASSAGEM/ LUZ / TELEFONIA, DE EMBUTIR,  EM CHAPA DE ACO GALVANIZADO, DIMENSOES 40 X 40 X *12* CM (PADRAO CONCESSIONARIA LOCAL)","UN    ","CR",146.08000000000001]
[11253,"CAIXA DE PASSAGEM/ LUZ / TELEFONIA, DE EMBUTIR,  EM CHAPA DE ACO GALVANIZADO, DIMENSOES 60 X 60 X *12* CM (PADRAO CONCESSIONARIA LOCAL)","UN    ","CR",242.07]
[11255,"CAIXA DE PASSAGEM/ LUZ / TELEFONIA, DE EMBUTIR,  EM CHAPA DE ACO GALVANIZADO, DIMENSOES 80 X 80 X *12* CM (PADRAO CONCESSIONARIA LOCAL)","UN    ","CR",361.89]
[14055,"CAIXA DE PASSAGEM/ LUZ / TELEFONIA, DE EMBUTIR, EM CHAPA DE ACO GALVANIZADO, DIMENSOES 120 X 120 X *12* CM (PADRAO CONCESSIONARIA LOCAL)","UN    ","CR",728]
[11256,"CAIXA DE PASSAGEM/ LUZ / TELEFONIA, DE SOBREPOR,  EM CHAPA DE ACO GALVANIZADO, DIMENSOES 80 X 80 X *12* CM (PADRAO CONCESSIONARIA LOCAL)","UN    ","CR",453.31]
[1872,"CAIXA DE PASSAGEM, EM PVC, DE 4\" X 2\", PARA ELETRODUTO FLEXIVEL CORRUGADO","UN    ","CR",2.62]
[1873,"CAIXA DE PASSAGEM, EM PVC, DE 4\" X 4\", PARA ELETRODUTO FLEXIVEL CORRUGADO","UN    ","CR",5.21]
[39693,"CAIXA DE PROTECAO EXTERNA PARA MEDIDOR HOROSAZONAL, DE BAIXA TENSAO, COM MODULO, EM CHAPA DE ACO (PADRAO DA CONCESSIONARIA LOCAL)","UN    ","CR",2847]
[39692,"CAIXA DE PROTECAO PARA TRANSFORMADOR CORRENTE, EM CHAPA DE ACO 18 USG (PADRAO DA CONCESSIONARIA LOCAL)","UN    ","CR",910.97]
[1062,"CAIXA INTERNA/EXTERNA DE MEDICAO PARA 1 MEDIDOR TRIFASICO, COM VISOR, EM CHAPA DE ACO 18 USG (PADRAO DA CONCESSIONARIA LOCAL)","UN    ","CR",288.7]
[39686,"CAIXA INTERNA/EXTERNA DE MEDICAO PARA 4 MEDIDORES MONOFASICOS, COM VISOR, EM CHAPA DE ACO 18 USG (PADRAO DA CONCESSIONARIA LOCAL)","UN    ","CR",467.47]
[43095,"CAIXA MODULAR PARA MEDIDOR DE ENERGIA AGRUPADA, EM POLICARBONATO /  TERMOPLASTICO, COM SUPORTE PARA DISJUNTOR (PADRAO DA CONCESSIONARIA LOCAL)","UN    ","CR",145.88999999999999]
[1871,"CAIXA OCTOGONAL DE FUNDO MOVEL, EM PVC, DE 3\" X 3\", PARA ELETRODUTO FLEXIVEL CORRUGADO","UN    ","CR",4.6900000000000004]
[12001,"CAIXA OCTOGONAL DE FUNDO MOVEL, EM PVC, DE 4\" X 4\", PARA ELETRODUTO FLEXIVEL CORRUGADO","UN    ","CR",6.78]
[11882,"CAIXA PARA HIDROMETRO CONCRETO PRE MOLDADO, *0,24 M X 0,45 M X 0,30* M (L X C X A)","UN    ","AS",110.17]
[1068,"CAIXA PARA MEDICAO COLETIVA TIPO L, PADRAO BIFASICO OU TRIFASICO, PARA ATE 4 MEDIDORES, SEM BARRAMENTO E COM PORTAS INFERIOR E SUPERIOR","UN    ","CR",1904.3]
[39690,"CAIXA PARA MEDICAO COLETIVA TIPO M, PADRAO BIFASICO OU TRIFASICO, PARA ATE 8 MEDIDORES, SEM BARRAMENTO E COM PORTAS INFERIOR E SUPERIOR","UN    ","CR",3194.78]
[39691,"CAIXA PARA MEDICAO COLETIVA TIPO N, PADRAO BIFASICO OU TRIFASICO, PARA ATE 12 MEDIDORES, SEM BARRAMENTO E COM PORTAS INFERIOR E SUPERIOR","UN    ","CR",4018.14]
[39808,"CAIXA PARA MEDIDOR MONOFASICO, EM POLICARBONATO / TERMOPLASTICO, PARA ALOJAR 1 DISJUNTOR (PADRAO DA CONCESSIONARIA LOCAL)","UN    ","CR",76.16]
[39809,"CAIXA PARA MEDIDOR POLIFASICO, EM POLICARBONATO / TERMOPLASTICO, PARA ALOJAR 1 DISJUNTOR (PADRAO DA CONCESSIONARIA LOCAL)","UN    ","CR",180.65]
[43439,"CAIXA PRE-MOLDADA PARA BOCA DE LOBO, EM CONCRETO ARMADO, COM FCK DE 25 MPA, COM DIMENSOES 1,10 X 0,65 X 1,00 M (COMPRIMENTO X LARGURA X ALTURA)","UN    ","AS",505.71]
[5103,"CAIXA SIFONADA PVC, 100 X 100 X 50 MM, COM GRELHA REDONDA, BRANCA","UN    ","AS",26.11]
[11880,"CAIXA SIFONADA PVC, 250 X 230 X 75 MM, COM TAMPA CEGA QUADRADA, BRANCA","UN    ","AS",109.83]
[11714,"CAIXA SIFONADA, PVC, 150 X *185* X 75 MM, COM GRELHA QUADRADA, BRANCA","UN    ","AS",74.819999999999993]
[11712,"CAIXA SIFONADA, PVC, 150 X 150 X 50 MM, COM GRELHA QUADRADA, BRANCA (NBR 5688)","UN    ","AS",48.86]
[11717,"CAIXA SIFONADA, PVC, 150 X 150 X 50 MM, COM GRELHA REDONDA, BRANCA","UN    ","AS",58.9]
[1106,"CAL HIDRATADA CH-I PARA ARGAMASSAS","KG    ","C ",1.07]
[11161,"CAL HIDRATADA PARA PINTURA","KG    ","CR",1.78]
[1107,"CAL VIRGEM COMUM PARA ARGAMASSAS (NBR 6453)","KG    ","CR",0.91]
[44479,"CALCARIO DOLOMITICO A (POSTO PEDREIRA/FORNECEDOR,  SEM FRETE)","KG    ","CR",0.41]
[41068,"CALCETEIRO  (MENSALISTA)","MES   ","CR",2607.87]
[4759,"CALCETEIRO (HORISTA)","H     ","CR",15.03]
[12618,"CALHA / PERFIL PLUVIAL DE PVC, DIAMETRO ENTRE *119 E 170* MM, COMPRIMENTO DE 3 M, PARA DRENAGEM PLUVIAL PREDIAL","UN    ","CR",177.35]
[1108,"CALHA MOLDURA AMERICANA DE CHAPA DE ACO GALVANIZADA NUM 26, CORTE 33 CM","M     ","CR",31.05]
[1117,"CALHA PARA AGUA FURTADA DE CHAPA DE ACO GALVANIZADA NUM 26, CORTE 40 CM","M     ","CR",31.3]
[1118,"CALHA PARA AGUA FURTADA DE CHAPA DE ACO GALVANIZADA NUM 26, CORTE 50 CM","M     ","CR",36.99]
[1110,"CALHA PLATIBANDA DE CHAPA DE ACO GALVANIZADA NUM 26, CORTE 45 CM","M     ","CR",36.99]
[40784,"CALHA QUADRADA DE CHAPA DE ACO GALVANIZADA NUM 24, CORTE 100 CM","M     ","CR",102.03]
[40782,"CALHA QUADRADA DE CHAPA DE ACO GALVANIZADA NUM 24, CORTE 33 CM","M     ","CR",40.04]
[40783,"CALHA QUADRADA DE CHAPA DE ACO GALVANIZADA NUM 24, CORTE 50 CM","M     ","CR",52.16]
[1109,"CALHA QUADRADA DE CHAPA DE ACO GALVANIZADA NUM 26, CORTE 33 CM","M     ","CR",31.05]
[1119,"CALHA QUADRADA DE CHAPA DE ACO GALVANIZADA NUM 28, CORTE 25 CM","M     ","CR",20.02]
[13115,"CALHA/CANALETA DE CONCRETO SIMPLES, TIPO MEIA CANA, DIAMETRO DE 20 CM, PARA AGUA PLUVIAL","M     ","AS",24.32]
[10541,"CALHA/CANALETA DE CONCRETO SIMPLES, TIPO MEIA CANA, DIAMETRO DE 30 CM, PARA AGUA PLUVIAL","M     ","AS",29.72]
[10542,"CALHA/CANALETA DE CONCRETO SIMPLES, TIPO MEIA CANA, DIAMETRO DE 40 CM, PARA AGUA PLUVIAL","M     ","AS",38.869999999999997]
[10543,"CALHA/CANALETA DE CONCRETO SIMPLES, TIPO MEIA CANA, DIAMETRO DE 50 CM, PARA AGUA PLUVIAL","M     ","AS",63.06]
[10544,"CALHA/CANALETA DE CONCRETO SIMPLES, TIPO MEIA CANA, DIAMETRO DE 60 CM, PARA AGUA PLUVIAL","M     ","AS",81.56]
[10545,"CALHA/CANALETA DE CONCRETO SIMPLES, TIPO MEIA CANA, DIAMETRO DE 80 CM, PARA AGUA PLUVIAL","M     ","AS",152.43]
[38365,"CAMADA SEPARADORA DE FILME DE POLIETILENO 20 A 25 MICRA","M2    ","CR",4.6900000000000004]
[44056,"CAMINHAO TOCO, PESO BRUTO TOTAL 10700 KG, CARGA UTIL MAXIMA 7400 KG, DISTANCIA ENTRE EIXOS 4,00 M, POTENCIA 175 CV (INCLUI CABINE E CHASSI, NAO INCLUI CARROCERIA)","UN    ","AS",485871.11]
[44057,"CAMINHAO TOCO, PESO BRUTO TOTAL 13200 KG, CARGA UTIL MAXIMA 9200 KG, DISTANCIA ENTRE EIXOS 3,31 M, POTENCIA 175 CV (INCLUI CABINE E CHASSI, NAO INCLUI CARROCERIA)","UN    ","AS",518574]
[37754,"CAMINHAO TOCO, PESO BRUTO TOTAL 14300 KG, CARGA UTIL MAXIMA 9480 KG, DISTANCIA ENTRE EIXOS 4,80 M, POTENCIA 185 CV (INCLUI CABINE E CHASSI, NAO INCLUI CARROCERIA)","UN    ","AS",536140.12]
[37757,"CAMINHAO TOCO, PESO BRUTO TOTAL 16000 KG, CARGA UTIL MAXIMA 10600 KG, DISTANCIA ENTRE EIXOS 4,80 M, POTENCIA 277 CV (INCLUI CABINE E CHASSI, NAO INCLUI CARROCERIA)","UN    ","AS",597995.26]
[44058,"CAMINHAO TOCO, PESO BRUTO TOTAL 16000 KG, CARGA UTIL MAXIMA 10830 KG, DISTANCIA ENTRE EIXOS 3,56 M, POTENCIA 226 CV (INCLUI CABINE E CHASSI, NAO INCLUI CARROCERIA)","UN    ","AS",565292.38]
[37752,"CAMINHAO TOCO, PESO BRUTO TOTAL 16000 KG, CARGA UTIL MAXIMA 11030 KG, DISTANCIA ENTRE EIXOS 5,41 M, POTENCIA 185 CV (INCLUI CABINE E CHASSI, NAO INCLUI CARROCERIA)","UN    ","AS",588651.54]
[44059,"CAMINHAO TOCO, PESO BRUTO TOTAL 8500 KG, CARGA UTIL MAXIMA 5600 KG, DISTANCIA ENTRE EIXOS 3,40 M, POTENCIA 167 CV (INCLUI CABINE E CHASSI, NAO INCLUI CARROCERIA)","UN    ","AS",465315.05]
[37750,"CAMINHAO TOCO, PESO BRUTO TOTAL 9600 KG, CARGA UTIL MAXIMA 6190 KG, DISTANCIA ENTRE EIXOS 3,70 M, POTENCIA 156 CV (INCLUI CABINE E CHASSI, NAO INCLUI CARROCERIA)","UN    ","AS",466249.41]
[37758,"CAMINHAO TRUCADO, PESO BRUTO TOTAL 23000 KG, CARGA UTIL MAXIMA 15285 KG, DISTANCIA ENTRE EIXOS 4,80 M, POTENCIA 326 CV (INCLUI CABINE E CHASSI, NAO INCLUI CARROCERIA)","UN    ","AS",741887.83]
[44060,"CAMINHAO TRUCADO, PESO BRUTO TOTAL 23000 KG, CARGA UTIL MAXIMA 15460 KG, DISTANCIA ENTRE EIXOS 4,80 M, POTENCIA 286 CV (INCLUI CABINE E CHASSI, NAO INCLUI CARROCERIA)","UN    ","AS",717594.3]
[37749,"CAMINHAO TRUCADO, PESO BRUTO TOTAL 23000 KG, CARGA UTIL MAXIMA 16360 KG, CABINE ESTENDIDA, DISTANCIA ENTRE EIXOS 3,56 M, POTENCIA 277 CV (INCLUI CABINE E CHASSI, NAO INCLUI CARROCERIA)","UN    ","AS",766181.41]
[44061,"CAMINHAO TRUCADO, PESO BRUTO TOTAL 23000 KG, CARGA UTIL MAXIMA 16540 KG, DISTANCIA ENTRE EIXOS 4,80 M, POTENCIA 256 CV (INCLUI CABINE E CHASSI, NAO INCLUI CARROCERIA)","UN    ","AS",703578.8]
[1159,"CAMINHONETE COM MOTOR A DIESEL, POTENCIA *160* CV, CABINE DUPLA, 4X4","UN    ","C ",275290]
[12114,"CAMPAINHA ALTA POTENCIA 110V / 220V, DIAMETRO 150 MM","UN    ","CR",151.74]
[38106,"CAMPAINHA CIGARRA 127 V / 220 V (APENAS MODULO)","UN    ","CR",20.62]
[38085,"CAMPAINHA CIGARRA 127 V / 220 V, CONJUNTO MONTADO PARA EMBUTIR 4\" X 2\" (PLACA + SUPORTE + MODULO)","UN    ","CR",24.36]
[38599,"CANALETA DE CONCRETO ESTRUTURAL 14 X 19 X 29 CM, FBK 14 MPA (NBR 6136)","UN    ","CR",5.96]
[38596,"CANALETA DE CONCRETO ESTRUTURAL 14 X 19 X 29 CM, FBK 4,5 MPA (NBR 6136)","UN    ","CR",4.95]
[38600,"CANALETA DE CONCRETO ESTRUTURAL 14 X 19 X 39 CM, FBK 14 MPA (NBR 6136)","UN    ","CR",6.32]
[38597,"CANALETA DE CONCRETO ESTRUTURAL 14 X 19 X 39 CM, FBK 4,5 MPA (NBR 6136)","UN    ","CR",4.9800000000000004]
[659,"CANALETA DE CONCRETO 14 X 19 X 19 CM (CLASSE C - NBR 6136)","UN    ","CR",2.86]
[660,"CANALETA DE CONCRETO 19 X 19 X 19 CM (CLASSE C - NBR 6136)","UN    ","CR",3.43]
[658,"CANALETA DE CONCRETO 9 X 19 X 19 CM (CLASSE C - NBR 6136)","UN    ","CR",1.94]
[38548,"CANALETA ESTRUTURAL CERAMICA, 14 X 19 X 19 CM, 6,0 MPA (NBR 15270)","UN    ","CR",2.2599999999999998]
[34649,"CANALETA ESTRUTURAL CERAMICA, 14 X 19 X 29 CM, 6,0 MPA (NBR 15270)","UN    ","CR",3.06]
[34655,"CANALETA ESTRUTURAL CERAMICA, 14 X 19 X 39 CM, 6,0 MPA (NBR 15270)","UN    ","CR",4.07]
[40607,"CANOPLA ACABAMENTO CROMADO PARA INSTALACAO DE SPRINKLER, SOB FORRO, 15 MM","UN    ","AS",4.29]
[567,"CANTONEIRA (ABAS IGUAIS) EM ACO CARBONO, 25,4 MM X 3,17 MM (L X E), 1,27KG/M","M     ","CR",12.73]
[574,"CANTONEIRA (ABAS IGUAIS) EM ACO CARBONO, 38,1 MM X 3,17 MM (L X E), 3,48 KG/M","M     ","CR",33.47]
[568,"CANTONEIRA (ABAS IGUAIS) EM ACO CARBONO, 50,8 MM X 9,53 MM (L X E), 6,99 KG/M","M     ","CR",70.53]
[4777,"CANTONEIRA ACO ABAS IGUAIS (QUALQUER BITOLA), ESPESSURA ENTRE 1/8\" E 1/4\"","KG    ","AS",10.43]
[592,"CANTONEIRA EM ALUMINIO, ABAS IGUAIS, LARGURA DE 25,40 MM (1\"), ESPESSURA DE 3,17 MM (1/8\") E PESO LINEAR DE APROXIMADAMENTE 0,408 KG/M","KG    ","AS",33.159999999999997]
[586,"CANTONEIRA EM ALUMINIO, ABAS IGUAIS, LARGURA DE 25,40 MM (1\"), ESPESSURA DE 4,76 MM (3/16\") E PESO LINEAR DE APROXIMADAMENTEO 0,593 KG/M","M     ","AS",19.489999999999998]
[588,"CANTONEIRA EM ALUMINIO, ABAS IGUAIS, LARGURA DE 31,75 MM (1 1/4\"), ESPESSURA DE 4,76 MM (3/16\") E PESO LINEAR DE APROXIMADAMENTE 0,755 KG/M","M     ","AS",30.83]
[591,"CANTONEIRA EM ALUMINIO, ABAS IGUAIS, LARGURA DE 38,10 MM (1 1/2\"), ESPESSURA DE 4,76 MM (3/16\") E PESO LINEAR DE APROXIMADAMENTE 0,915 KG/M","KG    ","AS",30.94]
[584,"CANTONEIRA EM ALUMINIO, ABAS IGUAIS, LARGURA DE 50,80 MM (2\") , ESPESSURA DE 3,17 MM (1/8\") E PESO LINEAR DE APROXIMADAMENTE 0,842 KG/M","M     ","AS",32.93]
[589,"CANTONEIRA EM ALUMINIO, ABAS IGUAIS, LARGURA DE 50,80 MM (2\"), ESPESSURA DE 6,35 MM (1/4\") E PESO LINEAR DE APROXIMADAMENTE 1,630 KG/M","M     ","AS",52.12]
[1165,"CAP OU TAMPAO DE FERRO GALVANIZADO, COM ROSCA BSP, DE 1 1/2\"","UN    ","AS",21.42]
[1164,"CAP OU TAMPAO DE FERRO GALVANIZADO, COM ROSCA BSP, DE 1 1/4\"","UN    ","AS",17.350000000000001]
[1162,"CAP OU TAMPAO DE FERRO GALVANIZADO, COM ROSCA BSP, DE 1/2\"","UN    ","AS",6.03]
[12395,"CAP OU TAMPAO DE FERRO GALVANIZADO, COM ROSCA BSP, DE 1/4\"","UN    ","AS",5.86]
[1170,"CAP OU TAMPAO DE FERRO GALVANIZADO, COM ROSCA BSP, DE 1\"","UN    ","AS",11.37]
[1169,"CAP OU TAMPAO DE FERRO GALVANIZADO, COM ROSCA BSP, DE 2 1/2\"","UN    ","AS",55.8]
[1166,"CAP OU TAMPAO DE FERRO GALVANIZADO, COM ROSCA BSP, DE 2\"","UN    ","AS",30.94]
[1163,"CAP OU TAMPAO DE FERRO GALVANIZADO, COM ROSCA BSP, DE 3/4\"","UN    ","AS",7.8]
[12396,"CAP OU TAMPAO DE FERRO GALVANIZADO, COM ROSCA BSP, DE 3/8\"","UN    ","AS",5.86]
[1168,"CAP OU TAMPAO DE FERRO GALVANIZADO, COM ROSCA BSP, DE 3\"","UN    ","AS",79.55]
[1167,"CAP OU TAMPAO DE FERRO GALVANIZADO, COM ROSCA BSP, DE 4\"","UN    ","AS",133.06]
[36331,"CAP PPR DN 20 MM, PARA AGUA QUENTE PREDIAL","UN    ","AS",2.21]
[36346,"CAP PPR DN 25 MM, PARA AGUA QUENTE PREDIAL","UN    ","AS",3.32]
[1197,"CAP PVC, ROSCAVEL, 1/2\", PARA AGUA FRIA PREDIAL","UN    ","CR",1.83]
[1202,"CAP PVC, ROSCAVEL, 1\",  PARA AGUA FRIA PREDIAL","UN    ","CR",5.18]
[1198,"CAP PVC, ROSCAVEL, 3/4\",  PARA AGUA FRIA PREDIAL","UN    ","CR",2.39]
[20088,"CAP PVC, SERIE R, DN 100 MM, PARA ESGOTO PREDIAL","UN    ","CR",13.64]
[20089,"CAP PVC, SERIE R, DN 150 MM, PARA ESGOTO PREDIAL","UN    ","CR",66.89]
[20087,"CAP PVC, SERIE R, DN 75 MM, PARA ESGOTO PREDIAL","UN    ","CR",11.29]
[1200,"CAP PVC, SOLDAVEL, DN 100 MM, SERIE NORMAL, PARA ESGOTO PREDIAL","UN    ","CR",10.25]
[12909,"CAP PVC, SOLDAVEL, DN 50 MM, SERIE NORMAL, PARA ESGOTO PREDIAL","UN    ","CR",4.76]
[12910,"CAP PVC, SOLDAVEL, DN 75 MM, SERIE NORMAL, PARA ESGOTO PREDIAL","UN    ","CR",8.5500000000000007]
[1191,"CAP PVC, SOLDAVEL, 20 MM, PARA AGUA FRIA PREDIAL","UN    ","CR",1.3]
[1185,"CAP PVC, SOLDAVEL, 25 MM, PARA AGUA FRIA PREDIAL","UN    ","CR",1.3]
[1189,"CAP PVC, SOLDAVEL, 32 MM, PARA AGUA FRIA PREDIAL","UN    ","CR",2.13]
[1193,"CAP PVC, SOLDAVEL, 40 MM, PARA AGUA FRIA PREDIAL","UN    ","CR",4.0999999999999996]
[1194,"CAP PVC, SOLDAVEL, 50 MM, PARA AGUA FRIA PREDIAL","UN    ","CR",7.4]
[1195,"CAP PVC, SOLDAVEL, 60 MM, PARA AGUA FRIA PREDIAL","UN    ","CR",12.45]
[1204,"CAP PVC, SOLDAVEL, 75 MM, PARA AGUA FRIA PREDIAL","UN    ","CR",21.78]
[1207,"CAP, PVC PBA, JE, DN 100 / DE 110 MM,  PARA REDE DE AGUA (NBR 10351)","UN    ","AS",26.66]
[1206,"CAP, PVC PBA, JE, DN 50 / DE 60 MM,  PARA REDE DE AGUA (NBR 10351)","UN    ","AS",6.68]
[1183,"CAP, PVC PBA, JE, DN 75 / DE 85 MM,  PARA REDE DE AGUA (NBR 10351)","UN    ","AS",17.41]
[42685,"CAP, PVC, JE, OCRE, DN 150 MM (CONEXAO PARA TUBO COLETOR DE ESGOTO)","UN    ","CR",69.319999999999993]
[42686,"CAP, PVC, JE, OCRE, DN 200 MM (CONEXAO PARA TUBO COLETOR DE ESGOTO)","UN    ","CR",76.349999999999994]
[12894,"CAPA PARA CHUVA EM PVC COM FORRO DE POLIESTER, COM CAPUZ (AMARELA OU AZUL)","UN    ","CR",23.4]
[12895,"CAPACETE DE SEGURANCA ABA FRONTAL COM SUSPENSAO DE POLIETILENO, SEM JUGULAR (CLASSE B)","UN    ","C ",18]
[1631,"CAPACITOR TRIFASICO, POTENCIA 2,5 KVAR, TENSAO 220 V, FORNECIDO COM CAPA PROTETORA, RESISTOR INTERNO A UNIDADE CAPACITIVA","UN    ","AS",188.55]
[1633,"CAPACITOR TRIFASICO, POTENCIA 5 KVAR, TENSAO 220 V, FORNECIDO COM CAPA PROTETORA, RESISTOR INTERNO A UNIDADE CAPACITIVA","UN    ","AS",320.37]
[10818,"CAPIM BRAQUIARIA DECUMBENS/ BRAQUIARINHA, VC *70*% MINIMO","KG    ","AS",50.92]
[41410,"CAPTOR FRANKLIN (4 PONTAS), EM LATAO CROMADO, H = 300 MM, DUAS DESCIDAS","UN    ","AS",72.92]
[41411,"CAPTOR FRANKLIN (4 PONTAS), EM LATAO CROMADO, H = 300 MM, UMA DESCIDA","UN    ","AS",66.11]
[41412,"CAPTOR FRANKLIN (4 PONTAS), EM LATAO CROMADO, H = 350 MM, DUAS DESCIDAS","UN    ","AS",127.87]
[41413,"CAPTOR FRANKLIN (4 PONTAS), EM LATAO CROMADO, H=350 MM, UMA DESCIDA","UN    ","AS",115.06]
[39359,"CARENAGEM /TAMPA, EM PLASTICO, COR BRANCA, UTILIZADO EM KIT CHASSI METALICO PARA INSTAL. HIDRAULICA DE CUBA SIMPLES SEM MAQUINA DE LAVAR ROUPA, *355* X *670* MM (L X H) (COM FUROS E DEMAIS ENCAIXES)","UN    ","AS",33.65]
[39360,"CARENAGEM /TAMPA, EM PLASTICO, COR BRANCA, UTILIZADO EM KIT CHASSI METALICO PARA INSTAL. HIDRAULICA DE TANQUE COM MAQUINA DE LAVAR ROUPA, *360* X *470* MM (L X H) (COM FUROS E DEMAIS ENCAIXES)","UN    ","AS",33.65]
[10710,"CARPETE DE NYLON EM MANTA PARA TRAFEGO COMERCIAL PESADO, E = 6 A 7 MM (INSTALADO)","M2    ","AS",165.02]
[10709,"CARPETE DE NYLON EM MANTA PARA TRAFEGO COMERCIAL PESADO, E = 9 A 10 MM (INSTALADO)","M2    ","AS",202.73]
[39636,"CARPETE DE NYLON EM PLACAS 50 X 50 CM PARA TRAFEGO COMERCIAL PESADO, E = 6,5 MM (INSTALADO)","M2    ","AS",207.02]
[10708,"CARPETE DE POLIESTER EM MANTA PARA TRAFEGO COMERCIAL PESADO, E = 4 A 5 MM (INSTALADO)","M2    ","AS",63.88]
[39635,"CARPETE DE POLIPROPILENO EM MANTA PARA TRAFEGO COMERCIAL MEDIO, E = 5 A 6 MM (INSTALADO)","M2    ","AS",108.76]
[6117,"CARPINTEIRO AUXILIAR (HORISTA)","H     ","CR",13.18]
[40913,"CARPINTEIRO AUXILIAR (MENSALISTA)","MES   ","CR",2287.67]
[1214,"CARPINTEIRO DE ESQUADRIAS (HORISTA)","H     ","CR",15.62]
[40915,"CARPINTEIRO DE ESQUADRIAS (MENSALISTA)","MES   ","CR",2711.26]
[1213,"CARPINTEIRO DE FORMAS (HORISTA)","H     ","C ",16.600000000000001]
[40914,"CARPINTEIRO DE FORMAS (MENSALISTA)","MES   ","CR",2879.28]
[5091,"CARRANCA PARA JANELA VENEZIANA DE ABRIR, EM LATAO CROMADO, SIMPLES, PARA APARAFUSAR NA PAREDE","UN    ","CR",20.6]
[14615,"CARRINHO COM 2 PNEUS PARA TRANSPORTAR TUBO CONCRETO, ALTURA ATE 1,0 M E DIAMETRO ATE 1000MM, COM ESTRUTURA EM PERFIL OU TUBO METALICO","UN    ","AS",3879.5]
[2711,"CARRINHO DE MAO DE ACO CAPACIDADE 50 A 60 L, PNEU COM CAMARA","UN    ","C ",219.99]
[37727,"CARROCERIA FIXA ABERTA DE MADEIRA PARA TRANSPORTE GERAL DE CARGA SECA DIMENSOES APROXIMADAS 2,25 X 4,10 X 0,50 M (INCLUI MONTAGEM, NAO INCLUI CAMINHAO)","UN    ","AS",17335]
[37728,"CARROCERIA FIXA ABERTA DE MADEIRA PARA TRANSPORTE GERAL DE CARGA SECA DIMENSOES APROXIMADAS 2,5 X 5,5 X 0,50 M (INCLUI MONTAGEM, NAO INCLUI CAMINHAO)","UN    ","AS",23517.41]
[37729,"CARROCERIA FIXA ABERTA DE MADEIRA PARA TRANSPORTE GERAL DE CARGA SECA DIMENSOES APROXIMADAS 2,5 X 6,00 X 0,50 M (INCLUI MONTAGEM, NAO INCLUI CAMINHAO)","UN    ","AS",25456.99]
[37730,"CARROCERIA FIXA ABERTA DE MADEIRA PARA TRANSPORTE GERAL DE CARGA SECA DIMENSOES APROXIMADAS 2,5 X 6,5 X 0,50 M (INCLUI MONTAGEM, NAO INCLUI CAMINHAO)","UN    ","AS",27396.57]
[37731,"CARROCERIA FIXA ABERTA DE MADEIRA PARA TRANSPORTE GERAL DE CARGA SECA DIMENSOES APROXIMADAS 2,5 X 7,00 X 0,50 M (INCLUI MONTAGEM, NAO INCLUI CAMINHAO)","UN    ","AS",29336.15]
[37732,"CARROCERIA FIXA ABERTA DE MADEIRA PARA TRANSPORTE GERAL DE CARGA SECA DIMENSOES APROXIMADAS 2,5 X 7,5 X 0,50 M (INCLUI MONTAGEM, NAO INCLUI CAMINHAO)","UN    ","AS",33457.760000000002]
[42256,"CARVAO ANTRACITO PARA FILTRO, GRAO VARIANDO DE 0,8 ATE 1,1 MM, COEFICIENTE DE UNIFORMIDADE MENOR QUE 1,7 MM (DISTRIBUIDOR)","KG    ","CR",20.32]
[42250,"CARVAO ANTRACITO PARA FILTRO, GRAO VARIANDO DE 0,8 ATE 1,1 MM, COEFICIENTE DE UNIFORMIDADE MENOR QUE 1,7 MM (POSTO JAZIDA/PRODUTOR)","T     ","CR",9144.41]
[4743,"CASCALHO DE CAVA","M3    ","CR",156.61000000000001]
[4744,"CASCALHO DE RIO","M3    ","CR",250.58]
[4745,"CASCALHO LAVADO","M3    ","CR",300.52999999999997]
[36496,"CAVALETE PARA TALHA COM ESTRUTURA EM TUBO METALICO ALTURA MINIMA 3,2 M EQUIPADO COM RODAS DE BORRACHA PARA MOVIMENTACAO DE TUBOS DE CONCRETO NA CENTRAL DE PREMOLDADOS COM CAPACIDADE DE CARGA DE 3 TONELADAS","UN    ","AS",9849.98]
[10630,"CAVALO MECANICO TRACAO 4X2, PESO BRUTO TOTAL COMBINADO 49000 KG, CAPACIDADE MAXIMA DE TRACAO *66000* KG, POTENCIA *360* CV (INCLUI CABINE E CHASSI, NAO INCLUI SEMIRREBOQUE)","UN    ","AS",868129.34]
[37762,"CAVALO MECANICO TRACAO 4X2, PESO BRUTO TOTAL 16000 KG, CAPACIDADE MAXIMA DE TRACAO *36000* KG, DISTANCIA ENTRE EIXOS *3,56* M, POTENCIA *286* CV (INCLUI CABINE E CHASSI, NAO INCLUI SEMIRREBOQUE)","UN    ","AS",744541.63]
[37763,"CAVALO MECANICO TRACAO 4X2, PESO BRUTO TOTAL 16000 KG, CAPACIDADE MAXIMA DE TRACAO *45000* KG, DISTANCIA ENTRE EIXOS *3,56* M, POTENCIA *330* CV (INCLUI CABINE E CHASSI, NAO INCLUI SEMIRREBOQUE)","UN    ","AS",753584.52]
[41992,"CAVALO MECANICO TRACAO 4X2, PESO BRUTO TOTAL 16000 KG, CAPACIDADE MAXIMA DE TRACAO *80000* KG, POTENCIA *380* CV (INCLUI CABINE E CHASSI, NAO INCLUI SEMIRREBOQUE)","UN    ","AS",856675]
[13215,"CAVALO MECANICO TRACAO 6X2, PESO BRUTO TOTAL COMBINADO 56000 KG, CAPACIDADE MAXIMA DE TRACAO *66000* KG, POTENCIA *360* CV (INCLUI CABINE E CHASSI, NAO INCLUI SEMIRREBOQUE)","UN    ","AS",1050496.8600000001]
[4235,"CAVOUQUEIRO OU OPERADOR DE PERFURATRIZ / ROMPEDOR","H     ","CR",10.67]
[40976,"CAVOUQUEIRO OU OPERADOR DE PERFURATRIZ / ROMPEDOR (MENSALISTA)","MES   ","CR",1853.91]
[43091,"CENTRO DE MEDICAO AGRUPADA, EM POLICARBONATO / PVC, COM 12 MEDIDORES E PROTECAO GERAL (INCLUI BARRAMENTO, DISJUNTORES E ACESSORIOS DE FIXACAO) (PADRAO CONCESSIONARIA LOCAL)","UN    ","CR",6093.58]
[43092,"CENTRO DE MEDICAO AGRUPADA, EM POLICARBONATO / PVC, COM 16 MEDIDORES E PROTECAO GERAL (INCLUI BARRAMENTO, DISJUNTORES E ACESSORIOS DE FIXACAO) (PADRAO CONCESSIONARIA LOCAL)","UN    ","CR",8124.78]
[43089,"CENTRO DE MEDICAO AGRUPADA, EM POLICARBONATO / PVC, COM 4 MEDIDORES E PROTECAO GERAL (INCLUI BARRAMENTO, DISJUNTORES E ACESSORIOS DE FIXACAO) (PADRAO CONCESSIONARIA LOCAL)","UN    ","CR",1415.97]
[43090,"CENTRO DE MEDICAO AGRUPADA, EM POLICARBONATO / PVC, COM 8 MEDIDORES E PROTECAO GERAL (INCLUI BARRAMENTO, DISJUNTORES E ACESSORIOS DE FIXACAO) (PADRAO CONCESSIONARIA LOCAL)","UN    ","CR",3124.91]
[41967,"CERA LIQUIDA INCOLOR MULTIPISO","L     ","CR",26.77]
[12760,"CHAPA ACO INOX AISI 304 NUMERO 4 (E = 6 MM), ACABAMENTO NUMERO 1 (LAMINADO A QUENTE, FOSCO)","M2    ","CR",1963.31]
[12759,"CHAPA ACO INOX AISI 304 NUMERO 9 (E = 4 MM), ACABAMENTO NUMERO 1 (LAMINADO A QUENTE, FOSCO)","M2    ","CR",1308.8599999999999]
[43105,"CHAPA DE ACO CARBONO GALVANIZADA, PERFURADA (GRADE FUROS) E = 1,5 MM, DIAMETRO DO FURO = 9,52 MM (FUROS ALTERNADOS HORIZ.)","KG    ","CR",40.39]
[40424,"CHAPA DE ACO CARBONO LAMINADO A QUENTE, QUALIDADE ESTRUTURAL, BITOLA 3/16\", E =4,75 MM (37,29 KG/M2)","KG    ","CR",10.26]
[1325,"CHAPA DE ACO FINA A FRIO BITOLA MSG 20, E = 0,90 MM (7,20 KG/M2)","KG    ","CR",11.24]
[1327,"CHAPA DE ACO FINA A FRIO BITOLA MSG 24, E = 0,60 MM (4,80 KG/M2)","KG    ","CR",11.97]
[1328,"CHAPA DE ACO FINA A FRIO BITOLA MSG 26, E = 0,45 MM (3,60 KG/M2)","KG    ","CR",11.26]
[1321,"CHAPA DE ACO FINA A QUENTE BITOLA MSG 13, E = 2,25 MM (18,00 KG/M2)","KG    ","CR",10.43]
[1318,"CHAPA DE ACO FINA A QUENTE BITOLA MSG 14, E = 2,00 MM (16,0 KG/M2)","KG    ","CR",10.44]
[1322,"CHAPA DE ACO FINA A QUENTE BITOLA MSG 16, E = 1,50 MM (12,00 KG/M2)","KG    ","CR",11.03]
[1323,"CHAPA DE ACO FINA A QUENTE BITOLA MSG 18, E = 1,20 MM (9,60 KG/M2)","KG    ","CR",11.03]
[1319,"CHAPA DE ACO FINA A QUENTE BITOLA MSG 3/16 \", E = 4,75 MM (38,00 KG/M2)","KG    ","CR",9.2899999999999991]
[11026,"CHAPA DE ACO GALVANIZADA BITOLA GSG 14, E = 1,95 MM (15,60 KG/M2)","KG    ","CR",12.78]
[11027,"CHAPA DE ACO GALVANIZADA BITOLA GSG 16, E = 1,55 MM (12,40 KG/M2)","KG    ","CR",13.3]
[11046,"CHAPA DE ACO GALVANIZADA BITOLA GSG 18, E = 1,25 MM (10,00 KG/M2)","KG    ","CR",12.74]
[11047,"CHAPA DE ACO GALVANIZADA BITOLA GSG 19, E = 1,11 MM (8,88 KG/M2)","KG    ","CR",13.89]
[43668,"CHAPA DE ACO GALVANIZADA BITOLA GSG 20, E = 0,95 MM (7,60 KG/M2)","KG    ","CR",12.26]
[11049,"CHAPA DE ACO GALVANIZADA BITOLA GSG 22, E = 0,80 MM (6,40 KG/M2)","KG    ","C ",13.28]
[43106,"CHAPA DE ACO GALVANIZADA BITOLA GSG 24, E = 0,64 (5,12 KG/M2)","KG    ","CR",13.36]
[11051,"CHAPA DE ACO GALVANIZADA BITOLA GSG 26, E = 0,50 MM (4,00 KG/M2)","KG    ","CR",13.94]
[11061,"CHAPA DE ACO GALVANIZADA BITOLA GSG 30, E = 0,35 MM (2,80 KG/M2)","KG    ","CR",16.73]
[43667,"CHAPA DE ACO GROSSA, ASTM A36, E = 1 \" (25,40 MM) 199,18 KG/M2","KG    ","CR",12.16]
[1333,"CHAPA DE ACO GROSSA, ASTM A36, E = 1/2 \" (12,70 MM) 99,59 KG/M2","KG    ","CR",10.130000000000001]
[1330,"CHAPA DE ACO GROSSA, ASTM A36, E = 1/4 \" (6,35 MM) 49,79 KG/M2","KG    ","CR",10.029999999999999]
[10957,"CHAPA DE ACO GROSSA, ASTM A36, E = 3/4 \" (19,05 MM) 149,39 KG/M2","KG    ","CR",11.57]
[1332,"CHAPA DE ACO GROSSA, ASTM A36, E = 3/8 \" (9,53 MM) 74,69 KG/M2","KG    ","CR",10.29]
[1334,"CHAPA DE ACO GROSSA, ASTM A36, E = 5/8 \" (15,88 MM) 124,49 KG/M2","KG    ","CR",11.41]
[1335,"CHAPA DE ACO GROSSA, ASTM A36, E = 7/8 \" (22,23 MM) 174,28 KG/M2","KG    ","CR",11.79]
[40425,"CHAPA DE ACO GROSSA, SAE 1020, BITOLA 1/4\", E = 6,35 MM (49,85 KG/M2)","KG    ","CR",10.09]
[1337,"CHAPA DE ACO XADREZ PARA PISOS, E = 1/4 \" (6,30 MM) 54,53 KG/M2","KG    ","CR",11.57]
[1338,"CHAPA DE LAMINADO MELAMINICO, LISO BRILHANTE, DE 1,25 X 3,08 METROS, ESPESSURA = 0,8 MILIMETROS","M2    ","AS",62.14]
[1340,"CHAPA DE LAMINADO MELAMINICO, LISO FOSCO, DE 1,25 X 3,08 METROS, ESPESSURA = 0,8 MILIMETROS","M2    ","AS",71.84]
[1341,"CHAPA DE LAMINADO MELAMINICO, TEXTURIZADO, DE 1,25 X 3,08 METROS, ESPESSURA = 0,8 MILIMETROS","M2    ","AS",69.19]
[34659,"CHAPA DE MDF BRANCO LISO 1 FACE, E = 12 MM, DE *2,75 X 1,85* M","M2    ","AS",40.11]
[34514,"CHAPA DE MDF BRANCO LISO 1 FACE, E = 15 MM, DE *2,75 X 1,85* M","M2    ","AS",44.43]
[34660,"CHAPA DE MDF BRANCO LISO 1 FACE, E = 18 MM, DE *2,75 X 1,85* M","M2    ","AS",56.38]
[34661,"CHAPA DE MDF BRANCO LISO 1 FACE, E = 25 MM, DE *2,75 X 1,85* M","M2    ","AS",80.98]
[34667,"CHAPA DE MDF BRANCO LISO 1 FACE, E = 6 MM, DE *2,75 X 1,85* M","M2    ","AS",29.32]
[34668,"CHAPA DE MDF BRANCO LISO 1 FACE, E = 9 MM, DE *2,75 X 1,85* M","M2    ","AS",38.32]
[34741,"CHAPA DE MDF BRANCO LISO 2 FACES, E = 12 MM, DE *2,75 X 1,85* M","M2    ","AS",42.17]
[34664,"CHAPA DE MDF BRANCO LISO 2 FACES, E = 15 MM, DE *2,75 X 1,85* M","M2    ","AS",46.01]
[34665,"CHAPA DE MDF BRANCO LISO 2 FACES, E = 18 MM, DE *2,75 X 1,85* M","M2    ","AS",57.12]
[34666,"CHAPA DE MDF BRANCO LISO 2 FACES, E = 25 MM, DE *2,75 X 1,85* M","M2    ","AS",86.28]
[34669,"CHAPA DE MDF BRANCO LISO 2 FACES, E = 6 MM, DE *2,75 X 1,85* M","M2    ","AS",31.63]
[34670,"CHAPA DE MDF BRANCO LISO 2 FACES, E = 9 MM, DE *2,75 X 1,85* M","M2    ","AS",38.69]
[34671,"CHAPA DE MDF CRU, E = 12 MM, DE *2,75 X 1,85* M","M2    ","AS",32.299999999999997]
[34672,"CHAPA DE MDF CRU, E = 15 MM, DE *2,75 X 1,85* M","M2    ","AS",34.06]
[34673,"CHAPA DE MDF CRU, E = 18 MM, DE *2,75 X 1,85* M","M2    ","AS",41.56]
[34674,"CHAPA DE MDF CRU, E = 20 MM, DE *2,75 X 1,85* M","M2    ","AS",55.25]
[34675,"CHAPA DE MDF CRU, E = 25 MM, DE *2,75 X 1,85* M","M2    ","AS",67.36]
[34676,"CHAPA DE MDF CRU, E = 6 MM, DE *2,75 X 1,85* M","M2    ","AS",19.39]
[34677,"CHAPA DE MDF CRU, E = 9 MM, DE *2,75 X 1,85* M","M2    ","AS",26.07]
[43126,"CHAPA EM ACO GALVANIZADO PARA STEEL DECK, COM NERVURAS TRAPEZOIDAIS, LARGURA UTIL DE 915 MM E ESPESSURA DE 0,80 MM","M2    ","CR",96.09]
[43124,"CHAPA EM ACO GALVANIZADO PARA STEEL DECK, COM NERVURAS TRAPEZOIDAIS, LARGURA UTIL DE 915 MM E ESPESSURA DE 0,95 MM","M2    ","CR",112.19]
[43125,"CHAPA EM ACO GALVANIZADO PARA STEEL DECK, COM NERVURAS TRAPEZOIDAIS, LARGURA UTIL DE 915 MM E ESPESSURA DE 1,25 MM","M2    ","CR",145.5]
[40623,"CHAPA PARA EMENDA DE VIGA, EM ACO GROSSO, QUALIDADE ESTRUTURAL, BITOLA 3/16 \", E= 4,75 MM, 4 FUROS, LARGURA 45 MM, COMPRIMENTO 500 MM","PAR   ","CR",112.64]
[43701,"CHAPA/BOBINA LISA EM ALUMINIO, LIGA 1.200 - H14, QUALQUER ESPESSURA, QUALQUER LARGURA","KG    ","AS",35]
[1345,"CHAPA/PAINEL DE MADEIRA COMPENSADA PLASTIFICADA (MADEIRITE PLASTIFICADO) PARA FORMA DE CONCRETO, DE 2200 x 1100 MM, E = *17* MM","M2    ","CR",103.24]
[1346,"CHAPA/PAINEL DE MADEIRA COMPENSADA PLASTIFICADA (MADEIRITE PLASTIFICADO) PARA FORMA DE CONCRETO, DE 2200 x 1100 MM, E = 10 MM","M2    ","CR",60.05]
[1347,"CHAPA/PAINEL DE MADEIRA COMPENSADA PLASTIFICADA (MADEIRITE PLASTIFICADO) PARA FORMA DE CONCRETO, DE 2200 x 1100 MM, E = 12 MM","M2    ","CR",74.41]
[43678,"CHAPA/PAINEL DE MADEIRA COMPENSADA PLASTIFICADA (MADEIRITE PLASTIFICADO) PARA FORMA DE CONCRETO, DE 2200 X 1100 MM, E = 14 MM","M2    ","CR",86.31]
[43680,"CHAPA/PAINEL DE MADEIRA COMPENSADA PLASTIFICADA (MADEIRITE PLASTIFICADO) PARA FORMA DE CONCRETO, DE 2200 X 1100 MM, E = 20 MM","M2    ","CR",124.34]
[43679,"CHAPA/PAINEL DE MADEIRA COMPENSADA PLASTIFICADA (MADEIRITE PLASTIFICADO) PARA FORMA DE CONCRETO, DE 2200 X 1100 MM, E = 6 MM","M2    ","CR",43.64]
[1355,"CHAPA/PAINEL DE MADEIRA COMPENSADA RESINADA (MADEIRITE RESINADO ROSA) PARA FORMA DE CONCRETO, DE 2200 x 1100 MM, E = 14 MM","M2    ","CR",49.66]
[1358,"CHAPA/PAINEL DE MADEIRA COMPENSADA RESINADA (MADEIRITE RESINADO ROSA) PARA FORMA DE CONCRETO, DE 2200 x 1100 MM, E = 17 MM","M2    ","CR",60.96]
[43681,"CHAPA/PAINEL DE MADEIRA COMPENSADA RESINADA (MADEIRITE RESINADO ROSA) PARA FORMA DE CONCRETO, DE 2200 x 1100 MM, E = 8 A 12 MM","M2    ","C ",38.409999999999997]
[43677,"CHAPA/PAINEL DE MADEIRA COMPENSADA RESINADA (MADEIRITE RESINADO ROSA) PARA FORMA DE CONCRETO, DE 2200 X 1100 MM, E = 20 MM","M2    ","CR",75.64]
[43682,"CHAPA/PAINEL DE MADEIRA COMPENSADA RESINADA (MADEIRITE RESINADO ROSA) PARA FORMA DE CONCRETO, DE 2200 X 1100 MM, E = 6 MM","M2    ","CR",23.19]
[20971,"CHAVE DUPLA PARA CONEXOES TIPO STORZ, ENGATE RAPIDO 1 1/2\" X 2 1/2\", EM LATAO, PARA INSTALACAO PREDIAL COMBATE A INCENDIO","UN    ","AS",29.39]
[39746,"CHUMBADOR DE ACO GALVANIZADO, 1\" X 600 MM, PARA POSTES DE ACO COM BASE, INCLUSO PORCA E ARRUELA","UN    ","CR",78.95]
[13279,"CHUMBADOR DE ACO TIPO PARABOLT, * 5/8\" X 200* MM,  COM PORCA E ARRUELA","KG    ","CR",19.989999999999998]
[11977,"CHUMBADOR DE ACO, DIAMETRO 1/2\", COMPRIMENTO 75 MM","UN    ","CR",10.35]
[11975,"CHUMBADOR DE ACO, DIAMETRO 5/8\", COMPRIMENTO 6\", COM PORCA","UN    ","CR",22.69]
[11976,"CHUMBADOR, DIAMETRO 1/4\" COM PARAFUSO 1/4\" X 40 MM","UN    ","CR",1.1599999999999999]
[1368,"CHUVEIRO COMUM EM PLASTICO BRANCO, COM CANO, 3 TEMPERATURAS, 5500 W (110/220 V)","UN    ","C ",76]
[1367,"CHUVEIRO COMUM EM PLASTICO CROMADO, COM CANO, 4 TEMPERATURAS (110/220 V)","UN    ","CR",245.83]
[1380,"CIMENTO BRANCO NAO ESTRUTURAL (CPB - NAO ESTRUTURAL)","KG    ","CR",6.69]
[1375,"CIMENTO IMPERMEABILIZANTE DE PEGA ULTRARRAPIDA PARA TAMPONAMENTOS","KG    ","CR",31.52]
[1379,"CIMENTO PORTLAND COMPOSTO CP II-32","KG    ","C ",1]
[13284,"CIMENTO PORTLAND DE ALTO FORNO (AF) CP III-40","KG    ","CR",0.9]
[44528,"CIMENTO PORTLAND ESTRUTURAL BRANCO CPB - 32 ou CPB - 40","KG    ","CR",5.33]
[34753,"CIMENTO PORTLAND POZOLANICO CP IV-32","KG    ","CR",0.97]
[420,"CINTA CIRCULAR EM ACO GALVANIZADO DE 150 MM DE DIAMETRO PARA FIXACAO DE CAIXA MEDICAO, INCLUI PARAFUSOS E PORCAS","UN    ","AS",26.2]
[12327,"CINTA CIRCULAR EM ACO GALVANIZADO DE 210 MM DE DIAMETRO PARA INSTALACAO DE TRANSFORMADOR EM POSTE DE CONCRETO","UN    ","AS",31.22]
[36148,"CINTURAO DE SEGURANCA TIPO PARAQUEDISTA, FIVELA EM ACO, AJUSTE NO SUSPENSARIO, CINTURA E PERNAS","UN    ","CR",86.4]
[12329,"COBRE ELETROLITICO EM BARRA OU CHAPA","KG    ","CR",154.59]
[1339,"COLA A BASE DE RESINA SINTETICA PARA CHAPA DE LAMINADO MELAMINICO","KG    ","AS",62.3]
[44396,"COLA BRANCA BASE PVA","KG    ","CR",22.86]
[44327,"COLA PARA TUBOS E MANTAS ELASTOMERICAS, A BASE DE SOLVENTE","L     ","CR",77.739999999999995]
[37418,"COLAR DE TOMADA EM POLIPROPILENO, PP, COM PARAFUSOS, PARA PEAD, 63 X 1/2\" - LIGACAO PREDIAL DE AGUA","UN    ","AS",15.92]
[37419,"COLAR DE TOMADA EM POLIPROPILENO, PP, COM PARAFUSOS, PARA PEAD, 63 X 3/4\" - LIGACAO PREDIAL DE AGUA","UN    ","AS",16.350000000000001]
[1427,"COLAR TOMADA PVC, COM TRAVAS, SAIDA COM ROSCA, DE 110 MM X 1/2\" OU 110 MM X 3/4\", PARA LIGACAO PREDIAL DE AGUA","UN    ","AS",15.68]
[1402,"COLAR TOMADA PVC, COM TRAVAS, SAIDA COM ROSCA, DE 32 MM X 1/2\" OU 32 MM X 3/4\", PARA LIGACAO PREDIAL DE AGUA","UN    ","AS",5.42]
[1420,"COLAR TOMADA PVC, COM TRAVAS, SAIDA COM ROSCA, DE 40 MM X 1/2\" OU 40 MM X 3/4\", PARA LIGACAO PREDIAL DE AGUA","UN    ","AS",6.97]
[1419,"COLAR TOMADA PVC, COM TRAVAS, SAIDA COM ROSCA, DE 50 MM X 1/2\" OU 50 MM X 3/4\", PARA LIGACAO PREDIAL DE AGUA","UN    ","AS",8.42]
[1414,"COLAR TOMADA PVC, COM TRAVAS, SAIDA COM ROSCA, DE 60 MM X 1/2\" OU 60 MM X 3/4\", PARA LIGACAO PREDIAL DE AGUA","UN    ","AS",8.24]
[1413,"COLAR TOMADA PVC, COM TRAVAS, SAIDA COM ROSCA, DE 75 MM X 1/2\" OU 75 MM X 3/4\", PARA LIGACAO PREDIAL DE AGUA","UN    ","AS",12.18]
[1412,"COLAR TOMADA PVC, COM TRAVAS, SAIDA COM ROSCA, DE 85 MM X 1/2\" OU 85 MM X 3/4\", PARA LIGACAO PREDIAL DE AGUA","UN    ","AS",10.32]
[1406,"COLAR TOMADA PVC, COM TRAVAS, SAIDA ROSCAVEL COM BUCHA DE LATAO, DE 60 MM X 1/2\" OU 60 MM X 3/4\", PARA LIGACAO PREDIAL DE AGUA","UN    ","AS",12.45]
[11281,"COMPACTADOR DE SOLO A PERCUSSAO (SOQUETE), A GASOLINA 4 TEMPOS, PESO 55 A 65 KG, FORCA DE IMPACTO 1.000 A 1.500 KGF, FREQ. 600 A 700 GOLPES P/ MINUTO, VELOCIDADE TRABALHO DE 10 A 15 M/MIN, POT. DE 2,00 A 3,00 HP","UN    ","AS",10699]
[1442,"COMPACTADOR DE SOLO TIPO PLACA VIBRATORIA REVERSIVEL, A GASOLINA 4 TEMPOS, PESO 125 A 150 KG, FORCA CENTRIF. 2500 A 2800 KGF, LARG. TRABALHO 400 A 450 MM, FREQ. VIBRACAO 4300 A 4500 RPM, VELOC. TRABALHO 15 A 20 M/MIN, POT. 5,5 A 6,0 HP","UN    ","AS",8981.73]
[13457,"COMPACTADOR DE SOLO TIPO PLACA VIBRATORIA REVERSIVEL, A GASOLINA 4 TEMPOS, PESO 150 A 175 KG, FORCA CENTRIF. 2800 A 3100 KGF, LARG. TRABALHO DE 450 A 520 MM, FREQ. VIBRACAO 4000 A 4300 RPM, VELOC. TRABALHO DE 15 A 20 M/MIN, POT. DE 6,0 A 7,0 HP","UN    ","AS",7752.89]
[40699,"COMPACTADOR DE SOLO, TIPO PLACA VIBRATORIA NAO REVERSIVEL, A GASOLINA 4 TEMPOS, PESO 80 A 120 KG, FORCA CENTRIF. DE 1300 A 2000 KGF, LARG. TRABALHO DE 400 A 500 MM, FREQ. VIBRACAO DE 4800 A 6000 RPM, VELOCIDADE TRABALHO DE 20 A 30 M/MIN, POT. DE 5,0 A 6,0 HP","UN    ","AS",5993.28]
[40701,"COMPACTADOR DE SOLO, TIPO PLACA VIBRATORIA REVERSIVEL, A DIESEL, PESO 700 A 820 KG, FORCA CENTRIF. DE 6.200 A 10.000 KGF, LARG. TRABALHO DE 650 A 720 MM, FREQ. VIBRACAO DE 3.000 A 3.500 RPM, VELOCIDADE TRABALHO DE 25 A 30 M/MIN, POT. DE 13,0 A 15,0 HP","UN    ","AS",105969.48]
[40700,"COMPACTADOR DE SOLO, TIPO PLACA VIBRATORIA REVERSIVEL, A GASOLINA 4 TEMPOS, PESO 160 A 265 KG, FORCA CENTRIF. DE 2750 A 4000 KGF, LARG. TRABALHO DE 430 A 550 MM, FREQ. VIBRACAO DE 4000 A 5500 RPM, VELOCIDADE TRABALHO DE 20 A 25 M/MIN, POT. DE 7,5 A 9,0 HP","UN    ","AS",13951.58]
[13458,"COMPACTADOR DE SOLOS DE PERCURSAO (SOQUETE) COM MOTOR A GASOLINA 4 TEMPOS DE 4 HP (4 CV)","UN    ","AS",13257.45]
[11134,"COMPENSADO NAVAL - CHAPA/PAINEL EM MADEIRA COMPENSADA PRENSADA, DE 2200 X 1600 MM, E = 10 MM","M2    ","CR",85.55]
[11135,"COMPENSADO NAVAL - CHAPA/PAINEL EM MADEIRA COMPENSADA PRENSADA, DE 2200 X 1600 MM, E = 12 MM","M2    ","CR",92.37]
[11136,"COMPENSADO NAVAL - CHAPA/PAINEL EM MADEIRA COMPENSADA PRENSADA, DE 2200 X 1600 MM, E = 15 MM","M2    ","CR",105.76]
[34743,"COMPENSADO NAVAL - CHAPA/PAINEL EM MADEIRA COMPENSADA PRENSADA, DE 2200 X 1600 MM, E = 18 MM","M2    ","CR",127.61]
[11137,"COMPENSADO NAVAL - CHAPA/PAINEL EM MADEIRA COMPENSADA PRENSADA, DE 2200 X 1600 MM, E = 20 MM","M2    ","CR",144.94]
[34745,"COMPENSADO NAVAL - CHAPA/PAINEL EM MADEIRA COMPENSADA PRENSADA, DE 2200 X 1600 MM, E = 25 MM","M2    ","CR",172.36]
[34746,"COMPENSADO NAVAL - CHAPA/PAINEL EM MADEIRA COMPENSADA PRENSADA, DE 2200 X 1600 MM, E = 4 MM","M2    ","CR",47]
[1360,"COMPENSADO NAVAL - CHAPA/PAINEL EM MADEIRA COMPENSADA PRENSADA, DE 2200 X 1600 MM, E = 6 MM","M2    ","CR",54.84]
[36524,"COMPRESSOR DE AR ESTACIONARIO, VAZAO 620 PCM, PRESSAO EFETIVA DE TRABALHO 109 PSI, MOTOR ELETRICO, POTENCIA 127 CV","UN    ","AS",183803.46]
[36526,"COMPRESSOR DE AR REBOCAVEL VAZAO 400 PCM, PRESSAO EFETIVA DE TRABALHO 102 PSI, MOTOR DIESEL, POTENCIA 110 CV","UN    ","AS",148116.31]
[36523,"COMPRESSOR DE AR REBOCAVEL VAZAO 748 PCM, PRESSAO EFETIVA DE TRABALHO 102 PSI, MOTOR DIESEL, POTENCIA 210 CV","UN    ","AS",317097.03000000003]
[36527,"COMPRESSOR DE AR REBOCAVEL VAZAO 860 PCM, PRESSAO EFETIVA DE TRABALHO 102 PSI, MOTOR DIESEL, POTENCIA 250 CV","UN    ","AS",344432.69]
[38642,"COMPRESSOR DE AR REBOCAVEL, VAZAO 152 PCM, PRESSAO EFETIVA DE TRABALHO 102 PSI, MOTOR DIESEL, POTENCIA 31,5 KW","UN    ","AS",80192.77]
[36522,"COMPRESSOR DE AR REBOCAVEL, VAZAO 189 PCM, PRESSAO EFETIVA DE TRABALHO 102 PSI, MOTOR DIESEL, POTENCIA 63 CV","UN    ","AS",93263.23]
[36525,"COMPRESSOR DE AR REBOCAVEL, VAZAO 250 PCM, PRESSAO EFETIVA DE TRABALHO 102 PSI, MOTOR DIESEL, POTENCIA 81 CV","UN    ","AS",124901.25]
[13803,"COMPRESSOR DE AR REBOCAVEL, VAZAO 89 PCM, PRESSAO EFETIVA DE TRABALHO *102* PSI, MOTOR DIESEL, POTENCIA *20* CV","UN    ","AS",124543.86]
[34348,"CONCERTINA CLIPADA (DUPLA) EM ACO GALVANIZADO DE ALTA RESISTENCIA, COM ESPIRAL DE 300 MM, D = 2,76 MM","M     ","CR",26.18]
[34347,"CONCERTINA SIMPLES EM ACO GALVANIZADO DE ALTA RESISTENCIA, COM ESPIRAL DE 300 MM, D = 2,76 MM","M     ","CR",18.72]
[11146,"CONCRETO AUTOADENSAVEL (CAA) CLASSE DE RESISTENCIA C15, ESPALHAMENTO SF2, COM BOMBEAMENTO (DISPONIBILIZACAO DE BOMBA), SEM O LANCAMENTO (NBR 15823)","M3    ","CR",748.29]
[11147,"CONCRETO AUTOADENSAVEL (CAA) CLASSE DE RESISTENCIA C20, ESPALHAMENTO SF2, COM BOMBEAMENTO (DISPONIBILIZACAO DE BOMBA), SEM O LANCAMENTO (NBR 15823)","M3    ","CR",777.57]
[34872,"CONCRETO AUTOADENSAVEL (CAA) CLASSE DE RESISTENCIA C25, ESPALHAMENTO SF2, COM BOMBEAMENTO (DISPONIBILIZACAO DE BOMBA), SEM O LANCAMENTO (NBR 15823)","M3    ","CR",786.3]
[34491,"CONCRETO AUTOADENSAVEL (CAA) CLASSE DE RESISTENCIA C30, ESPALHAMENTO SF2, COM BOMBEAMENTO (DISPONIBILIZACAO DE BOMBA), SEM O LANCAMENTO (NBR 15823)","M3    ","CR",809.09]
[34770,"CONCRETO BETUMINOSO USINADO A QUENTE (CBUQ) PARA PAVIMENTACAO ASFALTICA, PADRAO DNIT, FAIXA C, COM CAP 30/45 - AQUISICAO POSTO USINA","T     ","AS",502.7]
[1518,"CONCRETO BETUMINOSO USINADO A QUENTE (CBUQ) PARA PAVIMENTACAO ASFALTICA, PADRAO DNIT, FAIXA C, COM CAP 50/70 - AQUISICAO POSTO USINA","T     ","AS",512.5]
[41965,"CONCRETO BETUMINOSO USINADO A QUENTE (CBUQ) PARA PAVIMENTACAO ASFALTICA, PADRAO DNIT, PARA BINDER, COM CAP 50/70 - AQUISICAO POSTO USINA","T     ","AS",449.38]
[1524,"CONCRETO USINADO BOMBEAVEL, CLASSE DE RESISTENCIA C20, BRITA 0 E 1, SLUMP = 100 +/- 20 MM, COM BOMBEAMENTO (DISPONIBILIZACAO DE BOMBA), SEM O LANCAMENTO (NBR 8953)","M3    ","CR",717.93]
[34492,"CONCRETO USINADO BOMBEAVEL, CLASSE DE RESISTENCIA C20, COM BRITA 0 E 1, SLUMP = 100 +/- 20 MM, EXCLUI SERVICO DE BOMBEAMENTO (NBR 8953)","M3    ","C ",665]
[38404,"CONCRETO USINADO BOMBEAVEL, CLASSE DE RESISTENCIA C20, COM BRITA 0 E 1, SLUMP = 130 +/- 20 MM, EXCLUI SERVICO DE BOMBEAMENTO (NBR 8953)","M3    ","CR",688.81]
[39849,"CONCRETO USINADO BOMBEAVEL, CLASSE DE RESISTENCIA C20, COM BRITA 0 E 1, SLUMP = 190 +/- 20 MM, COM BOMBEAMENTO (DISPONIBILIZACAO DE BOMBA), SEM O LANCAMENTO (NBR 8953)","M3    ","CR",789.38]
[38464,"CONCRETO USINADO BOMBEAVEL, CLASSE DE RESISTENCIA C20, COM BRITA 0, SLUMP = 220 +/- 20 MM, COM BOMBEAMENTO (DISPONIBILIZACAO DE BOMBA), SEM O LANCAMENTO (NBR 8953)","M3    ","CR",800.84]
[1527,"CONCRETO USINADO BOMBEAVEL, CLASSE DE RESISTENCIA C25, BRITA 0 E 1, SLUMP = 100 +/- 20 MM, COM BOMBEAMENTO (DISPONIBILIZACAO DE BOMBA), SEM O LANCAMENTO (NBR 8953)","M3    ","CR",740.72]
[34493,"CONCRETO USINADO BOMBEAVEL, CLASSE DE RESISTENCIA C25, COM BRITA 0 E 1, SLUMP = 100 +/- 20 MM, EXCLUI SERVICO DE BOMBEAMENTO (NBR 8953)","M3    ","CR",683.74]
[38405,"CONCRETO USINADO BOMBEAVEL, CLASSE DE RESISTENCIA C25, COM BRITA 0 E 1, SLUMP = 130 +/- 20 MM, EXCLUI SERVICO DE BOMBEAMENTO (NBR 8953)","M3    ","CR",710.05]
[38408,"CONCRETO USINADO BOMBEAVEL, CLASSE DE RESISTENCIA C25, COM BRITA 0 E 1, SLUMP = 190 +/- 20 MM, EXCLUI SERVICO DE BOMBEAMENTO (NBR 8953)","M3    ","CR",785.96]
[1525,"CONCRETO USINADO BOMBEAVEL, CLASSE DE RESISTENCIA C30, BRITA 0 E 1, SLUMP = 100 +/- 20 MM, COM BOMBEAMENTO (DISPONIBILIZACAO DE BOMBA), SEM O LANCAMENTO (NBR 8953)","M3    ","CR",763.51]
[34494,"CONCRETO USINADO BOMBEAVEL, CLASSE DE RESISTENCIA C30, COM BRITA 0 E 1, SLUMP = 100 +/- 20 MM, EXCLUI SERVICO DE BOMBEAMENTO (NBR 8953)","M3    ","CR",706.53]
[38406,"CONCRETO USINADO BOMBEAVEL, CLASSE DE RESISTENCIA C30, COM BRITA 0 E 1, SLUMP = 130 +/- 20 MM, EXCLUI SERVICO DE BOMBEAMENTO (NBR 8953)","M3    ","CR",749.77]
[38409,"CONCRETO USINADO BOMBEAVEL, CLASSE DE RESISTENCIA C30, COM BRITA 0 E 1, SLUMP = 190 +/- 20 MM, EXCLUI SERVICO DE BOMBEAMENTO (NBR 8953)","M3    ","CR",791.32]
[43360,"CONCRETO USINADO BOMBEAVEL, CLASSE DE RESISTENCIA C30, COM BRITA 0 E 1, SLUMP = 220 +/- 30 MM, EXCLUI SERVICO DE BOMBEAMENTO (NBR 8953)","M3    ","CR",825.12]
[11145,"CONCRETO USINADO BOMBEAVEL, CLASSE DE RESISTENCIA C35, BRITA 0 E 1, SLUMP = 100 +/- 20 MM, COM BOMBEAMENTO (DISPONIBILIZACAO DE BOMBA), SEM O LANCAMENTO (NBR 8953)","M3    ","CR",786.3]
[34495,"CONCRETO USINADO BOMBEAVEL, CLASSE DE RESISTENCIA C35, COM BRITA 0 E 1, SLUMP = 100 +/- 20 MM, EXCLUI SERVICO DE BOMBEAMENTO (NBR 8953)","M3    ","CR",729.32]
[34479,"CONCRETO USINADO BOMBEAVEL, CLASSE DE RESISTENCIA C40, BRITA 0 E 1, SLUMP = 100 +/- 20 MM, COM BOMBEAMENTO (DISPONIBILIZACAO DE BOMBA), SEM O LANCAMENTO (NBR 8953)","M3    ","CR",809.09]
[34496,"CONCRETO USINADO BOMBEAVEL, CLASSE DE RESISTENCIA C40, COM BRITA 0 E 1, SLUMP = 100 +/- 20 MM, EXCLUI SERVICO DE BOMBEAMENTO (NBR 8953)","M3    ","CR",760.81]
[34481,"CONCRETO USINADO BOMBEAVEL, CLASSE DE RESISTENCIA C45, BRITA 0 E 1, SLUMP = 100 +/- 20 MM, COM BOMBEAMENTO (DISPONIBILIZACAO DE BOMBA), SEM O LANCAMENTO (NBR 8953)","M3    ","CR",845.4]
[34483,"CONCRETO USINADO BOMBEAVEL, CLASSE DE RESISTENCIA C50, BRITA 0 E 1, SLUMP = 100 +/- 20 MM, COM BOMBEAMENTO (DISPONIBILIZACAO DE BOMBA), SEM O LANCAMENTO (NBR 8953)","M3    ","CR",903.26]
[34485,"CONCRETO USINADO BOMBEAVEL, CLASSE DE RESISTENCIA C60, COM BRITA 0 E 1, SLUMP = 100 +/- 20 MM, COM BOMBEAMENTO (DISPONIBILIZACAO DE BOMBA), SEM O LANCAMENTO (NBR 8953)","M3    ","CR",965.93]
[14041,"CONCRETO USINADO CONVENCIONAL (NAO BOMBEAVEL) CLASSE DE RESISTENCIA C10, COM BRITA 1 E 2, SLUMP = 80 MM +/- 10 MM (NBR 8953)","M3    ","CR",627.9]
[1523,"CONCRETO USINADO CONVENCIONAL (NAO BOMBEAVEL) CLASSE DE RESISTENCIA C15, COM BRITA 1 E 2, SLUMP = 80 MM +/- 10 MM (NBR 8953)","M3    ","CR",638.16]
[14052,"CONDULETE DE ALUMINIO TIPO B, PARA ELETRODUTO ROSCAVEL DE 1/2\", COM TAMPA CEGA","UN    ","AS",12.6]
[14054,"CONDULETE DE ALUMINIO TIPO B, PARA ELETRODUTO ROSCAVEL DE 1\", COM TAMPA CEGA","UN    ","AS",16.38]
[14053,"CONDULETE DE ALUMINIO TIPO B, PARA ELETRODUTO ROSCAVEL DE 3/4\", COM TAMPA CEGA","UN    ","AS",12.79]
[2558,"CONDULETE DE ALUMINIO TIPO C, PARA ELETRODUTO ROSCAVEL DE 1/2\", COM TAMPA CEGA","UN    ","AS",9.6300000000000008]
[2560,"CONDULETE DE ALUMINIO TIPO C, PARA ELETRODUTO ROSCAVEL DE 1\", COM TAMPA CEGA","UN    ","AS",16.95]
[2559,"CONDULETE DE ALUMINIO TIPO C, PARA ELETRODUTO ROSCAVEL DE 3/4\", COM TAMPA CEGA","UN    ","AS",13.56]
[2592,"CONDULETE DE ALUMINIO TIPO C, PARA ELETRODUTO ROSCAVEL DE 4\", COM TAMPA CEGA","UN    ","AS",224.79]
[2566,"CONDULETE DE ALUMINIO TIPO E, PARA ELETRODUTO ROSCAVEL DE 1  1/4\", COM TAMPA CEGA","UN    ","AS",22.62]
[2589,"CONDULETE DE ALUMINIO TIPO E, PARA ELETRODUTO ROSCAVEL DE 1 1/2\", COM TAMPA CEGA","UN    ","AS",30.07]
[2591,"CONDULETE DE ALUMINIO TIPO E, PARA ELETRODUTO ROSCAVEL DE 1/2\", COM TAMPA CEGA","UN    ","AS",10.96]
[2590,"CONDULETE DE ALUMINIO TIPO E, PARA ELETRODUTO ROSCAVEL DE 1\", COM TAMPA CEGA","UN    ","AS",18.45]
[2567,"CONDULETE DE ALUMINIO TIPO E, PARA ELETRODUTO ROSCAVEL DE 2\", COM TAMPA CEGA","UN    ","AS",44.1]
[2565,"CONDULETE DE ALUMINIO TIPO E, PARA ELETRODUTO ROSCAVEL DE 3/4\", COM TAMPA CEGA","UN    ","AS",10.98]
[2568,"CONDULETE DE ALUMINIO TIPO E, PARA ELETRODUTO ROSCAVEL DE 3\", COM TAMPA CEGA","UN    ","AS",122.47]
[2594,"CONDULETE DE ALUMINIO TIPO E, PARA ELETRODUTO ROSCAVEL DE 4\", COM TAMPA CEGA","UN    ","AS",204.03]
[2587,"CONDULETE DE ALUMINIO TIPO LR, PARA ELETRODUTO ROSCAVEL DE 1 1/2\", COM TAMPA CEGA","UN    ","AS",34.770000000000003]
[2588,"CONDULETE DE ALUMINIO TIPO LR, PARA ELETRODUTO ROSCAVEL DE 1 1/4\", COM TAMPA CEGA","UN    ","AS",27.62]
[2569,"CONDULETE DE ALUMINIO TIPO LR, PARA ELETRODUTO ROSCAVEL DE 1/2\", COM TAMPA CEGA","UN    ","AS",10.64]
[2570,"CONDULETE DE ALUMINIO TIPO LR, PARA ELETRODUTO ROSCAVEL DE 1\", COM TAMPA CEGA","UN    ","AS",17.84]
[2571,"CONDULETE DE ALUMINIO TIPO LR, PARA ELETRODUTO ROSCAVEL DE 2\", COM TAMPA CEGA","UN    ","AS",52.96]
[2593,"CONDULETE DE ALUMINIO TIPO LR, PARA ELETRODUTO ROSCAVEL DE 3/4\", COM TAMPA CEGA","UN    ","AS",11.35]
[2572,"CONDULETE DE ALUMINIO TIPO LR, PARA ELETRODUTO ROSCAVEL DE 3\", COM TAMPA CEGA","UN    ","AS",156.62]
[2595,"CONDULETE DE ALUMINIO TIPO LR, PARA ELETRODUTO ROSCAVEL DE 4\", COM TAMPA CEGA","UN    ","AS",244.36]
[2576,"CONDULETE DE ALUMINIO TIPO T, PARA ELETRODUTO ROSCAVEL DE 1 1/2\", COM TAMPA CEGA","UN    ","AS",41.66]
[2575,"CONDULETE DE ALUMINIO TIPO T, PARA ELETRODUTO ROSCAVEL DE 1 1/4\", COM TAMPA CEGA","UN    ","AS",31.31]
[2573,"CONDULETE DE ALUMINIO TIPO T, PARA ELETRODUTO ROSCAVEL DE 1/2\", COM TAMPA CEGA","UN    ","AS",13]
[2586,"CONDULETE DE ALUMINIO TIPO T, PARA ELETRODUTO ROSCAVEL DE 1\", COM TAMPA CEGA","UN    ","AS",21.08]
[2577,"CONDULETE DE ALUMINIO TIPO T, PARA ELETRODUTO ROSCAVEL DE 2\", COM TAMPA CEGA","UN    ","AS",56.44]
[2574,"CONDULETE DE ALUMINIO TIPO T, PARA ELETRODUTO ROSCAVEL DE 3/4\", COM TAMPA CEGA","UN    ","AS",13.09]
[2578,"CONDULETE DE ALUMINIO TIPO T, PARA ELETRODUTO ROSCAVEL DE 3\", COM TAMPA CEGA","UN    ","AS",176.23]
[2585,"CONDULETE DE ALUMINIO TIPO T, PARA ELETRODUTO ROSCAVEL DE 4\", COM TAMPA CEGA","UN    ","AS",241.83]
[12008,"CONDULETE DE ALUMINIO TIPO TB, PARA ELETRODUTO ROSCAVEL DE 3\", COM TAMPA CEGA","UN    ","AS",129.75]
[2582,"CONDULETE DE ALUMINIO TIPO X, PARA ELETRODUTO ROSCAVEL DE 1 1/2\", COM TAMPA CEGA","UN    ","AS",38.64]
[2597,"CONDULETE DE ALUMINIO TIPO X, PARA ELETRODUTO ROSCAVEL DE 1 1/4\", COM TAMPA CEGA","UN    ","AS",33.11]
[2579,"CONDULETE DE ALUMINIO TIPO X, PARA ELETRODUTO ROSCAVEL DE 1/2\", COM TAMPA CEGA","UN    ","AS",15.76]
[2581,"CONDULETE DE ALUMINIO TIPO X, PARA ELETRODUTO ROSCAVEL DE 1\", COM TAMPA CEGA","UN    ","AS",20.170000000000002]
[2596,"CONDULETE DE ALUMINIO TIPO X, PARA ELETRODUTO ROSCAVEL DE 2\", COM TAMPA CEGA","UN    ","AS",59.66]
[2580,"CONDULETE DE ALUMINIO TIPO X, PARA ELETRODUTO ROSCAVEL DE 3/4\", COM TAMPA CEGA","UN    ","AS",17.28]
[2583,"CONDULETE DE ALUMINIO TIPO X, PARA ELETRODUTO ROSCAVEL DE 3\", COM TAMPA CEGA","UN    ","AS",145.12]
[2584,"CONDULETE DE ALUMINIO TIPO X, PARA ELETRODUTO ROSCAVEL DE 4\", COM TAMPA CEGA","UN    ","AS",241.58]
[12010,"CONDULETE EM PVC, TIPO \"B\", SEM TAMPA, DE 1/2\" OU 3/4\"","UN    ","CR",11.02]
[39329,"CONDULETE EM PVC, TIPO \"B\", SEM TAMPA, DE 1\"","UN    ","CR",11.53]
[39330,"CONDULETE EM PVC, TIPO \"C\", SEM TAMPA, DE 1/2\"","UN    ","CR",12.13]
[39332,"CONDULETE EM PVC, TIPO \"C\", SEM TAMPA, DE 1\"","UN    ","CR",13.55]
[39331,"CONDULETE EM PVC, TIPO \"C\", SEM TAMPA, DE 3/4\"","UN    ","CR",10.79]
[39333,"CONDULETE EM PVC, TIPO \"E\", SEM TAMPA, DE 1/2\"","UN    ","CR",10.52]
[39335,"CONDULETE EM PVC, TIPO \"E\", SEM TAMPA, DE 1\"","UN    ","CR",12.17]
[39334,"CONDULETE EM PVC, TIPO \"E\", SEM TAMPA, DE 3/4\"","UN    ","CR",9.67]
[12016,"CONDULETE EM PVC, TIPO \"LB\", SEM TAMPA, DE 1/2\" OU 3/4\"","UN    ","CR",12.14]
[12015,"CONDULETE EM PVC, TIPO \"LB\", SEM TAMPA, DE 1\"","UN    ","CR",14.13]
[12020,"CONDULETE EM PVC, TIPO \"LL\", SEM TAMPA, DE 1/2\" OU 3/4\"","UN    ","CR",12.14]
[12019,"CONDULETE EM PVC, TIPO \"LL\", SEM TAMPA, DE 1\"","UN    ","CR",14.13]
[39336,"CONDULETE EM PVC, TIPO \"LR\", SEM TAMPA, DE 1/2\"","UN    ","CR",12.13]
[39338,"CONDULETE EM PVC, TIPO \"LR\", SEM TAMPA, DE 1\"","UN    ","CR",13.55]
[39337,"CONDULETE EM PVC, TIPO \"LR\", SEM TAMPA, DE 3/4\"","UN    ","CR",10.79]
[39341,"CONDULETE EM PVC, TIPO \"T\", SEM TAMPA, DE 1\"","UN    ","CR",17.66]
[39340,"CONDULETE EM PVC, TIPO \"T\", SEM TAMPA, DE 3/4\"","UN    ","CR",12.97]
[12025,"CONDULETE EM PVC, TIPO \"TB\", SEM TAMPA, DE 1/2\" OU 3/4\"","UN    ","CR",13.4]
[39342,"CONDULETE EM PVC, TIPO \"TB\", SEM TAMPA, DE 1\"","UN    ","CR",17.66]
[39343,"CONDULETE EM PVC, TIPO \"X\", SEM TAMPA, DE 1/2\"","UN    ","CR",14.92]
[39345,"CONDULETE EM PVC, TIPO \"X\", SEM TAMPA, DE 1\"","UN    ","CR",20.190000000000001]
[39344,"CONDULETE EM PVC, TIPO \"X\", SEM TAMPA, DE 3/4\"","UN    ","CR",14.42]
[12623,"CONDUTOR PLUVIAL, PVC, CIRCULAR, DIAMETRO ENTRE 80 E 100 MM, PARA DRENAGEM PLUVIAL PREDIAL","M     ","CR",46.76]
[34498,"CONE DE SINALIZACAO EM PVC FLEXIVEL, H = 70 / 76 CM (NBR 15071)","UN    ","CR",148.47999999999999]
[13244,"CONE DE SINALIZACAO EM PVC RIGIDO COM FAIXA REFLETIVA, H = 70 / 76 CM","UN    ","C ",62.5]
[38998,"CONECTOR / ADAPTADOR F/F, COM INSERTO METALICO, PPR, DN 25 MM X 1/2\", PARA AGUA QUENTE E FRIA PREDIAL","UN    ","AS",9.9700000000000006]
[38999,"CONECTOR / ADAPTADOR F/F, COM INSERTO METALICO, PPR, DN 32 MM X 3/4\", PARA AGUA QUENTE E FRIA PREDIAL","UN    ","AS",25.2]
[38996,"CONECTOR / ADAPTADOR F/M, COM INSERTO METALICO, PPR, DN 25 MM X 1/2\", PARA AGUA QUENTE E FRIA PREDIAL","UN    ","AS",17.809999999999999]
[44173,"CONECTOR / ADAPTADOR F/M, COM INSERTO METALICO, PPR, DN 25 MM X 3/4\", PARA AGUA QUENTE E FRIA PREDIAL","UN    ","AS",17.32]
[44174,"CONECTOR / ADAPTADOR F/M, COM INSERTO METALICO, PPR, DN 32 MM X 1\", PARA AGUA QUENTE E FRIA PREDIAL","UN    ","AS",28.36]
[38997,"CONECTOR / ADAPTADOR F/M, COM INSERTO METALICO, PPR, DN 32 MM X 3/4\", PARA AGUA QUENTE E FRIA PREDIAL","UN    ","AS",25.48]
[39600,"CONECTOR / TOMADA FEMEA RJ 45, CATEGORIA 5 E (CAT 5E) PARA CABOS","UN    ","CR",12.69]
[39601,"CONECTOR / TOMADA FEMEA RJ 45, CATEGORIA 6 (CAT 6) PARA CABOS","UN    ","CR",26.91]
[39862,"CONECTOR BRONZE/LATAO (REF 603) SEM ANEL DE SOLDA, BOLSA X ROSCA F, 15 MM X 1/2\"","UN    ","AS",12.78]
[39863,"CONECTOR BRONZE/LATAO (REF 603) SEM ANEL DE SOLDA, BOLSA X ROSCA F, 22 MM X 1/2\"","UN    ","AS",12.96]
[39864,"CONECTOR BRONZE/LATAO (REF 603) SEM ANEL DE SOLDA, BOLSA X ROSCA F, 22 MM X 3/4\"","UN    ","AS",16.079999999999998]
[39865,"CONECTOR BRONZE/LATAO (REF 603) SEM ANEL DE SOLDA, BOLSA X ROSCA F, 28 MM X 1/2\"","UN    ","AS",22.67]
[2517,"CONECTOR CURVO 90 GRAUS DE ALUMINIO, BITOLA 1 1/2\", PARA ADAPTAR ENTRADA DE ELETRODUTO METALICO FLEXIVEL EM QUADROS","UN    ","AS",24.07]
[2522,"CONECTOR CURVO 90 GRAUS DE ALUMINIO, BITOLA 1 1/4\", PARA ADAPTAR ENTRADA DE ELETRODUTO METALICO FLEXIVEL EM QUADROS","UN    ","AS",15.55]
[2548,"CONECTOR CURVO 90 GRAUS DE ALUMINIO, BITOLA 1/2\", PARA ADAPTAR ENTRADA DE ELETRODUTO METALICO FLEXIVEL EM QUADROS","UN    ","AS",9.57]
[2516,"CONECTOR CURVO 90 GRAUS DE ALUMINIO, BITOLA 1\", PARA ADAPTAR ENTRADA DE ELETRODUTO METALICO FLEXIVEL EM QUADROS","UN    ","AS",12.49]
[2518,"CONECTOR CURVO 90 GRAUS DE ALUMINIO, BITOLA 2 1/2\", PARA ADAPTAR ENTRADA DE ELETRODUTO METALICO FLEXIVEL EM QUADROS","UN    ","AS",114.57]
[2521,"CONECTOR CURVO 90 GRAUS DE ALUMINIO, BITOLA 2\", PARA ADAPTAR ENTRADA DE ELETRODUTO METALICO FLEXIVEL EM QUADROS","UN    ","AS",48.77]
[2515,"CONECTOR CURVO 90 GRAUS DE ALUMINIO, BITOLA 3/4\", PARA ADAPTAR ENTRADA DE ELETRODUTO METALICO FLEXIVEL EM QUADROS","UN    ","AS",10.39]
[2519,"CONECTOR CURVO 90 GRAUS DE ALUMINIO, BITOLA 3\", PARA ADAPTAR ENTRADA DE ELETRODUTO METALICO FLEXIVEL EM QUADROS","UN    ","AS",138.15]
[2520,"CONECTOR CURVO 90 GRAUS DE ALUMINIO, BITOLA 4\", PARA ADAPTAR ENTRADA DE ELETRODUTO METALICO FLEXIVEL EM QUADROS","UN    ","AS",254.26]
[1602,"CONECTOR DE ALUMINIO TIPO PRENSA CABO, BITOLA 1 1/2\", PARA CABOS DE DIAMETRO DE 37 A 40 MM","UN    ","CR",67.44]
[1601,"CONECTOR DE ALUMINIO TIPO PRENSA CABO, BITOLA 1 1/4\", PARA CABOS DE DIAMETRO DE 31 A 34 MM","UN    ","CR",60.11]
[1598,"CONECTOR DE ALUMINIO TIPO PRENSA CABO, BITOLA 1/2\", PARA CABOS DE DIAMETRO DE 12,5 A 15 MM","UN    ","CR",17.79]
[1600,"CONECTOR DE ALUMINIO TIPO PRENSA CABO, BITOLA 1\", PARA CABOS DE DIAMETRO DE 22,5 A 25 MM","UN    ","CR",26.26]
[1603,"CONECTOR DE ALUMINIO TIPO PRENSA CABO, BITOLA 2\", PARA CABOS DE DIAMETRO DE 47,5 A 50 MM","UN    ","CR",101.83]
[1599,"CONECTOR DE ALUMINIO TIPO PRENSA CABO, BITOLA 3/4\", PARA CABOS DE DIAMETRO DE 17,5 A 20 MM","UN    ","CR",20.64]
[1597,"CONECTOR DE ALUMINIO TIPO PRENSA CABO, BITOLA 3/8\", PARA CABOS DE DIAMETRO DE 9 A 10 MM","UN    ","CR",16.72]
[39602,"CONECTOR MACHO RJ 45, CATEGORIA 5 E (CAT 5E) PARA CABOS","UN    ","CR",1.34]
[39603,"CONECTOR MACHO RJ 45, CATEGORIA 6 (CAT 6) PARA CABOS","UN    ","CR",2.86]
[11821,"CONECTOR METALICO TIPO PARAFUSO FENDIDO (SPLIT BOLT), COM SEPARADOR DE CABOS BIMETALICOS, PARA CABOS ATE 25 MM2","UN    ","CR",13.74]
[1562,"CONECTOR METALICO TIPO PARAFUSO FENDIDO (SPLIT BOLT), COM SEPARADOR DE CABOS BIMETALICOS, PARA CABOS ATE 50 MM2","UN    ","CR",22.5]
[1563,"CONECTOR METALICO TIPO PARAFUSO FENDIDO (SPLIT BOLT), COM SEPARADOR DE CABOS BIMETALICOS, PARA CABOS ATE 70 MM2","UN    ","CR",30.19]
[11856,"CONECTOR METALICO TIPO PARAFUSO FENDIDO (SPLIT BOLT), PARA CABOS ATE 10 MM2","UN    ","C ",9]
[11857,"CONECTOR METALICO TIPO PARAFUSO FENDIDO (SPLIT BOLT), PARA CABOS ATE 120 MM2","UN    ","CR",47.37]
[11858,"CONECTOR METALICO TIPO PARAFUSO FENDIDO (SPLIT BOLT), PARA CABOS ATE 150 MM2","UN    ","CR",58.79]
[1539,"CONECTOR METALICO TIPO PARAFUSO FENDIDO (SPLIT BOLT), PARA CABOS ATE 16 MM2","UN    ","CR",10.58]
[11859,"CONECTOR METALICO TIPO PARAFUSO FENDIDO (SPLIT BOLT), PARA CABOS ATE 185 MM2","UN    ","CR",79.98]
[1550,"CONECTOR METALICO TIPO PARAFUSO FENDIDO (SPLIT BOLT), PARA CABOS ATE 25 MM2","UN    ","CR",11.16]
[11854,"CONECTOR METALICO TIPO PARAFUSO FENDIDO (SPLIT BOLT), PARA CABOS ATE 35 MM2","UN    ","CR",13.94]
[11862,"CONECTOR METALICO TIPO PARAFUSO FENDIDO (SPLIT BOLT), PARA CABOS ATE 50 MM2","UN    ","CR",19.559999999999999]
[11863,"CONECTOR METALICO TIPO PARAFUSO FENDIDO (SPLIT BOLT), PARA CABOS ATE 6 MM2","UN    ","CR",7.9]
[11855,"CONECTOR METALICO TIPO PARAFUSO FENDIDO (SPLIT BOLT), PARA CABOS ATE 70 MM2","UN    ","CR",29.19]
[11864,"CONECTOR METALICO TIPO PARAFUSO FENDIDO (SPLIT BOLT), PARA CABOS ATE 95 MM2","UN    ","CR",44.14]
[2527,"CONECTOR RETO DE ALUMINIO PARA ELETRODUTO DE 1 1/2\", PARA ADAPTAR ENTRADA DE ELETRODUTO METALICO FLEXIVEL EM QUADROS","UN    ","AS",8.61]
[2526,"CONECTOR RETO DE ALUMINIO PARA ELETRODUTO DE 1 1/4\", PARA ADAPTAR ENTRADA DE ELETRODUTO METALICO FLEXIVEL EM QUADROS","UN    ","AS",5.52]
[2487,"CONECTOR RETO DE ALUMINIO PARA ELETRODUTO DE 1/2\", PARA ADAPTAR ENTRADA DE ELETRODUTO METALICO FLEXIVEL EM QUADROS","UN    ","AS",1.88]
[2483,"CONECTOR RETO DE ALUMINIO PARA ELETRODUTO DE 1\", PARA ADAPTAR ENTRADA DE ELETRODUTO METALICO FLEXIVEL EM QUADROS","UN    ","AS",3.93]
[2528,"CONECTOR RETO DE ALUMINIO PARA ELETRODUTO DE 2 1/2\", PARA ADAPTAR ENTRADA DE ELETRODUTO METALICO FLEXIVEL EM QUADROS","UN    ","AS",21.68]
[2489,"CONECTOR RETO DE ALUMINIO PARA ELETRODUTO DE 2\", PARA ADAPTAR ENTRADA DE ELETRODUTO METALICO FLEXIVEL EM QUADROS","UN    ","AS",9.5500000000000007]
[2488,"CONECTOR RETO DE ALUMINIO PARA ELETRODUTO DE 3/4\", PARA ADAPTAR ENTRADA DE ELETRODUTO METALICO FLEXIVEL EM QUADROS","UN    ","AS",2.2000000000000002]
[2484,"CONECTOR RETO DE ALUMINIO PARA ELETRODUTO DE 3\", PARA ADAPTAR ENTRADA DE ELETRODUTO METALICO FLEXIVEL EM QUADROS","UN    ","AS",31.49]
[2485,"CONECTOR RETO DE ALUMINIO PARA ELETRODUTO DE 4\", PARA ADAPTAR ENTRADA DE ELETRODUTO METALICO FLEXIVEL EM QUADROS","UN    ","AS",49.35]
[39279,"CONECTOR/ADAPTADOR FIXO, ROSCA FEMEA, EM PLASTICO, DN 16 MM X 1/2\", PARA CONEXAO COM CRIMPAGEM, EM TUBO PEX PARA INST. AGUA QUENTE/FRIA","UN    ","AS",8.35]
[39280,"CONECTOR/ADAPTADOR FIXO, ROSCA FEMEA, EM PLASTICO, DN 20 MM X 1/2\", PARA CONEXAO COM CRIMPAGEM, EM TUBO PEX PARA INST. AGUA QUENTE/FRIA","UN    ","AS",9.36]
[39281,"CONECTOR/ADAPTADOR FIXO, ROSCA FEMEA, EM PLASTICO, DN 20 MM X 3/4\", PARA CONEXAO COM CRIMPAGEM, EM TUBO PEX PARA INST. AGUA QUENTE/FRIA","UN    ","AS",12.37]
[39282,"CONECTOR/ADAPTADOR FIXO, ROSCA FEMEA, EM PLASTICO, DN 25 MM X 3/4\", PARA CONEXAO COM CRIMPAGEM, EM TUBO PEX PARA INST. AGUA QUENTE/FRIA","UN    ","AS",17.260000000000002]
[38844,"CONECTOR/ADAPTADOR FIXO, ROSCA FEMEA, METALICA, COM ANEL DESLIZANTE, DN 16 MM X 1/2\", PARA TUBO PEX PARA INST. AGUA QUENTE/FRIA","UN    ","AS",8.4700000000000006]
[38846,"CONECTOR/ADAPTADOR FIXO, ROSCA FEMEA, METALICA, COM ANEL DESLIZANTE, DN 20 MM X 1/2\", PARA TUBO PEX PARA INST. AGUA QUENTE/FRIA","UN    ","AS",8.6199999999999992]
[38847,"CONECTOR/ADAPTADOR FIXO, ROSCA FEMEA, METALICA, COM ANEL DESLIZANTE, DN 20 MM X 3/4\", PARA TUBO PEX PARA INST. AGUA QUENTE/FRIA","UN    ","AS",10.09]
[38850,"CONECTOR/ADAPTADOR FIXO, ROSCA FEMEA, METALICA, COM ANEL DESLIZANTE, DN 25 MM X 1\", PARA TUBO PEX PARA INST. AGUA QUENTE/FRIA","UN    ","AS",18.23]
[38848,"CONECTOR/ADAPTADOR FIXO, ROSCA FEMEA, METALICA, COM ANEL DESLIZANTE, DN 25 MM X 3/4\", PARA TUBO PEX PARA INST. AGUA QUENTE/FRIA","UN    ","AS",11.95]
[38851,"CONECTOR/ADAPTADOR FIXO, ROSCA FEMEA, METALICA, COM ANEL DESLIZANTE, DN 32 MM X 1\", PARA TUBO PEX PARA INST. AGUA QUENTE/FRIA","UN    ","AS",20.61]
[38854,"CONECTOR/ADAPTADOR MOVEL, ROSCA FEMEA, METALICA, COM ANEL DESLIZANTE, DN 16 MM X 3/4\", PARA TUBO PEX PARA INST. AGUA QUENTE/FRIA","UN    ","AS",8.9499999999999993]
[44247,"CONECTOR, CPVC, SOLDAVEL, 114 MM X 4\", PARA AGUA QUENTE","UN    ","AS",1278.1500000000001]
[38005,"CONECTOR, CPVC, SOLDAVEL, 15 MM X 1/2\", PARA AGUA QUENTE","UN    ","AS",15.2]
[38006,"CONECTOR, CPVC, SOLDAVEL, 22 MM X 1/2\", PARA AGUA QUENTE","UN    ","AS",20.190000000000001]
[38428,"CONECTOR, CPVC, SOLDAVEL, 22 MM X 3/4\", PARA AGUA QUENTE","UN    ","AS",18.079999999999998]
[38007,"CONECTOR, CPVC, SOLDAVEL, 28 MM X 1\", PARA AGUA QUENTE","UN    ","AS",23.3]
[38008,"CONECTOR, CPVC, SOLDAVEL, 35 MM X 1 1/4\", PARA AGUA QUENTE","UN    ","AS",37.28]
[38009,"CONECTOR, CPVC, SOLDAVEL, 42 MM X 1 1/2\", PARA AGUA QUENTE","UN    ","AS",45.64]
[44248,"CONECTOR, CPVC, SOLDAVEL, 54 MM X 2\", PARA AGUA QUENTE","UN    ","AS",74.400000000000006]
[44249,"CONECTOR, CPVC, SOLDAVEL, 73 MM X 2 1/2\", PARA AGUA QUENTE","UN    ","AS",287.05]
[44250,"CONECTOR, CPVC, SOLDAVEL, 89 MM X 3\", PARA AGUA QUENTE","UN    ","AS",416.87]
[3104,"CONJ. DE FERRAGENS PARA PORTA DE VIDRO TEMPERADO, EM ZAMAC CROMADO, CONTEMPLANDO DOBRADICA INF., DOBRADICA SUP., PIVO PARA DOBRADICA INF., PIVO PARA DOBRADICA SUP., FECHADURA CENTRAL EM ZAMC. CROMADO, CONTRA FECHADURA DE PRESSAO","CJ    ","CR",198.22]
[1607,"CONJUNTO ARRUELAS DE VEDACAO 5/16\" PARA TELHA FIBROCIMENTO (UMA ARRUELA METALICA E UMA ARRUELA PVC - CONICAS)","CJ    ","AS",0.28000000000000003]
[38169,"CONJUNTO DE FERRAGENS PIVO, PARA PORTA PIVOTANTE DE ATE 100 KG, REGULAVEL COM ESFERA , CROMADO - SUPERIOR E INFERIOR - COMPLETO","CJ    ","CR",83.39]
[6142,"CONJUNTO DE LIGACAO AJUSTAVEL, PARA VASO / BACIA SANITARIA , EM PLASTICO BRANCO, COM TUBO, CANOPLA E ESPUDE","UN    ","CR",8.27]
[11686,"CONJUNTO DE LIGACAO PARA VASO / BACIA SANITARIA, EM PLASTICO BRANCO, COM TUBO, CANOPLA E ANEL DE EXPANSAO (TUBO 1.1/2\" X 20 CM)","UN    ","CR",11.49]
[37598,"CONJUNTO MONTADO ESTOPIM COM ESPOLETA COMUM NUMERO 8, COM CABECA ACENDEDORA, 1,5 M","UN    ","AS",42.05]
[25398,"CONJUNTO PARA FUTSAL COM PAR DE TRAVES OFICIAIS DE 3,00 X 2,00 M EM TUBO DE ACO GALVANIZADO 3\" COM REQUADROS EM TUBO DE 1\", PINTURA EM PRIMER COM TINTA ESMALTE SINTETICO E REDES DE POLIETILENO FIO 4 MM","UN    ","AS",4452.67]
[25399,"CONJUNTO PARA QUADRA DE  VOLEI COM POSTES EM TUBO DE ACO GALVANIZADO 3\", H = *255* CM, PINTURA EM TINTA ESMALTE SINTETICO, REDE DE NYLON COM 2 MM, MALHA 10 X 10 CM E ANTENAS OFICIAIS EM FIBRA DE VIDRO","UN    ","AS",2703.16]
[43440,"CONJUNTO PRE-MOLDADO COMPOSTO POR GRELHA (0,99 X 0,45 M), QUADRO (1,10 X 0,52 M) E CANTONEIRA (1,10 X 0,35 M), EM CONCRETO ARMADO, COM FCK DE 21 MPA","UN    ","AS",436.18]
[10667,"CONTAINER ALMOXARIFADO, DE *2,40* X *6,00* M, PADRAO SIMPLES, SEM REVESTIMENTO E SEM DIVISORIAS INTERNOS E SEM SANITARIO, PARA USO EM CANTEIRO DE OBRAS","UN    ","AS",22500]
[1613,"CONTATOR TRIPOLAR, CORRENTE DE *110* A, TENSAO NOMINAL DE *500* V, CATEGORIA AC-2 E AC-3","UN    ","AS",1892.45]
[1626,"CONTATOR TRIPOLAR, CORRENTE DE *185* A, TENSAO NOMINAL DE *500* V, CATEGORIA AC-2 E AC-3","UN    ","AS",2830.39]
[1625,"CONTATOR TRIPOLAR, CORRENTE DE *22* A, TENSAO NOMINAL DE *500* V, CATEGORIA AC-2 E AC-3","UN    ","AS",197.69]
[1622,"CONTATOR TRIPOLAR, CORRENTE DE *265* A, TENSAO NOMINAL DE *500* V, CATEGORIA AC-2 E AC-3","UN    ","AS",6387.02]
[1620,"CONTATOR TRIPOLAR, CORRENTE DE *38* A, TENSAO NOMINAL DE *500* V, CATEGORIA AC-2 E AC-3","UN    ","AS",416.44]
[1629,"CONTATOR TRIPOLAR, CORRENTE DE *500* A, TENSAO NOMINAL DE *500* V, CATEGORIA AC-2 E AC-3","UN    ","AS",15544.49]
[1627,"CONTATOR TRIPOLAR, CORRENTE DE *65* A, TENSAO NOMINAL DE *500* V, CATEGORIA AC-2 E AC-3","UN    ","AS",796.02]
[1623,"CONTATOR TRIPOLAR, CORRENTE DE 12 A, TENSAO NOMINAL DE *500* V, CATEGORIA AC-2 E AC-3","UN    ","AS",161.22]
[1619,"CONTATOR TRIPOLAR, CORRENTE DE 25 A, TENSAO NOMINAL DE *500* V, CATEGORIA AC-2 E AC-3","UN    ","AS",221.78]
[1630,"CONTATOR TRIPOLAR, CORRENTE DE 250 A, TENSAO NOMINAL DE *500* V, PARA ACIONAMENTO DE CAPACITORES","UN    ","AS",4883.01]
[1616,"CONTATOR TRIPOLAR, CORRENTE DE 300 A, TENSAO NOMINAL DE *500* V, CATEGORIA AC-2 E AC-3","UN    ","AS",7510.16]
[1614,"CONTATOR TRIPOLAR, CORRENTE DE 32 A, TENSAO NOMINAL DE *500* V, CATEGORIA AC-2 E AC-3","UN    ","AS",343.24]
[1617,"CONTATOR TRIPOLAR, CORRENTE DE 400 A, TENSAO NOMINAL DE *500* V, CATEGORIA AC-2 E AC-3","UN    ","AS",8965.5]
[1621,"CONTATOR TRIPOLAR, CORRENTE DE 45 A, TENSAO NOMINAL DE *500* V, CATEGORIA AC-2 E AC-3","UN    ","AS",613.88]
[1624,"CONTATOR TRIPOLAR, CORRENTE DE 630 A, TENSAO NOMINAL DE *500* V, CATEGORIA AC-2 E AC-3","UN    ","AS",22037.64]
[1615,"CONTATOR TRIPOLAR, CORRENTE DE 75 A, TENSAO NOMINAL DE *500* V, CATEGORIA AC-2 E AC-3","UN    ","AS",1152.76]
[1612,"CONTATOR TRIPOLAR, CORRENTE DE 9 A, TENSAO NOMINAL DE *500* V, CATEGORIA AC-2 E AC-3","UN    ","AS",151.83000000000001]
[1618,"CONTATOR TRIPOLAR, CORRENTE DE 95 A, TENSAO NOMINAL DE *500* V, CATEGORIA AC-2 E AC-3","UN    ","AS",1584.07]
[14211,"CONTRA-PORCA SEXTAVADA, DIAMETRO NOMINAL 1 3/8\", ALTURA 35 MM","UN    ","CR",43.25]
[43657,"CONTRAMARCO DE ALUMINIO (PERFIL 25) PARA ESQUADRIAS, TIPO CONVENCIONAL / CADEIRINHA, 60 MM (CM-060), INCLUSO CONEXOES, GRAPAS E TRAVAMENTOS","M     ","AS",6.39]
[34500,"COORDENADOR / GERENTE DE OBRA","H     ","CR",138.06]
[40934,"COORDENADOR / GERENTE DE OBRA (MENSALISTA)","MES   ","CR",23944.27]
[38200,"CORDA DE POLIAMIDA 12 MM TIPO BOMBEIRO, PARA TRABALHO EM ALTURA","100M  ","CR",768.29]
[39269,"CORDAO DE COBRE, FLEXIVEL, TORCIDO, CLASSE 4 OU 5, ISOLACAO EM PVC/D, 300 V, 2 CONDUTORES DE 0,5 MM2","M     ","CR",1.63]
[11889,"CORDAO DE COBRE, FLEXIVEL, TORCIDO, CLASSE 4 OU 5, ISOLACAO EM PVC/D, 300 V, 2 CONDUTORES DE 0,75 MM2","M     ","CR",2.2400000000000002]
[39270,"CORDAO DE COBRE, FLEXIVEL, TORCIDO, CLASSE 4 OU 5, ISOLACAO EM PVC/D, 300 V, 2 CONDUTORES DE 1,0 MM2","M     ","CR",2.91]
[11890,"CORDAO DE COBRE, FLEXIVEL, TORCIDO, CLASSE 4 OU 5, ISOLACAO EM PVC/D, 300 V, 2 CONDUTORES DE 1,5 MM2","M     ","CR",3.96]
[11891,"CORDAO DE COBRE, FLEXIVEL, TORCIDO, CLASSE 4 OU 5, ISOLACAO EM PVC/D, 300 V, 2 CONDUTORES DE 2,5 MM2","M     ","CR",6.41]
[11892,"CORDAO DE COBRE, FLEXIVEL, TORCIDO, CLASSE 4 OU 5, ISOLACAO EM PVC/D, 300 V, 2 CONDUTORES DE 4 MM2","M     ","CR",10.49]
[37601,"CORDEL DETONANTE, NP 05 G/M","M     ","AS",9.34]
[1634,"CORDEL DETONANTE, NP 10 G/M","M     ","AS",9.65]
[5086,"CORRENTE DE ELO CURTO COMUM, SOLDADA, GALVANIZADA, ESPESSURA DO ELO = 1/2\" (12,5 MM)","KG    ","CR",34.520000000000003]
[11280,"CORTADEIRA DE PISO DE CONCRETO E ASFALTO, PARA DISCO PADRAO DE DIAMETRO 350 MM (14\") OU 450 MM (18\") , MOTOR A GASOLINA, POTENCIA 13 HP, SEM DISCO","UN    ","CR",12848.47]
[40519,"CORTADEIRA HIDRAULICA DE VERGALHAO, PARA ACO DE DIAMETRO ATE 50 MM, MOTOR ELETRICO TRIFASICO, POTENCIA DE 5,5 HP A 7,5 HP","UN    ","CR",105918.39999999999]
[39869,"COTOVELO BRONZE/LATAO (REF 707-3) SEM ANEL DE SOLDA, BOLSA X ROSCA F, 15MM X 1/2\"","UN    ","AS",12.69]
[39870,"COTOVELO BRONZE/LATAO (REF 707-3) SEM ANEL DE SOLDA, BOLSA X ROSCA F, 22MM X 1/2\"","UN    ","AS",19.420000000000002]
[39871,"COTOVELO BRONZE/LATAO (REF 707-3) SEM ANEL DE SOLDA, BOLSA X ROSCA F, 22MM X 3/4\"","UN    ","AS",21.77]
[12722,"COTOVELO DE COBRE 90 GRAUS (REF 607) SEM ANEL DE SOLDA, BOLSA X BOLSA, 104 MM","UN    ","AS",728.37]
[12714,"COTOVELO DE COBRE 90 GRAUS (REF 607) SEM ANEL DE SOLDA, BOLSA X BOLSA, 15 MM","UN    ","AS",4.75]
[12715,"COTOVELO DE COBRE 90 GRAUS (REF 607) SEM ANEL DE SOLDA, BOLSA X BOLSA, 22 MM","UN    ","AS",10.73]
[12716,"COTOVELO DE COBRE 90 GRAUS (REF 607) SEM ANEL DE SOLDA, BOLSA X BOLSA, 28 MM","UN    ","AS",18.43]
[12717,"COTOVELO DE COBRE 90 GRAUS (REF 607) SEM ANEL DE SOLDA, BOLSA X BOLSA, 35 MM","UN    ","AS",36.229999999999997]
[12718,"COTOVELO DE COBRE 90 GRAUS (REF 607) SEM ANEL DE SOLDA, BOLSA X BOLSA, 42 MM","UN    ","AS",55.61]
[12719,"COTOVELO DE COBRE 90 GRAUS (REF 607) SEM ANEL DE SOLDA, BOLSA X BOLSA, 54 MM","UN    ","AS",88.28]
[12720,"COTOVELO DE COBRE 90 GRAUS (REF 607) SEM ANEL DE SOLDA, BOLSA X BOLSA, 66 MM","UN    ","AS",307.39]
[12721,"COTOVELO DE COBRE 90 GRAUS (REF 607) SEM ANEL DE SOLDA, BOLSA X BOLSA, 79 MM","UN    ","AS",294.77]
[3468,"COTOVELO DE REDUCAO 90 GRAUS DE FERRO GALVANIZADO, COM ROSCA BSP, DE 1 1/2\" X 1\"","UN    ","AS",47.39]
[3465,"COTOVELO DE REDUCAO 90 GRAUS DE FERRO GALVANIZADO, COM ROSCA BSP, DE 1 1/2\" X 3/4\"","UN    ","AS",47.37]
[12403,"COTOVELO DE REDUCAO 90 GRAUS DE FERRO GALVANIZADO, COM ROSCA BSP, DE 1 1/4\" X 1\"","UN    ","AS",33.76]
[3463,"COTOVELO DE REDUCAO 90 GRAUS DE FERRO GALVANIZADO, COM ROSCA BSP, DE 1\" X 1/2\"","UN    ","AS",19.73]
[3464,"COTOVELO DE REDUCAO 90 GRAUS DE FERRO GALVANIZADO, COM ROSCA BSP, DE 1\" X 3/4\"","UN    ","AS",19.73]
[3466,"COTOVELO DE REDUCAO 90 GRAUS DE FERRO GALVANIZADO, COM ROSCA BSP, DE 2 1/2\" X 2\"","UN    ","AS",120.31]
[3467,"COTOVELO DE REDUCAO 90 GRAUS DE FERRO GALVANIZADO, COM ROSCA BSP, DE 2\" X 1 1/2\"","UN    ","AS",67.95]
[3462,"COTOVELO DE REDUCAO 90 GRAUS DE FERRO GALVANIZADO, COM ROSCA BSP, DE 3/4\" X 1/2\"","UN    ","AS",13.01]
[3446,"COTOVELO 45 GRAUS DE FERRO GALVANIZADO, COM ROSCA BSP, DE 1 1/2\"","UN    ","AS",40.06]
[3445,"COTOVELO 45 GRAUS DE FERRO GALVANIZADO, COM ROSCA BSP, DE 1 1/4\"","UN    ","AS",32.700000000000003]
[3441,"COTOVELO 45 GRAUS DE FERRO GALVANIZADO, COM ROSCA BSP, DE 1/2\"","UN    ","AS",9.23]
[3444,"COTOVELO 45 GRAUS DE FERRO GALVANIZADO, COM ROSCA BSP, DE 1\"","UN    ","AS",20.13]
[12402,"COTOVELO 45 GRAUS DE FERRO GALVANIZADO, COM ROSCA BSP, DE 2 1/2\"","UN    ","AS",112.6]
[3447,"COTOVELO 45 GRAUS DE FERRO GALVANIZADO, COM ROSCA BSP, DE 2\"","UN    ","AS",58.25]
[3442,"COTOVELO 45 GRAUS DE FERRO GALVANIZADO, COM ROSCA BSP, DE 3/4\"","UN    ","AS",13.8]
[3448,"COTOVELO 45 GRAUS DE FERRO GALVANIZADO, COM ROSCA BSP, DE 3\"","UN    ","AS",164.62]
[3449,"COTOVELO 45 GRAUS DE FERRO GALVANIZADO, COM ROSCA BSP, DE 4\"","UN    ","AS",288.45]
[37438,"COTOVELO 45 GRAUS, PEAD PE 100, DE 125 MM, PARA ELETROFUSAO","UN    ","AS",243.4]
[37439,"COTOVELO 45 GRAUS, PEAD PE 100, DE 200 MM, PARA ELETROFUSAO","UN    ","AS",1591.32]
[37435,"COTOVELO 45 GRAUS, PEAD PE 100, DE 32 MM, PARA ELETROFUSAO","UN    ","AS",28.6]
[37436,"COTOVELO 45 GRAUS, PEAD PE 100, DE 40 MM, PARA ELETROFUSAO","UN    ","AS",33.76]
[37437,"COTOVELO 45 GRAUS, PEAD PE 100, DE 63 MM, PARA ELETROFUSAO","UN    ","AS",48.82]
[3473,"COTOVELO 90 GRAUS DE FERRO GALVANIZADO, COM ROSCA BSP MACHO/FEMEA, DE 1 1/2\"","UN    ","AS",45.29]
[3474,"COTOVELO 90 GRAUS DE FERRO GALVANIZADO, COM ROSCA BSP MACHO/FEMEA, DE 1 1/4\"","UN    ","AS",37.33]
[3450,"COTOVELO 90 GRAUS DE FERRO GALVANIZADO, COM ROSCA BSP MACHO/FEMEA, DE 1/2\"","UN    ","AS",10.82]
[3443,"COTOVELO 90 GRAUS DE FERRO GALVANIZADO, COM ROSCA BSP MACHO/FEMEA, DE 1\"","UN    ","AS",23.22]
[3453,"COTOVELO 90 GRAUS DE FERRO GALVANIZADO, COM ROSCA BSP MACHO/FEMEA, DE 2 1/2\"","UN    ","AS",132.19999999999999]
[3452,"COTOVELO 90 GRAUS DE FERRO GALVANIZADO, COM ROSCA BSP MACHO/FEMEA, DE 2\"","UN    ","AS",65.25]
[3451,"COTOVELO 90 GRAUS DE FERRO GALVANIZADO, COM ROSCA BSP MACHO/FEMEA, DE 3/4\"","UN    ","AS",12.94]
[3454,"COTOVELO 90 GRAUS DE FERRO GALVANIZADO, COM ROSCA BSP MACHO/FEMEA, DE 3\"","UN    ","AS",201.07]
[3458,"COTOVELO 90 GRAUS DE FERRO GALVANIZADO, COM ROSCA BSP, DE 1 1/2\"","UN    ","AS",36.299999999999997]
[3457,"COTOVELO 90 GRAUS DE FERRO GALVANIZADO, COM ROSCA BSP, DE 1 1/4\"","UN    ","AS",27.25]
[3455,"COTOVELO 90 GRAUS DE FERRO GALVANIZADO, COM ROSCA BSP, DE 1/2\"","UN    ","AS",7.74]
[3472,"COTOVELO 90 GRAUS DE FERRO GALVANIZADO, COM ROSCA BSP, DE 1\"","UN    ","AS",17.39]
[3470,"COTOVELO 90 GRAUS DE FERRO GALVANIZADO, COM ROSCA BSP, DE 2 1/2\"","UN    ","AS",101.37]
[3471,"COTOVELO 90 GRAUS DE FERRO GALVANIZADO, COM ROSCA BSP, DE 2\"","UN    ","AS",55.7]
[3456,"COTOVELO 90 GRAUS DE FERRO GALVANIZADO, COM ROSCA BSP, DE 3/4\"","UN    ","AS",11.58]
[3459,"COTOVELO 90 GRAUS DE FERRO GALVANIZADO, COM ROSCA BSP, DE 3\"","UN    ","AS",142.97999999999999]
[3469,"COTOVELO 90 GRAUS DE FERRO GALVANIZADO, COM ROSCA BSP, DE 4\"","UN    ","AS",271.92]
[3460,"COTOVELO 90 GRAUS DE FERRO GALVANIZADO, COM ROSCA BSP, DE 5\"","UN    ","AS",396.77]
[3461,"COTOVELO 90 GRAUS DE FERRO GALVANIZADO, COM ROSCA BSP, DE 6\"","UN    ","AS",1014.11]
[37433,"COTOVELO 90 GRAUS, PEAD PE 100, DE 125 MM, PARA ELETROFUSAO","UN    ","AS",243.4]
[37430,"COTOVELO 90 GRAUS, PEAD PE 100, DE 20 MM, PARA ELETROFUSAO","UN    ","AS",30.5]
[37434,"COTOVELO 90 GRAUS, PEAD PE 100, DE 200 MM, PARA ELETROFUSAO","UN    ","AS",2269.44]
[37431,"COTOVELO 90 GRAUS, PEAD PE 100, DE 32 MM, PARA ELETROFUSAO","UN    ","AS",41.38]
[37432,"COTOVELO 90 GRAUS, PEAD PE 100, DE 63 MM, PARA ELETROFUSAO","UN    ","AS",76.319999999999993]
[37413,"COTOVELO/JOELHO COM ADAPTADOR, 90 GRAUS, EM POLIPROPILENO, PN 16, PARA TUBOS PEAD, 20 MM X 1/2\" - LIGACAO PREDIAL DE AGUA","UN    ","AS",3.65]
[37414,"COTOVELO/JOELHO COM ADAPTADOR, 90 GRAUS, EM POLIPROPILENO, PN 16, PARA TUBOS PEAD, 20 MM X 3/4\" - LIGACAO PREDIAL DE AGUA","UN    ","AS",4.1399999999999997]
[37415,"COTOVELO/JOELHO COM ADAPTADOR, 90 GRAUS, EM POLIPROPILENO, PN 16, PARA TUBOS PEAD, 32 MM X 1\" - LIGACAO PREDIAL DE AGUA","UN    ","AS",7.52]
[37416,"COTOVELO/JOELHO 90 GRAUS, EM POLIPROPILENO, PN 16, PARA TUBOS PEAD, 20 X 20 MM - LIGACAO PREDIAL DE AGUA","UN    ","AS",3.41]
[37417,"COTOVELO/JOELHO 90 GRAUS, EM POLIPROPILENO, PN 16, PARA TUBOS PEAD, 32 X 32 MM - LIGACAO PREDIAL DE AGUA","UN    ","AS",4.9000000000000004]
[43590,"CREMONA RETANGULAR INJETADA LISA COM CHAVE, COM CASTANHA / ALCA, EM LATAO, COM ACABAMENTO CROMADO, DE SOBREPOR / EMBUTIR","UN    ","CR",160.5]
[43589,"CREMONA RETANGULAR INJETADA LISA, COM CASTANHA / ALCA, EM LATAO, COM ACABAMENTO CROMADO, DE SOBREPOR / EMBUTIR","UN    ","CR",29.04]
[34519,"CRUZETA DE CONCRETO LEVE, COMP. 2000 MM SECAO, 90 X 90 MM","UN    ","AS",80.010000000000005]
[1649,"CRUZETA DE FERRO GALVANIZADO, COM ROSCA BSP, DE 1 1/2\"","UN    ","AS",85.61]
[1653,"CRUZETA DE FERRO GALVANIZADO, COM ROSCA BSP, DE 1 1/4\"","UN    ","AS",67.06]
[1647,"CRUZETA DE FERRO GALVANIZADO, COM ROSCA BSP, DE 1/2\"","UN    ","AS",24.01]
[1648,"CRUZETA DE FERRO GALVANIZADO, COM ROSCA BSP, DE 1\"","UN    ","AS",46.11]
[1651,"CRUZETA DE FERRO GALVANIZADO, COM ROSCA BSP, DE 2 1/2\"","UN    ","AS",213.9]
[1650,"CRUZETA DE FERRO GALVANIZADO, COM ROSCA BSP, DE 2\"","UN    ","AS",118.23]
[1654,"CRUZETA DE FERRO GALVANIZADO, COM ROSCA BSP, DE 3/4\"","UN    ","AS",32.96]
[1652,"CRUZETA DE FERRO GALVANIZADO, COM ROSCA BSP, DE 3\"","UN    ","AS",307.01]
[10510,"CRUZETA DE MADEIRA TRATADA, *90 X 115 X 2400* MM, EM EUCALIPTO OU EQUIVALENTE DA REGIAO","UN    ","AS",128.13]
[1747,"CUBA ACO INOX (AISI 304) DE EMBUTIR COM VALVULA DE 3 1/2 \", DE *56 X 33 X 12* CM","UN    ","CR",269.32]
[1744,"CUBA ACO INOX (AISI 304) DE EMBUTIR COM VALVULA 3 1/2 \", DE *40 X 34 X 12* CM","UN    ","CR",186.55]
[1743,"CUBA ACO INOX (AISI 304) DE EMBUTIR COM VALVULA 3 1/2 \", DE *46 X 30 X 12* CM","UN    ","CR",244.97]
[39640,"CUMEEIRA ARTICULADA (ABA INFERIOR) PARA TELHA ONDULADA DE FIBROCIMENTO E = 4 MM, ABA *330* MM, COMPRIMENTO 500 MM (SEM AMIANTO)","UN    ","CR",12.37]
[7216,"CUMEEIRA NORMAL PARA TELHA ESTRUTURAL DE FIBROCIMENTO 2 ABAS, E = 6 MM, DE 1050 X 935 MM (SEM AMIANTO)","UN    ","CR",66.44]
[20235,"CUMEEIRA NORMAL PARA TELHA ONDULADA DE FIBROCIMENTO, E = 6 MM, ABA 300 MM, COMPRIMENTO 1100 MM (SEM AMIANTO)","UN    ","CR",53.41]
[7181,"CUMEEIRA PARA TELHA CERAMICA, COMPRIMENTO DE *41* CM, RENDIMENTO DE *3* TELHAS/M","UN    ","CR",3.95]
[40742,"CUMEEIRA PARA TELHA DE CONCRETO, PARA 2 AGUAS DE TELHADO, COR CINZA, RENDIMENTO DE *3* TELHAS/M","UN    ","CR",11.59]
[7214,"CUMEEIRA SHED PARA TELHA ONDULADA DE FIBROCIMENTO, E = 6 MM, ABA 280 MM, COMPRIMENTO 1100 MM (SEM AMIANTO)","UN    ","CR",64.88]
[7219,"CUMEEIRA UNIVERSAL PARA TELHA ONDULADA DE FIBROCIMENTO, E = 6 MM, ABA 210 MM, COMPRIMENTO 1100 MM (SEM AMIANTO)","UN    ","CR",57.54]
[37971,"CURVA CPVC, 90 GRAUS, SOLDAVEL, 15 MM, PARA AGUA QUENTE","UN    ","AS",4.13]
[37972,"CURVA CPVC, 90 GRAUS, SOLDAVEL, 22 MM, PARA AGUA QUENTE","UN    ","AS",5.86]
[37973,"CURVA CPVC, 90 GRAUS, SOLDAVEL, 28 MM, PARA AGUA QUENTE","UN    ","AS",11.01]
[1926,"CURVA DE PVC 45 GRAUS, SOLDAVEL, 20 MM, COR MARROM, PARA AGUA FRIA PREDIAL","UN    ","CR",2.2799999999999998]
[1927,"CURVA DE PVC 45 GRAUS, SOLDAVEL, 25 MM, COR MARROM, PARA AGUA FRIA PREDIAL","UN    ","CR",2.56]
[1923,"CURVA DE PVC 45 GRAUS, SOLDAVEL, 32 MM, COR MARROM, PARA AGUA FRIA PREDIAL","UN    ","CR",4.66]
[1929,"CURVA DE PVC 45 GRAUS, SOLDAVEL, 40 MM, COR MARROM, PARA AGUA FRIA PREDIAL","UN    ","CR",5.65]
[1930,"CURVA DE PVC 45 GRAUS, SOLDAVEL, 50 MM, COR MARROM, PARA AGUA FRIA PREDIAL","UN    ","CR",9.67]
[1924,"CURVA DE PVC 45 GRAUS, SOLDAVEL, 60 MM, COR MARROM, PARA AGUA FRIA PREDIAL","UN    ","CR",15.61]
[1922,"CURVA DE PVC 45 GRAUS, SOLDAVEL, 75 MM, COR MARROM, PARA AGUA FRIA PREDIAL","UN    ","CR",32.270000000000003]
[1953,"CURVA DE PVC 45 GRAUS, SOLDAVEL, 85 MM, COR MARROM, PARA AGUA FRIA PREDIAL","UN    ","CR",39.4]
[1962,"CURVA DE PVC 90 GRAUS, SOLDAVEL, 110 MM, COR MARROM, PARA AGUA FRIA PREDIAL","UN    ","CR",191.41]
[1955,"CURVA DE PVC 90 GRAUS, SOLDAVEL, 20 MM, COR MARROM, PARA AGUA FRIA PREDIAL","UN    ","CR",2.2000000000000002]
[1956,"CURVA DE PVC 90 GRAUS, SOLDAVEL, 25 MM, COR MARROM, PARA AGUA FRIA PREDIAL","UN    ","CR",3.11]
[1957,"CURVA DE PVC 90 GRAUS, SOLDAVEL, 32 MM, COR MARROM, PARA AGUA FRIA PREDIAL","UN    ","CR",6.73]
[1958,"CURVA DE PVC 90 GRAUS, SOLDAVEL, 40 MM, COR MARROM, PARA AGUA FRIA PREDIAL","UN    ","CR",12.53]
[1959,"CURVA DE PVC 90 GRAUS, SOLDAVEL, 50 MM, COR MARROM, PARA AGUA FRIA PREDIAL","UN    ","CR",13.6]
[1925,"CURVA DE PVC 90 GRAUS, SOLDAVEL, 60 MM, COR MARROM, PARA AGUA FRIA PREDIAL","UN    ","CR",35.549999999999997]
[1960,"CURVA DE PVC 90 GRAUS, SOLDAVEL, 75 MM, COR MARROM, PARA AGUA FRIA PREDIAL","UN    ","CR",54.58]
[1961,"CURVA DE PVC 90 GRAUS, SOLDAVEL, 85 MM, COR MARROM, PARA AGUA FRIA PREDIAL","UN    ","CR",69.930000000000007]
[38423,"CURVA DE PVC, 90 GRAUS, SERIE R, DN 100 MM, PARA ESGOTO PREDIAL","UN    ","CR",37.67]
[39866,"CURVA DE TRANSPOSICAO BRONZE/LATAO (REF 736) SEM ANEL DE SOLDA, BOLSA X BOLSA, 15 MM","UN    ","AS",16.809999999999999]
[39867,"CURVA DE TRANSPOSICAO BRONZE/LATAO (REF 736) SEM ANEL DE SOLDA, BOLSA X BOLSA, 22 MM","UN    ","AS",37.380000000000003]
[39868,"CURVA DE TRANSPOSICAO BRONZE/LATAO (REF 736) SEM ANEL DE SOLDA, BOLSA X BOLSA, 28 MM","UN    ","AS",67.34]
[37999,"CURVA DE TRANSPOSICAO, CPVC, SOLDAVEL, 15 MM","UN    ","AS",6.96]
[38000,"CURVA DE TRANSPOSICAO, CPVC, SOLDAVEL, 22 MM","UN    ","AS",8.1300000000000008]
[38129,"CURVA DE TRANSPOSICAO, PVC SOLDAVEL, 20 MM, COR MARROM, PARA AGUA FRIA PREDIAL","UN    ","CR",5.13]
[38025,"CURVA DE TRANSPOSICAO, PVC, SOLDAVEL, 25 MM, COR MARROM, PARA AGUA FRIA PREDIAL","UN    ","CR",6.97]
[38026,"CURVA DE TRANSPOSICAO, PVC, SOLDAVEL, 32 MM, COR MARROM, PARA AGUA FRIA PREDIAL","UN    ","CR",17.2]
[1858,"CURVA LONGA PVC, PB, JE, 45 GRAUS, DN 100 MM, PARA REDE COLETORA ESGOTO","UN    ","CR",58.36]
[1844,"CURVA LONGA PVC, PB, JE, 45 GRAUS, DN 150 MM, PARA REDE COLETORA ESGOTO","UN    ","CR",133.66999999999999]
[1863,"CURVA LONGA PVC, PB, JE, 90 GRAUS, DN 100 MM, PARA REDE COLETORA ESGOTO","UN    ","CR",62.11]
[1865,"CURVA LONGA PVC, PB, JE, 90 GRAUS, DN 150 MM, PARA REDE COLETORA ESGOTO","UN    ","CR",161.83000000000001]
[36355,"CURVA PPR 90 GRAUS, F/F, DN 20 MM, PARA AGUA QUENTE PREDIAL","UN    ","AS",9.4600000000000009]
[36356,"CURVA PPR 90 GRAUS, F/F, DN 25 MM, PARA AGUA QUENTE PREDIAL","UN    ","AS",15.22]
[1966,"CURVA PVC CURTA 90 GRAUS, DN 100 MM, PARA ESGOTO PREDIAL","UN    ","CR",24.77]
[1933,"CURVA PVC CURTA 90 GRAUS, DN 40 MM, PARA ESGOTO PREDIAL","UN    ","CR",5.34]
[1932,"CURVA PVC CURTA 90 GRAUS, DN 50 MM, PARA ESGOTO PREDIAL","UN    ","CR",12.21]
[1951,"CURVA PVC CURTA 90 GRAUS, DN 75 MM, PARA ESGOTO PREDIAL","UN    ","CR",25.48]
[1970,"CURVA PVC LONGA 90 GRAUS, DN 100 MM, PARA ESGOTO PREDIAL","UN    ","CR",61.91]
[1967,"CURVA PVC LONGA 90 GRAUS, DN 40 MM, PARA ESGOTO PREDIAL","UN    ","CR",7.35]
[1968,"CURVA PVC LONGA 90 GRAUS, DN 50 MM, PARA ESGOTO PREDIAL","UN    ","CR",14.53]
[1969,"CURVA PVC LONGA 90 GRAUS, DN 75 MM, PARA ESGOTO PREDIAL","UN    ","CR",47.3]
[1827,"CURVA PVC PBA, JE, PB, 45 GRAUS, DN 100 / DE 110 MM, PARA REDE AGUA (NBR 10351)","UN    ","AS",111.25]
[1831,"CURVA PVC PBA, JE, PB, 45 GRAUS, DN 50 / DE 60 MM, PARA REDE AGUA (NBR 10351)","UN    ","AS",24.28]
[1825,"CURVA PVC PBA, JE, PB, 45 GRAUS, DN 75 / DE 85 MM, PARA REDE AGUA (NBR 10351)","UN    ","AS",59.94]
[1828,"CURVA PVC PBA, JE, PB, 90 GRAUS, DN 100 / DE 110 MM, PARA REDE AGUA (NBR 10351)","UN    ","AS",135.76]
[1845,"CURVA PVC PBA, JE, PB, 90 GRAUS, DN 50 / DE 60 MM, PARA REDE AGUA (NBR 10351)","UN    ","AS",30.43]
[1824,"CURVA PVC PBA, JE, PB, 90 GRAUS, DN 75 / DE 85 MM, PARA REDE AGUA (NBR 10351)","UN    ","AS",71.849999999999994]
[1940,"CURVA PVC 90 GRAUS, ROSCAVEL, 1 1/4\", COR BRANCA, AGUA FRIA PREDIAL","UN    ","CR",34.729999999999997]
[1937,"CURVA PVC 90 GRAUS, ROSCAVEL, 1/2\", COR BRANCA, AGUA FRIA PREDIAL","UN    ","CR",5.86]
[1939,"CURVA PVC 90 GRAUS, ROSCAVEL, 1\", COR BRANCA, AGUA FRIA PREDIAL","UN    ","CR",9.52]
[1938,"CURVA PVC 90 GRAUS, ROSCAVEL, 3/4\", COR BRANCA, AGUA FRIA PREDIAL","UN    ","CR",6.66]
[42693,"CURVA PVC, BB, JE, 45 GRAUS, DN 250 MM, PARA TUBO CORRUGADO E/OU LISO, REDE COLETORA ESGOTO","UN    ","CR",454.61]
[42695,"CURVA PVC, BB, JE, 90 GRAUS, DN 200 MM, PARA TUBO CORRUGADO E/OU LISO, REDE COLETORA ESGOTO","UN    ","CR",317.61]
[42694,"CURVA PVC, BB, JE, 90 GRAUS, DN 250 MM, PARA TUBO CORRUGADO E/OU LISO, REDE COLETORA ESGOTO","UN    ","CR",608.36]
[20097,"CURVA PVC, SERIE R, 87.30 GRAUS, CURTA, PARA PE-DE-COLUNA, DN 100 MM, PARA ESGOTO PREDIAL","UN    ","CR",26.38]
[20098,"CURVA PVC, SERIE R, 87.30 GRAUS, CURTA, PARA PE-DE-COLUNA, DN 150 MM, PARA ESGOTO PREDIAL","UN    ","CR",107.81]
[20096,"CURVA PVC, SERIE R, 87.30 GRAUS, CURTA, PARA PE-DE-COLUNA, DN 75 MM, PARA ESGOTO PREDIAL","UN    ","CR",27.3]
[1880,"CURVA 135 GRAUS, DE PVC RIGIDO ROSCAVEL, DE 1\", PARA ELETRODUTO","UN    ","CR",3.6]
[39274,"CURVA 135 GRAUS, DE PVC RIGIDO ROSCAVEL, DE 3/4\", PARA ELETRODUTO","UN    ","CR",2.79]
[2628,"CURVA 135 GRAUS, PARA ELETRODUTO, EM ACO GALVANIZADO ELETROLITICO, DIAMETRO DE 100 MM (4\")","UN    ","AS",219.71]
[2622,"CURVA 135 GRAUS, PARA ELETRODUTO, EM ACO GALVANIZADO ELETROLITICO, DIAMETRO DE 15 MM (1/2\")","UN    ","AS",5.22]
[2623,"CURVA 135 GRAUS, PARA ELETRODUTO, EM ACO GALVANIZADO ELETROLITICO, DIAMETRO DE 20 MM (3/4\")","UN    ","AS",6.28]
[2624,"CURVA 135 GRAUS, PARA ELETRODUTO, EM ACO GALVANIZADO ELETROLITICO, DIAMETRO DE 25 MM (1\")","UN    ","AS",9.98]
[2625,"CURVA 135 GRAUS, PARA ELETRODUTO, EM ACO GALVANIZADO ELETROLITICO, DIAMETRO DE 32 MM (1 1/4\")","UN    ","AS",21.08]
[2626,"CURVA 135 GRAUS, PARA ELETRODUTO, EM ACO GALVANIZADO ELETROLITICO, DIAMETRO DE 40 MM (1 1/2\")","UN    ","AS",30.89]
[2630,"CURVA 135 GRAUS, PARA ELETRODUTO, EM ACO GALVANIZADO ELETROLITICO, DIAMETRO DE 50 MM (2\")","UN    ","AS",46.98]
[2627,"CURVA 135 GRAUS, PARA ELETRODUTO, EM ACO GALVANIZADO ELETROLITICO, DIAMETRO DE 65 MM (2 1/2\")","UN    ","AS",82.76]
[2629,"CURVA 135 GRAUS, PARA ELETRODUTO, EM ACO GALVANIZADO ELETROLITICO, DIAMETRO DE 80 MM (3\")","UN    ","AS",111.93]
[12033,"CURVA 180 GRAUS, DE PVC RIGIDO ROSCAVEL, DE 1 1/2\", PARA ELETRODUTO","UN    ","CR",11.51]
[40408,"CURVA 180 GRAUS, DE PVC RIGIDO ROSCAVEL, DE 1 1/4\", PARA ELETRODUTO","UN    ","CR",7.56]
[40409,"CURVA 180 GRAUS, DE PVC RIGIDO ROSCAVEL, DE 1/2\", PARA ELETRODUTO","UN    ","CR",2.67]
[39276,"CURVA 180 GRAUS, DE PVC RIGIDO ROSCAVEL, DE 1\", PARA ELETRODUTO","UN    ","CR",6.81]
[39277,"CURVA 180 GRAUS, DE PVC RIGIDO ROSCAVEL, DE 2\", PARA ELETRODUTO","UN    ","CR",18.39]
[12034,"CURVA 180 GRAUS, DE PVC RIGIDO ROSCAVEL, DE 3/4\", PARA ELETRODUTO","UN    ","CR",5.21]
[39879,"CURVA 45 GRAUS DE COBRE (REF 606) SEM ANEL DE SOLDA, BOLSA X BOLSA, 15 MM","UN    ","AS",4.72]
[39880,"CURVA 45 GRAUS DE COBRE (REF 606) SEM ANEL DE SOLDA, BOLSA X BOLSA, 22 MM","UN    ","AS",10.46]
[39881,"CURVA 45 GRAUS DE COBRE (REF 606) SEM ANEL DE SOLDA, BOLSA X BOLSA, 28 MM","UN    ","AS",16.8]
[39882,"CURVA 45 GRAUS DE COBRE (REF 606) SEM ANEL DE SOLDA, BOLSA X BOLSA, 35 MM","UN    ","AS",44.25]
[39883,"CURVA 45 GRAUS DE COBRE (REF 606) SEM ANEL DE SOLDA, BOLSA X BOLSA, 42 MM","UN    ","AS",70.66]
[39884,"CURVA 45 GRAUS DE COBRE (REF 606) SEM ANEL DE SOLDA, BOLSA X BOLSA, 54 MM","UN    ","AS",104.95]
[39885,"CURVA 45 GRAUS DE COBRE (REF 606) SEM ANEL DE SOLDA, BOLSA X BOLSA, 66 MM","UN    ","AS",249.43]
[1777,"CURVA 45 GRAUS DE FERRO GALVANIZADO, COM ROSCA BSP FEMEA, DE 1 1/2\"","UN    ","AS",92.31]
[1819,"CURVA 45 GRAUS DE FERRO GALVANIZADO, COM ROSCA BSP FEMEA, DE 1 1/4\"","UN    ","AS",67.16]
[1775,"CURVA 45 GRAUS DE FERRO GALVANIZADO, COM ROSCA BSP FEMEA, DE 1/2\"","UN    ","AS",20.079999999999998]
[1776,"CURVA 45 GRAUS DE FERRO GALVANIZADO, COM ROSCA BSP FEMEA, DE 1\"","UN    ","AS",54.64]
[1778,"CURVA 45 GRAUS DE FERRO GALVANIZADO, COM ROSCA BSP FEMEA, DE 2 1/2\"","UN    ","AS",223.44]
[1818,"CURVA 45 GRAUS DE FERRO GALVANIZADO, COM ROSCA BSP FEMEA, DE 2\"","UN    ","AS",148.32]
[1820,"CURVA 45 GRAUS DE FERRO GALVANIZADO, COM ROSCA BSP FEMEA, DE 3/4\"","UN    ","AS",29]
[1779,"CURVA 45 GRAUS DE FERRO GALVANIZADO, COM ROSCA BSP FEMEA, DE 3\"","UN    ","AS",324.95999999999998]
[1780,"CURVA 45 GRAUS DE FERRO GALVANIZADO, COM ROSCA BSP FEMEA, DE 4\"","UN    ","AS",669.91]
[1783,"CURVA 45 GRAUS DE FERRO GALVANIZADO, COM ROSCA BSP MACHO/FEMEA, DE 1 1/2\"","UN    ","AS",70.83]
[1782,"CURVA 45 GRAUS DE FERRO GALVANIZADO, COM ROSCA BSP MACHO/FEMEA, DE 1 1/4\"","UN    ","AS",56]
[1817,"CURVA 45 GRAUS DE FERRO GALVANIZADO, COM ROSCA BSP MACHO/FEMEA, DE 1/2\"","UN    ","AS",16.690000000000001]
[1781,"CURVA 45 GRAUS DE FERRO GALVANIZADO, COM ROSCA BSP MACHO/FEMEA, DE 1\"","UN    ","AS",36.49]
[1784,"CURVA 45 GRAUS DE FERRO GALVANIZADO, COM ROSCA BSP MACHO/FEMEA, DE 2 1/2\"","UN    ","AS",200.01]
[1810,"CURVA 45 GRAUS DE FERRO GALVANIZADO, COM ROSCA BSP MACHO/FEMEA, DE 2\"","UN    ","AS",110.94]
[1811,"CURVA 45 GRAUS DE FERRO GALVANIZADO, COM ROSCA BSP MACHO/FEMEA, DE 3/4\"","UN    ","AS",24]
[1812,"CURVA 45 GRAUS DE FERRO GALVANIZADO, COM ROSCA BSP MACHO/FEMEA, DE 3\"","UN    ","AS",280.05]
[40386,"CURVA 45 GRAUS EM ACO CARBONO, SOLDAVEL, PRESSAO 3.000 LBS, DN 1 1/2\"","UN    ","AS",89.73]
[40384,"CURVA 45 GRAUS EM ACO CARBONO, SOLDAVEL, PRESSAO 3.000 LBS, DN 1 1/4\"","UN    ","AS",61.43]
[40379,"CURVA 45 GRAUS EM ACO CARBONO, SOLDAVEL, PRESSAO 3.000 LBS, DN 1/2\"","UN    ","AS",21.24]
[40423,"CURVA 45 GRAUS EM ACO CARBONO, SOLDAVEL, PRESSAO 3.000 LBS, DN 1\"","UN    ","AS",40.19]
[40389,"CURVA 45 GRAUS EM ACO CARBONO, SOLDAVEL, PRESSAO 3.000 LBS, DN 2 1/2\"","UN    ","AS",254.88]
[40388,"CURVA 45 GRAUS EM ACO CARBONO, SOLDAVEL, PRESSAO 3.000 LBS, DN 2\"","UN    ","AS",127.58]
[40381,"CURVA 45 GRAUS EM ACO CARBONO, SOLDAVEL, PRESSAO 3.000 LBS, DN 3/4\"","UN    ","AS",28.32]
[40391,"CURVA 45 GRAUS EM ACO CARBONO, SOLDAVEL, PRESSAO 3.000 LBS, DN 3\"","UN    ","AS",661.54]
[40414,"CURVA 45 GRAUS RANHURADA EM FERRO FUNDIDO, DN 50 MM (2\")","UN    ","AS",20.76]
[40416,"CURVA 45 GRAUS RANHURADA EM FERRO FUNDIDO, DN 65 MM (2 1/2\")","UN    ","AS",28.69]
[40418,"CURVA 45 GRAUS RANHURADA EM FERRO FUNDIDO, DN 80 MM (3\")","UN    ","AS",34.22]
[2609,"CURVA 45 GRAUS, PARA ELETRODUTO, EM ACO GALVANIZADO ELETROLITICO, DIAMETRO DE 20 MM (3/4\")","UN    ","AS",4.9000000000000004]
[2634,"CURVA 45 GRAUS, PARA ELETRODUTO, EM ACO GALVANIZADO ELETROLITICO, DIAMETRO DE 25 MM (1\")","UN    ","AS",6.44]
[2611,"CURVA 45 GRAUS, PARA ELETRODUTO, EM ACO GALVANIZADO ELETROLITICO, DIAMETRO DE 40 MM (1 1/2\")","UN    ","AS",18.14]
[34359,"CURVA 90 GRAUS DE BARRA CHATA EM ALUMINIO 3/4\" X 1/4\" X 300 MM","UN    ","AS",9.83]
[1789,"CURVA 90 GRAUS DE FERRO GALVANIZADO, COM ROSCA BSP FEMEA, DE 1 1/2\"","UN    ","AS",88.6]
[1788,"CURVA 90 GRAUS DE FERRO GALVANIZADO, COM ROSCA BSP FEMEA, DE 1 1/4\"","UN    ","AS",71.02]
[1786,"CURVA 90 GRAUS DE FERRO GALVANIZADO, COM ROSCA BSP FEMEA, DE 1/2\"","UN    ","AS",17.63]
[1787,"CURVA 90 GRAUS DE FERRO GALVANIZADO, COM ROSCA BSP FEMEA, DE 1\"","UN    ","AS",42.22]
[1791,"CURVA 90 GRAUS DE FERRO GALVANIZADO, COM ROSCA BSP FEMEA, DE 2 1/2\"","UN    ","AS",256.04000000000002]
[1790,"CURVA 90 GRAUS DE FERRO GALVANIZADO, COM ROSCA BSP FEMEA, DE 2\"","UN    ","AS",147.54]
[1813,"CURVA 90 GRAUS DE FERRO GALVANIZADO, COM ROSCA BSP FEMEA, DE 3/4\"","UN    ","AS",27.98]
[1792,"CURVA 90 GRAUS DE FERRO GALVANIZADO, COM ROSCA BSP FEMEA, DE 3\"","UN    ","AS",345.62]
[1793,"CURVA 90 GRAUS DE FERRO GALVANIZADO, COM ROSCA BSP FEMEA, DE 4\"","UN    ","AS",698.39]
[1809,"CURVA 90 GRAUS DE FERRO GALVANIZADO, COM ROSCA BSP MACHO/FEMEA, DE 1 1/2\"","UN    ","AS",83.06]
[1814,"CURVA 90 GRAUS DE FERRO GALVANIZADO, COM ROSCA BSP MACHO/FEMEA, DE 1 1/4\"","UN    ","AS",68.23]
[1803,"CURVA 90 GRAUS DE FERRO GALVANIZADO, COM ROSCA BSP MACHO/FEMEA, DE 1/2\"","UN    ","AS",17.239999999999998]
[1805,"CURVA 90 GRAUS DE FERRO GALVANIZADO, COM ROSCA BSP MACHO/FEMEA, DE 1\"","UN    ","AS",39.6]
[1821,"CURVA 90 GRAUS DE FERRO GALVANIZADO, COM ROSCA BSP MACHO/FEMEA, DE 2 1/2\"","UN    ","AS",233.93]
[1806,"CURVA 90 GRAUS DE FERRO GALVANIZADO, COM ROSCA BSP MACHO/FEMEA, DE 2\"","UN    ","AS",139.24]
[1804,"CURVA 90 GRAUS DE FERRO GALVANIZADO, COM ROSCA BSP MACHO/FEMEA, DE 3/4\"","UN    ","AS",24.54]
[1807,"CURVA 90 GRAUS DE FERRO GALVANIZADO, COM ROSCA BSP MACHO/FEMEA, DE 3\"","UN    ","AS",334.56]
[1808,"CURVA 90 GRAUS DE FERRO GALVANIZADO, COM ROSCA BSP MACHO/FEMEA, DE 4\"","UN    ","AS",670.74]
[1797,"CURVA 90 GRAUS DE FERRO GALVANIZADO, COM ROSCA BSP MACHO, DE 1 1/2\"","UN    ","AS",100.6]
[1796,"CURVA 90 GRAUS DE FERRO GALVANIZADO, COM ROSCA BSP MACHO, DE 1 1/4\"","UN    ","AS",77.17]
[1794,"CURVA 90 GRAUS DE FERRO GALVANIZADO, COM ROSCA BSP MACHO, DE 1/2\"","UN    ","AS",18.420000000000002]
[1816,"CURVA 90 GRAUS DE FERRO GALVANIZADO, COM ROSCA BSP MACHO, DE 1\"","UN    ","AS",41.53]
[1815,"CURVA 90 GRAUS DE FERRO GALVANIZADO, COM ROSCA BSP MACHO, DE 2 1/2\"","UN    ","AS",318.95999999999998]
[1798,"CURVA 90 GRAUS DE FERRO GALVANIZADO, COM ROSCA BSP MACHO, DE 2\"","UN    ","AS",142.72]
[1795,"CURVA 90 GRAUS DE FERRO GALVANIZADO, COM ROSCA BSP MACHO, DE 3/4\"","UN    ","AS",25.52]
[1799,"CURVA 90 GRAUS DE FERRO GALVANIZADO, COM ROSCA BSP MACHO, DE 3\"","UN    ","AS",415.42]
[1800,"CURVA 90 GRAUS DE FERRO GALVANIZADO, COM ROSCA BSP MACHO, DE 4\"","UN    ","AS",793.11]
[1802,"CURVA 90 GRAUS DE FERRO GALVANIZADO, COM ROSCA BSP MACHO, DE 6\"","UN    ","AS",1983.88]
[40385,"CURVA 90 GRAUS EM ACO CARBONO, RAIO CURTO, SOLDAVEL, PRESSAO 3.000 LBS, DN 1 1/2\"","UN    ","AS",89.73]
[40383,"CURVA 90 GRAUS EM ACO CARBONO, RAIO CURTO, SOLDAVEL, PRESSAO 3.000 LBS, DN 1 1/4\"","UN    ","AS",61.43]
[40378,"CURVA 90 GRAUS EM ACO CARBONO, RAIO CURTO, SOLDAVEL, PRESSAO 3.000 LBS, DN 1/2\"","UN    ","AS",21.24]
[40382,"CURVA 90 GRAUS EM ACO CARBONO, RAIO CURTO, SOLDAVEL, PRESSAO 3.000 LBS, DN 1\"","UN    ","AS",40.19]
[40422,"CURVA 90 GRAUS EM ACO CARBONO, RAIO CURTO, SOLDAVEL, PRESSAO 3.000 LBS, DN 2 1/2\"","UN    ","AS",273.8]
[40387,"CURVA 90 GRAUS EM ACO CARBONO, RAIO CURTO, SOLDAVEL, PRESSAO 3.000 LBS, DN 2\"","UN    ","AS",139.41]
[40380,"CURVA 90 GRAUS EM ACO CARBONO, RAIO CURTO, SOLDAVEL, PRESSAO 3.000 LBS, DN 3/4\"","UN    ","AS",28.32]
[40390,"CURVA 90 GRAUS EM ACO CARBONO, RAIO CURTO, SOLDAVEL, PRESSAO 3.000 LBS, DN 3\"","UN    ","AS",576.65]
[40413,"CURVA 90 GRAUS RANHURADA EM FERRO FUNDIDO, DN 50 MM (2\")","UN    ","AS",22.55]
[40415,"CURVA 90 GRAUS RANHURADA EM FERRO FUNDIDO, DN 65 MM (2 1/2\")","UN    ","AS",32.130000000000003]
[40417,"CURVA 90 GRAUS RANHURADA EM FERRO FUNDIDO, DN 80 MM (3\")","UN    ","AS",37.9]
[39271,"CURVA 90 GRAUS, CURTA, DE PVC RIGIDO ROSCAVEL, DE 1/2\", PARA ELETRODUTO","UN    ","CR",2.3199999999999998]
[39273,"CURVA 90 GRAUS, CURTA, DE PVC RIGIDO ROSCAVEL, DE 1\", PARA ELETRODUTO","UN    ","CR",3.93]
[39272,"CURVA 90 GRAUS, CURTA, DE PVC RIGIDO ROSCAVEL, DE 3/4\", PARA ELETRODUTO","UN    ","CR",2.85]
[1875,"CURVA 90 GRAUS, LONGA, DE PVC RIGIDO ROSCAVEL, DE 1 1/2\", PARA ELETRODUTO","UN    ","CR",6.29]
[1874,"CURVA 90 GRAUS, LONGA, DE PVC RIGIDO ROSCAVEL, DE 1 1/4\", PARA ELETRODUTO","UN    ","CR",5.19]
[1870,"CURVA 90 GRAUS, LONGA, DE PVC RIGIDO ROSCAVEL, DE 1/2\", PARA ELETRODUTO","UN    ","C ",3]
[1884,"CURVA 90 GRAUS, LONGA, DE PVC RIGIDO ROSCAVEL, DE 1\", PARA ELETRODUTO","UN    ","CR",4.5999999999999996]
[1887,"CURVA 90 GRAUS, LONGA, DE PVC RIGIDO ROSCAVEL, DE 2 1/2\", PARA ELETRODUTO","UN    ","CR",26.08]
[1876,"CURVA 90 GRAUS, LONGA, DE PVC RIGIDO ROSCAVEL, DE 2\", PARA ELETRODUTO","UN    ","CR",10.220000000000001]
[1879,"CURVA 90 GRAUS, LONGA, DE PVC RIGIDO ROSCAVEL, DE 3/4\", PARA ELETRODUTO","UN    ","CR",3.04]
[1877,"CURVA 90 GRAUS, LONGA, DE PVC RIGIDO ROSCAVEL, DE 3\", PARA ELETRODUTO","UN    ","CR",26.12]
[1878,"CURVA 90 GRAUS, LONGA, DE PVC RIGIDO ROSCAVEL, DE 4\", PARA ELETRODUTO","UN    ","CR",52.47]
[2621,"CURVA 90 GRAUS, PARA ELETRODUTO, EM ACO GALVANIZADO ELETROLITICO, DIAMETRO DE 100 MM (4\")","UN    ","AS",155.24]
[2616,"CURVA 90 GRAUS, PARA ELETRODUTO, EM ACO GALVANIZADO ELETROLITICO, DIAMETRO DE 15 MM (1/2\")","UN    ","AS",4.3899999999999997]
[2633,"CURVA 90 GRAUS, PARA ELETRODUTO, EM ACO GALVANIZADO ELETROLITICO, DIAMETRO DE 20 MM (3/4\")","UN    ","AS",4.97]
[2617,"CURVA 90 GRAUS, PARA ELETRODUTO, EM ACO GALVANIZADO ELETROLITICO, DIAMETRO DE 25 MM (1\")","UN    ","AS",6.75]
[2618,"CURVA 90 GRAUS, PARA ELETRODUTO, EM ACO GALVANIZADO ELETROLITICO, DIAMETRO DE 32 MM (1 1/4\")","UN    ","AS",15.37]
[2632,"CURVA 90 GRAUS, PARA ELETRODUTO, EM ACO GALVANIZADO ELETROLITICO, DIAMETRO DE 40 MM (1 1/2\")","UN    ","AS",18.75]
[2631,"CURVA 90 GRAUS, PARA ELETRODUTO, EM ACO GALVANIZADO ELETROLITICO, DIAMETRO DE 50 MM (2\")","UN    ","AS",27.53]
[2619,"CURVA 90 GRAUS, PARA ELETRODUTO, EM ACO GALVANIZADO ELETROLITICO, DIAMETRO DE 65 MM (2 1/2\")","UN    ","AS",69.72]
[2620,"CURVA 90 GRAUS, PARA ELETRODUTO, EM ACO GALVANIZADO ELETROLITICO, DIAMETRO DE 80 MM (3\")","UN    ","AS",91.53]
[44472,"DENTE PARA  FRESADORA","UN    ","AS",60.29]
[38369,"DESEMPENADEIRA DE ACO DENTADA 12 X *25* CM, DENTES 8 X 8 MM, CABO FECHADO DE MADEIRA","UN    ","CR",22.02]
[38370,"DESEMPENADEIRA DE ACO LISA 12 X *25* CM COM CABO FECHADO DE MADEIRA","UN    ","CR",22.02]
[38372,"DESEMPENADEIRA PLASTICA LISA *14 X 27* CM","UN    ","CR",21.1]
[2357,"DESENHISTA COPISTA (HORISTA)","H     ","CR",11.52]
[40806,"DESENHISTA COPISTA (MENSALISTA)","MES   ","CR",2000.35]
[2355,"DESENHISTA DETALHISTA (HORISTA)","H     ","CR",18.260000000000002]
[40805,"DESENHISTA DETALHISTA (MENSALISTA)","MES   ","CR",3167.89]
[2358,"DESENHISTA PROJETISTA (HORISTA)","H     ","CR",13.16]
[40807,"DESENHISTA PROJETISTA (MENSALISTA)","MES   ","CR",2285.5300000000002]
[2359,"DESENHISTA TECNICO AUXILIAR (HORISTA)","H     ","CR",14.29]
[40808,"DESENHISTA TECNICO AUXILIAR (MENSALISTA)","MES   ","CR",2481.1999999999998]
[44330,"DESINFETANTE PRONTO USO","L     ","CR",12.1]
[43144,"DESMOLDANTE PARA CONCRETO ESTAMPADO","KG    ","CR",69.92]
[39397,"DESMOLDANTE PARA FORMAS METALICAS A BASE DE OLEO VEGETAL","L     ","CR",31.87]
[2692,"DESMOLDANTE PROTETOR PARA FORMAS DE MADEIRA, DE BASE OLEOSA EMULSIONADA EM AGUA","L     ","CR",12.86]
[44329,"DETERGENTE NEUTRO USO GERAL, CONCENTRADO","L     ","CR",15.86]
[5318,"DILUENTE AGUARRAS","L     ","C ",25.65]
[5330,"DILUENTE EPOXI","L     ","CR",58.46]
[44532,"DISCO DE BORRACHA PARA LIXADEIRA RIGIDO 7 \" COM ARRUELA  CENTRAL","UN    ","CR",26.27]
[44531,"DISCO DE CORTE DIAMANTADO SEGMENTADO DIAMETRO DE 180 MM PARA ESMERILHADEIRA  7 \"","UN    ","CR",83.5]
[38140,"DISCO DE CORTE DIAMANTADO SEGMENTADO PARA CONCRETO, DIAMETRO DE 110 MM, FURO DE 20 MM","UN    ","C ",20.25]
[13887,"DISCO DE CORTE DIAMANTADO SEGMENTADO PARA CONCRETO, DIAMETRO DE 350 MM, FURO DE 1 \" (14 X 1 \")","UN    ","CR",479.43]
[44495,"DISCO DE CORTE PARA METAL COM DUAS TELAS 12 X 1/8 X 3/4 \"  (300 X 3,2 X 19,05 MM)","UN    ","CR",21.34]
[44533,"DISCO DE DESBASTE PARA METAL FERROSO EM GERAL, COM TRES TELAS,  9 X 1/4 X 7/8 \" ( 228,6 X 6,4 X 22,2 MM)","UN    ","CR",20.149999999999999]
[44534,"DISCO DE LIXA PARA METAL, DIAMETRO = 180 MM, GRAO  120","UN    ","CR",5.25]
[34544,"DISJUNTOR  TERMOMAGNETICO TRIPOLAR 3 X 400 A / ICC - 25 KA","UN    ","CR",1597.47]
[34729,"DISJUNTOR TERMICO E MAGNETICO AJUSTAVEIS, TRIPOLAR DE 100 ATE 250A, CAPACIDADE DE INTERRUPCAO DE 35KA","UN    ","CR",1256.6500000000001]
[34734,"DISJUNTOR TERMICO E MAGNETICO AJUSTAVEIS, TRIPOLAR DE 300 ATE 400A, CAPACIDADE DE INTERRUPCAO DE 35KA","UN    ","CR",1945.7]
[34738,"DISJUNTOR TERMICO E MAGNETICO AJUSTAVEIS, TRIPOLAR DE 450 ATE 600A, CAPACIDADE DE INTERRUPCAO DE 35KA","UN    ","CR",4545.7700000000004]
[2391,"DISJUNTOR TERMOMAGNETICO TRIPOLAR 125A","UN    ","CR",369.72]
[2374,"DISJUNTOR TERMOMAGNETICO TRIPOLAR 150 A / 600 V, TIPO FXD / ICC - 35 KA","UN    ","CR",419.44]
[2377,"DISJUNTOR TERMOMAGNETICO TRIPOLAR 200 A / 600 V, TIPO FXD / ICC - 35 KA","UN    ","CR",588.64]
[2393,"DISJUNTOR TERMOMAGNETICO TRIPOLAR 250 A / 600 V, TIPO FXD","UN    ","CR",985.75]
[34705,"DISJUNTOR TERMOMAGNETICO TRIPOLAR 3  X 250 A/ICC - 25 KA","UN    ","CR",862.18]
[34707,"DISJUNTOR TERMOMAGNETICO TRIPOLAR 3 X 350 A/ICC - 25 KA","UN    ","CR",1597.63]
[2378,"DISJUNTOR TERMOMAGNETICO TRIPOLAR 300 A / 600 V, TIPO JXD / ICC - 40 KA","UN    ","CR",1354.06]
[2379,"DISJUNTOR TERMOMAGNETICO TRIPOLAR 400 A / 600 V, TIPO JXD / ICC - 40 KA","UN    ","CR",1354.06]
[2376,"DISJUNTOR TERMOMAGNETICO TRIPOLAR 600 A / 600 V, TIPO LXD / ICC - 40 KA","UN    ","CR",2230.12]
[2394,"DISJUNTOR TERMOMAGNETICO TRIPOLAR 800 A / 600 V, TIPO LMXD","UN    ","CR",4767.6000000000004]
[34686,"DISJUNTOR TIPO DIN / IEC, MONOPOLAR DE 40  ATE 50A","UN    ","CR",14.31]
[34616,"DISJUNTOR TIPO DIN/IEC, BIPOLAR DE 6 ATE 32A","UN    ","CR",55.32]
[34623,"DISJUNTOR TIPO DIN/IEC, BIPOLAR 40 ATE 50A","UN    ","CR",54.47]
[34628,"DISJUNTOR TIPO DIN/IEC, BIPOLAR 63 A","UN    ","CR",78.02]
[34653,"DISJUNTOR TIPO DIN/IEC, MONOPOLAR DE 6  ATE  32A","UN    ","CR",9.65]
[34688,"DISJUNTOR TIPO DIN/IEC, MONOPOLAR DE 63 A","UN    ","CR",17.489999999999998]
[34709,"DISJUNTOR TIPO DIN/IEC, TRIPOLAR DE 10 ATE 50A","UN    ","CR",67.78]
[34714,"DISJUNTOR TIPO DIN/IEC, TRIPOLAR 63 A","UN    ","CR",80.95]
[2388,"DISJUNTOR TIPO NEMA, BIPOLAR 10  ATE  50 A, TENSAO MAXIMA 415 V","UN    ","CR",67.27]
[34606,"DISJUNTOR TIPO NEMA, BIPOLAR 60 ATE 100A, TENSAO MAXIMA 415 V","UN    ","CR",103.19]
[34689,"DISJUNTOR TIPO NEMA, MONOPOLAR DE 60 ATE 70A, TENSAO MAXIMA DE 240 V","UN    ","CR",32.85]
[2370,"DISJUNTOR TIPO NEMA, MONOPOLAR 10 ATE 30A, TENSAO MAXIMA DE 240 V","UN    ","C ",12.5]
[2386,"DISJUNTOR TIPO NEMA, MONOPOLAR 35  ATE  50 A, TENSAO MAXIMA DE 240 V","UN    ","CR",20.97]
[2392,"DISJUNTOR TIPO NEMA, TRIPOLAR 10  ATE  50A, TENSAO MAXIMA DE 415 V","UN    ","CR",83.91]
[2373,"DISJUNTOR TIPO NEMA, TRIPOLAR 60 ATE 100 A, TENSAO MAXIMA DE 415 V","UN    ","CR",118.22]
[39465,"DISPOSITIVO DPS CLASSE II, 1 POLO, TENSAO MAXIMA DE 175 V, CORRENTE MAXIMA DE *20* KA (TIPO AC)","UN    ","CR",72.22]
[39466,"DISPOSITIVO DPS CLASSE II, 1 POLO, TENSAO MAXIMA DE 175 V, CORRENTE MAXIMA DE *30* KA (TIPO AC)","UN    ","CR",81.25]
[39467,"DISPOSITIVO DPS CLASSE II, 1 POLO, TENSAO MAXIMA DE 175 V, CORRENTE MAXIMA DE *45* KA (TIPO AC)","UN    ","CR",103.93]
[39468,"DISPOSITIVO DPS CLASSE II, 1 POLO, TENSAO MAXIMA DE 175 V, CORRENTE MAXIMA DE *90* KA (TIPO AC)","UN    ","CR",184.72]
[39469,"DISPOSITIVO DPS CLASSE II, 1 POLO, TENSAO MAXIMA DE 275 V, CORRENTE MAXIMA DE *20* KA (TIPO AC)","UN    ","CR",75.25]
[39470,"DISPOSITIVO DPS CLASSE II, 1 POLO, TENSAO MAXIMA DE 275 V, CORRENTE MAXIMA DE *30* KA (TIPO AC)","UN    ","CR",92.45]
[39471,"DISPOSITIVO DPS CLASSE II, 1 POLO, TENSAO MAXIMA DE 275 V, CORRENTE MAXIMA DE *45* KA (TIPO AC)","UN    ","CR",111.11]
[39472,"DISPOSITIVO DPS CLASSE II, 1 POLO, TENSAO MAXIMA DE 275 V, CORRENTE MAXIMA DE *90* KA (TIPO AC)","UN    ","CR",193.05]
[39473,"DISPOSITIVO DPS CLASSE II, 1 POLO, TENSAO MAXIMA DE 385 V, CORRENTE MAXIMA DE *20* KA (TIPO AC)","UN    ","CR",124.71]
[39474,"DISPOSITIVO DPS CLASSE II, 1 POLO, TENSAO MAXIMA DE 385 V, CORRENTE MAXIMA DE *30* KA (TIPO AC)","UN    ","CR",132.94999999999999]
[39475,"DISPOSITIVO DPS CLASSE II, 1 POLO, TENSAO MAXIMA DE 385 V, CORRENTE MAXIMA DE *45* KA (TIPO AC)","UN    ","CR",150.84]
[39476,"DISPOSITIVO DPS CLASSE II, 1 POLO, TENSAO MAXIMA DE 385 V, CORRENTE MAXIMA DE *90* KA (TIPO AC)","UN    ","CR",283.95]
[39477,"DISPOSITIVO DPS CLASSE II, 1 POLO, TENSAO MAXIMA DE 460 V, CORRENTE MAXIMA DE *20* KA (TIPO AC)","UN    ","CR",139.13]
[39478,"DISPOSITIVO DPS CLASSE II, 1 POLO, TENSAO MAXIMA DE 460 V, CORRENTE MAXIMA DE *30* KA (TIPO AC)","UN    ","CR",143.43]
[39479,"DISPOSITIVO DPS CLASSE II, 1 POLO, TENSAO MAXIMA DE 460 V, CORRENTE MAXIMA DE *45* KA (TIPO AC)","UN    ","CR",169]
[39480,"DISPOSITIVO DPS CLASSE II, 1 POLO, TENSAO MAXIMA DE 460 V, CORRENTE MAXIMA DE *90* KA (TIPO AC)","UN    ","CR",348.72]
[39459,"DISPOSITIVO DR, 2 POLOS, SENSIBILIDADE DE 30 MA, CORRENTE DE 100 A, TIPO AC","UN    ","CR",295.97000000000003]
[39445,"DISPOSITIVO DR, 2 POLOS, SENSIBILIDADE DE 30 MA, CORRENTE DE 25 A, TIPO AC","UN    ","CR",148.61000000000001]
[39446,"DISPOSITIVO DR, 2 POLOS, SENSIBILIDADE DE 30 MA, CORRENTE DE 40 A, TIPO AC","UN    ","CR",151.25]
[39447,"DISPOSITIVO DR, 2 POLOS, SENSIBILIDADE DE 30 MA, CORRENTE DE 63 A, TIPO AC","UN    ","CR",161.75]
[39448,"DISPOSITIVO DR, 2 POLOS, SENSIBILIDADE DE 30 MA, CORRENTE DE 80 A, TIPO AC","UN    ","CR",275.81]
[39450,"DISPOSITIVO DR, 2 POLOS, SENSIBILIDADE DE 300 MA, CORRENTE DE 25 A, TIPO AC","UN    ","CR",168.27]
[39451,"DISPOSITIVO DR, 2 POLOS, SENSIBILIDADE DE 300 MA, CORRENTE DE 40 A, TIPO AC","UN    ","CR",183.54]
[39452,"DISPOSITIVO DR, 2 POLOS, SENSIBILIDADE DE 300 MA, CORRENTE DE 63 A, TIPO AC","UN    ","CR",184.63]
[39523,"DISPOSITIVO DR, 2 POLOS, SENSIBILIDADE DE 300 MA, CORRENTE DE 80 A, TIPO  AC","UN    ","CR",308.98]
[39449,"DISPOSITIVO DR, 4 POLOS, SENSIBILIDADE DE 30 MA, CORRENTE DE 100 A, TIPO AC","UN    ","CR",342.18]
[39455,"DISPOSITIVO DR, 4 POLOS, SENSIBILIDADE DE 30 MA, CORRENTE DE 25 A, TIPO AC","UN    ","CR",169.31]
[39456,"DISPOSITIVO DR, 4 POLOS, SENSIBILIDADE DE 30 MA, CORRENTE DE 40 A, TIPO AC","UN    ","CR",169.44]
[39457,"DISPOSITIVO DR, 4 POLOS, SENSIBILIDADE DE 30 MA, CORRENTE DE 63 A, TIPO AC","UN    ","CR",184.72]
[39458,"DISPOSITIVO DR, 4 POLOS, SENSIBILIDADE DE 30 MA, CORRENTE DE 80 A, TIPO AC","UN    ","CR",344.7]
[39464,"DISPOSITIVO DR, 4 POLOS, SENSIBILIDADE DE 300 MA, CORRENTE DE 100 A, TIPO AC","UN    ","CR",554.29999999999995]
[39460,"DISPOSITIVO DR, 4 POLOS, SENSIBILIDADE DE 300 MA, CORRENTE DE 25 A, TIPO AC","UN    ","CR",210.23]
[39461,"DISPOSITIVO DR, 4 POLOS, SENSIBILIDADE DE 300 MA, CORRENTE DE 40 A, TIPO AC","UN    ","CR",246.34]
[39462,"DISPOSITIVO DR, 4 POLOS, SENSIBILIDADE DE 300 MA, CORRENTE DE 63 A, TIPO AC","UN    ","CR",237.41]
[39463,"DISPOSITIVO DR, 4 POLOS, SENSIBILIDADE DE 300 MA, CORRENTE DE 80 A, TIPO AC","UN    ","CR",550]
[26039,"DISTRIBUIDOR DE AGREGADOS AUTOPROPELIDO, CAP 3 M3, A DIESEL, 6 CC, 176 CV","UN    ","AS",391246.87]
[2401,"DISTRIBUIDOR DE AGREGADOS REBOCAVEL, CAPACIDADE 1,9 M3, LARGURA DE TRABALHO 3,66 M","UN    ","AS",89991.11]
[38870,"DISTRIBUIDOR METALICO, COM ROSCA, 2 SAIDAS, DN 1\" X 1/2\", PARA CONEXAO COM ANEL DESLIZANTE EM TUBO PEX PARA INST. AGUA QUENTE/FRIA","UN    ","AS",29.51]
[38869,"DISTRIBUIDOR METALICO, COM ROSCA, 2 SAIDAS, DN 3/4\" X 1/2\", PARA CONEXAO COM ANEL DESLIZANTE EM TUBO PEX PARA INST. AGUA QUENTE/FRIA","UN    ","AS",19.91]
[38872,"DISTRIBUIDOR METALICO, COM ROSCA, 3 SAIDAS, DN 1\" X 1/2\", PARA CONEXAO COM ANEL DESLIZANTE EM TUBO PEX PARA INST. AGUA QUENTE/FRIA","UN    ","AS",37.590000000000003]
[38871,"DISTRIBUIDOR METALICO, COM ROSCA, 3 SAIDAS, DN 3/4\" X 1/2\", PARA CONEXAO COM ANEL DESLIZANTE EM TUBO PEX PARA INST. AGUA QUENTE/FRIA","UN    ","AS",25.99]
[39283,"DISTRIBUIDOR, PLASTICO, 2 SAIDAS, DN 32 X 16 MM, PARA CONEXAO COM CRIMPAGEM, EM TUBO PEX PARA INST. AGUA QUENTE/FRIA","UN    ","AS",121.76]
[39285,"DISTRIBUIDOR, PLASTICO, 2 SAIDAS, DN 32 X 25 MM, PARA CONEXAO COM CRIMPAGEM, EM TUBO PEX PARA INST. AGUA QUENTE/FRIA","UN    ","AS",139.16]
[39286,"DISTRIBUIDOR, PLASTICO, 3 SAIDAS, DN 32 X 16 MM, PARA CONEXAO COM CRIMPAGEM, EM TUBO PEX PARA INST. AGUA QUENTE/FRIA","UN    ","AS",133.37]
[39288,"DISTRIBUIDOR, PLASTICO, 3 SAIDAS, DN 32 X 25 MM, PARA CONEXAO COM CRIMPAGEM, EM TUBO PEX PARA INST. AGUA QUENTE/FRIA","UN    ","AS",162.34]
[44476,"DIVISORIA EM GRANITO, COM DUAS FACES POLIDAS, TIPO ANDORINHA/ QUARTZ/ CASTELO/ CORUMBA OU OUTROS EQUIVALENTES DA REGIAO, E=  *3,0*  CM","M2    ","CR",836.47]
[10629,"DIVISORIA EM MARMORE, COM DUAS FACES POLIDAS, BRANCO COMUM, E=  *3,0* CM","M2    ","CR",731.66]
[10698,"DIVISORIA, PLACA  PRE-MOLDADA EM GRANILITE, MARMORITE OU GRANITINA,  E = *3 CM","M2    ","AS",207.56]
[40521,"DOBRADEIRA ELETROMECANICA DE VERGALHAO, PARA ACO DE DIAMETRO ATE 1 1/2\", MOTOR ELETRICO TRIFASICO, POTENCIA DE 3 HP ATE 5 HP","UN    ","CR",112256.47]
[2432,"DOBRADICA EM ACO/FERRO, 3 1/2\" X  3\", E= 1,9  A 2 MM, COM ANEL,  CROMADO OU ZINCADO, TAMPA BOLA, COM PARAFUSOS","UN    ","CR",16.62]
[2433,"DOBRADICA EM ACO/FERRO, 3\" X 2 1/2\", E= 1,2 A 1,8 MM, SEM ANEL,  CROMADO OU ZINCADO, TAMPA CHATA, COM PARAFUSOS","UN    ","CR",5.63]
[2418,"DOBRADICA EM ACO/FERRO, 3\" X 2 1/2\", E= 1,2 A 1,8 MM, SEM ANEL, CROMADO OU ZINCADO, TAMPA BOLA, COM PARAFUSOS","UN    ","C ",7.71]
[2420,"DOBRADICA EM ACO/FERRO, 3\" X 2 1/2\", E= 1,9 A 2 MM, SEM ANEL,  CROMADO OU ZINCADO, TAMPA BOLA, COM PARAFUSOS","UN    ","CR",9.67]
[11447,"DOBRADICA EM LATAO, 3 \" X 2 1/2 \", E= 1,9 A 2 MM, COM ANEL, CROMADO, TAMPA BOLA, COM PARAFUSOS","UN    ","CR",19.11]
[11451,"DOBRADICA TIPO VAI-E-VEM EM ACO/FERRO, TAMANHO 3'', GALVANIZADO, COM PARAFUSOS","UN    ","CR",51.23]
[11116,"DOMOS INDIVIDUAL EM ACRILICO BRANCO *95 X 95* CM, SEM INSTALACAO","UN    ","AS",838.13]
[38411,"DOSADOR DE AREIA, CAPACIDADE DE *26* LITROS","UN    ","CR",1801.99]
[38189,"DUCHA / CHUVEIRO METALICO, DE PAREDE, ARTICULAVEL, COM BRACO/CANO, SEM DESVIADOR","UN    ","CR",267.56]
[38190,"DUCHA / CHUVEIRO METALICO, DE PAREDE, ARTICULAVEL, COM DESVIADOR E DUCHA MANUAL","UN    ","CR",563.67999999999995]
[7608,"DUCHA / CHUVEIRO PLASTICO SIMPLES, 5 '', BRANCO, PARA ACOPLAR EM HASTE 1/2 \", AGUA FRIA","UN    ","AS",13.36]
[1370,"DUCHA HIGIENICA PLASTICA COM REGISTRO METALICO 1/2 \"","UN    ","CR",103.49]
[36516,"DUMPER COM CAPACIDADE DE CARGA DE 1700 KG, PARTIDA ELETRICA, MOTOR DIESEL COM POTENCIA DE 16 CV","UN    ","AS",137999.9]
[34777,"ELEMENTO VAZADO CERAMICO DIAGONAL (TIPO FLOR/QUADRADO/XIS) 25 X 18 X 7 CM","UN    ","CR",3.46]
[7272,"ELEMENTO VAZADO CERAMICO QUADRADO (TIPO RETO OU REDONDO), *7 A 9 X 20 X 20* CM (L X A X C)","UN    ","CR",2.92]
[10605,"ELEMENTO VAZADO DE CONCRETO, QUADRICULADO, 1 FURO *10 X 10 X 10* CM","UN    ","CR",5.43]
[10604,"ELEMENTO VAZADO DE CONCRETO, QUADRICULADO, 1 FURO *20 X 10 X 7* CM","UN    ","CR",12.65]
[672,"ELEMENTO VAZADO DE CONCRETO, QUADRICULADO, 1 FURO *20 X 20 X 6,5* CM","UN    ","CR",17.39]
[668,"ELEMENTO VAZADO DE CONCRETO, QUADRICULADO, 16 FUROS *29 X 29 X 6* CM","UN    ","CR",21]
[10578,"ELEMENTO VAZADO DE CONCRETO, QUADRICULADO, 16 FUROS *33 X 33 X 10* CM","UN    ","CR",24.46]
[666,"ELEMENTO VAZADO DE CONCRETO, QUADRICULADO, 16 FUROS *40 X 40 X 7* CM","UN    ","CR",27.2]
[665,"ELEMENTO VAZADO DE CONCRETO, QUADRICULADO, 16 FUROS *50 X 50 X 7* CM","UN    ","CR",36.369999999999997]
[10577,"ELEMENTO VAZADO DE CONCRETO, QUADRICULADO, 25 FUROS *50 X 50 X 5* CM","UN    ","CR",32.26]
[10583,"ELEMENTO VAZADO DE CONCRETO, VENEZIANA *39 X 22 X 15* CM","UN    ","CR",16.760000000000002]
[10579,"ELEMENTO VAZADO DE CONCRETO, VENEZIANA *39 X 29 X 10* CM","UN    ","CR",29.21]
[10582,"ELEMENTO VAZADO DE CONCRETO, VENEZIANA *40 X 10 X 10* CM","UN    ","CR",14.76]
[2436,"ELETRICISTA (HORISTA)","H     ","C ",18.149999999999999]
[40918,"ELETRICISTA (MENSALISTA)","MES   ","CR",3148.31]
[2439,"ELETRICISTA DE MANUTENCAO INDUSTRIAL (HORISTA)","H     ","CR",16.62]
[40923,"ELETRICISTA DE MANUTENCAO INDUSTRIAL (MENSALISTA)","MES   ","CR",2883.7]
[10998,"ELETRODO REVESTIDO AWS - E-6010, DIAMETRO IGUAL A 4,00 MM","KG    ","CR",31.44]
[11002,"ELETRODO REVESTIDO AWS - E6013, DIAMETRO IGUAL A 2,50 MM","KG    ","CR",28.81]
[10999,"ELETRODO REVESTIDO AWS - E6013, DIAMETRO IGUAL A 4,00 MM","KG    ","CR",27.68]
[10997,"ELETRODO REVESTIDO AWS - E7018, DIAMETRO IGUAL A 4,00 MM","KG    ","C ",30]
[2685,"ELETRODUTO DE PVC RIGIDO ROSCAVEL DE 1 \", SEM LUVA","M     ","CR",8.6]
[2680,"ELETRODUTO DE PVC RIGIDO ROSCAVEL DE 1 1/2 \", SEM LUVA","M     ","CR",12.58]
[2684,"ELETRODUTO DE PVC RIGIDO ROSCAVEL DE 1 1/4 \", SEM LUVA","M     ","CR",11.45]
[2673,"ELETRODUTO DE PVC RIGIDO ROSCAVEL DE 1/2 \", SEM LUVA","M     ","C ",4.42]
[2681,"ELETRODUTO DE PVC RIGIDO ROSCAVEL DE 2 \", SEM LUVA","M     ","CR",20.57]
[2682,"ELETRODUTO DE PVC RIGIDO ROSCAVEL DE 2 1/2 \", SEM LUVA","M     ","CR",30.01]
[2686,"ELETRODUTO DE PVC RIGIDO ROSCAVEL DE 3 \", SEM LUVA","M     ","CR",37.630000000000003]
[2674,"ELETRODUTO DE PVC RIGIDO ROSCAVEL DE 3/4 \", SEM LUVA","M     ","CR",5.5]
[2683,"ELETRODUTO DE PVC RIGIDO ROSCAVEL DE 4 \", SEM LUVA","M     ","CR",59.29]
[2676,"ELETRODUTO DE PVC RIGIDO SOLDAVEL, CLASSE B, DE 20 MM","M     ","CR",2.57]
[2678,"ELETRODUTO DE PVC RIGIDO SOLDAVEL, CLASSE B, DE 25 MM","M     ","CR",3.22]
[2679,"ELETRODUTO DE PVC RIGIDO SOLDAVEL, CLASSE B, DE 32 MM","M     ","CR",4.96]
[12070,"ELETRODUTO DE PVC RIGIDO SOLDAVEL, CLASSE B, DE 40 MM","M     ","CR",6.91]
[2675,"ELETRODUTO DE PVC RIGIDO SOLDAVEL, CLASSE B, DE 50 MM","M     ","CR",8.98]
[12067,"ELETRODUTO DE PVC RIGIDO SOLDAVEL, CLASSE B, DE 60 MM","M     ","CR",12.18]
[21136,"ELETRODUTO EM ACO GALVANIZADO ELETROLITICO, LEVE, DIAMETRO 1\", PAREDE DE 0,90 MM","M     ","AS",13.14]
[21128,"ELETRODUTO EM ACO GALVANIZADO ELETROLITICO, LEVE, DIAMETRO 3/4\", PAREDE DE 0,90 MM","M     ","AS",10.17]
[21130,"ELETRODUTO EM ACO GALVANIZADO ELETROLITICO, SEMI-PESADO, DIAMETRO 1 1/2\", PAREDE DE 1,20 MM","M     ","AS",25.68]
[21135,"ELETRODUTO EM ACO GALVANIZADO ELETROLITICO, SEMI-PESADO, DIAMETRO 1 1/4\", PAREDE DE 1,20 MM","M     ","AS",25.28]
[40401,"ELETRODUTO FLEXIVEL PLANO EM PEAD, COR PRETA E LARANJA,  DIAMETRO 32 MM","M     ","CR",2.4]
[40402,"ELETRODUTO FLEXIVEL PLANO EM PEAD, COR PRETA E LARANJA,  DIAMETRO 40 MM","M     ","CR",3.08]
[40400,"ELETRODUTO FLEXIVEL PLANO EM PEAD, COR PRETA E LARANJA, DIAMETRO 25 MM","M     ","CR",1.63]
[2504,"ELETRODUTO FLEXIVEL, EM ACO GALVANIZADO, REVESTIDO EXTERNAMENTE COM PVC PRETO, DIAMETRO EXTERNO DE 25 MM (3/4\"), TIPO SEALTUBO","M     ","AS",11.28]
[2501,"ELETRODUTO FLEXIVEL, EM ACO GALVANIZADO, REVESTIDO EXTERNAMENTE COM PVC PRETO, DIAMETRO EXTERNO DE 32 MM (1\"), TIPO SEALTUBO","M     ","AS",14.8]
[2502,"ELETRODUTO FLEXIVEL, EM ACO GALVANIZADO, REVESTIDO EXTERNAMENTE COM PVC PRETO, DIAMETRO EXTERNO DE 40 MM (1 1/4\"), TIPO SEALTUBO","M     ","AS",22.33]
[2503,"ELETRODUTO FLEXIVEL, EM ACO GALVANIZADO, REVESTIDO EXTERNAMENTE COM PVC PRETO, DIAMETRO EXTERNO DE 50 MM( 1 1/2\"), TIPO SEALTUBO","M     ","AS",28.74]
[2500,"ELETRODUTO FLEXIVEL, EM ACO GALVANIZADO, REVESTIDO EXTERNAMENTE COM PVC PRETO, DIAMETRO EXTERNO DE 60 MM (2\"), TIPO SEALTUBO","M     ","AS",38.28]
[2505,"ELETRODUTO FLEXIVEL, EM ACO GALVANIZADO, REVESTIDO EXTERNAMENTE COM PVC PRETO, DIAMETRO EXTERNO DE 75 MM (2 1/2\"), TIPO SEALTUBO","M     ","AS",59.65]
[12056,"ELETRODUTO FLEXIVEL, EM ACO, TIPO CONDUITE, DIAMETRO DE 1 1/2\"","M     ","AS",24.1]
[12057,"ELETRODUTO FLEXIVEL, EM ACO, TIPO CONDUITE, DIAMETRO DE 1 1/4\"","M     ","AS",20.47]
[12059,"ELETRODUTO FLEXIVEL, EM ACO, TIPO CONDUITE, DIAMETRO DE 1/2\"","M     ","AS",7.18]
[12058,"ELETRODUTO FLEXIVEL, EM ACO, TIPO CONDUITE, DIAMETRO DE 1\"","M     ","AS",12.76]
[12060,"ELETRODUTO FLEXIVEL, EM ACO, TIPO CONDUITE, DIAMETRO DE 2 1/2\"","M     ","AS",53.19]
[12061,"ELETRODUTO FLEXIVEL, EM ACO, TIPO CONDUITE, DIAMETRO DE 2\"","M     ","AS",32.479999999999997]
[12062,"ELETRODUTO FLEXIVEL, EM ACO, TIPO CONDUITE, DIAMETRO DE 3\"","M     ","AS",59.9]
[21137,"ELETRODUTO METALICO FLEXIVEL REVESTIDO COM PVC PRETO, DIAMETRO EXTERNO DE 15 MM (3/8\"), TIPO COPEX","M     ","AS",10.41]
[2687,"ELETRODUTO PVC FLEXIVEL CORRUGADO, COR AMARELA, DE 16 MM","M     ","CR",2.2400000000000002]
[2689,"ELETRODUTO PVC FLEXIVEL CORRUGADO, COR AMARELA, DE 20 MM","M     ","CR",2.67]
[2688,"ELETRODUTO PVC FLEXIVEL CORRUGADO, COR AMARELA, DE 25 MM","M     ","CR",2.89]
[2690,"ELETRODUTO PVC FLEXIVEL CORRUGADO, COR AMARELA, DE 32 MM","M     ","CR",4.95]
[39243,"ELETRODUTO PVC FLEXIVEL CORRUGADO, REFORCADO, COR LARANJA, DE 20 MM, PARA LAJES E PISOS","M     ","CR",3.26]
[39244,"ELETRODUTO PVC FLEXIVEL CORRUGADO, REFORCADO, COR LARANJA, DE 25 MM, PARA LAJES E PISOS","M     ","CR",4.41]
[39245,"ELETRODUTO PVC FLEXIVEL CORRUGADO, REFORCADO, COR LARANJA, DE 32 MM, PARA LAJES E PISOS","M     ","CR",8.49]
[39254,"ELETRODUTO/CONDULETE DE PVC RIGIDO, LISO, COR CINZA, DE 1/2\", PARA INSTALACOES APARENTES (NBR 5410)","M     ","CR",12.69]
[39255,"ELETRODUTO/CONDULETE DE PVC RIGIDO, LISO, COR CINZA, DE 1\", PARA INSTALACOES APARENTES (NBR 5410)","M     ","CR",23.49]
[39253,"ELETRODUTO/CONDULETE DE PVC RIGIDO, LISO, COR CINZA, DE 3/4\", PARA INSTALACOES APARENTES (NBR 5410)","M     ","CR",16.18]
[39246,"ELETRODUTO/DUTO PEAD FLEXIVEL PAREDE SIMPLES, CORRUGACAO HELICOIDAL, COR PRETA, SEM ROSCA, DE 1 1/2\", PARA CABEAMENTO SUBTERRANEO (NBR 15715)","M     ","CR",4.18]
[39247,"ELETRODUTO/DUTO PEAD FLEXIVEL PAREDE SIMPLES, CORRUGACAO HELICOIDAL, COR PRETA, SEM ROSCA, DE 1 1/4\", PARA CABEAMENTO SUBTERRANEO (NBR 15715)","M     ","CR",3.64]
[2446,"ELETRODUTO/DUTO PEAD FLEXIVEL PAREDE SIMPLES, CORRUGACAO HELICOIDAL, COR PRETA, SEM ROSCA, DE 2\",  PARA CABEAMENTO SUBTERRANEO (NBR 15715)","M     ","C ",6]
[2442,"ELETRODUTO/DUTO PEAD FLEXIVEL PAREDE SIMPLES, CORRUGACAO HELICOIDAL, COR PRETA, SEM ROSCA, DE 3\",  PARA CABEAMENTO SUBTERRANEO (NBR 15715)","M     ","CR",8.4]
[39248,"ELETRODUTO/DUTO PEAD FLEXIVEL PAREDE SIMPLES, CORRUGACAO HELICOIDAL, COR PRETA, SEM ROSCA, DE 4\", PARA CABEAMENTO SUBTERRANEO (NBR 15715)","M     ","CR",11.71]
[2438,"ELETROTECNICO (HORISTA)","H     ","CR",20.85]
[40922,"ELETROTECNICO (MENSALISTA)","MES   ","CR",3617.47]
[36486,"ELEVADOR DE CARGA A CABO, CABINE SEMI FECHADA 2,0 X 1,5 X 2,0 M, CAPACIDADE DE CARGA 1000 KG, TORRE  2,38 X 2,21 X 15 M, GUINCHO DE EMBREAGEM, FREIO DE SEGURANCA, LIMITADOR DE VELOCIDADE E CANCELA","UN    ","AS",68306.53]
[37777,"ELEVADOR DE CREMALHEIRA CABINE FECHADA 1,5 X 2,5 X 2,35 M (UMA POR TORRE), CAPACIDADE DE CARGA 1200 KG (15 PESSOAS), TORRE  24 M (16 MODULOS), FREIO DE SEGURANCA, LIMITADOR DE CARGA","UN    ","AS",321585.81]
[12624,"EMENDA PARA CALHA PLUVIAL, PVC, DIAMETRO ENTRE 119 E 170 MM, PARA DRENAGEM PLUVIAL PREDIAL","UN    ","CR",34.06]
[517,"EMULSAO ASFALTICA ANIONICA","L     ","AS",8.9600000000000009]
[37534,"EMULSAO EXPLOSIVA EM CARTUCHOS DE 1\" X 12\", DENSIDADE 1.15 G/CM3, INICIACAO ESPOLETA N. 8 / CORDEL","KG    ","AS",18.670000000000002]
[37535,"EMULSAO EXPLOSIVA EM CARTUCHOS DE 1\" X 24\", DENSIDADE 1.15 G/CM3, INICIACAO ESPOLETA N. 8 / CORDEL","KG    ","AS",18.670000000000002]
[37533,"EMULSAO EXPLOSIVA EM CARTUCHOS DE 1\" X 8\", DENSIDADE 1.15 G/CM3, INICIACAO ESPOLETA N. 8 / CORDEL","KG    ","AS",18.670000000000002]
[37537,"EMULSAO EXPLOSIVA EM CARTUCHOS DE 2 1/2\" X 24\", DENSIDADE 1.15 G/CM3, INICIACAO ESPOLETA N. 8 / CORDEL","KG    ","AS",14.13]
[37536,"EMULSAO EXPLOSIVA EM CARTUCHOS DE 2 1/4\" X 24\", DENSIDADE 1.15 G/CM3, INICIACAO ESPOLETA N. 8 / CORDEL","KG    ","AS",14.13]
[37532,"EMULSAO EXPLOSIVA EM CARTUCHOS DE 2\" X 24\", DENSIDADE 1.15 G/CM3, INICIACAO ESPOLETA N. 8 / CORDEL","KG    ","AS",14.13]
[2696,"ENCANADOR OU BOMBEIRO HIDRAULICO (HORISTA)","H     ","C ",16.600000000000001]
[40928,"ENCANADOR OU BOMBEIRO HIDRAULICO (MENSALISTA)","MES   ","CR",2879.28]
[4083,"ENCARREGADO GERAL DE OBRAS (HORISTA)","H     ","C ",19.260000000000002]
[40818,"ENCARREGADO GERAL DE OBRAS (MENSALISTA)","MES   ","CR",3340.47]
[43146,"ENDURECEDOR MINERAL DE BASE CIMENTICIA PARA PISO DE CONCRETO","KG    ","CR",16.47]
[2705,"ENERGIA ELETRICA ATE 2000 KWH INDUSTRIAL, SEM DEMANDA","KWH   ","CR",0.93]
[14250,"ENERGIA ELETRICA COMERCIAL, BAIXA TENSAO, RELATIVA AO CONSUMO DE ATE 100 KWH, INCLUINDO ICMS, PIS/PASEP E COFINS","KWH   ","C ",0.95]
[11683,"ENGATE / RABICHO FLEXIVEL INOX 1/2 \" X 30 CM","UN    ","CR",62.54]
[11684,"ENGATE / RABICHO FLEXIVEL INOX 1/2 \" X 40 CM","UN    ","CR",68.459999999999994]
[6141,"ENGATE/RABICHO FLEXIVEL PLASTICO (PVC OU ABS) BRANCO 1/2 \" X 30 CM","UN    ","CR",5.99]
[11681,"ENGATE/RABICHO FLEXIVEL PLASTICO (PVC OU ABS) BRANCO 1/2 \" X 40 CM","UN    ","CR",7.55]
[2706,"ENGENHEIRO CIVIL DE OBRA JUNIOR","H     ","C ",94.18]
[40811,"ENGENHEIRO CIVIL DE OBRA JUNIOR (MENSALISTA)","MES   ","CR",16334.07]
[2707,"ENGENHEIRO CIVIL DE OBRA PLENO","H     ","CR",107.18]
[40813,"ENGENHEIRO CIVIL DE OBRA PLENO (MENSALISTA)","MES   ","CR",18591.54]
[2708,"ENGENHEIRO CIVIL DE OBRA SENIOR","H     ","CR",146.54]
[40814,"ENGENHEIRO CIVIL DE OBRA SENIOR (MENSALISTA)","MES   ","CR",25414.13]
[34779,"ENGENHEIRO CIVIL JUNIOR","H     ","CR",95.55]
[40936,"ENGENHEIRO CIVIL JUNIOR (MENSALISTA)","MES   ","CR",16572.36]
[34780,"ENGENHEIRO CIVIL PLENO","H     ","CR",107.79]
[40937,"ENGENHEIRO CIVIL PLENO (MENSALISTA)","MES   ","CR",18696.89]
[34782,"ENGENHEIRO CIVIL SENIOR","H     ","CR",147.74]
[40938,"ENGENHEIRO CIVIL SENIOR (MENSALISTA)","MES   ","CR",25622.31]
[34783,"ENGENHEIRO ELETRICISTA","H     ","CR",136.58000000000001]
[40939,"ENGENHEIRO ELETRICISTA (MENSALISTA)","MES   ","CR",23690.58]
[34785,"ENGENHEIRO SANITARISTA","H     ","CR",133.41]
[40940,"ENGENHEIRO SANITARISTA (MENSALISTA)","MES   ","CR",23139.919999999998]
[38403,"ENXADA ESTREITA *25 X 23* CM COM CABO","UN    ","CR",54.5]
[43482,"EPI - FAMILIA ALMOXARIFE - HORISTA (ENCARGOS COMPLEMENTARES - COLETADO CAIXA)","H     ","C ",0.75]
[43494,"EPI - FAMILIA ALMOXARIFE - MENSALISTA (ENCARGOS COMPLEMENTARES - COLETADO CAIXA)","MES   ","C ",140.69]
[43483,"EPI - FAMILIA CARPINTEIRO DE FORMAS - HORISTA (ENCARGOS COMPLEMENTARES - COLETADO CAIXA)","H     ","C ",1.34]
[43495,"EPI - FAMILIA CARPINTEIRO DE FORMAS - MENSALISTA (ENCARGOS COMPLEMENTARES - COLETADO CAIXA)","MES   ","C ",253.46]
[43484,"EPI - FAMILIA ELETRICISTA - HORISTA (ENCARGOS COMPLEMENTARES - COLETADO CAIXA)","H     ","C ",1.1399999999999999]
[43496,"EPI - FAMILIA ELETRICISTA - MENSALISTA (ENCARGOS COMPLEMENTARES - COLETADO CAIXA)","MES   ","C ",214.4]
[43485,"EPI - FAMILIA ENCANADOR - HORISTA (ENCARGOS COMPLEMENTARES - COLETADO CAIXA)","H     ","C ",1.01]
[43497,"EPI - FAMILIA ENCANADOR - MENSALISTA (ENCARGOS COMPLEMENTARES - COLETADO CAIXA)","MES   ","C ",189.52]
[43487,"EPI - FAMILIA ENCARREGADO GERAL - HORISTA (ENCARGOS COMPLEMENTARES - COLETADO CAIXA)","H     ","C ",1.17]
[43499,"EPI - FAMILIA ENCARREGADO GERAL - MENSALISTA (ENCARGOS COMPLEMENTARES - COLETADO CAIXA)","MES   ","C ",221.51]
[43486,"EPI - FAMILIA ENGENHEIRO CIVIL - HORISTA (ENCARGOS COMPLEMENTARES - COLETADO CAIXA)","H     ","C ",0.71]
[43498,"EPI - FAMILIA ENGENHEIRO CIVIL - MENSALISTA (ENCARGOS COMPLEMENTARES - COLETADO CAIXA)","MES   ","C ",133.44999999999999]
[43488,"EPI - FAMILIA OPERADOR ESCAVADEIRA - HORISTA (ENCARGOS COMPLEMENTARES - COLETADO CAIXA)","H     ","C ",0.82]
[43500,"EPI - FAMILIA OPERADOR ESCAVADEIRA - MENSALISTA (ENCARGOS COMPLEMENTARES - COLETADO CAIXA)","MES   ","C ",154.53]
[43489,"EPI - FAMILIA PEDREIRO - HORISTA (ENCARGOS COMPLEMENTARES - COLETADO CAIXA)","H     ","C ",1.17]
[43501,"EPI - FAMILIA PEDREIRO - MENSALISTA (ENCARGOS COMPLEMENTARES - COLETADO CAIXA)","MES   ","C ",220.75]
[43490,"EPI - FAMILIA PINTOR - HORISTA (ENCARGOS COMPLEMENTARES - COLETADO CAIXA)","H     ","C ",1.68]
[43502,"EPI - FAMILIA PINTOR - MENSALISTA (ENCARGOS COMPLEMENTARES - COLETADO CAIXA)","MES   ","C ",316.25]
[43491,"EPI - FAMILIA SERVENTE - HORISTA (ENCARGOS COMPLEMENTARES - COLETADO CAIXA)","H     ","C ",1.25]
[43503,"EPI - FAMILIA SERVENTE - MENSALISTA (ENCARGOS COMPLEMENTARES - COLETADO CAIXA)","MES   ","C ",235.5]
[43492,"EPI - FAMILIA SOLDADOR - HORISTA (ENCARGOS COMPLEMENTARES - COLETADO CAIXA)","H     ","C ",1.68]
[43504,"EPI - FAMILIA SOLDADOR - MENSALISTA (ENCARGOS COMPLEMENTARES - COLETADO CAIXA)","MES   ","C ",317.67]
[43493,"EPI - FAMILIA TOPOGRAFO - HORISTA (ENCARGOS COMPLEMENTARES - COLETADO CAIXA)","H     ","C ",0.67]
[43505,"EPI - FAMILIA TOPOGRAFO - MENSALISTA (ENCARGOS COMPLEMENTARES - COLETADO CAIXA)","MES   ","C ",126.7]
[37774,"EQUIPAMENTO DE LIMPEZA COMBINADO (VACUO/ALTA PRESSAO) 95% VACUO, TANQUE 7000 L, BOMBA 140 KGF/CM2 66 L/MIN COM MOTOR INDEPENDENTE A DIESEL DE 60 CV (INCLUI MONTAGEM, NAO INCLUI CAMINHAO)","UN    ","AS",450184.09]
[38629,"EQUIPAMENTO P/ DEMARCACAO DE FAIXAS DE TRAFEGO A QUENTE, A SER MONTADO SOBRE CAMINHAO DE PBT MIN. DE 17 T, DIST. MIN. ENTRE EIXOS 5,2 M, CAPACIDADE PARA 1.000 KG DE MATERIAL TERMOPLASTICO (INCLUI MONTAGEM, NAO INCLUI CAMINHAO, NEM COMPRESSOR DE AR)","UN    ","AS",2640878.9]
[38630,"EQUIPAMENTO PARA DEMARCACAO DE FAIXAS DE TRAFEGO A FRIO, A SER MONTADO SOBRE CAMINHAO DE PBT MINIMO DE 9 T E DISTANCIA MINIMA ENTRE EIXOS DE 4,3 M, CAPACIDADE PARA 800 L DE TINTA (INCLUI MONTAGEM, NAO INCLUI CAMINHAO)","UN    ","AS",1774128.9]
[38476,"ESCADA DUPLA DE ABRIR EM ALUMINIO, MODELO PINTOR, 8 DEGRAUS","UN    ","CR",409.59]
[38477,"ESCADA EXTENSIVEL EM ALUMINIO COM 6,00 M ESTENDIDA","UN    ","CR",1159.95]
[40635,"ESCAVADEIRA HIDRAULICA SOBRE ESTEIRA, COM GARRA GIRATORIA DE MANDIBULAS, PESO OPERACIONAL ENTRE 22,00 E 25,50 TON, POTENCIA LIQUIDA ENTRE 150 E 160 HP","UN    ","AS",949298.95]
[36483,"ESCAVADEIRA HIDRAULICA SOBRE ESTEIRAS CACAMBA 0,40 A 1,20 M3, PESO OPERACIONAL 21,19 T, POTENCIA LIQUIDA 173 HP","UN    ","AS",860216.91]
[14525,"ESCAVADEIRA HIDRAULICA SOBRE ESTEIRAS COM CACAMBA DE 1,20 M3, PESO OPERACIONAL 21 T, POTENCIA BRUTA 155 HP","UN    ","AS",900697.71]
[36482,"ESCAVADEIRA HIDRAULICA SOBRE ESTEIRAS, CACAMBA  0,80 M3, PESO OPERACIONAL 17,8 T, POTENCIA LIQUIDA 110 HP","UN    ","AS",772473.73]
[36408,"ESCAVADEIRA HIDRAULICA SOBRE ESTEIRAS, CACAMBA 0,4 A 1,70 M3, PESO OPERACIONAL 23,2 T, POTENCIA BRUTA 183 HP","UN    ","AS",922962.14]
[2723,"ESCAVADEIRA HIDRAULICA SOBRE ESTEIRAS, CACAMBA 0,62M3, PESO OPERACIONAL 12,61T, POTENCIA LIQUIDA 95HP","UN    ","AS",708413.93]
[36481,"ESCAVADEIRA HIDRAULICA SOBRE ESTEIRAS, CACAMBA 0,80 A 1,30 M3, PESO OPERACIONAL 22,18 T, POTENCIA LIQUIDA 170 HP","UN    ","AS",845036.61]
[10685,"ESCAVADEIRA HIDRAULICA SOBRE ESTEIRAS, CACAMBA 0,80M3, PESO OPERACIONAL 17T, POTENCIA BRUTA 111HP","UN    ","AS",809615.92]
[40636,"ESCAVADEIRA HIDRAULICA SOBRE ESTEIRAS, CAPACIDADE DA CACAMBA ENTRE 1,20 E 1,50 M3, PESO OPERACIONAL ENTRE 20,00 E 22,00 TON, POTENCIA LIQUIDA ENTRE 150 E 155 HP, EQUIPADA COM CLAMSHELL","UN    ","AS",913878.25]
[4111,"ESCORA PRE-MOLDADA EM CONCRETO, *10 X 10* CM, H = 2,30M","UN    ","CR",70.12]
[44538,"ESCOVA CIRCULAR EM ACO LATONADO, 6 X 1 \" (DIAMETRO X ESPESSURA), FURO DE 1 1/4 \", FIO ONDULADO *0,30*  MM","UN    ","CR",48.51]
[12,"ESCOVA DE ACO, COM CABO, *4  X 15* FILEIRAS DE CERDAS","UN    ","C ",15.25]
[37554,"ESGUICHO JATO REGULAVEL, TIPO ELKHART, ENGATE RAPIDO 1 1/2\", PARA COMBATE A INCENDIO","UN    ","AS",362.41]
[37555,"ESGUICHO JATO REGULAVEL, TIPO ELKHART, ENGATE RAPIDO 2 1/2\", PARA COMBATE A INCENDIO","UN    ","AS",440.85]
[10902,"ESGUICHO TIPO JATO SOLIDO, EM LATAO, ENGATE RAPIDO 1 1/2\" X 13 MM, PARA MANGUEIRA EM INSTALACAO PREDIAL COMBATE A INCENDIO","UN    ","AS",110.62]
[20965,"ESGUICHO TIPO JATO SOLIDO, EM LATAO, ENGATE RAPIDO 1 1/2\" X 16 MM, PARA MANGUEIRA EM INSTALACAO PREDIAL COMBATE A INCENDIO","UN    ","AS",111.65]
[20966,"ESGUICHO TIPO JATO SOLIDO, EM LATAO, ENGATE RAPIDO 1 1/2\" X 19 MM, PARA MANGUEIRA EM INSTALACAO PREDIAL COMBATE A INCENDIO","UN    ","AS",120.22]
[10903,"ESGUICHO TIPO JATO SOLIDO, EM LATAO, ENGATE RAPIDO 2 1/2\" X 13 MM, PARA MANGUEIRA EM INSTALACAO PREDIAL COMBATE A INCENDIO","UN    ","AS",182.22]
[20967,"ESGUICHO TIPO JATO SOLIDO, EM LATAO, ENGATE RAPIDO 2 1/2\" X 16 MM, PARA MANGUEIRA EM INSTALACAO PREDIAL COMBATE A INCENDIO","UN    ","AS",182.22]
[20968,"ESGUICHO TIPO JATO SOLIDO, EM LATAO, ENGATE RAPIDO 2 1/2\" X 19 MM, PARA MANGUEIRA EM INSTALACAO PREDIAL COMBATE A INCENDIO","UN    ","AS",199.85]
[11359,"ESMERILHADEIRA ANGULAR ELETRICA, DIAMETRO DO DISCO 7 '' (180 MM), ROTACAO 8500 RPM, POTENCIA 2400 W","UN    ","C ",930]
[39017,"ESPACADOR / DISTANCIADOR CIRCULAR COM ENTRADA LATERAL, EM PLASTICO, PARA VERGALHAO *4,2 A 12,5* MM, COBRIMENTO 20 MM","UN    ","AS",0.22]
[39315,"ESPACADOR / DISTANCIADOR TIPO GARRA DUPLA, EM PLASTICO, COBRIMENTO *20* MM, PARA FERRAGENS DE LAJES E FUNDO DE VIGAS","UN    ","AS",0.35]
[39016,"ESPACADOR / DISTANCIADOR TIPO PINO EM PLASTICO, PARA VERGALHAO ATE 10 MM, PARA APOIO DE ARMADURA","UN    ","AS",0.36]
[39481,"ESPACADOR OU DISTANCIADOR, EM PLASTICO, TIPO APOIO DE CORDOALHA (CARANGUEJO), PARA ARMADURA NEGATIVA E PROTENSAO, COBRIMENTO 50 MM","UN    ","AS",1.74]
[39013,"ESPACADOR/SEPARADOR /CENTRALIZADOR DE BARRA DE ACO, PLASTICO, (CHUMBADOR TIPO CARAMBOLA - CB), DIAMETRO INTERNO ATE 20 MM","UN    ","AS",1.48]
[44919,"ESPACADOR/SEPARADOR /CENTRALIZADOR DE BARRA DE ACO, PLASTICO, (CHUMBADOR TIPO CARAMBOLA - CB), DIAMETRO INTERNO ENTRE 25 A 32 MM","UN    ","AS",2.77]
[40433,"ESPACADOR/SEPARADOR DE CORDOALHA TIPO DISCO 12 FUROS DE 14 MM, PARA TIRANTES","UN    ","AS",1.53]
[20219,"ESPARGIDOR DE ASFALTO PRESSURIZADO, REBOCAVEL, TANQUE DE 2500 L, PNEUMATICO,  COM MOTOR A GASOLINA 3,4HP","UN    ","AS",116000]
[36484,"ESPARGIDOR DE ASFALTO PRESSURIZADO, TANQUE 6 M3 COM ISOLACAO TERMICA, AQUECIDO COM 2 MACARICOS, COM BARRA ESPARGIDORA 3,60 M, A SER MONTADO SOBRE CAMINHAO","UN    ","AS",246246.87]
[38367,"ESPATULA DE ACO INOX COM CABO DE MADEIRA, LARGURA 8 CM","UN    ","CR",22.01]
[38368,"ESPATULA DE PLASTICO LISA, LARGURA 10 CM","UN    ","CR",8.1999999999999993]
[38091,"ESPELHO / PLACA CEGA 4\" X 2\", PARA INSTALACAO DE TOMADAS E INTERRUPTORES","UN    ","CR",2.71]
[38095,"ESPELHO / PLACA CEGA 4\" X 4\", PARA INSTALACAO DE TOMADAS E INTERRUPTORES","UN    ","CR",5.74]
[38092,"ESPELHO / PLACA DE 1 POSTO 4\" X 2\", PARA INSTALACAO DE TOMADAS E INTERRUPTORES","UN    ","CR",2.57]
[38093,"ESPELHO / PLACA DE 2 POSTOS 4\" X 2\", PARA INSTALACAO DE TOMADAS E INTERRUPTORES","UN    ","CR",2.66]
[38096,"ESPELHO / PLACA DE 2 POSTOS 4\" X 4\", PARA INSTALACAO DE TOMADAS E INTERRUPTORES","UN    ","CR",6.18]
[38094,"ESPELHO / PLACA DE 3 POSTOS 4\" X 2\", PARA INSTALACAO DE TOMADAS E INTERRUPTORES","UN    ","CR",3.26]
[38097,"ESPELHO / PLACA DE 4 POSTOS 4\" X 4\", PARA INSTALACAO DE TOMADAS E INTERRUPTORES","UN    ","CR",6.62]
[38098,"ESPELHO / PLACA DE 6 POSTOS 4\" X 4\", PARA INSTALACAO DE TOMADAS E INTERRUPTORES","UN    ","CR",6.62]
[11186,"ESPELHO CRISTAL E = 4 MM","M2    ","CR",857.13]
[11558,"ESPELHO, RETO OU CURVO, EM LATAO CROMADO, ESPESSURA ATE 6 MM, LARGURA *40*MM, ALTURA *180*MM - PARA FECHADURA DE EMBUTIR","PAR   ","CR",15.12]
[11557,"ESPELHO, RETO OU CURVO, EM LATAO CROMADO, ESPESSURA MINIMA 6 MM, LARGURA *43*MM, ALTURA *230*MM - PARA FECHADURA DE EMBUTIR","PAR   ","CR",38.29]
[2759,"ESPOLETA SIMPLES N 8.","UN    ","AS",10.68]
[38124,"ESPUMA EXPANSIVA DE POLIURETANO, APLICACAO MANUAL - 500 ML","UN    ","C ",39.9]
[38380,"ESQUADRO DE ACO 12 \" (300 MM), CABO DE ALUMINIO","UN    ","CR",34.96]
[42429,"ESQUI TRIPLO, EM TUBO DE ACO CARBONO, PINTURA NO PROCESSO ELETROSTATICO - EQUIPAMENTO DE GINASTICA PARA ACADEMIA AO AR LIVRE / ACADEMIA DA TERCEIRA IDADE - ATI","UN    ","AS",6025.1]
[39616,"ESTABILIZADOR BIVOLT AUTOMATICO, 1000 VA","UN    ","C ",677.35]
[39618,"ESTABILIZADOR BIVOLT AUTOMATICO, 1500 VA","UN    ","CR",1228.5999999999999]
[39619,"ESTABILIZADOR BIVOLT AUTOMATICO, 2000 VA","UN    ","CR",1682.68]
[39613,"ESTABILIZADOR BIVOLT AUTOMATICO, 300 VA","UN    ","CR",269.06]
[39614,"ESTABILIZADOR BIVOLT AUTOMATICO, 500 VA","UN    ","CR",392.53]
[38538,"ESTACA PRE-MOLDADA MACICA DE CONCRETO VIBRADO ARMADO, PARA CARGA DE 25 T, SECAO QUADRADA DE *16 X 16*, COM ANEL METALICO INCORPORADO A PECA (SOMENTE FORNECIMENTO)","M     ","AS",81.8]
[38539,"ESTACA PRE-MOLDADA MACICA DE CONCRETO VIBRADO ARMADO, PARA CARGA DE 50 T, SECAO QUADRADA, COM ANEL METALICO INCORPORADO A PECA (SOMENTE FORNECIMENTO)","M     ","AS",111.23]
[38540,"ESTACA PRE-MOLDADA VAZADA DE CONCRETO CENTRIFUGADO, PARA CARGA DE 100 T, SECAO CIRCULAR, COM ANEL METALICO INCORPORADO A PECA (SOMENTE FORNECIMENTO)","M     ","AS",285.07]
[38384,"ESTILETE DE METAL, LAMINA 18 MM","UN    ","CR",21.26]
[13,"ESTOPA","KG    ","CR",23.48]
[2762,"ESTOPIM SIMPLES","M     ","AS",13.35]
[21142,"ESTRIBO COM PARAFUSO EM CHAPA DE FERRO FUNDIDO DE 2\" X 3/16\" X 35 CM, SECAO \"U\", PARA MADEIRAMENTO DE TELHADO","UN    ","AS",35.35]
[4223,"ETANOL","L     ","C ",4.8600000000000003]
[37372,"EXAMES - HORISTA (COLETADO CAIXA - ENCARGOS COMPLEMENTARES)","H     ","C ",1.1399999999999999]
[40863,"EXAMES - MENSALISTA (COLETADO CAIXA - ENCARGOS COMPLEMENTARES)","MES   ","C ",215.56]
[38475,"EXTENSAO DE SOLDA 201 ACETILENO, E = *1,5 A 2,5* MM","UN    ","CR",25.44]
[38474,"EXTENSAO DE SOLDA 201 GLP, E = *2,5 A 4,0* MM","UN    ","CR",31.45]
[10886,"EXTINTOR DE INCENDIO PORTATIL COM CARGA DE AGUA PRESSURIZADA DE 10 L, CLASSE A","UN    ","CR",341.25]
[10888,"EXTINTOR DE INCENDIO PORTATIL COM CARGA DE GAS CARBONICO CO2 DE 4 KG, CLASSE BC","UN    ","CR",1079.99]
[10889,"EXTINTOR DE INCENDIO PORTATIL COM CARGA DE GAS CARBONICO CO2 DE 6 KG, CLASSE BC","UN    ","CR",1170]
[10890,"EXTINTOR DE INCENDIO PORTATIL COM CARGA DE PO QUIMICO SECO (PQS) DE 12 KG, CLASSE BC","UN    ","CR",539.99]
[10891,"EXTINTOR DE INCENDIO PORTATIL COM CARGA DE PO QUIMICO SECO (PQS) DE 4 KG, CLASSE BC","UN    ","CR",329.99]
[10892,"EXTINTOR DE INCENDIO PORTATIL COM CARGA DE PO QUIMICO SECO (PQS) DE 6 KG, CLASSE BC","UN    ","C ",390]
[20977,"EXTINTOR DE INCENDIO PORTATIL COM CARGA DE PO QUIMICO SECO (PQS) DE 8 KG, CLASSE BC","UN    ","CR",464.99]
[3073,"EXTREMIDADE PVC PBA, BF, JE, DN 100/ DE 110 MM (NBR 10351)","UN    ","AS",163.63]
[3074,"EXTREMIDADE PVC PBA, BF, JE, DN 75/ DE 85 MM (NBR 10351)","UN    ","AS",103.3]
[3076,"EXTREMIDADE PVC PBA, PF, JE, DN 100 / DE 110 MM (NBR 10351)","UN    ","AS",134.52000000000001]
[3075,"EXTREMIDADE PVC PBA, PF, JE, DN 75 / DE 85 MM (NBR 10351)","UN    ","AS",85.01]
[10781,"EXTREMIDADE/TUBETE PARA HIDROMETRO PVC, COM ROSCA, CURTA, COM BUCHA LATAO, 3/4\"","UN    ","AS",11.53]
[43612,"FECHADRUA BICO DE PAPAGAIO PARA PORTA DE CORRER EXTERNA, EM ACO INOX COM ACABAMENTO CROMADO, MAQUINA COM 45 MM, INCLUINDO CHAVE TIPO CILINDRO","CJ    ","CR",125.2]
[43613,"FECHADRUA BICO DE PAPAGAIO PARA PORTA DE CORRER INTERNA, EM ACO INOX COM ACABAMENTO CROMADO, MAQUINA COM 45 MM, INCLUINDO CHAVE TIPO BIPARTIDA","CJ    ","CR",103.65]
[11480,"FECHADURA AUXILIAR DE SEGURANCA PARA PORTA EXTERNA, EM ACO INOX, BROCA DE 45 A 55 MM, LINGUETA COM 3 AVANCOS, INCLUINDO 2 CHAVES TIPO CILINDRO","CJ    ","CR",159.06]
[11469,"FECHADURA DE EMBUTIR PARA GAVETA E MOVEIS DE MADEIRA, EM ACO INOX COM ACABAMENTO CROMADO, COM ABAS LATERAIS, CILINDRO COM 22 MM DE DIAMETRO, INCLUINDO CHAVE COM PERFIL METALICO E CAPA ESCAMOTEAVEL","UN    ","CR",16.98]
[11468,"FECHADURA DE SOBREPOR PARA GAVETAS E ARMARIOS, EM ACO INOX COM ACABAMENTO CROMADO, COM CILINDRO DE APROX 20 MM","UN    ","CR",16.989999999999998]
[11484,"FECHADURA DE SOBREPOR PARA PORTAO, EM ACO INOX COM ACABAMENTO CROMADO, CAIXA DE 100 MM, INCLUINDO CHAVE TIPO CILINDRO","UN    ","CR",74.62]
[38155,"FECHADURA DE SOBREPOR PARA PORTAO, EM ACO INOX COM ACABAMENTO CROMADO, CAIXA DE 100 MM, INCLUINDO CHAVE TIPO TETRA","UN    ","CR",115.86]
[11467,"FECHADURA DE SOBREPOR TIPO CAIXAO, EM FERRO COM ACABAMENTO RESINADO, SEM MACANETA, SEM CILINDRO, INCLUINDO CHAVE TIPO SIMPLES","UN    ","CR",26.47]
[38153,"FECHADURA ESPELHO PARA PORTA DE BANHEIRO, EM ACO INOX (MAQUINA, TESTA E CONTRA-TESTA) E EM ZAMAC (MACANETA, LINGUETA E TRINCOS) COM ACABAMENTO CROMADO, MAQUINA DE 40 MM, INCLUINDO CHAVE TIPO TRANQUETA","CJ    ","CR",67.63]
[43607,"FECHADURA ESPELHO PARA PORTA DE BANHEIRO, EM ACO INOX (MAQUINA, TESTA E CONTRA-TESTA) E EM ZAMAC (MACANETA, LINGUETA E TRINCOS) COM ACABAMENTO CROMADO, MAQUINA DE 55 MM, INCLUINDO CHAVE TIPO TRANQUETA  (CONJUNTO DE FECHADURAS)","CJ    ","CR",127.91]
[3080,"FECHADURA ESPELHO PARA PORTA EXTERNA, EM ACO INOX (MAQUINA, TESTA E CONTRA-TESTA) E EM ZAMAC (MACANETA, LINGUETA E TRINCOS) COM ACABAMENTO CROMADO, MAQUINA DE 40 MM, INCLUINDO CHAVE TIPO CILINDRO","CJ    ","C ",86]
[3081,"FECHADURA ESPELHO PARA PORTA EXTERNA, EM ACO INOX (MAQUINA, TESTA E CONTRA-TESTA) E EM ZAMAC (MACANETA, LINGUETA E TRINCOS) COM ACABAMENTO CROMADO, MAQUINA DE 55 MM, INCLUINDO CHAVE TIPO CILINDRO","CJ    ","CR",170.15]
[3090,"FECHADURA ESPELHO PARA PORTA INTERNA, EM ACO INOX (MAQUINA, TESTA E CONTRA-TESTA) E EM ZAMAC (MACANETA, LINGUETA E TRINCOS) COM ACABAMENTO CROMADO, MAQUINA DE 40 MM, INCLUINDO CHAVE TIPO INTERNA","CJ    ","CR",76.760000000000005]
[43611,"FECHADURA ESPELHO PARA PORTA INTERNA, EM ACO INOX (MAQUINA, TESTA E CONTRA-TESTA) E EM ZAMAC (MACANETA, LINGUETA E TRINCOS) COM ACABAMENTO CROMADO, MAQUINA DE 55 MM, INCLUINDO CHAVE TIPO INTERNA","CJ    ","CR",127.37]
[3103,"FECHADURA PARA PORTA PIVOTANTE DE VIDRO TEMPERADO, EM ACO INOX COM ACABAMENTO CROMADO, RECORTE PADRAO SANTA MARINA, COM CILINDRO EM LATAO, INCLUINDO CHAVE TIPO CILINDRO","UN    ","CR",63.64]
[3097,"FECHADURA ROSETA REDONDA PARA PORTA DE BANHEIRO, EM ACO INOX (MAQUINA, TESTA E CONTRA-TESTA) E EM ZAMAC (MACANETA, LINGUETA E TRINCOS) COM ACABAMENTO CROMADO, MAQUINA DE 40 MM, INCLUINDO CHAVE TIPO TRANQUETA","CJ    ","CR",96.29]
[3099,"FECHADURA ROSETA REDONDA PARA PORTA DE BANHEIRO, EM ACO INOX (MAQUINA, TESTA E CONTRA-TESTA) E EM ZAMAC (MACANETA, LINGUETA E TRINCOS) COM ACABAMENTO CROMADO, MAQUINA DE 55 MM, INCLUINDO CHAVE TIPO TRANQUETA","CJ    ","CR",154.18]
[38151,"FECHADURA ROSETA REDONDA PARA PORTA EXTERNA, EM ACO INOX (MAQUINA, TESTA E CONTRA-TESTA) E EM ZAMAC (MACANETA, LINGUETA E TRINCOS) COM ACABAMENTO CROMADO, MAQUINA DE 40 MM, INCLUINDO CHAVE TIPO CILINDRO","CJ    ","CR",111.77]
[38152,"FECHADURA ROSETA REDONDA PARA PORTA EXTERNA, EM ACO INOX (MAQUINA, TESTA E CONTRA-TESTA) E EM ZAMAC (MACANETA, LINGUETA E TRINCOS) COM ACABAMENTO CROMADO, MAQUINA DE 55 MM, INCLUINDO CHAVE TIPO CILINDRO","CJ    ","CR",180.31]
[43610,"FECHADURA ROSETA REDONDA PARA PORTA INTERNA, EM ACO INOX (MAQUINA, TESTA E CONTRA-TESTA) E EM ZAMAC (MACANETA, LINGUETA E TRINCOS) COM ACABAMENTO CROMADO, MAQUINA DE 40 MM, INCLUINDO CHAVE TIPO INTERNA (CONJUNTO DE FECHADURAS)","CJ    ","CR",95.54]
[3093,"FECHADURA ROSETA REDONDA PARA PORTA INTERNA, EM ACO INOX (MAQUINA, TESTA E CONTRA-TESTA) E EM ZAMAC (MACANETA, LINGUETA E TRINCOS) COM ACABAMENTO CROMADO, MAQUINA DE 55 MM, INCLUINDO CHAVE TIPO INTERNA","CJ    ","CR",154.18]
[38165,"FECHO / FECHADURA COM PUXADOR CONCHA, COM TRANCA TIPO TRAVA, PARA JANELA / PORTA DE CORRER (INCLUI TESTA, FECHADURA, PUXADOR) - COMPLETA","CJ    ","CR",72.760000000000005]
[38177,"FECHO / TRINCO TIPO AVIAO, EM ZAMAC CROMADO, *60* MM, PARA JANELAS - INCLUI PARAFUSOS","UN    ","CR",21.62]
[11458,"FECHO DE SEGURANCA, TIPO BATOM, EM LATAO / ZAMAC, CROMADO, PARA PORTAS E JANELAS - INCLUI PARAFUSOS","UN    ","CR",25.81]
[3108,"FECHO QUEBRA UNHA, EM LATAO COM ACABAMENTO CROMADO, DE EMBUTIR, COM COMANDO ALAVANCA, ALTURA DE DE 22 CM, LARGURA MINIMA DE 1,90 CM E ESPESSURA MINIMA DE 1,90 MM, PARA PORTAS E JANELAS (INCLUI PARAFUSOS)","UN    ","CR",109.73]
[3105,"FECHO QUEBRA UNHA, EM LATAO COM ACABAMENTO CROMADO, DE EMBUTIR, COM COMANDO ALAVANCA, ALTURA DE DE 40 CM, LARGURA MINIMA DE 1,90 CM E ESPESSURA MINIMA DE 1,90 MM, PARA PORTAS E JANELAS (INCLUI PARAFUSOS)","UN    ","CR",143.52000000000001]
[38178,"FECHO QUEBRA UNHA, EM LATAO COM ACABAMENTO CROMADO, DE EMBUTIR, COM COMANDO DESLIZANTE, ALTURA DE 12 CM, LARGURA MINIMA DE 1,90 CM E ESPESSURA MINIMA DE 1,90 MM","UN    ","CR",23.79]
[43575,"FECHO QUEBRA UNHA, EM LATAO COM ACABAMENTO CROMADO, DE EMBUTIR, COM COMANDO DESLIZANTE, ALTURA DE 22 CM, LARGURA MINIMA DE 1,90 CM E ESPESSURA MINIMA DE 1,90 MM","UN    ","CR",51.54]
[43577,"FECHO QUEBRA UNHA, EM LATAO COM ACABAMENTO CROMADO, DE EMBUTIR, COM COMANDO DESLIZANTE, ALTURA DE 40 CM, LARGURA MINIMA DE 1,90 CM E ESPESSURA MINIMA DE 1,90 MM","UN    ","CR",89.61]
[43458,"FERRAMENTAS - FAMILIA ALMOXARIFE - HORISTA (ENCARGOS COMPLEMENTARES - COLETADO CAIXA)","H     ","C ",0.06]
[43470,"FERRAMENTAS - FAMILIA ALMOXARIFE - MENSALISTA (ENCARGOS COMPLEMENTARES - COLETADO CAIXA)","MES   ","C ",10.6]
[43459,"FERRAMENTAS - FAMILIA CARPINTEIRO DE FORMAS - HORISTA (ENCARGOS COMPLEMENTARES - COLETADO CAIXA)","H     ","C ",0.49]
[43471,"FERRAMENTAS - FAMILIA CARPINTEIRO DE FORMAS - MENSALISTA (ENCARGOS COMPLEMENTARES - COLETADO CAIXA)","MES   ","C ",92.9]
[43460,"FERRAMENTAS - FAMILIA ELETRICISTA - HORISTA (ENCARGOS COMPLEMENTARES - COLETADO CAIXA)","H     ","C ",0.86]
[43472,"FERRAMENTAS - FAMILIA ELETRICISTA - MENSALISTA (ENCARGOS COMPLEMENTARES - COLETADO CAIXA)","MES   ","C ",161.79]
[43461,"FERRAMENTAS - FAMILIA ENCANADOR - HORISTA (ENCARGOS COMPLEMENTARES - COLETADO CAIXA)","H     ","C ",0.32]
[43473,"FERRAMENTAS - FAMILIA ENCANADOR - MENSALISTA (ENCARGOS COMPLEMENTARES - COLETADO CAIXA)","MES   ","C ",60.76]
[43463,"FERRAMENTAS - FAMILIA ENCARREGADO GERAL - HORISTA (ENCARGOS COMPLEMENTARES - COLETADO CAIXA)","H     ","C ",0.11]
[43475,"FERRAMENTAS - FAMILIA ENCARREGADO GERAL - MENSALISTA (ENCARGOS COMPLEMENTARES - COLETADO CAIXA)","MES   ","C ",21.49]
[43462,"FERRAMENTAS - FAMILIA ENGENHEIRO CIVIL - HORISTA (ENCARGOS COMPLEMENTARES - COLETADO CAIXA)","H     ","C ",0.01]
[43474,"FERRAMENTAS - FAMILIA ENGENHEIRO CIVIL - MENSALISTA (ENCARGOS COMPLEMENTARES - COLETADO CAIXA)","MES   ","C ",2.54]
[43464,"FERRAMENTAS - FAMILIA OPERADOR ESCAVADEIRA - HORISTA (ENCARGOS COMPLEMENTARES - COLETADO CAIXA)","H     ","C ",0.01]
[43476,"FERRAMENTAS - FAMILIA OPERADOR ESCAVADEIRA - MENSALISTA (ENCARGOS COMPLEMENTARES - COLETADO CAIXA)","MES   ","C ",0.01]
[43465,"FERRAMENTAS - FAMILIA PEDREIRO - HORISTA (ENCARGOS COMPLEMENTARES - COLETADO CAIXA)","H     ","C ",0.84]
[43477,"FERRAMENTAS - FAMILIA PEDREIRO - MENSALISTA (ENCARGOS COMPLEMENTARES - COLETADO CAIXA)","MES   ","C ",158.88]
[43466,"FERRAMENTAS - FAMILIA PINTOR - HORISTA (ENCARGOS COMPLEMENTARES - COLETADO CAIXA)","H     ","C ",1.68]
[43478,"FERRAMENTAS - FAMILIA PINTOR - MENSALISTA (ENCARGOS COMPLEMENTARES - COLETADO CAIXA)","MES   ","C ",315.88]
[43467,"FERRAMENTAS - FAMILIA SERVENTE - HORISTA (ENCARGOS COMPLEMENTARES - COLETADO CAIXA)","H     ","C ",0.59]
[43479,"FERRAMENTAS - FAMILIA SERVENTE - MENSALISTA (ENCARGOS COMPLEMENTARES - COLETADO CAIXA)","MES   ","C ",110.64]
[43468,"FERRAMENTAS - FAMILIA SOLDADOR - HORISTA (ENCARGOS COMPLEMENTARES - COLETADO CAIXA)","H     ","C ",1.17]
[43480,"FERRAMENTAS - FAMILIA SOLDADOR - MENSALISTA (ENCARGOS COMPLEMENTARES - COLETADO CAIXA)","MES   ","C ",220.75]
[43469,"FERRAMENTAS - FAMILIA TOPOGRAFO - HORISTA (ENCARGOS COMPLEMENTARES - COLETADO CAIXA)","H     ","C ",0.08]
[43481,"FERRAMENTAS - FAMILIA TOPOGRAFO - MENSALISTA (ENCARGOS COMPLEMENTARES - COLETADO CAIXA)","MES   ","C ",15.18]
[3119,"FERROLHO COM FECHO / TRINCO REDONDO, EM ACO GALVANIZADO / ZINCADO, DE SOBREPOR, COM COMPRIMENTO DE 2\" E ESPESSURA MINIMA DA CHAPA DE 0,90 MM, PARA PORTAS E JANELAS","UN    ","CR",2.79]
[3122,"FERROLHO COM FECHO / TRINCO REDONDO, EM ACO GALVANIZADO / ZINCADO, DE SOBREPOR, COM COMPRIMENTO DE 3\" A 4\" E ESPESSURA MINIMA DA CHAPA DE 0,90 MM","UN    ","CR",5.68]
[3121,"FERROLHO COM FECHO / TRINCO REDONDO, EM ACO GALVANIZADO / ZINCADO, DE SOBREPOR, COM COMPRIMENTO DE 5\" E ESPESSURA MINIMA DA CHAPA DE 0,90 MM","UN    ","CR",6.44]
[3120,"FERROLHO COM FECHO / TRINCO REDONDO, EM ACO GALVANIZADO / ZINCADO, DE SOBREPOR, COM COMPRIMENTO DE 6\" E ESPESSURA MINIMA DA CHAPA DE 1,50 MM","UN    ","CR",12.22]
[11455,"FERROLHO COM FECHO / TRINCO REDONDO, EM ACO GALVANIZADO / ZINCADO, DE SOBREPOR, COM COMPRIMENTO DE 8\" E ESPESSURA MINIMA DA CHAPA DE 1,50 MM","UN    ","CR",17.670000000000002]
[11456,"FERROLHO COM FECHO /TRINCO REDONDO, EM ACO GALVANIZADO / ZINCADO, DE SOBREPOR, COM COMPRIMENTO DE 10\" A 12\" E ESPESSURA MINIMA DA CHAPA DE 1,50 MM","UN    ","CR",21.12]
[3107,"FERROLHO COM FECHO CHATO E PORTA CADEADO , EM ACO GALVANIZADO / ZINCADO, DE SOBREPOR, COM COMPRIMENTO DE 3\" A 4\", CHAPA COM ESPESSURA MINIMA DE 0,90 MM E LARGURA MINIMA DE 3,20 CM (FECHO SIMPLES / LEVE) (INCLUI PARAFUSOS)","UN    ","CR",8.91]
[43583,"FERROLHO COM FECHO CHATO E PORTA CADEADO , EM ACO GALVANIZADO / ZINCADO, DE SOBREPOR, COM COMPRIMENTO DE 3\" A 4\", CHAPA COM ESPESSURA MINIMA DE 1,70 MM E LARGURA MINIMA DE 5,00 CM (FECHO REFORCADO)","UN    ","CR",10.050000000000001]
[43586,"FERROLHO COM FECHO CHATO E PORTA CADEADO , EM ACO GALVANIZADO / ZINCADO, DE SOBREPOR, COM COMPRIMENTO DE 5\", CHAPA COM ESPESSURA MINIMA DE 0,90 MM E LARGURA MINIMA DE 3,20 CM (FECHO SIMPLES)","UN    ","CR",10.3]
[11461,"FERROLHO COM FECHO CHATO E PORTA CADEADO , EM ACO GALVANIZADO / ZINCADO, DE SOBREPOR, COM COMPRIMENTO DE 5\", CHAPA COM ESPESSURA MINIMA DE 1,70 MM E LARGURA MINIMA DE 5,00 CM (FECHO REFORCADO)","UN    ","CR",11.22]
[43587,"FERROLHO COM FECHO CHATO E PORTA CADEADO , EM ACO GALVANIZADO / ZINCADO, DE SOBREPOR, COM COMPRIMENTO DE 6\", CHAPA COM ESPESSURA MINIMA DE 0,90 MM E LARGURA MINIMA DE 3,80 CM (FECHO SIMPLES)","UN    ","CR",12.95]
[3106,"FERROLHO COM FECHO CHATO E PORTA CADEADO , EM ACO GALVANIZADO / ZINCADO, DE SOBREPOR, COM COMPRIMENTO DE 6\", CHAPA COM ESPESSURA MINIMA DE 1,70 MM E LARGURA /MINIMA DE 5,00 CM (FECHO REFORCADO) (INCLUI PARAFUSOS)","UN    ","CR",16.43]
[44539,"FERTILIZANTE NPK -  10:10:10","KG    ","AS",2.84]
[3123,"FERTILIZANTE NPK - 4: 14: 8","KG    ","AS",2.65]
[38125,"FERTILIZANTE ORGANICO COMPOSTO, CLASSE A","KG    ","AS",1.71]
[39014,"FIBRA DE ACO PARA REFORCO DO CONCRETO, SOLTA, TIPO A-I, FATOR DE FORMA *50* L / D, COMPRIMENTO DE *30* MM E RESISTENCIA A TRACAO DO ACO MAIOR 1000 MPA","KG    ","CR",14.82]
[39365,"FILTRO ANAEROBIO, EM POLIETILENO DE ALTA DENSIDADE (PEAD), CAPACIDADE *1100* LITROS (NBR 13969)","UN    ","CR",1608.09]
[39366,"FILTRO ANAEROBIO, EM POLIETILENO DE ALTA DENSIDADE (PEAD), CAPACIDADE *2800* LITROS (NBR 13969)","UN    ","CR",2439.7399999999998]
[39367,"FILTRO ANAEROBIO, EM POLIETILENO DE ALTA DENSIDADE (PEAD), CAPACIDADE *5000* LITROS (NBR 13969)","UN    ","CR",4180.33]
[37394,"FINCAPINO CURTO CALIBRE 22, CARGA MEDIA POTENCIA 5 (PARA FERRAMENTA DE ACAO DIRETA) COR VERMELHA","CENTO ","AS",40.79]
[14146,"FINCAPINO LONGO CALIBRE 22, CARGA FORTE POTENCIA 7 (PARA FERRAMENTA DE ACAO DIRETA), COR AMARELA","CENTO ","AS",65.599999999999994]
[938,"FIO DE COBRE, SOLIDO, CLASSE 1, ISOLACAO EM PVC/A, ANTICHAMA BWF-B, 450/750V, SECAO NOMINAL 1,5 MM2","M     ","CR",1.87]
[937,"FIO DE COBRE, SOLIDO, CLASSE 1, ISOLACAO EM PVC/A, ANTICHAMA BWF-B, 450/750V, SECAO NOMINAL 10 MM2","M     ","CR",10.92]
[939,"FIO DE COBRE, SOLIDO, CLASSE 1, ISOLACAO EM PVC/A, ANTICHAMA BWF-B, 450/750V, SECAO NOMINAL 2,5 MM2","M     ","CR",3.03]
[944,"FIO DE COBRE, SOLIDO, CLASSE 1, ISOLACAO EM PVC/A, ANTICHAMA BWF-B, 450/750V, SECAO NOMINAL 4 MM2","M     ","CR",4.79]
[940,"FIO DE COBRE, SOLIDO, CLASSE 1, ISOLACAO EM PVC/A, ANTICHAMA BWF-B, 450/750V, SECAO NOMINAL 6 MM2","M     ","CR",6.91]
[44397,"FITA / CINTA AUTOADESIVA ELASTOMERICA PARA VEDACAO, L= 50 MM, E = 3 MM","M     ","CR",2.0099999999999998]
[406,"FITA ACO INOX PARA CINTAR POSTE, L = 19 MM, E = 0,5 MM (ROLO DE 30M)","UN    ","CR",116.38]
[42529,"FITA ADESIVA ALUMINIZADA, PARA INSTALACAO DE MANTAS DE SUBCOBERTURA,  L = *5* CM","M     ","CR",1.17]
[39634,"FITA ADESIVA ANTICORROSIVA DE PVC FLEXIVEL, COR PRETA, PARA PROTECAO TUBULACAO, 50 MM X 30 M (L X C), E= *0,25* MM","M     ","CR",7.71]
[39701,"FITA ADESIVA ASFALTICA ALUMINIZADA MULTIUSO, L = 10 CM, ROLO DE 10 M","UN    ","CR",217.12]
[12815,"FITA CREPE ROLO DE 25 MM X 50 M","UN    ","CR",9.36]
[39431,"FITA DE PAPEL MICROPERFURADO, 50 X 150 MM, PARA TRATAMENTO DE JUNTAS DE CHAPA DE GESSO PARA DRYWALL","M     ","CR",0.33]
[39432,"FITA DE PAPEL REFORCADA COM LAMINA DE METAL PARA REFORCO DE CANTOS DE CHAPA DE GESSO PARA DRYWALL","M     ","CR",2.98]
[20111,"FITA ISOLANTE ADESIVA ANTICHAMA, USO ATE 750 V, EM ROLO DE 19 MM X 20 M","UN    ","C ",30]
[21127,"FITA ISOLANTE ADESIVA ANTICHAMA, USO ATE 750 V, EM ROLO DE 19 MM X 5 M","UN    ","CR",11.34]
[404,"FITA ISOLANTE DE BORRACHA AUTOFUSAO, USO ATE 69 KV (ALTA TENSAO)","M     ","CR",4.09]
[14151,"FITA METALICA GRAVADA, L = 17 MM, ROLO DE 25 M, CARGA RECOMENDADA = *120* KGF","UN    ","AS",47.15]
[14153,"FITA METALICA PERFURADA, L = *18* MM, ROLO DE 30 M, CARGA RECOMENDADA = *30* KGF","UN    ","AS",53.3]
[14152,"FITA METALICA PERFURADA, L = 17 MM, ROLO DE 30 M, CARGA RECOMENDADA = *19* KGF","UN    ","AS",40.909999999999997]
[14154,"FITA METALICA PERFURADA, L = 25 MM, ROLO DE 30 M, CARGA RECOMENDADA = *222,5* KGF","UN    ","AS",143.21]
[3146,"FITA VEDA ROSCA EM ROLOS DE 18 MM X 10 M (L X C)","UN    ","C ",3.96]
[3143,"FITA VEDA ROSCA EM ROLOS DE 18 MM X 25 M (L X C)","UN    ","CR",9.01]
[3148,"FITA VEDA ROSCA EM ROLOS DE 18 MM X 50 M (L X C)","UN    ","CR",14.6]
[4310,"FIXADOR DE ABA AUTOTRAVANTE PARA TELHA DE FIBROCIMENTO, TIPO CANALETE 90 OU KALHETAO","UN    ","AS",3.38]
[4311,"FIXADOR DE ABA SIMPLES PARA TELHA DE FIBROCIMENTO, TIPO CANALETA 49 OU KALHETA","UN    ","AS",2.38]
[4312,"FIXADOR DE ABA SIMPLES PARA TELHA DE FIBROCIMENTO, TIPO CANALETA 90 OU KALHETAO","UN    ","AS",3.33]
[13261,"FLANELA *30 X 40* CM","UN    ","CR",3.61]
[3272,"FLANGE SEXTAVADO DE FERRO GALVANIZADO, COM ROSCA BSP, DE 1 1/2\"","UN    ","AS",59.03]
[3265,"FLANGE SEXTAVADO DE FERRO GALVANIZADO, COM ROSCA BSP, DE 1 1/4\"","UN    ","AS",46.9]
[3262,"FLANGE SEXTAVADO DE FERRO GALVANIZADO, COM ROSCA BSP, DE 1/2\"","UN    ","AS",20.53]
[3264,"FLANGE SEXTAVADO DE FERRO GALVANIZADO, COM ROSCA BSP, DE 1\"","UN    ","AS",33.72]
[3267,"FLANGE SEXTAVADO DE FERRO GALVANIZADO, COM ROSCA BSP, DE 2 1/2\"","UN    ","AS",110.13]
[3266,"FLANGE SEXTAVADO DE FERRO GALVANIZADO, COM ROSCA BSP, DE 2\"","UN    ","AS",70.069999999999993]
[3263,"FLANGE SEXTAVADO DE FERRO GALVANIZADO, COM ROSCA BSP, DE 3/4\"","UN    ","AS",28.04]
[3268,"FLANGE SEXTAVADO DE FERRO GALVANIZADO, COM ROSCA BSP, DE 3\"","UN    ","AS",148.9]
[3271,"FLANGE SEXTAVADO DE FERRO GALVANIZADO, COM ROSCA BSP, DE 4\"","UN    ","AS",220.14]
[3270,"FLANGE SEXTAVADO DE FERRO GALVANIZADO, COM ROSCA BSP, DE 6\"","UN    ","AS",369.85]
[3275,"FORRO COMPOSTO POR PAINEIS DE LA DE VIDRO, REVESTIDOS EM PVC MICROPERFURADO, DE *1250 X 625* MM, ESPESSURA 15 MM (COM COLOCACAO)","M2    ","CR",114]
[39512,"FORRO DE FIBRA MINERAL EM PLACAS DE 1250 X 625 MM, E = 15 MM, BORDA RETA, COM PINTURA ANTIMOFO, APOIADO EM PERFIL DE ACO GALVANIZADO COM 24 MM DE BASE - INSTALADO","M2    ","AS",110.92]
[39511,"FORRO DE FIBRA MINERAL EM PLACAS DE 625 X 625 MM, E = 15 MM, BORDA RETA, COM PINTURA ANTIMOFO, APOIADO EM PERFIL DE ACO GALVANIZADO COM 24 MM DE BASE - INSTALADO","M2    ","AS",120.98]
[39513,"FORRO DE FIBRA MINERAL EM PLACAS DE 625 X 625 MM, E = 15/16 MM, BORDA REBAIXADA, COM PINTURA ANTIMOFO, APOIADO EM PERFIL DE ACO GALVANIZADO COM 24 MM DE BASE - INSTALADO","M2    ","AS",129.76]
[3286,"FORRO DE MADEIRA CEDRINHO OU EQUIVALENTE DA REGIAO, ENCAIXE MACHO/FEMEA COM FRISO, *10 X 1* CM (SEM COLOCACAO)","M2    ","AS",86.02]
[3287,"FORRO DE MADEIRA CUMARU/IPE CHAMPANHE OU EQUIVALENTE DA REGIAO, ENCAIXE MACHO/FEMEA COM FRISO, *10 X 1* CM (SEM COLOCACAO)","M2    ","AS",130]
[3283,"FORRO DE MADEIRA PINUS OU EQUIVALENTE DA REGIAO, ENCAIXE MACHO/FEMEA COM FRISO, *10 X 1* CM (SEM COLOCACAO)","M2    ","AS",27.3]
[11587,"FORRO DE PVC LISO, BRANCO, REGUA DE 10 CM, ESPESSURA DE 8 MM A 10 MM (COM COLOCACAO / SEM ESTRUTURA METALICA)","M2    ","CR",78.17]
[36225,"FORRO DE PVC LISO, BRANCO, REGUA DE 20 CM, ESPESSURA DE 8 MM A 10 MM, COMPRIMENTO 6 M (SEM COLOCACAO)","M2    ","CR",31.75]
[36230,"FORRO DE PVC, FRISADO, BRANCO, REGUA DE 10 CM, ESPESSURA DE 8 MM A 10 MM E COMPRIMENTO 6 M (SEM COLOCACAO)","M2    ","C ",23.33]
[36238,"FORRO DE PVC, FRISADO, BRANCO, REGUA DE 20 CM, ESPESSURA DE 8 MM A 10 MM E COMPRIMENTO 6 M (SEM COLOCACAO)","M2    ","CR",22.8]
[39363,"FOSSA SEPTICA, SEM FILTRO, EM POLIETILENO DE ALTA DENSIDADE (PEAD), PARA 15 A 30 CONTRIBUINTES, CILINDRICA, COM TAMPA, CAPACIDADE APROXIMADA DE *5500* LITROS (NBR 7229)","UN    ","CR",4740.1099999999997]
[39361,"FOSSA SEPTICA, SEM FILTRO, EM POLIETILENO DE ALTA DENSIDADE (PEAD), PARA 4 A 7 CONTRIBUINTES, CILINDRICA, COM TAMPA, CAPACIDADE APROXIMADA DE *1100* LITROS (NBR 7229)","UN    ","CR",1448.13]
[39362,"FOSSA SEPTICA, SEM FILTRO, EM POLIETILENO DE ALTA DENSIDADE (PEAD), PARA 8 A 14 CONTRIBUINTES, CILINDRICA, COM TAMPA, CAPACIDADE APROXIMADA DE *3000* LITROS (NBR 7229)","UN    ","CR",2558.21]
[39364,"FOSSA SEPTICA,SEM FILTRO, EM POLIETILENO DE ALTA DENSIDADE (PEAD), PARA 40 A 52 CONTRIBUINTES, CILINDRICA, COM TAMPA, CAPACIDADE APROXIMADA DE *10000* LITROS (NBR 7229)","UN    ","CR",9998.15]
[14576,"FRESADORA DE ASFALTO A FRIO SOBRE ESTEIRAS, LARG. FRESAGEM 2,00 M, POT. 410 KW/550 HP","UN    ","AS",6599093.8700000001]
[13877,"FRESADORA DE ASFALTO A FRIO SOBRE RODAS, LARG. FRESAGEM 1,00 M, POT. 155 KW/208 HP","UN    ","AS",2824973.66]
[7307,"FUNDO ANTICORROSIVO PARA METAIS FERROSOS (ZARCAO)","L     ","CR",29.8]
[38122,"FUNDO PREPARADOR ACRILICO BASE AGUA","L     ","CR",10.51]
[43653,"FUNDO SINTETICO NIVELADOR BRANCO FOSCO PARA MADEIRA","L     ","CR",23.21]
[38633,"FURO PARA TORNEIRA OU OUTROS ACESSORIOS  EM BANCADA DE MARMORE/ GRANITO OU OUTRO TIPO DE PEDRA NATURAL","UN    ","CR",25.58]
[12344,"FUSIVEL DIAZED 20 A TAMANHO DII, CAPACIDADE DE INTERRUPCAO DE 50 KA EM VCA E 8 KA EM VCC, TENSAO NOMIMNAL DE 500 V","UN    ","AS",4.01]
[12343,"FUSIVEL DIAZED 35 A TAMANHO DIII, CAPACIDADE DE INTERRUPCAO DE 50 KA EM VCA E 8 KA EM VCC, TENSAO NOMIMNAL DE 500 V","UN    ","AS",6.21]
[3295,"FUSIVEL NH *36* A 80 AMPERES, TAMANHO 00, CAPACIDADE DE INTERRUPCAO DE 120 KA, TENSAO NOMIMNAL DE 500 V","UN    ","AS",21.71]
[3302,"FUSIVEL NH 100 A TAMANHO 00, CAPACIDADE DE INTERRUPCAO DE 120 KA, TENSAO NOMIMNAL DE 500 V","UN    ","AS",22.7]
[3297,"FUSIVEL NH 125 A TAMANHO 00, CAPACIDADE DE INTERRUPCAO DE 120 KA, TENSAO NOMIMNAL DE 500 V","UN    ","AS",24.23]
[3294,"FUSIVEL NH 160 A TAMANHO 00, CAPACIDADE DE INTERRUPCAO DE 120 KA, TENSAO NOMIMNAL DE 500 V","UN    ","AS",24.6]
[3292,"FUSIVEL NH 20 A TAMANHO 000, CAPACIDADE DE INTERRUPCAO DE 120 KA, TENSAO NOMIMNAL DE 500 V","UN    ","AS",23.11]
[3298,"FUSIVEL NH 200 A 250 AMPERES, TAMANHO 1, CAPACIDADE DE INTERRUPCAO DE 120 KA, TENSAO NOMIMNAL DE 500 V","UN    ","AS",54.16]
[11596,"GABIAO  TIPO CAIXA, MALHA HEXAGONAL 8 X 10 CM (ZN/AL), FIO 2,7 MM, DIMENSOES 2,0 X 1,0 X 0,5 M (C X L X A)","UN    ","CR",530.75]
[34802,"GABIAO MANTA (COLCHAO) MALHA HEXAGONAL 6 X 8 CM (ZN/AL REVESTIDO COM POLIMERO), DIMENSOES 4,0 X 2,0 X 0,17 M (C X L X A) FIO 2 MM","UN    ","CR",1457.61]
[11588,"GABIAO MANTA (COLCHAO) MALHA HEXAGONAL 6 X 8 CM (ZN/AL REVESTIDO COM POLIMERO), FIO 2 MM, DIMENSOES 4,0 X 2,0 X 0,23 M (C X L X A)","UN    ","CR",1572.52]
[34383,"GABIAO MANTA (COLCHAO) MALHA HEXAGONAL 6 X 8 CM (ZN/AL REVESTIDO COM POLIMERO), FIO 2 MM, DIMENSOES 4,0 X 2,0 X 0,3 M (C X L X A)","UN    ","CR",1729.89]
[40451,"GABIAO MANTA (COLCHAO) MALHA HEXAGONAL 6 X 8 CM (ZN/AL REVESTIDO COM POLIMERO), FIO 2,0 MM, DIMENSOES 5,0 X 2,0 X 0,17 M (C X L X A)","M2    ","CR",139.83000000000001]
[40453,"GABIAO MANTA (COLCHAO) MALHA HEXAGONAL 6 X 8 CM (ZN/AL REVESTIDO COM POLIMERO), FIO 2,0 MM, DIMENSOES 5,0 X 2,0 X 0,23 M (C X L X A)","M2    ","CR",151.30000000000001]
[40452,"GABIAO MANTA (COLCHAO) MALHA HEXAGONAL 6 X 8 CM (ZN/AL REVESTIDO COM POLIMERO), FIO 2,0 MM, DIMENSOES 5,0 X 2,0 X 0,30 M (C X L X A)","M2    ","CR",165.96]
[11594,"GABIAO SACO MALHA HEXAGONAL 8 X 10 CM (ZN/AL REVESTIDO COM POLIMERO),  FIO 2,4 MM, DIMENSOES 3,0 X 0,65 M","UN    ","CR",501.21]
[3311,"GABIAO SACO MALHA HEXAGONAL 8 X 10 CM (ZN/AL REVESTIDO COM POLIMERO), FIO 2,4 MM, H = 0,65 M","M3    ","CR",501.21]
[11599,"GABIAO SACO MALHA HEXAGONAL 8 X 10 CM (ZN/AL), FIO 2,7 MM, DIMENSOES 4,0 X 0,65 M","UN    ","CR",666.55]
[11593,"GABIAO TIPO CAIXA MALHA HEXAGONAL 8 X 10 CM (ZN/AL REVESTIDO COM POLIMERO),  FIO 2,4 MM, DIMENSOES 2,0 X 1,0 X 1,0 M (C X L X A)","UN    ","CR",934.46]
[3314,"GABIAO TIPO CAIXA MALHA HEXAGONAL 8 X 10 CM (ZN/AL REVESTIDO COM POLIMERO),  FIO 2,4 MM, H = 0,50 M","M3    ","CR",668.33]
[11597,"GABIAO TIPO CAIXA MALHA HEXAGONAL 8 X 10 CM (ZN/AL), FIO 2,7 MM, DIMENSOES 2,0 X 1,0 X 1,0 M (C X L X A)","UN    ","CR",777.18]
[3309,"GABIAO TIPO CAIXA MALHA HEXAGONAL 8 X 10 CM (ZN/AL), FIO 2,7 MM, H = 0,50 M","M3    ","CR",530.75]
[34612,"GABIAO TIPO CAIXA PARA SOLO REFORCADO, MALHA HEXAGONAL DE DUPLA TORCAO 8 X 10 CM (ZN/AL REVESTIDO COM POLIMERO), FIO 2,7 MM, DIMENSOES 2,0 X 1,0 X 0,5 M, COM CAUDA DE 3,0 M","UN    ","CR",961.24]
[34635,"GABIAO TIPO CAIXA PARA SOLO REFORCADO, MALHA HEXAGONAL DE DUPLA TORCAO 8 X 10 CM (ZN/AL REVESTIDO COM POLIMERO), FIO 2,7 MM, DIMENSOES 2,0 X 1,0 X 1,0 M, COM CAUDA DE 3,0 M","UN    ","CR",1236.1099999999999]
[34633,"GABIAO TIPO CAIXA PARA SOLO REFORCADO, MALHA HEXAGONAL DE DUPLA TORCAO 8 X 10 CM (ZN/AL REVESTIDO COM POLIMERO), FIO 2,7 MM, DIMENSOES 2,0 X 1,0 X 1,0 M, COM CAUDA DE 4,0 M","UN    ","CR",1362.52]
[40440,"GABIAO TIPO CAIXA PARA SOLO REFORCADO, MALHA HEXAGONAL 8 X 10 CM (ZN/AL REVESTIDO COM POLIMERO), FIO 2,7 MM, DIMENSOES 2,0 X 1,0 X 0,5 M, COM CAUDA DE 4,0 M","M3    ","CR",696.13]
[40441,"GABIAO TIPO CAIXA PARA SOLO REFORCADO, MALHA HEXAGONAL 8 X 10 CM (ZN/AL REVESTIDO COM POLIMERO), FIO 2,7 MM, DIMENSOES 2,0 X 1,0 X 1,0 M, COM CAUDA DE 4,0 M","M3    ","CR",444.44]
[40449,"GABIAO TIPO CAIXA TRAPEZOIDAL, MALHA HEXAGONAL 10 X 12 CM (ZN/AL REVESTIDO COM POLIMERO) FIO 2,7 MM, FACE COM 65 GRAUS, COM GEOSSINTETICO, DIMENSOES 2,0 X 1,5 X 1,0 M (C X L X A)","M3    ","CR",373.63]
[34800,"GABIAO TIPO CAIXA, MALHA HEXAGONAL 8 X 10 CM (ZN/AL REVESTIDO COM POLIMERO), FIO DE 2,4 MM, DIMENSOES 2,0 x 1,0 x 1,0 M (C X L X A)","M3    ","CR",467.22]
[11592,"GABIAO TIPO CAIXA, MALHA HEXAGONAL 8 X 10 CM (ZN/AL REVESTIDO COM POLIMERO), FIO 2,4 MM, DIMENSOES 2,0 X 1,0 X 0,5 M (C X L X A)","UN    ","CR",668.33]
[40438,"GABIAO TIPO CAIXA, MALHA HEXAGONAL 8 X 10 CM (ZN/AL), FIO DE 2,7 MM, DIMENSOES 2,0 X 1,0 X 1,0 M (C X L X A)","M3    ","CR",311.27]
[40436,"GABIAO TIPO CAIXA, MALHA HEXAGONAL 8 X 10 CM (ZN/AL), FIO DE 2,7 MM, DIMENSOES 5,0 X 1,0 X 1,0 M (C X L X A)","M3    ","CR",388.13]
[4315,"GANCHO CHATO EM FERRO GALVANIZADO,  L = 110 MM, RECOBRIMENTO = 100MM, SECAO 1/8 X 1/2\" (3 MM X 12 MM), PARA FIXAR TELHA DE FIBROCIMENTO ONDULADA","UN    ","AS",2.4500000000000002]
[402,"GANCHO OLHAL EM ACO GALVANIZADO, ESPESSURA 16MM, ABERTURA 21MM","UN    ","AS",11.67]
[4226,"GAS DE COZINHA - GLP","KG    ","C ",8.66]
[4222,"GASOLINA COMUM","L     ","C ",5.43]
[34804,"GEOGRELHA TECIDA COM FILAMENTOS DE POLIESTER + PVC, RESISTENCIA LONGITUDINAL: 90 KN/M, RESISTENCIA TRANSVERSAL: 30 KN/M, ALONGAMENTO = 12 POR CENTO","M2    ","CR",56.42]
[4013,"GEOTEXTIL NAO TECIDO AGULHADO DE FILAMENTOS CONTINUOS 100% POLIESTER, RESITENCIA A TRACAO = 09 KN/M","M2    ","CR",15.32]
[4011,"GEOTEXTIL NAO TECIDO AGULHADO DE FILAMENTOS CONTINUOS 100% POLIESTER, RESITENCIA A TRACAO = 10 KN/M","M2    ","CR",17.11]
[4021,"GEOTEXTIL NAO TECIDO AGULHADO DE FILAMENTOS CONTINUOS 100% POLIESTER, RESITENCIA A TRACAO = 14 KN/M","M2    ","CR",21.33]
[4019,"GEOTEXTIL NAO TECIDO AGULHADO DE FILAMENTOS CONTINUOS 100% POLIESTER, RESITENCIA A TRACAO = 16 KN/M","M2    ","CR",25.61]
[4012,"GEOTEXTIL NAO TECIDO AGULHADO DE FILAMENTOS CONTINUOS 100% POLIESTER, RESITENCIA A TRACAO = 21 KN/M","M2    ","CR",34.32]
[4020,"GEOTEXTIL NAO TECIDO AGULHADO DE FILAMENTOS CONTINUOS 100% POLIESTER, RESITENCIA A TRACAO = 26 KN/M","M2    ","CR",42.97]
[4018,"GEOTEXTIL NAO TECIDO AGULHADO DE FILAMENTOS CONTINUOS 100% POLIESTER, RESITENCIA A TRACAO = 31 KN/M","M2    ","CR",51.48]
[36498,"GERADOR PORTATIL MONOFASICO, POTENCIA 5500 VA, MOTOR A GASOLINA, POTENCIA DO MOTOR 13 CV","UN    ","AS",7093.57]
[12872,"GESSEIRO (HORISTA)","H     ","CR",16.149999999999999]
[41075,"GESSEIRO (MENSALISTA)","MES   ","CR",2804.1]
[44324,"GESSO COLA, EM PO, PARA FIXACAO DE MOLDURAS, SANCAS E BLOCOS DE GESSO","KG    ","CR",2.95]
[3315,"GESSO EM PO PARA REVESTIMENTOS/MOLDURAS/SANCAS E USO GERAL","KG    ","CR",0.85]
[36870,"GESSO PROJETADO","KG    ","CR",0.66]
[5092,"GONZO DE EMBUTIR, EM LATAO / ZAMAC, *20 X 48* MM, PARA JANELA BASCULANTE / PIVOTANTE, JOGO COM 4 PECAS (PAR)  - INCLUI PARAFUSOS","PAR   ","CR",18.510000000000002]
[11462,"GONZO DE SOBREPOR, EM LATAO / ZAMAC, PARA JANELA PIVOTANTE - INCLUI PARAFUSOS","PAR   ","CR",18.93]
[36529,"GRADE DE DISCOS COM CONTROLE REMOTO, REBOCAVEL, COM 24 DISCOS 24\" X 6 MM, COM PNEUS PARA TRANSPORTE","UN    ","AS",69132.649999999994]
[3318,"GRADE DE DISCOS MECANICA 20X24\" COM 20 DISCOS 24\" X 6MM  COM PNEUS PARA TRANSPORTE","UN    ","AS",54200]
[3324,"GRAMA BATATAIS EM PLACAS, SEM PLANTIO","M2    ","AS",11.07]
[3322,"GRAMA ESMERALDA OU SAO CARLOS OU CURITIBANA, EM PLACAS, SEM PLANTIO","M2    ","AS",15.5]
[5076,"GRAMPO DE ACO POLIDO 1 \" X 9","KG    ","CR",20.32]
[5077,"GRAMPO DE ACO POLIDO 7/8 \" X 9","KG    ","CR",22.46]
[11837,"GRAMPO LINHA VIVA DE LATAO ESTANHADO, DIAMETRO DO CONDUTOR PRINCIPAL DE 10 A 120 MM2, DIAMETRO DA DERIVACAO DE 10 A 70 MM2","UN    ","CR",84.52]
[38055,"GRAMPO METALICO TIPO OLHAL PARA HASTE DE ATERRAMENTO DE 1/2'', CONDUTOR DE *10* A 50 MM2","UN    ","CR",7.67]
[415,"GRAMPO METALICO TIPO OLHAL PARA HASTE DE ATERRAMENTO DE 1'', CONDUTOR DE *10* A 50 MM2","UN    ","CR",34.659999999999997]
[416,"GRAMPO METALICO TIPO OLHAL PARA HASTE DE ATERRAMENTO DE 3/4'', CONDUTOR DE *10* A 50 MM2","UN    ","CR",12.69]
[425,"GRAMPO METALICO TIPO OLHAL PARA HASTE DE ATERRAMENTO DE 5/8'', CONDUTOR DE *10* A 50 MM2","UN    ","CR",7.86]
[426,"GRAMPO METALICO TIPO U PARA HASTE DE ATERRAMENTO DE ATE 3/4'', CONDUTOR DE 10 A 25 MM2","UN    ","CR",43.32]
[38056,"GRAMPO METALICO TIPO U PARA HASTE DE ATERRAMENTO DE ATE 5/8'', CONDUTOR DE 10 A 25 MM2","UN    ","CR",42.3]
[1564,"GRAMPO PARALELO METALICO PARA CABO DE 6 A 50 MM2, COM 2 PARAFUSOS","UN    ","CR",16.14]
[11032,"GRAMPO U DE 5/8 \" N8 EM FERRO GALVANIZADO","UN    ","AS",13.8]
[36786,"GRANALHA DE ACO, ANGULAR (GRIT), PARA JATEAMENTO, PENEIRA 0,117 A 1,00 MM, (SAE G-40 A G-80)","SC25KG","AS",158.34]
[36785,"GRANALHA DE ACO, ANGULAR (GRIT), PARA JATEAMENTO, PENEIRA 1,41 A 1,19 MM (SAE G16)","SC25KG","AS",137.59]
[36782,"GRANALHA DE ACO, ESFERICA (SHOT), PARA JATEAMENTO, PENEIRA 0,40 A 1,00 MM (SAE S-170 A S-280)","SC25KG","AS",164.24]
[44481,"GRANALHA DE ACO, ESFERICA (SHOT), PARA JATEAMENTO, PENEIRA 1,19 A 1,00 MM  (SAE S390)","SC25KG","AS",185]
[4824,"GRANILHA/ GRANA/ PEDRISCO OU AGREGADO EM MARMORE/ GRANITO/ QUARTZO E CALCARIO, PRETO, CINZA, PALHA OU BRANCO","KG    ","CR",0.68]
[11795,"GRANITO PARA BANCADA, POLIDO, TIPO ANDORINHA/ QUARTZ/ CASTELO/ CORUMBA OU OUTROS EQUIVALENTES DA REGIAO, E=  *2,5* CM","M2    ","CR",754.71]
[134,"GRAUTE CIMENTICIO PARA USO GERAL","KG    ","CR",3.15]
[4229,"GRAXA LUBRIFICANTE","KG    ","CR",38.26]
[11731,"GRELHA FIXA, EM PVC BRANCA, QUADRADA, 150 X 150 MM, PARA RALOS E CAIXAS","UN    ","AS",11.16]
[11732,"GRELHA FIXA, PVC CROMADA, REDONDA, 150 MM, PARA RALOS E CAIXAS","UN    ","AS",29.24]
[11244,"GRELHA FOFO ARTICULADA, CARGA MAXIMA 1,5 T, *300 X 1000* MM, E= *15* MM","UN    ","AS",278.66000000000003]
[11245,"GRELHA FOFO SIMPLES COM REQUADRO, CARGA MAXIMA  12,5 T, *300 X 1000* MM, E= *15* MM, AREA ESTACIONAMENTO CARRO PASSEIO","UN    ","AS",385.43]
[11235,"GRELHA FOFO SIMPLES COM REQUADRO, CARGA MAXIMA 1,5 T, 150 X 1000 MM, E= *15* MM","UN    ","AS",212.65]
[11236,"GRELHA FOFO SIMPLES COM REQUADRO, CARGA MAXIMA 1,5 T, 200 X 1000 MM, E= *15* MM","UN    ","AS",270.24]
[36494,"GRUA ASCENCIONAL, LANCA DE 30 M, CAPACIDADE DE 1,0 T A 30 M, ALTURA ATE 39 M","UN    ","AS",700825]
[36493,"GRUA ASCENCIONAL, LANCA DE 42 M, CAPACIDADE DE 1,5 T A 30 M, ALTURA ATE 39 M","UN    ","AS",794006.25]
[36492,"GRUA ASCENCIONAL, LANCA DE 50 M, CAPACIDADE DE 2,33 T A 30 M, ALTURA ATE 48 M","UN    ","AS",1474962.5]
[36499,"GRUPO GERADOR A GASOLINA, POTENCIA NOMINAL 2,2 KW, TENSAO DE SAIDA 110/220 V, MOTOR POTENCIA 6,5 HP","UN    ","AS",3830.52]
[13533,"GRUPO GERADOR DE SOLDA ELETRICA, COM MAQUINA DE SOLDA, ATE 400 AMPERES E GERADOR A DIESEL 30 CV, MOTOR 4 CILINDROS, TANQUE COMBUST., CARENAGEM DE PROTECAO SOBRE RODAS","UN    ","AS",175593.06]
[13333,"GRUPO GERADOR DE SOLDA ELETRICA, COM MAQUINA DE SOLDA, ATE 400 AMPERES E GERADOR A DIESEL 60 CV, MOTOR 4 CILINDROS, TANQUE COMBUST., CARENAGEM DE PROTECAO SOBRE RODAS","UN    ","AS",196437.23]
[39585,"GRUPO GERADOR DIESEL, COM CARENAGEM, POTENCIA STANDART ENTRE 100 E 110 KVA, VELOCIDADE DE 1800 RPM, FREQUENCIA DE 60 HZ","UN    ","AS",126839.51]
[39586,"GRUPO GERADOR DIESEL, COM CARENAGEM, POTENCIA STANDART ENTRE 140 E 150 KVA, VELOCIDADE DE 1800 RPM, FREQUENCIA DE 60 HZ","UN    ","AS",148774.16]
[39587,"GRUPO GERADOR DIESEL, COM CARENAGEM, POTENCIA STANDART ENTRE 210 E 220 KVA, VELOCIDADE DE 1800 RPM, FREQUENCIA DE 60 HZ","UN    ","AS",181199.3]
[39588,"GRUPO GERADOR DIESEL, COM CARENAGEM, POTENCIA STANDART ENTRE 250 E 260 KVA, VELOCIDADE DE 1800 RPM, FREQUENCIA DE 60 HZ","UN    ","AS",209809.71]
[39584,"GRUPO GERADOR DIESEL, COM CARENAGEM, POTENCIA STANDART ENTRE 50 E 55 KVA, VELOCIDADE DE 1800 RPM, FREQUENCIA DE 60 HZ","UN    ","AS",112953.92]
[39590,"GRUPO GERADOR DIESEL, SEM CARENAGEM, POTENCIA STANDART ENTRE 100 E 110 KVA, VELOCIDADE DE 1800 RPM, FREQUENCIA DE 60 HZ","UN    ","AS",110245.47]
[39592,"GRUPO GERADOR DIESEL, SEM CARENAGEM, POTENCIA STANDART ENTRE 210 E 220 KVA, VELOCIDADE DE 1800 RPM, FREQUENCIA DE 60 HZ","UN    ","AS",158425.4]
[39593,"GRUPO GERADOR DIESEL, SEM CARENAGEM, POTENCIA STANDART ENTRE 250 E 260 KVA, VELOCIDADE DE 1800 RPM, FREQUENCIA DE 60 HZ","UN    ","AS",181199.3]
[14254,"GRUPO GERADOR DIESEL, SEM CARENAGEM, POTENCIA STANDART ENTRE 80 E 90 KVA, VELOCIDADE DE 1800 RPM, FREQUENCIA DE 60 HZ","UN    ","AS",102997.5]
[44494,"GRUPO GERADOR ESTACIONARIO SILENCIADO, POTENCIA 50 KVA, MOTOR  DIESEL","UN    ","AS",86011.13]
[25019,"GRUPO GERADOR ESTACIONARIO, MOTOR DIESEL POTENCIA 170 KVA","UN    ","AS",147432.69]
[36501,"GRUPO GERADOR ESTACIONARIO, POTENCIA 150 KVA, MOTOR DIESEL","UN    ","AS",131265.9]
[44493,"GRUPO GERADOR ESTACIONARIO, SILENCIADO, POTENCIA 180 KVA, MOTOR  DIESEL","UN    ","AS",157806.76]
[36500,"GRUPO GERADOR REBOCAVEL, POTENCIA *66* KVA, MOTOR A DIESEL","UN    ","AS",92762.03]
[20017,"GUARNICAO / ALIZAR / VISTA LISA EM MADEIRA MACICA, PARA PORTA  , E = *1* CM, L = *5* CM, CEDRINHO / ANGELIM COMERCIAL / TAURI/ CURUPIXA / PEROBA / CUMARU OU EQUIVALENTE DA REGIAO","M     ","CR",5.45]
[20007,"GUARNICAO / ALIZAR / VISTA LISA EM MADEIRA MACICA, PARA PORTA , E = *1* CM, L = *5* CM,  PINUS /EUCALIPTO / VIROLA OU EQUIVALENTE DA REGIAO","M     ","CR",3.25]
[39831,"GUARNICAO / ALIZAR / VISTA, E = *1,5* CM, L = *5,0* CM, EM POLIESTIRENO, BRANCO (JOGO PARA 1 FACE)","JG    ","AS",300.97000000000003]
[36888,"GUARNICAO / MOLDURA / ARREMATE DE ACABAMENTO PARA ESQUADRIA, EM ALUMINIO PERFIL 25, ACABAMENTO ANODIZADO BRANCO OU BRILHANTE, PARA 1 FACE","M     ","AS",24.38]
[39836,"GUARNICAO/ALIZAR/VISTA, E = *1,3* CM, L = *5,0* CM HASTE REGULAVEL = *35* MM, EM MDF/PVC WOOD/ POLIESTIRENO OU MADEIRA LAMINADA, PRIMER BRANCO (JOGO PARA 1 FACE)","JG    ","AS",264.45999999999998]
[39830,"GUARNICAO/ALIZAR/VISTA, E = *1,3* CM, L = *7,0* CM, EM POLIESTIRENO, BRANCO (JOGO PARA 1 FACE)","JG    ","AS",301.61]
[40527,"GUINCHO DE ALAVANCA MANUAL, CAPACIDADE DE 1,6 T, COM 20 M DE CABO DE ACO (AQUISICAO)","UN    ","AS",2532.19]
[36497,"GUINCHO DE ALAVANCA MANUAL, CAPACIDADE 3,2 T COM 20 M DE CABO DE ACO DIAMETRO 16,3 MM","UN    ","AS",2890.77]
[36487,"GUINCHO ELETRICO DE COLUNA, CAPACIDADE 400 KG, COM MOTO FREIO, MOTOR TRIFASICO DE 1,25 CV","UN    ","AS",5033.2700000000004]
[44475,"GUINDASTE HIDRAULICO AUTOPROPELIDO, COM LANCA TELESCOPICA 28,80 M, CAPACIDADE MAXIMA 30 T, POTENCIA 97 KW, TRACAO  4 X 4","UN    ","AS",1225500.25]
[44474,"GUINDASTE HIDRAULICO AUTOPROPELIDO, COM LANCA TELESCOPICA 40 M, CAPACIDADE MAXIMA 60 T, POTENCIA 260 KW, TRACAO  6 X 6","UN    ","AS",2356731.25]
[44490,"GUINDASTE HIDRAULICO AUTOPROPELIDO, COM LANCA TELESCOPICA 50 M, CAPACIDADE MAXIMA 100 T, POTENCIA 350 KW,  TRACAO 10 X 6","UN    ","AS",4006443.12]
[37776,"GUINDAUTO HIDRAULICO, CAPACIDADE MAXIMA DE CARGA 10000 KG, MOMENTO MAXIMO DE CARGA 23 TM , ALCANCE MAXIMO HORIZONTAL 11,80 M, PARA MONTAGEM SOBRE CHASSI DE CAMINHAO PBT MINIMO 15000 KG (INCLUI MONTAGEM, NAO INCLUI CAMINHAO)","UN    ","AS",245543.75]
[37775,"GUINDAUTO HIDRAULICO, CAPACIDADE MAXIMA DE CARGA 14340 KG, MOMENTO MAXIMO DE CARGA 42,3 TM, ALCANCE MAXIMO HORIZONTAL 16,80 M, PARA MONTAGEM SOBRE CHASSI DE CAMINHAO PBT MINIMO 23000 KG (INCLUI MONTAGEM, NAO INCLUI CAMINHAO)","UN    ","AS",386750]
[36491,"GUINDAUTO HIDRAULICO, CAPACIDADE MAXIMA DE CARGA 30000 KG, MOMENTO MAXIMO DE CARGA 92,2 TM , ALCANCE MAXIMO HORIZONTAL  22,00 M, PARA MONTAGEM SOBRE CHASSI DE CAMINHAO PBT MINIMO 30000 KG (INCLUI MONTAGEM, NAO INCLUI CAMINHAO)","UN    ","AS",1432250]
[10712,"GUINDAUTO HIDRAULICO, CAPACIDADE MAXIMA DE CARGA 3300 KG, MOMENTO MAXIMO DE CARGA 5,8 TM , ALCANCE MAXIMO HORIZONTAL  7,60 M, PARA MONTAGEM SOBRE CHASSI DE CAMINHAO PBT MINIMO 8000 KG (INCLUI MONTAGEM, NAO INCLUI CAMINHAO)","UN    ","AS",96687.5]
[3363,"GUINDAUTO HIDRAULICO, CAPACIDADE MAXIMA DE CARGA 6200 KG, MOMENTO MAXIMO DE CARGA 11,7 TM , ALCANCE MAXIMO HORIZONTAL  9,70 M, PARA MONTAGEM SOBRE CHASSI DE CAMINHAO PBT MINIMO 13000 KG (INCLUI MONTAGEM, NAO INCLUI CAMINHAO)","UN    ","AS",136000]
[3365,"GUINDAUTO HIDRAULICO, CAPACIDADE MAXIMA DE CARGA 8500 KG, MOMENTO MAXIMO DE CARGA 30,4 TM , ALCANCE MAXIMO HORIZONTAL  14,30 M, PARA MONTAGEM SOBRE CHASSI DE CAMINHAO PBT MINIMO 23000 KG (INCLUI MONTAGEM, NAO INCLUI CAMINHAO)","UN    ","AS",317900]
[7569,"HASTE ANCORA EM ACO GALVANIZADO, DIMENSOES 16 MM X 2000 MM","UN    ","AS",54.51]
[34349,"HASTE DE ACO GALVANIZADO PARA FIXACAO DE CONCERTINA 2 \"/3 M","UN    ","CR",32.049999999999997]
[3378,"HASTE DE ATERRAMENTO EM ACO COM 3,00 M DE COMPRIMENTO E DN = 3/4\", REVESTIDA COM BAIXA CAMADA DE COBRE, SEM CONECTOR","UN    ","CR",122.68]
[3380,"HASTE DE ATERRAMENTO EM ACO COM 3,00 M DE COMPRIMENTO E DN = 5/8\", REVESTIDA COM BAIXA CAMADA DE COBRE, COM CONECTOR TIPO GRAMPO","UN    ","C ",85.88]
[3379,"HASTE DE ATERRAMENTO EM ACO COM 3,00 M DE COMPRIMENTO E DN = 5/8\", REVESTIDA COM BAIXA CAMADA DE COBRE, SEM CONECTOR","UN    ","CR",82.91]
[11991,"HASTE DE ATERRAMENTO EM ACO GALVANIZADO TIPO CANTONEIRA COM 2,00 M DE COMPRIMENTO, 25 X 25 MM E CHAPA DE 3/16\"","UN    ","CR",96.27]
[11029,"HASTE RETA PARA GANCHO DE FERRO GALVANIZADO, COM ROSCA 1/4 \" X 30 CM PARA FIXACAO DE TELHA METALICA, INCLUI PORCA E ARRUELAS DE VEDACAO","CJ    ","AS",2.11]
[4316,"HASTE RETA PARA GANCHO DE FERRO GALVANIZADO, COM ROSCA 1/4 \" X 40 CM PARA FIXACAO DE TELHA DE FIBROCIMENTO, INCLUI PORCA SEXTAVADA DE  ZINCO","UN    ","AS",2.14]
[4313,"HASTE RETA PARA GANCHO DE FERRO GALVANIZADO, COM ROSCA 5/16\" X 35 CM PARA FIXACAO DE TELHA DE FIBROCIMENTO, INCLUI PORCA E ARRUELAS DE VEDACAO","CJ    ","AS",3.07]
[4317,"HASTE RETA PARA GANCHO DE FERRO GALVANIZADO, COM ROSCA 5/16\" X 40 CM PARA FIXACAO DE TELHA DE FIBROCIMENTO, INCLUI PORCA SEXTAVADA DE  ZINCO","UN    ","AS",3.49]
[4314,"HASTE RETA PARA GANCHO DE FERRO GALVANIZADO, COM ROSCA 5/16\" X 45 CM PARA FIXACAO DE TELHA DE FIBROCIMENTO, INCLUI PORCA E ARRUELAS DE VEDACAO","CJ    ","AS",4.09]
[10921,"HIDRANTE DE COLUNA COMPLETO, EM FERRO FUNDIDO, DN = 100 MM, COM REGISTRO, CUNHA DE BORRACHA, CURVA DESSIMETRICA, EXTREMIDADE E TAMPAS (INCLUI KIT FIXACAO)","UN    ","AS",5920]
[10922,"HIDRANTE DE COLUNA COMPLETO, EM FERRO FUNDIDO, DN = 75 MM, COM REGISTRO, CUNHA DE BORRACHA, CURVA DESSIMETRICA, EXTREMIDADE E TAMPAS (INCLUI KIT FIXACAO)","UN    ","AS",5362.18]
[10923,"HIDRANTE SUBTERRANEO, EM FERRO FUNDIDO, COM CURVA CURTA E CAIXA, DN 75 MM","UN    ","AS",3169.28]
[10924,"HIDRANTE SUBTERRANEO, EM FERRO FUNDIDO, COM CURVA LONGA E CAIXA, DN 75 MM","UN    ","AS",3337.87]
[37772,"HIDROJATEADORA PARA DESOBSTRUCAO DE REDES E GALERIAS, TANQUE 7000 L, BOMBA TRIPLEX 120 KGF/CM2 128 L/MIN (INCLUI MONTAGEM, NAO INCLUI CAMINHAO)","UN    ","AS",273236.33]
[37771,"HIDROJATEADORA PARA DESOBSTRUCAO DE REDES E GALERIAS, TANQUE 7000 L, BOMBA TRIPLEX 140 KGF/CM2 260 L/MIN ALIMENTADA POR MOTOR INDEPENDENTE A DIESEL POTENCIA 125 CV (INCLUI MONTAGEM, NAO INCLUI CAMINHAO)","UN    ","AS",290679.93]
[12772,"HIDROMETRO MULTIJATO / MEDIDOR DE AGUA, DN 1 1/2\", VAZAO MAXIMA DE 20 M3/H, PARA AGUA POTAVEL FRIA, RELOJOARIA PLANA, CLASSE B, HORIZONTAL (SEM CONEXOES)","UN    ","AS",799.97]
[12770,"HIDROMETRO MULTIJATO / MEDIDOR DE AGUA, DN 1\", VAZAO MAXIMA DE 10 M3/H, PARA AGUA POTAVEL FRIA, RELOJOARIA PLANA, CLASSE B, HORIZONTAL (SEM CONEXOES)","UN    ","AS",481.33]
[12775,"HIDROMETRO MULTIJATO / MEDIDOR DE AGUA, DN 1\", VAZAO MAXIMA DE 7 M3/H, PARA AGUA POTAVEL FRIA, RELOJOARIA PLANA, CLASSE B, HORIZONTAL (SEM CONEXOES)","UN    ","AS",352.52]
[12768,"HIDROMETRO MULTIJATO / MEDIDOR DE AGUA, DN 2\", VAZAO MAXIMA DE 30 M3/H, PARA AGUA POTAVEL FRIA, RELOJOARIA PLANA, CLASSE B, HORIZONTAL (SEM CONEXOES)","UN    ","AS",1125.3800000000001]
[12769,"HIDROMETRO UNIJATO / MEDIDOR DE AGUA, DN 1/2\", VAZAO MAXIMA DE 1,5 M3/H, PARA AGUA POTAVEL FRIA, RELOJOARIA PLANA, CLASSE B, HORIZONTAL (SEM CONEXOES)","UN    ","AS",92.2]
[12773,"HIDROMETRO UNIJATO / MEDIDOR DE AGUA, DN 1/2\", VAZAO MAXIMA DE 3 M3/H, PARA AGUA POTAVEL FRIA, RELOJOARIA PLANA, CLASSE B, HORIZONTAL (SEM CONEXOES)","UN    ","AS",98.97]
[12774,"HIDROMETRO UNIJATO / MEDIDOR DE AGUA, DN 3/4\", VAZAO MAXIMA DE 5 M3/H, PARA AGUA POTAVEL FRIA, RELOJOARIA PLANA, CLASSE B, HORIZONTAL (SEM CONEXOES)0,","UN    ","AS",122.02]
[12776,"HIDROMETRO WOLTMANN, DN 2\", VAZAO MAXIMA DE 50 M3/H, PARA AGUA POTAVEL FRIA, RELOJOARIA PLANA, TURBINA HORIZONTAL, EQUIPADO COM TELIMETRIA (SEM CONEXOES)","UN    ","AS",1816.88]
[12777,"HIDROMETRO WOLTMANN, DN 3\", VAZAO MAXIMA DE 80 M3/H, PARA AGUA POTAVEL FRIA, RELOJOARIA PLANA, TURBINA HORIZONTAL, EQUIPADO COM TELIMETRIA (SEM CONEXOES)","UN    ","AS",2372.79]
[3391,"IGNITOR PARA LAMPADA DE VAPOR DE SODIO / VAPOR METALICO ATE 2000 W, TENSAO DE PULSO ENTRE 600 A 750 V","UN    ","AS",53.01]
[3389,"IGNITOR PARA LAMPADA DE VAPOR DE SODIO / VAPOR METALICO ATE 400 W, TENSAO DE PULSO ENTRE 3000 A 4500 V","UN    ","AS",27.5]
[3390,"IGNITOR PARA LAMPADA DE VAPOR DE SODIO / VAPOR METALICO ATE 400 W, TENSAO DE PULSO ENTRE 580 A 750 V","UN    ","AS",30.95]
[12873,"IMPERMEABILIZADOR (HORISTA)","H     ","CR",16.8]
[41076,"IMPERMEABILIZADOR (MENSALISTA)","MES   ","CR",2915.09]
[140,"IMPERMEABILIZANTE FLEXIVEL BRANCO DE BASE ACRILICA PARA COBERTURAS","KG    ","CR",35.18]
[151,"IMPERMEABILIZANTE INCOLOR,  BASE SILICONE, PARA TRATAMENTO DE FACHADAS, TELHAS, PEDRAS E OUTRAS SUPERFICIES","L     ","CR",51.92]
[7340,"IMUNIZANTE PARA MADEIRA, INCOLOR","L     ","CR",61.73]
[2701,"INSTALADOR DE TUBULACOES (TUBOS/EQUIPAMENTOS)","H     ","CR",31.65]
[40929,"INSTALADOR DE TUBULACOES (TUBOS/EQUIPAMENTOS) (MENSALISTA)","MES   ","CR",5490.82]
[38114,"INTERRUPTOR BIPOLAR SIMPLES 10 A, 250 V (APENAS MODULO)","UN    ","CR",19.940000000000001]
[38064,"INTERRUPTOR BIPOLAR 10A, 250V, CONJUNTO MONTADO PARA EMBUTIR 4\" X 2\" (PLACA + SUPORTE + MODULO)","UN    ","CR",22.29]
[38115,"INTERRUPTOR INTERMEDIARIO 10 A, 250 V (APENAS MODULO)","UN    ","CR",21.29]
[38065,"INTERRUPTOR INTERMEDIARIO 10A, 250V, CONJUNTO MONTADO PARA EMBUTIR 4\" X 2\" (PLACA + SUPORTE + MODULO)","UN    ","CR",31.63]
[38078,"INTERRUPTOR PARALELO + TOMADA 2P+T 10A, 250V, CONJUNTO MONTADO PARA EMBUTIR 4\" X 2\" (PLACA + SUPORTE + MODULOS)","UN    ","CR",18.45]
[38113,"INTERRUPTOR PARALELO 10A, 250V (APENAS MODULO)","UN    ","CR",10.02]
[38063,"INTERRUPTOR PARALELO 10A, 250V, CONJUNTO MONTADO PARA EMBUTIR 4\" X 2\" (PLACA + SUPORTE + MODULO)","UN    ","CR",10.75]
[38080,"INTERRUPTOR SIMPLES + INTERRUPTOR PARALELO + TOMADA 2P+T 10A, 250V, CONJUNTO MONTADO PARA EMBUTIR 4\" X 2\" (PLACA + SUPORTE + MODULOS)","UN    ","CR",32.04]
[38069,"INTERRUPTOR SIMPLES + INTERRUPTOR PARALELO 10A, 250V, CONJUNTO MONTADO PARA EMBUTIR 4\" X 2\" (PLACA + SUPORTE + MODULOS)","UN    ","CR",17.53]
[38077,"INTERRUPTOR SIMPLES + TOMADA 2P+T 10A, 250V, CONJUNTO MONTADO PARA EMBUTIR 4\" X 2\" (PLACA + SUPORTE + MODULOS)","UN    ","CR",17.13]
[38073,"INTERRUPTOR SIMPLES + 2 INTERRUPTORES PARALELOS 10A, 250V, CONJUNTO MONTADO PARA EMBUTIR 4\" X 2\" (PLACA + SUPORTE + MODULOS)","UN    ","CR",26.09]
[38112,"INTERRUPTOR SIMPLES 10A, 250V (APENAS MODULO)","UN    ","CR",7.69]
[38062,"INTERRUPTOR SIMPLES 10A, 250V, CONJUNTO MONTADO PARA EMBUTIR 4\" X 2\" (PLACA + SUPORTE + MODULO)","UN    ","CR",7.9]
[12128,"INTERRUPTOR SIMPLES 10A, 250V, CONJUNTO MONTADO PARA SOBREPOR 4\" X 2\" (CAIXA + MODULO)","UN    ","CR",10.56]
[12129,"INTERRUPTOR SIMPLES 10A, 250V, CONJUNTO MONTADO PARA SOBREPOR 4\" X 2\" (CAIXA + 2 MODULOS)","UN    ","CR",13.95]
[38081,"INTERRUPTORES PARALELOS (2 MODULOS) + TOMADA 2P+T 10A, 250V, CONJUNTO MONTADO PARA EMBUTIR 4\" X 2\" (PLACA + SUPORTE + MODULOS)","UN    ","CR",27.18]
[38070,"INTERRUPTORES PARALELOS (2 MODULOS) 10A, 250V, CONJUNTO MONTADO PARA EMBUTIR 4\" X 2\" (PLACA + SUPORTE + MODULOS)","UN    ","CR",18.73]
[38074,"INTERRUPTORES PARALELOS (3 MODULOS) 10A, 250V, CONJUNTO MONTADO PARA EMBUTIR 4\" X 2\" (PLACA + SUPORTE + MODULO)","UN    ","CR",28.48]
[38079,"INTERRUPTORES SIMPLES (2 MODULOS) + TOMADA 2P+T 10A, 250V, CONJUNTO MONTADO PARA EMBUTIR 4\" X 2\" (PLACA + SUPORTE + MODULOS)","UN    ","CR",24.44]
[38072,"INTERRUPTORES SIMPLES (2 MODULOS) + 1 INTERRUPTOR PARALELO 10A, 250V, CONJUNTO MONTADO PARA EMBUTIR 4\" X 2\" (PLACA + SUPORTE + MODULOS)","UN    ","CR",23.49]
[38068,"INTERRUPTORES SIMPLES (2 MODULOS) 10A, 250V, CONJUNTO MONTADO PARA EMBUTIR 4\" X 2\" (PLACA + SUPORTE + MODULOS)","UN    ","CR",16.21]
[38071,"INTERRUPTORES SIMPLES (3 MODULOS) 10A, 250V, CONJUNTO MONTADO PARA EMBUTIR 4\" X 2\" (PLACA + SUPORTE + MODULOS)","UN    ","CR",19.39]
[38412,"INVERSOR DE SOLDA MONOFASICO DE 160 A, POTENCIA DE 5400 W, TENSAO DE 220 V, TURBO VENTILADO, PROTECAO POR FUSIVEL TERMICO, PARA ELETRODOS DE 2,0 A 4,0 MM","UN    ","C ",1500.79]
[3405,"ISOLADOR DE PORCELANA SUSPENSO, DISCO TIPO GARFO OLHAL, DIAMETRO DE 152 MM, PARA TENSAO DE *15* KV","UN    ","AS",96.54]
[3394,"ISOLADOR DE PORCELANA, TIPO BUCHA, PARA TENSAO DE *15* KV","UN    ","AS",509.6]
[3393,"ISOLADOR DE PORCELANA, TIPO BUCHA, PARA TENSAO DE *35* KV","UN    ","AS",867.65]
[3406,"ISOLADOR DE PORCELANA, TIPO PINO MONOCORPO, PARA TENSAO DE *15* KV","UN    ","AS",29.55]
[3395,"ISOLADOR DE PORCELANA, TIPO PINO MONOCORPO, PARA TENSAO DE *35* KV","UN    ","AS",124.65]
[3398,"ISOLADOR DE PORCELANA, TIPO ROLDANA, DIMENSOES DE *72* X *72* MM, PARA USO EM BAIXA TENSAO","UN    ","AS",5.92]
[40662,"JANELA BASCULANTE EM MADEIRA PINUS/ EUCALIPTO/ TAUARI/ VIROLA OU EQUIVALENTE DA REGIAO, *60 X 60*, CAIXA DO BATENTE/ MARCO E = *10* CM, 2 BASCULAS PARA VIDRO, COM FERRAGENS (SEM VIDRO, SEM GUARNICAO/ALIZAR E SEM ACABAMENTO)","UN    ","AS",348.79]
[3437,"JANELA BASCULANTE EM MADEIRA PINUS/ EUCALIPTO/ TAUARI/ VIROLA OU EQUIVALENTE DA REGIAO, CAIXA DO BATENTE/ MARCO *10* CM, *2* FOLHAS BASCULANTES PARA VIDRO, COM FERRAGENS (SEM VIDRO, SEM GUARNICAO/ALIZAR E SEM ACABAMENTO)","M2    ","AS",968.87]
[11190,"JANELA BASCULANTE, ACO, COM BATENTE/REQUADRO, 60 X 60 CM (SEM VIDROS)","UN    ","AS",178.63]
[34377,"JANELA BASCULANTE, EM ALUMINIO PERFIL 20, 80 X 60 CM (A X L), 4 FLS (1 FIXA E 3 MOVEIS), ACABAMENTO BRANCO OU BRILHANTE, BATENTE DE 3 A 4 CM, COM VIDRO 4 MM, SEM GUARNICAO","UN    ","AS",171.67]
[3428,"JANELA DE ABRIR EM MADEIRA IMBUIA/CEDRO ARANA/CEDRO ROSA OU EQUIVALENTE DA REGIAO, CAIXA DO BATENTE/MARCO *10* CM, 2 FOLHAS DE ABRIR TIPO VENEZIANA E 2 FOLHAS DE ABRIR PARA VIDRO, COM GUARNICAO/ALIZAR, COM FERRAGENS, (SEM VIDRO E SEM ACABAMENTO)","M2    ","AS",1437.16]
[3429,"JANELA DE ABRIR EM MADEIRA PINUS/EUCALIPTO/ TAUARI/ VIROLA OU EQUIVALENTE DA REGIAO, CAIXA DO BATENTE/MARCO *10* CM, 2 FOLHAS DE ABRIR TIPO VENEZIANA E 2 FOLHAS GUILHOTINA PARA VIDRO, COM FERRAGENS (SEM VIDRO,SEM GUARNICAO/ALIZAR E SEM ACABAMENTO)","M2    ","AS",821.11]
[11199,"JANELA DE CORRER, ACO, BATENTE/REQUADRO DE 6 A 14 CM, COM DIVISAO HORIZ , PINT ANTICORROSIVA, SEM VIDRO, BANDEIRA COM BASCULA, 4 FLS, 120 X 150 CM (A X L)","UN    ","AS",986.54]
[34369,"JANELA DE CORRER, EM ALUMINIO PEFIL 25, 100 X 200 CM (A X L), 4 FLS, SEM BANDEIRA, ACABAMENTO BRANCO OU BRILHANTE, BATENTE DE 6 A 7 CM, COM VIDRO 4 MM, SEM GUARNICAO/ALIZAR","UN    ","AS",597.11]
[36896,"JANELA DE CORRER, EM ALUMINIO PERFIL 25, 100 X 120 CM (A X L), 2 FLS MOVEIS, SEM BANDEIRA, ACABAMENTO BRANCO OU BRILHANTE, BATENTE DE 6 A 7 CM, COM VIDRO 4 MM, SEM GUARNICAO","UN    ","AS",332.5]
[34367,"JANELA DE CORRER, EM ALUMINIO PERFIL 25, 100 X 150 CM (A X L), 2 FLS MOVEIS, SEM BANDEIRA, ACABAMENTO BRANCO OU BRILHANTE, BATENTE DE 6 A 7 CM, COM VIDRO 4 MM, SEM GUARNICAO","UN    ","AS",428.54]
[36897,"JANELA DE CORRER, EM ALUMINIO PERFIL 25, 100 X 150 CM (A X L), 4 FLS MOVEIS, SEM BANDEIRA, ACABAMENTO BRANCO OU BRILHANTE, BATENTE DE 6 A 7 CM, COM VIDRO 4 MM, SEM GUARNICAO/ALIZAR","UN    ","AS",518.86]
[34364,"JANELA DE CORRER, EM ALUMINIO PERFIL 25, 120 X 150 CM (A X L), 4 FLS, BANDEIRA COM BASCULA, ACABAMENTO BRANCO OU BRILHANTE, BATENTE/REQUADRO DE 6 A 14 CM, COM VIDRO 4 MM, SEM GUARNICAO/ALIZAR","UN    ","AS",563.29999999999995]
[40659,"JANELA DE 6 FOLHAS DE CORRER EM MADEIRA CEDRINHO/ ANGELIM COMERCIAL/ CURUPIXA/ CUMARU OU EQUIVALENTE DA REGIAO, CAIXA DO BATENTE/MARCO *10* CM, 2 FOLHAS DE CORRER VENEZIANA, 2 FOLHAS FIXAS VENEZIANA E 2 FOLHAS DE CORRER PARA VIDRO, COM FERRAGENS (SEM VIDRO, SEM ACABAMENTO E SEM GUARNICAO/ALIZAR)","M2    ","AS",1370.82]
[40660,"JANELA DE 6 FOLHAS DE CORRER EM MADEIRA IMBUIA/CEDRO ARANA/CEDRO ROSA OU EQUIVALENTE DA REGIAO, CAIXA DO BATENTE/MARCO *10* CM, 2 FOLHAS DE CORRER VENEZIANA, 2 FOLHAS FIXAS VENEZIANA E 2 FOLHAS DE CORRER PARA VIDRO, COM FERRAGENS (SEM VIDRO, SEM ACABAMENTO E SEM GUARNICAO/ALIZAR)","M2    ","AS",1737.35]
[40661,"JANELA DE 6 FOLHAS DE CORRER EM MADEIRA PINUS/ EUCALIPTO/ TAUARI/ VIROLA OU  EQUIVALENTE DA REGIAO, CAIXA DO BATENTE/MARCO *10* CM, 2 FOLHAS DE CORRER VENEZIANA, 2 FOLHAS FIXAS VENEZIANA E 2 FOLHAS DE CORRER PARA VIDRO, COM FERRAGENS (SEM VIDRO, SEM ACABAMENTO E SEM GUARNICAO/ALIZAR)","M2    ","AS",1068.17]
[3421,"JANELA EM MADEIRA CEDRINHO/ ANGELIM COMERCIAL/ CURUPIXA/ CUMARU OU EQUIVALENTE DA REGIAO, CAIXA DO BATENTE/MARCO *10* CM, 2 FOLHAS DE ABRIR TIPO VENEZIANA E 2 FOLHAS GUILHOTINA PARA VIDRO, COM GUARNICAO/ALIZAR, COM FERRAGENS (SEM VIDRO E SEM ACABAMENTO)","M2    ","AS",1076.3399999999999]
[599,"JANELA FIXA, EM ALUMINIO PERFIL 20, 60  X 80 CM (A X L), BATENTE/REQUADRO DE 3 A 14 CM, COM VIDRO 4 MM, SEM GUARNICAO/ALIZAR, ACABAMENTO ALUM BRANCO OU BRILHANTE","M2    ","AS",606.41]
[44053,"JANELA INTEGRADA VENEZIANA EM ALUMINIO PERFIL 25, 120 X 120 CM (A X L), 2 FLS ( 2 VIDROS) E VENEZIANA COM ACIONAMENTO MANUAL, SEM BANDEIRA, ACABAMENTO BRILHANTE, BATENTE DE 11,50 A 12,50 CM, COM VIDRO 4 MM, INCLUSO GUARNICAO","UN    ","AS",1345.94]
[3423,"JANELA MAXIM AR EM MADEIRA CEDRINHO/ ANGELIM COMERCIAL/ CURUPIXA/ CUMARU OU EQUIVALENTE DA REGIAO, CAIXA DO BATENTE/MARCO *10* CM, 1 FOLHA  PARA VIDRO, COM GUARNICAO/ALIZAR, COM FERRAGENS, (SEM VIDRO E SEM ACABAMENTO)","M2    ","AS",1517.9]
[34381,"JANELA MAXIM AR, EM ALUMINIO PERFIL 25, 60 X 80 CM (A X L), ACABAMENTO BRANCO OU BRILHANTE, BATENTE DE 4 A 5 CM, COM VIDRO 4 MM, SEM GUARNICAO/ALIZAR","UN    ","AS",244.85]
[34797,"JANELA MAXIMO AR, ACO, BATENTE / REQUADRO DE 6 A 14 CM, PINT ANTICORROSIVA, SEM VIDRO, COM GRADE, 1 FL, 60  X 80 CM (A X L)","UN    ","AS",389.08]
[44054,"JANELA VENEZIANA DE CORRER, EM ALUMINIO PERFIL 25, 100 X 120 CM (A X L), 3 FLS (2 VENEZIANAS E 1 VIDRO), SEM BANDEIRA, ACABAMENTO BRANCO OU BRILHANTE, BATENTE DE 8 A 9 CM, COM VIDRO 4 MM, SEM GUARNICAO/ALIZAR","UN    ","AS",482.84]
[44399,"JANELA VENEZIANA DE CORRER, EM ALUMINIO PERFIL 25, 100 X 150 CM (A X L), 6 FLS (4 VENEZIANAS E 2 VIDROS), SEM BANDEIRA, ACABAMENTO BRANCO OU BRILHANTE, BATENTE DE 8 A 9 CM, COM VIDRO 4 MM, SEM GUARNICAO / ALIZAR","UN    ","AS",659.72]
[44503,"JARDINEIRO (HORISTA)","H     ","CR",11.48]
[41077,"JARDINEIRO (MENSALISTA)","MES   ","CR",1993.96]
[37963,"JOELHO CPVC, SOLDAVEL, 45 GRAUS, 15 MM, PARA AGUA QUENTE","UN    ","AS",3.61]
[37964,"JOELHO CPVC, SOLDAVEL, 45 GRAUS, 22 MM, PARA AGUA QUENTE","UN    ","AS",4.82]
[37965,"JOELHO CPVC, SOLDAVEL, 45 GRAUS, 28 MM, PARA AGUA QUENTE","UN    ","AS",6.95]
[37966,"JOELHO CPVC, SOLDAVEL, 45 GRAUS, 35 MM, PARA AGUA QUENTE","UN    ","AS",12.21]
[37967,"JOELHO CPVC, SOLDAVEL, 45 GRAUS, 42 MM, PARA AGUA QUENTE","UN    ","AS",20.52]
[37968,"JOELHO CPVC, SOLDAVEL, 45 GRAUS, 54 MM, PARA AGUA QUENTE","UN    ","AS",43.57]
[37969,"JOELHO CPVC, SOLDAVEL, 45 GRAUS, 73 MM, PARA AGUA QUENTE","UN    ","AS",110.1]
[37970,"JOELHO CPVC, SOLDAVEL, 45 GRAUS, 89 MM, PARA AGUA QUENTE","UN    ","AS",159.30000000000001]
[44251,"JOELHO CPVC, SOLDAVEL, 90 GRAUS, 114 MM, PARA AGUA QUENTE","UN    ","AS",184]
[21118,"JOELHO CPVC, SOLDAVEL, 90 GRAUS, 15 MM, PARA AGUA QUENTE","UN    ","AS",2.86]
[37956,"JOELHO CPVC, SOLDAVEL, 90 GRAUS, 22 MM, PARA AGUA QUENTE","UN    ","AS",3.52]
[37957,"JOELHO CPVC, SOLDAVEL, 90 GRAUS, 28 MM, PARA AGUA QUENTE","UN    ","AS",7.49]
[37958,"JOELHO CPVC, SOLDAVEL, 90 GRAUS, 35 MM, PARA AGUA QUENTE","UN    ","AS",13.54]
[37959,"JOELHO CPVC, SOLDAVEL, 90 GRAUS, 42 MM, PARA AGUA QUENTE","UN    ","AS",20.85]
[37960,"JOELHO CPVC, SOLDAVEL, 90 GRAUS, 54 MM, PARA AGUA QUENTE","UN    ","AS",53.27]
[37961,"JOELHO CPVC, SOLDAVEL, 90 GRAUS, 73 MM, PARA AGUA QUENTE","UN    ","AS",114.49]
[37962,"JOELHO CPVC, SOLDAVEL, 90 GRAUS, 89 MM, PARA AGUA QUENTE","UN    ","AS",131.99]
[3533,"JOELHO DE REDUCAO, PVC SOLDAVEL, 90 GRAUS, 25 MM X 20 MM, COR MARROM, PARA AGUA FRIA PREDIAL","UN    ","CR",2.85]
[3538,"JOELHO DE REDUCAO, PVC SOLDAVEL, 90 GRAUS, 32 MM X 25 MM, COR MARROM, PARA AGUA FRIA PREDIAL","UN    ","CR",5.4]
[3498,"JOELHO DE REDUCAO, PVC, ROSCAVEL, 90 GRAUS, 1\" X 3/4\", COR BRANCA, PARA AGUA FRIA PREDIAL","UN    ","CR",5.24]
[3496,"JOELHO DE REDUCAO, PVC, ROSCAVEL, 90 GRAUS, 3/4\" X 1/2\", COR BRANCA, PARA AGUA FRIA PREDIAL","UN    ","CR",3.5]
[38429,"JOELHO DE TRANSICAO, CPVC, SOLDAVEL, 90 GRAUS, 15 MM X 1/2\", PARA AGUA QUENTE","UN    ","AS",9.75]
[38431,"JOELHO DE TRANSICAO, CPVC, SOLDAVEL, 90 GRAUS, 22 MM X 1/2\", PARA AGUA QUENTE","UN    ","AS",12.23]
[38430,"JOELHO DE TRANSICAO, CPVC, SOLDAVEL, 90 GRAUS, 22 MM X 3/4\", PARA AGUA QUENTE","UN    ","AS",18.96]
[36348,"JOELHO PPR 45 GRAUS, SOLDAVEL, F/F, DN 20 MM, PARA AGUA QUENTE PREDIAL","UN    ","AS",1.96]
[36349,"JOELHO PPR 45 GRAUS, SOLDAVEL, F/F, DN 25 MM, PARA AGUA QUENTE PREDIAL","UN    ","AS",2.7]
[38987,"JOELHO PPR 45 GRAUS, SOLDAVEL, F/F, DN 40 MM, PARA AQUA QUENTE E FRIA PREDIAL","UN    ","AS",12.98]
[38988,"JOELHO PPR 45 GRAUS, SOLDAVEL, F/F, DN 50 MM, PARA AQUA QUENTE E FRIA PREDIAL","UN    ","AS",21.15]
[38989,"JOELHO PPR 45 GRAUS, SOLDAVEL, F/F, DN 63 MM, PARA AQUA QUENTE E FRIA PREDIAL","UN    ","AS",35.590000000000003]
[38990,"JOELHO PPR 45 GRAUS, SOLDAVEL, F/F, DN 75 MM, PARA AQUA QUENTE E FRIA PREDIAL","UN    ","AS",71.12]
[38991,"JOELHO PPR 45 GRAUS, SOLDAVEL, F/F, DN 90 MM, PARA AQUA QUENTE E FRIA PREDIAL","UN    ","AS",127.97]
[38433,"JOELHO PPR, 45 GRAUS, SOLDAVEL, F/F, DN 32 MM, PARA AGUA QUENTE PREDIAL","UN    ","AS",6.61]
[38440,"JOELHO PPR, 90 GRAUS, SOLDAVEL, F/F, DN 110 MM, PARA AGUA QUENTE PREDIAL","UN    ","AS",278.89999999999998]
[36359,"JOELHO PPR, 90 GRAUS, SOLDAVEL, F/F, DN 20 MM, PARA AGUA QUENTE PREDIAL","UN    ","AS",1.74]
[36360,"JOELHO PPR, 90 GRAUS, SOLDAVEL, F/F, DN 25 MM, PARA AGUA QUENTE PREDIAL","UN    ","AS",2.34]
[38434,"JOELHO PPR, 90 GRAUS, SOLDAVEL, F/F, DN 32 MM, PARA AGUA QUENTE PREDIAL","UN    ","AS",3.56]
[38435,"JOELHO PPR, 90 GRAUS, SOLDAVEL, F/F, DN 40 MM, PARA AGUA QUENTE PREDIAL","UN    ","AS",8.02]
[38436,"JOELHO PPR, 90 GRAUS, SOLDAVEL, F/F, DN 50 MM, PARA AGUA QUENTE PREDIAL","UN    ","AS",13.3]
[38437,"JOELHO PPR, 90 GRAUS, SOLDAVEL, F/F, DN 63 MM, PARA AGUA QUENTE PREDIAL","UN    ","AS",21.57]
[38438,"JOELHO PPR, 90 GRAUS, SOLDAVEL, F/F, DN 75 MM, PARA AGUA QUENTE PREDIAL","UN    ","AS",62.57]
[38439,"JOELHO PPR, 90 GRAUS, SOLDAVEL, F/F, DN 90 MM, PARA AGUA QUENTE PREDIAL","UN    ","AS",79.5]
[10836,"JOELHO PVC COM VISITA, 90 GRAUS, DN 100 X 50 MM, SERIE NORMAL, PARA ESGOTO PREDIAL","UN    ","CR",21.57]
[10835,"JOELHO PVC, COM BOLSA E ANEL, 90 GRAUS, DN 40 X *38* MM, SERIE NORMAL, PARA ESGOTO PREDIAL","UN    ","CR",6.02]
[3475,"JOELHO PVC, ROSCAVEL, 45 GRAUS, 1/2\", COR BRANCA, PARA AGUA FRIA PREDIAL","UN    ","CR",5]
[3485,"JOELHO PVC, ROSCAVEL, 45 GRAUS, 1\", COR BRANCA, PARA AGUA FRIA PREDIAL","UN    ","CR",13.82]
[3534,"JOELHO PVC, ROSCAVEL, 45 GRAUS, 3/4\", COR BRANCA, PARA AGUA FRIA PREDIAL","UN    ","CR",7.92]
[3543,"JOELHO PVC, ROSCAVEL, 90 GRAUS, 1/2\", COR BRANCA, PARA AGUA FRIA PREDIAL","UN    ","CR",1.84]
[3482,"JOELHO PVC, ROSCAVEL, 90 GRAUS, 1\", COR BRANCA, PARA AGUA FRIA PREDIAL","UN    ","CR",5.66]
[3505,"JOELHO PVC, ROSCAVEL, 90 GRAUS, 3/4\", COR BRANCA, PARA AGUA FRIA PREDIAL","UN    ","CR",2.73]
[3521,"JOELHO PVC, SOLDAVEL COM ROSCA, 90 GRAUS, 20 MM X 1/2\", COR MARROM, PARA AGUA FRIA PREDIAL","UN    ","CR",2.06]
[3531,"JOELHO PVC, SOLDAVEL COM ROSCA, 90 GRAUS, 25 MM X 1/2\", COR MARROM, PARA AGUA FRIA PREDIAL","UN    ","CR",3.93]
[3522,"JOELHO PVC, SOLDAVEL COM ROSCA, 90 GRAUS, 25 MM X 3/4\", COR MARROM, PARA AGUA FRIA PREDIAL","UN    ","CR",2.5299999999999998]
[3527,"JOELHO PVC, SOLDAVEL COM ROSCA, 90 GRAUS, 32 MM X 3/4\", COR MARROM, PARA AGUA FRIA PREDIAL","UN    ","CR",13.31]
[3516,"JOELHO PVC, SOLDAVEL, BB, 45 GRAUS, DN 40 MM, PARA ESGOTO PREDIAL","UN    ","CR",2.4900000000000002]
[3517,"JOELHO PVC, SOLDAVEL, BB, 90 GRAUS, SEM ANEL, DN 40 MM, PARA ESGOTO PREDIAL SECUNDARIO","UN    ","CR",2.2400000000000002]
[3515,"JOELHO PVC, SOLDAVEL, COM BUCHA DE LATAO, 90 GRAUS, 20 MM X 1/2\", PARA AGUA FRIA PREDIAL","UN    ","CR",6.79]
[20147,"JOELHO PVC, SOLDAVEL, COM BUCHA DE LATAO, 90 GRAUS, 25 MM X 1/2\", PARA AGUA FRIA PREDIAL","UN    ","CR",5.58]
[3524,"JOELHO PVC, SOLDAVEL, COM BUCHA DE LATAO, 90 GRAUS, 25 MM X 3/4\", PARA AGUA FRIA PREDIAL","UN    ","CR",8.4]
[3532,"JOELHO PVC, SOLDAVEL, COM BUCHA DE LATAO, 90 GRAUS, 32 MM X 3/4\", PARA AGUA FRIA PREDIAL","UN    ","CR",19.420000000000002]
[3528,"JOELHO PVC, SOLDAVEL, PB, 45 GRAUS, DN 100 MM, PARA ESGOTO PREDIAL","UN    ","CR",9.7100000000000009]
[37952,"JOELHO PVC, SOLDAVEL, PB, 45 GRAUS, DN 150 MM, PARA ESGOTO PREDIAL","UN    ","CR",69.59]
[37951,"JOELHO PVC, SOLDAVEL, PB, 45 GRAUS, DN 40 MM, PARA ESGOTO PREDIAL","UN    ","CR",2.62]
[3518,"JOELHO PVC, SOLDAVEL, PB, 45 GRAUS, DN 50 MM, PARA ESGOTO PREDIAL","UN    ","CR",4.0199999999999996]
[3519,"JOELHO PVC, SOLDAVEL, PB, 45 GRAUS, DN 75 MM, PARA ESGOTO PREDIAL","UN    ","CR",8.42]
[3520,"JOELHO PVC, SOLDAVEL, PB, 90 GRAUS, DN 100 MM, PARA ESGOTO PREDIAL","UN    ","CR",8.82]
[37950,"JOELHO PVC, SOLDAVEL, PB, 90 GRAUS, DN 150 MM, PARA ESGOTO PREDIAL","UN    ","CR",64.069999999999993]
[37949,"JOELHO PVC, SOLDAVEL, PB, 90 GRAUS, DN 40 MM, PARA ESGOTO PREDIAL","UN    ","CR",2.36]
[3526,"JOELHO PVC, SOLDAVEL, PB, 90 GRAUS, DN 50 MM, PARA ESGOTO PREDIAL","UN    ","CR",3.25]
[3509,"JOELHO PVC, SOLDAVEL, PB, 90 GRAUS, DN 75 MM, PARA ESGOTO PREDIAL","UN    ","CR",7.39]
[3530,"JOELHO PVC, SOLDAVEL, 90 GRAUS, 110 MM, COR MARROM, PARA AGUA FRIA PREDIAL","UN    ","CR",215.63]
[3542,"JOELHO PVC, SOLDAVEL, 90 GRAUS, 20 MM, COR MARROM, PARA AGUA FRIA PREDIAL","UN    ","CR",0.62]
[3529,"JOELHO PVC, SOLDAVEL, 90 GRAUS, 25 MM, COR MARROM, PARA AGUA FRIA PREDIAL","UN    ","CR",0.76]
[3536,"JOELHO PVC, SOLDAVEL, 90 GRAUS, 32 MM, COR MARROM, PARA AGUA FRIA PREDIAL","UN    ","CR",2.5299999999999998]
[3535,"JOELHO PVC, SOLDAVEL, 90 GRAUS, 40 MM, COR MARROM, PARA AGUA FRIA PREDIAL","UN    ","CR",6.15]
[3540,"JOELHO PVC, SOLDAVEL, 90 GRAUS, 50 MM, COR MARROM, PARA AGUA FRIA PREDIAL","UN    ","CR",5.21]
[3539,"JOELHO PVC, SOLDAVEL, 90 GRAUS, 60 MM, COR MARROM, PARA AGUA FRIA PREDIAL","UN    ","CR",30.18]
[3513,"JOELHO PVC, SOLDAVEL, 90 GRAUS, 85 MM, COR MARROM, PARA AGUA FRIA PREDIAL","UN    ","CR",106.42]
[3510,"JOELHO PVC, 90 GRAUS, ROSCAVEL, 1 1/4\", COR BRANCA, AGUA FRIA PREDIAL","UN    ","CR",13.14]
[38913,"JOELHO/COTOVELO 90 GRAUS, METALICO, PARA CONEXAO COM ANEL DESLIZANTE, DN 16 MM, EM TUBO PEX PARA INST. AGUA QUENTE/FRIA","UN    ","AS",9.42]
[38914,"JOELHO/COTOVELO 90 GRAUS, METALICO, PARA CONEXAO COM ANEL DESLIZANTE, DN 20 MM, EM TUBO PEX PARA INST. AGUA QUENTE/FRIA","UN    ","AS",11.57]
[38915,"JOELHO/COTOVELO 90 GRAUS, METALICO, PARA CONEXAO COM ANEL DESLIZANTE, DN 25 MM, EM TUBO PEX PARA INST. AGUA QUENTE/FRIA","UN    ","AS",22.29]
[38916,"JOELHO/COTOVELO 90 GRAUS, METALICO, PARA CONEXAO COM ANEL DESLIZANTE, DN 32 MM, EM TUBO PEX PARA INST. AGUA QUENTE/FRIA","UN    ","AS",30.85]
[39300,"JOELHO/COTOVELO 90 GRAUS, PLASTICO, PARA CONEXAO COM CRIMPAGEM, DN 16 MM, EM TUBO PEX PARA INST. AGUA QUENTE/FRIA","UN    ","AS",8.41]
[39301,"JOELHO/COTOVELO 90 GRAUS, PLASTICO, PARA CONEXAO COM CRIMPAGEM, DN 20 MM, EM TUBO PEX PARA INST. AGUA QUENTE/FRIA","UN    ","AS",11.26]
[39302,"JOELHO/COTOVELO 90 GRAUS, PLASTICO, PARA CONEXAO COM CRIMPAGEM, DN 25 MM, EM TUBO PEX PARA INST. AGUA QUENTE/FRIA","UN    ","AS",20.47]
[38923,"JOELHO/COTOVELO 90 GRAUS, ROSCA FEMEA TERMINAL, METALICO, PARA CONEXAO COM ANEL DESLIZANTE, DN 16 MM X 1/2\", EM TUBO PEX PARA INST. AGUA QUENTE/FRIA","UN    ","AS",10.08]
[38925,"JOELHO/COTOVELO 90 GRAUS, ROSCA FEMEA TERMINAL, METALICO, PARA CONEXAO COM ANEL DESLIZANTE, DN 20 MM X 1/2\", EM TUBO PEX PARA INST. AGUA QUENTE/FRIA","UN    ","AS",11.7]
[38926,"JOELHO/COTOVELO 90 GRAUS, ROSCA FEMEA TERMINAL, METALICO, PARA CONEXAO COM ANEL DESLIZANTE, DN 20 MM X 3/4\", EM TUBO PEX PARA INST. AGUA QUENTE/FRIA","UN    ","AS",13.87]
[38927,"JOELHO/COTOVELO 90 GRAUS, ROSCA FEMEA TERMINAL, METALICO, PARA CONEXAO COM ANEL DESLIZANTE, DN 25 MM X 3/4\", EM TUBO PEX PARA INST. AGUA QUENTE/FRIA","UN    ","AS",17.52]
[39304,"JOELHO/COTOVELO 90 GRAUS, ROSCA FEMEA TERMINAL, PLASTICO, PARA CONEXAO COM CRIMPAGEM, DN 16 MM X 1/2\", EM TUBO PEX PARA INST. AGUA QUENTE/FRIA","UN    ","AS",9.9499999999999993]
[39305,"JOELHO/COTOVELO 90 GRAUS, ROSCA FEMEA TERMINAL, PLASTICO, PARA CONEXAO COM CRIMPAGEM, DN 20 MM X 1/2\", EM TUBO PEX PARA INST. AGUA QUENTE/FRIA","UN    ","AS",10.91]
[39306,"JOELHO/COTOVELO 90 GRAUS, ROSCA FEMEA TERMINAL, PLASTICO, PARA CONEXAO COM CRIMPAGEM, DN 20 MM X 3/4\", EM TUBO PEX PARA INST. AGUA QUENTE/FRIA","UN    ","AS",14.67]
[38928,"JOELHO/COTOVELO 90 GRAUS, ROSCA FEMEA TERMINAL, PLASTICO, PARA CONEXAO COM CRIMPAGEM, DN 25 MM X 1/2\", EM TUBO PEX PARA INST. AGUA QUENTE/FRIA","UN    ","AS",19.39]
[38941,"JOELHO/COTOVELO, ROSCA FEMEA MOVEL, METALICO, PARA CONEXAO COM ANEL DESLIZANTE, DN 20 MM X 3/4\", EM TUBO PEX PARA INST. AGUA QUENTE/FRIA","UN    ","AS",15.2]
[38917,"JOELHO/COTOVELO, ROSCA FEMEA, COM BASE FIXA, METALICO, PARA CONEXAO COM ANEL DESLIZANTE, DN 16 MM X 1/2\", EM TUBO PEX PARA INST. AGUA QUENTE/FRIA","UN    ","AS",10.84]
[38919,"JOELHO/COTOVELO, ROSCA FEMEA, COM BASE FIXA, METALICO, PARA CONEXAO COM ANEL DESLIZANTE, DN 20 MM X 1/2\", EM TUBO PEX PARA INST. AGUA QUENTE/FRIA","UN    ","AS",12.72]
[38922,"JOELHO/COTOVELO, ROSCA FEMEA, COM BASE FIXA, METALICO, PARA CONEXAO COM ANEL DESLIZANTE, DN 25 MM X 3/4\", EM TUBO PEX PARA INST. AGUA QUENTE/FRIA","UN    ","AS",17.07]
[20151,"JOELHO, PVC SERIE R, 45 GRAUS, DN 100 MM, PARA ESGOTO PREDIAL","UN    ","CR",21.7]
[20152,"JOELHO, PVC SERIE R, 45 GRAUS, DN 150 MM, PARA ESGOTO PREDIAL","UN    ","CR",78.53]
[20148,"JOELHO, PVC SERIE R, 45 GRAUS, DN 40 MM, PARA ESGOTO PREDIAL","UN    ","CR",4.2699999999999996]
[20149,"JOELHO, PVC SERIE R, 45 GRAUS, DN 50 MM, PARA ESGOTO PREDIAL","UN    ","CR",7.13]
[20150,"JOELHO, PVC SERIE R, 45 GRAUS, DN 75 MM, PARA ESGOTO PREDIAL","UN    ","CR",18.37]
[20157,"JOELHO, PVC SERIE R, 90 GRAUS, DN 100 MM, PARA ESGOTO PREDIAL","UN    ","CR",20.61]
[20158,"JOELHO, PVC SERIE R, 90 GRAUS, DN 150 MM, PARA ESGOTO PREDIAL","UN    ","CR",81.86]
[20154,"JOELHO, PVC SERIE R, 90 GRAUS, DN 40 MM, PARA ESGOTO PREDIAL","UN    ","CR",4.18]
[20155,"JOELHO, PVC SERIE R, 90 GRAUS, DN 50 MM, PARA ESGOTO PREDIAL","UN    ","CR",6.36]
[20156,"JOELHO, PVC SERIE R, 90 GRAUS, DN 75 MM, PARA ESGOTO PREDIAL","UN    ","CR",17.88]
[3499,"JOELHO, PVC SOLDAVEL, 45 GRAUS, 20 MM, COR MARROM, PARA AGUA FRIA PREDIAL","UN    ","CR",1.18]
[3500,"JOELHO, PVC SOLDAVEL, 45 GRAUS, 25 MM, COR MARROM, PARA AGUA FRIA PREDIAL","UN    ","CR",1.56]
[3501,"JOELHO, PVC SOLDAVEL, 45 GRAUS, 32 MM, COR MARROM, PARA AGUA FRIA PREDIAL","UN    ","CR",4.32]
[3502,"JOELHO, PVC SOLDAVEL, 45 GRAUS, 40 MM, COR MARROM, PARA AGUA FRIA PREDIAL","UN    ","CR",6.21]
[3503,"JOELHO, PVC SOLDAVEL, 45 GRAUS, 50 MM, COR MARROM, PARA AGUA FRIA PREDIAL","UN    ","CR",7.8]
[3477,"JOELHO, PVC SOLDAVEL, 45 GRAUS, 60 MM, COR MARROM, PARA AGUA FRIA PREDIAL","UN    ","CR",28.36]
[3478,"JOELHO, PVC SOLDAVEL, 45 GRAUS, 75 MM, COR MARROM, PARA AGUA FRIA PREDIAL","UN    ","CR",67.989999999999995]
[3525,"JOELHO, PVC SOLDAVEL, 45 GRAUS, 85 MM, COR MARROM, PARA AGUA FRIA PREDIAL","UN    ","CR",83.92]
[3511,"JOELHO, PVC SOLDAVEL, 90 GRAUS, 75 MM, COR MARROM, PARA AGUA FRIA PREDIAL","UN    ","CR",89.01]
[12032,"JOGO DE TRANQUETA E ROSETA QUADRADA DE SOBREPOR SEM FUROS, EM LATAO CROMADO, *50 X 50* MM, PARA FECHADURA DE PORTA DE BANHEIRO","JG    ","CR",57.62]
[12030,"JOGO DE TRANQUETA E ROSETA REDONDA DE SOBREPOR SEM FUROS, EM LATAO CROMADO, DIAMETRO *50* MM, PARA FECHADURA DE PORTA DE BANHEIRO","JG    ","CR",54.14]
[10908,"JUNCAO DE REDUCAO INVERTIDA, PVC SOLDAVEL, 100 X 50 MM, SERIE NORMAL PARA ESGOTO PREDIAL","UN    ","CR",20.260000000000002]
[10909,"JUNCAO DE REDUCAO INVERTIDA, PVC SOLDAVEL, 100 X 75 MM, SERIE NORMAL PARA ESGOTO PREDIAL","UN    ","CR",23.57]
[3669,"JUNCAO DE REDUCAO INVERTIDA, PVC SOLDAVEL, 75 X 50 MM, SERIE NORMAL PARA ESGOTO PREDIAL","UN    ","CR",14.48]
[20139,"JUNCAO DUPLA, PVC SERIE R, DN 100 X 100 X 100 MM, PARA ESGOTO PREDIAL","UN    ","CR",124.54]
[3668,"JUNCAO DUPLA, PVC SOLDAVEL, DN 100 X 100 X 100 MM , SERIE NORMAL PARA ESGOTO PREDIAL","UN    ","CR",44.49]
[10911,"JUNCAO INVERTIDA, PVC SOLDAVEL, 75 X 75 MM, SERIE NORMAL PARA ESGOTO PREDIAL","UN    ","CR",19.5]
[3659,"JUNCAO SIMPLES DE REDUCAO, PVC, DN 100 X 50 MM, SERIE NORMAL PARA ESGOTO PREDIAL","UN    ","CR",19.87]
[3660,"JUNCAO SIMPLES DE REDUCAO, PVC, DN 100 X 75 MM, SERIE NORMAL PARA ESGOTO PREDIAL","UN    ","CR",25.69]
[20144,"JUNCAO SIMPLES, PVC SERIE R, DN 100 X 100 MM, PARA ESGOTO PREDIAL","UN    ","CR",57.54]
[20143,"JUNCAO SIMPLES, PVC SERIE R, DN 100 X 75 MM, PARA ESGOTO PREDIAL","UN    ","CR",73.62]
[20145,"JUNCAO SIMPLES, PVC SERIE R, DN 150 X 100 MM, PARA ESGOTO PREDIAL","UN    ","CR",142.01]
[20146,"JUNCAO SIMPLES, PVC SERIE R, DN 150 X 150 MM, PARA ESGOTO PREDIAL","UN    ","CR",194.13]
[20140,"JUNCAO SIMPLES, PVC SERIE R, DN 40 X 40 MM, PARA ESGOTO PREDIAL","UN    ","CR",9.1]
[20141,"JUNCAO SIMPLES, PVC SERIE R, DN 50 X 50 MM, PARA ESGOTO PREDIAL","UN    ","CR",22.3]
[20142,"JUNCAO SIMPLES, PVC SERIE R, DN 75 X 75 MM, PARA ESGOTO PREDIAL","UN    ","CR",39.229999999999997]
[3670,"JUNCAO SIMPLES, PVC, 45 GRAUS, DN 100 X 100 MM, SERIE NORMAL PARA ESGOTO PREDIAL","UN    ","CR",25.51]
[3666,"JUNCAO SIMPLES, PVC, 45 GRAUS, DN 40 X 40 MM, SERIE NORMAL PARA ESGOTO PREDIAL","UN    ","CR",4.01]
[3662,"JUNCAO SIMPLES, PVC, 45 GRAUS, DN 50 X 50 MM, SERIE NORMAL PARA ESGOTO PREDIAL","UN    ","CR",10.47]
[3658,"JUNCAO SIMPLES, PVC, 45 GRAUS, DN 75 X 75 MM, SERIE NORMAL PARA ESGOTO PREDIAL","UN    ","CR",19.84]
[14157,"JUNCAO 2 GARRAS PARA FITA PERFURADA","UN    ","AS",1.22]
[42696,"JUNCAO, PVC, 45 GRAUS, JE, BBB, DN 150 MM, PARA TUBO CORRUGADO E/OU LISO, REDE COLETORA DE ESGOTO","UN    ","CR",157.31]
[39875,"JUNTA DE EXPANSAO BRONZE/LATAO (REF 900), PONTA X PONTA, 35 MM","UN    ","AS",597.88]
[39876,"JUNTA DE EXPANSAO BRONZE/LATAO (REF 900), PONTA X PONTA, 42 MM","UN    ","AS",748.55]
[39877,"JUNTA DE EXPANSAO BRONZE/LATAO (REF 900), PONTA X PONTA, 54 MM","UN    ","AS",1038.21]
[39878,"JUNTA DE EXPANSAO BRONZE/LATAO (REF 900), PONTA X PONTA, 66 MM","UN    ","AS",1371.3]
[39872,"JUNTA DE EXPANSAO DE COBRE (REF 900), PONTA X PONTA, 15 MM","UN    ","AS",410.01]
[39873,"JUNTA DE EXPANSAO DE COBRE (REF 900), PONTA X PONTA, 22 MM","UN    ","AS",475.59]
[39874,"JUNTA DE EXPANSAO DE COBRE (REF 900), PONTA X PONTA, 28 MM","UN    ","AS",522.37]
[3674,"JUNTA DILATACAO ELASTICA PARA CONCRETO (FUGENBAND) O-12, ATE 5 MCA","M     ","AS",86.56]
[3681,"JUNTA DILATACAO ELASTICA PARA CONCRETO (FUGENBAND) O-22, ATE 30 MCA","M     ","AS",128.78]
[3676,"JUNTA DILATACAO ELASTICA PARA CONCRETO (FUGENBAND) O-35/10, ATE 100 MCA","M     ","AS",484.67]
[3679,"JUNTA DILATACAO ELASTICA PARA CONCRETO (FUGENBAND) O-35/6, ATE 100 MCA","M     ","AS",400.97]
[3672,"JUNTA PLASTICA DE DILATACAO PARA PISOS, COR CINZA, 10 X 4,5 MM (ALTURA X ESPESSURA)","M     ","AS",1.36]
[3671,"JUNTA PLASTICA DE DILATACAO PARA PISOS, COR CINZA, 17 X 3 MM (ALTURA X ESPESSURA)","M     ","AS",1.29]
[3673,"JUNTA PLASTICA DE DILATACAO PARA PISOS, COR CINZA, 27 X 3 MM (ALTURA X ESPESSURA)","M     ","AS",2.02]
[38394,"KIT ACESSORIOS PARA COMPRESSOR DE AR, 5 PECAS (PISTOLAS PINTURA, LIMPEZA E PULVERIZACAO, CALIBRADOR E MANGUEIRA)","UN    ","CR",335.53]
[3729,"KIT CAVALETE, PVC, COM REGISTRO, PARA HIDROMETRO, BITOLAS 1/2\" OU 3/4\" - COMPLETO","UN    ","CR",144.58000000000001]
[39357,"KIT CHASSI COZINHA, CUBA SIMPLES SEM MAQUINA LAVAR LOUCA, INSTAL. PEX, QUADRO METALICO C/ TRAVESSA C/ FURO P/ESGOTO DN 50 MM E FUROS SUPERIORES P/AGUA, *340* X *650* MM (L X H), P/ CONEXAO COM ANEL DESLIZANTE (CONJUNTO COMPLETO)","UN    ","AS",52.21]
[39358,"KIT CHASSI COZINHA, CUBA SIMPLES SEM MAQUINA LAVAR LOUCA, INSTAL. PEX, QUADRO METALICO C/ TRAVESSA COM FURO P/ESGOTO DN 50 MM E FUROS SUPERIORES P/AGUA, *340* X *650* MM (L X H), P/ CONEXAO COM CRIMPAGEM (CONJUNTO COMPLETO)","UN    ","AS",52.21]
[39355,"KIT CHASSI TANQUE E MAQUINA LAVAR ROUPA, INSTAL. PEX, QUADRO METALICO C/ TRAVESSA C/ FURO P/ ESGOTO DN 50 MM, FURO LATERAL P/ MAQUINA E FUROS SUPERIORES P/ AGUA, *344* X *442* MM (L X H), P/ CONEXAO COM ANEL DESLIZANTE (CONJUNTO COMPLETO)","UN    ","AS",76.069999999999993]
[39356,"KIT CHASSI TANQUE E MAQUINA LAVAR ROUPA, INSTAL. PEX, QUADRO METALICO C/ TRAVESSA C/ FURO P/ ESGOTO DN 50 MM, FURO LATERAL P/MAQUINA E FUROS SUPERIORES P/AGUA, *344* X *442* MM (L X H), P/ CONEXAO COM CRIMPAGEM (CONJUNTO COMPLETO)","UN    ","AS",72.599999999999994]
[39353,"KIT CHUVEIRO, INSTAL. PEX, QUADRO METALICO C/ 2 TRAVESSAS, SUPERIOR C/ ESPERA P/ CHUVEIRO, INFERIOR C/ 2 REGISTROS DE PRESSAO 1/2 \", *390* X *900* MM (L X H), CONEXAO COM ANEL DESLIZANTE (CONJUNTO COMPLETO)","UN    ","AS",166.66]
[39354,"KIT CHUVEIRO, INSTAL. PEX, QUADRO METALICO C/2 TRAVESSAS, SUPERIOR C/ ESPERA P/ CHUVEIRO E INFERIOR C/2 REGISTROS DE PRESSAO 1/2 \", *390* X *900* MM (L X H), CONEXAO COM CRIMPAGEM (CONJUNTO COMPLETO)","UN    ","AS",351.63]
[39398,"KIT DE ACESSORIOS PARA BANHEIRO EM METAL CROMADO, 5 PECAS","UN    ","CR",130.5]
[13343,"KIT DE MATERIAIS PARA BRACADEIRA PARA FIXACAO EM POSTE CIRCULAR, CONTEM TRES FIXADORES E UM ROLO DE FITA DE 3 M EM ACO CARBONO","UN    ","CR",43.07]
[12118,"KIT DE PROTECAO ARSTOP PARA AR CONDICIONADO, TOMADA PADRAO 2P+T 20 A, COM DISJUNTOR UNIPOLAR DIN 20A","UN    ","CR",25.33]
[39482,"KIT PORTA PRONTA DE MADEIRA, FOLHA LEVE (NBR 15930) DE 600 X 2100 MM OU 700 X 2100 MM, DE 35 MM A 40 MM DE ESPESSURA, COM MARCO EM ACO, NUCLEO COLMEIA, CAPA LISA EM HDF, ACABAMENTO MELAMINICO BRANCO (INCLUI MARCO, ALIZARES, DOBRADICAS E FECHADURA)","UN    ","AS",687.44]
[39486,"KIT PORTA PRONTA DE MADEIRA, FOLHA LEVE (NBR 15930) DE 600 X 2100 MM OU 700 X 2100 MM, DE 35 MM A 40 MM DE ESPESSURA, NUCLEO COLMEIA, ESTRUTURA USINADA PARA FECHADURA, CAPA LISA EM HDF, ACABAMENTO EM PRIMER PARA PINTURA (INCLUI MARCO, ALIZARES E DOBRADICAS)","UN    ","AS",561.04999999999995]
[39484,"KIT PORTA PRONTA DE MADEIRA, FOLHA LEVE (NBR 15930) DE 800 X 2100 MM, DE 35 MM A 40 MM DE ESPESSURA, COM MARCO EM ACO, NUCLEO COLMEIA, CAPA LISA EM HDF, ACABAMENTO MELAMINICO BRANCO (INCLUI MARCO, ALIZARES, DOBRADICAS E FECHADURA)","UN    ","AS",687.44]
[39488,"KIT PORTA PRONTA DE MADEIRA, FOLHA LEVE (NBR 15930) DE 800 X 2100 MM, DE 35 MM A 40 MM DE ESPESSURA, NUCLEO COLMEIA, ESTRUTURA USINADA PARA FECHADURA, CAPA LISA EM HDF, ACABAMENTO EM PRIMER PARA PINTURA (INCLUI MARCO, ALIZARES E DOBRADICAS)","UN    ","AS",570.24]
[39485,"KIT PORTA PRONTA DE MADEIRA, FOLHA LEVE (NBR 15930) DE 900 X 2100 MM, DE 35 MM A 40 MM DE ESPESSURA, COM MARCO EM ACO, NUCLEO COLMEIA, CAPA LISA EM HDF, ACABAMENTO MELAMINICO BRANCO (INCLUI MARCO, ALIZARES, DOBRADICAS E FECHADURA)","UN    ","AS",687.44]
[39489,"KIT PORTA PRONTA DE MADEIRA, FOLHA LEVE (NBR 15930) DE 900 X 2100 MM, DE 35 MM A 40 MM DE ESPESSURA, NUCLEO COLMEIA, ESTRUTURA USINADA PARA FECHADURA, CAPA LISA EM HDF, ACABAMENTO EM PRIMER PARA PINTURA (INCLUI MARCO, ALIZARES E DOBRADICAS)","UN    ","AS",579.9]
[39490,"KIT PORTA PRONTA DE MADEIRA, FOLHA MEDIA (NBR 15930) DE 600 X 2100 MM OU 700 X 2100 MM, DE 35 MM A 40 MM DE ESPESSURA, NUCLEO SEMI-SOLIDO (SARRAFEADO), ESTRUTURA USINADA PARA FECHADURA, CAPA LISA EM HDF, ACABAMENTO MELAMINICO BRANCO (INCLUI MARCO, ALIZARES E DOBRADICAS)","UN    ","AS",864.13]
[39494,"KIT PORTA PRONTA DE MADEIRA, FOLHA MEDIA (NBR 15930) DE 600 X 2100 MM, DE 35 MM A 40 MM DE ESPESSURA, NUCLEO SEMI-SOLIDO (SARRAFEADO), ESTRUTURA USINADA PARA FECHADURA, CAPA LISA EM HDF, ACABAMENTO EM PRIMER PARA PINTURA (INCLUI MARCO, ALIZARES E DOBRADICAS)","UN    ","AS",620.52]
[39495,"KIT PORTA PRONTA DE MADEIRA, FOLHA MEDIA (NBR 15930) DE 700 X 2100 MM, DE 35 MM A 40 MM DE ESPESSURA, NUCLEO SEMI-SOLIDO (SARRAFEADO), ESTRUTURA USINADA PARA FECHADURA, CAPA LISA EM HDF, ACABAMENTO EM PRIMER PARA PINTURA (INCLUI MARCO, ALIZARES E DOBRADICAS)","UN    ","AS",699.24]
[39496,"KIT PORTA PRONTA DE MADEIRA, FOLHA MEDIA (NBR 15930) DE 800 X 2100 MM, DE 35 MM A 40 MM DE ESPESSURA,  NUCLEO SEMI-SOLIDO (SARRAFEADO), ESTRUTURA USINADA PARA FECHADURA, CAPA LISA EM HDF, ACABAMENTO EM PRIMER PARA PINTURA (INCLUI MARCO, ALIZARES E DOBRADICAS)","UN    ","AS",769.16]
[39492,"KIT PORTA PRONTA DE MADEIRA, FOLHA MEDIA (NBR 15930) DE 800 X 2100 MM, DE 35 MM A 40 MM DE ESPESSURA, NUCLEO SEMI-SOLIDO (SARRAFEADO), ESTRUTURA USINADA PARA FECHADURA, CAPA LISA EM HDF, ACABAMENTO MELAMINICO BRANCO (INCLUI MARCO, ALIZARES E DOBRADICAS)","UN    ","AS",890.48]
[39497,"KIT PORTA PRONTA DE MADEIRA, FOLHA MEDIA (NBR 15930) DE 900 X 2100 MM, DE 35 MM A 40 MM DE ESPESSURA, NUCLEO SEMI-SOLIDO (SARRAFEADO), ESTRUTURA USINADA PARA FECHADURA, CAPA LISA EM HDF, ACABAMENTO EM PRIMER PARA PINTURA (INCLUI MARCO, ALIZARES E DOBRADICAS)","UN    ","AS",804.34]
[39493,"KIT PORTA PRONTA DE MADEIRA, FOLHA MEDIA (NBR 15930) DE 900 X 2100 MM, DE 35 MM A 40 MM DE ESPESSURA, NUCLEO SEMI-SOLIDO (SARRAFEADO), ESTRUTURA USINADA PARA FECHADURA, CAPA LISA EM HDF, ACABAMENTO MELAMINICO BRANCO (INCLUI MARCO, ALIZARES E DOBRADICAS)","UN    ","AS",955.13]
[39500,"KIT PORTA PRONTA DE MADEIRA, FOLHA PESADA (NBR 15930) DE 800 X 2100 MM, DE 40 MM  A 45 MM DE ESPESSURA, NUCLEO SOLIDO, CAPA LISA EM HDF, ACABAMENTO MELAMINICO BRANCO (INCLUI MARCO, ALIZARES, DOBRADICAS E FECHADURA EXTERNA)","UN    ","AS",1042.1199999999999]
[39498,"KIT PORTA PRONTA DE MADEIRA, FOLHA PESADA (NBR 15930) DE 800 X 2100 MM, DE 40 MM A 45 MM DE ESPESSURA , NUCLEO SOLIDO, ESTRUTURA USINADA PARA FECHADURA, CAPA LISA EM HDF, ACABAMENTO EM LAMINADO NATURAL COM VERNIZ (INCLUI MARCO, ALIZARES E DOBRADICAS)","UN    ","AS",1285.28]
[43628,"KIT PORTA PRONTA DE MADEIRA, FOLHA PESADA (NBR 15930) DE 800 X 2100 MM, DE 40 MM A 45 MM DE ESPESSURA, COM MARCO EM ACO, NUCLEO SOLIDO, CAPA LISA EM HDF, ACABAMENTO MELAMINICO BRANCO (INCLUI MARCO, ALIZARES, DOBRADICAS E FECHADURA)","UN    ","AS",1013.08]
[39501,"KIT PORTA PRONTA DE MADEIRA, FOLHA PESADA (NBR 15930) DE 900 X 2100 MM, DE 40 MM  A 45 MM DE ESPESSURA, NUCLEO SOLIDO, CAPA LISA EM HDF, ACABAMENTO MELAMINICO BRANCO (INCLUI MARCO, ALIZARES, DOBRADICAS E FECHADURA EXTERNA)","UN    ","AS",1070.3399999999999]
[39499,"KIT PORTA PRONTA DE MADEIRA, FOLHA PESADA (NBR 15930) DE 900 X 2100 MM, DE 40 MM A 45 MM DE ESPESSURA , NUCLEO SOLIDO, ESTRUTURA USINADA PARA FECHADURA, CAPA LISA EM HDF, ACABAMENTO EM LAMINADO NATURAL COM VERNIZ (INCLUI MARCO, ALIZARES E DOBRADICAS)","UN    ","AS",1303.53]
[43621,"KIT PORTA PRONTA DE MADEIRA, FOLHA PESADA (NBR 15930) DE 900 X 2100 MM, DE 40 MM A 45 MM DE ESPESSURA, COM MARCO EM ACO, NUCLEO SOLIDO, CAPA LISA EM HDF, ACABAMENTO MELAMINICO BRANCO (INCLUI MARCO, ALIZARES, DOBRADICAS E FECHADURA)","UN    ","AS",1076.3900000000001]
[3733,"LADRILHO HIDRAULICO, *20 x 20* CM, E= 2 CM, PADRAO COPACABANA, 2 CORES (PRETO E BRANCO)","M2    ","AS",78.53]
[3731,"LADRILHO HIDRAULICO, *20 X 20* CM, E= 2 CM, DADOS, COR NATURAL","M2    ","AS",72.900000000000006]
[38137,"LADRILHO HIDRAULICO, *20 X 20* CM, E= 2 CM, RAMPA, NATURAL","M2    ","AS",73.33]
[38135,"LADRILHO HIDRAULICO, *20 X 20* CM, E= 2 CM, TATIL ALERTA OU DIRECIONAL, AMARELO","M2    ","AS",92.95]
[38138,"LADRILHO HIDRAULICO, *30 X 30* CM, E= 2 CM, MILANO, NATURAL","M2    ","AS",72.010000000000005]
[3736,"LAJE PRE-MOLDADA CONVENCIONAL (LAJOTAS + VIGOTAS) PARA FORRO, UNIDIRECIONAL, SOBRECARGA DE 100 KG/M2, VAO ATE 4,00 M (SEM COLOCACAO)","M2    ","AS",51.42]
[3741,"LAJE PRE-MOLDADA CONVENCIONAL (LAJOTAS + VIGOTAS) PARA FORRO, UNIDIRECIONAL, SOBRECARGA DE 100 KG/M2, VAO ATE 4,50 M (SEM COLOCACAO)","M2    ","AS",53.6]
[3745,"LAJE PRE-MOLDADA CONVENCIONAL (LAJOTAS + VIGOTAS) PARA FORRO, UNIDIRECIONAL, SOBRECARGA 100 KG/M2, VAO ATE 5,00 M (SEM COLOCACAO)","M2    ","AS",57.79]
[3743,"LAJE PRE-MOLDADA CONVENCIONAL (LAJOTAS + VIGOTAS) PARA PISO, UNIDIRECIONAL, SOBRECARGA DE 200 KG/M2, VAO ATE 3,50 M (SEM COLOCACAO)","M2    ","AS",53.41]
[3744,"LAJE PRE-MOLDADA CONVENCIONAL (LAJOTAS + VIGOTAS) PARA PISO, UNIDIRECIONAL, SOBRECARGA DE 200 KG/M2, VAO ATE 4,50 M (SEM COLOCACAO)","M2    ","AS",58.79]
[3739,"LAJE PRE-MOLDADA CONVENCIONAL (LAJOTAS + VIGOTAS) PARA PISO, UNIDIRECIONAL, SOBRECARGA DE 200 KG/M2, VAO ATE 5,00 M (SEM COLOCACAO)","M2    ","AS",61.78]
[3737,"LAJE PRE-MOLDADA CONVENCIONAL (LAJOTAS + VIGOTAS) PARA PISO, UNIDIRECIONAL, SOBRECARGA DE 350 KG/M2, VAO ATE 4,50 M (SEM COLOCACAO)","M2    ","AS",64.77]
[3738,"LAJE PRE-MOLDADA CONVENCIONAL (LAJOTAS + VIGOTAS) PARA PISO, UNIDIRECIONAL, SOBRECARGA DE 350 KG/M2, VAO ATE 5,00 M (SEM COLOCACAO)","M2    ","AS",74.73]
[3747,"LAJE PRE-MOLDADA CONVENCIONAL (LAJOTAS + VIGOTAS) PARA PISO, UNIDIRECIONAL, SOBRECARGA 350 KG/M2 VAO ATE 3,50 M (SEM COLOCACAO)","M2    ","AS",58.79]
[11649,"LAJE PRE-MOLDADA DE TRANSICAO EXCENTRICA EM CONCRETO ARMADO, DN 1200 MM, FURO CIRCULAR DN 600 MM, ESPESSURA 12 CM","UN    ","AS",426.5]
[11650,"LAJE PRE-MOLDADA DE TRANSICAO EXCENTRICA EM CONCRETO ARMADO, DN 1500 MM, FURO CIRCULAR DN 530 MM, ESPESSURA 15 CM","UN    ","AS",726.95]
[3742,"LAJE PRE-MOLDADA TRELICADA (LAJOTAS + VIGOTAS) PARA FORRO, UNIDIRECIONAL, SOBRECARGA DE 100 KG/M2, VAO ATE 6,00 M (SEM COLOCACAO)","M2    ","AS",77.52]
[3746,"LAJE PRE-MOLDADA TRELICADA (LAJOTAS + VIGOTAS) PARA PISO, UNIDIRECIONAL, SOBRECARGA DE 200 KG/M2, VAO ATE 6,00 M (SEM COLOCACAO)","M2    ","AS",90.52]
[21106,"LAMBRI EM ALUMINIO, DE APROXIMADAMENTE 0,6 KG/M, COM APROXIMADAMENTE 168,0 MM DE LARGURA, 6,0 MM DE ALTURA E 6,0 M DE EXTENSAO","KG    ","AS",34.590000000000003]
[3755,"LAMPADA DE LUZ MISTA 160 W, BASE E27 (220 V)","UN    ","CR",29.57]
[3750,"LAMPADA DE LUZ MISTA 250 W, BASE E27 (220 V)","UN    ","CR",39.76]
[3756,"LAMPADA DE LUZ MISTA 500 W, BASE E40 (220 V)","UN    ","CR",74.290000000000006]
[39377,"LAMPADA FLUORESCENTE COMPACTA BRANCA 135 W, BASE E40 (127/220 V)","UN    ","CR",220.08]
[38191,"LAMPADA FLUORESCENTE COMPACTA 2U BRANCA 15 W, BASE E27 (127/220 V)","UN    ","CR",16.39]
[39381,"LAMPADA FLUORESCENTE COMPACTA 2U/3U BRANCA 9/10 W, BASE E27 (127/220 V)","UN    ","CR",15.28]
[38780,"LAMPADA FLUORESCENTE COMPACTA 3U BRANCA 20 W, BASE E27 (127/220 V)","UN    ","CR",18.7]
[38781,"LAMPADA FLUORESCENTE ESPIRAL BRANCA 45 W, BASE E27 (127/220 V)","UN    ","CR",63.12]
[38192,"LAMPADA FLUORESCENTE ESPIRAL BRANCA 65 W, BASE E27 (127/220 V)","UN    ","CR",114.22]
[3753,"LAMPADA FLUORESCENTE TUBULAR T10, DE 20 OU 40 W, BIVOLT","UN    ","CR",10]
[38782,"LAMPADA FLUORESCENTE TUBULAR T5 DE 14 W, BIVOLT","UN    ","CR",13.02]
[38778,"LAMPADA FLUORESCENTE TUBULAR T8 DE 16/18 W, BIVOLT","UN    ","CR",9.77]
[38779,"LAMPADA FLUORESCENTE TUBULAR T8 DE 32/36 W, BIVOLT","UN    ","CR",10.36]
[39388,"LAMPADA LED TIPO DICROICA BIVOLT, LUZ BRANCA, 5 W (BASE GU10)","UN    ","CR",10.32]
[39387,"LAMPADA LED TUBULAR BIVOLT 18/20 W, BASE G13","UN    ","CR",16.079999999999998]
[39386,"LAMPADA LED TUBULAR BIVOLT 9/10 W, BASE G13","UN    ","CR",11.21]
[38194,"LAMPADA LED 10 W BIVOLT BRANCA, FORMATO TRADICIONAL (BASE E27)","UN    ","C ",8.39]
[38193,"LAMPADA LED 6 W BIVOLT BRANCA, FORMATO TRADICIONAL (BASE E27)","UN    ","CR",7.29]
[12216,"LAMPADA VAPOR DE SODIO OVOIDE 150 W (BASE E40)","UN    ","CR",57.12]
[3757,"LAMPADA VAPOR DE SODIO OVOIDE 250 W (BASE E40)","UN    ","CR",66.05]
[3758,"LAMPADA VAPOR DE SODIO OVOIDE 400 W (BASE E40)","UN    ","CR",77.010000000000005]
[12214,"LAMPADA VAPOR MERCURIO 125 W (BASE E27)","UN    ","CR",26.37]
[3749,"LAMPADA VAPOR MERCURIO 250 W (BASE E40)","UN    ","C ",47]
[3751,"LAMPADA VAPOR MERCURIO 400 W (BASE E40)","UN    ","CR",64.14]
[39376,"LAMPADA VAPOR METALICO OVOIDE 150 W, BASE E27/E40","UN    ","CR",54.07]
[3752,"LAMPADA VAPOR METALICO TUBULAR 400 W (BASE E40)","UN    ","CR",105.81]
[746,"LAVADORA DE ALTA PRESSAO (LAVA - JATO) PARA AGUA FRIA, PRESSAO DE OPERACAO ENTRE 1400 E 1900 LIB/POL2, VAZAO MAXIMA ENTRE  400 E 700 L/H, POTENCIA DE OPERACAO ENTRE 2,50 E 3,00 CV","UN    ","C ",1421.41]
[20269,"LAVATORIO / CUBA DE EMBUTIR, OVAL, DE LOUCA BRANCA, SEM LADRAO, DIMENSOES *50 X 35* CM (L X C)","UN    ","CR",91.57]
[20270,"LAVATORIO / CUBA DE EMBUTIR, OVAL, DE LOUCA COLORIDA, SEM LADRAO, DIMENSOES *50 X 35* CM (L X C)","UN    ","CR",101.19]
[11696,"LAVATORIO / CUBA DE SOBREPOR, OVAL PEQUENA, DE LOUCA BRANCA, SEM LADRAO, DIMENSOES *44 X 31* CM (L X C)","UN    ","CR",161.97]
[10427,"LAVATORIO / CUBA DE SOBREPOR, RETANGULAR, DE LOUCA BRANCA, COM LADRAO, DIMENSOES *52 X 45* CM (L X C)","UN    ","CR",453.28]
[10428,"LAVATORIO / CUBA DE SOBREPOR, RETANGULAR, DE LOUCA COLORIDA, COM LADRAO, DIMENSOES *52 X 45* CM (L X C)","UN    ","CR",467.02]
[36521,"LAVATORIO DE CANTO DE LOUCA BRANCA, SUSPENSO (SEM COLUNA), DIMENSOES *40 X 30* CM (L X C)","UN    ","CR",145.71]
[36794,"LAVATORIO DE LOUCA BRANCA, COM COLUNA, DIMENSOES *44 X 35* CM (L X C)","UN    ","CR",155.13]
[10426,"LAVATORIO DE LOUCA BRANCA, COM COLUNA, DIMENSOES *54 X 44* CM (L X C)","UN    ","CR",173.71]
[10425,"LAVATORIO DE LOUCA BRANCA, SUSPENSO (SEM COLUNA), DIMENSOES *40 X 30* CM","UN    ","CR",88.12]
[10431,"LAVATORIO DE LOUCA COLORIDA, COM COLUNA, DIMENSOES *54 X 44* CM (L X C)","UN    ","CR",301.70999999999998]
[10429,"LAVATORIO DE LOUCA COLORIDA, SUSPENSO (SEM COLUNA), DIMENSOES *40 X 30* CM (L X C)","UN    ","CR",148.84]
[2354,"LEITURISTA OU CADASTRISTA DE REDES DE AGUA E ESGOTO (HORISTA)","H     ","CR",14.97]
[40932,"LEITURISTA OU CADASTRISTA DE REDES DE AGUA E ESGOTO (MENSALISTA)","MES   ","CR",2598.09]
[10853,"LETRA ACO INOX (AISI 304), CHAPA NUM. 22, RECORTADO, H= 20 CM (SEM RELEVO)","UN    ","CR",137.52000000000001]
[5093,"LEVANTADOR DE JANELA GUILHOTINA, EM LATAO CROMADO","PAR   ","CR",18.309999999999999]
[44331,"LIMPA VIDROS COM PULVERIZADOR","L     ","CR",63.19]
[37768,"LIMPADORA A SUCCAO, TANQUE 12000 L, BASCULAMENTO HIDRAULICO, BOMBA 12 M3/MIN 95% VACUO (INCLUI MONTAGEM, NAO INCLUI CAMINHAO)","UN    ","AS",235000]
[37773,"LIMPADORA DE SUCCAO TANQUE 7000 L, BOMBA 12 M3/MIN 95% VACUO (INCLUI MONTAGEM, NAO INCLUI CAMINHAO)","UN    ","AS",199554.62]
[37769,"LIMPADORA DE SUCCAO, TANQUE 11000 L, BOMBA 340 M3/MIN (INCLUI MONTAGEM, NAO INCLUI CAMINHAO)","UN    ","AS",334079.57]
[37770,"LIMPADORA DE SUCCAO, TANQUE 5500 L, BOMBA 60M3/MIN, VACUO 500 MBAR (INCLUI MONTAGEM, NAO INCLUI CAMINHAO)","UN    ","AS",566986.32999999996]
[38382,"LINHA DE PEDREIRO LISA 100 M","UN    ","CR",12.21]
[38383,"LIXA D'AGUA EM FOLHA, GRAO 100","UN    ","CR",2.2799999999999998]
[3768,"LIXA EM FOLHA PARA FERRO, NUMERO 150","UN    ","CR",2.38]
[3767,"LIXA EM FOLHA PARA PAREDE OU MADEIRA, NUMERO 120, COR VERMELHA","UN    ","CR",0.79]
[13192,"LIXADEIRA ELETRICA ANGULAR PARA CONCRETO, POTENCIA 1.400 W, PRATO DIAMANTADO DE 5''","UN    ","CR",5797.5]
[38413,"LIXADEIRA ELETRICA ANGULAR, PARA DISCO DE 7 \" (180 MM), POTENCIA DE 2.200 W, *5.000* RPM, 220 V","UN    ","CR",958.82]
[42440,"LIXEIRA DUPLA, COM CAPACIDADE VOLUMETRICA DE 60L*, FABRICADA EM TUBO DE ACO CARBONO, CESTOS EM CHAPA DE ACO E PINTURA NO PROCESSO ELETROSTATICO - PARA ACADEMIA AO AR LIVRE / ACADEMIA DA TERCEIRA IDADE - ATI","UN    ","AS",1235.9100000000001]
[20193,"LOCACAO DE ANDAIME METALICO TIPO FACHADEIRO, PECAS COM APROXIMADAMENTE 1,20 M DE LARGURA E 2,0 M DE ALTURA, INCLUINDO DIAGONAIS EM X, BARRAS DE LIGACAO, SAPATAS E DEMAIS ITENS NECESSARIOS A MONTAGEM (NAO INCLUI INSTALACAO)","M2XMES","CR",19.72]
[10527,"LOCACAO DE ANDAIME METALICO TUBULAR DE ENCAIXE, TIPO DE TORRE, CADA PAINEL COM LARGURA DE 1 ATE 1,5 M E ALTURA DE *1,00* M, INCLUINDO DIAGONAL, BARRAS DE LIGACAO, SAPATAS OU RODIZIOS E DEMAIS ITENS NECESSARIOS A MONTAGEM (NAO INCLUI INSTALACAO)","MXMES ","C ",26.3]
[41805,"LOCACAO DE ANDAIME SUSPENSO OU BALANCIM MANUAL, CAPACIDADE DE CARGA TOTAL DE APROXIMADAMENTE 250 KG/M2, PLATAFORMA DE 1,50 M X 0,80 M (C X L), CABO DE 45 M","MES   ","CR",756.12]
[40271,"LOCACAO DE APRUMADOR METALICO DE PILAR, COM ALTURA E ANGULO REGULAVEIS, EXTENSAO DE *1,50* A *2,80* M","UNXMES","CR",20.13]
[40287,"LOCACAO DE BARRA DE ANCORAGEM DE 0,80 A 1,20 M DE EXTENSAO, COM ROSCA DE 5/8\", INCLUINDO PORCA E FLANGE","MES   ","CR",7.75]
[4084,"LOCACAO DE BOMBA SUBMERSIVEL PARA DRENAGEM E ESGOTAMENTO, MOTOR ELETRICO TRIFASICO, POTENCIA DE 1 CV, DIAMETRO DE RECALQUE DE 2\". FAIXA DE OPERACAO Q=25 M3/H (+ OU - 1 M3/H) E AMT=2 M, Q=12 M3/H (+ OU - 2 M3/H) E AMT = 12 M (+ OU - 2 M)","H     ","AS",1.8]
[743,"LOCACAO DE BOMBA SUBMERSIVEL PARA DRENAGEM E ESGOTAMENTO, MOTOR ELETRICO TRIFASICO, POTENCIA DE 2 CV, DIAMETRO DE RECALQUE DE 2\", FAIXA DE OPERACAO Q=35 M3/H (+ OU - 3 M3/H) E AMT=2 M, Q=13 M3/H (+ OU - 3 M3/H) E AMT = 17 M (+ OU - 3 M)","H     ","AS",1.8]
[40293,"LOCACAO DE BOMBA SUBMERSIVEL PARA DRENAGEM E ESGOTAMENTO, MOTOR ELETRICO TRIFASICO, POTENCIA DE 2 CV, DIAMETRO DE RECALQUE DE 3\". FAIXA DE OPERACAO Q=70 M3/H (+ OU - 2 M3/H) E AMT=2 M, Q=9,5 M3/H (+ OU - 3,5 M3/H) E AMT = 10 M (+ OU - 2 M)","H     ","AS",2.16]
[40294,"LOCACAO DE BOMBA SUBMERSIVEL PARA DRENAGEM E ESGOTAMENTO, MOTOR ELETRICO TRIFASICO, POTENCIA DE 3 CV, DIAMETRO DE RECALQUE DE 2\", FAIXA DE OPERACAO Q=84 M3/H (+ OU - 2,5 M3/H) E AMT=2 M, Q=9,1 M3/H (+ OU - 2 M3/H) E AMT = 12 M (+ OU - 2 M)","H     ","AS",1.8]
[4085,"LOCACAO DE BOMBA SUBMERSIVEL PARA DRENAGEM E ESGOTAMENTO, MOTOR ELETRICO TRIFASICO, POTENCIA DE 4 CV, DIAMETRO DE RECALQUE DE 3\". FAIXA DE OPERACAO Q=60 M3/H (+ OU - 1 M3/H) E AMT=2 M, Q=11 M3/H (+ OU - 1 M3/H) E AMT = 23 M (+ OU - 1 M)","H     ","AS",2.52]
[10779,"LOCACAO DE CONTAINER 2,30 X 4,30 M, ALT. 2,50 M, P/ SANITARIO, C/ 5 BACIAS, 1 LAVATORIO E 4 MICTORIOS (NAO INCLUI MOBILIZACAO/DESMOBILIZACAO)","MES   ","AS",1118.75]
[10777,"LOCACAO DE CONTAINER 2,30 X 4,30 M, ALT. 2,50 M, PARA SANITARIO, COM 3 BACIAS, 4 CHUVEIROS, 1 LAVATORIO E 1 MICTORIO (NAO INCLUI MOBILIZACAO/DESMOBILIZACAO)","MES   ","AS",1016.19]
[10775,"LOCACAO DE CONTAINER 2,30 X 6,00 M, ALT. 2,50 M, COM 1 SANITARIO, PARA ESCRITORIO, COMPLETO, SEM DIVISORIAS INTERNAS (NAO INCLUI MOBILIZACAO/DESMOBILIZACAO)","MES   ","AS",895]
[10776,"LOCACAO DE CONTAINER 2,30 X 6,00 M, ALT. 2,50 M, PARA ESCRITORIO, SEM DIVISORIAS INTERNAS E SEM SANITARIO (NAO INCLUI MOBILIZACAO/DESMOBILIZACAO)","MES   ","AS",699.21]
[10778,"LOCACAO DE CONTAINER 2,30 X 6,00 M, ALT. 2,50 M, PARA SANITARIO, COM 4 BACIAS, 8 CHUVEIROS,1 LAVATORIO E 1 MICTORIO (NAO INCLUI MOBILIZACAO/DESMOBILIZACAO)","MES   ","AS",1118.75]
[40339,"LOCACAO DE CRUZETA, SIMPLES, PARA ESCORA METALICA, COMPRIMENTO ENTRE 50 A 60 CM, PARA ESCORA DE 1,80 A 3,20 METROS E TUBO EXTERNO ATE 48 MM DE DIAMETRO","UNXMES","CR",7.06]
[10749,"LOCACAO DE ESCORA METALICA TELESCOPICA, COM ALTURA REGULAVEL DE *1,80* A *3,20* M, COM CAPACIDADE DE CARGA DE NO MINIMO 1000 KGF (10 KN), INCLUSO TRIPE E FORCADO","UNXMES","CR",23.34]
[40290,"LOCACAO DE FORMA PLASTICA PARA LAJE NERVURADA, DIMENSOES *60* X *60* X *16* CM","UNXMES","CR",12.62]
[3346,"LOCACAO DE GRUPO GERADOR *80 A 125* KVA, MOTOR DIESEL, REBOCAVEL, ACIONAMENTO MANUAL","H     ","AS",18.36]
[3348,"LOCACAO DE GRUPO GERADOR ACIMA DE * 125 ATE 180* KVA, MOTOR DIESEL, REBOCAVEL, ACIONAMENTO MANUAL","H     ","AS",21.96]
[39833,"LOCACAO DE GRUPO GERADOR DE *260* KVA, DIESEL REBOCAVEL, ACIONAMENTO MANUAL","H     ","AS",30.08]
[7252,"LOCACAO DE NIVEL OPTICO, COM PRECISAO DE 0,7 MM, AUMENTO DE 32X","H     ","AS",2.25]
[7247,"LOCACAO DE TEODOLITO ELETRONICO, PRECISAO ANGULAR DE 5 A 7 SEGUNDOS, INCLUINDO TRIPE","H     ","AS",2.25]
[40291,"LOCACAO DE TORRE METALICA COMPLETA PARA UMA CARGA DE 8 TF (80 KN)  E PE DIREITO DE 6 M, INCLUINDO MODULOS , DIAGONAIS, SAPATAS E FORCADOS","UNXMES","CR",657.5]
[40275,"LOCACAO DE VIGA SANDUICHE METALICA VAZADA PARA TRAVAMENTO DE PILARES, ALTURA DE *8* CM, LARGURA DE *6* CM E EXTENSAO DE 2 M","UNXMES","CR",21.04]
[42408,"LONA PLASTICA EXTRA FORTE PRETA, E = 200 MICRA","M2    ","CR",3.12]
[3777,"LONA PLASTICA PESADA PRETA, E = 150 MICRA","M2    ","C ",2.25]
[3798,"LUMINARIA ABERTA P/ ILUMINACAO PUBLICA, TIPO X-57 PETERCO OU EQUIV","UN    ","AS",87.98]
[38769,"LUMINARIA ARANDELA TIPO MEIA-LUA COM VIDRO FOSCO *30 X 15* CM, PARA 1 LAMPADA, BASE E27, POTENCIA MAXIMA 40/60 W (NAO INCLUI LAMPADA)","UN    ","AS",68.709999999999994]
[39510,"LUMINARIA DE EMBUTIR EM CHAPA DE ACO PARA 2 LAMPADAS FLUORESCENTES DE 14 W COM REFLETOR E ALETAS EM ALUMINIO, COMPLETA (INCLUI REATOR E LAMPADAS)","UN    ","AS",278.08]
[38776,"LUMINARIA DE EMBUTIR EM CHAPA DE ACO PARA 4 LAMPADAS FLUORESCENTES DE 14 W *60 X 60 CM* ALETADA (NAO INCLUI REATOR E LAMPADAS)","UN    ","AS",295.13]
[38774,"LUMINARIA DE EMERGENCIA 30 LEDS, POTENCIA 2 W, BATERIA DE LITIO, AUTONOMIA DE 6 HORAS","UN    ","CR",21.08]
[42247,"LUMINARIA DE LED PARA ILUMINACAO PUBLICA, DE 138 W ATE 180 W, INVOLUCRO EM ALUMINIO OU ACO INOX","UN    ","CR",719.43]
[42248,"LUMINARIA DE LED PARA ILUMINACAO PUBLICA, DE 181 W ATE 239 W, INVOLUCRO EM ALUMINIO OU ACO INOX","UN    ","CR",835.67]
[42249,"LUMINARIA DE LED PARA ILUMINACAO PUBLICA, DE 240 W ATE 350 W, INVOLUCRO EM ALUMINIO OU ACO INOX","UN    ","CR",1384.42]
[42244,"LUMINARIA DE LED PARA ILUMINACAO PUBLICA, DE 33 W ATE 50 W, INVOLUCRO EM ALUMINIO OU ACO INOX","UN    ","CR",216.2]
[42245,"LUMINARIA DE LED PARA ILUMINACAO PUBLICA, DE 51 W ATE 67 W, INVOLUCRO EM ALUMINIO OU ACO INOX","UN    ","CR",398.96]
[42246,"LUMINARIA DE LED PARA ILUMINACAO PUBLICA, DE 68 W ATE 97 W, INVOLUCRO EM ALUMINIO OU ACO INOX","UN    ","CR",441.63]
[42243,"LUMINARIA DE LED PARA ILUMINACAO PUBLICA, DE 98 W ATE 137 W, INVOLUCRO EM ALUMINIO OU ACO INOX","UN    ","CR",532.53]
[38889,"LUMINARIA DE SOBREPOR EM CHAPA DE ACO COM ALETAS PLASTICAS, PARA 1 LAMPADA, BASE E27, POTENCIA MAXIMA 40/60 W (NAO INCLUI LAMPADA)","UN    ","AS",52.66]
[38784,"LUMINARIA DE SOBREPOR EM CHAPA DE ACO COM ALETAS PLASTICAS, PARA 2 LAMPADAS, BASE E27, POTENCIA MAXIMA 40/60 W (NAO INCLUI LAMPADAS)","UN    ","AS",70.45]
[3788,"LUMINARIA DE SOBREPOR EM CHAPA DE ACO PARA 1 LAMPADA FLUORESCENTE DE *18* W, ALETADA, COMPLETA (LAMPADA E REATOR INCLUSOS)","UN    ","AS",73.42]
[12230,"LUMINARIA DE SOBREPOR EM CHAPA DE ACO PARA 1 LAMPADA FLUORESCENTE DE *18* W, PERFIL COMERCIAL (NAO INCLUI REATOR E LAMPADA)","UN    ","AS",18.88]
[3780,"LUMINARIA DE SOBREPOR EM CHAPA DE ACO PARA 1 LAMPADA FLUORESCENTE DE *36* W, ALETADA, COMPLETA (LAMPADA E REATOR INCLUSOS)","UN    ","AS",108.33]
[12231,"LUMINARIA DE SOBREPOR EM CHAPA DE ACO PARA 1 LAMPADA FLUORESCENTE DE *36* W, PERFIL COMERCIAL (NAO INCLUI REATOR E LAMPADA)","UN    ","AS",31.41]
[3811,"LUMINARIA DE SOBREPOR EM CHAPA DE ACO PARA 2 LAMPADAS FLUORESCENTES DE *18* W, ALETADA, COMPLETA (LAMPADAS E REATOR INCLUSOS)","UN    ","AS",101.75]
[12232,"LUMINARIA DE SOBREPOR EM CHAPA DE ACO PARA 2 LAMPADAS FLUORESCENTES DE *18* W, PERFIL COMERCIAL (NAO INCLUI REATOR E LAMPADAS)","UN    ","AS",32.9]
[3799,"LUMINARIA DE SOBREPOR EM CHAPA DE ACO PARA 2 LAMPADAS FLUORESCENTES DE *36* W, ALETADA, COMPLETA (LAMPADAS E REATOR INCLUSOS)","UN    ","AS",143.91]
[12239,"LUMINARIA DE SOBREPOR EM CHAPA DE ACO PARA 2 LAMPADAS FLUORESCENTES DE *36* W, PERFIL COMERCIAL (NAO INCLUI REATOR E LAMPADAS)","UN    ","AS",43.08]
[38773,"LUMINARIA DE TETO PLAFON/PLAFONIER EM PLASTICO COM BASE E27, POTENCIA MAXIMA 60 W (NAO INCLUI LAMPADA)","UN    ","AS",6.91]
[12271,"LUMINARIA DUPLA P/SINALIZACAO, TIPO WETZEL AS-2/110 OU EQUIV","UN    ","AS",385.31]
[13382,"LUMINARIA FECHADA P/ ILUMINACAO PUBLICA, TIPO ABL 50/F OU EQUIV, P/ LAMPADA A VAPOR DE MERCURIO 400W","UN    ","AS",410.58]
[38785,"LUMINARIA HERMETICA IP-65 PARA 2 DUAS LAMPADAS DE 14/16/18/20 W (NAO INCLUI REATOR E LAMPADAS)","UN    ","AS",182.42]
[38786,"LUMINARIA HERMETICA IP-65 PARA 2 DUAS LAMPADAS DE 28/32/36/40 W (NAO INCLUI REATOR E LAMPADAS)","UN    ","AS",224.7]
[39385,"LUMINARIA LED PLAFON REDONDO DE SOBREPOR BIVOLT 12/13 W,  D = *17* CM","UN    ","CR",19.28]
[39389,"LUMINARIA LED REFLETOR RETANGULAR BIVOLT, LUZ BRANCA, 10 W","UN    ","CR",20.92]
[39390,"LUMINARIA LED REFLETOR RETANGULAR BIVOLT, LUZ BRANCA, 30 W","UN    ","CR",43.84]
[39391,"LUMINARIA LED REFLETOR RETANGULAR BIVOLT, LUZ BRANCA, 50 W","UN    ","CR",49.22]
[3803,"LUMINARIA PLAFON REDONDO COM VIDRO FOSCO DIAMETRO *25* CM, PARA 1 LAMPADA, BASE E27, POTENCIA MAXIMA 40/60 W (NAO INCLUI LAMPADA)","UN    ","AS",65.150000000000006]
[38770,"LUMINARIA PLAFON REDONDO COM VIDRO FOSCO DIAMETRO *30* CM, PARA 2 LAMPADAS, BASE E27, POTENCIA MAXIMA 40/60 W (NAO INCLUI LAMPADAS)","UN    ","AS",75.44]
[12267,"LUMINARIA PROVA DE TEMPO PETERCO Y.31/1","UN    ","AS",221.08]
[43265,"LUMINARIA SOLAR LED EXTERNA, TIPO ARANDELA DE PAREDE, EM ALUMINIO, 16 LEDS, LUZ BRANCA, *180* LUMENS, CAPACIDADE DE ILUMINACAO ATE 36 H, RETANGULAR, *13 X 9 X 7* (C X L X A), COM SENSOR DE MOVIMENTO / PRESENCA, BATERIA RECARREGAVEL COM LUZ SOLAR, RESISTENTE AO CALOR, A PROVA DE AGUA E POEIRA/ IMPERMEAVEL, IP65","UN    ","CR",60.28]
[12266,"LUMINARIA SPOT DE SOBREPOR EM ALUMINIO COM ALETA PLASTICA PARA 1 LAMPADA, BASE E27, POTENCIA MAXIMA 40/60 W (NAO INCLUI LAMPADA)","UN    ","AS",113.15]
[39378,"LUMINARIA SPOT DE SOBREPOR EM ALUMINIO COM ALETA PLASTICA PARA 2 LAMPADAS, BASE E27, POTENCIA MAXIMA 40/60 W (NAO INCLUI LAMPADA)","UN    ","AS",80.22]
[43543,"LUMINARIA TIPO TARTARUGA A PROVA DE TEMPO, GASES, VAPOR E PO, EM ALUMINIO, COM GRADE, BASE E27, POTENCIA MAXIMA 100 W - REF Y 25/1 (NAO INCLUI LAMPADA)","UN    ","AS",167.13]
[38775,"LUMINARIA TIPO TARTARUGA PARA AREA EXTERNA EM ALUMINIO, COM GRADE, PARA 1 LAMPADA, BASE E27, POTENCIA MAXIMA 40/60 W (NAO INCLUI LAMPADA)","UN    ","AS",85.05]
[44252,"LUVA CPVC, SOLDAVEL, 114 MM, PARA AGUA QUENTE PREDIAL","UN    ","AS",150.58000000000001]
[21119,"LUVA CPVC, SOLDAVEL, 15 MM, PARA AGUA QUENTE PREDIAL","UN    ","AS",1.51]
[37974,"LUVA CPVC, SOLDAVEL, 22 MM, PARA AGUA QUENTE PREDIAL","UN    ","AS",1.95]
[37975,"LUVA CPVC, SOLDAVEL, 28 MM, PARA AGUA QUENTE PREDIAL","UN    ","AS",4.3499999999999996]
[37976,"LUVA CPVC, SOLDAVEL, 35 MM, PARA AGUA QUENTE PREDIAL","UN    ","AS",9.68]
[37977,"LUVA CPVC, SOLDAVEL, 42 MM, PARA AGUA QUENTE PREDIAL","UN    ","AS",13.4]
[37978,"LUVA CPVC, SOLDAVEL, 54 MM, PARA AGUA QUENTE PREDIAL","UN    ","AS",26.56]
[37979,"LUVA CPVC, SOLDAVEL, 73 MM, PARA AGUA QUENTE PREDIAL","UN    ","AS",112.73]
[37980,"LUVA CPVC, SOLDAVEL, 89 MM, PARA AGUA QUENTE PREDIAL","UN    ","AS",129.5]
[36147,"LUVA DE BORRACHA ISOLANTE PARA ALTA TENSAO, RESISTENTE A OZONIO, TENSAO DE ENSAIO 2,5 KV (PAR)","PAR   ","CR",465.77]
[12731,"LUVA DE COBRE (REF 600) SEM ANEL DE SOLDA, BOLSA X BOLSA, 104 MM","UN    ","AS",341.21]
[12723,"LUVA DE COBRE (REF 600) SEM ANEL DE SOLDA, BOLSA X BOLSA, 15 MM","UN    ","AS",2.64]
[12724,"LUVA DE COBRE (REF 600) SEM ANEL DE SOLDA, BOLSA X BOLSA, 22 MM","UN    ","AS",5.08]
[12725,"LUVA DE COBRE (REF 600) SEM ANEL DE SOLDA, BOLSA X BOLSA, 28 MM","UN    ","AS",10.199999999999999]
[12726,"LUVA DE COBRE (REF 600) SEM ANEL DE SOLDA, BOLSA X BOLSA, 35 MM","UN    ","AS",22.51]
[12727,"LUVA DE COBRE (REF 600) SEM ANEL DE SOLDA, BOLSA X BOLSA, 42 MM","UN    ","AS",28.55]
[12728,"LUVA DE COBRE (REF 600) SEM ANEL DE SOLDA, BOLSA X BOLSA, 54 MM","UN    ","AS",46.63]
[12729,"LUVA DE COBRE (REF 600) SEM ANEL DE SOLDA, BOLSA X BOLSA, 66 MM","UN    ","AS",152.83000000000001]
[12730,"LUVA DE COBRE (REF 600) SEM ANEL DE SOLDA, BOLSA X BOLSA, 79 MM","UN    ","AS",233.99]
[3840,"LUVA DE CORRER DEFOFO, PVC, JE, DN 100 MM","UN    ","AS",43.01]
[3838,"LUVA DE CORRER DEFOFO, PVC, JE, DN 150 MM","UN    ","AS",94.93]
[3844,"LUVA DE CORRER DEFOFO, PVC, JE, DN 200 MM","UN    ","AS",169.34]
[3839,"LUVA DE CORRER DEFOFO, PVC, JE, DN 250 MM","UN    ","AS",308.44]
[3843,"LUVA DE CORRER DEFOFO, PVC, JE, DN 300 MM","UN    ","AS",423.34]
[3900,"LUVA DE CORRER PARA TUBO ROSCAVEL, PVC, 1 1/2\", PARA AGUA FRIA PREDIAL","UN    ","CR",48.61]
[3846,"LUVA DE CORRER PARA TUBO ROSCAVEL, PVC, 1/2\", PARA AGUA FRIA PREDIAL","UN    ","CR",14.61]
[3886,"LUVA DE CORRER PARA TUBO ROSCAVEL, PVC, 3/4\", PARA AGUA FRIA PREDIAL","UN    ","CR",19.39]
[3854,"LUVA DE CORRER PARA TUBO SOLDAVEL, PVC, 20 MM, PARA AGUA FRIA PREDIAL","UN    ","CR",11.05]
[3873,"LUVA DE CORRER PARA TUBO SOLDAVEL, PVC, 25 MM, PARA AGUA FRIA PREDIAL","UN    ","CR",12.87]
[38021,"LUVA DE CORRER PARA TUBO SOLDAVEL, PVC, 32 MM, PARA AGUA FRIA PREDIAL","UN    ","CR",22.84]
[43838,"LUVA DE CORRER PARA TUBO SOLDAVEL, PVC, 40 MM, PARA AGUA FRIA PREDIAL","UN    ","CR",29.53]
[3847,"LUVA DE CORRER PARA TUBO SOLDAVEL, PVC, 50 MM, PARA AGUA FRIA PREDIAL","UN    ","CR",29.78]
[38022,"LUVA DE CORRER PARA TUBO SOLDAVEL, PVC, 60 MM, PARA AGUA FRIA PREDIAL","UN    ","CR",40.93]
[3830,"LUVA DE CORRER PVC, JE, DN 250 MM, PARA REDE COLETORA DE ESGOTO","UN    ","CR",209.96]
[37981,"LUVA DE CORRER, CPVC, SOLDAVEL, 15 MM, PARA AGUA QUENTE PREDIAL","UN    ","AS",5.64]
[37982,"LUVA DE CORRER, CPVC, SOLDAVEL, 22 MM, PARA AGUA QUENTE PREDIAL","UN    ","AS",8.18]
[37983,"LUVA DE CORRER, CPVC, SOLDAVEL, 28 MM, PARA AGUA QUENTE PREDIAL","UN    ","AS",12.1]
[37984,"LUVA DE CORRER, CPVC, SOLDAVEL, 35 MM, PARA AGUA QUENTE PREDIAL","UN    ","AS",17]
[37985,"LUVA DE CORRER, CPVC, SOLDAVEL, 42 MM, PARA AGUA QUENTE PREDIAL","UN    ","AS",24.15]
[3826,"LUVA DE CORRER, PVC PBA, JE, DN 100 / DE 110 MM, PARA REDE AGUA (NBR 10351)","UN    ","AS",42.68]
[3825,"LUVA DE CORRER, PVC PBA, JE, DN 50 / DE 60 MM, PARA REDE AGUA (NBR 10351)","UN    ","AS",12.27]
[3827,"LUVA DE CORRER, PVC PBA, JE, DN 75 / DE 85 MM, PARA REDE AGUA (NBR 10351)","UN    ","AS",26.82]
[20165,"LUVA DE CORRER, PVC SERIE R, 100 MM, PARA ESGOTO PREDIAL","UN    ","CR",26.03]
[20166,"LUVA DE CORRER, PVC SERIE R, 150 MM, PARA ESGOTO PREDIAL","UN    ","CR",79.489999999999995]
[20164,"LUVA DE CORRER, PVC SERIE R, 75 MM, PARA ESGOTO PREDIAL","UN    ","CR",12.5]
[3893,"LUVA DE CORRER, PVC, DN 100 MM, PARA ESGOTO PREDIAL","UN    ","CR",19.600000000000001]
[3848,"LUVA DE CORRER, PVC, DN 50 MM, PARA ESGOTO PREDIAL","UN    ","CR",11.95]
[3895,"LUVA DE CORRER, PVC, DN 75 MM, PARA ESGOTO PREDIAL","UN    ","CR",13.27]
[12404,"LUVA DE FERRO GALVANIZADO, COM ROSCA BSP MACHO/FEMEA, DE 3/4\"","UN    ","AS",12.43]
[3939,"LUVA DE FERRO GALVANIZADO, COM ROSCA BSP, DE 1 1/2\"","UN    ","AS",25.6]
[3911,"LUVA DE FERRO GALVANIZADO, COM ROSCA BSP, DE 1 1/4\"","UN    ","AS",20.92]
[3908,"LUVA DE FERRO GALVANIZADO, COM ROSCA BSP, DE 1/2\"","UN    ","AS",6.76]
[3910,"LUVA DE FERRO GALVANIZADO, COM ROSCA BSP, DE 1\"","UN    ","AS",14.96]
[3913,"LUVA DE FERRO GALVANIZADO, COM ROSCA BSP, DE 2 1/2\"","UN    ","AS",71.53]
[3912,"LUVA DE FERRO GALVANIZADO, COM ROSCA BSP, DE 2\"","UN    ","AS",39.21]
[3909,"LUVA DE FERRO GALVANIZADO, COM ROSCA BSP, DE 3/4\"","UN    ","AS",9.1999999999999993]
[3914,"LUVA DE FERRO GALVANIZADO, COM ROSCA BSP, DE 3\"","UN    ","AS",107.91]
[3915,"LUVA DE FERRO GALVANIZADO, COM ROSCA BSP, DE 4\"","UN    ","AS",170.17]
[3916,"LUVA DE FERRO GALVANIZADO, COM ROSCA BSP, DE 5\"","UN    ","AS",310.02]
[3917,"LUVA DE FERRO GALVANIZADO, COM ROSCA BSP, DE 6\"","UN    ","AS",511.33]
[1904,"LUVA DE PRESSAO, EM PVC, DE 20 MM, PARA ELETRODUTO FLEXIVEL","UN    ","CR",1.04]
[1899,"LUVA DE PRESSAO, EM PVC, DE 25 MM, PARA ELETRODUTO FLEXIVEL","UN    ","CR",1.18]
[1900,"LUVA DE PRESSAO, EM PVC, DE 32 MM, PARA ELETRODUTO FLEXIVEL","UN    ","CR",1.91]
[12407,"LUVA DE REDUCAO DE FERRO GALVANIZADO, COM ROSCA BSP MACHO/FEMEA, DE 1 1/2\" X 1\"","UN    ","AS",38.71]
[12408,"LUVA DE REDUCAO DE FERRO GALVANIZADO, COM ROSCA BSP MACHO/FEMEA, DE 1\" X 1/2\"","UN    ","AS",21.85]
[12409,"LUVA DE REDUCAO DE FERRO GALVANIZADO, COM ROSCA BSP MACHO/FEMEA, DE 1\" X 3/4\"","UN    ","AS",21.85]
[12410,"LUVA DE REDUCAO DE FERRO GALVANIZADO, COM ROSCA BSP MACHO/FEMEA, DE 3/4\" X 1/2\"","UN    ","AS",15.05]
[3936,"LUVA DE REDUCAO DE FERRO GALVANIZADO, COM ROSCA BSP, DE 1 1/2\" X 1 1/4\"","UN    ","AS",27.2]
[3922,"LUVA DE REDUCAO DE FERRO GALVANIZADO, COM ROSCA BSP, DE 1 1/2\" X 1/2\"","UN    ","AS",25.02]
[3924,"LUVA DE REDUCAO DE FERRO GALVANIZADO, COM ROSCA BSP, DE 1 1/2\" X 1\"","UN    ","AS",27.2]
[3923,"LUVA DE REDUCAO DE FERRO GALVANIZADO, COM ROSCA BSP, DE 1 1/2\" X 3/4\"","UN    ","AS",27.2]
[3937,"LUVA DE REDUCAO DE FERRO GALVANIZADO, COM ROSCA BSP, DE 1 1/4\" X 1/2\"","UN    ","AS",22.44]
[3921,"LUVA DE REDUCAO DE FERRO GALVANIZADO, COM ROSCA BSP, DE 1 1/4\" X 1\"","UN    ","AS",22.45]
[3920,"LUVA DE REDUCAO DE FERRO GALVANIZADO, COM ROSCA BSP, DE 1 1/4\" X 3/4\"","UN    ","AS",22.44]
[3938,"LUVA DE REDUCAO DE FERRO GALVANIZADO, COM ROSCA BSP, DE 1\" X 1/2\"","UN    ","AS",14.79]
[3919,"LUVA DE REDUCAO DE FERRO GALVANIZADO, COM ROSCA BSP, DE 1\" X 3/4\"","UN    ","AS",15.08]
[3927,"LUVA DE REDUCAO DE FERRO GALVANIZADO, COM ROSCA BSP, DE 2 1/2\" X 1 1/2\"","UN    ","AS",76.38]
[3928,"LUVA DE REDUCAO DE FERRO GALVANIZADO, COM ROSCA BSP, DE 2 1/2\" X 2\"","UN    ","AS",76.38]
[3926,"LUVA DE REDUCAO DE FERRO GALVANIZADO, COM ROSCA BSP, DE 2\" X 1 1/2\"","UN    ","AS",43.54]
[3935,"LUVA DE REDUCAO DE FERRO GALVANIZADO, COM ROSCA BSP, DE 2\" X 1 1/4\"","UN    ","AS",43.54]
[3925,"LUVA DE REDUCAO DE FERRO GALVANIZADO, COM ROSCA BSP, DE 2\" X 1\"","UN    ","AS",43.54]
[12406,"LUVA DE REDUCAO DE FERRO GALVANIZADO, COM ROSCA BSP, DE 3/4\" X 1/2\"","UN    ","AS",10.69]
[3929,"LUVA DE REDUCAO DE FERRO GALVANIZADO, COM ROSCA BSP, DE 3\" X 1 1/2\"","UN    ","AS",116.37]
[3931,"LUVA DE REDUCAO DE FERRO GALVANIZADO, COM ROSCA BSP, DE 3\" X 2 1/2\"","UN    ","AS",116.37]
[3930,"LUVA DE REDUCAO DE FERRO GALVANIZADO, COM ROSCA BSP, DE 3\" X 2\"","UN    ","AS",116.37]
[3932,"LUVA DE REDUCAO DE FERRO GALVANIZADO, COM ROSCA BSP, DE 4\" X 2 1/2\"","UN    ","AS",200.94]
[3933,"LUVA DE REDUCAO DE FERRO GALVANIZADO, COM ROSCA BSP, DE 4\" X 2\"","UN    ","AS",200.94]
[3934,"LUVA DE REDUCAO DE FERRO GALVANIZADO, COM ROSCA BSP, DE 4\" X 3\"","UN    ","AS",200.94]
[40355,"LUVA DE REDUCAO EM ACO CARBONO, COM ENCAIXE PARA SOLDA DN SW, PRESSAO 3.000 LBS,  3/4 \" X 1/2\"","UN    ","AS",12.72]
[40364,"LUVA DE REDUCAO EM ACO CARBONO, COM ENCAIXE PARA SOLDA DN SW, PRESSAO 3.000 LBS, DN 1 1/2\" X 1 1/4\"","UN    ","AS",59.6]
[40361,"LUVA DE REDUCAO EM ACO CARBONO, COM ENCAIXE PARA SOLDA DN SW, PRESSAO 3.000 LBS, DN 1 1/4\"  X 1\"","UN    ","AS",46.6]
[40358,"LUVA DE REDUCAO EM ACO CARBONO, COM ENCAIXE PARA SOLDA DN SW, PRESSAO 3.000 LBS, DN 1\" X 3/4\"","UN    ","AS",17.760000000000002]
[40370,"LUVA DE REDUCAO EM ACO CARBONO, COM ENCAIXE PARA SOLDA DN SW, PRESSAO 3.000 LBS, DN 2 1/2\" X 2\"","UN    ","AS",189.1]
[40367,"LUVA DE REDUCAO EM ACO CARBONO, COM ENCAIXE PARA SOLDA DN SW, PRESSAO 3.000 LBS, DN 2\" X 1 1/2\"","UN    ","AS",93.99]
[40373,"LUVA DE REDUCAO EM ACO CARBONO, COM ENCAIXE PARA SOLDA DN SW, PRESSAO 3.000 LBS, DN 3\" X 2 1/2\"","UN    ","AS",255.72]
[3907,"LUVA DE REDUCAO ROSCAVEL, PVC, 1\" X 3/4\", PARA AGUA FRIA PREDIAL","UN    ","CR",5.6]
[3889,"LUVA DE REDUCAO ROSCAVEL, PVC, 3/4\" X 1/2\", PARA AGUA FRIA PREDIAL","UN    ","CR",3.98]
[3868,"LUVA DE REDUCAO SOLDAVEL, PVC, 25 MM X 20 MM, PARA AGUA FRIA PREDIAL","UN    ","CR",1.46]
[3869,"LUVA DE REDUCAO SOLDAVEL, PVC, 32 MM X 25 MM, PARA AGUA FRIA PREDIAL","UN    ","CR",3.24]
[3872,"LUVA DE REDUCAO SOLDAVEL, PVC, 40 MM X 32 MM, PARA AGUA FRIA PREDIAL","UN    ","CR",5.52]
[3850,"LUVA DE REDUCAO SOLDAVEL, PVC, 60 MM X 50 MM, PARA AGUA FRIA PREDIAL","UN    ","CR",12.75]
[38023,"LUVA DE REDUCAO, SOLDAVEL, PVC, 50 X 25 MM, PARA AGUA FRIA PREDIAL","UN    ","CR",6.49]
[37986,"LUVA DE TRANSICAO DE CPVC X PVC, SOLDAVEL, 22 X 25 MM, PARA AGUA QUENTE","UN    ","AS",1.92]
[37987,"LUVA DE TRANSICAO, CPVC, SOLDAVEL, 42 MM X 1 1/2\", PARA AGUA QUENTE","UN    ","AS",96.06]
[37988,"LUVA DE TRANSICAO, CPVC, SOLDAVEL, 54 MM X 2\", PARA AGUA QUENTE PREDIAL","UN    ","AS",152.65]
[21120,"LUVA DE TRANSICAO, CPVC, 15 MM X 1/2\", PARA AGUA QUENTE PREDIAL","UN    ","AS",9.82]
[39318,"LUVA DE TRANSICAO, CPVC, 22 MM X 1/2\", PARA AGUA QUENTE","UN    ","AS",9.1300000000000008]
[40366,"LUVA EM ACO CARBONO, SOLDAVEL, PRESSAO 3.000 LBS, DN 1 1/2\"","UN    ","AS",46.49]
[40363,"LUVA EM ACO CARBONO, SOLDAVEL, PRESSAO 3.000 LBS, DN 1 1/4\"","UN    ","AS",36.36]
[40354,"LUVA EM ACO CARBONO, SOLDAVEL, PRESSAO 3.000 LBS, DN 1/2\"","UN    ","AS",15.83]
[40360,"LUVA EM ACO CARBONO, SOLDAVEL, PRESSAO 3.000 LBS, DN 1\"","UN    ","AS",23.84]
[40372,"LUVA EM ACO CARBONO, SOLDAVEL, PRESSAO 3.000 LBS, DN 2 1/2\"","UN    ","AS",147.19999999999999]
[40369,"LUVA EM ACO CARBONO, SOLDAVEL, PRESSAO 3.000 LBS, DN 2\"","UN    ","AS",73.260000000000005]
[40357,"LUVA EM ACO CARBONO, SOLDAVEL, PRESSAO 3.000 LBS, DN 3/4\"","UN    ","AS",17.760000000000002]
[40375,"LUVA EM ACO CARBONO, SOLDAVEL, PRESSAO 3.000 LBS, DN 3\"","UN    ","AS",199.28]
[1893,"LUVA EM PVC RIGIDO ROSCAVEL, DE 1 1/2\", PARA ELETRODUTO","UN    ","CR",3.93]
[1902,"LUVA EM PVC RIGIDO ROSCAVEL, DE 1 1/4\", PARA ELETRODUTO","UN    ","CR",2.86]
[1901,"LUVA EM PVC RIGIDO ROSCAVEL, DE 1/2\", PARA ELETRODUTO","UN    ","CR",0.89]
[1892,"LUVA EM PVC RIGIDO ROSCAVEL, DE 1\", PARA ELETRODUTO","UN    ","CR",1.84]
[1907,"LUVA EM PVC RIGIDO ROSCAVEL, DE 2 1/2\", PARA ELETRODUTO","UN    ","CR",12.64]
[1894,"LUVA EM PVC RIGIDO ROSCAVEL, DE 2\", PARA ELETRODUTO","UN    ","CR",5.68]
[1891,"LUVA EM PVC RIGIDO ROSCAVEL, DE 3/4\", PARA ELETRODUTO","UN    ","CR",1.32]
[1896,"LUVA EM PVC RIGIDO ROSCAVEL, DE 3\", PARA ELETRODUTO","UN    ","CR",16.97]
[1895,"LUVA EM PVC RIGIDO ROSCAVEL, DE 4\", PARA ELETRODUTO","UN    ","CR",29.82]
[2641,"LUVA PARA ELETRODUTO, EM ACO GALVANIZADO ELETROLITICO, DIAMETRO DE 100 MM (4\")","UN    ","AS",27.33]
[2636,"LUVA PARA ELETRODUTO, EM ACO GALVANIZADO ELETROLITICO, DIAMETRO DE 15 MM (1/2\")","UN    ","AS",1.76]
[2637,"LUVA PARA ELETRODUTO, EM ACO GALVANIZADO ELETROLITICO, DIAMETRO DE 20 MM (3/4\")","UN    ","AS",1.87]
[2638,"LUVA PARA ELETRODUTO, EM ACO GALVANIZADO ELETROLITICO, DIAMETRO DE 25 MM (1\")","UN    ","AS",2.1800000000000002]
[2639,"LUVA PARA ELETRODUTO, EM ACO GALVANIZADO ELETROLITICO, DIAMETRO DE 32 MM (1 1/4\")","UN    ","AS",3.86]
[2644,"LUVA PARA ELETRODUTO, EM ACO GALVANIZADO ELETROLITICO, DIAMETRO DE 40 MM (1 1/2\")","UN    ","AS",5.59]
[2643,"LUVA PARA ELETRODUTO, EM ACO GALVANIZADO ELETROLITICO, DIAMETRO DE 50 MM (2\")","UN    ","AS",7.79]
[2640,"LUVA PARA ELETRODUTO, EM ACO GALVANIZADO ELETROLITICO, DIAMETRO DE 65 MM (2 1/2\")","UN    ","AS",11.37]
[2642,"LUVA PARA ELETRODUTO, EM ACO GALVANIZADO ELETROLITICO, DIAMETRO DE 80 MM (3\")","UN    ","AS",17.32]
[39855,"LUVA PASSANTE DE COBRE (REF 601) SEM ANEL DE SOLDA, BOLSA 15 MM","UN    ","AS",2.67]
[39856,"LUVA PASSANTE DE COBRE (REF 601) SEM ANEL DE SOLDA, BOLSA 22 MM","UN    ","AS",6.3]
[39857,"LUVA PASSANTE DE COBRE (REF 601) SEM ANEL DE SOLDA, BOLSA 28 MM","UN    ","AS",10.199999999999999]
[39858,"LUVA PASSANTE DE COBRE (REF 601) SEM ANEL DE SOLDA, BOLSA 35 MM","UN    ","AS",22.63]
[39859,"LUVA PASSANTE DE COBRE (REF 601) SEM ANEL DE SOLDA, BOLSA 42 MM","UN    ","AS",34.880000000000003]
[39860,"LUVA PASSANTE DE COBRE (REF 601) SEM ANEL DE SOLDA, BOLSA 54 MM","UN    ","AS",53.53]
[39861,"LUVA PASSANTE DE COBRE (REF 601) SEM ANEL DE SOLDA, BOLSA 66 MM","UN    ","AS",152.83000000000001]
[3867,"LUVA PVC SOLDAVEL, 110 MM, PARA AGUA FRIA PREDIAL","UN    ","CR",77.64]
[3861,"LUVA PVC SOLDAVEL, 20 MM, PARA AGUA FRIA PREDIAL","UN    ","CR",0.8]
[3904,"LUVA PVC SOLDAVEL, 25 MM, PARA AGUA FRIA PREDIAL","UN    ","CR",0.85]
[3903,"LUVA PVC SOLDAVEL, 32 MM, PARA AGUA FRIA PREDIAL","UN    ","CR",2.08]
[3862,"LUVA PVC SOLDAVEL, 40 MM, PARA AGUA FRIA PREDIAL","UN    ","CR",4.4400000000000004]
[3863,"LUVA PVC SOLDAVEL, 50 MM, PARA AGUA FRIA PREDIAL","UN    ","CR",4.55]
[3864,"LUVA PVC SOLDAVEL, 60 MM, PARA AGUA FRIA PREDIAL","UN    ","CR",13.93]
[3865,"LUVA PVC SOLDAVEL, 75 MM, PARA AGUA FRIA PREDIAL","UN    ","CR",20.36]
[3866,"LUVA PVC SOLDAVEL, 85 MM, PARA AGUA FRIA PREDIAL","UN    ","CR",45.72]
[3878,"LUVA PVC, ROSCAVEL, 1 1/2\",  AGUA FRIA PREDIAL","UN    ","CR",12.47]
[3883,"LUVA PVC, ROSCAVEL, 1/2\", AGUA FRIA PREDIAL","UN    ","CR",1.59]
[3876,"LUVA PVC, ROSCAVEL, 1\", AGUA FRIA PREDIAL","UN    ","CR",4.96]
[3884,"LUVA PVC, ROSCAVEL, 3/4\", AGUA FRIA PREDIAL","UN    ","CR",2.52]
[12892,"LUVA RASPA DE COURO, CANO CURTO (PUNHO *7* CM)","PAR   ","CR",16.2]
[38447,"LUVA SIMPLES PPR, F/F, SOLDAVEL, DN 110 MM, PARA AGUA QUENTE PREDIAL","UN    ","AS",81.650000000000006]
[36320,"LUVA SIMPLES PPR, F/F, SOLDAVEL, DN 20 MM, PARA AGUA QUENTE PREDIAL","UN    ","AS",2.19]
[36324,"LUVA SIMPLES PPR, F/F, SOLDAVEL, DN 25 MM, PARA AGUA QUENTE PREDIAL","UN    ","AS",2]
[38441,"LUVA SIMPLES PPR, F/F, SOLDAVEL, DN 32 MM, PARA AGUA QUENTE PREDIAL","UN    ","AS",3.59]
[38442,"LUVA SIMPLES PPR, F/F, SOLDAVEL, DN 40 MM, PARA AGUA QUENTE PREDIAL","UN    ","AS",10.199999999999999]
[38443,"LUVA SIMPLES PPR, F/F, SOLDAVEL, DN 50 MM, PARA AGUA QUENTE PREDIAL","UN    ","AS",12.38]
[38444,"LUVA SIMPLES PPR, F/F, SOLDAVEL, DN 63 MM, PARA AGUA QUENTE PREDIAL","UN    ","AS",20.79]
[38445,"LUVA SIMPLES PPR, F/F, SOLDAVEL, DN 75 MM, PARA AGUA QUENTE PREDIAL","UN    ","AS",38.54]
[38446,"LUVA SIMPLES PPR, F/F, SOLDAVEL, DN 90 MM, PARA AGUA QUENTE PREDIAL","UN    ","AS",63.08]
[3837,"LUVA SIMPLES, PVC PBA, JE, DN 100 / DE 110 MM, PARA REDE AGUA (NBR 10351)","UN    ","AS",37.049999999999997]
[3845,"LUVA SIMPLES, PVC PBA, JE, DN 50 / DE 60 MM, PARA REDE AGUA (NBR 10351)","UN    ","AS",13.53]
[11045,"LUVA SIMPLES, PVC PBA, JE, DN 75 / DE 85 MM, PARA REDE AGUA (NBR 10351)","UN    ","AS",26.11]
[20170,"LUVA SIMPLES, PVC SERIE R, 100 MM, PARA ESGOTO PREDIAL","UN    ","CR",14.42]
[20171,"LUVA SIMPLES, PVC SERIE R, 150 MM, PARA ESGOTO PREDIAL","UN    ","CR",41.57]
[20167,"LUVA SIMPLES, PVC SERIE R, 40 MM, PARA ESGOTO PREDIAL","UN    ","CR",5.23]
[20168,"LUVA SIMPLES, PVC SERIE R, 50 MM, PARA ESGOTO PREDIAL","UN    ","CR",10.76]
[20169,"LUVA SIMPLES, PVC SERIE R, 75 MM, PARA ESGOTO PREDIAL","UN    ","CR",12.56]
[3899,"LUVA SIMPLES, PVC, SOLDAVEL, DN 100 MM, SERIE NORMAL, PARA ESGOTO PREDIAL","UN    ","CR",6.96]
[38676,"LUVA SIMPLES, PVC, SOLDAVEL, DN 150 MM, SERIE NORMAL, PARA ESGOTO PREDIAL","UN    ","CR",34.840000000000003]
[3897,"LUVA SIMPLES, PVC, SOLDAVEL, DN 40 MM, SERIE NORMAL, PARA ESGOTO PREDIAL","UN    ","CR",1.7]
[3875,"LUVA SIMPLES, PVC, SOLDAVEL, DN 50 MM, SERIE NORMAL, PARA ESGOTO PREDIAL","UN    ","CR",3.51]
[3898,"LUVA SIMPLES, PVC, SOLDAVEL, DN 75 MM, SERIE NORMAL, PARA ESGOTO PREDIAL","UN    ","CR",7.13]
[3855,"LUVA SOLDAVEL COM BUCHA DE LATAO, PVC, 20 MM X 1/2\"","UN    ","CR",5.38]
[3874,"LUVA SOLDAVEL COM BUCHA DE LATAO, PVC, 25 MM X 1/2\"","UN    ","CR",6.24]
[3870,"LUVA SOLDAVEL COM BUCHA DE LATAO, PVC, 25 MM X 3/4\"","UN    ","CR",6.85]
[38678,"LUVA SOLDAVEL COM BUCHA DE LATAO, PVC, 32 MM X 1\"","UN    ","CR",18.11]
[3859,"LUVA SOLDAVEL COM ROSCA, PVC, 20 MM X 1/2\", PARA AGUA FRIA PREDIAL","UN    ","CR",1.38]
[3856,"LUVA SOLDAVEL COM ROSCA, PVC, 25 MM X 1/2\", PARA AGUA FRIA PREDIAL","UN    ","CR",1.91]
[3906,"LUVA SOLDAVEL COM ROSCA, PVC, 25 MM X 3/4\", PARA AGUA FRIA PREDIAL","UN    ","CR",1.58]
[3860,"LUVA SOLDAVEL COM ROSCA, PVC, 32 MM X 1\", PARA AGUA FRIA PREDIAL","UN    ","CR",4.7]
[3905,"LUVA SOLDAVEL COM ROSCA, PVC, 40 MM X 1 1/4\", PARA AGUA FRIA PREDIAL","UN    ","CR",10.76]
[3871,"LUVA SOLDAVEL COM ROSCA, PVC, 50 MM X 1 1/2\", PARA AGUA FRIA PREDIAL","UN    ","CR",19.05]
[39292,"LUVA/UNIAO DE REDUCAO METALICA, PARA CONEXAO COM ANEL DESLIZANTE, DN 20 X 16 MM, EM TUBO PEX PARA INST. AGUA QUENTE/FRIA","UN    ","AS",7.58]
[39293,"LUVA/UNIAO DE REDUCAO METALICA, PARA CONEXAO COM ANEL DESLIZANTE, DN 25 X 16 MM, EM TUBO PEX PARA INST. AGUA QUENTE/FRIA","UN    ","AS",11.78]
[39294,"LUVA/UNIAO DE REDUCAO METALICA, PARA CONEXAO COM ANEL DESLIZANTE, DN 25 X 20 MM, EM TUBO PEX PARA INST. AGUA QUENTE/FRIA","UN    ","AS",12.59]
[39295,"LUVA/UNIAO DE REDUCAO METALICA, PARA CONEXAO COM ANEL DESLIZANTE, DN 32 X 25 MM, EM TUBO PEX PARA INST. AGUA QUENTE/FRIA","UN    ","AS",17.32]
[39312,"LUVA/UNIAO DE REDUCAO, PLASTICA, PARA CONEXAO COM CRIMPAGEM, DN 20 X 16 MM, EM TUBO PEX PARA INST. AGUA QUENTE/FRIA","UN    ","AS",11.62]
[39313,"LUVA/UNIAO DE REDUCAO, PLASTICA, PARA CONEXAO COM CRIMPAGEM, DN 25 X 16 MM, EM TUBO PEX PARA INST. AGUA QUENTE/FRIA","UN    ","AS",15.61]
[39314,"LUVA/UNIAO DE REDUCAO, PLASTICA, PARA CONEXAO COM CRIMPAGEM, DN 32 X 25 MM, EM TUBO PEX PARA INST. AGUA QUENTE/FRIA","UN    ","AS",22.97]
[39296,"LUVA/UNIAO METALICA, PARA CONEXAO COM ANEL DESLIZANTE, DN 16 MM, EM TUBO PEX PARA INST. AGUA QUENTE/FRIA","UN    ","AS",6.91]
[39297,"LUVA/UNIAO METALICA, PARA CONEXAO COM ANEL DESLIZANTE, DN 20 MM, EM TUBO PEX PARA INST. AGUA QUENTE/FRIA","UN    ","AS",9.3699999999999992]
[39298,"LUVA/UNIAO METALICA, PARA CONEXAO COM ANEL DESLIZANTE, DN 25 MM, EM TUBO PEX PARA INST. AGUA QUENTE/FRIA","UN    ","AS",17.989999999999998]
[39299,"LUVA/UNIAO METALICA, PARA CONEXAO COM ANEL DESLIZANTE, DN 32 MM, EM TUBO PEX PARA INST. AGUA QUENTE/FRIA","UN    ","AS",21.32]
[39308,"LUVA/UNIAO, PLASTICA, PARA CONEXAO COM CRIMPAGEM, DN 16 MM, EM TUBO PEX PARA INST. AGUA QUENTE/FRIA","UN    ","AS",5.76]
[39309,"LUVA/UNIAO, PLASTICA, PARA CONEXAO COM CRIMPAGEM, DN 20 MM, EM TUBO PEX PARA INST. AGUA QUENTE/FRIA","UN    ","AS",6.57]
[39310,"LUVA/UNIAO, PLASTICA, PARA CONEXAO COM CRIMPAGEM, DN 25 MM, EM TUBO PEX PARA INST. AGUA QUENTE/FRIA","UN    ","AS",12.27]
[39311,"LUVA/UNIAO, PLASTICA, PARA CONEXAO COM CRIMPAGEM, DN 32 MM, EM TUBO PEX PARA INST. AGUA QUENTE/FRIA","UN    ","AS",17.37]
[37429,"LUVA, PEAD PE 100,  DE 400 MM, PARA ELETROFUSAO","UN    ","AS",2794.13]
[37426,"LUVA, PEAD PE 100,  DE 63 MM, PARA ELETROFUSAO","UN    ","AS",26.88]
[37427,"LUVA, PEAD PE 100, DE 125 MM, PARA ELETROFUSAO","UN    ","AS",64.11]
[37424,"LUVA, PEAD PE 100, DE 20 MM, PARA ELETROFUSAO","UN    ","AS",12.35]
[37428,"LUVA, PEAD PE 100, DE 200 MM, PARA ELETROFUSAO","UN    ","AS",220.95]
[37425,"LUVA, PEAD PE 100, DE 32 MM, PARA ELETROFUSAO","UN    ","AS",13.31]
[11519,"MACANETA ALAVANCA RETA OCA, EM ZAMAC COM ACABAMENTO CROMADO, COMPRIMENTO APROX DE 15 CM","PAR   ","CR",64.36]
[11520,"MACANETA ALAVANCA, RETA SIMPLES / OCA, CROMADA, COMPRIMENTO DE 10 A 16 CM, ACABAMENTO PADRAO POPULAR - SOMENTE MACANETAS","PAR   ","CR",29.76]
[11518,"MACANETA BOLA, EM ZAMAC COM ACABAMENTO CROMADO, DIAMETRO DE APROX 2 1/2\"","PAR   ","CR",108.19]
[38473,"MACARICO DE SOLDA 201 PARA EXTENSAO GLP OU ACETILENO","UN    ","CR",105.87]
[4244,"MACARIQUEIRO (HORISTA)","H     ","CR",16.170000000000002]
[40977,"MACARIQUEIRO (MENSALISTA)","MES   ","CR",2806.82]
[4115,"MADEIRA ROLICA TRATADA, D = 12 A 15 CM, H = 3,00 M, EM EUCALIPTO OU EQUIVALENTE DA REGIAO","M     ","AS",24.21]
[4119,"MADEIRA ROLICA TRATADA, D = 16 A 20 CM, H = 6,00 M, EM EUCALIPTO OU EQUIVALENTE DA REGIAO","M     ","AS",48.9]
[2794,"MADEIRA ROLICA TRATADA, D = 25 A 29 CM, H = 6,50 M, EM EUCALIPTO OU EQUIVALENTE DA REGIAO","M     ","AS",129.72999999999999]
[2788,"MADEIRA ROLICA TRATADA, D = 30 A 34 CM, H = 6,50 M, EM EUCALIPTO OU EQUIVALENTE DA REGIAO","M     ","AS",188.99]
[4006,"MADEIRA SERRADA EM PINUS, MISTA OU EQUIVALENTE DA REGIAO - BRUTA","M3    ","CR",2136.58]
[36151,"MANGOTE DE SEGURANCA EM RASPA DE COURO","UN    ","CR",36]
[37457,"MANGUEIRA CRISTAL PARA NIVEL, LISA, PVC TRANSPARENTE, 3/8\" X1,5 MM","M     ","CR",2.69]
[37456,"MANGUEIRA CRISTAL PARA NIVEL, LISA, PVC TRANSPARENTE, 5/16\" X1 MM","M     ","CR",1.42]
[37461,"MANGUEIRA CRISTAL TRANCADA, PVC COM REFORCO, COM PRESSAO DE TRABALHO (PT) 250 LBS/POL2, DE 3/4\" X *2,8* MM","M     ","CR",9.99]
[37460,"MANGUEIRA CRISTAL TRANCADA, PVC COM REFORCO, PRESSAO DE TRABALHO (PT) 250 LBS/POL2, DE 1\" X *3,4* MM","M     ","CR",13.65]
[37458,"MANGUEIRA CRISTAL, LISA, PVC TRANSPARENTE, 1/2\" X 2 MM","M     ","C ",4]
[37454,"MANGUEIRA CRISTAL, LISA, PVC TRANSPARENTE, 1/4\" X1 MM","M     ","CR",1.05]
[37455,"MANGUEIRA CRISTAL, LISA, PVC TRANSPARENTE, 1/4\" X1,5 MM","M     ","CR",1.76]
[37459,"MANGUEIRA CRISTAL, LISA, PVC TRANSPARENTE, 3/4\" X 2 MM","M     ","CR",5.61]
[21029,"MANGUEIRA DE INCENDIO, TIPO 1, DE 1 1/2\", COMPRIMENTO = 15 M, TECIDO EM FIO DE POLIESTER E TUBO INTERNO EM BORRACHA SINTETICA, COM UNIOES ENGATE RAPIDO","UN    ","AS",345]
[21030,"MANGUEIRA DE INCENDIO, TIPO 1, DE 1 1/2\", COMPRIMENTO = 20 M, TECIDO EM FIO DE POLIESTER E TUBO INTERNO EM BORRACHA SINTETICA, COM UNIOES ENGATE RAPIDO","UN    ","AS",425.27]
[21031,"MANGUEIRA DE INCENDIO, TIPO 1, DE 1 1/2\", COMPRIMENTO = 25 M, TECIDO EM FIO DE POLIESTER E TUBO INTERNO EM BORRACHA SINTETICA, COM UNIOES ENGATE RAPIDO","UN    ","AS",529.45000000000005]
[21032,"MANGUEIRA DE INCENDIO, TIPO 1, DE 1 1/2\", COMPRIMENTO = 30 M, TECIDO EM FIO DE POLIESTER E TUBO INTERNO EM BORRACHA SINTETICA, COM UNIOES ENGATE RAPIDO","UN    ","AS",565.32000000000005]
[37527,"MANGUEIRA DE INCENDIO, TIPO 2, DE 1 1/2\", COMPRIMENTO = 15 M, TECIDO EM FIO DE POLIESTER E TUBO INTERNO EM BORRACHA SINTETICA, COM UNIOES ENGATE RAPIDO","UN    ","AS",510.66]
[37528,"MANGUEIRA DE INCENDIO, TIPO 2, DE 1 1/2\", COMPRIMENTO = 20 M, TECIDO EM FIO DE POLIESTER E TUBO INTERNO EM BORRACHA SINTETICA, COM UNIOES","UN    ","AS",608.87]
[37529,"MANGUEIRA DE INCENDIO, TIPO 2, DE 1 1/2\", COMPRIMENTO = 25 M, TECIDO EM FIO DE POLIESTER E TUBO INTERNO EM BORRACHA SINTETICA, COM UNIOES","UN    ","AS",614.85]
[37530,"MANGUEIRA DE INCENDIO, TIPO 2, DE 1 1/2\", COMPRIMENTO = 30 M, TECIDO EM FIO DE POLIESTER E TUBO INTERNO EM BORRACHA SINTETICA, COM UNIOES","UN    ","AS",802.72]
[21034,"MANGUEIRA DE INCENDIO, TIPO 2, DE 2 1/2\", COMPRIMENTO = 15 M, TECIDO EM FIO DE POLIESTER E TUBO INTERNO EM BORRACHA SINTETICA, COM UNIOES ENGATE RAPIDO","UN    ","AS",684.87]
[37531,"MANGUEIRA DE INCENDIO, TIPO 2, DE 2 1/2\", COMPRIMENTO = 20 M, TECIDO EM FIO DE POLIESTER E TUBO INTERNO EM BORRACHA SINTETICA, COM UNIOES","UN    ","AS",862.5]
[21036,"MANGUEIRA DE INCENDIO, TIPO 2, DE 2 1/2\", COMPRIMENTO = 25 M, TECIDO EM FIO DE POLIESTER E TUBO INTERNO EM BORRACHA SINTETICA, COM UNIOES ENGATE RAPIDO","UN    ","AS",1048.6600000000001]
[21037,"MANGUEIRA DE INCENDIO, TIPO 2, DE 2 1/2\", COMPRIMENTO = 30 M, TECIDO EM FIO DE POLIESTER E TUBO INTERNO EM BORRACHA SINTETICA, COM UNIOES ENGATE RAPIDO","UN    ","AS",1195.54]
[20185,"MANGUEIRA DE PVC FLEXIVEL,TIPO FLAT/ACHATADA, COR LARANJA, D = 1 1/2\" (40 MM), PARA CONDUCAO DE AGUA, SERVICOS LEVES E MEDIOS","M     ","CR",16.239999999999998]
[20260,"MANGUEIRA PARA GAS - GLP, PVC, TRANCADA, DIAMETRO DE 3/8\", COMPRIMENTO DE 1M (NORMATIZADA)","UN    ","CR",13.06]
[37523,"MANIPULADOR TELESCOPICO, POTENCIA DE 101 HP, CAPACIDADE DE CARGA DE 3.500 KG, ALTURA MAXIMA DE ELEVACAO DE 12 M","UN    ","AS",579269.27]
[37515,"MANIPULADOR TELESCOPICO, POTENCIA DE 85 HP, CAPACIDADE DE CARGA DE 3.500 KG, ALTURA MAXIMA DE ELEVACAO DE 12,3 M","UN    ","AS",515000]
[12899,"MANOMETRO COM CAIXA EM ACO PINTADO, ESCALA *10* KGF/CM2 (*10* BAR), DIAMETRO NOMINAL DE *63* MM, CONEXAO DE 1/4\"","UN    ","AS",114.55]
[12898,"MANOMETRO COM CAIXA EM ACO PINTADO, ESCALA *10* KGF/CM2 (*10* BAR), DIAMETRO NOMINAL DE 100 MM, CONEXAO DE 1/2\"","UN    ","AS",181.71]
[39699,"MANTA / LENCOL DE BORRACHA, SBR, ANTIRRUIDO, E = 5 MM","M2    ","CR",19.260000000000002]
[42528,"MANTA ALUMINIZADA NAS DUAS FACES, PARA SUBCOBERTURA,  E = *2* MM","M2    ","CR",7.92]
[39696,"MANTA ALUMINIZADA 1 FACE PARA SUBCOBERTURA, E = *1* MM","M2    ","C ",5.57]
[39700,"MANTA ANTIRRUIDO DE POLIESTER (PET) PARA CONTRAPISO E = *8* MM","M2    ","CR",58.83]
[11621,"MANTA ASFALTICA ELASTOMERICA EM POLIESTER ALUMINIZADA 3 MM, TIPO III, CLASSE B (NBR 9952)","M2    ","CR",117.05]
[4014,"MANTA ASFALTICA ELASTOMERICA EM POLIESTER 3 MM, TIPO III, CLASSE B, ACABAMENTO PP (NBR 9952)","M2    ","CR",121.11]
[4015,"MANTA ASFALTICA ELASTOMERICA EM POLIESTER 4 MM, TIPO III, CLASSE B, ACABAMENTO PP (NBR 9952)","M2    ","CR",148.72]
[4017,"MANTA ASFALTICA ELASTOMERICA EM POLIESTER 5 MM, TIPO III, CLASSE B, ACABAMENTO PP (NBR 9952)","M2    ","CR",216.4]
[4016,"MANTA ASFALTICA ELASTOMERICA TIPO GLASS 3 MM, TIPO II, CLASSE C, ACABAMENTO PP (NBR 9952)","M2    ","C ",85.47]
[38544,"MANTA DE POLIETILENO EXPANDIDO (PEBD) ANTICHAMAS, E = 8 MM","M2    ","CR",21.93]
[38545,"MANTA DE POLIETILENO EXPANDIDO (PEBD), E = 5 MM","M2    ","CR",14.1]
[42527,"MANTA DE POLIETILENO EXPANDIDO, COM 1 FACE METALIZADA PARA SUBCOBERTURA,  E = *5* MM","M2    ","CR",20.93]
[39323,"MANTA GEOTEXTIL TECIDO DE LAMINETES DE POLIPROPILENO, RESISTENCIA A TRACAO = *25* KN/M","M2    ","CR",53.77]
[626,"MANTA LIQUIDA DE BASE ASFALTICA MODIFICADA COM A ADICAO DE ELASTOMEROS DILUIDOS EM SOLVENTE ORGANICO, APLICACAO A FRIO (MEMBRANA IMPERMEABILIZANTE ASFASTICA)","KG    ","C ",40.83]
[44504,"MANTA TERMOPLASTICA, PEAD, GEOMEMBRANA LISA, E = 0,50 MM  ( NBR 15352)","M2    ","AS",14.1]
[44505,"MANTA TERMOPLASTICA, PEAD, GEOMEMBRANA LISA, E = 0,75 MM (NBR 15352)","M2    ","AS",21.28]
[44506,"MANTA TERMOPLASTICA, PEAD, GEOMEMBRANA LISA, E = 0,80 MM (NBR 15352)","M2    ","AS",22.58]
[44507,"MANTA TERMOPLASTICA, PEAD, GEOMEMBRANA LISA, E = 1,00 MM (NBR 15352)","M2    ","AS",28.23]
[44508,"MANTA TERMOPLASTICA, PEAD, GEOMEMBRANA LISA, E = 1,50 MM (NBR 15352)","M2    ","AS",42.34]
[44509,"MANTA TERMOPLASTICA, PEAD, GEOMEMBRANA LISA, E = 2,00 MM (NBR 15352)","M2    ","AS",56.71]
[44510,"MANTA TERMOPLASTICA, PEAD, GEOMEMBRANA LISA, E = 2,50 MM (NBR 15352)","M2    ","AS",70.430000000000007]
[44512,"MANTA TERMOPLASTICA, PEAD, GEOMEMBRANA TEXTURIZADA EM AMBAS AS FACES, E = 0,50 MM ( NBR 15352)","M2    ","AS",15.72]
[44513,"MANTA TERMOPLASTICA, PEAD, GEOMEMBRANA TEXTURIZADA EM AMBAS AS FACES, E = 0,75 MM ( NBR 15352)","M2    ","AS",22.19]
[44514,"MANTA TERMOPLASTICA, PEAD, GEOMEMBRANA TEXTURIZADA EM AMBAS AS FACES, E = 0,80 MM ( NBR 15352)","M2    ","AS",25.15]
[44515,"MANTA TERMOPLASTICA, PEAD, GEOMEMBRANA TEXTURIZADA EM AMBAS AS FACES, E = 1,00 MM ( NBR 15352)","M2    ","AS",30.88]
[44511,"MANTA TERMOPLASTICA, PEAD, GEOMEMBRANA TEXTURIZADA EM AMBAS AS FACES, E = 1,50 MM ( NBR 15352)","M2    ","AS",45.72]
[44516,"MANTA TERMOPLASTICA, PEAD, GEOMEMBRANA TEXTURIZADA EM AMBAS AS FACES, E = 2,00 MM ( NBR 15352)","M2    ","AS",61.78]
[44517,"MANTA TERMOPLASTICA, PEAD, GEOMEMBRANA TEXTURIZADA EM AMBAS AS FACES, E = 2,50 MM ( NBR 15352)","M2    ","AS",77.06]
[11479,"MAQUINA DE 40 MM PARA FECHADURA DE EMBUTIR EXTERNA, EM ACO INOX","UN    ","CR",45.19]
[11481,"MAQUINA DE 40 MM PARA FECHADURA, PARA PORTA DE BANHEIRO, EM ACO INOX","UN    ","CR",40.880000000000003]
[43609,"MAQUINA DE 40 MM PARA FECHADURA, PARA PORTA INTERNA, EM ACO INOX","UN    ","CR",40.880000000000003]
[11478,"MAQUINA DE 55 MM PARA FECHADURA DE EMBUTIR EXTERNA, EM ACO INOX","UN    ","CR",77.540000000000006]
[43608,"MAQUINA DE 55 MM PARA FECHADURA, PARA PORTA DE BANHEIRO, EM ACO INOX","UN    ","CR",59.17]
[11476,"MAQUINA DE 55 MM PARA FECHADURA, PARA PORTA INTERNA, EM ACO INOX","UN    ","CR",59.17]
[40637,"MAQUINA DEMARCADORA DE FAIXA DE TRAFEGO A FRIO, AUTOPROPELIDA, MOTOR DIESEL 38 HP","UN    ","AS",793072.01]
[13836,"MAQUINA EXTRUSORA DE CONCRETO PARA GUIAS E SARJETAS, COM MOTOR A DIESEL DE 14 CV","UN    ","AS",68434.17]
[14534,"MAQUINA MANUAL TIPO PRENSA PARA PRODUCAO DE BLOCOS E PAVIMENTOS DE CONCRETO, COM MOTOR ELETRICO TRIFASICO PARA VIBRACAO, POTENCIA TOTAL INSTALADA DE 1,5 KW","UN    ","AS",28648.36]
[14619,"MAQUINA PARA CORTE COM DISCO ABRASIVO DE DIAMETRO DE 18'' (450 MM), COM MOTOR ELETRICO TRIFASICO DE 10 CV","UN    ","CR",16387.95]
[14535,"MAQUINA TIPO PRENSA HIDRAULICA, PARA FABRICACAO DE TUBOS DE CONCRETO PARA AGUAS PLUVIAIS, DN 200 A DN 600 MM X 1000 MM DE COMPRIMENTO, COM MOTOR PRINCIPAL DE 20 CV","UN    ","AS",284337.68]
[39813,"MAQUINA TIPO VASO/TANQUE/JATO DE PRESSAO PORTATIL P/ JATEAMENTO, CONTROLE AUTOMATICO E REMOTO, CAMARA DE 1 SAIDA, 280 L, DIAM. *670* MM, BICO JATO CURTO VENTURI 5/16\", MANGUEIRA 1\" DE 10 M, COMPLETA (VALVULAS POP UP E DOSADORA, FUNDO CONICO ETC)","UN    ","AS",36836.910000000003]
[40403,"MAQUINA TRANSFORMADORA MONOFASICA PARA SOLDA ELETRICA, TENSAO DE 220 V, FREQUENCIA DE 60 HZ, FAIXA DE CORRENTE ENTRE 80 A (+/- 10 A) E 250 A, POTENCIA ENTRE 14,00 KVA E 15,0 KVA, CICLO DE TRABALHO ENTRE 10% E 20% A 250 A","UN    ","CR",728.39]
[12868,"MARCENEIRO (HORISTA)","H     ","CR",15.38]
[40916,"MARCENEIRO (MENSALISTA)","MES   ","CR",2668.48]
[4755,"MARMORISTA / GRANITEIRO (HORISTA)","H     ","CR",17.63]
[41067,"MARMORISTA / GRANITEIRO (MENSALISTA)","MES   ","CR",3060.25]
[38463,"MARTELO DE SOLDADOR/PICADOR DE SOLDA","UN    ","CR",25.72]
[40703,"MARTELO DEMOLIDOR ELETRICO, COM POTENCIA DE 2.000 W, FREQUENCIA DE 1.000 IMPACTOS POR MINUTO, FORÇA DE IMPACTO ENTRE 60 E 65 J, PESO DE 30 KG","UN    ","AS",9336.18]
[14531,"MARTELO DEMOLIDOR PNEUMATICO MANUAL, COM REDUCAO DE VIBRACAO, PESO DE 21 KG","UN    ","AS",17406.16]
[36533,"MARTELO DEMOLIDOR PNEUMATICO MANUAL, COM REDUCAO DE VIBRACAO, PESO DE 31,5 KG","UN    ","AS",20030.04]
[11616,"MARTELO DEMOLIDOR PNEUMATICO MANUAL, PADRAO, PESO DE 32 KG","UN    ","AS",18918.07]
[41898,"MARTELO DEMOLIDOR PNEUMATICO MANUAL, PESO  DE 28 KG, COM SILENCIADOR","UN    ","AS",21285.4]
[13447,"MARTELO PERFURADOR PNEUMATICO MANUAL, DE SUPERFICIE, COM AVANCO DE COLUNA, PESO DE 22 KG","UN    ","AS",39166.6]
[14529,"MARTELO PERFURADOR PNEUMATICO MANUAL, HASTE 25 X 75 MM, 21 KG","UN    ","AS",21904.89]
[10747,"MARTELO PERFURADOR PNEUMATICO MANUAL, PESO DE 25 KG, COM SILENCIADOR","UN    ","AS",21492.04]
[36141,"MASCARA DE SEGURANCA PARA SOLDA COM ESCUDO DE CELERON E CARNEIRA DE PLASTICO COM REGULAGEM","UN    ","CR",48.6]
[43651,"MASSA ACRILICA PARA SUPERFICIES INTERNAS E EXTERNAS","KG    ","CR",4.24]
[43626,"MASSA CORRIDA PARA SUPERFICIES DE AMBIENTES INTERNOS","KG    ","C ",2.36]
[39434,"MASSA DE REJUNTE EM PO PARA DRYWALL, A BASE DE GESSO, SECAGEM RAPIDA, PARA TRATAMENTO DE JUNTAS DE CHAPA DE GESSO (NECESSITA ADICAO DE AGUA)","KG    ","CR",3.73]
[39433,"MASSA DE REJUNTE PRONTA PARA TRATAMENTO DE JUNTAS DE CHAPA DE GESSO PARA DRYWALL, SEM ADICAO DE AGUA","KG    ","CR",2.96]
[4049,"MASSA EPOXI BICOMPONENTE (MASSA + CATALIZADOR)","L     ","CR",47.36]
[38120,"MASSA EPOXI BICOMPONENTE PARA REPAROS","KG    ","CR",290.57]
[43652,"MASSA PARA MADEIRA - INTERIOR E EXTERIOR","KG    ","CR",9.51]
[10498,"MASSA PARA VIDRO","KG    ","CR",19.03]
[4823,"MASSA PLASTICA PARA MARMORE/GRANITO","KG    ","CR",50.96]
[38877,"MASSA PREMIUM PARA TEXTURA LISA DE BASE ACRILICA, USO INTERNO E EXTERNO","KG    ","CR",4.1900000000000004]
[34546,"MASSA PREMIUM PARA TEXTURA RUSTICA DE BASE ACRILICA, COR BRANCA, USO INTERNO E EXTERNO","KG    ","CR",4.3099999999999996]
[41387,"MASTRO SIMPLES GALVANIZADO DIAMETRO NOMINAL 1 1/2\"","M     ","AS",50.82]
[41388,"MASTRO SIMPLES GALVANIZADO DIAMETRO NOMINAL 2\"","M     ","AS",60.97]
[41380,"MASTRO TELESCOPICO DE 4 METROS (3 M X DN= 2\" + 1 M X DN= 1 1/2\")","UN    ","AS",405.68]
[41381,"MASTRO TELESCOPICO GALVANIZADO 5 METROS (3 M X DN= 2\" + 2 M X DN= 1 1/2\")","UN    ","AS",425]
[41382,"MASTRO TELESCOPICO GALVANIZADO 6 METROS (3 M X DN= 2\" + 3 M X DN= 1Â½\")","UN    ","AS",411.37]
[41383,"MASTRO TELESCOPICO GALVANIZADO 7 METROS (6 M X DN= 2\" + 1 M X DN= 1 1/2\")","UN    ","AS",558.36]
[41385,"MASTRO TELESCOPICO GALVANIZADO 9 METROS (6 M X DN= 2\" + 3 M X DN= 1 1/2\")","UN    ","AS",694.8]
[11079,"MATERIAL FILTRANTE (PEDREGULHO) 0,6 A 25,46 MM (POSTO PEDREIRA/FORNECEDOR, SEM FRETE)","M3    ","CR",5594.19]
[11082,"MATERIAL FILTRANTE (PEDREGULHO) 38 A 25,4 MM (POSTO PEDREIRA/FORNECEDOR, SEM FRETE)","M3    ","CR",5594.19]
[4058,"MECANICO DE EQUIPAMENTOS PESADOS","H     ","CR",18.8]
[40974,"MECANICO DE EQUIPAMENTOS PESADOS (MENSALISTA)","MES   ","CR",3263.07]
[34794,"MECANICO DE REFRIGERACAO (HORISTA)","H     ","CR",15.95]
[40925,"MECANICO DE REFRIGERACAO (MENSALISTA)","MES   ","CR",2770]
[13741,"MEDIDOR DE NIVEL ESTATICO E DINAMICO PARA POCO, COMPRIMENTO DE 200 M","UN    ","CR",2692.46]
[3288,"MEIA CANA DE MADEIRA CEDRINHO OU EQUIVALENTE DA REGIAO, ACABAMENTO PARA FORRO PAULISTA, *2,5 X 2,5* CM","M     ","AS",6.5]
[13587,"MEIA CANA DE MADEIRA PINUS OU EQUIVALENTE DA REGIAO, ACABAMENTO PARA FORRO PAULISTA, *2,5 X 2,5* CM","M     ","AS",3.92]
[38598,"MEIA CANALETA DE CONCRETO ESTRUTURAL 14 X 19 X 19 CM, FBK 14 MPA (NBR 6136)","UN    ","CR",3.52]
[38595,"MEIA CANALETA DE CONCRETO ESTRUTURAL 14 X 19 X 19 CM, FBK 4,5 MPA (NBR 6136)","UN    ","CR",2.98]
[38592,"MEIO BLOCO DE CONCRETO ESTRUTURAL 14 X 19 X 14 CM, FBK 14 MPA (NBR 6136)","UN    ","CR",3.01]
[38588,"MEIO BLOCO DE CONCRETO ESTRUTURAL 14 X 19 X 14 CM, FBK 4,5 MPA (NBR 6136)","UN    ","CR",2.41]
[38593,"MEIO BLOCO DE CONCRETO ESTRUTURAL 14 X 19 X 19 CM, FBK 14 MPA (NBR 6136)","UN    ","CR",3.33]
[38589,"MEIO BLOCO DE CONCRETO ESTRUTURAL 14 X 19 X 19 CM, FBK 4,5 MPA (NBR 6136)","UN    ","CR",2.5299999999999998]
[38594,"MEIO BLOCO DE CONCRETO ESTRUTURAL 14 X 19 X 34 CM, FBK 14 MPA (NBR 6136)","UN    ","CR",5.25]
[34773,"MEIO BLOCO DE VEDACAO DE CONCRETO APARENTE 14 X 19 X 19 CM  (CLASSE C - NBR 6136)","UN    ","CR",2.48]
[34769,"MEIO BLOCO DE VEDACAO DE CONCRETO APARENTE 19 X 19 X 19 CM (CLASSE C - NBR 6136)","UN    ","CR",3.07]
[34763,"MEIO BLOCO DE VEDACAO DE CONCRETO APARENTE 9  X 19 X 19 CM (CLASSE C - NBR 6136)","UN    ","CR",1.89]
[34774,"MEIO BLOCO DE VEDACAO DE CONCRETO 14 X 19 X 19 CM (CLASSE C - NBR 6136)","UN    ","CR",2.36]
[34771,"MEIO BLOCO DE VEDACAO DE CONCRETO 19 X 19 X 19 CM (CLASSE C - NBR 6136)","UN    ","CR",2.84]
[34764,"MEIO BLOCO DE VEDACAO DE CONCRETO 9 X 19 X 19 CM (CLASSE C - NBR 6136)","UN    ","CR",1.86]
[34788,"MEIO BLOCO ESTRUTURAL CERAMICO 14 X 19 X 14 CM, 6,0 MPA (NBR 15270)","UN    ","CR",1.72]
[34781,"MEIO BLOCO ESTRUTURAL CERAMICO 14 X 19 X 19 CM, 6,0 MPA (NBR 15270)","UN    ","CR",1.95]
[41682,"MEIO-FIO OU GUIA DE CONCRETO PRE MOLDADO, COMP 1 M, *30 X 10/12* CM (H X L1/L2)","UN    ","CR",43.42]
[41683,"MEIO-FIO OU GUIA DE CONCRETO PRE MOLDADO, COMP 80 CM, *30 X 10/10* (H X L1/L2)","UN    ","CR",31.95]
[41680,"MEIO-FIO OU GUIA DE CONCRETO PRE-MOLDADO, COMP *39* CM, *19 X 6,5/6,5* CM (H X L1/L2)","UN    ","CR",17.2]
[41679,"MEIO-FIO OU GUIA DE CONCRETO PRE-MOLDADO, COMP 1 M, *20 X 12/15* CM (H X L1/L2)","UN    ","CR",39.32]
[41681,"MEIO-FIO OU GUIA DE CONCRETO PRE-MOLDADO, COMP 80 CM, *25 X 08/08* CM (H X L1/L2)","UN    ","CR",26.91]
[43386,"MEIO-FIO OU GUIA DE CONCRETO PRE-MOLDADO, TIPO CHAPEU PARA BOCA DE LOBO,  DIMENSOES *1,20* X 0,15 X 0,30 M","UN    ","CR",61.44]
[4059,"MEIO-FIO OU GUIA DE CONCRETO, PRE-MOLDADO, COMP 1 M, *30 X 12/15* CM (H X L1/L2)","M     ","CR",43.42]
[4062,"MEIO-FIO OU GUIA DE CONCRETO, PRE-MOLDADO, COMP 1 M, *30 X 15* CM (H X L)","UN    ","CR",43.42]
[4061,"MEIO-FIO OU GUIA DE CONCRETO, PRE-MOLDADO, COMP 80 CM, *45 X 12/18* CM (H X L1/L2)","UN    ","CR",54.07]
[41315,"MEMBRANA IMPERMEABILIZANTE A BASE DE POLIUREIA, BICOMPONENTE, APLICACAO A FRIO","KG    ","CR",163.96]
[43148,"MEMBRANA IMPERMEABILIZANTE A BASE DE POLIURETANO","KG    ","CR",111.3]
[43147,"MEMBRANA IMPERMEABILIZANTE ACRILICA MONOCOMPONENTE","KG    ","CR",43.11]
[10608,"MESA VIBRATORIA COM DIMENSOES DE 2,0 X 1,0 M, COM MOTOR ELETRICO DE 2 POLOS E POTENCIA DE 3 CV","UN    ","AS",9789.7999999999993]
[4069,"MESTRE DE OBRAS (HORISTA)","H     ","CR",30.34]
[40819,"MESTRE DE OBRAS (MENSALISTA)","MES   ","CR",5262.29]
[34361,"METACAULIM DE ALTA REATIVIDADE/CAULIM CALCINADO","KG    ","CR",31.38]
[36512,"MICRO-TRATOR CORTADOR DE GRAMA COM LARGURA DO CORTE DE 107 CM, COM  2 LAMINAS E DESCARTE LATERAL","UN    ","AS",20394.650000000001]
[44478,"MICROESFERAS DE VIDRO PARA SINALIZACAO HORIZONTAL VIARIA, TIPO I-B (PREMIX) - NBR  16184","KG    ","CR",24.91]
[44477,"MICROESFERAS DE VIDRO PARA SINALIZACAO HORIZONTAL VIARIA, TIPO II-A (DROP-ON) - NBR  16184","KG    ","CR",24.91]
[11697,"MICTORIO COLETIVO ACO INOX (AISI 304), E = 0,8 MM, DE *100 X 40 X 30* CM (C X A X P)","UN    ","CR",940.94]
[11698,"MICTORIO COLETIVO ACO INOX (AISI 304), E = 0,8 MM, DE *100 X 50 X 35* CM (C X A X P)","UN    ","CR",1122.49]
[11699,"MICTORIO INDIVIDUAL ACO INOX (AISI 304), E = 0,8 MM, DE *50  X 45  X 35* (C X A X P)","UN    ","CR",1240.6099999999999]
[10432,"MICTORIO INDIVIDUAL, SIFONADO, DE LOUCA BRANCA, SEM COMPLEMENTOS","UN    ","CR",338.9]
[44020,"MICTORIO INDIVIDUAL, SIFONADO, VALVULA EMBUTIDA, DE LOUCA BRANCA, SEM COMPLEMENTOS - PADRAO ALTO","UN    ","CR",836.1]
[41420,"MINICAPTOR, EM ACO GALVANIZADO A FOGO, FIXACAO COM ROSCA SOBERBA OU MECANICA, H=600 MM X DN=10 MM","UN    ","AS",10.34]
[41422,"MINICAPTOR, EM ACO GALVANIZADO A FOGO, FIXACAO HORIZONTAL COM BANDEIRA A 20 CM, H=600 MM E X DN=10 MM","UN    ","AS",14.12]
[41425,"MINICAPTOR, EM ACO GALVANIZADO A FOGO, FIXACAO HORIZONTAL DE 1 FUROS, SEM BANDEIRA, H=300 MM X DN=10 MM","UN    ","AS",7.23]
[41426,"MINICAPTOR, EM ACO GALVANIZADO A FOGO, FIXACAO HORIZONTAL DE 2 FUROS, SEM BANDEIRA, H=600 MM X DN=10 MM","UN    ","AS",13.03]
[41419,"MINICAPTOR, EM ACO GALVANIZADO A FOGO,Â  FIXACAO COM ROSCA SOBERBA OU MECANICA, H=300 MM X DN=10 MM","UN    ","AS",7.6]
[41421,"MINICAPTOR, EM ACO GALVANIZADO A FOGO,Â  FIXACAO HORIZONTAL COM BANDEIRA A 20 CM, H=300 MM E X DN=10 MM","UN    ","AS",10.32]
[41414,"MINICAPTORES DE INSERCAO, EM ACO GALVANIZADO A FOGO, H=300 MM X DN=10 MM","UN    ","AS",23.92]
[41415,"MINICAPTORES DE INSERCAO, EM ACO GALVANIZADO A FOGO, H=600,MM X DN=10,MM","UN    ","AS",27.86]
[37514,"MINICARREGADEIRA SOBRE RODAS, POTENCIA LIQUIDA DE *47* HP, CAPACIDADE NOMINAL DE OPERACAO DE *646* KG","UN    ","AS",320000]
[37519,"MINICARREGADEIRA SOBRE RODAS, POTENCIA LIQUIDA DE *72* HP, CAPACIDADE NOMINAL DE OPERACAO DE *1200* KG","UN    ","AS",493853.88]
[37520,"MINIESCAVADEIRA SOBRE ESTEIRAS, POTENCIA LIQUIDA DE *30* HP, PESO OPERACIONAL DE *3.500* KG","UN    ","AS",485757.92]
[37521,"MINIESCAVADEIRA SOBRE ESTEIRAS, POTENCIA LIQUIDA DE *42* HP, PESO OPERACIONAL DE *4.500* KG","UN    ","AS",592624.67000000004]
[37522,"MINIESCAVADEIRA SOBRE ESTEIRAS, POTENCIA LIQUIDA DE *42* HP, PESO OPERACIONAL DE *5.300* KG","UN    ","AS",610454.24]
[21109,"MINUTERIA ELETRONICA COLETIVA COM POTENCIA MAXIMA RESISTIVA PARA LAMPADAS FLUORESCENTES DE *300* W ( 110 V ) / *600* W ( 110 V )","UN    ","AS",71.48]
[37546,"MISTURADOR DE ARGAMASSA, EIXO HORIZONTAL, CAPACIDADE DE MISTURA 160 KG, MOTOR ELETRICO TRIFASICO 220/380 V, POTENCIA 3 CV","UN    ","CR",13629.97]
[37544,"MISTURADOR DE ARGAMASSA, EIXO HORIZONTAL, CAPACIDADE DE MISTURA 300 KG, MOTOR ELETRICO TRIFASICO 220/380 V, POTENCIA 5 CV","UN    ","CR",14415.99]
[37545,"MISTURADOR DE ARGAMASSA, EIXO HORIZONTAL, CAPACIDADE DE MISTURA 600 KG, MOTOR ELETRICO TRIFASICO 220/380 V, POTENCIA 7,5 CV","UN    ","CR",17153.09]
[36793,"MISTURADOR DE METAL CROMADO DE PAREDE PARA LAVATORIO (REF 1878)","UN    ","CR",1362.36]
[11769,"MISTURADOR DE METAL CROMADO, DE MESA/BANCADA, COM BICA BAIXA, PARA LAVATORIO (REF 1875)","UN    ","CR",602.05999999999995]
[11771,"MISTURADOR DE PAREDE, DE METAL CROMADO, PARA COZINHA, BICA ALTA MOVEL, COM AREJADOR ARTICULADO (REF 1258)","UN    ","CR",737.45]
[39919,"MISTURADOR DUPLO HORIZONTAL DE ALTA TURBULENCIA, CAPACIDADE / VOLUME 2 X 500 LITROS, MOTORES ELETRICOS MINIMO 5 CV CADA,  PARA NATA CIMENTO, ARGAMASSA E OUTROS","UN    ","CR",68225.55]
[38385,"MISTURADOR MANUAL DE TINTAS PARA FURADEIRA, HASTE METALICA *60* CM, COM HELICE  (MEXEDOR DE TINTA)","UN    ","CR",50.04]
[36800,"MISTURADOR METALICO, BASE PARA CHUVEIRO/BANHEIRA, 1/2 \" OU 3/4 \", SOLDAVEL OU ROSCAVEL (NAO INCLUI ACABAMENTOS)","UN    ","CR",361.76]
[37587,"MISTURADOR MONOCOMANDO PARA CHUVEIRO, BASE BRUTA, METALICO COM ACABAMENTO CROMADO","UN    ","CR",794.8]
[11561,"MOLA HIDRAULICA AEREA, PARA PORTAS DE ATE 1.100 MM E PESO DE ATE 85 KG, COM CORPO EM ALUMINIO E BRACO EM ACO, SEM BRACO DE PARADA","UN    ","CR",244.33]
[43604,"MOLA HIDRAULICA AEREA, PARA PORTAS DE ATE 850 MM E PESO DE ATE 50 KG, COM CORPO EM ALUMINIO E BRACO EM ACO, SEM BRACO DE PARADA","UN    ","CR",130.25]
[11560,"MOLA HIDRAULICA AEREA, PARA PORTAS DE ATE 950 MM E PESO DE ATE 65 KG, COM CORPO EM ALUMINIO E BRACO EM ACO, SEM BRACO DE PARADA","UN    ","CR",188.58]
[11499,"MOLA HIDRAULICA DE PISO, PARA PORTAS DE ATE 1100 MM E PESO DE ATE 120 KG, COM CORPO EM ACO INOX","UN    ","CR",1068.21]
[34761,"MONTADOR DE ELETROELETRONICOS (HORISTA)","H     ","CR",15.36]
[40924,"MONTADOR DE ELETROELETRONICOS (MENSALISTA)","MES   ","CR",2666.31]
[40983,"MONTADOR DE ESTRUTURAS METALICAS (MENSALISTA)","MES   ","CR",2106.54]
[44497,"MONTADOR DE ESTRUTURAS METALICAS HORISTA","H     ","CR",12.13]
[2437,"MONTADOR DE MAQUINAS (HORISTA)","H     ","CR",19.350000000000001]
[40921,"MONTADOR DE MAQUINAS (MENSALISTA)","MES   ","CR",3357.51]
[14252,"MOTOBOMBA AUTOESCORVANTE MOTOR A GASOLINA, POTENCIA 6,0HP, BOCAIS 3\" X 3\", HM/Q = 5 MCA / 24 M3/H A 52,5 MCA / 5,0 M3/H","UN    ","CR",3658.61]
[730,"MOTOBOMBA AUTOESCORVANTE MOTOR ELETRICO TRIFASICO 7,4HP BOCA DIAMETRO DE SUCCAO X RECLAQUE: 2\"X2\", HM/ Q = 10 M / 73,5 M3/H A 28 M / 8,2 M3 /H","UN    ","CR",9775.1299999999992]
[723,"MOTOBOMBA AUTOESCORVANTE POTENCIA 5,42 HP, BOCAIS SUCCAO X RECALQUE 2\" X 2\", A GASOLINA, DIAMETRO DO ROTOR 122 MM HM/Q = 6 MCA / 33,0 M3/H A 28 MCA / 8,0 M3/H","UN    ","CR",4858.58]
[36502,"MOTOBOMBA CENTRIFUGA, MOTOR A GASOLINA, POTENCIA 5,42 HP, BOCAIS 1 1/2\" X 1\", DIAMETRO ROTOR 143 MM HM/Q = 6 MCA / 16,8 M3/H A 38 MCA / 6,6 M3/H","UN    ","CR",4566.49]
[36503,"MOTOBOMBA TRASH (PARA AGUA SUJA) AUTO ESCORVANTE, MOTOR GASOLINA DE 6,41 HP, DIAMETROS DE SUCCAO X RECALQUE: 3\" X 3\", HM/Q: 10/60 A 23/0","UN    ","CR",5631.02]
[4090,"MOTONIVELADORA POTENCIA BASICA LIQUIDA (PRIMEIRA MARCHA) 125 HP , PESO BRUTO 13843 KG, LARGURA DA LAMINA DE 3,7 M","UN    ","C ",1383500]
[13227,"MOTONIVELADORA POTENCIA BASICA LIQUIDA (PRIMEIRA MARCHA) 171 HP, PESO BRUTO 14768 KG, LARGURA DA LAMINA DE 3,7 M","UN    ","CR",1719171.27]
[10597,"MOTONIVELADORA POTENCIA BASICA LIQUIDA (PRIMEIRA MARCHA) 186 HP, PESO BRUTO 15785 KG, LARGURA DA LAMINA DE 4,3 M","UN    ","CR",1809649.54]
[39628,"MOTOR A DIESEL PARA VIBRADOR DE IMERSAO, DE *4,7* CV","UN    ","AS",4176.5]
[39404,"MOTOR A GASOLINA PARA VIBRADOR DE IMERSAO, 4 TEMPOS, DE 5,5 CV","UN    ","AS",2070.9899999999998]
[39402,"MOTOR ELETRICO PARA VIBRADOR DE IMERSAO, DE 2 CV, MONOFASICO, 110/220 V","UN    ","AS",1706.1]
[39403,"MOTOR ELETRICO PARA VIBRADOR DE IMERSAO, DE 2 CV, TRIFASICO, 220/380 V","UN    ","AS",1668.99]
[4093,"MOTORISTA DE CAMINHAO (HORISTA)","H     ","C ",16.600000000000001]
[10512,"MOTORISTA DE CAMINHAO (MENSALISTA)","MES   ","CR",2879.28]
[20020,"MOTORISTA DE CAMINHAO-BASCULANTE (HORISTA)","H     ","CR",17.239999999999998]
[41038,"MOTORISTA DE CAMINHAO-BASCULANTE (MENSALISTA)","MES   ","CR",2992.14]
[4094,"MOTORISTA DE CAMINHAO-CARRETA (HORISTA)","H     ","CR",20.64]
[40988,"MOTORISTA DE CAMINHAO-CARRETA (MENSALISTA)","MES   ","CR",3581.31]
[4095,"MOTORISTA DE CARRO DE PASSEIO (HORISTA)","H     ","CR",13.48]
[40990,"MOTORISTA DE CARRO DE PASSEIO (MENSALISTA)","MES   ","CR",2339.6799999999998]
[4097,"MOTORISTA DE ONIBUS / MICRO-ONIBUS (HORISTA)","H     ","CR",15.47]
[40994,"MOTORISTA DE ONIBUS / MICRO-ONIBUS (MENSALISTA)","MES   ","CR",2684.37]
[4096,"MOTORISTA OPERADOR DE CAMINHAO COM MUNCK (HORISTA)","H     ","CR",18.61]
[40992,"MOTORISTA OPERADOR DE CAMINHAO COM MUNCK (MENSALISTA)","MES   ","CR",3228.74]
[4114,"MOURAO CONCRETO CURVO, SECAO \"T\", H = 2,80 M + CURVA COM 0,45 M, COM FUROS PARA FIOS","UN    ","CR",99.54]
[36797,"MOURAO DE CONCRETO CURVO, *10 X 10* CM, H= *2,60* M + CURVA DE 0,40 M","UN    ","CR",88.62]
[4107,"MOURAO DE CONCRETO RETO, SECAO QUADARA *10 X 10* CM, H= *2,30* M","UN    ","CR",83.56]
[4102,"MOURAO DE CONCRETO RETO, SECAO QUADRADA, *10 X 10* CM, H= 3,00 M","UN    ","C ",102]
[36799,"MOURAO DE CONCRETO RETO, TIPO ESTICADOR, *10 X 10* CM, H= 2,50 M","UN    ","CR",86.02]
[2747,"MOURAO ROLICO DE MADEIRA TRATADA, D = 16 A 20 CM, H = 2,20 M, EM EUCALIPTO OU EQUIVALENTE DA REGIAO (PARA CERCA)","M     ","AS",27.44]
[21138,"MOURAO ROLICO DE MADEIRA TRATADA, D = 8 A 11 CM, H = 2,20 M, EM EUCALIPTO OU EQUIVALENTE DA REGIAO (PARA CERCA)","M     ","AS",8.6999999999999993]
[10826,"MUDA DE ARBUSTO FLORIFERO, CLUSIA/GARDENIA/MOREIA BRANCA/ AZALEIA OU EQUIVALENTE DA REGIAO, H= *50 A 70* CM","UN    ","AS",68.959999999999994]
[365,"MUDA DE ARBUSTO FOLHAGEM, SANSAO-DO-CAMPO OU EQUIVALENTE DA REGIAO, H= *50 A 70* CM","UN    ","AS",42.75]
[38639,"MUDA DE ARBUSTO, BUXINHO, H= *50* CM","UN    ","AS",165.51]
[38640,"MUDA DE ARBUSTO, PINGO DE OURO/ VIOLETEIRA, H = *10 A 20* CM","UN    ","AS",2.48]
[358,"MUDA DE ARVORE ORNAMENTAL, OITI/AROEIRA SALSA/ANGICO/IPE/JACARANDA OU EQUIVALENTE  DA REGIAO, H= *1* M","UN    ","AS",51.03]
[359,"MUDA DE ARVORE ORNAMENTAL, OITI/AROEIRA SALSA/ANGICO/IPE/JACARANDA OU EQUIVALENTE  DA REGIAO, H= *2* M","UN    ","AS",104.82]
[38641,"MUDA DE PALMEIRA ARECA, H= *1,50* M","UN    ","AS",103.44]
[360,"MUDA DE RASTEIRA/FORRACAO, AMENDOIM RASTEIRO/ONZE HORAS/AZULZINHA/IMPATIENS OU EQUIVALENTE DA REGIAO","UN    ","AS",2.4]
[42430,"MULTIEXERCITADOR COM SEIS FUNCOES, EM TUBO DE ACO CARBONO, PINTURA NO PROCESSO ELETROSTATICO - EQUIPAMENTO DE GINASTICA PARA ACADEMIA AO AR LIVRE / ACADEMIA DA TERCEIRA IDADE - ATI","UN    ","AS",6434.22]
[4209,"NIPLE DE FERRO GALVANIZADO, COM ROSCA BSP, DE 1 1/2\"","UN    ","AS",25.23]
[4180,"NIPLE DE FERRO GALVANIZADO, COM ROSCA BSP, DE 1 1/4\"","UN    ","AS",18.989999999999998]
[4177,"NIPLE DE FERRO GALVANIZADO, COM ROSCA BSP, DE 1/2\"","UN    ","AS",6.3]
[4179,"NIPLE DE FERRO GALVANIZADO, COM ROSCA BSP, DE 1\"","UN    ","AS",12.9]
[4208,"NIPLE DE FERRO GALVANIZADO, COM ROSCA BSP, DE 2 1/2\"","UN    ","AS",60.06]
[4181,"NIPLE DE FERRO GALVANIZADO, COM ROSCA BSP, DE 2\"","UN    ","AS",39.24]
[4178,"NIPLE DE FERRO GALVANIZADO, COM ROSCA BSP, DE 3/4\"","UN    ","AS",8.74]
[4182,"NIPLE DE FERRO GALVANIZADO, COM ROSCA BSP, DE 3\"","UN    ","AS",97.7]
[4183,"NIPLE DE FERRO GALVANIZADO, COM ROSCA BSP, DE 4\"","UN    ","AS",157.29]
[4184,"NIPLE DE FERRO GALVANIZADO, COM ROSCA BSP, DE 5\"","UN    ","AS",347.21]
[4185,"NIPLE DE FERRO GALVANIZADO, COM ROSCA BSP, DE 6\"","UN    ","AS",576.91]
[4205,"NIPLE DE REDUCAO DE FERRO GALVANIZADO, COM ROSCA BSP, DE 1 1/2\" X 1 1/4\"","UN    ","AS",33.32]
[4192,"NIPLE DE REDUCAO DE FERRO GALVANIZADO, COM ROSCA BSP, DE 1 1/2\" X 1\"","UN    ","AS",33.32]
[4191,"NIPLE DE REDUCAO DE FERRO GALVANIZADO, COM ROSCA BSP, DE 1 1/2\" X 3/4\"","UN    ","AS",33.32]
[4207,"NIPLE DE REDUCAO DE FERRO GALVANIZADO, COM ROSCA BSP, DE 1 1/4\" X 1/2\"","UN    ","AS",26.81]
[4206,"NIPLE DE REDUCAO DE FERRO GALVANIZADO, COM ROSCA BSP, DE 1 1/4\" X 1\"","UN    ","AS",26.03]
[4190,"NIPLE DE REDUCAO DE FERRO GALVANIZADO, COM ROSCA BSP, DE 1 1/4\" X 3/4\"","UN    ","AS",26.03]
[4186,"NIPLE DE REDUCAO DE FERRO GALVANIZADO, COM ROSCA BSP, DE 1/2\" X 1/4\"","UN    ","AS",7.69]
[4188,"NIPLE DE REDUCAO DE FERRO GALVANIZADO, COM ROSCA BSP, DE 1\" X 1/2\"","UN    ","AS",15.71]
[4189,"NIPLE DE REDUCAO DE FERRO GALVANIZADO, COM ROSCA BSP, DE 1\" X 3/4\"","UN    ","AS",15.71]
[4197,"NIPLE DE REDUCAO DE FERRO GALVANIZADO, COM ROSCA BSP, DE 2 1/2\" X 2\"","UN    ","AS",83.19]
[4194,"NIPLE DE REDUCAO DE FERRO GALVANIZADO, COM ROSCA BSP, DE 2\" X 1 1/2\"","UN    ","AS",50.27]
[4193,"NIPLE DE REDUCAO DE FERRO GALVANIZADO, COM ROSCA BSP, DE 2\" X 1 1/4\"","UN    ","AS",50.27]
[4204,"NIPLE DE REDUCAO DE FERRO GALVANIZADO, COM ROSCA BSP, DE 2\" X 1\"","UN    ","AS",50.27]
[4187,"NIPLE DE REDUCAO DE FERRO GALVANIZADO, COM ROSCA BSP, DE 3/4\" X 1/2\"","UN    ","AS",10.02]
[4202,"NIPLE DE REDUCAO DE FERRO GALVANIZADO, COM ROSCA BSP, DE 3\" X 2 1/2\"","UN    ","AS",151.93]
[4203,"NIPLE DE REDUCAO DE FERRO GALVANIZADO, COM ROSCA BSP, DE 3\" X 2\"","UN    ","AS",134.18]
[40368,"NIPLE SEXTAVADO EM ACO CARBONO, COM ROSCA BSP, PRESSAO 3.000 LBS, DN 1 1/2\"","UN    ","AS",56.95]
[40365,"NIPLE SEXTAVADO EM ACO CARBONO, COM ROSCA BSP, PRESSAO 3.000 LBS, DN 1 1/4\"","UN    ","AS",38.42]
[40356,"NIPLE SEXTAVADO EM ACO CARBONO, COM ROSCA BSP, PRESSAO 3.000 LBS, DN 1/2\"","UN    ","AS",13.13]
[40362,"NIPLE SEXTAVADO EM ACO CARBONO, COM ROSCA BSP, PRESSAO 3.000 LBS, DN 1\"","UN    ","AS",25.45]
[40374,"NIPLE SEXTAVADO EM ACO CARBONO, COM ROSCA BSP, PRESSAO 3.000 LBS, DN 2 1/2\"","UN    ","AS",148.85]
[40371,"NIPLE SEXTAVADO EM ACO CARBONO, COM ROSCA BSP, PRESSAO 3.000 LBS, DN 2\"","UN    ","AS",93.7]
[40359,"NIPLE SEXTAVADO EM ACO CARBONO, COM ROSCA BSP, PRESSAO 3.000 LBS, DN 3/4\"","UN    ","AS",16.96]
[7595,"NIVELADOR (HORISTA)","H     ","CR",11.04]
[41094,"NIVELADOR (MENSALISTA)","MES   ","CR",1918.08]
[39609,"NOBREAK TRIFASICO, DE 10 KVA FATOR DE POTENCIA DE 0,8, AUTONOMIA MINIMA DE 30 MINUTOS A PLENA CARGA","UN    ","CR",93820.69]
[39610,"NOBREAK TRIFASICO, DE 15 KVA FATOR DE POTENCIA DE 0,8, AUTONOMIA MINIMA DE 30 MINUTOS A PLENA CARGA","UN    ","CR",136948.94]
[39611,"NOBREAK TRIFASICO, DE 20 KVA FATOR DE POTENCIA DE 0,8, AUTONOMIA MINIMA DE 30 MINUTOS A PLENA CARGA","UN    ","CR",165730.63]
[39612,"NOBREAK TRIFASICO, DE 25 KVA FATOR DE POTENCIA DE 0,8, AUTONOMIA MINIMA DE 30 MINUTOS A PLENA CARGA","UN    ","CR",259620.77]
[39608,"NOBREAK TRIFASICO, DE 5 KVA FATOR DE POTENCIA DE 0,8, AUTONOMIA MINIMA DE 30 MINUTOS A PLENA CARGA","UN    ","CR",75018.039999999994]
[38175,"NUMERO / ALGARISMO PARA RESIDENCIA (FACHADA), EM ZAMAC, COM ALTURA DE APROX *45* MM, INCLUSIVE PARAFUSOS","UN    ","CR",4.9000000000000004]
[38176,"NUMERO / ALGARISMO PARA RESIDENCIA (FACHADA), EM ZAMAC, COM ALTURA DE APROX 125 MM, INCLUSIVE PARAFUSOS","UN    ","CR",14.41]
[36152,"OCULOS DE SEGURANCA CONTRA IMPACTOS COM LENTE INCOLOR, ARMACAO NYLON, COM PROTECAO UVA E UVB","UN    ","CR",7.02]
[11138,"OLEO COMBUSTIVEL BPF A GRANEL","L     ","CR",3.51]
[4221,"OLEO DIESEL COMBUSTIVEL COMUM","L     ","C ",5.45]
[4227,"OLEO LUBRIFICANTE PARA MOTORES DE EQUIPAMENTOS PESADOS (CAMINHOES, TRATORES, RETROS E ETC)","L     ","C ",26.06]
[38170,"OLHO MAGICO PARA PORTAS, EM LATAO, COM LENTE DE POLICARBONATO, ANGULO DE *200* GRAUS, ESPESSURA ENTRE *25 E 46* MM, INCLUINDO FECHO JANELA","UN    ","CR",21.41]
[4252,"OPERADOR DE BATE-ESTACAS","H     ","CR",15.01]
[40980,"OPERADOR DE BATE-ESTACAS (MENSALISTA)","MES   ","CR",2605.19]
[4243,"OPERADOR DE BETONEIRA (CAMINHAO)","H     ","CR",12.29]
[41031,"OPERADOR DE BETONEIRA (CAMINHAO) (MENSALISTA)","MES   ","CR",2135.5500000000002]
[37666,"OPERADOR DE BETONEIRA ESTACIONARIA / MISTURADOR","H     ","CR",11.87]
[40986,"OPERADOR DE BETONEIRA ESTACIONARIA / MISTURADOR (MENSALISTA)","MES   ","CR",2060.88]
[4250,"OPERADOR DE COMPRESSOR DE AR OU COMPRESSORISTA","H     ","CR",13.53]
[40978,"OPERADOR DE COMPRESSOR DE AR OU COMPRESSORISTA (MENSALISTA)","MES   ","CR",2349.89]
[41043,"OPERADOR DE DEMARCADORA DE FAIXAS DE TRAFEGO (MENSALISTA)","MES   ","CR",2628.38]
[44501,"OPERADOR DE DEMARCADORA DE FAIXAS DE TRAFEGO HORISTA","H     ","CR",15.14]
[4234,"OPERADOR DE ESCAVADEIRA","H     ","C ",16.600000000000001]
[40987,"OPERADOR DE ESCAVADEIRA (MENSALISTA)","MES   ","CR",2879.28]
[4253,"OPERADOR DE GUINCHO OU GUINCHEIRO","H     ","CR",12.13]
[40981,"OPERADOR DE GUINCHO OU GUINCHEIRO (MENSALISTA)","MES   ","CR",2106.54]
[4254,"OPERADOR DE GUINDASTE","H     ","CR",15.79]
[41036,"OPERADOR DE GUINDASTE (MENSALISTA)","MES   ","CR",2739.77]
[4251,"OPERADOR DE JATO ABRASIVO OU JATISTA","H     ","CR",14.84]
[40979,"OPERADOR DE JATO ABRASIVO OU JATISTA (MENSALISTA)","MES   ","CR",2577.61]
[4230,"OPERADOR DE MAQUINAS E TRATORES DIVERSOS (TERRAPLANAGEM)","H     ","CR",14.62]
[40998,"OPERADOR DE MAQUINAS E TRATORES DIVERSOS (TERRAPLANAGEM) (MENSALISTA)","MES   ","CR",2537.77]
[4257,"OPERADOR DE MARTELETE OU MARTELETEIRO","H     ","CR",12.13]
[40982,"OPERADOR DE MARTELETE OU MARTELETEIRO (MENSALISTA)","MES   ","CR",2106.5500000000002]
[4240,"OPERADOR DE MOTO SCRAPER","H     ","CR",15.4]
[41026,"OPERADOR DE MOTO SCRAPER (MENSALISTA)","MES   ","CR",2673.18]
[4239,"OPERADOR DE MOTONIVELADORA","H     ","CR",18.89]
[41024,"OPERADOR DE MOTONIVELADORA (MENSALISTA)","MES   ","CR",3279.5]
[4248,"OPERADOR DE PA CARREGADEIRA","H     ","CR",15.23]
[41033,"OPERADOR DE PA CARREGADEIRA (MENSALISTA)","MES   ","CR",2643.71]
[41040,"OPERADOR DE PAVIMENTADORA / MESA VIBROACABADORA (MENSALISTA)","MES   ","CR",2759.8]
[44500,"OPERADOR DE PAVIMENTADORA / MESA VIBROACABADORA HORISTA","H     ","CR",15.9]
[4238,"OPERADOR DE ROLO COMPACTADOR","H     ","CR",12.48]
[41012,"OPERADOR DE ROLO COMPACTADOR (MENSALISTA)","MES   ","CR",2166.21]
[4237,"OPERADOR DE TRATOR - EXCLUSIVE AGROPECUARIA","H     ","CR",13.44]
[41002,"OPERADOR DE TRATOR - EXCLUSIVE AGROPECUARIA (MENSALISTA)","MES   ","CR",2334.4299999999998]
[4233,"OPERADOR DE USINA DE ASFALTO, DE SOLOS OU DE CONCRETO","H     ","CR",13.64]
[41001,"OPERADOR DE USINA DE ASFALTO, DE SOLOS OU DE CONCRETO (MENSALISTA)","MES   ","CR",2370.02]
[2,"OXIGENIO, RECARGA PARA CILINDRO DE CONJUNTO OXICORTE GRANDE","M3    ","AS",17.2]
[36517,"PA CARREGADEIRA SOBRE RODAS, POTENCIA BRUTA *127* CV, CAPACIDADE DA CACAMBA DE 2,0 A 2,4 M3, PESO OPERACIONAL MAXIMO DE 10330 KG","UN    ","AS",559440]
[4262,"PA CARREGADEIRA SOBRE RODAS, POTENCIA LIQUIDA 128 HP, CAPACIDADE DA CACAMBA DE 1,7 A 2,8 M3, PESO OPERACIONAL MAXIMO DE 11632 KG","UN    ","AS",630000]
[4263,"PA CARREGADEIRA SOBRE RODAS, POTENCIA LIQUIDA 197 HP, CAPACIDADE DA CACAMBA DE 2,5 A 3,5 M3, PESO OPERACIONAL MAXIMO DE 18338 KG","UN    ","AS",873599.95]
[36518,"PA CARREGADEIRA SOBRE RODAS, POTENCIA LIQUIDA 213 HP, CAPACIDADE DA CACAMBA DE 1,9 A 3,5 M3, PESO OPERACIONAL MAXIMO DE 19234 KG","UN    ","AS",994559.95]
[14221,"PA CARREGADEIRA SOBRE RODAS, POTENCIA 152 HP, CAPACIDADE DA CACAMBA DE 1,53 A 2,30 M3, PESO OPERACIONAL MAXIMO DE 10216 KG","UN    ","AS",580439.97]
[38402,"PA DE LIXO PLASTICA, CABO LONGO","UN    ","CR",14.76]
[3412,"PAINEL DE LA DE VIDRO SEM REVESTIMENTO PSI 20, E = 25 MM, DE 1200 X 600 MM","M2    ","AS",26.54]
[3413,"PAINEL DE LA DE VIDRO SEM REVESTIMENTO PSI 20, E = 50 MM, DE 1200 X 600 MM","M2    ","AS",59.74]
[39744,"PAINEL DE LA DE VIDRO SEM REVESTIMENTO PSI 40, E = 25 MM, DE 1200 X 600 MM","M2    ","AS",46.39]
[39745,"PAINEL DE LA DE VIDRO SEM REVESTIMENTO PSI 40, E = 50 MM, DE 1200 X 600 MM","M2    ","AS",97.91]
[39637,"PAINEL ESTRUTURAL PARA LAJE SECA REVESTIDO EM PLACA CIMENTICIA, DE 1,20 X 2,50 M, E = 23 MM","M2    ","CR",94.82]
[39638,"PAINEL ESTRUTURAL PARA LAJE SECA REVESTIDO EM PLACA CIMENTICIA, DE 1,20 X 2,50 M, E = 40 MM","M2    ","CR",107.29]
[39639,"PAINEL ESTRUTURAL PARA LAJE SECA REVESTIDO EM PLACA CIMENTICIA, DE 1,20 X 2,50 M, E = 55 MM","M2    ","CR",161.88]
[39517,"PAINEL TERMOISOLANTE PARA FECHAMENTOS VERTICAIS (INCLUI PARAFUSOS DE FIXACAO) REVESTIDO EM ACO GALVALUME, LARGURA UTIL DE 1100 MM, REVESTIMENTO COM ESPESSURA DE 0,50 MM, COM PRE-PINTURA NAS DUAS FACES, NUCLEO EM POLIURETANO (PUR) COM ESPESSURA 40/50 MM","M2    ","CR",211.55]
[39518,"PAINEL TERMOISOLANTE PARA FECHAMENTOS VERTICAIS (INCLUI PARAFUSOS DE FIXACAO) REVESTIDO EM ACO GALVALUME, LARGURA UTIL DE 1100 MM, REVESTIMENTO COM ESPESSURA DE 0,50 MM, COM PRE-PINTURA NAS DUAS FACES, NUCLEO EM POLIURETANO (PUR) COM ESPESSURA 70/80 MM","M2    ","CR",250.81]
[38366,"PAPEL KRAFT BETUMADO","M2    ","CR",12.43]
[11703,"PAPELEIRA DE PAREDE EM METAL CROMADO SEM TAMPA","UN    ","CR",50.78]
[37400,"PAPELEIRA PLASTICA TIPO DISPENSER PARA PAPEL HIGIENICO ROLAO","UN    ","CR",82.97]
[25400,"PAR DE TABELAS DE BASQUETE EM COMPENSADO NAVAL, OFICIAL, 1800 X 1200 MM, INCLUINDO ARO DE METAL E REDE EM POLIPROPILENO 100% (SEM SUPORTE DE FIXACAO)","UN    ","CR",3750.65]
[4276,"PARA-RAIOS DE DISTRIBUICAO, TENSAO NOMINAL 15 KV, CORRENTE NOMINAL DE DESCARGA 5 KA","UN    ","AS",192.51]
[4273,"PARA-RAIOS DE DISTRIBUICAO, TENSAO NOMINAL 30 KV, CORRENTE NOMINAL DE DESCARGA 10 KA","UN    ","AS",349.52]
[4274,"PARA-RAIOS TIPO FRANKLIN 350 MM, EM LATAO CROMADO, DUAS DESCIDAS, PARA PROTECAO DE EDIFICACOES CONTRA DESCARGAS ATMOSFERICAS","UN    ","AS",127.87]
[39438,"PARAFUSO CABECA TROMBETA E PONTA AGULHA (GN55), COMPRIMENTO 55 MM, EM ACO FOSFATIZADO, PARA FIXAR CHAPA DE GESSO EM PERFIL DRYWALL METALICO MAXIMO 0,7 MM","UN    ","CR",0.25]
[11963,"PARAFUSO DE ACO TIPO CHUMBADOR PARABOLT, DIAMETRO 1/2\", COMPRIMENTO 75 MM","UN    ","CR",9.14]
[11964,"PARAFUSO DE ACO TIPO CHUMBADOR PARABOLT, DIAMETRO 3/8\", COMPRIMENTO 75 MM","UN    ","CR",2.2999999999999998]
[4379,"PARAFUSO DE ACO ZINCADO COM ROSCA SOBERBA, CABECA CHATA E FENDA SIMPLES, DIAMETRO 2,5 MM, COMPRIMENTO * 9,5 * MM","UN    ","CR",0.05]
[4377,"PARAFUSO DE ACO ZINCADO COM ROSCA SOBERBA, CABECA CHATA E FENDA SIMPLES, DIAMETRO 4,2 MM, COMPRIMENTO * 32 * MM","UN    ","CR",0.18]
[4356,"PARAFUSO DE ACO ZINCADO COM ROSCA SOBERBA, CABECA CHATA E FENDA SIMPLES, DIAMETRO 4,8 MM, COMPRIMENTO 45 MM","UN    ","CR",0.25]
[13246,"PARAFUSO DE FERRO POLIDO, SEXTAVADO, COM ROSCA INTEIRA, DIAMETRO 5/16\", COMPRIMENTO 3/4\", COM PORCA E ARRUELA LISA LEVE","UN    ","CR",0.43]
[4346,"PARAFUSO DE FERRO POLIDO, SEXTAVADO, COM ROSCA PARCIAL, DIAMETRO 5/8\", COMPRIMENTO 6\", COM PORCA E ARRUELA DE PRESSAO MEDIA","UN    ","CR",9.7899999999999991]
[11955,"PARAFUSO DE LATAO COM ACABAMENTO CROMADO PARA FIXAR PECA SANITARIA, INCLUI PORCA CEGA, ARRUELA E BUCHA DE NYLON TAMANHO S-10","UN    ","CR",4.28]
[11960,"PARAFUSO DE LATAO COM ROSCA SOBERBA, CABECA CHATA E FENDA SIMPLES, DIAMETRO 2,5 MM, COMPRIMENTO 12 MM","UN    ","CR",0.14000000000000001]
[4333,"PARAFUSO DE LATAO COM ROSCA SOBERBA, CABECA CHATA E FENDA SIMPLES, DIAMETRO 3,2 MM, COMPRIMENTO 16 MM","UN    ","CR",0.25]
[4358,"PARAFUSO DE LATAO COM ROSCA SOBERBA, CABECA CHATA E FENDA SIMPLES, DIAMETRO 4,8 MM, COMPRIMENTO 65 MM","UN    ","CR",1.96]
[39435,"PARAFUSO DRY WALL, EM ACO FOSFATIZADO, CABECA TROMBETA E PONTA AGULHA (TA), COMPRIMENTO 25 MM","UN    ","CR",0.1]
[39436,"PARAFUSO DRY WALL, EM ACO FOSFATIZADO, CABECA TROMBETA E PONTA AGULHA (TA), COMPRIMENTO 35 MM","UN    ","CR",0.17]
[39437,"PARAFUSO DRY WALL, EM ACO FOSFATIZADO, CABECA TROMBETA E PONTA AGULHA (TA), COMPRIMENTO 45 MM","UN    ","CR",0.22]
[39439,"PARAFUSO DRY WALL, EM ACO FOSFATIZADO, CABECA TROMBETA E PONTA BROCA (TB), COMPRIMENTO 25 MM","UN    ","CR",0.15]
[39440,"PARAFUSO DRY WALL, EM ACO FOSFATIZADO, CABECA TROMBETA E PONTA BROCA (TB), COMPRIMENTO 35 MM","UN    ","CR",0.19]
[39441,"PARAFUSO DRY WALL, EM ACO FOSFATIZADO, CABECA TROMBETA E PONTA BROCA (TB), COMPRIMENTO 45 MM","UN    ","CR",0.24]
[39442,"PARAFUSO DRY WALL, EM ACO ZINCADO, CABECA LENTILHA E PONTA AGULHA (LA), LARGURA 4,2 MM, COMPRIMENTO 13 MM","UN    ","CR",0.17]
[39443,"PARAFUSO DRY WALL, EM ACO ZINCADO, CABECA LENTILHA E PONTA BROCA (LB), LARGURA 4,2 MM, COMPRIMENTO 13 MM","UN    ","CR",0.23]
[4329,"PARAFUSO EM ACO GALVANIZADO, TIPO MAQUINA, SEXTAVADO, SEM PORCA, DIAMETRO 1/2\", COMPRIMENTO 2\"","UN    ","C ",2.09]
[4383,"PARAFUSO FRANCES METRICO ZINCADO, DIAMETRO 12 MM, COMPRIMENTO 140MM, COM PORCA SEXTAVADA E ARRUELA DE PRESSAO MEDIA","UN    ","CR",18.899999999999999]
[4344,"PARAFUSO FRANCES METRICO ZINCADO, DIAMETRO 12 MM, COMPRIMENTO 150 MM, COM PORCA SEXTAVADA E ARRUELA DE PRESSAO MEDIA","UN    ","CR",19.8]
[436,"PARAFUSO FRANCES M16 EM ACO GALVANIZADO, COMPRIMENTO = 150 MM, DIAMETRO = 16 MM, CABECA ABAULADA","UN    ","AS",13.25]
[442,"PARAFUSO FRANCES M16 EM ACO GALVANIZADO, COMPRIMENTO = 45 MM, DIAMETRO = 16 MM, CABECA ABAULADA","UN    ","AS",7.83]
[11953,"PARAFUSO FRANCES ZINCADO, DIAMETRO 1/2'', COMPRIMENTO 2'', COM PORCA E ARRUELA","UN    ","CR",3.14]
[4335,"PARAFUSO FRANCES ZINCADO, DIAMETRO 1/2\", COMPRIMENTO 12\", COM PORCA E ARRUELA LISA MEDIA","UN    ","CR",13.3]
[4334,"PARAFUSO FRANCES ZINCADO, DIAMETRO 1/2\", COMPRIMENTO 15\", COM PORCA E ARRUELA LISA MEDIA","UN    ","CR",18.239999999999998]
[4343,"PARAFUSO FRANCES ZINCADO, DIAMETRO 1/2\", COMPRIMENTO 4\", COM PORCA E ARRUELA","UN    ","CR",4.4800000000000004]
[430,"PARAFUSO M16 EM ACO GALVANIZADO, COMPRIMENTO = 125 MM, DIAMETRO = 16 MM, ROSCA MAQUINA, CABECA QUADRADA","UN    ","AS",11.85]
[441,"PARAFUSO M16 EM ACO GALVANIZADO, COMPRIMENTO = 150 MM, DIAMETRO = 16 MM, ROSCA MAQUINA, CABECA QUADRADA","UN    ","AS",13.05]
[431,"PARAFUSO M16 EM ACO GALVANIZADO, COMPRIMENTO = 200 MM, DIAMETRO = 16 MM, ROSCA MAQUINA, CABECA QUADRADA","UN    ","AS",15.75]
[432,"PARAFUSO M16 EM ACO GALVANIZADO, COMPRIMENTO = 250 MM, DIAMETRO = 16 MM, ROSCA MAQUINA, CABECA QUADRADA","UN    ","AS",17.38]
[429,"PARAFUSO M16 EM ACO GALVANIZADO, COMPRIMENTO = 300 MM, DIAMETRO = 16 MM, ROSCA DUPLA","UN    ","AS",23.43]
[439,"PARAFUSO M16 EM ACO GALVANIZADO, COMPRIMENTO = 300 MM, DIAMETRO = 16 MM, ROSCA MAQUINA, CABECA QUADRADA","UN    ","AS",19.97]
[433,"PARAFUSO M16 EM ACO GALVANIZADO, COMPRIMENTO = 350 MM, DIAMETRO = 16 MM, ROSCA MAQUINA, CABECA QUADRADA","UN    ","AS",23.31]
[437,"PARAFUSO M16 EM ACO GALVANIZADO, COMPRIMENTO = 400 MM, DIAMETRO = 16 MM, ROSCA DUPLA","UN    ","AS",30.97]
[11790,"PARAFUSO M16 EM ACO GALVANIZADO, COMPRIMENTO = 450 MM, DIAMETRO = 16 MM, ROSCA MAQUINA, CABECA QUADRADA","UN    ","AS",35.130000000000003]
[428,"PARAFUSO M16 EM ACO GALVANIZADO, COMPRIMENTO = 500 MM, DIAMETRO = 16 MM, ROSCA MAQUINA, COM CABECA SEXTAVADA E PORCA","UN    ","AS",38.200000000000003]
[4384,"PARAFUSO NIQUELADO COM ACABAMENTO CROMADO PARA FIXAR PECA SANITARIA, INCLUI PORCA CEGA, ARRUELA E BUCHA DE NYLON TAMANHO S-10","UN    ","CR",21.71]
[4351,"PARAFUSO NIQUELADO 3 1/2\" COM ACABAMENTO CROMADO PARA FIXAR PECA SANITARIA, INCLUI PORCA CEGA, ARRUELA E BUCHA DE NYLON TAMANHO S-8","UN    ","CR",16.100000000000001]
[11054,"PARAFUSO ROSCA SOBERBA ZINCADO CABECA CHATA FENDA SIMPLES 3,2 X 20 MM (3/4 \")","UN    ","AS",0.05]
[11055,"PARAFUSO ROSCA SOBERBA ZINCADO CABECA CHATA FENDA SIMPLES 3,5 X 25 MM (1 \")","UN    ","AS",0.08]
[11056,"PARAFUSO ROSCA SOBERBA ZINCADO CABECA CHATA FENDA SIMPLES 3,8 X 30 MM (1.1/4 \")","UN    ","AS",0.09]
[11057,"PARAFUSO ROSCA SOBERBA ZINCADO CABECA CHATA FENDA SIMPLES 4,8 X 40 MM (1.1/2 \")","UN    ","AS",0.19]
[11059,"PARAFUSO ROSCA SOBERBA ZINCADO CABECA CHATA FENDA SIMPLES 5,5 X 50 MM (2 \")","UN    ","AS",0.36]
[11058,"PARAFUSO ROSCA SOBERBA ZINCADO CABECA CHATA FENDA SIMPLES 5,5 X 65 MM (2.1/2 \")","UN    ","AS",0.47]
[4380,"PARAFUSO ZINCADO ROSCA SOBERBA 5/16 \" X 120 MM PARA TELHA FIBROCIMENTO","UN    ","AS",1.59]
[4299,"PARAFUSO ZINCADO ROSCA SOBERBA, CABECA SEXTAVADA, 5/16 \" X 110 MM, PARA FIXACAO DE TELHA EM MADEIRA","UN    ","AS",1.5]
[4304,"PARAFUSO ZINCADO ROSCA SOBERBA, CABECA SEXTAVADA, 5/16 \" X 150 MM, PARA FIXACAO DE TELHA EM MADEIRA","UN    ","AS",2.04]
[4305,"PARAFUSO ZINCADO ROSCA SOBERBA, CABECA SEXTAVADA, 5/16 \" X 180 MM, PARA FIXACAO DE TELHA EM MADEIRA","UN    ","AS",2.38]
[4306,"PARAFUSO ZINCADO ROSCA SOBERBA, CABECA SEXTAVADA, 5/16 \" X 200 MM, PARA FIXACAO DE TELHA EM MADEIRA","UN    ","AS",2.76]
[4308,"PARAFUSO ZINCADO ROSCA SOBERBA, CABECA SEXTAVADA, 5/16 \" X 230 MM, PARA FIXACAO DE TELHA EM MADEIRA","UN    ","AS",5.71]
[4302,"PARAFUSO ZINCADO ROSCA SOBERBA, CABECA SEXTAVADA, 5/16 \" X 250 MM, PARA FIXACAO DE TELHA EM MADEIRA","UN    ","AS",4.28]
[4300,"PARAFUSO ZINCADO ROSCA SOBERBA, CABECA SEXTAVADA, 5/16 \" X 50 MM, PARA FIXACAO DE TELHA EM MADEIRA","UN    ","AS",1.02]
[4301,"PARAFUSO ZINCADO ROSCA SOBERBA, CABECA SEXTAVADA, 5/16 \" X 85 MM, PARA FIXACAO DE TELHA EM MADEIRA","UN    ","AS",1.24]
[4320,"PARAFUSO ZINCADO 5/16 \" X 250 MM PARA FIXACAO DE TELHA DE FIBROCIMENTO CANALETE 49, INCLUI BUCHA NYLON S-10","UN    ","AS",3.78]
[4318,"PARAFUSO ZINCADO 5/16 \" X 85 MM PARA FIXACAO DE TELHA DE FIBROCIMENTO CANALETE 90, INCLUI BUCHA NYLON S-10","UN    ","AS",1.84]
[40547,"PARAFUSO ZINCADO, AUTOBROCANTE, FLANGEADO, 4,2 MM X 19 MM","CENTO ","CR",26.38]
[11962,"PARAFUSO ZINCADO, SEXTAVADO, COM ROSCA INTEIRA, DIAMETRO 1/4\", COMPRIMENTO 1/2\"","UN    ","CR",0.21]
[4332,"PARAFUSO ZINCADO, SEXTAVADO, COM ROSCA INTEIRA, DIAMETRO 3/8\", COMPRIMENTO 2\"","UN    ","CR",1.05]
[4331,"PARAFUSO ZINCADO, SEXTAVADO, COM ROSCA INTEIRA, DIAMETRO 5/8\", COMPRIMENTO 2 1/4\"","UN    ","CR",3.96]
[4336,"PARAFUSO ZINCADO, SEXTAVADO, COM ROSCA INTEIRA, DIAMETRO 5/8\", COMPRIMENTO 3\", COM PORCA E ARRUELA DE PRESSAO MEDIA","UN    ","CR",5.07]
[13294,"PARAFUSO ZINCADO, SEXTAVADO, COM ROSCA SOBERBA, DIAMETRO 3/8\", COMPRIMENTO 80 MM","UN    ","CR",1.45]
[11948,"PARAFUSO ZINCADO, SEXTAVADO, COM ROSCA SOBERBA, DIAMETRO 5/16\", COMPRIMENTO 40 MM","UN    ","CR",0.65]
[4382,"PARAFUSO ZINCADO, SEXTAVADO, COM ROSCA SOBERBA, DIAMETRO 5/16\", COMPRIMENTO 80 MM","UN    ","CR",1.0900000000000001]
[4354,"PARAFUSO ZINCADO, SEXTAVADO, GRAU 5, ROSCA INTEIRA, DIAMETRO 1 1/2\", COMPRIMENTO 4\"","UN    ","CR",45.43]
[40839,"PARAFUSO, ASTM A307 - GRAU A, SEXTAVADO, ZINCADO, DIAMETRO 3/8\" (9,52 MM), COMPRIMENTO 1 \" (25,4 MM)","CENTO ","CR",109.32]
[40552,"PARAFUSO, AUTO ATARRACHANTE, CABECA CHATA, FENDA SIMPLES, 1/4\" (6,35 MM) X 25 MM","CENTO ","CR",45.23]
[40549,"PARAFUSO, COMUM, ASTM A307, SEXTAVADO, DIAMETRO 1/2\" (12,7 MM), COMPRIMENTO 1\" (25,4 MM)","CENTO ","CR",179.06]
[4385,"PARALELEPIPEDO GRANITICO OU BASALTICO, PARA PAVIMENTACAO, SEM FRETE (VARIACAO REGIONAL DE PECAS POR M2)","MIL   ","CR",8247.2099999999991]
[20078,"PASTA LUBRIFICANTE PARA TUBOS E CONEXOES COM JUNTA ELASTICA, EMBALAGEM DE *400* GR (USO EM PVC, ACO, POLIETILENO E OUTROS)","UN    ","CR",24.96]
[39897,"PASTA PARA SOLDA DE TUBOS E CONEXOES DE COBRE (EMBALAGEM COM 250 G)","UN    ","AS",49.07]
[118,"PASTA VEDA JUNTAS/ROSCA, EMBALAGEM DE *500* G, PARA INSTALACOES DE AGUA, GAS E OUTROS","UN    ","CR",52.77]
[4396,"PASTILHA CERAMICA/PORCELANA, REVEST INT/EXT E  PISCINA, CORES BRANCA OU FRIAS, SOLIDAS, SEM MESCLAGEM/MISTURA, ACABAMENTO LISO *2,5 X 2,5* CM","M2    ","CR",301.07]
[36881,"PASTILHA CERAMICA/PORCELANA, REVEST INT/EXT E  PISCINA, CORES BRANCA OU FRIAS, SOLIDAS, SEM MESCLAGEM/MISTURA, ACABAMENTO LISO *5 X 5* CM","M2    ","CR",193.9]
[4397,"PASTILHA CERAMICA/PORCELANA, REVEST INT/EXT E  PISCINA, CORES LISAS/SOLIDAS, QUENTES, SEM MESCLAGEM/MISTURA, *2,5 X 2,5* CM","M2    ","CR",327.5]
[36882,"PASTILHA CERAMICA/PORCELANA, REVEST INT/EXT E  PISCINA, CORES LISAS/SOLIDAS, QUENTES, SEM MESCLAGEM/MISTURA, *5 X 5* CM","M2    ","CR",231.85]
[4751,"PASTILHEIRO (HORISTA)","H     ","CR",17.98]
[41066,"PASTILHEIRO (MENSALISTA)","MES   ","CR",3122.15]
[39604,"PATCH CORD (CABO DE REDE), CATEGORIA 5 E (CAT 5E) UTP, 24 AWG, 4 PARES, EXTENSAO DE 1,50 M","UN    ","CR",10.72]
[39605,"PATCH CORD (CABO DE REDE), CATEGORIA 5 E (CAT 5E) UTP, 24 AWG, 4 PARES, EXTENSAO DE 2,50 M","UN    ","CR",11.65]
[39606,"PATCH CORD (CABO DE REDE), CATEGORIA 6 (CAT 6) UTP, 23 AWG, 4 PARES, EXTENSAO DE 1,50 M","UN    ","CR",20.399999999999999]
[39607,"PATCH CORD (CABO DE REDE), CATEGORIA 6 (CAT 6) UTP, 23 AWG, 4 PARES, EXTENSAO DE 2,50 M","UN    ","CR",27.6]
[39594,"PATCH PANEL, 24 PORTAS, CATEGORIA 5E, COM RACKS DE 19\" DE LARGURA E 1 U DE ALTURA","UN    ","AS",294.5]
[39596,"PATCH PANEL, 24 PORTAS, CATEGORIA 6, COM RACKS DE 19\" DE LARGURA E 1 U DE ALTURA","UN    ","AS",788.69]
[39595,"PATCH PANEL, 48 PORTAS, CATEGORIA 5E, COM RACKS DE 19\" DE LARGURA E 2 U DE ALTURA","UN    ","AS",1772.08]
[39597,"PATCH PANEL, 48 PORTAS, CATEGORIA 6, COM RACKS DE 19\" DE LARGURA E 2 U DE ALTURA","UN    ","AS",2779.76]
[10731,"PEDRA ARDOSIA, CINZA, *40 X 40* CM, E= *1 CM","M2    ","AS",34.75]
[4704,"PEDRA ARDOSIA, CINZA, 20  X  40 CM,  E=  *1 CM","M2    ","AS",31.36]
[10730,"PEDRA ARDOSIA, CINZA, 30  X  30,  E= *1 CM","M2    ","AS",33.6]
[4729,"PEDRA BRITADA GRADUADA, CLASSIFICADA (POSTO PEDREIRA/FORNECEDOR, SEM FRETE)","M3    ","CR",270.62]
[4720,"PEDRA BRITADA N. 0, OU PEDRISCO (4,8 A 9,5 MM) POSTO PEDREIRA/FORNECEDOR, SEM FRETE","M3    ","CR",310.08999999999997]
[4721,"PEDRA BRITADA N. 1 (9,5 a 19 MM) POSTO PEDREIRA/FORNECEDOR, SEM FRETE","M3    ","CR",268.58999999999997]
[4718,"PEDRA BRITADA N. 2 (19 A 38 MM) POSTO PEDREIRA/FORNECEDOR, SEM FRETE","M3    ","C ",270]
[4722,"PEDRA BRITADA N. 3 (38 A 50 MM) POSTO PEDREIRA/FORNECEDOR, SEM FRETE","M3    ","CR",253.71]
[4723,"PEDRA BRITADA N. 4 (50 A 76 MM) POSTO PEDREIRA/FORNECEDOR, SEM FRETE","M3    ","CR",251.51]
[4727,"PEDRA BRITADA N. 5 (76 A 100 MM) POSTO PEDREIRA/FORNECEDOR, SEM FRETE","M3    ","CR",230.22]
[4748,"PEDRA BRITADA OU BICA CORRIDA, NAO CLASSIFICADA (POSTO PEDREIRA/FORNECEDOR, SEM FRETE)","M3    ","CR",248.07]
[4730,"PEDRA DE MAO OU PEDRA RACHAO PARA ARRIMO/FUNDACAO (POSTO PEDREIRA/FORNECEDOR, SEM FRETE)","M3    ","CR",252.45]
[13186,"PEDRA GRANITICA OU BASALTICA IRREGULAR, FAIXA GRANULOMETRICA 100 A 150 MM PARA PAVIMENTACAO OU CALCAMENTO POLIEDRICO, POSTO PEDREIRA / FORNECEDOR (SEM FRETE)","M3    ","CR",291.29000000000002]
[10737,"PEDRA GRANITICA OU BASALTO, CACO, RETALHO, CAVACO, TIPO MIRACEMA, MADEIRA, PADUANA, RACHINHA, SANTA ISABEL OU OUTRAS SIMILARES, E=  *1,0 A *2,0 CM","M2    ","AS",109.2]
[10734,"PEDRA GRANITICA, SERRADA, TIPO MIRACEMA, MADEIRA, PADUANA, RACHINHA, SANTA ISABEL OU OUTRAS SIMILARES, *11,5 X  *23 CM, E=  *1,0 A *2,0 CM","M2    ","AS",64.959999999999994]
[4708,"PEDRA PORTUGUESA  OU PETIT PAVE, BRANCA OU PRETA","M2    ","AS",126]
[4712,"PEDRA QUARTZITO OU CALCARIO LAMINADO, CACO, TIPO CARIRI, ITACOLOMI, LAGOA SANTA, LUMINARIA, PIRENOPOLIS, SAO TOME OU OUTRAS SIMILARES DA REGIAO, E=  *1,5 A *2,5 CM","M2    ","AS",61.6]
[4710,"PEDRA QUARTZITO OU CALCARIO LAMINADO, SERRADA, TIPO CARIRI, ITACOLOMI, LAGOA SANTA, LUMINARIA, PIRENOPOLIS, SAO TOME OU OUTRAS SIMILARES DA REGIAO, *20 X *40 CM, E=  *1,5 A *2,5 CM","M2    ","AS",197.55]
[4746,"PEDREGULHO OU PICARRA DE JAZIDA, AO NATURAL, PARA BASE DE PAVIMENTACAO (RETIRADO NA JAZIDA, SEM TRANSPORTE)","M3    ","CR",188.56]
[4750,"PEDREIRO (HORISTA)","H     ","C ",16.600000000000001]
[41065,"PEDREIRO (MENSALISTA)","MES   ","CR",2879.28]
[34747,"PEITORIL EM MARMORE, POLIDO, BRANCO COMUM, L= *15* CM, E=  *2,0* CM, COM PINGADEIRA","M     ","CR",113.35]
[4826,"PEITORIL EM MARMORE, POLIDO, BRANCO COMUM, L= *15* CM, E=  *3* CM, CORTE RETO","M     ","CR",121.88]
[41975,"PEITORIL PRE-MOLDADO EM GRANILITE, MARMORITE OU GRANITINA, L = *15* CM","M2    ","AS",94.34]
[4825,"PEITORIL/ SOLEIRA EM MARMORE, POLIDO, BRANCO COMUM, L= *25* CM, E=  *3* CM, CORTE RETO","M     ","CR",168.71]
[34744,"PELICULA REFLETIVA, GT 7 ANOS PARA SINALIZACAO VERTICAL","M2    ","AS",23.25]
[39430,"PENDURAL OU PRESILHA REGULADORA, EM ACO GALVANIZADO, COM CORPO, MOLA E REBITE, PARA PERFIL TIPO CANALETA DE ESTRUTURA EM FORROS DRYWALL","UN    ","CR",2.72]
[39573,"PENDURAL OU REGULADOR, COM MOLA, EM ACO GALVANIZADO, PARA PERFIL TIPO T CLICADO DE FORROS REMOVIVEL","UN    ","CR",2.68]
[38410,"PENEIRA ROTATIVA COM MOTOR ELETRICO TRIFASICO DE 2 CV, CILINDRO DE 1 M X 0,60 M, COM FUROS DE 3,17 MM","UN    ","CR",15960.5]
[41596,"PERFIL \"H\" DE ACO LAMINADO, \"HP\" 250 X 62,0","KG    ","AS",14.18]
[41598,"PERFIL \"H\" DE ACO LAMINADO, \"HP\" 310 X 79,0","KG    ","AS",14.18]
[41594,"PERFIL \"H\" DE ACO LAMINADO, \"W\" 200 X 35,9","KG    ","AS",14.4]
[43663,"PERFIL \"I\" DE ACO LAMINADO, ABAS INCLINADAS, \"I\" 102 X 12,7","KG    ","AS",11.86]
[4766,"PERFIL \"I\" DE ACO LAMINADO, ABAS INCLINADAS, \"I\" 152 X 22","KG    ","AS",11.17]
[43664,"PERFIL \"I\" DE ACO LAMINADO, ABAS INCLINADAS, \"I\" 203 X 34,3","KG    ","AS",11.93]
[43082,"PERFIL \"I\" DE ACO LAMINADO, ABAS PARALELAS, \"W\", QUALQUER BITOLA","KG    ","AS",13]
[43665,"PERFIL \"U\" DE ACO LAMINADO, \"U\" 102 X 9,3","KG    ","AS",11.17]
[10966,"PERFIL \"U\" DE ACO LAMINADO, \"U\" 152 X 15,6","KG    ","AS",11.86]
[43692,"PERFIL \"U\" EM CHAPA ACO DOBRADA, E = 3,04 MM, H = 20 CM, ABAS = 5 CM (4,47 KG/M)","KG    ","AS",11.86]
[43083,"PERFIL \"U\" ENRIJECIDO DE ACO GALVANIZADO, DOBRADO, 150 X 60 X 20 MM, E = 3,00 MM OU 200 X 75 X 25 MM, E = 3,75 MM","KG    ","AS",11.26]
[40535,"PERFIL \"U\" SIMPLES DE ACO GALVANIZADO DOBRADO 75 X *40* MM, E = 2,65 MM","KG    ","AS",11.26]
[39427,"PERFIL CANALETA, FORMATO C, EM ACO ZINCADO, PARA ESTRUTURA FORRO DRYWALL, E = 0,5 MM, *46 X 18* (L X H), COMPRIMENTO 3 M","M     ","CR",7.24]
[39424,"PERFIL CANTONEIRA L, LISA, EM ACO, 25 X 30 MM, E = 0,5 MM, PARA ESTRUTURA DRYWALL","M     ","CR",4.3]
[39425,"PERFIL CANTONEIRA L, PERFURADA, EM ACO, 23 X 23 MM, E = 0,5 MM, PARA ESTRUTURA DRYWALL","M     ","CR",4.25]
[40664,"PERFIL CARTOLA DE ACO GALVANIZADO, *20 X 30 X 10* MM, E =  0,8 MM","KG    ","AS",23.1]
[34360,"PERFIL DE ALUMINIO ANODIZADO","KG    ","AS",38.68]
[20259,"PERFIL DE BORRACHA EPDM MACICO *12 X 15* MM PARA ESQUADRIAS","M     ","AS",12.9]
[14077,"PERFIL ELASTOMERICO PRE-FORMADO EM EPMD, PARA JUNTA DE DILATACAO DE PISOS COM POUCA SOLICITACAO, 15 MM DE LARGURA, MOVIMENTACAO DE *11 A 19* MM","M     ","AS",197.44]
[3678,"PERFIL ELASTOMERICO PRE-FORMADO EM EPMD, PARA JUNTA DE DILATACAO DE USO GERAL EM MEDIAS SOLICITACOES, 8 MM DE LARGURA, MOVIMENTACAO DE *5 A 11* MM","M     ","AS",89.24]
[585,"PERFIL EM ALUMINIO, FORMATO U, ABAS IGUAIS, LARGURA DE 25,4 MM (1\"), ESPESSURA DE 2,38 MM (3/32\") E PESO LINEAR DE APROXIMADAMENTE 0,460 KG/M","KG    ","AS",30.94]
[39418,"PERFIL GUIA, FORMATO U, EM ACO ZINCADO, PARA ESTRUTURA PAREDE DRYWALL, E = 0,5 MM, 48  X 3000 MM (L X C)","M     ","CR",8.07]
[39419,"PERFIL GUIA, FORMATO U, EM ACO ZINCADO, PARA ESTRUTURA PAREDE DRYWALL, E = 0,5 MM, 70 X 3000 MM (L X C)","M     ","CR",9.84]
[39420,"PERFIL GUIA, FORMATO U, EM ACO ZINCADO, PARA ESTRUTURA PAREDE DRYWALL, E = 0,5 MM, 90 X 3000 MM (L X C)","M     ","CR",10.86]
[39571,"PERFIL LONGARINA (PRINCIPAL), T CLICADO, EM ACO, BRANCO NAS FACES APARENTES, PARA FORRO REMOVIVEL, 24 X 32 X 3750 MM (L X H X C","M     ","CR",6.56]
[39421,"PERFIL MONTANTE, FORMATO C, EM ACO ZINCADO, PARA ESTRUTURA PAREDE DRYWALL, E = 0,5 MM, 48 X 3000 MM (L X C)","M     ","CR",9.56]
[39422,"PERFIL MONTANTE, FORMATO C, EM ACO ZINCADO, PARA ESTRUTURA PAREDE DRYWALL, E = 0,5 MM, 70 X 3000 MM (L X C)","M     ","C ",11.16]
[39423,"PERFIL MONTANTE, FORMATO C, EM ACO ZINCADO, PARA ESTRUTURA PAREDE DRYWALL, E = 0,5 MM, 90 X 3000 MM (L X C)","M     ","CR",12.96]
[39426,"PERFIL RODAPE DE IMPERMEABILIZACAO, FORMATO L, EM ACO ZINCADO, PARA ESTRUTURA DRYWALL, E = 0,5 MM, 220 X 3000 MM (H X C)","M     ","CR",29.13]
[39429,"PERFIL TABICA ABERTA, PERFURADA, FORMATO Z, EM ACO GALVANIZADO NATURAL, LARGURA APROXIMADA 40 MM, PARA ESTRUTURA FORRO DRYWALL","M     ","CR",9.19]
[39428,"PERFIL TABICA FECHADA, LISA, FORMATO Z, EM ACO GALVANIZADO NATURAL, LARGURA TOTAL NA HORIZONTAL *40* MM, PARA ESTRUTURA FORRO DRYWALL","M     ","CR",7.02]
[39572,"PERFIL TIPO CANTONEIRA EM L, EM ACO GALVANIZADO, BRANCO, PARA FORRO REMOVIVEL, *23* X 3000 MM (L X C)","M     ","CR",6.08]
[39570,"PERFIL TRAVESSA (SECUNDARIO), T CLICADO, EM ACO GALVANIZADO , BRANCO, PARA FORRO REMOVIVEL, 24 X 1250 MM (L X C)","M     ","CR",6.45]
[39569,"PERFIL TRAVESSA (SECUNDARIO), T CLICADO, EM ACO GALVANIZADO, BRANCO, PARA FORRO REMOVIVEL, 24 X 625 MM (L X C)","M     ","CR",6.37]
[11552,"PERFIL U DE ABAS IGUAIS, EM ALUMINIO, 1/2\" (1,27 X 1,27 CM), PARA PORTA OU JANELA DE CORRER","M     ","CR",7.56]
[40598,"PERFIL UDC (\"U\" DOBRADO DE CHAPA) SIMPLES DE ACO LAMINADO, GALVANIZADO, ASTM A36, 127 X 50 MM, E= 3 MM","KG    ","AS",10.98]
[39029,"PERFILADO PERFURADO DUPLO 38 X 76 MM, CHAPA 22","M     ","CR",20.56]
[39028,"PERFILADO PERFURADO SIMPLES 38 X 38 MM, CHAPA 22","M     ","CR",11.97]
[39328,"PERFILADO PERFURADO 19 X 38 MM, CHAPA 22","M     ","CR",6.58]
[38541,"PERFURATRIZ COM TORRE METALICA PARA EXECUCAO DE ESTACA HELICE CONTINUA, PROFUNDIDADE MAXIMA DE 30 M, DIAMETRO MAXIMO DE 800 MM, POTENCIA INSTALADA DE 268 HP, MESA ROTATIVA COM TORQUE MAXIMO DE 170 KNM","UN    ","AS",3973509.68]
[38542,"PERFURATRIZ COM TORRE METALICA PARA EXECUCAO DE ESTACA HELICE CONTINUA, PROFUNDIDADE MAXIMA DE 32 M, DIAMETRO MAXIMO DE 1000 MM, POTENCIA INSTALADA DE 350 HP, MESA ROTATIVA COM TORQUE MAXIMO DE 263 KNM","UN    ","AS",6178647.7699999996]
[38543,"PERFURATRIZ HIDRAULICA COM TRADO CURTO ACOPLADO, PROFUNDIDADE MAXIMA DE 20 M, DIAMETRO MAXIMO DE 1500 MM, POTENCIA INSTALADA DE 137 HP, MESA ROTATIVA COM TORQUE MAXIMO DE 30 KNM (INCLUI MONTAGEM, NAO INCLUI CAMINHAO)","UN    ","AS",1512703.46]
[40406,"PERFURATRIZ MANUAL, TORQUE MAXIMO 55 KGF.M, POTENCIA 5 CV, COM DIAMETRO MAXIMO 8 1/2\" (INCLUI SUPORTE/CHASSI TIPO MESA)","UN    ","AS",62872.02]
[40789,"PERFURATRIZ MANUAL, TORQUE MAXIMO 83 N.M, POTENCIA 5 CV, COM DIAMETRO MAXIMO 4\" (NAO INCLUI SUPORTE / CHASSI)","UN    ","AS",9060.5]
[40791,"PERFURATRIZ MANUAL, TORQUE MAXIMO 83 N.M, POTENCIA 5 CV, COM DIAMETRO MAXIMO 4\", PARA SOLO GRAMPEADO (INCLUI SUPORTE OU CHASSI TIPO MESA)","UN    ","AS",28363.31]
[11651,"PERFURATRIZ PNEUMATICA MANUAL DE PESO MEDIO, 18KG, COMPRIMENTO DE CURSO DE 6 M, DIAMETRO DO PISTAO DE 5,5 CM","UN    ","AS",15512.3]
[40435,"PERFURATRIZ SOBRE ESTEIRA, TORQUE MAXIMO DE 600 KGF, POTENCIA ENTRE 50 E 60 HP, DIAMETRO MAXIMO DE 10\"","UN    ","AS",829856.31]
[39012,"PERFURATRIZ SOBRE ESTEIRA, TORQUE MAXIMO 600 KGF, PESO MEDIO 1000 KG, POTENCIA 20 HP, DIAMETRO MAXIMO 10\"","UN    ","AS",865840.34]
[13617,"PICAPE CABINE SIMPLES COM MOTOR 1.6 FLEX, CAMBIO MANUAL, POTENCIA 101/104 CV, 2 PORTAS","UN    ","CR",100870.38]
[35274,"PILAR QUADRADO NAO APARELHADO *10 X 10* CM, EM MACARANDUBA/MASSARANDUBA, ANGELIM OU EQUIVALENTE DA REGIAO - BRUTA","M     ","CR",29.11]
[35275,"PILAR QUADRADO NAO APARELHADO *15 X 15* CM, EM MACARANDUBA/MASSARANDUBA, ANGELIM OU EQUIVALENTE DA REGIAO - BRUTA","M     ","CR",61.8]
[35276,"PILAR QUADRADO NAO APARELHADO *20 X 20* CM, EM MACARANDUBA/MASSARANDUBA, ANGELIM OU EQUIVALENTE DA REGIAO - BRUTA","M     ","CR",107.53]
[38386,"PINCEL CHATO (TRINCHA) CERDAS GRIS 1.1/2 \" (38 MM)","UN    ","CR",5.37]
[11091,"PINGADEIRA PLASTICA PARA TELHA DE FIBROCIMENTO CANALETE 49/KALHETA OU CANALETE 90/KALHETAO","UN    ","AS",1.83]
[37586,"PINO DE ACO COM ARRUELA CONICA, DIAMETRO ARRUELA = *23* MM E COMP HASTE = *27* MM (ACAO INDIRETA)","CENTO ","AS",45.05]
[37395,"PINO DE ACO COM FURO, HASTE = 27 MM (ACAO DIRETA)","CENTO ","AS",38.74]
[14147,"PINO DE ACO COM ROSCA 1/4 \", COMPRIMENTO DA HASTE = 30 MM E ROSCA = 20 MM (ACAO DIRETA)","CENTO ","AS",51.39]
[37396,"PINO DE ACO LISO 1/4 \", HASTE = *36,5* MM (ACAO DIRETA)","CENTO ","AS",31.7]
[37397,"PINO DE ACO LISO 1/4 \", HASTE = *53* MM (ACAO DIRETA)","CENTO ","AS",33.21]
[43606,"PINO GUIA RETO, EM LATAO, CHAPA COM 3 MM DE ESPESSURA E GUIA COM ROLETE DE 9 MM","UN    ","CR",9.0500000000000007]
[444,"PINO ROSCA EXTERNA, EM ACO GALVANIZADO, PARA ISOLADOR DE 15KV, DIAMETRO 25 MM, COMPRIMENTO *290* MM","UN    ","AS",23.12]
[445,"PINO ROSCA EXTERNA, EM ACO GALVANIZADO, PARA ISOLADOR DE 25KV, DIAMETRO 35MM, COMPRIMENTO *320* MM","UN    ","AS",31.64]
[4783,"PINTOR (HORISTA)","H     ","C ",16.600000000000001]
[41079,"PINTOR (MENSALISTA)","MES   ","CR",2879.28]
[12874,"PINTOR DE LETREIROS (HORISTA)","H     ","CR",16.100000000000001]
[41082,"PINTOR DE LETREIROS (MENSALISTA)","MES   ","CR",2795.98]
[4785,"PINTOR PARA TINTA EPOXI (HORISTA)","H     ","CR",16.600000000000001]
[41081,"PINTOR PARA TINTA EPOXI (MENSALISTA)","MES   ","CR",2879.28]
[4801,"PISO DE BORRACHA CANELADO EM PLACAS 50 X 50 CM, E = *3,5* MM, PARA COLA","M2    ","CR",91.79]
[4794,"PISO DE BORRACHA ESPORTIVO EM PLACAS 50 X 50 CM, E = 15 MM, PARA ARGAMASSA, PRETO","M2    ","CR",418.08]
[4796,"PISO DE BORRACHA FRISADO OU PASTILHADO, PRETO, EM PLACAS 50 X 50 CM, E = 7 MM, PARA ARGAMASSA","M2    ","CR",253.94]
[4800,"PISO DE BORRACHA PASTILHADO EM PLACAS 50 X 50 CM, E = *3,5* MM, PARA COLA, PRETO","M2    ","CR",69.83]
[4795,"PISO DE BORRACHA PASTILHADO EM PLACAS 50 X 50 CM, E = 15 MM, PARA ARGAMASSA, PRETO","M2    ","CR",406.97]
[39694,"PISO ELEVADO COM 2 PLACAS DE ACO COM ENCHIMENTO DE CONCRETO CELULAR, INCLUSO BASE/HASTE/CRUZETAS, 60 X 60 CM, H = *28* CM, RESISTENCIA CARGA CONCENTRADA 496 KG (COM COLOCACAO)","M2    ","CR",366.43]
[1292,"PISO EM CERAMICA ESMALTADA EXTRA, PEI MAIOR OU IGUAL A 4, FORMATO MAIOR QUE 2025 CM2","M2    ","CR",91.73]
[1287,"PISO EM CERAMICA ESMALTADA EXTRA, PEI MAIOR OU IGUAL A 4, FORMATO MENOR OU IGUAL A 2025 CM2","M2    ","C ",45]
[1297,"PISO EM CERAMICA ESMALTADA, COMERCIAL (PADRAO POPULAR), PEI MAIOR OU IGUAL A 3, FORMATO MENOR OU IGUAL A  2025 CM2","M2    ","CR",37.33]
[4786,"PISO EM GRANILITE, MARMORITE OU GRANITINA, AGREGADO COR PRETO, CINZA, PALHA OU BRANCO, E=  *8* MM (INCLUSO EXECUCAO)","M2    ","AS",108.5]
[10840,"PISO EM GRANITO, POLIDO, TIPO AMENDOA/ AMARELO CAPRI/ AMARELO DOURADO CARIOCA OU OUTROS EQUIVALENTES DA REGIAO, FORMATO MENOR OU IGUAL A 3025 CM2, E=  *2* CM","M2    ","C ",500]
[10841,"PISO EM GRANITO, POLIDO, TIPO ANDORINHA/ QUARTZ/ CASTELO/ CORUMBA OU OUTROS EQUIVALENTES DA REGIAO, FORMATO MENOR OU IGUAL A 3025 CM2, E=  *2* CM","M2    ","CR",377.35]
[44540,"PISO EM GRANITO, POLIDO, TIPO MARFIM, DALLAS, CARAVELAS OU OUTROS EQUIVALENTES DA REGIAO, FORMATO MENOR OU IGUAL A 3025 CM2, E=  *2*CM","M2    ","CR",482.18]
[10842,"PISO EM GRANITO, POLIDO, TIPO PRETO SAO GABRIEL/ TIJUCA OU OUTROS EQUIVALENTES DA REGIAO, FORMATO MENOR OU IGUAL A 3025 CM2, E=  *2* CM","M2    ","CR",545.07000000000005]
[21108,"PISO EM PORCELANATO RETIFICADO EXTRA, FORMATO MENOR OU IGUAL A 2025 CM2","M2    ","CR",122.26]
[38180,"PISO EM REGUA VINILICA SEMIFLEXIVEL, ENCAIXE CLICADO, E = 4 MM (SEM COLOCACAO)","M2    ","CR",204.45]
[40648,"PISO EPOXI AUTONIVELANTE, ESPESSURA *4* MM (INCLUSO EXECUCAO)","M2    ","AS",208.32]
[40649,"PISO EPOXI MULTILAYER, ESPESSURA *2* MM (INCLUSO EXECUCAO)","M2    ","AS",121.34]
[40650,"PISO FULGET (GRANITO LAVADO) EM PLACAS DE *40 X 40* CM, E = 2,0 CM (SEM COLOCACAO)","M2    ","AS",156.24]
[40651,"PISO FULGET (GRANITO LAVADO) EM PLACAS DE *75 X 75* CM, E = 2,0 CM (SEM COLOCACAO)","M2    ","AS",288.17]
[40652,"PISO FULGET (GRANITO LAVADO) MOLDADO IN LOCO (INCLUSO EXECUCAO)","M2    ","AS",154.5]
[40647,"PISO INDUSTRIAL EM CONCRETO ARMADO DE ACABAMENTO POLIDO, ESPESSURA 12 CM (CIMENTO QUEIMADO) (INCLUSO EXECUCAO)","M2    ","AS",170.12]
[40653,"PISO KORODUR (INCLUSO EXECUCAO)","M2    ","AS",130.19999999999999]
[36178,"PISO PODOTATIL DE CONCRETO - DIRECIONAL E ALERTA, *40 X 40 X 2,5* CM","UN    ","CR",15.72]
[38195,"PISO PORCELANATO, BORDA RETA, EXTRA, FORMATO MAIOR QUE 2025 CM2","M2    ","CR",144.4]
[38181,"PISO TATIL ALERTA OU DIRECIONAL, DE BORRACHA, COLORIDO, 25 X 25 CM, E = 5 MM, PARA COLA","M2    ","CR",279.10000000000002]
[38182,"PISO TATIL DE ALERTA OU DIRECIONAL DE BORRACHA, PRETO, 25 X 25 CM, E = 5 MM, PARA COLA","M2    ","CR",265.86]
[38186,"PISO TATIL DE ALERTA OU DIRECIONAL, DE BORRACHA, COLORIDO, 25 X 25 CM, E = 12 MM, PARA ARGAMASSA","M2    ","CR",691.05]
[38185,"PISO TATIL DE ALERTA OU DIRECIONAL, DE BORRACHA, PRETO, 25 X 25 CM, E = 12 MM, PARA ARGAMASSA","M2    ","CR",615.28]
[40654,"PISO URETANO, VERSAO REVESTIMENTO AUTONIVELANTE, ESPESSURA VARIÁVEL DE 3 A 4 MM (INCLUSO EXECUCAO)","M2    ","AS",202.24]
[44541,"PISO/ REVESTIMENTO EM GRANITO, POLIDO, TIPO ANDORINHA/ QUARTZ/ CASTELO/ CORUMBA OU OUTROS EQUIVALENTES DA REGIAO, FORMATO MAIOR OU IGUAL A 3025 CM2, E = *2*CM","M2    ","CR",398.32]
[4822,"PISO/ REVESTIMENTO EM MARMORE, POLIDO, BRANCO COMUM, FORMATO MAIOR OU IGUAL A 3025 CM2, E = *2* CM","M2    ","CR",466.99]
[4818,"PISO/ REVESTIMENTO EM MARMORE, POLIDO, BRANCO COMUM, FORMATO MENOR OU IGUAL A 3025 CM2, E = *2* CM","M2    ","C ",480]
[39567,"PLACA / CHAPA DE GESSO ACARTONADO, ACABAMENTO VINILICO LISO EM UMA DAS FACES, COR BRANCA, BORDA QUADRADA, E = 9,5 MM, *625 X 1250* MM (L X C), PARA FORRO REMOVIVEL","M2    ","CR",45.12]
[39566,"PLACA / CHAPA DE GESSO ACARTONADO, ACABAMENTO VINILICO LISO EM UMA DAS FACES, COR BRANCA, BORDA QUADRADA, E = 9,5 MM, *625 X 625* MM (L X C), PARA FORRO REMOVIVEL","M2    ","CR",47.76]
[39416,"PLACA / CHAPA DE GESSO ACARTONADO, RESISTENTE A UMIDADE (RU), COR VERDE, E = 12,5 MM, 1200 X 1800 MM (L X C)","M2    ","CR",29.11]
[39417,"PLACA / CHAPA DE GESSO ACARTONADO, RESISTENTE A UMIDADE (RU), COR VERDE, E = 12,5 MM, 1200 X 2400 MM (L X C)","M2    ","CR",28.39]
[43742,"PLACA / CHAPA DE GESSO ACARTONADO, RESISTENTE A UMIDADE (RU), COR VERDE, E = 15 MM, 1200 X 2400 MM (L X C)","M2    ","CR",30.62]
[39414,"PLACA / CHAPA DE GESSO ACARTONADO, RESISTENTE AO FOGO (RF), COR ROSA, E = 12,5 MM, 1200 X 1800 MM (L X C)","M2    ","CR",27.56]
[39415,"PLACA / CHAPA DE GESSO ACARTONADO, RESISTENTE AO FOGO (RF), COR ROSA, E = 12,5 MM, 1200 X 2400 MM (L X C)","M2    ","CR",23.76]
[43740,"PLACA / CHAPA DE GESSO ACARTONADO, RESISTENTE AO FOGO (RF), COR ROSA, E = 15 MM, 1200 X 2400 MM (L X C)","M2    ","CR",29.02]
[39412,"PLACA / CHAPA DE GESSO ACARTONADO, STANDARD (ST), COR BRANCA, E = 12,5 MM, 1200 X 1800 MM (L X C)","M2    ","C ",19.899999999999999]
[39413,"PLACA / CHAPA DE GESSO ACARTONADO, STANDARD (ST), COR BRANCA, E = 12,5 MM, 1200 X 2400 MM (L X C)","M2    ","CR",21.52]
[43741,"PLACA / CHAPA DE GESSO ACARTONADO, STANDARD (ST), COR BRANCA, E = 15 MM, 1200 X 2400 MM (L X C)","M2    ","CR",22.94]
[11062,"PLACA CIMENTICIA LISA E = 10 MM, DE 1,20 X *2,50* M (SEM AMIANTO)","M2    ","CR",49.35]
[11063,"PLACA CIMENTICIA LISA E = 6 MM, DE 1,20 X *2,50* M (SEM AMIANTO)","M2    ","CR",30.2]
[13521,"PLACA DE ACO ESMALTADA PARA  IDENTIFICACAO DE RUA, *45 CM X 20* CM","UN    ","AS",82.5]
[10851,"PLACA DE ACRILICO TRANSPARENTE ADESIVADA PARA SINALIZACAO DE PORTAS, BORDA POLIDA, DE *25 X 8*, E = 6 MM (NAO INCLUI ACESSORIOS PARA FIXACAO)","UN    ","AS",82.56]
[39515,"PLACA DE FIBRA MINERAL PARA FORRO, DE 1250 X 625 MM, E = 15 MM, BORDA RETA, COM PINTURA ANTIMOFO (NAO INCLUI PERFIS)","UN    ","AS",51.38]
[39516,"PLACA DE FIBRA MINERAL PARA FORRO, DE 625 X 625 MM, E = 15 MM, BORDA REBAIXADA PARA PERFIL 24 MM, COM PINTURA ANTIMOFO (NAO INCLUI PERFIS)","UN    ","AS",43.32]
[39514,"PLACA DE FIBRA MINERAL PARA FORRO, DE 625 X 625 MM, E = 15 MM, BORDA RETA, COM PINTURA ANTIMOFO (NAO INCLUI PERFIS)","UN    ","AS",26.95]
[4812,"PLACA DE GESSO PARA FORRO, *60 X 60* CM, ESPESSURA DE 12 MM (SEM COLOCACAO)","M2    ","CR",11.94]
[10849,"PLACA DE INAUGURACAO EM BRONZE *35X 50*CM","UN    ","AS",1200.01]
[10848,"PLACA DE INAUGURACAO METALICA, *40* CM X *60* CM","UN    ","AS",753.75]
[4813,"PLACA DE OBRA (PARA CONSTRUCAO CIVIL) EM CHAPA GALVANIZADA *N. 22*, ADESIVADA, DE *2,4 X 1,2* M (SEM POSTES PARA FIXACAO)","M2    ","AS",250]
[37560,"PLACA DE SINALIZACAO DE SEGURANCA CONTRA INCENDIO - ALERTA, TRIANGULAR, BASE DE *30* CM, EM PVC *2* MM ANTI-CHAMAS (SIMBOLOS, CORES E PICTOGRAMAS CONFORME NBR 16820)","UN    ","CR",78.739999999999995]
[37557,"PLACA DE SINALIZACAO DE SEGURANCA CONTRA INCENDIO, FOTOLUMINESCENTE, QUADRADA, *14 X 14* CM, EM PVC *2* MM ANTI-CHAMAS (SIMBOLOS, CORES E PICTOGRAMAS CONFORME NBR 16820)","UN    ","CR",23.91]
[37556,"PLACA DE SINALIZACAO DE SEGURANCA CONTRA INCENDIO, FOTOLUMINESCENTE, QUADRADA, *20 X 20* CM, EM PVC *2* MM ANTI-CHAMAS (SIMBOLOS, CORES E PICTOGRAMAS CONFORME NBR 16820)","UN    ","CR",46.26]
[37559,"PLACA DE SINALIZACAO DE SEGURANCA CONTRA INCENDIO, FOTOLUMINESCENTE, RETANGULAR, *12 X 40* CM, EM PVC *2* MM ANTI-CHAMAS (SIMBOLOS, CORES E PICTOGRAMAS CONFORME NBR 16820)","UN    ","CR",56.75]
[37539,"PLACA DE SINALIZACAO DE SEGURANCA CONTRA INCENDIO, FOTOLUMINESCENTE, RETANGULAR, *13 X 26* CM, EM PVC *2* MM ANTI-CHAMAS (SIMBOLOS, CORES E PICTOGRAMAS CONFORME NBR 16820)","UN    ","C ",40]
[37558,"PLACA DE SINALIZACAO DE SEGURANCA CONTRA INCENDIO, FOTOLUMINESCENTE, RETANGULAR, *20 X 40* CM, EM PVC *2* MM ANTI-CHAMAS (SIMBOLOS, CORES E PICTOGRAMAS CONFORME NBR 16820)","UN    ","CR",74.58]
[34723,"PLACA DE SINALIZACAO EM CHAPA DE ACO NUM 16 COM PINTURA REFLETIVA","M2    ","AS",577.5]
[34721,"PLACA DE SINALIZACAO EM CHAPA DE ALUMINIO COM PINTURA REFLETIVA, E = 2 MM","M2    ","AS",720]
[4309,"PLACA DE VENTILACAO PARA TELHA DE FIBROCIMENTO CANALETE 49 KALHETA","UN    ","AS",8.2100000000000009]
[4307,"PLACA DE VENTILACAO PARA TELHA DE FIBROCIMENTO, CANALETE 90 OU KALHETAO","UN    ","AS",14.04]
[10850,"PLACA NUMERACAO RESIDENCIAL EM CHAPA GALVANIZADA ESMALTADA 12 X 18 CM","UN    ","AS",37.5]
[42438,"PLACA ORIENTATIVA SOBRE EXERCICIOS, 2,00 M X 1,00 M ( CHAPA GALVANIZADA #20), ESTRUTURA EM TUBOS REDONDOS DE ACO CARBONO, PINTURA NO PROCESSO ELETROSTATICO, ADESIVO FRENTE E VERSO - PARA ACADEMIA AO AR LIVRE / ACADEMIA DA TERCEIRA IDADE - ATI","UN    ","AS",2090.75]
[4792,"PLACA VINILICA SEMIFLEXIVEL PARA PISOS, E = 3,2 MM, 30 X 30 CM (SEM COLOCACAO)","M2    ","CR",196.26]
[4790,"PLACA VINILICA SEMIFLEXIVEL PARA REVESTIMENTO DE PISOS E PAREDES, E = 2 MM (SEM COLOCACAO)","M2    ","C ",118]
[40671,"PLACA/PISO DE CONCRETO POROSO/ PAVIMENTO PERMEAVEL/BLOCO DRENANTE DE CONCRETO, 40 CM X 40 CM, E = 6 CM, COR NATURAL","M2    ","CR",103.17]
[7552,"PLACA/TAMPA CEGA EM LATAO ESCOVADO PARA CONDULETE EM LIGA DE ALUMINIO 4 X 4\"","UN    ","AS",25.42]
[4893,"PLUG OU BUJAO DE FERRO GALVANIZADO, DE 1 1/2\"","UN    ","AS",15.74]
[4894,"PLUG OU BUJAO DE FERRO GALVANIZADO, DE 1 1/4\"","UN    ","AS",13.5]
[4888,"PLUG OU BUJAO DE FERRO GALVANIZADO, DE 1/2\"","UN    ","AS",4.5999999999999996]
[4890,"PLUG OU BUJAO DE FERRO GALVANIZADO, DE 1\"","UN    ","AS",8.64]
[12411,"PLUG OU BUJAO DE FERRO GALVANIZADO, DE 2 1/2\"","UN    ","AS",46.54]
[4891,"PLUG OU BUJAO DE FERRO GALVANIZADO, DE 2\"","UN    ","AS",23.27]
[4889,"PLUG OU BUJAO DE FERRO GALVANIZADO, DE 3/4\"","UN    ","AS",6.22]
[4892,"PLUG OU BUJAO DE FERRO GALVANIZADO, DE 3\"","UN    ","AS",65.17]
[12412,"PLUG OU BUJAO DE FERRO GALVANIZADO, DE 4\"","UN    ","AS",121.12]
[4907,"PLUG PVC, JE, DN 100 MM, PARA REDE COLETORA ESGOTO","UN    ","CR",22.63]
[4902,"PLUG PVC, JE, DN 150 MM, PARA REDE COLETORA ESGOTO","UN    ","CR",58.7]
[11096,"PO DE MARMORE (POSTO PEDREIRA/FORNECEDOR, SEM FRETE)","KG    ","CR",3.69]
[4741,"PO DE PEDRA (POSTO PEDREIRA/FORNECEDOR, SEM FRETE)","M3    ","CR",253.71]
[4752,"POCEIRO / ESCAVADOR DE VALAS E TUBULOES","H     ","CR",12.98]
[41091,"POCEIRO / ESCAVADOR DE VALAS E TUBULOES (MENSALISTA)","MES   ","CR",2253.6999999999998]
[13954,"POLIDORA DE PISO (POLITRIZ) ELETRICA, MOTOR MONOFASICO DE 4 HP, PESO DE 100 KG, DIAMETRO DO TRABALHO DE 450 MM","UN    ","AS",6621.59]
[3411,"POLIESTIRENO EXPANDIDO/EPS (ISOPOR), PEROLAS, PARA CONCRETO LEVE","KG    ","AS",74.489999999999995]
[39995,"POLIESTIRENO EXPANDIDO/EPS (ISOPOR), TIPO 2F, BLOCO","M3    ","AS",573.1]
[11615,"POLIESTIRENO EXPANDIDO/EPS (ISOPOR), TIPO 2F, PLACA, ISOLAMENTO TERMOACUSTICO, E = 10 MM, 1000 X 500 MM","M2    ","AS",4.8600000000000003]
[3408,"POLIESTIRENO EXPANDIDO/EPS (ISOPOR), TIPO 2F, PLACA, ISOLAMENTO TERMOACUSTICO, E = 20 MM, 1000 X 500 MM","M2    ","AS",12.91]
[3409,"POLIESTIRENO EXPANDIDO/EPS (ISOPOR), TIPO 2F, PLACA, ISOLAMENTO TERMOACUSTICO, E = 50 MM, 1000 X 500 MM","M2    ","AS",32.270000000000003]
[11427,"POLVORA NEGRA","KG    ","AS",94.19]
[4491,"PONTALETE *7,5 X 7,5* CM EM PINUS, MISTA OU EQUIVALENTE DA REGIAO - BRUTA","M     ","CR",9.49]
[2745,"PONTALETE ROLIÇO SEM TRATAMENTO, D = 8 A 11 CM, H = 3 M, EM EUCALIPTO OU EQUIVALENTE DA REGIAO - BRUTA (PARA ESCORAMENTO)","M     ","AS",3.2]
[14439,"PONTALETE ROLIÇO SEM TRATAMENTO, D = 8 A 11 CM, H = 6 M, EM EUCALIPTO OU EQUIVALENTE DA REGIAO - BRUTA (PARA ESCORAMENTO)","M     ","AS",3.97]
[44496,"PONTEIRO PARA MARTELO ROMPEDOR, DIAMETRO = *28* MM, COMPRIMENTO = *520* MM, ENCAIXE  SEXTAVADO","UN    ","CR",134.72999999999999]
[12362,"PORCA OLHAL EM ACO GALVANIZADO, ESPESSURA 16MM, ABERTURA 21MM","UN    ","AS",12.56]
[421,"PORCA OLHAL M 16,  EM ACO GALVANIZADO, DIAMETRO = 16 MM","UN    ","AS",23.07]
[14148,"PORCA UNIAO/JUNCAO ZINCADA SEXTAVADA 1/4 \", CHAVE 7/16 \", COMPRIMENTO = 25 MM","UN    ","AS",0.87]
[4341,"PORCA ZINCADA, QUADRADA, DIAMETRO 3/8\"","UN    ","CR",0.98]
[4337,"PORCA ZINCADA, QUADRADA, DIAMETRO 5/8\"","UN    ","CR",2.4700000000000002]
[4339,"PORCA ZINCADA, SEXTAVADA, DIAMETRO 1/2\"","UN    ","CR",0.52]
[39997,"PORCA ZINCADA, SEXTAVADA, DIAMETRO 1/4\"","UN    ","CR",0.28999999999999998]
[11971,"PORCA ZINCADA, SEXTAVADA, DIAMETRO 1\"","UN    ","CR",4.08]
[4342,"PORCA ZINCADA, SEXTAVADA, DIAMETRO 3/8\"","UN    ","CR",0.21]
[4330,"PORCA ZINCADA, SEXTAVADA, DIAMETRO 5/16\"","UN    ","CR",0.14000000000000001]
[4340,"PORCA ZINCADA, SEXTAVADA, DIAMETRO 5/8\"","UN    ","CR",1.1399999999999999]
[5088,"PORTA CADEADO EM ACO GALVANIZADO, COMPRIMENTO DE 3  1/2\"","UN    ","CR",7.07]
[11154,"PORTA CORTA-FOGO PARA SAIDA DE EMERGENCIA, COM FECHADURA, VAO LUZ DE 90 X 210 CM, CLASSE P-90 (NBR 11742)","UN    ","AS",1509.43]
[4989,"PORTA DE ABRIR / GIRO, DE MADEIRA FOLHA MEDIA (NBR 15930) DE 1000 X 2100 MM, DE 35 MM A 40 MM DE ESPESSURA, NUCLEO SEMI-SOLIDO (SARRAFEADO), CAPA LISA EM HDF, ACABAMENTO EM LAMINADO NATURAL PARA VERNIZ","UN    ","AS",363.32]
[4982,"PORTA DE ABRIR / GIRO, DE MADEIRA FOLHA MEDIA (NBR 15930) DE 1000 X 2100 MM, DE 35 MM A 40 MM DE ESPESSURA, NUCLEO SEMI-SOLIDO (SARRAFEADO), CAPA LISA EM HDF, ACABAMENTO EM PRIMER PARA PINTURA","UN    ","AS",340.77]
[4962,"PORTA DE ABRIR / GIRO, DE MADEIRA FOLHA MEDIA (NBR 15930) DE 700 X 2100 MM, DE 35 MM A 40 MM DE ESPESSURA, NUCLEO SEMI-SOLIDO (SARRAFEADO), CAPA FRISADA EM HDF, ACABAMENTO MELAMINICO EM PADRAO MADEIRA","UN    ","AS",268.74]
[4981,"PORTA DE ABRIR / GIRO, DE MADEIRA FOLHA MEDIA (NBR 15930) DE 700 X 2100 MM, DE 35 MM A 40 MM DE ESPESSURA, NUCLEO SEMI-SOLIDO (SARRAFEADO), CAPA LISA EM HDF, ACABAMENTO EM LAMINADO NATURAL PARA VERNIZ","UN    ","AS",239.25]
[4964,"PORTA DE ABRIR / GIRO, DE MADEIRA FOLHA MEDIA (NBR 15930) DE 800 X 2100 MM, DE 35 MM A 40 MM DE ESPESSURA, NUCLEO SEMI-SOLIDO (SARRAFEADO), CAPA FRISADA EM HDF, ACABAMENTO MELAMINICO EM PADRAO MADEIRA","UN    ","AS",303.52]
[4992,"PORTA DE ABRIR / GIRO, DE MADEIRA FOLHA MEDIA (NBR 15930) DE 800 X 2100 MM, DE 35 MM A 40 MM DE ESPESSURA, NUCLEO SEMI-SOLIDO (SARRAFEADO), CAPA LISA EM HDF, ACABAMENTO EM LAMINADO NATURAL PARA VERNIZ","UN    ","AS",296.48]
[4987,"PORTA DE ABRIR / GIRO, DE MADEIRA FOLHA MEDIA (NBR 15930) DE 900 X 2100 MM, DE 35 MM A 40 MM DE ESPESSURA, NUCLEO SEMI-SOLIDO (SARRAFEADO), CAPA LISA EM HDF, ACABAMENTO EM LAMINADO NATURAL PARA VERNIZ","UN    ","AS",339.2]
[4930,"PORTA DE ABRIR / GIRO, EM GRADIL FERRO, COM BARRA CHATA 3 CM X 1/4\", COM REQUADRO E GUARNICAO - COMPLETO - ACABAMENTO NATURAL","M2    ","AS",639.34]
[39021,"PORTA DE ABRIR EM ACO COM DIVISAO HORIZONTAL PARA VIDROS, COM FUNDO ANTICORROSIVO/PRIMER DE PROTECAO, SEM GUARNICAO/ALIZAR/VISTA, VIDROS NAO INCLUSOS, 90 X 210 CM","UN    ","AS",679.78]
[39022,"PORTA DE ABRIR EM ACO TIPO VENEZIANA, COM FUNDO ANTICORROSIVO / PRIMER DE PROTECAO, SEM GUARNICAO/ALIZAR/VISTA, 90 X 210 CM","UN    ","AS",608.9]
[39024,"PORTA DE ABRIR EM ALUMINIO COM DIVISAO HORIZONTAL  PARA VIDROS,  ACABAMENTO ANODIZADO NATURAL, VIDROS INCLUSOS, SEM GUARNICAO/ALIZAR/VISTA , 87 X 210 CM","UN    ","AS",755.08]
[4914,"PORTA DE ABRIR EM ALUMINIO COM LAMBRI HORIZONTAL/LAMINADA, ACABAMENTO ANODIZADO NATURAL, SEM GUARNICAO/ALIZAR/VISTA","M2    ","AS",612.24]
[4917,"PORTA DE ABRIR EM ALUMINIO TIPO VENEZIANA, ACABAMENTO ANODIZADO NATURAL, SEM GUARNICAO/ALIZAR/VISTA","M2    ","AS",422.82]
[39025,"PORTA DE ABRIR EM ALUMINIO TIPO VENEZIANA, ACABAMENTO ANODIZADO NATURAL, SEM GUARNICAO/ALIZAR/VISTA, 87 X 210 CM","UN    ","AS",774.26]
[4922,"PORTA DE CORRER EM ALUMINIO, DUAS FOLHAS MOVEIS COM VIDRO, FECHADURA E PUXADOR EMBUTIDO, ACABAMENTO ANODIZADO NATURAL, SEM GUARNICAO/ALIZAR/VISTA","M2    ","AS",392.2]
[4911,"PORTA DE ENROLAR MANUAL COMPLETA, ARTICULADA RAIADA LARGA, EM ACO GALVANIZADO NATURAL, CHAPA NUMERO 24 (SEM INSTALACAO)","M2    ","CR",371.84]
[37518,"PORTA DE ENROLAR MANUAL COMPLETA, PERFIL MEIA CANA CEGA, EM ACO GALVANIZADO COM PINTURA ELETROSTATICA, CHAPA NUMERO 24 \" (SEM INSTALACAO)","M2    ","CR",604.24]
[4910,"PORTA DE ENROLAR MANUAL COMPLETA, PERFIL MEIA CANA CEGA, EM ACO GALVANIZADO NATURAL, CHAPA NUMERO 24 (SEM INSTALACAO)","M2    ","CR",509.38]
[4943,"PORTA DE ENROLAR MANUAL COMPLETA, PERFIL MEIA CANA VAZADA TIJOLINHO, EM ACO GALVANIZADO NATURAL, CHAPA NUMERO 24 (SEM INSTALACAO)","M2    ","CR",758.85]
[5002,"PORTA DE MADEIRA QUADRICULADA PARA VIDRO, DE CORRER (EUCALIPTO OU EQUIVALENTE REGIONAL), E = *3,5* CM","M2    ","AS",477.42]
[4977,"PORTA DE MADEIRA TIPO VENEZIANA (EUCALIPTO OU EQUIVALENTE REGIONAL), E = *3,5* CM","M2    ","AS",322.27999999999997]
[5028,"PORTA DE MADEIRA-DE-LEI QUADRICULADA PARA VIDRO, DE CORRER (ANGELIM OU EQUIVALENTE REGIONAL), E = *3,5* CM","M2    ","AS",788.56]
[4998,"PORTA DE MADEIRA-DE-LEI TIPO MEXICANA SEM EMENDA (ANGELIM OU EQUIVALENTE REGIONAL), E = *3,5* CM","M2    ","AS",654.91999999999996]
[4969,"PORTA DE MADEIRA-DE-LEI TIPO VENEZIANA (ANGELIM OU EQUIVALENTE REGIONAL), E = *3,5* CM","M2    ","AS",455.8]
[11364,"PORTA DE MADEIRA, FOLHA LEVE (NBR 15930) DE 600 X 2100 MM, DE 35 MM A 40 MM DE ESPESSURA, NUCLEO COLMEIA, CAPA LISA EM HDF, ACABAMENTO EM PRIMER PARA PINTURA","UN    ","AS",205.54]
[11365,"PORTA DE MADEIRA, FOLHA LEVE (NBR 15930) DE 700 X 2100 MM, DE 35 MM A 40 MM DE ESPESSURA, NUCLEO COLMEIA, CAPA LISA EM HDF, ACABAMENTO EM PRIMER PARA PINTURA","UN    ","AS",213.29]
[11366,"PORTA DE MADEIRA, FOLHA LEVE (NBR 15930) DE 800 X 2100 MM, DE 35 MM A 40 MM DE ESPESSURA, NUCLEO COLMEIA, CAPA LISA EM HDF, ACABAMENTO EM PRIMER PARA PINTURA","UN    ","AS",226.73]
[43777,"PORTA DE MADEIRA, FOLHA LEVE (NBR 15930), DE 600 X 2100 MM, E = 35 MM, NUCLEO COLMEIA, CAPA LISA EM HDF, ACABAMENTO MELAMINICO EM PADRAO MADEIRA","UN    ","AS",266.33]
[20322,"PORTA DE MADEIRA, FOLHA MEDIA (NBR 15930) DE 600 X 2100 MM, DE 35 MM A 40 MM DE ESPESSURA, NUCLEO SEMI-SOLIDO (SARRAFEADO), CAPA FRISADA EM HDF, ACABAMENTO MELAMINICO EM PADRAO MADEIRA","UN    ","AS",247.24]
[10553,"PORTA DE MADEIRA, FOLHA MEDIA (NBR 15930) DE 600 X 2100 MM, DE 35 MM A 40 MM DE ESPESSURA, NUCLEO SEMI-SOLIDO (SARRAFEADO), CAPA LISA EM HDF, ACABAMENTO EM PRIMER PARA PINTURA","UN    ","AS",224.49]
[5020,"PORTA DE MADEIRA, FOLHA MEDIA (NBR 15930) DE 600 X 2100 MM, DE 35 MM A 40 MM DE ESPESSURA, NUCLEO SEMI-SOLIDO (SARRAFEADO), CAPA LISA EM HDF, ACABAMENTO LAMINADO NATURAL PARA VERNIZ","UN    ","AS",236.68]
[10554,"PORTA DE MADEIRA, FOLHA MEDIA (NBR 15930) DE 700 X 2100 MM, DE 35 MM A 40 MM DE ESPESSURA, NUCLEO SEMI-SOLIDO (SARRAFEADO), CAPA LISA EM HDF, ACABAMENTO EM PRIMER PARA PINTURA","UN    ","AS",226.48]
[10555,"PORTA DE MADEIRA, FOLHA MEDIA (NBR 15930) DE 800 X 2100 MM, DE 35 MM A 40 MM DE ESPESSURA, NUCLEO SEMI-SOLIDO (SARRAFEADO), CAPA LISA EM HDF, ACABAMENTO EM PRIMER PARA PINTURA","UN    ","AS",246.98]
[10556,"PORTA DE MADEIRA, FOLHA MEDIA (NBR 15930) DE 900 X 2100 MM, DE 35 MM A 40 MM DE ESPESSURA, NUCLEO SEMI-SOLIDO (SARRAFEADO), CAPA LISA EM HDF, ACABAMENTO EM PRIMER PARA PINTURA","UN    ","AS",328.39]
[39502,"PORTA DE MADEIRA, FOLHA PESADA (NBR 15930) DE 800 X 2100 MM, DE 40 MM A 45 MM DE ESPESSURA, NUCLEO SOLIDO, CAPA LISA EM HDF, ACABAMENTO EM LAMINADO NATURAL PARA VERNIZ","UN    ","AS",461.14]
[39504,"PORTA DE MADEIRA, FOLHA PESADA (NBR 15930) DE 800 X 2100 MM, DE 40 MM A 45 MM DE ESPESSURA, NUCLEO SOLIDO, CAPA LISA EM HDF, ACABAMENTO EM PRIMER PARA PINTURA","UN    ","AS",509.93]
[39503,"PORTA DE MADEIRA, FOLHA PESADA (NBR 15930) DE 900 X 2100 MM, DE 40 MM A 45 MM DE ESPESSURA, NUCLEO SOLIDO, CAPA LISA EM HDF, ACABAMENTO EM LAMINADO NATURAL PARA VERNIZ","UN    ","AS",536.69000000000005]
[39505,"PORTA DE MADEIRA, FOLHA PESADA (NBR 15930) DE 900 X 2100 MM, DE 40 MM A 45 MM DE ESPESSURA, NUCLEO SOLIDO, CAPA LISA EM HDF, ACABAMENTO EM PRIMER PARA PINTURA","UN    ","AS",578.36]
[44471,"PORTA DENTE PARA  FRESADORA","UN    ","AS",567.70000000000005]
[4944,"PORTA GRADE DE ENROLAR MANUAL COMPLETA, PERFIL TUBULAR TIJOLINHO 3/4 \", EM ACO GALVANIZADO NATURAL (SEM INSTALACAO)","M2    ","CR",1134.49]
[21102,"PORTA TOALHA BANHO EM METAL CROMADO, TIPO BARRA","UN    ","CR",60.41]
[21101,"PORTA TOALHA ROSTO EM METAL CROMADO, TIPO ARGOLA","UN    ","CR",38.79]
[34713,"PORTA VIDRO TEMPERADO INCOLOR, 2 FOLHAS DE CORRER, E = 10 MM (SEM FERRAGENS E SEM COLOCACAO)","M2    ","CR",592.49]
[37563,"PORTAO BASCULANTE, MANUAL, EM ACO GALVANIZADO, CHAPA 26, TIPO LAMBRIL, COM REQUADRO, ACABAMENTO NATURAL","M2    ","AS",703.51]
[4948,"PORTAO DE ABRIR / GIRO, EM GRADIL DE METALON REDONDO DE 3/4\"  VERTICAL, COM REQUADRO, ACABAMENTO NATURAL - COMPLETO","M2    ","AS",612.07000000000005]
[37561,"PORTAO DE CORRER EM CHAPA TIPO PAINEL LAMBRIL QUADRADO, COM PORTA SOCIAL COMPLETA INCLUIDA, COM REQUADRO, ACABAMENTO NATURAL, COM TRILHOS E ROLDANAS","M2    ","AS",570.84]
[37562,"PORTAO DE CORRER EM GRADIL FIXO DE BARRA DE FERRO CHATA DE 3 X 1/4\" NA VERTICAL, SEM REQUADRO, ACABAMENTO NATURAL, COM TRILHOS E ROLDANAS","M2    ","AS",748.43]
[14164,"POSTE CONICO CONTINUO EM ACO GALVANIZADO, CURVO, BRACO DUPLO, ENGASTADO,  H = 9 M, DIAMETRO INFERIOR = *135* MM","UN    ","AS",2009.86]
[14163,"POSTE CONICO CONTINUO EM ACO GALVANIZADO, CURVO, BRACO DUPLO, FLANGEADO,  H = 9 M, DIAMETRO INFERIOR = *135* MM","UN    ","AS",2284.34]
[5051,"POSTE CONICO CONTINUO EM ACO GALVANIZADO, CURVO, BRACO SIMPLES, ENGASTADO,  H = 9 M, DIAMETRO INFERIOR = *135* MM","UN    ","AS",1942.8]
[14162,"POSTE CONICO CONTINUO EM ACO GALVANIZADO, CURVO, BRACO SIMPLES, FLANGEADO,  H = 9 M, DIAMETRO INFERIOR = *135* MM","UN    ","AS",1939.98]
[5052,"POSTE CONICO CONTINUO EM ACO GALVANIZADO, CURVO, BRACO SIMPLES, FLANGEADO, H = 7 M, DIAMETRO INFERIOR = *125* MM","UN    ","AS",1447.5]
[14166,"POSTE CONICO CONTINUO EM ACO GALVANIZADO, RETO, ENGASTADO,  H = 7 M, DIAMETRO INFERIOR = *125* MM","UN    ","AS",1465.88]
[14165,"POSTE CONICO CONTINUO EM ACO GALVANIZADO, RETO, ENGASTADO,  H = 9 M, DIAMETRO INFERIOR = *145* MM","UN    ","AS",2030.77]
[5050,"POSTE CONICO CONTINUO EM ACO GALVANIZADO, RETO, FLANGEADO,  H = 3 M, DIAMETRO INFERIOR = *95* MM","UN    ","AS",499.82]
[12366,"POSTE DE CONCRETO ARMADO DE SECAO CIRCULAR, EXTENSAO DE 10,00 M, RESISTENCIA DE 150 A 200 DAN, TIPO C-14","UN    ","AS",1020.97]
[5045,"POSTE DE CONCRETO ARMADO DE SECAO CIRCULAR, EXTENSAO DE 11,00 M, RESISTENCIA DE 200 A 300 DAN, TIPO C-14","UN    ","AS",1410.41]
[5035,"POSTE DE CONCRETO ARMADO DE SECAO CIRCULAR, EXTENSAO DE 11,00 M, RESISTENCIA DE 300 A 400 DAN, TIPO C-17","UN    ","AS",1621.63]
[41180,"POSTE DE CONCRETO ARMADO DE SECAO CIRCULAR, EXTENSAO DE 13,00 M, RESISTENCIA DE 1000 DAN, TIPO C-23","UN    ","AS",3645.41]
[41181,"POSTE DE CONCRETO ARMADO DE SECAO CIRCULAR, EXTENSAO DE 13,00 M, RESISTENCIA DE 1500 DAN, TIPO C-29","UN    ","AS",4826.41]
[41182,"POSTE DE CONCRETO ARMADO DE SECAO CIRCULAR, EXTENSAO DE 13,00 M, RESISTENCIA DE 2000 DAN, TIPO C-29","UN    ","AS",6923.88]
[41183,"POSTE DE CONCRETO ARMADO DE SECAO CIRCULAR, EXTENSAO DE 13,00 M, RESISTENCIA DE 2500 DAN, TIPO C-29","UN    ","AS",8644.61]
[41184,"POSTE DE CONCRETO ARMADO DE SECAO CIRCULAR, EXTENSAO DE 13,00 M, RESISTENCIA DE 3000 DAN, TIPO C-29","UN    ","AS",13161.95]
[41185,"POSTE DE CONCRETO ARMADO DE SECAO CIRCULAR, EXTENSAO DE 14,00 M, RESISTENCIA DE 1000 DAN, TIPO C-23","UN    ","AS",4881.04]
[41186,"POSTE DE CONCRETO ARMADO DE SECAO CIRCULAR, EXTENSAO DE 14,00 M, RESISTENCIA DE 1500 DAN, TIPO C-29","UN    ","AS",6840.22]
[41187,"POSTE DE CONCRETO ARMADO DE SECAO CIRCULAR, EXTENSAO DE 14,00 M, RESISTENCIA DE 2000 DAN, TIPO C-29","UN    ","AS",9173.2999999999993]
[41188,"POSTE DE CONCRETO ARMADO DE SECAO CIRCULAR, EXTENSAO DE 14,00 M, RESISTENCIA DE 2500 DAN, TIPO C-29","UN    ","AS",11730.6]
[5036,"POSTE DE CONCRETO ARMADO DE SECAO CIRCULAR, EXTENSAO DE 14,00 M, RESISTENCIA DE 300 A 400 DAN, TIPO C-17","UN    ","AS",2487.88]
[41189,"POSTE DE CONCRETO ARMADO DE SECAO CIRCULAR, EXTENSAO DE 14,00 M, RESISTENCIA DE 3000 DAN, TIPO C-29","UN    ","AS",15080.92]
[41190,"POSTE DE CONCRETO ARMADO DE SECAO CIRCULAR, EXTENSAO DE 15,00 M, RESISTENCIA DE 1000 DAN, TIPO C-23","UN    ","AS",5244.61]
[41191,"POSTE DE CONCRETO ARMADO DE SECAO CIRCULAR, EXTENSAO DE 15,00 M, RESISTENCIA DE 1500 DAN, TIPO C-29","UN    ","AS",8042.42]
[41192,"POSTE DE CONCRETO ARMADO DE SECAO CIRCULAR, EXTENSAO DE 15,00 M, RESISTENCIA DE 2000 DAN, TIPO C-29","UN    ","AS",8384.16]
[41193,"POSTE DE CONCRETO ARMADO DE SECAO CIRCULAR, EXTENSAO DE 15,00 M, RESISTENCIA DE 2500 DAN, TIPO C-29","UN    ","AS",13699.44]
[41194,"POSTE DE CONCRETO ARMADO DE SECAO CIRCULAR, EXTENSAO DE 15,00 M, RESISTENCIA DE 3000 DAN, TIPO C-29","UN    ","AS",16346.54]
[5044,"POSTE DE CONCRETO ARMADO DE SECAO CIRCULAR, EXTENSAO DE 9,00 M, RESISTENCIA DE 200 A 300 DAN, TIPO C-14","UN    ","AS",879.61]
[5059,"POSTE DE CONCRETO ARMADO DE SECAO CIRCULAR, EXTENSAO DE 9,00 M, RESISTENCIA DE 300 A 400 DAN, TIPO C-17","UN    ","AS",1051.9100000000001]
[41201,"POSTE DE CONCRETO ARMADO DE SECAO DUPLO T, EXTENSAO DE 10,00 M, RESISTENCIA DE 1000 DAN, TIPO B-1,5","UN    ","AS",2134.7600000000002]
[41199,"POSTE DE CONCRETO ARMADO DE SECAO DUPLO T, EXTENSAO DE 10,00 M, RESISTENCIA DE 150 DAN, TIPO D","UN    ","AS",685.98]
[5057,"POSTE DE CONCRETO ARMADO DE SECAO DUPLO T, EXTENSAO DE 10,00 M, RESISTENCIA DE 300 A 400 DAN, TIPO B OU D","UN    ","AS",928.69]
[41200,"POSTE DE CONCRETO ARMADO DE SECAO DUPLO T, EXTENSAO DE 10,00 M, RESISTENCIA DE 600 DAN, TIPO B","UN    ","AS",1335.15]
[41205,"POSTE DE CONCRETO ARMADO DE SECAO DUPLO T, EXTENSAO DE 11,00 M, RESISTENCIA DE 1000 DAN, TIPO B-1,5","UN    ","AS",2474.0100000000002]
[41202,"POSTE DE CONCRETO ARMADO DE SECAO DUPLO T, EXTENSAO DE 11,00 M, RESISTENCIA DE 150 DAN, TIPO D","UN    ","AS",721.93]
[41206,"POSTE DE CONCRETO ARMADO DE SECAO DUPLO T, EXTENSAO DE 11,00 M, RESISTENCIA DE 1500 DAN, TIPO B-3,0","UN    ","AS",3261.88]
[12372,"POSTE DE CONCRETO ARMADO DE SECAO DUPLO T, EXTENSAO DE 11,00 M, RESISTENCIA DE 200 DAN, TIPO D","UN    ","AS",758.03]
[41207,"POSTE DE CONCRETO ARMADO DE SECAO DUPLO T, EXTENSAO DE 11,00 M, RESISTENCIA DE 2000 DAN, TIPO B-4,5","UN    ","AS",4391.1400000000003]
[41203,"POSTE DE CONCRETO ARMADO DE SECAO DUPLO T, EXTENSAO DE 11,00 M, RESISTENCIA DE 300 DAN, TIPO B","UN    ","AS",1156.46]
[41204,"POSTE DE CONCRETO ARMADO DE SECAO DUPLO T, EXTENSAO DE 11,00 M, RESISTENCIA DE 600 DAN, TIPO B","UN    ","AS",1634.94]
[41210,"POSTE DE CONCRETO ARMADO DE SECAO DUPLO T, EXTENSAO DE 12,00 M, RESISTENCIA DE 1000 DAN, TIPO B-1,5","UN    ","AS",2731.12]
[41208,"POSTE DE CONCRETO ARMADO DE SECAO DUPLO T, EXTENSAO DE 12,00 M, RESISTENCIA DE 150 DAN, TIPO D","UN    ","AS",956.05]
[41211,"POSTE DE CONCRETO ARMADO DE SECAO DUPLO T, EXTENSAO DE 12,00 M, RESISTENCIA DE 1500 DAN, TIPO B-3,0","UN    ","AS",3848.11]
[13339,"POSTE DE CONCRETO ARMADO DE SECAO DUPLO T, EXTENSAO DE 12,00 M, RESISTENCIA DE 300 A 400 DAN, TIPO B OU D","UN    ","AS",1295.68]
[41213,"POSTE DE CONCRETO ARMADO DE SECAO DUPLO T, EXTENSAO DE 12,00 M, RESISTENCIA DE 3000 DAN, TIPO B-6,0","UN    ","AS",7976.19]
[41209,"POSTE DE CONCRETO ARMADO DE SECAO DUPLO T, EXTENSAO DE 12,00 M, RESISTENCIA DE 600 DAN, TIPO B","UN    ","AS",1782.7]
[41216,"POSTE DE CONCRETO ARMADO DE SECAO DUPLO T, EXTENSAO DE 13,00 M, RESISTENCIA DE 1000 DAN, TIPO B-1,5","UN    ","AS",3339.23]
[41217,"POSTE DE CONCRETO ARMADO DE SECAO DUPLO T, EXTENSAO DE 13,00 M, RESISTENCIA DE 1500 DAN, TIPO B-3,0","UN    ","AS",5353.97]
[41218,"POSTE DE CONCRETO ARMADO DE SECAO DUPLO T, EXTENSAO DE 13,00 M, RESISTENCIA DE 2000 DAN, TIPO B-4,5","UN    ","AS",7179.83]
[41214,"POSTE DE CONCRETO ARMADO DE SECAO DUPLO T, EXTENSAO DE 13,00 M, RESISTENCIA DE 300 DAN, TIPO B","UN    ","AS",1513.85]
[41215,"POSTE DE CONCRETO ARMADO DE SECAO DUPLO T, EXTENSAO DE 13,00 M, RESISTENCIA DE 600 DAN, TIPO B","UN    ","AS",2279.31]
[41221,"POSTE DE CONCRETO ARMADO DE SECAO DUPLO T, EXTENSAO DE 15,00 M, RESISTENCIA DE 1500 DAN, TIPO B-3,0","UN    ","AS",6599.79]
[41222,"POSTE DE CONCRETO ARMADO DE SECAO DUPLO T, EXTENSAO DE 15,00 M, RESISTENCIA DE 2000 DAN, TIPO B-4,5","UN    ","AS",9444.3700000000008]
[41195,"POSTE DE CONCRETO ARMADO DE SECAO DUPLO T, EXTENSAO DE 8,00 M, RESISTENCIA DE 150 DAN, TIPO D","UN    ","AS",485.41]
[41198,"POSTE DE CONCRETO ARMADO DE SECAO DUPLO T, EXTENSAO DE 9,00 M, RESISTENCIA DE 1000 DAN, TIPO B-1,5","UN    ","AS",1896.88]
[41196,"POSTE DE CONCRETO ARMADO DE SECAO DUPLO T, EXTENSAO DE 9,00 M, RESISTENCIA DE 150 DAN, TIPO D","UN    ","AS",601.70000000000005]
[5033,"POSTE DE CONCRETO ARMADO DE SECAO DUPLO T, EXTENSAO DE 9,00 M, RESISTENCIA DE 300 A 400 DAN, TIPO B OU D","UN    ","AS",790]
[41197,"POSTE DE CONCRETO ARMADO DE SECAO DUPLO T, EXTENSAO DE 9,00 M, RESISTENCIA DE 600 DAN, TIPO B","UN    ","AS",1173.44]
[12388,"POSTE DECORATIVO PARA JARDIM EM ACO TUBULAR, SEM LUMINARIA, H = *2,5* M","UN    ","AS",295.85000000000002]
[2731,"POSTE ROLICO DE MADEIRA TRATADA, D = 20 A 25 CM, H = 12,00 M, EM EUCALIPTO OU EQUIVALENTE DA REGIAO","M     ","AS",91.42]
[41457,"POSTES METALICOS AUTOPORTANTES, CONICO OU TELESCOPICO, PARA SPDA, ALTURA 10 METROS LIVRES","UN    ","AS",1507.73]
[41458,"POSTES METALICOS AUTOPORTANTES, CONICO OU TELESCOPICO, PARA SPDA, ALTURA 12 METROS LIVRES","UN    ","AS",2104.86]
[41459,"POSTES METALICOS AUTOPORTANTES, CONICO OU TELESCOPICO, PARA SPDA, ALTURA 15 METROS LIVRES","UN    ","AS",2936.12]
[41461,"POSTES METALICOS AUTOPORTANTES, CONICO OU TELESCOPICO, PARA SPDA, ALTURA 20 METROS LIVRES","UN    ","AS",4003.26]
[44537,"POZOLANA DE CLASSE  C","T     ","CR",651.63]
[11844,"PRANCHA APARELHADA *4 X 30* CM, EM MACARANDUBA/MASSARANDUBA, ANGELIM OU EQUIVALENTE DA REGIAO","M     ","CR",30.49]
[4465,"PRANCHA NAO APARELHADA *6 X 25* CM, EM MACARANDUBA/MASSARANDUBA, ANGELIM OU EQUIVALENTE DA REGIAO - BRUTA","M     ","CR",25.34]
[35273,"PRANCHA NAO APARELHADA *6 X 30* CM, EM MACARANDUBA/MASSARANDUBA, ANGELIM OU EQUIVALENTE DA REGIAO - BRUTA","M     ","CR",30.38]
[4470,"PRANCHA NAO APARELHADA *6 X 40* CM, EM MACARANDUBA/MASSARANDUBA, ANGELIM OU EQUIVALENTE DA REGIAO - BRUTA","M     ","CR",70.12]
[20204,"PRANCHAO APARELHADO *7,5 X 23* CM, EM MACARANDUBA/MASSARANDUBA, ANGELIM OU EQUIVALENTE DA REGIAO","M     ","CR",46.75]
[20208,"PRANCHAO APARELHADO *8 X 30* CM, EM MACARANDUBA/MASSARANDUBA, ANGELIM OU EQUIVALENTE DA REGIAO","M     ","CR",63.11]
[4437,"PRANCHAO NAO APARELHADO *7,5 X 23* CM, EM MACARANDUBA/MASSARANDUBA, ANGELIM OU EQUIVALENTE DA REGIAO - BRUTA","M     ","CR",52.59]
[14580,"PRANCHAO NAO APARELHADO *8 X 30* CM, EM MACARANDUBA/MASSARANDUBA, ANGELIM OU EQUIVALENTE DA REGIAO - BRUTA","M     ","CR",52.59]
[40304,"PREGO DE ACO POLIDO COM CABECA DUPLA 17 X 27 (2 1/2 X 11)","KG    ","CR",24.83]
[5065,"PREGO DE ACO POLIDO COM CABECA 10 X 10 (7/8 X 17)","KG    ","CR",38.270000000000003]
[5072,"PREGO DE ACO POLIDO COM CABECA 10 X 11 (1 X 17)","KG    ","CR",35.4]
[5066,"PREGO DE ACO POLIDO COM CABECA 12 X 12","KG    ","CR",26.51]
[5063,"PREGO DE ACO POLIDO COM CABECA 14 X 18 (1 1/2 X 14)","KG    ","CR",24.01]
[20247,"PREGO DE ACO POLIDO COM CABECA 15 X 15 (1 1/4 X 13)","KG    ","CR",22.28]
[5074,"PREGO DE ACO POLIDO COM CABECA 15 X 18 (1 1/2 X 13)","KG    ","CR",22.54]
[5067,"PREGO DE ACO POLIDO COM CABECA 16 X 24 (2 1/4 X 12)","KG    ","CR",21.44]
[5078,"PREGO DE ACO POLIDO COM CABECA 16 X 27 (2 1/2 X 12)","KG    ","CR",21.2]
[5068,"PREGO DE ACO POLIDO COM CABECA 17 X 21 (2 X 11)","KG    ","CR",20.12]
[5073,"PREGO DE ACO POLIDO COM CABECA 17 X 24 (2 1/4 X 11)","KG    ","CR",20.51]
[5069,"PREGO DE ACO POLIDO COM CABECA 17 X 27 (2 1/2 X 11)","KG    ","CR",20.51]
[5070,"PREGO DE ACO POLIDO COM CABECA 17 X 30 (2 3/4 X 11)","KG    ","CR",20.73]
[5071,"PREGO DE ACO POLIDO COM CABECA 18 X 24 (2 1/4 X 10)","KG    ","CR",20.12]
[5061,"PREGO DE ACO POLIDO COM CABECA 18 X 27 (2 1/2 X 10)","KG    ","C ",19.78]
[5075,"PREGO DE ACO POLIDO COM CABECA 18 X 30 (2 3/4 X 10)","KG    ","CR",20.12]
[39027,"PREGO DE ACO POLIDO COM CABECA 19  X 36 (3 1/4  X  9)","KG    ","CR",20.100000000000001]
[5062,"PREGO DE ACO POLIDO COM CABECA 19 X 33 (3 X 9)","KG    ","CR",20.39]
[40568,"PREGO DE ACO POLIDO COM CABECA 22 X 48 (4 1/4 X 5)","KG    ","CR",20.27]
[39026,"PREGO DE ACO POLIDO SEM CABECA 15 X 15 (1 1/4 X 13)","KG    ","CR",22.62]
[42431,"PRESSAO DE PERNAS TRIPLO, EM TUBO DE ACO CARBONO, PINTURA NO PROCESSO ELETROSTATICO - EQUIPAMENTO DE GINASTICA PARA ACADEMIA AO AR LIVRE / ACADEMIA DA TERCEIRA IDADE - ATI","UN    ","AS",3957.85]
[44074,"PRIMER DE POLIURETANO","L     ","CR",1040.83]
[44072,"PRIMER EPOXI / EPOXIDICO","L     ","CR",85.83]
[511,"PRIMER PARA MANTA ASFALTICA A BASE DE ASFALTO MODIFICADO DILUIDO EM SOLVENTE, APLICACAO A FRIO","L     ","AS",19]
[37540,"PROJETOR DE ARGAMASSA, CAPACIDADE DE PROJECAO 1,5 M3/H, ALCANCE DA PROJECAO 30 ATE 60 M, MOTOR ELETRICO TRIFASICO","UN    ","CR",88684.74]
[37548,"PROJETOR DE ARGAMASSA, CAPACIDADE DE PROJECAO 2,0 M3/H, ALCANCE DA PROJECAO ATE 50 M, MOTOR ELETRICO TRIFASICO","UN    ","CR",117551.17]
[39828,"PROJETOR PNEUMATICO DE ARGAMASSA PARA CHAPISCO E REBOCO COM RECIPIENTE ACOPLADO, TIPO CANEQUNHA, COM VOLUME DE 1,50 L, SEM COMPRESSOR","UN    ","CR",705.19]
[12273,"PROJETOR RETANGULAR FECHADO PARA LAMPADA VAPOR DE MERCURIO/SODIO 250 W A 500 W, CABECEIRAS EM ALUMINIO FUNDIDO, CORPO EM ALUMINIO ANODIZADO, PARA LAMPADA E40 FECHAMENTO EM VIDRO TEMPERADO.","UN    ","AS",113.69]
[38392,"PROLONGADOR/EXTENSOR PARA ROLO DE PINTURA 3 M","UN    ","CR",59.23]
[11735,"PROLONGAMENTO / PROLONGADOR PARA CAIXA SIFONADA, PVC, 100 MM X 200 MM (NBR 5688)","UN    ","AS",10.27]
[11737,"PROLONGAMENTO / PROLONGADOR PARA CAIXA SIFONADA, PVC, 150 MM X 150 MM (NBR 5688)","UN    ","AS",14.57]
[11738,"PROLONGAMENTO / PROLONGADOR PARA CAIXA SIFONADA, PVC, 150 MM X 200 MM (NBR 5688)","UN    ","AS",18.37]
[36143,"PROTETOR AUDITIVO TIPO CONCHA COM ABAFADOR DE RUIDOS, ATENUACAO ACIMA DE 22 DB","UN    ","CR",36.9]
[36142,"PROTETOR AUDITIVO TIPO PLUG DE INSERCAO COM CORDAO, ATENUACAO SUPERIOR A 15 DB","UN    ","CR",2.7]
[36146,"PROTETOR SOLAR FPS 30, EMBALAGEM 2 LITROS","UN    ","CR",306]
[39015,"PROTETOR/PONTEIRA PLASTICA PARA PONTA DE VERGALHAO DE ATE 1\", TIPO PROTETOR DE ESPERA","UN    ","AS",0.97]
[38377,"PRUMO DE CENTRO EM ACO *400* G","UN    ","CR",44.22]
[38376,"PRUMO DE PAREDE EM ACO 700 A 750 G","UN    ","CR",50.42]
[38116,"PULSADOR CAMPAINHA 10A, 250V (APENAS MODULO)","UN    ","CR",6.45]
[38066,"PULSADOR CAMPAINHA 10A, 250V, CONJUNTO MONTADO PARA EMBUTIR 4\" X 2\" (PLACA + SUPORTE + MODULO)","UN    ","CR",10.64]
[38117,"PULSADOR MINUTERIA 10A, 250V (APENAS MODULO)","UN    ","CR",10.98]
[38067,"PULSADOR MINUTERIA 10A, 250V, CONJUNTO MONTADO PARA EMBUTIR 4\" X 2\" (PLACA + SUPORTE + MODULO)","UN    ","CR",14.98]
[11522,"PUXADOR DE EMBUTIR TIPO CONCHA, COM FURO PARA CHAVE, EM LATAO CROMADO,  COMPRIMENTO DE APROX *100* MM E LARGURA DE APROX *40* MM","UN    ","CR",13.69]
[43600,"PUXADOR TIPO ALCA, EM ZAMAC CROMADO, COM COMPRIMENTO DE APROX 150 MM, COM ROSETA PARA PORTAS DE MADEIRAS, INCLUINDO PARAFUSOS","UN    ","CR",54.88]
[5080,"PUXADOR TIPO ALCA, EM ZAMAC CROMADO, COM ROSETAS, COMPRIMENTO DE APROX *100* MM, PARA PORTAS E JANELAS DE MADEIRA, INCLUINDO PARAFUSOS","UN    ","CR",21.4]
[38168,"PUXADOR TUBULAR RETO DUPLO, EM ALUMINIO CROMADO, COMPRIMENTO DE APROX 400 MM E DIAMETRO DE 25 MM (1\")","UN    ","CR",149.41]
[43601,"PUXADOR TUBULAR RETO SIMPLES, EM ALUMINIO CROMADO, COM COMPRIMENTO DE APROX 400 MM E DIAMETRO DE 25 MM","UN    ","CR",74.7]
[13393,"QUADRO DE DISTRIBUICAO COM BARRAMENTO TRIFASICO, DE EMBUTIR, EM CHAPA DE ACO GALVANIZADO, PARA 12 DISJUNTORES DIN, 100 A","UN    ","CR",385.82]
[13395,"QUADRO DE DISTRIBUICAO COM BARRAMENTO TRIFASICO, DE EMBUTIR, EM CHAPA DE ACO GALVANIZADO, PARA 18 DISJUNTORES DIN, 100 A, INCLUINDO BARRAMENTO","UN    ","CR",540.67999999999995]
[12039,"QUADRO DE DISTRIBUICAO COM BARRAMENTO TRIFASICO, DE EMBUTIR, EM CHAPA DE ACO GALVANIZADO, PARA 24 DISJUNTORES DIN, 100 A","UN    ","CR",568.20000000000005]
[13396,"QUADRO DE DISTRIBUICAO COM BARRAMENTO TRIFASICO, DE EMBUTIR, EM CHAPA DE ACO GALVANIZADO, PARA 28 DISJUNTORES DIN, 100 A","UN    ","CR",798]
[12041,"QUADRO DE DISTRIBUICAO COM BARRAMENTO TRIFASICO, DE EMBUTIR, EM CHAPA DE ACO GALVANIZADO, PARA 30 DISJUNTORES DIN, 150 A","UN    ","CR",651.62]
[12043,"QUADRO DE DISTRIBUICAO COM BARRAMENTO TRIFASICO, DE EMBUTIR, EM CHAPA DE ACO GALVANIZADO, PARA 30 DISJUNTORES DIN, 225 A","UN    ","CR",1375.78]
[39762,"QUADRO DE DISTRIBUICAO COM BARRAMENTO TRIFASICO, DE EMBUTIR, EM CHAPA DE ACO GALVANIZADO, PARA 36 DISJUNTORES DIN, 100 A","UN    ","CR",654.91]
[12042,"QUADRO DE DISTRIBUICAO COM BARRAMENTO TRIFASICO, DE EMBUTIR, EM CHAPA DE ACO GALVANIZADO, PARA 40 DISJUNTORES DIN, 100 A","UN    ","CR",956.15]
[39763,"QUADRO DE DISTRIBUICAO COM BARRAMENTO TRIFASICO, DE EMBUTIR, EM CHAPA DE ACO GALVANIZADO, PARA 48 DISJUNTORES DIN, 100 A","UN    ","CR",1119.04]
[39760,"QUADRO DE DISTRIBUICAO COM BARRAMENTO TRIFASICO, DE SOBREPOR, EM CHAPA DE ACO GALVANIZADO, PARA *42* DISJUNTORES DIN, 100 A","UN    ","CR",1115.3599999999999]
[39756,"QUADRO DE DISTRIBUICAO COM BARRAMENTO TRIFASICO, DE SOBREPOR, EM CHAPA DE ACO GALVANIZADO, PARA 12 DISJUNTORES DIN, 100 A","UN    ","CR",400.48]
[12038,"QUADRO DE DISTRIBUICAO COM BARRAMENTO TRIFASICO, DE SOBREPOR, EM CHAPA DE ACO GALVANIZADO, PARA 18 DISJUNTORES DIN, 100 A","UN    ","CR",500.41]
[39757,"QUADRO DE DISTRIBUICAO COM BARRAMENTO TRIFASICO, DE SOBREPOR, EM CHAPA DE ACO GALVANIZADO, PARA 28 DISJUNTORES DIN, 100 A","UN    ","CR",462.73]
[39758,"QUADRO DE DISTRIBUICAO COM BARRAMENTO TRIFASICO, DE SOBREPOR, EM CHAPA DE ACO GALVANIZADO, PARA 30 DISJUNTORES DIN, 100 A","UN    ","CR",674.36]
[39759,"QUADRO DE DISTRIBUICAO COM BARRAMENTO TRIFASICO, DE SOBREPOR, EM CHAPA DE ACO GALVANIZADO, PARA 36 DISJUNTORES DIN, 100 A","UN    ","CR",832.84]
[39761,"QUADRO DE DISTRIBUICAO COM BARRAMENTO TRIFASICO, DE SOBREPOR, EM CHAPA DE ACO GALVANIZADO, PARA 48 DISJUNTORES DIN, 100 A","UN    ","CR",1001.1]
[39805,"QUADRO DE DISTRIBUICAO, EM PVC, DE EMBUTIR, COM BARRAMENTO TERRA / NEUTRO, PARA 12 DISJUNTORES NEMA OU 16 DISJUNTORES DIN","UN    ","CR",138.62]
[39806,"QUADRO DE DISTRIBUICAO, EM PVC, DE EMBUTIR, COM BARRAMENTO TERRA / NEUTRO, PARA 18 DISJUNTORES NEMA OU 24 DISJUNTORES DIN","UN    ","CR",256.83]
[39807,"QUADRO DE DISTRIBUICAO, EM PVC, DE EMBUTIR, COM BARRAMENTO TERRA / NEUTRO, PARA 27 DISJUNTORES NEMA OU 36 DISJUNTORES DIN","UN    ","CR",556.62]
[43100,"QUADRO DE DISTRIBUICAO, EM PVC, DE EMBUTIR, COM BARRAMENTO TERRA / NEUTRO, PARA 48 DISJUNTORES DIN","UN    ","CR",435.16]
[39804,"QUADRO DE DISTRIBUICAO, EM PVC, DE EMBUTIR, COM BARRAMENTO TERRA / NEUTRO, PARA 6 DISJUNTORES NEMA OU 8 DISJUNTORES DIN","UN    ","CR",81.400000000000006]
[39796,"QUADRO DE DISTRIBUICAO, SEM BARRAMENTO, EM PVC, DE EMBUTIR, PARA 12 DISJUNTORES NEMA OU 16 DISJUNTORES DIN","UN    ","CR",84.31]
[39797,"QUADRO DE DISTRIBUICAO, SEM BARRAMENTO, EM PVC, DE EMBUTIR, PARA 18 DISJUNTORES NEMA OU 24 DISJUNTORES DIN","UN    ","C ",132.35]
[39798,"QUADRO DE DISTRIBUICAO, SEM BARRAMENTO, EM PVC, DE EMBUTIR, PARA 27 DISJUNTORES NEMA OU 36 DISJUNTORES DIN","UN    ","CR",227.02]
[39794,"QUADRO DE DISTRIBUICAO, SEM BARRAMENTO, EM PVC, DE EMBUTIR, PARA 3 DISJUNTORES NEMA OU 4 DISJUNTORES DIN","UN    ","CR",35.79]
[39795,"QUADRO DE DISTRIBUICAO, SEM BARRAMENTO, EM PVC, DE EMBUTIR, PARA 6 DISJUNTORES NEMA OU 8 DISJUNTORES DIN","UN    ","CR",56.54]
[39799,"QUADRO DE DISTRIBUICAO, SEM BARRAMENTO, EM PVC, DE SOBREPOR,  PARA 3 DISJUNTORES NEMA OU 4 DISJUNTORES DIN","UN    ","CR",41.71]
[39801,"QUADRO DE DISTRIBUICAO, SEM BARRAMENTO, EM PVC, DE SOBREPOR, PARA 12 DISJUNTORES NEMA OU 16 DISJUNTORES DIN","UN    ","CR",119.39]
[39802,"QUADRO DE DISTRIBUICAO, SEM BARRAMENTO, EM PVC, DE SOBREPOR, PARA 18 DISJUNTORES NEMA OU 24 DISJUNTORES DIN","UN    ","CR",175]
[39803,"QUADRO DE DISTRIBUICAO, SEM BARRAMENTO, EM PVC, DE SOBREPOR, PARA 27 DISJUNTORES NEMA OU 36 DISJUNTORES DIN","UN    ","CR",244.13]
[39800,"QUADRO DE DISTRIBUICAO, SEM BARRAMENTO, EM PVC, DE SOBREPOR, PARA 6 DISJUNTORES NEMA OU 8 DISJUNTORES DIN","UN    ","CR",71.06]
[43837,"RACK DE PISO PARA SERVIDOR, ABERTO, EM COLUNA, 44U X *570* MM","UN    ","AS",1177.78]
[43836,"RACK DE PISO PARA SERVIDOR, FECHADO, 44U, COM PORTA, 44U X *570* MM","UN    ","AS",2396.59]
[21059,"RALO FOFO COM REQUADRO, QUADRADO 150 X 150 MM","UN    ","AS",61.13]
[11234,"RALO FOFO COM REQUADRO, QUADRADO 200 X 200 MM","UN    ","AS",92.14]
[21060,"RALO FOFO COM REQUADRO, QUADRADO 250 X 250 MM","UN    ","AS",113.41]
[21061,"RALO FOFO COM REQUADRO, QUADRADO 300 X 300 MM","UN    ","AS",141.76]
[21062,"RALO FOFO COM REQUADRO, QUADRADO 400 X 400 MM","UN    ","AS",223.28]
[11708,"RALO FOFO SEMIESFERICO, 100 MM, PARA LAJES/ CALHAS","UN    ","AS",24.36]
[11709,"RALO FOFO SEMIESFERICO, 150 MM, PARA LAJES/ CALHAS","UN    ","AS",57.23]
[11710,"RALO FOFO SEMIESFERICO, 200 MM, PARA LAJES/ CALHAS","UN    ","AS",131.57]
[11707,"RALO FOFO SEMIESFERICO, 75 MM, PARA LAJES/ CALHAS","UN    ","AS",18.25]
[5102,"RALO SECO / RALO DE PASSAGEM EM PVC, QUADRADO, 100 X 100 X 53 MM, SAIDA 40 MM, COM GRELHA BRANCA","UN    ","AS",14.43]
[11739,"RALO SECO CONICO, PVC, 100 X 40 MM,  COM GRELHA REDONDA BRANCA","UN    ","AS",10.29]
[11711,"RALO SECO CONICO, PVC, 100 X 40 MM, COM GRELHA QUADRADA BRANCA","UN    ","AS",12.03]
[11741,"RALO SIFONADO CILINDRICO, PVC, 100 X 40 MM,  COM GRELHA REDONDA BRANCA","UN    ","AS",13.1]
[11745,"RALO SIFONADO QUADRADO, PVC, 100 X 53 MM, SAIDA 40 MM, COM GRELHA QUADRADA BRANCA","UN    ","AS",17.260000000000002]
[11743,"RALO SIFONADO REDONDO CONICO, PVC, 100 X 40 MM, COM GRELHA REDONDA BRANCA","UN    ","AS",11]
[40985,"RASTELEIRO (MENSALISTA)","MES   ","CR",1866.74]
[44502,"RASTELEIRO HORISTA","H     ","CR",10.74]
[1088,"REATOR ELETRONICO BIVOLT PARA 1 LAMPADA FLUORESCENTE DE 18/20 W","UN    ","AS",30.21]
[1087,"REATOR ELETRONICO BIVOLT PARA 1 LAMPADA FLUORESCENTE DE 36/40 W","UN    ","AS",37.729999999999997]
[38777,"REATOR ELETRONICO BIVOLT PARA 2 LAMPADAS FLUORESCENTES DE 14 W","UN    ","AS",75.150000000000006]
[1086,"REATOR ELETRONICO BIVOLT PARA 2 LAMPADAS FLUORESCENTES DE 18/20 W","UN    ","AS",39.659999999999997]
[1079,"REATOR ELETRONICO BIVOLT PARA 2 LAMPADAS FLUORESCENTES DE 36/40 W","UN    ","AS",40.99]
[39374,"REATOR INTERNO/INTEGRADO PARA LAMPADA VAPOR METALICO 400 W, ALTO FATOR DE POTENCIA","UN    ","C ",160]
[1082,"REATOR P/ LAMPADA VAPOR DE SODIO 250W USO EXT","UN    ","AS",257.70999999999998]
[12316,"REATOR P/ 1 LAMPADA VAPOR DE MERCURIO 125W USO EXT","UN    ","AS",118.12]
[12317,"REATOR P/ 1 LAMPADA VAPOR DE MERCURIO 250W USO EXT","UN    ","AS",140.86000000000001]
[12318,"REATOR P/ 1 LAMPADA VAPOR DE MERCURIO 400W USO EXT","UN    ","AS",162.27000000000001]
[5104,"REBITE DE REPUXO EM ALUMINIO VAZADO, DIAMETRO 3,2 X 8 MM DE COMPRIMENTO (1KG = 1025 UNIDADES)","KG    ","AS",63.07]
[44530,"REBOLO ABRASIVO RETO DE USO GERAL GRAO 36, DE 6 X 1 \" ( DIAMETRO X ALTURA)","UN    ","CR",47.86]
[2710,"REBOLO ABRASIVO RETO DE USO GERAL GRAO 36, DE 6 X 3/4 \" (DIAMETRO X ALTURA)","UN    ","CR",38.22]
[14575,"RECICLADORA DE ASFALTO A FRIO SOBRE RODAS, LARG. FRESAGEM 2,00 M, POT. 315 KW/422 HP","UN    ","AS",5734191.1799999997]
[20043,"REDUCAO EXCENTRICA PVC, DN 100 X 50 MM, PARA ESGOTO PREDIAL","UN    ","CR",9.5299999999999994]
[20044,"REDUCAO EXCENTRICA PVC, DN 100 X 75 MM, PARA ESGOTO PREDIAL","UN    ","CR",11.05]
[20042,"REDUCAO EXCENTRICA PVC, DN 75 X 50 MM, PARA ESGOTO PREDIAL","UN    ","CR",8.27]
[20046,"REDUCAO EXCENTRICA PVC, SERIE R, DN 100 X 75 MM, PARA ESGOTO PREDIAL","UN    ","CR",19.57]
[20047,"REDUCAO EXCENTRICA PVC, SERIE R, DN 150 X 100 MM, PARA ESGOTO PREDIAL","UN    ","CR",58.68]
[20045,"REDUCAO EXCENTRICA PVC, SERIE R, DN 75 X 50 MM, PARA ESGOTO PREDIAL","UN    ","CR",9.9]
[20972,"REDUCAO FIXA TIPO STORZ, ENGATE RAPIDO 2.1/2\" X 1.1/2\", EM LATAO, PARA INSTALACAO PREDIAL COMBATE A INCENDIO PREDIAL","UN    ","AS",220.42]
[11321,"REDUCAO PVC PBA, JE, PB, DN 100 X 50 / DE 110 X 60 MM, PARA REDE DE AGUA","UN    ","AS",24.08]
[11323,"REDUCAO PVC PBA, JE, PB, DN 100 X 75 / DE 110 X 85 MM, PARA REDE DE AGUA","UN    ","AS",27.69]
[20327,"REDUCAO PVC PBA, JE, PB, DN 75 X 50 / DE 85 X 60 MM, PARA REDE DE AGUA","UN    ","AS",15.72]
[13390,"REFLETOR REDONDO EM ALUMINIO ANODIZADO PARA LAMPADA VAPOR DE MERCURIO/SODIO, CORPO EM ALUMINIO COM PINTURA EPOXI, PARA LAMPADA E-27 DE 300 W, COM SUPORTE REDONDO E ALCA REGULAVEL PARA FIXACAO.","UN    ","AS",149.07]
[6034,"REGISTRO DE ESFERA DE PASSEIO, PVC PARA POLIETILENO, 20 MM","UN    ","CR",11.25]
[6036,"REGISTRO DE ESFERA PVC, COM BORBOLETA, COM ROSCA EXTERNA, DE 1/2\"","UN    ","CR",15.32]
[6031,"REGISTRO DE ESFERA PVC, COM BORBOLETA, COM ROSCA EXTERNA, DE 3/4\"","UN    ","C ",18]
[6029,"REGISTRO DE ESFERA PVC, COM CABECA QUADRADA, COM ROSCA EXTERNA, 1/2\"","UN    ","CR",18.190000000000001]
[6033,"REGISTRO DE ESFERA PVC, COM CABECA QUADRADA, COM ROSCA EXTERNA, 3/4\"","UN    ","CR",23.97]
[11672,"REGISTRO DE ESFERA, PVC, COM VOLANTE, VS, ROSCAVEL, DN 1 1/2\", COM CORPO DIVIDIDO","UN    ","CR",52.15]
[11669,"REGISTRO DE ESFERA, PVC, COM VOLANTE, VS, ROSCAVEL, DN 1 1/4\", COM CORPO DIVIDIDO","UN    ","CR",49.67]
[11670,"REGISTRO DE ESFERA, PVC, COM VOLANTE, VS, ROSCAVEL, DN 1/2\", COM CORPO DIVIDIDO","UN    ","CR",19.02]
[20055,"REGISTRO DE ESFERA, PVC, COM VOLANTE, VS, ROSCAVEL, DN 1\", COM CORPO DIVIDIDO","UN    ","CR",37.200000000000003]
[11671,"REGISTRO DE ESFERA, PVC, COM VOLANTE, VS, ROSCAVEL, DN 2\", COM CORPO DIVIDIDO","UN    ","CR",79.819999999999993]
[6032,"REGISTRO DE ESFERA, PVC, COM VOLANTE, VS, ROSCAVEL, DN 3/4\", COM CORPO DIVIDIDO","UN    ","CR",22.8]
[11673,"REGISTRO DE ESFERA, PVC, COM VOLANTE, VS, SOLDAVEL, DN 20 MM, COM CORPO DIVIDIDO","UN    ","CR",17.95]
[11674,"REGISTRO DE ESFERA, PVC, COM VOLANTE, VS, SOLDAVEL, DN 25 MM, COM CORPO DIVIDIDO","UN    ","CR",23.12]
[11675,"REGISTRO DE ESFERA, PVC, COM VOLANTE, VS, SOLDAVEL, DN 32 MM, COM CORPO DIVIDIDO","UN    ","CR",36.700000000000003]
[11676,"REGISTRO DE ESFERA, PVC, COM VOLANTE, VS, SOLDAVEL, DN 40 MM, COM CORPO DIVIDIDO","UN    ","CR",49.09]
[11677,"REGISTRO DE ESFERA, PVC, COM VOLANTE, VS, SOLDAVEL, DN 50 MM, COM CORPO DIVIDIDO","UN    ","CR",50.7]
[11678,"REGISTRO DE ESFERA, PVC, COM VOLANTE, VS, SOLDAVEL, DN 60 MM, COM CORPO DIVIDIDO","UN    ","CR",92.84]
[6038,"REGISTRO DE PRESSAO PVC, ROSCAVEL, VOLANTE SIMPLES, DE 1/2\"","UN    ","CR",5.89]
[11718,"REGISTRO DE PRESSAO PVC, ROSCAVEL, VOLANTE SIMPLES, DE 3/4\"","UN    ","CR",16.79]
[6037,"REGISTRO DE PRESSAO PVC, SOLDAVEL, VOLANTE SIMPLES, DE 20 MM","UN    ","CR",12.25]
[11719,"REGISTRO DE PRESSAO PVC, SOLDAVEL, VOLANTE SIMPLES, DE 25 MM","UN    ","CR",13.62]
[6019,"REGISTRO GAVETA BRUTO EM LATAO FORJADO, BITOLA 1 \" (REF 1509)","UN    ","CR",60.16]
[6010,"REGISTRO GAVETA BRUTO EM LATAO FORJADO, BITOLA 1 1/2 \" (REF 1509)","UN    ","CR",103.51]
[6017,"REGISTRO GAVETA BRUTO EM LATAO FORJADO, BITOLA 1 1/4 \" (REF 1509)","UN    ","CR",81.99]
[6020,"REGISTRO GAVETA BRUTO EM LATAO FORJADO, BITOLA 1/2 \" (REF 1509)","UN    ","CR",36.130000000000003]
[6028,"REGISTRO GAVETA BRUTO EM LATAO FORJADO, BITOLA 2 \" (REF 1509)","UN    ","CR",144.18]
[6011,"REGISTRO GAVETA BRUTO EM LATAO FORJADO, BITOLA 2 1/2 \" (REF 1509)","UN    ","CR",299.01]
[6012,"REGISTRO GAVETA BRUTO EM LATAO FORJADO, BITOLA 3 \" (REF 1509)","UN    ","CR",362]
[6016,"REGISTRO GAVETA BRUTO EM LATAO FORJADO, BITOLA 3/4 \" (REF 1509)","UN    ","CR",38.11]
[6027,"REGISTRO GAVETA BRUTO EM LATAO FORJADO, BITOLA 4 \" (REF 1509)","UN    ","CR",754.29]
[6013,"REGISTRO GAVETA COM ACABAMENTO E CANOPLA CROMADOS, SIMPLES, BITOLA 1 \" (REF 1509)","UN    ","CR",113.82]
[6015,"REGISTRO GAVETA COM ACABAMENTO E CANOPLA CROMADOS, SIMPLES, BITOLA 1 1/2 \" (REF 1509)","UN    ","CR",165.52]
[6014,"REGISTRO GAVETA COM ACABAMENTO E CANOPLA CROMADOS, SIMPLES, BITOLA 1 1/4 \" (REF 1509)","UN    ","CR",158.25]
[6006,"REGISTRO GAVETA COM ACABAMENTO E CANOPLA CROMADOS, SIMPLES, BITOLA 1/2 \" (REF 1509)","UN    ","CR",82.42]
[6005,"REGISTRO GAVETA COM ACABAMENTO E CANOPLA CROMADOS, SIMPLES, BITOLA 3/4 \" (REF 1509)","UN    ","C ",92.98]
[11756,"REGISTRO OU REGULADOR DE GAS COZINHA, VAZAO DE 2 KG/H, 2,8 KPA","UN    ","CR",44.41]
[10904,"REGISTRO OU VALVULA GLOBO ANGULAR EM LATAO, PARA HIDRANTES EM INSTALACAO PREDIAL DE INCENDIO, 45 GRAUS, DIAMETRO DE 2 1/2\", COM VOLANTE, CLASSE DE PRESSAO DE ATE 200 PSI","UN    ","AS",308.60000000000002]
[11752,"REGISTRO PRESSAO BRUTO EM LATAO FORJADO, BITOLA 1/2 \" (REF 1400)","UN    ","CR",25.6]
[11753,"REGISTRO PRESSAO BRUTO EM LATAO FORJADO, BITOLA 3/4 \" (REF 1400)","UN    ","CR",30.57]
[6021,"REGISTRO PRESSAO COM ACABAMENTO E CANOPLA CROMADA, SIMPLES, BITOLA 1/2 \" (REF 1416)","UN    ","CR",84.84]
[6024,"REGISTRO PRESSAO COM ACABAMENTO E CANOPLA CROMADA, SIMPLES, BITOLA 3/4 \" (REF 1416)","UN    ","CR",87.69]
[38379,"REGUA DE ALUMINIO PARA PEDREIRO 2 X 1 \"","M     ","CR",59.17]
[13897,"REGUA VIBRADORA DUPLA PARA CONCRETO A GASOLINA 5,5 HP, PESO DE 60 KG, COMPRIMENTO 4 M","UN    ","AS",6038.89]
[10640,"REGUA VIBRATORIA DE CONCRETO TRELICADA, EQUIPADA COM MOTOR A GASOLINA DE 9 HP","UN    ","AS",13078.97]
[34357,"REJUNTE CIMENTICIO, QUALQUER COR","KG    ","CR",5.87]
[37329,"REJUNTE EPOXI, QUALQUER COR","KG    ","CR",123.67]
[2510,"RELE FOTOELETRICO INTERNO E EXTERNO BIVOLT 1000 W, DE CONECTOR, SEM BASE","UN    ","AS",37.33]
[12359,"RELE TERMICO BIMETAL PARA USO EM MOTORES TRIFASICOS, TENSAO 380 V, POTENCIA ATE 15 CV, CORRENTE NOMINAL MAXIMA 22 A","UN    ","AS",164.12]
[7353,"RESINA ACRILICA PREMIUM BASE AGUA - COR BRANCA","L     ","CR",19.48]
[36144,"RESPIRADOR DESCARTAVEL SEM VALVULA DE EXALACAO, PFF 1","UN    ","CR",2.0099999999999998]
[10518,"RETARDO PARA CORDEL DETONANTE","UN    ","AS",129.04]
[36530,"RETROESCAVADEIRA SOBRE RODAS COM CARREGADEIRA, TRACAO 4 X 2, POTENCIA LIQUIDA 79 HP, PESO OPERACIONAL MINIMO DE 6570 KG, CAPACIDADE DA CARREGADEIRA DE 1,00 M3 E DA  RETROESCAVADEIRA MINIMA DE 0,20 M3, PROFUNDIDADE DE ESCAVACAO MAXIMA DE 4,37 M","UN    ","AS",368780.48]
[6046,"RETROESCAVADEIRA SOBRE RODAS COM CARREGADEIRA, TRACAO 4 X 4, POTENCIA LIQUIDA 72 HP, PESO OPERACIONAL MINIMO DE 7140 KG, CAPACIDADE MINIMA DA CARREGADEIRA DE 0,79 M3 E DA RETROESCAVADEIRA MINIMA DE 0,18 M3, PROFUNDIDADE DE ESCAVACAO MAXIMA DE 4,50 M","UN    ","AS",400000]
[36531,"RETROESCAVADEIRA SOBRE RODAS COM CARREGADEIRA, TRACAO 4 X 4, POTENCIA LIQUIDA 88 HP, PESO OPERACIONAL MINIMO DE 6674 KG, CAPACIDADE DA CARREGADEIRA DE 1,00 M3 E DA  RETROESCAVADEIRA MINIMA DE 0,26 M3, PROFUNDIDADE DE ESCAVACAO MAXIMA DE 4,37 M","UN    ","AS",414634.12]
[34684,"REVESTIMENTO DE PAREDE EM GRANILITE, MARMORITE OU GRANITINA - ESP = 5 MM (INCLUSO EXECUCAO)","M2    ","AS",256.62]
[34683,"REVESTIMENTO DE PAREDE EM GRANILITE, MARMORITE OU GRANITINA COLORIDO - ESP = 5 MM (INCLUSO EXECUCAO)","M2    ","AS",160.38999999999999]
[533,"REVESTIMENTO EM CERAMICA ESMALTADA COMERCIAL, PEI MENOR OU IGUAL A 3, FORMATO MENOR OU IGUAL A 2025 CM2","M2    ","CR",35.9]
[10515,"REVESTIMENTO EM CERAMICA ESMALTADA EXTRA, PEI MAIOR OU IGUAL 4, FORMATO MAIOR A 2025 CM2","M2    ","CR",67.739999999999995]
[536,"REVESTIMENTO EM CERAMICA ESMALTADA EXTRA, PEI MENOR OU IGUAL A 3, FORMATO MENOR OU IGUAL A 2025 CM2","M2    ","C ",49]
[153,"REVESTIMENTO EPOXI DE ALTA RESISTENCIA QUIMICA, ISENTO DE SOLVENTES, BICOMPONENTE","L     ","CR",180.47]
[34682,"REVESTIMENTO PARA ESCADA EM GRANILITE, MARMORITE OU GRANITINA ESP = 8 MM (INCLUSO EXECUCAO)","M2    ","AS",122.65]
[20205,"RIPA APARELHADA *1,5 X 5* CM, EM MACARANDUBA/MASSARANDUBA, ANGELIM OU EQUIVALENTE DA REGIAO","M     ","CR",1.94]
[4412,"RIPA NAO APARELHADA *1 X 3* CM, EM MACARANDUBA/MASSARANDUBA, ANGELIM OU EQUIVALENTE DA REGIAO - BRUTA","M     ","CR",1.1599999999999999]
[4408,"RIPA NAO APARELHADA, *1,5 X 5* CM, EM MACARANDUBA/MASSARANDUBA, ANGELIM OU EQUIVALENTE DA REGIAO - BRUTA","M     ","CR",1.45]
[36250,"RODAFORRO EM PVC, PARA FORRO DE PVC, COMPRIMENTO 6 M","M     ","CR",4.34]
[10857,"RODAPE ARDOSIA, CINZA, 10 CM, E= *1CM","M     ","AS",13.53]
[4803,"RODAPE DE BORRACHA LISO, H = 70 MM, E = *2* MM, PARA ARGAMASSA, PRETO","M     ","CR",37.32]
[6186,"RODAPE DE MADEIRA MACICA CUMARU/IPE CHAMPANHE OU EQUIVALENTE DA REGIAO, *1,5 X 7 CM","M     ","CR",12.34]
[4829,"RODAPE EM MARMORE, POLIDO, BRANCO COMUM, L= *7* CM, E=  *2* CM, CORTE RETO","M     ","CR",57.14]
[39829,"RODAPE EM POLIESTIRENO, BRANCO, H = *5* CM, E = *1,5* CM","M     ","AS",37]
[20231,"RODAPE OU RODABANCADA EM GRANITO, POLIDO, TIPO ANDORINHA/ QUARTZ/ CASTELO/ CORUMBA OU OUTROS EQUIVALENTES DA REGIAO, H= 10 CM, E=  *2,0* CM","M     ","CR",74.42]
[4804,"RODAPE PLANO PARA PISO VINILICO, H = 5 CM","M     ","CR",28.65]
[34680,"RODAPE PRE-MOLDADO DE GRANILITE, MARMORITE OU GRANITINA L = 10 CM","M     ","AS",37.729999999999997]
[11573,"RODIZIO TIPO NAPOLEAO PARA JANELAS DE CORRER, EM ZAMAC, COMPRIMENTO DE APROX 60 CM, COM ROLAMENTO EM ACO","UN    ","CR",6.13]
[38401,"RODO PARA CHAO 40 CM COM CABO","UN    ","CR",17.57]
[11575,"ROLDANA CONCAVA DUPLA, 4 RODAS, EM ZAMAC COM CHAPA DE LATAO, ROLAMENTOS EM ACO, PARA PORTAS E JANELAS DE CORRER","UN    ","CR",59.1]
[38179,"ROLDANA CONCAVA DUPLA, 4 RODAS, PARA PORTA DE CORRER, EM ZAMAC COM CHAPA DE ACO,  ROLAMENTO INTERNO BLINDADO DE ACO REVESTIDO EM NYLON","UN    ","CR",48.86]
[20256,"ROLDANA PLASTICA COM PREGO, TAMANHO 30 X 30 MM, PARA INSTALACAO ELETRICA APARENTE","UN    ","CR",0.38]
[14511,"ROLO COMPACTADOR DE PNEUS, ESTATICO, PRESSAO VARIAVEL, POTENCIA 110 HP, PESO SEM/COM LASTRO 10,8/27 T, LARGURA DE ROLAGEM 2,30 M","UN    ","AS",979036.57]
[10642,"ROLO COMPACTADOR DE PNEUS, ESTATICO, PRESSAO VARIAVEL, POTENCIA 111 HP, PESO SEM/COM LASTRO 9,5/26,0 T, LARGURA DE ROLAGEM 1,90 M","UN    ","AS",922300]
[14489,"ROLO COMPACTADOR PE DE CARNEIRO VIBRATORIO, POTENCIA 125 HP, PESO OPERACIONAL SEM/COM LASTRO 11,95/13,30 T, IMPACTO DINAMICO 38,5/22,5 T, LARGURA DE TRABALHO 2,15 M","UN    ","AS",818062.94]
[14513,"ROLO COMPACTADOR PE DE CARNEIRO VIBRATORIO, POTENCIA 80 HP, PESO OPERACIONAL SEM/COM LASTRO 7,4/8,8 T, LARGURA DE TRABALHO 1,68 M","UN    ","AS",613566.62]
[13600,"ROLO COMPACTADOR VIBRATORIO DE UM CILINDRO LISO DE ACO, POTENCIA 125 HP, PESO SEM/COM LASTRO 10,75/12,92 T, IMPACTO DINAMICO 31,5/18,5 T, LARGURA TRABALHO 2,15 M","UN    ","AS",791673.72]
[10646,"ROLO COMPACTADOR VIBRATORIO DE UM CILINDRO, ACO LISO, POTENCIA 80 HP, PESO OPERACIONAL MAXIMO 8,1 T, IMPACTO DINAMICO 16,15/9,5 T, LARGURA TRABALHO 1,68 M","UN    ","AS",590140.01]
[6070,"ROLO COMPACTADOR VIBRATORIO PE DE CARNEIRO, COM CONTROLE REMOTO POR RADIO, POTENCIA  12,5 KW, PESO OPERACIONAL DE 1,675 T, LARGURA DE TRABALHO 0,85 M","UN    ","AS",806353.7]
[6069,"ROLO COMPACTADOR VIBRATORIO REBOCAVEL, CILINDRO DE ACO LISO, POTENCIA DE TRACAO DE 65 CV, PESO DE 4,7 T, IMPACTO DINAMICO TOTAL DE 18,3 T, LARGURA DO ROLO 1,67 M","UN    ","AS",178135.69]
[14626,"ROLO COMPACTADOR VIBRATORIO TANDEM, ACO LISO, POTENCIA 125 HP, PESO SEM/COM LASTRO 10,20/11,65 T, LARGURA DE TRABALHO 1,73 M","UN    ","AS",882772.89]
[6067,"ROLO COMPACTADOR VIBRATORIO TANDEM, ACO LISO, POTENCIA 58 CV, PESO SEM/COM LASTRO 6,5/9,4 T, LARGURA DE TRABALHO 1,20 M","UN    ","AS",724664.29]
[38393,"ROLO DE ESPUMA POLIESTER 23 CM (SEM CABO)","UN    ","C ",16.59]
[38390,"ROLO DE LA DE CARNEIRO 23 CM (SEM CABO)","UN    ","CR",36.79]
[36532,"ROMPEDOR ELETRICO PESO 26 KG, POTENCIA OPERACIONAL DE 2,5 KW","UN    ","AS",24258.799999999999]
[11578,"ROSETA QUADRADA, SEM FUROS, EM ACO INOX POLIDO, LARGURA APROXIMADA DE 50 MM, PARA FECHADURA DE PORTA - PARAFUSOS INCLUIDOS","UN    ","CR",12.76]
[11577,"ROSETA REDONDA DE SOBREPOR, SEM FUROS, EM ACO INOX POLIDO, DIAMETRO APROXIMADO DE 50 MM, PARA FECHADURA DE PORTA - PARAFUSOS INCLUIDOS","UN    ","CR",12.18]
[42432,"ROTACAO DIAGONAL DUPLA, APARELHO TRIPLO, EM TUBO DE ACO CARBONO, PINTURA NO PROCESSO ELETROSTATICO - EQUIPAMENTO DE GINASTICA PARA ACADEMIA AO AR LIVRE / ACADEMIA DA TERCEIRA IDADE - ATI","UN    ","AS",2424.64]
[42437,"ROTACAO VERTICAL DUPLO, EM TUBO DE ACO CARBONO, PINTURA NO PROCESSO ELETROSTATICO - EQUIPAMENTO DE GINASTICA PARA ACADEMIA AO AR LIVRE / ACADEMIA DA TERCEIRA IDADE - ATI","UN    ","AS",1843.37]
[1116,"RUFO EXTERNO DE CHAPA DE ACO GALVANIZADA NUM 26, CORTE 25 CM","M     ","CR",22.17]
[1115,"RUFO EXTERNO DE CHAPA DE ACO GALVANIZADA NUM 26, CORTE 28 CM","M     ","CR",26.56]
[1113,"RUFO EXTERNO/INTERNO DE CHAPA DE ACO GALVANIZADA NUM 26, CORTE 33 CM","M     ","CR",31.05]
[1114,"RUFO INTERNO DE CHAPA DE ACO GALVANIZADA NUM 26, CORTE 50 CM","M     ","CR",36.99]
[40873,"RUFO INTERNO/EXTERNO DE CHAPA DE ACO GALVANIZADA NUM 24, CORTE 25 CM","M     ","CR",28.95]
[20214,"RUFO PARA TELHA ESTRUTURAL DE FIBROCIMENTO 1 ABA (SEM AMIANTO)","UN    ","CR",55.35]
[7237,"RUFO PARA TELHA ONDULADA DE FIBROCIMENTO, E = 6 MM, ABA *260* MM, COMPRIMENTO 1100 MM (SEM AMIANTO)","UN    ","CR",54.19]
[11757,"SABONETEIRA DE PAREDE EM METAL CROMADO","UN    ","C ",49.5]
[11758,"SABONETEIRA PLASTICA TIPO DISPENSER PARA SABONETE LIQUIDO COM RESERVATORIO 800 A 1500 ML","UN    ","C ",79.7]
[37526,"SACO DE RAFIA PARA ENTULHO, NOVO, LISO (SEM CLICHE), *60 x 90* CM","UN    ","AS",5.94]
[6076,"SAIBRO PARA ARGAMASSA (COLETADO NO COMERCIO)","M3    ","AS",65]
[13109,"SAPATA DE PVC ADITIVADO NERVURADO D = 6\"","UN    ","AS",270.93]
[13110,"SAPATA DE PVC ADITIVADO NERVURADO D = 8\"","UN    ","AS",356.56]
[7581,"SAPATILHA EM ACO GALVANIZADO PARA CABOS COM DIAMETRO NOMINAL ATE 5/8\"","UN    ","AS",3.31]
[4509,"SARRAFO *2,5 X 10* CM EM PINUS, MISTA OU EQUIVALENTE DA REGIAO - BRUTA","M     ","CR",4.8099999999999996]
[4512,"SARRAFO *2,5 X 5* CM EM PINUS, MISTA OU EQUIVALENTE DA REGIAO - BRUTA","M     ","CR",2.2999999999999998]
[4517,"SARRAFO *2,5 X 7,5* CM EM PINUS, MISTA OU EQUIVALENTE DA REGIAO - BRUTA","M     ","CR",3.32]
[20206,"SARRAFO APARELHADO *2 X 10* CM, EM MACARANDUBA/MASSARANDUBA, ANGELIM OU EQUIVALENTE DA REGIAO","M     ","CR",5.25]
[4460,"SARRAFO NAO APARELHADO *2,5 X 10* CM, EM MACARANDUBA/MASSARANDUBA, ANGELIM OU EQUIVALENTE DA REGIAO - BRUTA","M     ","CR",5.4]
[4415,"SARRAFO NAO APARELHADO *2,5 X 5* CM, EM MACARANDUBA/MASSARANDUBA, ANGELIM, PEROBA-ROSA OU EQUIVALENTE DA REGIAO - BRUTA","M     ","CR",2.89]
[4417,"SARRAFO NAO APARELHADO *2,5 X 7* CM, EM MACARANDUBA/MASSARANDUBA, ANGELIM, PEROBA-ROSA OU EQUIVALENTE DA REGIAO - BRUTA","M     ","CR",4.16]
[37373,"SEGURO - HORISTA (COLETADO CAIXA - ENCARGOS COMPLEMENTARES)","H     ","C ",0.01]
[40864,"SEGURO - MENSALISTA (COLETADO CAIXA - ENCARGOS COMPLEMENTARES)","MES   ","C ",0.01]
[4734,"SEIXO ROLADO PARA APLICACAO EM CONCRETO (POSTO PEDREIRA/FORNECEDOR, SEM FRETE)","M3    ","CR",882.91]
[6085,"SELADOR ACRILICO OPACO PREMIUM INTERIOR/EXTERIOR","L     ","C ",5.87]
[38396,"SELADOR HORIZONTAL PARA FITA DE ACO 1 \"","UN    ","CR",434.27]
[11622,"SELANTE A BASE DE ALCATRAO E POLIURETANO PARA JUNTAS HORIZONTAIS","KG    ","CR",135.99]
[43143,"SELANTE ACRILICO PARA TRATAMENTO / ACABAMENTO SUPERFICIAL DE CONCRETO ESTAMPADO, APARENTE, PEDRAS E OUTROS","L     ","CR",51.36]
[7317,"SELANTE DE BASE ASFALTICA PARA VEDACAO","KG    ","CR",86.06]
[142,"SELANTE ELASTICO MONOCOMPONENTE A BASE DE POLIURETANO (PU) PARA JUNTAS DIVERSAS","310ML ","CR",64.17]
[43142,"SELANTE MONOCOMPONENTE A BASE DE SILICONE DE BAIXO MODULO, PARA JUNTAS DE PAVIMENTACAO","L     ","CR",291.48]
[38123,"SELANTE TIPO VEDA CALHA PARA METAL E FIBROCIMENTO","KG    ","CR",37.11]
[42699,"SELIM PVC, COM TRAVA, JE, 90 GRAUS, DN 125 X 100 MM OU 150 X 100 MM, PARA REDE COLETORA ESGOTO","UN    ","CR",34.29]
[37743,"SEMIRREBOQUE COM DOIS EIXOS EM TANDEM TIPO BASCULANTE COM CACAMBA METALICA 14 M3  (INCLUI MONTAGEM, NAO INCLUI CAVALO MECANICO)","UN    ","AS",216505.66]
[37744,"SEMIRREBOQUE COM TRES EIXOS EM TANDEM TIPO BASCULANTE COM CACAMBA METALICA 18 M3 (INCLUI MONTAGEM, NAO INCLUI CAVALO MECANICO)","UN    ","AS",254569.93]
[37741,"SEMIRREBOQUE COM TRES EIXOS, PARA TRANSPORTE DE CARGA SECA, DIMENSOES APROXIMADAS 2,60 X 12,50 X 0,50 M (NAO INCLUI CAVALO MECANICO)","UN    ","AS",196867.41]
[39396,"SENSOR DE PRESENCA BIVOLT COM FOTOCELULA PARA QUALQUER TIPO DE LAMPADA, POTENCIA MAXIMA *1000* W, USO EXTERNO","UN    ","AS",73.11]
[39392,"SENSOR DE PRESENCA BIVOLT DE PAREDE COM FOTOCELULA PARA QUALQUER TIPO DE LAMPADA POTENCIA MAXIMA *1000* W, USO INTERNO","UN    ","AS",82.47]
[39393,"SENSOR DE PRESENCA BIVOLT DE PAREDE SEM FOTOCELULA PARA QUALQUER TIPO DE LAMPADA POTENCIA MAXIMA *1000* W, USO INTERNO","UN    ","AS",51]
[39394,"SENSOR DE PRESENCA BIVOLT DE TETO COM FOTOCELULA PARA QUALQUER TIPO DE LAMPADA POTENCIA MAXIMA *1000* W, USO INTERNO","UN    ","AS",57.4]
[39395,"SENSOR DE PRESENCA BIVOLT DE TETO SEM FOTOCELULA PARA QUALQUER TIPO DE LAMPADA POTENCIA MAXIMA *900* W, USO INTERNO","UN    ","AS",53.38]
[14618,"SERRA CIRCULAR DE BANCADA COM MOTOR ELETRICO, POTENCIA DE *1600* W, PARA DISCO DE DIAMETRO DE 10\" (250 MM)","UN    ","CR",1399.39]
[40269,"SERRA CIRCULAR DE BANCADA, MODELO PICA-PAU, DIAMETRO DE 350 MM. CARACTERISTICAS DO MOTOR: TRIFASICO, POTENCIA DE 5 HP, FREQUENCIA DE 60 HZ","UN    ","CR",5638.06]
[6110,"SERRALHEIRO (HORISTA)","H     ","CR",16.600000000000001]
[40910,"SERRALHEIRO (MENSALISTA)","MES   ","CR",2879.28]
[6111,"SERVENTE DE OBRAS","H     ","C ",11.56]
[41084,"SERVENTE DE OBRAS (MENSALISTA)","MES   ","CR",2004.92]
[44535,"SERVICO DE BOMBEAMENTO DE CONCRETO COM CONSUMO MINIMO DE 40 M3, (DISPONIBILIZACAO DE BOMBA), SEM O LANCAMENTO","M3    ","CR",68.37]
[44945,"SIFAO / TUBO SINFONADO EXTENSIVEL/SANFONADO, UNIVERSAL/ SIMPLES, ENTRE *50 A 70* CM, DE PLASTICO BRANCO","UN    ","C ",9.9]
[38637,"SIFAO EM METAL CROMADO PARA PIA AMERICANA, 1.1/2 X 1.1/2 \"","UN    ","CR",342.78]
[6150,"SIFAO EM METAL CROMADO PARA PIA AMERICANA, 1.1/2 X 2 \"","UN    ","CR",346.97]
[6136,"SIFAO EM METAL CROMADO PARA PIA OU LAVATORIO, 1 X 1.1/2 \"","UN    ","C ",272.74]
[38638,"SIFAO EM METAL CROMADO PARA TANQUE, 1.1/4 X 1.1/2 \"","UN    ","CR",288.85000000000002]
[20262,"SIFAO PLASTICO EXTENSIVEL UNIVERSAL, TIPO COPO","UN    ","CR",18.13]
[6145,"SIFAO PLASTICO TIPO COPO PARA PIA AMERICANA 1.1/2 X 1.1/2 \"","UN    ","CR",20.03]
[6149,"SIFAO PLASTICO TIPO COPO PARA PIA OU LAVATORIO, 1 X 1.1/2 \"","UN    ","CR",13.24]
[6146,"SIFAO PLASTICO TIPO COPO PARA TANQUE, 1.1/4 X 1.1/2 \"","UN    ","CR",19.03]
[44536,"SILICA ATIVA PARA ADICAO EM CONCRETO E  ARGAMASSA","KG    ","CR",5.39]
[39961,"SILICONE ACETICO USO GERAL INCOLOR 280 G","UN    ","CR",42.4]
[42433,"SIMULADOR DE CAMINHADA TRIPLO, EM TUBO DE ACO CARBONO, PINTURA NO PROCESSO ELETROSTATICO - EQUIPAMENTO DE GINASTICA PARA ACADEMIA AO AR LIVRE / ACADEMIA DA TERCEIRA IDADE - ATI","UN    ","AS",4789.18]
[42434,"SIMULADOR DE CAVALGADA TRIPLO, EM TUBO DE ACO CARBONO, PINTURA NO PROCESSO ELETROSTATICO - EQUIPAMENTO DE GINASTICA PARA ACADEMIA AO AR LIVRE / ACADEMIA DA TERCEIRA IDADE - ATI","UN    ","AS",5175.3999999999996]
[42435,"SIMULADOR DE REMO INDIVIDUAL, EM TUBO DE ACO CARBONO, PINTURA NO PROCESSO ELETROSTATICO - EQUIPAMENTO DE GINASTICA PARA ACADEMIA AO AR LIVRE / ACADEMIA DA TERCEIRA IDADE - ATI","UN    ","AS",2580.7800000000002]
[38061,"SINALIZADOR NOTURNO SIMPLES PARA PARA-RAIOS, SEM RELE FOTOELETRICO","UN    ","AS",45.59]
[20250,"SISAL EM FIBRA / ESTOPA SISAL PARA GESSO","KG    ","AS",26.75]
[13388,"SOLDA EM BARRA DE ESTANHO-CHUMBO 50/50","KG    ","CR",145.99]
[39914,"SOLDA EM VARETA FOSCOPER, D = *2,5* MM  X COMPRIMENTO 500 MM","KG    ","AS",231.97]
[12732,"SOLDA ESTANHO/COBRE PARA CONEXOES DE COBRE, FIO 2,5 MM, CARRETEL 500 GR (SEM CHUMBO)","UN    ","AS",267.66000000000003]
[6160,"SOLDADOR (HORISTA)","H     ","C ",16.600000000000001]
[41087,"SOLDADOR (MENSALISTA)","MES   ","CR",2879.28]
[6166,"SOLDADOR ELETRICO (PARA SOLDA A SER TESTADA COM RAIOS \"X\") (HORISTA)","H     ","CR",19.5]
[41088,"SOLDADOR ELETRICO (PARA SOLDA A SER TESTADA COM RAIOS \"X\") (MENSALISTA)","MES   ","CR",3383.51]
[20232,"SOLEIRA EM GRANITO, POLIDO, TIPO ANDORINHA/ QUARTZ/ CASTELO/ CORUMBA OU OUTROS EQUIVALENTES DA REGIAO, L= *15* CM, E=  *2,0* CM","M     ","CR",105.34]
[10856,"SOLEIRA PRE-MOLDADA EM GRANILITE, MARMORITE OU GRANITINA, L = *15 CM","M     ","AS",103.78]
[4828,"SOLEIRA/ PEITORIL EM MARMORE, POLIDO, BRANCO COMUM, L= *15* CM, E=  *2* CM,  CORTE RETO","M     ","CR",85.29]
[20249,"SOLEIRA/ TABEIRA EM MARMORE, POLIDO, BRANCO COMUM, L= 5 CM, E=  *2,0* CM","M     ","CR",46.7]
[11609,"SOLUCAO ASFALTICA ELASTOMERICA PARA IMPRIMACAO, APLICACAO A FRIO","L     ","CR",22.6]
[20083,"SOLUCAO PREPARADORA / LIMPADORA PARA PVC, FRASCO COM 1000 CM3","UN    ","CR",68.52]
[10691,"SOLVENTE PARA COLA (PARA LAMINADO MELAMINICO) A BASE DE RESINA SINTETICA","L     ","AS",83.23]
[12295,"SOQUETE DE BAQUELITE BASE E27, PARA LAMPADAS","UN    ","CR",3.26]
[12296,"SOQUETE DE PORCELANA BASE E27, FIXO DE TETO, PARA LAMPADAS","UN    ","CR",4.22]
[12294,"SOQUETE DE PORCELANA BASE E27, PARA USO AO TEMPO, PARA LAMPADAS","UN    ","CR",10.14]
[14543,"SOQUETE DE PVC / TERMOPLASTICO BASE E27, COM CHAVE, PARA LAMPADAS","UN    ","CR",7.24]
[13329,"SOQUETE DE PVC / TERMOPLASTICO BASE E27, COM RABICHO, PARA LAMPADAS","UN    ","C ",4.25]
[21047,"SPRINKLER TIPO PENDENTE, BULBO AMARELO DE RESPOSTA RAPIDA, 79 GRAUS CELSIUS, ACABAMENTO CROMADO, D = 20 MM (3/4\")","UN    ","AS",39.549999999999997]
[21042,"SPRINKLER TIPO PENDENTE, BULBO AMARELO DE RESPOSTA RAPIDA, 79 GRAUS CELSIUS, ACABAMENTO NATURAL OU CROMADO, D = 15 MM (1/2\")","UN    ","AS",30.48]
[21043,"SPRINKLER TIPO PENDENTE, BULBO AMARELO DE RESPOSTA RAPIDA, 79 GRAUS CELSIUS, ACABAMENTO NATURAL, D = 20 MM (3/4\")","UN    ","AS",38.5]
[21044,"SPRINKLER TIPO PENDENTE, BULBO VERMELHO DE RESPOSTA RAPIDA, 68 GRAUS CELSIUS, ACABAMENTO CROMADO, D = 15 MM (1/2\")","UN    ","AS",26.82]
[21045,"SPRINKLER TIPO PENDENTE, BULBO VERMELHO DE RESPOSTA RAPIDA, 68 GRAUS CELSIUS, ACABAMENTO CROMADO, D = 20 MM (3/4\")","UN    ","AS",36.74]
[21041,"SPRINKLER TIPO PENDENTE, BULBO VERMELHO DE RESPOSTA RAPIDA, 68 GRAUS CELSIUS, ACABAMENTO NATURAL, D = 20 MM (3/4\")","UN    ","AS",31.68]
[21040,"SPRINKLER TIPO PENDENTE, BULBO VERMELHO RESPOSTA RAPIDA, 68 GRAUS CELSIUS, ACABAMENTO NATURAL, D = 15 MM (1/2\")","UN    ","AS",26.25]
[14149,"SUPORTE \"Y\" PARA FITA PERFURADA","CENTO ","AS",182.88]
[38099,"SUPORTE DE FIXACAO PARA ESPELHO / PLACA 4\" X 2\", PARA 3 MODULOS, PARA INSTALACAO DE TOMADAS E INTERRUPTORES (SOMENTE SUPORTE)","UN    ","CR",1.69]
[38100,"SUPORTE DE FIXACAO PARA ESPELHO / PLACA 4\" X 4\", PARA 6 MODULOS, PARA INSTALACAO DE TOMADAS E INTERRUPTORES (SOMENTE SUPORTE)","UN    ","CR",2.77]
[7576,"SUPORTE EM ACO GALVANIZADO PARA TRANSFORMADOR PARA POSTE DUPLO T 185 X 95 MM, CHAPA DE 5/16\"","UN    ","AS",136.12]
[3384,"SUPORTE GUIA SIMPLES COM ROLDANA EM POLIPROPILENO PARA CHUMBAR, H = 20 CM","UN    ","CR",9.84]
[7572,"SUPORTE ISOLADOR REFORCADO DIAMETRO NOMINAL 5/16\", COM ROSCA SOBERBA E BUCHA","UN    ","AS",7.45]
[3396,"SUPORTE ISOLADOR SIMPLES DIAMETRO NOMINAL 5/16\", COM ROSCA SOBERBA E BUCHA","UN    ","AS",5.04]
[37590,"SUPORTE MAO-FRANCESA EM ACO, ABAS IGUAIS 30 CM, CAPACIDADE MINIMA 60 KG, BRANCO","UN    ","AS",21.92]
[37591,"SUPORTE MAO-FRANCESA EM ACO, ABAS IGUAIS 40 CM, CAPACIDADE MINIMA 70 KG, BRANCO","UN    ","AS",26.35]
[12626,"SUPORTE METALICO PARA CALHA PLUVIAL, ZINCADO, DOBRADO, DIAMETRO ENTRE 119 E 170 MM, PARA DRENAGEM PLUVIAL PREDIAL","UN    ","CR",43.38]
[11033,"SUPORTE PARA CALHA DE 150 MM EM FERRO GALVANIZADO","UN    ","AS",7.85]
[390,"SUPORTE PARA TUBO DIAMETRO NOMINAL 2\", COM ROSCA MECANICA","UN    ","AS",9.11]
[42436,"SURF DUPLO, EM TUBO DE ACO CARBONO, PINTURA NO PROCESSO ELETROSTATICO - EQUIPAMENTO DE GINASTICA PARA ACADEMIA AO AR LIVRE / ACADEMIA DA TERCEIRA IDADE - ATI","UN    ","AS",2701.34]
[6194,"TABUA *2,5 X 15 CM EM PINUS, MISTA OU EQUIVALENTE DA REGIAO - BRUTA","M     ","CR",6.77]
[10567,"TABUA *2,5 X 23* CM EM PINUS, MISTA OU EQUIVALENTE DA REGIAO - BRUTA","M     ","CR",10.73]
[6212,"TABUA *2,5 X 30 CM EM PINUS, MISTA OU EQUIVALENTE DA REGIAO - BRUTA","M     ","C ",15.74]
[3993,"TABUA APARELHADA *2,5 X 15* CM, EM MACARANDUBA/MASSARANDUBA, ANGELIM OU EQUIVALENTE DA REGIAO","M2    ","CR",69.87]
[3990,"TABUA APARELHADA *2,5 X 25* CM, EM MACARANDUBA/MASSARANDUBA, ANGELIM OU EQUIVALENTE DA REGIAO","M     ","CR",13.14]
[3992,"TABUA APARELHADA *2,5 X 30* CM, EM MACARANDUBA/MASSARANDUBA, ANGELIM OU EQUIVALENTE DA REGIAO","M     ","CR",17.75]
[6178,"TABUA DE  MADEIRA PARA PISO, CUMARU/IPE CHAMPANHE OU EQUIVALENTE DA REGIAO, ENCAIXE MACHO/FEMEA, *10 X 2* CM","M2    ","CR",205.9]
[6180,"TABUA DE  MADEIRA PARA PISO, CUMARU/IPE CHAMPANHE OU EQUIVALENTE DA REGIAO, ENCAIXE MACHO/FEMEA, *15 X 2* CM","M2    ","C ",222.22]
[6182,"TABUA DE  MADEIRA PARA PISO, IPE (CERNE) OU EQUIVALENTE DA REGIAO, ENCAIXE MACHO/FEMEA, *20 X 2* CM","M2    ","CR",275.83]
[43614,"TABUA NAO APARELHADA *2,5 X 15* CM, EM MACARANDUBA/MASSARANDUBA, ANGELIM OU EQUIVALENTE DA REGIAO - BRUTA","M     ","CR",8.8800000000000008]
[6193,"TABUA NAO APARELHADA *2,5 X 20* CM, EM MACARANDUBA/MASSARANDUBA, ANGELIM OU EQUIVALENTE DA REGIAO - BRUTA","M     ","CR",10.81]
[6189,"TABUA NAO APARELHADA *2,5 X 30* CM, EM MACARANDUBA/MASSARANDUBA, ANGELIM OU EQUIVALENTE DA REGIAO - BRUTA","M     ","CR",15.77]
[6214,"TACO DE MADEIRA PARA PISO, IPE (CERNE) OU EQUIVALENTE DA REGIAO, 7 X 42 CM, E = 2 CM","M2    ","CR",128.97999999999999]
[36153,"TALABARTE DE SEGURANCA, 2 MOSQUETOES TRAVA DUPLA *53* MM DE ABERTURA, COM ABSORVEDOR DE ENERGIA","UN    ","CR",240.75]
[10740,"TALHA ELETRICA 3 T, VELOCIDADE  2,1 M / MIN, POTENCIA 1,3 KW","UN    ","AS",11222.98]
[13914,"TALHA MANUAL DE CORRENTE, CAPACIDADE DE 1 T COM ELEVACAO DE 3 M","UN    ","AS",812.02]
[10742,"TALHA MANUAL DE CORRENTE, CAPACIDADE DE 2 T COM ELEVACAO DE 3 M","UN    ","AS",1184.3499999999999]
[38465,"TALHADEIRA COM PUNHO DE PROTECAO *20 X 250* MM","UN    ","CR",26.22]
[7543,"TAMPA CEGA EM PVC PARA CONDULETE 4 X 2\"","UN    ","CR",5.91]
[43427,"TAMPA DE CONCRETO ARMADO PARA FOSSA SEPTICA, DIAMETRO NOMINAL DE 3,00 M E ESPESSURA MINIMA DE 100 MM","UN    ","AS",1742.01]
[41613,"TAMPA DE CONCRETO ARMADO PARA FOSSA, D = *0,90* M, E = 0,05 M","UN    ","AS",111.98]
[41614,"TAMPA DE CONCRETO ARMADO PARA FOSSA, D = *1,10* M, E = 0,05 M","UN    ","AS",142.68]
[41615,"TAMPA DE CONCRETO ARMADO PARA FOSSA, D = *1,35* M, E = 0,05 M","UN    ","AS",220.52]
[41616,"TAMPA DE CONCRETO ARMADO PARA FOSSA, D = 1,50 M, E = 0,05 M","UN    ","AS",329.5]
[41617,"TAMPA DE CONCRETO ARMADO PARA FOSSA, D = 2,00 M, E = 0,05 M","UN    ","AS",655.16999999999996]
[41618,"TAMPA DE CONCRETO ARMADO PARA FOSSA, D = 2,50 M, E = 0,05 M","UN    ","AS",1206.1300000000001]
[43428,"TAMPA DE CONCRETO ARMADO PARA POCO DE INSPECAO, COM FURO E TAMPINHA, DIAMETRO NOMINAL DE 3,00 M E ESPESSURA MINIMA DE 100 MM","UN    ","AS",2118.59]
[41619,"TAMPA DE CONCRETO ARMADO PARA POCO, COM  FURO E TAMPINHA, D = *0,90* M, E = 0,05 M","UN    ","AS",137.26]
[41620,"TAMPA DE CONCRETO ARMADO PARA POCO, COM  FURO E TAMPINHA, D = *1,10* M, E = 0,05 M","UN    ","AS",173.38]
[41622,"TAMPA DE CONCRETO ARMADO PARA POCO, COM  FURO E TAMPINHA, D = *1,35* M, E = 0,05 M","UN    ","AS",300.72000000000003]
[41623,"TAMPA DE CONCRETO ARMADO PARA POCO, COM  FURO E TAMPINHA, D = 1,50 M, E = 0,05 M","UN    ","AS",462.37]
[41624,"TAMPA DE CONCRETO ARMADO PARA POCO, COM  FURO E TAMPINHA, D = 2,00 M, E = 0,05 M","UN    ","AS",866.94]
[41625,"TAMPA DE CONCRETO ARMADO PARA POCO, COM  FURO E TAMPINHA, D = 2,50 M, E = 0,05 M","UN    ","AS",1333.83]
[39352,"TAMPA PARA CONDULETE, EM PVC, PARA TOMADA HEXAGONAL","UN    ","CR",3.65]
[39346,"TAMPA PARA CONDULETE, EM PVC, PARA 1 INTERRUPTOR","UN    ","CR",3.65]
[39350,"TAMPA PARA CONDULETE, EM PVC, PARA 1 MODULO RJ","UN    ","CR",3.93]
[39351,"TAMPA PARA CONDULETE, EM PVC, PARA 2 MODULOS RJ","UN    ","CR",4.54]
[38837,"TAMPAO / CAP, ROSCA MACHO, DN 1\", PARA TUBO PEX PARA INST. AGUA QUENTE/FRIA","UN    ","AS",7.53]
[38836,"TAMPAO / CAP, ROSCA MACHO, DN 3/4\", PARA TUBO PEX PARA INST. AGUA QUENTE/FRIA","UN    ","AS",5.26]
[2666,"TAMPAO / TERMINAL / PLUG, D = 1 1/4\" , PARA DUTO CORRUGADO PEAD (CABEAMENTO SUBTERRANEO)","UN    ","CR",6.05]
[2668,"TAMPAO / TERMINAL / PLUG, D = 2\" , PARA DUTO CORRUGADO PEAD (CABEAMENTO SUBTERRANEO)","UN    ","CR",6.91]
[2664,"TAMPAO / TERMINAL / PLUG, D = 3\" , PARA DUTO CORRUGADO PEAD (CABEAMENTO SUBTERRANEO)","UN    ","CR",10.199999999999999]
[2662,"TAMPAO / TERMINAL / PLUG, D = 4\" , PARA DUTO CORRUGADO PEAD (CABEAMENTO SUBTERRANEO)","UN    ","CR",12.51]
[20964,"TAMPAO COM CORRENTE, EM LATAO, ENGATE RAPIDO 1 1/2\", PARA INSTALACAO PREDIAL DE COMBATE A INCENDIO","UN    ","AS",120.5]
[10905,"TAMPAO COM CORRENTE, EM LATAO, ENGATE RAPIDO 2 1/2\", PARA INSTALACAO PREDIAL DE COMBATE A INCENDIO","UN    ","AS",161.63999999999999]
[11289,"TAMPAO FOFO ARTICULADO P/ REGISTRO, CLASSE A15 CARGA MAX 1,5 T, *200 X 200* MM","UN    ","AS",99.23]
[11241,"TAMPAO FOFO ARTICULADO P/ REGISTRO, CLASSE A15 CARGA MAXIMA 1,5 T, *400 X 400* MM","UN    ","AS",248.09]
[11301,"TAMPAO FOFO ARTICULADO, CLASSE B125 CARGA MAX 12,5 T, REDONDO, TAMPA 600 MM (COM INSCRICAO EM RELEVO DO TIPO DE REDE)","UN    ","AS",629.09]
[21090,"TAMPAO FOFO ARTICULADO, CLASSE D400 CARGA MAX 40 T, REDONDO, TAMPA 600 MM (COM INSCRICAO EM RELEVO DO TIPO DE REDE)","UN    ","AS",770.86]
[11315,"TAMPAO FOFO SIMPLES COM BASE / REQUADRO, CLASSE A15 CARGA MAX. 1,5 T, 300 X 300 MM (COM INSCRICAO EM RELEVO DO TIPO DE REDE)","UN    ","AS",150.62]
[21071,"TAMPAO FOFO SIMPLES COM BASE / REQUADRO, CLASSE A15 CARGA MAX. 1,5 T, 400 X 400 MM (COM INSCRICAO EM RELEVO DO TIPO DE REDE)","UN    ","AS",230.37]
[14112,"TAMPAO FOFO SIMPLES COM BASE / REQUADRO, CLASSE A15 CARGA MAX. 1,5 T, 400 X 600 MM (COM INSCRICAO EM RELEVO DO TIPO DE REDE)","UN    ","AS",321.63]
[11316,"TAMPAO FOFO SIMPLES COM BASE / REQUADRO, CLASSE B125 CARGA MAX. 12,5 T, REDONDO, TAMPA 500 MM (COM INSCRICAO EM RELEVO DO TIPO DE REDE)","UN    ","AS",496.18]
[6243,"TAMPAO FOFO SIMPLES COM BASE / REQUADRO, CLASSE B125 CARGA MAX. 12,5 T, REDONDO, TAMPA 600 MM (COM INSCRICAO EM RELEVO DO TIPO DE REDE)","UN    ","AS",571.5]
[6240,"TAMPAO FOFO SIMPLES COM BASE / REQUADRO, CLASSE D400 CARGA MAX. 40 T, REDONDO, TAMPA 600 MM, REDE PLUVIAL/ESGOTO (COM INSCRICAO EM RELEVO DO TIPO DE REDE)","UN    ","AS",756.68]
[11296,"TAMPAO FOFO SIMPLES COM BASE / REQUADRO, CLASSE D400 CARGA MAX. 40 T, REDONDO, TAMPA 900 MM (COM INSCRICAO EM RELEVO DO TIPO DE REDE)","UN    ","AS",2410.9299999999998]
[11299,"TAMPAO FOFO SIMPLES COM BASE / REQUADRO, R-2, CLASSE A15 CARGA MAX. 1,5 T, 550 X 1100 MM (COM INSCRICAO EM RELEVO DO TIPO DE REDE)","UN    ","AS",816.04]
[11688,"TANQUE ACO INOXIDAVEL (ACO 304) COM ESFREGADOR E VALVULA, DE *50 X 40 X 22* CM","UN    ","CR",673.71]
[37736,"TANQUE DE ACO CARBONO NAO REVESTIDO, PARA TRANSPORTE DE AGUA COM CAPACIDADE DE 10 M3, COM BOMBA CENTRIFUGA POR TOMADA DE FORCA, VAZAO MAXIMA *75* M3/H (INCLUI MONTAGEM, NAO INCLUI CAMINHAO)","UN    ","AS",83450]
[37739,"TANQUE DE ACO PARA TRANSPORTE DE AGUA COM CAPACIDADE DE 14 M3 (INCLUI MONTAGEM, NAO INCLUI CAMINHAO)","UN    ","AS",102707.68]
[37740,"TANQUE DE ACO PARA TRANSPORTE DE AGUA COM CAPACIDADE DE 4 M3 (INCLUI MONTAGEM, NAO INCLUI CAMINHAO)","UN    ","AS",58610.36]
[37738,"TANQUE DE ACO PARA TRANSPORTE DE AGUA COM CAPACIDADE DE 6 M3 (INCLUI MONTAGEM, NAO INCLUI CAMINHAO)","UN    ","AS",69634.7]
[37737,"TANQUE DE ACO PARA TRANSPORTE DE AGUA COM CAPACIDADE DE 8 M3 (INCLUI MONTAGEM, NAO INCLUI CAMINHAO)","UN    ","AS",55400.75]
[25014,"TANQUE DE ASFALTO ESTACIONARIO COM MACARICO, CAPACIDADE 20.000 L","UN    ","AS",116034.57]
[25013,"TANQUE DE ASFALTO ESTACIONARIO COM SERPENTINA, CAPACIDADE 20.000 L","UN    ","AS",121616.51]
[14405,"TANQUE DE ASFALTO ESTACIONARIO COM SERPENTINA, CAPACIDADE 30.000 L","UN    ","AS",142758.1]
[20271,"TANQUE DE LOUCA BRANCA, COM COLUNA, *30* L","UN    ","CR",507.76]
[10423,"TANQUE DE LOUCA BRANCA, SUSPENSO, *20* L","UN    ","CR",372.82]
[36790,"TANQUE DUPLO EM MARMORE SINTETICO COM CUBA LISA E ESFREGADOR, *110 X 60* CM","UN    ","CR",316.18]
[37589,"TANQUE SIMPLES EM MARMORE SINTETICO COM COLUNA, CAPACIDADE *22* L, *60 X 46* CM","UN    ","CR",387.4]
[11690,"TANQUE SIMPLES EM MARMORE SINTETICO DE FIXAR NA PAREDE, CAPACIDADE *22* L, *60 X 46* CM","UN    ","CR",205.8]
[20234,"TANQUE SIMPLES EM MARMORE SINTETICO SUSPENSO, CAPACIDADE *38* L, *60 X 60* CM","UN    ","CR",260.44]
[4763,"TAQUEADOR OU TAQUEIRO (HORISTA)","H     ","CR",13.18]
[41070,"TAQUEADOR OU TAQUEIRO (MENSALISTA)","MES   ","CR",2287.67]
[44480,"TARIFA \"A\" ENTRE  0 E 20M3 FORNECIMENTO  D'AGUA","M3    ","CR",17.97]
[11457,"TARJETA LIVRE / OCUPADO PARA PORTA DE BANHEIRO, CORPO EM ZAMAC E ESPELHO EM LATAO","UN    ","CR",48.31]
[44073,"TARUGO DELIMITADOR DE PROFUNDIDADE EM ESPUMA DE POLIETILENO DE BAIXA DENSIDADE 10 MM, CINZA","M     ","CR",0.9]
[44253,"TE CPVC, SOLDAVEL, 90 GRAUS, 114 MM, PARA AGUA QUENTE PREDIAL","UN    ","AS",222.44]
[21121,"TE CPVC, SOLDAVEL, 90 GRAUS, 15 MM, PARA AGUA QUENTE PREDIAL","UN    ","AS",3.19]
[38010,"TE CPVC, SOLDAVEL, 90 GRAUS, 22 MM, PARA AGUA QUENTE PREDIAL","UN    ","AS",3.97]
[38011,"TE CPVC, SOLDAVEL, 90 GRAUS, 28 MM, PARA AGUA QUENTE PREDIAL","UN    ","AS",7.96]
[38012,"TE CPVC, SOLDAVEL, 90 GRAUS, 35 MM, PARA AGUA QUENTE PREDIAL","UN    ","AS",30.36]
[38013,"TE CPVC, SOLDAVEL, 90 GRAUS, 42 MM, PARA AGUA QUENTE PREDIAL","UN    ","AS",39.01]
[38014,"TE CPVC, SOLDAVEL, 90 GRAUS, 54 MM, PARA AGUA QUENTE PREDIAL","UN    ","AS",65.14]
[38015,"TE CPVC, SOLDAVEL, 90 GRAUS, 73 MM, PARA AGUA QUENTE PREDIAL","UN    ","AS",153.15]
[38016,"TE CPVC, SOLDAVEL, 90 GRAUS, 89 MM, PARA AGUA QUENTE PREDIAL","UN    ","AS",178.1]
[12741,"TE DE COBRE (REF 611) SEM ANEL DE SOLDA, BOLSA X BOLSA X BOLSA, 104 MM","UN    ","AS",1285.23]
[12733,"TE DE COBRE (REF 611) SEM ANEL DE SOLDA, BOLSA X BOLSA X BOLSA, 15 MM","UN    ","AS",6.46]
[12734,"TE DE COBRE (REF 611) SEM ANEL DE SOLDA, BOLSA X BOLSA X BOLSA, 22 MM","UN    ","AS",13.78]
[12735,"TE DE COBRE (REF 611) SEM ANEL DE SOLDA, BOLSA X BOLSA X BOLSA, 28 MM","UN    ","AS",22.67]
[12736,"TE DE COBRE (REF 611) SEM ANEL DE SOLDA, BOLSA X BOLSA X BOLSA, 35 MM","UN    ","AS",51.83]
[12737,"TE DE COBRE (REF 611) SEM ANEL DE SOLDA, BOLSA X BOLSA X BOLSA, 42 MM","UN    ","AS",66.78]
[12738,"TE DE COBRE (REF 611) SEM ANEL DE SOLDA, BOLSA X BOLSA X BOLSA, 54 MM","UN    ","AS",131.97999999999999]
[12739,"TE DE COBRE (REF 611) SEM ANEL DE SOLDA, BOLSA X BOLSA X BOLSA, 66 MM","UN    ","AS",375.71]
[12740,"TE DE COBRE (REF 611) SEM ANEL DE SOLDA, BOLSA X BOLSA X BOLSA, 79 MM","UN    ","AS",587.82000000000005]
[6297,"TE DE FERRO GALVANIZADO, DE 1 1/2\"","UN    ","AS",46.75]
[6296,"TE DE FERRO GALVANIZADO, DE 1 1/4\"","UN    ","AS",36.9]
[6294,"TE DE FERRO GALVANIZADO, DE 1/2\"","UN    ","AS",10.52]
[6323,"TE DE FERRO GALVANIZADO, DE 1\"","UN    ","AS",24.11]
[6299,"TE DE FERRO GALVANIZADO, DE 2 1/2\"","UN    ","AS",140.62]
[6298,"TE DE FERRO GALVANIZADO, DE 2\"","UN    ","AS",74.06]
[6295,"TE DE FERRO GALVANIZADO, DE 3/4\"","UN    ","AS",14.98]
[6322,"TE DE FERRO GALVANIZADO, DE 3\"","UN    ","AS",188.34]
[6300,"TE DE FERRO GALVANIZADO, DE 4\"","UN    ","AS",347.23]
[6321,"TE DE FERRO GALVANIZADO, DE 5\"","UN    ","AS",495.99]
[6301,"TE DE FERRO GALVANIZADO, DE 6\"","UN    ","AS",1162.55]
[7105,"TE DE INSPECAO, PVC,  100 X 75 MM, SERIE NORMAL PARA ESGOTO PREDIAL","UN    ","CR",43.59]
[20183,"TE DE INSPECAO, PVC, SERIE R, 100 X 75 MM, PARA ESGOTO PREDIAL","UN    ","CR",53.7]
[38448,"TE DE INSPECAO, PVC, SERIE R, 150 X 100 MM, PARA ESGOTO PREDIAL","UN    ","CR",243.69]
[20182,"TE DE INSPECAO, PVC, SERIE R, 75 X 75 MM, PARA ESGOTO PREDIAL","UN    ","CR",31.22]
[7119,"TE DE REDUCAO COM ROSCA, PVC, 90 GRAUS, 1 X 3/4\", PARA AGUA FRIA PREDIAL","UN    ","CR",11.76]
[7126,"TE DE REDUCAO COM ROSCA, PVC, 90 GRAUS, 1.1/2\" X 3/4\", AGUA FRIA PREDIAL","UN    ","CR",23.99]
[7120,"TE DE REDUCAO COM ROSCA, PVC, 90 GRAUS, 3/4 X 1/2\", PARA AGUA FRIA PREDIAL","UN    ","CR",9.02]
[6319,"TE DE REDUCAO DE FERRO GALVANIZADO, COM ROSCA BSP, DE 1 1/2\" X 1\"","UN    ","AS",54.93]
[6304,"TE DE REDUCAO DE FERRO GALVANIZADO, COM ROSCA BSP, DE 1 1/2\" X 3/4\"","UN    ","AS",54.93]
[21116,"TE DE REDUCAO DE FERRO GALVANIZADO, COM ROSCA BSP, DE 1 1/4\" X 3/4\"","UN    ","AS",41.59]
[6320,"TE DE REDUCAO DE FERRO GALVANIZADO, COM ROSCA BSP, DE 1\" X 1/2\"","UN    ","AS",28.29]
[6303,"TE DE REDUCAO DE FERRO GALVANIZADO, COM ROSCA BSP, DE 1\" X 3/4\"","UN    ","AS",28.29]
[6308,"TE DE REDUCAO DE FERRO GALVANIZADO, COM ROSCA BSP, DE 2 1/2\" X 1 1/2\"","UN    ","AS",151.99]
[6317,"TE DE REDUCAO DE FERRO GALVANIZADO, COM ROSCA BSP, DE 2 1/2\" X 1 1/4\"","UN    ","AS",151.99]
[6307,"TE DE REDUCAO DE FERRO GALVANIZADO, COM ROSCA BSP, DE 2 1/2\" X 1\"","UN    ","AS",151.99]
[6309,"TE DE REDUCAO DE FERRO GALVANIZADO, COM ROSCA BSP, DE 2 1/2\" X 2\"","UN    ","AS",156.4]
[6318,"TE DE REDUCAO DE FERRO GALVANIZADO, COM ROSCA BSP, DE 2\" X 1 1/2\"","UN    ","AS",81.98]
[6306,"TE DE REDUCAO DE FERRO GALVANIZADO, COM ROSCA BSP, DE 2\" X 1 1/4\"","UN    ","AS",81.98]
[6305,"TE DE REDUCAO DE FERRO GALVANIZADO, COM ROSCA BSP, DE 2\" X 1\"","UN    ","AS",81.98]
[6302,"TE DE REDUCAO DE FERRO GALVANIZADO, COM ROSCA BSP, DE 3/4\" X 1/2\"","UN    ","AS",17.39]
[6312,"TE DE REDUCAO DE FERRO GALVANIZADO, COM ROSCA BSP, DE 3\" X 1 1/2\"","UN    ","AS",218.62]
[6311,"TE DE REDUCAO DE FERRO GALVANIZADO, COM ROSCA BSP, DE 3\" X 1 1/4\"","UN    ","AS",218.62]
[6310,"TE DE REDUCAO DE FERRO GALVANIZADO, COM ROSCA BSP, DE 3\" X 1\"","UN    ","AS",218.62]
[6314,"TE DE REDUCAO DE FERRO GALVANIZADO, COM ROSCA BSP, DE 3\" X 2 1/2\"","UN    ","AS",218.62]
[6313,"TE DE REDUCAO DE FERRO GALVANIZADO, COM ROSCA BSP, DE 3\" X 2\"","UN    ","AS",218.62]
[6315,"TE DE REDUCAO DE FERRO GALVANIZADO, COM ROSCA BSP, DE 4\" X 2\"","UN    ","AS",413.94]
[6316,"TE DE REDUCAO DE FERRO GALVANIZADO, COM ROSCA BSP, DE 4\" X 3\"","UN    ","AS",413.94]
[39324,"TE DE REDUCAO, CPVC, 22 X 15 MM, PARA AGUA QUENTE PREDIAL","UN    ","AS",4.1500000000000004]
[39325,"TE DE REDUCAO, CPVC, 28 X 22 MM, PARA AGUA QUENTE PREDIAL","UN    ","AS",6.26]
[39326,"TE DE REDUCAO, CPVC, 35 X 28 MM, PARA AGUA QUENTE PREDIAL","UN    ","AS",22.45]
[39327,"TE DE REDUCAO, CPVC, 42 X 35 MM, PARA AGUA QUENTE PREDIAL","UN    ","AS",33.880000000000003]
[11378,"TE DE REDUCAO, PVC PBA, BBB, JE, DN 100 X 50 / DE 110 X 60 MM, PARA REDE AGUA (NBR 10351)","UN    ","AS",75.33]
[11379,"TE DE REDUCAO, PVC PBA, BBB, JE, DN 100 X 75 / DE 110 X 85 MM, PARA REDE AGUA (NBR 10351)","UN    ","AS",63.65]
[11493,"TE DE REDUCAO, PVC PBA, BBB, JE, DN 75 X 50 / DE 85 X 60 MM, PARA REDE AGUA (NBR 10351)","UN    ","AS",36.71]
[7106,"TE DE REDUCAO, PVC, SOLDAVEL, 90 GRAUS, 110 MM X 60 MM, PARA AGUA FRIA PREDIAL","UN    ","CR",148.44999999999999]
[7104,"TE DE REDUCAO, PVC, SOLDAVEL, 90 GRAUS, 25 MM X 20 MM, PARA AGUA FRIA PREDIAL","UN    ","CR",4]
[7136,"TE DE REDUCAO, PVC, SOLDAVEL, 90 GRAUS, 32 MM X 25 MM, PARA AGUA FRIA PREDIAL","UN    ","CR",6.97]
[7128,"TE DE REDUCAO, PVC, SOLDAVEL, 90 GRAUS, 40 MM X 32 MM, PARA AGUA FRIA PREDIAL","UN    ","CR",9.0399999999999991]
[7108,"TE DE REDUCAO, PVC, SOLDAVEL, 90 GRAUS, 50 MM X 20 MM, PARA AGUA FRIA PREDIAL","UN    ","CR",9.02]
[7129,"TE DE REDUCAO, PVC, SOLDAVEL, 90 GRAUS, 50 MM X 25 MM, PARA AGUA FRIA PREDIAL","UN    ","CR",10.61]
[7130,"TE DE REDUCAO, PVC, SOLDAVEL, 90 GRAUS, 50 MM X 32 MM, PARA AGUA FRIA PREDIAL","UN    ","CR",15.42]
[7131,"TE DE REDUCAO, PVC, SOLDAVEL, 90 GRAUS, 50 MM X 40 MM, PARA AGUA FRIA PREDIAL","UN    ","CR",18.86]
[7132,"TE DE REDUCAO, PVC, SOLDAVEL, 90 GRAUS, 75 MM X 50 MM, PARA AGUA FRIA PREDIAL","UN    ","CR",44.41]
[7133,"TE DE REDUCAO, PVC, SOLDAVEL, 90 GRAUS, 85 MM X 60 MM, PARA AGUA FRIA PREDIAL","UN    ","CR",102.61]
[37420,"TE DE SERVICO INTEGRADO, EM POLIPROPILENO (PP), PARA TUBOS EM PEAD/PVC, 60 X 20 MM - LIGACAO PREDIAL DE AGUA","UN    ","AS",38.409999999999997]
[37421,"TE DE SERVICO INTEGRADO, EM POLIPROPILENO (PP), PARA TUBOS EM PEAD/PVC, 60 X 32 MM - LIGACAO PREDIAL DE AGUA","UN    ","AS",52.5]
[37422,"TE DE SERVICO INTEGRADO, EM POLIPROPILENO (PP), PARA TUBOS EM PEAD, 63 X 20 MM - LIGACAO PREDIAL DE AGUA","UN    ","AS",49.14]
[37443,"TE DE SERVICO, PEAD PE 100, DE 125 X 20 MM, PARA ELETROFUSAO","UN    ","AS",200.61]
[37444,"TE DE SERVICO, PEAD PE 100, DE 125 X 32 MM, PARA ELETROFUSAO","UN    ","AS",204.01]
[37445,"TE DE SERVICO, PEAD PE 100, DE 125 X 63 MM, PARA ELETROFUSAO","UN    ","AS",309.23]
[37446,"TE DE SERVICO, PEAD PE 100, DE 200 X 20 MM, PARA ELETROFUSAO","UN    ","AS",337.11]
[37447,"TE DE SERVICO, PEAD PE 100, DE 200 X 32 MM, PARA ELETROFUSAO","UN    ","AS",342.38]
[37448,"TE DE SERVICO, PEAD PE 100, DE 200 X 63 MM, PARA ELETROFUSAO","UN    ","AS",469.63]
[37440,"TE DE SERVICO, PEAD PE 100, DE 63 X 20 MM, PARA ELETROFUSAO","UN    ","AS",159.22999999999999]
[37441,"TE DE SERVICO, PEAD PE 100, DE 63 X 32 MM, PARA ELETROFUSAO","UN    ","AS",159.22999999999999]
[37442,"TE DE SERVICO, PEAD PE 100, DE 63 X 63 MM, PARA ELETROFUSAO","UN    ","AS",191.78]
[38017,"TE DE TRANSICAO, CPVC, SOLDAVEL, 15 MM X 1/2\", PARA AGUA QUENTE","UN    ","AS",8.49]
[38018,"TE DE TRANSICAO, CPVC, SOLDAVEL, 22 MM X 1/2\", PARA AGUA QUENTE","UN    ","AS",9.5399999999999991]
[39895,"TE DUPLA CURVA BRONZE/LATAO (REF 764) SEM ANEL DE SOLDA, ROSCA F X BOLSA X ROSCA F, 1/2\" X 15 X 1/2\"","UN    ","AS",46.69]
[39896,"TE DUPLA CURVA BRONZE/LATAO (REF 764) SEM ANEL DE SOLDA, ROSCA F X BOLSA X ROSCA F, 3/4\" X 22 X 3/4\"","UN    ","AS",68.430000000000007]
[38873,"TE METALICO, PARA CONEXAO COM ANEL DESLIZANTE, DN 16 MM, EM TUBO PEX PARA INST. AGUA QUENTE/FRIA","UN    ","AS",14.35]
[38874,"TE METALICO, PARA CONEXAO COM ANEL DESLIZANTE, DN 20 MM, EM TUBO PEX PARA INST. AGUA QUENTE/FRIA","UN    ","AS",18.170000000000002]
[38875,"TE METALICO, PARA CONEXAO COM ANEL DESLIZANTE, DN 25 MM, EM TUBO PEX PARA INST. AGUA QUENTE/FRIA","UN    ","AS",28.8]
[38876,"TE METALICO, PARA CONEXAO COM ANEL DESLIZANTE, DN 32 MM, EM TUBO PEX PARA INST. AGUA QUENTE/FRIA","UN    ","AS",38.700000000000003]
[39000,"TE MISTURADOR COM INSERTO METALICO, FEMEA, PPR, DN 25 MM X 3/4\", PARA AGUA QUENTE E FRIA PREDIAL","UN    ","AS",29.79]
[38674,"TE MISTURADOR DE TRANSICAO, CPVC, COM ROSCA, 22 MM X 3/4\", PARA AGUA QUENTE","UN    ","AS",28.57]
[38019,"TE MISTURADOR, CPVC, SOLDAVEL, 15 MM, PARA AGUA QUENTE","UN    ","AS",6.04]
[38020,"TE MISTURADOR, CPVC, SOLDAVEL, 22 MM, PARA AGUA QUENTE","UN    ","AS",7.44]
[38454,"TE MISTURADOR, PPR, F/M/M, DN 20 X 20 MM, PARA AGUA QUENTE PREDIAL","UN    ","AS",11.17]
[38455,"TE MISTURADOR, PPR, F/M/M, DN 25 X 25 MM, PARA AGUA QUENTE PREDIAL","UN    ","AS",14.95]
[38462,"TE NORMAL, PPR, F/F/F, SOLDAVEL, 90 GRAUS, DN 110 X 110 X 110 MM, PARA AGUA QUENTE PREDIAL","UN    ","AS",241.08]
[36362,"TE NORMAL, PPR, F/F/F, SOLDAVEL, 90 GRAUS, DN 20 X 20 X 20 MM, PARA AGUA QUENTE PREDIAL","UN    ","AS",3.33]
[36298,"TE NORMAL, PPR, F/F/F, SOLDAVEL, 90 GRAUS, DN 25 X 25 X 25 MM, PARA AGUA QUENTE PREDIAL","UN    ","AS",2.86]
[38456,"TE NORMAL, PPR, F/F/F, SOLDAVEL, 90 GRAUS, DN 32 X 32 X 32 MM, PARA AGUA QUENTE PREDIAL","UN    ","AS",7.13]
[38457,"TE NORMAL, PPR, F/F/F, SOLDAVEL, 90 GRAUS, DN 40 X 40 X 40 MM, PARA AGUA QUENTE PREDIAL","UN    ","AS",12.99]
[38458,"TE NORMAL, PPR, F/F/F, SOLDAVEL, 90 GRAUS, DN 50 X 50 X 50 MM, PARA AGUA QUENTE PREDIAL","UN    ","AS",25.02]
[38459,"TE NORMAL, PPR, F/F/F, SOLDAVEL, 90 GRAUS, DN 63 X 63 X 63 MM, PARA AGUA QUENTE PREDIAL","UN    ","AS",39.340000000000003]
[38460,"TE NORMAL, PPR, F/F/F, SOLDAVEL, 90 GRAUS, DN 75 X 75 X 75 MM, PARA AGUA QUENTE PREDIAL","UN    ","AS",84.39]
[38461,"TE NORMAL, PPR, F/F/F, SOLDAVEL, 90 GRAUS, DN 90 X 90 X 90 MM, PARA AGUA QUENTE PREDIAL","UN    ","AS",113.25]
[7094,"TE PVC ROSCAVEL 90 GRAUS, 1\", PARA  AGUA FRIA PREDIAL","UN    ","CR",13.06]
[7116,"TE PVC SOLDAVEL, BBB, 90 GRAUS, DN 40 MM, PARA ESGOTO SECUNDARIO PREDIAL","UN    ","CR",3.91]
[7118,"TE PVC, ROSCAVEL, 90 GRAUS, 1 1/2\", AGUA FRIA PREDIAL","UN    ","CR",26.86]
[7098,"TE PVC, ROSCAVEL, 90 GRAUS, 1/2\",  AGUA FRIA PREDIAL","UN    ","CR",3.99]
[7110,"TE PVC, ROSCAVEL, 90 GRAUS, 2\",  AGUA FRIA PREDIAL","UN    ","CR",51.07]
[7123,"TE PVC, ROSCAVEL, 90 GRAUS, 3/4\", AGUA FRIA PREDIAL","UN    ","CR",4.83]
[7121,"TE PVC, SOLDAVEL, COM BUCHA DE LATAO NA BOLSA CENTRAL, 90 GRAUS, 20 MM X 1/2\", PARA AGUA FRIA PREDIAL","UN    ","CR",9.5500000000000007]
[7137,"TE PVC, SOLDAVEL, COM BUCHA DE LATAO NA BOLSA CENTRAL, 90 GRAUS, 25 MM X 1/2\", PARA AGUA FRIA PREDIAL","UN    ","CR",10.43]
[7122,"TE PVC, SOLDAVEL, COM BUCHA DE LATAO NA BOLSA CENTRAL, 90 GRAUS, 25 MM X 3/4\", PARA AGUA FRIA PREDIAL","UN    ","CR",11.48]
[7114,"TE PVC, SOLDAVEL, COM BUCHA DE LATAO NA BOLSA CENTRAL, 90 GRAUS, 32 MM X 3/4\", PARA AGUA FRIA PREDIAL","UN    ","CR",13.36]
[7109,"TE PVC, SOLDAVEL, COM ROSCA NA BOLSA CENTRAL, 90 GRAUS, 20 MM X 1/2\", PARA AGUA FRIA PREDIAL","UN    ","CR",2.64]
[7135,"TE PVC, SOLDAVEL, COM ROSCA NA BOLSA CENTRAL, 90 GRAUS, 25 MM X 1/2\", PARA AGUA FRIA PREDIAL","UN    ","CR",5.42]
[37947,"TE PVC, SOLDAVEL, COM ROSCA NA BOLSA CENTRAL, 90 GRAUS, 25 MM X 3/4\", PARA AGUA FRIA PREDIAL","UN    ","CR",4.41]
[7103,"TE PVC, SOLDAVEL, COM ROSCA NA BOLSA CENTRAL, 90 GRAUS, 32 MM X 3/4\", PARA AGUA FRIA PREDIAL","UN    ","CR",14.36]
[40419,"TE RANHURADO EM FERRO FUNDIDO, DN 50 (2\")","UN    ","AS",36.93]
[40420,"TE RANHURADO EM FERRO FUNDIDO, DN 65 (2 1/2\")","UN    ","AS",53.88]
[40421,"TE RANHURADO EM FERRO FUNDIDO, DN 80 (3\")","UN    ","AS",57.36]
[38905,"TE ROSCA FEMEA, METALICO, PARA CONEXAO COM ANEL DESLIZANTE, DN 16 MM X 1/2\", EM TUBO PEX PARA INST. AGUA QUENTE/FRIA","UN    ","AS",18.57]
[38907,"TE ROSCA FEMEA, METALICO, PARA CONEXAO COM ANEL DESLIZANTE, DN 20 MM X 1/2\", EM TUBO PEX PARA INST. AGUA QUENTE/FRIA","UN    ","AS",17.899999999999999]
[38910,"TE ROSCA FEMEA, METALICO, PARA CONEXAO COM ANEL DESLIZANTE, DN 25 MM X 3/4\", EM TUBO PEX PARA INST. AGUA QUENTE/FRIA","UN    ","AS",20.94]
[11655,"TE SANITARIO DE REDUCAO, PVC, DN 100 X 50 MM, SERIE NORMAL, PARA ESGOTO PREDIAL","UN    ","CR",18.059999999999999]
[11656,"TE SANITARIO DE REDUCAO, PVC, DN 100 X 75 MM, SERIE NORMAL PARA ESGOTO PREDIAL","UN    ","CR",20.74]
[7091,"TE SANITARIO, PVC, DN 100 X 100 MM, SERIE NORMAL, PARA ESGOTO PREDIAL","UN    ","CR",16.989999999999998]
[37948,"TE SANITARIO, PVC, DN 40 X 40 MM, SERIE NORMAL, PARA ESGOTO PREDIAL","UN    ","CR",3.93]
[7097,"TE SANITARIO, PVC, DN 50 X 50 MM, SERIE NORMAL, PARA ESGOTO PREDIAL","UN    ","CR",7.98]
[11658,"TE SANITARIO, PVC, DN 75 X 75 MM, SERIE NORMAL PARA ESGOTO PREDIAL","UN    ","CR",17.64]
[7146,"TE SOLDAVEL, PVC, 90 GRAUS, 110 MM, PARA AGUA FRIA PREDIAL (NBR 5648)","UN    ","CR",174.82]
[7138,"TE SOLDAVEL, PVC, 90 GRAUS, 20 MM, PARA AGUA FRIA PREDIAL (NBR 5648)","UN    ","CR",1.1100000000000001]
[7139,"TE SOLDAVEL, PVC, 90 GRAUS, 25 MM, PARA AGUA FRIA PREDIAL (NBR 5648)","UN    ","CR",1.25]
[7140,"TE SOLDAVEL, PVC, 90 GRAUS, 32 MM, PARA AGUA FRIA PREDIAL (NBR 5648)","UN    ","CR",3.93]
[7141,"TE SOLDAVEL, PVC, 90 GRAUS, 40 MM, PARA AGUA FRIA PREDIAL (NBR 5648)","UN    ","CR",9.6199999999999992]
[7143,"TE SOLDAVEL, PVC, 90 GRAUS, 60 MM, PARA AGUA FRIA PREDIAL (NBR 5648)","UN    ","CR",32.270000000000003]
[7144,"TE SOLDAVEL, PVC, 90 GRAUS, 75 MM, PARA AGUA FRIA PREDIAL (NBR 5648)","UN    ","CR",59.87]
[7145,"TE SOLDAVEL, PVC, 90 GRAUS, 85 MM, PARA AGUA FRIA PREDIAL (NBR 5648)","UN    ","CR",81.41]
[7142,"TE SOLDAVEL, PVC, 90 GRAUS,50 MM, PARA AGUA FRIA PREDIAL (NBR 5648)","UN    ","CR",10.050000000000001]
[3593,"TE 45 GRAUS DE FERRO GALVANIZADO, COM ROSCA BSP, DE 1 1/2\"","UN    ","AS",101.47]
[3588,"TE 45 GRAUS DE FERRO GALVANIZADO, COM ROSCA BSP, DE 1 1/4\"","UN    ","AS",78.209999999999994]
[3585,"TE 45 GRAUS DE FERRO GALVANIZADO, COM ROSCA BSP, DE 1/2\"","UN    ","AS",24.16]
[3587,"TE 45 GRAUS DE FERRO GALVANIZADO, COM ROSCA BSP, DE 1\"","UN    ","AS",48.53]
[3590,"TE 45 GRAUS DE FERRO GALVANIZADO, COM ROSCA BSP, DE 2 1/2\"","UN    ","AS",288.11]
[3589,"TE 45 GRAUS DE FERRO GALVANIZADO, COM ROSCA BSP, DE 2\"","UN    ","AS",154.63999999999999]
[3586,"TE 45 GRAUS DE FERRO GALVANIZADO, COM ROSCA BSP, DE 3/4\"","UN    ","AS",31.64]
[3592,"TE 45 GRAUS DE FERRO GALVANIZADO, COM ROSCA BSP, DE 3\"","UN    ","AS",455.41]
[3591,"TE 45 GRAUS DE FERRO GALVANIZADO, COM ROSCA BSP, DE 4\"","UN    ","AS",730.05]
[40396,"TE 90 GRAUS EM ACO CARBONO, SOLDAVEL, PRESSAO 3.000 LBS, DN 1 1/2\"","UN    ","AS",132.28]
[40395,"TE 90 GRAUS EM ACO CARBONO, SOLDAVEL, PRESSAO 3.000 LBS, DN 1 1/4\"","UN    ","AS",101.52]
[40392,"TE 90 GRAUS EM ACO CARBONO, SOLDAVEL, PRESSAO 3.000 LBS, DN 1/2\"","UN    ","AS",32.659999999999997]
[40394,"TE 90 GRAUS EM ACO CARBONO, SOLDAVEL, PRESSAO 3.000 LBS, DN 1\"","UN    ","AS",66.09]
[40398,"TE 90 GRAUS EM ACO CARBONO, SOLDAVEL, PRESSAO 3.000 LBS, DN 2 1/2\"","UN    ","AS",424.39]
[40397,"TE 90 GRAUS EM ACO CARBONO, SOLDAVEL, PRESSAO 3.000 LBS, DN 2\"","UN    ","AS",217.34]
[40393,"TE 90 GRAUS EM ACO CARBONO, SOLDAVEL, PRESSAO 3.000 LBS, DN 3/4\"","UN    ","AS",42.07]
[40399,"TE 90 GRAUS EM ACO CARBONO, SOLDAVEL, PRESSAO 3.000 LBS, DN 3\"","UN    ","AS",694.3]
[39322,"TE, PLASTICO, DN 16 MM, PARA CONEXAO COM CRIMPAGEM, EM TUBO PEX PARA INST. AGUA QUENTE/FRIA","UN    ","AS",8.83]
[39289,"TE, PLASTICO, DN 20 MM, PARA CONEXAO COM CRIMPAGEM, EM TUBO PEX PARA INST. AGUA QUENTE/FRIA","UN    ","AS",16.46]
[39290,"TE, PLASTICO, DN 25 MM, PARA CONEXAO COM CRIMPAGEM, EM TUBO PEX PARA INST. AGUA QUENTE/FRIA","UN    ","AS",27.8]
[39291,"TE, PLASTICO, DN 32 MM, PARA CONEXAO COM CRIMPAGEM, EM TUBO PEX PARA INST. AGUA QUENTE/FRIA","UN    ","AS",30.74]
[41892,"TE, PVC PBA, BBB, 90 GRAUS, DN 100 / DE 110 MM, PARA REDE  AGUA (NBR 10351)","UN    ","AS",94.79]
[7048,"TE, PVC PBA, BBB, 90 GRAUS, DN 50 / DE 60 MM, PARA REDE AGUA (NBR 10351)","UN    ","AS",20.46]
[7088,"TE, PVC PBA, BBB, 90 GRAUS, DN 75 / DE 85 MM, PARA REDE AGUA (NBR 10351)","UN    ","AS",44.74]
[20179,"TE, PVC, SERIE R, 100 X 100 MM, PARA ESGOTO PREDIAL","UN    ","CR",46.49]
[20178,"TE, PVC, SERIE R, 100 X 75 MM, PARA ESGOTO PREDIAL","UN    ","CR",55.73]
[20180,"TE, PVC, SERIE R, 150 X 100 MM, PARA ESGOTO PREDIAL","UN    ","CR",91.97]
[20181,"TE, PVC, SERIE R, 150 X 150 MM, PARA ESGOTO PREDIAL","UN    ","CR",123.15]
[20177,"TE, PVC, SERIE R, 75 X 75 MM, PARA ESGOTO PREDIAL","UN    ","CR",30.46]
[7070,"TE, PVC, 90 GRAUS, BBB, JE, DN 200 MM, PARA REDE COLETORA ESGOTO","UN    ","CR",218.58]
[40945,"TECNICO DE EDIFICACOES (HORISTA)","H     ","CR",15.21]
[40946,"TECNICO DE EDIFICACOES (MENSALISTA)","MES   ","CR",2639.39]
[7153,"TECNICO EM LABORATORIO E CAMPO DE CONSTRUCAO CIVIL (HORISTA)","H     ","CR",23.47]
[41089,"TECNICO EM LABORATORIO E CAMPO DE CONSTRUCAO CIVIL (MENSALISTA)","MES   ","CR",4073.59]
[40943,"TECNICO EM SEGURANCA DO TRABALHO (HORISTA)","H     ","CR",24.19]
[40944,"TECNICO EM SEGURANCA DO TRABALHO (MENSALISTA)","MES   ","CR",4197.72]
[6175,"TECNICO EM SONDAGEM","H     ","CR",17.21]
[41092,"TECNICO EM SONDAGEM (MENSALISTA)","MES   ","CR",2985.3]
[37712,"TELA ARAME GALVANIZADO REVESTIDO COM POLIMERO, MALHA HEXAGONAL DUPLA TORCAO, 8 X 10 CM (ZN/AL REVESTIDO COM POLIMERO), FIO *2,4* MM","M2    ","CR",76.37]
[34547,"TELA DE ACO SOLDADA GALVANIZADA/ZINCADA PARA ALVENARIA, FIO  D = *1,20 A 1,70* MM, MALHA 15 X 15 MM, (C X L) *50 X 12* CM","M     ","AS",3.33]
[34548,"TELA DE ACO SOLDADA GALVANIZADA/ZINCADA PARA ALVENARIA, FIO  D = *1,20 A 1,70* MM, MALHA 15 X 15 MM, (C X L) *50 X 17,5* CM","M     ","AS",5.46]
[34558,"TELA DE ACO SOLDADA GALVANIZADA/ZINCADA PARA ALVENARIA, FIO D = *1,20 A 1,70* MM, MALHA 15 X 15 MM, (C X L) *50 X 10,5* CM","M     ","AS",2.71]
[34550,"TELA DE ACO SOLDADA GALVANIZADA/ZINCADA PARA ALVENARIA, FIO D = *1,20 A 1,70* MM, MALHA 15 X 15 MM, (C X L) *50 X 6* CM","M     ","AS",1.44]
[34557,"TELA DE ACO SOLDADA GALVANIZADA/ZINCADA PARA ALVENARIA, FIO D = *1,20 A 1,70* MM, MALHA 15 X 15 MM, (C X L) *50 X 7,5* CM","M     ","AS",2.11]
[37411,"TELA DE ACO SOLDADA GALVANIZADA/ZINCADA PARA ALVENARIA, FIO D = *1,24 MM, MALHA 25 X 25 MM","M2    ","AS",15.42]
[39508,"TELA DE ACO SOLDADA NERVURADA, CA-60, L-159, (1,69 KG/M2), DIAMETRO DO FIO = 4,5 MM, LARGURA = 2,45 M, ESPACAMENTO DA MALHA = 30 X 10 CM","M2    ","AS",8.66]
[39507,"TELA DE ACO SOLDADA NERVURADA, CA-60, Q-113, (1,8 KG/M2), DIAMETRO DO FIO = 3,8 MM, LARGURA = 2,45 M, ESPACAMENTO DA MALHA = 10 X 10 CM","M2    ","AS",12.93]
[7155,"TELA DE ACO SOLDADA NERVURADA, CA-60, Q-138, (2,20 KG/M2), DIAMETRO DO FIO = 4,2 MM, LARGURA = 2,45 M, ESPACAMENTO DA MALHA = 10  X 10 CM","M2    ","AS",16.59]
[42406,"TELA DE ACO SOLDADA NERVURADA, CA-60, Q-159, (2,52 KG/M2), DIAMETRO DO FIO = 4,5 MM, LARGURA =  2,45 M, ESPACAMENTO DA MALHA = 10 X 10 CM","M2    ","AS",19.03]
[7156,"TELA DE ACO SOLDADA NERVURADA, CA-60, Q-196, (3,11 KG/M2), DIAMETRO DO FIO = 5,0 MM, LARGURA = 2,45 M, ESPACAMENTO DA MALHA = 10 X 10 CM","M2    ","AS",23.81]
[43127,"TELA DE ACO SOLDADA NERVURADA, CA-60, Q-283 (4,48 KG/M2), DIAMETRO DO FIO = 6,0 MM, LARGURA = 2,45 X 6,00 M DE COMPRIMENTO, ESPACAMENTO DA MALHA = 10 X 10 CM","M2    ","AS",34.07]
[10917,"TELA DE ACO SOLDADA NERVURADA, CA-60, Q-61, (0,97 KG/M2), DIAMETRO DO FIO = 3,4 MM, LARGURA = 2,45 M, ESPACAMENTO DA MALHA = 15 X 15 CM","M2    ","AS",7.19]
[21141,"TELA DE ACO SOLDADA NERVURADA, CA-60, Q-92, (1,48 KG/M2), DIAMETRO DO FIO = 4,2 MM, LARGURA = 2,45 X 60 M DE COMPRIMENTO, ESPACAMENTO DA MALHA = 15  X 15 CM","M2    ","AS",11.13]
[39509,"TELA DE ACO SOLDADA NERVURADA, CA-60, T-196, (2,11 KG/M2), DIAMETRO DO FIO = 5,0 MM, LARGURA = 2,45 M, ESPACAMENTO DA MALHA = 30 X 10 CM","M2    ","AS",10.71]
[44529,"TELA DE ANIAGEM ( JUTA)","M2    ","AS",24.02]
[7167,"TELA DE ARAME GALVANIZADA QUADRANGULAR / LOSANGULAR, FIO 2,11 MM (14 BWG), MALHA 5 X 5 CM, H = 2 M","M2    ","CR",40.729999999999997]
[10928,"TELA DE ARAME GALVANIZADA QUADRANGULAR / LOSANGULAR, FIO 2,11 MM (14 BWG), MALHA 8 X 8 CM, H = 2 M","M2    ","CR",23.4]
[10933,"TELA DE ARAME GALVANIZADA QUADRANGULAR / LOSANGULAR, FIO 2,77 MM (12 BWG), MALHA 10 X 10 CM, H = 2 M","M2    ","CR",35.29]
[7158,"TELA DE ARAME GALVANIZADA QUADRANGULAR / LOSANGULAR, FIO 2,77 MM (12 BWG), MALHA 5 X 5 CM, H = 2 M","M2    ","C ",59.86]
[10927,"TELA DE ARAME GALVANIZADA QUADRANGULAR / LOSANGULAR, FIO 2,77 MM (12 BWG), MALHA 8 X 8 CM, H = 2 M","M2    ","CR",38.28]
[7162,"TELA DE ARAME GALVANIZADA QUADRANGULAR / LOSANGULAR, FIO 3,4 MM (10 BWG), MALHA 5 X 5 CM, H = 2 M","M2    ","CR",93.67]
[10932,"TELA DE ARAME GALVANIZADA QUADRANGULAR / LOSANGULAR, FIO 4,19 MM (8 BWG), MALHA 5 X 5 CM, H = 2 M","M2    ","CR",162.93]
[10937,"TELA DE ARAME GALVANIZADA REVESTIDA EM PVC, QUADRANGULAR / LOSANGULAR, FIO 2,11 MM (14 BWG), BITOLA FINAL = *2,8* MM, MALHA *8 X 8* CM, H = 2 M","M2    ","CR",41.88]
[10935,"TELA DE ARAME GALVANIZADA REVESTIDA EM PVC, QUADRANGULAR / LOSANGULAR, FIO 2,77 MM (12 BWG), BITOLA FINAL = *3,8* MM, MALHA 7,5 X 7,5 CM, H = 2 M","M2    ","CR",72.63]
[10931,"TELA DE ARAME GALVANIZADA, HEXAGONAL, FIO 0,56 MM (24 BWG), MALHA 1/2\", H = 1 M","M2    ","CR",20.43]
[7164,"TELA DE ARAME ONDULADA, FIO *2,77* MM (12 BWG), MALHA 5 X 5 CM, H = 2 M","M2    ","CR",67.61]
[36887,"TELA DE FIBRA DE VIDRO, ACABAMENTO ANTI-ALCALINO, MALHA 10 X 10 MM","M2    ","AS",9.06]
[34630,"TELA EM MALHA HEXAGONAL DE DUPLA TORCAO 8 X 10 CM (ZN/AL REVESTIDO COM POLIMERO), FIO 2,7 MM, COM GEOMANTA OU BIOMANTA, DIMENSOES 4,0 X 2,0 X 0,6 M, COM INCLINACAO DE 70 GRAUS, PARA SOLO REFORCADO","UN    ","CR",1241.2]
[7161,"TELA EM METAL PARA ESTUQUE (DEPLOYE)","M2    ","CR",8.41]
[7170,"TELA FACHADEIRA EM POLIETILENO, ROLO DE 3 X 100 M (L X C), COR BRANCA, SEM LOGOMARCA - PARA PROTECAO DE OBRAS","M2    ","AS",2.19]
[37524,"TELA PLASTICA LARANJA, TIPO TAPUME PARA SINALIZACAO, MALHA RETANGULAR, ROLO 1.20 X 50 M (L X C)","M     ","AS",2]
[37525,"TELA PLASTICA TECIDA LISTRADA BRANCA E LARANJA, TIPO GUARDA CORPO, EM POLIETILENO MONOFILADO, ROLO 1,20 X 50 M (L X C)","M     ","AS",2.73]
[36789,"TELHA CERAMICA TIPO AMERICANA, COMPRIMENTO DE *45* CM, RENDIMENTO DE *12* TELHAS/M2","UN    ","CR",2.36]
[7173,"TELHA DE BARRO / CERAMICA, NAO ESMALTADA, TIPO COLONIAL, CANAL, PLAN, PAULISTA, COMPRIMENTO DE *44 A 50* CM, RENDIMENTO DE COBERTURA DE *26* TELHAS/M2","MIL   ","C ",1525]
[7175,"TELHA DE BARRO / CERAMICA, NAO ESMALTADA, TIPO ROMANA, AMERICANA, PORTUGUESA, FRANCESA, COMPRIMENTO DE *41* CM,  RENDIMENTO DE *16* TELHAS/M2","UN    ","CR",1.72]
[40741,"TELHA DE CONCRETO TIPO CLASSICA, COR CINZA, COMPRIMENTO DE *42* CM,  RENDIMENTO DE *10* TELHAS/M2","UN    ","CR",3.21]
[7184,"TELHA DE FIBRA DE VIDRO ONDULADA INCOLOR, E = 0,6 MM, DE *0,50 X 2,44* M","M2    ","AS",52.54]
[34458,"TELHA DE FIBROCIMENTO E = 6 MM, DE 3,00 X 1,06 M (SEM AMIANTO)","UN    ","CR",151.16999999999999]
[34464,"TELHA DE FIBROCIMENTO E = 6 MM, DE 4,10 X 1,06 M (SEM AMIANTO)","UN    ","CR",225.03]
[34468,"TELHA DE FIBROCIMENTO E = 6 MM, DE 4,60 X 1,06 M (SEM AMIANTO)","UN    ","CR",283.7]
[34473,"TELHA DE FIBROCIMENTO E = 8 MM, DE 3,00 X 1,06 M (SEM AMIANTO)","UN    ","CR",172.1]
[34480,"TELHA DE FIBROCIMENTO E = 8 MM, DE 4,10 X 1,06 M (SEM AMIANTO)","UN    ","CR",318.04000000000002]
[34486,"TELHA DE FIBROCIMENTO E = 8 MM, DE 4,60 X 1,06 M (SEM AMIANTO)","UN    ","CR",376.55]
[7190,"TELHA DE FIBROCIMENTO ONDULADA E = 4 MM, DE 1,22 X 0,50 M (SEM AMIANTO)","UN    ","CR",12.57]
[34417,"TELHA DE FIBROCIMENTO ONDULADA E = 4 MM, DE 2,13 X 0,50 M (SEM AMIANTO)","UN    ","CR",20.12]
[7213,"TELHA DE FIBROCIMENTO ONDULADA E = 4 MM, DE 2,44 X 0,50 M (SEM AMIANTO)","M2    ","CR",18.45]
[7195,"TELHA DE FIBROCIMENTO ONDULADA E = 6 MM, DE 1,53 X 1,10 M (SEM AMIANTO)","UN    ","CR",54.17]
[7186,"TELHA DE FIBROCIMENTO ONDULADA E = 6 MM, DE 1,83 X 1,10 M (SEM AMIANTO)","UN    ","C ",59.01]
[7194,"TELHA DE FIBROCIMENTO ONDULADA E = 6 MM, DE 2,44 X 1,10 M (SEM AMIANTO)","M2    ","CR",27.21]
[7197,"TELHA DE FIBROCIMENTO ONDULADA E = 6 MM, DE 3,66 X 1,10 M (SEM AMIANTO)","UN    ","CR",114.83]
[7192,"TELHA DE FIBROCIMENTO ONDULADA E = 8 MM, DE 1,53 X 1,10 M (SEM AMIANTO)","UN    ","CR",102.88]
[7193,"TELHA DE FIBROCIMENTO ONDULADA E = 8 MM, DE 1,83 X 1,10 M (SEM AMIANTO)","UN    ","CR",115.83]
[7189,"TELHA DE FIBROCIMENTO ONDULADA E = 8 MM, DE 2,44 X 1,10 M (SEM AMIANTO)","UN    ","CR",134.6]
[34402,"TELHA DE FIBROCIMENTO ONDULADA E = 8 MM, DE 3,66 X 1,10 M (SEM AMIANTO)","UN    ","CR",190.04]
[7245,"TELHA DE VIDRO TIPO FRANCESA, *39 X 23* CM","UN    ","AS",31.12]
[34425,"TELHA ESTRUTURAL DE FIBROCIMENTO 1 ABA, DE 0,52 X 2,00 M (SEM AMIANTO)","UN    ","CR",122.08]
[7223,"TELHA ESTRUTURAL DE FIBROCIMENTO 1 ABA, DE 0,52 X 2,50 M (SEM AMIANTO)","UN    ","CR",136.04]
[7234,"TELHA ESTRUTURAL DE FIBROCIMENTO 1 ABA, DE 0,52 X 3,60 M (SEM AMIANTO)","UN    ","CR",205.29]
[7224,"TELHA ESTRUTURAL DE FIBROCIMENTO 1 ABA, DE 0,52 X 4,00 M (SEM AMIANTO)","UN    ","CR",250.09]
[7225,"TELHA ESTRUTURAL DE FIBROCIMENTO 1 ABA, DE 0,52 X 5,00 M (SEM AMIANTO)","UN    ","CR",268.17]
[7226,"TELHA ESTRUTURAL DE FIBROCIMENTO 1 ABA, DE 0,52 X 5,50 M (SEM AMIANTO)","UN    ","CR",286.17]
[7227,"TELHA ESTRUTURAL DE FIBROCIMENTO 1 ABA, DE 0,52 X 6,50 M (SEM AMIANTO)","UN    ","CR",325.74]
[7212,"TELHA ESTRUTURAL DE FIBROCIMENTO 1 ABA, DE 0,52 X 7,20 M (SEM AMIANTO)","UN    ","CR",357.91]
[7229,"TELHA ESTRUTURAL DE FIBROCIMENTO 2 ABAS, DE 1,00 X 3,00 M (SEM AMIANTO)","UN    ","CR",226.86]
[7230,"TELHA ESTRUTURAL DE FIBROCIMENTO 2 ABAS, DE 1,00 X 4,60 M (SEM AMIANTO)","UN    ","CR",377.69]
[7231,"TELHA ESTRUTURAL DE FIBROCIMENTO 2 ABAS, DE 1,00 X 6,00 M (SEM AMIANTO)","UN    ","CR",535.78]
[7220,"TELHA ESTRUTURAL DE FIBROCIMENTO 2 ABAS, DE 1,00 X 7,40 M (SEM AMIANTO)","UN    ","CR",661.37]
[34447,"TELHA ESTRUTURAL DE FIBROCIMENTO 2 ABAS, DE 1,00 X 8,20 M (SEM AMIANTO)","UN    ","CR",739.5]
[7233,"TELHA ESTRUTURAL DE FIBROCIMENTO 2 ABAS, DE 1,00 X 9,20 M (SEM AMIANTO)","UN    ","CR",848.33]
[40740,"TELHA GALVALUME COM ISOLAMENTO TERMOACUSTICO EM ESPUMA RIGIDA DE POLIURETANO (PU) INJETADO, ESPESSURA DE 30 MM, DENSIDADE DE 35 KG/M3, REVESTIMENTO EM TELHA TRAPEZOIDAL NAS DUAS FACES COM ESPESSURA DE 0,50 MM CADA, ACABAMENTO NATURAL (NAO INCLUI ACESSORIOS DE FIXACAO)","M2    ","CR",152.02000000000001]
[25007,"TELHA ONDULADA EM ACO ZINCADO, ALTURA DE 17 MM, ESPESSURA DE 0,50 MM, LARGURA UTIL DE APROXIMADAMENTE 985 MM, SEM PINTURA","M2    ","C ",43.5]
[43071,"TELHA TERMOISOLANTE REVESTIDA EM ACO GALVALUME, FACE SUPERIOR TRAPEZOIDAL E FACE INFERIOR PLANA (NAO INCLUI ACESSORIOS DE FIXACAO), REVEST COM ESPESSURA DE 0,50 MM, COM PRE-PINTURA DE COR BRANCA NAS DUAS FACES, NUCLEO EM POLIIOCIANURATO (PIR) COM ESPESSURA DE 50 MM","M2    ","CR",171.17]
[39520,"TELHA TERMOISOLANTE REVESTIDA EM ACO GALVANIZADO, FACE SUPERIOR EM TELHA TRAPEZOIDAL E FACE INFERIOR EM CHAPA PLANA (SEM ACESSORIOS DE FIXACAO), REVESTIMENTO COM ESPESSURA DE 0,50 MM COM PRE-PINTURA NAS DUAS FACES, NUCLEO EM POLIESTIRENO (EPS) DE 30 MM","M2    ","CR",139.65]
[39521,"TELHA TERMOISOLANTE REVESTIDA EM ACO GALVANIZADO, FACE SUPERIOR EM TELHA TRAPEZOIDAL E FACE INFERIOR EM CHAPA PLANA (SEM ACESSORIOS DE FIXACAO), REVESTIMENTO COM ESPESSURA DE 0,50 MM COM PRE-PINTURA NAS DUAS FACES, NUCLEO EM POLIESTIRENO (EPS) DE 50 MM","M2    ","CR",144.21]
[39522,"TELHA TERMOISOLANTE REVESTIDA EM ACO GALVANIZADO, FACES SUPERIOR E INFERIOR EM TELHA TRAPEZOIDAL (SEM ACESSORIOS DE FIXACAO), REVESTIMENTO COM ESPESSURA DE 0,50 MM COM PRE-PINTURA NAS DUAS FACES, NUCLEO EM POLIESTIRENO (EPS) DE 50 MM","M2    ","CR",148.91]
[7243,"TELHA TRAPEZOIDAL EM ACO ZINCADO, SEM PINTURA, ALTURA DE APROXIMADAMENTE 40 MM, ESPESSURA DE 0,50 MM E LARGURA UTIL DE 980 MM","M2    ","CR",45.45]
[11067,"TELHA TRAPEZOIDAL EM ALUMINIO, ALTURA DE *38* MM E ESPESSURA DE 0,5 MM (LARGURA TOTAL DE 1056 MM E COMPRIMENTO DE 5000 MM)","UN    ","AS",352.37]
[11068,"TELHA TRAPEZOIDAL EM ALUMINIO, ALTURA DE *38* MM E ESPESSURA DE 0,7 MM (LARGURA TOTAL DE 1056 MM E COMPRIMENTO DE 5000 MM)","UN    ","AS",445.16]
[7246,"TELHA VIDRO TIPO CANAL OU COLONIAL, C = 46 A 50 CM","UN    ","AS",34.36]
[41097,"TELHADOR  (MENSALISTA)","MES   ","CR",2845.05]
[12869,"TELHADOR (HORISTA)","H     ","CR",16.39]
[1574,"TERMINAL A COMPRESSAO EM COBRE ESTANHADO PARA CABO 10 MM2, 1 FURO E 1 COMPRESSAO, PARA PARAFUSO DE FIXACAO M6","UN    ","CR",2.2999999999999998]
[1581,"TERMINAL A COMPRESSAO EM COBRE ESTANHADO PARA CABO 120 MM2, 1 FURO E 1 COMPRESSAO, PARA PARAFUSO DE FIXACAO M12","UN    ","CR",15.93]
[1575,"TERMINAL A COMPRESSAO EM COBRE ESTANHADO PARA CABO 16 MM2, 1 FURO E 1 COMPRESSAO, PARA PARAFUSO DE FIXACAO M6","UN    ","CR",2.73]
[1570,"TERMINAL A COMPRESSAO EM COBRE ESTANHADO PARA CABO 2,5 MM2, 1 FURO E 1 COMPRESSAO, PARA PARAFUSO DE FIXACAO M5","UN    ","CR",1.37]
[1576,"TERMINAL A COMPRESSAO EM COBRE ESTANHADO PARA CABO 25 MM2, 1 FURO E 1 COMPRESSAO, PARA PARAFUSO DE FIXACAO M8","UN    ","CR",3.77]
[1577,"TERMINAL A COMPRESSAO EM COBRE ESTANHADO PARA CABO 35 MM2, 1 FURO E 1 COMPRESSAO, PARA PARAFUSO DE FIXACAO M8","UN    ","CR",4.25]
[1571,"TERMINAL A COMPRESSAO EM COBRE ESTANHADO PARA CABO 4 MM2, 1 FURO E 1 COMPRESSAO, PARA PARAFUSO DE FIXACAO M5","UN    ","CR",1.78]
[1578,"TERMINAL A COMPRESSAO EM COBRE ESTANHADO PARA CABO 50 MM2, 1 FURO E 1 COMPRESSAO, PARA PARAFUSO DE FIXACAO M8","UN    ","CR",7.38]
[1573,"TERMINAL A COMPRESSAO EM COBRE ESTANHADO PARA CABO 6 MM2, 1 FURO E 1 COMPRESSAO, PARA PARAFUSO DE FIXACAO M6","UN    ","CR",2.12]
[1579,"TERMINAL A COMPRESSAO EM COBRE ESTANHADO PARA CABO 70 MM2, 1 FURO E 1 COMPRESSAO, PARA PARAFUSO DE FIXACAO M10","UN    ","CR",9.1999999999999993]
[1580,"TERMINAL A COMPRESSAO EM COBRE ESTANHADO PARA CABO 95 MM2, 1 FURO E 1 COMPRESSAO, PARA PARAFUSO DE FIXACAO M12","UN    ","CR",11.33]
[39321,"TERMINAL DE VENTILACAO, 100 MM, SERIE NORMAL, ESGOTO PREDIAL","UN    ","CR",23.29]
[39319,"TERMINAL DE VENTILACAO, 50 MM, SERIE NORMAL, ESGOTO PREDIAL","UN    ","CR",9.69]
[39320,"TERMINAL DE VENTILACAO, 75 MM, SERIE NORMAL, ESGOTO PREDIAL","UN    ","CR",18.63]
[1591,"TERMINAL METALICO A PRESSAO PARA 1 CABO DE 120 MM2, COM 1 FURO DE FIXACAO","UN    ","CR",35.14]
[1547,"TERMINAL METALICO A PRESSAO PARA 1 CABO DE 150 A 185 MM2, COM 2 FUROS PARA FIXACAO","UN    ","CR",184.12]
[38196,"TERMINAL METALICO A PRESSAO PARA 1 CABO DE 150 MM2, COM 1 FURO DE FIXACAO","UN    ","CR",35.86]
[1543,"TERMINAL METALICO A PRESSAO PARA 1 CABO DE 16 A 25 MM2, COM 2 FUROS PARA FIXACAO","UN    ","CR",38.11]
[1585,"TERMINAL METALICO A PRESSAO PARA 1 CABO DE 16 MM2, COM 1 FURO DE FIXACAO","UN    ","CR",7.38]
[1593,"TERMINAL METALICO A PRESSAO PARA 1 CABO DE 185 MM2, COM 1 FURO DE FIXACAO","UN    ","CR",39.19]
[11838,"TERMINAL METALICO A PRESSAO PARA 1 CABO DE 240 MM2, COM 1 FURO DE FIXACAO","UN    ","CR",51.71]
[1594,"TERMINAL METALICO A PRESSAO PARA 1 CABO DE 25 A 35 MM2, COM 2 FUROS PARA FIXACAO","UN    ","CR",52.28]
[1586,"TERMINAL METALICO A PRESSAO PARA 1 CABO DE 25 MM2, COM 1 FURO DE FIXACAO","UN    ","CR",9.34]
[11839,"TERMINAL METALICO A PRESSAO PARA 1 CABO DE 300 MM2, COM 1 FURO DE FIXACAO","UN    ","CR",75.239999999999995]
[1587,"TERMINAL METALICO A PRESSAO PARA 1 CABO DE 35 MM2, COM 1 FURO DE FIXACAO","UN    ","CR",9.51]
[1545,"TERMINAL METALICO A PRESSAO PARA 1 CABO DE 50 A 70 MM2, COM 2 FUROS PARA FIXACAO","UN    ","CR",90.29]
[1588,"TERMINAL METALICO A PRESSAO PARA 1 CABO DE 50 MM2, COM 1 FURO DE FIXACAO","UN    ","CR",13.05]
[1535,"TERMINAL METALICO A PRESSAO PARA 1 CABO DE 6 A 10 MM2, COM 1 FURO DE FIXACAO","UN    ","CR",7.52]
[1589,"TERMINAL METALICO A PRESSAO PARA 1 CABO DE 70 MM2, COM 1 FURO DE FIXACAO","UN    ","CR",13.46]
[1546,"TERMINAL METALICO A PRESSAO PARA 1 CABO DE 95 A 120 MM2, COM 2 FUROS PARA FIXACAO","UN    ","CR",152.36000000000001]
[1590,"TERMINAL METALICO A PRESSAO PARA 1 CABO DE 95 MM2, COM 1 FURO DE FIXACAO","UN    ","CR",23.7]
[1542,"TERMINAL METALICO A PRESSAO 1 CABO, PARA CABOS DE 4 A 10 MM2, COM 2 FUROS PARA FIXACAO","UN    ","CR",31.39]
[38415,"TERMOFUSORA PARA TUBOS E CONEXOES EM PPR COM DIAMETROS DE 20 A 63 MM, POTENCIA DE 800 W, TENSAO 220 V","UN    ","CR",1037.71]
[38414,"TERMOFUSORA PARA TUBOS E CONEXOES EM PPR COM DIAMETROS DE 75 A 110 MM, POTENCIA DE *1100* W, TENSAO 220 V","UN    ","CR",1456.44]
[38128,"TERRA VEGETAL (ENSACADA)","KG    ","AS",1]
[7253,"TERRA VEGETAL (GRANEL)","M3    ","AS",214.28]
[4806,"TESTEIRA ANTIDERRAPANTE PARA PISO VINILICO *5 X 2,5* CM, E = 2 MM","M     ","CR",21.67]
[34401,"TIJOLO CERAMICO LAMINADO 5,5 X 11 X 23 CM (L X A X C)","UN    ","CR",2.2200000000000002]
[7260,"TIJOLO CERAMICO MACICO APARENTE *6 X 12 X 24* CM (L X A X C)","UN    ","CR",1.97]
[7256,"TIJOLO CERAMICO MACICO APARENTE 2 FUROS, *6,5 X 10 X 20* CM (L X A X C)","UN    ","CR",1.95]
[7258,"TIJOLO CERAMICO MACICO COMUM *5 X 10 X 20* CM (L X A X C)","UN    ","CR",0.79]
[34400,"TIJOLO CERAMICO REFRATARIO 2,5 X 11,4 X 22,9 CM (L X A X C)","UN    ","CR",3.42]
[10617,"TIJOLO CERAMICO REFRATARIO 6,3 X 11,4 X 22,9 CM (L X A X C)","UN    ","CR",6.53]
[44261,"TIL CONDOMINIAL, PVC, DN 100 X 100 MM, PARA REDE COLETORA DE ESGOTO","UN    ","CR",154.76]
[7274,"TIL PARA LIGACAO PREDIAL, EM PVC, JE, BBB, DN 100 X 100 MM, PARA REDE COLETORA ESGOTO","UN    ","CR",74.92]
[44326,"TIL RADIAL, PVC, JE, BBB, DN 300 X 200 MM, PARA REDE COLETORA DE ESGOTO (NBR 10.569)","UN    ","CR",1618.2]
[154,"TINTA / REVESTIMENTO A BASE DE RESINA EPOXI COM ALCATRAO, BICOMPONENTE","L     ","CR",135.66]
[38121,"TINTA A BASE DE RESINA ACRILICA EMULSIONADA EM AGUA, PARA SINALIZACAO HORIZONTAL VIARIA (NBR 13699:2012)","L     ","CR",10.84]
[43776,"TINTA A OLEO BRILHANTE, PARA MADEIRAS E METAIS","L     ","CR",19.23]
[7343,"TINTA ACRILICA A BASE DE SOLVENTE, PARA SINALIZACAO HORIZONTAL VIARIA (NBR 11862)","L     ","CR",9.59]
[7348,"TINTA ACRILICA PREMIUM PARA PISO","L     ","CR",11.79]
[7313,"TINTA ASFALTICA IMPERMEABILIZANTE DILUIDA EM SOLVENTE, PARA MATERIAIS CIMENTICIOS, METAL E MADEIRA","L     ","CR",45.45]
[7319,"TINTA ASFALTICA IMPERMEABILIZANTE DISPERSA EM AGUA, PARA MATERIAIS CIMENTICIOS","L     ","CR",26.01]
[7314,"TINTA BORRACHA CLORADA, ACABAMENTO SEMIBRILHO, QUALQUER COR","L     ","CR",42.92]
[7304,"TINTA EPOXI BASE AGUA PREMIUM, BRANCA","L     ","CR",57]
[43649,"TINTA ESMALTE BASE AGUA PREMIUM ACETINADO","L     ","CR",29.48]
[43650,"TINTA ESMALTE BASE AGUA PREMIUM BRILHANTE","L     ","CR",27.86]
[7311,"TINTA ESMALTE SINTETICO PREMIUM ACETINADO","L     ","CR",28.54]
[7292,"TINTA ESMALTE SINTETICO PREMIUM BRILHANTE","L     ","C ",27.63]
[7293,"TINTA ESMALTE SINTETICO PREMIUM DE DUPLA ACAO GRAFITE FOSCO PARA SUPERFICIES METALICAS FERROSAS","L     ","CR",30.56]
[7306,"TINTA ESMALTE SINTETICO PREMIUM DE EFEITO PROTETOR DE SUPERFICIE METALICA ALUMINIO","L     ","CR",33.729999999999997]
[7288,"TINTA ESMALTE SINTETICO PREMIUM FOSCO","L     ","CR",28.01]
[43625,"TINTA ESMALTE SINTETICO STANDARD ACETINADO","L     ","CR",22.61]
[43647,"TINTA ESMALTE SINTETICO STANDARD BRILHANTE","L     ","CR",20.54]
[43648,"TINTA ESMALTE SINTETICO STANDARD FOSCO","L     ","CR",19.82]
[35693,"TINTA LATEX ACRILICA ECONOMICA, COR BRANCA","L     ","CR",7.33]
[7356,"TINTA LATEX ACRILICA PREMIUM, COR BRANCO FOSCO","L     ","C ",17.579999999999998]
[35692,"TINTA LATEX ACRILICA STANDARD, COR BRANCA","L     ","CR",11.5]
[43624,"TINTA LATEX ACRILICA SUPER PREMIUM, COR BRANCO FOSCO","L     ","CR",21.42]
[7342,"TINTA MINERAL IMPERMEAVEL EM PO, BRANCA","KG    ","CR",4.99]
[7350,"TINTA/RESINA ACRILICA PREMIUM PARA CERAMICA, PEDRAS E OUTROS","L     ","CR",25.37]
[39574,"TIRANTE COM ELO, EM ARAME GALVANIZADO RIGIDO, NUMERO 10, COMPRIMENTO 2000 MM, PARA PENDURAL DE FORRO REMOVIVEL","UN    ","CR",6.12]
[11060,"TIRANTE EM FERRO GALVANIZADO PARA CONTRAVENTAMENTO DE TELHA CANALETE 90, 1/4 \" X 400 MM","UN    ","AS",46.54]
[37401,"TOALHEIRO PLASTICO TIPO DISPENSER PARA PAPEL TOALHA INTERFOLHADO","UN    ","CR",82.97]
[7525,"TOMADA INDUSTRIAL DE EMBUTIR 3P+T 30 A, 440 V, COM TRAVA, COM PLACA","UN    ","CR",50.67]
[7524,"TOMADA INDUSTRIAL DE EMBUTIR 3P+T 30 A, 440 V, COM TRAVA, SEM PLACA","UN    ","CR",47.74]
[38105,"TOMADA PARA ANTENA DE TV, CABO COAXIAL DE 9 MM (APENAS MODULO)","UN    ","CR",12.26]
[38084,"TOMADA PARA ANTENA DE TV, CABO COAXIAL DE 9 MM, CONJUNTO MONTADO PARA EMBUTIR 4\" X 2\" (PLACA + SUPORTE + MODULO)","UN    ","CR",17.420000000000002]
[38103,"TOMADA RJ11, 2 FIOS (APENAS MODULO)","UN    ","CR",18.41]
[38082,"TOMADA RJ11, 2 FIOS, CONJUNTO MONTADO PARA EMBUTIR 4\" X 2\" (PLACA + SUPORTE + MODULO)","UN    ","CR",22.68]
[38104,"TOMADA RJ45, 8 FIOS, CAT 5E (APENAS MODULO)","UN    ","CR",36.049999999999997]
[38083,"TOMADA RJ45, 8 FIOS, CAT 5E, CONJUNTO MONTADO PARA EMBUTIR 4\" X 2\" (PLACA + SUPORTE + MODULO)","UN    ","CR",40.020000000000003]
[38101,"TOMADA 2P+T 10A, 250V  (APENAS MODULO)","UN    ","CR",8.76]
[7528,"TOMADA 2P+T 10A, 250V, CONJUNTO MONTADO PARA EMBUTIR 4\" X 2\" (PLACA + SUPORTE + MODULO)","UN    ","C ",10.29]
[12147,"TOMADA 2P+T 10A, 250V, CONJUNTO MONTADO PARA SOBREPOR 4\" X 2\" (CAIXA + MODULO)","UN    ","CR",15.69]
[38075,"TOMADA 2P+T 20A 250V, CONJUNTO MONTADO PARA EMBUTIR 4\" X 2\" (PLACA + SUPORTE + MODULO)","UN    ","CR",17.82]
[38102,"TOMADA 2P+T 20A, 250V  (APENAS MODULO)","UN    ","CR",11.2]
[38076,"TOMADAS (2 MODULOS) 2P+T 10A, 250V, CONJUNTO MONTADO PARA EMBUTIR 4\" X 2\" (PLACA + SUPORTE + MODULOS)","UN    ","CR",19.98]
[7592,"TOPOGRAFO (HORISTA)","H     ","C ",19.260000000000002]
[40820,"TOPOGRAFO (MENSALISTA)","MES   ","CR",3340.47]
[11826,"TORNEIRA DE BOIA BALAO METALICO, VAZAO TOTAL, PARA CAIXA D'AGUA, AGUA QUENTE, ROSCA 1/2 \", COM HASTE, TORNEIRA E BALAO METALICOS","UN    ","CR",58.53]
[7606,"TORNEIRA DE BOIA BALAO METALICO, VAZAO TOTAL, PARA CAIXA D'AGUA, AGUA QUENTE, ROSCA 3/4 \", COM HASTE, TORNEIRA E BALAO METALICOS","UN    ","CR",70.39]
[11763,"TORNEIRA DE BOIA CONVENCIONAL PARA CAIXA D'AGUA, AGUA FRIA, 1.1/2\", COM HASTE E TORNEIRA METALICOS E BALAO PLASTICO","UN    ","CR",153.71]
[11764,"TORNEIRA DE BOIA CONVENCIONAL PARA CAIXA D'AGUA, AGUA FRIA, 1.1/4\", COM HASTE E TORNEIRA METALICOS E BALAO PLASTICO","UN    ","CR",126.11]
[11829,"TORNEIRA DE BOIA CONVENCIONAL PARA CAIXA D'AGUA, AGUA FRIA, 1/2\", COM HASTE E TORNEIRA METALICOS E BALAO PLASTICO","UN    ","CR",30.48]
[11830,"TORNEIRA DE BOIA CONVENCIONAL PARA CAIXA D'AGUA, AGUA FRIA, 3/4\", COM HASTE E TORNEIRA METALICOS E BALAO PLASTICO","UN    ","CR",32.909999999999997]
[11825,"TORNEIRA DE BOIA CONVENCIONAL PARA CAIXA D'AGUA, 1\", AGUA FRIA, COM HASTE E TORNEIRA METALICOS E BALAO PLASTICO","UN    ","CR",74.040000000000006]
[11767,"TORNEIRA DE BOIA CONVENCIONAL PARA CAIXA D'AGUA, 2\", AGUA FRIA, COM HASTE E TORNEIRA METALICOS E BALAO PLASTICO","UN    ","CR",197.21]
[11766,"TORNEIRA DE BOIA VAZAO TOTAL PARA CAIXA D'AGUA, AGUA FRIA, BITOLA 1/2\", COM HASTE E TORNEIRA METALICOS E BALAO PLASTICO","UN    ","CR",45.97]
[11765,"TORNEIRA DE BOIA VAZAO TOTAL PARA CAIXA D'AGUA, AGUA FRIA, BITOLA 1\", COM HASTE E TORNEIRA METALICOS E BALAO PLASTICO","UN    ","CR",84.04]
[11824,"TORNEIRA DE BOIA VAZAO TOTAL PARA CAIXA D'AGUA, AGUA FRIA, BITOLA 3/4\", COM HASTE E TORNEIRA METALICOS E BALAO PLASTICO","UN    ","CR",54.07]
[44045,"TORNEIRA DE MESA PARA LAVATORIO, METALICA CROMADA, COM MISTURADOR MONOCOMANDO, BICA BAIXA (REF 2875)","UN    ","CR",508.16]
[39702,"TORNEIRA DE MESA PARA LAVATORIO, METALICA CROMADA, COM SENSOR DE APROXIMACAO ELETRICO, BIVOLT","UN    ","CR",3374.88]
[13415,"TORNEIRA DE MESA/BANCADA, PARA LAVATORIO, FIXA, METALICA CROMADA, PADRAO POPULAR, 1/2 \" OU 3/4 \" (REF 1193)","UN    ","C ",110.8]
[7602,"TORNEIRA DE METAL AMARELO, PARA TANQUE / JARDIM, DE PAREDE, COM BICO PLASTICO, CANO CURTO, AREA EXTERNA, PADRAO POPULAR / USO GERAL, 1/2 \" OU 3/4 \" (REF 1128)","UN    ","CR",70.709999999999994]
[7603,"TORNEIRA DE METAL AMARELO, PARA TANQUE / JARDIM, DE PAREDE, SEM BICO, CANO CURTO, PADRAO POPULAR / USO GERAL, 1/2 \" OU 3/4 \" (REF 1120)","UN    ","CR",59.98]
[11777,"TORNEIRA ELETRICA DE PAREDE, BICA ALTA, PARA COZINHA, 5500 W (110/220 V)","UN    ","CR",164.8]
[13417,"TORNEIRA METALICA CROMADA CANO CURTO, SEM BICO, SEM AREJADOR, DE PAREDE, PARA TANQUE E USO GERAL, 1/2 \" OU 3/4 \" (REF 1143)","UN    ","CR",144.31]
[36791,"TORNEIRA METALICA CROMADA DE MESA PARA LAVATORIO, BICA ALTA, COM AREJADOR (REF 1195)","UN    ","CR",216.58]
[36795,"TORNEIRA METALICA CROMADA DE MESA PARA LAVATORIO, COM SENSOR DE PRESENCA A PILHA, COM AREJADOR EMBUTIDO","UN    ","CR",2738.41]
[36796,"TORNEIRA METALICA CROMADA DE MESA, PARA LAVATORIO, TEMPORIZADA PRESSAO FECHAMENTO AUTOMATICO, BICA BAIXA","UN    ","CR",227.56]
[36792,"TORNEIRA METALICA CROMADA DE PAREDE LONGA PARA LAVATORIO, COM AREJADOR, ACIONAMENTO ALAVANCA, 1/4 DE VOLTA (REF 1178)","UN    ","CR",288.26]
[11773,"TORNEIRA METALICA CROMADA DE PAREDE, PARA COZINHA, BICA MOVEL, COM AREJADOR, 1/2 \" OU 3/4 \" (REF 1167 / 1168)","UN    ","CR",191.89]
[11762,"TORNEIRA METALICA CROMADA PARA JARDIM / TANQUE, COM BICO PLASTICO, CANO LONGO, DE PAREDE, PADRAO POPULAR / USO GERAL , 1/2 \" OU 3/4 \" (REF 1153 / 1130)","UN    ","CR",91.02]
[7604,"TORNEIRA METALICA CROMADA PARA TANQUE / JARDIM, SEM BICO , CANO LONGO, DE PAREDE, PADRAO POPULAR / USO GERAL, 1/2 \" OU 3/4 \" (REF 1126)","UN    ","CR",77.069999999999993]
[13984,"TORNEIRA METALICA CROMADA, CANO CURTO, COM AREJADOR, SEM BICO PLASTICO, DE PAREDE, PARA USO GERAL, 1/2 \" OU 3/4 \" (REF 1152 / 1154)","UN    ","CR",112]
[11772,"TORNEIRA METALICA CROMADA, DE MESA/BANCADA, PARA COZINHA, BICA MOVEL, COM AREJADOR, 1/2 \" OU 3/4 \" (REF 1167 / 1168)","UN    ","CR",192.49]
[13983,"TORNEIRA METALICA CROMADA, RETA, DE PAREDE, PARA COZINHA, COM AREJADOR, PADRAO POPULAR, 1/2 \" OU 3/4 \" (REF 1159 / 1160)","UN    ","CR",145.78]
[13416,"TORNEIRA METALICA CROMADA, RETA, DE PAREDE, PARA COZINHA, SEM BICO, SEM AREJADOR, PADRAO POPULAR, 1/2 \" OU 3/4 \" (REF 1158)","UN    ","CR",129.47999999999999]
[40329,"TORNEIRA PLASTICA DE BOIA CONVENCIONAL PARA CAIXA DE AGUA, AGUA FRIA, 3/4 \", COM HASTE METALICA E COM TORNEIRA E BALAO PLASTICOS (PADRAO POPULAR)","UN    ","C ",19.100000000000001]
[11823,"TORNEIRA PLASTICA DE BOIA PARA CAIXA DE DESCARGA,  1/2\", BALAO E TORNEIRA PLASTICOS, COM HASTE METALICA","UN    ","CR",8.0399999999999991]
[11822,"TORNEIRA PLASTICA DE MESA, BICA MOVEL, PARA COZINHA 1/2 \"","UN    ","CR",31.47]
[11831,"TORNEIRA PLASTICA PARA TANQUE 1/2 \" OU 3/4 \" COM BICO PARA MANGUEIRA","UN    ","CR",18.940000000000001]
[7613,"TRANSFORMADOR TRIFASICO DE DISTRIBUICAO, POTENCIA DE 1000 KVA, TENSAO NOMINAL DE 15 KV, TENSAO SECUNDARIA DE 220/127V, EM OLEO ISOLANTE TIPO MINERAL","UN    ","CR",135881.88]
[7619,"TRANSFORMADOR TRIFASICO DE DISTRIBUICAO, POTENCIA DE 112,5 KVA, TENSAO NOMINAL DE 15 KV, TENSAO SECUNDARIA DE 220/127V, EM OLEO ISOLANTE TIPO MINERAL","UN    ","CR",21004.43]
[12076,"TRANSFORMADOR TRIFASICO DE DISTRIBUICAO, POTENCIA DE 15 KVA, TENSAO NOMINAL DE 15 KV, TENSAO SECUNDARIA DE 220/127V, EM OLEO ISOLANTE TIPO MINERAL","UN    ","CR",9635.06]
[7614,"TRANSFORMADOR TRIFASICO DE DISTRIBUICAO, POTENCIA DE 150 KVA, TENSAO NOMINAL DE 15 KV, TENSAO SECUNDARIA DE 220/127V, EM OLEO ISOLANTE TIPO MINERAL","UN    ","CR",26491.59]
[7618,"TRANSFORMADOR TRIFASICO DE DISTRIBUICAO, POTENCIA DE 1500 KVA, TENSAO NOMINAL DE 15 KV, TENSAO SECUNDARIA DE 220/127V, EM OLEO ISOLANTE TIPO MINERAL","UN    ","CR",171817.9]
[7620,"TRANSFORMADOR TRIFASICO DE DISTRIBUICAO, POTENCIA DE 225 KVA, TENSAO NOMINAL DE 15 KV, TENSAO SECUNDARIA DE 220/127V, EM OLEO ISOLANTE TIPO MINERAL","UN    ","CR",37163.800000000003]
[7610,"TRANSFORMADOR TRIFASICO DE DISTRIBUICAO, POTENCIA DE 30 KVA, TENSAO NOMINAL DE 15 KV, TENSAO SECUNDARIA DE 220/127V, EM OLEO ISOLANTE TIPO MINERAL","UN    ","CR",11768.53]
[7615,"TRANSFORMADOR TRIFASICO DE DISTRIBUICAO, POTENCIA DE 300 KVA, TENSAO NOMINAL DE 15 KV, TENSAO SECUNDARIA DE 220/127V, EM OLEO ISOLANTE TIPO MINERAL","UN    ","CR",43357.77]
[7617,"TRANSFORMADOR TRIFASICO DE DISTRIBUICAO, POTENCIA DE 45 KVA, TENSAO NOMINAL DE 15 KV, TENSAO SECUNDARIA DE 220/127V, EM OLEO ISOLANTE TIPO MINERAL","UN    ","CR",13144.97]
[7616,"TRANSFORMADOR TRIFASICO DE DISTRIBUICAO, POTENCIA DE 500 KVA, TENSAO NOMINAL DE 15 KV, TENSAO SECUNDARIA DE 220/127V, EM OLEO ISOLANTE TIPO MINERAL","UN    ","CR",70753]
[7611,"TRANSFORMADOR TRIFASICO DE DISTRIBUICAO, POTENCIA DE 75 KVA, TENSAO NOMINAL DE 15 KV, TENSAO SECUNDARIA DE 220/127V, EM OLEO ISOLANTE TIPO MINERAL","UN    ","C ",16999]
[7612,"TRANSFORMADOR TRIFASICO DE DISTRIBUICAO, POTENCIA DE 750 KVA, TENSAO NOMINAL DE 15 KV, TENSAO SECUNDARIA DE 220/127V, EM OLEO ISOLANTE TIPO MINERAL","UN    ","CR",97049.83]
[37371,"TRANSPORTE - HORISTA (COLETADO CAIXA - ENCARGOS COMPLEMENTARES)","H     ","C ",0.54]
[40861,"TRANSPORTE - MENSALISTA (COLETADO CAIXA - ENCARGOS COMPLEMENTARES)","MES   ","C ",102.56]
[36510,"TRATOR DE ESTEIRAS, POTENCIA BRUTA DE 133 HP, PESO OPERACIONAL DE 14 T, COM LAMINA COM CAPACIDADE DE 3,00 M3","UN    ","AS",985932.68]
[25020,"TRATOR DE ESTEIRAS, POTENCIA BRUTA DE 347 HP, PESO OPERACIONAL DE 38,5 T, COM ESCARIFICADOR E LAMINA COM CAPACIDADE DE 4,70M3","UN    ","AS",4061695.76]
[7622,"TRATOR DE ESTEIRAS, POTENCIA DE 100 HP, PESO OPERACIONAL DE 9,4 T, COM LAMINA COM CAPACIDADE DE 2,19 M3","UN    ","AS",956498.8]
[7624,"TRATOR DE ESTEIRAS, POTENCIA DE 150 HP, PESO OPERACIONAL DE 16,7 T, COM RODA MOTRIZ ELEVADA E LAMINA COM CONTATO DE 3,18M3","UN    ","AS",1240000]
[7625,"TRATOR DE ESTEIRAS, POTENCIA DE 170 HP, PESO OPERACIONAL DE 19 T, COM LAMINA COM CAPACIDADE DE 5,2 M3","UN    ","AS",1232415.78]
[7623,"TRATOR DE ESTEIRAS, POTENCIA DE 347 HP, PESO OPERACIONAL DE 38,5 T, COM LAMINA COM CAPACIDADE DE 8,70M3","UN    ","AS",4061695.76]
[36508,"TRATOR DE ESTEIRAS, POTENCIA NO VOLANTE DE 200 HP, PESO OPERACIONAL DE 20,1 T, COM RODA MOTRIZ ELEVADA E LAMINA COM CAPACIDADE DE 3,89 M3","UN    ","AS",1826705.75]
[36509,"TRATOR DE ESTEIRAS, POTENCIA 125 HP, PESO OPERACIONAL DE 12,9 T, COM LAMINA COM CAPACIDADE DE 2,7 M3","UN    ","AS",1001100.85]
[13238,"TRATOR DE PNEUS COM POTENCIA DE 105 CV, TRACAO 4 X 4, PESO COM LASTRO DE 5775 KG","UN    ","AS",307752.03000000003]
[36511,"TRATOR DE PNEUS COM POTENCIA DE 122 CV, TRACAO 4 X 4, PESO COM LASTRO DE 4510 KG","UN    ","AS",356601.56]
[36515,"TRATOR DE PNEUS COM POTENCIA DE 15 CV, PESO COM LASTRO DE 1160 KG","UN    ","AS",105026.47]
[10598,"TRATOR DE PNEUS COM POTENCIA DE 50 CV, TRACAO 4 X 2, PESO COM LASTRO DE 2714 KG","UN    ","AS",170316.31]
[7640,"TRATOR DE PNEUS COM POTENCIA DE 85 CV, TRACAO 4 X 4, PESO COM LASTRO DE 4675 KG","UN    ","AS",261345]
[36513,"TRATOR DE PNEUS COM POTENCIA DE 85 CV, TURBO,  PESO COM LASTRO DE 4900 KG","UN    ","AS",251758.26]
[36514,"TRATOR DE PNEUS COM POTENCIA DE 95 CV, TRACAO 4 X 4, PESO MAXIMO DE 5225 KG","UN    ","AS",280884.78999999998]
[11572,"TRAVA / PRENDEDOR DE PORTA, EM LATAO CROMADO, MONTADO EM PISO","UN    ","CR",32.840000000000003]
[36149,"TRAVA-QUEDAS EM ACO PARA CORDA DE 12 MM, EXTENSOR DE 25 X 300 MM, COM MOSQUETAO TIPO GANCHO TRAVA DUPLA","UN    ","CR",211.5]
[42407,"TRELICA NERVURADA (ESPACADOR), ALTURA = 120,0 MM, DIAMETRO DOS BANZOS INFERIORES E SUPERIOR = 6,0 MM, DIAMETRO DA DIAGONAL = 4,2 MM","M     ","AS",5.43]
[11581,"TRILHO PANTOGRAFICO CONCAVO, TIPO U, EM ALUMINIO, COM DIMENSOES DE APROX *35 X 35* MM, PARA ROLDANA DE PORTA DE CORRER","M     ","CR",21.67]
[43605,"TRILHO PANTOGRAFICO RETO, EM ALUMINIO, TIPO U, COM DIMENSOES DE *38 X 38* MM PARA PORTA DE CORRER","M     ","CR",44.35]
[11580,"TRILHO QUADRADO FRIZADO PARA RODIZIO (VERGALHAO MACICO), EM ALUMINIO, COM DIMENSOES DE *6 X 6* MM","M     ","CR",8.69]
[10743,"TROLEY MANUAL CAPACIDADE 1 T","UN    ","AS",655.66]
[39848,"TUBO / MANGUEIRA PRETA EM POLIETILENO, LINHA PESADA OU REFORCADA, TIPO ESPAGUETE, PARA INJECAO DE CALDA DE CIMENTO, D = 1/2\", ESPESSURA 1,5 MM","M     ","AS",1.9]
[20999,"TUBO ACO CARBONO COM COSTURA, NBR 5580, CLASSE L, DN = 15 MM, E = 2,25 MM, 1,06 KG/M","M     ","AS",11.67]
[21001,"TUBO ACO CARBONO COM COSTURA, NBR 5580, CLASSE L, DN = 25 MM, E = 2,65 MM, 2,02 KG/M","M     ","AS",21.78]
[21003,"TUBO ACO CARBONO COM COSTURA, NBR 5580, CLASSE L, DN = 40 MM, E = 3,0 MM, 3,34 KG/M","M     ","AS",35.79]
[21006,"TUBO ACO CARBONO COM COSTURA, NBR 5580, CLASSE L, DN = 80 MM, E = 3,35 MM, 7,07 KG/M","M     ","AS",75.95]
[21019,"TUBO ACO CARBONO COM COSTURA, NBR 5580, CLASSE M, DN = 25 MM, E = 3,35 MM, *2,50* KG//M","M     ","AS",26.4]
[21021,"TUBO ACO CARBONO COM COSTURA, NBR 5580, CLASSE M, DN = 40 MM, E = 3,35 MM, *3,71* KG//M","M     ","AS",41.74]
[21024,"TUBO ACO CARBONO COM COSTURA, NBR 5580, CLASSE M, DN = 80 MM, E = 4,05 MM, *8,47* KG/M","M     ","AS",89.42]
[40624,"TUBO ACO CARBONO SEM COSTURA 1 1/2\", E= *3,68 MM, SCHEDULE 40, 4,05 KG/M","M     ","AS",97.26]
[42575,"TUBO ACO CARBONO SEM COSTURA 1 1/4\", E= *3,56 MM, SCHEDULE 40, *3,38* KG/M","M     ","AS",89.25]
[13127,"TUBO ACO CARBONO SEM COSTURA 1/2\", E= *2,77 MM, SCHEDULE 40, *1,27 KG/M","M     ","AS",43.38]
[13137,"TUBO ACO CARBONO SEM COSTURA 1/2\", E= *3,73 MM, SCHEDULE 80, *1,62 KG/M","M     ","AS",57.57]
[42574,"TUBO ACO CARBONO SEM COSTURA 1\", E= *3,38 MM, SCHEDULE 40, *2,50* KG/M","M     ","AS",66.599999999999994]
[20989,"TUBO ACO CARBONO SEM COSTURA 14\", E= *11,13 MM, SCHEDULE 40, *94,55 KG/M","M     ","AS",2062.4]
[21147,"TUBO ACO CARBONO SEM COSTURA 2 1/2\", E = 5,16 MM, SCHEDULE 40 (8,62 KG/M)","M     ","AS",193.37]
[21148,"TUBO ACO CARBONO SEM COSTURA 2\", E= *3,91* MM, SCHEDULE 40, *5,43* KG/M","M     ","AS",119.35]
[20984,"TUBO ACO CARBONO SEM COSTURA 20\", E= *12,70 MM, SCHEDULE 30, *154,97 KG/M","M     ","AS",3957.34]
[13042,"TUBO ACO CARBONO SEM COSTURA 20\", E= *6,35 MM,  SCHEDULE 10, *78,46 KG/M","M     ","AS",2192.9499999999998]
[21150,"TUBO ACO CARBONO SEM COSTURA 3/4\", E= *2,87 MM, SCHEDULE 40, *1,69 KG/M","M     ","AS",59.18]
[13141,"TUBO ACO CARBONO SEM COSTURA 3/4\", E= *3,91 MM, SCHEDULE 80, *2,19 KG/M.","M     ","AS",74.56]
[42576,"TUBO ACO CARBONO SEM COSTURA 3\", E= *5,49 MM, SCHEDULE 40, *11,28* KG/M","M     ","AS",243.45]
[21151,"TUBO ACO CARBONO SEM COSTURA 4\", E= *6,02 MM, SCHEDULE 40, *16,06 KG/M","M     ","AS",354.23]
[13142,"TUBO ACO CARBONO SEM COSTURA 4\", E= *8,56 MM, SCHEDULE 80, *22,31 KG/M","M     ","AS",506.4]
[42577,"TUBO ACO CARBONO SEM COSTURA 5\", E= *6,55 MM, SCHEDULE 40, *21,75* KG/M","M     ","AS",555.66]
[20994,"TUBO ACO CARBONO SEM COSTURA 6\", E= *10,97 MM, SCHEDULE 80, *42,56 KG/M","M     ","AS",954.78]
[7672,"TUBO ACO CARBONO SEM COSTURA 6\", E= 7,11 MM,  SCHEDULE 40, *28,26 KG/M","M     ","AS",625.49]
[20995,"TUBO ACO CARBONO SEM COSTURA 8\", E= *12,70 MM, SCHEDULE 80, *64,64 KG/M","M     ","AS",1254.76]
[7690,"TUBO ACO CARBONO SEM COSTURA 8\", E= *6,35 MM,  SCHEDULE 20, *33,27 KG/M","M     ","AS",725.71]
[20980,"TUBO ACO CARBONO SEM COSTURA 8\", E= *7,04 MM, SCHEDULE 30, *36,75 KG/M","M     ","AS",791.69]
[7661,"TUBO ACO CARBONO SEM COSTURA 8\", E= *8,18 MM, SCHEDULE 40, *42,55 KG/M","M     ","AS",941.78]
[21016,"TUBO ACO GALVANIZADO COM COSTURA, CLASSE LEVE, DN 100 MM ( 4\"),  E = 3,75 MM,  *10,55* KG/M (NBR 5580)","M     ","AS",153.46]
[21008,"TUBO ACO GALVANIZADO COM COSTURA, CLASSE LEVE, DN 15 MM ( 1/2\"),  E = 2,25 MM,  *1,2* KG/M (NBR 5580)","M     ","AS",17.93]
[21009,"TUBO ACO GALVANIZADO COM COSTURA, CLASSE LEVE, DN 20 MM ( 3/4\"),  E = 2,25 MM,  *1,3* KG/M (NBR 5580)","M     ","AS",23.34]
[21010,"TUBO ACO GALVANIZADO COM COSTURA, CLASSE LEVE, DN 25 MM ( 1\"),  E = 2,65 MM,  *2,11* KG/M (NBR 5580)","M     ","AS",31.34]
[21011,"TUBO ACO GALVANIZADO COM COSTURA, CLASSE LEVE, DN 32 MM ( 1 1/4\"),  E = 2,65 MM,  *2,71* KG/M (NBR 5580)","M     ","AS",45.68]
[21012,"TUBO ACO GALVANIZADO COM COSTURA, CLASSE LEVE, DN 40 MM ( 1 1/2\"),  E = 3,00 MM,  *3,48* KG/M (NBR 5580)","M     ","AS",50.47]
[21013,"TUBO ACO GALVANIZADO COM COSTURA, CLASSE LEVE, DN 50 MM ( 2\"),  E = 3,00 MM,  *4,40* KG/M (NBR 5580)","M     ","AS",65.87]
[21014,"TUBO ACO GALVANIZADO COM COSTURA, CLASSE LEVE, DN 65 MM ( 2 1/2\"),  E = 3,35 MM, * 6,23* KG/M (NBR 5580)","M     ","AS",92.16]
[21015,"TUBO ACO GALVANIZADO COM COSTURA, CLASSE LEVE, DN 80 MM ( 3\"),  E = 3,35 MM, *7,32* KG/M (NBR 5580)","M     ","AS",105.89]
[7697,"TUBO ACO GALVANIZADO COM COSTURA, CLASSE MEDIA, DN 1.1/2\", E = *3,25* MM, PESO *3,61* KG/M (NBR 5580)","M     ","AS",50.53]
[7698,"TUBO ACO GALVANIZADO COM COSTURA, CLASSE MEDIA, DN 1.1/4\", E = *3,25* MM, PESO *3,14* KG/M (NBR 5580)","M     ","AS",43.49]
[7691,"TUBO ACO GALVANIZADO COM COSTURA, CLASSE MEDIA, DN 1/2\", E = *2,65* MM, PESO *1,22* KG/M (NBR 5580)","M     ","AS",18.38]
[40626,"TUBO ACO GALVANIZADO COM COSTURA, CLASSE MEDIA, DN 1\", E = 3,38 MM, PESO 2,50 KG/M (NBR 5580)","M     ","AS",34.49]
[7701,"TUBO ACO GALVANIZADO COM COSTURA, CLASSE MEDIA, DN 2.1/2\", E = *3,65* MM, PESO *6,51* KG/M (NBR 5580)","M     ","AS",90.42]
[7696,"TUBO ACO GALVANIZADO COM COSTURA, CLASSE MEDIA, DN 2\", E = *3,65* MM, PESO *5,10* KG/M (NBR 5580)","M     ","AS",72.86]
[7700,"TUBO ACO GALVANIZADO COM COSTURA, CLASSE MEDIA, DN 3/4\", E = *2,65* MM, PESO *1,58* KG/M (NBR 5580)","M     ","AS",23.24]
[7694,"TUBO ACO GALVANIZADO COM COSTURA, CLASSE MEDIA, DN 3\", E = *4,05* MM, PESO *8,47* KG/M (NBR 5580)","M     ","AS",121.68]
[7693,"TUBO ACO GALVANIZADO COM COSTURA, CLASSE MEDIA, DN 4\", E = 4,50* MM, PESO 12,10* KG/M (NBR 5580)","M     ","AS",167.57]
[7692,"TUBO ACO GALVANIZADO COM COSTURA, CLASSE MEDIA, DN 5\", E = *5,40* MM, PESO *17,80* KG/M (NBR 5580)","M     ","AS",250.89]
[7695,"TUBO ACO GALVANIZADO COM COSTURA, CLASSE MEDIA, DN 6\", E = 4,85* MM, PESO 19,68* KG/M (NBR 5580)","M     ","AS",272.10000000000002]
[13356,"TUBO ACO INDUSTRIAL DN 2\" (50,8 MM) E=1,50MM, PESO= 1,8237 KG/M","M     ","AS",19.73]
[36365,"TUBO COLETOR DE ESGOTO PVC, JEI, DN 100 MM (NBR  7362)","M     ","CR",42.63]
[41930,"TUBO COLETOR DE ESGOTO PVC, JEI, DN 200 MM (NBR 7362)","M     ","CR",142]
[41931,"TUBO COLETOR DE ESGOTO PVC, JEI, DN 250 MM (NBR 7362)","M     ","CR",222.4]
[41932,"TUBO COLETOR DE ESGOTO PVC, JEI, DN 300 MM (NBR 7362)","M     ","CR",342.32]
[41933,"TUBO COLETOR DE ESGOTO PVC, JEI, DN 350 MM (NBR 7362)","M     ","CR",483.77]
[41934,"TUBO COLETOR DE ESGOTO PVC, JEI, DN 400 MM (NBR 7362)","M     ","CR",563.41]
[41936,"TUBO COLETOR DE ESGOTO, PVC, JEI, DN 150 MM  (NBR 7362)","M     ","CR",83.61]
[44812,"TUBO CORRUGADO PEAD, PAREDE DUPLA, INTERNA LISA, JEI DN/DI 500 MM (DRENAGEM/ESGOTO)","M     ","CR",418.34]
[41785,"TUBO CORRUGADO PEAD, PAREDE DUPLA, INTERNA LISA, JEI, DN/DI *1000* MM, PARA SANEAMENTO (DRENAGEM/ESGOTO)","M     ","CR",1550.33]
[41781,"TUBO CORRUGADO PEAD, PAREDE DUPLA, INTERNA LISA, JEI, DN/DI *400* MM, PARA SANEAMENTO (DRENAGEM/ESGOTO)","M     ","CR",279.93]
[41783,"TUBO CORRUGADO PEAD, PAREDE DUPLA, INTERNA LISA, JEI, DN/DI *800* MM, PARA SANEAMENTO (DRENAGEM/ESGOTO)","M     ","CR",1006.39]
[41786,"TUBO CORRUGADO PEAD, PAREDE DUPLA, INTERNA LISA, JEI, DN/DI 1200 MM, PARA SANEAMENTO (DRENAGEM/ESGOTO)","M     ","CR",2142.65]
[41779,"TUBO CORRUGADO PEAD, PAREDE DUPLA, INTERNA LISA, JEI, DN/DI 250 MM, PARA SANEAMENTO (DRENAGEM/ESGOTO)","M     ","CR",110.25]
[41780,"TUBO CORRUGADO PEAD, PAREDE DUPLA, INTERNA LISA, JEI, DN/DI 300 MM, PARA SANEAMENTO (DRENAGEM/ESGOTO)","M     ","CR",172.72]
[41782,"TUBO CORRUGADO PEAD, PAREDE DUPLA, INTERNA LISA, JEI, DN/DI 600 MM, PARA SANEAMENTO (DRENAGEM/ESGOTO)","M     ","CR",618.73]
[38130,"TUBO CPVC SOLDAVEL, 35 MM, AGUA QUENTE PREDIAL (NBR 15884)","M     ","AS",34.6]
[44260,"TUBO CPVC, SOLDAVEL, 114 MM, AGUA QUENTE (NBR 15884)","M     ","AS",327.52]
[21123,"TUBO CPVC, SOLDAVEL, 15 MM, AGUA QUENTE PREDIAL (NBR 15884)","M     ","AS",9.6300000000000008]
[21124,"TUBO CPVC, SOLDAVEL, 22 MM, AGUA QUENTE PREDIAL (NBR 15884)","M     ","AS",15.38]
[21125,"TUBO CPVC, SOLDAVEL, 28 MM, AGUA QUENTE PREDIAL (NBR 15884)","M     ","AS",26.49]
[38028,"TUBO CPVC, SOLDAVEL, 42 MM, AGUA QUENTE PREDIAL (NBR 15884)","M     ","AS",46.32]
[38029,"TUBO CPVC, SOLDAVEL, 54 MM, AGUA QUENTE PREDIAL (NBR 15884)","M     ","AS",67.8]
[38030,"TUBO CPVC, SOLDAVEL, 73 MM, AGUA QUENTE PREDIAL (NBR 15884)","M     ","AS",109.64]
[38031,"TUBO CPVC, SOLDAVEL, 89 MM, AGUA QUENTE PREDIAL (NBR 15884)","M     ","AS",172.09]
[39735,"TUBO DE BORRACHA ELASTOMERICA FLEXIVEL, PRETA, PARA ISOLAMENTO TERMICO DE TUBULACAO, DN 1 1/8\" (28 MM), E= 32 MM, COEFICIENTE DE CONDUTIVIDADE TERMICA 0,036W/mK, VAPOR DE AGUA MAIOR OU IGUAL A 10.000","M     ","CR",113.58]
[39734,"TUBO DE BORRACHA ELASTOMERICA FLEXIVEL, PRETA, PARA ISOLAMENTO TERMICO DE TUBULACAO, DN 1 3/8\" (35 MM), E= 32 MM, COEFICIENTE DE CONDUTIVIDADE TERMICA 0,036W/mK, VAPOR DE AGUA MAIOR OU IGUAL A 10.000","M     ","CR",134.72]
[39736,"TUBO DE BORRACHA ELASTOMERICA FLEXIVEL, PRETA, PARA ISOLAMENTO TERMICO DE TUBULACAO, DN 1 5/8\" (42 MM), E= 32 MM, COEFICIENTE DE CONDUTIVIDADE TERMICA 0,036W/mK, VAPOR DE AGUA MAIOR OU IGUAL A 10.000","M     ","CR",153.75]
[39737,"TUBO DE BORRACHA ELASTOMERICA FLEXIVEL, PRETA, PARA ISOLAMENTO TERMICO DE TUBULACAO, DN 1/2\" (12 MM), E= 19 MM, COEFICIENTE DE CONDUTIVIDADE TERMICA 0,036W/mK, VAPOR DE AGUA MAIOR OU IGUAL A 10.000","M     ","CR",20.68]
[39738,"TUBO DE BORRACHA ELASTOMERICA FLEXIVEL, PRETA, PARA ISOLAMENTO TERMICO DE TUBULACAO, DN 1/4\" (6 MM), E= 9 MM, COEFICIENTE DE CONDUTIVIDADE TERMICA 0,036W/mK, VAPOR DE AGUA MAIOR OU IGUAL A 10.000","M     ","CR",7.48]
[39739,"TUBO DE BORRACHA ELASTOMERICA FLEXIVEL, PRETA, PARA ISOLAMENTO TERMICO DE TUBULACAO, DN 1\" (25 MM), E= 32 MM, COEFICIENTE DE CONDUTIVIDADE TERMICA 0,036W/mK, VAPOR DE AGUA MAIOR OU IGUAL A 10.000","M     ","CR",106.32]
[39733,"TUBO DE BORRACHA ELASTOMERICA FLEXIVEL, PRETA, PARA ISOLAMENTO TERMICO DE TUBULACAO, DN 2 1/8\" (54 MM), E= 32 MM, COEFICIENTE DE CONDUTIVIDADE TERMICA 0,036W/mK, VAPOR DE AGUA MAIOR OU IGUAL A 10.000","M     ","CR",183.99]
[39854,"TUBO DE BORRACHA ELASTOMERICA FLEXIVEL, PRETA, PARA ISOLAMENTO TERMICO DE TUBULACAO, DN 2 5/8\" (*64* MM), E= *32* MM, COEFICIENTE DE CONDUTIVIDADE TERMICA 0,036W/MK, VAPOR DE AGUA MAIOR OU IGUAL A 10.000","M     ","CR",186.6]
[39740,"TUBO DE BORRACHA ELASTOMERICA FLEXIVEL, PRETA, PARA ISOLAMENTO TERMICO DE TUBULACAO, DN 3/4\" (18 MM), E= 32 MM, COEFICIENTE DE CONDUTIVIDADE TERMICA 0,036W/mK, VAPOR DE AGUA MAIOR OU IGUAL A 10.000","M     ","CR",102.1]
[39741,"TUBO DE BORRACHA ELASTOMERICA FLEXIVEL, PRETA, PARA ISOLAMENTO TERMICO DE TUBULACAO, DN 3/8\" (10 MM), E= 19 MM, COEFICIENTE DE CONDUTIVIDADE TERMICA 0,036W/mK, VAPOR DE AGUA MAIOR OU IGUAL A 10.000","M     ","CR",18.809999999999999]
[39853,"TUBO DE BORRACHA ELASTOMERICA FLEXIVEL, PRETA, PARA ISOLAMENTO TERMICO DE TUBULACAO, DN 5/8\" (15 MM), E= 19 MM, COEFICIENTE DE CONDUTIVIDADE TERMICA 0,036W/MK, VAPOR DE AGUA MAIOR OU IGUAL A 10.000","M     ","CR",24.71]
[39742,"TUBO DE BORRACHA ELASTOMERICA FLEXIVEL, PRETA, PARA ISOLAMENTO TERMICO DE TUBULACAO, DN 7/8\" (22 MM), E= 32 MM, COEFICIENTE DE CONDUTIVIDADE TERMICA 0,036W/mK, VAPOR DE AGUA MAIOR OU IGUAL A 10.000","M     ","CR",82.07]
[39749,"TUBO DE COBRE CLASSE \"A\", DN = 1 \" (28 MM), PARA INSTALACOES DE MEDIA PRESSAO PARA GASES COMBUSTIVEIS E MEDICINAIS","M     ","AS",90.22]
[39751,"TUBO DE COBRE CLASSE \"A\", DN = 1 1/2 \" (42 MM), PARA INSTALACOES DE MEDIA PRESSAO PARA GASES COMBUSTIVEIS E MEDICINAIS","M     ","AS",163.94]
[39750,"TUBO DE COBRE CLASSE \"A\", DN = 1 1/4 \" (35 MM), PARA INSTALACOES DE MEDIA PRESSAO PARA GASES COMBUSTIVEIS E MEDICINAIS","M     ","AS",136.26]
[39747,"TUBO DE COBRE CLASSE \"A\", DN = 1/2 \" (15 MM), PARA INSTALACOES DE MEDIA PRESSAO PARA GASES COMBUSTIVEIS E MEDICINAIS","M     ","AS",43.83]
[39753,"TUBO DE COBRE CLASSE \"A\", DN = 2 1/2 \" (66 MM), PARA INSTALACOES DE MEDIA PRESSAO PARA GASES COMBUSTIVEIS E MEDICINAIS","M     ","AS",301.77999999999997]
[39754,"TUBO DE COBRE CLASSE \"A\", DN = 3 \" (79 MM), PARA INSTALACOES DE MEDIA PRESSAO PARA GASES COMBUSTIVEIS E MEDICINAIS","M     ","AS",444.6]
[39748,"TUBO DE COBRE CLASSE \"A\", DN = 3/4 \" (22 MM), PARA INSTALACOES DE MEDIA PRESSAO PARA GASES COMBUSTIVEIS E MEDICINAIS","M     ","AS",70.92]
[39755,"TUBO DE COBRE CLASSE \"A\", DN = 4 \" (104 MM), PARA INSTALACOES DE MEDIA PRESSAO PARA GASES COMBUSTIVEIS E MEDICINAIS","M     ","AS",674.12]
[12742,"TUBO DE COBRE CLASSE \"E\", DN = 104 MM, PARA INSTALACAO HIDRAULICA PREDIAL","M     ","AS",533.78]
[12713,"TUBO DE COBRE CLASSE \"E\", DN = 15 MM, PARA INSTALACAO HIDRAULICA PREDIAL","M     ","AS",28.31]
[12743,"TUBO DE COBRE CLASSE \"E\", DN = 22 MM, PARA INSTALACAO HIDRAULICA PREDIAL","M     ","AS",48.7]
[12744,"TUBO DE COBRE CLASSE \"E\", DN = 28 MM, PARA INSTALACAO HIDRAULICA PREDIAL","M     ","AS",61.8]
[12745,"TUBO DE COBRE CLASSE \"E\", DN = 35 MM, PARA INSTALACAO HIDRAULICA PREDIAL","M     ","AS",89.75]
[12746,"TUBO DE COBRE CLASSE \"E\", DN = 42 MM, PARA INSTALACAO HIDRAULICA PREDIAL","M     ","AS",121.2]
[12747,"TUBO DE COBRE CLASSE \"E\", DN = 54 MM, PARA INSTALACAO HIDRAULICA PREDIAL","M     ","AS",175.77]
[12748,"TUBO DE COBRE CLASSE \"E\", DN = 66 MM, PARA INSTALACAO HIDRAULICA PREDIAL","M     ","AS",247.63]
[12749,"TUBO DE COBRE CLASSE \"E\", DN = 79 MM, PARA INSTALACAO HIDRAULICA PREDIAL","M     ","AS",362]
[39726,"TUBO DE COBRE CLASSE \"I\", DN = 1 \" (28 MM), PARA INSTALACOES INDUSTRIAIS DE ALTA PRESSAO E VAPOR","M     ","AS",118.9]
[39728,"TUBO DE COBRE CLASSE \"I\", DN = 1 1/2 \" (42 MM), PARA INSTALACOES INDUSTRIAIS DE ALTA PRESSAO E VAPOR","M     ","AS",208.97]
[39727,"TUBO DE COBRE CLASSE \"I\", DN = 1 1/4 \" (35 MM), PARA INSTALACOES INDUSTRIAIS DE ALTA PRESSAO E VAPOR","M     ","AS",171.97]
[39724,"TUBO DE COBRE CLASSE \"I\", DN = 1/2 \" (15 MM), PARA INSTALACOES INDUSTRIAIS DE ALTA PRESSAO E VAPOR","M     ","AS",52.65]
[39729,"TUBO DE COBRE CLASSE \"I\", DN = 2 \" (54 MM), PARA INSTALACOES INDUSTRIAIS DE ALTA PRESSAO E VAPOR","M     ","AS",289.39]
[39730,"TUBO DE COBRE CLASSE \"I\", DN = 2 1/2 \" (66 MM), PARA INSTALACOES INDUSTRIAIS DE ALTA PRESSAO E VAPOR","M     ","AS",375.47]
[39731,"TUBO DE COBRE CLASSE \"I\", DN = 3 \" (79 MM), PARA INSTALACOES INDUSTRIAIS DE ALTA PRESSAO E VAPOR","M     ","AS",556.09]
[39725,"TUBO DE COBRE CLASSE \"I\", DN = 3/4 \" (22 MM), PARA INSTALACOES INDUSTRIAIS DE ALTA PRESSAO E VAPOR","M     ","AS",85.82]
[39732,"TUBO DE COBRE CLASSE \"I\", DN = 4\" (104 MM), PARA INSTALACOES INDUSTRIAIS DE ALTA PRESSAO E VAPOR","M     ","AS",818.54]
[39660,"TUBO DE COBRE FLEXIVEL, D = 1/2 \", E = 0,79 MM, PARA AR-CONDICIONADO/ INSTALACOES GAS RESIDENCIAIS E COMERCIAIS","M     ","AS",37.299999999999997]
[39662,"TUBO DE COBRE FLEXIVEL, D = 1/4 \", E = 0,79 MM, PARA AR-CONDICIONADO/ INSTALACOES GAS RESIDENCIAIS E COMERCIAIS","M     ","AS",17.88]
[39661,"TUBO DE COBRE FLEXIVEL, D = 3/16 \", E = 0,79 MM, PARA AR-CONDICIONADO/ INSTALACOES GAS RESIDENCIAIS E COMERCIAIS","M     ","AS",12.19]
[39666,"TUBO DE COBRE FLEXIVEL, D = 3/4 \", E = 0,79 MM, PARA AR-CONDICIONADO/ INSTALACOES GAS RESIDENCIAIS E COMERCIAIS","M     ","AS",56.11]
[39664,"TUBO DE COBRE FLEXIVEL, D = 3/8 \", E = 0,79 MM, PARA AR-CONDICIONADO/ INSTALACOES GAS RESIDENCIAIS E COMERCIAIS","M     ","AS",27.5]
[39663,"TUBO DE COBRE FLEXIVEL, D = 5/16 \", E = 0,79 MM, PARA AR-CONDICIONADO/ INSTALACOES GAS RESIDENCIAIS E COMERCIAIS","M     ","AS",21.98]
[39665,"TUBO DE COBRE FLEXIVEL, D = 5/8 \", E = 0,79 MM, PARA AR-CONDICIONADO/ INSTALACOES GAS RESIDENCIAIS E COMERCIAIS","M     ","AS",46.39]
[39752,"TUBO DE COBRE, CLASSE \"A\", DN = 2\" (54 MM), PARA INSTALACOES DE MEDIA PRESSAO PARA GASES COMBUSTIVEIS E MEDICINAIS","M     ","AS",233.27]
[7725,"TUBO DE CONCRETO ARMADO PARA AGUAS PLUVIAIS, CLASSE PA-1, COM ENCAIXE PONTA E BOLSA, DIAMETRO NOMINAL DE = 600 MM","M     ","AS",214.93]
[7753,"TUBO DE CONCRETO ARMADO PARA AGUAS PLUVIAIS, CLASSE PA-1, COM ENCAIXE PONTA E BOLSA, DIAMETRO NOMINAL DE 1000 MM","M     ","AS",419.02]
[13256,"TUBO DE CONCRETO ARMADO PARA AGUAS PLUVIAIS, CLASSE PA-1, COM ENCAIXE PONTA E BOLSA, DIAMETRO NOMINAL DE 1100 MM","M     ","AS",586.99]
[7757,"TUBO DE CONCRETO ARMADO PARA AGUAS PLUVIAIS, CLASSE PA-1, COM ENCAIXE PONTA E BOLSA, DIAMETRO NOMINAL DE 1200 MM","M     ","AS",625.82000000000005]
[7758,"TUBO DE CONCRETO ARMADO PARA AGUAS PLUVIAIS, CLASSE PA-1, COM ENCAIXE PONTA E BOLSA, DIAMETRO NOMINAL DE 1500 MM","M     ","AS",906.67]
[7759,"TUBO DE CONCRETO ARMADO PARA AGUAS PLUVIAIS, CLASSE PA-1, COM ENCAIXE PONTA E BOLSA, DIAMETRO NOMINAL DE 2000 MM","M     ","AS",2512.4]
[40334,"TUBO DE CONCRETO ARMADO PARA AGUAS PLUVIAIS, CLASSE PA-1, COM ENCAIXE PONTA E BOLSA, DIAMETRO NOMINAL DE 300 MM","M     ","AS",98.43]
[7745,"TUBO DE CONCRETO ARMADO PARA AGUAS PLUVIAIS, CLASSE PA-1, COM ENCAIXE PONTA E BOLSA, DIAMETRO NOMINAL DE 400 MM","M     ","AS",111.07]
[7714,"TUBO DE CONCRETO ARMADO PARA AGUAS PLUVIAIS, CLASSE PA-1, COM ENCAIXE PONTA E BOLSA, DIAMETRO NOMINAL DE 500 MM","M     ","AS",132.75]
[7742,"TUBO DE CONCRETO ARMADO PARA AGUAS PLUVIAIS, CLASSE PA-1, COM ENCAIXE PONTA E BOLSA, DIAMETRO NOMINAL DE 700 MM","M     ","AS",292.95]
[7750,"TUBO DE CONCRETO ARMADO PARA AGUAS PLUVIAIS, CLASSE PA-1, COM ENCAIXE PONTA E BOLSA, DIAMETRO NOMINAL DE 800 MM","M     ","AS",357.61]
[7756,"TUBO DE CONCRETO ARMADO PARA AGUAS PLUVIAIS, CLASSE PA-1, COM ENCAIXE PONTA E BOLSA, DIAMETRO NOMINAL DE 900 MM","M     ","AS",410.89]
[7765,"TUBO DE CONCRETO ARMADO PARA AGUAS PLUVIAIS, CLASSE PA-2, COM ENCAIXE PONTA E BOLSA, DIAMETRO NOMINAL DE 1000 MM","M     ","AS",460.56]
[12569,"TUBO DE CONCRETO ARMADO PARA AGUAS PLUVIAIS, CLASSE PA-2, COM ENCAIXE PONTA E BOLSA, DIAMETRO NOMINAL DE 1100 MM","M     ","AS",635.75]
[7766,"TUBO DE CONCRETO ARMADO PARA AGUAS PLUVIAIS, CLASSE PA-2, COM ENCAIXE PONTA E BOLSA, DIAMETRO NOMINAL DE 1200 MM","M     ","AS",675.49]
[7767,"TUBO DE CONCRETO ARMADO PARA AGUAS PLUVIAIS, CLASSE PA-2, COM ENCAIXE PONTA E BOLSA, DIAMETRO NOMINAL DE 1500 MM","M     ","AS",969.89]
[7727,"TUBO DE CONCRETO ARMADO PARA AGUAS PLUVIAIS, CLASSE PA-2, COM ENCAIXE PONTA E BOLSA, DIAMETRO NOMINAL DE 2000 MM","M     ","AS",2817.56]
[7760,"TUBO DE CONCRETO ARMADO PARA AGUAS PLUVIAIS, CLASSE PA-2, COM ENCAIXE PONTA E BOLSA, DIAMETRO NOMINAL DE 300 MM","M     ","AS",111.98]
[7761,"TUBO DE CONCRETO ARMADO PARA AGUAS PLUVIAIS, CLASSE PA-2, COM ENCAIXE PONTA E BOLSA, DIAMETRO NOMINAL DE 400 MM","M     ","AS",117.39]
[7752,"TUBO DE CONCRETO ARMADO PARA AGUAS PLUVIAIS, CLASSE PA-2, COM ENCAIXE PONTA E BOLSA, DIAMETRO NOMINAL DE 500 MM","M     ","AS",142.68]
[7762,"TUBO DE CONCRETO ARMADO PARA AGUAS PLUVIAIS, CLASSE PA-2, COM ENCAIXE PONTA E BOLSA, DIAMETRO NOMINAL DE 600 MM","M     ","AS",186.48]
[7722,"TUBO DE CONCRETO ARMADO PARA AGUAS PLUVIAIS, CLASSE PA-2, COM ENCAIXE PONTA E BOLSA, DIAMETRO NOMINAL DE 700 MM","M     ","AS",285.36]
[7763,"TUBO DE CONCRETO ARMADO PARA AGUAS PLUVIAIS, CLASSE PA-2, COM ENCAIXE PONTA E BOLSA, DIAMETRO NOMINAL DE 800 MM","M     ","AS",347.68]
[7764,"TUBO DE CONCRETO ARMADO PARA AGUAS PLUVIAIS, CLASSE PA-2, COM ENCAIXE PONTA E BOLSA, DIAMETRO NOMINAL DE 900 MM","M     ","AS",415.41]
[12572,"TUBO DE CONCRETO ARMADO PARA AGUAS PLUVIAIS, CLASSE PA-3, COM ENCAIXE PONTA E BOLSA, DIAMETRO NOMINAL DE 1000 MM","M     ","AS",586.99]
[12573,"TUBO DE CONCRETO ARMADO PARA AGUAS PLUVIAIS, CLASSE PA-3, COM ENCAIXE PONTA E BOLSA, DIAMETRO NOMINAL DE 1100 MM","M     ","AS",772.12]
[12574,"TUBO DE CONCRETO ARMADO PARA AGUAS PLUVIAIS, CLASSE PA-3, COM ENCAIXE PONTA E BOLSA, DIAMETRO NOMINAL DE 1200 MM","M     ","AS",933.59]
[12575,"TUBO DE CONCRETO ARMADO PARA AGUAS PLUVIAIS, CLASSE PA-3, COM ENCAIXE PONTA E BOLSA, DIAMETRO NOMINAL DE 1500 MM","M     ","AS",1417.81]
[12576,"TUBO DE CONCRETO ARMADO PARA AGUAS PLUVIAIS, CLASSE PA-3, COM ENCAIXE PONTA E BOLSA, DIAMETRO NOMINAL DE 400 MM","M     ","AS",171.58]
[12577,"TUBO DE CONCRETO ARMADO PARA AGUAS PLUVIAIS, CLASSE PA-3, COM ENCAIXE PONTA E BOLSA, DIAMETRO NOMINAL DE 500 MM","M     ","AS",231.18]
[12578,"TUBO DE CONCRETO ARMADO PARA AGUAS PLUVIAIS, CLASSE PA-3, COM ENCAIXE PONTA E BOLSA, DIAMETRO NOMINAL DE 600 MM","M     ","AS",279.95]
[12579,"TUBO DE CONCRETO ARMADO PARA AGUAS PLUVIAIS, CLASSE PA-3, COM ENCAIXE PONTA E BOLSA, DIAMETRO NOMINAL DE 700 MM","M     ","AS",482.23]
[12580,"TUBO DE CONCRETO ARMADO PARA AGUAS PLUVIAIS, CLASSE PA-3, COM ENCAIXE PONTA E BOLSA, DIAMETRO NOMINAL DE 800 MM","M     ","AS",502.46]
[12581,"TUBO DE CONCRETO ARMADO PARA AGUAS PLUVIAIS, CLASSE PA-3, COM ENCAIXE PONTA E BOLSA, DIAMETRO NOMINAL DE 900 MM","M     ","AS",538.22]
[7720,"TUBO DE CONCRETO ARMADO PARA ESGOTO SANITARIO, CLASSE EA-2, COM ENCAIXE PONTA E BOLSA, COM JUNTA ELASTICA, DIAMETRO NOMINAL DE 1000 MM","M     ","AS",841.65]
[40335,"TUBO DE CONCRETO ARMADO PARA ESGOTO SANITARIO, CLASSE EA-2, COM ENCAIXE PONTA E BOLSA, COM JUNTA ELASTICA, DIAMETRO NOMINAL DE 300 MM","M     ","AS",176.09]
[7740,"TUBO DE CONCRETO ARMADO PARA ESGOTO SANITARIO, CLASSE EA-2, COM ENCAIXE PONTA E BOLSA, COM JUNTA ELASTICA, DIAMETRO NOMINAL DE 400 MM","M     ","AS",180.61]
[7741,"TUBO DE CONCRETO ARMADO PARA ESGOTO SANITARIO, CLASSE EA-2, COM ENCAIXE PONTA E BOLSA, COM JUNTA ELASTICA, DIAMETRO NOMINAL DE 500 MM","M     ","AS",334.13]
[7774,"TUBO DE CONCRETO ARMADO PARA ESGOTO SANITARIO, CLASSE EA-2, COM ENCAIXE PONTA E BOLSA, COM JUNTA ELASTICA, DIAMETRO NOMINAL DE 600 MM","M     ","AS",409.99]
[7744,"TUBO DE CONCRETO ARMADO PARA ESGOTO SANITARIO, CLASSE EA-2, COM ENCAIXE PONTA E BOLSA, COM JUNTA ELASTICA, DIAMETRO NOMINAL DE 700 MM","M     ","AS",535.51]
[7773,"TUBO DE CONCRETO ARMADO PARA ESGOTO SANITARIO, CLASSE EA-2, COM ENCAIXE PONTA E BOLSA, COM JUNTA ELASTICA, DIAMETRO NOMINAL DE 800 MM","M     ","AS",547.34]
[7754,"TUBO DE CONCRETO ARMADO PARA ESGOTO SANITARIO, CLASSE EA-2, COM ENCAIXE PONTA E BOLSA, COM JUNTA ELASTICA, DIAMETRO NOMINAL DE 900 MM","M     ","AS",829.91]
[7735,"TUBO DE CONCRETO ARMADO PARA ESGOTO SANITARIO, CLASSE EA-3, COM ENCAIXE PONTA E BOLSA, COM JUNTA ELASTICA, DIAMETRO NOMINAL DE 1000 MM","M     ","AS",1074.6500000000001]
[7755,"TUBO DE CONCRETO ARMADO PARA ESGOTO SANITARIO, CLASSE EA-3, COM ENCAIXE PONTA E BOLSA, COM JUNTA ELASTICA, DIAMETRO NOMINAL DE 400 MM","M     ","AS",213.12]
[7776,"TUBO DE CONCRETO ARMADO PARA ESGOTO SANITARIO, CLASSE EA-3, COM ENCAIXE PONTA E BOLSA, COM JUNTA ELASTICA, DIAMETRO NOMINAL DE 500 MM","M     ","AS",444.3]
[7743,"TUBO DE CONCRETO ARMADO PARA ESGOTO SANITARIO, CLASSE EA-3, COM ENCAIXE PONTA E BOLSA, COM JUNTA ELASTICA, DIAMETRO NOMINAL DE 600 MM","M     ","AS",470.49]
[7733,"TUBO DE CONCRETO ARMADO PARA ESGOTO SANITARIO, CLASSE EA-3, COM ENCAIXE PONTA E BOLSA, COM JUNTA ELASTICA, DIAMETRO NOMINAL DE 700 MM","M     ","AS",614.08000000000004]
[7775,"TUBO DE CONCRETO ARMADO PARA ESGOTO SANITARIO, CLASSE EA-3, COM ENCAIXE PONTA E BOLSA, COM JUNTA ELASTICA, DIAMETRO NOMINAL DE 800 MM","M     ","AS",672.78]
[7734,"TUBO DE CONCRETO ARMADO PARA ESGOTO SANITARIO, CLASSE EA-3, COM ENCAIXE PONTA E BOLSA, COM JUNTA ELASTICA, DIAMETRO NOMINAL DE 900 MM","M     ","AS",952.73]
[37449,"TUBO DE CONCRETO SIMPLES PARA AGUAS PLUVIAIS, CLASSE PS1, COM ENCAIXE MACHO E FEMEA, DIAMETRO NOMINAL DE 200 MM","M     ","AS",35.67]
[37450,"TUBO DE CONCRETO SIMPLES PARA AGUAS PLUVIAIS, CLASSE PS1, COM ENCAIXE MACHO E FEMEA, DIAMETRO NOMINAL DE 300 MM","M     ","AS",49.94]
[37451,"TUBO DE CONCRETO SIMPLES PARA AGUAS PLUVIAIS, CLASSE PS1, COM ENCAIXE MACHO E FEMEA, DIAMETRO NOMINAL DE 400 MM","M     ","AS",69.72]
[37452,"TUBO DE CONCRETO SIMPLES PARA AGUAS PLUVIAIS, CLASSE PS1, COM ENCAIXE MACHO E FEMEA, DIAMETRO NOMINAL DE 500 MM","M     ","AS",101.35]
[37453,"TUBO DE CONCRETO SIMPLES PARA AGUAS PLUVIAIS, CLASSE PS1, COM ENCAIXE MACHO E FEMEA, DIAMETRO NOMINAL DE 600 MM","M     ","AS",116.71]
[7778,"TUBO DE CONCRETO SIMPLES PARA AGUAS PLUVIAIS, CLASSE PS1, COM ENCAIXE PONTA E BOLSA, DIAMETRO NOMINAL DE 200 MM","M     ","AS",43.78]
[7796,"TUBO DE CONCRETO SIMPLES PARA AGUAS PLUVIAIS, CLASSE PS1, COM ENCAIXE PONTA E BOLSA, DIAMETRO NOMINAL DE 300 MM","M     ","AS",60]
[7781,"TUBO DE CONCRETO SIMPLES PARA AGUAS PLUVIAIS, CLASSE PS1, COM ENCAIXE PONTA E BOLSA, DIAMETRO NOMINAL DE 400 MM","M     ","AS",70.900000000000006]
[7795,"TUBO DE CONCRETO SIMPLES PARA AGUAS PLUVIAIS, CLASSE PS1, COM ENCAIXE PONTA E BOLSA, DIAMETRO NOMINAL DE 500 MM","M     ","AS",105.52]
[7791,"TUBO DE CONCRETO SIMPLES PARA AGUAS PLUVIAIS, CLASSE PS1, COM ENCAIXE PONTA E BOLSA, DIAMETRO NOMINAL DE 600 MM","M     ","AS",126.32]
[7783,"TUBO DE CONCRETO SIMPLES PARA AGUAS PLUVIAIS, CLASSE PS2, COM ENCAIXE PONTA E BOLSA, DIAMETRO NOMINAL DE 200 MM","M     ","AS",44.76]
[7790,"TUBO DE CONCRETO SIMPLES PARA AGUAS PLUVIAIS, CLASSE PS2, COM ENCAIXE PONTA E BOLSA, DIAMETRO NOMINAL DE 300 MM","M     ","AS",70.540000000000006]
[7785,"TUBO DE CONCRETO SIMPLES PARA AGUAS PLUVIAIS, CLASSE PS2, COM ENCAIXE PONTA E BOLSA, DIAMETRO NOMINAL DE 400 MM","M     ","AS",77.83]
[7792,"TUBO DE CONCRETO SIMPLES PARA AGUAS PLUVIAIS, CLASSE PS2, COM ENCAIXE PONTA E BOLSA, DIAMETRO NOMINAL DE 500 MM","M     ","AS",110.39]
[7793,"TUBO DE CONCRETO SIMPLES PARA AGUAS PLUVIAIS, CLASSE PS2, COM ENCAIXE PONTA E BOLSA, DIAMETRO NOMINAL DE 600 MM","M     ","AS",130.37]
[13159,"TUBO DE CONCRETO SIMPLES PARA ESGOTO SANITARIO, CLASSE ES, COM ENCAIXE PONTA E BOLSA, COM JUNTA ELASTICA, DIAMETRO NOMINAL DE 400 MM","M     ","AS",113.51]
[13168,"TUBO DE CONCRETO SIMPLES PARA ESGOTO SANITARIO, CLASSE ES, COM ENCAIXE PONTA E BOLSA, COM JUNTA ELASTICA, DIAMETRO NOMINAL DE 500 MM","M     ","AS",137.83000000000001]
[13173,"TUBO DE CONCRETO SIMPLES PARA ESGOTO SANITARIO, CLASSE ES, COM ENCAIXE PONTA E BOLSA, COM JUNTA ELASTICA, DIAMETRO NOMINAL DE 600 MM","M     ","AS",186.48]
[12583,"TUBO DE CONCRETO SIMPLES POROSO PARA DRENAGEM (DRENO POROSO), COM ENCAIXE MACHO E FEMEA, DIAMETRO NOMINAL DE 200 MM","M     ","AS",37.29]
[12584,"TUBO DE CONCRETO SIMPLES POROSO PARA DRENAGEM (DRENO POROSO), COM ENCAIXE MACHO E FEMEA, DIAMETRO NOMINAL DE 300 MM","M     ","AS",48.64]
[12613,"TUBO DE DESCARGA, TIPO BENGALA, PARA LIGACAO CAIXA DE DESCARGA - EMBUTIR, PVC, 40 MM X 150 CM","UN    ","AS",21.96]
[1031,"TUBO DE DESCIDA EXTERNO, DE PVC, PARA CAIXA DE DESCARGA EXTERNA ALTA - DIAMETRO DE 40 MM E ALTURA DE APROXIMADAMENTE 1,55 M","UN    ","CR",13.26]
[39707,"TUBO DE ESPUMA DE POLIETILENO EXPANDIDO FLEXIVEL PARA ISOLAMENTO TERMICO DE TUBULACAO DE AR CONDICIONADO, AGUA QUENTE,  DN 1 1/2\", E= 10 MM","M     ","CR",9.08]
[39708,"TUBO DE ESPUMA DE POLIETILENO EXPANDIDO FLEXIVEL PARA ISOLAMENTO TERMICO DE TUBULACAO DE AR CONDICIONADO, AGUA QUENTE,  DN 1 1/4\", E= 10 MM","M     ","CR",8.8000000000000007]
[39710,"TUBO DE ESPUMA DE POLIETILENO EXPANDIDO FLEXIVEL PARA ISOLAMENTO TERMICO DE TUBULACAO DE AR CONDICIONADO, AGUA QUENTE,  DN 1 1/8\", E= 10 MM","M     ","CR",6.19]
[39709,"TUBO DE ESPUMA DE POLIETILENO EXPANDIDO FLEXIVEL PARA ISOLAMENTO TERMICO DE TUBULACAO DE AR CONDICIONADO, AGUA QUENTE,  DN 1 3/8\", E= 10 MM","M     ","CR",8.59]
[39711,"TUBO DE ESPUMA DE POLIETILENO EXPANDIDO FLEXIVEL PARA ISOLAMENTO TERMICO DE TUBULACAO DE AR CONDICIONADO, AGUA QUENTE,  DN 1 5/8\", E= 10 MM","M     ","CR",9.64]
[39712,"TUBO DE ESPUMA DE POLIETILENO EXPANDIDO FLEXIVEL PARA ISOLAMENTO TERMICO DE TUBULACAO DE AR CONDICIONADO, AGUA QUENTE,  DN 1/2\", E= 10 MM","M     ","C ",3.38]
[39713,"TUBO DE ESPUMA DE POLIETILENO EXPANDIDO FLEXIVEL PARA ISOLAMENTO TERMICO DE TUBULACAO DE AR CONDICIONADO, AGUA QUENTE,  DN 1/4\", E= 10 MM","M     ","CR",2.67]
[39714,"TUBO DE ESPUMA DE POLIETILENO EXPANDIDO FLEXIVEL PARA ISOLAMENTO TERMICO DE TUBULACAO DE AR CONDICIONADO, AGUA QUENTE,  DN 1\", E= 10 MM","M     ","CR",6.12]
[39715,"TUBO DE ESPUMA DE POLIETILENO EXPANDIDO FLEXIVEL PARA ISOLAMENTO TERMICO DE TUBULACAO DE AR CONDICIONADO, AGUA QUENTE,  DN 3/4\", E= 10 MM","M     ","CR",4.3600000000000003]
[39716,"TUBO DE ESPUMA DE POLIETILENO EXPANDIDO FLEXIVEL PARA ISOLAMENTO TERMICO DE TUBULACAO DE AR CONDICIONADO, AGUA QUENTE,  DN 3/8\", E= 10 MM","M     ","CR",3.3]
[39718,"TUBO DE ESPUMA DE POLIETILENO EXPANDIDO FLEXIVEL PARA ISOLAMENTO TERMICO DE TUBULACAO DE AR CONDICIONADO, AGUA QUENTE,  DN 7/8\", E= 10 MM","M     ","CR",5.63]
[9813,"TUBO DE POLIETILENO DE ALTA DENSIDADE (PEAD), PE-80, DE = 20 MM X 2,3 MM DE PAREDE, PARA LIGACAO DE AGUA PREDIAL (NBR 15561)","M     ","AS",5.45]
[9815,"TUBO DE POLIETILENO DE ALTA DENSIDADE (PEAD), PE-80, DE = 32 MM X 3,0 MM DE PAREDE, PARA LIGACAO DE AGUA PREDIAL (NBR 15561)","M     ","AS",10.76]
[44543,"TUBO DE POLIETILENO DE ALTA DENSIDADE, PEAD, PE-80, DE = 1000 MM X 38,5 MM PAREDE, ( SDR 26 - PN 05 ) PARA REDE DE AGUA OU ESGOTO ( NBR 15561)","M     ","AS",5355.53]
[44526,"TUBO DE POLIETILENO DE ALTA DENSIDADE, PEAD, PE-80, DE = 110 MM X 10,0 MM PAREDE, ( SDR 11 - PN 12,5 ) PARA REDE DE AGUA OU ESGOTO ( NBR 15561)","M     ","AS",131.26]
[44518,"TUBO DE POLIETILENO DE ALTA DENSIDADE, PEAD, PE-80, DE = 1200 MM X 37,2 MM PAREDE ( SDR 32,25 - PN 04 ) PARA REDE DE AGUA OU ESGOTO ( NBR 15561)","M     ","AS",3942.79]
[44544,"TUBO DE POLIETILENO DE ALTA DENSIDADE, PEAD, PE-80, DE = 1400 MM X 42,9 MM PAREDE, (SDR 32,25 - PN 04 ) PARA REDE DE AGUA OU ESGOTO ( NBR 15561)","M     ","AS",1916.82]
[44545,"TUBO DE POLIETILENO DE ALTA DENSIDADE, PEAD, PE-80, DE = 160 MM X 14,6 MM PAREDE, (SDR 11 - PN 12,5 ) PARA REDE DE AGUA OU ESGOTO ( NBR 15561)","M     ","AS",281.74]
[44546,"TUBO DE POLIETILENO DE ALTA DENSIDADE, PEAD, PE-80, DE = 1600 MM X 49,0 MM PAREDE, ( SDR 32,25 - PN 04 ) PARA REDE DE AGUA OU ESGOTO ( NBR 15561)","M     ","AS",1258.28]
[44525,"TUBO DE POLIETILENO DE ALTA DENSIDADE, PEAD, PE-80, DE = 900 MM X 34,7 MM PAREDE, ( SDR 26 - PN 05 ) PARA REDE DE AGUA OU ESGOTO ( NBR 15561)","M     ","AS",4857.43]
[44547,"TUBO DE POLIETILENO DE ALTA DENSIDADE, PEAD, PE-80, DE= 200 MM X 18,2 MM PAREDE, ( SDR 11 - PN 12,5 ) PARA REDE DE AGUA OU ESGOTO ( NBR 15561)","M     ","AS",439.2]
[44519,"TUBO DE POLIETILENO DE ALTA DENSIDADE, PEAD, PE-80, DE= 315 MM X 28,7 MM PAREDE, ( SDR 11 - PN 12,5 ) PARA REDE DE AGUA OU ESGOTO ( NBR 15561)","M     ","AS",1076.1600000000001]
[44520,"TUBO DE POLIETILENO DE ALTA DENSIDADE, PEAD, PE-80, DE= 400 MM X 36,4 MM PAREDE, ( SDR 11 - PN 12,5 ) PARA REDE DE AGUA OU ESGOTO ( NBR 15561)","M     ","AS",1733.31]
[44521,"TUBO DE POLIETILENO DE ALTA DENSIDADE, PEAD, PE-80, DE= 50 MM X 4,6 MM PAREDE, (SDR 11 - PN 12,5) PARA REDE DE AGUA OU ESGOTO ( NBR 15561)","M     ","AS",27.96]
[44522,"TUBO DE POLIETILENO DE ALTA DENSIDADE, PEAD, PE-80, DE= 500 MM X 45,5 MM PAREDE, ( SDR 11 - PN 12,5 ) PARA REDE DE AGUA OU ESGOTO ( NBR 15561)","M     ","AS",3043.05]
[44523,"TUBO DE POLIETILENO DE ALTA DENSIDADE, PEAD, PE-80, DE= 630 MM X 57,3 MM PAREDE (SDR 11 - PN 12,5 ) PARA REDE DE AGUA OU ESGOTO ( NBR 15561)","M     ","AS",4525.87]
[44527,"TUBO DE POLIETILENO DE ALTA DENSIDADE, PEAD, PE-80, DE= 730 MM X 34,1 MM PAREDE, ( SDR 21 - PN 06 ) PARA REDE DE AGUA OU ESGOTO ( NBR 15561)","M     ","AS",2269.61]
[44524,"TUBO DE POLIETILENO DE ALTA DENSIDADE, PEAD, PE-80, DE= 75 MM X 6,9 MM PAREDE, ( SRD 11 - PN 12,5 ) PARA REDE DE AGUA OU ESGOTO ( NBR 15561)","M     ","AS",62.53]
[44542,"TUBO DE POLIETILENO DE ALTA DENSIDADE, PEAD, PE-80, DE= 800 MM X 30,8 MM PAREDE, ( SDR 26 - PN 05 ) PARA REDE DE AGUA OU ESGOTO ( NBR 15561)","M     ","AS",2961.08]
[9877,"TUBO DE PVC, PBL, TIPO LEVE, DN = 250 MM,  PARA VENTILACAO","M     ","CR",131.35]
[9878,"TUBO DE PVC, PBL, TIPO LEVE, DN = 300 MM,  PARA VENTILACAO","M     ","CR",161.69999999999999]
[41986,"TUBO DE REVESTIMENTO, EM ACO, CORPO SCHEDULE 40, PONTEIRA SCHEDULE 80, ROSQUEAVEL E SEGMENTADO PARA PERFURACAO, DIAMETRO 10'' (310 MM)","M     ","AS",3732.64]
[43422,"TUBO DE REVESTIMENTO, EM ACO, CORPO SCHEDULE 40, PONTEIRA SCHEDULE 80, ROSQUEAVEL E SEGMENTADO PARA PERFURACAO, DIAMETRO 12\" (320 MM)","M     ","AS",4577.71]
[41987,"TUBO DE REVESTIMENTO, EM ACO, CORPO SCHEDULE 40, PONTEIRA SCHEDULE 80, ROSQUEAVEL E SEGMENTADO PARA PERFURACAO, DIAMETRO 14'' (400 MM)","M     ","AS",5305.95]
[41988,"TUBO DE REVESTIMENTO, EM ACO, CORPO SCHEDULE 40, PONTEIRA SCHEDULE 80, ROSQUEAVEL E SEGMENTADO PARA PERFURACAO, DIAMETRO 16'' (450 MM)","M     ","AS",7008.4]
[41697,"TUBO DE REVESTIMENTO, EM ACO, CORPO SCHEDULE 40, PONTEIRA SCHEDULE 80, ROSQUEAVEL E SEGMENTADO PARA PERFURACAO, DIAMETRO 4'' (450 MM)","M     ","AS",1242.22]
[41985,"TUBO DE REVESTIMENTO, EM ACO, CORPO SCHEDULE 40, PONTEIRA SCHEDULE 80, ROSQUEAVEL E SEGMENTADO PARA PERFURACAO, DIAMETRO 6'' (200 MM)","M     ","AS",1730.08]
[41699,"TUBO DE REVESTIMENTO, EM ACO, CORPO SCHEDULE 40, PONTEIRA SCHEDULE 80, ROSQUEAVEL E SEGMENTADO PARA PERFURACAO, DIAMETRO 8'' (200 MM)","M     ","AS",2463.54]
[38053,"TUBO DRENO, CORRUGADO, ESPIRALADO, FLEXIVEL, PERFURADO, EM POLIETILENO DE ALTA DENSIDADE (PEAD), DN *160* MM, (6\") PARA DRENAGEM - EM BARRA (NORMA DNIT 093/2006 - EM)","M     ","AS",24.47]
[38054,"TUBO DRENO, CORRUGADO, ESPIRALADO, FLEXIVEL, PERFURADO, EM POLIETILENO DE ALTA DENSIDADE (PEAD), DN *200* MM, (8\") PARA DRENAGEM - EM BARRA (NORMA DNIT 093/2006 - EM)","M     ","AS",42.07]
[38052,"TUBO DRENO, CORRUGADO, ESPIRALADO, FLEXIVEL, PERFURADO, EM POLIETILENO DE ALTA DENSIDADE (PEAD), DN 100 MM, (4\") PARA DRENAGEM - EM ROLO (NORMA DNIT 093/2006 - E.M)","M     ","AS",11.85]
[38051,"TUBO DRENO, CORRUGADO, ESPIRALADO, FLEXIVEL, PERFURADO, EM POLIETILENO DE ALTA DENSIDADE (PEAD), DN 65 MM, (2 1/2\") PARA DRENAGEM - EM ROLO (NORMA DNIT 093/2006 - EM)","M     ","AS",7.39]
[38787,"TUBO MONOCAMADA PEX, DN 16 MM, PARA AGUA QUENTE E FRIA","M     ","AS",5.66]
[38825,"TUBO MONOCAMADA PEX, DN 20 MM, PARA AGUA QUENTE E FRIA","M     ","AS",7.31]
[38826,"TUBO MONOCAMADA PEX, DN 25 MM, PARA AGUA QUENTE E FRIA","M     ","AS",10.4]
[38827,"TUBO MONOCAMADA PEX, DN 32 MM, PARA AGUA QUENTE E FRIA","M     ","AS",17.02]
[38830,"TUBO MULTICAMADA PEX, DN *26* MM, PARA INSTALACOES A GAS (AMARELO)","M     ","AS",24.72]
[38828,"TUBO MULTICAMADA PEX, DN 16 MM, PARA INSTALACOES A GAS (AMARELO)","M     ","AS",10.9]
[38829,"TUBO MULTICAMADA PEX, DN 20 MM, PARA INSTALACOES A GAS (AMARELO)","M     ","AS",17.850000000000001]
[38831,"TUBO MULTICAMADA PEX, DN 32 MM, PARA INSTALACOES A GAS (AMARELO)","M     ","AS",34.479999999999997]
[36274,"TUBO PPR PN 20, DN 20 MM, PARA AGUA QUENTE PREDIAL","M     ","AS",8.94]
[36278,"TUBO PPR PN 20, DN 25 MM, PARA AGUA QUENTE PREDIAL","M     ","AS",12.12]
[38977,"TUBO PPR, CLASSE PN 12, DN 110 MM","M     ","AS",118.6]
[38971,"TUBO PPR, CLASSE PN 12, DN 32 MM","M     ","AS",9.9499999999999993]
[38972,"TUBO PPR, CLASSE PN 12, DN 40 MM","M     ","AS",13.42]
[38973,"TUBO PPR, CLASSE PN 12, DN 50 MM","M     ","AS",22.17]
[38974,"TUBO PPR, CLASSE PN 12, DN 63 MM","M     ","AS",36.01]
[38975,"TUBO PPR, CLASSE PN 12, DN 75 MM","M     ","AS",46.17]
[38976,"TUBO PPR, CLASSE PN 12, DN 90 MM","M     ","AS",79.38]
[44176,"TUBO PPR, CLASSE PN 20, SOLDAVEL, DN 32 MM PARA AGUA FRIA OU QUENTE PREDIAL","M     ","AS",18.239999999999998]
[38986,"TUBO PPR, CLASSE PN 25, DN 110 MM, PARA AGUA QUENTE E FRIA PREDIAL","M     ","AS",239.62]
[38978,"TUBO PPR, CLASSE PN 25, DN 20 MM, PARA AGUA QUENTE E FRIA PREDIAL","M     ","AS",9.83]
[38979,"TUBO PPR, CLASSE PN 25, DN 25 MM, PARA AGUA QUENTE E FRIA PREDIAL","M     ","AS",13.59]
[38980,"TUBO PPR, CLASSE PN 25, DN 32 MM, PARA AGUA QUENTE E FRIA PREDIAL","M     ","AS",18.190000000000001]
[38981,"TUBO PPR, CLASSE PN 25, DN 40 MM, PARA AGUA QUENTE E FRIA PREDIAL","M     ","AS",26.24]
[38982,"TUBO PPR, CLASSE PN 25, DN 50 MM, PARA AGUA QUENTE E FRIA PREDIAL","M     ","AS",41.46]
[38983,"TUBO PPR, CLASSE PN 25, DN 63 MM, PARA AGUA QUENTE E FRIA PREDIAL","M     ","AS",72.959999999999994]
[38984,"TUBO PPR, CLASSE PN 25, DN 75 MM, PARA AGUA QUENTE E FRIA PREDIAL","M     ","AS",100.3]
[38985,"TUBO PPR, CLASSE PN 25, DN 90 MM, PARA AGUA QUENTE E FRIA PREDIAL","M     ","AS",172.44]
[9836,"TUBO PVC  SERIE NORMAL, DN 100 MM, PARA ESGOTO  PREDIAL (NBR 5688)","M     ","C ",15.83]
[20065,"TUBO PVC  SERIE NORMAL, DN 150 MM, PARA ESGOTO  PREDIAL (NBR 5688)","M     ","CR",41.38]
[9835,"TUBO PVC  SERIE NORMAL, DN 40 MM, PARA ESGOTO  PREDIAL (NBR 5688)","M     ","CR",6.91]
[38032,"TUBO PVC CORRUGADO, PAREDE DUPLA, JE, DN 150 MM/ DE 160 MM, REDE COLETORA ESGOTO","M     ","CR",62.55]
[38033,"TUBO PVC CORRUGADO, PAREDE DUPLA, JE, DN 200 MM/ DE 200 MM, REDE COLETORA ESGOTO","M     ","CR",106.33]
[38034,"TUBO PVC CORRUGADO, PAREDE DUPLA, JE, DN 250 MM/ DE 250 MM, REDE COLETORA ESGOTO","M     ","CR",166.56]
[38035,"TUBO PVC CORRUGADO, PAREDE DUPLA, JE, DN 300 MM/ DE 315 MM , REDE COLETORA ESGOTO","M     ","CR",245.03]
[38036,"TUBO PVC CORRUGADO, PAREDE DUPLA, JE, DN 350 MM/ DE 355 MM, REDE COLETORA ESGOTO","M     ","CR",330.09]
[38037,"TUBO PVC CORRUGADO, PAREDE DUPLA, JE, DN 400 MM/ DE 400 MM, REDE COLETORA ESGOTO","M     ","CR",436.01]
[9850,"TUBO PVC DE REVESTIMENTO GEOMECANICO NERVURADO REFORCADO, DN = 150 MM, COMPRIMENTO = 2 M","M     ","AS",147.75]
[9853,"TUBO PVC DE REVESTIMENTO GEOMECANICO NERVURADO REFORCADO, DN = 200 MM, COMPRIMENTO = 2 M","M     ","AS",262.74]
[9854,"TUBO PVC DE REVESTIMENTO GEOMECANICO NERVURADO STANDARD, DN = 154 MM, COMPRIMENTO = 2 M","M     ","AS",115.12]
[9851,"TUBO PVC DE REVESTIMENTO GEOMECANICO NERVURADO STANDARD, DN = 206 MM, COMPRIMENTO = 2 M","M     ","AS",199.62]
[9825,"TUBO PVC DEFOFO, JEI, 1 MPA, DN 100 MM, PARA REDE DE AGUA (NBR 7665)","M     ","AS",38.409999999999997]
[9828,"TUBO PVC DEFOFO, JEI, 1 MPA, DN 150 MM, PARA REDE DE  AGUA (NBR 7665)","M     ","AS",103.38]
[9829,"TUBO PVC DEFOFO, JEI, 1 MPA, DN 200 MM, PARA REDE DE AGUA (NBR 7665)","M     ","AS",175.2]
[9826,"TUBO PVC DEFOFO, JEI, 1 MPA, DN 250 MM, PARA REDE DE AGUA (NBR 7665)","M     ","AS",266.72000000000003]
[9827,"TUBO PVC DEFOFO, JEI, 1 MPA, DN 300 MM, PARA REDE DE AGUA (NBR 7665)","M     ","AS",378.75]
[36374,"TUBO PVC PBA JEI, CLASSE 12, DN 100 MM, PARA REDE DE AGUA (NBR 5647)","M     ","AS",46.04]
[36084,"TUBO PVC PBA JEI, CLASSE 12, DN 50 MM, PARA REDE DE AGUA (NBR 5647)","M     ","AS",13.64]
[36373,"TUBO PVC PBA JEI, CLASSE 12, DN 75 MM, PARA REDE DE AGUA (NBR 5647)","M     ","AS",28.32]
[36377,"TUBO PVC PBA JEI, CLASSE 15, DN 100 MM, PARA REDE DE AGUA (NBR 5647)","M     ","AS",55.23]
[36375,"TUBO PVC PBA JEI, CLASSE 15, DN 50 MM, PARA REDE DE AGUA (NBR 5647)","M     ","AS",16.829999999999998]
[36376,"TUBO PVC PBA JEI, CLASSE 15, DN 75 MM, PARA REDE DE AGUA (NBR 5647)","M     ","AS",33.049999999999997]
[36380,"TUBO PVC PBA JEI, CLASSE 20, DN 100 MM, PARA REDE DE AGUA (NBR 5647)","M     ","AS",69.06]
[36378,"TUBO PVC PBA JEI, CLASSE 20, DN 50 MM, PARA REDE DE AGUA (NBR 5647)","M     ","AS",20.69]
[36379,"TUBO PVC PBA JEI, CLASSE 20, DN 75 MM, PARA REDE DE AGUA (NBR 5647)","M     ","AS",41.71]
[9859,"TUBO PVC ROSCAVEL, 3/4\",  AGUA FRIA PREDIAL","M     ","CR",10.6]
[9838,"TUBO PVC SERIE NORMAL, DN 50 MM, PARA ESGOTO PREDIAL (NBR 5688)","M     ","CR",11.42]
[9837,"TUBO PVC SERIE NORMAL, DN 75 MM, PARA ESGOTO PREDIAL (NBR 5688)","M     ","CR",14.99]
[44315,"TUBO PVC, RIGIDO, CORRUGADO, PERFURADO DN 100 MM, PARA DRENAGEM, SISTEMA IRRIGACAO","M     ","CR",61.98]
[9863,"TUBO PVC, ROSCAVEL,  2 1/2\", AGUA FRIA PREDIAL","M     ","CR",64.05]
[9860,"TUBO PVC, ROSCAVEL,  2\", PARA AGUA FRIA PREDIAL","M     ","CR",46.75]
[9862,"TUBO PVC, ROSCAVEL, 1 1/2\",  AGUA FRIA PREDIAL","M     ","CR",32.67]
[9861,"TUBO PVC, ROSCAVEL, 1 1/4\", AGUA FRIA PREDIAL","M     ","CR",25.66]
[9856,"TUBO PVC, ROSCAVEL, 1/2\", AGUA FRIA PREDIAL","M     ","CR",8.27]
[9866,"TUBO PVC, ROSCAVEL, 1\", AGUA FRIA PREDIAL","M     ","CR",22.14]
[9841,"TUBO PVC, SERIE R, DN 100 MM, PARA ESGOTO OU AGUAS PLUVIAIS PREDIAL (NBR 5688)","M     ","CR",29.81]
[9840,"TUBO PVC, SERIE R, DN 150 MM, PARA ESGOTO OU AGUAS PLUVIAIS PREDIAL (NBR 5688)","M     ","CR",62.97]
[20067,"TUBO PVC, SERIE R, DN 40 MM, PARA ESGOTO OU AGUAS PLUVIAIS PREDIAL (NBR 5688)","M     ","CR",9.67]
[20068,"TUBO PVC, SERIE R, DN 50 MM, PARA ESGOTO OU AGUAS PLUVIAIS PREDIAL (NBR 5688)","M     ","CR",13.61]
[9839,"TUBO PVC, SERIE R, DN 75 MM, PARA ESGOTO OU AGUAS PLUVIAIS PREDIAL (NBR 5688)","M     ","CR",24.69]
[9870,"TUBO PVC, SOLDAVEL, DE 110 MM, AGUA FRIA (NBR-5648)","M     ","CR",95.52]
[9867,"TUBO PVC, SOLDAVEL, DE 20 MM, AGUA FRIA (NBR-5648)","M     ","CR",3.84]
[9868,"TUBO PVC, SOLDAVEL, DE 25 MM, AGUA FRIA (NBR-5648)","M     ","C ",4.33]
[9869,"TUBO PVC, SOLDAVEL, DE 32 MM, AGUA FRIA (NBR-5648)","M     ","CR",9.34]
[9874,"TUBO PVC, SOLDAVEL, DE 40 MM, AGUA FRIA (NBR-5648)","M     ","CR",14.67]
[9875,"TUBO PVC, SOLDAVEL, DE 50 MM, AGUA FRIA (NBR-5648)","M     ","CR",16.09]
[9873,"TUBO PVC, SOLDAVEL, DE 60 MM, AGUA FRIA (NBR-5648)","M     ","CR",26.48]
[9871,"TUBO PVC, SOLDAVEL, DE 75 MM, AGUA FRIA (NBR-5648)","M     ","CR",43.88]
[9872,"TUBO PVC, SOLDAVEL, DE 85 MM, AGUA FRIA (NBR-5648)","M     ","CR",61.04]
[7667,"TUBO 26\" EM CHAPA PRETA, E= 3/16\", 147 KG/6 M","M     ","AS",3522.9]
[7660,"TUBO 30\" EM CHAPA PRETA, E= 1/4\", 175 KG/6 M","M     ","AS",4490.8599999999997]
[7676,"TUBO 30\" EM CHAPA PRETA, E= 3/8\", 177 KG/6 M","M     ","AS",4542.18]
[12426,"UNIAO COM ASSENTO CONICO DE BRONZE, DIAMETRO 1/2\"","UN    ","AS",50.7]
[12425,"UNIAO COM ASSENTO CONICO DE BRONZE, DIAMETRO 1\"","UN    ","AS",69.650000000000006]
[12427,"UNIAO COM ASSENTO CONICO DE BRONZE, DIAMETRO 2 1/2\"","UN    ","AS",289.11]
[12428,"UNIAO COM ASSENTO CONICO DE BRONZE, DIAMETRO 2'","UN    ","AS",185.57]
[12430,"UNIAO COM ASSENTO CONICO DE BRONZE, DIAMETRO 3/4\"","UN    ","AS",62.15]
[12429,"UNIAO COM ASSENTO CONICO DE BRONZE, DIAMETRO 3\"","UN    ","AS",467.5]
[12431,"UNIAO COM ASSENTO CONICO DE BRONZE, DIAMETRO 4\"","UN    ","AS",795.6]
[12432,"UNIAO COM ASSENTO CONICO DE FERRO LONGO (MACHO-FEMEA), DIAMETRO 1 1/2\"","UN    ","AS",163.63]
[12434,"UNIAO COM ASSENTO CONICO DE FERRO LONGO (MACHO-FEMEA), DIAMETRO 1/2\"","UN    ","AS",53.32]
[12433,"UNIAO COM ASSENTO CONICO DE FERRO LONGO (MACHO-FEMEA), DIAMETRO 1\"","UN    ","AS",104.17]
[12435,"UNIAO COM ASSENTO CONICO DE FERRO LONGO (MACHO-FEMEA), DIAMETRO 2 1/2\"","UN    ","AS",322.38]
[12437,"UNIAO COM ASSENTO CONICO DE FERRO LONGO (MACHO-FEMEA), DIAMETRO 2\"","UN    ","AS",260.36]
[12439,"UNIAO COM ASSENTO CONICO DE FERRO LONGO (MACHO-FEMEA), DIAMETRO 3/4\"","UN    ","AS",83.56]
[12438,"UNIAO COM ASSENTO CONICO DE FERRO LONGO (MACHO-FEMEA), DIAMETRO 3'","UN    ","AS",471.17]
[12436,"UNIAO COM ASSENTO CONICO DE FERRO LONGO (MACHO-FEMEA), DIAMETRO 4\"","UN    ","AS",595.19000000000005]
[36357,"UNIAO COM FLANGE PPR, COM PARAFUSOS, DN 40 MM, PARA AGUA QUENTE PREDIAL","UN    ","AS",132.33000000000001]
[12424,"UNIAO DE FERRO GALVANIZADO, COM ASSENTO CONICO DE BRONZE, DE 1 1/2\"","UN    ","AS",107.25]
[12440,"UNIAO DE FERRO GALVANIZADO, COM ASSENTO CONICO DE BRONZE, DE 1 1/4\"","UN    ","AS",103.67]
[9884,"UNIAO DE FERRO GALVANIZADO, COM ROSCA BSP, COM ASSENTO PLANO, DE 1 1/2\"","UN    ","AS",77.319999999999993]
[9888,"UNIAO DE FERRO GALVANIZADO, COM ROSCA BSP, COM ASSENTO PLANO, DE 1 1/4\"","UN    ","AS",62.13]
[9883,"UNIAO DE FERRO GALVANIZADO, COM ROSCA BSP, COM ASSENTO PLANO, DE 1/2\"","UN    ","AS",27.11]
[9886,"UNIAO DE FERRO GALVANIZADO, COM ROSCA BSP, COM ASSENTO PLANO, DE 1\"","UN    ","AS",37.130000000000003]
[9889,"UNIAO DE FERRO GALVANIZADO, COM ROSCA BSP, COM ASSENTO PLANO, DE 2 1/2\"","UN    ","AS",188.12]
[9887,"UNIAO DE FERRO GALVANIZADO, COM ROSCA BSP, COM ASSENTO PLANO, DE 2\"","UN    ","AS",113.7]
[9885,"UNIAO DE FERRO GALVANIZADO, COM ROSCA BSP, COM ASSENTO PLANO, DE 3/4\"","UN    ","AS",35.9]
[9890,"UNIAO DE FERRO GALVANIZADO, COM ROSCA BSP, COM ASSENTO PLANO, DE 3\"","UN    ","AS",291.45]
[9891,"UNIAO DE FERRO GALVANIZADO, COM ROSCA BSP, COM ASSENTO PLANO, DE 4\"","UN    ","AS",409.14]
[36313,"UNIAO DUPLA PPR, DN 20 MM, PARA AGUA QUENTE PREDIAL","UN    ","AS",13.85]
[36316,"UNIAO DUPLA PPR, DN 25 MM, PARA AGUA QUENTE PREDIAL","UN    ","AS",21.57]
[64,"UNIAO EM POLIPROPILENO (PP), PARA TUBO EM PEAD, 20 MM - LIGACAO PREDIAL DE AGUA","UN    ","AS",4.57]
[37423,"UNIAO EM POLIPROPILENO (PP), PARA TUBO EM PEAD, 32 MM - LIGACAO PREDIAL DE AGUA","UN    ","AS",11.28]
[9892,"UNIAO PVC, ROSCAVEL 1/2\",  AGUA FRIA PREDIAL","UN    ","CR",7.03]
[9901,"UNIAO PVC, ROSCAVEL, 1 1/2\",  AGUA FRIA PREDIAL","UN    ","CR",34]
[9900,"UNIAO PVC, ROSCAVEL, 1\",  AGUA FRIA PREDIAL","UN    ","CR",19.7]
[9899,"UNIAO PVC, ROSCAVEL, 3/4\",  AGUA FRIA PREDIAL","UN    ","CR",8.83]
[9908,"UNIAO PVC, SOLDAVEL, 110 MM,  PARA AGUA FRIA PREDIAL","UN    ","CR",397.12]
[9905,"UNIAO PVC, SOLDAVEL, 20 MM,  PARA AGUA FRIA PREDIAL","UN    ","CR",6.91]
[9906,"UNIAO PVC, SOLDAVEL, 25 MM,  PARA AGUA FRIA PREDIAL","UN    ","CR",8.33]
[9895,"UNIAO PVC, SOLDAVEL, 32 MM,  PARA AGUA FRIA PREDIAL","UN    ","CR",14.03]
[9894,"UNIAO PVC, SOLDAVEL, 40 MM,  PARA AGUA FRIA PREDIAL","UN    ","CR",26.98]
[9897,"UNIAO PVC, SOLDAVEL, 50 MM,  PARA AGUA FRIA PREDIAL","UN    ","CR",28.81]
[9910,"UNIAO PVC, SOLDAVEL, 60 MM,  PARA AGUA FRIA PREDIAL","UN    ","CR",74.959999999999994]
[9909,"UNIAO PVC, SOLDAVEL, 75 MM,  PARA AGUA FRIA PREDIAL","UN    ","CR",152.66]
[9907,"UNIAO PVC, SOLDAVEL, 85 MM,  PARA AGUA FRIA PREDIAL","UN    ","CR",180.25]
[20973,"UNIAO TIPO STORZ, COM EMPATACAO INTERNA TIPO ANEL DE EXPANSAO, ENGATE RAPIDO 1 1/2\", PARA MANGUEIRA DE COMBATE A INCENDIO PREDIAL","UN    ","AS",188.99]
[20974,"UNIAO TIPO STORZ, COM EMPATACAO INTERNA TIPO ANEL DE EXPANSAO, ENGATE RAPIDO 2 1/2\", PARA MANGUEIRA DE COMBATE A INCENDIO PREDIAL","UN    ","AS",270.39]
[37989,"UNIAO, CPVC, SOLDAVEL, 15 MM, PARA AGUA QUENTE PREDIAL","UN    ","AS",12.06]
[37990,"UNIAO, CPVC, SOLDAVEL, 22 MM, PARA AGUA QUENTE PREDIAL","UN    ","AS",13.3]
[37991,"UNIAO, CPVC, SOLDAVEL, 28 MM, PARA AGUA QUENTE PREDIAL","UN    ","AS",17.7]
[37992,"UNIAO, CPVC, SOLDAVEL, 35 MM, PARA AGUA QUENTE PREDIAL","UN    ","AS",27.47]
[37993,"UNIAO, CPVC, SOLDAVEL, 42 MM, PARA AGUA QUENTE PREDIAL","UN    ","AS",41.68]
[37994,"UNIAO, CPVC, SOLDAVEL, 54 MM, PARA AGUA QUENTE PREDIAL","UN    ","AS",99.25]
[37995,"UNIAO, CPVC, SOLDAVEL, 73 MM, PARA AGUA QUENTE PREDIAL","UN    ","AS",129.37]
[37996,"UNIAO, CPVC, SOLDAVEL, 89 MM, PARA AGUA QUENTE PREDIAL","UN    ","AS",197]
[13883,"USINA DE ASFALTO A FRIO, CAPACIDADE DE 30 A 40 T/H, ELETRICA, POTENCIA DE 30 CV","UN    ","AS",116611.15]
[38604,"USINA DE ASFALTO A FRIO, CAPACIDADE DE 40 A 60 T/H, ELETRICA, POTENCIA DE 30 CV","UN    ","AS",145237.64000000001]
[10601,"USINA DE ASFALTO A QUENTE, FIXA, TIPO CONTRA FLUXO, CAPACIDADE DE 100 A 140 T/H, POTENCIA DE 280 KW, COM MISTURADOR EXTERNO ROTATIVO","UN    ","AS",2825161.76]
[44469,"USINA DE ASFALTO, GRAVIMETRICA, CAPACIDADE DE 150 T/H, POTENCIA DE 400  KW","UN    ","AS",7438551.21]
[13894,"USINA DE CONCRETO FIXA, CAPACIDADE NOMINAL DE 40 M3/H, SEM SILO","UN    ","AS",399604.75]
[13895,"USINA DE CONCRETO FIXA, CAPACIDADE NOMINAL DE 60 M3/H, SEM SILO","UN    ","AS",537335.18000000005]
[13892,"USINA DE CONCRETO FIXA, CAPACIDADE NOMINAL DE 80 M3/H, SEM SILO","UN    ","AS",658491.12]
[9914,"USINA DE CONCRETO FIXA, CAPACIDADE NOMINAL DE 90 A 120 M3/H, SEM SILO","UN    ","AS",712400]
[36485,"USINA DE LAMA ASFALTICA, PROD 30 A 50 T/H, SILO DE AGREGADO 7 M3, RESERVATORIOS PARA EMULSAO E AGUA DE 2,3 M3 CADA, MISTURADOR TIPO PUGG-MILL A SER MONTADO SOBRE CAMINHAO","UN    ","AS",665336.65]
[9912,"USINA DE MISTURAS ASFALTICAS A QUENTE, MOVEL, TIPO CONTRA FLUXO, CAPACIDADE DE 40 A 80 T/H","UN    ","AS",2300000]
[9921,"USINA MISTURADORA DE SOLOS,  DOSADORES TRIPLOS, CALHA VIBRATORIA CAPACIDADE DE 200 A 500 T/H, POTENCIA DE 75 KW","UN    ","AS",1186448.79]
[21112,"VALVULA DE DESCARGA EM METAL CROMADO PARA MICTORIO COM ACIONAMENTO POR PRESSAO E FECHAMENTO AUTOMATICO","UN    ","AS",271.07]
[10228,"VALVULA DE DESCARGA METALICA, BASE 1 1/2 \" E ACABAMENTO METALICO CROMADO","UN    ","AS",314.89999999999998]
[11781,"VALVULA DE DESCARGA METALICA, BASE 1 1/4 \" E ACABAMENTO METALICO CROMADO","UN    ","AS",255.11]
[37588,"VALVULA DE ESCOAMENTO PARA TANQUE, EM METAL CROMADO, 1.1/2 \", SEM LADRAO, COM TAMPAO PLASTICO","UN    ","CR",85.8]
[11746,"VALVULA DE ESFERA BRUTA EM BRONZE, BITOLA 1 \" (REF 1552-B)","UN    ","CR",84.4]
[11751,"VALVULA DE ESFERA BRUTA EM BRONZE, BITOLA 1 1/2 \" (REF 1552-B)","UN    ","CR",151.59]
[11750,"VALVULA DE ESFERA BRUTA EM BRONZE, BITOLA 1 1/4 \" (REF 1552-B)","UN    ","CR",125.8]
[11748,"VALVULA DE ESFERA BRUTA EM BRONZE, BITOLA 1/2 \" (REF 1552-B)","UN    ","CR",54.16]
[11747,"VALVULA DE ESFERA BRUTA EM BRONZE, BITOLA 2 \" (REF 1552-B)","UN    ","CR",233.76]
[11749,"VALVULA DE ESFERA BRUTA EM BRONZE, BITOLA 3/4 \" (REF 1552-B)","UN    ","CR",62.52]
[10236,"VALVULA DE RETENCAO DE BRONZE, PE COM CRIVOS, EXTREMIDADE COM ROSCA, DE 1 1/2\", PARA FUNDO DE POCO","UN    ","AS",132.34]
[10233,"VALVULA DE RETENCAO DE BRONZE, PE COM CRIVOS, EXTREMIDADE COM ROSCA, DE 1 1/4\", PARA FUNDO DE POCO","UN    ","AS",124.01]
[10234,"VALVULA DE RETENCAO DE BRONZE, PE COM CRIVOS, EXTREMIDADE COM ROSCA, DE 1\", PARA FUNDO DE POCO","UN    ","AS",78.12]
[10231,"VALVULA DE RETENCAO DE BRONZE, PE COM CRIVOS, EXTREMIDADE COM ROSCA, DE 2 1/2\", PARA FUNDO DE POCO","UN    ","AS",358.24]
[10232,"VALVULA DE RETENCAO DE BRONZE, PE COM CRIVOS, EXTREMIDADE COM ROSCA, DE 2\", PARA FUNDO DE POCO","UN    ","AS",200.46]
[10229,"VALVULA DE RETENCAO DE BRONZE, PE COM CRIVOS, EXTREMIDADE COM ROSCA, DE 3/4\", PARA FUNDO DE POCO","UN    ","AS",70.650000000000006]
[10235,"VALVULA DE RETENCAO DE BRONZE, PE COM CRIVOS, EXTREMIDADE COM ROSCA, DE 3\", PARA FUNDO DE POCO","UN    ","AS",491.1]
[10230,"VALVULA DE RETENCAO DE BRONZE, PE COM CRIVOS, EXTREMIDADE COM ROSCA, DE 4\", PARA FUNDO DE POCO","UN    ","AS",864.29]
[10409,"VALVULA DE RETENCAO HORIZONTAL, DE BRONZE (PN-25), 1 1/2\", 400 PSI, TAMPA DE PORCA DE UNIAO, EXTREMIDADES COM ROSCA","UN    ","AS",256.77]
[10411,"VALVULA DE RETENCAO HORIZONTAL, DE BRONZE (PN-25), 1 1/4\", 400 PSI, TAMPA DE PORCA DE UNIAO, EXTREMIDADES COM ROSCA","UN    ","AS",229.76]
[10404,"VALVULA DE RETENCAO HORIZONTAL, DE BRONZE (PN-25), 1/2\", 400 PSI, TAMPA DE PORCA DE UNIAO, EXTREMIDADES COM ROSCA","UN    ","AS",93.18]
[10410,"VALVULA DE RETENCAO HORIZONTAL, DE BRONZE (PN-25), 1\", 400 PSI, TAMPA DE PORCA DE UNIAO, EXTREMIDADES COM ROSCA","UN    ","AS",153.47999999999999]
[10405,"VALVULA DE RETENCAO HORIZONTAL, DE BRONZE (PN-25), 2 1/2\", 400 PSI, TAMPA DE PORCA DE UNIAO, EXTREMIDADES COM ROSCA","UN    ","AS",514.44000000000005]
[10408,"VALVULA DE RETENCAO HORIZONTAL, DE BRONZE (PN-25), 2\", 400 PSI, TAMPA DE PORCA DE UNIAO, EXTREMIDADES COM ROSCA","UN    ","AS",359.74]
[10412,"VALVULA DE RETENCAO HORIZONTAL, DE BRONZE (PN-25), 3/4\", 400 PSI, TAMPA DE PORCA DE UNIAO, EXTREMIDADES COM ROSCA","UN    ","AS",112.92]
[10406,"VALVULA DE RETENCAO HORIZONTAL, DE BRONZE (PN-25), 3\", 400 PSI, TAMPA DE PORCA DE UNIAO, EXTREMIDADES COM ROSCA","UN    ","AS",710.55]
[10407,"VALVULA DE RETENCAO HORIZONTAL, DE BRONZE (PN-25), 4\", 400 PSI, TAMPA DE PORCA DE UNIAO, EXTREMIDADES COM ROSCA","UN    ","AS",1102.07]
[10416,"VALVULA DE RETENCAO VERTICAL, DE BRONZE (PN-16), 1 1/2\", 200 PSI, EXTREMIDADES COM ROSCA","UN    ","AS",136.69999999999999]
[10419,"VALVULA DE RETENCAO VERTICAL, DE BRONZE (PN-16), 1 1/4\", 200 PSI, EXTREMIDADES COM ROSCA","UN    ","AS",118.65]
[21092,"VALVULA DE RETENCAO VERTICAL, DE BRONZE (PN-16), 1/2\", 200 PSI, EXTREMIDADES COM ROSCA","UN    ","AS",67.83]
[10418,"VALVULA DE RETENCAO VERTICAL, DE BRONZE (PN-16), 1\", 200 PSI, EXTREMIDADES COM ROSCA","UN    ","AS",79.09]
[12657,"VALVULA DE RETENCAO VERTICAL, DE BRONZE (PN-16), 2 1/2\", 200 PSI, EXTREMIDADES COM ROSCA","UN    ","AS",319.16000000000003]
[10417,"VALVULA DE RETENCAO VERTICAL, DE BRONZE (PN-16), 2\", 200 PSI, EXTREMIDADES COM ROSCA","UN    ","AS",199.17]
[10413,"VALVULA DE RETENCAO VERTICAL, DE BRONZE (PN-16), 3/4\", 200 PSI, EXTREMIDADES COM ROSCA","UN    ","AS",72.39]
[10414,"VALVULA DE RETENCAO VERTICAL, DE BRONZE (PN-16), 3\", 200 PSI, EXTREMIDADES COM ROSCA","UN    ","AS",435.84]
[10415,"VALVULA DE RETENCAO VERTICAL, DE BRONZE (PN-16), 4\", 200 PSI, EXTREMIDADES COM ROSCA","UN    ","AS",756.42]
[38643,"VALVULA EM METAL CROMADO PARA LAVATORIO, 1 \" SEM LADRAO","UN    ","CR",68.180000000000007]
[6157,"VALVULA EM METAL CROMADO PARA PIA AMERICANA 3.1/2 X 1.1/2 \"","UN    ","CR",93.14]
[6158,"VALVULA EM PLASTICO BRANCO PARA LAVATORIO 1 \", SEM UNHO, COM LADRAO","UN    ","CR",8.4600000000000009]
[6153,"VALVULA EM PLASTICO BRANCO PARA TANQUE OU LAVATORIO 1 \", SEM UNHO E SEM LADRAO","UN    ","CR",5.82]
[6156,"VALVULA EM PLASTICO BRANCO PARA TANQUE 1.1/4 \" X 1.1/2 \", SEM UNHO E SEM LADRAO","UN    ","CR",7.25]
[6154,"VALVULA EM PLASTICO CROMADO PARA LAVATORIO 1 \", SEM UNHO, COM LADRAO","UN    ","CR",10.34]
[6155,"VALVULA EM PLASTICO CROMADO TIPO AMERICANA PARA PIA DE COZINHA 3.1/2 \" X 1.1/2 \", SEM ADAPTADOR","UN    ","CR",23.81]
[43595,"VARA FINA PARA CREMONA, EM FERRO ZINCADO BRANCO, COM DIAMETRO DE APROX 10 MM E COMPRIMENTO DE 1,20 M","UN    ","CR",19.64]
[43596,"VARA FINA PARA CREMONA, EM FERRO ZINCADO BRANCO, COM DIAMETRO DE APROX 10 MM E COMPRIMENTO DE 1,50 M","UN    ","CR",22.7]
[38108,"VARIADOR DE LUMINOSIDADE ROTATIVO (DIMMER) 127 V, 300 W (APENAS MODULO)","UN    ","CR",53.59]
[38087,"VARIADOR DE LUMINOSIDADE ROTATIVO (DIMMER) 127V, 300W, CONJUNTO MONTADO PARA EMBUTIR 4\" X 2\" (PLACA + SUPORTE + MODULO)","UN    ","CR",68.930000000000007]
[38109,"VARIADOR DE LUMINOSIDADE ROTATIVO (DIMMER) 220 V, 600 W (APENAS MODULO)","UN    ","CR",85.65]
[38088,"VARIADOR DE LUMINOSIDADE ROTATIVO (DIMMER) 220V, 600W, CONJUNTO MONTADO PARA EMBUTIR 4\" X 2\" (PLACA + SUPORTE + MODULO)","UN    ","CR",90.06]
[38110,"VARIADOR DE VELOCIDADE PARA VENTILADOR 127 V, 150 W (APENAS MODULO)","UN    ","CR",32.950000000000003]
[38089,"VARIADOR DE VELOCIDADE PARA VENTILADOR 127V, 150W + 2 INTERRUPTORES PARALELOS, PARA REVERSAO E LAMPADA, CONJUNTO MONTADO PARA EMBUTIR 4\" X 2\" (PLACA + SUPORTE + MODULOS)","UN    ","CR",57.41]
[38111,"VARIADOR DE VELOCIDADE PARA VENTILADOR 220 V, 250 W (APENAS MODULO)","UN    ","CR",36.840000000000003]
[38090,"VARIADOR DE VELOCIDADE PARA VENTILADOR 220V, 250W + 2 INTERRUPTORES PARALELOS, PARA REVERSAO E LAMPADA, CONJUNTO MONTADO PARA EMBUTIR 4\" X 2\" (PLACA + SUPORTE + MODULOS)","UN    ","CR",59.34]
[13726,"VASSOURA MECANICA REBOCAVEL COM ESCOVA CILINDRICA LARGURA UTIL DE VARRIMENTO = 2,44M","UN    ","AS",73280.61]
[38400,"VASSOURA 40 CM COM CABO","UN    ","CR",24.58]
[12627,"VEDACAO DE CALHA, EM BORRACHA COR PRETA, MEDIDA ENTRE 119 E 170 MM, PARA DRENAGEM PLUVIAL PREDIAL","UN    ","CR",1.36]
[39996,"VERGALHAO ZINCADO ROSCA TOTAL, 1/4 \" (6,3 MM)","M     ","CR",4.5999999999999996]
[10478,"VERNIZ A BASE RESINA ALQUIDICA COM POLIURETANO PARA MADEIRA, COM FILTRO SOLAR, BRILHANTE, USO INTERNO E EXTERNO","L     ","C ",33.72]
[10481,"VERNIZ MARITIMO PREMIUM PARA MADEIRA, COM FILTRO SOLAR, BRILHANTE, USO INTERNO E EXTERNO","L     ","CR",29.99]
[10475,"VERNIZ TIPO COPAL PARA MADEIRA, BRILHANTE, USO INTERNO","L     ","CR",29.02]
[4030,"VEU DE POLIESTER PARA IMPERMEABILIZACAO","M2    ","CR",15.87]
[4031,"VEU DE VIDRO/VEU DE SUPERFICIE 30 A 35 G/M2","M2    ","CR",74.61]
[39399,"VIBRADOR DE IMERSAO, COM PONTEIRA DE *35* MM, MANGOTE DE 5 M, SEM MOTOR","UN    ","AS",1360.93]
[39400,"VIBRADOR DE IMERSAO, COM PONTEIRA DE *45* MM, MANGOTE DE 5 M, SEM MOTOR.","UN    ","AS",1479.28]
[39401,"VIBRADOR DE IMERSAO, COM PONTEIRA DE *60* MM, MANGOTE DE 5 M, SEM MOTOR.","UN    ","AS",1659.39]
[11652,"VIBRADOR DE IMERSAO, DIAMETRO DA PONTEIRA DE *35* MM, COM MOTOR 4 TEMPOS A GASOLINA DE 5,5 HP (5,5 CV)","UN    ","AS",3570]
[13896,"VIBRADOR DE IMERSAO, DIAMETRO DA PONTEIRA DE *45* MM, COM MOTOR ELETRICO TRIFASICO DE 2 HP (2 CV)","UN    ","AS",3202.6]
[13475,"VIBRADOR DE IMERSAO, DIAMETRO DA PONTEIRA DE *45* MM, COM MOTOR 4 TEMPOS A GASOLINA DE 5,5 HP (5,5 CV)","UN    ","AS",3901.15]
[44491,"VIBROACABADORA DE ASFALTO SOBRE ESTEIRAS, LARG. PAVIM. MAX. 8,00 M, POT. 100 KW/ 134 HP, CAP.  600 T/ H","UN    ","AS",4602516.8600000003]
[44470,"VIBROACABADORA DE ASFALTO SOBRE ESTEIRAS, LARG. PAVIM. 2,13 M A 4,55 M, POT. 74 KW/ 100 HP, CAP. 400  T/ H","UN    ","AS",1937606.18]
[13476,"VIBROACABADORA DE ASFALTO SOBRE ESTEIRAS, LARG. PAVIM. 2,60 M A 5,75 M, POT. 110 HP, CAP. 450 T/ H","UN    ","AS",1951646.94]
[10488,"VIBROACABADORA DE ASFALTO SOBRE ESTEIRAS, LARG. PAVIMENT. 1,90 A 5,3 M, POT. 78 KW/105 HP, CAP. 450 T/H","UN    ","AS",2364441.27]
[13606,"VIBROACABADORA DE ASFALTO SOBRE RODAS, LARGURA DE PAVIMENTACAO DE 1,70 A 4,20 M, POTENCIA 78 KW/105 HP, CAPACIDADE 300 T/H","UN    ","AS",2094861.15]
[10489,"VIDRACEIRO (HORISTA)","H     ","CR",14.64]
[41073,"VIDRACEIRO (MENSALISTA)","MES   ","CR",2542.65]
[34391,"VIDRO COMUM LAMINADO LISO INCOLOR DUPLO, ESPESSURA TOTAL 8 MM (CADA CAMADA DE 4 MM) - COLOCADO","M2    ","CR",1431.46]
[10496,"VIDRO COMUM LAMINADO, LISO, INCOLOR, DUPLO, ESPESSURA TOTAL 6 MM (CADA CAMADA E= 3 MM) - COLOCADO","M2    ","CR",1245.83]
[10497,"VIDRO COMUM LAMINADO, LISO, INCOLOR, TRIPLO, ESPESSURA TOTAL 12 MM (CADA CAMADA E=  4 MM) - COLOCADO","M2    ","CR",3239.16]
[10504,"VIDRO COMUM LAMINADO, LISO, INCOLOR, TRIPLO, ESPESSURA TOTAL 15 MM (CADA CAMADA E = 5 MM) - COLOCADO","M2    ","CR",3787.33]
[34390,"VIDRO CRISTAL COLORIDO, 10 MM, PINTADO NA COR BRANCA","M2    ","CR",1116.26]
[34389,"VIDRO CRISTAL COLORIDO, 4 MM, PINTADO NA COR BRANCA","M2    ","CR",348.83]
[34388,"VIDRO CRISTAL COLORIDO, 6 MM, PINTADO NA COR BRANCA","M2    ","CR",495.79]
[34387,"VIDRO CRISTAL COLORIDO, 8 MM, PINTADO NA COR BRANCA","M2    ","CR",804.8]
[11188,"VIDRO LISO FUME E = 4MM - SEM COLOCACAO","M2    ","CR",398.66]
[11189,"VIDRO LISO FUME E = 6MM - SEM COLOCACAO","M2    ","CR",598]
[21107,"VIDRO LISO FUME, E = 5 MM - SEM COLOCACAO","M2    ","CR",430.36]
[34386,"VIDRO LISO INCOLOR 10 MM - SEM COLOCACAO","M2    ","CR",747.5]
[10490,"VIDRO LISO INCOLOR 2 A 3 MM - SEM COLOCACAO","M2    ","CR",261.62]
[10492,"VIDRO LISO INCOLOR 4MM - SEM COLOCACAO","M2    ","C ",299]
[10493,"VIDRO LISO INCOLOR 5MM - SEM COLOCACAO","M2    ","CR",348.83]
[10491,"VIDRO LISO INCOLOR 6 MM - SEM COLOCACAO","M2    ","CR",423.58]
[34385,"VIDRO LISO INCOLOR 8MM  -  SEM COLOCACAO","M2    ","CR",617.92999999999995]
[10499,"VIDRO MARTELADO OU CANELADO, 4 MM - SEM COLOCACAO","M2    ","CR",249.16]
[34384,"VIDRO PLANO ARAMADO E = 6 MM - SEM COLOCACAO","M2    ","CR",747.5]
[11185,"VIDRO PLANO ARAMADO E = 7MM - SEM COLOCACAO","M2    ","CR",772.41]
[10507,"VIDRO TEMPERADO INCOLOR E = 10 MM, SEM COLOCACAO","M2    ","CR",577.84]
[10505,"VIDRO TEMPERADO INCOLOR E = 6 MM, SEM COLOCACAO","M2    ","CR",340.97]
[10506,"VIDRO TEMPERADO INCOLOR E = 8 MM, SEM COLOCACAO","M2    ","CR",445.11]
[5031,"VIDRO TEMPERADO INCOLOR PARA PORTA DE ABRIR, E = 10 MM (SEM FERRAGENS E SEM COLOCACAO)","M2    ","C ",625]
[10502,"VIDRO TEMPERADO VERDE E = 10 MM, SEM COLOCACAO","M2    ","CR",728.27]
[10501,"VIDRO TEMPERADO VERDE E = 6 MM, SEM COLOCACAO","M2    ","CR",411.45]
[10503,"VIDRO TEMPERADO VERDE E = 8 MM, SEM COLOCACAO","M2    ","CR",555.87]
[4500,"VIGA *7,5 X 10* CM EM PINUS, MISTA OU EQUIVALENTE DA REGIAO - BRUTA","M     ","CR",18.3]
[4448,"VIGA *7,5 X 15 CM EM PINUS, MISTA OU EQUIVALENTE DA REGIAO - BRUTA","M     ","CR",25.14]
[20213,"VIGA APARELHADA *6 X 12* CM, EM MACARANDUBA/MASSARANDUBA, ANGELIM OU EQUIVALENTE DA REGIAO","M     ","CR",14.78]
[20211,"VIGA APARELHADA *6 X 16* CM, EM MACARANDUBA/MASSARANDUBA, ANGELIM OU EQUIVALENTE DA REGIAO","M     ","CR",19.57]
[40270,"VIGA DE ESCORAMAENTO H20, DE MADEIRA, PESO DE 5,00 A 5,20 KG/M, COM EXTREMIDADES PLASTICAS","M     ","AS",126.05]
[4425,"VIGA NAO APARELHADA *6 X 12* CM, EM MACARANDUBA/MASSARANDUBA, ANGELIM OU EQUIVALENTE DA REGIAO - BRUTA","M     ","CR",16.18]
[4472,"VIGA NAO APARELHADA *6 X 16* CM, EM MACARANDUBA/MASSARANDUBA, ANGELIM OU EQUIVALENTE DA REGIAO - BRUTA","M     ","CR",20.21]
[35272,"VIGA NAO APARELHADA *6 X 20* CM, EM MACARANDUBA/MASSARANDUBA, ANGELIM OU EQUIVALENTE DA REGIAO - BRUTA","M     ","CR",29.22]
[4481,"VIGA NAO APARELHADA *8 X 16* CM EM MACARANDUBA/MASSARANDUBA, ANGELIM OU EQUIVALENTE DA REGIAO - BRUTA","M     ","CR",31.27]
[34345,"VIGIA DIURNO","H     ","CR",11.56]
[41096,"VIGIA DIURNO (MENSALISTA)","MES   ","CR",2004.92]
[41776,"VIGIA NOTURNO, HORA EFETIVAMENTE TRABALHADA DE 22 H AS 5 H (COM ADICIONAL NOTURNO)","H     ","CR",15.84]
[""]
["TOTAL DE INSUMOS : 4937"]

{"sheet":"CPU (des)","index":8,"n_rows":12135,"n_cols":10,"rows_kept":4500,"cut":true,"hidden":false,"merged":[],"bounds":{"rows_first":2000,"rows_last":500,"rows_between":2000,"halvings":0}}
[1,null,null,"Composições Analíticas com Preço Unitário","Bancos",null,"B.D.I.",null,"Encargos Sociais"]
[null,null,null,"Orla de Santana","SINAPI - 08/2023 - Amapá\nSICRO3 - 04/2023 - Amapá\nORSE - 06/2023 - Sergipe\n",null,"0,0%",null,"Desonerado: \nHorista: 83,16%\nMensalista: 45,11%"]
[null,null,null,"Composições Analíticas com Preço Unitário"]
[null,null,null,"Composições Principais"]
[" 1 ","Código","Banco","Descrição","Tipo",null,"Und","Quant.","Valor Unit","Total"]
["Composição",100575,"SINAPI","REGULARIZAÇÃO DE SUPERFÍCIES COM MOTONIVELADORA. AF_11/2019","PAVI - PAVIMENTAÇÃO",null,"m²",1,0.12,0.12]
["Composição Auxiliar",5932,"SINAPI","MOTONIVELADORA POTÊNCIA BÁSICA LÍQUIDA (PRIMEIRA MARCHA) 125 HP, PESO BRUTO 13032 KG, LARGURA DA LÂMINA DE 3,7 M - CHP DIURNO. AF_06/2014","CHOR - CUSTOS HORÁRIOS DE MÁQUINAS E EQUIPAMENTOS",null,"CHP",1E-4,261.61,0.02]
["Composição Auxiliar",5934,"SINAPI","MOTONIVELADORA POTÊNCIA BÁSICA LÍQUIDA (PRIMEIRA MARCHA) 125 HP, PESO BRUTO 13032 KG, LARGURA DA LÂMINA DE 3,7 M - CHI DIURNO. AF_06/2014","CHOR - CUSTOS HORÁRIOS DE MÁQUINAS E EQUIPAMENTOS",null,"CHI",1E-3,96.42,0.09]
["Composição Auxiliar",88316,"SINAPI","SERVENTE COM ENCARGOS COMPLEMENTARES","SEDI - SERVIÇOS DIVERSOS",null,"H",1E-3,15.35,0.01]
[null,0,null,null,"MO sem LS =>",1.0919414719371042E-2,"LS =>",0.01,"MO com LS =>",0.02]
[null,0,null,null,"Valor do BDI =>",0,null,"Valor com BDI =>",null,0.12]
[null,0]
[" 2 ","Código","Banco","Descrição","Tipo",null,"Und","Quant.","Valor Unit","Total"]
["Composição",3212,"ORSE","Colchão de areia","Conversão InfoWOrca",null,"m³",1,132.9,132.9]
["Composição Auxiliar",10549,"ORSE","Encargos Complementares - Servente","Provisórios",null,"h",1,3.74,3.74]
["Insumo",366,"SINAPI","AREIA FINA - POSTO JAZIDA/FORNECEDOR (RETIRADO NA JAZIDA, SEM TRANSPORTE)","Material",null,"m³",1.1200000000000001,105,117.6]
["Insumo",6111,"SINAPI","SERVENTE DE OBRAS","Mão de Obra",null,"H",1,11.56,11.56]
[null,0,null,null,"MO sem LS =>",6.3114217000000004,"LS =>",5.25,"MO com LS =>",11.56]
[null,0,null,null,"Valor do BDI =>",0,null,"Valor com BDI =>",null,132.9]
[null,0]
[" 3 ","Código","Banco","Descrição","Tipo",null,"Und","Quant.","Valor Unit","Total"]
["Composição",92397,"SINAPI","EXECUÇÃO DE PAVIMENTO EM PISO INTERTRAVADO, COM BLOCO RETANGULAR COR NATURAL DE 20 X 10 CM, ESPESSURA 6 CM. AF_10/2022","PAVI - PAVIMENTAÇÃO",null,"m²",1,75.16,75.16]
["Composição Auxiliar",88260,"SINAPI","CALCETEIRO COM ENCARGOS COMPLEMENTARES","SEDI - SERVIÇOS DIVERSOS",null,"H",0.20150000000000001,18.920000000000002,3.81]
["Composição Auxiliar",88316,"SINAPI","SERVENTE COM ENCARGOS COMPLEMENTARES","SEDI - SERVIÇOS DIVERSOS",null,"H",0.20150000000000001,15.35,3.09]
["Composição Auxiliar",91277,"SINAPI","PLACA VIBRATÓRIA REVERSÍVEL COM MOTOR 4 TEMPOS A GASOLINA, FORÇA CENTRÍFUGA DE 25 KN (2500 KGF), POTÊNCIA 5,5 CV - CHP DIURNO. AF_08/2015","CHOR - CUSTOS HORÁRIOS DE MÁQUINAS E EQUIPAMENTOS",null,"CHP",4.1000000000000003E-3,8.99,0.03]
["Composição Auxiliar",91278,"SINAPI","PLACA VIBRATÓRIA REVERSÍVEL COM MOTOR 4 TEMPOS A GASOLINA, FORÇA CENTRÍFUGA DE 25 KN (2500 KGF), POTÊNCIA 5,5 CV - CHI DIURNO. AF_08/2015","CHOR - CUSTOS HORÁRIOS DE MÁQUINAS E EQUIPAMENTOS",null,"CHI",9.6699999999999994E-2,0.59,0.05]
["Composição Auxiliar",91283,"SINAPI","CORTADORA DE PISO COM MOTOR 4 TEMPOS A GASOLINA, POTÊNCIA DE 13 HP, COM DISCO DE CORTE DIAMANTADO SEGMENTADO PARA CONCRETO, DIÂMETRO DE 350 MM, FURO DE 1\" (14 X 1\") - CHP DIURNO. AF_08/2015","CHOR - CUSTOS HORÁRIOS DE MÁQUINAS E EQUIPAMENTOS",null,"CHP",3.8E-3,9.9600000000000009,0.03]
["Composição Auxiliar",91285,"SINAPI","CORTADORA DE PISO COM MOTOR 4 TEMPOS A GASOLINA, POTÊNCIA DE 13 HP, COM DISCO DE CORTE DIAMANTADO SEGMENTADO PARA CONCRETO, DIÂMETRO DE 350 MM, FURO DE 1\" (14 X 1\") - CHI DIURNO. AF_08/2015","CHOR - CUSTOS HORÁRIOS DE MÁQUINAS E EQUIPAMENTOS",null,"CHI",9.7000000000000003E-2,1.04,0.1]
["Insumo",370,"SINAPI","AREIA MEDIA - POSTO JAZIDA/FORNECEDOR (RETIRADO NA JAZIDA, SEM TRANSPORTE)","Material",null,"m³",5.6800000000000003E-2,105,5.96]
["Insumo",4741,"SINAPI","PO DE PEDRA (POSTO PEDREIRA/FORNECEDOR, SEM FRETE)","Material",null,"m³",9.7999999999999997E-3,253.71,2.48]
["Insumo",36155,"SINAPI","BLOQUETE/PISO INTERTRAVADO DE CONCRETO - MODELO ONDA/16 FACES/RETANGULAR/TIJOLINHO/PAVER/HOLANDES/PARALELEPIPEDO, 20 CM X 10 CM, E = 6 CM, RESISTENCIA DE 35 MPA (NBR 9781), COR NATURAL","Material",null,"m²",1.0041,59.37,59.61]
[null,0,null,null,"MO sem LS =>",2.9646210963092376,"LS =>",2.4700000000000002,"MO com LS =>",5.43]
[null,0,null,null,"Valor do BDI =>",0,null,"Valor com BDI =>",null,75.16]
[null,0]
[" 4 ","Código","Banco","Descrição","Tipo",null,"Und","Quant.","Valor Unit","Total"]
["Composição",96398,"SINAPI","EXECUÇÃO E COMPACTAÇÃO DE BASE E OU SUB BASE PARA PAVIMENTAÇÃO DE CONCRETO COMPACTADO COM ROLO - EXCLUSIVE CARGA E TRANSPORTE. AF_11/2019","PAVI - PAVIMENTAÇÃO",null,"m³",1,619.37,619.37]
["Composição Auxiliar",5684,"SINAPI","ROLO COMPACTADOR VIBRATÓRIO DE UM CILINDRO AÇO LISO, POTÊNCIA 80 HP, PESO OPERACIONAL MÁXIMO 8,1 T, IMPACTO DINÂMICO 16,15 / 9,5 T, LARGURA DE TRABALHO 1,68 M - CHP DIURNO. AF_06/2014","CHOR - CUSTOS HORÁRIOS DE MÁQUINAS E EQUIPAMENTOS",null,"CHP",8.9999999999999993E-3,146.38999999999999,1.31]
["Composição Auxiliar",5685,"SINAPI","ROLO COMPACTADOR VIBRATÓRIO DE UM CILINDRO AÇO LISO, POTÊNCIA 80 HP, PESO OPERACIONAL MÁXIMO 8,1 T, IMPACTO DINÂMICO 16,15 / 9,5 T, LARGURA DE TRABALHO 1,68 M - CHI DIURNO. AF_06/2014","CHOR - CUSTOS HORÁRIOS DE MÁQUINAS E EQUIPAMENTOS",null,"CHI",2.1000000000000001E-2,54.99,1.1499999999999999]
["Composição Auxiliar",5901,"SINAPI","CAMINHÃO PIPA 10.000 L TRUCADO, PESO BRUTO TOTAL 23.000 KG, CARGA ÚTIL MÁXIMA 15.935 KG, DISTÂNCIA ENTRE EIXOS 4,8 M, POTÊNCIA 230 CV, INCLUSIVE TANQUE DE AÇO PARA TRANSPORTE DE ÁGUA - CHP DIURNO. AF_06/2014","CHOR - CUSTOS HORÁRIOS DE MÁQUINAS E EQUIPAMENTOS",null,"CHP",2E-3,294.31,0.57999999999999996]
["Composição Auxiliar",5903,"SINAPI","CAMINHÃO PIPA 10.000 L TRUCADO, PESO BRUTO TOTAL 23.000 KG, CARGA ÚTIL MÁXIMA 15.935 KG, DISTÂNCIA ENTRE EIXOS 4,8 M, POTÊNCIA 230 CV, INCLUSIVE TANQUE DE AÇO PARA TRANSPORTE DE ÁGUA - CHI DIURNO. AF_06/2014","CHOR - CUSTOS HORÁRIOS DE MÁQUINAS E EQUIPAMENTOS",null,"CHI",2.8000000000000001E-2,65.599999999999994,1.83]
["Composição Auxiliar",5932,"SINAPI","MOTONIVELADORA POTÊNCIA BÁSICA LÍQUIDA (PRIMEIRA MARCHA) 125 HP, PESO BRUTO 13032 KG, LARGURA DA LÂMINA DE 3,7 M - CHP DIURNO. AF_06/2014","CHOR - CUSTOS HORÁRIOS DE MÁQUINAS E EQUIPAMENTOS",null,"CHP",8.0000000000000002E-3,261.61,2.09]
["Composição Auxiliar",5934,"SINAPI","MOTONIVELADORA POTÊNCIA BÁSICA LÍQUIDA (PRIMEIRA MARCHA) 125 HP, PESO BRUTO 13032 KG, LARGURA DA LÂMINA DE 3,7 M - CHI DIURNO. AF_06/2014","CHOR - CUSTOS HORÁRIOS DE MÁQUINAS E EQUIPAMENTOS",null,"CHI",2.1999999999999999E-2,96.42,2.12]
["Composição Auxiliar",88316,"SINAPI","SERVENTE COM ENCARGOS COMPLEMENTARES","SEDI - SERVIÇOS DIVERSOS",null,"H",0.03,15.35,0.46]
["Composição Auxiliar",96395,"SINAPI","USINAGEM DE CONCRETO PARA COMPACTAÇÃO COM ROLO. AF_03/2020","PAVI - PAVIMENTAÇÃO",null,"m³",1,606.91,606.91]
["Composição Auxiliar",96463,"SINAPI","ROLO COMPACTADOR DE PNEUS, ESTATICO, PRESSAO VARIAVEL, POTENCIA 110 HP, PESO SEM/COM LASTRO 10,8/27 T, LARGURA DE ROLAGEM 2,30 M - CHP DIURNO. AF_06/2017","CHOR - CUSTOS HORÁRIOS DE MÁQUINAS E EQUIPAMENTOS",null,"CHP",4.0000000000000001E-3,204.74,0.81]
["Composição Auxiliar",96464,"SINAPI","ROLO COMPACTADOR DE PNEUS, ESTATICO, PRESSAO VARIAVEL, POTENCIA 110 HP, PESO SEM/COM LASTRO 10,8/27 T, LARGURA DE ROLAGEM 2,30 M - CHI DIURNO. AF_06/2017","CHOR - CUSTOS HORÁRIOS DE MÁQUINAS E EQUIPAMENTOS",null,"CHI",2.5999999999999999E-2,81.290000000000006,2.11]
[null,0,null,null,"MO sem LS =>",2.1456649923564095,"LS =>",1.78,"MO com LS =>",3.93]
[null,0,null,null,"Valor do BDI =>",0,null,"Valor com BDI =>",null,619.37]
[null,0]
[" 5 ","Código","Banco","Descrição","Tipo",null,"Und","Quant.","Valor Unit","Total"]
["Composição",95995,"SINAPI","EXECUÇÃO DE PAVIMENTO COM APLICAÇÃO DE CONCRETO ASFÁLTICO, CAMADA DE ROLAMENTO - EXCLUSIVE CARGA E TRANSPORTE. AF_11/2019","PAVI - PAVIMENTAÇÃO",null,"m³",1,1414.08,1414.08]
["Composição Auxiliar",5835,"SINAPI","VIBROACABADORA DE ASFALTO SOBRE ESTEIRAS, LARGURA DE PAVIMENTAÇÃO 1,90 M A 5,30 M, POTÊNCIA 105 HP CAPACIDADE 450 T/H - CHP DIURNO. AF_11/2014","CHOR - CUSTOS HORÁRIOS DE MÁQUINAS E EQUIPAMENTOS",null,"CHP",4.6399999999999997E-2,379.58,17.61]
["Composição Auxiliar",5837,"SINAPI","VIBROACABADORA DE ASFALTO SOBRE ESTEIRAS, LARGURA DE PAVIMENTAÇÃO 1,90 M A 5,30 M, POTÊNCIA 105 HP CAPACIDADE 450 T/H - CHI DIURNO. AF_11/2014","CHOR - CUSTOS HORÁRIOS DE MÁQUINAS E EQUIPAMENTOS",null,"CHI",9.4899999999999998E-2,146.46,13.89]
["Composição Auxiliar",88314,"SINAPI","RASTELEIRO COM ENCARGOS COMPLEMENTARES","SEDI - SERVIÇOS DIVERSOS",null,"H",1.1301000000000001,13.32,15.05]
["Composição Auxiliar",91386,"SINAPI","CAMINHÃO BASCULANTE 10 M3, TRUCADO CABINE SIMPLES, PESO BRUTO TOTAL 23.000 KG, CARGA ÚTIL MÁXIMA 15.935 KG, DISTÂNCIA ENTRE EIXOS 4,80 M, POTÊNCIA 230 CV INCLUSIVE CAÇAMBA METÁLICA - CHP DIURNO. AF_06/2014","CHOR - CUSTOS HORÁRIOS DE MÁQUINAS E EQUIPAMENTOS",null,"CHP",4.6399999999999997E-2,248.99,11.55]
["Composição Auxiliar",95631,"SINAPI","ROLO COMPACTADOR VIBRATORIO TANDEM, ACO LISO, POTENCIA 125 HP, PESO SEM/COM LASTRO 10,20/11,65 T, LARGURA DE TRABALHO 1,73 M - CHP DIURNO. AF_11/2016","CHOR - CUSTOS HORÁRIOS DE MÁQUINAS E EQUIPAMENTOS",null,"CHP",8.0500000000000002E-2,214.97,17.3]
["Composição Auxiliar",95632,"SINAPI","ROLO COMPACTADOR VIBRATORIO TANDEM, ACO LISO, POTENCIA 125 HP, PESO SEM/COM LASTRO 10,20/11,65 T, LARGURA DE TRABALHO 1,73 M - CHI DIURNO. AF_11/2016","CHOR - CUSTOS HORÁRIOS DE MÁQUINAS E EQUIPAMENTOS",null,"CHI",6.0699999999999997E-2,74.78,4.53]
["Composição Auxiliar",96155,"SINAPI","TRATOR DE PNEUS COM POTÊNCIA DE 85 CV, TRAÇÃO 4X4, COM VASSOURA MECÂNICA ACOPLADA - CHI DIURNO. AF_02/2017","CHOR - CUSTOS HORÁRIOS DE MÁQUINAS E EQUIPAMENTOS",null,"CHI",0.1071,38.72,4.1399999999999997]
["Composição Auxiliar",96157,"SINAPI","TRATOR DE PNEUS COM POTÊNCIA DE 85 CV, TRAÇÃO 4X4, COM VASSOURA MECÂNICA ACOPLADA - CHP DIURNO. AF_03/2017","CHOR - CUSTOS HORÁRIOS DE MÁQUINAS E EQUIPAMENTOS",null,"CHP",3.4099999999999998E-2,119.58,4.07]
["Composição Auxiliar",96463,"SINAPI","ROLO COMPACTADOR DE PNEUS, ESTATICO, PRESSAO VARIAVEL, POTENCIA 110 HP, PESO SEM/COM LASTRO 10,8/27 T, LARGURA DE ROLAGEM 2,30 M - CHP DIURNO. AF_06/2017","CHOR - CUSTOS HORÁRIOS DE MÁQUINAS E EQUIPAMENTOS",null,"CHP",4.19E-2,204.74,8.57]
["Composição Auxiliar",96464,"SINAPI","ROLO COMPACTADOR DE PNEUS, ESTATICO, PRESSAO VARIAVEL, POTENCIA 110 HP, PESO SEM/COM LASTRO 10,8/27 T, LARGURA DE ROLAGEM 2,30 M - CHI DIURNO. AF_06/2017","CHOR - CUSTOS HORÁRIOS DE MÁQUINAS E EQUIPAMENTOS",null,"CHI",9.9000000000000005E-2,81.290000000000006,8.0399999999999991]
["Insumo",1518,"SINAPI","CONCRETO BETUMINOSO USINADO A QUENTE (CBUQ) PARA PAVIMENTACAO ASFALTICA, PADRAO DNIT, FAIXA C, COM CAP 50/70 - AQUISICAO POSTO USINA","Material",null,"T",2.5548000000000002,512.5,1309.33]
[null,0,null,null,"MO sem LS =>",11.296134527189343,"LS =>",9.39,"MO com LS =>",20.69]
[null,0,null,null,"Valor do BDI =>",0,null,"Valor com BDI =>",null,1414.08]
[null,0]
[" 6 ","Código","Banco","Descrição","Tipo",null,"Und","Quant.","Valor Unit","Total"]
["Composição",94266,"SINAPI","GUIA (MEIO-FIO) CONCRETO, MOLDADA  IN LOCO  EM TRECHO CURVO COM EXTRUSORA, 15 CM BASE X 30 CM ALTURA. AF_06/2016","DROP - DRENAGEM/OBRAS DE CONTENÇÃO / POÇOS DE VISITA E CAIXAS",null,"M",1,52.67,52.67]
["Composição Auxiliar",88243,"SINAPI","AJUDANTE ESPECIALIZADO COM ENCARGOS COMPLEMENTARES","SEDI - SERVIÇOS DIVERSOS",null,"H",0.14199999999999999,15.4,2.1800000000000002]
["Composição Auxiliar",88309,"SINAPI","PEDREIRO COM ENCARGOS COMPLEMENTARES","SEDI - SERVIÇOS DIVERSOS",null,"H",0.27600000000000002,20.67,5.7]
["Composição Auxiliar",88316,"SINAPI","SERVENTE COM ENCARGOS COMPLEMENTARES","SEDI - SERVIÇOS DIVERSOS",null,"H",0.55200000000000005,15.35,8.4700000000000006]
["Composição Auxiliar",88631,"SINAPI","ARGAMASSA TRAÇO 1:4 (EM VOLUME DE CIMENTO E AREIA MÉDIA ÚMIDA), PREPARO MANUAL. AF_08/2019","SEDI - SERVIÇOS DIVERSOS",null,"m³",2E-3,637.54,1.27]
["Composição Auxiliar",92960,"SINAPI","MÁQUINA EXTRUSORA DE CONCRETO PARA GUIAS E SARJETAS, MOTOR A DIESEL, POTÊNCIA 14 CV - CHP DIURNO. AF_12/2015","CHOR - CUSTOS HORÁRIOS DE MÁQUINAS E EQUIPAMENTOS",null,"CHP",2.4E-2,18.61,0.44]
["Composição Auxiliar",92961,"SINAPI","MÁQUINA EXTRUSORA DE CONCRETO PARA GUIAS E SARJETAS, MOTOR A DIESEL, POTÊNCIA 14 CV - CHI DIURNO. AF_12/2015","CHOR - CUSTOS HORÁRIOS DE MÁQUINAS E EQUIPAMENTOS",null,"CHI",0.11799999999999999,5.38,0.63]
["Insumo",370,"SINAPI","AREIA MEDIA - POSTO JAZIDA/FORNECEDOR (RETIRADO NA JAZIDA, SEM TRANSPORTE)","Material",null,"m³",7.0000000000000001E-3,105,0.73]
["Insumo",34492,"SINAPI","CONCRETO USINADO BOMBEAVEL, CLASSE DE RESISTENCIA C20, COM BRITA 0 E 1, SLUMP = 100 +/- 20 MM, EXCLUI SERVICO DE BOMBEAMENTO (NBR 8953)","Material",null,"m³",0.05,665,33.25]
[null,0,null,null,"MO sem LS =>",7.1303778117492902,"LS =>",5.93,"MO com LS =>",13.06]
[null,0,null,null,"Valor do BDI =>",0,null,"Valor com BDI =>",null,52.67]
[null,0]
[" 7 ","Código","Banco","Descrição","Tipo",null,"Und","Quant.","Valor Unit","Total"]
["Composição",102498,"SINAPI","PINTURA DE MEIO-FIO COM TINTA BRANCA A BASE DE CAL (CAIAÇÃO). AF_05/2021","PINT - PINTURAS",null,"M",1,1.23,1.23]
["Composição Auxiliar",88310,"SINAPI","PINTOR COM ENCARGOS COMPLEMENTARES","SEDI - SERVIÇOS DIVERSOS",null,"H",3.6999999999999998E-2,21.91,0.81]
["Composição Auxiliar",88316,"SINAPI","SERVENTE COM ENCARGOS COMPLEMENTARES","SEDI - SERVIÇOS DIVERSOS",null,"H",1.6E-2,15.35,0.24]
["Insumo",11161,"SINAPI","CAL HIDRATADA PARA PINTURA","Material",null,"KG",0.106,1.78,0.18]
[null,0,null,null,"MO sem LS =>",0.43677658877484166,"LS =>",0.36,"MO com LS =>",0.8]
[null,0,null,null,"Valor do BDI =>",0,null,"Valor com BDI =>",null,1.23]
[null,0]
[" 8 ","Código","Banco","Descrição","Tipo",null,"Und","Quant.","Valor Unit","Total"]
["Composição",102500,"SINAPI","PINTURA DE DEMARCAÇÃO DE VAGA COM TINTA ACRÍLICA, E = 10 CM, APLICAÇÃO MANUAL. AF_05/2021","PINT - PINTURAS",null,"M",1,3.21,3.21]
["Composição Auxiliar",88310,"SINAPI","PINTOR COM ENCARGOS COMPLEMENTARES","SEDI - SERVIÇOS DIVERSOS",null,"H",8.3000000000000004E-2,21.91,1.81]
["Composição Auxiliar",88316,"SINAPI","SERVENTE COM ENCARGOS COMPLEMENTARES","SEDI - SERVIÇOS DIVERSOS",null,"H",3.5000000000000003E-2,15.35,0.53]
["Insumo",7348,"SINAPI","TINTA ACRILICA PREMIUM PARA PISO","Material",null,"L",4.2999999999999997E-2,11.79,0.5]
["Insumo",12815,"SINAPI","FITA CREPE ROLO DE 25 MM X 50 M","Material",null,"UN",0.04,9.36,0.37]
[null,0,null,null,"MO sem LS =>",0.98274732474339377,"LS =>",0.82,"MO com LS =>",1.8]
[null,0,null,null,"Valor do BDI =>",0,null,"Valor com BDI =>",null,3.21]
[null,0]
[" 9 ","Código","Banco","Descrição","Tipo",null,"Und","Quant.","Valor Unit","Total"]
["Composição",101094,"SINAPI","PISO PODOTÁTIL DE ALERTA OU DIRECIONAL, DE BORRACHA, ASSENTADO SOBRE ARGAMASSA. AF_05/2020","PISO - PISOS",null,"M",1,189.1,189.1]
["Composição Auxiliar",88309,"SINAPI","PEDREIRO COM ENCARGOS COMPLEMENTARES","SEDI - SERVIÇOS DIVERSOS",null,"H",0.437,20.67,9.0299999999999994]
["Composição Auxiliar",88316,"SINAPI","SERVENTE COM ENCARGOS COMPLEMENTARES","SEDI - SERVIÇOS DIVERSOS",null,"H",0.218,15.35,3.34]
["Insumo",1379,"SINAPI","CIMENTO PORTLAND COMPOSTO CP II-32","Material",null,"KG",0.24,1,0.24]
["Insumo",37595,"SINAPI","ARGAMASSA COLANTE TIPO AC III","Material",null,"KG",1.2150000000000001,3.07,3.73]
["Insumo",38186,"SINAPI","PISO TATIL DE ALERTA OU DIRECIONAL, DE BORRACHA, COLORIDO, 25 X 25 CM, E = 12 MM, PARA ARGAMASSA","Material",null,"m²",0.25,691.05,172.76]
[null,0,null,null,"MO sem LS =>",5.44878794496615,"LS =>",4.53,"MO com LS =>",9.98]
[null,0,null,null,"Valor do BDI =>",0,null,"Valor com BDI =>",null,189.1]
[null,0]
[" 10 ","Código","Banco","Descrição","Tipo",null,"Und","Quant.","Valor Unit","Total"]
["Composição",92398,"SINAPI","EXECUÇÃO DE PAVIMENTO EM PISO INTERTRAVADO, COM BLOCO RETANGULAR COR NATURAL DE 20 X 10 CM, ESPESSURA 8 CM. AF_10/2022","PAVI - PAVIMENTAÇÃO",null,"m²",1,93.02,93.02]
["Composição Auxiliar",88260,"SINAPI","CALCETEIRO COM ENCARGOS COMPLEMENTARES","SEDI - SERVIÇOS DIVERSOS",null,"H",0.26319999999999999,18.920000000000002,4.97]
["Composição Auxiliar",88316,"SINAPI","SERVENTE COM ENCARGOS COMPLEMENTARES","SEDI - SERVIÇOS DIVERSOS",null,"H",0.26319999999999999,15.35,4.04]
["Composição Auxiliar",91277,"SINAPI","PLACA VIBRATÓRIA REVERSÍVEL COM MOTOR 4 TEMPOS A GASOLINA, FORÇA CENTRÍFUGA DE 25 KN (2500 KGF), POTÊNCIA 5,5 CV - CHP DIURNO. AF_08/2015","CHOR - CUSTOS HORÁRIOS DE MÁQUINAS E EQUIPAMENTOS",null,"CHP",5.4999999999999997E-3,8.99,0.04]
["Composição Auxiliar",91278,"SINAPI","PLACA VIBRATÓRIA REVERSÍVEL COM MOTOR 4 TEMPOS A GASOLINA, FORÇA CENTRÍFUGA DE 25 KN (2500 KGF), POTÊNCIA 5,5 CV - CHI DIURNO. AF_08/2015","CHOR - CUSTOS HORÁRIOS DE MÁQUINAS E EQUIPAMENTOS",null,"CHI",0.12609999999999999,0.59,7.0000000000000007E-2]
["Composição Auxiliar",91283,"SINAPI","CORTADORA DE PISO COM MOTOR 4 TEMPOS A GASOLINA, POTÊNCIA DE 13 HP, COM DISCO DE CORTE DIAMANTADO SEGMENTADO PARA CONCRETO, DIÂMETRO DE 350 MM, FURO DE 1\" (14 X 1\") - CHP DIURNO. AF_08/2015","CHOR - CUSTOS HORÁRIOS DE MÁQUINAS E EQUIPAMENTOS",null,"CHP",3.8E-3,9.9600000000000009,0.03]
["Composição Auxiliar",91285,"SINAPI","CORTADORA DE PISO COM MOTOR 4 TEMPOS A GASOLINA, POTÊNCIA DE 13 HP, COM DISCO DE CORTE DIAMANTADO SEGMENTADO PARA CONCRETO, DIÂMETRO DE 350 MM, FURO DE 1\" (14 X 1\") - CHI DIURNO. AF_08/2015","CHOR - CUSTOS HORÁRIOS DE MÁQUINAS E EQUIPAMENTOS",null,"CHI",0.1278,1.04,0.13]
["Insumo",370,"SINAPI","AREIA MEDIA - POSTO JAZIDA/FORNECEDOR (RETIRADO NA JAZIDA, SEM TRANSPORTE)","Material",null,"m³",5.6800000000000003E-2,105,5.96]
["Insumo",4741,"SINAPI","PO DE PEDRA (POSTO PEDREIRA/FORNECEDOR, SEM FRETE)","Material",null,"m³",9.7999999999999997E-3,253.71,2.48]
["Insumo",36170,"SINAPI","BLOQUETE/PISO INTERTRAVADO DE CONCRETO - MODELO ONDA/16 FACES/RETANGULAR/TIJOLINHO/PAVER/HOLANDES/PARALELEPIPEDO, *22 CM X 11* CM, E = 8 CM, RESISTENCIA DE 35 MPA (NBR 9781), COR NATURAL","Material",null,"m²",1.0041,75,75.3]
[null,0,null,null,"MO sem LS =>",3.87639222537672,"LS =>",3.22,"MO com LS =>",7.1]
[null,0,null,null,"Valor do BDI =>",0,null,"Valor com BDI =>",null,93.02]
[null,0]
[" 11 ","Código","Banco","Descrição","Tipo",null,"Und","Quant.","Valor Unit","Total"]
["Composição",103310,"SINAPI","INSTALAÇÃO DE LIXEIRA METÁLICA DUPLA, CAPACIDADE DE 60 L, EM TUBO DE AÇO CARBONO E CESTOS EM CHAPA DE AÇO COM PINTURA ELETROSTÁTICA, SOBRE SOLO. AF_11/2021","URBA - URBANIZAÇÃO",null,"UN",1,1285.06,1285.06]
["Composição Auxiliar",102486,"SINAPI","CONCRETO FCK = 15MPA, TRAÇO 1:3,4:3,4 (EM MASSA SECA DE CIMENTO/ AREIA MÉDIA/ SEIXO ROLADO) - PREPARO MANUAL. AF_05/2021","FUES - FUNDAÇÕES E ESTRUTURAS",null,"m³",2.2200000000000001E-2,991.67,22.01]
["Composição Auxiliar",88309,"SINAPI","PEDREIRO COM ENCARGOS COMPLEMENTARES","SEDI - SERVIÇOS DIVERSOS",null,"H",0.86809999999999998,20.67,17.940000000000001]
["Composição Auxiliar",88316,"SINAPI","SERVENTE COM ENCARGOS COMPLEMENTARES","SEDI - SERVIÇOS DIVERSOS",null,"H",0.57869999999999999,15.35,8.8800000000000008]
["Insumo",4721,"SINAPI","PEDRA BRITADA N. 1 (9,5 a 19 MM) POSTO PEDREIRA/FORNECEDOR, SEM FRETE","Material",null,"m³",1.1999999999999999E-3,268.58999999999997,0.32]
["Insumo",42440,"SINAPI","LIXEIRA DUPLA, COM CAPACIDADE VOLUMETRICA DE 60L*, FABRICADA EM TUBO DE ACO CARBONO, CESTOS EM CHAPA DE ACO E PINTURA NO PROCESSO ELETROSTATICO - PARA ACADEMIA AO AR LIVRE / ACADEMIA DA TERCEIRA IDADE - ATI","Material",null,"UN",1,1235.9100000000001,1235.9100000000001]
[null,0,null,null,"MO sem LS =>",12.655601659751037,"LS =>",10.52,"MO com LS =>",23.18]
[null,0,null,null,"Valor do BDI =>",0,null,"Valor com BDI =>",null,1285.06]
[null,0]
[" 12 ","Código","Banco","Descrição","Tipo",null,"Und","Quant.","Valor Unit","Total"]
["Composição",92435,"SINAPI","MONTAGEM E DESMONTAGEM DE FÔRMA DE PILARES RETANGULARES E ESTRUTURAS SIMILARES, PÉ-DIREITO SIMPLES, EM CHAPA DE MADEIRA COMPENSADA PLASTIFICADA, 12 UTILIZAÇÕES. AF_09/2020","FUES - FUNDAÇÕES E ESTRUTURAS",null,"m²",1,55.21,55.21]
["Composição Auxiliar",88239,"SINAPI","AJUDANTE DE CARPINTEIRO COM ENCARGOS COMPLEMENTARES","SEDI - SERVIÇOS DIVERSOS",null,"H",0.11700000000000001,16.91,1.97]
["Composição Auxiliar",88262,"SINAPI","CARPINTEIRO DE FORMAS COM ENCARGOS COMPLEMENTARES","SEDI - SERVIÇOS DIVERSOS",null,"H",0.63800000000000001,20.329999999999998,12.97]
["Composição Auxiliar",92264,"SINAPI","FABRICAÇÃO DE FÔRMA PARA PILARES E ESTRUTURAS SIMILARES, EM CHAPA DE MADEIRA COMPENSADA PLASTIFICADA, E = 18 MM. AF_09/2020","FUES - FUNDAÇÕES E ESTRUTURAS",null,"m²",9.4E-2,228.48,21.47]
["Insumo",2692,"SINAPI","DESMOLDANTE PROTETOR PARA FORMAS DE MADEIRA, DE BASE OLEOSA EMULSIONADA EM AGUA","Material",null,"L",4.0000000000000001E-3,12.86,0.05]
["Insumo",40271,"SINAPI","LOCACAO DE APRUMADOR METALICO DE PILAR, COM ALTURA E ANGULO REGULAVEIS, EXTENSAO DE *1,50* A *2,80* M","Equipamento",null,"UNXMES",0.19600000000000001,20.13,3.94]
["Insumo",40275,"SINAPI","LOCACAO DE VIGA SANDUICHE METALICA VAZADA PARA TRAVAMENTO DE PILARES, ALTURA DE *8* CM, LARGURA DE *6* CM E EXTENSAO DE 2 M","Equipamento",null,"UNXMES",0.39300000000000002,21.04,8.26]
["Insumo",40287,"SINAPI","LOCACAO DE BARRA DE ANCORAGEM DE 0,80 A 1,20 M DE EXTENSAO, COM ROSCA DE 5/8\", INCLUINDO PORCA E FLANGE","Equipamento",null,"MES",0.78500000000000003,7.75,6.08]
["Insumo",40304,"SINAPI","PREGO DE ACO POLIDO COM CABECA DUPLA 17 X 27 (2 1/2 X 11)","Material",null,"KG",1.9E-2,24.83,0.47]
[null,0,null,null,"MO sem LS =>",8.1240445512120552,"LS =>",6.76,"MO com LS =>",14.88]
[null,0,null,null,"Valor do BDI =>",0,null,"Valor com BDI =>",null,55.21]
[null,0]
[" 13 ","Código","Banco","Descrição","Tipo",null,"Und","Quant.","Valor Unit","Total"]
["Composição",92761,"SINAPI","ARMAÇÃO DE PILAR OU VIGA DE ESTRUTURA CONVENCIONAL DE CONCRETO ARMADO UTILIZANDO AÇO CA-50 DE 8,0 MM - MONTAGEM. AF_06/2022","FUES - FUNDAÇÕES E ESTRUTURAS",null,"KG",1,15.09,15.09]
["Composição Auxiliar",88238,"SINAPI","AJUDANTE DE ARMADOR COM ENCARGOS COMPLEMENTARES","SEDI - SERVIÇOS DIVERSOS",null,"H",9.1999999999999998E-3,15.4,0.14000000000000001]
["Composição Auxiliar",88245,"SINAPI","ARMADOR COM ENCARGOS COMPLEMENTARES","SEDI - SERVIÇOS DIVERSOS",null,"H",5.6099999999999997E-2,20.51,1.1499999999999999]
["Composição Auxiliar",92802,"SINAPI","CORTE E DOBRA DE AÇO CA-50, DIÂMETRO DE 8,0 MM. AF_06/2022","FUES - FUNDAÇÕES E ESTRUTURAS",null,"KG",1,13.02,13.02]
["Insumo",39017,"SINAPI","ESPACADOR / DISTANCIADOR CIRCULAR COM ENTRADA LATERAL, EM PLASTICO, PARA VERGALHAO *4,2 A 12,5* MM, COBRIMENTO 20 MM","Material",null,"UN",0.74299999999999999,0.22,0.16]
["Insumo",43132,"SINAPI","ARAME RECOZIDO 16 BWG, D = 1,65 MM (0,016 KG/M) OU 18 BWG, D = 1,25 MM (0,01 KG/M)","Material",null,"KG",2.5000000000000001E-2,25,0.62]
[null,0,null,null,"MO sem LS =>",0.73160078619785973,"LS =>",0.61,"MO com LS =>",1.3399999999999999]
[null,0,null,null,"Valor do BDI =>",0,null,"Valor com BDI =>",null,15.09]
[null,0]
[" 14 ","Código","Banco","Descrição","Tipo",null,"Und","Quant.","Valor Unit","Total"]
["Composição",103685,"SINAPI","CONCRETAGEM DE MURETAS, FCK=25 MPA, COM USO DE BOMBA - LANÇAMENTO, ADENSAMENTO E ACABAMENTO. AF_02/2022_PS","FUES - FUNDAÇÕES E ESTRUTURAS",null,"m³",1,851.35,851.35]
["Composição Auxiliar",88262,"SINAPI","CARPINTEIRO DE FORMAS COM ENCARGOS COMPLEMENTARES","SEDI - SERVIÇOS DIVERSOS",null,"H",0.19900000000000001,20.329999999999998,4.04]
["Composição Auxiliar",88309,"SINAPI","PEDREIRO COM ENCARGOS COMPLEMENTARES","SEDI - SERVIÇOS DIVERSOS",null,"H",0.79500000000000004,20.67,16.43]
["Composição Auxiliar",88316,"SINAPI","SERVENTE COM ENCARGOS COMPLEMENTARES","SEDI - SERVIÇOS DIVERSOS",null,"H",0.89400000000000002,15.35,13.72]
["Composição Auxiliar",90586,"SINAPI","VIBRADOR DE IMERSÃO, DIÂMETRO DE PONTEIRA 45MM, MOTOR ELÉTRICO TRIFÁSICO POTÊNCIA DE 2 CV - CHP DIURNO. AF_06/2015","CHOR - CUSTOS HORÁRIOS DE MÁQUINAS E EQUIPAMENTOS",null,"CHP",7.9000000000000001E-2,1.29,0.1]
["Composição Auxiliar",90587,"SINAPI","VIBRADOR DE IMERSÃO, DIÂMETRO DE PONTEIRA 45MM, MOTOR ELÉTRICO TRIFÁSICO POTÊNCIA DE 2 CV - CHI DIURNO. AF_06/2015","CHOR - CUSTOS HORÁRIOS DE MÁQUINAS E EQUIPAMENTOS",null,"CHI",0.12,0.49,0.05]
["Insumo",1527,"SINAPI","CONCRETO USINADO BOMBEAVEL, CLASSE DE RESISTENCIA C25, BRITA 0 E 1, SLUMP = 100 +/- 20 MM, COM BOMBEAMENTO (DISPONIBILIZACAO DE BOMBA), SEM O LANCAMENTO (NBR 8953)","Material",null,"m³",1.103,740.72,817.01]
[null,0,null,null,"MO sem LS =>",14.943219043459271,"LS =>",12.43,"MO com LS =>",27.37]
[null,0,null,null,"Valor do BDI =>",0,null,"Valor com BDI =>",null,851.35]
[null,0]
[" 15 ","Código","Banco","Descrição","Tipo",null,"Und","Quant.","Valor Unit","Total"]
["Composição",103314,"SINAPI","INSTALAÇÃO DE PERGOLADO DE MADEIRA, EM MAÇARANDUBA, ANGELIM OU EQUIVALENTE DA REGIÃO, FIXADO COM CONCRETO SOBRE PISO DE CONCRETO EXISTENTE. AF_11/2021","URBA - URBANIZAÇÃO",null,"m²",1,170.35,170.35]
["Composição Auxiliar",102486,"SINAPI","CONCRETO FCK = 15MPA, TRAÇO 1:3,4:3,4 (EM MASSA SECA DE CIMENTO/ AREIA MÉDIA/ SEIXO ROLADO) - PREPARO MANUAL. AF_05/2021","FUES - FUNDAÇÕES E ESTRUTURAS",null,"m³",2.0799999999999999E-2,991.67,20.62]
["Composição Auxiliar",5795,"SINAPI","MARTELETE OU ROMPEDOR PNEUMÁTICO MANUAL, 28 KG, COM SILENCIADOR - CHP DIURNO. AF_07/2016","CHOR - CUSTOS HORÁRIOS DE MÁQUINAS E EQUIPAMENTOS",null,"CHP",1.77E-2,18.13,0.32]
["Composição Auxiliar",5952,"SINAPI","MARTELETE OU ROMPEDOR PNEUMÁTICO MANUAL, 28 KG, COM SILENCIADOR - CHI DIURNO. AF_07/2016","CHOR - CUSTOS HORÁRIOS DE MÁQUINAS E EQUIPAMENTOS",null,"CHI",5.9700000000000003E-2,16.43,0.98]
["Composição Auxiliar",87298,"SINAPI","ARGAMASSA TRAÇO 1:3 (EM VOLUME DE CIMENTO E AREIA MÉDIA ÚMIDA) PARA CONTRAPISO, PREPARO MECÂNICO COM BETONEIRA 400 L. AF_08/2019","SEDI - SERVIÇOS DIVERSOS",null,"m³",1.1999999999999999E-3,774.39,0.92]
["Composição Auxiliar",88239,"SINAPI","AJUDANTE DE CARPINTEIRO COM ENCARGOS COMPLEMENTARES","SEDI - SERVIÇOS DIVERSOS",null,"H",0.53420000000000001,16.91,9.0299999999999994]
["Composição Auxiliar",88262,"SINAPI","CARPINTEIRO DE FORMAS COM ENCARGOS COMPLEMENTARES","SEDI - SERVIÇOS DIVERSOS",null,"H",0.53420000000000001,20.329999999999998,10.86]
["Insumo",4721,"SINAPI","PEDRA BRITADA N. 1 (9,5 a 19 MM) POSTO PEDREIRA/FORNECEDOR, SEM FRETE","Material",null,"m³",2.3E-3,268.58999999999997,0.61]
["Insumo",20204,"SINAPI","PRANCHAO APARELHADO *7,5 X 23* CM, EM MACARANDUBA/MASSARANDUBA, ANGELIM OU EQUIVALENTE DA REGIAO","Material",null,"M",0.64649999999999996,46.75,30.22]
["Insumo",20211,"SINAPI","VIGA APARELHADA *6 X 16* CM, EM MACARANDUBA/MASSARANDUBA, ANGELIM OU EQUIVALENTE DA REGIAO","Material",null,"M",2.7273000000000001,19.57,53.37]
["Insumo",35275,"SINAPI","PILAR QUADRADO NAO APARELHADO *15 X 15* CM, EM MACARANDUBA/MASSARANDUBA, ANGELIM OU EQUIVALENTE DA REGIAO - BRUTA","Material",null,"M",0.69259999999999999,61.8,42.8]
["Insumo",39027,"SINAPI","PREGO DE ACO POLIDO COM CABECA 19  X 36 (3 1/4  X  9)","Material",null,"KG",3.1199999999999999E-2,20.100000000000001,0.62]
[null,0,null,null,"MO sem LS =>",10.176894518453812,"LS =>",8.4600000000000009,"MO com LS =>",18.64]
[null,0,null,null,"Valor do BDI =>",0,null,"Valor com BDI =>",null,170.35]
[null,0]
[" 16 ","Código","Banco","Descrição","Tipo",null,"Und","Quant.","Valor Unit","Total"]
["Composição",103946,"SINAPI","PLANTIO DE GRAMA ESMERALDA OU SÃO CARLOS OU CURITIBANA, EM PLACAS. AF_05/2022","URBA - URBANIZAÇÃO",null,"m²",1,18.489999999999998,18.489999999999998]
["Composição Auxiliar",88316,"SINAPI","SERVENTE COM ENCARGOS COMPLEMENTARES","SEDI - SERVIÇOS DIVERSOS",null,"H",0.15640000000000001,15.35,2.4]
["Composição Auxiliar",88441,"SINAPI","JARDINEIRO COM ENCARGOS COMPLEMENTARES","SEDI - SERVIÇOS DIVERSOS",null,"H",3.9100000000000003E-2,15.25,0.59]
["Insumo",3322,"SINAPI","GRAMA ESMERALDA OU SAO CARLOS OU CURITIBANA, EM PLACAS, SEM PLANTIO","Material",null,"m²",1,15.5,15.5]
[null,0,null,null,"MO sem LS =>",1.2502729853679844,"LS =>",1.04,"MO com LS =>",2.29]
[null,0,null,null,"Valor do BDI =>",0,null,"Valor com BDI =>",null,18.489999999999998]
[null,0]
[" 16 ","Código","Banco","Descrição","Tipo",null,"Und","Quant.","Valor Unit","Total"]
["Composição",98511,"SINAPI","PLANTIO DE ÁRVORE ORNAMENTAL COM ALTURA DE MUDA MAIOR QUE 2,00 M E MENOR OU IGUAL A 4,00 M. AF_05/2018","URBA - URBANIZAÇÃO",null,"UN",1,124.74,124.74]
["Composição Auxiliar",88316,"SINAPI","SERVENTE COM ENCARGOS COMPLEMENTARES","SEDI - SERVIÇOS DIVERSOS",null,"H",1.0401,15.35,15.96]
["Composição Auxiliar",88441,"SINAPI","JARDINEIRO COM ENCARGOS COMPLEMENTARES","SEDI - SERVIÇOS DIVERSOS",null,"H",0.26,15.25,3.96]
["Insumo",359,"SINAPI","MUDA DE ARVORE ORNAMENTAL, OITI/AROEIRA SALSA/ANGICO/IPE/JACARANDA OU EQUIVALENTE  DA REGIAO, H= *2* M","Material",null,"UN",1,104.82,104.82]
[null,0,null,null,"MO sem LS =>",8.3424328455994754,"LS =>",6.94,"MO com LS =>",15.28]
[null,0,null,null,"Valor do BDI =>",0,null,"Valor com BDI =>",null,124.74]
[null,0]
[" 17 ","Código","Banco","Descrição","Tipo",null,"Und","Quant.","Valor Unit","Total"]
["Composição",98510,"SINAPI","PLANTIO DE ÁRVORE ORNAMENTAL COM ALTURA DE MUDA MENOR OU IGUAL A 2,00 M. AF_05/2018","URBA - URBANIZAÇÃO",null,"UN",1,64.959999999999994,64.959999999999994]
["Composição Auxiliar",88316,"SINAPI","SERVENTE COM ENCARGOS COMPLEMENTARES","SEDI - SERVIÇOS DIVERSOS",null,"H",0.72719999999999996,15.35,11.16]
["Composição Auxiliar",88441,"SINAPI","JARDINEIRO COM ENCARGOS COMPLEMENTARES","SEDI - SERVIÇOS DIVERSOS",null,"H",0.18179999999999999,15.25,2.77]
["Insumo",358,"SINAPI","MUDA DE ARVORE ORNAMENTAL, OITI/AROEIRA SALSA/ANGICO/IPE/JACARANDA OU EQUIVALENTE  DA REGIAO, H= *1* M","Material",null,"UN",1,51.03,51.03]
[null,0,null,null,"MO sem LS =>",5.8255077527844508,"LS =>",4.84,"MO com LS =>",10.67]
[null,0,null,null,"Valor do BDI =>",0,null,"Valor com BDI =>",null,64.959999999999994]
[null,0]
[" 19 ","Código","Banco","Descrição","Tipo",null,"Und","Quant.","Valor Unit","Total"]
["Composição",101167,"SINAPI","EXECUÇÃO DE PAVIMENTO EM PARALELEPÍPEDOS, REJUNTAMENTO COM PÓ DE PEDRA. AF_05/2020","PAVI - PAVIMENTAÇÃO",null,"m²",1,307.08999999999997,307.08999999999997]
["Composição Auxiliar",5684,"SINAPI","ROLO COMPACTADOR VIBRATÓRIO DE UM CILINDRO AÇO LISO, POTÊNCIA 80 HP, PESO OPERACIONAL MÁXIMO 8,1 T, IMPACTO DINÂMICO 16,15 / 9,5 T, LARGURA DE TRABALHO 1,68 M - CHP DIURNO. AF_06/2014","CHOR - CUSTOS HORÁRIOS DE MÁQUINAS E EQUIPAMENTOS",null,"CHP",3.0999999999999999E-3,146.38999999999999,0.45]
["Composição Auxiliar",5685,"SINAPI","ROLO COMPACTADOR VIBRATÓRIO DE UM CILINDRO AÇO LISO, POTÊNCIA 80 HP, PESO OPERACIONAL MÁXIMO 8,1 T, IMPACTO DINÂMICO 16,15 / 9,5 T, LARGURA DE TRABALHO 1,68 M - CHI DIURNO. AF_06/2014","CHOR - CUSTOS HORÁRIOS DE MÁQUINAS E EQUIPAMENTOS",null,"CHI",0.107,54.99,5.88]
["Composição Auxiliar",88260,"SINAPI","CALCETEIRO COM ENCARGOS COMPLEMENTARES","SEDI - SERVIÇOS DIVERSOS",null,"H",0.33050000000000002,18.920000000000002,6.25]
["Composição Auxiliar",88316,"SINAPI","SERVENTE COM ENCARGOS COMPLEMENTARES","SEDI - SERVIÇOS DIVERSOS",null,"H",0.33050000000000002,15.35,5.07]
["Insumo",367,"SINAPI","AREIA GROSSA - POSTO JAZIDA/FORNECEDOR (RETIRADO NA JAZIDA, SEM TRANSPORTE)","Material",null,"m³",0.114,106.37,12.12]
["Insumo",4385,"SINAPI","PARALELEPIPEDO GRANITICO OU BASALTICO, PARA PAVIMENTACAO, SEM FRETE (VARIACAO REGIONAL DE PECAS POR M2)","Material",null,"MIL",3.3000000000000002E-2,8247.2099999999991,272.14999999999998]
["Insumo",4741,"SINAPI","PO DE PEDRA (POSTO PEDREIRA/FORNECEDOR, SEM FRETE)","Material",null,"m³",2.0400000000000001E-2,253.71,5.17]
[null,0,null,null,"MO sem LS =>",5.6180388731164008,"LS =>",4.67,"MO com LS =>",10.29]
[null,0,null,null,"Valor do BDI =>",0,null,"Valor com BDI =>",null,307.08999999999997]
[null,0]
[" 20 ","Código","Banco","Descrição","Tipo",null,"Und","Quant.","Valor Unit","Total"]
["Composição",97090,"SINAPI","ARMAÇÃO PARA EXECUÇÃO DE RADIER, PISO DE CONCRETO OU LAJE SOBRE SOLO, COM USO DE TELA Q-138. AF_09/2021","FUES - FUNDAÇÕES E ESTRUTURAS",null,"KG",1,12.73,12.73]
["Composição Auxiliar",88238,"SINAPI","AJUDANTE DE ARMADOR COM ENCARGOS COMPLEMENTARES","SEDI - SERVIÇOS DIVERSOS",null,"H",1.0999999999999999E-2,15.4,0.16]
["Composição Auxiliar",88245,"SINAPI","ARMADOR COM ENCARGOS COMPLEMENTARES","SEDI - SERVIÇOS DIVERSOS",null,"H",3.1E-2,20.51,0.63]
["Insumo",7155,"SINAPI","TELA DE ACO SOLDADA NERVURADA, CA-60, Q-138, (2,20 KG/M2), DIAMETRO DO FIO = 4,2 MM, LARGURA = 2,45 M, ESPACAMENTO DA MALHA = 10  X 10 CM","Material",null,"m²",0.55500000000000005,16.59,9.1999999999999993]
["Insumo",42407,"SINAPI","TRELICA NERVURADA (ESPACADOR), ALTURA = 120,0 MM, DIAMETRO DOS BANZOS INFERIORES E SUPERIOR = 6,0 MM, DIAMETRO DA DIAGONAL = 4,2 MM","Material",null,"M",0.45500000000000002,5.43,2.4700000000000002]
["Insumo",43132,"SINAPI","ARAME RECOZIDO 16 BWG, D = 1,65 MM (0,016 KG/M) OU 18 BWG, D = 1,25 MM (0,01 KG/M)","Material",null,"KG",1.0999999999999999E-2,25,0.27]
[null,0,null,null,"MO sem LS =>",0.34942127101987336,"LS =>",0.28999999999999998,"MO com LS =>",0.64]
[null,0,null,null,"Valor do BDI =>",0,null,"Valor com BDI =>",null,12.73]
[null,0]
[" 21 ","Código","Banco","Descrição","Tipo",null,"Und","Quant.","Valor Unit","Total"]
["Composição",97096,"SINAPI","CONCRETAGEM DE RADIER, PISO DE CONCRETO OU LAJE SOBRE SOLO, FCK 30 MPA - LANÇAMENTO, ADENSAMENTO E ACABAMENTO. AF_09/2021","FUES - FUNDAÇÕES E ESTRUTURAS",null,"m³",1,824.19,824.19]
["Composição Auxiliar",88309,"SINAPI","PEDREIRO COM ENCARGOS COMPLEMENTARES","SEDI - SERVIÇOS DIVERSOS",null,"H",0.41099999999999998,20.67,8.49]
["Composição Auxiliar",88316,"SINAPI","SERVENTE COM ENCARGOS COMPLEMENTARES","SEDI - SERVIÇOS DIVERSOS",null,"H",0.41099999999999998,15.35,6.3]
["Composição Auxiliar",90586,"SINAPI","VIBRADOR DE IMERSÃO, DIÂMETRO DE PONTEIRA 45MM, MOTOR ELÉTRICO TRIFÁSICO POTÊNCIA DE 2 CV - CHP DIURNO. AF_06/2015","CHOR - CUSTOS HORÁRIOS DE MÁQUINAS E EQUIPAMENTOS",null,"CHP",5.2999999999999999E-2,1.29,0.06]
["Composição Auxiliar",90587,"SINAPI","VIBRADOR DE IMERSÃO, DIÂMETRO DE PONTEIRA 45MM, MOTOR ELÉTRICO TRIFÁSICO POTÊNCIA DE 2 CV - CHI DIURNO. AF_06/2015","CHOR - CUSTOS HORÁRIOS DE MÁQUINAS E EQUIPAMENTOS",null,"CHI",4.9000000000000002E-2,0.49,0.02]
["Insumo",1525,"SINAPI","CONCRETO USINADO BOMBEAVEL, CLASSE DE RESISTENCIA C30, BRITA 0 E 1, SLUMP = 100 +/- 20 MM, COM BOMBEAMENTO (DISPONIBILIZACAO DE BOMBA), SEM O LANCAMENTO (NBR 8953)","Material",null,"m³",1.06,763.51,809.32]
[null,0,null,null,"MO sem LS =>",6.4533740991482853,"LS =>",5.37,"MO com LS =>",11.82]
[null,0,null,null,"Valor do BDI =>",0,null,"Valor com BDI =>",null,824.19]
[null,0]
[" 22 ","Código","Banco","Descrição","Tipo",null,"Und","Quant.","Valor Unit","Total"]
["Composição",94263,"SINAPI","GUIA (MEIO-FIO) CONCRETO, MOLDADA  IN LOCO  EM TRECHO RETO COM EXTRUSORA, 13 CM BASE X 22 CM ALTURA. AF_06/2016","DROP - DRENAGEM/OBRAS DE CONTENÇÃO / POÇOS DE VISITA E CAIXAS",null,"M",1,35.26,35.26]
["Composição Auxiliar",88243,"SINAPI","AJUDANTE ESPECIALIZADO COM ENCARGOS COMPLEMENTARES","SEDI - SERVIÇOS DIVERSOS",null,"H",8.6999999999999994E-2,15.4,1.33]
["Composição Auxiliar",88309,"SINAPI","PEDREIRO COM ENCARGOS COMPLEMENTARES","SEDI - SERVIÇOS DIVERSOS",null,"H",0.221,20.67,4.5599999999999996]
["Composição Auxiliar",88316,"SINAPI","SERVENTE COM ENCARGOS COMPLEMENTARES","SEDI - SERVIÇOS DIVERSOS",null,"H",0.442,15.35,6.78]
["Composição Auxiliar",88631,"SINAPI","ARGAMASSA TRAÇO 1:4 (EM VOLUME DE CIMENTO E AREIA MÉDIA ÚMIDA), PREPARO MANUAL. AF_08/2019","SEDI - SERVIÇOS DIVERSOS",null,"m³",2E-3,637.54,1.27]
["Composição Auxiliar",92960,"SINAPI","MÁQUINA EXTRUSORA DE CONCRETO PARA GUIAS E SARJETAS, MOTOR A DIESEL, POTÊNCIA 14 CV - CHP DIURNO. AF_12/2015","CHOR - CUSTOS HORÁRIOS DE MÁQUINAS E EQUIPAMENTOS",null,"CHP",1.4E-2,18.61,0.26]
["Composição Auxiliar",92961,"SINAPI","MÁQUINA EXTRUSORA DE CONCRETO PARA GUIAS E SARJETAS, MOTOR A DIESEL, POTÊNCIA 14 CV - CHI DIURNO. AF_12/2015","CHOR - CUSTOS HORÁRIOS DE MÁQUINAS E EQUIPAMENTOS",null,"CHI",7.1999999999999995E-2,5.38,0.38]
["Insumo",370,"SINAPI","AREIA MEDIA - POSTO JAZIDA/FORNECEDOR (RETIRADO NA JAZIDA, SEM TRANSPORTE)","Material",null,"m³",7.0000000000000001E-3,105,0.73]
["Insumo",34492,"SINAPI","CONCRETO USINADO BOMBEAVEL, CLASSE DE RESISTENCIA C20, COM BRITA 0 E 1, SLUMP = 100 +/- 20 MM, EXCLUI SERVICO DE BOMBEAMENTO (NBR 8953)","Material",null,"m³",0.03,665,19.95]
[null,0,null,null,"MO sem LS =>",5.5579820921598602,"LS =>",4.62,"MO com LS =>",10.18]
[null,0,null,null,"Valor do BDI =>",0,null,"Valor com BDI =>",null,35.26]
[null,0]
[" 23 ","Código","Banco","Descrição","Tipo",null,"Und","Quant.","Valor Unit","Total"]
["Composição",103307,"SINAPI","INSTALAÇÃO DE LIXEIRA METÁLICA DUPLA, CAPACIDADE DE 60 L, EM TUBO DE AÇO CARBONO E CESTOS EM CHAPA DE AÇO COM PINTURA ELETROSTÁTICA, SOBRE PISO DE CONCRETO EXISTENTE. AF_11/2021","URBA - URBANIZAÇÃO",null,"UN",1,1322.14,1322.14]
["Composição Auxiliar",102486,"SINAPI","CONCRETO FCK = 15MPA, TRAÇO 1:3,4:3,4 (EM MASSA SECA DE CIMENTO/ AREIA MÉDIA/ SEIXO ROLADO) - PREPARO MANUAL. AF_05/2021","FUES - FUNDAÇÕES E ESTRUTURAS",null,"m³",2.2200000000000001E-2,991.67,22.01]
["Composição Auxiliar",5795,"SINAPI","MARTELETE OU ROMPEDOR PNEUMÁTICO MANUAL, 28 KG, COM SILENCIADOR - CHP DIURNO. AF_07/2016","CHOR - CUSTOS HORÁRIOS DE MÁQUINAS E EQUIPAMENTOS",null,"CHP",7.6799999999999993E-2,18.13,1.39]
["Composição Auxiliar",5952,"SINAPI","MARTELETE OU ROMPEDOR PNEUMÁTICO MANUAL, 28 KG, COM SILENCIADOR - CHI DIURNO. AF_07/2016","CHOR - CUSTOS HORÁRIOS DE MÁQUINAS E EQUIPAMENTOS",null,"CHI",0.25850000000000001,16.43,4.24]
["Composição Auxiliar",87298,"SINAPI","ARGAMASSA TRAÇO 1:3 (EM VOLUME DE CIMENTO E AREIA MÉDIA ÚMIDA) PARA CONTRAPISO, PREPARO MECÂNICO COM BETONEIRA 400 L. AF_08/2019","SEDI - SERVIÇOS DIVERSOS",null,"m³",1.6000000000000001E-3,774.39,1.23]
["Composição Auxiliar",88309,"SINAPI","PEDREIRO COM ENCARGOS COMPLEMENTARES","SEDI - SERVIÇOS DIVERSOS",null,"H",1.8461000000000001,20.67,38.15]
["Composição Auxiliar",88316,"SINAPI","SERVENTE COM ENCARGOS COMPLEMENTARES","SEDI - SERVIÇOS DIVERSOS",null,"H",1.2307999999999999,15.35,18.89]
["Insumo",4721,"SINAPI","PEDRA BRITADA N. 1 (9,5 a 19 MM) POSTO PEDREIRA/FORNECEDOR, SEM FRETE","Material",null,"m³",1.1999999999999999E-3,268.58999999999997,0.32]
["Insumo",42440,"SINAPI","LIXEIRA DUPLA, COM CAPACIDADE VOLUMETRICA DE 60L*, FABRICADA EM TUBO DE ACO CARBONO, CESTOS EM CHAPA DE ACO E PINTURA NO PROCESSO ELETROSTATICO - PARA ACADEMIA AO AR LIVRE / ACADEMIA DA TERCEIRA IDADE - ATI","Material",null,"UN",1,1235.9100000000001,1235.9100000000001]
[null,0,null,null,"MO sem LS =>",28.188469098056345,"LS =>",23.44,"MO com LS =>",51.63]
[null,0,null,null,"Valor do BDI =>",0,null,"Valor com BDI =>",null,1322.14]
[null,0]
[" 24 ","Código","Banco","Descrição","Tipo",null,"Und","Quant.","Valor Unit","Total"]
["Composição",89357,"SINAPI","TUBO, PVC, SOLDÁVEL, DN 32MM, INSTALADO EM RAMAL OU SUB-RAMAL DE ÁGUA - FORNECIMENTO E INSTALAÇÃO. AF_06/2022","INHI - INSTALAÇÕES HIDROS SANITÁRIAS",null,"M",1,26.52,26.52]
["Composição Auxiliar",88248,"SINAPI","AUXILIAR DE ENCANADOR OU BOMBEIRO HIDRÁULICO COM ENCARGOS COMPLEMENTARES","SEDI - SERVIÇOS DIVERSOS",null,"H",0.45300000000000001,16.45,7.45]
["Composição Auxiliar",88267,"SINAPI","ENCANADOR OU BOMBEIRO HIDRÁULICO COM ENCARGOS COMPLEMENTARES","SEDI - SERVIÇOS DIVERSOS",null,"H",0.45300000000000001,19.940000000000001,9.0299999999999994]
["Insumo",9869,"SINAPI","TUBO PVC, SOLDAVEL, DE 32 MM, AGUA FRIA (NBR-5648)","Material",null,"M",1.0492999999999999,9.34,9.8000000000000007]
["Insumo",38383,"SINAPI","LIXA D'AGUA EM FOLHA, GRAO 100","Material",null,"UN",0.1056,2.2799999999999998,0.24]
[null,0,null,null,"MO sem LS =>",7.4961782048482197,"LS =>",6.23,"MO com LS =>",13.73]
[null,0,null,null,"Valor do BDI =>",0,null,"Valor com BDI =>",null,26.52]
[null,0]
[" 25 ","Código","Banco","Descrição","Tipo",null,"Und","Quant.","Valor Unit","Total"]
["Composição",94991,"SINAPI","EXECUÇÃO DE PASSEIO (CALÇADA) OU PISO DE CONCRETO COM CONCRETO MOLDADO IN LOCO, USINADO C20, ACABAMENTO CONVENCIONAL, NÃO ARMADO. AF_08/2022","PISO - PISOS",null,"m³",1,912.21,912.21]
["Composição Auxiliar",88262,"SINAPI","CARPINTEIRO DE FORMAS COM ENCARGOS COMPLEMENTARES","SEDI - SERVIÇOS DIVERSOS",null,"H",1.6268,20.329999999999998,33.07]
["Composição Auxiliar",88309,"SINAPI","PEDREIRO COM ENCARGOS COMPLEMENTARES","SEDI - SERVIÇOS DIVERSOS",null,"H",0.156,20.67,3.22]
["Composição Auxiliar",88316,"SINAPI","SERVENTE COM ENCARGOS COMPLEMENTARES","SEDI - SERVIÇOS DIVERSOS",null,"H",1.7827999999999999,15.35,27.36]
["Insumo",2692,"SINAPI","DESMOLDANTE PROTETOR PARA FORMAS DE MADEIRA, DE BASE OLEOSA EMULSIONADA EM AGUA","Material",null,"L",2.1299999999999999E-2,12.86,0.27]
["Insumo",4509,"SINAPI","SARRAFO *2,5 X 10* CM EM PINUS, MISTA OU EQUIVALENTE DA REGIAO - BRUTA","Material",null,"M",3.125,4.8099999999999996,15.03]
["Insumo",4517,"SINAPI","SARRAFO *2,5 X 7,5* CM EM PINUS, MISTA OU EQUIVALENTE DA REGIAO - BRUTA","Material",null,"M",2.5,3.32,8.3000000000000007]
["Insumo",5068,"SINAPI","PREGO DE ACO POLIDO COM CABECA 17 X 21 (2 X 11)","Material",null,"KG",0.2994,20.12,6.02]
["Insumo",34492,"SINAPI","CONCRETO USINADO BOMBEAVEL, CLASSE DE RESISTENCIA C20, COM BRITA 0 E 1, SLUMP = 100 +/- 20 MM, EXCLUI SERVICO DE BOMBEAMENTO (NBR 8953)","Material",null,"m³",1.2315,665,818.94]
[null,0,null,null,"MO sem LS =>",27.855426949115529,"LS =>",23.16,"MO com LS =>",51.02]
[null,0,null,null,"Valor do BDI =>",0,null,"Valor com BDI =>",null,912.21]
[null,0]
[" 26 ","Código","Banco","Descrição","Tipo",null,"Und","Quant.","Valor Unit","Total"]
["Composição",97625,"SINAPI","DEMOLIÇÃO DE ALVENARIA PARA QUALQUER TIPO DE BLOCO, DE FORMA MECANIZADA, SEM REAPROVEITAMENTO. AF_12/2017","SERP - SERVIÇOS PRELIMINARES",null,"m³",1,48.81,48.81]
["Composição Auxiliar",5940,"SINAPI","PÁ CARREGADEIRA SOBRE RODAS, POTÊNCIA LÍQUIDA 128 HP, CAPACIDADE DA CAÇAMBA 1,7 A 2,8 M3, PESO OPERACIONAL 11632 KG - CHP DIURNO. AF_06/2014","CHOR - CUSTOS HORÁRIOS DE MÁQUINAS E EQUIPAMENTOS",null,"CHP",0.24,167.12,40.1]
["Composição Auxiliar",5942,"SINAPI","PÁ CARREGADEIRA SOBRE RODAS, POTÊNCIA LÍQUIDA 128 HP, CAPACIDADE DA CAÇAMBA 1,7 A 2,8 M3, PESO OPERACIONAL 11632 KG - CHI DIURNO. AF_06/2014","CHOR - CUSTOS HORÁRIOS DE MÁQUINAS E EQUIPAMENTOS",null,"CHI",0.1394,62.49,8.7100000000000009]
[null,0,null,null,"MO sem LS =>",3.1775496833369732,"LS =>",2.64,"MO com LS =>",5.82]
[null,0,null,null,"Valor do BDI =>",0,null,"Valor com BDI =>",null,48.81]
[null,0]
[" 27 ","Código","Banco","Descrição","Tipo",null,"Und","Quant.","Valor Unit","Total"]
["Composição",97627,"SINAPI","DEMOLIÇÃO DE PILARES E VIGAS EM CONCRETO ARMADO, DE FORMA MECANIZADA COM MARTELETE, SEM REAPROVEITAMENTO. AF_12/2017","SERP - SERVIÇOS PRELIMINARES",null,"m³",1,210.51,210.51]
["Composição Auxiliar",5795,"SINAPI","MARTELETE OU ROMPEDOR PNEUMÁTICO MANUAL, 28 KG, COM SILENCIADOR - CHP DIURNO. AF_07/2016","CHOR - CUSTOS HORÁRIOS DE MÁQUINAS E EQUIPAMENTOS",null,"CHP",3.2467999999999999,18.13,58.86]
["Composição Auxiliar",5952,"SINAPI","MARTELETE OU ROMPEDOR PNEUMÁTICO MANUAL, 28 KG, COM SILENCIADOR - CHI DIURNO. AF_07/2016","CHOR - CUSTOS HORÁRIOS DE MÁQUINAS E EQUIPAMENTOS",null,"CHI",0.92020000000000002,16.43,15.11]
["Composição Auxiliar",88309,"SINAPI","PEDREIRO COM ENCARGOS COMPLEMENTARES","SEDI - SERVIÇOS DIVERSOS",null,"H",0.63660000000000005,20.67,13.15]
["Composição Auxiliar",88316,"SINAPI","SERVENTE COM ENCARGOS COMPLEMENTARES","SEDI - SERVIÇOS DIVERSOS",null,"H",6.5785,15.35,100.97]
["Insumo",41954,"SINAPI","CABO DE ACO GALVANIZADO, DIAMETRO 9,53 MM (3/8\"), COM ALMA DE FIBRA 6 X 25 F","Material",null,"KG",0.28349999999999997,79.09,22.42]
[null,0,null,null,"MO sem LS =>",76.124699716095222,"LS =>",63.31,"MO com LS =>",139.43]
[null,0,null,null,"Valor do BDI =>",0,null,"Valor com BDI =>",null,210.51]
[null,0]
[" 28 ","Código","Banco","Descrição","Tipo",null,"Und","Quant.","Valor Unit","Total"]
["Composição",95876,"SINAPI","TRANSPORTE COM CAMINHÃO BASCULANTE DE 14 M³, EM VIA URBANA PAVIMENTADA, DMT ATÉ 30 KM (UNIDADE: M3XKM). AF_07/2020","TRAN - TRANSPORTES, CARGAS E DESCARGAS",null,"M3XKM",1,1.98,1.98]
["Composição Auxiliar",89876,"SINAPI","CAMINHÃO BASCULANTE 14 M3, COM CAVALO MECÂNICO DE CAPACIDADE MÁXIMA DE TRAÇÃO COMBINADO DE 36000 KG, POTÊNCIA 286 CV, INCLUSIVE SEMIREBOQUE COM CAÇAMBA METÁLICA - CHP DIURNO. AF_12/2014","CHOR - CUSTOS HORÁRIOS DE MÁQUINAS E EQUIPAMENTOS",null,"CHP",5.8999999999999999E-3,304.31,1.79]
["Composição Auxiliar",89877,"SINAPI","CAMINHÃO BASCULANTE 14 M3, COM CAVALO MECÂNICO DE CAPACIDADE MÁXIMA DE TRAÇÃO COMBINADO DE 36000 KG, POTÊNCIA 286 CV, INCLUSIVE SEMIREBOQUE COM CAÇAMBA METÁLICA - CHI DIURNO. AF_12/2014","CHOR - CUSTOS HORÁRIOS DE MÁQUINAS E EQUIPAMENTOS",null,"CHI",2.5000000000000001E-3,77.53,0.19]
[null,0,null,null,"MO sem LS =>",7.6435903035597288E-2,"LS =>",0.06,"MO com LS =>",0.14000000000000001]
[null,0,null,null,"Valor do BDI =>",0,null,"Valor com BDI =>",null,1.98]
[null,0]
[" 29 ","Código","Banco","Descrição","Tipo",null,"Und","Quant.","Valor Unit","Total"]
["Composição",90777,"SINAPI","ENGENHEIRO CIVIL DE OBRA JUNIOR COM ENCARGOS COMPLEMENTARES","SEDI - SERVIÇOS DIVERSOS",null,"H",1,97.5,97.5]
["Composição Auxiliar",95402,"SINAPI","CURSO DE CAPACITAÇÃO PARA ENGENHEIRO CIVIL DE OBRA JÚNIOR (ENCARGOS COMPLEMENTARES) - HORISTA","SEDI - SERVIÇOS DIVERSOS",null,"H",1,1.45,1.45]
["Insumo",2706,"SINAPI","ENGENHEIRO CIVIL DE OBRA JUNIOR","Mão de Obra",null,"H",1,94.18,94.18]
["Insumo",37372,"SINAPI","EXAMES - HORISTA (COLETADO CAIXA - ENCARGOS COMPLEMENTARES)","Outros",null,"H",1,1.1399999999999999,1.1399999999999999]
["Insumo",37373,"SINAPI","SEGURO - HORISTA (COLETADO CAIXA - ENCARGOS COMPLEMENTARES)","Taxas",null,"H",1,0.01,0.01]
["Insumo",43462,"SINAPI","FERRAMENTAS - FAMILIA ENGENHEIRO CIVIL - HORISTA (ENCARGOS COMPLEMENTARES - COLETADO CAIXA)","Equipamento",null,"H",1,0.01,0.01]
["Insumo",43486,"SINAPI","EPI - FAMILIA ENGENHEIRO CIVIL - HORISTA (ENCARGOS COMPLEMENTARES - COLETADO CAIXA)","Equipamento",null,"H",1,0.71,0.71]
[null,0,null,null,"MO sem LS =>",52.211181500000002,"LS =>",43.42,"MO com LS =>",95.63000000000001]
[null,0,null,null,"Valor do BDI =>",0,null,"Valor com BDI =>",null,97.5]
[null,0]
[" 30 ","Código","Banco","Descrição","Tipo",null,"Und","Quant.","Valor Unit","Total"]
["Composição",93572,"SINAPI","ENCARREGADO GERAL DE OBRAS COM ENCARGOS COMPLEMENTARES","SEDI - SERVIÇOS DIVERSOS",null,"MES",1,3854.99,3854.99]
["Composição Auxiliar",95422,"SINAPI","CURSO DE CAPACITAÇÃO PARA ENCARREGADO GERAL DE OBRAS (ENCARGOS COMPLEMENTARES) - MENSALISTA","SEDI - SERVIÇOS DIVERSOS",null,"MES",1,55.95,55.95]
["Insumo",40818,"SINAPI","ENCARREGADO GERAL DE OBRAS (MENSALISTA)","Mão de Obra",null,"MES",1,3340.47,3340.47]
["Insumo",40863,"SINAPI","EXAMES - MENSALISTA (COLETADO CAIXA - ENCARGOS COMPLEMENTARES)","Material",null,"MES",1,215.56,215.56]
["Insumo",40864,"SINAPI","SEGURO - MENSALISTA (COLETADO CAIXA - ENCARGOS COMPLEMENTARES)","Material",null,"MES",1,0.01,0.01]
["Insumo",43475,"SINAPI","FERRAMENTAS - FAMILIA ENCARREGADO GERAL - MENSALISTA (ENCARGOS COMPLEMENTARES - COLETADO CAIXA)","Equipamento",null,"MES",1,21.49,21.49]
["Insumo",43499,"SINAPI","EPI - FAMILIA ENCARREGADO GERAL - MENSALISTA (ENCARGOS COMPLEMENTARES - COLETADO CAIXA)","Equipamento",null,"MES",1,221.51,221.51]
[null,0,null,null,"MO sem LS =>",1854.3459270999999,"LS =>",1542.07,"MO com LS =>",3396.42]
[null,0,null,null,"Valor do BDI =>",0,null,"Valor com BDI =>",null,3854.99]
[null,0]
[" 31 ","Código","Banco","Descrição","Tipo",null,"Und","Quant.","Valor Unit","Total"]
["Composição",93584,"SINAPI","EXECUÇÃO DE DEPÓSITO EM CANTEIRO DE OBRA EM CHAPA DE MADEIRA COMPENSADA, NÃO INCLUSO MOBILIÁRIO. AF_04/2016","CANT - CANTEIRO DE OBRAS",null,"m²",1,744.34,744.34]
["Composição Auxiliar",101165,"SINAPI","ALVENARIA DE EMBASAMENTO COM BLOCO ESTRUTURAL DE CONCRETO, DE 14X19X29CM E ARGAMASSA DE ASSENTAMENTO COM PREPARO EM BETONEIRA. AF_05/2020","FUES - FUNDAÇÕES E ESTRUTURAS",null,"m³",4.1700000000000001E-2,878.86,36.64]
["Composição Auxiliar",88489,"SINAPI","PINTURA LÁTEX ACRÍLICA PREMIUM, APLICAÇÃO MANUAL EM PAREDES, DUAS DEMÃOS. AF_04/2023","PINT - PINTURAS",null,"m²",5.0648999999999997,8.41,42.59]
["Composição Auxiliar",91170,"SINAPI","FIXAÇÃO DE TUBOS HORIZONTAIS DE PVC, CPVC OU COBRE DIÂMETROS MENORES OU IGUAIS A 40 MM OU ELETROCALHAS ATÉ 150MM DE LARGURA, COM ABRAÇADEIRA METÁLICA RÍGIDA TIPO D 1/2\u0094, FIXADA EM PERFILADO EM LAJE. AF_05/2015","INHI - INSTALAÇÕES HIDROS SANITÁRIAS",null,"M",0.13250000000000001,3.29,0.43]
["Composição Auxiliar",91173,"SINAPI","FIXAÇÃO DE TUBOS VERTICAIS DE PPR DIÂMETROS MENORES OU IGUAIS A 40 MM COM ABRAÇADEIRA METÁLICA RÍGIDA TIPO D 1/2\", FIXADA EM PERFILADO EM ALVENARIA. AF_05/2015","INHI - INSTALAÇÕES HIDROS SANITÁRIAS",null,"M",0.17219999999999999,1.67,0.28000000000000003]
["Composição Auxiliar",91341,"SINAPI","PORTA EM ALUMÍNIO DE ABRIR TIPO VENEZIANA COM GUARNIÇÃO, FIXAÇÃO COM PARAFUSOS - FORNECIMENTO E INSTALAÇÃO. AF_12/2019","ESQV - ESQUADRIAS/FERRAGENS/VIDROS",null,"m²",0.153,661.17,101.15]
["Composição Auxiliar",91852,"SINAPI","ELETRODUTO FLEXÍVEL CORRUGADO, PVC, DN 20 MM (1/2\"), PARA CIRCUITOS TERMINAIS, INSTALADO EM PAREDE - FORNECIMENTO E INSTALAÇÃO. AF_03/2023","INEL - INSTALAÇÃO ELÉTRICA/ELETRIFICAÇÃO E ILUMINAÇÃO EXTERNA",null,"M",6.6199999999999995E-2,8.0399999999999991,0.53]
["Composição Auxiliar",91862,"SINAPI","ELETRODUTO RÍGIDO ROSCÁVEL, PVC, DN 20 MM (1/2\"), PARA CIRCUITOS TERMINAIS, INSTALADO EM FORRO - FORNECIMENTO E INSTALAÇÃO. AF_03/2023","INEL - INSTALAÇÃO ELÉTRICA/ELETRIFICAÇÃO E ILUMINAÇÃO EXTERNA",null,"M",0.13250000000000001,9,1.19]
["Composição Auxiliar",91870,"SINAPI","ELETRODUTO RÍGIDO ROSCÁVEL, PVC, DN 20 MM (1/2\"), PARA CIRCUITOS TERMINAIS, INSTALADO EM PAREDE - FORNECIMENTO E INSTALAÇÃO. AF_03/2023","INEL - INSTALAÇÃO ELÉTRICA/ELETRIFICAÇÃO E ILUMINAÇÃO EXTERNA",null,"M",0.17219999999999999,11.5,1.98]
["Composição Auxiliar",91924,"SINAPI","CABO DE COBRE FLEXÍVEL ISOLADO, 1,5 MM², ANTI-CHAMA 450/750 V, PARA CIRCUITOS TERMINAIS - FORNECIMENTO E INSTALAÇÃO. AF_03/2023","INEL - INSTALAÇÃO ELÉTRICA/ELETRIFICAÇÃO E ILUMINAÇÃO EXTERNA",null,"M",0.67549999999999999,3.2,2.16]
["Composição Auxiliar",92023,"SINAPI","INTERRUPTOR SIMPLES (1 MÓDULO) COM 1 TOMADA DE EMBUTIR 2P+T 10 A, INCLUINDO SUPORTE E PLACA - FORNECIMENTO E INSTALAÇÃO. AF_03/2023","INEL - INSTALAÇÃO ELÉTRICA/ELETRIFICAÇÃO E ILUMINAÇÃO EXTERNA",null,"UN",6.6199999999999995E-2,47.82,3.16]
["Composição Auxiliar",92543,"SINAPI","TRAMA DE MADEIRA COMPOSTA POR TERÇAS PARA TELHADOS DE ATÉ 2 ÁGUAS PARA TELHA ONDULADA DE FIBROCIMENTO, METÁLICA, PLÁSTICA OU TERMOACÚSTICA, INCLUSO TRANSPORTE VERTICAL. AF_07/2019","COBE - COBERTURA",null,"m²",1.7192000000000001,14.49,24.91]
["Composição Auxiliar",93358,"SINAPI","ESCAVAÇÃO MANUAL DE VALA COM PROFUNDIDADE MENOR OU IGUAL A 1,30 M. AF_02/2021","MOVT - MOVIMENTO DE TERRA",null,"m³",4.0399999999999998E-2,60.72,2.4500000000000002]
["Composição Auxiliar",93382,"SINAPI","REATERRO MANUAL DE VALAS, COM COMPACTADOR DE SOLOS DE PERCUSSÃO. AF_08/2023","MOVT - MOVIMENTO DE TERRA",null,"m³",1.06E-2,18.52,0.19]
["Composição Auxiliar",94210,"SINAPI","TELHAMENTO COM TELHA ONDULADA DE FIBROCIMENTO E = 6 MM, COM RECOBRIMENTO LATERAL DE 1 1/4 DE ONDA PARA TELHADO COM INCLINAÇÃO MÁXIMA DE 10°, COM ATÉ 2 ÁGUAS, INCLUSO IÇAMENTO. AF_07/2019","COBE - COBERTURA",null,"m²",1.7192000000000001,47.96,82.45]
["Composição Auxiliar",94559,"SINAPI","JANELA DE AÇO TIPO BASCULANTE PARA VIDROS, COM BATENTE, FERRAGENS E PINTURA ANTICORROSIVA. EXCLUSIVE VIDROS, ACABAMENTO, ALIZAR E CONTRAMARCO. FORNECIMENTO E INSTALAÇÃO. AF_12/2019","ESQV - ESQUADRIAS/FERRAGENS/VIDROS",null,"m²",6.6199999999999995E-2,641.33000000000004,42.45]
["Composição Auxiliar",95240,"SINAPI","LASTRO DE CONCRETO MAGRO, APLICADO EM PISOS, LAJES SOBRE SOLO OU RADIERS, ESPESSURA DE 3 CM. AF_07/2016","FUES - FUNDAÇÕES E ESTRUTURAS",null,"m²",9.2999999999999992E-3,21.46,0.19]
["Composição Auxiliar",95241,"SINAPI","LASTRO DE CONCRETO MAGRO, APLICADO EM PISOS, LAJES SOBRE SOLO OU RADIERS, ESPESSURA DE 5 CM. AF_07/2016","FUES - FUNDAÇÕES E ESTRUTURAS",null,"m²",1.5109999999999999,35.76,54.03]
["Composição Auxiliar",95805,"SINAPI","CONDULETE DE PVC, TIPO B, PARA ELETRODUTO DE PVC SOLDÁVEL DN 25 MM (3/4''), APARENTE - FORNECIMENTO E INSTALAÇÃO. AF_10/2022","INEL - INSTALAÇÃO ELÉTRICA/ELETRIFICAÇÃO E ILUMINAÇÃO EXTERNA",null,"UN",0.13250000000000001,21.73,2.87]
["Composição Auxiliar",97586,"SINAPI","LUMINÁRIA TIPO CALHA, DE SOBREPOR, COM 2 LÂMPADAS TUBULARES FLUORESCENTES DE 36 W, COM REATOR DE PARTIDA RÁPIDA - FORNECIMENTO E INSTALAÇÃO. AF_02/2020","INEL - INSTALAÇÃO ELÉTRICA/ELETRIFICAÇÃO E ILUMINAÇÃO EXTERNA",null,"UN",6.6199999999999995E-2,156.79,10.37]
["Composição Auxiliar",98441,"SINAPI","PAREDE DE MADEIRA COMPENSADA PARA CONSTRUÇÃO TEMPORÁRIA EM CHAPA SIMPLES, EXTERNA, COM ÁREA LÍQUIDA MAIOR OU IGUAL A 6 M², SEM VÃO. AF_05/2018","CANT - CANTEIRO DE OBRAS",null,"m²",0.51359999999999995,110.95,56.98]
["Composição Auxiliar",98442,"SINAPI","PAREDE DE MADEIRA COMPENSADA PARA CONSTRUÇÃO TEMPORÁRIA EM CHAPA SIMPLES, EXTERNA, COM ÁREA LÍQUIDA MENOR QUE 6 M², SEM VÃO. AF_05/2018","CANT - CANTEIRO DE OBRAS",null,"m²",0.59109999999999996,113.48,67.069999999999993]
["Composição Auxiliar",98445,"SINAPI","PAREDE DE MADEIRA COMPENSADA PARA CONSTRUÇÃO TEMPORÁRIA EM CHAPA SIMPLES, EXTERNA, COM ÁREA LÍQUIDA MAIOR OU IGUAL A 6 M², COM VÃO. AF_05/2018","CANT - CANTEIRO DE OBRAS",null,"m²",0.80230000000000001,131.24,105.29]
["Composição Auxiliar",98446,"SINAPI","PAREDE DE MADEIRA COMPENSADA PARA CONSTRUÇÃO TEMPORÁRIA EM CHAPA SIMPLES, EXTERNA, COM ÁREA LÍQUIDA MENOR QUE 6 M², COM VÃO. AF_05/2018","CANT - CANTEIRO DE OBRAS",null,"m²",0.62549999999999994,165.99,103.82]
["Insumo",11455,"SINAPI","FERROLHO COM FECHO / TRINCO REDONDO, EM ACO GALVANIZADO / ZINCADO, DE SOBREPOR, COM COMPRIMENTO DE 8\" E ESPESSURA MINIMA DA CHAPA DE 1,50 MM","Material",null,"UN",6.6199999999999995E-2,17.670000000000002,1.1599999999999999]
[null,0,null,null,"MO sem LS =>",71.964402708014845,"LS =>",59.85,"MO com LS =>",131.81]
[null,0,null,null,"Valor do BDI =>",0,null,"Valor com BDI =>",null,744.34]
[null,0]
[" 32 ","Código","Banco","Descrição","Tipo",null,"Und","Quant.","Valor Unit","Total"]
["Composição",93582,"SINAPI","EXECUÇÃO DE CENTRAL DE ARMADURA EM CANTEIRO DE OBRA, NÃO INCLUSO MOBILIÁRIO E EQUIPAMENTOS. AF_04/2016","CANT - CANTEIRO DE OBRAS",null,"m²",1,255.24,255.24]
["Composição Auxiliar",101876,"SINAPI","QUADRO DE DISTRIBUIÇÃO DE ENERGIA EM PVC, DE EMBUTIR, SEM BARRAMENTO, PARA 6 DISJUNTORES - FORNECIMENTO E INSTALAÇÃO. AF_10/2020","INEL - INSTALAÇÃO ELÉTRICA/ELETRIFICAÇÃO E ILUMINAÇÃO EXTERNA",null,"UN",1.66E-2,73.56,1.22]
["Composição Auxiliar",101891,"SINAPI","DISJUNTOR MONOPOLAR TIPO NEMA, CORRENTE NOMINAL DE 35 ATÉ 50A - FORNECIMENTO E INSTALAÇÃO. AF_10/2020","INEL - INSTALAÇÃO ELÉTRICA/ELETRIFICAÇÃO E ILUMINAÇÃO EXTERNA",null,"UN",8.2799999999999999E-2,29.09,2.4]
["Composição Auxiliar",88489,"SINAPI","PINTURA LÁTEX ACRÍLICA PREMIUM, APLICAÇÃO MANUAL EM PAREDES, DUAS DEMÃOS. AF_04/2023","PINT - PINTURAS",null,"m²",0.48370000000000002,8.41,4.0599999999999996]
["Composição Auxiliar",91170,"SINAPI","FIXAÇÃO DE TUBOS HORIZONTAIS DE PVC, CPVC OU COBRE DIÂMETROS MENORES OU IGUAIS A 40 MM OU ELETROCALHAS ATÉ 150MM DE LARGURA, COM ABRAÇADEIRA METÁLICA RÍGIDA TIPO D 1/2\u0094, FIXADA EM PERFILADO EM LAJE. AF_05/2015","INHI - INSTALAÇÕES HIDROS SANITÁRIAS",null,"M",0.22189999999999999,3.29,0.73]
["Composição Auxiliar",91862,"SINAPI","ELETRODUTO RÍGIDO ROSCÁVEL, PVC, DN 20 MM (1/2\"), PARA CIRCUITOS TERMINAIS, INSTALADO EM FORRO - FORNECIMENTO E INSTALAÇÃO. AF_03/2023","INEL - INSTALAÇÃO ELÉTRICA/ELETRIFICAÇÃO E ILUMINAÇÃO EXTERNA",null,"M",0.3397,9,3.05]
["Composição Auxiliar",91870,"SINAPI","ELETRODUTO RÍGIDO ROSCÁVEL, PVC, DN 20 MM (1/2\"), PARA CIRCUITOS TERMINAIS, INSTALADO EM PAREDE - FORNECIMENTO E INSTALAÇÃO. AF_03/2023","INEL - INSTALAÇÃO ELÉTRICA/ELETRIFICAÇÃO E ILUMINAÇÃO EXTERNA",null,"M",0.22189999999999999,11.5,2.5499999999999998]
["Composição Auxiliar",91924,"SINAPI","CABO DE COBRE FLEXÍVEL ISOLADO, 1,5 MM², ANTI-CHAMA 450/750 V, PARA CIRCUITOS TERMINAIS - FORNECIMENTO E INSTALAÇÃO. AF_03/2023","INEL - INSTALAÇÃO ELÉTRICA/ELETRIFICAÇÃO E ILUMINAÇÃO EXTERNA",null,"M",0.93340000000000001,3.2,2.98]
["Composição Auxiliar",91926,"SINAPI","CABO DE COBRE FLEXÍVEL ISOLADO, 2,5 MM², ANTI-CHAMA 450/750 V, PARA CIRCUITOS TERMINAIS - FORNECIMENTO E INSTALAÇÃO. AF_03/2023","INEL - INSTALAÇÃO ELÉTRICA/ELETRIFICAÇÃO E ILUMINAÇÃO EXTERNA",null,"M",0.94720000000000004,4.7,4.45]
["Composição Auxiliar",91959,"SINAPI","INTERRUPTOR SIMPLES (2 MÓDULOS), 10A/250V, INCLUINDO SUPORTE E PLACA - FORNECIMENTO E INSTALAÇÃO. AF_03/2023","INEL - INSTALAÇÃO ELÉTRICA/ELETRIFICAÇÃO E ILUMINAÇÃO EXTERNA",null,"UN",1.66E-2,43.13,0.71]
["Composição Auxiliar",92000,"SINAPI","TOMADA BAIXA DE EMBUTIR (1 MÓDULO), 2P+T 10 A, INCLUINDO SUPORTE E PLACA - FORNECIMENTO E INSTALAÇÃO. AF_03/2023","INEL - INSTALAÇÃO ELÉTRICA/ELETRIFICAÇÃO E ILUMINAÇÃO EXTERNA",null,"UN",3.3099999999999997E-2,29.62,0.98]
["Composição Auxiliar",92001,"SINAPI","TOMADA BAIXA DE EMBUTIR (1 MÓDULO), 2P+T 20 A, INCLUINDO SUPORTE E PLACA - FORNECIMENTO E INSTALAÇÃO. AF_03/2023","INEL - INSTALAÇÃO ELÉTRICA/ELETRIFICAÇÃO E ILUMINAÇÃO EXTERNA",null,"UN",3.3099999999999997E-2,32.06,1.06]
["Composição Auxiliar",92543,"SINAPI","TRAMA DE MADEIRA COMPOSTA POR TERÇAS PARA TELHADOS DE ATÉ 2 ÁGUAS PARA TELHA ONDULADA DE FIBROCIMENTO, METÁLICA, PLÁSTICA OU TERMOACÚSTICA, INCLUSO TRANSPORTE VERTICAL. AF_07/2019","COBE - COBERTURA",null,"m²",1.2466999999999999,14.49,18.059999999999999]
["Composição Auxiliar",92981,"SINAPI","CABO DE COBRE FLEXÍVEL ISOLADO, 16 MM², ANTI-CHAMA 450/750 V, PARA DISTRIBUIÇÃO - FORNECIMENTO E INSTALAÇÃO. AF_12/2015","INEL - INSTALAÇÃO ELÉTRICA/ELETRIFICAÇÃO E ILUMINAÇÃO EXTERNA",null,"M",0.1656,18.79,3.11]
["Composição Auxiliar",93358,"SINAPI","ESCAVAÇÃO MANUAL DE VALA COM PROFUNDIDADE MENOR OU IGUAL A 1,30 M. AF_02/2021","MOVT - MOVIMENTO DE TERRA",null,"m³",1.2999999999999999E-3,60.72,7.0000000000000007E-2]
["Composição Auxiliar",94210,"SINAPI","TELHAMENTO COM TELHA ONDULADA DE FIBROCIMENTO E = 6 MM, COM RECOBRIMENTO LATERAL DE 1 1/4 DE ONDA PARA TELHADO COM INCLINAÇÃO MÁXIMA DE 10°, COM ATÉ 2 ÁGUAS, INCLUSO IÇAMENTO. AF_07/2019","COBE - COBERTURA",null,"m²",1.2466999999999999,47.96,59.79]
["Composição Auxiliar",95241,"SINAPI","LASTRO DE CONCRETO MAGRO, APLICADO EM PISOS, LAJES SOBRE SOLO OU RADIERS, ESPESSURA DE 5 CM. AF_07/2016","FUES - FUNDAÇÕES E ESTRUTURAS",null,"m²",1.2466999999999999,35.76,44.58]
["Composição Auxiliar",95805,"SINAPI","CONDULETE DE PVC, TIPO B, PARA ELETRODUTO DE PVC SOLDÁVEL DN 25 MM (3/4''), APARENTE - FORNECIMENTO E INSTALAÇÃO. AF_10/2022","INEL - INSTALAÇÃO ELÉTRICA/ELETRIFICAÇÃO E ILUMINAÇÃO EXTERNA",null,"UN",6.6199999999999995E-2,21.73,1.43]
["Composição Auxiliar",96985,"SINAPI","HASTE DE ATERRAMENTO, DIÂMETRO 5/8\", COM 3 METROS - FORNECIMENTO E INSTALAÇÃO. AF_08/2023","INEL - INSTALAÇÃO ELÉTRICA/ELETRIFICAÇÃO E ILUMINAÇÃO EXTERNA",null,"UN",3.3099999999999997E-2,93.6,3.09]
["Composição Auxiliar",97586,"SINAPI","LUMINÁRIA TIPO CALHA, DE SOBREPOR, COM 2 LÂMPADAS TUBULARES FLUORESCENTES DE 36 W, COM REATOR DE PARTIDA RÁPIDA - FORNECIMENTO E INSTALAÇÃO. AF_02/2020","INEL - INSTALAÇÃO ELÉTRICA/ELETRIFICAÇÃO E ILUMINAÇÃO EXTERNA",null,"UN",0.13250000000000001,156.79,20.77]
["Composição Auxiliar",97886,"SINAPI","CAIXA ENTERRADA ELÉTRICA RETANGULAR, EM ALVENARIA COM TIJOLOS CERÂMICOS MACIÇOS, FUNDO COM BRITA, DIMENSÕES INTERNAS: 0,3X0,3X0,3 M. AF_12/2020","INEL - INSTALAÇÃO ELÉTRICA/ELETRIFICAÇÃO E ILUMINAÇÃO EXTERNA",null,"UN",3.3099999999999997E-2,163.29,5.4]
["Composição Auxiliar",98441,"SINAPI","PAREDE DE MADEIRA COMPENSADA PARA CONSTRUÇÃO TEMPORÁRIA EM CHAPA SIMPLES, EXTERNA, COM ÁREA LÍQUIDA MAIOR OU IGUAL A 6 M², SEM VÃO. AF_05/2018","CANT - CANTEIRO DE OBRAS",null,"m²",9.8100000000000007E-2,110.95,10.88]
["Composição Auxiliar",98442,"SINAPI","PAREDE DE MADEIRA COMPENSADA PARA CONSTRUÇÃO TEMPORÁRIA EM CHAPA SIMPLES, EXTERNA, COM ÁREA LÍQUIDA MENOR QUE 6 M², SEM VÃO. AF_05/2018","CANT - CANTEIRO DE OBRAS",null,"m²",0.1129,113.48,12.81]
["Composição Auxiliar",98445,"SINAPI","PAREDE DE MADEIRA COMPENSADA PARA CONSTRUÇÃO TEMPORÁRIA EM CHAPA SIMPLES, EXTERNA, COM ÁREA LÍQUIDA MAIOR OU IGUAL A 6 M², COM VÃO. AF_05/2018","CANT - CANTEIRO DE OBRAS",null,"m²",0.1532,131.24,20.100000000000001]
["Composição Auxiliar",98446,"SINAPI","PAREDE DE MADEIRA COMPENSADA PARA CONSTRUÇÃO TEMPORÁRIA EM CHAPA SIMPLES, EXTERNA, COM ÁREA LÍQUIDA MENOR QUE 6 M², COM VÃO. AF_05/2018","CANT - CANTEIRO DE OBRAS",null,"m²",0.1195,165.99,19.829999999999998]
["Insumo",10886,"SINAPI","EXTINTOR DE INCENDIO PORTATIL COM CARGA DE AGUA PRESSURIZADA DE 10 L, CLASSE A","Material",null,"UN",1.66E-2,341.25,5.66]
["Insumo",10891,"SINAPI","EXTINTOR DE INCENDIO PORTATIL COM CARGA DE PO QUIMICO SECO (PQS) DE 4 KG, CLASSE BC","Material",null,"UN",1.66E-2,329.99,5.47]
[null,0,null,null,"MO sem LS =>",23.558637257043024,"LS =>",19.59,"MO com LS =>",43.15]
[null,0,null,null,"Valor do BDI =>",0,null,"Valor com BDI =>",null,255.24]
[null,0]
[" 33 ","Código","Banco","Descrição","Tipo",null,"Und","Quant.","Valor Unit","Total"]
["Composição",93210,"SINAPI","EXECUÇÃO DE REFEITÓRIO EM CANTEIRO DE OBRA EM CHAPA DE MADEIRA COMPENSADA, NÃO INCLUSO MOBILIÁRIO E EQUIPAMENTOS. AF_02/2016","CANT - CANTEIRO DE OBRAS",null,"m²",1,541.64,541.64]
["Composição Auxiliar",101165,"SINAPI","ALVENARIA DE EMBASAMENTO COM BLOCO ESTRUTURAL DE CONCRETO, DE 14X19X29CM E ARGAMASSA DE ASSENTAMENTO COM PREPARO EM BETONEIRA. AF_05/2020","FUES - FUNDAÇÕES E ESTRUTURAS",null,"m³",0.04,878.86,35.15]
["Composição Auxiliar",101876,"SINAPI","QUADRO DE DISTRIBUIÇÃO DE ENERGIA EM PVC, DE EMBUTIR, SEM BARRAMENTO, PARA 6 DISJUNTORES - FORNECIMENTO E INSTALAÇÃO. AF_10/2020","INEL - INSTALAÇÃO ELÉTRICA/ELETRIFICAÇÃO E ILUMINAÇÃO EXTERNA",null,"UN",2.6800000000000001E-2,73.56,1.97]
["Composição Auxiliar",101891,"SINAPI","DISJUNTOR MONOPOLAR TIPO NEMA, CORRENTE NOMINAL DE 35 ATÉ 50A - FORNECIMENTO E INSTALAÇÃO. AF_10/2020","INEL - INSTALAÇÃO ELÉTRICA/ELETRIFICAÇÃO E ILUMINAÇÃO EXTERNA",null,"UN",0.1074,29.09,3.12]
["Composição Auxiliar",86934,"SINAPI","BANCADA DE MÁRMORE SINTÉTICO 120 X 60CM, COM CUBA INTEGRADA, INCLUSO SIFÃO TIPO FLEXÍVEL EM PVC, VÁLVULA EM PLÁSTICO CROMADO TIPO AMERICANA E TORNEIRA CROMADA LONGA, DE PAREDE, PADRÃO POPULAR - FORNECIMENTO E INSTALAÇÃO. AF_01/2020","INHI - INSTALAÇÕES HIDROS SANITÁRIAS",null,"UN",2.6800000000000001E-2,478.03,12.81]
["Composição Auxiliar",86943,"SINAPI","LAVATÓRIO LOUÇA BRANCA SUSPENSO, 29,5 X 39CM OU EQUIVALENTE, PADRÃO POPULAR, INCLUSO SIFÃO FLEXÍVEL EM PVC, VÁLVULA E ENGATE FLEXÍVEL 30CM EM PLÁSTICO E TORNEIRA CROMADA DE MESA, PADRÃO POPULAR - FORNECIMENTO E INSTALAÇÃO. AF_01/2020","INHI - INSTALAÇÕES HIDROS SANITÁRIAS",null,"UN",2.6800000000000001E-2,278.86,7.47]
["Composição Auxiliar",88262,"SINAPI","CARPINTEIRO DE FORMAS COM ENCARGOS COMPLEMENTARES","SEDI - SERVIÇOS DIVERSOS",null,"H",1.1154999999999999,20.329999999999998,22.67]
["Composição Auxiliar",88489,"SINAPI","PINTURA LÁTEX ACRÍLICA PREMIUM, APLICAÇÃO MANUAL EM PAREDES, DUAS DEMÃOS. AF_04/2023","PINT - PINTURAS",null,"m²",1.4293,8.41,12.02]
["Composição Auxiliar",89711,"SINAPI","TUBO PVC, SERIE NORMAL, ESGOTO PREDIAL, DN 40 MM, FORNECIDO E INSTALADO EM RAMAL DE DESCARGA OU RAMAL DE ESGOTO SANITÁRIO. AF_08/2022","INHI - INSTALAÇÕES HIDROS SANITÁRIAS",null,"M",8.8599999999999998E-2,17.96,1.59]
["Composição Auxiliar",89714,"SINAPI","TUBO PVC, SERIE NORMAL, ESGOTO PREDIAL, DN 100 MM, FORNECIDO E INSTALADO EM RAMAL DE DESCARGA OU RAMAL DE ESGOTO SANITÁRIO. AF_08/2022","INHI - INSTALAÇÕES HIDROS SANITÁRIAS",null,"M",0.14230000000000001,32.909999999999997,4.68]
["Composição Auxiliar",89724,"SINAPI","JOELHO 90 GRAUS, PVC, SERIE NORMAL, ESGOTO PREDIAL, DN 40 MM, JUNTA SOLDÁVEL, FORNECIDO E INSTALADO EM RAMAL DE DESCARGA OU RAMAL DE ESGOTO SANITÁRIO. AF_08/2022","INHI - INSTALAÇÕES HIDROS SANITÁRIAS",null,"UN",5.3699999999999998E-2,8.4700000000000006,0.45]
["Composição Auxiliar",89957,"SINAPI","PONTO DE CONSUMO TERMINAL DE ÁGUA FRIA (SUBRAMAL) COM TUBULAÇÃO DE PVC, DN 25 MM, INSTALADO EM RAMAL DE ÁGUA, INCLUSOS RASGO E CHUMBAMENTO EM ALVENARIA. AF_12/2014","INHI - INSTALAÇÕES HIDROS SANITÁRIAS",null,"UN",5.3699999999999998E-2,116.7,6.26]
["Composição Auxiliar",90822,"SINAPI","PORTA DE MADEIRA PARA PINTURA, SEMI-OCA (LEVE OU MÉDIA), 80X210CM, ESPESSURA DE 3,5CM, INCLUSO DOBRADIÇAS - FORNECIMENTO E INSTALAÇÃO. AF_12/2019","ESQV - ESQUADRIAS/FERRAGENS/VIDROS",null,"UN",2.6800000000000001E-2,340.25,9.11]
["Composição Auxiliar",91170,"SINAPI","FIXAÇÃO DE TUBOS HORIZONTAIS DE PVC, CPVC OU COBRE DIÂMETROS MENORES OU IGUAIS A 40 MM OU ELETROCALHAS ATÉ 150MM DE LARGURA, COM ABRAÇADEIRA METÁLICA RÍGIDA TIPO D 1/2\u0094, FIXADA EM PERFILADO EM LAJE. AF_05/2015","INHI - INSTALAÇÕES HIDROS SANITÁRIAS",null,"M",0.3221,3.29,1.05]
["Composição Auxiliar",91173,"SINAPI","FIXAÇÃO DE TUBOS VERTICAIS DE PPR DIÂMETROS MENORES OU IGUAIS A 40 MM COM ABRAÇADEIRA METÁLICA RÍGIDA TIPO D 1/2\", FIXADA EM PERFILADO EM ALVENARIA. AF_05/2015","INHI - INSTALAÇÕES HIDROS SANITÁRIAS",null,"M",0.53690000000000004,1.67,0.89]
["Composição Auxiliar",91862,"SINAPI","ELETRODUTO RÍGIDO ROSCÁVEL, PVC, DN 20 MM (1/2\"), PARA CIRCUITOS TERMINAIS, INSTALADO EM FORRO - FORNECIMENTO E INSTALAÇÃO. AF_03/2023","INEL - INSTALAÇÃO ELÉTRICA/ELETRIFICAÇÃO E ILUMINAÇÃO EXTERNA",null,"M",0.3221,9,2.89]
["Composição Auxiliar",91870,"SINAPI","ELETRODUTO RÍGIDO ROSCÁVEL, PVC, DN 20 MM (1/2\"), PARA CIRCUITOS TERMINAIS, INSTALADO EM PAREDE - FORNECIMENTO E INSTALAÇÃO. AF_03/2023","INEL - INSTALAÇÃO ELÉTRICA/ELETRIFICAÇÃO E ILUMINAÇÃO EXTERNA",null,"M",0.53690000000000004,11.5,6.17]
["Composição Auxiliar",91911,"SINAPI","CURVA 90 GRAUS PARA ELETRODUTO, PVC, ROSCÁVEL, DN 20 MM (1/2\"), PARA CIRCUITOS TERMINAIS, INSTALADA EM PAREDE - FORNECIMENTO E INSTALAÇÃO. AF_03/2023","INEL - INSTALAÇÃO ELÉTRICA/ELETRIFICAÇÃO E ILUMINAÇÃO EXTERNA",null,"UN",0.1074,14.7,1.57]
["Composição Auxiliar",91924,"SINAPI","CABO DE COBRE FLEXÍVEL ISOLADO, 1,5 MM², ANTI-CHAMA 450/750 V, PARA CIRCUITOS TERMINAIS - FORNECIMENTO E INSTALAÇÃO. AF_03/2023","INEL - INSTALAÇÃO ELÉTRICA/ELETRIFICAÇÃO E ILUMINAÇÃO EXTERNA",null,"M",0.85909999999999997,3.2,2.74]
["Composição Auxiliar",91926,"SINAPI","CABO DE COBRE FLEXÍVEL ISOLADO, 2,5 MM², ANTI-CHAMA 450/750 V, PARA CIRCUITOS TERMINAIS - FORNECIMENTO E INSTALAÇÃO. AF_03/2023","INEL - INSTALAÇÃO ELÉTRICA/ELETRIFICAÇÃO E ILUMINAÇÃO EXTERNA",null,"M",2.5503,4.7,11.98]
["Composição Auxiliar",91937,"SINAPI","CAIXA OCTOGONAL 3\" X 3\", PVC, INSTALADA EM LAJE - FORNECIMENTO E INSTALAÇÃO. AF_03/2023","INEL - INSTALAÇÃO ELÉTRICA/ELETRIFICAÇÃO E ILUMINAÇÃO EXTERNA",null,"UN",0.16109999999999999,14.24,2.29]
["Composição Auxiliar",92000,"SINAPI","TOMADA BAIXA DE EMBUTIR (1 MÓDULO), 2P+T 10 A, INCLUINDO SUPORTE E PLACA - FORNECIMENTO E INSTALAÇÃO. AF_03/2023","INEL - INSTALAÇÃO ELÉTRICA/ELETRIFICAÇÃO E ILUMINAÇÃO EXTERNA",null,"UN",2.6800000000000001E-2,29.62,0.79]
["Composição Auxiliar",92008,"SINAPI","TOMADA BAIXA DE EMBUTIR (2 MÓDULOS), 2P+T 10 A, INCLUINDO SUPORTE E PLACA - FORNECIMENTO E INSTALAÇÃO. AF_03/2023","INEL - INSTALAÇÃO ELÉTRICA/ELETRIFICAÇÃO E ILUMINAÇÃO EXTERNA",null,"UN",0.13420000000000001,46.09,6.18]
["Composição Auxiliar",92023,"SINAPI","INTERRUPTOR SIMPLES (1 MÓDULO) COM 1 TOMADA DE EMBUTIR 2P+T 10 A, INCLUINDO SUPORTE E PLACA - FORNECIMENTO E INSTALAÇÃO. AF_03/2023","INEL - INSTALAÇÃO ELÉTRICA/ELETRIFICAÇÃO E ILUMINAÇÃO EXTERNA",null,"UN",2.6800000000000001E-2,47.82,1.28]
["Composição Auxiliar",92543,"SINAPI","TRAMA DE MADEIRA COMPOSTA POR TERÇAS PARA TELHADOS DE ATÉ 2 ÁGUAS PARA TELHA ONDULADA DE FIBROCIMENTO, METÁLICA, PLÁSTICA OU TERMOACÚSTICA, INCLUSO TRANSPORTE VERTICAL. AF_07/2019","COBE - COBERTURA",null,"m²",1.4510000000000001,14.49,21.02]
["Composição Auxiliar",93358,"SINAPI","ESCAVAÇÃO MANUAL DE VALA COM PROFUNDIDADE MENOR OU IGUAL A 1,30 M. AF_02/2021","MOVT - MOVIMENTO DE TERRA",null,"m³",3.9E-2,60.72,2.36]
["Composição Auxiliar",93382,"SINAPI","REATERRO MANUAL DE VALAS, COM COMPACTADOR DE SOLOS DE PERCUSSÃO. AF_08/2023","MOVT - MOVIMENTO DE TERRA",null,"m³",0.01,18.52,0.18]
["Composição Auxiliar",94210,"SINAPI","TELHAMENTO COM TELHA ONDULADA DE FIBROCIMENTO E = 6 MM, COM RECOBRIMENTO LATERAL DE 1 1/4 DE ONDA PARA TELHADO COM INCLINAÇÃO MÁXIMA DE 10°, COM ATÉ 2 ÁGUAS, INCLUSO IÇAMENTO. AF_07/2019","COBE - COBERTURA",null,"m²",1.4510000000000001,47.96,69.58]
["Composição Auxiliar",95240,"SINAPI","LASTRO DE CONCRETO MAGRO, APLICADO EM PISOS, LAJES SOBRE SOLO OU RADIERS, ESPESSURA DE 3 CM. AF_07/2016","FUES - FUNDAÇÕES E ESTRUTURAS",null,"m²",8.9999999999999993E-3,21.46,0.19]
["Composição Auxiliar",95241,"SINAPI","LASTRO DE CONCRETO MAGRO, APLICADO EM PISOS, LAJES SOBRE SOLO OU RADIERS, ESPESSURA DE 5 CM. AF_07/2016","FUES - FUNDAÇÕES E ESTRUTURAS",null,"m²",1.4510000000000001,35.76,51.88]
["Composição Auxiliar",95805,"SINAPI","CONDULETE DE PVC, TIPO B, PARA ELETRODUTO DE PVC SOLDÁVEL DN 25 MM (3/4''), APARENTE - FORNECIMENTO E INSTALAÇÃO. AF_10/2022","INEL - INSTALAÇÃO ELÉTRICA/ELETRIFICAÇÃO E ILUMINAÇÃO EXTERNA",null,"UN",0.18790000000000001,21.73,4.08]
["Composição Auxiliar",95811,"SINAPI","CONDULETE DE PVC, TIPO LB, PARA ELETRODUTO DE PVC SOLDÁVEL DN 25 MM (3/4''), APARENTE - FORNECIMENTO E INSTALAÇÃO. AF_10/2022","INEL - INSTALAÇÃO ELÉTRICA/ELETRIFICAÇÃO E ILUMINAÇÃO EXTERNA",null,"UN",2.6800000000000001E-2,18.89,0.5]
["Composição Auxiliar",97586,"SINAPI","LUMINÁRIA TIPO CALHA, DE SOBREPOR, COM 2 LÂMPADAS TUBULARES FLUORESCENTES DE 36 W, COM REATOR DE PARTIDA RÁPIDA - FORNECIMENTO E INSTALAÇÃO. AF_02/2020","INEL - INSTALAÇÃO ELÉTRICA/ELETRIFICAÇÃO E ILUMINAÇÃO EXTERNA",null,"UN",0.16109999999999999,156.79,25.25]
["Composição Auxiliar",97906,"SINAPI","CAIXA ENTERRADA HIDRÁULICA RETANGULAR, EM ALVENARIA COM BLOCOS DE CONCRETO, DIMENSÕES INTERNAS: 0,6X0,6X0,6 M PARA REDE DE ESGOTO. AF_12/2020","INHI - INSTALAÇÕES HIDROS SANITÁRIAS",null,"UN",2.6800000000000001E-2,418.31,11.21]
["Composição Auxiliar",98102,"SINAPI","CAIXA DE GORDURA SIMPLES, CIRCULAR, EM CONCRETO PRÉ-MOLDADO, DIÂMETRO INTERNO = 0,4 M, ALTURA INTERNA = 0,4 M. AF_12/2020","INHI - INSTALAÇÕES HIDROS SANITÁRIAS",null,"UN",2.6800000000000001E-2,162.29,4.34]
["Composição Auxiliar",98441,"SINAPI","PAREDE DE MADEIRA COMPENSADA PARA CONSTRUÇÃO TEMPORÁRIA EM CHAPA SIMPLES, EXTERNA, COM ÁREA LÍQUIDA MAIOR OU IGUAL A 6 M², SEM VÃO. AF_05/2018","CANT - CANTEIRO DE OBRAS",null,"m²",0.1449,110.95,16.07]
["Composição Auxiliar",98442,"SINAPI","PAREDE DE MADEIRA COMPENSADA PARA CONSTRUÇÃO TEMPORÁRIA EM CHAPA SIMPLES, EXTERNA, COM ÁREA LÍQUIDA MENOR QUE 6 M², SEM VÃO. AF_05/2018","CANT - CANTEIRO DE OBRAS",null,"m²",0.1668,113.48,18.920000000000002]
["Composição Auxiliar",98445,"SINAPI","PAREDE DE MADEIRA COMPENSADA PARA CONSTRUÇÃO TEMPORÁRIA EM CHAPA SIMPLES, EXTERNA, COM ÁREA LÍQUIDA MAIOR OU IGUAL A 6 M², COM VÃO. AF_05/2018","CANT - CANTEIRO DE OBRAS",null,"m²",0.22639999999999999,131.24,29.71]
["Composição Auxiliar",98446,"SINAPI","PAREDE DE MADEIRA COMPENSADA PARA CONSTRUÇÃO TEMPORÁRIA EM CHAPA SIMPLES, EXTERNA, COM ÁREA LÍQUIDA MENOR QUE 6 M², COM VÃO. AF_05/2018","CANT - CANTEIRO DE OBRAS",null,"m²",0.17649999999999999,165.99,29.29]
["Insumo",3080,"SINAPI","FECHADURA ESPELHO PARA PORTA EXTERNA, EM ACO INOX (MAQUINA, TESTA E CONTRA-TESTA) E EM ZAMAC (MACANETA, LINGUETA E TRINCOS) COM ACABAMENTO CROMADO, MAQUINA DE 40 MM, INCLUINDO CHAVE TIPO CILINDRO","Material",null,"CJ",2.6800000000000001E-2,86,2.2999999999999998]
["Insumo",10886,"SINAPI","EXTINTOR DE INCENDIO PORTATIL COM CARGA DE AGUA PRESSURIZADA DE 10 L, CLASSE A","Material",null,"UN",2.6800000000000001E-2,341.25,9.14]
["Insumo",10891,"SINAPI","EXTINTOR DE INCENDIO PORTATIL COM CARGA DE PO QUIMICO SECO (PQS) DE 4 KG, CLASSE BC","Material",null,"UN",2.6800000000000001E-2,329.99,8.84]
["Insumo",11587,"SINAPI","FORRO DE PVC LISO, BRANCO, REGUA DE 10 CM, ESPESSURA DE 8 MM A 10 MM (COM COLOCACAO / SEM ESTRUTURA METALICA)","Material",null,"m²",1,78.17,78.17]
["Insumo",37525,"SINAPI","TELA PLASTICA TECIDA LISTRADA BRANCA E LARANJA, TIPO GUARDA CORPO, EM POLIETILENO MONOFILADO, ROLO 1,20 X 50 M (L X C)","Equipamento",null,"M",1.2782,2.73,3.48]
[null,0,null,null,"MO sem LS =>",58.113125136492684,"LS =>",48.33,"MO com LS =>",106.44]
[null,0,null,null,"Valor do BDI =>",0,null,"Valor com BDI =>",null,541.64]
[null,0]
[" 34 ","Código","Banco","Descrição","Tipo",null,"Und","Quant.","Valor Unit","Total"]
["Composição",93206,"SINAPI","EXECUÇÃO DE ESCRITÓRIO EM CANTEIRO DE OBRA EM ALVENARIA, NÃO INCLUSO MOBILIÁRIO E EQUIPAMENTOS. AF_02/2016","CANT - CANTEIRO DE OBRAS",null,"m²",1,1102.8599999999999,1102.8599999999999]
["Composição Auxiliar",100556,"SINAPI","CAIXA DE PASSAGEM PARA TELEFONE 15X15X10CM (SOBREPOR), FORNECIMENTO E INSTALACAO. AF_11/2019","INES - INSTALAÇÕES ESPECIAIS",null,"UN",1.8499999999999999E-2,39.15,0.72]
["Composição Auxiliar",100665,"SINAPI","JANELA DE MADEIRA - CEDRINHO/ANGELIM OU EQUIVALENTE DA REGIÃO - DE ABRIR COM 4 FOLHAS (2 VENEZIANAS E 2 GUILHOTINAS PARA VIDRO), COM BATENTE, ALIZAR E FERRAGENS. EXCLUSIVE VIDROS, ACABAMENTO E CONTRAMARCO. FORNECIMENTO E INSTALAÇÃO. AF_12/2019","ESQV - ESQUADRIAS/FERRAGENS/VIDROS",null,"m²",9.2399999999999996E-2,1190.93,110.04]
["Composição Auxiliar",101165,"SINAPI","ALVENARIA DE EMBASAMENTO COM BLOCO ESTRUTURAL DE CONCRETO, DE 14X19X29CM E ARGAMASSA DE ASSENTAMENTO COM PREPARO EM BETONEIRA. AF_05/2020","FUES - FUNDAÇÕES E ESTRUTURAS",null,"m³",3.7699999999999997E-2,878.86,33.130000000000003]
["Composição Auxiliar",101875,"SINAPI","QUADRO DE DISTRIBUIÇÃO DE ENERGIA EM CHAPA DE AÇO GALVANIZADO, DE EMBUTIR, COM BARRAMENTO TRIFÁSICO, PARA 12 DISJUNTORES DIN 100A - FORNECIMENTO E INSTALAÇÃO. AF_10/2020","INEL - INSTALAÇÃO ELÉTRICA/ELETRIFICAÇÃO E ILUMINAÇÃO EXTERNA",null,"UN",1.8499999999999999E-2,414.49,7.66]
["Composição Auxiliar",101891,"SINAPI","DISJUNTOR MONOPOLAR TIPO NEMA, CORRENTE NOMINAL DE 35 ATÉ 50A - FORNECIMENTO E INSTALAÇÃO. AF_10/2020","INEL - INSTALAÇÃO ELÉTRICA/ELETRIFICAÇÃO E ILUMINAÇÃO EXTERNA",null,"UN",0.16639999999999999,29.09,4.84]
["Composição Auxiliar",103328,"SINAPI","ALVENARIA DE VEDAÇÃO DE BLOCOS CERÂMICOS FURADOS NA HORIZONTAL DE 9X19X19 CM (ESPESSURA 9 CM) E ARGAMASSA DE ASSENTAMENTO COM PREPARO EM BETONEIRA. AF_12/2021","PARE - PAREDES/PAINEIS",null,"m²",2.3237999999999999,78.22,181.76]
["Composição Auxiliar",86888,"SINAPI","VASO SANITÁRIO SIFONADO COM CAIXA ACOPLADA LOUÇA BRANCA - FORNECIMENTO E INSTALAÇÃO. AF_01/2020","INHI - INSTALAÇÕES HIDROS SANITÁRIAS",null,"UN",3.6999999999999998E-2,452.97,16.75]
["Composição Auxiliar",86934,"SINAPI","BANCADA DE MÁRMORE SINTÉTICO 120 X 60CM, COM CUBA INTEGRADA, INCLUSO SIFÃO TIPO FLEXÍVEL EM PVC, VÁLVULA EM PLÁSTICO CROMADO TIPO AMERICANA E TORNEIRA CROMADA LONGA, DE PAREDE, PADRÃO POPULAR - FORNECIMENTO E INSTALAÇÃO. AF_01/2020","INHI - INSTALAÇÕES HIDROS SANITÁRIAS",null,"UN",1.8499999999999999E-2,478.03,8.84]
["Composição Auxiliar",86943,"SINAPI","LAVATÓRIO LOUÇA BRANCA SUSPENSO, 29,5 X 39CM OU EQUIVALENTE, PADRÃO POPULAR, INCLUSO SIFÃO FLEXÍVEL EM PVC, VÁLVULA E ENGATE FLEXÍVEL 30CM EM PLÁSTICO E TORNEIRA CROMADA DE MESA, PADRÃO POPULAR - FORNECIMENTO E INSTALAÇÃO. AF_01/2020","INHI - INSTALAÇÕES HIDROS SANITÁRIAS",null,"UN",3.6999999999999998E-2,278.86,10.31]
["Composição Auxiliar",87548,"SINAPI","MASSA ÚNICA, PARA RECEBIMENTO DE PINTURA, EM ARGAMASSA TRAÇO 1:2:8, PREPARO MANUAL, APLICADA MANUALMENTE EM FACES INTERNAS DE PAREDES, ESPESSURA DE 10MM, COM EXECUÇÃO DE TALISCAS. AF_06/2014","REVE - REVESTIMENTO E TRATAMENTO DE SUPERFÍCIES",null,"m²",5.9200000000000003E-2,23.36,1.38]
["Composição Auxiliar",87777,"SINAPI","EMBOÇO OU MASSA ÚNICA EM ARGAMASSA TRAÇO 1:2:8, PREPARO MANUAL, APLICADA MANUALMENTE EM PANOS DE FACHADA COM PRESENÇA DE VÃOS, ESPESSURA DE 25 MM. AF_08/2022","REVE - REVESTIMENTO E TRATAMENTO DE SUPERFÍCIES",null,"m²",1.472,47.49,69.900000000000006]
["Composição Auxiliar",87885,"SINAPI","CHAPISCO APLICADO NO TETO OU EM ALVENARIA E ESTRUTURA, COM ROLO PARA TEXTURA ACRÍLICA. ARGAMASSA INDUSTRIALIZADA COM PREPARO EM MISTURADOR 300 KG. AF_10/2022","REVE - REVESTIMENTO E TRATAMENTO DE SUPERFÍCIES",null,"m²",1.9021999999999999,10.88,20.69]
["Composição Auxiliar",87903,"SINAPI","CHAPISCO APLICADO EM ALVENARIA (COM PRESENÇA DE VÃOS) E ESTRUTURAS DE CONCRETO DE FACHADA, COM ROLO PARA TEXTURA ACRÍLICA.  ARGAMASSA INDUSTRIALIZADA COM PREPARO EM MISTURADOR 300 KG. AF_10/2022","REVE - REVESTIMENTO E TRATAMENTO DE SUPERFÍCIES",null,"m²",1.472,12.61,18.559999999999999]
["Composição Auxiliar",88489,"SINAPI","PINTURA LÁTEX ACRÍLICA PREMIUM, APLICAÇÃO MANUAL EM PAREDES, DUAS DEMÃOS. AF_04/2023","PINT - PINTURAS",null,"m²",3.3151000000000002,8.41,27.87]
["Composição Auxiliar",89171,"SINAPI","(COMPOSIÇÃO REPRESENTATIVA) DO SERVIÇO DE REVESTIMENTO CERÂMICO PARA PISO COM PLACAS TIPO ESMALTADA EXTRA DE DIMENSÕES 35X35 CM, PARA EDIFICAÇÃO HABITACIONAL UNIFAMILIAR (CASA) E EDIFICAÇÃO PÚBLICA PADRÃO. AF_11/2014","PISO - PISOS",null,"m²",7.7600000000000002E-2,68.56,5.32]
["Composição Auxiliar",89173,"SINAPI","(COMPOSIÇÃO REPRESENTATIVA) DO SERVIÇO DE EMBOÇO/MASSA ÚNICA, APLICADO MANUALMENTE, TRAÇO 1:2:8, EM BETONEIRA DE 400L, PAREDES INTERNAS, COM EXECUÇÃO DE TALISCAS, EDIFICAÇÃO HABITACIONAL UNIFAMILIAR (CASAS) E EDIFICAÇÃO PÚBLICA PADRÃO. AF_12/2014","REVE - REVESTIMENTO E TRATAMENTO DE SUPERFÍCIES",null,"m²",1.9021999999999999,34,64.67]
["Composição Auxiliar",89482,"SINAPI","CAIXA SIFONADA, PVC, DN 100 X 100 X 50 MM, FORNECIDA E INSTALADA EM RAMAIS DE ENCAMINHAMENTO DE ÁGUA PLUVIAL. AF_06/2022","INHI - INSTALAÇÕES HIDROS SANITÁRIAS",null,"UN",3.6999999999999998E-2,38.79,1.43]
["Composição Auxiliar",89711,"SINAPI","TUBO PVC, SERIE NORMAL, ESGOTO PREDIAL, DN 40 MM, FORNECIDO E INSTALADO EM RAMAL DE DESCARGA OU RAMAL DE ESGOTO SANITÁRIO. AF_08/2022","INHI - INSTALAÇÕES HIDROS SANITÁRIAS",null,"M",0.1331,17.96,2.39]
["Composição Auxiliar",89712,"SINAPI","TUBO PVC, SERIE NORMAL, ESGOTO PREDIAL, DN 50 MM, FORNECIDO E INSTALADO EM RAMAL DE DESCARGA OU RAMAL DE ESGOTO SANITÁRIO. AF_08/2022","INHI - INSTALAÇÕES HIDROS SANITÁRIAS",null,"M",0.1202,23.65,2.84]
["Composição Auxiliar",89714,"SINAPI","TUBO PVC, SERIE NORMAL, ESGOTO PREDIAL, DN 100 MM, FORNECIDO E INSTALADO EM RAMAL DE DESCARGA OU RAMAL DE ESGOTO SANITÁRIO. AF_08/2022","INHI - INSTALAÇÕES HIDROS SANITÁRIAS",null,"M",0.14119999999999999,32.909999999999997,4.6399999999999997]
["Composição Auxiliar",89724,"SINAPI","JOELHO 90 GRAUS, PVC, SERIE NORMAL, ESGOTO PREDIAL, DN 40 MM, JUNTA SOLDÁVEL, FORNECIDO E INSTALADO EM RAMAL DE DESCARGA OU RAMAL DE ESGOTO SANITÁRIO. AF_08/2022","INHI - INSTALAÇÕES HIDROS SANITÁRIAS",null,"UN",7.3999999999999996E-2,8.4700000000000006,0.62]
["Composição Auxiliar",89726,"SINAPI","JOELHO 45 GRAUS, PVC, SERIE NORMAL, ESGOTO PREDIAL, DN 40 MM, JUNTA SOLDÁVEL, FORNECIDO E INSTALADO EM RAMAL DE DESCARGA OU RAMAL DE ESGOTO SANITÁRIO. AF_08/2022","INHI - INSTALAÇÕES HIDROS SANITÁRIAS",null,"UN",5.5500000000000001E-2,8.7200000000000006,0.48]
["Composição Auxiliar",89731,"SINAPI","JOELHO 90 GRAUS, PVC, SERIE NORMAL, ESGOTO PREDIAL, DN 50 MM, JUNTA ELÁSTICA, FORNECIDO E INSTALADO EM RAMAL DE DESCARGA OU RAMAL DE ESGOTO SANITÁRIO. AF_08/2022","INHI - INSTALAÇÕES HIDROS SANITÁRIAS",null,"UN",1.8499999999999999E-2,14.97,0.27]
["Composição Auxiliar",89748,"SINAPI","CURVA CURTA 90 GRAUS, PVC, SERIE NORMAL, ESGOTO PREDIAL, DN 100 MM, JUNTA ELÁSTICA, FORNECIDO E INSTALADO EM RAMAL DE DESCARGA OU RAMAL DE ESGOTO SANITÁRIO. AF_08/2022","INHI - INSTALAÇÕES HIDROS SANITÁRIAS",null,"UN",5.5500000000000001E-2,44.34,2.46]
["Composição Auxiliar",89784,"SINAPI","TE, PVC, SERIE NORMAL, ESGOTO PREDIAL, DN 50 X 50 MM, JUNTA ELÁSTICA, FORNECIDO E INSTALADO EM RAMAL DE DESCARGA OU RAMAL DE ESGOTO SANITÁRIO. AF_08/2022","INHI - INSTALAÇÕES HIDROS SANITÁRIAS",null,"UN",5.5500000000000001E-2,24.75,1.37]
["Composição Auxiliar",89796,"SINAPI","TE, PVC, SERIE NORMAL, ESGOTO PREDIAL, DN 100 X 100 MM, JUNTA ELÁSTICA, FORNECIDO E INSTALADO EM RAMAL DE DESCARGA OU RAMAL DE ESGOTO SANITÁRIO. AF_08/2022","INHI - INSTALAÇÕES HIDROS SANITÁRIAS",null,"UN",3.6999999999999998E-2,45.18,1.67]
["Composição Auxiliar",89957,"SINAPI","PONTO DE CONSUMO TERMINAL DE ÁGUA FRIA (SUBRAMAL) COM TUBULAÇÃO DE PVC, DN 25 MM, INSTALADO EM RAMAL DE ÁGUA, INCLUSOS RASGO E CHUMBAMENTO EM ALVENARIA. AF_12/2014","INHI - INSTALAÇÕES HIDROS SANITÁRIAS",null,"UN",9.2399999999999996E-2,116.7,10.78]
["Composição Auxiliar",90443,"SINAPI","RASGO EM ALVENARIA PARA RAMAIS/ DISTRIBUIÇÃO COM DIAMETROS MENORES OU IGUAIS A 40 MM. AF_05/2015","INHI - INSTALAÇÕES HIDROS SANITÁRIAS",null,"M",9.6100000000000005E-2,10.1,0.97]
["Composição Auxiliar",90447,"SINAPI","RASGO EM ALVENARIA PARA ELETRODUTOS COM DIAMETROS MENORES OU IGUAIS A 40 MM. AF_05/2015","INHI - INSTALAÇÕES HIDROS SANITÁRIAS",null,"M",1.6638999999999999,5.56,9.25]
["Composição Auxiliar",90456,"SINAPI","QUEBRA EM ALVENARIA PARA INSTALAÇÃO DE CAIXA DE TOMADA (4X4 OU 4X2). AF_05/2015","INHI - INSTALAÇÕES HIDROS SANITÁRIAS",null,"UN",0.36980000000000002,3.24,1.19]
["Composição Auxiliar",90457,"SINAPI","QUEBRA EM ALVENARIA PARA INSTALAÇÃO DE QUADRO DISTRIBUIÇÃO PEQUENO (19X25 CM). AF_05/2015","INHI - INSTALAÇÕES HIDROS SANITÁRIAS",null,"UN",1.8499999999999999E-2,7.39,0.13]
["Composição Auxiliar",90466,"SINAPI","CHUMBAMENTO LINEAR EM ALVENARIA PARA RAMAIS/DISTRIBUIÇÃO COM DIÂMETROS MENORES OU IGUAIS A 40 MM. AF_05/2015","INHI - INSTALAÇÕES HIDROS SANITÁRIAS",null,"M",1.76,10.87,19.13]
["Composição Auxiliar",90820,"SINAPI","PORTA DE MADEIRA PARA PINTURA, SEMI-OCA (LEVE OU MÉDIA), 60X210CM, ESPESSURA DE 3,5CM, INCLUSO DOBRADIÇAS - FORNECIMENTO E INSTALAÇÃO. AF_12/2019","ESQV - ESQUADRIAS/FERRAGENS/VIDROS",null,"UN",3.6999999999999998E-2,310.61,11.49]
["Composição Auxiliar",90822,"SINAPI","PORTA DE MADEIRA PARA PINTURA, SEMI-OCA (LEVE OU MÉDIA), 80X210CM, ESPESSURA DE 3,5CM, INCLUSO DOBRADIÇAS - FORNECIMENTO E INSTALAÇÃO. AF_12/2019","ESQV - ESQUADRIAS/FERRAGENS/VIDROS",null,"UN",5.5500000000000001E-2,340.25,18.88]
["Composição Auxiliar",91170,"SINAPI","FIXAÇÃO DE TUBOS HORIZONTAIS DE PVC, CPVC OU COBRE DIÂMETROS MENORES OU IGUAIS A 40 MM OU ELETROCALHAS ATÉ 150MM DE LARGURA, COM ABRAÇADEIRA METÁLICA RÍGIDA TIPO D 1/2\u0094, FIXADA EM PERFILADO EM LAJE. AF_05/2015","INHI - INSTALAÇÕES HIDROS SANITÁRIAS",null,"M",0.50839999999999996,3.29,1.67]
["Composição Auxiliar",91341,"SINAPI","PORTA EM ALUMÍNIO DE ABRIR TIPO VENEZIANA COM GUARNIÇÃO, FIXAÇÃO COM PARAFUSOS - FORNECIMENTO E INSTALAÇÃO. AF_12/2019","ESQV - ESQUADRIAS/FERRAGENS/VIDROS",null,"m²",3.1099999999999999E-2,661.17,20.56]
["Composição Auxiliar",91831,"SINAPI","ELETRODUTO FLEXÍVEL CORRUGADO, PVC, DN 20 MM (1/2\"), PARA CIRCUITOS TERMINAIS, INSTALADO EM FORRO - FORNECIMENTO E INSTALAÇÃO. AF_03/2023","INEL - INSTALAÇÃO ELÉTRICA/ELETRIFICAÇÃO E ILUMINAÇÃO EXTERNA",null,"M",0.50839999999999996,9.66,4.91]
["Composição Auxiliar",91852,"SINAPI","ELETRODUTO FLEXÍVEL CORRUGADO, PVC, DN 20 MM (1/2\"), PARA CIRCUITOS TERMINAIS, INSTALADO EM PAREDE - FORNECIMENTO E INSTALAÇÃO. AF_03/2023","INEL - INSTALAÇÃO ELÉTRICA/ELETRIFICAÇÃO E ILUMINAÇÃO EXTERNA",null,"M",1.6638999999999999,8.0399999999999991,13.37]
["Composição Auxiliar",91924,"SINAPI","CABO DE COBRE FLEXÍVEL ISOLADO, 1,5 MM², ANTI-CHAMA 450/750 V, PARA CIRCUITOS TERMINAIS - FORNECIMENTO E INSTALAÇÃO. AF_03/2023","INEL - INSTALAÇÃO ELÉTRICA/ELETRIFICAÇÃO E ILUMINAÇÃO EXTERNA",null,"M",1.3588,3.2,4.34]
["Composição Auxiliar",91926,"SINAPI","CABO DE COBRE FLEXÍVEL ISOLADO, 2,5 MM², ANTI-CHAMA 450/750 V, PARA CIRCUITOS TERMINAIS - FORNECIMENTO E INSTALAÇÃO. AF_03/2023","INEL - INSTALAÇÃO ELÉTRICA/ELETRIFICAÇÃO E ILUMINAÇÃO EXTERNA",null,"M",3.3277999999999999,4.7,15.64]
["Composição Auxiliar",91928,"SINAPI","CABO DE COBRE FLEXÍVEL ISOLADO, 4 MM², ANTI-CHAMA 450/750 V, PARA CIRCUITOS TERMINAIS - FORNECIMENTO E INSTALAÇÃO. AF_03/2023","INEL - INSTALAÇÃO ELÉTRICA/ELETRIFICAÇÃO E ILUMINAÇÃO EXTERNA",null,"M",1.9412,7.35,14.26]
["Composição Auxiliar",91937,"SINAPI","CAIXA OCTOGONAL 3\" X 3\", PVC, INSTALADA EM LAJE - FORNECIMENTO E INSTALAÇÃO. AF_03/2023","INEL - INSTALAÇÃO ELÉTRICA/ELETRIFICAÇÃO E ILUMINAÇÃO EXTERNA",null,"UN",0.16639999999999999,14.24,2.36]
["Composição Auxiliar",91939,"SINAPI","CAIXA RETANGULAR 4\" X 2\" ALTA (2,00 M DO PISO), PVC, INSTALADA EM PAREDE - FORNECIMENTO E INSTALAÇÃO. AF_03/2023","INEL - INSTALAÇÃO ELÉTRICA/ELETRIFICAÇÃO E ILUMINAÇÃO EXTERNA",null,"UN",5.5500000000000001E-2,26.94,1.49]
["Composição Auxiliar",91940,"SINAPI","CAIXA RETANGULAR 4\" X 2\" MÉDIA (1,30 M DO PISO), PVC, INSTALADA EM PAREDE - FORNECIMENTO E INSTALAÇÃO. AF_03/2023","INEL - INSTALAÇÃO ELÉTRICA/ELETRIFICAÇÃO E ILUMINAÇÃO EXTERNA",null,"UN",7.3999999999999996E-2,15.79,1.1599999999999999]
["Composição Auxiliar",91941,"SINAPI","CAIXA RETANGULAR 4\" X 2\" BAIXA (0,30 M DO PISO), PVC, INSTALADA EM PAREDE - FORNECIMENTO E INSTALAÇÃO. AF_03/2023","INEL - INSTALAÇÃO ELÉTRICA/ELETRIFICAÇÃO E ILUMINAÇÃO EXTERNA",null,"UN",0.22189999999999999,10.32,2.29]
["Composição Auxiliar",91945,"SINAPI","SUPORTE PARAFUSADO COM PLACA DE ENCAIXE 4\" X 2\" ALTO (2,00 M DO PISO) PARA PONTO ELÉTRICO - FORNECIMENTO E INSTALAÇÃO. AF_03/2023","INEL - INSTALAÇÃO ELÉTRICA/ELETRIFICAÇÃO E ILUMINAÇÃO EXTERNA",null,"UN",5.5500000000000001E-2,12.99,0.72]
["Composição Auxiliar",92000,"SINAPI","TOMADA BAIXA DE EMBUTIR (1 MÓDULO), 2P+T 10 A, INCLUINDO SUPORTE E PLACA - FORNECIMENTO E INSTALAÇÃO. AF_03/2023","INEL - INSTALAÇÃO ELÉTRICA/ELETRIFICAÇÃO E ILUMINAÇÃO EXTERNA",null,"UN",7.3999999999999996E-2,29.62,2.19]
["Composição Auxiliar",92008,"SINAPI","TOMADA BAIXA DE EMBUTIR (2 MÓDULOS), 2P+T 10 A, INCLUINDO SUPORTE E PLACA - FORNECIMENTO E INSTALAÇÃO. AF_03/2023","INEL - INSTALAÇÃO ELÉTRICA/ELETRIFICAÇÃO E ILUMINAÇÃO EXTERNA",null,"UN",0.1479,46.09,6.81]
["Composição Auxiliar",92023,"SINAPI","INTERRUPTOR SIMPLES (1 MÓDULO) COM 1 TOMADA DE EMBUTIR 2P+T 10 A, INCLUINDO SUPORTE E PLACA - FORNECIMENTO E INSTALAÇÃO. AF_03/2023","INEL - INSTALAÇÃO ELÉTRICA/ELETRIFICAÇÃO E ILUMINAÇÃO EXTERNA",null,"UN",0.12939999999999999,47.82,6.18]
["Composição Auxiliar",92543,"SINAPI","TRAMA DE MADEIRA COMPOSTA POR TERÇAS PARA TELHADOS DE ATÉ 2 ÁGUAS PARA TELHA ONDULADA DE FIBROCIMENTO, METÁLICA, PLÁSTICA OU TERMOACÚSTICA, INCLUSO TRANSPORTE VERTICAL. AF_07/2019","COBE - COBERTURA",null,"m²",1.3539000000000001,14.49,19.61]
["Composição Auxiliar",92981,"SINAPI","CABO DE COBRE FLEXÍVEL ISOLADO, 16 MM², ANTI-CHAMA 450/750 V, PARA DISTRIBUIÇÃO - FORNECIMENTO E INSTALAÇÃO. AF_12/2015","INEL - INSTALAÇÃO ELÉTRICA/ELETRIFICAÇÃO E ILUMINAÇÃO EXTERNA",null,"M",0.18490000000000001,18.79,3.47]
["Composição Auxiliar",93205,"SINAPI","CINTA DE AMARRAÇÃO DE ALVENARIA MOLDADA IN LOCO COM UTILIZAÇÃO DE BLOCOS CANALETA. AF_03/2016","FUES - FUNDAÇÕES E ESTRUTURAS",null,"M",0.94440000000000002,42.01,39.67]
["Composição Auxiliar",93358,"SINAPI","ESCAVAÇÃO MANUAL DE VALA COM PROFUNDIDADE MENOR OU IGUAL A 1,30 M. AF_02/2021","MOVT - MOVIMENTO DE TERRA",null,"m³",3.6799999999999999E-2,60.72,2.23]
["Composição Auxiliar",93382,"SINAPI","REATERRO MANUAL DE VALAS, COM COMPACTADOR DE SOLOS DE PERCUSSÃO. AF_08/2023","MOVT - MOVIMENTO DE TERRA",null,"m³",9.4000000000000004E-3,18.52,0.17]
["Composição Auxiliar",94210,"SINAPI","TELHAMENTO COM TELHA ONDULADA DE FIBROCIMENTO E = 6 MM, COM RECOBRIMENTO LATERAL DE 1 1/4 DE ONDA PARA TELHADO COM INCLINAÇÃO MÁXIMA DE 10°, COM ATÉ 2 ÁGUAS, INCLUSO IÇAMENTO. AF_07/2019","COBE - COBERTURA",null,"m²",1.3539000000000001,47.96,64.930000000000007]
["Composição Auxiliar",94559,"SINAPI","JANELA DE AÇO TIPO BASCULANTE PARA VIDROS, COM BATENTE, FERRAGENS E PINTURA ANTICORROSIVA. EXCLUSIVE VIDROS, ACABAMENTO, ALIZAR E CONTRAMARCO. FORNECIMENTO E INSTALAÇÃO. AF_12/2019","ESQV - ESQUADRIAS/FERRAGENS/VIDROS",null,"m²",2.7699999999999999E-2,641.33000000000004,17.760000000000002]
["Composição Auxiliar",95240,"SINAPI","LASTRO DE CONCRETO MAGRO, APLICADO EM PISOS, LAJES SOBRE SOLO OU RADIERS, ESPESSURA DE 3 CM. AF_07/2016","FUES - FUNDAÇÕES E ESTRUTURAS",null,"m²",8.5000000000000006E-3,21.46,0.18]
["Composição Auxiliar",95241,"SINAPI","LASTRO DE CONCRETO MAGRO, APLICADO EM PISOS, LAJES SOBRE SOLO OU RADIERS, ESPESSURA DE 5 CM. AF_07/2016","FUES - FUNDAÇÕES E ESTRUTURAS",null,"m²",1.2256,35.76,43.82]
["Composição Auxiliar",96985,"SINAPI","HASTE DE ATERRAMENTO, DIÂMETRO 5/8\", COM 3 METROS - FORNECIMENTO E INSTALAÇÃO. AF_08/2023","INEL - INSTALAÇÃO ELÉTRICA/ELETRIFICAÇÃO E ILUMINAÇÃO EXTERNA",null,"UN",3.6999999999999998E-2,93.6,3.46]
["Composição Auxiliar",97586,"SINAPI","LUMINÁRIA TIPO CALHA, DE SOBREPOR, COM 2 LÂMPADAS TUBULARES FLUORESCENTES DE 36 W, COM REATOR DE PARTIDA RÁPIDA - FORNECIMENTO E INSTALAÇÃO. AF_02/2020","INEL - INSTALAÇÃO ELÉTRICA/ELETRIFICAÇÃO E ILUMINAÇÃO EXTERNA",null,"UN",0.1109,156.79,17.38]
["Composição Auxiliar",97593,"SINAPI","LUMINÁRIA TIPO SPOT, DE SOBREPOR, COM 1 LÂMPADA FLUORESCENTE DE 15 W, SEM REATOR - FORNECIMENTO E INSTALAÇÃO. AF_02/2020","INEL - INSTALAÇÃO ELÉTRICA/ELETRIFICAÇÃO E ILUMINAÇÃO EXTERNA",null,"UN",7.3999999999999996E-2,143.47999999999999,10.61]
["Composição Auxiliar",97611,"SINAPI","LÂMPADA COMPACTA FLUORESCENTE DE 15 W, BASE E27 - FORNECIMENTO E INSTALAÇÃO. AF_02/2020","INEL - INSTALAÇÃO ELÉTRICA/ELETRIFICAÇÃO E ILUMINAÇÃO EXTERNA",null,"UN",3.6999999999999998E-2,24.79,0.91]
["Composição Auxiliar",97612,"SINAPI","LÂMPADA COMPACTA FLUORESCENTE DE 20 W, BASE E27 - FORNECIMENTO E INSTALAÇÃO. AF_02/2020","INEL - INSTALAÇÃO ELÉTRICA/ELETRIFICAÇÃO E ILUMINAÇÃO EXTERNA",null,"UN",3.6999999999999998E-2,27.1,1]
["Composição Auxiliar",97886,"SINAPI","CAIXA ENTERRADA ELÉTRICA RETANGULAR, EM ALVENARIA COM TIJOLOS CERÂMICOS MACIÇOS, FUNDO COM BRITA, DIMENSÕES INTERNAS: 0,3X0,3X0,3 M. AF_12/2020","INEL - INSTALAÇÃO ELÉTRICA/ELETRIFICAÇÃO E ILUMINAÇÃO EXTERNA",null,"UN",3.6999999999999998E-2,163.29,6.04]
["Composição Auxiliar",97906,"SINAPI","CAIXA ENTERRADA HIDRÁULICA RETANGULAR, EM ALVENARIA COM BLOCOS DE CONCRETO, DIMENSÕES INTERNAS: 0,6X0,6X0,6 M PARA REDE DE ESGOTO. AF_12/2020","INHI - INSTALAÇÕES HIDROS SANITÁRIAS",null,"UN",1.8499999999999999E-2,418.31,7.73]
["Composição Auxiliar",98283,"SINAPI","CABO TELEFÔNICO CCI-50 4 PARES, SEM BLINDAGEM, INSTALADO EM DISTRIBUIÇÃO DE EDIFICAÇÃO RESIDENCIAL - FORNECIMENTO E INSTALAÇÃO. AF_11/2019","INES - INSTALAÇÕES ESPECIAIS",null,"M",0.59160000000000001,8.14,4.8099999999999996]
["Insumo",3080,"SINAPI","FECHADURA ESPELHO PARA PORTA EXTERNA, EM ACO INOX (MAQUINA, TESTA E CONTRA-TESTA) E EM ZAMAC (MACANETA, LINGUETA E TRINCOS) COM ACABAMENTO CROMADO, MAQUINA DE 40 MM, INCLUINDO CHAVE TIPO CILINDRO","Material",null,"CJ",5.5500000000000001E-2,86,4.7699999999999996]
["Insumo",3097,"SINAPI","FECHADURA ROSETA REDONDA PARA PORTA DE BANHEIRO, EM ACO INOX (MAQUINA, TESTA E CONTRA-TESTA) E EM ZAMAC (MACANETA, LINGUETA E TRINCOS) COM ACABAMENTO CROMADO, MAQUINA DE 40 MM, INCLUINDO CHAVE TIPO TRANQUETA","Material",null,"CJ",3.6999999999999998E-2,96.29,3.56]
["Insumo",10886,"SINAPI","EXTINTOR DE INCENDIO PORTATIL COM CARGA DE AGUA PRESSURIZADA DE 10 L, CLASSE A","Material",null,"UN",1.8499999999999999E-2,341.25,6.31]
["Insumo",10891,"SINAPI","EXTINTOR DE INCENDIO PORTATIL COM CARGA DE PO QUIMICO SECO (PQS) DE 4 KG, CLASSE BC","Material",null,"UN",1.8499999999999999E-2,329.99,6.1]
["Insumo",11587,"SINAPI","FORRO DE PVC LISO, BRANCO, REGUA DE 10 CM, ESPESSURA DE 8 MM A 10 MM (COM COLOCACAO / SEM ESTRUTURA METALICA)","Material",null,"m²",0.86950000000000005,78.17,67.959999999999994]
[null,0,null,null,"MO sem LS =>",156.46975322122734,"LS =>",130.12,"MO com LS =>",286.59000000000003]
[null,0,null,null,"Valor do BDI =>",0,null,"Valor com BDI =>",null,1102.8599999999999]
[null,0]
[" 35 ","Código","Banco","Descrição","Tipo",null,"Und","Quant.","Valor Unit","Total"]
["Composição",93213,"SINAPI","EXECUÇÃO DE SANITÁRIO E VESTIÁRIO EM CANTEIRO DE OBRA EM ALVENARIA, NÃO INCLUSO MOBILIÁRIO. AF_02/2016","CANT - CANTEIRO DE OBRAS",null,"m²",1,979.15,979.15]
["Composição Auxiliar",100860,"SINAPI","CHUVEIRO ELÉTRICO COMUM CORPO PLÁSTICO, TIPO DUCHA \u0096 FORNECIMENTO E INSTALAÇÃO. AF_01/2020","INHI - INSTALAÇÕES HIDROS SANITÁRIAS",null,"UN",6.6799999999999998E-2,87.13,5.82]
["Composição Auxiliar",101165,"SINAPI","ALVENARIA DE EMBASAMENTO COM BLOCO ESTRUTURAL DE CONCRETO, DE 14X19X29CM E ARGAMASSA DE ASSENTAMENTO COM PREPARO EM BETONEIRA. AF_05/2020","FUES - FUNDAÇÕES E ESTRUTURAS",null,"m³",2.8400000000000002E-2,878.86,24.95]
["Composição Auxiliar",101876,"SINAPI","QUADRO DE DISTRIBUIÇÃO DE ENERGIA EM PVC, DE EMBUTIR, SEM BARRAMENTO, PARA 6 DISJUNTORES - FORNECIMENTO E INSTALAÇÃO. AF_10/2020","INEL - INSTALAÇÃO ELÉTRICA/ELETRIFICAÇÃO E ILUMINAÇÃO EXTERNA",null,"UN",1.67E-2,73.56,1.22]
["Composição Auxiliar",101891,"SINAPI","DISJUNTOR MONOPOLAR TIPO NEMA, CORRENTE NOMINAL DE 35 ATÉ 50A - FORNECIMENTO E INSTALAÇÃO. AF_10/2020","INEL - INSTALAÇÃO ELÉTRICA/ELETRIFICAÇÃO E ILUMINAÇÃO EXTERNA",null,"UN",0.1002,29.09,2.91]
["Composição Auxiliar",103328,"SINAPI","ALVENARIA DE VEDAÇÃO DE BLOCOS CERÂMICOS FURADOS NA HORIZONTAL DE 9X19X19 CM (ESPESSURA 9 CM) E ARGAMASSA DE ASSENTAMENTO COM PREPARO EM BETONEIRA. AF_12/2021","PARE - PAREDES/PAINEIS",null,"m²",1.782,78.22,139.38]
["Composição Auxiliar",86888,"SINAPI","VASO SANITÁRIO SIFONADO COM CAIXA ACOPLADA LOUÇA BRANCA - FORNECIMENTO E INSTALAÇÃO. AF_01/2020","INHI - INSTALAÇÕES HIDROS SANITÁRIAS",null,"UN",5.0099999999999999E-2,452.97,22.69]
["Composição Auxiliar",86943,"SINAPI","LAVATÓRIO LOUÇA BRANCA SUSPENSO, 29,5 X 39CM OU EQUIVALENTE, PADRÃO POPULAR, INCLUSO SIFÃO FLEXÍVEL EM PVC, VÁLVULA E ENGATE FLEXÍVEL 30CM EM PLÁSTICO E TORNEIRA CROMADA DE MESA, PADRÃO POPULAR - FORNECIMENTO E INSTALAÇÃO. AF_01/2020","INHI - INSTALAÇÕES HIDROS SANITÁRIAS",null,"UN",5.0099999999999999E-2,278.86,13.97]
["Composição Auxiliar",87548,"SINAPI","MASSA ÚNICA, PARA RECEBIMENTO DE PINTURA, EM ARGAMASSA TRAÇO 1:2:8, PREPARO MANUAL, APLICADA MANUALMENTE EM FACES INTERNAS DE PAREDES, ESPESSURA DE 10MM, COM EXECUÇÃO DE TALISCAS. AF_06/2014","REVE - REVESTIMENTO E TRATAMENTO DE SUPERFÍCIES",null,"m²",0.25580000000000003,23.36,5.97]
["Composição Auxiliar",87777,"SINAPI","EMBOÇO OU MASSA ÚNICA EM ARGAMASSA TRAÇO 1:2:8, PREPARO MANUAL, APLICADA MANUALMENTE EM PANOS DE FACHADA COM PRESENÇA DE VÃOS, ESPESSURA DE 25 MM. AF_08/2022","REVE - REVESTIMENTO E TRATAMENTO DE SUPERFÍCIES",null,"m²",1.371,47.49,65.099999999999994]
["Composição Auxiliar",87885,"SINAPI","CHAPISCO APLICADO NO TETO OU EM ALVENARIA E ESTRUTURA, COM ROLO PARA TEXTURA ACRÍLICA. ARGAMASSA INDUSTRIALIZADA COM PREPARO EM MISTURADOR 300 KG. AF_10/2022","REVE - REVESTIMENTO E TRATAMENTO DE SUPERFÍCIES",null,"m²",1.8932,10.88,20.59]
["Composição Auxiliar",87903,"SINAPI","CHAPISCO APLICADO EM ALVENARIA (COM PRESENÇA DE VÃOS) E ESTRUTURAS DE CONCRETO DE FACHADA, COM ROLO PARA TEXTURA ACRÍLICA.  ARGAMASSA INDUSTRIALIZADA COM PREPARO EM MISTURADOR 300 KG. AF_10/2022","REVE - REVESTIMENTO E TRATAMENTO DE SUPERFÍCIES",null,"m²",1.371,12.61,17.28]
["Composição Auxiliar",88489,"SINAPI","PINTURA LÁTEX ACRÍLICA PREMIUM, APLICAÇÃO MANUAL EM PAREDES, DUAS DEMÃOS. AF_04/2023","PINT - PINTURAS",null,"m²",1.5262,8.41,12.83]
["Composição Auxiliar",89171,"SINAPI","(COMPOSIÇÃO REPRESENTATIVA) DO SERVIÇO DE REVESTIMENTO CERÂMICO PARA PISO COM PLACAS TIPO ESMALTADA EXTRA DE DIMENSÕES 35X35 CM, PARA EDIFICAÇÃO HABITACIONAL UNIFAMILIAR (CASA) E EDIFICAÇÃO PÚBLICA PADRÃO. AF_11/2014","PISO - PISOS",null,"m²",0.78100000000000003,68.56,53.54]
["Composição Auxiliar",89173,"SINAPI","(COMPOSIÇÃO REPRESENTATIVA) DO SERVIÇO DE EMBOÇO/MASSA ÚNICA, APLICADO MANUALMENTE, TRAÇO 1:2:8, EM BETONEIRA DE 400L, PAREDES INTERNAS, COM EXECUÇÃO DE TALISCAS, EDIFICAÇÃO HABITACIONAL UNIFAMILIAR (CASAS) E EDIFICAÇÃO PÚBLICA PADRÃO. AF_12/2014","REVE - REVESTIMENTO E TRATAMENTO DE SUPERFÍCIES",null,"m²",1.8932,34,64.36]
["Composição Auxiliar",89709,"SINAPI","RALO SIFONADO, PVC, DN 100 X 40 MM, JUNTA SOLDÁVEL, FORNECIDO E INSTALADO EM RAMAL DE DESCARGA OU EM RAMAL DE ESGOTO SANITÁRIO. AF_08/2022","INHI - INSTALAÇÕES HIDROS SANITÁRIAS",null,"UN",6.6799999999999998E-2,19.98,1.33]
["Composição Auxiliar",89711,"SINAPI","TUBO PVC, SERIE NORMAL, ESGOTO PREDIAL, DN 40 MM, FORNECIDO E INSTALADO EM RAMAL DE DESCARGA OU RAMAL DE ESGOTO SANITÁRIO. AF_08/2022","INHI - INSTALAÇÕES HIDROS SANITÁRIAS",null,"M",0.1565,17.96,2.81]
["Composição Auxiliar",89712,"SINAPI","TUBO PVC, SERIE NORMAL, ESGOTO PREDIAL, DN 50 MM, FORNECIDO E INSTALADO EM RAMAL DE DESCARGA OU RAMAL DE ESGOTO SANITÁRIO. AF_08/2022","INHI - INSTALAÇÕES HIDROS SANITÁRIAS",null,"M",0.2145,23.65,5.07]
["Composição Auxiliar",89714,"SINAPI","TUBO PVC, SERIE NORMAL, ESGOTO PREDIAL, DN 100 MM, FORNECIDO E INSTALADO EM RAMAL DE DESCARGA OU RAMAL DE ESGOTO SANITÁRIO. AF_08/2022","INHI - INSTALAÇÕES HIDROS SANITÁRIAS",null,"M",4.5100000000000001E-2,32.909999999999997,1.48]
["Composição Auxiliar",89724,"SINAPI","JOELHO 90 GRAUS, PVC, SERIE NORMAL, ESGOTO PREDIAL, DN 40 MM, JUNTA SOLDÁVEL, FORNECIDO E INSTALADO EM RAMAL DE DESCARGA OU RAMAL DE ESGOTO SANITÁRIO. AF_08/2022","INHI - INSTALAÇÕES HIDROS SANITÁRIAS",null,"UN",0.1671,8.4700000000000006,1.41]
["Composição Auxiliar",89731,"SINAPI","JOELHO 90 GRAUS, PVC, SERIE NORMAL, ESGOTO PREDIAL, DN 50 MM, JUNTA ELÁSTICA, FORNECIDO E INSTALADO EM RAMAL DE DESCARGA OU RAMAL DE ESGOTO SANITÁRIO. AF_08/2022","INHI - INSTALAÇÕES HIDROS SANITÁRIAS",null,"UN",1.67E-2,14.97,0.24]
["Composição Auxiliar",89748,"SINAPI","CURVA CURTA 90 GRAUS, PVC, SERIE NORMAL, ESGOTO PREDIAL, DN 100 MM, JUNTA ELÁSTICA, FORNECIDO E INSTALADO EM RAMAL DE DESCARGA OU RAMAL DE ESGOTO SANITÁRIO. AF_08/2022","INHI - INSTALAÇÕES HIDROS SANITÁRIAS",null,"UN",5.0099999999999999E-2,44.34,2.2200000000000002]
["Composição Auxiliar",89784,"SINAPI","TE, PVC, SERIE NORMAL, ESGOTO PREDIAL, DN 50 X 50 MM, JUNTA ELÁSTICA, FORNECIDO E INSTALADO EM RAMAL DE DESCARGA OU RAMAL DE ESGOTO SANITÁRIO. AF_08/2022","INHI - INSTALAÇÕES HIDROS SANITÁRIAS",null,"UN",1.67E-2,24.75,0.41]
["Composição Auxiliar",89957,"SINAPI","PONTO DE CONSUMO TERMINAL DE ÁGUA FRIA (SUBRAMAL) COM TUBULAÇÃO DE PVC, DN 25 MM, INSTALADO EM RAMAL DE ÁGUA, INCLUSOS RASGO E CHUMBAMENTO EM ALVENARIA. AF_12/2014","INHI - INSTALAÇÕES HIDROS SANITÁRIAS",null,"UN",0.1671,116.7,19.5]
["Composição Auxiliar",89970,"SINAPI","KIT DE REGISTRO DE PRESSÃO BRUTO DE LATÃO ¾\", INCLUSIVE CONEXÕES, ROSCÁVEL, INSTALADO EM RAMAL DE ÁGUA FRIA - FORNECIMENTO E INSTALAÇÃO. AF_12/2014","INHI - INSTALAÇÕES HIDROS SANITÁRIAS",null,"UN",6.6799999999999998E-2,45.87,3.06]
["Composição Auxiliar",90443,"SINAPI","RASGO EM ALVENARIA PARA RAMAIS/ DISTRIBUIÇÃO COM DIAMETROS MENORES OU IGUAIS A 40 MM. AF_05/2015","INHI - INSTALAÇÕES HIDROS SANITÁRIAS",null,"M",6.93E-2,10.1,0.69]
["Composição Auxiliar",90447,"SINAPI","RASGO EM ALVENARIA PARA ELETRODUTOS COM DIAMETROS MENORES OU IGUAIS A 40 MM. AF_05/2015","INHI - INSTALAÇÕES HIDROS SANITÁRIAS",null,"M",0.1754,5.56,0.97]
["Composição Auxiliar",90456,"SINAPI","QUEBRA EM ALVENARIA PARA INSTALAÇÃO DE CAIXA DE TOMADA (4X4 OU 4X2). AF_05/2015","INHI - INSTALAÇÕES HIDROS SANITÁRIAS",null,"UN",3.3399999999999999E-2,3.24,0.1]
["Composição Auxiliar",90457,"SINAPI","QUEBRA EM ALVENARIA PARA INSTALAÇÃO DE QUADRO DISTRIBUIÇÃO PEQUENO (19X25 CM). AF_05/2015","INHI - INSTALAÇÕES HIDROS SANITÁRIAS",null,"UN",1.67E-2,7.39,0.12]
["Composição Auxiliar",90466,"SINAPI","CHUMBAMENTO LINEAR EM ALVENARIA PARA RAMAIS/DISTRIBUIÇÃO COM DIÂMETROS MENORES OU IGUAIS A 40 MM. AF_05/2015","INHI - INSTALAÇÕES HIDROS SANITÁRIAS",null,"M",0.2447,10.87,2.65]
["Composição Auxiliar",90822,"SINAPI","PORTA DE MADEIRA PARA PINTURA, SEMI-OCA (LEVE OU MÉDIA), 80X210CM, ESPESSURA DE 3,5CM, INCLUSO DOBRADIÇAS - FORNECIMENTO E INSTALAÇÃO. AF_12/2019","ESQV - ESQUADRIAS/FERRAGENS/VIDROS",null,"UN",3.3399999999999999E-2,340.25,11.36]
["Composição Auxiliar",91170,"SINAPI","FIXAÇÃO DE TUBOS HORIZONTAIS DE PVC, CPVC OU COBRE DIÂMETROS MENORES OU IGUAIS A 40 MM OU ELETROCALHAS ATÉ 150MM DE LARGURA, COM ABRAÇADEIRA METÁLICA RÍGIDA TIPO D 1/2\u0094, FIXADA EM PERFILADO EM LAJE. AF_05/2015","INHI - INSTALAÇÕES HIDROS SANITÁRIAS",null,"M",0.44269999999999998,3.29,1.45]
["Composição Auxiliar",91305,"SINAPI","FECHADURA DE EMBUTIR PARA PORTA DE BANHEIRO, COMPLETA, ACABAMENTO PADRÃO POPULAR, INCLUSO EXECUÇÃO DE FURO - FORNECIMENTO E INSTALAÇÃO. AF_12/2019","ESQV - ESQUADRIAS/FERRAGENS/VIDROS",null,"UN",5.0099999999999999E-2,117.05,5.86]
["Composição Auxiliar",91831,"SINAPI","ELETRODUTO FLEXÍVEL CORRUGADO, PVC, DN 20 MM (1/2\"), PARA CIRCUITOS TERMINAIS, INSTALADO EM FORRO - FORNECIMENTO E INSTALAÇÃO. AF_03/2023","INEL - INSTALAÇÃO ELÉTRICA/ELETRIFICAÇÃO E ILUMINAÇÃO EXTERNA",null,"M",0.31740000000000002,9.66,3.06]
["Composição Auxiliar",91834,"SINAPI","ELETRODUTO FLEXÍVEL CORRUGADO, PVC, DN 25 MM (3/4\"), PARA CIRCUITOS TERMINAIS, INSTALADO EM FORRO - FORNECIMENTO E INSTALAÇÃO. AF_03/2023","INEL - INSTALAÇÃO ELÉTRICA/ELETRIFICAÇÃO E ILUMINAÇÃO EXTERNA",null,"M",0.12529999999999999,10.37,1.29]
["Composição Auxiliar",91852,"SINAPI","ELETRODUTO FLEXÍVEL CORRUGADO, PVC, DN 20 MM (1/2\"), PARA CIRCUITOS TERMINAIS, INSTALADO EM PAREDE - FORNECIMENTO E INSTALAÇÃO. AF_03/2023","INEL - INSTALAÇÃO ELÉTRICA/ELETRIFICAÇÃO E ILUMINAÇÃO EXTERNA",null,"M",0.15040000000000001,8.0399999999999991,1.2]
["Composição Auxiliar",91854,"SINAPI","ELETRODUTO FLEXÍVEL CORRUGADO, PVC, DN 25 MM (3/4\"), PARA CIRCUITOS TERMINAIS, INSTALADO EM PAREDE - FORNECIMENTO E INSTALAÇÃO. AF_03/2023","INEL - INSTALAÇÃO ELÉTRICA/ELETRIFICAÇÃO E ILUMINAÇÃO EXTERNA",null,"M",2.5100000000000001E-2,8.69,0.21]
["Composição Auxiliar",91924,"SINAPI","CABO DE COBRE FLEXÍVEL ISOLADO, 1,5 MM², ANTI-CHAMA 450/750 V, PARA CIRCUITOS TERMINAIS - FORNECIMENTO E INSTALAÇÃO. AF_03/2023","INEL - INSTALAÇÃO ELÉTRICA/ELETRIFICAÇÃO E ILUMINAÇÃO EXTERNA",null,"M",1.2028000000000001,3.2,3.84]
["Composição Auxiliar",91926,"SINAPI","CABO DE COBRE FLEXÍVEL ISOLADO, 2,5 MM², ANTI-CHAMA 450/750 V, PARA CIRCUITOS TERMINAIS - FORNECIMENTO E INSTALAÇÃO. AF_03/2023","INEL - INSTALAÇÃO ELÉTRICA/ELETRIFICAÇÃO E ILUMINAÇÃO EXTERNA",null,"M",0.4511,4.7,2.12]
["Composição Auxiliar",91928,"SINAPI","CABO DE COBRE FLEXÍVEL ISOLADO, 4 MM², ANTI-CHAMA 450/750 V, PARA CIRCUITOS TERMINAIS - FORNECIMENTO E INSTALAÇÃO. AF_03/2023","INEL - INSTALAÇÃO ELÉTRICA/ELETRIFICAÇÃO E ILUMINAÇÃO EXTERNA",null,"M",1.0023,7.35,7.36]
["Composição Auxiliar",91940,"SINAPI","CAIXA RETANGULAR 4\" X 2\" MÉDIA (1,30 M DO PISO), PVC, INSTALADA EM PAREDE - FORNECIMENTO E INSTALAÇÃO. AF_03/2023","INEL - INSTALAÇÃO ELÉTRICA/ELETRIFICAÇÃO E ILUMINAÇÃO EXTERNA",null,"UN",6.6799999999999998E-2,15.79,1.05]
["Composição Auxiliar",91959,"SINAPI","INTERRUPTOR SIMPLES (2 MÓDULOS), 10A/250V, INCLUINDO SUPORTE E PLACA - FORNECIMENTO E INSTALAÇÃO. AF_03/2023","INEL - INSTALAÇÃO ELÉTRICA/ELETRIFICAÇÃO E ILUMINAÇÃO EXTERNA",null,"UN",1.67E-2,43.13,0.72]
["Composição Auxiliar",91967,"SINAPI","INTERRUPTOR SIMPLES (3 MÓDULOS), 10A/250V, INCLUINDO SUPORTE E PLACA - FORNECIMENTO E INSTALAÇÃO. AF_03/2023","INEL - INSTALAÇÃO ELÉTRICA/ELETRIFICAÇÃO E ILUMINAÇÃO EXTERNA",null,"UN",1.67E-2,58.14,0.97]
["Composição Auxiliar",92000,"SINAPI","TOMADA BAIXA DE EMBUTIR (1 MÓDULO), 2P+T 10 A, INCLUINDO SUPORTE E PLACA - FORNECIMENTO E INSTALAÇÃO. AF_03/2023","INEL - INSTALAÇÃO ELÉTRICA/ELETRIFICAÇÃO E ILUMINAÇÃO EXTERNA",null,"UN",3.3399999999999999E-2,29.62,0.98]
["Composição Auxiliar",92543,"SINAPI","TRAMA DE MADEIRA COMPOSTA POR TERÇAS PARA TELHADOS DE ATÉ 2 ÁGUAS PARA TELHA ONDULADA DE FIBROCIMENTO, METÁLICA, PLÁSTICA OU TERMOACÚSTICA, INCLUSO TRANSPORTE VERTICAL. AF_07/2019","COBE - COBERTURA",null,"m²",1.3485,14.49,19.53]
["Composição Auxiliar",92981,"SINAPI","CABO DE COBRE FLEXÍVEL ISOLADO, 16 MM², ANTI-CHAMA 450/750 V, PARA DISTRIBUIÇÃO - FORNECIMENTO E INSTALAÇÃO. AF_12/2015","INEL - INSTALAÇÃO ELÉTRICA/ELETRIFICAÇÃO E ILUMINAÇÃO EXTERNA",null,"M",0.25059999999999999,18.79,4.7]
["Composição Auxiliar",93205,"SINAPI","CINTA DE AMARRAÇÃO DE ALVENARIA MOLDADA IN LOCO COM UTILIZAÇÃO DE BLOCOS CANALETA. AF_03/2016","FUES - FUNDAÇÕES E ESTRUTURAS",null,"M",0.71179999999999999,42.01,29.9]
["Composição Auxiliar",93358,"SINAPI","ESCAVAÇÃO MANUAL DE VALA COM PROFUNDIDADE MENOR OU IGUAL A 1,30 M. AF_02/2021","MOVT - MOVIMENTO DE TERRA",null,"m³",2.7699999999999999E-2,60.72,1.68]
["Composição Auxiliar",93382,"SINAPI","REATERRO MANUAL DE VALAS, COM COMPACTADOR DE SOLOS DE PERCUSSÃO. AF_08/2023","MOVT - MOVIMENTO DE TERRA",null,"m³",7.0000000000000001E-3,18.52,0.12]
["Composição Auxiliar",94210,"SINAPI","TELHAMENTO COM TELHA ONDULADA DE FIBROCIMENTO E = 6 MM, COM RECOBRIMENTO LATERAL DE 1 1/4 DE ONDA PARA TELHADO COM INCLINAÇÃO MÁXIMA DE 10°, COM ATÉ 2 ÁGUAS, INCLUSO IÇAMENTO. AF_07/2019","COBE - COBERTURA",null,"m²",1.3485,47.96,64.67]
["Composição Auxiliar",94559,"SINAPI","JANELA DE AÇO TIPO BASCULANTE PARA VIDROS, COM BATENTE, FERRAGENS E PINTURA ANTICORROSIVA. EXCLUSIVE VIDROS, ACABAMENTO, ALIZAR E CONTRAMARCO. FORNECIMENTO E INSTALAÇÃO. AF_12/2019","ESQV - ESQUADRIAS/FERRAGENS/VIDROS",null,"m²",9.1899999999999996E-2,641.33000000000004,58.93]
["Composição Auxiliar",95240,"SINAPI","LASTRO DE CONCRETO MAGRO, APLICADO EM PISOS, LAJES SOBRE SOLO OU RADIERS, ESPESSURA DE 3 CM. AF_07/2016","FUES - FUNDAÇÕES E ESTRUTURAS",null,"m²",6.3E-3,21.46,0.13]
["Composição Auxiliar",95241,"SINAPI","LASTRO DE CONCRETO MAGRO, APLICADO EM PISOS, LAJES SOBRE SOLO OU RADIERS, ESPESSURA DE 5 CM. AF_07/2016","FUES - FUNDAÇÕES E ESTRUTURAS",null,"m²",0.89529999999999998,35.76,32.01]
["Composição Auxiliar",96985,"SINAPI","HASTE DE ATERRAMENTO, DIÂMETRO 5/8\", COM 3 METROS - FORNECIMENTO E INSTALAÇÃO. AF_08/2023","INEL - INSTALAÇÃO ELÉTRICA/ELETRIFICAÇÃO E ILUMINAÇÃO EXTERNA",null,"UN",5.0099999999999999E-2,93.6,4.68]
["Composição Auxiliar",97586,"SINAPI","LUMINÁRIA TIPO CALHA, DE SOBREPOR, COM 2 LÂMPADAS TUBULARES FLUORESCENTES DE 36 W, COM REATOR DE PARTIDA RÁPIDA - FORNECIMENTO E INSTALAÇÃO. AF_02/2020","INEL - INSTALAÇÃO ELÉTRICA/ELETRIFICAÇÃO E ILUMINAÇÃO EXTERNA",null,"UN",0.1336,156.79,20.94]
["Composição Auxiliar",97886,"SINAPI","CAIXA ENTERRADA ELÉTRICA RETANGULAR, EM ALVENARIA COM TIJOLOS CERÂMICOS MACIÇOS, FUNDO COM BRITA, DIMENSÕES INTERNAS: 0,3X0,3X0,3 M. AF_12/2020","INEL - INSTALAÇÃO ELÉTRICA/ELETRIFICAÇÃO E ILUMINAÇÃO EXTERNA",null,"UN",5.0099999999999999E-2,163.29,8.18]
["Composição Auxiliar",97906,"SINAPI","CAIXA ENTERRADA HIDRÁULICA RETANGULAR, EM ALVENARIA COM BLOCOS DE CONCRETO, DIMENSÕES INTERNAS: 0,6X0,6X0,6 M PARA REDE DE ESGOTO. AF_12/2020","INHI - INSTALAÇÕES HIDROS SANITÁRIAS",null,"UN",3.3399999999999999E-2,418.31,13.97]
["Composição Auxiliar",98679,"SINAPI","PISO CIMENTADO, TRAÇO 1:3 (CIMENTO E AREIA), ACABAMENTO LISO, ESPESSURA 2,0 CM, PREPARO MECÂNICO DA ARGAMASSA. AF_09/2020","PISO - PISOS",null,"m²",0.4627,36.67,16.96]
["Insumo",3080,"SINAPI","FECHADURA ESPELHO PARA PORTA EXTERNA, EM ACO INOX (MAQUINA, TESTA E CONTRA-TESTA) E EM ZAMAC (MACANETA, LINGUETA E TRINCOS) COM ACABAMENTO CROMADO, MAQUINA DE 40 MM, INCLUINDO CHAVE TIPO CILINDRO","Material",null,"CJ",3.3399999999999999E-2,86,2.87]
["Insumo",3659,"SINAPI","JUNCAO SIMPLES DE REDUCAO, PVC, DN 100 X 50 MM, SERIE NORMAL PARA ESGOTO PREDIAL","Material",null,"UN",1.67E-2,19.87,0.33]
["Insumo",3670,"SINAPI","JUNCAO SIMPLES, PVC, 45 GRAUS, DN 100 X 100 MM, SERIE NORMAL PARA ESGOTO PREDIAL","Material",null,"UN",3.3399999999999999E-2,25.51,0.85]
["Insumo",10698,"SINAPI","DIVISORIA, PLACA  PRE-MOLDADA EM GRANILITE, MARMORITE OU GRANITINA,  E = *3 CM","Material",null,"m²",0.29530000000000001,207.56,61.29]
["Insumo",11587,"SINAPI","FORRO DE PVC LISO, BRANCO, REGUA DE 10 CM, ESPESSURA DE 8 MM A 10 MM (COM COLOCACAO / SEM ESTRUTURA METALICA)","Material",null,"m²",0.89529999999999998,78.17,69.98]
["Insumo",11697,"SINAPI","MICTORIO COLETIVO ACO INOX (AISI 304), E = 0,8 MM, DE *100 X 40 X 30* CM (C X A X P)","Material",null,"UN",1.67E-2,940.94,15.71]
["Insumo",11712,"SINAPI","CAIXA SIFONADA, PVC, 150 X 150 X 50 MM, COM GRELHA QUADRADA, BRANCA (NBR 5688)","Material",null,"UN",3.3399999999999999E-2,48.86,1.63]
["Insumo",21112,"SINAPI","VALVULA DE DESCARGA EM METAL CROMADO PARA MICTORIO COM ACIONAMENTO POR PRESSAO E FECHAMENTO AUTOMATICO","Material",null,"UN",1.67E-2,271.07,4.5199999999999996]
["Insumo",43777,"SINAPI","PORTA DE MADEIRA, FOLHA LEVE (NBR 15930), DE 600 X 2100 MM, E = 35 MM, NUCLEO COLMEIA, CAPA LISA EM HDF, ACABAMENTO MELAMINICO EM PADRAO MADEIRA","Material",null,"UN",4.29364E-2,266.33,11.43]
[null,0,null,null,"MO sem LS =>",125.32212273422145,"LS =>",104.22,"MO com LS =>",229.54]
[null,0,null,null,"Valor do BDI =>",0,null,"Valor com BDI =>",null,979.15]
[null,0]
[" 36 ","Código","Banco","Descrição","Tipo",null,"Und","Quant.","Valor Unit","Total"]
["Composição",86931,"SINAPI","VASO SANITÁRIO SIFONADO COM CAIXA ACOPLADA LOUÇA BRANCA, INCLUSO ENGATE FLEXÍVEL EM PLÁSTICO BRANCO, 1/2  X 40CM - FORNECIMENTO E INSTALAÇÃO. AF_01/2020","INHI - INSTALAÇÕES HIDROS SANITÁRIAS",null,"UN",1,464.37,464.37]
["Composição Auxiliar",86885,"SINAPI","ENGATE FLEXÍVEL EM PLÁSTICO BRANCO, 1/2\u0094 X 40CM - FORNECIMENTO E INSTALAÇÃO. AF_01/2020","INHI - INSTALAÇÕES HIDROS SANITÁRIAS",null,"UN",1,11.4,11.4]
["Composição Auxiliar",86888,"SINAPI","VASO SANITÁRIO SIFONADO COM CAIXA ACOPLADA LOUÇA BRANCA - FORNECIMENTO E INSTALAÇÃO. AF_01/2020","INHI - INSTALAÇÕES HIDROS SANITÁRIAS",null,"UN",1,452.97,452.97]
[null,0,null,null,"MO sem LS =>",11.7219917,"LS =>",9.75,"MO com LS =>",21.47]
[null,0,null,null,"Valor do BDI =>",0,null,"Valor com BDI =>",null,464.37]
[null,0]
[" 37 ","Código","Banco","Descrição","Tipo",null,"Und","Quant.","Valor Unit","Total"]
["Composição",86902,"SINAPI","LAVATÓRIO LOUÇA BRANCA COM COLUNA, *44 X 35,5* CM, PADRÃO POPULAR - FORNECIMENTO E INSTALAÇÃO. AF_01/2020","INHI - INSTALAÇÕES HIDROS SANITÁRIAS",null,"UN",1,285.52999999999997,285.52999999999997]
["Composição Auxiliar",88267,"SINAPI","ENCANADOR OU BOMBEIRO HIDRÁULICO COM ENCARGOS COMPLEMENTARES","SEDI - SERVIÇOS DIVERSOS",null,"H",0.87880000000000003,19.940000000000001,17.52]
["Composição Auxiliar",88316,"SINAPI","SERVENTE COM ENCARGOS COMPLEMENTARES","SEDI - SERVIÇOS DIVERSOS",null,"H",0.44429999999999997,15.35,6.82]
["Insumo",4351,"SINAPI","PARAFUSO NIQUELADO 3 1/2\" COM ACABAMENTO CROMADO PARA FIXAR PECA SANITARIA, INCLUI PORCA CEGA, ARRUELA E BUCHA DE NYLON TAMANHO S-8","Material",null,"UN",6,16.100000000000001,96.6]
["Insumo",36794,"SINAPI","LAVATORIO DE LOUCA BRANCA, COM COLUNA, DIMENSOES *44 X 35* CM (L X C)","Material",null,"UN",1,155.13,155.13]
["Insumo",37329,"SINAPI","REJUNTE EPOXI, QUALQUER COR","Material",null,"KG",7.6499999999999999E-2,123.67,9.4600000000000009]
[null,0,null,null,"MO sem LS =>",10.974011792967897,"LS =>",9.1300000000000008,"MO com LS =>",20.100000000000001]
[null,0,null,null,"Valor do BDI =>",0,null,"Valor com BDI =>",null,285.52999999999997]
[null,0]
[" 38 ","Código","Banco","Descrição","Tipo",null,"Und","Quant.","Valor Unit","Total"]
["Composição",98525,"SINAPI","LIMPEZA MECANIZADA DE CAMADA VEGETAL, VEGETAÇÃO E PEQUENAS ÁRVORES (DIÂMETRO DE TRONCO MENOR QUE 0,20 M), COM TRATOR DE ESTEIRAS.AF_05/2018","URBA - URBANIZAÇÃO",null,"m²",1,0.32,0.32]
["Composição Auxiliar",88316,"SINAPI","SERVENTE COM ENCARGOS COMPLEMENTARES","SEDI - SERVIÇOS DIVERSOS",null,"H",3.0000000000000001E-3,15.35,0.04]
["Composição Auxiliar",88441,"SINAPI","JARDINEIRO COM ENCARGOS COMPLEMENTARES","SEDI - SERVIÇOS DIVERSOS",null,"H",3.0000000000000001E-3,15.25,0.04]
["Composição Auxiliar",89031,"SINAPI","TRATOR DE ESTEIRAS, POTÊNCIA 100 HP, PESO OPERACIONAL 9,4 T, COM LÂMINA 2,19 M3 - CHI DIURNO. AF_06/2014","CHOR - CUSTOS HORÁRIOS DE MÁQUINAS E EQUIPAMENTOS",null,"CHI",2.3999999999999998E-3,58.97,0.14000000000000001]
["Composição Auxiliar",89032,"SINAPI","TRATOR DE ESTEIRAS, POTÊNCIA 100 HP, PESO OPERACIONAL 9,4 T, COM LÂMINA 2,19 M3 - CHP DIURNO. AF_06/2014","CHOR - CUSTOS HORÁRIOS DE MÁQUINAS E EQUIPAMENTOS",null,"CHP",5.9999999999999995E-4,169.04,0.1]
[null,0,null,null,"MO sem LS =>",4.9137366237169688E-2,"LS =>",0.04,"MO com LS =>",0.09]
[null,0,null,null,"Valor do BDI =>",0,null,"Valor com BDI =>",null,0.32]
[null,0]
[" 39 ","Código","Banco","Descrição","Tipo",null,"Und","Quant.","Valor Unit","Total"]
["Composição",98526,"SINAPI","REMOÇÃO DE RAÍZES REMANESCENTES DE TRONCO DE ÁRVORE COM DIÂMETRO MAIOR OU IGUAL A 0,20 M E MENOR QUE 0,40 M.AF_05/2018","URBA - URBANIZAÇÃO",null,"UN",1,63.78,63.78]
["Composição Auxiliar",5678,"SINAPI","RETROESCAVADEIRA SOBRE RODAS COM CARREGADEIRA, TRAÇÃO 4X4, POTÊNCIA LÍQ. 88 HP, CAÇAMBA CARREG. CAP. MÍN. 1 M3, CAÇAMBA RETRO CAP. 0,26 M3, PESO OPERACIONAL MÍN. 6.674 KG, PROFUNDIDADE ESCAVAÇÃO MÁX. 4,37 M - CHP DIURNO. AF_06/2014","CHOR - CUSTOS HORÁRIOS DE MÁQUINAS E EQUIPAMENTOS",null,"CHP",0.1333,124.17,16.55]
["Composição Auxiliar",5679,"SINAPI","RETROESCAVADEIRA SOBRE RODAS COM CARREGADEIRA, TRAÇÃO 4X4, POTÊNCIA LÍQ. 88 HP, CAÇAMBA CARREG. CAP. MÍN. 1 M3, CAÇAMBA RETRO CAP. 0,26 M3, PESO OPERACIONAL MÍN. 6.674 KG, PROFUNDIDADE ESCAVAÇÃO MÁX. 4,37 M - CHI DIURNO. AF_06/2014","CHOR - CUSTOS HORÁRIOS DE MÁQUINAS E EQUIPAMENTOS",null,"CHI",0.54459999999999997,48.67,26.5]
["Composição Auxiliar",88316,"SINAPI","SERVENTE COM ENCARGOS COMPLEMENTARES","SEDI - SERVIÇOS DIVERSOS",null,"H",0.67800000000000005,15.35,10.4]
["Composição Auxiliar",88441,"SINAPI","JARDINEIRO COM ENCARGOS COMPLEMENTARES","SEDI - SERVIÇOS DIVERSOS",null,"H",0.67800000000000005,15.25,10.33]
[null,0,null,null,"MO sem LS =>",14.844944310984932,"LS =>",12.35,"MO com LS =>",27.19]
[null,0,null,null,"Valor do BDI =>",0,null,"Valor com BDI =>",null,63.78]
[null,0]
[" 40 ","Código","Banco","Descrição","Tipo",null,"Und","Quant.","Valor Unit","Total"]
["Composição",98529,"SINAPI","CORTE RASO E RECORTE DE ÁRVORE COM DIÂMETRO DE TRONCO MAIOR OU IGUAL A 0,20 M E MENOR QUE 0,40 M.AF_05/2018","URBA - URBANIZAÇÃO",null,"UN",1,47.25,47.25]
["Composição Auxiliar",88316,"SINAPI","SERVENTE COM ENCARGOS COMPLEMENTARES","SEDI - SERVIÇOS DIVERSOS",null,"H",1.5444,15.35,23.7]
["Composição Auxiliar",88441,"SINAPI","JARDINEIRO COM ENCARGOS COMPLEMENTARES","SEDI - SERVIÇOS DIVERSOS",null,"H",1.5444,15.25,23.55]
[null,0,null,null,"MO sem LS =>",19.682245031666302,"LS =>",16.37,"MO com LS =>",36.049999999999997]
[null,0,null,null,"Valor do BDI =>",0,null,"Valor com BDI =>",null,47.25]
[null,0]
[" 41 ","Código","Banco","Descrição","Tipo",null,"Und","Quant.","Valor Unit","Total"]
["Composição",101506,"SINAPI","ENTRADA DE ENERGIA ELÉTRICA, AÉREA, TRIFÁSICA, COM CAIXA DE SOBREPOR, CABO DE 16 MM2 E DISJUNTOR DIN 50A (NÃO INCLUSO O POSTE DE CONCRETO). AF_07/2020_PS","INEL - INSTALAÇÃO ELÉTRICA/ELETRIFICAÇÃO E ILUMINAÇÃO EXTERNA",null,"UN",1,2117.4,2117.4]
["Composição Auxiliar",100578,"SINAPI","ASSENTAMENTO DE POSTE DE CONCRETO COM COMPRIMENTO NOMINAL DE 9 M, CARGA NOMINAL MENOR OU IGUAL A 1000 DAN, ENGASTAMENTO SIMPLES COM 1,5 M DE SOLO (NÃO INCLUI FORNECIMENTO). AF_11/2019","INEL - INSTALAÇÃO ELÉTRICA/ELETRIFICAÇÃO E ILUMINAÇÃO EXTERNA",null,"UN",1,539.30999999999995,539.30999999999995]
["Composição Auxiliar",88247,"SINAPI","AUXILIAR DE ELETRICISTA COM ENCARGOS COMPLEMENTARES","SEDI - SERVIÇOS DIVERSOS",null,"H",0.38969999999999999,20.5,7.98]
["Composição Auxiliar",88264,"SINAPI","ELETRICISTA COM ENCARGOS COMPLEMENTARES","SEDI - SERVIÇOS DIVERSOS",null,"H",3.5078,22.56,79.13]
["Composição Auxiliar",91872,"SINAPI","ELETRODUTO RÍGIDO ROSCÁVEL, PVC, DN 32 MM (1\"), PARA CIRCUITOS TERMINAIS, INSTALADO EM PAREDE - FORNECIMENTO E INSTALAÇÃO. AF_03/2023","INEL - INSTALAÇÃO ELÉTRICA/ELETRIFICAÇÃO E ILUMINAÇÃO EXTERNA",null,"M",6.05,17.21,104.12]
["Composição Auxiliar",91885,"SINAPI","LUVA PARA ELETRODUTO, PVC, ROSCÁVEL, DN 32 MM (1\"), PARA CIRCUITOS TERMINAIS, INSTALADA EM PAREDE - FORNECIMENTO E INSTALAÇÃO. AF_03/2023","INEL - INSTALAÇÃO ELÉTRICA/ELETRIFICAÇÃO E ILUMINAÇÃO EXTERNA",null,"UN",1,11.26,11.26]
["Composição Auxiliar",91917,"SINAPI","CURVA 90 GRAUS PARA ELETRODUTO, PVC, ROSCÁVEL, DN 32 MM (1\"), PARA CIRCUITOS TERMINAIS, INSTALADA EM PAREDE - FORNECIMENTO E INSTALAÇÃO. AF_03/2023","INEL - INSTALAÇÃO ELÉTRICA/ELETRIFICAÇÃO E ILUMINAÇÃO EXTERNA",null,"UN",1,18.71,18.71]
["Composição Auxiliar",91919,"SINAPI","CURVA 180 GRAUS PARA ELETRODUTO, PVC, ROSCÁVEL, DN 32 MM (1\"), PARA CIRCUITOS TERMINAIS, INSTALADA EM PAREDE - FORNECIMENTO E INSTALAÇÃO. AF_03/2023","INEL - INSTALAÇÃO ELÉTRICA/ELETRIFICAÇÃO E ILUMINAÇÃO EXTERNA",null,"UN",1,20.92,20.92]
["Composição Auxiliar",91935,"SINAPI","CABO DE COBRE FLEXÍVEL ISOLADO, 16 MM², ANTI-CHAMA 0,6/1,0 KV, PARA CIRCUITOS TERMINAIS - FORNECIMENTO E INSTALAÇÃO. AF_03/2023","INEL - INSTALAÇÃO ELÉTRICA/ELETRIFICAÇÃO E ILUMINAÇÃO EXTERNA",null,"M",22.2,28.33,628.91999999999996]
["Composição Auxiliar",93673,"SINAPI","DISJUNTOR TRIPOLAR TIPO DIN, CORRENTE NOMINAL DE 50A - FORNECIMENTO E INSTALAÇÃO. AF_10/2020","INEL - INSTALAÇÃO ELÉTRICA/ELETRIFICAÇÃO E ILUMINAÇÃO EXTERNA",null,"UN",1,100.4,100.4]
["Composição Auxiliar",96977,"SINAPI","CORDOALHA DE COBRE NU 50 MM², ENTERRADA - FORNECIMENTO E INSTALAÇÃO. AF_08/2023","INEL - INSTALAÇÃO ELÉTRICA/ELETRIFICAÇÃO E ILUMINAÇÃO EXTERNA",null,"M",1.95,68.55,133.66999999999999]
["Composição Auxiliar",96986,"SINAPI","HASTE DE ATERRAMENTO, DIÂMETRO 3/4\", COM 3 METROS - FORNECIMENTO E INSTALAÇÃO. AF_08/2023","INEL - INSTALAÇÃO ELÉTRICA/ELETRIFICAÇÃO E ILUMINAÇÃO EXTERNA",null,"UN",1,139.38,139.38]
["Insumo",1094,"SINAPI","ARMACAO VERTICAL COM HASTE E CONTRA-PINO, EM CHAPA DE ACO GALVANIZADO 3/16\", COM 1 ESTRIBO, SEM ISOLADOR","Material",null,"UN",1,17.57,17.57]
["Insumo",3398,"SINAPI","ISOLADOR DE PORCELANA, TIPO ROLDANA, DIMENSOES DE *72* X *72* MM, PARA USO EM BAIXA TENSAO","Material",null,"UN",1,5.92,5.92]
["Insumo",4346,"SINAPI","PARAFUSO DE FERRO POLIDO, SEXTAVADO, COM ROSCA PARCIAL, DIAMETRO 5/8\", COMPRIMENTO 6\", COM PORCA E ARRUELA DE PRESSAO MEDIA","Material",null,"UN",3,9.7899999999999991,29.37]
["Insumo",11267,"SINAPI","ARRUELA LISA, REDONDA, DE LATAO POLIDO, DIAMETRO NOMINAL 5/8\", DIAMETRO EXTERNO = 34 MM, DIAMETRO DO FURO = 17 MM, ESPESSURA = *2,5* MM","Material",null,"UN",2,1.56,3.12]
["Insumo",11864,"SINAPI","CONECTOR METALICO TIPO PARAFUSO FENDIDO (SPLIT BOLT), PARA CABOS ATE 95 MM2","Material",null,"UN",1,44.14,44.14]
["Insumo",11950,"SINAPI","BUCHA DE NYLON SEM ABA S6, COM PARAFUSO DE 4,20 X 40 MM EM ACO ZINCADO COM ROSCA SOBERBA, CABECA CHATA E FENDA PHILLIPS","Material",null,"UN",4,0.2,0.8]
["Insumo",14153,"SINAPI","FITA METALICA PERFURADA, L = *18* MM, ROLO DE 30 M, CARGA RECOMENDADA = *30* KGF","Material",null,"UN",0.06,53.3,3.19]
["Insumo",34643,"SINAPI","CAIXA DE INSPECAO PARA ATERRAMENTO E PARA RAIOS, EM POLIPROPILENO,  DIAMETRO = 300 MM X ALTURA = 400 MM","Material",null,"UN",1,47.5,47.5]
["Insumo",39809,"SINAPI","CAIXA PARA MEDIDOR POLIFASICO, EM POLICARBONATO / TERMOPLASTICO, PARA ALOJAR 1 DISJUNTOR (PADRAO DA CONCESSIONARIA LOCAL)","Material",null,"UN",1,180.65,180.65]
["Insumo",39996,"SINAPI","VERGALHAO ZINCADO ROSCA TOTAL, 1/4 \" (6,3 MM)","Material",null,"M",0.16639999999999999,4.5999999999999996,0.76]
["Insumo",39997,"SINAPI","PORCA ZINCADA, SEXTAVADA, DIAMETRO 1/4\"","Material",null,"UN",2,0.28999999999999998,0.57999999999999996]
[null,0,null,null,"MO sem LS =>",202.28761738370824,"LS =>",168.22,"MO com LS =>",370.51]
[null,0,null,null,"Valor do BDI =>",0,null,"Valor com BDI =>",null,2117.4]
[null,0]
[" 42 ","Código","Banco","Descrição","Tipo",null,"Und","Quant.","Valor Unit","Total"]
["Composição",95636,"SINAPI","KIT CAVALETE PARA MEDIÇÃO DE ÁGUA - ENTRADA PRINCIPAL, EM AÇO GALVANIZADO DN 25 (1 )   FORNECIMENTO E INSTALAÇÃO (EXCLUSIVE HIDRÔMETRO). AF_11/2016","INHI - INSTALAÇÕES HIDROS SANITÁRIAS",null,"UN",1,341.02,341.02]
["Composição Auxiliar",88248,"SINAPI","AUXILIAR DE ENCANADOR OU BOMBEIRO HIDRÁULICO COM ENCARGOS COMPLEMENTARES","SEDI - SERVIÇOS DIVERSOS",null,"H",3.2808999999999999,16.45,53.97]
["Composição Auxiliar",88267,"SINAPI","ENCANADOR OU BOMBEIRO HIDRÁULICO COM ENCARGOS COMPLEMENTARES","SEDI - SERVIÇOS DIVERSOS",null,"H",3.2808999999999999,19.940000000000001,65.42]
["Insumo",3148,"SINAPI","FITA VEDA ROSCA EM ROLOS DE 18 MM X 50 M (L X C)","Material",null,"UN",0.1188,14.6,1.73]
["Insumo",3472,"SINAPI","COTOVELO 90 GRAUS DE FERRO GALVANIZADO, COM ROSCA BSP, DE 1\"","Material",null,"UN",4,17.39,69.56]
["Insumo",4179,"SINAPI","NIPLE DE FERRO GALVANIZADO, COM ROSCA BSP, DE 1\"","Material",null,"UN",2,12.9,25.8]
["Insumo",6019,"SINAPI","REGISTRO GAVETA BRUTO EM LATAO FORJADO, BITOLA 1 \" (REF 1509)","Material",null,"UN",1,60.16,60.16]
["Insumo",6323,"SINAPI","TE DE FERRO GALVANIZADO, DE 1\"","Material",null,"UN",1,24.11,24.11]
["Insumo",7307,"SINAPI","FUNDO ANTICORROSIVO PARA METAIS FERROSOS (ZARCAO)","Material",null,"L",2.86E-2,29.8,0.85]
["Insumo",40626,"SINAPI","TUBO ACO GALVANIZADO COM COSTURA, CLASSE MEDIA, DN 1\", E = 3,38 MM, PESO 2,50 KG/M (NBR 5580)","Material",null,"M",1.143,34.49,39.42]
[null,0,null,null,"MO sem LS =>",54.324088228870934,"LS =>",45.18,"MO com LS =>",99.5]
[null,0,null,null,"Valor do BDI =>",0,null,"Valor com BDI =>",null,341.02]
[null,0]
[" 43 ","Código","Banco","Descrição","Tipo",null,"Und","Quant.","Valor Unit","Total"]
["Composição",99059,"SINAPI","LOCACAO CONVENCIONAL DE OBRA, UTILIZANDO GABARITO DE TÁBUAS CORRIDAS PONTALETADAS A CADA 2,00M -  2 UTILIZAÇÕES. AF_10/2018","SERT - SERVIÇOS TÉCNICOS",null,"M",1,44.16,44.16]
["Composição Auxiliar",88239,"SINAPI","AJUDANTE DE CARPINTEIRO COM ENCARGOS COMPLEMENTARES","SEDI - SERVIÇOS DIVERSOS",null,"H",0.35630000000000001,16.91,6.02]
["Composição Auxiliar",88262,"SINAPI","CARPINTEIRO DE FORMAS COM ENCARGOS COMPLEMENTARES","SEDI - SERVIÇOS DIVERSOS",null,"H",0.71250000000000002,20.329999999999998,14.48]
["Composição Auxiliar",91692,"SINAPI","SERRA CIRCULAR DE BANCADA COM MOTOR ELÉTRICO POTÊNCIA DE 5HP, COM COIFA PARA DISCO 10\" - CHP DIURNO. AF_08/2015","CHOR - CUSTOS HORÁRIOS DE MÁQUINAS E EQUIPAMENTOS",null,"CHP",3.8999999999999998E-3,18.760000000000002,7.0000000000000007E-2]
["Composição Auxiliar",91693,"SINAPI","SERRA CIRCULAR DE BANCADA COM MOTOR ELÉTRICO POTÊNCIA DE 5HP, COM COIFA PARA DISCO 10\" - CHI DIURNO. AF_08/2015","CHOR - CUSTOS HORÁRIOS DE MÁQUINAS E EQUIPAMENTOS",null,"CHI",1.6799999999999999E-2,17.440000000000001,0.28999999999999998]
["Composição Auxiliar",94974,"SINAPI","CONCRETO MAGRO PARA LASTRO, TRAÇO 1:4,5:4,5 (EM MASSA SECA DE CIMENTO/ AREIA MÉDIA/ BRITA 1) - PREPARO MANUAL. AF_05/2021","FUES - FUNDAÇÕES E ESTRUTURAS",null,"m³",4.5999999999999999E-3,565.41999999999996,2.6]
["Composição Auxiliar",99062,"SINAPI","MARCAÇÃO DE PONTOS EM GABARITO OU CAVALETE. AF_10/2018","SERT - SERVIÇOS TÉCNICOS",null,"UN",1.5,1.91,2.86]
["Insumo",4417,"SINAPI","SARRAFO NAO APARELHADO *2,5 X 7* CM, EM MACARANDUBA/MASSARANDUBA, ANGELIM, PEROBA-ROSA OU EQUIVALENTE DA REGIAO - BRUTA","Material",null,"M",0.74450000000000005,4.16,3.09]
["Insumo",4433,"SINAPI","CAIBRO NAO APARELHADO *6 X 6* CM, EM MACARANDUBA/MASSARANDUBA, ANGELIM OU EQUIVALENTE DA REGIAO - BRUTA","Material",null,"M",0.41249999999999998,14.96,6.17]
["Insumo",5068,"SINAPI","PREGO DE ACO POLIDO COM CABECA 17 X 21 (2 X 11)","Material",null,"KG",0.111,20.12,2.23]
["Insumo",7356,"SINAPI","TINTA LATEX ACRILICA PREMIUM, COR BRANCO FOSCO","Material",null,"L",2.5600000000000001E-2,17.579999999999998,0.45]
["Insumo",10567,"SINAPI","TABUA *2,5 X 23* CM EM PINUS, MISTA OU EQUIVALENTE DA REGIAO - BRUTA","Material",null,"M",0.55000000000000004,10.73,5.9]
[null,0,null,null,"MO sem LS =>",10.711945839702992,"LS =>",8.91,"MO com LS =>",19.62]
[null,0,null,null,"Valor do BDI =>",0,null,"Valor com BDI =>",null,44.16]
[null,0]
[" 44 ","Código","Banco","Descrição","Tipo",null,"Und","Quant.","Valor Unit","Total"]
["Composição",98458,"SINAPI","TAPUME COM COMPENSADO DE MADEIRA. AF_05/2018","CANT - CANTEIRO DE OBRAS",null,"m²",1,106.71,106.71]
["Composição Auxiliar",88239,"SINAPI","AJUDANTE DE CARPINTEIRO COM ENCARGOS COMPLEMENTARES","SEDI - SERVIÇOS DIVERSOS",null,"H",0.20419999999999999,16.91,3.45]
["Composição Auxiliar",88262,"SINAPI","CARPINTEIRO DE FORMAS COM ENCARGOS COMPLEMENTARES","SEDI - SERVIÇOS DIVERSOS",null,"H",0.61270000000000002,20.329999999999998,12.45]
["Composição Auxiliar",91692,"SINAPI","SERRA CIRCULAR DE BANCADA COM MOTOR ELÉTRICO POTÊNCIA DE 5HP, COM COIFA PARA DISCO 10\" - CHP DIURNO. AF_08/2015","CHOR - CUSTOS HORÁRIOS DE MÁQUINAS E EQUIPAMENTOS",null,"CHP",4.4000000000000003E-3,18.760000000000002,0.08]
["Composição Auxiliar",91693,"SINAPI","SERRA CIRCULAR DE BANCADA COM MOTOR ELÉTRICO POTÊNCIA DE 5HP, COM COIFA PARA DISCO 10\" - CHI DIURNO. AF_08/2015","CHOR - CUSTOS HORÁRIOS DE MÁQUINAS E EQUIPAMENTOS",null,"CHI",1.9099999999999999E-2,17.440000000000001,0.33]
["Composição Auxiliar",94974,"SINAPI","CONCRETO MAGRO PARA LASTRO, TRAÇO 1:4,5:4,5 (EM MASSA SECA DE CIMENTO/ AREIA MÉDIA/ BRITA 1) - PREPARO MANUAL. AF_05/2021","FUES - FUNDAÇÕES E ESTRUTURAS",null,"m³",1.5E-3,565.41999999999996,0.84]
["Insumo",3992,"SINAPI","TABUA APARELHADA *2,5 X 30* CM, EM MACARANDUBA/MASSARANDUBA, ANGELIM OU EQUIVALENTE DA REGIAO","Material",null,"M",1.6922999999999999,17.75,30.03]
["Insumo",4433,"SINAPI","CAIBRO NAO APARELHADO *6 X 6* CM, EM MACARANDUBA/MASSARANDUBA, ANGELIM OU EQUIVALENTE DA REGIAO - BRUTA","Material",null,"M",1.2273000000000001,14.96,18.36]
["Insumo",5061,"SINAPI","PREGO DE ACO POLIDO COM CABECA 18 X 27 (2 1/2 X 10)","Material",null,"KG",4.2799999999999998E-2,19.78,0.84]
["Insumo",43681,"SINAPI","CHAPA/PAINEL DE MADEIRA COMPENSADA RESINADA (MADEIRITE RESINADO ROSA) PARA FORMA DE CONCRETO, DE 2200 x 1100 MM, E = 8 A 12 MM","Material",null,"m²",1.050038,38.409999999999997,40.33]
[null,0,null,null,"MO sem LS =>",7.3542258134963969,"LS =>",6.12,"MO com LS =>",13.47]
[null,0,null,null,"Valor do BDI =>",0,null,"Valor com BDI =>",null,106.71]
[null,0]
[" 45 ","Código","Banco","Descrição","Tipo",null,"Und","Quant.","Valor Unit","Total"]
["Composição",102207,"SINAPI","PINTURA TINTA DE ACABAMENTO (PIGMENTADA) A ÓLEO EM MADEIRA, 1 DEMÃO. AF_01/2021","PINT - PINTURAS",null,"m²",1,6.47,6.47]
["Composição Auxiliar",88310,"SINAPI","PINTOR COM ENCARGOS COMPLEMENTARES","SEDI - SERVIÇOS DIVERSOS",null,"H",0.1903,21.91,4.16]
["Insumo",5318,"SINAPI","DILUENTE AGUARRAS","Material",null,"L",1.06E-2,25.65,0.27]
["Insumo",43776,"SINAPI","TINTA A OLEO BRILHANTE, PARA MADEIRAS E METAIS","Material",null,"L",0.1065,19.23,2.04]
[null,0,null,null,"MO sem LS =>",1.7471063550993666,"LS =>",1.45,"MO com LS =>",3.2]
[null,0,null,null,"Valor do BDI =>",0,null,"Valor com BDI =>",null,6.47]
[null,0]
[" 46 ","Código","Banco","Descrição","Tipo",null,"Und","Quant.","Valor Unit","Total"]
["Composição",100651,"SINAPI","ESTACA HÉLICE CONTÍNUA, DIÂMETRO DE 30 CM, INCLUSO CONCRETO FCK=30MPA E ARMADURA MÍNIMA (EXCLUSIVE BOMBEAMENTO, MOBILIZAÇÃO E DESMOBILIZAÇÃO). AF_12/2019_PA","FUES - FUNDAÇÕES E ESTRUTURAS",null,"M",1,163.19999999999999,163.19999999999999]
["Composição Auxiliar",100973,"SINAPI","CARGA, MANOBRA E DESCARGA DE SOLOS E MATERIAIS GRANULARES EM CAMINHÃO BASCULANTE 6 M³ - CARGA COM PÁ CARREGADEIRA (CAÇAMBA DE 1,7 A 2,8 M³ / 128 HP) E DESCARGA LIVRE (UNIDADE: M3). AF_07/2020","TRAN - TRANSPORTES, CARGAS E DESCARGAS",null,"m³",9.6600000000000005E-2,8.06,0.77]
["Composição Auxiliar",88316,"SINAPI","SERVENTE COM ENCARGOS COMPLEMENTARES","SEDI - SERVIÇOS DIVERSOS",null,"H",0.25090000000000001,15.35,3.85]
["Composição Auxiliar",90674,"SINAPI","PERFURATRIZ COM TORRE METÁLICA PARA EXECUÇÃO DE ESTACA HÉLICE CONTÍNUA, PROFUNDIDADE MÁXIMA DE 30 M, DIÂMETRO MÁXIMO DE 800 MM, POTÊNCIA INSTALADA DE 268 HP, MESA ROTATIVA COM TORQUE MÁXIMO DE 170 KNM - CHP DIURNO. AF_06/2015","CHOR - CUSTOS HORÁRIOS DE MÁQUINAS E EQUIPAMENTOS",null,"CHP",2.4199999999999999E-2,659.89,15.96]
["Composição Auxiliar",90675,"SINAPI","PERFURATRIZ COM TORRE METÁLICA PARA EXECUÇÃO DE ESTACA HÉLICE CONTÍNUA, PROFUNDIDADE MÁXIMA DE 30 M, DIÂMETRO MÁXIMO DE 800 MM, POTÊNCIA INSTALADA DE 268 HP, MESA ROTATIVA COM TORQUE MÁXIMO DE 170 KNM - CHI DIURNO. AF_06/2015","CHOR - CUSTOS HORÁRIOS DE MÁQUINAS E EQUIPAMENTOS",null,"CHI",5.9400000000000001E-2,285.92,16.98]
["Composição Auxiliar",90776,"SINAPI","ENCARREGADO GERAL COM ENCARGOS COMPLEMENTARES","SEDI - SERVIÇOS DIVERSOS",null,"H",8.3599999999999994E-2,22.11,1.84]
["Composição Auxiliar",90778,"SINAPI","ENGENHEIRO CIVIL DE OBRA PLENO COM ENCARGOS COMPLEMENTARES","SEDI - SERVIÇOS DIVERSOS",null,"H",1.5699999999999999E-2,110.71,1.73]
["Composição Auxiliar",95579,"SINAPI","MONTAGEM DE ARMADURA DE ESTACAS, DIÂMETRO = 16,0 MM. AF_09/2021_PS","FUES - FUNDAÇÕES E ESTRUTURAS",null,"KG",2.2427999999999999,11.16,25.02]
["Composição Auxiliar",95584,"SINAPI","MONTAGEM DE ARMADURA TRANSVERSAL DE ESTACAS DE SEÇÃO CIRCULAR, DIÂMETRO = 6,30 MM. AF_09/2021_PS","FUES - FUNDAÇÕES E ESTRUTURAS",null,"KG",0.2185,15.99,3.49]
["Composição Auxiliar",97913,"SINAPI","TRANSPORTE COM CAMINHÃO BASCULANTE DE 6 M³, EM VIA URBANA EM REVESTIMENTO PRIMÁRIO (UNIDADE: M3XKM). AF_07/2020","TRAN - TRANSPORTES, CARGAS E DESCARGAS",null,"M3XKM",2.9000000000000001E-2,2.98,0.08]
["Insumo",43360,"SINAPI","CONCRETO USINADO BOMBEAVEL, CLASSE DE RESISTENCIA C30, COM BRITA 0 E 1, SLUMP = 220 +/- 30 MM, EXCLUI SERVICO DE BOMBEAMENTO (NBR 8953)","Material",null,"m³",0.1133,825.12,93.48]
[null,0,null,null,"MO sem LS =>",4.7499454029264028,"LS =>",3.95,"MO com LS =>",8.6999999999999993]
[null,0,null,null,"Valor do BDI =>",0,null,"Valor com BDI =>",null,163.19999999999999]
[null,0]
[" 47 ","Código","Banco","Descrição","Tipo",null,"Und","Quant.","Valor Unit","Total"]
["Composição",96523,"SINAPI","ESCAVAÇÃO MANUAL PARA BLOCO DE COROAMENTO OU SAPATA (INCLUINDO ESCAVAÇÃO PARA COLOCAÇÃO DE FÔRMAS). AF_06/2017","MOVT - MOVIMENTO DE TERRA",null,"m³",1,71.430000000000007,71.430000000000007]
["Composição Auxiliar",88309,"SINAPI","PEDREIRO COM ENCARGOS COMPLEMENTARES","SEDI - SERVIÇOS DIVERSOS",null,"H",1.1890000000000001,20.67,24.57]
["Composição Auxiliar",88316,"SINAPI","SERVENTE COM ENCARGOS COMPLEMENTARES","SEDI - SERVIÇOS DIVERSOS",null,"H",3.0529999999999999,15.35,46.86]
[null,0,null,null,"MO sem LS =>",30.689015068792312,"LS =>",25.52,"MO com LS =>",56.21]
[null,0,null,null,"Valor do BDI =>",0,null,"Valor com BDI =>",null,71.430000000000007]
[null,0]
[" 48 ","Código","Banco","Descrição","Tipo",null,"Und","Quant.","Valor Unit","Total"]
["Composição",96621,"SINAPI","LASTRO COM MATERIAL GRANULAR, APLICAÇÃO EM BLOCOS DE COROAMENTO, ESPESSURA DE *5 CM*. AF_08/2017","FUES - FUNDAÇÕES E ESTRUTURAS",null,"m³",1,393.24,393.24]
["Composição Auxiliar",88309,"SINAPI","PEDREIRO COM ENCARGOS COMPLEMENTARES","SEDI - SERVIÇOS DIVERSOS",null,"H",3.4380000000000002,20.67,71.06]
["Composição Auxiliar",88316,"SINAPI","SERVENTE COM ENCARGOS COMPLEMENTARES","SEDI - SERVIÇOS DIVERSOS",null,"H",1.071,15.35,16.43]
["Composição Auxiliar",91277,"SINAPI","PLACA VIBRATÓRIA REVERSÍVEL COM MOTOR 4 TEMPOS A GASOLINA, FORÇA CENTRÍFUGA DE 25 KN (2500 KGF), POTÊNCIA 5,5 CV - CHP DIURNO. AF_08/2015","CHOR - CUSTOS HORÁRIOS DE MÁQUINAS E EQUIPAMENTOS",null,"CHP",6.9000000000000006E-2,8.99,0.62]
["Composição Auxiliar",91278,"SINAPI","PLACA VIBRATÓRIA REVERSÍVEL COM MOTOR 4 TEMPOS A GASOLINA, FORÇA CENTRÍFUGA DE 25 KN (2500 KGF), POTÊNCIA 5,5 CV - CHI DIURNO. AF_08/2015","CHOR - CUSTOS HORÁRIOS DE MÁQUINAS E EQUIPAMENTOS",null,"CHI",6.4000000000000001E-2,0.59,0.03]
["Insumo",4718,"SINAPI","PEDRA BRITADA N. 2 (19 A 38 MM) POSTO PEDREIRA/FORNECEDOR, SEM FRETE","Material",null,"m³",1.1299999999999999,270,305.10000000000002]
[null,0,null,null,"MO sem LS =>",38.731164009609088,"LS =>",32.21,"MO com LS =>",70.94]
[null,0,null,null,"Valor do BDI =>",0,null,"Valor com BDI =>",null,393.24]
[null,0]
[" 49 ","Código","Banco","Descrição","Tipo",null,"Und","Quant.","Valor Unit","Total"]
["Composição",96534,"SINAPI","FABRICAÇÃO, MONTAGEM E DESMONTAGEM DE FÔRMA PARA BLOCO DE COROAMENTO, EM MADEIRA SERRADA, E=25 MM, 4 UTILIZAÇÕES. AF_06/2017","FUES - FUNDAÇÕES E ESTRUTURAS",null,"m²",1,66.47,66.47]
["Composição Auxiliar",88239,"SINAPI","AJUDANTE DE CARPINTEIRO COM ENCARGOS COMPLEMENTARES","SEDI - SERVIÇOS DIVERSOS",null,"H",0.58899999999999997,16.91,9.9499999999999993]
["Composição Auxiliar",88262,"SINAPI","CARPINTEIRO DE FORMAS COM ENCARGOS COMPLEMENTARES","SEDI - SERVIÇOS DIVERSOS",null,"H",1.413,20.329999999999998,28.72]
["Composição Auxiliar",91692,"SINAPI","SERRA CIRCULAR DE BANCADA COM MOTOR ELÉTRICO POTÊNCIA DE 5HP, COM COIFA PARA DISCO 10\" - CHP DIURNO. AF_08/2015","CHOR - CUSTOS HORÁRIOS DE MÁQUINAS E EQUIPAMENTOS",null,"CHP",1.7999999999999999E-2,18.760000000000002,0.33]
["Composição Auxiliar",91693,"SINAPI","SERRA CIRCULAR DE BANCADA COM MOTOR ELÉTRICO POTÊNCIA DE 5HP, COM COIFA PARA DISCO 10\" - CHI DIURNO. AF_08/2015","CHOR - CUSTOS HORÁRIOS DE MÁQUINAS E EQUIPAMENTOS",null,"CHI",1.4E-2,17.440000000000001,0.24]
["Insumo",2692,"SINAPI","DESMOLDANTE PROTETOR PARA FORMAS DE MADEIRA, DE BASE OLEOSA EMULSIONADA EM AGUA","Material",null,"L",1.7000000000000001E-2,12.86,0.21]
["Insumo",4491,"SINAPI","PONTALETE *7,5 X 7,5* CM EM PINUS, MISTA OU EQUIVALENTE DA REGIAO - BRUTA","Material",null,"M",0.625,9.49,5.93]
["Insumo",4517,"SINAPI","SARRAFO *2,5 X 7,5* CM EM PINUS, MISTA OU EQUIVALENTE DA REGIAO - BRUTA","Material",null,"M",0.92400000000000004,3.32,3.06]
["Insumo",5074,"SINAPI","PREGO DE ACO POLIDO COM CABECA 15 X 18 (1 1/2 X 13)","Material",null,"KG",1.0999999999999999E-2,22.54,0.24]
["Insumo",6189,"SINAPI","TABUA NAO APARELHADA *2,5 X 30* CM, EM MACARANDUBA/MASSARANDUBA, ANGELIM OU EQUIVALENTE DA REGIAO - BRUTA","Material",null,"M",1.0589999999999999,15.77,16.7]
["Insumo",40304,"SINAPI","PREGO DE ACO POLIDO COM CABECA DUPLA 17 X 27 (2 1/2 X 11)","Material",null,"KG",4.3999999999999997E-2,24.83,1.0900000000000001]
[null,0,null,null,"MO sem LS =>",17.509281502511467,"LS =>",14.56,"MO com LS =>",32.07]
[null,0,null,null,"Valor do BDI =>",0,null,"Valor com BDI =>",null,66.47]
[null,0]
[" 50 ","Código","Banco","Descrição","Tipo",null,"Und","Quant.","Valor Unit","Total"]
["Composição",96557,"SINAPI","CONCRETAGEM DE BLOCOS DE COROAMENTO E VIGAS BALDRAMES, FCK 30 MPA, COM USO DE BOMBA \u0096 LANÇAMENTO, ADENSAMENTO E ACABAMENTO. AF_06/2017","FUES - FUNDAÇÕES E ESTRUTURAS",null,"m³",1,894.03,894.03]
["Composição Auxiliar",88309,"SINAPI","PEDREIRO COM ENCARGOS COMPLEMENTARES","SEDI - SERVIÇOS DIVERSOS",null,"H",0.36299999999999999,20.67,7.5]
["Composição Auxiliar",88316,"SINAPI","SERVENTE COM ENCARGOS COMPLEMENTARES","SEDI - SERVIÇOS DIVERSOS",null,"H",0.54400000000000004,15.35,8.35]
["Composição Auxiliar",90586,"SINAPI","VIBRADOR DE IMERSÃO, DIÂMETRO DE PONTEIRA 45MM, MOTOR ELÉTRICO TRIFÁSICO POTÊNCIA DE 2 CV - CHP DIURNO. AF_06/2015","CHOR - CUSTOS HORÁRIOS DE MÁQUINAS E EQUIPAMENTOS",null,"CHP",8.7999999999999995E-2,1.29,0.11]
["Composição Auxiliar",90587,"SINAPI","VIBRADOR DE IMERSÃO, DIÂMETRO DE PONTEIRA 45MM, MOTOR ELÉTRICO TRIFÁSICO POTÊNCIA DE 2 CV - CHI DIURNO. AF_06/2015","CHOR - CUSTOS HORÁRIOS DE MÁQUINAS E EQUIPAMENTOS",null,"CHI",9.2999999999999999E-2,0.49,0.04]
["Insumo",1525,"SINAPI","CONCRETO USINADO BOMBEAVEL, CLASSE DE RESISTENCIA C30, BRITA 0 E 1, SLUMP = 100 +/- 20 MM, COM BOMBEAMENTO (DISPONIBILIZACAO DE BOMBA), SEM O LANCAMENTO (NBR 8953)","Material",null,"m³",1.1499999999999999,763.51,878.03]
[null,0,null,null,"MO sem LS =>",6.8628521511246996,"LS =>",5.71,"MO com LS =>",12.57]
[null,0,null,null,"Valor do BDI =>",0,null,"Valor com BDI =>",null,894.03]
[null,0]
[" 51 ","Código","Banco","Descrição","Tipo",null,"Und","Quant.","Valor Unit","Total"]
["Composição",93382,"SINAPI","REATERRO MANUAL DE VALAS, COM COMPACTADOR DE SOLOS DE PERCUSSÃO. AF_08/2023","MOVT - MOVIMENTO DE TERRA",null,"m³",1,18.52,18.52]
["Composição Auxiliar",5901,"SINAPI","CAMINHÃO PIPA 10.000 L TRUCADO, PESO BRUTO TOTAL 23.000 KG, CARGA ÚTIL MÁXIMA 15.935 KG, DISTÂNCIA ENTRE EIXOS 4,8 M, POTÊNCIA 230 CV, INCLUSIVE TANQUE DE AÇO PARA TRANSPORTE DE ÁGUA - CHP DIURNO. AF_06/2014","CHOR - CUSTOS HORÁRIOS DE MÁQUINAS E EQUIPAMENTOS",null,"CHP",5.4000000000000003E-3,294.31,1.58]
["Composição Auxiliar",5903,"SINAPI","CAMINHÃO PIPA 10.000 L TRUCADO, PESO BRUTO TOTAL 23.000 KG, CARGA ÚTIL MÁXIMA 15.935 KG, DISTÂNCIA ENTRE EIXOS 4,8 M, POTÊNCIA 230 CV, INCLUSIVE TANQUE DE AÇO PARA TRANSPORTE DE ÁGUA - CHI DIURNO. AF_06/2014","CHOR - CUSTOS HORÁRIOS DE MÁQUINAS E EQUIPAMENTOS",null,"CHI",5.9999999999999995E-4,65.599999999999994,0.03]
["Composição Auxiliar",88316,"SINAPI","SERVENTE COM ENCARGOS COMPLEMENTARES","SEDI - SERVIÇOS DIVERSOS",null,"H",0.78659999999999997,15.35,12.07]
["Composição Auxiliar",91533,"SINAPI","COMPACTADOR DE SOLOS DE PERCUSSÃO (SOQUETE) COM MOTOR A GASOLINA 4 TEMPOS, POTÊNCIA 4 CV - CHP DIURNO. AF_08/2015","CHOR - CUSTOS HORÁRIOS DE MÁQUINAS E EQUIPAMENTOS",null,"CHP",0.19620000000000001,24.67,4.84]
[null,0,null,null,"MO sem LS =>",6.7045206376938191,"LS =>",5.58,"MO com LS =>",12.28]
[null,0,null,null,"Valor do BDI =>",0,null,"Valor com BDI =>",null,18.52]
[null,0]
[" 52 ","Código","Banco","Descrição","Tipo",null,"Und","Quant.","Valor Unit","Total"]
["Composição",95427,"SINAPI","TRANSPORTE COM CAMINHÃO BASCULANTE DE 18 M³, EM VIA URBANA PAVIMENTADA, ADICIONAL PARA DMT EXCEDENTE A 30 KM (UNIDADE: M3XKM). AF_07/2020","TRAN - TRANSPORTES, CARGAS E DESCARGAS",null,"M3XKM",1,0.69,0.69]
["Composição Auxiliar",89883,"SINAPI","CAMINHÃO BASCULANTE 18 M3, COM CAVALO MECÂNICO DE CAPACIDADE MÁXIMA DE TRAÇÃO COMBINADO DE 45000 KG, POTÊNCIA 330 CV, INCLUSIVE SEMIREBOQUE COM CAÇAMBA METÁLICA - CHP DIURNO. AF_12/2014","CHOR - CUSTOS HORÁRIOS DE MÁQUINAS E EQUIPAMENTOS",null,"CHP",1.9E-3,336.39,0.63]
["Composição Auxiliar",89884,"SINAPI","CAMINHÃO BASCULANTE 18 M3, COM CAVALO MECÂNICO DE CAPACIDADE MÁXIMA DE TRAÇÃO COMBINADO DE 45000 KG, POTÊNCIA 330 CV, INCLUSIVE SEMIREBOQUE COM CAÇAMBA METÁLICA - CHI DIURNO. AF_12/2014","CHOR - CUSTOS HORÁRIOS DE MÁQUINAS E EQUIPAMENTOS",null,"CHI",8.0000000000000004E-4,81.099999999999994,0.06]
[null,0,null,null,"MO sem LS =>",2.1838829438742085E-2,"LS =>",0.02,"MO com LS =>",0.04]
[null,0,null,null,"Valor do BDI =>",0,null,"Valor com BDI =>",null,0.69]
[null,0]
[" 53 ","Código","Banco","Descrição","Tipo",null,"Und","Quant.","Valor Unit","Total"]
["Composição",96536,"SINAPI","FABRICAÇÃO, MONTAGEM E DESMONTAGEM DE FÔRMA PARA VIGA BALDRAME, EM MADEIRA SERRADA, E=25 MM, 4 UTILIZAÇÕES. AF_06/2017","FUES - FUNDAÇÕES E ESTRUTURAS",null,"m²",1,56.87,56.87]
["Composição Auxiliar",88239,"SINAPI","AJUDANTE DE CARPINTEIRO COM ENCARGOS COMPLEMENTARES","SEDI - SERVIÇOS DIVERSOS",null,"H",0.47099999999999997,16.91,7.96]
["Composição Auxiliar",88262,"SINAPI","CARPINTEIRO DE FORMAS COM ENCARGOS COMPLEMENTARES","SEDI - SERVIÇOS DIVERSOS",null,"H",1.145,20.329999999999998,23.27]
["Composição Auxiliar",91692,"SINAPI","SERRA CIRCULAR DE BANCADA COM MOTOR ELÉTRICO POTÊNCIA DE 5HP, COM COIFA PARA DISCO 10\" - CHP DIURNO. AF_08/2015","CHOR - CUSTOS HORÁRIOS DE MÁQUINAS E EQUIPAMENTOS",null,"CHP",1.7000000000000001E-2,18.760000000000002,0.31]
["Composição Auxiliar",91693,"SINAPI","SERRA CIRCULAR DE BANCADA COM MOTOR ELÉTRICO POTÊNCIA DE 5HP, COM COIFA PARA DISCO 10\" - CHI DIURNO. AF_08/2015","CHOR - CUSTOS HORÁRIOS DE MÁQUINAS E EQUIPAMENTOS",null,"CHI",1.4E-2,17.440000000000001,0.24]
["Insumo",2692,"SINAPI","DESMOLDANTE PROTETOR PARA FORMAS DE MADEIRA, DE BASE OLEOSA EMULSIONADA EM AGUA","Material",null,"L",1.7000000000000001E-2,12.86,0.21]
["Insumo",4491,"SINAPI","PONTALETE *7,5 X 7,5* CM EM PINUS, MISTA OU EQUIVALENTE DA REGIAO - BRUTA","Material",null,"M",0.60499999999999998,9.49,5.74]
["Insumo",4517,"SINAPI","SARRAFO *2,5 X 7,5* CM EM PINUS, MISTA OU EQUIVALENTE DA REGIAO - BRUTA","Material",null,"M",0.56699999999999995,3.32,1.88]
["Insumo",5073,"SINAPI","PREGO DE ACO POLIDO COM CABECA 17 X 24 (2 1/4 X 11)","Material",null,"KG",2.5999999999999999E-2,20.51,0.53]
["Insumo",6189,"SINAPI","TABUA NAO APARELHADA *2,5 X 30* CM, EM MACARANDUBA/MASSARANDUBA, ANGELIM OU EQUIVALENTE DA REGIAO - BRUTA","Material",null,"M",1.008,15.77,15.89]
["Insumo",40304,"SINAPI","PREGO DE ACO POLIDO COM CABECA DUPLA 17 X 27 (2 1/2 X 11)","Material",null,"KG",3.4000000000000002E-2,24.83,0.84]
[null,0,null,null,"MO sem LS =>",14.184319720462984,"LS =>",11.8,"MO com LS =>",25.98]
[null,0,null,null,"Valor do BDI =>",0,null,"Valor com BDI =>",null,56.87]
[null,0]
[" 54 ","Código","Banco","Descrição","Tipo",null,"Und","Quant.","Valor Unit","Total"]
["Composição",98557,"SINAPI","IMPERMEABILIZAÇÃO DE SUPERFÍCIE COM EMULSÃO ASFÁLTICA, 2 DEMÃOS AF_06/2018","IMPE - IMPERMEABILIZAÇÕES E PROTEÇÕES DIVERSAS",null,"m²",1,71.349999999999994,71.349999999999994]
["Composição Auxiliar",88243,"SINAPI","AJUDANTE ESPECIALIZADO COM ENCARGOS COMPLEMENTARES","SEDI - SERVIÇOS DIVERSOS",null,"H",8.5000000000000006E-2,15.4,1.3]
["Composição Auxiliar",88270,"SINAPI","IMPERMEABILIZADOR COM ENCARGOS COMPLEMENTARES","SEDI - SERVIÇOS DIVERSOS",null,"H",0.42199999999999999,20.88,8.81]
["Insumo",626,"SINAPI","MANTA LIQUIDA DE BASE ASFALTICA MODIFICADA COM A ADICAO DE ELASTOMEROS DILUIDOS EM SOLVENTE ORGANICO, APLICACAO A FRIO (MEMBRANA IMPERMEABILIZANTE ASFASTICA)","Material",null,"KG",1.5,40.83,61.24]
[null,0,null,null,"MO sem LS =>",4.498798864380869,"LS =>",3.74,"MO com LS =>",8.24]
[null,0,null,null,"Valor do BDI =>",0,null,"Valor com BDI =>",null,71.349999999999994]
[null,0]
[" 55 ","Código","Banco","Descrição","Tipo",null,"Und","Quant.","Valor Unit","Total"]
["Composição",92443,"SINAPI","MONTAGEM E DESMONTAGEM DE FÔRMA DE PILARES RETANGULARES E ESTRUTURAS SIMILARES, PÉ-DIREITO SIMPLES, EM CHAPA DE MADEIRA COMPENSADA PLASTIFICADA, 18 UTILIZAÇÕES. AF_09/2020","FUES - FUNDAÇÕES E ESTRUTURAS",null,"m²",1,48.15,48.15]
["Composição Auxiliar",88239,"SINAPI","AJUDANTE DE CARPINTEIRO COM ENCARGOS COMPLEMENTARES","SEDI - SERVIÇOS DIVERSOS",null,"H",0.11,16.91,1.86]
["Composição Auxiliar",88262,"SINAPI","CARPINTEIRO DE FORMAS COM ENCARGOS COMPLEMENTARES","SEDI - SERVIÇOS DIVERSOS",null,"H",0.6,20.329999999999998,12.19]
["Composição Auxiliar",92264,"SINAPI","FABRICAÇÃO DE FÔRMA PARA PILARES E ESTRUTURAS SIMILARES, EM CHAPA DE MADEIRA COMPENSADA PLASTIFICADA, E = 18 MM. AF_09/2020","FUES - FUNDAÇÕES E ESTRUTURAS",null,"m²",6.7000000000000004E-2,228.48,15.3]
["Insumo",2692,"SINAPI","DESMOLDANTE PROTETOR PARA FORMAS DE MADEIRA, DE BASE OLEOSA EMULSIONADA EM AGUA","Material",null,"L",4.0000000000000001E-3,12.86,0.05]
["Insumo",40271,"SINAPI","LOCACAO DE APRUMADOR METALICO DE PILAR, COM ALTURA E ANGULO REGULAVEIS, EXTENSAO DE *1,50* A *2,80* M","Equipamento",null,"UNXMES",0.19600000000000001,20.13,3.94]
["Insumo",40275,"SINAPI","LOCACAO DE VIGA SANDUICHE METALICA VAZADA PARA TRAVAMENTO DE PILARES, ALTURA DE *8* CM, LARGURA DE *6* CM E EXTENSAO DE 2 M","Equipamento",null,"UNXMES",0.39300000000000002,21.04,8.26]
["Insumo",40287,"SINAPI","LOCACAO DE BARRA DE ANCORAGEM DE 0,80 A 1,20 M DE EXTENSAO, COM ROSCA DE 5/8\", INCLUINDO PORCA E FLANGE","Equipamento",null,"MES",0.78500000000000003,7.75,6.08]
["Insumo",40304,"SINAPI","PREGO DE ACO POLIDO COM CABECA DUPLA 17 X 27 (2 1/2 X 11)","Material",null,"KG",1.9E-2,24.83,0.47]
[null,0,null,null,"MO sem LS =>",7.3214675693382834,"LS =>",6.09,"MO com LS =>",13.41]
[null,0,null,null,"Valor do BDI =>",0,null,"Valor com BDI =>",null,48.15]
[null,0]
[" 56 ","Código","Banco","Descrição","Tipo",null,"Und","Quant.","Valor Unit","Total"]
["Composição",92763,"SINAPI","ARMAÇÃO DE PILAR OU VIGA DE ESTRUTURA CONVENCIONAL DE CONCRETO ARMADO UTILIZANDO AÇO CA-50 DE 12,5 MM - MONTAGEM. AF_06/2022","FUES - FUNDAÇÕES E ESTRUTURAS",null,"KG",1,11.71,11.71]
["Composição Auxiliar",88238,"SINAPI","AJUDANTE DE ARMADOR COM ENCARGOS COMPLEMENTARES","SEDI - SERVIÇOS DIVERSOS",null,"H",4.1999999999999997E-3,15.4,0.06]
["Composição Auxiliar",88245,"SINAPI","ARMADOR COM ENCARGOS COMPLEMENTARES","SEDI - SERVIÇOS DIVERSOS",null,"H",2.5700000000000001E-2,20.51,0.52]
["Composição Auxiliar",92804,"SINAPI","CORTE E DOBRA DE AÇO CA-50, DIÂMETRO DE 12,5 MM. AF_06/2022","FUES - FUNDAÇÕES E ESTRUTURAS",null,"KG",1,10.43,10.43]
["Insumo",39017,"SINAPI","ESPACADOR / DISTANCIADOR CIRCULAR COM ENTRADA LATERAL, EM PLASTICO, PARA VERGALHAO *4,2 A 12,5* MM, COBRIMENTO 20 MM","Material",null,"UN",0.36699999999999999,0.22,0.08]
["Insumo",43132,"SINAPI","ARAME RECOZIDO 16 BWG, D = 1,65 MM (0,016 KG/M) OU 18 BWG, D = 1,25 MM (0,01 KG/M)","Material",null,"KG",2.5000000000000001E-2,25,0.62]
[null,0,null,null,"MO sem LS =>",0.30028390478270367,"LS =>",0.25,"MO com LS =>",0.55000000000000004]
[null,0,null,null,"Valor do BDI =>",0,null,"Valor com BDI =>",null,11.71]
[null,0]
[" 57 ","Código","Banco","Descrição","Tipo",null,"Und","Quant.","Valor Unit","Total"]
["Composição",92764,"SINAPI","ARMAÇÃO DE PILAR OU VIGA DE ESTRUTURA CONVENCIONAL DE CONCRETO ARMADO UTILIZANDO AÇO CA-50 DE 16,0 MM - MONTAGEM. AF_06/2022","FUES - FUNDAÇÕES E ESTRUTURAS",null,"KG",1,11.47,11.47]
["Composição Auxiliar",88238,"SINAPI","AJUDANTE DE ARMADOR COM ENCARGOS COMPLEMENTARES","SEDI - SERVIÇOS DIVERSOS",null,"H",3.2000000000000002E-3,15.4,0.04]
["Composição Auxiliar",88245,"SINAPI","ARMADOR COM ENCARGOS COMPLEMENTARES","SEDI - SERVIÇOS DIVERSOS",null,"H",1.9400000000000001E-2,20.51,0.39]
["Composição Auxiliar",92805,"SINAPI","CORTE E DOBRA DE AÇO CA-50, DIÂMETRO DE 16,0 MM. AF_06/2022","FUES - FUNDAÇÕES E ESTRUTURAS",null,"KG",1,10.38,10.38]
["Insumo",39017,"SINAPI","ESPACADOR / DISTANCIADOR CIRCULAR COM ENTRADA LATERAL, EM PLASTICO, PARA VERGALHAO *4,2 A 12,5* MM, COBRIMENTO 20 MM","Material",null,"UN",0.21199999999999999,0.22,0.04]
["Insumo",43132,"SINAPI","ARAME RECOZIDO 16 BWG, D = 1,65 MM (0,016 KG/M) OU 18 BWG, D = 1,25 MM (0,01 KG/M)","Material",null,"KG",2.5000000000000001E-2,25,0.62]
[null,0,null,null,"MO sem LS =>",0.21292858702773532,"LS =>",0.18,"MO com LS =>",0.39]
[null,0,null,null,"Valor do BDI =>",0,null,"Valor com BDI =>",null,11.47]
[null,0]
[" 58 ","Código","Banco","Descrição","Tipo",null,"Und","Quant.","Valor Unit","Total"]
["Composição",92760,"SINAPI","ARMAÇÃO DE PILAR OU VIGA DE ESTRUTURA CONVENCIONAL DE CONCRETO ARMADO UTILIZANDO AÇO CA-50 DE 6,3 MM - MONTAGEM. AF_06/2022","FUES - FUNDAÇÕES E ESTRUTURAS",null,"KG",1,15.47,15.47]
["Composição Auxiliar",88238,"SINAPI","AJUDANTE DE ARMADOR COM ENCARGOS COMPLEMENTARES","SEDI - SERVIÇOS DIVERSOS",null,"H",1.29E-2,15.4,0.19]
["Composição Auxiliar",88245,"SINAPI","ARMADOR COM ENCARGOS COMPLEMENTARES","SEDI - SERVIÇOS DIVERSOS",null,"H",7.9000000000000001E-2,20.51,1.62]
["Composição Auxiliar",92801,"SINAPI","CORTE E DOBRA DE AÇO CA-50, DIÂMETRO DE 6,3 MM. AF_06/2022","FUES - FUNDAÇÕES E ESTRUTURAS",null,"KG",1,12.83,12.83]
["Insumo",39017,"SINAPI","ESPACADOR / DISTANCIADOR CIRCULAR COM ENTRADA LATERAL, EM PLASTICO, PARA VERGALHAO *4,2 A 12,5* MM, COBRIMENTO 20 MM","Material",null,"UN",0.97,0.22,0.21]
["Insumo",43132,"SINAPI","ARAME RECOZIDO 16 BWG, D = 1,65 MM (0,016 KG/M) OU 18 BWG, D = 1,25 MM (0,01 KG/M)","Material",null,"KG",2.5000000000000001E-2,25,0.62]
[null,0,null,null,"MO sem LS =>",1.1137803013758463,"LS =>",0.93,"MO com LS =>",2.04]
[null,0,null,null,"Valor do BDI =>",0,null,"Valor com BDI =>",null,15.47]
[null,0]
[" 59 ","Código","Banco","Descrição","Tipo",null,"Und","Quant.","Valor Unit","Total"]
["Composição",92759,"SINAPI","ARMAÇÃO DE PILAR OU VIGA DE ESTRUTURA CONVENCIONAL DE CONCRETO ARMADO UTILIZANDO AÇO CA-60 DE 5,0 MM - MONTAGEM. AF_06/2022","FUES - FUNDAÇÕES E ESTRUTURAS",null,"KG",1,15.54,15.54]
["Composição Auxiliar",88238,"SINAPI","AJUDANTE DE ARMADOR COM ENCARGOS COMPLEMENTARES","SEDI - SERVIÇOS DIVERSOS",null,"H",1.7500000000000002E-2,15.4,0.26]
["Composição Auxiliar",88245,"SINAPI","ARMADOR COM ENCARGOS COMPLEMENTARES","SEDI - SERVIÇOS DIVERSOS",null,"H",0.1069,20.51,2.19]
["Composição Auxiliar",92800,"SINAPI","CORTE E DOBRA DE AÇO CA-60, DIÂMETRO DE 5,0 MM. AF_06/2022","FUES - FUNDAÇÕES E ESTRUTURAS",null,"KG",1,12.21,12.21]
["Insumo",39017,"SINAPI","ESPACADOR / DISTANCIADOR CIRCULAR COM ENTRADA LATERAL, EM PLASTICO, PARA VERGALHAO *4,2 A 12,5* MM, COBRIMENTO 20 MM","Material",null,"UN",1.19,0.22,0.26]
["Insumo",43132,"SINAPI","ARAME RECOZIDO 16 BWG, D = 1,65 MM (0,016 KG/M) OU 18 BWG, D = 1,25 MM (0,01 KG/M)","Material",null,"KG",2.5000000000000001E-2,25,0.62]
[null,0,null,null,"MO sem LS =>",1.676130159423455,"LS =>",1.39,"MO com LS =>",3.07]
[null,0,null,null,"Valor do BDI =>",0,null,"Valor com BDI =>",null,15.54]
[null,0]
[" 60 ","Código","Banco","Descrição","Tipo",null,"Und","Quant.","Valor Unit","Total"]
["Composição",92762,"SINAPI","ARMAÇÃO DE PILAR OU VIGA DE ESTRUTURA CONVENCIONAL DE CONCRETO ARMADO UTILIZANDO AÇO CA-50 DE 10,0 MM - MONTAGEM. AF_06/2022","FUES - FUNDAÇÕES E ESTRUTURAS",null,"KG",1,13.75,13.75]
["Composição Auxiliar",88238,"SINAPI","AJUDANTE DE ARMADOR COM ENCARGOS COMPLEMENTARES","SEDI - SERVIÇOS DIVERSOS",null,"H",6.4000000000000003E-3,15.4,0.09]
["Composição Auxiliar",88245,"SINAPI","ARMADOR COM ENCARGOS COMPLEMENTARES","SEDI - SERVIÇOS DIVERSOS",null,"H",3.9199999999999999E-2,20.51,0.8]
["Composição Auxiliar",92803,"SINAPI","CORTE E DOBRA DE AÇO CA-50, DIÂMETRO DE 10,0 MM. AF_06/2022","FUES - FUNDAÇÕES E ESTRUTURAS",null,"KG",1,12.13,12.13]
["Insumo",39017,"SINAPI","ESPACADOR / DISTANCIADOR CIRCULAR COM ENTRADA LATERAL, EM PLASTICO, PARA VERGALHAO *4,2 A 12,5* MM, COBRIMENTO 20 MM","Material",null,"UN",0.54300000000000004,0.22,0.11]
["Insumo",43132,"SINAPI","ARAME RECOZIDO 16 BWG, D = 1,65 MM (0,016 KG/M) OU 18 BWG, D = 1,25 MM (0,01 KG/M)","Material",null,"KG",2.5000000000000001E-2,25,0.62]
[null,0,null,null,"MO sem LS =>",0.47499454029264032,"LS =>",0.4,"MO com LS =>",0.87]
[null,0,null,null,"Valor do BDI =>",0,null,"Valor com BDI =>",null,13.75]
[null,0]
[" 61 ","Código","Banco","Descrição","Tipo",null,"Und","Quant.","Valor Unit","Total"]
["Composição",92765,"SINAPI","ARMAÇÃO DE PILAR OU VIGA DE ESTRUTURA CONVENCIONAL DE CONCRETO ARMADO UTILIZANDO AÇO CA-50 DE 20,0 MM - MONTAGEM. AF_06/2022","FUES - FUNDAÇÕES E ESTRUTURAS",null,"KG",1,13.23,13.23]
["Composição Auxiliar",88238,"SINAPI","AJUDANTE DE ARMADOR COM ENCARGOS COMPLEMENTARES","SEDI - SERVIÇOS DIVERSOS",null,"H",2.5000000000000001E-3,15.4,0.03]
["Composição Auxiliar",88245,"SINAPI","ARMADOR COM ENCARGOS COMPLEMENTARES","SEDI - SERVIÇOS DIVERSOS",null,"H",1.52E-2,20.51,0.31]
["Composição Auxiliar",92806,"SINAPI","CORTE E DOBRA DE AÇO CA-50, DIÂMETRO DE 20,0 MM. AF_06/2022","FUES - FUNDAÇÕES E ESTRUTURAS",null,"KG",1,12.25,12.25]
["Insumo",39017,"SINAPI","ESPACADOR / DISTANCIADOR CIRCULAR COM ENTRADA LATERAL, EM PLASTICO, PARA VERGALHAO *4,2 A 12,5* MM, COBRIMENTO 20 MM","Material",null,"UN",0.113,0.22,0.02]
["Insumo",43132,"SINAPI","ARAME RECOZIDO 16 BWG, D = 1,65 MM (0,016 KG/M) OU 18 BWG, D = 1,25 MM (0,01 KG/M)","Material",null,"KG",2.5000000000000001E-2,25,0.62]
[null,0,null,null,"MO sem LS =>",0.15833151343088012,"LS =>",0.13,"MO com LS =>",0.28999999999999998]
[null,0,null,null,"Valor do BDI =>",0,null,"Valor com BDI =>",null,13.23]
[null,0]
[" 62 ","Código","Banco","Descrição","Tipo",null,"Und","Quant.","Valor Unit","Total"]
["Composição",92538,"SINAPI","MONTAGEM E DESMONTAGEM DE FÔRMA DE LAJE MACIÇA, PÉ-DIREITO SIMPLES, EM CHAPA DE MADEIRA COMPENSADA PLASTIFICADA, 18 UTILIZAÇÕES. AF_09/2020","FUES - FUNDAÇÕES E ESTRUTURAS",null,"m²",1,39.33,39.33]
["Composição Auxiliar",88239,"SINAPI","AJUDANTE DE CARPINTEIRO COM ENCARGOS COMPLEMENTARES","SEDI - SERVIÇOS DIVERSOS",null,"H",6.7000000000000004E-2,16.91,1.1299999999999999]
["Composição Auxiliar",88262,"SINAPI","CARPINTEIRO DE FORMAS COM ENCARGOS COMPLEMENTARES","SEDI - SERVIÇOS DIVERSOS",null,"H",0.36599999999999999,20.329999999999998,7.44]
["Composição Auxiliar",92268,"SINAPI","FABRICAÇÃO DE FÔRMA PARA LAJES, EM CHAPA DE MADEIRA COMPENSADA PLASTIFICADA, E = 18 MM. AF_09/2020","FUES - FUNDAÇÕES E ESTRUTURAS",null,"m²",8.6999999999999994E-2,109.05,9.48]
["Insumo",2692,"SINAPI","DESMOLDANTE PROTETOR PARA FORMAS DE MADEIRA, DE BASE OLEOSA EMULSIONADA EM AGUA","Material",null,"L",4.0000000000000001E-3,12.86,0.05]
["Insumo",10749,"SINAPI","LOCACAO DE ESCORA METALICA TELESCOPICA, COM ALTURA REGULAVEL DE *1,80* A *3,20* M, COM CAPACIDADE DE CARGA DE NO MINIMO 1000 KGF (10 KN), INCLUSO TRIPE E FORCADO","Equipamento",null,"UNXMES",0.39700000000000002,23.34,9.26]
["Insumo",40270,"SINAPI","VIGA DE ESCORAMAENTO H20, DE MADEIRA, PESO DE 5,00 A 5,20 KG/M, COM EXTREMIDADES PLASTICAS","Material",null,"M",9.5000000000000001E-2,126.05,11.97]
[null,0,null,null,"MO sem LS =>",3.8600131032976632,"LS =>",3.21,"MO com LS =>",7.07]
[null,0,null,null,"Valor do BDI =>",0,null,"Valor com BDI =>",null,39.33]
[null,0]
[" 63 ","Código","Banco","Descrição","Tipo",null,"Und","Quant.","Valor Unit","Total"]
["Composição",88650,"SINAPI","RODAPÉ CERÂMICO DE 7CM DE ALTURA COM PLACAS TIPO ESMALTADA EXTRA DE DIMENSÕES 60X60CM. AF_02/2023","PISO - PISOS",null,"M",1,20.9,20.9]
["Composição Auxiliar",88256,"SINAPI","AZULEJISTA OU LADRILHISTA COM ENCARGOS COMPLEMENTARES","SEDI - SERVIÇOS DIVERSOS",null,"H",8.7099999999999997E-2,23.73,2.06]
["Composição Auxiliar",88316,"SINAPI","SERVENTE COM ENCARGOS COMPLEMENTARES","SEDI - SERVIÇOS DIVERSOS",null,"H",3.2599999999999997E-2,15.35,0.5]
["Insumo",1292,"SINAPI","PISO EM CERAMICA ESMALTADA EXTRA, PEI MAIOR OU IGUAL A 4, FORMATO MAIOR QUE 2025 CM2","Material",null,"m²",0.1875,91.73,17.190000000000001]
["Insumo",1381,"SINAPI","ARGAMASSA COLANTE AC I PARA CERAMICAS","Material",null,"KG",0.63919999999999999,1,0.63]
["Insumo",34357,"SINAPI","REJUNTE CIMENTICIO, QUALQUER COR","Material",null,"KG",8.8999999999999996E-2,5.87,0.52]
[null,0,null,null,"MO sem LS =>",1.1574579602533304,"LS =>",0.96,"MO com LS =>",2.12]
[null,0,null,null,"Valor do BDI =>",0,null,"Valor com BDI =>",null,20.9]
[null,0]
[" 64 ","Código","Banco","Descrição","Tipo",null,"Und","Quant.","Valor Unit","Total"]
["Composição",93391,"SINAPI","REVESTIMENTO CERÂMICO PARA PISO COM PLACAS TIPO ESMALTADA PADRÃO POPULAR DE DIMENSÕES 35X35 CM APLICADA EM AMBIENTES DE ÁREA MAIOR QUE 10 M2. AF_02/2023_PE","PISO - PISOS",null,"m²",1,57.7,57.7]
["Composição Auxiliar",88256,"SINAPI","AZULEJISTA OU LADRILHISTA COM ENCARGOS COMPLEMENTARES","SEDI - SERVIÇOS DIVERSOS",null,"H",0.24110000000000001,23.73,5.72]
["Composição Auxiliar",88316,"SINAPI","SERVENTE COM ENCARGOS COMPLEMENTARES","SEDI - SERVIÇOS DIVERSOS",null,"H",0.129,15.35,1.98]
["Insumo",1297,"SINAPI","PISO EM CERAMICA ESMALTADA, COMERCIAL (PADRAO POPULAR), PEI MAIOR OU IGUAL A 3, FORMATO MENOR OU IGUAL A  2025 CM2","Material",null,"m²",1.0570999999999999,37.33,39.46]
["Insumo",1381,"SINAPI","ARGAMASSA COLANTE AC I PARA CERAMICAS","Material",null,"KG",9.1325000000000003,1,9.1300000000000008]
["Insumo",34357,"SINAPI","REJUNTE CIMENTICIO, QUALQUER COR","Material",null,"KG",0.24099999999999999,5.87,1.41]
[null,0,null,null,"MO sem LS =>",3.4614544660406201,"LS =>",2.88,"MO com LS =>",6.34]
[null,0,null,null,"Valor do BDI =>",0,null,"Valor com BDI =>",null,57.7]
[null,0]
[" 65 ","Código","Banco","Descrição","Tipo",null,"Und","Quant.","Valor Unit","Total"]
["Composição",87543,"SINAPI","MASSA ÚNICA, PARA RECEBIMENTO DE PINTURA OU CERÂMICA, ARGAMASSA INDUSTRIALIZADA, PREPARO MECÂNICO, APLICADO COM EQUIPAMENTO DE MISTURA E PROJEÇÃO DE 1,5 M3/H EM FACES INTERNAS DE PAREDES, ESPESSURA DE 5MM, SEM EXECUÇÃO DE TALISCAS. AF_06/2014","REVE - REVESTIMENTO E TRATAMENTO DE SUPERFÍCIES",null,"m²",1,28.47,28.47]
["Composição Auxiliar",87407,"SINAPI","ARGAMASSA INDUSTRIALIZADA PARA REVESTIMENTOS, MISTURA E PROJEÇÃO DE 1,5 M³/H DE ARGAMASSA. AF_08/2019","SEDI - SERVIÇOS DIVERSOS",null,"m³",1.1299999999999999E-2,2120.66,23.96]
["Composição Auxiliar",88309,"SINAPI","PEDREIRO COM ENCARGOS COMPLEMENTARES","SEDI - SERVIÇOS DIVERSOS",null,"H",0.2,20.67,4.13]
["Composição Auxiliar",88316,"SINAPI","SERVENTE COM ENCARGOS COMPLEMENTARES","SEDI - SERVIÇOS DIVERSOS",null,"H",2.5000000000000001E-2,15.35,0.38]
[null,0,null,null,"MO sem LS =>",2.3203756278663463,"LS =>",1.93,"MO com LS =>",4.25]
[null,0,null,null,"Valor do BDI =>",0,null,"Valor com BDI =>",null,28.47]
[null,0]
[" 66 ","Código","Banco","Descrição","Tipo",null,"Und","Quant.","Valor Unit","Total"]
["Composição",87791,"SINAPI","EMBOÇO OU MASSA ÚNICA EM ARGAMASSA INDUSTRIALIZADA, PREPARO MECÂNICO E APLICAÇÃO COM EQUIPAMENTO DE MISTURA E PROJEÇÃO DE 1,5 M3/H DE ARGAMASSA EM PANOS DE FACHADA COM PRESENÇA DE VÃOS, ESPESSURA MAIOR OU IGUAL A 50 MM. AF_08/2022","REVE - REVESTIMENTO E TRATAMENTO DE SUPERFÍCIES",null,"m²",1,157.03,157.03]
["Composição Auxiliar",87407,"SINAPI","ARGAMASSA INDUSTRIALIZADA PARA REVESTIMENTOS, MISTURA E PROJEÇÃO DE 1,5 M³/H DE ARGAMASSA. AF_08/2019","SEDI - SERVIÇOS DIVERSOS",null,"m³",5.8099999999999999E-2,2120.66,123.21]
["Composição Auxiliar",88309,"SINAPI","PEDREIRO COM ENCARGOS COMPLEMENTARES","SEDI - SERVIÇOS DIVERSOS",null,"H",0.88,20.67,18.18]
["Composição Auxiliar",88316,"SINAPI","SERVENTE COM ENCARGOS COMPLEMENTARES","SEDI - SERVIÇOS DIVERSOS",null,"H",0.88,15.35,13.5]
["Insumo",37411,"SINAPI","TELA DE ACO SOLDADA GALVANIZADA/ZINCADA PARA ALVENARIA, FIO D = *1,24 MM, MALHA 25 X 25 MM","Material",null,"m²",0.13880000000000001,15.42,2.14]
[null,0,null,null,"MO sem LS =>",15.423673291111596,"LS =>",12.83,"MO com LS =>",28.25]
[null,0,null,null,"Valor do BDI =>",0,null,"Valor com BDI =>",null,157.03]
[null,0]
[" 67 ","Código","Banco","Descrição","Tipo",null,"Und","Quant.","Valor Unit","Total"]
["Composição",96620,"SINAPI","LASTRO DE CONCRETO MAGRO, APLICADO EM PISOS, LAJES SOBRE SOLO OU RADIERS. AF_08/2017","FUES - FUNDAÇÕES E ESTRUTURAS",null,"m³",1,715.54,715.54]
["Composição Auxiliar",88309,"SINAPI","PEDREIRO COM ENCARGOS COMPLEMENTARES","SEDI - SERVIÇOS DIVERSOS",null,"H",5.4370000000000003,20.67,112.38]
["Composição Auxiliar",88316,"SINAPI","SERVENTE COM ENCARGOS COMPLEMENTARES","SEDI - SERVIÇOS DIVERSOS",null,"H",1.4830000000000001,15.35,22.76]
["Composição Auxiliar",94968,"SINAPI","CONCRETO MAGRO PARA LASTRO, TRAÇO 1:4,5:4,5 (EM MASSA SECA DE CIMENTO/ AREIA MÉDIA/ BRITA 1) - PREPARO MECÂNICO COM BETONEIRA 600 L. AF_05/2021","FUES - FUNDAÇÕES E ESTRUTURAS",null,"m³",1.1299999999999999,513.63,580.4]
[null,0,null,null,"MO sem LS =>",85.067700371260102,"LS =>",70.739999999999995,"MO com LS =>",155.81]
[null,0,null,null,"Valor do BDI =>",0,null,"Valor com BDI =>",null,715.54]
[null,0]
[" 68 ","Código","Banco","Descrição","Tipo",null,"Und","Quant.","Valor Unit","Total"]
["Composição",99841,"SINAPI","GUARDA-CORPO PANORÂMICO COM PERFIS DE ALUMÍNIO E VIDRO LAMINADO 8 MM, FIXADO COM CHUMBADOR MECÂNICO. AF_04/2019_PS","ESQV - ESQUADRIAS/FERRAGENS/VIDROS",null,"M",1,1777.3,1777.3]
["Composição Auxiliar",88251,"SINAPI","AUXILIAR DE SERRALHEIRO COM ENCARGOS COMPLEMENTARES","SEDI - SERVIÇOS DIVERSOS",null,"H",2.754,17.04,46.92]
["Composição Auxiliar",88315,"SINAPI","SERRALHEIRO COM ENCARGOS COMPLEMENTARES","SEDI - SERVIÇOS DIVERSOS",null,"H",3.3530000000000002,20.51,68.77]
["Insumo",1332,"SINAPI","CHAPA DE ACO GROSSA, ASTM A36, E = 3/8 \" (9,53 MM) 74,69 KG/M2","Material",null,"KG",1.4,10.29,14.4]
["Insumo",11002,"SINAPI","ELETRODO REVESTIDO AWS - E6013, DIAMETRO IGUAL A 2,50 MM","Material",null,"KG",3.0000000000000001E-3,28.81,0.08]
["Insumo",11964,"SINAPI","PARAFUSO DE ACO TIPO CHUMBADOR PARABOLT, DIAMETRO 3/8\", COMPRIMENTO 75 MM","Material",null,"UN",3.3330000000000002,2.2999999999999998,7.66]
["Insumo",13246,"SINAPI","PARAFUSO DE FERRO POLIDO, SEXTAVADO, COM ROSCA INTEIRA, DIAMETRO 5/16\", COMPRIMENTO 3/4\", COM PORCA E ARRUELA LISA LEVE","Material",null,"UN",5,0.43,2.15]
["Insumo",20259,"SINAPI","PERFIL DE BORRACHA EPDM MACICO *12 X 15* MM PARA ESQUADRIAS","Material",null,"M",3.149,12.9,40.619999999999997]
["Insumo",34360,"SINAPI","PERFIL DE ALUMINIO ANODIZADO","Material",null,"KG",3.4089999999999998,38.68,131.86000000000001]
["Insumo",34391,"SINAPI","VIDRO COMUM LAMINADO LISO INCOLOR DUPLO, ESPESSURA TOTAL 8 MM (CADA CAMADA DE 4 MM) - COLOCADO","Material",null,"m²",0.998,1431.46,1428.59]
["Insumo",39961,"SINAPI","SILICONE ACETICO USO GERAL INCOLOR 280 G","Material",null,"UN",0.85499999999999998,42.4,36.25]
[null,0,null,null,"MO sem LS =>",50.797117274514086,"LS =>",42.24,"MO com LS =>",93.04]
[null,0,null,null,"Valor do BDI =>",0,null,"Valor com BDI =>",null,1777.3]
[null,0]
[" 69 ","Código","Banco","Descrição","Tipo",null,"Und","Quant.","Valor Unit","Total"]
["Composição",98560,"SINAPI","IMPERMEABILIZAÇÃO DE PISO COM ARGAMASSA DE CIMENTO E AREIA, COM ADITIVO IMPERMEABILIZANTE, E = 2CM. AF_06/2018","IMPE - IMPERMEABILIZAÇÕES E PROTEÇÕES DIVERSAS",null,"m²",1,46.26,46.26]
["Composição Auxiliar",87298,"SINAPI","ARGAMASSA TRAÇO 1:3 (EM VOLUME DE CIMENTO E AREIA MÉDIA ÚMIDA) PARA CONTRAPISO, PREPARO MECÂNICO COM BETONEIRA 400 L. AF_08/2019","SEDI - SERVIÇOS DIVERSOS",null,"m³",2.5000000000000001E-2,774.39,19.350000000000001]
["Composição Auxiliar",88309,"SINAPI","PEDREIRO COM ENCARGOS COMPLEMENTARES","SEDI - SERVIÇOS DIVERSOS",null,"H",0.97499999999999998,20.67,20.149999999999999]
["Composição Auxiliar",88316,"SINAPI","SERVENTE COM ENCARGOS COMPLEMENTARES","SEDI - SERVIÇOS DIVERSOS",null,"H",0.19700000000000001,15.35,3.02]
["Insumo",123,"SINAPI","ADITIVO IMPERMEABILIZANTE DE PEGA NORMAL PARA ARGAMASSAS E CONCRETOS SEM ARMACAO, LIQUIDO E ISENTO DE CLORETOS","Material",null,"L",0.28000000000000003,13.38,3.74]
[null,0,null,null,"MO sem LS =>",11.012229744485696,"LS =>",9.16,"MO com LS =>",20.170000000000002]
[null,0,null,null,"Valor do BDI =>",0,null,"Valor com BDI =>",null,46.26]
[null,0]
[" 70 ","Código","Banco","Descrição","Tipo",null,"Und","Quant.","Valor Unit","Total"]
["Composição",87623,"SINAPI","CONTRAPISO EM ARGAMASSA PRONTA, PREPARO MECÂNICO COM MISTURADOR 300 KG, APLICADO EM ÁREAS SECAS SOBRE LAJE, ADERIDO, ACABAMENTO NÃO REFORÇADO, ESPESSURA 2CM. AF_07/2021","PISO - PISOS",null,"m²",1,88.22,88.22]
["Composição Auxiliar",87386,"SINAPI","ARGAMASSA PRONTA PARA CONTRAPISO, PREPARO COM MISTURADOR DE EIXO HORIZONTAL DE 300 KG. AF_08/2019","SEDI - SERVIÇOS DIVERSOS",null,"m³",3.1E-2,2410.5300000000002,74.72]
["Composição Auxiliar",88309,"SINAPI","PEDREIRO COM ENCARGOS COMPLEMENTARES","SEDI - SERVIÇOS DIVERSOS",null,"H",0.214,20.67,4.42]
["Composição Auxiliar",88316,"SINAPI","SERVENTE COM ENCARGOS COMPLEMENTARES","SEDI - SERVIÇOS DIVERSOS",null,"H",0.107,15.35,1.64]
["Insumo",1379,"SINAPI","CIMENTO PORTLAND COMPOSTO CP II-32","Material",null,"KG",0.5,1,0.5]
["Insumo",7334,"SINAPI","ADITIVO ADESIVO LIQUIDO PARA ARGAMASSAS DE REVESTIMENTOS CIMENTICIOS","Material",null,"L",0.21,33.07,6.94]
[null,0,null,null,"MO sem LS =>",3.4778335881196769,"LS =>",2.89,"MO com LS =>",6.37]
[null,0,null,null,"Valor do BDI =>",0,null,"Valor com BDI =>",null,88.22]
[null,0]
[" 71 ","Código","Banco","Descrição","Tipo",null,"Und","Quant.","Valor Unit","Total"]
["Composição",98671,"SINAPI","PISO EM GRANITO APLICADO EM AMBIENTES INTERNOS. AF_09/2020","PISO - PISOS",null,"m²",1,499.78,499.78]
["Composição Auxiliar",88274,"SINAPI","MARMORISTA/GRANITEIRO COM ENCARGOS COMPLEMENTARES","SEDI - SERVIÇOS DIVERSOS",null,"H",1.1879999999999999,21.61,25.67]
["Composição Auxiliar",88316,"SINAPI","SERVENTE COM ENCARGOS COMPLEMENTARES","SEDI - SERVIÇOS DIVERSOS",null,"H",0.59399999999999997,15.35,9.11]
["Insumo",10841,"SINAPI","PISO EM GRANITO, POLIDO, TIPO ANDORINHA/ QUARTZ/ CASTELO/ CORUMBA OU OUTROS EQUIVALENTES DA REGIAO, FORMATO MENOR OU IGUAL A 3025 CM2, E=  *2* CM","Material",null,"m²",1.1599999999999999,377.35,437.72]
["Insumo",34357,"SINAPI","REJUNTE CIMENTICIO, QUALQUER COR","Material",null,"KG",0.14000000000000001,5.87,0.82]
["Insumo",37595,"SINAPI","ARGAMASSA COLANTE TIPO AC III","Material",null,"KG",8.6199999999999992,3.07,26.46]
[null,0,null,null,"MO sem LS =>",15.434592705830967,"LS =>",12.84,"MO com LS =>",28.27]
[null,0,null,null,"Valor do BDI =>",0,null,"Valor com BDI =>",null,499.78]
[null,0]
[" 72 ","Código","Banco","Descrição","Tipo",null,"Und","Quant.","Valor Unit","Total"]
["Composição",103324,"SINAPI","ALVENARIA DE VEDAÇÃO DE BLOCOS CERÂMICOS FURADOS NA VERTICAL DE 14X19X39 CM (ESPESSURA 14 CM) E ARGAMASSA DE ASSENTAMENTO COM PREPARO EM BETONEIRA. AF_12/2021","PARE - PAREDES/PAINEIS",null,"m²",1,74.37,74.37]
["Composição Auxiliar",87292,"SINAPI","ARGAMASSA TRAÇO 1:2:8 (EM VOLUME DE CIMENTO, CAL E AREIA MÉDIA ÚMIDA) PARA EMBOÇO/MASSA ÚNICA/ASSENTAMENTO DE ALVENARIA DE VEDAÇÃO, PREPARO MECÂNICO COM BETONEIRA 400 L. AF_08/2019","SEDI - SERVIÇOS DIVERSOS",null,"m³",1.18E-2,572.6,6.75]
["Composição Auxiliar",88309,"SINAPI","PEDREIRO COM ENCARGOS COMPLEMENTARES","SEDI - SERVIÇOS DIVERSOS",null,"H",0.86,20.67,17.77]
["Composição Auxiliar",88316,"SINAPI","SERVENTE COM ENCARGOS COMPLEMENTARES","SEDI - SERVIÇOS DIVERSOS",null,"H",0.43,15.35,6.6]
["Insumo",34547,"SINAPI","TELA DE ACO SOLDADA GALVANIZADA/ZINCADA PARA ALVENARIA, FIO  D = *1,20 A 1,70* MM, MALHA 15 X 15 MM, (C X L) *50 X 12* CM","Material",null,"M",0.42,3.33,1.39]
["Insumo",37395,"SINAPI","PINO DE ACO COM FURO, HASTE = 27 MM (ACAO DIRETA)","Material",null,"CENTO",0.01,38.74,0.38]
["Insumo",37593,"SINAPI","BLOCO CERAMICO / TIJOLO VAZADO PARA ALVENARIA DE VEDACAO, FUROS NA VERTICAL, 14 X 19 X 39 CM (NBR 15270)","Material",null,"UN",13.6,3.05,41.48]
[null,0,null,null,"MO sem LS =>",11.072286525442236,"LS =>",9.2100000000000009,"MO com LS =>",20.28]
[null,0,null,null,"Valor do BDI =>",0,null,"Valor com BDI =>",null,74.37]
[null,0]
[" 73 ","Código","Banco","Descrição","Tipo",null,"Und","Quant.","Valor Unit","Total"]
["Composição",91314,"SINAPI","KIT DE PORTA DE MADEIRA PARA PINTURA, SEMI-OCA (LEVE OU MÉDIA), PADRÃO POPULAR, 80X210CM, ESPESSURA DE 3,5CM, ITENS INCLUSOS: DOBRADIÇAS, MONTAGEM E INSTALAÇÃO DO BATENTE, FECHADURA COM EXECUÇÃO DO FURO - FORNECIMENTO E INSTALAÇÃO. AF_12/2019","ESQV - ESQUADRIAS/FERRAGENS/VIDROS",null,"UN",1,756.66,756.66]
["Composição Auxiliar",100660,"SINAPI","ALIZAR DE 5X1,5CM PARA PORTA FIXADO COM PREGOS, PADRÃO POPULAR - FORNECIMENTO E INSTALAÇÃO. AF_12/2019","ESQV - ESQUADRIAS/FERRAGENS/VIDROS",null,"M",10,5.73,57.3]
["Composição Auxiliar",90822,"SINAPI","PORTA DE MADEIRA PARA PINTURA, SEMI-OCA (LEVE OU MÉDIA), 80X210CM, ESPESSURA DE 3,5CM, INCLUSO DOBRADIÇAS - FORNECIMENTO E INSTALAÇÃO. AF_12/2019","ESQV - ESQUADRIAS/FERRAGENS/VIDROS",null,"UN",1,340.25,340.25]
["Composição Auxiliar",91292,"SINAPI","BATENTE PARA PORTA DE MADEIRA, FIXAÇÃO COM ARGAMASSA, PADRÃO POPULAR. FORNECIMENTO E INSTALAÇÃO. AF_12/2019","ESQV - ESQUADRIAS/FERRAGENS/VIDROS",null,"UN",1,246,246]
["Composição Auxiliar",91304,"SINAPI","FECHADURA DE EMBUTIR COM CILINDRO, EXTERNA, COMPLETA, ACABAMENTO PADRÃO POPULAR, INCLUSO EXECUÇÃO DE FURO - FORNECIMENTO E INSTALAÇÃO. AF_12/2019","ESQV - ESQUADRIAS/FERRAGENS/VIDROS",null,"UN",1,113.11,113.11]
[null,0,null,null,"MO sem LS =>",95.664992400000003,"LS =>",79.56,"MO com LS =>",175.22]
[null,0,null,null,"Valor do BDI =>",0,null,"Valor com BDI =>",null,756.66]
[null,0]
[" 74 ","Código","Banco","Descrição","Tipo",null,"Und","Quant.","Valor Unit","Total"]
["Composição",91313,"SINAPI","KIT DE PORTA DE MADEIRA PARA PINTURA, SEMI-OCA (LEVE OU MÉDIA), PADRÃO POPULAR, 70X210CM, ESPESSURA DE 3,5CM, ITENS INCLUSOS: DOBRADIÇAS, MONTAGEM E INSTALAÇÃO DO BATENTE, FECHADURA COM EXECUÇÃO DO FURO - FORNECIMENTO E INSTALAÇÃO. AF_12/2019","ESQV - ESQUADRIAS/FERRAGENS/VIDROS",null,"UN",1,715.85,715.85]
["Composição Auxiliar",100660,"SINAPI","ALIZAR DE 5X1,5CM PARA PORTA FIXADO COM PREGOS, PADRÃO POPULAR - FORNECIMENTO E INSTALAÇÃO. AF_12/2019","ESQV - ESQUADRIAS/FERRAGENS/VIDROS",null,"M",9.8000000000000007,5.73,56.15]
["Composição Auxiliar",90821,"SINAPI","PORTA DE MADEIRA PARA PINTURA, SEMI-OCA (LEVE OU MÉDIA), 70X210CM, ESPESSURA DE 3,5CM, INCLUSO DOBRADIÇAS - FORNECIMENTO E INSTALAÇÃO. AF_12/2019","ESQV - ESQUADRIAS/FERRAGENS/VIDROS",null,"UN",1,316.18,316.18]
["Composição Auxiliar",91292,"SINAPI","BATENTE PARA PORTA DE MADEIRA, FIXAÇÃO COM ARGAMASSA, PADRÃO POPULAR. FORNECIMENTO E INSTALAÇÃO. AF_12/2019","ESQV - ESQUADRIAS/FERRAGENS/VIDROS",null,"UN",1,246,246]
["Composição Auxiliar",91307,"SINAPI","FECHADURA DE EMBUTIR PARA PORTAS INTERNAS, COMPLETA, ACABAMENTO PADRÃO POPULAR, COM EXECUÇÃO DE FURO - FORNECIMENTO E INSTALAÇÃO. AF_12/2019","ESQV - ESQUADRIAS/FERRAGENS/VIDROS",null,"UN",1,97.52,97.52]
[null,0,null,null,"MO sem LS =>",91.144354662590089,"LS =>",75.8,"MO com LS =>",166.94]
[null,0,null,null,"Valor do BDI =>",0,null,"Valor com BDI =>",null,715.85]
[null,0]
[" 75 ","Código","Banco","Descrição","Tipo",null,"Und","Quant.","Valor Unit","Total"]
["Composição",102205,"SINAPI","PINTURA VERNIZ (INCOLOR) POLIURETÂNICO (RESINA ALQUÍDICA MODIFICADA) EM MADEIRA, 1 DEMÃO. AF_01/2021","PINT - PINTURAS",null,"m²",1,7.55,7.55]
["Composição Auxiliar",88310,"SINAPI","PINTOR COM ENCARGOS COMPLEMENTARES","SEDI - SERVIÇOS DIVERSOS",null,"H",0.2359,21.91,5.16]
["Insumo",5318,"SINAPI","DILUENTE AGUARRAS","Material",null,"L",6.6E-3,25.65,0.16]
["Insumo",10478,"SINAPI","VERNIZ A BASE RESINA ALQUIDICA COM POLIURETANO PARA MADEIRA, COM FILTRO SOLAR, BRILHANTE, USO INTERNO E EXTERNO","Material",null,"L",6.6400000000000001E-2,33.72,2.23]
[null,0,null,null,"MO sem LS =>",2.1675038217951519,"LS =>",1.8,"MO com LS =>",3.97]
[null,0,null,null,"Valor do BDI =>",0,null,"Valor com BDI =>",null,7.55]
[null,0]
[" 76 ","Código","Banco","Descrição","Tipo",null,"Und","Quant.","Valor Unit","Total"]
["Composição",102220,"SINAPI","PINTURA TINTA DE ACABAMENTO (PIGMENTADA) ESMALTE SINTÉTICO BRILHANTE EM MADEIRA, 2 DEMÃOS. AF_01/2021","PINT - PINTURAS",null,"m²",1,12.11,12.11]
["Composição Auxiliar",88310,"SINAPI","PINTOR COM ENCARGOS COMPLEMENTARES","SEDI - SERVIÇOS DIVERSOS",null,"H",0.3805,21.91,8.33]
["Insumo",5318,"SINAPI","DILUENTE AGUARRAS","Material",null,"L",1.2500000000000001E-2,25.65,0.32]
["Insumo",7292,"SINAPI","TINTA ESMALTE SINTETICO PREMIUM BRILHANTE","Material",null,"L",0.12529999999999999,27.63,3.46]
[null,0,null,null,"MO sem LS =>",3.4996724175584188,"LS =>",2.91,"MO com LS =>",6.41]
[null,0,null,null,"Valor do BDI =>",0,null,"Valor com BDI =>",null,12.11]
[null,0]
[" 77 ","Código","Banco","Descrição","Tipo",null,"Und","Quant.","Valor Unit","Total"]
["Composição",98689,"SINAPI","SOLEIRA EM GRANITO, LARGURA 15 CM, ESPESSURA 2,0 CM. AF_09/2020","PISO - PISOS",null,"M",1,125.31,125.31]
["Composição Auxiliar",88274,"SINAPI","MARMORISTA/GRANITEIRO COM ENCARGOS COMPLEMENTARES","SEDI - SERVIÇOS DIVERSOS",null,"H",0.54700000000000004,21.61,11.82]
["Composição Auxiliar",88316,"SINAPI","SERVENTE COM ENCARGOS COMPLEMENTARES","SEDI - SERVIÇOS DIVERSOS",null,"H",0.27300000000000002,15.35,4.1900000000000004]
["Insumo",20232,"SINAPI","SOLEIRA EM GRANITO, POLIDO, TIPO ANDORINHA/ QUARTZ/ CASTELO/ CORUMBA OU OUTROS EQUIVALENTES DA REGIAO, L= *15* CM, E=  *2,0* CM","Material",null,"M",1,105.34,105.34]
["Insumo",37595,"SINAPI","ARGAMASSA COLANTE TIPO AC III","Material",null,"KG",1.29,3.07,3.96]
[null,0,null,null,"MO sem LS =>",7.1030792749508622,"LS =>",5.91,"MO com LS =>",13.01]
[null,0,null,null,"Valor do BDI =>",0,null,"Valor com BDI =>",null,125.31]
[null,0]
[" 78 ","Código","Banco","Descrição","Tipo",null,"Und","Quant.","Valor Unit","Total"]
["Composição",101965,"SINAPI","PEITORIL LINEAR EM GRANITO OU MÁRMORE, L = 15CM, COMPRIMENTO DE ATÉ 2M, ASSENTADO COM ARGAMASSA 1:6 COM ADITIVO. AF_11/2020","REVE - REVESTIMENTO E TRATAMENTO DE SUPERFÍCIES",null,"M",1,140.37,140.37]
["Composição Auxiliar",87283,"SINAPI","ARGAMASSA TRAÇO 1:6 (EM VOLUME DE CIMENTO E AREIA MÉDIA ÚMIDA) COM ADIÇÃO DE PLASTIFICANTE PARA EMBOÇO/MASSA ÚNICA/ASSENTAMENTO DE ALVENARIA DE VEDAÇÃO, PREPARO MECÂNICO COM BETONEIRA 400 L. AF_08/2019","SEDI - SERVIÇOS DIVERSOS",null,"m³",6.0000000000000001E-3,485.45,2.91]
["Composição Auxiliar",88274,"SINAPI","MARMORISTA/GRANITEIRO COM ENCARGOS COMPLEMENTARES","SEDI - SERVIÇOS DIVERSOS",null,"H",0.41899999999999998,21.61,9.0500000000000007]
["Composição Auxiliar",88316,"SINAPI","SERVENTE COM ENCARGOS COMPLEMENTARES","SEDI - SERVIÇOS DIVERSOS",null,"H",0.20899999999999999,15.35,3.2]
["Composição Auxiliar",91692,"SINAPI","SERRA CIRCULAR DE BANCADA COM MOTOR ELÉTRICO POTÊNCIA DE 5HP, COM COIFA PARA DISCO 10\" - CHP DIURNO. AF_08/2015","CHOR - CUSTOS HORÁRIOS DE MÁQUINAS E EQUIPAMENTOS",null,"CHP",2.1000000000000001E-2,18.760000000000002,0.39]
["Composição Auxiliar",91693,"SINAPI","SERRA CIRCULAR DE BANCADA COM MOTOR ELÉTRICO POTÊNCIA DE 5HP, COM COIFA PARA DISCO 10\" - CHI DIURNO. AF_08/2015","CHOR - CUSTOS HORÁRIOS DE MÁQUINAS E EQUIPAMENTOS",null,"CHI",0.39800000000000002,17.440000000000001,6.94]
["Insumo",34747,"SINAPI","PEITORIL EM MARMORE, POLIDO, BRANCO COMUM, L= *15* CM, E=  *2,0* CM, COM PINGADEIRA","Material",null,"M",1.04,113.35,117.88]
[null,0,null,null,"MO sem LS =>",8.9866783140423667,"LS =>",7.47,"MO com LS =>",16.46]
[null,0,null,null,"Valor do BDI =>",0,null,"Valor com BDI =>",null,140.37]
[null,0]
[" 79 ","Código","Banco","Descrição","Tipo",null,"Und","Quant.","Valor Unit","Total"]
["Composição",93182,"SINAPI","VERGA PRÉ-MOLDADA PARA JANELAS COM ATÉ 1,5 M DE VÃO. AF_03/2016","FUES - FUNDAÇÕES E ESTRUTURAS",null,"M",1,41.94,41.94]
["Composição Auxiliar",87294,"SINAPI","ARGAMASSA TRAÇO 1:2:9 (EM VOLUME DE CIMENTO, CAL E AREIA MÉDIA ÚMIDA) PARA EMBOÇO/MASSA ÚNICA/ASSENTAMENTO DE ALVENARIA DE VEDAÇÃO, PREPARO MECÂNICO COM BETONEIRA 600 L. AF_08/2019","SEDI - SERVIÇOS DIVERSOS",null,"m³",1.9E-3,543.78,1.03]
["Composição Auxiliar",88309,"SINAPI","PEDREIRO COM ENCARGOS COMPLEMENTARES","SEDI - SERVIÇOS DIVERSOS",null,"H",8.4000000000000005E-2,20.67,1.73]
["Composição Auxiliar",88316,"SINAPI","SERVENTE COM ENCARGOS COMPLEMENTARES","SEDI - SERVIÇOS DIVERSOS",null,"H",0.10199999999999999,15.35,1.56]
["Composição Auxiliar",92270,"SINAPI","FABRICAÇÃO DE FÔRMA PARA VIGAS, COM MADEIRA SERRADA, E = 25 MM. AF_09/2020","FUES - FUNDAÇÕES E ESTRUTURAS",null,"m²",0.17,110.81,18.829999999999998]
["Composição Auxiliar",92801,"SINAPI","CORTE E DOBRA DE AÇO CA-50, DIÂMETRO DE 6,3 MM. AF_06/2022","FUES - FUNDAÇÕES E ESTRUTURAS",null,"KG",0.49,12.83,6.28]
["Composição Auxiliar",94970,"SINAPI","CONCRETO FCK = 20MPA, TRAÇO 1:2,7:3 (EM MASSA SECA DE CIMENTO/ AREIA MÉDIA/ BRITA 1) - PREPARO MECÂNICO COM BETONEIRA 600 L. AF_05/2021","FUES - FUNDAÇÕES E ESTRUTURAS",null,"m³",1.7999999999999999E-2,618.05999999999995,11.12]
["Insumo",2692,"SINAPI","DESMOLDANTE PROTETOR PARA FORMAS DE MADEIRA, DE BASE OLEOSA EMULSIONADA EM AGUA","Material",null,"L",6.0000000000000001E-3,12.86,7.0000000000000007E-2]
["Insumo",39017,"SINAPI","ESPACADOR / DISTANCIADOR CIRCULAR COM ENTRADA LATERAL, EM PLASTICO, PARA VERGALHAO *4,2 A 12,5* MM, COBRIMENTO 20 MM","Material",null,"UN",6,0.22,1.32]
[null,0,null,null,"MO sem LS =>",3.849093688578292,"LS =>",3.2,"MO com LS =>",7.05]
[null,0,null,null,"Valor do BDI =>",0,null,"Valor com BDI =>",null,41.94]
[null,0]
[" 80 ","Código","Banco","Descrição","Tipo",null,"Und","Quant.","Valor Unit","Total"]
["Composição",92580,"SINAPI","TRAMA DE AÇO COMPOSTA POR TERÇAS PARA TELHADOS DE ATÉ 2 ÁGUAS PARA TELHA ONDULADA DE FIBROCIMENTO, METÁLICA, PLÁSTICA OU TERMOACÚSTICA, INCLUSO TRANSPORTE VERTICAL. AF_07/2019","COBE - COBERTURA",null,"m²",1,55.05,55.05]
["Composição Auxiliar",88278,"SINAPI","MONTADOR DE ESTRUTURA METÁLICA COM ENCARGOS COMPLEMENTARES","SEDI - SERVIÇOS DIVERSOS",null,"H",0.21299999999999999,14.8,3.15]
["Composição Auxiliar",88316,"SINAPI","SERVENTE COM ENCARGOS COMPLEMENTARES","SEDI - SERVIÇOS DIVERSOS",null,"H",0.106,15.35,1.62]
["Composição Auxiliar",93281,"SINAPI","GUINCHO ELÉTRICO DE COLUNA, CAPACIDADE 400 KG, COM MOTO FREIO, MOTOR TRIFÁSICO DE 1,25 CV - CHP DIURNO. AF_03/2016","CHOR - CUSTOS HORÁRIOS DE MÁQUINAS E EQUIPAMENTOS",null,"CHP",6.7999999999999996E-3,16.27,0.11]
["Composição Auxiliar",93282,"SINAPI","GUINCHO ELÉTRICO DE COLUNA, CAPACIDADE 400 KG, COM MOTO FREIO, MOTOR TRIFÁSICO DE 1,25 CV - CHI DIURNO. AF_03/2016","CHOR - CUSTOS HORÁRIOS DE MÁQUINAS E EQUIPAMENTOS",null,"CHI",9.4000000000000004E-3,15.25,0.14000000000000001]
["Insumo",40549,"SINAPI","PARAFUSO, COMUM, ASTM A307, SEXTAVADO, DIAMETRO 1/2\" (12,7 MM), COMPRIMENTO 1\" (25,4 MM)","Material",null,"CENTO",7.0000000000000001E-3,179.06,1.25]
["Insumo",43083,"SINAPI","PERFIL \"U\" ENRIJECIDO DE ACO GALVANIZADO, DOBRADO, 150 X 60 X 20 MM, E = 3,00 MM OU 200 X 75 X 25 MM, E = 3,75 MM","Material",null,"KG",4.3330000000000002,11.26,48.78]
[null,0,null,null,"MO sem LS =>",2.2111814806726358,"LS =>",1.84,"MO com LS =>",4.05]
[null,0,null,null,"Valor do BDI =>",0,null,"Valor com BDI =>",null,55.05]
[null,0]
[" 81 ","Código","Banco","Descrição","Tipo",null,"Und","Quant.","Valor Unit","Total"]
["Composição",94227,"SINAPI","CALHA EM CHAPA DE AÇO GALVANIZADO NÚMERO 24, DESENVOLVIMENTO DE 33 CM, INCLUSO TRANSPORTE VERTICAL. AF_07/2019","COBE - COBERTURA",null,"M",1,62.88,62.88]
["Composição Auxiliar",88316,"SINAPI","SERVENTE COM ENCARGOS COMPLEMENTARES","SEDI - SERVIÇOS DIVERSOS",null,"H",0.28199999999999997,15.35,4.32]
["Composição Auxiliar",88323,"SINAPI","TELHADISTA COM ENCARGOS COMPLEMENTARES","SEDI - SERVIÇOS DIVERSOS",null,"H",0.188,20.11,3.78]
["Composição Auxiliar",93281,"SINAPI","GUINCHO ELÉTRICO DE COLUNA, CAPACIDADE 400 KG, COM MOTO FREIO, MOTOR TRIFÁSICO DE 1,25 CV - CHP DIURNO. AF_03/2016","CHOR - CUSTOS HORÁRIOS DE MÁQUINAS E EQUIPAMENTOS",null,"CHP",1.32E-2,16.27,0.21]
["Composição Auxiliar",93282,"SINAPI","GUINCHO ELÉTRICO DE COLUNA, CAPACIDADE 400 KG, COM MOTO FREIO, MOTOR TRIFÁSICO DE 1,25 CV - CHI DIURNO. AF_03/2016","CHOR - CUSTOS HORÁRIOS DE MÁQUINAS E EQUIPAMENTOS",null,"CHI",1.83E-2,15.25,0.27]
["Insumo",142,"SINAPI","SELANTE ELASTICO MONOCOMPONENTE A BASE DE POLIURETANO (PU) PARA JUNTAS DIVERSAS","Material",null,"310ML",5.2999999999999999E-2,64.17,3.4]
["Insumo",5061,"SINAPI","PREGO DE ACO POLIDO COM CABECA 18 X 27 (2 1/2 X 10)","Material",null,"KG",8.0000000000000002E-3,19.78,0.15]
["Insumo",5104,"SINAPI","REBITE DE REPUXO EM ALUMINIO VAZADO, DIAMETRO 3,2 X 8 MM DE COMPRIMENTO (1KG = 1025 UNIDADES)","Material",null,"KG",1.6000000000000001E-3,63.07,0.1]
["Insumo",13388,"SINAPI","SOLDA EM BARRA DE ESTANHO-CHUMBO 50/50","Material",null,"KG",5.8999999999999997E-2,145.99,8.61]
["Insumo",40782,"SINAPI","CALHA QUADRADA DE CHAPA DE ACO GALVANIZADA NUM 24, CORTE 33 CM","Material",null,"M",1.05,40.04,42.04]
[null,0,null,null,"MO sem LS =>",3.7235204193055251,"LS =>",3.1,"MO com LS =>",6.82]
[null,0,null,null,"Valor do BDI =>",0,null,"Valor com BDI =>",null,62.88]
[null,0]
[" 82 ","Código","Banco","Descrição","Tipo",null,"Und","Quant.","Valor Unit","Total"]
["Composição",94231,"SINAPI","RUFO EM CHAPA DE AÇO GALVANIZADO NÚMERO 24, CORTE DE 25 CM, INCLUSO TRANSPORTE VERTICAL. AF_07/2019","COBE - COBERTURA",null,"M",1,55.73,55.73]
["Composição Auxiliar",88316,"SINAPI","SERVENTE COM ENCARGOS COMPLEMENTARES","SEDI - SERVIÇOS DIVERSOS",null,"H",0.20699999999999999,15.35,3.17]
["Composição Auxiliar",88323,"SINAPI","TELHADISTA COM ENCARGOS COMPLEMENTARES","SEDI - SERVIÇOS DIVERSOS",null,"H",0.112,20.11,2.25]
["Composição Auxiliar",93281,"SINAPI","GUINCHO ELÉTRICO DE COLUNA, CAPACIDADE 400 KG, COM MOTO FREIO, MOTOR TRIFÁSICO DE 1,25 CV - CHP DIURNO. AF_03/2016","CHOR - CUSTOS HORÁRIOS DE MÁQUINAS E EQUIPAMENTOS",null,"CHP",1.32E-2,16.27,0.21]
["Composição Auxiliar",93282,"SINAPI","GUINCHO ELÉTRICO DE COLUNA, CAPACIDADE 400 KG, COM MOTO FREIO, MOTOR TRIFÁSICO DE 1,25 CV - CHI DIURNO. AF_03/2016","CHOR - CUSTOS HORÁRIOS DE MÁQUINAS E EQUIPAMENTOS",null,"CHI",1.83E-2,15.25,0.27]
["Insumo",142,"SINAPI","SELANTE ELASTICO MONOCOMPONENTE A BASE DE POLIURETANO (PU) PARA JUNTAS DIVERSAS","Material",null,"310ML",0.19800000000000001,64.17,12.7]
["Insumo",5061,"SINAPI","PREGO DE ACO POLIDO COM CABECA 18 X 27 (2 1/2 X 10)","Material",null,"KG",6.0000000000000001E-3,19.78,0.11]
["Insumo",5104,"SINAPI","REBITE DE REPUXO EM ALUMINIO VAZADO, DIAMETRO 3,2 X 8 MM DE COMPRIMENTO (1KG = 1025 UNIDADES)","Material",null,"KG",1.1999999999999999E-3,63.07,7.0000000000000007E-2]
["Insumo",13388,"SINAPI","SOLDA EM BARRA DE ESTANHO-CHUMBO 50/50","Material",null,"KG",4.4999999999999998E-2,145.99,6.56]
["Insumo",40873,"SINAPI","RUFO INTERNO/EXTERNO DE CHAPA DE ACO GALVANIZADA NUM 24, CORTE 25 CM","Material",null,"M",1.05,28.95,30.39]
[null,0,null,null,"MO sem LS =>",2.5496833369731382,"LS =>",2.12,"MO com LS =>",4.67]
[null,0,null,null,"Valor do BDI =>",0,null,"Valor com BDI =>",null,55.73]
[null,0]
[" 83 ","Código","Banco","Descrição","Tipo",null,"Und","Quant.","Valor Unit","Total"]
["Composição",93654,"SINAPI","DISJUNTOR MONOPOLAR TIPO DIN, CORRENTE NOMINAL DE 16A - FORNECIMENTO E INSTALAÇÃO. AF_10/2020","INEL - INSTALAÇÃO ELÉTRICA/ELETRIFICAÇÃO E ILUMINAÇÃO EXTERNA",null,"UN",1,13.06,13.06]
["Composição Auxiliar",88247,"SINAPI","AUXILIAR DE ELETRICISTA COM ENCARGOS COMPLEMENTARES","SEDI - SERVIÇOS DIVERSOS",null,"H",4.7600000000000003E-2,20.5,0.97]
["Composição Auxiliar",88264,"SINAPI","ELETRICISTA COM ENCARGOS COMPLEMENTARES","SEDI - SERVIÇOS DIVERSOS",null,"H",4.7600000000000003E-2,22.56,1.07]
["Insumo",1570,"SINAPI","TERMINAL A COMPRESSAO EM COBRE ESTANHADO PARA CABO 2,5 MM2, 1 FURO E 1 COMPRESSAO, PARA PARAFUSO DE FIXACAO M5","Material",null,"UN",1,1.37,1.37]
["Insumo",34653,"SINAPI","DISJUNTOR TIPO DIN/IEC, MONOPOLAR DE 6  ATE  32A","Material",null,"UN",1,9.65,9.65]
[null,0,null,null,"MO sem LS =>",0.91723083642716752,"LS =>",0.76,"MO com LS =>",1.68]
[null,0,null,null,"Valor do BDI =>",0,null,"Valor com BDI =>",null,13.06]
[null,0]
[" 84 ","Código","Banco","Descrição","Tipo",null,"Und","Quant.","Valor Unit","Total"]
["Composição",93655,"SINAPI","DISJUNTOR MONOPOLAR TIPO DIN, CORRENTE NOMINAL DE 20A - FORNECIMENTO E INSTALAÇÃO. AF_10/2020","INEL - INSTALAÇÃO ELÉTRICA/ELETRIFICAÇÃO E ILUMINAÇÃO EXTERNA",null,"UN",1,14.27,14.27]
["Composição Auxiliar",88247,"SINAPI","AUXILIAR DE ELETRICISTA COM ENCARGOS COMPLEMENTARES","SEDI - SERVIÇOS DIVERSOS",null,"H",6.6299999999999998E-2,20.5,1.35]
["Composição Auxiliar",88264,"SINAPI","ELETRICISTA COM ENCARGOS COMPLEMENTARES","SEDI - SERVIÇOS DIVERSOS",null,"H",6.6299999999999998E-2,22.56,1.49]
["Insumo",1571,"SINAPI","TERMINAL A COMPRESSAO EM COBRE ESTANHADO PARA CABO 4 MM2, 1 FURO E 1 COMPRESSAO, PARA PARAFUSO DE FIXACAO M5","Material",null,"UN",1,1.78,1.78]
["Insumo",34653,"SINAPI","DISJUNTOR TIPO DIN/IEC, MONOPOLAR DE 6  ATE  32A","Material",null,"UN",1,9.65,9.65]
[null,0,null,null,"MO sem LS =>",1.2884909368857829,"LS =>",1.07,"MO com LS =>",2.36]
[null,0,null,null,"Valor do BDI =>",0,null,"Valor com BDI =>",null,14.27]
[null,0]
[" 85 ","Código","Banco","Descrição","Tipo",null,"Und","Quant.","Valor Unit","Total"]
["Composição",93657,"SINAPI","DISJUNTOR MONOPOLAR TIPO DIN, CORRENTE NOMINAL DE 32A - FORNECIMENTO E INSTALAÇÃO. AF_10/2020","INEL - INSTALAÇÃO ELÉTRICA/ELETRIFICAÇÃO E ILUMINAÇÃO EXTERNA",null,"UN",1,15.68,15.68]
["Composição Auxiliar",88247,"SINAPI","AUXILIAR DE ELETRICISTA COM ENCARGOS COMPLEMENTARES","SEDI - SERVIÇOS DIVERSOS",null,"H",9.11E-2,20.5,1.86]
["Composição Auxiliar",88264,"SINAPI","ELETRICISTA COM ENCARGOS COMPLEMENTARES","SEDI - SERVIÇOS DIVERSOS",null,"H",9.11E-2,22.56,2.0499999999999998]
["Insumo",1573,"SINAPI","TERMINAL A COMPRESSAO EM COBRE ESTANHADO PARA CABO 6 MM2, 1 FURO E 1 COMPRESSAO, PARA PARAFUSO DE FIXACAO M6","Material",null,"UN",1,2.12,2.12]
["Insumo",34653,"SINAPI","DISJUNTOR TIPO DIN/IEC, MONOPOLAR DE 6  ATE  32A","Material",null,"UN",1,9.65,9.65]
[null,0,null,null,"MO sem LS =>",1.7689451845381088,"LS =>",1.47,"MO com LS =>",3.24]
[null,0,null,null,"Valor do BDI =>",0,null,"Valor com BDI =>",null,15.68]
[null,0]
[" 86 ","Código","Banco","Descrição","Tipo",null,"Und","Quant.","Valor Unit","Total"]
["Composição",101896,"SINAPI","DISJUNTOR TERMOMAGNÉTICO TRIPOLAR , CORRENTE NOMINAL DE 200A - FORNECIMENTO E INSTALAÇÃO. AF_10/2020","INEL - INSTALAÇÃO ELÉTRICA/ELETRIFICAÇÃO E ILUMINAÇÃO EXTERNA",null,"UN",1,679.6,679.6]
["Composição Auxiliar",88247,"SINAPI","AUXILIAR DE ELETRICISTA COM ENCARGOS COMPLEMENTARES","SEDI - SERVIÇOS DIVERSOS",null,"H",1.3231999999999999,20.5,27.12]
["Composição Auxiliar",88264,"SINAPI","ELETRICISTA COM ENCARGOS COMPLEMENTARES","SEDI - SERVIÇOS DIVERSOS",null,"H",1.3231999999999999,22.56,29.85]
["Insumo",1580,"SINAPI","TERMINAL A COMPRESSAO EM COBRE ESTANHADO PARA CABO 95 MM2, 1 FURO E 1 COMPRESSAO, PARA PARAFUSO DE FIXACAO M12","Material",null,"UN",3,11.33,33.99]
["Insumo",2377,"SINAPI","DISJUNTOR TERMOMAGNETICO TRIPOLAR 200 A / 600 V, TIPO FXD / ICC - 35 KA","Material",null,"UN",1,588.64,588.64]
[null,0,null,null,"MO sem LS =>",25.753439615636601,"LS =>",21.42,"MO com LS =>",47.17]
[null,0,null,null,"Valor do BDI =>",0,null,"Valor com BDI =>",null,679.6]
[null,0]
[" 87 ","Código","Banco","Descrição","Tipo",null,"Und","Quant.","Valor Unit","Total"]
["Composição",91845,"SINAPI","ELETRODUTO FLEXÍVEL CORRUGADO REFORÇADO, PVC, DN 25 MM (3/4\"), PARA CIRCUITOS TERMINAIS, INSTALADO EM LAJE - FORNECIMENTO E INSTALAÇÃO. AF_03/2023","INEL - INSTALAÇÃO ELÉTRICA/ELETRIFICAÇÃO E ILUMINAÇÃO EXTERNA",null,"M",1,7.94,7.94]
["Composição Auxiliar",88247,"SINAPI","AUXILIAR DE ELETRICISTA COM ENCARGOS COMPLEMENTARES","SEDI - SERVIÇOS DIVERSOS",null,"H",7.0999999999999994E-2,20.5,1.45]
["Composição Auxiliar",88264,"SINAPI","ELETRICISTA COM ENCARGOS COMPLEMENTARES","SEDI - SERVIÇOS DIVERSOS",null,"H",7.0999999999999994E-2,22.56,1.6]
["Insumo",39244,"SINAPI","ELETRODUTO PVC FLEXIVEL CORRUGADO, REFORCADO, COR LARANJA, DE 25 MM, PARA LAJES E PISOS","Material",null,"M",1.1000000000000001,4.41,4.8499999999999996]
["Insumo",43132,"SINAPI","ARAME RECOZIDO 16 BWG, D = 1,65 MM (0,016 KG/M) OU 18 BWG, D = 1,25 MM (0,01 KG/M)","Material",null,"KG",1.8E-3,25,0.04]
[null,0,null,null,"MO sem LS =>",1.3758462546407513,"LS =>",1.1399999999999999,"MO com LS =>",2.52]
[null,0,null,null,"Valor do BDI =>",0,null,"Valor com BDI =>",null,7.94]
[null,0]
[" 88 ","Código","Banco","Descrição","Tipo",null,"Und","Quant.","Valor Unit","Total"]
["Composição",97670,"SINAPI","ELETRODUTO FLEXÍVEL CORRUGADO, PEAD, DN 100 (4\"), PARA REDE ENTERRADA DE DISTRIBUIÇÃO DE ENERGIA ELÉTRICA - FORNECIMENTO E INSTALAÇÃO. AF_12/2021","INEL - INSTALAÇÃO ELÉTRICA/ELETRIFICAÇÃO E ILUMINAÇÃO EXTERNA",null,"M",1,20.28,20.28]
["Composição Auxiliar",88247,"SINAPI","AUXILIAR DE ELETRICISTA COM ENCARGOS COMPLEMENTARES","SEDI - SERVIÇOS DIVERSOS",null,"H",0.1721,20.5,3.52]
["Composição Auxiliar",88264,"SINAPI","ELETRICISTA COM ENCARGOS COMPLEMENTARES","SEDI - SERVIÇOS DIVERSOS",null,"H",0.1721,22.56,3.88]
["Insumo",39248,"SINAPI","ELETRODUTO/DUTO PEAD FLEXIVEL PAREDE SIMPLES, CORRUGACAO HELICOIDAL, COR PRETA, SEM ROSCA, DE 4\", PARA CABEAMENTO SUBTERRANEO (NBR 15715)","Material",null,"M",1.1000000000000001,11.71,12.88]
[null,0,null,null,"MO sem LS =>",3.3468006114872244,"LS =>",2.78,"MO com LS =>",6.13]
[null,0,null,null,"Valor do BDI =>",0,null,"Valor com BDI =>",null,20.28]
[null,0]
[" 89 ","Código","Banco","Descrição","Tipo",null,"Und","Quant.","Valor Unit","Total"]
["Composição",91953,"SINAPI","INTERRUPTOR SIMPLES (1 MÓDULO), 10A/250V, INCLUINDO SUPORTE E PLACA - FORNECIMENTO E INSTALAÇÃO. AF_03/2023","INEL - INSTALAÇÃO ELÉTRICA/ELETRIFICAÇÃO E ILUMINAÇÃO EXTERNA",null,"UN",1,28.12,28.12]
["Composição Auxiliar",91946,"SINAPI","SUPORTE PARAFUSADO COM PLACA DE ENCAIXE 4\" X 2\" MÉDIO (1,30 M DO PISO) PARA PONTO ELÉTRICO - FORNECIMENTO E INSTALAÇÃO. AF_03/2023","INEL - INSTALAÇÃO ELÉTRICA/ELETRIFICAÇÃO E ILUMINAÇÃO EXTERNA",null,"UN",1,10.45,10.45]
["Composição Auxiliar",91952,"SINAPI","INTERRUPTOR SIMPLES (1 MÓDULO), 10A/250V, SEM SUPORTE E SEM PLACA - FORNECIMENTO E INSTALAÇÃO. AF_03/2023","INEL - INSTALAÇÃO ELÉTRICA/ELETRIFICAÇÃO E ILUMINAÇÃO EXTERNA",null,"UN",1,17.670000000000002,17.670000000000002]
[null,0,null,null,"MO sem LS =>",6.9993448000000003,"LS =>",5.82,"MO com LS =>",12.82]
[null,0,null,null,"Valor do BDI =>",0,null,"Valor com BDI =>",null,28.12]
[null,0]
[" 90 ","Código","Banco","Descrição","Tipo",null,"Und","Quant.","Valor Unit","Total"]
["Composição",91990,"SINAPI","TOMADA ALTA DE EMBUTIR (1 MÓDULO), 2P+T 10 A, SEM SUPORTE E SEM PLACA - FORNECIMENTO E INSTALAÇÃO. AF_03/2023","INEL - INSTALAÇÃO ELÉTRICA/ELETRIFICAÇÃO E ILUMINAÇÃO EXTERNA",null,"UN",1,30.75,30.75]
["Composição Auxiliar",88247,"SINAPI","AUXILIAR DE ELETRICISTA COM ENCARGOS COMPLEMENTARES","SEDI - SERVIÇOS DIVERSOS",null,"H",0.51100000000000001,20.5,10.47]
["Composição Auxiliar",88264,"SINAPI","ELETRICISTA COM ENCARGOS COMPLEMENTARES","SEDI - SERVIÇOS DIVERSOS",null,"H",0.51100000000000001,22.56,11.52]
["Insumo",38101,"SINAPI","TOMADA 2P+T 10A, 250V  (APENAS MODULO)","Material",null,"UN",1,8.76,8.76]
[null,0,null,null,"MO sem LS =>",9.9421271019873334,"LS =>",8.27,"MO com LS =>",18.21]
[null,0,null,null,"Valor do BDI =>",0,null,"Valor com BDI =>",null,30.75]
[null,0]
[" 91 ","Código","Banco","Descrição","Tipo",null,"Und","Quant.","Valor Unit","Total"]
["Composição",91966,"SINAPI","INTERRUPTOR SIMPLES (3 MÓDULOS), 10A/250V, SEM SUPORTE E SEM PLACA - FORNECIMENTO E INSTALAÇÃO. AF_03/2023","INEL - INSTALAÇÃO ELÉTRICA/ELETRIFICAÇÃO E ILUMINAÇÃO EXTERNA",null,"UN",1,47.69,47.69]
["Composição Auxiliar",88247,"SINAPI","AUXILIAR DE ELETRICISTA COM ENCARGOS COMPLEMENTARES","SEDI - SERVIÇOS DIVERSOS",null,"H",0.57199999999999995,20.5,11.72]
["Composição Auxiliar",88264,"SINAPI","ELETRICISTA COM ENCARGOS COMPLEMENTARES","SEDI - SERVIÇOS DIVERSOS",null,"H",0.57199999999999995,22.56,12.9]
["Insumo",38112,"SINAPI","INTERRUPTOR SIMPLES 10A, 250V (APENAS MODULO)","Material",null,"UN",3,7.69,23.07]
[null,0,null,null,"MO sem LS =>",11.126883599039092,"LS =>",9.25,"MO com LS =>",20.38]
[null,0,null,null,"Valor do BDI =>",0,null,"Valor com BDI =>",null,47.69]
[null,0]
[" 92 ","Código","Banco","Descrição","Tipo",null,"Und","Quant.","Valor Unit","Total"]
["Composição",101876,"SINAPI","QUADRO DE DISTRIBUIÇÃO DE ENERGIA EM PVC, DE EMBUTIR, SEM BARRAMENTO, PARA 6 DISJUNTORES - FORNECIMENTO E INSTALAÇÃO. AF_10/2020","INEL - INSTALAÇÃO ELÉTRICA/ELETRIFICAÇÃO E ILUMINAÇÃO EXTERNA",null,"UN",1,73.56,73.56]
["Composição Auxiliar",87367,"SINAPI","ARGAMASSA TRAÇO 1:1:6 (EM VOLUME DE CIMENTO, CAL E AREIA MÉDIA ÚMIDA) PARA EMBOÇO/MASSA ÚNICA/ASSENTAMENTO DE ALVENARIA DE VEDAÇÃO, PREPARO MANUAL. AF_08/2019","SEDI - SERVIÇOS DIVERSOS",null,"m³",4.4000000000000003E-3,680.61,2.99]
["Composição Auxiliar",88247,"SINAPI","AUXILIAR DE ELETRICISTA COM ENCARGOS COMPLEMENTARES","SEDI - SERVIÇOS DIVERSOS",null,"H",0.32590000000000002,20.5,6.68]
["Composição Auxiliar",88264,"SINAPI","ELETRICISTA COM ENCARGOS COMPLEMENTARES","SEDI - SERVIÇOS DIVERSOS",null,"H",0.32590000000000002,22.56,7.35]
["Insumo",39795,"SINAPI","QUADRO DE DISTRIBUICAO, SEM BARRAMENTO, EM PVC, DE EMBUTIR, PARA 6 DISJUNTORES NEMA OU 8 DISJUNTORES DIN","Material",null,"UN",1,56.54,56.54]
[null,0,null,null,"MO sem LS =>",6.6553832714566497,"LS =>",5.53,"MO com LS =>",12.19]
[null,0,null,null,"Valor do BDI =>",0,null,"Valor com BDI =>",null,73.56]
[null,0]
[" 93 ","Código","Banco","Descrição","Tipo",null,"Und","Quant.","Valor Unit","Total"]
["Composição",96562,"SINAPI","SUPORTE PARA ELETROCALHA LISA OU PERFURADA EM AÇO GALVANIZADO, LARGURA 200 OU 400 MM E ALTURA 50 MM, ESPAÇADO A CADA 1,5 M, EM PERFILADO DE SEÇÃO 38X76 MM, POR METRO DE ELETRECOLHA FIXADA. AF_07/2017","INHI - INSTALAÇÕES HIDROS SANITÁRIAS",null,"M",1,20.68,20.68]
["Composição Auxiliar",88248,"SINAPI","AUXILIAR DE ENCANADOR OU BOMBEIRO HIDRÁULICO COM ENCARGOS COMPLEMENTARES","SEDI - SERVIÇOS DIVERSOS",null,"H",2.3E-2,16.45,0.37]
["Composição Auxiliar",88267,"SINAPI","ENCANADOR OU BOMBEIRO HIDRÁULICO COM ENCARGOS COMPLEMENTARES","SEDI - SERVIÇOS DIVERSOS",null,"H",0.161,19.940000000000001,3.21]
["Insumo",11267,"SINAPI","ARRUELA LISA, REDONDA, DE LATAO POLIDO, DIAMETRO NOMINAL 5/8\", DIAMETRO EXTERNO = 34 MM, DIAMETRO DO FURO = 17 MM, ESPESSURA = *2,5* MM","Material",null,"UN",4,1.56,6.24]
["Insumo",11976,"SINAPI","CHUMBADOR, DIAMETRO 1/4\" COM PARAFUSO 1/4\" X 40 MM","Material",null,"UN",1.333,1.1599999999999999,1.54]
["Insumo",39029,"SINAPI","PERFILADO PERFURADO DUPLO 38 X 76 MM, CHAPA 22","Material",null,"M",0.29299999999999998,20.56,6.02]
["Insumo",39996,"SINAPI","VERGALHAO ZINCADO ROSCA TOTAL, 1/4 \" (6,3 MM)","Material",null,"M",0.46700000000000003,4.5999999999999996,2.14]
["Insumo",39997,"SINAPI","PORCA ZINCADA, SEXTAVADA, DIAMETRO 1/4\"","Material",null,"UN",4,0.28999999999999998,1.1599999999999999]
[null,0,null,null,"MO sem LS =>",1.6488316226250272,"LS =>",1.37,"MO com LS =>",3.02]
[null,0,null,null,"Valor do BDI =>",0,null,"Valor com BDI =>",null,20.68]
[null,0]
[" 94 ","Código","Banco","Descrição","Tipo",null,"Und","Quant.","Valor Unit","Total"]
["Composição",91936,"SINAPI","CAIXA OCTOGONAL 4\" X 4\", PVC, INSTALADA EM LAJE - FORNECIMENTO E INSTALAÇÃO. AF_03/2023","INEL - INSTALAÇÃO ELÉTRICA/ELETRIFICAÇÃO E ILUMINAÇÃO EXTERNA",null,"UN",1,16.329999999999998,16.329999999999998]
["Composição Auxiliar",88247,"SINAPI","AUXILIAR DE ELETRICISTA COM ENCARGOS COMPLEMENTARES","SEDI - SERVIÇOS DIVERSOS",null,"H",0.222,20.5,4.55]
["Composição Auxiliar",88264,"SINAPI","ELETRICISTA COM ENCARGOS COMPLEMENTARES","SEDI - SERVIÇOS DIVERSOS",null,"H",0.222,22.56,5]
["Insumo",12001,"SINAPI","CAIXA OCTOGONAL DE FUNDO MOVEL, EM PVC, DE 4\" X 4\", PARA ELETRODUTO FLEXIVEL CORRUGADO","Material",null,"UN",1,6.78,6.78]
[null,0,null,null,"MO sem LS =>",4.3131688141515614,"LS =>",3.59,"MO com LS =>",7.9]
[null,0,null,null,"Valor do BDI =>",0,null,"Valor com BDI =>",null,16.329999999999998]
[null,0]
[" 95 ","Código","Banco","Descrição","Tipo",null,"Und","Quant.","Valor Unit","Total"]
["Composição",91940,"SINAPI","CAIXA RETANGULAR 4\" X 2\" MÉDIA (1,30 M DO PISO), PVC, INSTALADA EM PAREDE - FORNECIMENTO E INSTALAÇÃO. AF_03/2023","INEL - INSTALAÇÃO ELÉTRICA/ELETRIFICAÇÃO E ILUMINAÇÃO EXTERNA",null,"UN",1,15.79,15.79]
["Composição Auxiliar",88247,"SINAPI","AUXILIAR DE ELETRICISTA COM ENCARGOS COMPLEMENTARES","SEDI - SERVIÇOS DIVERSOS",null,"H",0.29099999999999998,20.5,5.96]
["Composição Auxiliar",88264,"SINAPI","ELETRICISTA COM ENCARGOS COMPLEMENTARES","SEDI - SERVIÇOS DIVERSOS",null,"H",0.29099999999999998,22.56,6.56]
["Composição Auxiliar",88629,"SINAPI","ARGAMASSA TRAÇO 1:3 (EM VOLUME DE CIMENTO E AREIA MÉDIA ÚMIDA), PREPARO MANUAL. AF_08/2019","SEDI - SERVIÇOS DIVERSOS",null,"m³",8.9999999999999998E-4,726.85,0.65]
["Insumo",1872,"SINAPI","CAIXA DE PASSAGEM, EM PVC, DE 4\" X 2\", PARA ELETRODUTO FLEXIVEL CORRUGADO","Material",null,"UN",1,2.62,2.62]
[null,0,null,null,"MO sem LS =>",5.7053941908713695,"LS =>",4.74,"MO com LS =>",10.45]
[null,0,null,null,"Valor do BDI =>",0,null,"Valor com BDI =>",null,15.79]
[null,0]
[" 96 ","Código","Banco","Descrição","Tipo",null,"Und","Quant.","Valor Unit","Total"]
["Composição",95805,"SINAPI","CONDULETE DE PVC, TIPO B, PARA ELETRODUTO DE PVC SOLDÁVEL DN 25 MM (3/4''), APARENTE - FORNECIMENTO E INSTALAÇÃO. AF_10/2022","INEL - INSTALAÇÃO ELÉTRICA/ELETRIFICAÇÃO E ILUMINAÇÃO EXTERNA",null,"UN",1,21.73,21.73]
["Composição Auxiliar",88247,"SINAPI","AUXILIAR DE ELETRICISTA COM ENCARGOS COMPLEMENTARES","SEDI - SERVIÇOS DIVERSOS",null,"H",0.2397,20.5,4.91]
["Composição Auxiliar",88264,"SINAPI","ELETRICISTA COM ENCARGOS COMPLEMENTARES","SEDI - SERVIÇOS DIVERSOS",null,"H",0.2397,22.56,5.4]
["Insumo",11950,"SINAPI","BUCHA DE NYLON SEM ABA S6, COM PARAFUSO DE 4,20 X 40 MM EM ACO ZINCADO COM ROSCA SOBERBA, CABECA CHATA E FENDA PHILLIPS","Material",null,"UN",2,0.2,0.4]
["Insumo",12010,"SINAPI","CONDULETE EM PVC, TIPO \"B\", SEM TAMPA, DE 1/2\" OU 3/4\"","Material",null,"UN",1,11.02,11.02]
[null,0,null,null,"MO sem LS =>",4.662590085171435,"LS =>",3.88,"MO com LS =>",8.5399999999999991]
[null,0,null,null,"Valor do BDI =>",0,null,"Valor com BDI =>",null,21.73]
[null,0]
[" 97 ","Código","Banco","Descrição","Tipo",null,"Und","Quant.","Valor Unit","Total"]
["Composição",101881,"SINAPI","QUADRO DE DISTRIBUIÇÃO DE ENERGIA EM CHAPA DE AÇO GALVANIZADO, DE EMBUTIR, COM BARRAMENTO TRIFÁSICO, PARA 40 DISJUNTORES DIN 100A - FORNECIMENTO E INSTALAÇÃO. AF_10/2020","INEL - INSTALAÇÃO ELÉTRICA/ELETRIFICAÇÃO E ILUMINAÇÃO EXTERNA",null,"UN",1,996.49,996.49]
["Composição Auxiliar",87367,"SINAPI","ARGAMASSA TRAÇO 1:1:6 (EM VOLUME DE CIMENTO, CAL E AREIA MÉDIA ÚMIDA) PARA EMBOÇO/MASSA ÚNICA/ASSENTAMENTO DE ALVENARIA DE VEDAÇÃO, PREPARO MANUAL. AF_08/2019","SEDI - SERVIÇOS DIVERSOS",null,"m³",1.89E-2,680.61,12.86]
["Composição Auxiliar",88247,"SINAPI","AUXILIAR DE ELETRICISTA COM ENCARGOS COMPLEMENTARES","SEDI - SERVIÇOS DIVERSOS",null,"H",0.63839999999999997,20.5,13.08]
["Composição Auxiliar",88264,"SINAPI","ELETRICISTA COM ENCARGOS COMPLEMENTARES","SEDI - SERVIÇOS DIVERSOS",null,"H",0.63839999999999997,22.56,14.4]
["Insumo",12042,"SINAPI","QUADRO DE DISTRIBUICAO COM BARRAMENTO TRIFASICO, DE EMBUTIR, EM CHAPA DE ACO GALVANIZADO, PARA 40 DISJUNTORES DIN, 100 A","Material",null,"UN",1,956.15,956.15]
[null,0,null,null,"MO sem LS =>",13.791220790565626,"LS =>",11.47,"MO com LS =>",25.26]
[null,0,null,null,"Valor do BDI =>",0,null,"Valor com BDI =>",null,996.49]
[null,0]
[" 98 ","Código","Banco","Descrição","Tipo",null,"Und","Quant.","Valor Unit","Total"]
["Composição",101553,"SINAPI","ALÇA PREFORMADA DE DISTRIBUIÇÃO, EM  AÇO GALVANIZADO, AWG 1 - FORNECIMENTO E INSTALAÇÃO. AF_07/2020","INEL - INSTALAÇÃO ELÉTRICA/ELETRIFICAÇÃO E ILUMINAÇÃO EXTERNA",null,"UN",1,13.11,13.11]
["Composição Auxiliar",88247,"SINAPI","AUXILIAR DE ELETRICISTA COM ENCARGOS COMPLEMENTARES","SEDI - SERVIÇOS DIVERSOS",null,"H",1.7442699999999998E-2,20.5,0.35]
["Composição Auxiliar",88264,"SINAPI","ELETRICISTA COM ENCARGOS COMPLEMENTARES","SEDI - SERVIÇOS DIVERSOS",null,"H",0.157,22.56,3.54]
["Insumo",11273,"SINAPI","ALCA PREFORMADA DE DISTRIBUICAO, EM ACO GALVANIZADO, PARA CONDUTORES DE ALUMINIO AWG 1/0 (CAA 6/1 OU CA 7 FIOS)","Material",null,"UN",1,9.2200000000000006,9.2200000000000006]
[null,0,null,null,"MO sem LS =>",1.7744048918977944,"LS =>",1.48,"MO com LS =>",3.25]
[null,0,null,null,"Valor do BDI =>",0,null,"Valor com BDI =>",null,13.11]
[null,0]
[" 99 ","Código","Banco","Descrição","Tipo",null,"Und","Quant.","Valor Unit","Total"]
["Composição",101538,"SINAPI","ARMAÇÃO SECUNDÁRIA, COM 1 ESTRIBO E 1 ISOLADOR - FORNECIMENTO E INSTALAÇÃO. AF_07/2020","INEL - INSTALAÇÃO ELÉTRICA/ELETRIFICAÇÃO E ILUMINAÇÃO EXTERNA",null,"UN",1,38.85,38.85]
["Composição Auxiliar",88247,"SINAPI","AUXILIAR DE ELETRICISTA COM ENCARGOS COMPLEMENTARES","SEDI - SERVIÇOS DIVERSOS",null,"H",4.1484699999999999E-2,20.5,0.85]
["Composição Auxiliar",88264,"SINAPI","ELETRICISTA COM ENCARGOS COMPLEMENTARES","SEDI - SERVIÇOS DIVERSOS",null,"H",0.37340000000000001,22.56,8.42]
["Insumo",1091,"SINAPI","ARMACAO VERTICAL COM HASTE E CONTRA-PINO, EM CHAPA DE ACO GALVANIZADO 3/16\", COM 1 ESTRIBO E 1 ISOLADOR","Material",null,"UN",1,25.12,25.12]
["Insumo",11267,"SINAPI","ARRUELA LISA, REDONDA, DE LATAO POLIDO, DIAMETRO NOMINAL 5/8\", DIAMETRO EXTERNO = 34 MM, DIAMETRO DO FURO = 17 MM, ESPESSURA = *2,5* MM","Material",null,"UN",2,1.56,3.12]
["Insumo",39996,"SINAPI","VERGALHAO ZINCADO ROSCA TOTAL, 1/4 \" (6,3 MM)","Material",null,"M",0.16639999999999999,4.5999999999999996,0.76]
["Insumo",39997,"SINAPI","PORCA ZINCADA, SEXTAVADA, DIAMETRO 1/4\"","Material",null,"UN",2,0.28999999999999998,0.57999999999999996]
[null,0,null,null,"MO sem LS =>",4.2203537890369072,"LS =>",3.51,"MO com LS =>",7.7299999999999995]
[null,0,null,null,"Valor do BDI =>",0,null,"Valor com BDI =>",null,38.85]
[null,0]
[" 100 ","Código","Banco","Descrição","Tipo",null,"Und","Quant.","Valor Unit","Total"]
["Composição",98111,"SINAPI","CAIXA DE INSPEÇÃO PARA ATERRAMENTO, CIRCULAR, EM POLIETILENO, DIÂMETRO INTERNO = 0,3 M. AF_12/2020","INHI - INSTALAÇÕES HIDROS SANITÁRIAS",null,"UN",1,54.94,54.94]
["Composição Auxiliar",101618,"SINAPI","PREPARO DE FUNDO DE VALA COM LARGURA MENOR QUE 1,5 M, COM CAMADA DE AREIA, LANÇAMENTO MANUAL. AF_08/2020","MOVT - MOVIMENTO DE TERRA",null,"m³",1.41E-2,206.82,2.91]
["Composição Auxiliar",88309,"SINAPI","PEDREIRO COM ENCARGOS COMPLEMENTARES","SEDI - SERVIÇOS DIVERSOS",null,"H",0.1384,20.67,2.86]
["Composição Auxiliar",88316,"SINAPI","SERVENTE COM ENCARGOS COMPLEMENTARES","SEDI - SERVIÇOS DIVERSOS",null,"H",0.10879999999999999,15.35,1.67]
["Insumo",34643,"SINAPI","CAIXA DE INSPECAO PARA ATERRAMENTO E PARA RAIOS, EM POLIPROPILENO,  DIAMETRO = 300 MM X ALTURA = 400 MM","Material",null,"UN",1,47.5,47.5]
[null,0,null,null,"MO sem LS =>",2.5278445075343963,"LS =>",2.1,"MO com LS =>",4.63]
[null,0,null,null,"Valor do BDI =>",0,null,"Valor com BDI =>",null,54.94]
[null,0]
[" 101 ","Código","Banco","Descrição","Tipo",null,"Und","Quant.","Valor Unit","Total"]
["Composição",101900,"SINAPI","DISJUNTOR BAIXA TENSÃO TRIPOLAR A SECO  800A/600V - FORNECIMENTO E INSTALAÇÃO. AF_10/2020","INEL - INSTALAÇÃO ELÉTRICA/ELETRIFICAÇÃO E ILUMINAÇÃO EXTERNA",null,"UN",1,4872.3599999999997,4872.3599999999997]
["Composição Auxiliar",88247,"SINAPI","AUXILIAR DE ELETRICISTA COM ENCARGOS COMPLEMENTARES","SEDI - SERVIÇOS DIVERSOS",null,"H",1.3231999999999999,20.5,27.12]
["Composição Auxiliar",88264,"SINAPI","ELETRICISTA COM ENCARGOS COMPLEMENTARES","SEDI - SERVIÇOS DIVERSOS",null,"H",1.3231999999999999,22.56,29.85]
["Insumo",1581,"SINAPI","TERMINAL A COMPRESSAO EM COBRE ESTANHADO PARA CABO 120 MM2, 1 FURO E 1 COMPRESSAO, PARA PARAFUSO DE FIXACAO M12","Material",null,"UN",3,15.93,47.79]
["Insumo",2394,"SINAPI","DISJUNTOR TERMOMAGNETICO TRIPOLAR 800 A / 600 V, TIPO LMXD","Material",null,"UN",1,4767.6000000000004,4767.6000000000004]
[null,0,null,null,"MO sem LS =>",25.753439615636601,"LS =>",21.42,"MO com LS =>",47.17]
[null,0,null,null,"Valor do BDI =>",0,null,"Valor com BDI =>",null,4872.3599999999997]
[null,0]
[" 102 ","Código","Banco","Descrição","Tipo",null,"Und","Quant.","Valor Unit","Total"]
["Composição",91937,"SINAPI","CAIXA OCTOGONAL 3\" X 3\", PVC, INSTALADA EM LAJE - FORNECIMENTO E INSTALAÇÃO. AF_03/2023","INEL - INSTALAÇÃO ELÉTRICA/ELETRIFICAÇÃO E ILUMINAÇÃO EXTERNA",null,"UN",1,14.24,14.24]
["Composição Auxiliar",88247,"SINAPI","AUXILIAR DE ELETRICISTA COM ENCARGOS COMPLEMENTARES","SEDI - SERVIÇOS DIVERSOS",null,"H",0.222,20.5,4.55]
["Composição Auxiliar",88264,"SINAPI","ELETRICISTA COM ENCARGOS COMPLEMENTARES","SEDI - SERVIÇOS DIVERSOS",null,"H",0.222,22.56,5]
["Insumo",1871,"SINAPI","CAIXA OCTOGONAL DE FUNDO MOVEL, EM PVC, DE 3\" X 3\", PARA ELETRODUTO FLEXIVEL CORRUGADO","Material",null,"UN",1,4.6900000000000004,4.6900000000000004]
[null,0,null,null,"MO sem LS =>",4.3131688141515614,"LS =>",3.59,"MO com LS =>",7.9]
[null,0,null,null,"Valor do BDI =>",0,null,"Valor com BDI =>",null,14.24]
[null,0]
[" 103 ","Código","Banco","Descrição","Tipo",null,"Und","Quant.","Valor Unit","Total"]
["Composição",91943,"SINAPI","CAIXA RETANGULAR 4\" X 4\" MÉDIA (1,30 M DO PISO), PVC, INSTALADA EM PAREDE - FORNECIMENTO E INSTALAÇÃO. AF_03/2023","INEL - INSTALAÇÃO ELÉTRICA/ELETRIFICAÇÃO E ILUMINAÇÃO EXTERNA",null,"UN",1,19.04,19.04]
["Composição Auxiliar",88247,"SINAPI","AUXILIAR DE ELETRICISTA COM ENCARGOS COMPLEMENTARES","SEDI - SERVIÇOS DIVERSOS",null,"H",0.30099999999999999,20.5,6.17]
["Composição Auxiliar",88264,"SINAPI","ELETRICISTA COM ENCARGOS COMPLEMENTARES","SEDI - SERVIÇOS DIVERSOS",null,"H",0.30099999999999999,22.56,6.79]
["Composição Auxiliar",88629,"SINAPI","ARGAMASSA TRAÇO 1:3 (EM VOLUME DE CIMENTO E AREIA MÉDIA ÚMIDA), PREPARO MANUAL. AF_08/2019","SEDI - SERVIÇOS DIVERSOS",null,"m³",1.1999999999999999E-3,726.85,0.87]
["Insumo",1873,"SINAPI","CAIXA DE PASSAGEM, EM PVC, DE 4\" X 4\", PARA ELETRODUTO FLEXIVEL CORRUGADO","Material",null,"UN",1,5.21,5.21]
[null,0,null,null,"MO sem LS =>",5.918322777899105,"LS =>",4.92,"MO com LS =>",10.84]
[null,0,null,null,"Valor do BDI =>",0,null,"Valor com BDI =>",null,19.04]
[null,0]
[" 104 ","Código","Banco","Descrição","Tipo",null,"Und","Quant.","Valor Unit","Total"]
["Composição",92986,"SINAPI","CABO DE COBRE FLEXÍVEL ISOLADO, 35 MM², ANTI-CHAMA 0,6/1,0 KV, PARA REDE ENTERRADA DE DISTRIBUIÇÃO DE ENERGIA ELÉTRICA - FORNECIMENTO E INSTALAÇÃO. AF_12/2021","INEL - INSTALAÇÃO ELÉTRICA/ELETRIFICAÇÃO E ILUMINAÇÃO EXTERNA",null,"M",1,44.83,44.83]
["Composição Auxiliar",88247,"SINAPI","AUXILIAR DE ELETRICISTA COM ENCARGOS COMPLEMENTARES","SEDI - SERVIÇOS DIVERSOS",null,"H",6.9699999999999998E-2,20.5,1.42]
["Composição Auxiliar",88264,"SINAPI","ELETRICISTA COM ENCARGOS COMPLEMENTARES","SEDI - SERVIÇOS DIVERSOS",null,"H",6.9699999999999998E-2,22.56,1.57]
["Insumo",1019,"SINAPI","CABO DE COBRE, FLEXIVEL, CLASSE 4 OU 5, ISOLACAO EM PVC/A, ANTICHAMA BWF-B, COBERTURA PVC-ST1, ANTICHAMA BWF-B, 1 CONDUTOR, 0,6/1 KV, SECAO NOMINAL 35 MM2","Material",null,"M",1.0149999999999999,41.13,41.74]
["Insumo",21127,"SINAPI","FITA ISOLANTE ADESIVA ANTICHAMA, USO ATE 750 V, EM ROLO DE 19 MM X 5 M","Material",null,"UN",8.9999999999999993E-3,11.34,0.1]
[null,0,null,null,"MO sem LS =>",1.3540074252020091,"LS =>",1.1299999999999999,"MO com LS =>",2.48]
[null,0,null,null,"Valor do BDI =>",0,null,"Valor com BDI =>",null,44.83]
[null,0]
[" 105 ","Código","Banco","Descrição","Tipo",null,"Und","Quant.","Valor Unit","Total"]
["Composição",92990,"SINAPI","CABO DE COBRE FLEXÍVEL ISOLADO, 70 MM², ANTI-CHAMA 0,6/1,0 KV, PARA REDE ENTERRADA DE DISTRIBUIÇÃO DE ENERGIA ELÉTRICA - FORNECIMENTO E INSTALAÇÃO. AF_12/2021","INEL - INSTALAÇÃO ELÉTRICA/ELETRIFICAÇÃO E ILUMINAÇÃO EXTERNA",null,"M",1,90.79,90.79]
["Composição Auxiliar",88247,"SINAPI","AUXILIAR DE ELETRICISTA COM ENCARGOS COMPLEMENTARES","SEDI - SERVIÇOS DIVERSOS",null,"H",0.1007,20.5,2.06]
["Composição Auxiliar",88264,"SINAPI","ELETRICISTA COM ENCARGOS COMPLEMENTARES","SEDI - SERVIÇOS DIVERSOS",null,"H",0.1007,22.56,2.27]
["Insumo",977,"SINAPI","CABO DE COBRE, FLEXIVEL, CLASSE 4 OU 5, ISOLACAO EM PVC/A, ANTICHAMA BWF-B, COBERTURA PVC-ST1, ANTICHAMA BWF-B, 1 CONDUTOR, 0,6/1 KV, SECAO NOMINAL 70 MM2","Material",null,"M",1.0149999999999999,85.09,86.36]
["Insumo",21127,"SINAPI","FITA ISOLANTE ADESIVA ANTICHAMA, USO ATE 750 V, EM ROLO DE 19 MM X 5 M","Material",null,"UN",8.9999999999999993E-3,11.34,0.1]
[null,0,null,null,"MO sem LS =>",1.9545752347674166,"LS =>",1.63,"MO com LS =>",3.58]
[null,0,null,null,"Valor do BDI =>",0,null,"Valor com BDI =>",null,90.79]
[null,0]
[" 106 ","Código","Banco","Descrição","Tipo",null,"Und","Quant.","Valor Unit","Total"]
["Composição",86878,"SINAPI","VÁLVULA EM METAL CROMADO TIPO AMERICANA 3.1/2\u0094 X 1.1/2\u0094 PARA PIA - FORNECIMENTO E INSTALAÇÃO. AF_01/2020","INHI - INSTALAÇÕES HIDROS SANITÁRIAS",null,"UN",1,97.63,97.63]
["Composição Auxiliar",88267,"SINAPI","ENCANADOR OU BOMBEIRO HIDRÁULICO COM ENCARGOS COMPLEMENTARES","SEDI - SERVIÇOS DIVERSOS",null,"H",0.17399999999999999,19.940000000000001,3.46]
["Composição Auxiliar",88316,"SINAPI","SERVENTE COM ENCARGOS COMPLEMENTARES","SEDI - SERVIÇOS DIVERSOS",null,"H",5.4800000000000001E-2,15.35,0.84]
["Insumo",3146,"SINAPI","FITA VEDA ROSCA EM ROLOS DE 18 MM X 10 M (L X C)","Material",null,"UN",4.8000000000000001E-2,3.96,0.19]
["Insumo",6157,"SINAPI","VALVULA EM METAL CROMADO PARA PIA AMERICANA 3.1/2 X 1.1/2 \"","Material",null,"UN",1,93.14,93.14]
[null,0,null,null,"MO sem LS =>",1.9545752347674166,"LS =>",1.63,"MO com LS =>",3.58]
[null,0,null,null,"Valor do BDI =>",0,null,"Valor com BDI =>",null,97.63]
[null,0]
[" 107 ","Código","Banco","Descrição","Tipo",null,"Und","Quant.","Valor Unit","Total"]
["Composição",86882,"SINAPI","SIFÃO DO TIPO GARRAFA/COPO EM PVC 1.1/4  X 1.1/2\u0094 - FORNECIMENTO E INSTALAÇÃO. AF_01/2020","INHI - INSTALAÇÕES HIDROS SANITÁRIAS",null,"UN",1,22.54,22.54]
["Composição Auxiliar",88267,"SINAPI","ENCANADOR OU BOMBEIRO HIDRÁULICO COM ENCARGOS COMPLEMENTARES","SEDI - SERVIÇOS DIVERSOS",null,"H",0.1356,19.940000000000001,2.7]
["Composição Auxiliar",88316,"SINAPI","SERVENTE COM ENCARGOS COMPLEMENTARES","SEDI - SERVIÇOS DIVERSOS",null,"H",4.2700000000000002E-2,15.35,0.65]
["Insumo",3146,"SINAPI","FITA VEDA ROSCA EM ROLOS DE 18 MM X 10 M (L X C)","Material",null,"UN",4.2000000000000003E-2,3.96,0.16]
["Insumo",6146,"SINAPI","SIFAO PLASTICO TIPO COPO PARA TANQUE, 1.1/4 X 1.1/2 \"","Material",null,"UN",1,19.03,19.03]
[null,0,null,null,"MO sem LS =>",1.5232583533522603,"LS =>",1.27,"MO com LS =>",2.79]
[null,0,null,null,"Valor do BDI =>",0,null,"Valor com BDI =>",null,22.54]
[null,0]
[" 108 ","Código","Banco","Descrição","Tipo",null,"Und","Quant.","Valor Unit","Total"]
["Composição",94964,"SINAPI","CONCRETO FCK = 20MPA, TRAÇO 1:2,7:3 (EM MASSA SECA DE CIMENTO/ AREIA MÉDIA/ BRITA 1) - PREPARO MECÂNICO COM BETONEIRA 400 L. AF_05/2021","FUES - FUNDAÇÕES E ESTRUTURAS",null,"m³",1,624.08000000000004,624.08000000000004]
["Composição Auxiliar",88316,"SINAPI","SERVENTE COM ENCARGOS COMPLEMENTARES","SEDI - SERVIÇOS DIVERSOS",null,"H",2.5333000000000001,15.35,38.880000000000003]
["Composição Auxiliar",88377,"SINAPI","OPERADOR DE BETONEIRA ESTACIONÁRIA/MISTURADOR COM ENCARGOS COMPLEMENTARES","SEDI - SERVIÇOS DIVERSOS",null,"H",1.6046,14.5,23.26]
["Composição Auxiliar",88830,"SINAPI","BETONEIRA CAPACIDADE NOMINAL DE 400 L, CAPACIDADE DE MISTURA 280 L, MOTOR ELÉTRICO TRIFÁSICO POTÊNCIA DE 2 CV, SEM CARREGADOR - CHP DIURNO. AF_05/2023","CHOR - CUSTOS HORÁRIOS DE MÁQUINAS E EQUIPAMENTOS",null,"CHP",0.82589999999999997,1.94,1.6]
["Composição Auxiliar",88831,"SINAPI","BETONEIRA CAPACIDADE NOMINAL DE 400 L, CAPACIDADE DE MISTURA 280 L, MOTOR ELÉTRICO TRIFÁSICO POTÊNCIA DE 2 CV, SEM CARREGADOR - CHI DIURNO. AF_05/2023","CHOR - CUSTOS HORÁRIOS DE MÁQUINAS E EQUIPAMENTOS",null,"CHI",0.77869999999999995,0.4,0.31]
["Insumo",370,"SINAPI","AREIA MEDIA - POSTO JAZIDA/FORNECEDOR (RETIRADO NA JAZIDA, SEM TRANSPORTE)","Material",null,"m³",0.75580000000000003,105,79.349999999999994]
["Insumo",1379,"SINAPI","CIMENTO PORTLAND COMPOSTO CP II-32","Material",null,"KG",322.97770000000003,1,322.97000000000003]
["Insumo",4721,"SINAPI","PEDRA BRITADA N. 1 (9,5 a 19 MM) POSTO PEDREIRA/FORNECEDOR, SEM FRETE","Material",null,"m³",0.58720000000000006,268.58999999999997,157.71]
[null,0,null,null,"MO sem LS =>",26.812622843415593,"LS =>",22.3,"MO com LS =>",49.11]
[null,0,null,null,"Valor do BDI =>",0,null,"Valor com BDI =>",null,624.08000000000004]
[null,0]
[" 109 ","Código","Banco","Descrição","Tipo",null,"Und","Quant.","Valor Unit","Total"]
["Composição",86884,"SINAPI","ENGATE FLEXÍVEL EM PLÁSTICO BRANCO, 1/2\u0094 X 30CM - FORNECIMENTO E INSTALAÇÃO. AF_01/2020","INHI - INSTALAÇÕES HIDROS SANITÁRIAS",null,"UN",1,9.84,9.84]
["Composição Auxiliar",88267,"SINAPI","ENCANADOR OU BOMBEIRO HIDRÁULICO COM ENCARGOS COMPLEMENTARES","SEDI - SERVIÇOS DIVERSOS",null,"H",0.1525,19.940000000000001,3.04]
["Composição Auxiliar",88316,"SINAPI","SERVENTE COM ENCARGOS COMPLEMENTARES","SEDI - SERVIÇOS DIVERSOS",null,"H",4.8099999999999997E-2,15.35,0.73]
["Insumo",3146,"SINAPI","FITA VEDA ROSCA EM ROLOS DE 18 MM X 10 M (L X C)","Material",null,"UN",2.1000000000000001E-2,3.96,0.08]
["Insumo",6141,"SINAPI","ENGATE/RABICHO FLEXIVEL PLASTICO (PVC OU ABS) BRANCO 1/2 \" X 30 CM","Material",null,"UN",1,5.99,5.99]
[null,0,null,null,"MO sem LS =>",1.7088884035815681,"LS =>",1.42,"MO com LS =>",3.13]
[null,0,null,null,"Valor do BDI =>",0,null,"Valor com BDI =>",null,9.84]
[null,0]
[" 110 ","Código","Banco","Descrição","Tipo",null,"Und","Quant.","Valor Unit","Total"]
["Composição",86885,"SINAPI","ENGATE FLEXÍVEL EM PLÁSTICO BRANCO, 1/2\u0094 X 40CM - FORNECIMENTO E INSTALAÇÃO. AF_01/2020","INHI - INSTALAÇÕES HIDROS SANITÁRIAS",null,"UN",1,11.4,11.4]
["Composição Auxiliar",88267,"SINAPI","ENCANADOR OU BOMBEIRO HIDRÁULICO COM ENCARGOS COMPLEMENTARES","SEDI - SERVIÇOS DIVERSOS",null,"H",0.1525,19.940000000000001,3.04]
["Composição Auxiliar",88316,"SINAPI","SERVENTE COM ENCARGOS COMPLEMENTARES","SEDI - SERVIÇOS DIVERSOS",null,"H",4.8099999999999997E-2,15.35,0.73]
["Insumo",3146,"SINAPI","FITA VEDA ROSCA EM ROLOS DE 18 MM X 10 M (L X C)","Material",null,"UN",2.1000000000000001E-2,3.96,0.08]
["Insumo",11681,"SINAPI","ENGATE/RABICHO FLEXIVEL PLASTICO (PVC OU ABS) BRANCO 1/2 \" X 40 CM","Material",null,"UN",1,7.55,7.55]
[null,0,null,null,"MO sem LS =>",1.7088884035815681,"LS =>",1.42,"MO com LS =>",3.13]
[null,0,null,null,"Valor do BDI =>",0,null,"Valor com BDI =>",null,11.4]
[null,0]
[" 111 ","Código","Banco","Descrição","Tipo",null,"Und","Quant.","Valor Unit","Total"]
["Composição",92694,"SINAPI","NIPLE, EM FERRO GALVANIZADO, CONEXÃO ROSQUEADA, DN 20 (3/4\"), INSTALADO EM RAMAIS E SUB-RAMAIS DE GÁS - FORNECIMENTO E INSTALAÇÃO. AF_10/2020","INHI - INSTALAÇÕES HIDROS SANITÁRIAS",null,"UN",1,19.78,19.78]
["Composição Auxiliar",88248,"SINAPI","AUXILIAR DE ENCANADOR OU BOMBEIRO HIDRÁULICO COM ENCARGOS COMPLEMENTARES","SEDI - SERVIÇOS DIVERSOS",null,"H",0.29699999999999999,16.45,4.88]
["Composição Auxiliar",88267,"SINAPI","ENCANADOR OU BOMBEIRO HIDRÁULICO COM ENCARGOS COMPLEMENTARES","SEDI - SERVIÇOS DIVERSOS",null,"H",0.29699999999999999,19.940000000000001,5.92]
["Insumo",3148,"SINAPI","FITA VEDA ROSCA EM ROLOS DE 18 MM X 50 M (L X C)","Material",null,"UN",1.0999999999999999E-2,14.6,0.16]
["Insumo",4178,"SINAPI","NIPLE DE FERRO GALVANIZADO, COM ROSCA BSP, DE 3/4\"","Material",null,"UN",1,8.74,8.74]
["Insumo",7307,"SINAPI","FUNDO ANTICORROSIVO PARA METAIS FERROSOS (ZARCAO)","Material",null,"L",3.0000000000000001E-3,29.8,0.08]
[null,0,null,null,"MO sem LS =>",4.9137366237169688,"LS =>",4.09,"MO com LS =>",9]
[null,0,null,null,"Valor do BDI =>",0,null,"Valor com BDI =>",null,19.78]
[null,0]
[" 112 ","Código","Banco","Descrição","Tipo",null,"Und","Quant.","Valor Unit","Total"]
["Composição",86911,"SINAPI","TORNEIRA CROMADA LONGA, DE PAREDE, 1/2\u0094 OU 3/4\u0094, PARA PIA DE COZINHA, PADRÃO POPULAR - FORNECIMENTO E INSTALAÇÃO. AF_01/2020","INHI - INSTALAÇÕES HIDROS SANITÁRIAS",null,"UN",1,132.44,132.44]
["Composição Auxiliar",88267,"SINAPI","ENCANADOR OU BOMBEIRO HIDRÁULICO COM ENCARGOS COMPLEMENTARES","SEDI - SERVIÇOS DIVERSOS",null,"H",0.1164,19.940000000000001,2.3199999999999998]
["Composição Auxiliar",88316,"SINAPI","SERVENTE COM ENCARGOS COMPLEMENTARES","SEDI - SERVIÇOS DIVERSOS",null,"H",3.6700000000000003E-2,15.35,0.56000000000000005]
["Insumo",3146,"SINAPI","FITA VEDA ROSCA EM ROLOS DE 18 MM X 10 M (L X C)","Material",null,"UN",2.1000000000000001E-2,3.96,0.08]
["Insumo",13416,"SINAPI","TORNEIRA METALICA CROMADA, RETA, DE PAREDE, PARA COZINHA, SEM BICO, SEM AREJADOR, PADRAO POPULAR, 1/2 \" OU 3/4 \" (REF 1158)","Material",null,"UN",1,129.47999999999999,129.47999999999999]
[null,0,null,null,"MO sem LS =>",1.3048700589648394,"LS =>",1.0900000000000001,"MO com LS =>",2.39]
[null,0,null,null,"Valor do BDI =>",0,null,"Valor com BDI =>",null,132.44]
[null,0]
[" 113 ","Código","Banco","Descrição","Tipo",null,"Und","Quant.","Valor Unit","Total"]
["Composição",92688,"SINAPI","TUBO DE AÇO GALVANIZADO COM COSTURA, CLASSE MÉDIA, CONEXÃO ROSQUEADA, DN 20 (3/4\"), INSTALADO EM RAMAIS E SUB-RAMAIS DE GÁS - FORNECIMENTO E INSTALAÇÃO. AF_10/2020","INHI - INSTALAÇÕES HIDROS SANITÁRIAS",null,"M",1,34.94,34.94]
["Composição Auxiliar",88248,"SINAPI","AUXILIAR DE ENCANADOR OU BOMBEIRO HIDRÁULICO COM ENCARGOS COMPLEMENTARES","SEDI - SERVIÇOS DIVERSOS",null,"H",0.29699999999999999,16.45,4.88]
["Composição Auxiliar",88267,"SINAPI","ENCANADOR OU BOMBEIRO HIDRÁULICO COM ENCARGOS COMPLEMENTARES","SEDI - SERVIÇOS DIVERSOS",null,"H",0.29699999999999999,19.940000000000001,5.92]
["Insumo",7700,"SINAPI","TUBO ACO GALVANIZADO COM COSTURA, CLASSE MEDIA, DN 3/4\", E = *2,65* MM, PESO *1,58* KG/M (NBR 5580)","Material",null,"M",1.0389999999999999,23.24,24.14]
[null,0,null,null,"MO sem LS =>",4.9137366237169688,"LS =>",4.09,"MO com LS =>",9]
[null,0,null,null,"Valor do BDI =>",0,null,"Valor com BDI =>",null,34.94]
[null,0]
[" 114 ","Código","Banco","Descrição","Tipo",null,"Und","Quant.","Valor Unit","Total"]
["Composição",97536,"SINAPI","TUBO DE AÇO GALVANIZADO COM COSTURA, CLASSE MÉDIA, CONEXÃO ROSQUEADA, DN 25 (1\"), INSTALADO EM RAMAIS  E SUB-RAMAIS DE GÁS - FORNECIMENTO E INSTALAÇÃO. AF_10/2020","INHI - INSTALAÇÕES HIDROS SANITÁRIAS",null,"M",1,53.4,53.4]
["Composição Auxiliar",88248,"SINAPI","AUXILIAR DE ENCANADOR OU BOMBEIRO HIDRÁULICO COM ENCARGOS COMPLEMENTARES","SEDI - SERVIÇOS DIVERSOS",null,"H",0.48299999999999998,16.45,7.94]
["Composição Auxiliar",88267,"SINAPI","ENCANADOR OU BOMBEIRO HIDRÁULICO COM ENCARGOS COMPLEMENTARES","SEDI - SERVIÇOS DIVERSOS",null,"H",0.48299999999999998,19.940000000000001,9.6300000000000008]
["Insumo",40626,"SINAPI","TUBO ACO GALVANIZADO COM COSTURA, CLASSE MEDIA, DN 1\", E = 3,38 MM, PESO 2,50 KG/M (NBR 5580)","Material",null,"M",1.0389999999999999,34.49,35.83]
[null,0,null,null,"MO sem LS =>",7.9930115745796027,"LS =>",6.65,"MO com LS =>",14.64]
[null,0,null,null,"Valor do BDI =>",0,null,"Valor com BDI =>",null,53.4]
[null,0]
[" 115 ","Código","Banco","Descrição","Tipo",null,"Und","Quant.","Valor Unit","Total"]
["Composição",100859,"SINAPI","MICTÓRIO SIFONADO LOUÇA BRANCA PARA ENTRADA DE ÁGUA EMBUTIDA \u0096 PADRÃO ALTO \u0096 FORNECIMENTO E INSTALAÇÃO. AF_01/2020","INHI - INSTALAÇÕES HIDROS SANITÁRIAS",null,"UN",1,928.96,928.96]
["Composição Auxiliar",88267,"SINAPI","ENCANADOR OU BOMBEIRO HIDRÁULICO COM ENCARGOS COMPLEMENTARES","SEDI - SERVIÇOS DIVERSOS",null,"H",2.1153,19.940000000000001,42.17]
["Composição Auxiliar",88316,"SINAPI","SERVENTE COM ENCARGOS COMPLEMENTARES","SEDI - SERVIÇOS DIVERSOS",null,"H",0.66639999999999999,15.35,10.220000000000001]
["Insumo",4351,"SINAPI","PARAFUSO NIQUELADO 3 1/2\" COM ACABAMENTO CROMADO PARA FIXAR PECA SANITARIA, INCLUI PORCA CEGA, ARRUELA E BUCHA DE NYLON TAMANHO S-8","Material",null,"UN",2,16.100000000000001,32.200000000000003]
["Insumo",6142,"SINAPI","CONJUNTO DE LIGACAO AJUSTAVEL, PARA VASO / BACIA SANITARIA , EM PLASTICO BRANCO, COM TUBO, CANOPLA E ESPUDE","Material",null,"UN",1,8.27,8.27]
["Insumo",44020,"SINAPI","MICTORIO INDIVIDUAL, SIFONADO, VALVULA EMBUTIDA, DE LOUCA BRANCA, SEM COMPLEMENTOS - PADRAO ALTO","Material",null,"UN",1,836.1,836.1]
[null,0,null,null,"MO sem LS =>",23.820703210307929,"LS =>",19.809999999999999,"MO com LS =>",43.63]
[null,0,null,null,"Valor do BDI =>",0,null,"Valor com BDI =>",null,928.96]
[null,0]
[" 116 ","Código","Banco","Descrição","Tipo",null,"Und","Quant.","Valor Unit","Total"]
["Composição",89376,"SINAPI","ADAPTADOR CURTO COM BOLSA E ROSCA PARA REGISTRO, PVC, SOLDÁVEL, DN 20MM X 1/2 , INSTALADO EM RAMAL OU SUB-RAMAL DE ÁGUA - FORNECIMENTO E INSTALAÇÃO. AF_06/2022","INHI - INSTALAÇÕES HIDROS SANITÁRIAS",null,"UN",1,4.5199999999999996,4.5199999999999996]
["Composição Auxiliar",88248,"SINAPI","AUXILIAR DE ENCANADOR OU BOMBEIRO HIDRÁULICO COM ENCARGOS COMPLEMENTARES","SEDI - SERVIÇOS DIVERSOS",null,"H",8.0500000000000002E-2,16.45,1.32]
["Composição Auxiliar",88267,"SINAPI","ENCANADOR OU BOMBEIRO HIDRÁULICO COM ENCARGOS COMPLEMENTARES","SEDI - SERVIÇOS DIVERSOS",null,"H",8.0500000000000002E-2,19.940000000000001,1.6]
["Insumo",107,"SINAPI","ADAPTADOR PVC SOLDAVEL CURTO COM BOLSA E ROSCA, 20 MM X 1/2\", PARA AGUA FRIA","Material",null,"UN",1,0.85,0.85]
["Insumo",122,"SINAPI","ADESIVO PLASTICO PARA PVC, FRASCO COM *850* GR","Material",null,"UN",4.7000000000000002E-3,60.47,0.28000000000000003]
["Insumo",20083,"SINAPI","SOLUCAO PREPARADORA / LIMPADORA PARA PVC, FRASCO COM 1000 CM3","Material",null,"UN",6.0000000000000001E-3,68.52,0.41]
["Insumo",38383,"SINAPI","LIXA D'AGUA EM FOLHA, GRAO 100","Material",null,"UN",2.9100000000000001E-2,2.2799999999999998,0.06]
[null,0,null,null,"MO sem LS =>",1.3321685957632672,"LS =>",1.1100000000000001,"MO com LS =>",2.44]
[null,0,null,null,"Valor do BDI =>",0,null,"Valor com BDI =>",null,4.5199999999999996]
[null,0]
[" 117 ","Código","Banco","Descrição","Tipo",null,"Und","Quant.","Valor Unit","Total"]
["Composição",89383,"SINAPI","ADAPTADOR CURTO COM BOLSA E ROSCA PARA REGISTRO, PVC, SOLDÁVEL, DN 25MM X 3/4 , INSTALADO EM RAMAL OU SUB-RAMAL DE ÁGUA - FORNECIMENTO E INSTALAÇÃO. AF_06/2022","INHI - INSTALAÇÕES HIDROS SANITÁRIAS",null,"UN",1,5.25,5.25]
["Composição Auxiliar",88248,"SINAPI","AUXILIAR DE ENCANADOR OU BOMBEIRO HIDRÁULICO COM ENCARGOS COMPLEMENTARES","SEDI - SERVIÇOS DIVERSOS",null,"H",9.4399999999999998E-2,16.45,1.55]
["Composição Auxiliar",88267,"SINAPI","ENCANADOR OU BOMBEIRO HIDRÁULICO COM ENCARGOS COMPLEMENTARES","SEDI - SERVIÇOS DIVERSOS",null,"H",9.4399999999999998E-2,19.940000000000001,1.88]
["Insumo",65,"SINAPI","ADAPTADOR PVC SOLDAVEL CURTO COM BOLSA E ROSCA, 25 MM X 3/4\", PARA AGUA FRIA","Material",null,"UN",1,0.93,0.93]
["Insumo",122,"SINAPI","ADESIVO PLASTICO PARA PVC, FRASCO COM *850* GR","Material",null,"UN",5.8999999999999999E-3,60.47,0.35]
["Insumo",20083,"SINAPI","SOLUCAO PREPARADORA / LIMPADORA PARA PVC, FRASCO COM 1000 CM3","Material",null,"UN",7.0000000000000001E-3,68.52,0.47]
["Insumo",38383,"SINAPI","LIXA D'AGUA EM FOLHA, GRAO 100","Material",null,"UN",3.15E-2,2.2799999999999998,7.0000000000000007E-2]
[null,0,null,null,"MO sem LS =>",1.5560165975103735,"LS 